{"text_format":"3","workbook":"xlsx","n_sheets":10,"sheets":["Information","Dashboard","Heatmap","Gantt chart","Risk Register","Tasks","RiskPivots","RiskTimeline","Rating factors","Dropdowns"],"not_rendered":{"charts":5,"images":2,"defined_names":55,"pivot_tables":15},"read":"whole","date_system":"1900"}

{"sheet":"Information","index":0,"n_rows":11,"n_cols":3,"rows_kept":11,"merged":[[2,2,2,3],[5,2,5,3],[6,2,6,3],[7,2,7,3],[8,2,8,3],[9,2,9,3],[10,2,10,3],[11,2,11,3]]}
[]
[]
[null,null,"For more information about how to use the Risk Register, see:"]
[null,null,"https://allaboutgrc.com/risk-register-template-for-information-security/"]
[]
[null,null,"Disclaimer"]
[null,null,"This Excel template is independently created and is not affiliated with, nor has it been officially endorsed by, any organizations. "]
[null,null,"While efforts have been made to ensure accuracy and reliability, the content may contain errors or omissions. "]
[null,null,"This template is provided \"as is,\" and the creator assumes no liability for any mistakes or inaccuracies that may exist, nor for any decisions made based on its use."]
[null,null,"Users are encouraged to verify the information and adapt the template as necessary to suit their specific needs."]
[null,null,"Users are free to modify and share this template to fit their purposes. If modifications are made prior to sharing, please provide a link to the original template."]

{"sheet":"Dashboard","index":1,"n_rows":102,"n_cols":14,"rows_kept":102,"merged":[[91,5,92,14],[94,2,98,2],[94,5,94,6],[94,7,94,8],[94,9,94,10],[94,11,94,12],[94,13,94,14],[95,5,95,6],[95,7,95,8],[95,9,95,10],[95,11,95,12],[95,13,95,14],[96,5,96,6],[96,7,96,8],[96,9,96,10],[96,11,96,12],[96,13,96,14],[97,5,97,6],[97,7,97,8],[97,9,97,10],[97,11,97,12],[97,13,97,14],[98,5,98,6],[98,7,98,8],[98,9,98,10],[98,11,98,12],[98,13,98,14],[99,5,99,6],[99,7,99,8],[99,9,99,10],[99,11,99,12],[99,13,99,14],[100,5,100,6],[100,7,100,8],[100,9,100,10],[100,11,100,12],[100,13,100,14],[101,5,101,14]]}
{"$rows_empty":94}
[null,null,"LIKELIHOOD","Highly Likely",5,{"$f":"VLOOKUP($F$101&\"-\"&D95,RiskPivots!$E$153:$F$177,2,FALSE)","v":2},null,{"$f":"VLOOKUP($H$101&\"-\"&D95,RiskPivots!$E$153:$F$177,2,FALSE)","v":2},null,{"$f":"VLOOKUP($J$101&\"-\"&D95,RiskPivots!$E$153:$F$177,2,FALSE)","v":3},null,{"$f":"VLOOKUP($L$101&\"-\"&D95,RiskPivots!$E$153:$F$177,2,FALSE)","v":2},null,{"$f":"VLOOKUP($N$101&\"-\"&D95,RiskPivots!$E$153:$F$177,2,FALSE)","v":2}]
[{"$nulls":3},"Likely",4,{"$f":"VLOOKUP($F$101&\"-\"&D96,RiskPivots!$E$153:$F$177,2,FALSE)","v":1},null,{"$f":"VLOOKUP($H$101&\"-\"&D96,RiskPivots!$E$153:$F$177,2,FALSE)","v":0},null,{"$f":"VLOOKUP($J$101&\"-\"&D96,RiskPivots!$E$153:$F$177,2,FALSE)","v":0},null,{"$f":"VLOOKUP($L$101&\"-\"&D96,RiskPivots!$E$153:$F$177,2,FALSE)","v":1},null,{"$f":"VLOOKUP($N$101&\"-\"&D96,RiskPivots!$E$153:$F$177,2,FALSE)","v":0}]
[{"$nulls":3},"Possible",3,{"$f":"VLOOKUP($F$101&\"-\"&D97,RiskPivots!$E$153:$F$177,2,FALSE)","v":1},null,{"$f":"VLOOKUP($H$101&\"-\"&D97,RiskPivots!$E$153:$F$177,2,FALSE)","v":0},null,{"$f":"VLOOKUP($J$101&\"-\"&D97,RiskPivots!$E$153:$F$177,2,FALSE)","v":0},null,{"$f":"VLOOKUP($L$101&\"-\"&D97,RiskPivots!$E$153:$F$177,2,FALSE)","v":1},null,{"$f":"VLOOKUP($N$101&\"-\"&D97,RiskPivots!$E$153:$F$177,2,FALSE)","v":1}]
[{"$nulls":3},"Unlikely",2,{"$f":"VLOOKUP($F$101&\"-\"&D98,RiskPivots!$E$153:$F$177,2,FALSE)","v":0},null,{"$f":"VLOOKUP($H$101&\"-\"&D98,RiskPivots!$E$153:$F$177,2,FALSE)","v":0},null,{"$f":"VLOOKUP($J$101&\"-\"&D98,RiskPivots!$E$153:$F$177,2,FALSE)","v":0},null,{"$f":"VLOOKUP($L$101&\"-\"&D98,RiskPivots!$E$153:$F$177,2,FALSE)","v":0},null,{"$f":"VLOOKUP($N$101&\"-\"&D98,RiskPivots!$E$153:$F$177,2,FALSE)","v":0}]
[{"$nulls":3},"Rare",1,{"$f":"VLOOKUP($F$101&\"-\"&D99,RiskPivots!$E$153:$F$177,2,FALSE)","v":0},null,{"$f":"VLOOKUP($H$101&\"-\"&D99,RiskPivots!$E$153:$F$177,2,FALSE)","v":0},null,{"$f":"VLOOKUP($J$101&\"-\"&D99,RiskPivots!$E$153:$F$177,2,FALSE)","v":0},null,{"$f":"VLOOKUP($L$101&\"-\"&D99,RiskPivots!$E$153:$F$177,2,FALSE)","v":0},null,{"$f":"VLOOKUP($N$101&\"-\"&D99,RiskPivots!$E$153:$F$177,2,FALSE)","v":1}]
[{"$nulls":5},1,null,2,null,3,null,4,null,5]
[{"$nulls":5},"Very Low",null,"Low",null,"Moderate",null,"High",null,"Very High"]
[{"$nulls":5},"IMPACT"]

{"sheet":"Heatmap","index":2,"n_rows":23,"n_cols":19,"rows_kept":23,"hidden":true,"merged":[[16,8,20,8],[16,10,16,11],[16,12,16,13],[16,14,16,15],[16,16,16,17],[16,18,16,19],[17,10,17,11],[17,12,17,13],[17,14,17,15],[17,16,17,17],[17,18,17,19],[18,10,18,11],[18,12,18,13],[18,14,18,15],[18,16,18,17],[18,18,18,19],[19,10,19,11],[19,12,19,13],[19,14,19,15],[19,16,19,17],[19,18,19,19],[20,10,20,11],[20,12,20,13],[20,14,20,15],[20,16,20,17],[20,18,20,19],[21,10,21,11],[21,12,21,13],[21,14,21,15],[21,16,21,17],[21,18,21,19],[22,10,22,19]]}
{"$rows_empty":16}
[{"$nulls":8},"LIKELIHOOD","Highly Likely",5,null,10,null,15,null,20,null,25]
[{"$nulls":9},"Likely",4,null,8,null,12,null,16,null,20]
[{"$nulls":9},"Possible",3,null,6,null,9,null,12,null,15]
[{"$nulls":9},"Unlikely",2,null,4,null,6,null,8,null,10]
[{"$nulls":9},"Rare",1,null,2,null,3,null,4,null,5]
[{"$nulls":10},"Very Low",null,"Low",null,"Moderate",null,"High",null,"Very High"]
[{"$nulls":10},"IMPACT"]

{"sheet":"Gantt chart","index":3,"n_rows":106,"n_cols":29,"rows_kept":106}
[]
[]
[null,null,"Gantt start","2024-01-01"]
[null,null,"Interval (months)",1]
[]
[null,"Risks","Start","Due",null,{"$f":"D3","v":"2024-01-01"},{"$f":"EDATE(F6,$D$4)","v":"2024-02-01"},"2024-03-01","2024-04-01","2024-05-01","2024-06-01","2024-07-01","2024-08-01","2024-09-01","2024-10-01","2024-11-01","2024-12-01","2025-01-01","2025-02-01","2025-03-01","2025-04-01","2025-05-01","2025-06-01","2025-07-01","2025-08-01","2025-09-01","2025-10-01","2025-11-01","2025-12-01"]
[null,"1 - Risk 1","2024-04-09","2024-11-23",null,{"$f":"IF(AND(F$6>=$C7, F$6<=$D7),\"1\",\"\")","v":""},"","","","1","1","1","1","1","1",{"$f":"IF(AND(P$6>=$C7, P$6<=$D7),\"1\",\"\")","v":"1"},"","","","","","","","","","","","",""]
[null,"2 - Risk 2","2024-02-03","2024-10-12",null,"","","1","1","1","1","1","1","1","1","","","","","","","","","","","","","",""]
[null,"3 - Risk 3","2024-02-04","2024-11-02",null,"","","1","1","1","1","1","1","1","1","1","","","","","","","","","","","","",""]
[null,"4 - Risk 4","2024-02-17","2024-08-11",null,"","","1","1","1","1","1","1","","","","","","","","","","","","","","","",""]
[{"$nulls":5},"","","","","","","","","","","","","","","","","","","","","","","",""]
[{"$nulls":5},"","","","","","","","","","","","","","","","","","","","","","","",""]
[{"$nulls":5},"","","","","","","","","","","","","","","","","","","","","","","",""]
[{"$nulls":5},"","","","","","","","","","","","","","","","","","","","","","","",""]
[{"$nulls":5},"","","","","","","","","","","","","","","","","","","","","","","",""]
[{"$nulls":5},"","","","","","","","","","","","","","","","","","","","","","","",""]
[{"$nulls":5},"","","","","","","","","","","","","","","","","","","","","","","",""]
[{"$nulls":5},"","","","","","","","","","","","","","","","","","","","","","","",""]
[{"$nulls":5},"","","","","","","","","","","","","","","","","","","","","","","",""]
[{"$nulls":5},"","","","","","","","","","","","","","","","","","","","","","","",""]
[{"$nulls":5},"","","","","","","","","","","","","","","","","","","","","","","",""]
[{"$nulls":5},"","","","","","","","","","","","","","","","","","","","","","","",""]
[{"$nulls":5},{"$f":"IF(AND(F$6>=$C23, F$6<=$D23),\"1\",\"\")","v":""},"","","","","","","","","","","","","","","",{"$f":"IF(AND(V$6>=$C23, V$6<=$D23),\"1\",\"\")","v":""},"","","","","","",""]
[{"$nulls":5},"","","","","","","","","","","","","","","","","","","","","","","",""]
[{"$nulls":5},"","","","","","","","","","","","","","","","","","","","","","","",""]
[{"$nulls":5},"","","","","","","","","","","","","","","","","","","","","","","",""]
[{"$nulls":5},"","","","","","","","","","","","","","","","","","","","","","","",""]
[{"$nulls":5},"","","","","","","","","","","","","","","","","","","","","","","",""]
[{"$nulls":5},"","","","","","","","","","","","","","","","","","","","","","","",""]
[{"$nulls":5},"","","","","","","","","","","","","","","","","","","","","","","",""]
[{"$nulls":5},"","","","","","","","","","","","","","","","","","","","","","","",""]
[{"$nulls":5},"","","","","","","","","","","","","","","","","","","","","","","",""]
[{"$nulls":5},"","","","","","","","","","","","","","","","","","","","","","","",""]
[{"$nulls":5},"","","","","","","","","","","","","","","","","","","","","","","",""]
[{"$nulls":5},"","","","","","","","","","","","","","","","","","","","","","","",""]
[{"$nulls":5},"","","","","","","","","","","","","","","","","","","","","","","",""]
[{"$nulls":5},"","","","","","","","","","","","","","","","","","","","","","","",""]
[{"$nulls":5},"","","","","","","","","","","","","","","","","","","","","","","",""]
[{"$nulls":5},"","","","","","","","","","","","","","","","","","","","","","","",""]
[{"$nulls":5},"","","","","","","","","","","","","","","","","","","","","","","",""]
[{"$nulls":5},"","","","","","","","","","","","","","","","","","","",{"$f":"IF(AND(Y$6>=$C41, Y$6<=$D41),\"1\",\"\")","v":""},"","","",""]
[{"$nulls":5},"","","","","","","","","","","","","","","","","","","","","","","",""]
[{"$nulls":5},"","","","","","","","","","","","","","","","","","","","","","","",""]
[{"$nulls":5},"","","","","","","","","","","","","","","","","","","","","","","",""]
[{"$nulls":5},"","","","","","","","","","","","","","","","","","","","","","","",""]
[{"$nulls":5},"","","","","","","","","","","","","","","","","","","","","","","",""]
[{"$nulls":5},"","","","","","","","","",{"$f":"IF(AND(O$6>=$C47, O$6<=$D47),\"1\",\"\")","v":""},"","","","","","","","","","","","","",""]
[{"$nulls":5},"","","","","","","","","","","","","","","","","","","","","","","",""]
[{"$nulls":5},"","","","","","","","","","","","","","","","","","","","","","","",""]
[{"$nulls":5},"","","","","","","","","","","","","","","","","","","","","","","",""]
[{"$nulls":5},"","","","","","","","","","","","","","","","","","","","","","","",""]
[{"$nulls":5},"","","","","","","","","","","","","","","","","","","","","","","",""]
[{"$nulls":5},"","","","","","","","","","","","","","","","","","","","","","","",""]
[{"$nulls":5},"","","","","","","","","","","","","","","","","","","","","","","",""]
[{"$nulls":5},"","","","","","","","","","","","","","","","","","","","","","","",""]
[{"$nulls":5},"","","","","","","","","","","","","","","","","","","","","","","",""]
[{"$nulls":5},"","","","","","","","","","","","","","","","","","","","","","","",""]
[{"$nulls":5},"","","","","","","","","","","","","","","","","","","","","","","",""]
[{"$nulls":5},"","","","","","","","","","","","","","","","","","","","","","",{"$f":"IF(AND(AB$6>=$C59, AB$6<=$D59),\"1\",\"\")","v":""},""]
[{"$nulls":5},"","","","","","","","","","","","","","","","","","","","","","","",""]
[{"$nulls":5},"","","","","","","","","","","","","","","","","","","","","","","",""]
[{"$nulls":5},"","","","","","","","","","","","","","","","","","","","","","","",""]
[{"$nulls":5},"","","","","","","","","","","","","","","","","","","","","","","",""]
[{"$nulls":5},"","","","","","","","","","","","","","","","","","","","","","","",""]
[{"$nulls":5},"","","","","","","","","","","","","","","","","","","","","","","",""]
[{"$nulls":5},"","","","","","","","","","","","","","","","","","","","","","","",""]
[{"$nulls":5},"","","","","","","","","","","","","","","","","","","","","","","",""]
[{"$nulls":5},"","","","","","","","","","","","","","","","","","","","","","","",""]
[{"$nulls":5},"","","","","","","","","","","","","","","","","","","","","","","",""]
[{"$nulls":5},"","","","","","","","","","","","","","","","","","","","","","","",""]
[{"$nulls":5},"","","","","","","","","","","","","","","","","","","","","","","",""]
[{"$nulls":5},"","","","","","","","","","","","","","","","","","","","","","","",""]
[{"$nulls":5},"","","","",{"$f":"IF(AND(J$6>=$C73, J$6<=$D73),\"1\",\"\")","v":""},"","","","","","","","","","","","","","","","","","",""]
[{"$nulls":5},"","","","","","","","","","","","","","","","","","","","","","","",""]
[{"$nulls":5},"","","","","","","","","","","","","","","","","","","","","","","",""]
[{"$nulls":5},"","","","","","","","","","","","","","","","","","","","","","","",""]
[{"$nulls":5},"","","","","","","","","","","","","","","","","","","","","","","",""]
[{"$nulls":5},"","","","","","","","","","","",{"$f":"IF(AND(Q$6>=$C78, Q$6<=$D78),\"1\",\"\")","v":""},"","","","","","","","","","","",""]
[{"$nulls":5},"","","","","","","","","","","","","","","","","","","","","","","",""]
[{"$nulls":5},"","","","","","","","","","","","","","","","","","","","","","","",""]
[{"$nulls":5},"","","","","","","","","","","","","","","","","","","","","","","",""]
[{"$nulls":5},"","","","","","","","","","","","","","","","","","","","","","","",""]
[{"$nulls":5},"","","","","","","","","","","","","","","","","","","","","","","",""]
[{"$nulls":5},"","","","","","","","","","","","","","","","","","","","","","","",""]
[{"$nulls":5},"","","","","","","","","","","","","","","","","","","","","","","",""]
[{"$nulls":5},"","","","","","","","","","","","","","","","","","","","","","","",""]
[{"$nulls":5},"","","","","","","","","","","","","","","","","","","","","","","",""]
[{"$nulls":5},"","","","","","","","","","","","","","","","","","","","","","","",""]
[{"$nulls":5},"","","","","","","","","","","","","","","","","","","","","","","",""]
[{"$nulls":5},"","","","","","","","","","","","","","","","","","","","","","","",""]
[{"$nulls":5},"","","","","","","","","","","","","","","","","","","","","","","",""]
[{"$nulls":5},"","","","","","","","","","","","","","","","","","","","","","","",""]
[{"$nulls":5},"","","","","","","","","","","","","","","","","","","","","","","",""]
[{"$nulls":5},"","","","","","","","","","","","","","","","","","","","","","","",""]
[{"$nulls":5},"","","","","","","","","","","","","","","","","","","","","","","",""]
[{"$nulls":5},"","","","","","","","","","","","","","",{"$f":"IF(AND(T$6>=$C96, T$6<=$D96),\"1\",\"\")","v":""},"","","","","","","","",""]
[{"$nulls":5},"","","","","","","","","","","","","","","","","","","","","","","",""]
[{"$nulls":5},"","","","","","","","","",{"$f":"IF(AND(O$6>=$C98, O$6<=$D98),\"1\",\"\")","v":""},"","","","","","","","","","","","","",""]
[{"$nulls":5},"","","","","","","","","","","","","","","","","","","","","","","",""]
[{"$nulls":5},"","","","","","","","","","","","","","","","","","","","","","","",""]
[{"$nulls":5},"","","","","","","","","","","","","","","","","","","","","","","",""]
[{"$nulls":5},"","","","","","","","","","","","","","","","","","","","","","","",""]
[{"$nulls":5},"","","","","","","","","","","","","","","","","","","","","","","",""]
[{"$nulls":5},"","","","","","","","","","","","","","","","","","","","","","","",""]
[{"$nulls":5},"","","","","","","","","","","","","","","","","","","","","","","",""]
[{"$nulls":5},"","","","","","","","","","","","","","","","","","","","","","","",""]

{"sheet":"Risk Register","index":4,"n_rows":1003,"n_cols":42,"rows_kept":1003,"merged":[[1,11,1,16],[1,17,1,18],[1,19,1,24],[1,25,1,30],[1,31,1,41]]}
[]
[null,"Risk Identification",{"$nulls":9},"Risk Analysis",{"$nulls":5},"Risk Response",null,"Residual Risk",{"$nulls":5},"Tracking",{"$nulls":5},"Calculations for Pivots"]
["Risk ID","Risk Title","Risk Description","Created Date","Cause","Consequence","Risk Category","Risk comments","Department","Risk Owner","Existing measures and controls","Inherent Impact Level","Inherent Impact Rating","Inherent Likelihood Level","Inherent Likelihood Rating","Inherent Risk Level","Inherent Risk Rating","Risk Response Strategy","New measures and controls","Residual Impact Level","Residual Impact Rating","Residual Likelihood Level","Residual Likelihood Rating","Residual Risk Level","Residual Risk Rating","Risk Status","Status comments","Risk Due Date","Risk Close Date","Overdue?","Next Review Date","Due Month","Created Month","Risk-Change-Date","Corrected-Risk-Change-Date","Inherent-I-L-Combo","Residual-I-L-Combo","Mitigated?","Current-Impact","Current-Likelihood","Current-I-L-Combo","Current Risk Level"]
[1,"Risk 1","sec1","2024-01-01","sec1","sec1","Data breach",null,"Information Technology (IT)",null,null,"Very Low",{"$f":"VLOOKUP(RiskRegister[[#This Row],[Inherent Impact Level]],'Rating factors'!$F$4:$G$9,2,FALSE)","v":1},"Highly Likely",{"$f":"VLOOKUP(RiskRegister[[#This Row],[Inherent Likelihood Level]],'Rating factors'!$F$16:$G$21,2,FALSE)","v":5},{"$f":"IFERROR(VLOOKUP(RiskRegister[[#This Row],[Inherent Risk Rating]],'Rating factors'!$F$30:$G$44,2,FALSE),\"-- Error --\")","v":"Medium"},{"$f":"IFERROR(RiskRegister[[#This Row],[Inherent Impact Rating]]*RiskRegister[[#This Row],[Inherent Likelihood Rating]],\"-- Error --\")","v":5},"Accept",null,"Very Low",{"$f":"VLOOKUP(RiskRegister[[#This Row],[Residual Impact Level]],'Rating factors'!$F$4:$G$9,2,FALSE)","v":1},"Highly Likely",{"$f":"VLOOKUP(RiskRegister[[#This Row],[Residual Likelihood Level]],'Rating factors'!$F$16:$G$21,2,FALSE)","v":5},{"$f":"IFERROR(VLOOKUP(RiskRegister[[#This Row],[Residual Risk Rating]],'Rating factors'!$F$30:$G$44,2,FALSE),\"-- Error --\")","v":"Medium"},{"$f":"IFERROR(RiskRegister[[#This Row],[Residual Impact Rating]]*RiskRegister[[#This Row],[Residual Likelihood Rating]],\"-- Error --\")","v":5},"Open",{"$nulls":3},{"$f":"IF(ISBLANK(RiskRegister[[#This Row],[Risk Due Date]]), \"Missing Risk Due Date\", IF(RiskRegister[[#This Row],[Risk Due Date]] < TODAY(), \"Overdue\", \"Not Overdue\"))","v":"Missing Risk Due Date"},null,{"$f":"IF(ISBLANK(RiskRegister[[#This Row],[Risk Due Date]]), \"Missing Risk Due Date\", TEXT(RiskRegister[[#This Row],[Risk Due Date]], \"YYYY-MM\"))","v":"Missing Risk Due Date"},{"$f":"IF(RiskRegister[[#This Row],[Created Date]]=\"\",\"Created Date missing\",(TEXT(RiskRegister[[#This Row],[Created Date]],\"mmm\") & \"-\" & YEAR(RiskRegister[[#This Row],[Created Date]])))","v":"Jan-2024"},{"$f":"IF(RiskRegister[[#This Row],[Risk Status]]=\"Closed\",RiskRegister[[#This Row],[Risk Close Date]],RiskRegister[[#This Row],[Risk Due Date]])","v":"00:00:00"},{"$f":"IF(RiskRegister[[#This Row],[Risk-Change-Date]]=0,DATE(2030,1,1),RiskRegister[[#This Row],[Risk-Change-Date]])","v":"2030-01-01"},{"$f":"RiskRegister[[#This Row],[Inherent Impact Level]]&\"-\"&RiskRegister[[#This Row],[Inherent Likelihood Level]]","v":"Very Low-Highly Likely"},{"$f":"RiskRegister[[#This Row],[Residual Impact Level]]&\"-\"&RiskRegister[[#This Row],[Residual Likelihood Level]]","v":"Very Low-Highly Likely"},{"$f":"IF(OR(R4=\"-- Select Risk Response --\", Z4=\"-- Select Risk Status --\"), \"Error\", IF(AND(Z4=\"Closed\", R4=\"Mitigate\"), \"Yes\", \"No\"))","v":"No"},{"$f":"IF(RiskRegister[[#This Row],[Risk Status]]=\"Closed\",RiskRegister[[#This Row],[Residual Impact Level]],RiskRegister[[#This Row],[Inherent Impact Level]])","v":"Very Low"},{"$f":"IF(RiskRegister[[#This Row],[Risk Status]]=\"Closed\",RiskRegister[[#This Row],[Residual Likelihood Level]],RiskRegister[[#This Row],[Inherent Likelihood Level]])","v":"Highly Likely"},{"$f":"IF(RiskRegister[[#This Row],[Risk Status]]=\"Closed\",RiskRegister[[#This Row],[Residual-I-L-Combo]],RiskRegister[[#This Row],[Inherent-I-L-Combo]])","v":"Very Low-Highly Likely"},{"$f":"IF(Z4=\"Closed\", X4, P4)","v":"Medium"}]
[2,"Risk 2","sec2","2024-05-02","sec2","sec2","Ransomware",null,"Information Technology (IT)",null,null,"Low",{"$f":"VLOOKUP(RiskRegister[[#This Row],[Inherent Impact Level]],'Rating factors'!$F$4:$G$9,2,FALSE)","v":2},"Likely",{"$f":"VLOOKUP(RiskRegister[[#This Row],[Inherent Likelihood Level]],'Rating factors'!$F$16:$G$21,2,FALSE)","v":4},{"$f":"IFERROR(VLOOKUP(RiskRegister[[#This Row],[Inherent Risk Rating]],'Rating factors'!$F$30:$G$44,2,FALSE),\"-- Error --\")","v":"Medium"},{"$f":"IFERROR(RiskRegister[[#This Row],[Inherent Impact Rating]]*RiskRegister[[#This Row],[Inherent Likelihood Rating]],\"-- Error --\")","v":8},"Accept",null,"Low",{"$f":"VLOOKUP(RiskRegister[[#This Row],[Residual Impact Level]],'Rating factors'!$F$4:$G$9,2,FALSE)","v":2},"Likely",{"$f":"VLOOKUP(RiskRegister[[#This Row],[Residual Likelihood Level]],'Rating factors'!$F$16:$G$21,2,FALSE)","v":4},{"$f":"IFERROR(VLOOKUP(RiskRegister[[#This Row],[Residual Risk Rating]],'Rating factors'!$F$30:$G$44,2,FALSE),\"-- Error --\")","v":"Medium"},{"$f":"IFERROR(RiskRegister[[#This Row],[Residual Impact Rating]]*RiskRegister[[#This Row],[Residual Likelihood Rating]],\"-- Error --\")","v":8},"Closed",{"$nulls":3},{"$f":"IF(ISBLANK(RiskRegister[[#This Row],[Risk Due Date]]), \"Missing Risk Due Date\", IF(RiskRegister[[#This Row],[Risk Due Date]] < TODAY(), \"Overdue\", \"Not Overdue\"))","v":"Missing Risk Due Date"},null,{"$f":"IF(ISBLANK(RiskRegister[[#This Row],[Risk Due Date]]), \"Missing Risk Due Date\", TEXT(RiskRegister[[#This Row],[Risk Due Date]], \"YYYY-MM\"))","v":"Missing Risk Due Date"},{"$f":"IF(RiskRegister[[#This Row],[Created Date]]=\"\",\"Created Date missing\",(TEXT(RiskRegister[[#This Row],[Created Date]],\"mmm\") & \"-\" & YEAR(RiskRegister[[#This Row],[Created Date]])))","v":"May-2024"},{"$f":"IF(RiskRegister[[#This Row],[Risk Status]]=\"Closed\",RiskRegister[[#This Row],[Risk Close Date]],RiskRegister[[#This Row],[Risk Due Date]])","v":"00:00:00"},{"$f":"IF(RiskRegister[[#This Row],[Risk-Change-Date]]=0,DATE(2030,1,1),RiskRegister[[#This Row],[Risk-Change-Date]])","v":"2030-01-01"},{"$f":"RiskRegister[[#This Row],[Inherent Impact Level]]&\"-\"&RiskRegister[[#This Row],[Inherent Likelihood Level]]","v":"Low-Likely"},{"$f":"RiskRegister[[#This Row],[Residual Impact Level]]&\"-\"&RiskRegister[[#This Row],[Residual Likelihood Level]]","v":"Low-Likely"},"No",{"$f":"IF(RiskRegister[[#This Row],[Risk Status]]=\"Closed\",RiskRegister[[#This Row],[Residual Impact Level]],RiskRegister[[#This Row],[Inherent Impact Level]])","v":"Low"},{"$f":"IF(RiskRegister[[#This Row],[Risk Status]]=\"Closed\",RiskRegister[[#This Row],[Residual Likelihood Level]],RiskRegister[[#This Row],[Inherent Likelihood Level]])","v":"Likely"},{"$f":"IF(RiskRegister[[#This Row],[Risk Status]]=\"Closed\",RiskRegister[[#This Row],[Residual-I-L-Combo]],RiskRegister[[#This Row],[Inherent-I-L-Combo]])","v":"Low-Likely"},"Medium"]
[3,"Risk 3","sec3","2024-04-03","sec3","sec3","Insider Threats",null,"Information Technology (IT)",null,null,"Moderate",{"$f":"VLOOKUP(RiskRegister[[#This Row],[Inherent Impact Level]],'Rating factors'!$F$4:$G$9,2,FALSE)","v":3},"Highly Likely",{"$f":"VLOOKUP(RiskRegister[[#This Row],[Inherent Likelihood Level]],'Rating factors'!$F$16:$G$21,2,FALSE)","v":5},{"$f":"IFERROR(VLOOKUP(RiskRegister[[#This Row],[Inherent Risk Rating]],'Rating factors'!$F$30:$G$44,2,FALSE),\"-- Error --\")","v":"Medium"},{"$f":"IFERROR(RiskRegister[[#This Row],[Inherent Impact Rating]]*RiskRegister[[#This Row],[Inherent Likelihood Rating]],\"-- Error --\")","v":15},"Mitigate",null,"Very Low",{"$f":"VLOOKUP(RiskRegister[[#This Row],[Residual Impact Level]],'Rating factors'!$F$4:$G$9,2,FALSE)","v":1},"Likely",{"$f":"VLOOKUP(RiskRegister[[#This Row],[Residual Likelihood Level]],'Rating factors'!$F$16:$G$21,2,FALSE)","v":4},{"$f":"IFERROR(VLOOKUP(RiskRegister[[#This Row],[Residual Risk Rating]],'Rating factors'!$F$30:$G$44,2,FALSE),\"-- Error --\")","v":"Low"},{"$f":"IFERROR(RiskRegister[[#This Row],[Residual Impact Rating]]*RiskRegister[[#This Row],[Residual Likelihood Rating]],\"-- Error --\")","v":4},"In Progress",null,"2024-05-08",null,{"$f":"IF(ISBLANK(RiskRegister[[#This Row],[Risk Due Date]]), \"Missing Risk Due Date\", IF(RiskRegister[[#This Row],[Risk Due Date]] < TODAY(), \"Overdue\", \"Not Overdue\"))","v":"Overdue"},null,{"$f":"IF(ISBLANK(RiskRegister[[#This Row],[Risk Due Date]]), \"Missing Risk Due Date\", TEXT(RiskRegister[[#This Row],[Risk Due Date]], \"YYYY-MM\"))","v":"2024-05"},{"$f":"IF(RiskRegister[[#This Row],[Created Date]]=\"\",\"Created Date missing\",(TEXT(RiskRegister[[#This Row],[Created Date]],\"mmm\") & \"-\" & YEAR(RiskRegister[[#This Row],[Created Date]])))","v":"Apr-2024"},{"$f":"IF(RiskRegister[[#This Row],[Risk Status]]=\"Closed\",RiskRegister[[#This Row],[Risk Close Date]],RiskRegister[[#This Row],[Risk Due Date]])","v":"2024-05-08"},{"$f":"IF(RiskRegister[[#This Row],[Risk-Change-Date]]=0,DATE(2030,1,1),RiskRegister[[#This Row],[Risk-Change-Date]])","v":"2024-05-08"},{"$f":"RiskRegister[[#This Row],[Inherent Impact Level]]&\"-\"&RiskRegister[[#This Row],[Inherent Likelihood Level]]","v":"Moderate-Highly Likely"},{"$f":"RiskRegister[[#This Row],[Residual Impact Level]]&\"-\"&RiskRegister[[#This Row],[Residual Likelihood Level]]","v":"Very Low-Likely"},"No",{"$f":"IF(RiskRegister[[#This Row],[Risk Status]]=\"Closed\",RiskRegister[[#This Row],[Residual Impact Level]],RiskRegister[[#This Row],[Inherent Impact Level]])","v":"Moderate"},{"$f":"IF(RiskRegister[[#This Row],[Risk Status]]=\"Closed\",RiskRegister[[#This Row],[Residual Likelihood Level]],RiskRegister[[#This Row],[Inherent Likelihood Level]])","v":"Highly Likely"},{"$f":"IF(RiskRegister[[#This Row],[Risk Status]]=\"Closed\",RiskRegister[[#This Row],[Residual-I-L-Combo]],RiskRegister[[#This Row],[Inherent-I-L-Combo]])","v":"Moderate-Highly Likely"},"Medium"]
[4,"Risk 4","sec4","2024-04-04","sec4","sec4","Supply Chain ",null,"Information Technology (IT)",null,null,"High",{"$f":"VLOOKUP(RiskRegister[[#This Row],[Inherent Impact Level]],'Rating factors'!$F$4:$G$9,2,FALSE)","v":4},"Likely",{"$f":"VLOOKUP(RiskRegister[[#This Row],[Inherent Likelihood Level]],'Rating factors'!$F$16:$G$21,2,FALSE)","v":4},{"$f":"IFERROR(VLOOKUP(RiskRegister[[#This Row],[Inherent Risk Rating]],'Rating factors'!$F$30:$G$44,2,FALSE),\"-- Error --\")","v":"Medium"},{"$f":"IFERROR(RiskRegister[[#This Row],[Inherent Impact Rating]]*RiskRegister[[#This Row],[Inherent Likelihood Rating]],\"-- Error --\")","v":16},"Mitigate",null,"Very Low",{"$f":"VLOOKUP(RiskRegister[[#This Row],[Residual Impact Level]],'Rating factors'!$F$4:$G$9,2,FALSE)","v":1},"Unlikely",{"$f":"VLOOKUP(RiskRegister[[#This Row],[Residual Likelihood Level]],'Rating factors'!$F$16:$G$21,2,FALSE)","v":2},{"$f":"IFERROR(VLOOKUP(RiskRegister[[#This Row],[Residual Risk Rating]],'Rating factors'!$F$30:$G$44,2,FALSE),\"-- Error --\")","v":"Low"},{"$f":"IFERROR(RiskRegister[[#This Row],[Residual Impact Rating]]*RiskRegister[[#This Row],[Residual Likelihood Rating]],\"-- Error --\")","v":2},"Open",{"$nulls":3},{"$f":"IF(ISBLANK(RiskRegister[[#This Row],[Risk Due Date]]), \"Missing Risk Due Date\", IF(RiskRegister[[#This Row],[Risk Due Date]] < TODAY(), \"Overdue\", \"Not Overdue\"))","v":"Missing Risk Due Date"},null,{"$f":"IF(ISBLANK(RiskRegister[[#This Row],[Risk Due Date]]), \"Missing Risk Due Date\", TEXT(RiskRegister[[#This Row],[Risk Due Date]], \"YYYY-MM\"))","v":"Missing Risk Due Date"},{"$f":"IF(RiskRegister[[#This Row],[Created Date]]=\"\",\"Created Date missing\",(TEXT(RiskRegister[[#This Row],[Created Date]],\"mmm\") & \"-\" & YEAR(RiskRegister[[#This Row],[Created Date]])))","v":"Apr-2024"},{"$f":"IF(RiskRegister[[#This Row],[Risk Status]]=\"Closed\",RiskRegister[[#This Row],[Risk Close Date]],RiskRegister[[#This Row],[Risk Due Date]])","v":"00:00:00"},{"$f":"IF(RiskRegister[[#This Row],[Risk-Change-Date]]=0,DATE(2030,1,1),RiskRegister[[#This Row],[Risk-Change-Date]])","v":"2030-01-01"},{"$f":"RiskRegister[[#This Row],[Inherent Impact Level]]&\"-\"&RiskRegister[[#This Row],[Inherent Likelihood Level]]","v":"High-Likely"},{"$f":"RiskRegister[[#This Row],[Residual Impact Level]]&\"-\"&RiskRegister[[#This Row],[Residual Likelihood Level]]","v":"Very Low-Unlikely"},"No",{"$f":"IF(RiskRegister[[#This Row],[Risk Status]]=\"Closed\",RiskRegister[[#This Row],[Residual Impact Level]],RiskRegister[[#This Row],[Inherent Impact Level]])","v":"High"},{"$f":"IF(RiskRegister[[#This Row],[Risk Status]]=\"Closed\",RiskRegister[[#This Row],[Residual Likelihood Level]],RiskRegister[[#This Row],[Inherent Likelihood Level]])","v":"Likely"},{"$f":"IF(RiskRegister[[#This Row],[Risk Status]]=\"Closed\",RiskRegister[[#This Row],[Residual-I-L-Combo]],RiskRegister[[#This Row],[Inherent-I-L-Combo]])","v":"High-Likely"},"Medium"]
[5,"Risk 5","sec5","2024-04-05","sec5","sec5","System Vulnerabilities",null,"Information Technology (IT)",null,null,"Very High",{"$f":"VLOOKUP(RiskRegister[[#This Row],[Inherent Impact Level]],'Rating factors'!$F$4:$G$9,2,FALSE)","v":5},"Highly Likely",{"$f":"VLOOKUP(RiskRegister[[#This Row],[Inherent Likelihood Level]],'Rating factors'!$F$16:$G$21,2,FALSE)","v":5},{"$f":"IFERROR(VLOOKUP(RiskRegister[[#This Row],[Inherent Risk Rating]],'Rating factors'!$F$30:$G$44,2,FALSE),\"-- Error --\")","v":"High"},{"$f":"IFERROR(RiskRegister[[#This Row],[Inherent Impact Rating]]*RiskRegister[[#This Row],[Inherent Likelihood Rating]],\"-- Error --\")","v":25},"Mitigate",null,"Low",{"$f":"VLOOKUP(RiskRegister[[#This Row],[Residual Impact Level]],'Rating factors'!$F$4:$G$9,2,FALSE)","v":2},"Likely",{"$f":"VLOOKUP(RiskRegister[[#This Row],[Residual Likelihood Level]],'Rating factors'!$F$16:$G$21,2,FALSE)","v":4},{"$f":"IFERROR(VLOOKUP(RiskRegister[[#This Row],[Residual Risk Rating]],'Rating factors'!$F$30:$G$44,2,FALSE),\"-- Error --\")","v":"Medium"},{"$f":"IFERROR(RiskRegister[[#This Row],[Residual Impact Rating]]*RiskRegister[[#This Row],[Residual Likelihood Rating]],\"-- Error --\")","v":8},"In Progress",null,"2024-02-06",null,{"$f":"IF(ISBLANK(RiskRegister[[#This Row],[Risk Due Date]]), \"Missing Risk Due Date\", IF(RiskRegister[[#This Row],[Risk Due Date]] < TODAY(), \"Overdue\", \"Not Overdue\"))","v":"Overdue"},null,{"$f":"IF(ISBLANK(RiskRegister[[#This Row],[Risk Due Date]]), \"Missing Risk Due Date\", TEXT(RiskRegister[[#This Row],[Risk Due Date]], \"YYYY-MM\"))","v":"2024-02"},{"$f":"IF(RiskRegister[[#This Row],[Created Date]]=\"\",\"Created Date missing\",(TEXT(RiskRegister[[#This Row],[Created Date]],\"mmm\") & \"-\" & YEAR(RiskRegister[[#This Row],[Created Date]])))","v":"Apr-2024"},{"$f":"IF(RiskRegister[[#This Row],[Risk Status]]=\"Closed\",RiskRegister[[#This Row],[Risk Close Date]],RiskRegister[[#This Row],[Risk Due Date]])","v":"2024-02-06"},{"$f":"IF(RiskRegister[[#This Row],[Risk-Change-Date]]=0,DATE(2030,1,1),RiskRegister[[#This Row],[Risk-Change-Date]])","v":"2024-02-06"},{"$f":"RiskRegister[[#This Row],[Inherent Impact Level]]&\"-\"&RiskRegister[[#This Row],[Inherent Likelihood Level]]","v":"Very High-Highly Likely"},{"$f":"RiskRegister[[#This Row],[Residual Impact Level]]&\"-\"&RiskRegister[[#This Row],[Residual Likelihood Level]]","v":"Low-Likely"},"No",{"$f":"IF(RiskRegister[[#This Row],[Risk Status]]=\"Closed\",RiskRegister[[#This Row],[Residual Impact Level]],RiskRegister[[#This Row],[Inherent Impact Level]])","v":"Very High"},{"$f":"IF(RiskRegister[[#This Row],[Risk Status]]=\"Closed\",RiskRegister[[#This Row],[Residual Likelihood Level]],RiskRegister[[#This Row],[Inherent Likelihood Level]])","v":"Highly Likely"},{"$f":"IF(RiskRegister[[#This Row],[Risk Status]]=\"Closed\",RiskRegister[[#This Row],[Residual-I-L-Combo]],RiskRegister[[#This Row],[Inherent-I-L-Combo]])","v":"Very High-Highly Likely"},"High"]
[6,"Risk 6","sec6","2024-04-06","sec6","sec6","Social Engineering",null,"Information Technology (IT)",null,null,"Very Low",{"$f":"VLOOKUP(RiskRegister[[#This Row],[Inherent Impact Level]],'Rating factors'!$F$4:$G$9,2,FALSE)","v":1},"Likely",{"$f":"VLOOKUP(RiskRegister[[#This Row],[Inherent Likelihood Level]],'Rating factors'!$F$16:$G$21,2,FALSE)","v":4},{"$f":"IFERROR(VLOOKUP(RiskRegister[[#This Row],[Inherent Risk Rating]],'Rating factors'!$F$30:$G$44,2,FALSE),\"-- Error --\")","v":"Low"},{"$f":"IFERROR(RiskRegister[[#This Row],[Inherent Impact Rating]]*RiskRegister[[#This Row],[Inherent Likelihood Rating]],\"-- Error --\")","v":4},"Mitigate",null,"Very Low",{"$f":"VLOOKUP(RiskRegister[[#This Row],[Residual Impact Level]],'Rating factors'!$F$4:$G$9,2,FALSE)","v":1},"Unlikely",{"$f":"VLOOKUP(RiskRegister[[#This Row],[Residual Likelihood Level]],'Rating factors'!$F$16:$G$21,2,FALSE)","v":2},{"$f":"IFERROR(VLOOKUP(RiskRegister[[#This Row],[Residual Risk Rating]],'Rating factors'!$F$30:$G$44,2,FALSE),\"-- Error --\")","v":"Low"},{"$f":"IFERROR(RiskRegister[[#This Row],[Residual Impact Rating]]*RiskRegister[[#This Row],[Residual Likelihood Rating]],\"-- Error --\")","v":2},"In Progress",null,"2023-10-19",null,{"$f":"IF(ISBLANK(RiskRegister[[#This Row],[Risk Due Date]]), \"Missing Risk Due Date\", IF(RiskRegister[[#This Row],[Risk Due Date]] < TODAY(), \"Overdue\", \"Not Overdue\"))","v":"Overdue"},null,{"$f":"IF(ISBLANK(RiskRegister[[#This Row],[Risk Due Date]]), \"Missing Risk Due Date\", TEXT(RiskRegister[[#This Row],[Risk Due Date]], \"YYYY-MM\"))","v":"2023-10"},{"$f":"IF(RiskRegister[[#This Row],[Created Date]]=\"\",\"Created Date missing\",(TEXT(RiskRegister[[#This Row],[Created Date]],\"mmm\") & \"-\" & YEAR(RiskRegister[[#This Row],[Created Date]])))","v":"Apr-2024"},{"$f":"IF(RiskRegister[[#This Row],[Risk Status]]=\"Closed\",RiskRegister[[#This Row],[Risk Close Date]],RiskRegister[[#This Row],[Risk Due Date]])","v":"2023-10-19"},{"$f":"IF(RiskRegister[[#This Row],[Risk-Change-Date]]=0,DATE(2030,1,1),RiskRegister[[#This Row],[Risk-Change-Date]])","v":"2023-10-19"},{"$f":"RiskRegister[[#This Row],[Inherent Impact Level]]&\"-\"&RiskRegister[[#This Row],[Inherent Likelihood Level]]","v":"Very Low-Likely"},{"$f":"RiskRegister[[#This Row],[Residual Impact Level]]&\"-\"&RiskRegister[[#This Row],[Residual Likelihood Level]]","v":"Very Low-Unlikely"},"No",{"$f":"IF(RiskRegister[[#This Row],[Risk Status]]=\"Closed\",RiskRegister[[#This Row],[Residual Impact Level]],RiskRegister[[#This Row],[Inherent Impact Level]])","v":"Very Low"},{"$f":"IF(RiskRegister[[#This Row],[Risk Status]]=\"Closed\",RiskRegister[[#This Row],[Residual Likelihood Level]],RiskRegister[[#This Row],[Inherent Likelihood Level]])","v":"Likely"},{"$f":"IF(RiskRegister[[#This Row],[Risk Status]]=\"Closed\",RiskRegister[[#This Row],[Residual-I-L-Combo]],RiskRegister[[#This Row],[Inherent-I-L-Combo]])","v":"Very Low-Likely"},"Low"]
[7,"Risk 7","sec7","2024-04-07","sec7","sec7","Identity and Access",null,"Information Technology (IT)",null,null,"Very High",{"$f":"VLOOKUP(RiskRegister[[#This Row],[Inherent Impact Level]],'Rating factors'!$F$4:$G$9,2,FALSE)","v":5},"Rare",{"$f":"VLOOKUP(RiskRegister[[#This Row],[Inherent Likelihood Level]],'Rating factors'!$F$16:$G$21,2,FALSE)","v":1},{"$f":"IFERROR(VLOOKUP(RiskRegister[[#This Row],[Inherent Risk Rating]],'Rating factors'!$F$30:$G$44,2,FALSE),\"-- Error --\")","v":"Medium"},{"$f":"IFERROR(RiskRegister[[#This Row],[Inherent Impact Rating]]*RiskRegister[[#This Row],[Inherent Likelihood Rating]],\"-- Error --\")","v":5},"Mitigate",null,"Very Low",{"$f":"VLOOKUP(RiskRegister[[#This Row],[Residual Impact Level]],'Rating factors'!$F$4:$G$9,2,FALSE)","v":1},"Rare",{"$f":"VLOOKUP(RiskRegister[[#This Row],[Residual Likelihood Level]],'Rating factors'!$F$16:$G$21,2,FALSE)","v":1},{"$f":"IFERROR(VLOOKUP(RiskRegister[[#This Row],[Residual Risk Rating]],'Rating factors'!$F$30:$G$44,2,FALSE),\"-- Error --\")","v":"Low"},{"$f":"IFERROR(RiskRegister[[#This Row],[Residual Impact Rating]]*RiskRegister[[#This Row],[Residual Likelihood Rating]],\"-- Error --\")","v":1},"In Progress",null,"2023-09-11",null,{"$f":"IF(ISBLANK(RiskRegister[[#This Row],[Risk Due Date]]), \"Missing Risk Due Date\", IF(RiskRegister[[#This Row],[Risk Due Date]] < TODAY(), \"Overdue\", \"Not Overdue\"))","v":"Overdue"},null,{"$f":"IF(ISBLANK(RiskRegister[[#This Row],[Risk Due Date]]), \"Missing Risk Due Date\", TEXT(RiskRegister[[#This Row],[Risk Due Date]], \"YYYY-MM\"))","v":"2023-09"},{"$f":"IF(RiskRegister[[#This Row],[Created Date]]=\"\",\"Created Date missing\",(TEXT(RiskRegister[[#This Row],[Created Date]],\"mmm\") & \"-\" & YEAR(RiskRegister[[#This Row],[Created Date]])))","v":"Apr-2024"},{"$f":"IF(RiskRegister[[#This Row],[Risk Status]]=\"Closed\",RiskRegister[[#This Row],[Risk Close Date]],RiskRegister[[#This Row],[Risk Due Date]])","v":"2023-09-11"},{"$f":"IF(RiskRegister[[#This Row],[Risk-Change-Date]]=0,DATE(2030,1,1),RiskRegister[[#This Row],[Risk-Change-Date]])","v":"2023-09-11"},{"$f":"RiskRegister[[#This Row],[Inherent Impact Level]]&\"-\"&RiskRegister[[#This Row],[Inherent Likelihood Level]]","v":"Very High-Rare"},{"$f":"RiskRegister[[#This Row],[Residual Impact Level]]&\"-\"&RiskRegister[[#This Row],[Residual Likelihood Level]]","v":"Very Low-Rare"},"No",{"$f":"IF(RiskRegister[[#This Row],[Risk Status]]=\"Closed\",RiskRegister[[#This Row],[Residual Impact Level]],RiskRegister[[#This Row],[Inherent Impact Level]])","v":"Very High"},{"$f":"IF(RiskRegister[[#This Row],[Risk Status]]=\"Closed\",RiskRegister[[#This Row],[Residual Likelihood Level]],RiskRegister[[#This Row],[Inherent Likelihood Level]])","v":"Rare"},{"$f":"IF(RiskRegister[[#This Row],[Risk Status]]=\"Closed\",RiskRegister[[#This Row],[Residual-I-L-Combo]],RiskRegister[[#This Row],[Inherent-I-L-Combo]])","v":"Very High-Rare"},"Medium"]
[8,"Risk 8","sec8","2024-04-08","sec8","sec8","Non-compliance",null,"Information Technology (IT)",null,null,"Low",{"$f":"VLOOKUP(RiskRegister[[#This Row],[Inherent Impact Level]],'Rating factors'!$F$4:$G$9,2,FALSE)","v":2},"Unlikely",{"$f":"VLOOKUP(RiskRegister[[#This Row],[Inherent Likelihood Level]],'Rating factors'!$F$16:$G$21,2,FALSE)","v":2},{"$f":"IFERROR(VLOOKUP(RiskRegister[[#This Row],[Inherent Risk Rating]],'Rating factors'!$F$30:$G$44,2,FALSE),\"-- Error --\")","v":"Low"},{"$f":"IFERROR(RiskRegister[[#This Row],[Inherent Impact Rating]]*RiskRegister[[#This Row],[Inherent Likelihood Rating]],\"-- Error --\")","v":4},"Mitigate",null,"Low",{"$f":"VLOOKUP(RiskRegister[[#This Row],[Residual Impact Level]],'Rating factors'!$F$4:$G$9,2,FALSE)","v":2},"Unlikely",{"$f":"VLOOKUP(RiskRegister[[#This Row],[Residual Likelihood Level]],'Rating factors'!$F$16:$G$21,2,FALSE)","v":2},{"$f":"IFERROR(VLOOKUP(RiskRegister[[#This Row],[Residual Risk Rating]],'Rating factors'!$F$30:$G$44,2,FALSE),\"-- Error --\")","v":"Low"},{"$f":"IFERROR(RiskRegister[[#This Row],[Residual Impact Rating]]*RiskRegister[[#This Row],[Residual Likelihood Rating]],\"-- Error --\")","v":4},"Closed",{"$nulls":3},{"$f":"IF(ISBLANK(RiskRegister[[#This Row],[Risk Due Date]]), \"Missing Risk Due Date\", IF(RiskRegister[[#This Row],[Risk Due Date]] < TODAY(), \"Overdue\", \"Not Overdue\"))","v":"Missing Risk Due Date"},null,{"$f":"IF(ISBLANK(RiskRegister[[#This Row],[Risk Due Date]]), \"Missing Risk Due Date\", TEXT(RiskRegister[[#This Row],[Risk Due Date]], \"YYYY-MM\"))","v":"Missing Risk Due Date"},{"$f":"IF(RiskRegister[[#This Row],[Created Date]]=\"\",\"Created Date missing\",(TEXT(RiskRegister[[#This Row],[Created Date]],\"mmm\") & \"-\" & YEAR(RiskRegister[[#This Row],[Created Date]])))","v":"Apr-2024"},{"$f":"IF(RiskRegister[[#This Row],[Risk Status]]=\"Closed\",RiskRegister[[#This Row],[Risk Close Date]],RiskRegister[[#This Row],[Risk Due Date]])","v":"00:00:00"},{"$f":"IF(RiskRegister[[#This Row],[Risk-Change-Date]]=0,DATE(2030,1,1),RiskRegister[[#This Row],[Risk-Change-Date]])","v":"2030-01-01"},{"$f":"RiskRegister[[#This Row],[Inherent Impact Level]]&\"-\"&RiskRegister[[#This Row],[Inherent Likelihood Level]]","v":"Low-Unlikely"},{"$f":"RiskRegister[[#This Row],[Residual Impact Level]]&\"-\"&RiskRegister[[#This Row],[Residual Likelihood Level]]","v":"Low-Unlikely"},"Yes",{"$f":"IF(RiskRegister[[#This Row],[Risk Status]]=\"Closed\",RiskRegister[[#This Row],[Residual Impact Level]],RiskRegister[[#This Row],[Inherent Impact Level]])","v":"Low"},{"$f":"IF(RiskRegister[[#This Row],[Risk Status]]=\"Closed\",RiskRegister[[#This Row],[Residual Likelihood Level]],RiskRegister[[#This Row],[Inherent Likelihood Level]])","v":"Unlikely"},{"$f":"IF(RiskRegister[[#This Row],[Risk Status]]=\"Closed\",RiskRegister[[#This Row],[Residual-I-L-Combo]],RiskRegister[[#This Row],[Inherent-I-L-Combo]])","v":"Low-Unlikely"},"Low"]
[9,"Risk 9","sec9","2024-04-09","sec9","sec9","Non-compliance",null,"Sales",null,null,"High",{"$f":"VLOOKUP(RiskRegister[[#This Row],[Inherent Impact Level]],'Rating factors'!$F$4:$G$9,2,FALSE)","v":4},"Possible",{"$f":"VLOOKUP(RiskRegister[[#This Row],[Inherent Likelihood Level]],'Rating factors'!$F$16:$G$21,2,FALSE)","v":3},{"$f":"IFERROR(VLOOKUP(RiskRegister[[#This Row],[Inherent Risk Rating]],'Rating factors'!$F$30:$G$44,2,FALSE),\"-- Error --\")","v":"Medium"},{"$f":"IFERROR(RiskRegister[[#This Row],[Inherent Impact Rating]]*RiskRegister[[#This Row],[Inherent Likelihood Rating]],\"-- Error --\")","v":12},"Mitigate",null,"Very Low",{"$f":"VLOOKUP(RiskRegister[[#This Row],[Residual Impact Level]],'Rating factors'!$F$4:$G$9,2,FALSE)","v":1},"Likely",{"$f":"VLOOKUP(RiskRegister[[#This Row],[Residual Likelihood Level]],'Rating factors'!$F$16:$G$21,2,FALSE)","v":4},{"$f":"IFERROR(VLOOKUP(RiskRegister[[#This Row],[Residual Risk Rating]],'Rating factors'!$F$30:$G$44,2,FALSE),\"-- Error --\")","v":"Low"},{"$f":"IFERROR(RiskRegister[[#This Row],[Residual Impact Rating]]*RiskRegister[[#This Row],[Residual Likelihood Rating]],\"-- Error --\")","v":4},"Open",{"$nulls":3},{"$f":"IF(ISBLANK(RiskRegister[[#This Row],[Risk Due Date]]), \"Missing Risk Due Date\", IF(RiskRegister[[#This Row],[Risk Due Date]] < TODAY(), \"Overdue\", \"Not Overdue\"))","v":"Missing Risk Due Date"},null,{"$f":"IF(ISBLANK(RiskRegister[[#This Row],[Risk Due Date]]), \"Missing Risk Due Date\", TEXT(RiskRegister[[#This Row],[Risk Due Date]], \"YYYY-MM\"))","v":"Missing Risk Due Date"},{"$f":"IF(RiskRegister[[#This Row],[Created Date]]=\"\",\"Created Date missing\",(TEXT(RiskRegister[[#This Row],[Created Date]],\"mmm\") & \"-\" & YEAR(RiskRegister[[#This Row],[Created Date]])))","v":"Apr-2024"},{"$f":"IF(RiskRegister[[#This Row],[Risk Status]]=\"Closed\",RiskRegister[[#This Row],[Risk Close Date]],RiskRegister[[#This Row],[Risk Due Date]])","v":"00:00:00"},{"$f":"IF(RiskRegister[[#This Row],[Risk-Change-Date]]=0,DATE(2030,1,1),RiskRegister[[#This Row],[Risk-Change-Date]])","v":"2030-01-01"},{"$f":"RiskRegister[[#This Row],[Inherent Impact Level]]&\"-\"&RiskRegister[[#This Row],[Inherent Likelihood Level]]","v":"High-Possible"},{"$f":"RiskRegister[[#This Row],[Residual Impact Level]]&\"-\"&RiskRegister[[#This Row],[Residual Likelihood Level]]","v":"Very Low-Likely"},"No",{"$f":"IF(RiskRegister[[#This Row],[Risk Status]]=\"Closed\",RiskRegister[[#This Row],[Residual Impact Level]],RiskRegister[[#This Row],[Inherent Impact Level]])","v":"High"},{"$f":"IF(RiskRegister[[#This Row],[Risk Status]]=\"Closed\",RiskRegister[[#This Row],[Residual Likelihood Level]],RiskRegister[[#This Row],[Inherent Likelihood Level]])","v":"Possible"},{"$f":"IF(RiskRegister[[#This Row],[Risk Status]]=\"Closed\",RiskRegister[[#This Row],[Residual-I-L-Combo]],RiskRegister[[#This Row],[Inherent-I-L-Combo]])","v":"High-Possible"},"Medium"]
[10,"Risk 10","sec10","2024-04-10","sec10","sec10","Data breach",null,"Sales",null,null,"Very High",{"$f":"VLOOKUP(RiskRegister[[#This Row],[Inherent Impact Level]],'Rating factors'!$F$4:$G$9,2,FALSE)","v":5},"Possible",{"$f":"VLOOKUP(RiskRegister[[#This Row],[Inherent Likelihood Level]],'Rating factors'!$F$16:$G$21,2,FALSE)","v":3},{"$f":"IFERROR(VLOOKUP(RiskRegister[[#This Row],[Inherent Risk Rating]],'Rating factors'!$F$30:$G$44,2,FALSE),\"-- Error --\")","v":"Medium"},{"$f":"IFERROR(RiskRegister[[#This Row],[Inherent Impact Rating]]*RiskRegister[[#This Row],[Inherent Likelihood Rating]],\"-- Error --\")","v":15},"Mitigate",null,"Low",{"$f":"VLOOKUP(RiskRegister[[#This Row],[Residual Impact Level]],'Rating factors'!$F$4:$G$9,2,FALSE)","v":2},"Likely",{"$f":"VLOOKUP(RiskRegister[[#This Row],[Residual Likelihood Level]],'Rating factors'!$F$16:$G$21,2,FALSE)","v":4},{"$f":"IFERROR(VLOOKUP(RiskRegister[[#This Row],[Residual Risk Rating]],'Rating factors'!$F$30:$G$44,2,FALSE),\"-- Error --\")","v":"Medium"},{"$f":"IFERROR(RiskRegister[[#This Row],[Residual Impact Rating]]*RiskRegister[[#This Row],[Residual Likelihood Rating]],\"-- Error --\")","v":8},"Open",{"$nulls":3},{"$f":"IF(ISBLANK(RiskRegister[[#This Row],[Risk Due Date]]), \"Missing Risk Due Date\", IF(RiskRegister[[#This Row],[Risk Due Date]] < TODAY(), \"Overdue\", \"Not Overdue\"))","v":"Missing Risk Due Date"},null,{"$f":"IF(ISBLANK(RiskRegister[[#This Row],[Risk Due Date]]), \"Missing Risk Due Date\", TEXT(RiskRegister[[#This Row],[Risk Due Date]], \"YYYY-MM\"))","v":"Missing Risk Due Date"},{"$f":"IF(RiskRegister[[#This Row],[Created Date]]=\"\",\"Created Date missing\",(TEXT(RiskRegister[[#This Row],[Created Date]],\"mmm\") & \"-\" & YEAR(RiskRegister[[#This Row],[Created Date]])))","v":"Apr-2024"},{"$f":"IF(RiskRegister[[#This Row],[Risk Status]]=\"Closed\",RiskRegister[[#This Row],[Risk Close Date]],RiskRegister[[#This Row],[Risk Due Date]])","v":"00:00:00"},{"$f":"IF(RiskRegister[[#This Row],[Risk-Change-Date]]=0,DATE(2030,1,1),RiskRegister[[#This Row],[Risk-Change-Date]])","v":"2030-01-01"},{"$f":"RiskRegister[[#This Row],[Inherent Impact Level]]&\"-\"&RiskRegister[[#This Row],[Inherent Likelihood Level]]","v":"Very High-Possible"},{"$f":"RiskRegister[[#This Row],[Residual Impact Level]]&\"-\"&RiskRegister[[#This Row],[Residual Likelihood Level]]","v":"Low-Likely"},"No",{"$f":"IF(RiskRegister[[#This Row],[Risk Status]]=\"Closed\",RiskRegister[[#This Row],[Residual Impact Level]],RiskRegister[[#This Row],[Inherent Impact Level]])","v":"Very High"},{"$f":"IF(RiskRegister[[#This Row],[Risk Status]]=\"Closed\",RiskRegister[[#This Row],[Residual Likelihood Level]],RiskRegister[[#This Row],[Inherent Likelihood Level]])","v":"Possible"},{"$f":"IF(RiskRegister[[#This Row],[Risk Status]]=\"Closed\",RiskRegister[[#This Row],[Residual-I-L-Combo]],RiskRegister[[#This Row],[Inherent-I-L-Combo]])","v":"Very High-Possible"},"Medium"]
[11,"Risk 11","sec11","2024-04-11","sec11","sec11","Ransomware",null,"Sales",null,null,"Very Low",{"$f":"VLOOKUP(RiskRegister[[#This Row],[Inherent Impact Level]],'Rating factors'!$F$4:$G$9,2,FALSE)","v":1},"Possible",{"$f":"VLOOKUP(RiskRegister[[#This Row],[Inherent Likelihood Level]],'Rating factors'!$F$16:$G$21,2,FALSE)","v":3},{"$f":"IFERROR(VLOOKUP(RiskRegister[[#This Row],[Inherent Risk Rating]],'Rating factors'!$F$30:$G$44,2,FALSE),\"-- Error --\")","v":"Low"},{"$f":"IFERROR(RiskRegister[[#This Row],[Inherent Impact Rating]]*RiskRegister[[#This Row],[Inherent Likelihood Rating]],\"-- Error --\")","v":3},"Mitigate",null,"Very Low",{"$f":"VLOOKUP(RiskRegister[[#This Row],[Residual Impact Level]],'Rating factors'!$F$4:$G$9,2,FALSE)","v":1},"Likely",{"$f":"VLOOKUP(RiskRegister[[#This Row],[Residual Likelihood Level]],'Rating factors'!$F$16:$G$21,2,FALSE)","v":4},{"$f":"IFERROR(VLOOKUP(RiskRegister[[#This Row],[Residual Risk Rating]],'Rating factors'!$F$30:$G$44,2,FALSE),\"-- Error --\")","v":"Low"},{"$f":"IFERROR(RiskRegister[[#This Row],[Residual Impact Rating]]*RiskRegister[[#This Row],[Residual Likelihood Rating]],\"-- Error --\")","v":4},"In Progress",null,"2024-10-02",null,{"$f":"IF(ISBLANK(RiskRegister[[#This Row],[Risk Due Date]]), \"Missing Risk Due Date\", IF(RiskRegister[[#This Row],[Risk Due Date]] < TODAY(), \"Overdue\", \"Not Overdue\"))","v":"Overdue"},null,{"$f":"IF(ISBLANK(RiskRegister[[#This Row],[Risk Due Date]]), \"Missing Risk Due Date\", TEXT(RiskRegister[[#This Row],[Risk Due Date]], \"YYYY-MM\"))","v":"2024-10"},{"$f":"IF(RiskRegister[[#This Row],[Created Date]]=\"\",\"Created Date missing\",(TEXT(RiskRegister[[#This Row],[Created Date]],\"mmm\") & \"-\" & YEAR(RiskRegister[[#This Row],[Created Date]])))","v":"Apr-2024"},{"$f":"IF(RiskRegister[[#This Row],[Risk Status]]=\"Closed\",RiskRegister[[#This Row],[Risk Close Date]],RiskRegister[[#This Row],[Risk Due Date]])","v":"2024-10-02"},{"$f":"IF(RiskRegister[[#This Row],[Risk-Change-Date]]=0,DATE(2030,1,1),RiskRegister[[#This Row],[Risk-Change-Date]])","v":"2024-10-02"},{"$f":"RiskRegister[[#This Row],[Inherent Impact Level]]&\"-\"&RiskRegister[[#This Row],[Inherent Likelihood Level]]","v":"Very Low-Possible"},{"$f":"RiskRegister[[#This Row],[Residual Impact Level]]&\"-\"&RiskRegister[[#This Row],[Residual Likelihood Level]]","v":"Very Low-Likely"},"No",{"$f":"IF(RiskRegister[[#This Row],[Risk Status]]=\"Closed\",RiskRegister[[#This Row],[Residual Impact Level]],RiskRegister[[#This Row],[Inherent Impact Level]])","v":"Very Low"},{"$f":"IF(RiskRegister[[#This Row],[Risk Status]]=\"Closed\",RiskRegister[[#This Row],[Residual Likelihood Level]],RiskRegister[[#This Row],[Inherent Likelihood Level]])","v":"Possible"},{"$f":"IF(RiskRegister[[#This Row],[Risk Status]]=\"Closed\",RiskRegister[[#This Row],[Residual-I-L-Combo]],RiskRegister[[#This Row],[Inherent-I-L-Combo]])","v":"Very Low-Possible"},"Low"]
[12,"Risk 12","sec12","2024-04-12","sec12","sec12","Insider Threats",null,"Sales",null,null,"Low",{"$f":"VLOOKUP(RiskRegister[[#This Row],[Inherent Impact Level]],'Rating factors'!$F$4:$G$9,2,FALSE)","v":2},"Highly Likely",{"$f":"VLOOKUP(RiskRegister[[#This Row],[Inherent Likelihood Level]],'Rating factors'!$F$16:$G$21,2,FALSE)","v":5},{"$f":"IFERROR(VLOOKUP(RiskRegister[[#This Row],[Inherent Risk Rating]],'Rating factors'!$F$30:$G$44,2,FALSE),\"-- Error --\")","v":"Medium"},{"$f":"IFERROR(RiskRegister[[#This Row],[Inherent Impact Rating]]*RiskRegister[[#This Row],[Inherent Likelihood Rating]],\"-- Error --\")","v":10},"Mitigate",null,"Very Low",{"$f":"VLOOKUP(RiskRegister[[#This Row],[Residual Impact Level]],'Rating factors'!$F$4:$G$9,2,FALSE)","v":1},"Likely",{"$f":"VLOOKUP(RiskRegister[[#This Row],[Residual Likelihood Level]],'Rating factors'!$F$16:$G$21,2,FALSE)","v":4},{"$f":"IFERROR(VLOOKUP(RiskRegister[[#This Row],[Residual Risk Rating]],'Rating factors'!$F$30:$G$44,2,FALSE),\"-- Error --\")","v":"Low"},{"$f":"IFERROR(RiskRegister[[#This Row],[Residual Impact Rating]]*RiskRegister[[#This Row],[Residual Likelihood Rating]],\"-- Error --\")","v":4},"In Progress",null,"2024-11-30",null,{"$f":"IF(ISBLANK(RiskRegister[[#This Row],[Risk Due Date]]), \"Missing Risk Due Date\", IF(RiskRegister[[#This Row],[Risk Due Date]] < TODAY(), \"Overdue\", \"Not Overdue\"))","v":"Overdue"},null,{"$f":"IF(ISBLANK(RiskRegister[[#This Row],[Risk Due Date]]), \"Missing Risk Due Date\", TEXT(RiskRegister[[#This Row],[Risk Due Date]], \"YYYY-MM\"))","v":"2024-11"},{"$f":"IF(RiskRegister[[#This Row],[Created Date]]=\"\",\"Created Date missing\",(TEXT(RiskRegister[[#This Row],[Created Date]],\"mmm\") & \"-\" & YEAR(RiskRegister[[#This Row],[Created Date]])))","v":"Apr-2024"},{"$f":"IF(RiskRegister[[#This Row],[Risk Status]]=\"Closed\",RiskRegister[[#This Row],[Risk Close Date]],RiskRegister[[#This Row],[Risk Due Date]])","v":"2024-11-30"},{"$f":"IF(RiskRegister[[#This Row],[Risk-Change-Date]]=0,DATE(2030,1,1),RiskRegister[[#This Row],[Risk-Change-Date]])","v":"2024-11-30"},{"$f":"RiskRegister[[#This Row],[Inherent Impact Level]]&\"-\"&RiskRegister[[#This Row],[Inherent Likelihood Level]]","v":"Low-Highly Likely"},{"$f":"RiskRegister[[#This Row],[Residual Impact Level]]&\"-\"&RiskRegister[[#This Row],[Residual Likelihood Level]]","v":"Very Low-Likely"},"No",{"$f":"IF(RiskRegister[[#This Row],[Risk Status]]=\"Closed\",RiskRegister[[#This Row],[Residual Impact Level]],RiskRegister[[#This Row],[Inherent Impact Level]])","v":"Low"},{"$f":"IF(RiskRegister[[#This Row],[Risk Status]]=\"Closed\",RiskRegister[[#This Row],[Residual Likelihood Level]],RiskRegister[[#This Row],[Inherent Likelihood Level]])","v":"Highly Likely"},{"$f":"IF(RiskRegister[[#This Row],[Risk Status]]=\"Closed\",RiskRegister[[#This Row],[Residual-I-L-Combo]],RiskRegister[[#This Row],[Inherent-I-L-Combo]])","v":"Low-Highly Likely"},"Medium"]
[13,"Risk 13","sec13","2024-04-13","sec13","sec13","Supply Chain ",null,"Finance",null,null,"Moderate",{"$f":"VLOOKUP(RiskRegister[[#This Row],[Inherent Impact Level]],'Rating factors'!$F$4:$G$9,2,FALSE)","v":3},"Highly Likely",{"$f":"VLOOKUP(RiskRegister[[#This Row],[Inherent Likelihood Level]],'Rating factors'!$F$16:$G$21,2,FALSE)","v":5},{"$f":"IFERROR(VLOOKUP(RiskRegister[[#This Row],[Inherent Risk Rating]],'Rating factors'!$F$30:$G$44,2,FALSE),\"-- Error --\")","v":"Medium"},{"$f":"IFERROR(RiskRegister[[#This Row],[Inherent Impact Rating]]*RiskRegister[[#This Row],[Inherent Likelihood Rating]],\"-- Error --\")","v":15},"Mitigate",null,"Low",{"$f":"VLOOKUP(RiskRegister[[#This Row],[Residual Impact Level]],'Rating factors'!$F$4:$G$9,2,FALSE)","v":2},"Likely",{"$f":"VLOOKUP(RiskRegister[[#This Row],[Residual Likelihood Level]],'Rating factors'!$F$16:$G$21,2,FALSE)","v":4},{"$f":"IFERROR(VLOOKUP(RiskRegister[[#This Row],[Residual Risk Rating]],'Rating factors'!$F$30:$G$44,2,FALSE),\"-- Error --\")","v":"Medium"},{"$f":"IFERROR(RiskRegister[[#This Row],[Residual Impact Rating]]*RiskRegister[[#This Row],[Residual Likelihood Rating]],\"-- Error --\")","v":8},"In Progress",null,"2024-12-05",null,{"$f":"IF(ISBLANK(RiskRegister[[#This Row],[Risk Due Date]]), \"Missing Risk Due Date\", IF(RiskRegister[[#This Row],[Risk Due Date]] < TODAY(), \"Overdue\", \"Not Overdue\"))","v":"Overdue"},null,{"$f":"IF(ISBLANK(RiskRegister[[#This Row],[Risk Due Date]]), \"Missing Risk Due Date\", TEXT(RiskRegister[[#This Row],[Risk Due Date]], \"YYYY-MM\"))","v":"2024-12"},{"$f":"IF(RiskRegister[[#This Row],[Created Date]]=\"\",\"Created Date missing\",(TEXT(RiskRegister[[#This Row],[Created Date]],\"mmm\") & \"-\" & YEAR(RiskRegister[[#This Row],[Created Date]])))","v":"Apr-2024"},{"$f":"IF(RiskRegister[[#This Row],[Risk Status]]=\"Closed\",RiskRegister[[#This Row],[Risk Close Date]],RiskRegister[[#This Row],[Risk Due Date]])","v":"2024-12-05"},{"$f":"IF(RiskRegister[[#This Row],[Risk-Change-Date]]=0,DATE(2030,1,1),RiskRegister[[#This Row],[Risk-Change-Date]])","v":"2024-12-05"},{"$f":"RiskRegister[[#This Row],[Inherent Impact Level]]&\"-\"&RiskRegister[[#This Row],[Inherent Likelihood Level]]","v":"Moderate-Highly Likely"},{"$f":"RiskRegister[[#This Row],[Residual Impact Level]]&\"-\"&RiskRegister[[#This Row],[Residual Likelihood Level]]","v":"Low-Likely"},"No",{"$f":"IF(RiskRegister[[#This Row],[Risk Status]]=\"Closed\",RiskRegister[[#This Row],[Residual Impact Level]],RiskRegister[[#This Row],[Inherent Impact Level]])","v":"Moderate"},{"$f":"IF(RiskRegister[[#This Row],[Risk Status]]=\"Closed\",RiskRegister[[#This Row],[Residual Likelihood Level]],RiskRegister[[#This Row],[Inherent Likelihood Level]])","v":"Highly Likely"},{"$f":"IF(RiskRegister[[#This Row],[Risk Status]]=\"Closed\",RiskRegister[[#This Row],[Residual-I-L-Combo]],RiskRegister[[#This Row],[Inherent-I-L-Combo]])","v":"Moderate-Highly Likely"},"Medium"]
[14,"Risk 14","sec14","2024-04-14","sec14","sec14","System Vulnerabilities",null,"Legal",null,null,"High",{"$f":"VLOOKUP(RiskRegister[[#This Row],[Inherent Impact Level]],'Rating factors'!$F$4:$G$9,2,FALSE)","v":4},"Highly Likely",{"$f":"VLOOKUP(RiskRegister[[#This Row],[Inherent Likelihood Level]],'Rating factors'!$F$16:$G$21,2,FALSE)","v":5},{"$f":"IFERROR(VLOOKUP(RiskRegister[[#This Row],[Inherent Risk Rating]],'Rating factors'!$F$30:$G$44,2,FALSE),\"-- Error --\")","v":"High"},{"$f":"IFERROR(RiskRegister[[#This Row],[Inherent Impact Rating]]*RiskRegister[[#This Row],[Inherent Likelihood Rating]],\"-- Error --\")","v":20},"Mitigate",null,"Very Low",{"$f":"VLOOKUP(RiskRegister[[#This Row],[Residual Impact Level]],'Rating factors'!$F$4:$G$9,2,FALSE)","v":1},"Likely",{"$f":"VLOOKUP(RiskRegister[[#This Row],[Residual Likelihood Level]],'Rating factors'!$F$16:$G$21,2,FALSE)","v":4},{"$f":"IFERROR(VLOOKUP(RiskRegister[[#This Row],[Residual Risk Rating]],'Rating factors'!$F$30:$G$44,2,FALSE),\"-- Error --\")","v":"Low"},{"$f":"IFERROR(RiskRegister[[#This Row],[Residual Impact Rating]]*RiskRegister[[#This Row],[Residual Likelihood Rating]],\"-- Error --\")","v":4},"In Progress",null,"2024-01-19",null,{"$f":"IF(ISBLANK(RiskRegister[[#This Row],[Risk Due Date]]), \"Missing Risk Due Date\", IF(RiskRegister[[#This Row],[Risk Due Date]] < TODAY(), \"Overdue\", \"Not Overdue\"))","v":"Overdue"},null,{"$f":"IF(ISBLANK(RiskRegister[[#This Row],[Risk Due Date]]), \"Missing Risk Due Date\", TEXT(RiskRegister[[#This Row],[Risk Due Date]], \"YYYY-MM\"))","v":"2024-01"},{"$f":"IF(RiskRegister[[#This Row],[Created Date]]=\"\",\"Created Date missing\",(TEXT(RiskRegister[[#This Row],[Created Date]],\"mmm\") & \"-\" & YEAR(RiskRegister[[#This Row],[Created Date]])))","v":"Apr-2024"},{"$f":"IF(RiskRegister[[#This Row],[Risk Status]]=\"Closed\",RiskRegister[[#This Row],[Risk Close Date]],RiskRegister[[#This Row],[Risk Due Date]])","v":"2024-01-19"},{"$f":"IF(RiskRegister[[#This Row],[Risk-Change-Date]]=0,DATE(2030,1,1),RiskRegister[[#This Row],[Risk-Change-Date]])","v":"2024-01-19"},{"$f":"RiskRegister[[#This Row],[Inherent Impact Level]]&\"-\"&RiskRegister[[#This Row],[Inherent Likelihood Level]]","v":"High-Highly Likely"},{"$f":"RiskRegister[[#This Row],[Residual Impact Level]]&\"-\"&RiskRegister[[#This Row],[Residual Likelihood Level]]","v":"Very Low-Likely"},"No",{"$f":"IF(RiskRegister[[#This Row],[Risk Status]]=\"Closed\",RiskRegister[[#This Row],[Residual Impact Level]],RiskRegister[[#This Row],[Inherent Impact Level]])","v":"High"},{"$f":"IF(RiskRegister[[#This Row],[Risk Status]]=\"Closed\",RiskRegister[[#This Row],[Residual Likelihood Level]],RiskRegister[[#This Row],[Inherent Likelihood Level]])","v":"Highly Likely"},{"$f":"IF(RiskRegister[[#This Row],[Risk Status]]=\"Closed\",RiskRegister[[#This Row],[Residual-I-L-Combo]],RiskRegister[[#This Row],[Inherent-I-L-Combo]])","v":"High-Highly Likely"},"High"]
[15,"Risk 15","sec15","2024-09-15","sec15","sec15","Social Engineering",null,"Procurement",null,null,"Very High",{"$f":"VLOOKUP(RiskRegister[[#This Row],[Inherent Impact Level]],'Rating factors'!$F$4:$G$9,2,FALSE)","v":5},"Highly Likely",{"$f":"VLOOKUP(RiskRegister[[#This Row],[Inherent Likelihood Level]],'Rating factors'!$F$16:$G$21,2,FALSE)","v":5},{"$f":"IFERROR(VLOOKUP(RiskRegister[[#This Row],[Inherent Risk Rating]],'Rating factors'!$F$30:$G$44,2,FALSE),\"-- Error --\")","v":"High"},{"$f":"IFERROR(RiskRegister[[#This Row],[Inherent Impact Rating]]*RiskRegister[[#This Row],[Inherent Likelihood Rating]],\"-- Error --\")","v":25},"Mitigate",null,"Low",{"$f":"VLOOKUP(RiskRegister[[#This Row],[Residual Impact Level]],'Rating factors'!$F$4:$G$9,2,FALSE)","v":2},"Likely",{"$f":"VLOOKUP(RiskRegister[[#This Row],[Residual Likelihood Level]],'Rating factors'!$F$16:$G$21,2,FALSE)","v":4},{"$f":"IFERROR(VLOOKUP(RiskRegister[[#This Row],[Residual Risk Rating]],'Rating factors'!$F$30:$G$44,2,FALSE),\"-- Error --\")","v":"Medium"},{"$f":"IFERROR(RiskRegister[[#This Row],[Residual Impact Rating]]*RiskRegister[[#This Row],[Residual Likelihood Rating]],\"-- Error --\")","v":8},"In Progress",null,"2024-06-06",null,{"$f":"IF(ISBLANK(RiskRegister[[#This Row],[Risk Due Date]]), \"Missing Risk Due Date\", IF(RiskRegister[[#This Row],[Risk Due Date]] < TODAY(), \"Overdue\", \"Not Overdue\"))","v":"Overdue"},null,{"$f":"IF(ISBLANK(RiskRegister[[#This Row],[Risk Due Date]]), \"Missing Risk Due Date\", TEXT(RiskRegister[[#This Row],[Risk Due Date]], \"YYYY-MM\"))","v":"2024-06"},{"$f":"IF(RiskRegister[[#This Row],[Created Date]]=\"\",\"Created Date missing\",(TEXT(RiskRegister[[#This Row],[Created Date]],\"mmm\") & \"-\" & YEAR(RiskRegister[[#This Row],[Created Date]])))","v":"Sep-2024"},{"$f":"IF(RiskRegister[[#This Row],[Risk Status]]=\"Closed\",RiskRegister[[#This Row],[Risk Close Date]],RiskRegister[[#This Row],[Risk Due Date]])","v":"2024-06-06"},{"$f":"IF(RiskRegister[[#This Row],[Risk-Change-Date]]=0,DATE(2030,1,1),RiskRegister[[#This Row],[Risk-Change-Date]])","v":"2024-06-06"},{"$f":"RiskRegister[[#This Row],[Inherent Impact Level]]&\"-\"&RiskRegister[[#This Row],[Inherent Likelihood Level]]","v":"Very High-Highly Likely"},{"$f":"RiskRegister[[#This Row],[Residual Impact Level]]&\"-\"&RiskRegister[[#This Row],[Residual Likelihood Level]]","v":"Low-Likely"},"No",{"$f":"IF(RiskRegister[[#This Row],[Risk Status]]=\"Closed\",RiskRegister[[#This Row],[Residual Impact Level]],RiskRegister[[#This Row],[Inherent Impact Level]])","v":"Very High"},{"$f":"IF(RiskRegister[[#This Row],[Risk Status]]=\"Closed\",RiskRegister[[#This Row],[Residual Likelihood Level]],RiskRegister[[#This Row],[Inherent Likelihood Level]])","v":"Highly Likely"},{"$f":"IF(RiskRegister[[#This Row],[Risk Status]]=\"Closed\",RiskRegister[[#This Row],[Residual-I-L-Combo]],RiskRegister[[#This Row],[Inherent-I-L-Combo]])","v":"Very High-Highly Likely"},"High"]
[16,"Risk 16","sec16","2024-04-16","sec16","sec16","Identity and Access",null,"Information Technology (IT)",null,null,"Very Low",{"$f":"VLOOKUP(RiskRegister[[#This Row],[Inherent Impact Level]],'Rating factors'!$F$4:$G$9,2,FALSE)","v":1},"Highly Likely",{"$f":"VLOOKUP(RiskRegister[[#This Row],[Inherent Likelihood Level]],'Rating factors'!$F$16:$G$21,2,FALSE)","v":5},{"$f":"IFERROR(VLOOKUP(RiskRegister[[#This Row],[Inherent Risk Rating]],'Rating factors'!$F$30:$G$44,2,FALSE),\"-- Error --\")","v":"Medium"},{"$f":"IFERROR(RiskRegister[[#This Row],[Inherent Impact Rating]]*RiskRegister[[#This Row],[Inherent Likelihood Rating]],\"-- Error --\")","v":5},"Mitigate",null,"Very Low",{"$f":"VLOOKUP(RiskRegister[[#This Row],[Residual Impact Level]],'Rating factors'!$F$4:$G$9,2,FALSE)","v":1},"Unlikely",{"$f":"VLOOKUP(RiskRegister[[#This Row],[Residual Likelihood Level]],'Rating factors'!$F$16:$G$21,2,FALSE)","v":2},{"$f":"IFERROR(VLOOKUP(RiskRegister[[#This Row],[Residual Risk Rating]],'Rating factors'!$F$30:$G$44,2,FALSE),\"-- Error --\")","v":"Low"},{"$f":"IFERROR(RiskRegister[[#This Row],[Residual Impact Rating]]*RiskRegister[[#This Row],[Residual Likelihood Rating]],\"-- Error --\")","v":2},"In Progress",null,"2024-12-12",null,{"$f":"IF(ISBLANK(RiskRegister[[#This Row],[Risk Due Date]]), \"Missing Risk Due Date\", IF(RiskRegister[[#This Row],[Risk Due Date]] < TODAY(), \"Overdue\", \"Not Overdue\"))","v":"Overdue"},null,{"$f":"IF(ISBLANK(RiskRegister[[#This Row],[Risk Due Date]]), \"Missing Risk Due Date\", TEXT(RiskRegister[[#This Row],[Risk Due Date]], \"YYYY-MM\"))","v":"2024-12"},{"$f":"IF(RiskRegister[[#This Row],[Created Date]]=\"\",\"Created Date missing\",(TEXT(RiskRegister[[#This Row],[Created Date]],\"mmm\") & \"-\" & YEAR(RiskRegister[[#This Row],[Created Date]])))","v":"Apr-2024"},{"$f":"IF(RiskRegister[[#This Row],[Risk Status]]=\"Closed\",RiskRegister[[#This Row],[Risk Close Date]],RiskRegister[[#This Row],[Risk Due Date]])","v":"2024-12-12"},{"$f":"IF(RiskRegister[[#This Row],[Risk-Change-Date]]=0,DATE(2030,1,1),RiskRegister[[#This Row],[Risk-Change-Date]])","v":"2024-12-12"},{"$f":"RiskRegister[[#This Row],[Inherent Impact Level]]&\"-\"&RiskRegister[[#This Row],[Inherent Likelihood Level]]","v":"Very Low-Highly Likely"},{"$f":"RiskRegister[[#This Row],[Residual Impact Level]]&\"-\"&RiskRegister[[#This Row],[Residual Likelihood Level]]","v":"Very Low-Unlikely"},"No",{"$f":"IF(RiskRegister[[#This Row],[Risk Status]]=\"Closed\",RiskRegister[[#This Row],[Residual Impact Level]],RiskRegister[[#This Row],[Inherent Impact Level]])","v":"Very Low"},{"$f":"IF(RiskRegister[[#This Row],[Risk Status]]=\"Closed\",RiskRegister[[#This Row],[Residual Likelihood Level]],RiskRegister[[#This Row],[Inherent Likelihood Level]])","v":"Highly Likely"},{"$f":"IF(RiskRegister[[#This Row],[Risk Status]]=\"Closed\",RiskRegister[[#This Row],[Residual-I-L-Combo]],RiskRegister[[#This Row],[Inherent-I-L-Combo]])","v":"Very Low-Highly Likely"},"Medium"]
[17,"Risk 17","sec17","2024-04-17","sec17","sec17","Non-compliance",null,"Information Technology (IT)",null,null,"Low",{"$f":"VLOOKUP(RiskRegister[[#This Row],[Inherent Impact Level]],'Rating factors'!$F$4:$G$9,2,FALSE)","v":2},"Highly Likely",{"$f":"VLOOKUP(RiskRegister[[#This Row],[Inherent Likelihood Level]],'Rating factors'!$F$16:$G$21,2,FALSE)","v":5},{"$f":"IFERROR(VLOOKUP(RiskRegister[[#This Row],[Inherent Risk Rating]],'Rating factors'!$F$30:$G$44,2,FALSE),\"-- Error --\")","v":"Medium"},{"$f":"IFERROR(RiskRegister[[#This Row],[Inherent Impact Rating]]*RiskRegister[[#This Row],[Inherent Likelihood Rating]],\"-- Error --\")","v":10},"Mitigate",null,"Low",{"$f":"VLOOKUP(RiskRegister[[#This Row],[Residual Impact Level]],'Rating factors'!$F$4:$G$9,2,FALSE)","v":2},"Likely",{"$f":"VLOOKUP(RiskRegister[[#This Row],[Residual Likelihood Level]],'Rating factors'!$F$16:$G$21,2,FALSE)","v":4},{"$f":"IFERROR(VLOOKUP(RiskRegister[[#This Row],[Residual Risk Rating]],'Rating factors'!$F$30:$G$44,2,FALSE),\"-- Error --\")","v":"Medium"},{"$f":"IFERROR(RiskRegister[[#This Row],[Residual Impact Rating]]*RiskRegister[[#This Row],[Residual Likelihood Rating]],\"-- Error --\")","v":8},"In Progress",null,"2024-04-11",null,{"$f":"IF(ISBLANK(RiskRegister[[#This Row],[Risk Due Date]]), \"Missing Risk Due Date\", IF(RiskRegister[[#This Row],[Risk Due Date]] < TODAY(), \"Overdue\", \"Not Overdue\"))","v":"Overdue"},null,{"$f":"IF(ISBLANK(RiskRegister[[#This Row],[Risk Due Date]]), \"Missing Risk Due Date\", TEXT(RiskRegister[[#This Row],[Risk Due Date]], \"YYYY-MM\"))","v":"2024-04"},{"$f":"IF(RiskRegister[[#This Row],[Created Date]]=\"\",\"Created Date missing\",(TEXT(RiskRegister[[#This Row],[Created Date]],\"mmm\") & \"-\" & YEAR(RiskRegister[[#This Row],[Created Date]])))","v":"Apr-2024"},{"$f":"IF(RiskRegister[[#This Row],[Risk Status]]=\"Closed\",RiskRegister[[#This Row],[Risk Close Date]],RiskRegister[[#This Row],[Risk Due Date]])","v":"2024-04-11"},{"$f":"IF(RiskRegister[[#This Row],[Risk-Change-Date]]=0,DATE(2030,1,1),RiskRegister[[#This Row],[Risk-Change-Date]])","v":"2024-04-11"},{"$f":"RiskRegister[[#This Row],[Inherent Impact Level]]&\"-\"&RiskRegister[[#This Row],[Inherent Likelihood Level]]","v":"Low-Highly Likely"},{"$f":"RiskRegister[[#This Row],[Residual Impact Level]]&\"-\"&RiskRegister[[#This Row],[Residual Likelihood Level]]","v":"Low-Likely"},"No",{"$f":"IF(RiskRegister[[#This Row],[Risk Status]]=\"Closed\",RiskRegister[[#This Row],[Residual Impact Level]],RiskRegister[[#This Row],[Inherent Impact Level]])","v":"Low"},{"$f":"IF(RiskRegister[[#This Row],[Risk Status]]=\"Closed\",RiskRegister[[#This Row],[Residual Likelihood Level]],RiskRegister[[#This Row],[Inherent Likelihood Level]])","v":"Highly Likely"},{"$f":"IF(RiskRegister[[#This Row],[Risk Status]]=\"Closed\",RiskRegister[[#This Row],[Residual-I-L-Combo]],RiskRegister[[#This Row],[Inherent-I-L-Combo]])","v":"Low-Highly Likely"},"Medium"]
[18,"Risk 18","sec18","2024-04-18","sec18","sec18","System Vulnerabilities",null,"Information Technology (IT)",null,null,"Moderate",{"$f":"VLOOKUP(RiskRegister[[#This Row],[Inherent Impact Level]],'Rating factors'!$F$4:$G$9,2,FALSE)","v":3},"Highly Likely",{"$f":"VLOOKUP(RiskRegister[[#This Row],[Inherent Likelihood Level]],'Rating factors'!$F$16:$G$21,2,FALSE)","v":5},{"$f":"IFERROR(VLOOKUP(RiskRegister[[#This Row],[Inherent Risk Rating]],'Rating factors'!$F$30:$G$44,2,FALSE),\"-- Error --\")","v":"Medium"},{"$f":"IFERROR(RiskRegister[[#This Row],[Inherent Impact Rating]]*RiskRegister[[#This Row],[Inherent Likelihood Rating]],\"-- Error --\")","v":15},"Mitigate",null,"Moderate",{"$f":"VLOOKUP(RiskRegister[[#This Row],[Residual Impact Level]],'Rating factors'!$F$4:$G$9,2,FALSE)","v":3},"Unlikely",{"$f":"VLOOKUP(RiskRegister[[#This Row],[Residual Likelihood Level]],'Rating factors'!$F$16:$G$21,2,FALSE)","v":2},{"$f":"IFERROR(VLOOKUP(RiskRegister[[#This Row],[Residual Risk Rating]],'Rating factors'!$F$30:$G$44,2,FALSE),\"-- Error --\")","v":"Medium"},{"$f":"IFERROR(RiskRegister[[#This Row],[Residual Impact Rating]]*RiskRegister[[#This Row],[Residual Likelihood Rating]],\"-- Error --\")","v":6},"In Progress",null,"2023-12-19",null,{"$f":"IF(ISBLANK(RiskRegister[[#This Row],[Risk Due Date]]), \"Missing Risk Due Date\", IF(RiskRegister[[#This Row],[Risk Due Date]] < TODAY(), \"Overdue\", \"Not Overdue\"))","v":"Overdue"},null,{"$f":"IF(ISBLANK(RiskRegister[[#This Row],[Risk Due Date]]), \"Missing Risk Due Date\", TEXT(RiskRegister[[#This Row],[Risk Due Date]], \"YYYY-MM\"))","v":"2023-12"},{"$f":"IF(RiskRegister[[#This Row],[Created Date]]=\"\",\"Created Date missing\",(TEXT(RiskRegister[[#This Row],[Created Date]],\"mmm\") & \"-\" & YEAR(RiskRegister[[#This Row],[Created Date]])))","v":"Apr-2024"},{"$f":"IF(RiskRegister[[#This Row],[Risk Status]]=\"Closed\",RiskRegister[[#This Row],[Risk Close Date]],RiskRegister[[#This Row],[Risk Due Date]])","v":"2023-12-19"},{"$f":"IF(RiskRegister[[#This Row],[Risk-Change-Date]]=0,DATE(2030,1,1),RiskRegister[[#This Row],[Risk-Change-Date]])","v":"2023-12-19"},{"$f":"RiskRegister[[#This Row],[Inherent Impact Level]]&\"-\"&RiskRegister[[#This Row],[Inherent Likelihood Level]]","v":"Moderate-Highly Likely"},{"$f":"RiskRegister[[#This Row],[Residual Impact Level]]&\"-\"&RiskRegister[[#This Row],[Residual Likelihood Level]]","v":"Moderate-Unlikely"},"No",{"$f":"IF(RiskRegister[[#This Row],[Risk Status]]=\"Closed\",RiskRegister[[#This Row],[Residual Impact Level]],RiskRegister[[#This Row],[Inherent Impact Level]])","v":"Moderate"},{"$f":"IF(RiskRegister[[#This Row],[Risk Status]]=\"Closed\",RiskRegister[[#This Row],[Residual Likelihood Level]],RiskRegister[[#This Row],[Inherent Likelihood Level]])","v":"Highly Likely"},{"$f":"IF(RiskRegister[[#This Row],[Risk Status]]=\"Closed\",RiskRegister[[#This Row],[Residual-I-L-Combo]],RiskRegister[[#This Row],[Inherent-I-L-Combo]])","v":"Moderate-Highly Likely"},"Medium"]
[19,"Risk 19","sec19","2024-04-19","sec19","sec19","System Vulnerabilities",null,"Information Technology (IT)",null,null,"High",{"$f":"VLOOKUP(RiskRegister[[#This Row],[Inherent Impact Level]],'Rating factors'!$F$4:$G$9,2,FALSE)","v":4},"Highly Likely",{"$f":"VLOOKUP(RiskRegister[[#This Row],[Inherent Likelihood Level]],'Rating factors'!$F$16:$G$21,2,FALSE)","v":5},{"$f":"IFERROR(VLOOKUP(RiskRegister[[#This Row],[Inherent Risk Rating]],'Rating factors'!$F$30:$G$44,2,FALSE),\"-- Error --\")","v":"High"},{"$f":"IFERROR(RiskRegister[[#This Row],[Inherent Impact Rating]]*RiskRegister[[#This Row],[Inherent Likelihood Rating]],\"-- Error --\")","v":20},"Mitigate",null,"Very Low",{"$f":"VLOOKUP(RiskRegister[[#This Row],[Residual Impact Level]],'Rating factors'!$F$4:$G$9,2,FALSE)","v":1},"Likely",{"$f":"VLOOKUP(RiskRegister[[#This Row],[Residual Likelihood Level]],'Rating factors'!$F$16:$G$21,2,FALSE)","v":4},{"$f":"IFERROR(VLOOKUP(RiskRegister[[#This Row],[Residual Risk Rating]],'Rating factors'!$F$30:$G$44,2,FALSE),\"-- Error --\")","v":"Low"},{"$f":"IFERROR(RiskRegister[[#This Row],[Residual Impact Rating]]*RiskRegister[[#This Row],[Residual Likelihood Rating]],\"-- Error --\")","v":4},"In Progress",null,"2023-12-12",null,{"$f":"IF(ISBLANK(RiskRegister[[#This Row],[Risk Due Date]]), \"Missing Risk Due Date\", IF(RiskRegister[[#This Row],[Risk Due Date]] < TODAY(), \"Overdue\", \"Not Overdue\"))","v":"Overdue"},null,{"$f":"IF(ISBLANK(RiskRegister[[#This Row],[Risk Due Date]]), \"Missing Risk Due Date\", TEXT(RiskRegister[[#This Row],[Risk Due Date]], \"YYYY-MM\"))","v":"2023-12"},{"$f":"IF(RiskRegister[[#This Row],[Created Date]]=\"\",\"Created Date missing\",(TEXT(RiskRegister[[#This Row],[Created Date]],\"mmm\") & \"-\" & YEAR(RiskRegister[[#This Row],[Created Date]])))","v":"Apr-2024"},{"$f":"IF(RiskRegister[[#This Row],[Risk Status]]=\"Closed\",RiskRegister[[#This Row],[Risk Close Date]],RiskRegister[[#This Row],[Risk Due Date]])","v":"2023-12-12"},{"$f":"IF(RiskRegister[[#This Row],[Risk-Change-Date]]=0,DATE(2030,1,1),RiskRegister[[#This Row],[Risk-Change-Date]])","v":"2023-12-12"},{"$f":"RiskRegister[[#This Row],[Inherent Impact Level]]&\"-\"&RiskRegister[[#This Row],[Inherent Likelihood Level]]","v":"High-Highly Likely"},{"$f":"RiskRegister[[#This Row],[Residual Impact Level]]&\"-\"&RiskRegister[[#This Row],[Residual Likelihood Level]]","v":"Very Low-Likely"},"No",{"$f":"IF(RiskRegister[[#This Row],[Risk Status]]=\"Closed\",RiskRegister[[#This Row],[Residual Impact Level]],RiskRegister[[#This Row],[Inherent Impact Level]])","v":"High"},{"$f":"IF(RiskRegister[[#This Row],[Risk Status]]=\"Closed\",RiskRegister[[#This Row],[Residual Likelihood Level]],RiskRegister[[#This Row],[Inherent Likelihood Level]])","v":"Highly Likely"},{"$f":"IF(RiskRegister[[#This Row],[Risk Status]]=\"Closed\",RiskRegister[[#This Row],[Residual-I-L-Combo]],RiskRegister[[#This Row],[Inherent-I-L-Combo]])","v":"High-Highly Likely"},"High"]
[20,"Risk 20","sec20","2024-12-20","sec20","sec20","System Vulnerabilities",null,"Information Technology (IT)",null,null,"Very High",{"$f":"VLOOKUP(RiskRegister[[#This Row],[Inherent Impact Level]],'Rating factors'!$F$4:$G$9,2,FALSE)","v":5},"Highly Likely",{"$f":"VLOOKUP(RiskRegister[[#This Row],[Inherent Likelihood Level]],'Rating factors'!$F$16:$G$21,2,FALSE)","v":5},{"$f":"IFERROR(VLOOKUP(RiskRegister[[#This Row],[Inherent Risk Rating]],'Rating factors'!$F$30:$G$44,2,FALSE),\"-- Error --\")","v":"High"},{"$f":"IFERROR(RiskRegister[[#This Row],[Inherent Impact Rating]]*RiskRegister[[#This Row],[Inherent Likelihood Rating]],\"-- Error --\")","v":25},"Accept",null,"Very High",{"$f":"VLOOKUP(RiskRegister[[#This Row],[Residual Impact Level]],'Rating factors'!$F$4:$G$9,2,FALSE)","v":5},"Highly Likely",{"$f":"VLOOKUP(RiskRegister[[#This Row],[Residual Likelihood Level]],'Rating factors'!$F$16:$G$21,2,FALSE)","v":5},{"$f":"IFERROR(VLOOKUP(RiskRegister[[#This Row],[Residual Risk Rating]],'Rating factors'!$F$30:$G$44,2,FALSE),\"-- Error --\")","v":"High"},{"$f":"IFERROR(RiskRegister[[#This Row],[Residual Impact Rating]]*RiskRegister[[#This Row],[Residual Likelihood Rating]],\"-- Error --\")","v":25},"Closed",{"$nulls":3},{"$f":"IF(ISBLANK(RiskRegister[[#This Row],[Risk Due Date]]), \"Missing Risk Due Date\", IF(RiskRegister[[#This Row],[Risk Due Date]] < TODAY(), \"Overdue\", \"Not Overdue\"))","v":"Missing Risk Due Date"},null,{"$f":"IF(ISBLANK(RiskRegister[[#This Row],[Risk Due Date]]), \"Missing Risk Due Date\", TEXT(RiskRegister[[#This Row],[Risk Due Date]], \"YYYY-MM\"))","v":"Missing Risk Due Date"},{"$f":"IF(RiskRegister[[#This Row],[Created Date]]=\"\",\"Created Date missing\",(TEXT(RiskRegister[[#This Row],[Created Date]],\"mmm\") & \"-\" & YEAR(RiskRegister[[#This Row],[Created Date]])))","v":"Dec-2024"},{"$f":"IF(RiskRegister[[#This Row],[Risk Status]]=\"Closed\",RiskRegister[[#This Row],[Risk Close Date]],RiskRegister[[#This Row],[Risk Due Date]])","v":"00:00:00"},{"$f":"IF(RiskRegister[[#This Row],[Risk-Change-Date]]=0,DATE(2030,1,1),RiskRegister[[#This Row],[Risk-Change-Date]])","v":"2030-01-01"},{"$f":"RiskRegister[[#This Row],[Inherent Impact Level]]&\"-\"&RiskRegister[[#This Row],[Inherent Likelihood Level]]","v":"Very High-Highly Likely"},{"$f":"RiskRegister[[#This Row],[Residual Impact Level]]&\"-\"&RiskRegister[[#This Row],[Residual Likelihood Level]]","v":"Very High-Highly Likely"},"No",{"$f":"IF(RiskRegister[[#This Row],[Risk Status]]=\"Closed\",RiskRegister[[#This Row],[Residual Impact Level]],RiskRegister[[#This Row],[Inherent Impact Level]])","v":"Very High"},{"$f":"IF(RiskRegister[[#This Row],[Risk Status]]=\"Closed\",RiskRegister[[#This Row],[Residual Likelihood Level]],RiskRegister[[#This Row],[Inherent Likelihood Level]])","v":"Highly Likely"},{"$f":"IF(RiskRegister[[#This Row],[Risk Status]]=\"Closed\",RiskRegister[[#This Row],[Residual-I-L-Combo]],RiskRegister[[#This Row],[Inherent-I-L-Combo]])","v":"Very High-Highly Likely"},"High"]
[21,{"$nulls":5},"-- Select Risk Category --",null,"-- select department --",null,null,"-- Select Impact --",{"$f":"VLOOKUP(RiskRegister[[#This Row],[Inherent Impact Level]],'Rating factors'!$F$4:$G$9,2,FALSE)","v":"--- Error ---"},"-- Select Likelihood --",{"$f":"VLOOKUP(RiskRegister[[#This Row],[Inherent Likelihood Level]],'Rating factors'!$F$16:$G$21,2,FALSE)","v":"--- Error ---"},{"$f":"IFERROR(VLOOKUP(RiskRegister[[#This Row],[Inherent Risk Rating]],'Rating factors'!$F$30:$G$44,2,FALSE),\"-- Error --\")","v":"-- Error --"},{"$f":"IFERROR(RiskRegister[[#This Row],[Inherent Impact Rating]]*RiskRegister[[#This Row],[Inherent Likelihood Rating]],\"-- Error --\")","v":"-- Error --"},"-- Select Risk Response --",null,"-- Select Impact --",{"$f":"VLOOKUP(RiskRegister[[#This Row],[Residual Impact Level]],'Rating factors'!$F$4:$G$9,2,FALSE)","v":"--- Error ---"},"-- Select Likelihood --",{"$f":"VLOOKUP(RiskRegister[[#This Row],[Residual Likelihood Level]],'Rating factors'!$F$16:$G$21,2,FALSE)","v":"--- Error ---"},{"$f":"IFERROR(VLOOKUP(RiskRegister[[#This Row],[Residual Risk Rating]],'Rating factors'!$F$30:$G$44,2,FALSE),\"-- Error --\")","v":"-- Error --"},{"$f":"IFERROR(RiskRegister[[#This Row],[Residual Impact Rating]]*RiskRegister[[#This Row],[Residual Likelihood Rating]],\"-- Error --\")","v":"-- Error --"},"-- Select Risk Status --",{"$nulls":3},{"$f":"IF(ISBLANK(RiskRegister[[#This Row],[Risk Due Date]]), \"Missing Risk Due Date\", IF(RiskRegister[[#This Row],[Risk Due Date]] < TODAY(), \"Overdue\", \"Not Overdue\"))","v":"Missing Risk Due Date"},null,{"$f":"IF(ISBLANK(RiskRegister[[#This Row],[Risk Due Date]]), \"Missing Risk Due Date\", TEXT(RiskRegister[[#This Row],[Risk Due Date]], \"YYYY-MM\"))","v":"Missing Risk Due Date"},{"$f":"IF(RiskRegister[[#This Row],[Created Date]]=\"\",\"Created Date missing\",(TEXT(RiskRegister[[#This Row],[Created Date]],\"mmm\") & \"-\" & YEAR(RiskRegister[[#This Row],[Created Date]])))","v":"Created Date missing"},{"$f":"IF(RiskRegister[[#This Row],[Risk Status]]=\"Closed\",RiskRegister[[#This Row],[Risk Close Date]],RiskRegister[[#This Row],[Risk Due Date]])","v":"00:00:00"},{"$f":"IF(RiskRegister[[#This Row],[Risk-Change-Date]]=0,DATE(2030,1,1),RiskRegister[[#This Row],[Risk-Change-Date]])","v":"2030-01-01"},{"$f":"RiskRegister[[#This Row],[Inherent Impact Level]]&\"-\"&RiskRegister[[#This Row],[Inherent Likelihood Level]]","v":"-- Select Impact ----- Select Likelihood --"},{"$f":"RiskRegister[[#This Row],[Residual Impact Level]]&\"-\"&RiskRegister[[#This Row],[Residual Likelihood Level]]","v":"-- Select Impact ----- Select Likelihood --"},"Error",{"$f":"IF(RiskRegister[[#This Row],[Risk Status]]=\"Closed\",RiskRegister[[#This Row],[Residual Impact Level]],RiskRegister[[#This Row],[Inherent Impact Level]])","v":"-- Select Impact --"},{"$f":"IF(RiskRegister[[#This Row],[Risk Status]]=\"Closed\",RiskRegister[[#This Row],[Residual Likelihood Level]],RiskRegister[[#This Row],[Inherent Likelihood Level]])","v":"-- Select Likelihood --"},{"$f":"IF(RiskRegister[[#This Row],[Risk Status]]=\"Closed\",RiskRegister[[#This Row],[Residual-I-L-Combo]],RiskRegister[[#This Row],[Inherent-I-L-Combo]])","v":"-- Select Impact ----- Select Likelihood --"},"-- Error --"]
[22,{"$nulls":5},"-- Select Risk Category --",null,"-- select department --",null,null,"-- Select Impact --",{"$f":"VLOOKUP(RiskRegister[[#This Row],[Inherent Impact Level]],'Rating factors'!$F$4:$G$9,2,FALSE)","v":"--- Error ---"},"-- Select Likelihood --",{"$f":"VLOOKUP(RiskRegister[[#This Row],[Inherent Likelihood Level]],'Rating factors'!$F$16:$G$21,2,FALSE)","v":"--- Error ---"},{"$f":"IFERROR(VLOOKUP(RiskRegister[[#This Row],[Inherent Risk Rating]],'Rating factors'!$F$30:$G$44,2,FALSE),\"-- Error --\")","v":"-- Error --"},{"$f":"IFERROR(RiskRegister[[#This Row],[Inherent Impact Rating]]*RiskRegister[[#This Row],[Inherent Likelihood Rating]],\"-- Error --\")","v":"-- Error --"},"-- Select Risk Response --",null,"-- Select Impact --",{"$f":"VLOOKUP(RiskRegister[[#This Row],[Residual Impact Level]],'Rating factors'!$F$4:$G$9,2,FALSE)","v":"--- Error ---"},"-- Select Likelihood --",{"$f":"VLOOKUP(RiskRegister[[#This Row],[Residual Likelihood Level]],'Rating factors'!$F$16:$G$21,2,FALSE)","v":"--- Error ---"},{"$f":"IFERROR(VLOOKUP(RiskRegister[[#This Row],[Residual Risk Rating]],'Rating factors'!$F$30:$G$44,2,FALSE),\"-- Error --\")","v":"-- Error --"},{"$f":"IFERROR(RiskRegister[[#This Row],[Residual Impact Rating]]*RiskRegister[[#This Row],[Residual Likelihood Rating]],\"-- Error --\")","v":"-- Error --"},"-- Select Risk Status --",{"$nulls":3},{"$f":"IF(ISBLANK(RiskRegister[[#This Row],[Risk Due Date]]), \"Missing Risk Due Date\", IF(RiskRegister[[#This Row],[Risk Due Date]] < TODAY(), \"Overdue\", \"Not Overdue\"))","v":"Missing Risk Due Date"},null,{"$f":"IF(ISBLANK(RiskRegister[[#This Row],[Risk Due Date]]), \"Missing Risk Due Date\", TEXT(RiskRegister[[#This Row],[Risk Due Date]], \"YYYY-MM\"))","v":"Missing Risk Due Date"},{"$f":"IF(RiskRegister[[#This Row],[Created Date]]=\"\",\"Created Date missing\",(TEXT(RiskRegister[[#This Row],[Created Date]],\"mmm\") & \"-\" & YEAR(RiskRegister[[#This Row],[Created Date]])))","v":"Created Date missing"},{"$f":"IF(RiskRegister[[#This Row],[Risk Status]]=\"Closed\",RiskRegister[[#This Row],[Risk Close Date]],RiskRegister[[#This Row],[Risk Due Date]])","v":"00:00:00"},{"$f":"IF(RiskRegister[[#This Row],[Risk-Change-Date]]=0,DATE(2030,1,1),RiskRegister[[#This Row],[Risk-Change-Date]])","v":"2030-01-01"},{"$f":"RiskRegister[[#This Row],[Inherent Impact Level]]&\"-\"&RiskRegister[[#This Row],[Inherent Likelihood Level]]","v":"-- Select Impact ----- Select Likelihood --"},{"$f":"RiskRegister[[#This Row],[Residual Impact Level]]&\"-\"&RiskRegister[[#This Row],[Residual Likelihood Level]]","v":"-- Select Impact ----- Select Likelihood --"},"Error",{"$f":"IF(RiskRegister[[#This Row],[Risk Status]]=\"Closed\",RiskRegister[[#This Row],[Residual Impact Level]],RiskRegister[[#This Row],[Inherent Impact Level]])","v":"-- Select Impact --"},{"$f":"IF(RiskRegister[[#This Row],[Risk Status]]=\"Closed\",RiskRegister[[#This Row],[Residual Likelihood Level]],RiskRegister[[#This Row],[Inherent Likelihood Level]])","v":"-- Select Likelihood --"},{"$f":"IF(RiskRegister[[#This Row],[Risk Status]]=\"Closed\",RiskRegister[[#This Row],[Residual-I-L-Combo]],RiskRegister[[#This Row],[Inherent-I-L-Combo]])","v":"-- Select Impact ----- Select Likelihood --"},"-- Error --"]
[23,{"$nulls":5},"-- Select Risk Category --",null,"-- select department --",null,null,"-- Select Impact --",{"$f":"VLOOKUP(RiskRegister[[#This Row],[Inherent Impact Level]],'Rating factors'!$F$4:$G$9,2,FALSE)","v":"--- Error ---"},"-- Select Likelihood --",{"$f":"VLOOKUP(RiskRegister[[#This Row],[Inherent Likelihood Level]],'Rating factors'!$F$16:$G$21,2,FALSE)","v":"--- Error ---"},{"$f":"IFERROR(VLOOKUP(RiskRegister[[#This Row],[Inherent Risk Rating]],'Rating factors'!$F$30:$G$44,2,FALSE),\"-- Error --\")","v":"-- Error --"},{"$f":"IFERROR(RiskRegister[[#This Row],[Inherent Impact Rating]]*RiskRegister[[#This Row],[Inherent Likelihood Rating]],\"-- Error --\")","v":"-- Error --"},"-- Select Risk Response --",null,"-- Select Impact --",{"$f":"VLOOKUP(RiskRegister[[#This Row],[Residual Impact Level]],'Rating factors'!$F$4:$G$9,2,FALSE)","v":"--- Error ---"},"-- Select Likelihood --",{"$f":"VLOOKUP(RiskRegister[[#This Row],[Residual Likelihood Level]],'Rating factors'!$F$16:$G$21,2,FALSE)","v":"--- Error ---"},{"$f":"IFERROR(VLOOKUP(RiskRegister[[#This Row],[Residual Risk Rating]],'Rating factors'!$F$30:$G$44,2,FALSE),\"-- Error --\")","v":"-- Error --"},{"$f":"IFERROR(RiskRegister[[#This Row],[Residual Impact Rating]]*RiskRegister[[#This Row],[Residual Likelihood Rating]],\"-- Error --\")","v":"-- Error --"},"-- Select Risk Status --",{"$nulls":3},{"$f":"IF(ISBLANK(RiskRegister[[#This Row],[Risk Due Date]]), \"Missing Risk Due Date\", IF(RiskRegister[[#This Row],[Risk Due Date]] < TODAY(), \"Overdue\", \"Not Overdue\"))","v":"Missing Risk Due Date"},null,{"$f":"IF(ISBLANK(RiskRegister[[#This Row],[Risk Due Date]]), \"Missing Risk Due Date\", TEXT(RiskRegister[[#This Row],[Risk Due Date]], \"YYYY-MM\"))","v":"Missing Risk Due Date"},{"$f":"IF(RiskRegister[[#This Row],[Created Date]]=\"\",\"Created Date missing\",(TEXT(RiskRegister[[#This Row],[Created Date]],\"mmm\") & \"-\" & YEAR(RiskRegister[[#This Row],[Created Date]])))","v":"Created Date missing"},{"$f":"IF(RiskRegister[[#This Row],[Risk Status]]=\"Closed\",RiskRegister[[#This Row],[Risk Close Date]],RiskRegister[[#This Row],[Risk Due Date]])","v":"00:00:00"},{"$f":"IF(RiskRegister[[#This Row],[Risk-Change-Date]]=0,DATE(2030,1,1),RiskRegister[[#This Row],[Risk-Change-Date]])","v":"2030-01-01"},{"$f":"RiskRegister[[#This Row],[Inherent Impact Level]]&\"-\"&RiskRegister[[#This Row],[Inherent Likelihood Level]]","v":"-- Select Impact ----- Select Likelihood --"},{"$f":"RiskRegister[[#This Row],[Residual Impact Level]]&\"-\"&RiskRegister[[#This Row],[Residual Likelihood Level]]","v":"-- Select Impact ----- Select Likelihood --"},"Error",{"$f":"IF(RiskRegister[[#This Row],[Risk Status]]=\"Closed\",RiskRegister[[#This Row],[Residual Impact Level]],RiskRegister[[#This Row],[Inherent Impact Level]])","v":"-- Select Impact --"},{"$f":"IF(RiskRegister[[#This Row],[Risk Status]]=\"Closed\",RiskRegister[[#This Row],[Residual Likelihood Level]],RiskRegister[[#This Row],[Inherent Likelihood Level]])","v":"-- Select Likelihood --"},{"$f":"IF(RiskRegister[[#This Row],[Risk Status]]=\"Closed\",RiskRegister[[#This Row],[Residual-I-L-Combo]],RiskRegister[[#This Row],[Inherent-I-L-Combo]])","v":"-- Select Impact ----- Select Likelihood --"},"-- Error --"]
[24,{"$nulls":5},"-- Select Risk Category --",null,"-- select department --",null,null,"-- Select Impact --",{"$f":"VLOOKUP(RiskRegister[[#This Row],[Inherent Impact Level]],'Rating factors'!$F$4:$G$9,2,FALSE)","v":"--- Error ---"},"-- Select Likelihood --",{"$f":"VLOOKUP(RiskRegister[[#This Row],[Inherent Likelihood Level]],'Rating factors'!$F$16:$G$21,2,FALSE)","v":"--- Error ---"},{"$f":"IFERROR(VLOOKUP(RiskRegister[[#This Row],[Inherent Risk Rating]],'Rating factors'!$F$30:$G$44,2,FALSE),\"-- Error --\")","v":"-- Error --"},{"$f":"IFERROR(RiskRegister[[#This Row],[Inherent Impact Rating]]*RiskRegister[[#This Row],[Inherent Likelihood Rating]],\"-- Error --\")","v":"-- Error --"},"-- Select Risk Response --",null,"-- Select Impact --",{"$f":"VLOOKUP(RiskRegister[[#This Row],[Residual Impact Level]],'Rating factors'!$F$4:$G$9,2,FALSE)","v":"--- Error ---"},"-- Select Likelihood --",{"$f":"VLOOKUP(RiskRegister[[#This Row],[Residual Likelihood Level]],'Rating factors'!$F$16:$G$21,2,FALSE)","v":"--- Error ---"},{"$f":"IFERROR(VLOOKUP(RiskRegister[[#This Row],[Residual Risk Rating]],'Rating factors'!$F$30:$G$44,2,FALSE),\"-- Error --\")","v":"-- Error --"},{"$f":"IFERROR(RiskRegister[[#This Row],[Residual Impact Rating]]*RiskRegister[[#This Row],[Residual Likelihood Rating]],\"-- Error --\")","v":"-- Error --"},"-- Select Risk Status --",{"$nulls":3},{"$f":"IF(ISBLANK(RiskRegister[[#This Row],[Risk Due Date]]), \"Missing Risk Due Date\", IF(RiskRegister[[#This Row],[Risk Due Date]] < TODAY(), \"Overdue\", \"Not Overdue\"))","v":"Missing Risk Due Date"},null,{"$f":"IF(ISBLANK(RiskRegister[[#This Row],[Risk Due Date]]), \"Missing Risk Due Date\", TEXT(RiskRegister[[#This Row],[Risk Due Date]], \"YYYY-MM\"))","v":"Missing Risk Due Date"},{"$f":"IF(RiskRegister[[#This Row],[Created Date]]=\"\",\"Created Date missing\",(TEXT(RiskRegister[[#This Row],[Created Date]],\"mmm\") & \"-\" & YEAR(RiskRegister[[#This Row],[Created Date]])))","v":"Created Date missing"},{"$f":"IF(RiskRegister[[#This Row],[Risk Status]]=\"Closed\",RiskRegister[[#This Row],[Risk Close Date]],RiskRegister[[#This Row],[Risk Due Date]])","v":"00:00:00"},{"$f":"IF(RiskRegister[[#This Row],[Risk-Change-Date]]=0,DATE(2030,1,1),RiskRegister[[#This Row],[Risk-Change-Date]])","v":"2030-01-01"},{"$f":"RiskRegister[[#This Row],[Inherent Impact Level]]&\"-\"&RiskRegister[[#This Row],[Inherent Likelihood Level]]","v":"-- Select Impact ----- Select Likelihood --"},{"$f":"RiskRegister[[#This Row],[Residual Impact Level]]&\"-\"&RiskRegister[[#This Row],[Residual Likelihood Level]]","v":"-- Select Impact ----- Select Likelihood --"},"Error",{"$f":"IF(RiskRegister[[#This Row],[Risk Status]]=\"Closed\",RiskRegister[[#This Row],[Residual Impact Level]],RiskRegister[[#This Row],[Inherent Impact Level]])","v":"-- Select Impact --"},{"$f":"IF(RiskRegister[[#This Row],[Risk Status]]=\"Closed\",RiskRegister[[#This Row],[Residual Likelihood Level]],RiskRegister[[#This Row],[Inherent Likelihood Level]])","v":"-- Select Likelihood --"},{"$f":"IF(RiskRegister[[#This Row],[Risk Status]]=\"Closed\",RiskRegister[[#This Row],[Residual-I-L-Combo]],RiskRegister[[#This Row],[Inherent-I-L-Combo]])","v":"-- Select Impact ----- Select Likelihood --"},"-- Error --"]
[25,{"$nulls":5},"-- Select Risk Category --",null,"-- select department --",null,null,"-- Select Impact --",{"$f":"VLOOKUP(RiskRegister[[#This Row],[Inherent Impact Level]],'Rating factors'!$F$4:$G$9,2,FALSE)","v":"--- Error ---"},"-- Select Likelihood --",{"$f":"VLOOKUP(RiskRegister[[#This Row],[Inherent Likelihood Level]],'Rating factors'!$F$16:$G$21,2,FALSE)","v":"--- Error ---"},{"$f":"IFERROR(VLOOKUP(RiskRegister[[#This Row],[Inherent Risk Rating]],'Rating factors'!$F$30:$G$44,2,FALSE),\"-- Error --\")","v":"-- Error --"},{"$f":"IFERROR(RiskRegister[[#This Row],[Inherent Impact Rating]]*RiskRegister[[#This Row],[Inherent Likelihood Rating]],\"-- Error --\")","v":"-- Error --"},"-- Select Risk Response --",null,"-- Select Impact --",{"$f":"VLOOKUP(RiskRegister[[#This Row],[Residual Impact Level]],'Rating factors'!$F$4:$G$9,2,FALSE)","v":"--- Error ---"},"-- Select Likelihood --",{"$f":"VLOOKUP(RiskRegister[[#This Row],[Residual Likelihood Level]],'Rating factors'!$F$16:$G$21,2,FALSE)","v":"--- Error ---"},{"$f":"IFERROR(VLOOKUP(RiskRegister[[#This Row],[Residual Risk Rating]],'Rating factors'!$F$30:$G$44,2,FALSE),\"-- Error --\")","v":"-- Error --"},{"$f":"IFERROR(RiskRegister[[#This Row],[Residual Impact Rating]]*RiskRegister[[#This Row],[Residual Likelihood Rating]],\"-- Error --\")","v":"-- Error --"},"-- Select Risk Status --",{"$nulls":3},{"$f":"IF(ISBLANK(RiskRegister[[#This Row],[Risk Due Date]]), \"Missing Risk Due Date\", IF(RiskRegister[[#This Row],[Risk Due Date]] < TODAY(), \"Overdue\", \"Not Overdue\"))","v":"Missing Risk Due Date"},null,{"$f":"IF(ISBLANK(RiskRegister[[#This Row],[Risk Due Date]]), \"Missing Risk Due Date\", TEXT(RiskRegister[[#This Row],[Risk Due Date]], \"YYYY-MM\"))","v":"Missing Risk Due Date"},{"$f":"IF(RiskRegister[[#This Row],[Created Date]]=\"\",\"Created Date missing\",(TEXT(RiskRegister[[#This Row],[Created Date]],\"mmm\") & \"-\" & YEAR(RiskRegister[[#This Row],[Created Date]])))","v":"Created Date missing"},{"$f":"IF(RiskRegister[[#This Row],[Risk Status]]=\"Closed\",RiskRegister[[#This Row],[Risk Close Date]],RiskRegister[[#This Row],[Risk Due Date]])","v":"00:00:00"},{"$f":"IF(RiskRegister[[#This Row],[Risk-Change-Date]]=0,DATE(2030,1,1),RiskRegister[[#This Row],[Risk-Change-Date]])","v":"2030-01-01"},{"$f":"RiskRegister[[#This Row],[Inherent Impact Level]]&\"-\"&RiskRegister[[#This Row],[Inherent Likelihood Level]]","v":"-- Select Impact ----- Select Likelihood --"},{"$f":"RiskRegister[[#This Row],[Residual Impact Level]]&\"-\"&RiskRegister[[#This Row],[Residual Likelihood Level]]","v":"-- Select Impact ----- Select Likelihood --"},"Error",{"$f":"IF(RiskRegister[[#This Row],[Risk Status]]=\"Closed\",RiskRegister[[#This Row],[Residual Impact Level]],RiskRegister[[#This Row],[Inherent Impact Level]])","v":"-- Select Impact --"},{"$f":"IF(RiskRegister[[#This Row],[Risk Status]]=\"Closed\",RiskRegister[[#This Row],[Residual Likelihood Level]],RiskRegister[[#This Row],[Inherent Likelihood Level]])","v":"-- Select Likelihood --"},{"$f":"IF(RiskRegister[[#This Row],[Risk Status]]=\"Closed\",RiskRegister[[#This Row],[Residual-I-L-Combo]],RiskRegister[[#This Row],[Inherent-I-L-Combo]])","v":"-- Select Impact ----- Select Likelihood --"},"-- Error --"]
[26,{"$nulls":5},"-- Select Risk Category --",null,"-- select department --",null,null,"-- Select Impact --",{"$f":"VLOOKUP(RiskRegister[[#This Row],[Inherent Impact Level]],'Rating factors'!$F$4:$G$9,2,FALSE)","v":"--- Error ---"},"-- Select Likelihood --",{"$f":"VLOOKUP(RiskRegister[[#This Row],[Inherent Likelihood Level]],'Rating factors'!$F$16:$G$21,2,FALSE)","v":"--- Error ---"},{"$f":"IFERROR(VLOOKUP(RiskRegister[[#This Row],[Inherent Risk Rating]],'Rating factors'!$F$30:$G$44,2,FALSE),\"-- Error --\")","v":"-- Error --"},{"$f":"IFERROR(RiskRegister[[#This Row],[Inherent Impact Rating]]*RiskRegister[[#This Row],[Inherent Likelihood Rating]],\"-- Error --\")","v":"-- Error --"},"-- Select Risk Response --",null,"-- Select Impact --",{"$f":"VLOOKUP(RiskRegister[[#This Row],[Residual Impact Level]],'Rating factors'!$F$4:$G$9,2,FALSE)","v":"--- Error ---"},"-- Select Likelihood --",{"$f":"VLOOKUP(RiskRegister[[#This Row],[Residual Likelihood Level]],'Rating factors'!$F$16:$G$21,2,FALSE)","v":"--- Error ---"},{"$f":"IFERROR(VLOOKUP(RiskRegister[[#This Row],[Residual Risk Rating]],'Rating factors'!$F$30:$G$44,2,FALSE),\"-- Error --\")","v":"-- Error --"},{"$f":"IFERROR(RiskRegister[[#This Row],[Residual Impact Rating]]*RiskRegister[[#This Row],[Residual Likelihood Rating]],\"-- Error --\")","v":"-- Error --"},"-- Select Risk Status --",{"$nulls":3},{"$f":"IF(ISBLANK(RiskRegister[[#This Row],[Risk Due Date]]), \"Missing Risk Due Date\", IF(RiskRegister[[#This Row],[Risk Due Date]] < TODAY(), \"Overdue\", \"Not Overdue\"))","v":"Missing Risk Due Date"},null,{"$f":"IF(ISBLANK(RiskRegister[[#This Row],[Risk Due Date]]), \"Missing Risk Due Date\", TEXT(RiskRegister[[#This Row],[Risk Due Date]], \"YYYY-MM\"))","v":"Missing Risk Due Date"},{"$f":"IF(RiskRegister[[#This Row],[Created Date]]=\"\",\"Created Date missing\",(TEXT(RiskRegister[[#This Row],[Created Date]],\"mmm\") & \"-\" & YEAR(RiskRegister[[#This Row],[Created Date]])))","v":"Created Date missing"},{"$f":"IF(RiskRegister[[#This Row],[Risk Status]]=\"Closed\",RiskRegister[[#This Row],[Risk Close Date]],RiskRegister[[#This Row],[Risk Due Date]])","v":"00:00:00"},{"$f":"IF(RiskRegister[[#This Row],[Risk-Change-Date]]=0,DATE(2030,1,1),RiskRegister[[#This Row],[Risk-Change-Date]])","v":"2030-01-01"},{"$f":"RiskRegister[[#This Row],[Inherent Impact Level]]&\"-\"&RiskRegister[[#This Row],[Inherent Likelihood Level]]","v":"-- Select Impact ----- Select Likelihood --"},{"$f":"RiskRegister[[#This Row],[Residual Impact Level]]&\"-\"&RiskRegister[[#This Row],[Residual Likelihood Level]]","v":"-- Select Impact ----- Select Likelihood --"},"Error",{"$f":"IF(RiskRegister[[#This Row],[Risk Status]]=\"Closed\",RiskRegister[[#This Row],[Residual Impact Level]],RiskRegister[[#This Row],[Inherent Impact Level]])","v":"-- Select Impact --"},{"$f":"IF(RiskRegister[[#This Row],[Risk Status]]=\"Closed\",RiskRegister[[#This Row],[Residual Likelihood Level]],RiskRegister[[#This Row],[Inherent Likelihood Level]])","v":"-- Select Likelihood --"},{"$f":"IF(RiskRegister[[#This Row],[Risk Status]]=\"Closed\",RiskRegister[[#This Row],[Residual-I-L-Combo]],RiskRegister[[#This Row],[Inherent-I-L-Combo]])","v":"-- Select Impact ----- Select Likelihood --"},"-- Error --"]
[27,{"$nulls":5},"-- Select Risk Category --",null,"-- select department --",null,null,"-- Select Impact --",{"$f":"VLOOKUP(RiskRegister[[#This Row],[Inherent Impact Level]],'Rating factors'!$F$4:$G$9,2,FALSE)","v":"--- Error ---"},"-- Select Likelihood --",{"$f":"VLOOKUP(RiskRegister[[#This Row],[Inherent Likelihood Level]],'Rating factors'!$F$16:$G$21,2,FALSE)","v":"--- Error ---"},{"$f":"IFERROR(VLOOKUP(RiskRegister[[#This Row],[Inherent Risk Rating]],'Rating factors'!$F$30:$G$44,2,FALSE),\"-- Error --\")","v":"-- Error --"},{"$f":"IFERROR(RiskRegister[[#This Row],[Inherent Impact Rating]]*RiskRegister[[#This Row],[Inherent Likelihood Rating]],\"-- Error --\")","v":"-- Error --"},"-- Select Risk Response --",null,"-- Select Impact --",{"$f":"VLOOKUP(RiskRegister[[#This Row],[Residual Impact Level]],'Rating factors'!$F$4:$G$9,2,FALSE)","v":"--- Error ---"},"-- Select Likelihood --",{"$f":"VLOOKUP(RiskRegister[[#This Row],[Residual Likelihood Level]],'Rating factors'!$F$16:$G$21,2,FALSE)","v":"--- Error ---"},{"$f":"IFERROR(VLOOKUP(RiskRegister[[#This Row],[Residual Risk Rating]],'Rating factors'!$F$30:$G$44,2,FALSE),\"-- Error --\")","v":"-- Error --"},{"$f":"IFERROR(RiskRegister[[#This Row],[Residual Impact Rating]]*RiskRegister[[#This Row],[Residual Likelihood Rating]],\"-- Error --\")","v":"-- Error --"},"-- Select Risk Status --",{"$nulls":3},{"$f":"IF(ISBLANK(RiskRegister[[#This Row],[Risk Due Date]]), \"Missing Risk Due Date\", IF(RiskRegister[[#This Row],[Risk Due Date]] < TODAY(), \"Overdue\", \"Not Overdue\"))","v":"Missing Risk Due Date"},null,{"$f":"IF(ISBLANK(RiskRegister[[#This Row],[Risk Due Date]]), \"Missing Risk Due Date\", TEXT(RiskRegister[[#This Row],[Risk Due Date]], \"YYYY-MM\"))","v":"Missing Risk Due Date"},{"$f":"IF(RiskRegister[[#This Row],[Created Date]]=\"\",\"Created Date missing\",(TEXT(RiskRegister[[#This Row],[Created Date]],\"mmm\") & \"-\" & YEAR(RiskRegister[[#This Row],[Created Date]])))","v":"Created Date missing"},{"$f":"IF(RiskRegister[[#This Row],[Risk Status]]=\"Closed\",RiskRegister[[#This Row],[Risk Close Date]],RiskRegister[[#This Row],[Risk Due Date]])","v":"00:00:00"},{"$f":"IF(RiskRegister[[#This Row],[Risk-Change-Date]]=0,DATE(2030,1,1),RiskRegister[[#This Row],[Risk-Change-Date]])","v":"2030-01-01"},{"$f":"RiskRegister[[#This Row],[Inherent Impact Level]]&\"-\"&RiskRegister[[#This Row],[Inherent Likelihood Level]]","v":"-- Select Impact ----- Select Likelihood --"},{"$f":"RiskRegister[[#This Row],[Residual Impact Level]]&\"-\"&RiskRegister[[#This Row],[Residual Likelihood Level]]","v":"-- Select Impact ----- Select Likelihood --"},"Error",{"$f":"IF(RiskRegister[[#This Row],[Risk Status]]=\"Closed\",RiskRegister[[#This Row],[Residual Impact Level]],RiskRegister[[#This Row],[Inherent Impact Level]])","v":"-- Select Impact --"},{"$f":"IF(RiskRegister[[#This Row],[Risk Status]]=\"Closed\",RiskRegister[[#This Row],[Residual Likelihood Level]],RiskRegister[[#This Row],[Inherent Likelihood Level]])","v":"-- Select Likelihood --"},{"$f":"IF(RiskRegister[[#This Row],[Risk Status]]=\"Closed\",RiskRegister[[#This Row],[Residual-I-L-Combo]],RiskRegister[[#This Row],[Inherent-I-L-Combo]])","v":"-- Select Impact ----- Select Likelihood --"},"-- Error --"]
[28,{"$nulls":5},"-- Select Risk Category --",null,"-- select department --",null,null,"-- Select Impact --",{"$f":"VLOOKUP(RiskRegister[[#This Row],[Inherent Impact Level]],'Rating factors'!$F$4:$G$9,2,FALSE)","v":"--- Error ---"},"-- Select Likelihood --",{"$f":"VLOOKUP(RiskRegister[[#This Row],[Inherent Likelihood Level]],'Rating factors'!$F$16:$G$21,2,FALSE)","v":"--- Error ---"},{"$f":"IFERROR(VLOOKUP(RiskRegister[[#This Row],[Inherent Risk Rating]],'Rating factors'!$F$30:$G$44,2,FALSE),\"-- Error --\")","v":"-- Error --"},{"$f":"IFERROR(RiskRegister[[#This Row],[Inherent Impact Rating]]*RiskRegister[[#This Row],[Inherent Likelihood Rating]],\"-- Error --\")","v":"-- Error --"},"-- Select Risk Response --",null,"-- Select Impact --",{"$f":"VLOOKUP(RiskRegister[[#This Row],[Residual Impact Level]],'Rating factors'!$F$4:$G$9,2,FALSE)","v":"--- Error ---"},"-- Select Likelihood --",{"$f":"VLOOKUP(RiskRegister[[#This Row],[Residual Likelihood Level]],'Rating factors'!$F$16:$G$21,2,FALSE)","v":"--- Error ---"},{"$f":"IFERROR(VLOOKUP(RiskRegister[[#This Row],[Residual Risk Rating]],'Rating factors'!$F$30:$G$44,2,FALSE),\"-- Error --\")","v":"-- Error --"},{"$f":"IFERROR(RiskRegister[[#This Row],[Residual Impact Rating]]*RiskRegister[[#This Row],[Residual Likelihood Rating]],\"-- Error --\")","v":"-- Error --"},"-- Select Risk Status --",{"$nulls":3},{"$f":"IF(ISBLANK(RiskRegister[[#This Row],[Risk Due Date]]), \"Missing Risk Due Date\", IF(RiskRegister[[#This Row],[Risk Due Date]] < TODAY(), \"Overdue\", \"Not Overdue\"))","v":"Missing Risk Due Date"},null,{"$f":"IF(ISBLANK(RiskRegister[[#This Row],[Risk Due Date]]), \"Missing Risk Due Date\", TEXT(RiskRegister[[#This Row],[Risk Due Date]], \"YYYY-MM\"))","v":"Missing Risk Due Date"},{"$f":"IF(RiskRegister[[#This Row],[Created Date]]=\"\",\"Created Date missing\",(TEXT(RiskRegister[[#This Row],[Created Date]],\"mmm\") & \"-\" & YEAR(RiskRegister[[#This Row],[Created Date]])))","v":"Created Date missing"},{"$f":"IF(RiskRegister[[#This Row],[Risk Status]]=\"Closed\",RiskRegister[[#This Row],[Risk Close Date]],RiskRegister[[#This Row],[Risk Due Date]])","v":"00:00:00"},{"$f":"IF(RiskRegister[[#This Row],[Risk-Change-Date]]=0,DATE(2030,1,1),RiskRegister[[#This Row],[Risk-Change-Date]])","v":"2030-01-01"},{"$f":"RiskRegister[[#This Row],[Inherent Impact Level]]&\"-\"&RiskRegister[[#This Row],[Inherent Likelihood Level]]","v":"-- Select Impact ----- Select Likelihood --"},{"$f":"RiskRegister[[#This Row],[Residual Impact Level]]&\"-\"&RiskRegister[[#This Row],[Residual Likelihood Level]]","v":"-- Select Impact ----- Select Likelihood --"},"Error",{"$f":"IF(RiskRegister[[#This Row],[Risk Status]]=\"Closed\",RiskRegister[[#This Row],[Residual Impact Level]],RiskRegister[[#This Row],[Inherent Impact Level]])","v":"-- Select Impact --"},{"$f":"IF(RiskRegister[[#This Row],[Risk Status]]=\"Closed\",RiskRegister[[#This Row],[Residual Likelihood Level]],RiskRegister[[#This Row],[Inherent Likelihood Level]])","v":"-- Select Likelihood --"},{"$f":"IF(RiskRegister[[#This Row],[Risk Status]]=\"Closed\",RiskRegister[[#This Row],[Residual-I-L-Combo]],RiskRegister[[#This Row],[Inherent-I-L-Combo]])","v":"-- Select Impact ----- Select Likelihood --"},"-- Error --"]
[29,{"$nulls":5},"-- Select Risk Category --",null,"-- select department --",null,null,"-- Select Impact --",{"$f":"VLOOKUP(RiskRegister[[#This Row],[Inherent Impact Level]],'Rating factors'!$F$4:$G$9,2,FALSE)","v":"--- Error ---"},"-- Select Likelihood --",{"$f":"VLOOKUP(RiskRegister[[#This Row],[Inherent Likelihood Level]],'Rating factors'!$F$16:$G$21,2,FALSE)","v":"--- Error ---"},{"$f":"IFERROR(VLOOKUP(RiskRegister[[#This Row],[Inherent Risk Rating]],'Rating factors'!$F$30:$G$44,2,FALSE),\"-- Error --\")","v":"-- Error --"},{"$f":"IFERROR(RiskRegister[[#This Row],[Inherent Impact Rating]]*RiskRegister[[#This Row],[Inherent Likelihood Rating]],\"-- Error --\")","v":"-- Error --"},"-- Select Risk Response --",null,"-- Select Impact --",{"$f":"VLOOKUP(RiskRegister[[#This Row],[Residual Impact Level]],'Rating factors'!$F$4:$G$9,2,FALSE)","v":"--- Error ---"},"-- Select Likelihood --",{"$f":"VLOOKUP(RiskRegister[[#This Row],[Residual Likelihood Level]],'Rating factors'!$F$16:$G$21,2,FALSE)","v":"--- Error ---"},{"$f":"IFERROR(VLOOKUP(RiskRegister[[#This Row],[Residual Risk Rating]],'Rating factors'!$F$30:$G$44,2,FALSE),\"-- Error --\")","v":"-- Error --"},{"$f":"IFERROR(RiskRegister[[#This Row],[Residual Impact Rating]]*RiskRegister[[#This Row],[Residual Likelihood Rating]],\"-- Error --\")","v":"-- Error --"},"-- Select Risk Status --",{"$nulls":3},{"$f":"IF(ISBLANK(RiskRegister[[#This Row],[Risk Due Date]]), \"Missing Risk Due Date\", IF(RiskRegister[[#This Row],[Risk Due Date]] < TODAY(), \"Overdue\", \"Not Overdue\"))","v":"Missing Risk Due Date"},null,{"$f":"IF(ISBLANK(RiskRegister[[#This Row],[Risk Due Date]]), \"Missing Risk Due Date\", TEXT(RiskRegister[[#This Row],[Risk Due Date]], \"YYYY-MM\"))","v":"Missing Risk Due Date"},{"$f":"IF(RiskRegister[[#This Row],[Created Date]]=\"\",\"Created Date missing\",(TEXT(RiskRegister[[#This Row],[Created Date]],\"mmm\") & \"-\" & YEAR(RiskRegister[[#This Row],[Created Date]])))","v":"Created Date missing"},{"$f":"IF(RiskRegister[[#This Row],[Risk Status]]=\"Closed\",RiskRegister[[#This Row],[Risk Close Date]],RiskRegister[[#This Row],[Risk Due Date]])","v":"00:00:00"},{"$f":"IF(RiskRegister[[#This Row],[Risk-Change-Date]]=0,DATE(2030,1,1),RiskRegister[[#This Row],[Risk-Change-Date]])","v":"2030-01-01"},{"$f":"RiskRegister[[#This Row],[Inherent Impact Level]]&\"-\"&RiskRegister[[#This Row],[Inherent Likelihood Level]]","v":"-- Select Impact ----- Select Likelihood --"},{"$f":"RiskRegister[[#This Row],[Residual Impact Level]]&\"-\"&RiskRegister[[#This Row],[Residual Likelihood Level]]","v":"-- Select Impact ----- Select Likelihood --"},"Error",{"$f":"IF(RiskRegister[[#This Row],[Risk Status]]=\"Closed\",RiskRegister[[#This Row],[Residual Impact Level]],RiskRegister[[#This Row],[Inherent Impact Level]])","v":"-- Select Impact --"},{"$f":"IF(RiskRegister[[#This Row],[Risk Status]]=\"Closed\",RiskRegister[[#This Row],[Residual Likelihood Level]],RiskRegister[[#This Row],[Inherent Likelihood Level]])","v":"-- Select Likelihood --"},{"$f":"IF(RiskRegister[[#This Row],[Risk Status]]=\"Closed\",RiskRegister[[#This Row],[Residual-I-L-Combo]],RiskRegister[[#This Row],[Inherent-I-L-Combo]])","v":"-- Select Impact ----- Select Likelihood --"},"-- Error --"]
[30,{"$nulls":5},"-- Select Risk Category --",null,"-- select department --",null,null,"-- Select Impact --",{"$f":"VLOOKUP(RiskRegister[[#This Row],[Inherent Impact Level]],'Rating factors'!$F$4:$G$9,2,FALSE)","v":"--- Error ---"},"-- Select Likelihood --",{"$f":"VLOOKUP(RiskRegister[[#This Row],[Inherent Likelihood Level]],'Rating factors'!$F$16:$G$21,2,FALSE)","v":"--- Error ---"},{"$f":"IFERROR(VLOOKUP(RiskRegister[[#This Row],[Inherent Risk Rating]],'Rating factors'!$F$30:$G$44,2,FALSE),\"-- Error --\")","v":"-- Error --"},{"$f":"IFERROR(RiskRegister[[#This Row],[Inherent Impact Rating]]*RiskRegister[[#This Row],[Inherent Likelihood Rating]],\"-- Error --\")","v":"-- Error --"},"-- Select Risk Response --",null,"-- Select Impact --",{"$f":"VLOOKUP(RiskRegister[[#This Row],[Residual Impact Level]],'Rating factors'!$F$4:$G$9,2,FALSE)","v":"--- Error ---"},"-- Select Likelihood --",{"$f":"VLOOKUP(RiskRegister[[#This Row],[Residual Likelihood Level]],'Rating factors'!$F$16:$G$21,2,FALSE)","v":"--- Error ---"},{"$f":"IFERROR(VLOOKUP(RiskRegister[[#This Row],[Residual Risk Rating]],'Rating factors'!$F$30:$G$44,2,FALSE),\"-- Error --\")","v":"-- Error --"},{"$f":"IFERROR(RiskRegister[[#This Row],[Residual Impact Rating]]*RiskRegister[[#This Row],[Residual Likelihood Rating]],\"-- Error --\")","v":"-- Error --"},"-- Select Risk Status --",{"$nulls":3},{"$f":"IF(ISBLANK(RiskRegister[[#This Row],[Risk Due Date]]), \"Missing Risk Due Date\", IF(RiskRegister[[#This Row],[Risk Due Date]] < TODAY(), \"Overdue\", \"Not Overdue\"))","v":"Missing Risk Due Date"},null,{"$f":"IF(ISBLANK(RiskRegister[[#This Row],[Risk Due Date]]), \"Missing Risk Due Date\", TEXT(RiskRegister[[#This Row],[Risk Due Date]], \"YYYY-MM\"))","v":"Missing Risk Due Date"},{"$f":"IF(RiskRegister[[#This Row],[Created Date]]=\"\",\"Created Date missing\",(TEXT(RiskRegister[[#This Row],[Created Date]],\"mmm\") & \"-\" & YEAR(RiskRegister[[#This Row],[Created Date]])))","v":"Created Date missing"},{"$f":"IF(RiskRegister[[#This Row],[Risk Status]]=\"Closed\",RiskRegister[[#This Row],[Risk Close Date]],RiskRegister[[#This Row],[Risk Due Date]])","v":"00:00:00"},{"$f":"IF(RiskRegister[[#This Row],[Risk-Change-Date]]=0,DATE(2030,1,1),RiskRegister[[#This Row],[Risk-Change-Date]])","v":"2030-01-01"},{"$f":"RiskRegister[[#This Row],[Inherent Impact Level]]&\"-\"&RiskRegister[[#This Row],[Inherent Likelihood Level]]","v":"-- Select Impact ----- Select Likelihood --"},{"$f":"RiskRegister[[#This Row],[Residual Impact Level]]&\"-\"&RiskRegister[[#This Row],[Residual Likelihood Level]]","v":"-- Select Impact ----- Select Likelihood --"},"Error",{"$f":"IF(RiskRegister[[#This Row],[Risk Status]]=\"Closed\",RiskRegister[[#This Row],[Residual Impact Level]],RiskRegister[[#This Row],[Inherent Impact Level]])","v":"-- Select Impact --"},{"$f":"IF(RiskRegister[[#This Row],[Risk Status]]=\"Closed\",RiskRegister[[#This Row],[Residual Likelihood Level]],RiskRegister[[#This Row],[Inherent Likelihood Level]])","v":"-- Select Likelihood --"},{"$f":"IF(RiskRegister[[#This Row],[Risk Status]]=\"Closed\",RiskRegister[[#This Row],[Residual-I-L-Combo]],RiskRegister[[#This Row],[Inherent-I-L-Combo]])","v":"-- Select Impact ----- Select Likelihood --"},"-- Error --"]
[31,{"$nulls":5},"-- Select Risk Category --",null,"-- select department --",null,null,"-- Select Impact --",{"$f":"VLOOKUP(RiskRegister[[#This Row],[Inherent Impact Level]],'Rating factors'!$F$4:$G$9,2,FALSE)","v":"--- Error ---"},"-- Select Likelihood --",{"$f":"VLOOKUP(RiskRegister[[#This Row],[Inherent Likelihood Level]],'Rating factors'!$F$16:$G$21,2,FALSE)","v":"--- Error ---"},{"$f":"IFERROR(VLOOKUP(RiskRegister[[#This Row],[Inherent Risk Rating]],'Rating factors'!$F$30:$G$44,2,FALSE),\"-- Error --\")","v":"-- Error --"},{"$f":"IFERROR(RiskRegister[[#This Row],[Inherent Impact Rating]]*RiskRegister[[#This Row],[Inherent Likelihood Rating]],\"-- Error --\")","v":"-- Error --"},"-- Select Risk Response --",null,"-- Select Impact --",{"$f":"VLOOKUP(RiskRegister[[#This Row],[Residual Impact Level]],'Rating factors'!$F$4:$G$9,2,FALSE)","v":"--- Error ---"},"-- Select Likelihood --",{"$f":"VLOOKUP(RiskRegister[[#This Row],[Residual Likelihood Level]],'Rating factors'!$F$16:$G$21,2,FALSE)","v":"--- Error ---"},{"$f":"IFERROR(VLOOKUP(RiskRegister[[#This Row],[Residual Risk Rating]],'Rating factors'!$F$30:$G$44,2,FALSE),\"-- Error --\")","v":"-- Error --"},{"$f":"IFERROR(RiskRegister[[#This Row],[Residual Impact Rating]]*RiskRegister[[#This Row],[Residual Likelihood Rating]],\"-- Error --\")","v":"-- Error --"},"-- Select Risk Status --",{"$nulls":3},{"$f":"IF(ISBLANK(RiskRegister[[#This Row],[Risk Due Date]]), \"Missing Risk Due Date\", IF(RiskRegister[[#This Row],[Risk Due Date]] < TODAY(), \"Overdue\", \"Not Overdue\"))","v":"Missing Risk Due Date"},null,{"$f":"IF(ISBLANK(RiskRegister[[#This Row],[Risk Due Date]]), \"Missing Risk Due Date\", TEXT(RiskRegister[[#This Row],[Risk Due Date]], \"YYYY-MM\"))","v":"Missing Risk Due Date"},{"$f":"IF(RiskRegister[[#This Row],[Created Date]]=\"\",\"Created Date missing\",(TEXT(RiskRegister[[#This Row],[Created Date]],\"mmm\") & \"-\" & YEAR(RiskRegister[[#This Row],[Created Date]])))","v":"Created Date missing"},{"$f":"IF(RiskRegister[[#This Row],[Risk Status]]=\"Closed\",RiskRegister[[#This Row],[Risk Close Date]],RiskRegister[[#This Row],[Risk Due Date]])","v":"00:00:00"},{"$f":"IF(RiskRegister[[#This Row],[Risk-Change-Date]]=0,DATE(2030,1,1),RiskRegister[[#This Row],[Risk-Change-Date]])","v":"2030-01-01"},{"$f":"RiskRegister[[#This Row],[Inherent Impact Level]]&\"-\"&RiskRegister[[#This Row],[Inherent Likelihood Level]]","v":"-- Select Impact ----- Select Likelihood --"},{"$f":"RiskRegister[[#This Row],[Residual Impact Level]]&\"-\"&RiskRegister[[#This Row],[Residual Likelihood Level]]","v":"-- Select Impact ----- Select Likelihood --"},"Error",{"$f":"IF(RiskRegister[[#This Row],[Risk Status]]=\"Closed\",RiskRegister[[#This Row],[Residual Impact Level]],RiskRegister[[#This Row],[Inherent Impact Level]])","v":"-- Select Impact --"},{"$f":"IF(RiskRegister[[#This Row],[Risk Status]]=\"Closed\",RiskRegister[[#This Row],[Residual Likelihood Level]],RiskRegister[[#This Row],[Inherent Likelihood Level]])","v":"-- Select Likelihood --"},{"$f":"IF(RiskRegister[[#This Row],[Risk Status]]=\"Closed\",RiskRegister[[#This Row],[Residual-I-L-Combo]],RiskRegister[[#This Row],[Inherent-I-L-Combo]])","v":"-- Select Impact ----- Select Likelihood --"},"-- Error --"]
[32,{"$nulls":5},"-- Select Risk Category --",null,"-- select department --",null,null,"-- Select Impact --",{"$f":"VLOOKUP(RiskRegister[[#This Row],[Inherent Impact Level]],'Rating factors'!$F$4:$G$9,2,FALSE)","v":"--- Error ---"},"-- Select Likelihood --",{"$f":"VLOOKUP(RiskRegister[[#This Row],[Inherent Likelihood Level]],'Rating factors'!$F$16:$G$21,2,FALSE)","v":"--- Error ---"},{"$f":"IFERROR(VLOOKUP(RiskRegister[[#This Row],[Inherent Risk Rating]],'Rating factors'!$F$30:$G$44,2,FALSE),\"-- Error --\")","v":"-- Error --"},{"$f":"IFERROR(RiskRegister[[#This Row],[Inherent Impact Rating]]*RiskRegister[[#This Row],[Inherent Likelihood Rating]],\"-- Error --\")","v":"-- Error --"},"-- Select Risk Response --",null,"-- Select Impact --",{"$f":"VLOOKUP(RiskRegister[[#This Row],[Residual Impact Level]],'Rating factors'!$F$4:$G$9,2,FALSE)","v":"--- Error ---"},"-- Select Likelihood --",{"$f":"VLOOKUP(RiskRegister[[#This Row],[Residual Likelihood Level]],'Rating factors'!$F$16:$G$21,2,FALSE)","v":"--- Error ---"},{"$f":"IFERROR(VLOOKUP(RiskRegister[[#This Row],[Residual Risk Rating]],'Rating factors'!$F$30:$G$44,2,FALSE),\"-- Error --\")","v":"-- Error --"},{"$f":"IFERROR(RiskRegister[[#This Row],[Residual Impact Rating]]*RiskRegister[[#This Row],[Residual Likelihood Rating]],\"-- Error --\")","v":"-- Error --"},"-- Select Risk Status --",{"$nulls":3},{"$f":"IF(ISBLANK(RiskRegister[[#This Row],[Risk Due Date]]), \"Missing Risk Due Date\", IF(RiskRegister[[#This Row],[Risk Due Date]] < TODAY(), \"Overdue\", \"Not Overdue\"))","v":"Missing Risk Due Date"},null,{"$f":"IF(ISBLANK(RiskRegister[[#This Row],[Risk Due Date]]), \"Missing Risk Due Date\", TEXT(RiskRegister[[#This Row],[Risk Due Date]], \"YYYY-MM\"))","v":"Missing Risk Due Date"},{"$f":"IF(RiskRegister[[#This Row],[Created Date]]=\"\",\"Created Date missing\",(TEXT(RiskRegister[[#This Row],[Created Date]],\"mmm\") & \"-\" & YEAR(RiskRegister[[#This Row],[Created Date]])))","v":"Created Date missing"},{"$f":"IF(RiskRegister[[#This Row],[Risk Status]]=\"Closed\",RiskRegister[[#This Row],[Risk Close Date]],RiskRegister[[#This Row],[Risk Due Date]])","v":"00:00:00"},{"$f":"IF(RiskRegister[[#This Row],[Risk-Change-Date]]=0,DATE(2030,1,1),RiskRegister[[#This Row],[Risk-Change-Date]])","v":"2030-01-01"},{"$f":"RiskRegister[[#This Row],[Inherent Impact Level]]&\"-\"&RiskRegister[[#This Row],[Inherent Likelihood Level]]","v":"-- Select Impact ----- Select Likelihood --"},{"$f":"RiskRegister[[#This Row],[Residual Impact Level]]&\"-\"&RiskRegister[[#This Row],[Residual Likelihood Level]]","v":"-- Select Impact ----- Select Likelihood --"},"Error",{"$f":"IF(RiskRegister[[#This Row],[Risk Status]]=\"Closed\",RiskRegister[[#This Row],[Residual Impact Level]],RiskRegister[[#This Row],[Inherent Impact Level]])","v":"-- Select Impact --"},{"$f":"IF(RiskRegister[[#This Row],[Risk Status]]=\"Closed\",RiskRegister[[#This Row],[Residual Likelihood Level]],RiskRegister[[#This Row],[Inherent Likelihood Level]])","v":"-- Select Likelihood --"},{"$f":"IF(RiskRegister[[#This Row],[Risk Status]]=\"Closed\",RiskRegister[[#This Row],[Residual-I-L-Combo]],RiskRegister[[#This Row],[Inherent-I-L-Combo]])","v":"-- Select Impact ----- Select Likelihood --"},"-- Error --"]
[33,{"$nulls":5},"-- Select Risk Category --",null,"-- select department --",null,null,"-- Select Impact --",{"$f":"VLOOKUP(RiskRegister[[#This Row],[Inherent Impact Level]],'Rating factors'!$F$4:$G$9,2,FALSE)","v":"--- Error ---"},"-- Select Likelihood --",{"$f":"VLOOKUP(RiskRegister[[#This Row],[Inherent Likelihood Level]],'Rating factors'!$F$16:$G$21,2,FALSE)","v":"--- Error ---"},{"$f":"IFERROR(VLOOKUP(RiskRegister[[#This Row],[Inherent Risk Rating]],'Rating factors'!$F$30:$G$44,2,FALSE),\"-- Error --\")","v":"-- Error --"},{"$f":"IFERROR(RiskRegister[[#This Row],[Inherent Impact Rating]]*RiskRegister[[#This Row],[Inherent Likelihood Rating]],\"-- Error --\")","v":"-- Error --"},"-- Select Risk Response --",null,"-- Select Impact --",{"$f":"VLOOKUP(RiskRegister[[#This Row],[Residual Impact Level]],'Rating factors'!$F$4:$G$9,2,FALSE)","v":"--- Error ---"},"-- Select Likelihood --",{"$f":"VLOOKUP(RiskRegister[[#This Row],[Residual Likelihood Level]],'Rating factors'!$F$16:$G$21,2,FALSE)","v":"--- Error ---"},{"$f":"IFERROR(VLOOKUP(RiskRegister[[#This Row],[Residual Risk Rating]],'Rating factors'!$F$30:$G$44,2,FALSE),\"-- Error --\")","v":"-- Error --"},{"$f":"IFERROR(RiskRegister[[#This Row],[Residual Impact Rating]]*RiskRegister[[#This Row],[Residual Likelihood Rating]],\"-- Error --\")","v":"-- Error --"},"-- Select Risk Status --",{"$nulls":3},{"$f":"IF(ISBLANK(RiskRegister[[#This Row],[Risk Due Date]]), \"Missing Risk Due Date\", IF(RiskRegister[[#This Row],[Risk Due Date]] < TODAY(), \"Overdue\", \"Not Overdue\"))","v":"Missing Risk Due Date"},null,{"$f":"IF(ISBLANK(RiskRegister[[#This Row],[Risk Due Date]]), \"Missing Risk Due Date\", TEXT(RiskRegister[[#This Row],[Risk Due Date]], \"YYYY-MM\"))","v":"Missing Risk Due Date"},{"$f":"IF(RiskRegister[[#This Row],[Created Date]]=\"\",\"Created Date missing\",(TEXT(RiskRegister[[#This Row],[Created Date]],\"mmm\") & \"-\" & YEAR(RiskRegister[[#This Row],[Created Date]])))","v":"Created Date missing"},{"$f":"IF(RiskRegister[[#This Row],[Risk Status]]=\"Closed\",RiskRegister[[#This Row],[Risk Close Date]],RiskRegister[[#This Row],[Risk Due Date]])","v":"00:00:00"},{"$f":"IF(RiskRegister[[#This Row],[Risk-Change-Date]]=0,DATE(2030,1,1),RiskRegister[[#This Row],[Risk-Change-Date]])","v":"2030-01-01"},{"$f":"RiskRegister[[#This Row],[Inherent Impact Level]]&\"-\"&RiskRegister[[#This Row],[Inherent Likelihood Level]]","v":"-- Select Impact ----- Select Likelihood --"},{"$f":"RiskRegister[[#This Row],[Residual Impact Level]]&\"-\"&RiskRegister[[#This Row],[Residual Likelihood Level]]","v":"-- Select Impact ----- Select Likelihood --"},"Error",{"$f":"IF(RiskRegister[[#This Row],[Risk Status]]=\"Closed\",RiskRegister[[#This Row],[Residual Impact Level]],RiskRegister[[#This Row],[Inherent Impact Level]])","v":"-- Select Impact --"},{"$f":"IF(RiskRegister[[#This Row],[Risk Status]]=\"Closed\",RiskRegister[[#This Row],[Residual Likelihood Level]],RiskRegister[[#This Row],[Inherent Likelihood Level]])","v":"-- Select Likelihood --"},{"$f":"IF(RiskRegister[[#This Row],[Risk Status]]=\"Closed\",RiskRegister[[#This Row],[Residual-I-L-Combo]],RiskRegister[[#This Row],[Inherent-I-L-Combo]])","v":"-- Select Impact ----- Select Likelihood --"},"-- Error --"]
[34,{"$nulls":5},"-- Select Risk Category --",null,"-- select department --",null,null,"-- Select Impact --",{"$f":"VLOOKUP(RiskRegister[[#This Row],[Inherent Impact Level]],'Rating factors'!$F$4:$G$9,2,FALSE)","v":"--- Error ---"},"-- Select Likelihood --",{"$f":"VLOOKUP(RiskRegister[[#This Row],[Inherent Likelihood Level]],'Rating factors'!$F$16:$G$21,2,FALSE)","v":"--- Error ---"},{"$f":"IFERROR(VLOOKUP(RiskRegister[[#This Row],[Inherent Risk Rating]],'Rating factors'!$F$30:$G$44,2,FALSE),\"-- Error --\")","v":"-- Error --"},{"$f":"IFERROR(RiskRegister[[#This Row],[Inherent Impact Rating]]*RiskRegister[[#This Row],[Inherent Likelihood Rating]],\"-- Error --\")","v":"-- Error --"},"-- Select Risk Response --",null,"-- Select Impact --",{"$f":"VLOOKUP(RiskRegister[[#This Row],[Residual Impact Level]],'Rating factors'!$F$4:$G$9,2,FALSE)","v":"--- Error ---"},"-- Select Likelihood --",{"$f":"VLOOKUP(RiskRegister[[#This Row],[Residual Likelihood Level]],'Rating factors'!$F$16:$G$21,2,FALSE)","v":"--- Error ---"},{"$f":"IFERROR(VLOOKUP(RiskRegister[[#This Row],[Residual Risk Rating]],'Rating factors'!$F$30:$G$44,2,FALSE),\"-- Error --\")","v":"-- Error --"},{"$f":"IFERROR(RiskRegister[[#This Row],[Residual Impact Rating]]*RiskRegister[[#This Row],[Residual Likelihood Rating]],\"-- Error --\")","v":"-- Error --"},"-- Select Risk Status --",{"$nulls":3},{"$f":"IF(ISBLANK(RiskRegister[[#This Row],[Risk Due Date]]), \"Missing Risk Due Date\", IF(RiskRegister[[#This Row],[Risk Due Date]] < TODAY(), \"Overdue\", \"Not Overdue\"))","v":"Missing Risk Due Date"},null,{"$f":"IF(ISBLANK(RiskRegister[[#This Row],[Risk Due Date]]), \"Missing Risk Due Date\", TEXT(RiskRegister[[#This Row],[Risk Due Date]], \"YYYY-MM\"))","v":"Missing Risk Due Date"},{"$f":"IF(RiskRegister[[#This Row],[Created Date]]=\"\",\"Created Date missing\",(TEXT(RiskRegister[[#This Row],[Created Date]],\"mmm\") & \"-\" & YEAR(RiskRegister[[#This Row],[Created Date]])))","v":"Created Date missing"},{"$f":"IF(RiskRegister[[#This Row],[Risk Status]]=\"Closed\",RiskRegister[[#This Row],[Risk Close Date]],RiskRegister[[#This Row],[Risk Due Date]])","v":"00:00:00"},{"$f":"IF(RiskRegister[[#This Row],[Risk-Change-Date]]=0,DATE(2030,1,1),RiskRegister[[#This Row],[Risk-Change-Date]])","v":"2030-01-01"},{"$f":"RiskRegister[[#This Row],[Inherent Impact Level]]&\"-\"&RiskRegister[[#This Row],[Inherent Likelihood Level]]","v":"-- Select Impact ----- Select Likelihood --"},{"$f":"RiskRegister[[#This Row],[Residual Impact Level]]&\"-\"&RiskRegister[[#This Row],[Residual Likelihood Level]]","v":"-- Select Impact ----- Select Likelihood --"},"Error",{"$f":"IF(RiskRegister[[#This Row],[Risk Status]]=\"Closed\",RiskRegister[[#This Row],[Residual Impact Level]],RiskRegister[[#This Row],[Inherent Impact Level]])","v":"-- Select Impact --"},{"$f":"IF(RiskRegister[[#This Row],[Risk Status]]=\"Closed\",RiskRegister[[#This Row],[Residual Likelihood Level]],RiskRegister[[#This Row],[Inherent Likelihood Level]])","v":"-- Select Likelihood --"},{"$f":"IF(RiskRegister[[#This Row],[Risk Status]]=\"Closed\",RiskRegister[[#This Row],[Residual-I-L-Combo]],RiskRegister[[#This Row],[Inherent-I-L-Combo]])","v":"-- Select Impact ----- Select Likelihood --"},"-- Error --"]
[35,{"$nulls":5},"-- Select Risk Category --",null,"-- select department --",null,null,"-- Select Impact --",{"$f":"VLOOKUP(RiskRegister[[#This Row],[Inherent Impact Level]],'Rating factors'!$F$4:$G$9,2,FALSE)","v":"--- Error ---"},"-- Select Likelihood --",{"$f":"VLOOKUP(RiskRegister[[#This Row],[Inherent Likelihood Level]],'Rating factors'!$F$16:$G$21,2,FALSE)","v":"--- Error ---"},{"$f":"IFERROR(VLOOKUP(RiskRegister[[#This Row],[Inherent Risk Rating]],'Rating factors'!$F$30:$G$44,2,FALSE),\"-- Error --\")","v":"-- Error --"},{"$f":"IFERROR(RiskRegister[[#This Row],[Inherent Impact Rating]]*RiskRegister[[#This Row],[Inherent Likelihood Rating]],\"-- Error --\")","v":"-- Error --"},"-- Select Risk Response --",null,"-- Select Impact --",{"$f":"VLOOKUP(RiskRegister[[#This Row],[Residual Impact Level]],'Rating factors'!$F$4:$G$9,2,FALSE)","v":"--- Error ---"},"-- Select Likelihood --",{"$f":"VLOOKUP(RiskRegister[[#This Row],[Residual Likelihood Level]],'Rating factors'!$F$16:$G$21,2,FALSE)","v":"--- Error ---"},{"$f":"IFERROR(VLOOKUP(RiskRegister[[#This Row],[Residual Risk Rating]],'Rating factors'!$F$30:$G$44,2,FALSE),\"-- Error --\")","v":"-- Error --"},{"$f":"IFERROR(RiskRegister[[#This Row],[Residual Impact Rating]]*RiskRegister[[#This Row],[Residual Likelihood Rating]],\"-- Error --\")","v":"-- Error --"},"-- Select Risk Status --",{"$nulls":3},{"$f":"IF(ISBLANK(RiskRegister[[#This Row],[Risk Due Date]]), \"Missing Risk Due Date\", IF(RiskRegister[[#This Row],[Risk Due Date]] < TODAY(), \"Overdue\", \"Not Overdue\"))","v":"Missing Risk Due Date"},null,{"$f":"IF(ISBLANK(RiskRegister[[#This Row],[Risk Due Date]]), \"Missing Risk Due Date\", TEXT(RiskRegister[[#This Row],[Risk Due Date]], \"YYYY-MM\"))","v":"Missing Risk Due Date"},{"$f":"IF(RiskRegister[[#This Row],[Created Date]]=\"\",\"Created Date missing\",(TEXT(RiskRegister[[#This Row],[Created Date]],\"mmm\") & \"-\" & YEAR(RiskRegister[[#This Row],[Created Date]])))","v":"Created Date missing"},{"$f":"IF(RiskRegister[[#This Row],[Risk Status]]=\"Closed\",RiskRegister[[#This Row],[Risk Close Date]],RiskRegister[[#This Row],[Risk Due Date]])","v":"00:00:00"},{"$f":"IF(RiskRegister[[#This Row],[Risk-Change-Date]]=0,DATE(2030,1,1),RiskRegister[[#This Row],[Risk-Change-Date]])","v":"2030-01-01"},{"$f":"RiskRegister[[#This Row],[Inherent Impact Level]]&\"-\"&RiskRegister[[#This Row],[Inherent Likelihood Level]]","v":"-- Select Impact ----- Select Likelihood --"},{"$f":"RiskRegister[[#This Row],[Residual Impact Level]]&\"-\"&RiskRegister[[#This Row],[Residual Likelihood Level]]","v":"-- Select Impact ----- Select Likelihood --"},"Error",{"$f":"IF(RiskRegister[[#This Row],[Risk Status]]=\"Closed\",RiskRegister[[#This Row],[Residual Impact Level]],RiskRegister[[#This Row],[Inherent Impact Level]])","v":"-- Select Impact --"},{"$f":"IF(RiskRegister[[#This Row],[Risk Status]]=\"Closed\",RiskRegister[[#This Row],[Residual Likelihood Level]],RiskRegister[[#This Row],[Inherent Likelihood Level]])","v":"-- Select Likelihood --"},{"$f":"IF(RiskRegister[[#This Row],[Risk Status]]=\"Closed\",RiskRegister[[#This Row],[Residual-I-L-Combo]],RiskRegister[[#This Row],[Inherent-I-L-Combo]])","v":"-- Select Impact ----- Select Likelihood --"},"-- Error --"]
[36,{"$nulls":5},"-- Select Risk Category --",null,"-- select department --",null,null,"-- Select Impact --",{"$f":"VLOOKUP(RiskRegister[[#This Row],[Inherent Impact Level]],'Rating factors'!$F$4:$G$9,2,FALSE)","v":"--- Error ---"},"-- Select Likelihood --",{"$f":"VLOOKUP(RiskRegister[[#This Row],[Inherent Likelihood Level]],'Rating factors'!$F$16:$G$21,2,FALSE)","v":"--- Error ---"},{"$f":"IFERROR(VLOOKUP(RiskRegister[[#This Row],[Inherent Risk Rating]],'Rating factors'!$F$30:$G$44,2,FALSE),\"-- Error --\")","v":"-- Error --"},{"$f":"IFERROR(RiskRegister[[#This Row],[Inherent Impact Rating]]*RiskRegister[[#This Row],[Inherent Likelihood Rating]],\"-- Error --\")","v":"-- Error --"},"-- Select Risk Response --",null,"-- Select Impact --",{"$f":"VLOOKUP(RiskRegister[[#This Row],[Residual Impact Level]],'Rating factors'!$F$4:$G$9,2,FALSE)","v":"--- Error ---"},"-- Select Likelihood --",{"$f":"VLOOKUP(RiskRegister[[#This Row],[Residual Likelihood Level]],'Rating factors'!$F$16:$G$21,2,FALSE)","v":"--- Error ---"},{"$f":"IFERROR(VLOOKUP(RiskRegister[[#This Row],[Residual Risk Rating]],'Rating factors'!$F$30:$G$44,2,FALSE),\"-- Error --\")","v":"-- Error --"},{"$f":"IFERROR(RiskRegister[[#This Row],[Residual Impact Rating]]*RiskRegister[[#This Row],[Residual Likelihood Rating]],\"-- Error --\")","v":"-- Error --"},"-- Select Risk Status --",{"$nulls":3},{"$f":"IF(ISBLANK(RiskRegister[[#This Row],[Risk Due Date]]), \"Missing Risk Due Date\", IF(RiskRegister[[#This Row],[Risk Due Date]] < TODAY(), \"Overdue\", \"Not Overdue\"))","v":"Missing Risk Due Date"},null,{"$f":"IF(ISBLANK(RiskRegister[[#This Row],[Risk Due Date]]), \"Missing Risk Due Date\", TEXT(RiskRegister[[#This Row],[Risk Due Date]], \"YYYY-MM\"))","v":"Missing Risk Due Date"},{"$f":"IF(RiskRegister[[#This Row],[Created Date]]=\"\",\"Created Date missing\",(TEXT(RiskRegister[[#This Row],[Created Date]],\"mmm\") & \"-\" & YEAR(RiskRegister[[#This Row],[Created Date]])))","v":"Created Date missing"},{"$f":"IF(RiskRegister[[#This Row],[Risk Status]]=\"Closed\",RiskRegister[[#This Row],[Risk Close Date]],RiskRegister[[#This Row],[Risk Due Date]])","v":"00:00:00"},{"$f":"IF(RiskRegister[[#This Row],[Risk-Change-Date]]=0,DATE(2030,1,1),RiskRegister[[#This Row],[Risk-Change-Date]])","v":"2030-01-01"},{"$f":"RiskRegister[[#This Row],[Inherent Impact Level]]&\"-\"&RiskRegister[[#This Row],[Inherent Likelihood Level]]","v":"-- Select Impact ----- Select Likelihood --"},{"$f":"RiskRegister[[#This Row],[Residual Impact Level]]&\"-\"&RiskRegister[[#This Row],[Residual Likelihood Level]]","v":"-- Select Impact ----- Select Likelihood --"},"Error",{"$f":"IF(RiskRegister[[#This Row],[Risk Status]]=\"Closed\",RiskRegister[[#This Row],[Residual Impact Level]],RiskRegister[[#This Row],[Inherent Impact Level]])","v":"-- Select Impact --"},{"$f":"IF(RiskRegister[[#This Row],[Risk Status]]=\"Closed\",RiskRegister[[#This Row],[Residual Likelihood Level]],RiskRegister[[#This Row],[Inherent Likelihood Level]])","v":"-- Select Likelihood --"},{"$f":"IF(RiskRegister[[#This Row],[Risk Status]]=\"Closed\",RiskRegister[[#This Row],[Residual-I-L-Combo]],RiskRegister[[#This Row],[Inherent-I-L-Combo]])","v":"-- Select Impact ----- Select Likelihood --"},"-- Error --"]
[37,{"$nulls":5},"-- Select Risk Category --",null,"-- select department --",null,null,"-- Select Impact --",{"$f":"VLOOKUP(RiskRegister[[#This Row],[Inherent Impact Level]],'Rating factors'!$F$4:$G$9,2,FALSE)","v":"--- Error ---"},"-- Select Likelihood --",{"$f":"VLOOKUP(RiskRegister[[#This Row],[Inherent Likelihood Level]],'Rating factors'!$F$16:$G$21,2,FALSE)","v":"--- Error ---"},{"$f":"IFERROR(VLOOKUP(RiskRegister[[#This Row],[Inherent Risk Rating]],'Rating factors'!$F$30:$G$44,2,FALSE),\"-- Error --\")","v":"-- Error --"},{"$f":"IFERROR(RiskRegister[[#This Row],[Inherent Impact Rating]]*RiskRegister[[#This Row],[Inherent Likelihood Rating]],\"-- Error --\")","v":"-- Error --"},"-- Select Risk Response --",null,"-- Select Impact --",{"$f":"VLOOKUP(RiskRegister[[#This Row],[Residual Impact Level]],'Rating factors'!$F$4:$G$9,2,FALSE)","v":"--- Error ---"},"-- Select Likelihood --",{"$f":"VLOOKUP(RiskRegister[[#This Row],[Residual Likelihood Level]],'Rating factors'!$F$16:$G$21,2,FALSE)","v":"--- Error ---"},{"$f":"IFERROR(VLOOKUP(RiskRegister[[#This Row],[Residual Risk Rating]],'Rating factors'!$F$30:$G$44,2,FALSE),\"-- Error --\")","v":"-- Error --"},{"$f":"IFERROR(RiskRegister[[#This Row],[Residual Impact Rating]]*RiskRegister[[#This Row],[Residual Likelihood Rating]],\"-- Error --\")","v":"-- Error --"},"-- Select Risk Status --",{"$nulls":3},{"$f":"IF(ISBLANK(RiskRegister[[#This Row],[Risk Due Date]]), \"Missing Risk Due Date\", IF(RiskRegister[[#This Row],[Risk Due Date]] < TODAY(), \"Overdue\", \"Not Overdue\"))","v":"Missing Risk Due Date"},null,{"$f":"IF(ISBLANK(RiskRegister[[#This Row],[Risk Due Date]]), \"Missing Risk Due Date\", TEXT(RiskRegister[[#This Row],[Risk Due Date]], \"YYYY-MM\"))","v":"Missing Risk Due Date"},{"$f":"IF(RiskRegister[[#This Row],[Created Date]]=\"\",\"Created Date missing\",(TEXT(RiskRegister[[#This Row],[Created Date]],\"mmm\") & \"-\" & YEAR(RiskRegister[[#This Row],[Created Date]])))","v":"Created Date missing"},{"$f":"IF(RiskRegister[[#This Row],[Risk Status]]=\"Closed\",RiskRegister[[#This Row],[Risk Close Date]],RiskRegister[[#This Row],[Risk Due Date]])","v":"00:00:00"},{"$f":"IF(RiskRegister[[#This Row],[Risk-Change-Date]]=0,DATE(2030,1,1),RiskRegister[[#This Row],[Risk-Change-Date]])","v":"2030-01-01"},{"$f":"RiskRegister[[#This Row],[Inherent Impact Level]]&\"-\"&RiskRegister[[#This Row],[Inherent Likelihood Level]]","v":"-- Select Impact ----- Select Likelihood --"},{"$f":"RiskRegister[[#This Row],[Residual Impact Level]]&\"-\"&RiskRegister[[#This Row],[Residual Likelihood Level]]","v":"-- Select Impact ----- Select Likelihood --"},"Error",{"$f":"IF(RiskRegister[[#This Row],[Risk Status]]=\"Closed\",RiskRegister[[#This Row],[Residual Impact Level]],RiskRegister[[#This Row],[Inherent Impact Level]])","v":"-- Select Impact --"},{"$f":"IF(RiskRegister[[#This Row],[Risk Status]]=\"Closed\",RiskRegister[[#This Row],[Residual Likelihood Level]],RiskRegister[[#This Row],[Inherent Likelihood Level]])","v":"-- Select Likelihood --"},{"$f":"IF(RiskRegister[[#This Row],[Risk Status]]=\"Closed\",RiskRegister[[#This Row],[Residual-I-L-Combo]],RiskRegister[[#This Row],[Inherent-I-L-Combo]])","v":"-- Select Impact ----- Select Likelihood --"},"-- Error --"]
[38,{"$nulls":5},"-- Select Risk Category --",null,"-- select department --",null,null,"-- Select Impact --",{"$f":"VLOOKUP(RiskRegister[[#This Row],[Inherent Impact Level]],'Rating factors'!$F$4:$G$9,2,FALSE)","v":"--- Error ---"},"-- Select Likelihood --",{"$f":"VLOOKUP(RiskRegister[[#This Row],[Inherent Likelihood Level]],'Rating factors'!$F$16:$G$21,2,FALSE)","v":"--- Error ---"},{"$f":"IFERROR(VLOOKUP(RiskRegister[[#This Row],[Inherent Risk Rating]],'Rating factors'!$F$30:$G$44,2,FALSE),\"-- Error --\")","v":"-- Error --"},{"$f":"IFERROR(RiskRegister[[#This Row],[Inherent Impact Rating]]*RiskRegister[[#This Row],[Inherent Likelihood Rating]],\"-- Error --\")","v":"-- Error --"},"-- Select Risk Response --",null,"-- Select Impact --",{"$f":"VLOOKUP(RiskRegister[[#This Row],[Residual Impact Level]],'Rating factors'!$F$4:$G$9,2,FALSE)","v":"--- Error ---"},"-- Select Likelihood --",{"$f":"VLOOKUP(RiskRegister[[#This Row],[Residual Likelihood Level]],'Rating factors'!$F$16:$G$21,2,FALSE)","v":"--- Error ---"},{"$f":"IFERROR(VLOOKUP(RiskRegister[[#This Row],[Residual Risk Rating]],'Rating factors'!$F$30:$G$44,2,FALSE),\"-- Error --\")","v":"-- Error --"},{"$f":"IFERROR(RiskRegister[[#This Row],[Residual Impact Rating]]*RiskRegister[[#This Row],[Residual Likelihood Rating]],\"-- Error --\")","v":"-- Error --"},"-- Select Risk Status --",{"$nulls":3},{"$f":"IF(ISBLANK(RiskRegister[[#This Row],[Risk Due Date]]), \"Missing Risk Due Date\", IF(RiskRegister[[#This Row],[Risk Due Date]] < TODAY(), \"Overdue\", \"Not Overdue\"))","v":"Missing Risk Due Date"},null,{"$f":"IF(ISBLANK(RiskRegister[[#This Row],[Risk Due Date]]), \"Missing Risk Due Date\", TEXT(RiskRegister[[#This Row],[Risk Due Date]], \"YYYY-MM\"))","v":"Missing Risk Due Date"},{"$f":"IF(RiskRegister[[#This Row],[Created Date]]=\"\",\"Created Date missing\",(TEXT(RiskRegister[[#This Row],[Created Date]],\"mmm\") & \"-\" & YEAR(RiskRegister[[#This Row],[Created Date]])))","v":"Created Date missing"},{"$f":"IF(RiskRegister[[#This Row],[Risk Status]]=\"Closed\",RiskRegister[[#This Row],[Risk Close Date]],RiskRegister[[#This Row],[Risk Due Date]])","v":"00:00:00"},{"$f":"IF(RiskRegister[[#This Row],[Risk-Change-Date]]=0,DATE(2030,1,1),RiskRegister[[#This Row],[Risk-Change-Date]])","v":"2030-01-01"},{"$f":"RiskRegister[[#This Row],[Inherent Impact Level]]&\"-\"&RiskRegister[[#This Row],[Inherent Likelihood Level]]","v":"-- Select Impact ----- Select Likelihood --"},{"$f":"RiskRegister[[#This Row],[Residual Impact Level]]&\"-\"&RiskRegister[[#This Row],[Residual Likelihood Level]]","v":"-- Select Impact ----- Select Likelihood --"},"Error",{"$f":"IF(RiskRegister[[#This Row],[Risk Status]]=\"Closed\",RiskRegister[[#This Row],[Residual Impact Level]],RiskRegister[[#This Row],[Inherent Impact Level]])","v":"-- Select Impact --"},{"$f":"IF(RiskRegister[[#This Row],[Risk Status]]=\"Closed\",RiskRegister[[#This Row],[Residual Likelihood Level]],RiskRegister[[#This Row],[Inherent Likelihood Level]])","v":"-- Select Likelihood --"},{"$f":"IF(RiskRegister[[#This Row],[Risk Status]]=\"Closed\",RiskRegister[[#This Row],[Residual-I-L-Combo]],RiskRegister[[#This Row],[Inherent-I-L-Combo]])","v":"-- Select Impact ----- Select Likelihood --"},"-- Error --"]
[39,{"$nulls":5},"-- Select Risk Category --",null,"-- select department --",null,null,"-- Select Impact --",{"$f":"VLOOKUP(RiskRegister[[#This Row],[Inherent Impact Level]],'Rating factors'!$F$4:$G$9,2,FALSE)","v":"--- Error ---"},"-- Select Likelihood --",{"$f":"VLOOKUP(RiskRegister[[#This Row],[Inherent Likelihood Level]],'Rating factors'!$F$16:$G$21,2,FALSE)","v":"--- Error ---"},{"$f":"IFERROR(VLOOKUP(RiskRegister[[#This Row],[Inherent Risk Rating]],'Rating factors'!$F$30:$G$44,2,FALSE),\"-- Error --\")","v":"-- Error --"},{"$f":"IFERROR(RiskRegister[[#This Row],[Inherent Impact Rating]]*RiskRegister[[#This Row],[Inherent Likelihood Rating]],\"-- Error --\")","v":"-- Error --"},"-- Select Risk Response --",null,"-- Select Impact --",{"$f":"VLOOKUP(RiskRegister[[#This Row],[Residual Impact Level]],'Rating factors'!$F$4:$G$9,2,FALSE)","v":"--- Error ---"},"-- Select Likelihood --",{"$f":"VLOOKUP(RiskRegister[[#This Row],[Residual Likelihood Level]],'Rating factors'!$F$16:$G$21,2,FALSE)","v":"--- Error ---"},{"$f":"IFERROR(VLOOKUP(RiskRegister[[#This Row],[Residual Risk Rating]],'Rating factors'!$F$30:$G$44,2,FALSE),\"-- Error --\")","v":"-- Error --"},{"$f":"IFERROR(RiskRegister[[#This Row],[Residual Impact Rating]]*RiskRegister[[#This Row],[Residual Likelihood Rating]],\"-- Error --\")","v":"-- Error --"},"-- Select Risk Status --",{"$nulls":3},{"$f":"IF(ISBLANK(RiskRegister[[#This Row],[Risk Due Date]]), \"Missing Risk Due Date\", IF(RiskRegister[[#This Row],[Risk Due Date]] < TODAY(), \"Overdue\", \"Not Overdue\"))","v":"Missing Risk Due Date"},null,{"$f":"IF(ISBLANK(RiskRegister[[#This Row],[Risk Due Date]]), \"Missing Risk Due Date\", TEXT(RiskRegister[[#This Row],[Risk Due Date]], \"YYYY-MM\"))","v":"Missing Risk Due Date"},{"$f":"IF(RiskRegister[[#This Row],[Created Date]]=\"\",\"Created Date missing\",(TEXT(RiskRegister[[#This Row],[Created Date]],\"mmm\") & \"-\" & YEAR(RiskRegister[[#This Row],[Created Date]])))","v":"Created Date missing"},{"$f":"IF(RiskRegister[[#This Row],[Risk Status]]=\"Closed\",RiskRegister[[#This Row],[Risk Close Date]],RiskRegister[[#This Row],[Risk Due Date]])","v":"00:00:00"},{"$f":"IF(RiskRegister[[#This Row],[Risk-Change-Date]]=0,DATE(2030,1,1),RiskRegister[[#This Row],[Risk-Change-Date]])","v":"2030-01-01"},{"$f":"RiskRegister[[#This Row],[Inherent Impact Level]]&\"-\"&RiskRegister[[#This Row],[Inherent Likelihood Level]]","v":"-- Select Impact ----- Select Likelihood --"},{"$f":"RiskRegister[[#This Row],[Residual Impact Level]]&\"-\"&RiskRegister[[#This Row],[Residual Likelihood Level]]","v":"-- Select Impact ----- Select Likelihood --"},"Error",{"$f":"IF(RiskRegister[[#This Row],[Risk Status]]=\"Closed\",RiskRegister[[#This Row],[Residual Impact Level]],RiskRegister[[#This Row],[Inherent Impact Level]])","v":"-- Select Impact --"},{"$f":"IF(RiskRegister[[#This Row],[Risk Status]]=\"Closed\",RiskRegister[[#This Row],[Residual Likelihood Level]],RiskRegister[[#This Row],[Inherent Likelihood Level]])","v":"-- Select Likelihood --"},{"$f":"IF(RiskRegister[[#This Row],[Risk Status]]=\"Closed\",RiskRegister[[#This Row],[Residual-I-L-Combo]],RiskRegister[[#This Row],[Inherent-I-L-Combo]])","v":"-- Select Impact ----- Select Likelihood --"},"-- Error --"]
[40,{"$nulls":5},"-- Select Risk Category --",null,"-- select department --",null,null,"-- Select Impact --",{"$f":"VLOOKUP(RiskRegister[[#This Row],[Inherent Impact Level]],'Rating factors'!$F$4:$G$9,2,FALSE)","v":"--- Error ---"},"-- Select Likelihood --",{"$f":"VLOOKUP(RiskRegister[[#This Row],[Inherent Likelihood Level]],'Rating factors'!$F$16:$G$21,2,FALSE)","v":"--- Error ---"},{"$f":"IFERROR(VLOOKUP(RiskRegister[[#This Row],[Inherent Risk Rating]],'Rating factors'!$F$30:$G$44,2,FALSE),\"-- Error --\")","v":"-- Error --"},{"$f":"IFERROR(RiskRegister[[#This Row],[Inherent Impact Rating]]*RiskRegister[[#This Row],[Inherent Likelihood Rating]],\"-- Error --\")","v":"-- Error --"},"-- Select Risk Response --",null,"-- Select Impact --",{"$f":"VLOOKUP(RiskRegister[[#This Row],[Residual Impact Level]],'Rating factors'!$F$4:$G$9,2,FALSE)","v":"--- Error ---"},"-- Select Likelihood --",{"$f":"VLOOKUP(RiskRegister[[#This Row],[Residual Likelihood Level]],'Rating factors'!$F$16:$G$21,2,FALSE)","v":"--- Error ---"},{"$f":"IFERROR(VLOOKUP(RiskRegister[[#This Row],[Residual Risk Rating]],'Rating factors'!$F$30:$G$44,2,FALSE),\"-- Error --\")","v":"-- Error --"},{"$f":"IFERROR(RiskRegister[[#This Row],[Residual Impact Rating]]*RiskRegister[[#This Row],[Residual Likelihood Rating]],\"-- Error --\")","v":"-- Error --"},"-- Select Risk Status --",{"$nulls":3},{"$f":"IF(ISBLANK(RiskRegister[[#This Row],[Risk Due Date]]), \"Missing Risk Due Date\", IF(RiskRegister[[#This Row],[Risk Due Date]] < TODAY(), \"Overdue\", \"Not Overdue\"))","v":"Missing Risk Due Date"},null,{"$f":"IF(ISBLANK(RiskRegister[[#This Row],[Risk Due Date]]), \"Missing Risk Due Date\", TEXT(RiskRegister[[#This Row],[Risk Due Date]], \"YYYY-MM\"))","v":"Missing Risk Due Date"},{"$f":"IF(RiskRegister[[#This Row],[Created Date]]=\"\",\"Created Date missing\",(TEXT(RiskRegister[[#This Row],[Created Date]],\"mmm\") & \"-\" & YEAR(RiskRegister[[#This Row],[Created Date]])))","v":"Created Date missing"},{"$f":"IF(RiskRegister[[#This Row],[Risk Status]]=\"Closed\",RiskRegister[[#This Row],[Risk Close Date]],RiskRegister[[#This Row],[Risk Due Date]])","v":"00:00:00"},{"$f":"IF(RiskRegister[[#This Row],[Risk-Change-Date]]=0,DATE(2030,1,1),RiskRegister[[#This Row],[Risk-Change-Date]])","v":"2030-01-01"},{"$f":"RiskRegister[[#This Row],[Inherent Impact Level]]&\"-\"&RiskRegister[[#This Row],[Inherent Likelihood Level]]","v":"-- Select Impact ----- Select Likelihood --"},{"$f":"RiskRegister[[#This Row],[Residual Impact Level]]&\"-\"&RiskRegister[[#This Row],[Residual Likelihood Level]]","v":"-- Select Impact ----- Select Likelihood --"},"Error",{"$f":"IF(RiskRegister[[#This Row],[Risk Status]]=\"Closed\",RiskRegister[[#This Row],[Residual Impact Level]],RiskRegister[[#This Row],[Inherent Impact Level]])","v":"-- Select Impact --"},{"$f":"IF(RiskRegister[[#This Row],[Risk Status]]=\"Closed\",RiskRegister[[#This Row],[Residual Likelihood Level]],RiskRegister[[#This Row],[Inherent Likelihood Level]])","v":"-- Select Likelihood --"},{"$f":"IF(RiskRegister[[#This Row],[Risk Status]]=\"Closed\",RiskRegister[[#This Row],[Residual-I-L-Combo]],RiskRegister[[#This Row],[Inherent-I-L-Combo]])","v":"-- Select Impact ----- Select Likelihood --"},"-- Error --"]
[41,{"$nulls":5},"-- Select Risk Category --",null,"-- select department --",null,null,"-- Select Impact --",{"$f":"VLOOKUP(RiskRegister[[#This Row],[Inherent Impact Level]],'Rating factors'!$F$4:$G$9,2,FALSE)","v":"--- Error ---"},"-- Select Likelihood --",{"$f":"VLOOKUP(RiskRegister[[#This Row],[Inherent Likelihood Level]],'Rating factors'!$F$16:$G$21,2,FALSE)","v":"--- Error ---"},{"$f":"IFERROR(VLOOKUP(RiskRegister[[#This Row],[Inherent Risk Rating]],'Rating factors'!$F$30:$G$44,2,FALSE),\"-- Error --\")","v":"-- Error --"},{"$f":"IFERROR(RiskRegister[[#This Row],[Inherent Impact Rating]]*RiskRegister[[#This Row],[Inherent Likelihood Rating]],\"-- Error --\")","v":"-- Error --"},"-- Select Risk Response --",null,"-- Select Impact --",{"$f":"VLOOKUP(RiskRegister[[#This Row],[Residual Impact Level]],'Rating factors'!$F$4:$G$9,2,FALSE)","v":"--- Error ---"},"-- Select Likelihood --",{"$f":"VLOOKUP(RiskRegister[[#This Row],[Residual Likelihood Level]],'Rating factors'!$F$16:$G$21,2,FALSE)","v":"--- Error ---"},{"$f":"IFERROR(VLOOKUP(RiskRegister[[#This Row],[Residual Risk Rating]],'Rating factors'!$F$30:$G$44,2,FALSE),\"-- Error --\")","v":"-- Error --"},{"$f":"IFERROR(RiskRegister[[#This Row],[Residual Impact Rating]]*RiskRegister[[#This Row],[Residual Likelihood Rating]],\"-- Error --\")","v":"-- Error --"},"-- Select Risk Status --",{"$nulls":3},{"$f":"IF(ISBLANK(RiskRegister[[#This Row],[Risk Due Date]]), \"Missing Risk Due Date\", IF(RiskRegister[[#This Row],[Risk Due Date]] < TODAY(), \"Overdue\", \"Not Overdue\"))","v":"Missing Risk Due Date"},null,{"$f":"IF(ISBLANK(RiskRegister[[#This Row],[Risk Due Date]]), \"Missing Risk Due Date\", TEXT(RiskRegister[[#This Row],[Risk Due Date]], \"YYYY-MM\"))","v":"Missing Risk Due Date"},{"$f":"IF(RiskRegister[[#This Row],[Created Date]]=\"\",\"Created Date missing\",(TEXT(RiskRegister[[#This Row],[Created Date]],\"mmm\") & \"-\" & YEAR(RiskRegister[[#This Row],[Created Date]])))","v":"Created Date missing"},{"$f":"IF(RiskRegister[[#This Row],[Risk Status]]=\"Closed\",RiskRegister[[#This Row],[Risk Close Date]],RiskRegister[[#This Row],[Risk Due Date]])","v":"00:00:00"},{"$f":"IF(RiskRegister[[#This Row],[Risk-Change-Date]]=0,DATE(2030,1,1),RiskRegister[[#This Row],[Risk-Change-Date]])","v":"2030-01-01"},{"$f":"RiskRegister[[#This Row],[Inherent Impact Level]]&\"-\"&RiskRegister[[#This Row],[Inherent Likelihood Level]]","v":"-- Select Impact ----- Select Likelihood --"},{"$f":"RiskRegister[[#This Row],[Residual Impact Level]]&\"-\"&RiskRegister[[#This Row],[Residual Likelihood Level]]","v":"-- Select Impact ----- Select Likelihood --"},"Error",{"$f":"IF(RiskRegister[[#This Row],[Risk Status]]=\"Closed\",RiskRegister[[#This Row],[Residual Impact Level]],RiskRegister[[#This Row],[Inherent Impact Level]])","v":"-- Select Impact --"},{"$f":"IF(RiskRegister[[#This Row],[Risk Status]]=\"Closed\",RiskRegister[[#This Row],[Residual Likelihood Level]],RiskRegister[[#This Row],[Inherent Likelihood Level]])","v":"-- Select Likelihood --"},{"$f":"IF(RiskRegister[[#This Row],[Risk Status]]=\"Closed\",RiskRegister[[#This Row],[Residual-I-L-Combo]],RiskRegister[[#This Row],[Inherent-I-L-Combo]])","v":"-- Select Impact ----- Select Likelihood --"},"-- Error --"]
[42,{"$nulls":5},"-- Select Risk Category --",null,"-- select department --",null,null,"-- Select Impact --",{"$f":"VLOOKUP(RiskRegister[[#This Row],[Inherent Impact Level]],'Rating factors'!$F$4:$G$9,2,FALSE)","v":"--- Error ---"},"-- Select Likelihood --",{"$f":"VLOOKUP(RiskRegister[[#This Row],[Inherent Likelihood Level]],'Rating factors'!$F$16:$G$21,2,FALSE)","v":"--- Error ---"},{"$f":"IFERROR(VLOOKUP(RiskRegister[[#This Row],[Inherent Risk Rating]],'Rating factors'!$F$30:$G$44,2,FALSE),\"-- Error --\")","v":"-- Error --"},{"$f":"IFERROR(RiskRegister[[#This Row],[Inherent Impact Rating]]*RiskRegister[[#This Row],[Inherent Likelihood Rating]],\"-- Error --\")","v":"-- Error --"},"-- Select Risk Response --",null,"-- Select Impact --",{"$f":"VLOOKUP(RiskRegister[[#This Row],[Residual Impact Level]],'Rating factors'!$F$4:$G$9,2,FALSE)","v":"--- Error ---"},"-- Select Likelihood --",{"$f":"VLOOKUP(RiskRegister[[#This Row],[Residual Likelihood Level]],'Rating factors'!$F$16:$G$21,2,FALSE)","v":"--- Error ---"},{"$f":"IFERROR(VLOOKUP(RiskRegister[[#This Row],[Residual Risk Rating]],'Rating factors'!$F$30:$G$44,2,FALSE),\"-- Error --\")","v":"-- Error --"},{"$f":"IFERROR(RiskRegister[[#This Row],[Residual Impact Rating]]*RiskRegister[[#This Row],[Residual Likelihood Rating]],\"-- Error --\")","v":"-- Error --"},"-- Select Risk Status --",{"$nulls":3},{"$f":"IF(ISBLANK(RiskRegister[[#This Row],[Risk Due Date]]), \"Missing Risk Due Date\", IF(RiskRegister[[#This Row],[Risk Due Date]] < TODAY(), \"Overdue\", \"Not Overdue\"))","v":"Missing Risk Due Date"},null,{"$f":"IF(ISBLANK(RiskRegister[[#This Row],[Risk Due Date]]), \"Missing Risk Due Date\", TEXT(RiskRegister[[#This Row],[Risk Due Date]], \"YYYY-MM\"))","v":"Missing Risk Due Date"},{"$f":"IF(RiskRegister[[#This Row],[Created Date]]=\"\",\"Created Date missing\",(TEXT(RiskRegister[[#This Row],[Created Date]],\"mmm\") & \"-\" & YEAR(RiskRegister[[#This Row],[Created Date]])))","v":"Created Date missing"},{"$f":"IF(RiskRegister[[#This Row],[Risk Status]]=\"Closed\",RiskRegister[[#This Row],[Risk Close Date]],RiskRegister[[#This Row],[Risk Due Date]])","v":"00:00:00"},{"$f":"IF(RiskRegister[[#This Row],[Risk-Change-Date]]=0,DATE(2030,1,1),RiskRegister[[#This Row],[Risk-Change-Date]])","v":"2030-01-01"},{"$f":"RiskRegister[[#This Row],[Inherent Impact Level]]&\"-\"&RiskRegister[[#This Row],[Inherent Likelihood Level]]","v":"-- Select Impact ----- Select Likelihood --"},{"$f":"RiskRegister[[#This Row],[Residual Impact Level]]&\"-\"&RiskRegister[[#This Row],[Residual Likelihood Level]]","v":"-- Select Impact ----- Select Likelihood --"},"Error",{"$f":"IF(RiskRegister[[#This Row],[Risk Status]]=\"Closed\",RiskRegister[[#This Row],[Residual Impact Level]],RiskRegister[[#This Row],[Inherent Impact Level]])","v":"-- Select Impact --"},{"$f":"IF(RiskRegister[[#This Row],[Risk Status]]=\"Closed\",RiskRegister[[#This Row],[Residual Likelihood Level]],RiskRegister[[#This Row],[Inherent Likelihood Level]])","v":"-- Select Likelihood --"},{"$f":"IF(RiskRegister[[#This Row],[Risk Status]]=\"Closed\",RiskRegister[[#This Row],[Residual-I-L-Combo]],RiskRegister[[#This Row],[Inherent-I-L-Combo]])","v":"-- Select Impact ----- Select Likelihood --"},"-- Error --"]
[43,{"$nulls":5},"-- Select Risk Category --",null,"-- select department --",null,null,"-- Select Impact --",{"$f":"VLOOKUP(RiskRegister[[#This Row],[Inherent Impact Level]],'Rating factors'!$F$4:$G$9,2,FALSE)","v":"--- Error ---"},"-- Select Likelihood --",{"$f":"VLOOKUP(RiskRegister[[#This Row],[Inherent Likelihood Level]],'Rating factors'!$F$16:$G$21,2,FALSE)","v":"--- Error ---"},{"$f":"IFERROR(VLOOKUP(RiskRegister[[#This Row],[Inherent Risk Rating]],'Rating factors'!$F$30:$G$44,2,FALSE),\"-- Error --\")","v":"-- Error --"},{"$f":"IFERROR(RiskRegister[[#This Row],[Inherent Impact Rating]]*RiskRegister[[#This Row],[Inherent Likelihood Rating]],\"-- Error --\")","v":"-- Error --"},"-- Select Risk Response --",null,"-- Select Impact --",{"$f":"VLOOKUP(RiskRegister[[#This Row],[Residual Impact Level]],'Rating factors'!$F$4:$G$9,2,FALSE)","v":"--- Error ---"},"-- Select Likelihood --",{"$f":"VLOOKUP(RiskRegister[[#This Row],[Residual Likelihood Level]],'Rating factors'!$F$16:$G$21,2,FALSE)","v":"--- Error ---"},{"$f":"IFERROR(VLOOKUP(RiskRegister[[#This Row],[Residual Risk Rating]],'Rating factors'!$F$30:$G$44,2,FALSE),\"-- Error --\")","v":"-- Error --"},{"$f":"IFERROR(RiskRegister[[#This Row],[Residual Impact Rating]]*RiskRegister[[#This Row],[Residual Likelihood Rating]],\"-- Error --\")","v":"-- Error --"},"-- Select Risk Status --",{"$nulls":3},{"$f":"IF(ISBLANK(RiskRegister[[#This Row],[Risk Due Date]]), \"Missing Risk Due Date\", IF(RiskRegister[[#This Row],[Risk Due Date]] < TODAY(), \"Overdue\", \"Not Overdue\"))","v":"Missing Risk Due Date"},null,{"$f":"IF(ISBLANK(RiskRegister[[#This Row],[Risk Due Date]]), \"Missing Risk Due Date\", TEXT(RiskRegister[[#This Row],[Risk Due Date]], \"YYYY-MM\"))","v":"Missing Risk Due Date"},{"$f":"IF(RiskRegister[[#This Row],[Created Date]]=\"\",\"Created Date missing\",(TEXT(RiskRegister[[#This Row],[Created Date]],\"mmm\") & \"-\" & YEAR(RiskRegister[[#This Row],[Created Date]])))","v":"Created Date missing"},{"$f":"IF(RiskRegister[[#This Row],[Risk Status]]=\"Closed\",RiskRegister[[#This Row],[Risk Close Date]],RiskRegister[[#This Row],[Risk Due Date]])","v":"00:00:00"},{"$f":"IF(RiskRegister[[#This Row],[Risk-Change-Date]]=0,DATE(2030,1,1),RiskRegister[[#This Row],[Risk-Change-Date]])","v":"2030-01-01"},{"$f":"RiskRegister[[#This Row],[Inherent Impact Level]]&\"-\"&RiskRegister[[#This Row],[Inherent Likelihood Level]]","v":"-- Select Impact ----- Select Likelihood --"},{"$f":"RiskRegister[[#This Row],[Residual Impact Level]]&\"-\"&RiskRegister[[#This Row],[Residual Likelihood Level]]","v":"-- Select Impact ----- Select Likelihood --"},"Error",{"$f":"IF(RiskRegister[[#This Row],[Risk Status]]=\"Closed\",RiskRegister[[#This Row],[Residual Impact Level]],RiskRegister[[#This Row],[Inherent Impact Level]])","v":"-- Select Impact --"},{"$f":"IF(RiskRegister[[#This Row],[Risk Status]]=\"Closed\",RiskRegister[[#This Row],[Residual Likelihood Level]],RiskRegister[[#This Row],[Inherent Likelihood Level]])","v":"-- Select Likelihood --"},{"$f":"IF(RiskRegister[[#This Row],[Risk Status]]=\"Closed\",RiskRegister[[#This Row],[Residual-I-L-Combo]],RiskRegister[[#This Row],[Inherent-I-L-Combo]])","v":"-- Select Impact ----- Select Likelihood --"},"-- Error --"]
[44,{"$nulls":5},"-- Select Risk Category --",null,"-- select department --",null,null,"-- Select Impact --",{"$f":"VLOOKUP(RiskRegister[[#This Row],[Inherent Impact Level]],'Rating factors'!$F$4:$G$9,2,FALSE)","v":"--- Error ---"},"-- Select Likelihood --",{"$f":"VLOOKUP(RiskRegister[[#This Row],[Inherent Likelihood Level]],'Rating factors'!$F$16:$G$21,2,FALSE)","v":"--- Error ---"},{"$f":"IFERROR(VLOOKUP(RiskRegister[[#This Row],[Inherent Risk Rating]],'Rating factors'!$F$30:$G$44,2,FALSE),\"-- Error --\")","v":"-- Error --"},{"$f":"IFERROR(RiskRegister[[#This Row],[Inherent Impact Rating]]*RiskRegister[[#This Row],[Inherent Likelihood Rating]],\"-- Error --\")","v":"-- Error --"},"-- Select Risk Response --",null,"-- Select Impact --",{"$f":"VLOOKUP(RiskRegister[[#This Row],[Residual Impact Level]],'Rating factors'!$F$4:$G$9,2,FALSE)","v":"--- Error ---"},"-- Select Likelihood --",{"$f":"VLOOKUP(RiskRegister[[#This Row],[Residual Likelihood Level]],'Rating factors'!$F$16:$G$21,2,FALSE)","v":"--- Error ---"},{"$f":"IFERROR(VLOOKUP(RiskRegister[[#This Row],[Residual Risk Rating]],'Rating factors'!$F$30:$G$44,2,FALSE),\"-- Error --\")","v":"-- Error --"},{"$f":"IFERROR(RiskRegister[[#This Row],[Residual Impact Rating]]*RiskRegister[[#This Row],[Residual Likelihood Rating]],\"-- Error --\")","v":"-- Error --"},"-- Select Risk Status --",{"$nulls":3},{"$f":"IF(ISBLANK(RiskRegister[[#This Row],[Risk Due Date]]), \"Missing Risk Due Date\", IF(RiskRegister[[#This Row],[Risk Due Date]] < TODAY(), \"Overdue\", \"Not Overdue\"))","v":"Missing Risk Due Date"},null,{"$f":"IF(ISBLANK(RiskRegister[[#This Row],[Risk Due Date]]), \"Missing Risk Due Date\", TEXT(RiskRegister[[#This Row],[Risk Due Date]], \"YYYY-MM\"))","v":"Missing Risk Due Date"},{"$f":"IF(RiskRegister[[#This Row],[Created Date]]=\"\",\"Created Date missing\",(TEXT(RiskRegister[[#This Row],[Created Date]],\"mmm\") & \"-\" & YEAR(RiskRegister[[#This Row],[Created Date]])))","v":"Created Date missing"},{"$f":"IF(RiskRegister[[#This Row],[Risk Status]]=\"Closed\",RiskRegister[[#This Row],[Risk Close Date]],RiskRegister[[#This Row],[Risk Due Date]])","v":"00:00:00"},{"$f":"IF(RiskRegister[[#This Row],[Risk-Change-Date]]=0,DATE(2030,1,1),RiskRegister[[#This Row],[Risk-Change-Date]])","v":"2030-01-01"},{"$f":"RiskRegister[[#This Row],[Inherent Impact Level]]&\"-\"&RiskRegister[[#This Row],[Inherent Likelihood Level]]","v":"-- Select Impact ----- Select Likelihood --"},{"$f":"RiskRegister[[#This Row],[Residual Impact Level]]&\"-\"&RiskRegister[[#This Row],[Residual Likelihood Level]]","v":"-- Select Impact ----- Select Likelihood --"},"Error",{"$f":"IF(RiskRegister[[#This Row],[Risk Status]]=\"Closed\",RiskRegister[[#This Row],[Residual Impact Level]],RiskRegister[[#This Row],[Inherent Impact Level]])","v":"-- Select Impact --"},{"$f":"IF(RiskRegister[[#This Row],[Risk Status]]=\"Closed\",RiskRegister[[#This Row],[Residual Likelihood Level]],RiskRegister[[#This Row],[Inherent Likelihood Level]])","v":"-- Select Likelihood --"},{"$f":"IF(RiskRegister[[#This Row],[Risk Status]]=\"Closed\",RiskRegister[[#This Row],[Residual-I-L-Combo]],RiskRegister[[#This Row],[Inherent-I-L-Combo]])","v":"-- Select Impact ----- Select Likelihood --"},"-- Error --"]
[45,{"$nulls":5},"-- Select Risk Category --",null,"-- select department --",null,null,"-- Select Impact --",{"$f":"VLOOKUP(RiskRegister[[#This Row],[Inherent Impact Level]],'Rating factors'!$F$4:$G$9,2,FALSE)","v":"--- Error ---"},"-- Select Likelihood --",{"$f":"VLOOKUP(RiskRegister[[#This Row],[Inherent Likelihood Level]],'Rating factors'!$F$16:$G$21,2,FALSE)","v":"--- Error ---"},{"$f":"IFERROR(VLOOKUP(RiskRegister[[#This Row],[Inherent Risk Rating]],'Rating factors'!$F$30:$G$44,2,FALSE),\"-- Error --\")","v":"-- Error --"},{"$f":"IFERROR(RiskRegister[[#This Row],[Inherent Impact Rating]]*RiskRegister[[#This Row],[Inherent Likelihood Rating]],\"-- Error --\")","v":"-- Error --"},"-- Select Risk Response --",null,"-- Select Impact --",{"$f":"VLOOKUP(RiskRegister[[#This Row],[Residual Impact Level]],'Rating factors'!$F$4:$G$9,2,FALSE)","v":"--- Error ---"},"-- Select Likelihood --",{"$f":"VLOOKUP(RiskRegister[[#This Row],[Residual Likelihood Level]],'Rating factors'!$F$16:$G$21,2,FALSE)","v":"--- Error ---"},{"$f":"IFERROR(VLOOKUP(RiskRegister[[#This Row],[Residual Risk Rating]],'Rating factors'!$F$30:$G$44,2,FALSE),\"-- Error --\")","v":"-- Error --"},{"$f":"IFERROR(RiskRegister[[#This Row],[Residual Impact Rating]]*RiskRegister[[#This Row],[Residual Likelihood Rating]],\"-- Error --\")","v":"-- Error --"},"-- Select Risk Status --",{"$nulls":3},{"$f":"IF(ISBLANK(RiskRegister[[#This Row],[Risk Due Date]]), \"Missing Risk Due Date\", IF(RiskRegister[[#This Row],[Risk Due Date]] < TODAY(), \"Overdue\", \"Not Overdue\"))","v":"Missing Risk Due Date"},null,{"$f":"IF(ISBLANK(RiskRegister[[#This Row],[Risk Due Date]]), \"Missing Risk Due Date\", TEXT(RiskRegister[[#This Row],[Risk Due Date]], \"YYYY-MM\"))","v":"Missing Risk Due Date"},{"$f":"IF(RiskRegister[[#This Row],[Created Date]]=\"\",\"Created Date missing\",(TEXT(RiskRegister[[#This Row],[Created Date]],\"mmm\") & \"-\" & YEAR(RiskRegister[[#This Row],[Created Date]])))","v":"Created Date missing"},{"$f":"IF(RiskRegister[[#This Row],[Risk Status]]=\"Closed\",RiskRegister[[#This Row],[Risk Close Date]],RiskRegister[[#This Row],[Risk Due Date]])","v":"00:00:00"},{"$f":"IF(RiskRegister[[#This Row],[Risk-Change-Date]]=0,DATE(2030,1,1),RiskRegister[[#This Row],[Risk-Change-Date]])","v":"2030-01-01"},{"$f":"RiskRegister[[#This Row],[Inherent Impact Level]]&\"-\"&RiskRegister[[#This Row],[Inherent Likelihood Level]]","v":"-- Select Impact ----- Select Likelihood --"},{"$f":"RiskRegister[[#This Row],[Residual Impact Level]]&\"-\"&RiskRegister[[#This Row],[Residual Likelihood Level]]","v":"-- Select Impact ----- Select Likelihood --"},"Error",{"$f":"IF(RiskRegister[[#This Row],[Risk Status]]=\"Closed\",RiskRegister[[#This Row],[Residual Impact Level]],RiskRegister[[#This Row],[Inherent Impact Level]])","v":"-- Select Impact --"},{"$f":"IF(RiskRegister[[#This Row],[Risk Status]]=\"Closed\",RiskRegister[[#This Row],[Residual Likelihood Level]],RiskRegister[[#This Row],[Inherent Likelihood Level]])","v":"-- Select Likelihood --"},{"$f":"IF(RiskRegister[[#This Row],[Risk Status]]=\"Closed\",RiskRegister[[#This Row],[Residual-I-L-Combo]],RiskRegister[[#This Row],[Inherent-I-L-Combo]])","v":"-- Select Impact ----- Select Likelihood --"},"-- Error --"]
[46,{"$nulls":5},"-- Select Risk Category --",null,"-- select department --",null,null,"-- Select Impact --",{"$f":"VLOOKUP(RiskRegister[[#This Row],[Inherent Impact Level]],'Rating factors'!$F$4:$G$9,2,FALSE)","v":"--- Error ---"},"-- Select Likelihood --",{"$f":"VLOOKUP(RiskRegister[[#This Row],[Inherent Likelihood Level]],'Rating factors'!$F$16:$G$21,2,FALSE)","v":"--- Error ---"},{"$f":"IFERROR(VLOOKUP(RiskRegister[[#This Row],[Inherent Risk Rating]],'Rating factors'!$F$30:$G$44,2,FALSE),\"-- Error --\")","v":"-- Error --"},{"$f":"IFERROR(RiskRegister[[#This Row],[Inherent Impact Rating]]*RiskRegister[[#This Row],[Inherent Likelihood Rating]],\"-- Error --\")","v":"-- Error --"},"-- Select Risk Response --",null,"-- Select Impact --",{"$f":"VLOOKUP(RiskRegister[[#This Row],[Residual Impact Level]],'Rating factors'!$F$4:$G$9,2,FALSE)","v":"--- Error ---"},"-- Select Likelihood --",{"$f":"VLOOKUP(RiskRegister[[#This Row],[Residual Likelihood Level]],'Rating factors'!$F$16:$G$21,2,FALSE)","v":"--- Error ---"},{"$f":"IFERROR(VLOOKUP(RiskRegister[[#This Row],[Residual Risk Rating]],'Rating factors'!$F$30:$G$44,2,FALSE),\"-- Error --\")","v":"-- Error --"},{"$f":"IFERROR(RiskRegister[[#This Row],[Residual Impact Rating]]*RiskRegister[[#This Row],[Residual Likelihood Rating]],\"-- Error --\")","v":"-- Error --"},"-- Select Risk Status --",{"$nulls":3},{"$f":"IF(ISBLANK(RiskRegister[[#This Row],[Risk Due Date]]), \"Missing Risk Due Date\", IF(RiskRegister[[#This Row],[Risk Due Date]] < TODAY(), \"Overdue\", \"Not Overdue\"))","v":"Missing Risk Due Date"},null,{"$f":"IF(ISBLANK(RiskRegister[[#This Row],[Risk Due Date]]), \"Missing Risk Due Date\", TEXT(RiskRegister[[#This Row],[Risk Due Date]], \"YYYY-MM\"))","v":"Missing Risk Due Date"},{"$f":"IF(RiskRegister[[#This Row],[Created Date]]=\"\",\"Created Date missing\",(TEXT(RiskRegister[[#This Row],[Created Date]],\"mmm\") & \"-\" & YEAR(RiskRegister[[#This Row],[Created Date]])))","v":"Created Date missing"},{"$f":"IF(RiskRegister[[#This Row],[Risk Status]]=\"Closed\",RiskRegister[[#This Row],[Risk Close Date]],RiskRegister[[#This Row],[Risk Due Date]])","v":"00:00:00"},{"$f":"IF(RiskRegister[[#This Row],[Risk-Change-Date]]=0,DATE(2030,1,1),RiskRegister[[#This Row],[Risk-Change-Date]])","v":"2030-01-01"},{"$f":"RiskRegister[[#This Row],[Inherent Impact Level]]&\"-\"&RiskRegister[[#This Row],[Inherent Likelihood Level]]","v":"-- Select Impact ----- Select Likelihood --"},{"$f":"RiskRegister[[#This Row],[Residual Impact Level]]&\"-\"&RiskRegister[[#This Row],[Residual Likelihood Level]]","v":"-- Select Impact ----- Select Likelihood --"},"Error",{"$f":"IF(RiskRegister[[#This Row],[Risk Status]]=\"Closed\",RiskRegister[[#This Row],[Residual Impact Level]],RiskRegister[[#This Row],[Inherent Impact Level]])","v":"-- Select Impact --"},{"$f":"IF(RiskRegister[[#This Row],[Risk Status]]=\"Closed\",RiskRegister[[#This Row],[Residual Likelihood Level]],RiskRegister[[#This Row],[Inherent Likelihood Level]])","v":"-- Select Likelihood --"},{"$f":"IF(RiskRegister[[#This Row],[Risk Status]]=\"Closed\",RiskRegister[[#This Row],[Residual-I-L-Combo]],RiskRegister[[#This Row],[Inherent-I-L-Combo]])","v":"-- Select Impact ----- Select Likelihood --"},"-- Error --"]
[47,{"$nulls":5},"-- Select Risk Category --",null,"-- select department --",null,null,"-- Select Impact --",{"$f":"VLOOKUP(RiskRegister[[#This Row],[Inherent Impact Level]],'Rating factors'!$F$4:$G$9,2,FALSE)","v":"--- Error ---"},"-- Select Likelihood --",{"$f":"VLOOKUP(RiskRegister[[#This Row],[Inherent Likelihood Level]],'Rating factors'!$F$16:$G$21,2,FALSE)","v":"--- Error ---"},{"$f":"IFERROR(VLOOKUP(RiskRegister[[#This Row],[Inherent Risk Rating]],'Rating factors'!$F$30:$G$44,2,FALSE),\"-- Error --\")","v":"-- Error --"},{"$f":"IFERROR(RiskRegister[[#This Row],[Inherent Impact Rating]]*RiskRegister[[#This Row],[Inherent Likelihood Rating]],\"-- Error --\")","v":"-- Error --"},"-- Select Risk Response --",null,"-- Select Impact --",{"$f":"VLOOKUP(RiskRegister[[#This Row],[Residual Impact Level]],'Rating factors'!$F$4:$G$9,2,FALSE)","v":"--- Error ---"},"-- Select Likelihood --",{"$f":"VLOOKUP(RiskRegister[[#This Row],[Residual Likelihood Level]],'Rating factors'!$F$16:$G$21,2,FALSE)","v":"--- Error ---"},{"$f":"IFERROR(VLOOKUP(RiskRegister[[#This Row],[Residual Risk Rating]],'Rating factors'!$F$30:$G$44,2,FALSE),\"-- Error --\")","v":"-- Error --"},{"$f":"IFERROR(RiskRegister[[#This Row],[Residual Impact Rating]]*RiskRegister[[#This Row],[Residual Likelihood Rating]],\"-- Error --\")","v":"-- Error --"},"-- Select Risk Status --",{"$nulls":3},{"$f":"IF(ISBLANK(RiskRegister[[#This Row],[Risk Due Date]]), \"Missing Risk Due Date\", IF(RiskRegister[[#This Row],[Risk Due Date]] < TODAY(), \"Overdue\", \"Not Overdue\"))","v":"Missing Risk Due Date"},null,{"$f":"IF(ISBLANK(RiskRegister[[#This Row],[Risk Due Date]]), \"Missing Risk Due Date\", TEXT(RiskRegister[[#This Row],[Risk Due Date]], \"YYYY-MM\"))","v":"Missing Risk Due Date"},{"$f":"IF(RiskRegister[[#This Row],[Created Date]]=\"\",\"Created Date missing\",(TEXT(RiskRegister[[#This Row],[Created Date]],\"mmm\") & \"-\" & YEAR(RiskRegister[[#This Row],[Created Date]])))","v":"Created Date missing"},{"$f":"IF(RiskRegister[[#This Row],[Risk Status]]=\"Closed\",RiskRegister[[#This Row],[Risk Close Date]],RiskRegister[[#This Row],[Risk Due Date]])","v":"00:00:00"},{"$f":"IF(RiskRegister[[#This Row],[Risk-Change-Date]]=0,DATE(2030,1,1),RiskRegister[[#This Row],[Risk-Change-Date]])","v":"2030-01-01"},{"$f":"RiskRegister[[#This Row],[Inherent Impact Level]]&\"-\"&RiskRegister[[#This Row],[Inherent Likelihood Level]]","v":"-- Select Impact ----- Select Likelihood --"},{"$f":"RiskRegister[[#This Row],[Residual Impact Level]]&\"-\"&RiskRegister[[#This Row],[Residual Likelihood Level]]","v":"-- Select Impact ----- Select Likelihood --"},"Error",{"$f":"IF(RiskRegister[[#This Row],[Risk Status]]=\"Closed\",RiskRegister[[#This Row],[Residual Impact Level]],RiskRegister[[#This Row],[Inherent Impact Level]])","v":"-- Select Impact --"},{"$f":"IF(RiskRegister[[#This Row],[Risk Status]]=\"Closed\",RiskRegister[[#This Row],[Residual Likelihood Level]],RiskRegister[[#This Row],[Inherent Likelihood Level]])","v":"-- Select Likelihood --"},{"$f":"IF(RiskRegister[[#This Row],[Risk Status]]=\"Closed\",RiskRegister[[#This Row],[Residual-I-L-Combo]],RiskRegister[[#This Row],[Inherent-I-L-Combo]])","v":"-- Select Impact ----- Select Likelihood --"},"-- Error --"]
[48,{"$nulls":5},"-- Select Risk Category --",null,"-- select department --",null,null,"-- Select Impact --",{"$f":"VLOOKUP(RiskRegister[[#This Row],[Inherent Impact Level]],'Rating factors'!$F$4:$G$9,2,FALSE)","v":"--- Error ---"},"-- Select Likelihood --",{"$f":"VLOOKUP(RiskRegister[[#This Row],[Inherent Likelihood Level]],'Rating factors'!$F$16:$G$21,2,FALSE)","v":"--- Error ---"},{"$f":"IFERROR(VLOOKUP(RiskRegister[[#This Row],[Inherent Risk Rating]],'Rating factors'!$F$30:$G$44,2,FALSE),\"-- Error --\")","v":"-- Error --"},{"$f":"IFERROR(RiskRegister[[#This Row],[Inherent Impact Rating]]*RiskRegister[[#This Row],[Inherent Likelihood Rating]],\"-- Error --\")","v":"-- Error --"},"-- Select Risk Response --",null,"-- Select Impact --",{"$f":"VLOOKUP(RiskRegister[[#This Row],[Residual Impact Level]],'Rating factors'!$F$4:$G$9,2,FALSE)","v":"--- Error ---"},"-- Select Likelihood --",{"$f":"VLOOKUP(RiskRegister[[#This Row],[Residual Likelihood Level]],'Rating factors'!$F$16:$G$21,2,FALSE)","v":"--- Error ---"},{"$f":"IFERROR(VLOOKUP(RiskRegister[[#This Row],[Residual Risk Rating]],'Rating factors'!$F$30:$G$44,2,FALSE),\"-- Error --\")","v":"-- Error --"},{"$f":"IFERROR(RiskRegister[[#This Row],[Residual Impact Rating]]*RiskRegister[[#This Row],[Residual Likelihood Rating]],\"-- Error --\")","v":"-- Error --"},"-- Select Risk Status --",{"$nulls":3},{"$f":"IF(ISBLANK(RiskRegister[[#This Row],[Risk Due Date]]), \"Missing Risk Due Date\", IF(RiskRegister[[#This Row],[Risk Due Date]] < TODAY(), \"Overdue\", \"Not Overdue\"))","v":"Missing Risk Due Date"},null,{"$f":"IF(ISBLANK(RiskRegister[[#This Row],[Risk Due Date]]), \"Missing Risk Due Date\", TEXT(RiskRegister[[#This Row],[Risk Due Date]], \"YYYY-MM\"))","v":"Missing Risk Due Date"},{"$f":"IF(RiskRegister[[#This Row],[Created Date]]=\"\",\"Created Date missing\",(TEXT(RiskRegister[[#This Row],[Created Date]],\"mmm\") & \"-\" & YEAR(RiskRegister[[#This Row],[Created Date]])))","v":"Created Date missing"},{"$f":"IF(RiskRegister[[#This Row],[Risk Status]]=\"Closed\",RiskRegister[[#This Row],[Risk Close Date]],RiskRegister[[#This Row],[Risk Due Date]])","v":"00:00:00"},{"$f":"IF(RiskRegister[[#This Row],[Risk-Change-Date]]=0,DATE(2030,1,1),RiskRegister[[#This Row],[Risk-Change-Date]])","v":"2030-01-01"},{"$f":"RiskRegister[[#This Row],[Inherent Impact Level]]&\"-\"&RiskRegister[[#This Row],[Inherent Likelihood Level]]","v":"-- Select Impact ----- Select Likelihood --"},{"$f":"RiskRegister[[#This Row],[Residual Impact Level]]&\"-\"&RiskRegister[[#This Row],[Residual Likelihood Level]]","v":"-- Select Impact ----- Select Likelihood --"},"Error",{"$f":"IF(RiskRegister[[#This Row],[Risk Status]]=\"Closed\",RiskRegister[[#This Row],[Residual Impact Level]],RiskRegister[[#This Row],[Inherent Impact Level]])","v":"-- Select Impact --"},{"$f":"IF(RiskRegister[[#This Row],[Risk Status]]=\"Closed\",RiskRegister[[#This Row],[Residual Likelihood Level]],RiskRegister[[#This Row],[Inherent Likelihood Level]])","v":"-- Select Likelihood --"},{"$f":"IF(RiskRegister[[#This Row],[Risk Status]]=\"Closed\",RiskRegister[[#This Row],[Residual-I-L-Combo]],RiskRegister[[#This Row],[Inherent-I-L-Combo]])","v":"-- Select Impact ----- Select Likelihood --"},"-- Error --"]
[49,{"$nulls":5},"-- Select Risk Category --",null,"-- select department --",null,null,"-- Select Impact --",{"$f":"VLOOKUP(RiskRegister[[#This Row],[Inherent Impact Level]],'Rating factors'!$F$4:$G$9,2,FALSE)","v":"--- Error ---"},"-- Select Likelihood --",{"$f":"VLOOKUP(RiskRegister[[#This Row],[Inherent Likelihood Level]],'Rating factors'!$F$16:$G$21,2,FALSE)","v":"--- Error ---"},{"$f":"IFERROR(VLOOKUP(RiskRegister[[#This Row],[Inherent Risk Rating]],'Rating factors'!$F$30:$G$44,2,FALSE),\"-- Error --\")","v":"-- Error --"},{"$f":"IFERROR(RiskRegister[[#This Row],[Inherent Impact Rating]]*RiskRegister[[#This Row],[Inherent Likelihood Rating]],\"-- Error --\")","v":"-- Error --"},"-- Select Risk Response --",null,"-- Select Impact --",{"$f":"VLOOKUP(RiskRegister[[#This Row],[Residual Impact Level]],'Rating factors'!$F$4:$G$9,2,FALSE)","v":"--- Error ---"},"-- Select Likelihood --",{"$f":"VLOOKUP(RiskRegister[[#This Row],[Residual Likelihood Level]],'Rating factors'!$F$16:$G$21,2,FALSE)","v":"--- Error ---"},{"$f":"IFERROR(VLOOKUP(RiskRegister[[#This Row],[Residual Risk Rating]],'Rating factors'!$F$30:$G$44,2,FALSE),\"-- Error --\")","v":"-- Error --"},{"$f":"IFERROR(RiskRegister[[#This Row],[Residual Impact Rating]]*RiskRegister[[#This Row],[Residual Likelihood Rating]],\"-- Error --\")","v":"-- Error --"},"-- Select Risk Status --",{"$nulls":3},{"$f":"IF(ISBLANK(RiskRegister[[#This Row],[Risk Due Date]]), \"Missing Risk Due Date\", IF(RiskRegister[[#This Row],[Risk Due Date]] < TODAY(), \"Overdue\", \"Not Overdue\"))","v":"Missing Risk Due Date"},null,{"$f":"IF(ISBLANK(RiskRegister[[#This Row],[Risk Due Date]]), \"Missing Risk Due Date\", TEXT(RiskRegister[[#This Row],[Risk Due Date]], \"YYYY-MM\"))","v":"Missing Risk Due Date"},{"$f":"IF(RiskRegister[[#This Row],[Created Date]]=\"\",\"Created Date missing\",(TEXT(RiskRegister[[#This Row],[Created Date]],\"mmm\") & \"-\" & YEAR(RiskRegister[[#This Row],[Created Date]])))","v":"Created Date missing"},{"$f":"IF(RiskRegister[[#This Row],[Risk Status]]=\"Closed\",RiskRegister[[#This Row],[Risk Close Date]],RiskRegister[[#This Row],[Risk Due Date]])","v":"00:00:00"},{"$f":"IF(RiskRegister[[#This Row],[Risk-Change-Date]]=0,DATE(2030,1,1),RiskRegister[[#This Row],[Risk-Change-Date]])","v":"2030-01-01"},{"$f":"RiskRegister[[#This Row],[Inherent Impact Level]]&\"-\"&RiskRegister[[#This Row],[Inherent Likelihood Level]]","v":"-- Select Impact ----- Select Likelihood --"},{"$f":"RiskRegister[[#This Row],[Residual Impact Level]]&\"-\"&RiskRegister[[#This Row],[Residual Likelihood Level]]","v":"-- Select Impact ----- Select Likelihood --"},"Error",{"$f":"IF(RiskRegister[[#This Row],[Risk Status]]=\"Closed\",RiskRegister[[#This Row],[Residual Impact Level]],RiskRegister[[#This Row],[Inherent Impact Level]])","v":"-- Select Impact --"},{"$f":"IF(RiskRegister[[#This Row],[Risk Status]]=\"Closed\",RiskRegister[[#This Row],[Residual Likelihood Level]],RiskRegister[[#This Row],[Inherent Likelihood Level]])","v":"-- Select Likelihood --"},{"$f":"IF(RiskRegister[[#This Row],[Risk Status]]=\"Closed\",RiskRegister[[#This Row],[Residual-I-L-Combo]],RiskRegister[[#This Row],[Inherent-I-L-Combo]])","v":"-- Select Impact ----- Select Likelihood --"},"-- Error --"]
[50,{"$nulls":5},"-- Select Risk Category --",null,"-- select department --",null,null,"-- Select Impact --",{"$f":"VLOOKUP(RiskRegister[[#This Row],[Inherent Impact Level]],'Rating factors'!$F$4:$G$9,2,FALSE)","v":"--- Error ---"},"-- Select Likelihood --",{"$f":"VLOOKUP(RiskRegister[[#This Row],[Inherent Likelihood Level]],'Rating factors'!$F$16:$G$21,2,FALSE)","v":"--- Error ---"},{"$f":"IFERROR(VLOOKUP(RiskRegister[[#This Row],[Inherent Risk Rating]],'Rating factors'!$F$30:$G$44,2,FALSE),\"-- Error --\")","v":"-- Error --"},{"$f":"IFERROR(RiskRegister[[#This Row],[Inherent Impact Rating]]*RiskRegister[[#This Row],[Inherent Likelihood Rating]],\"-- Error --\")","v":"-- Error --"},"-- Select Risk Response --",null,"-- Select Impact --",{"$f":"VLOOKUP(RiskRegister[[#This Row],[Residual Impact Level]],'Rating factors'!$F$4:$G$9,2,FALSE)","v":"--- Error ---"},"-- Select Likelihood --",{"$f":"VLOOKUP(RiskRegister[[#This Row],[Residual Likelihood Level]],'Rating factors'!$F$16:$G$21,2,FALSE)","v":"--- Error ---"},{"$f":"IFERROR(VLOOKUP(RiskRegister[[#This Row],[Residual Risk Rating]],'Rating factors'!$F$30:$G$44,2,FALSE),\"-- Error --\")","v":"-- Error --"},{"$f":"IFERROR(RiskRegister[[#This Row],[Residual Impact Rating]]*RiskRegister[[#This Row],[Residual Likelihood Rating]],\"-- Error --\")","v":"-- Error --"},"-- Select Risk Status --",{"$nulls":3},{"$f":"IF(ISBLANK(RiskRegister[[#This Row],[Risk Due Date]]), \"Missing Risk Due Date\", IF(RiskRegister[[#This Row],[Risk Due Date]] < TODAY(), \"Overdue\", \"Not Overdue\"))","v":"Missing Risk Due Date"},null,{"$f":"IF(ISBLANK(RiskRegister[[#This Row],[Risk Due Date]]), \"Missing Risk Due Date\", TEXT(RiskRegister[[#This Row],[Risk Due Date]], \"YYYY-MM\"))","v":"Missing Risk Due Date"},{"$f":"IF(RiskRegister[[#This Row],[Created Date]]=\"\",\"Created Date missing\",(TEXT(RiskRegister[[#This Row],[Created Date]],\"mmm\") & \"-\" & YEAR(RiskRegister[[#This Row],[Created Date]])))","v":"Created Date missing"},{"$f":"IF(RiskRegister[[#This Row],[Risk Status]]=\"Closed\",RiskRegister[[#This Row],[Risk Close Date]],RiskRegister[[#This Row],[Risk Due Date]])","v":"00:00:00"},{"$f":"IF(RiskRegister[[#This Row],[Risk-Change-Date]]=0,DATE(2030,1,1),RiskRegister[[#This Row],[Risk-Change-Date]])","v":"2030-01-01"},{"$f":"RiskRegister[[#This Row],[Inherent Impact Level]]&\"-\"&RiskRegister[[#This Row],[Inherent Likelihood Level]]","v":"-- Select Impact ----- Select Likelihood --"},{"$f":"RiskRegister[[#This Row],[Residual Impact Level]]&\"-\"&RiskRegister[[#This Row],[Residual Likelihood Level]]","v":"-- Select Impact ----- Select Likelihood --"},"Error",{"$f":"IF(RiskRegister[[#This Row],[Risk Status]]=\"Closed\",RiskRegister[[#This Row],[Residual Impact Level]],RiskRegister[[#This Row],[Inherent Impact Level]])","v":"-- Select Impact --"},{"$f":"IF(RiskRegister[[#This Row],[Risk Status]]=\"Closed\",RiskRegister[[#This Row],[Residual Likelihood Level]],RiskRegister[[#This Row],[Inherent Likelihood Level]])","v":"-- Select Likelihood --"},{"$f":"IF(RiskRegister[[#This Row],[Risk Status]]=\"Closed\",RiskRegister[[#This Row],[Residual-I-L-Combo]],RiskRegister[[#This Row],[Inherent-I-L-Combo]])","v":"-- Select Impact ----- Select Likelihood --"},"-- Error --"]
[51,{"$nulls":5},"-- Select Risk Category --",null,"-- select department --",null,null,"-- Select Impact --",{"$f":"VLOOKUP(RiskRegister[[#This Row],[Inherent Impact Level]],'Rating factors'!$F$4:$G$9,2,FALSE)","v":"--- Error ---"},"-- Select Likelihood --",{"$f":"VLOOKUP(RiskRegister[[#This Row],[Inherent Likelihood Level]],'Rating factors'!$F$16:$G$21,2,FALSE)","v":"--- Error ---"},{"$f":"IFERROR(VLOOKUP(RiskRegister[[#This Row],[Inherent Risk Rating]],'Rating factors'!$F$30:$G$44,2,FALSE),\"-- Error --\")","v":"-- Error --"},{"$f":"IFERROR(RiskRegister[[#This Row],[Inherent Impact Rating]]*RiskRegister[[#This Row],[Inherent Likelihood Rating]],\"-- Error --\")","v":"-- Error --"},"-- Select Risk Response --",null,"-- Select Impact --",{"$f":"VLOOKUP(RiskRegister[[#This Row],[Residual Impact Level]],'Rating factors'!$F$4:$G$9,2,FALSE)","v":"--- Error ---"},"-- Select Likelihood --",{"$f":"VLOOKUP(RiskRegister[[#This Row],[Residual Likelihood Level]],'Rating factors'!$F$16:$G$21,2,FALSE)","v":"--- Error ---"},{"$f":"IFERROR(VLOOKUP(RiskRegister[[#This Row],[Residual Risk Rating]],'Rating factors'!$F$30:$G$44,2,FALSE),\"-- Error --\")","v":"-- Error --"},{"$f":"IFERROR(RiskRegister[[#This Row],[Residual Impact Rating]]*RiskRegister[[#This Row],[Residual Likelihood Rating]],\"-- Error --\")","v":"-- Error --"},"-- Select Risk Status --",{"$nulls":3},{"$f":"IF(ISBLANK(RiskRegister[[#This Row],[Risk Due Date]]), \"Missing Risk Due Date\", IF(RiskRegister[[#This Row],[Risk Due Date]] < TODAY(), \"Overdue\", \"Not Overdue\"))","v":"Missing Risk Due Date"},null,{"$f":"IF(ISBLANK(RiskRegister[[#This Row],[Risk Due Date]]), \"Missing Risk Due Date\", TEXT(RiskRegister[[#This Row],[Risk Due Date]], \"YYYY-MM\"))","v":"Missing Risk Due Date"},{"$f":"IF(RiskRegister[[#This Row],[Created Date]]=\"\",\"Created Date missing\",(TEXT(RiskRegister[[#This Row],[Created Date]],\"mmm\") & \"-\" & YEAR(RiskRegister[[#This Row],[Created Date]])))","v":"Created Date missing"},{"$f":"IF(RiskRegister[[#This Row],[Risk Status]]=\"Closed\",RiskRegister[[#This Row],[Risk Close Date]],RiskRegister[[#This Row],[Risk Due Date]])","v":"00:00:00"},{"$f":"IF(RiskRegister[[#This Row],[Risk-Change-Date]]=0,DATE(2030,1,1),RiskRegister[[#This Row],[Risk-Change-Date]])","v":"2030-01-01"},{"$f":"RiskRegister[[#This Row],[Inherent Impact Level]]&\"-\"&RiskRegister[[#This Row],[Inherent Likelihood Level]]","v":"-- Select Impact ----- Select Likelihood --"},{"$f":"RiskRegister[[#This Row],[Residual Impact Level]]&\"-\"&RiskRegister[[#This Row],[Residual Likelihood Level]]","v":"-- Select Impact ----- Select Likelihood --"},"Error",{"$f":"IF(RiskRegister[[#This Row],[Risk Status]]=\"Closed\",RiskRegister[[#This Row],[Residual Impact Level]],RiskRegister[[#This Row],[Inherent Impact Level]])","v":"-- Select Impact --"},{"$f":"IF(RiskRegister[[#This Row],[Risk Status]]=\"Closed\",RiskRegister[[#This Row],[Residual Likelihood Level]],RiskRegister[[#This Row],[Inherent Likelihood Level]])","v":"-- Select Likelihood --"},{"$f":"IF(RiskRegister[[#This Row],[Risk Status]]=\"Closed\",RiskRegister[[#This Row],[Residual-I-L-Combo]],RiskRegister[[#This Row],[Inherent-I-L-Combo]])","v":"-- Select Impact ----- Select Likelihood --"},"-- Error --"]
[52,{"$nulls":5},"-- Select Risk Category --",null,"-- select department --",null,null,"-- Select Impact --",{"$f":"VLOOKUP(RiskRegister[[#This Row],[Inherent Impact Level]],'Rating factors'!$F$4:$G$9,2,FALSE)","v":"--- Error ---"},"-- Select Likelihood --",{"$f":"VLOOKUP(RiskRegister[[#This Row],[Inherent Likelihood Level]],'Rating factors'!$F$16:$G$21,2,FALSE)","v":"--- Error ---"},{"$f":"IFERROR(VLOOKUP(RiskRegister[[#This Row],[Inherent Risk Rating]],'Rating factors'!$F$30:$G$44,2,FALSE),\"-- Error --\")","v":"-- Error --"},{"$f":"IFERROR(RiskRegister[[#This Row],[Inherent Impact Rating]]*RiskRegister[[#This Row],[Inherent Likelihood Rating]],\"-- Error --\")","v":"-- Error --"},"-- Select Risk Response --",null,"-- Select Impact --",{"$f":"VLOOKUP(RiskRegister[[#This Row],[Residual Impact Level]],'Rating factors'!$F$4:$G$9,2,FALSE)","v":"--- Error ---"},"-- Select Likelihood --",{"$f":"VLOOKUP(RiskRegister[[#This Row],[Residual Likelihood Level]],'Rating factors'!$F$16:$G$21,2,FALSE)","v":"--- Error ---"},{"$f":"IFERROR(VLOOKUP(RiskRegister[[#This Row],[Residual Risk Rating]],'Rating factors'!$F$30:$G$44,2,FALSE),\"-- Error --\")","v":"-- Error --"},{"$f":"IFERROR(RiskRegister[[#This Row],[Residual Impact Rating]]*RiskRegister[[#This Row],[Residual Likelihood Rating]],\"-- Error --\")","v":"-- Error --"},"-- Select Risk Status --",{"$nulls":3},{"$f":"IF(ISBLANK(RiskRegister[[#This Row],[Risk Due Date]]), \"Missing Risk Due Date\", IF(RiskRegister[[#This Row],[Risk Due Date]] < TODAY(), \"Overdue\", \"Not Overdue\"))","v":"Missing Risk Due Date"},null,{"$f":"IF(ISBLANK(RiskRegister[[#This Row],[Risk Due Date]]), \"Missing Risk Due Date\", TEXT(RiskRegister[[#This Row],[Risk Due Date]], \"YYYY-MM\"))","v":"Missing Risk Due Date"},{"$f":"IF(RiskRegister[[#This Row],[Created Date]]=\"\",\"Created Date missing\",(TEXT(RiskRegister[[#This Row],[Created Date]],\"mmm\") & \"-\" & YEAR(RiskRegister[[#This Row],[Created Date]])))","v":"Created Date missing"},{"$f":"IF(RiskRegister[[#This Row],[Risk Status]]=\"Closed\",RiskRegister[[#This Row],[Risk Close Date]],RiskRegister[[#This Row],[Risk Due Date]])","v":"00:00:00"},{"$f":"IF(RiskRegister[[#This Row],[Risk-Change-Date]]=0,DATE(2030,1,1),RiskRegister[[#This Row],[Risk-Change-Date]])","v":"2030-01-01"},{"$f":"RiskRegister[[#This Row],[Inherent Impact Level]]&\"-\"&RiskRegister[[#This Row],[Inherent Likelihood Level]]","v":"-- Select Impact ----- Select Likelihood --"},{"$f":"RiskRegister[[#This Row],[Residual Impact Level]]&\"-\"&RiskRegister[[#This Row],[Residual Likelihood Level]]","v":"-- Select Impact ----- Select Likelihood --"},"Error",{"$f":"IF(RiskRegister[[#This Row],[Risk Status]]=\"Closed\",RiskRegister[[#This Row],[Residual Impact Level]],RiskRegister[[#This Row],[Inherent Impact Level]])","v":"-- Select Impact --"},{"$f":"IF(RiskRegister[[#This Row],[Risk Status]]=\"Closed\",RiskRegister[[#This Row],[Residual Likelihood Level]],RiskRegister[[#This Row],[Inherent Likelihood Level]])","v":"-- Select Likelihood --"},{"$f":"IF(RiskRegister[[#This Row],[Risk Status]]=\"Closed\",RiskRegister[[#This Row],[Residual-I-L-Combo]],RiskRegister[[#This Row],[Inherent-I-L-Combo]])","v":"-- Select Impact ----- Select Likelihood --"},"-- Error --"]
[53,{"$nulls":5},"-- Select Risk Category --",null,"-- select department --",null,null,"-- Select Impact --",{"$f":"VLOOKUP(RiskRegister[[#This Row],[Inherent Impact Level]],'Rating factors'!$F$4:$G$9,2,FALSE)","v":"--- Error ---"},"-- Select Likelihood --",{"$f":"VLOOKUP(RiskRegister[[#This Row],[Inherent Likelihood Level]],'Rating factors'!$F$16:$G$21,2,FALSE)","v":"--- Error ---"},{"$f":"IFERROR(VLOOKUP(RiskRegister[[#This Row],[Inherent Risk Rating]],'Rating factors'!$F$30:$G$44,2,FALSE),\"-- Error --\")","v":"-- Error --"},{"$f":"IFERROR(RiskRegister[[#This Row],[Inherent Impact Rating]]*RiskRegister[[#This Row],[Inherent Likelihood Rating]],\"-- Error --\")","v":"-- Error --"},"-- Select Risk Response --",null,"-- Select Impact --",{"$f":"VLOOKUP(RiskRegister[[#This Row],[Residual Impact Level]],'Rating factors'!$F$4:$G$9,2,FALSE)","v":"--- Error ---"},"-- Select Likelihood --",{"$f":"VLOOKUP(RiskRegister[[#This Row],[Residual Likelihood Level]],'Rating factors'!$F$16:$G$21,2,FALSE)","v":"--- Error ---"},{"$f":"IFERROR(VLOOKUP(RiskRegister[[#This Row],[Residual Risk Rating]],'Rating factors'!$F$30:$G$44,2,FALSE),\"-- Error --\")","v":"-- Error --"},{"$f":"IFERROR(RiskRegister[[#This Row],[Residual Impact Rating]]*RiskRegister[[#This Row],[Residual Likelihood Rating]],\"-- Error --\")","v":"-- Error --"},"-- Select Risk Status --",{"$nulls":3},{"$f":"IF(ISBLANK(RiskRegister[[#This Row],[Risk Due Date]]), \"Missing Risk Due Date\", IF(RiskRegister[[#This Row],[Risk Due Date]] < TODAY(), \"Overdue\", \"Not Overdue\"))","v":"Missing Risk Due Date"},null,{"$f":"IF(ISBLANK(RiskRegister[[#This Row],[Risk Due Date]]), \"Missing Risk Due Date\", TEXT(RiskRegister[[#This Row],[Risk Due Date]], \"YYYY-MM\"))","v":"Missing Risk Due Date"},{"$f":"IF(RiskRegister[[#This Row],[Created Date]]=\"\",\"Created Date missing\",(TEXT(RiskRegister[[#This Row],[Created Date]],\"mmm\") & \"-\" & YEAR(RiskRegister[[#This Row],[Created Date]])))","v":"Created Date missing"},{"$f":"IF(RiskRegister[[#This Row],[Risk Status]]=\"Closed\",RiskRegister[[#This Row],[Risk Close Date]],RiskRegister[[#This Row],[Risk Due Date]])","v":"00:00:00"},{"$f":"IF(RiskRegister[[#This Row],[Risk-Change-Date]]=0,DATE(2030,1,1),RiskRegister[[#This Row],[Risk-Change-Date]])","v":"2030-01-01"},{"$f":"RiskRegister[[#This Row],[Inherent Impact Level]]&\"-\"&RiskRegister[[#This Row],[Inherent Likelihood Level]]","v":"-- Select Impact ----- Select Likelihood --"},{"$f":"RiskRegister[[#This Row],[Residual Impact Level]]&\"-\"&RiskRegister[[#This Row],[Residual Likelihood Level]]","v":"-- Select Impact ----- Select Likelihood --"},"Error",{"$f":"IF(RiskRegister[[#This Row],[Risk Status]]=\"Closed\",RiskRegister[[#This Row],[Residual Impact Level]],RiskRegister[[#This Row],[Inherent Impact Level]])","v":"-- Select Impact --"},{"$f":"IF(RiskRegister[[#This Row],[Risk Status]]=\"Closed\",RiskRegister[[#This Row],[Residual Likelihood Level]],RiskRegister[[#This Row],[Inherent Likelihood Level]])","v":"-- Select Likelihood --"},{"$f":"IF(RiskRegister[[#This Row],[Risk Status]]=\"Closed\",RiskRegister[[#This Row],[Residual-I-L-Combo]],RiskRegister[[#This Row],[Inherent-I-L-Combo]])","v":"-- Select Impact ----- Select Likelihood --"},"-- Error --"]
[54,{"$nulls":5},"-- Select Risk Category --",null,"-- select department --",null,null,"-- Select Impact --",{"$f":"VLOOKUP(RiskRegister[[#This Row],[Inherent Impact Level]],'Rating factors'!$F$4:$G$9,2,FALSE)","v":"--- Error ---"},"-- Select Likelihood --",{"$f":"VLOOKUP(RiskRegister[[#This Row],[Inherent Likelihood Level]],'Rating factors'!$F$16:$G$21,2,FALSE)","v":"--- Error ---"},{"$f":"IFERROR(VLOOKUP(RiskRegister[[#This Row],[Inherent Risk Rating]],'Rating factors'!$F$30:$G$44,2,FALSE),\"-- Error --\")","v":"-- Error --"},{"$f":"IFERROR(RiskRegister[[#This Row],[Inherent Impact Rating]]*RiskRegister[[#This Row],[Inherent Likelihood Rating]],\"-- Error --\")","v":"-- Error --"},"-- Select Risk Response --",null,"-- Select Impact --",{"$f":"VLOOKUP(RiskRegister[[#This Row],[Residual Impact Level]],'Rating factors'!$F$4:$G$9,2,FALSE)","v":"--- Error ---"},"-- Select Likelihood --",{"$f":"VLOOKUP(RiskRegister[[#This Row],[Residual Likelihood Level]],'Rating factors'!$F$16:$G$21,2,FALSE)","v":"--- Error ---"},{"$f":"IFERROR(VLOOKUP(RiskRegister[[#This Row],[Residual Risk Rating]],'Rating factors'!$F$30:$G$44,2,FALSE),\"-- Error --\")","v":"-- Error --"},{"$f":"IFERROR(RiskRegister[[#This Row],[Residual Impact Rating]]*RiskRegister[[#This Row],[Residual Likelihood Rating]],\"-- Error --\")","v":"-- Error --"},"-- Select Risk Status --",{"$nulls":3},{"$f":"IF(ISBLANK(RiskRegister[[#This Row],[Risk Due Date]]), \"Missing Risk Due Date\", IF(RiskRegister[[#This Row],[Risk Due Date]] < TODAY(), \"Overdue\", \"Not Overdue\"))","v":"Missing Risk Due Date"},null,{"$f":"IF(ISBLANK(RiskRegister[[#This Row],[Risk Due Date]]), \"Missing Risk Due Date\", TEXT(RiskRegister[[#This Row],[Risk Due Date]], \"YYYY-MM\"))","v":"Missing Risk Due Date"},{"$f":"IF(RiskRegister[[#This Row],[Created Date]]=\"\",\"Created Date missing\",(TEXT(RiskRegister[[#This Row],[Created Date]],\"mmm\") & \"-\" & YEAR(RiskRegister[[#This Row],[Created Date]])))","v":"Created Date missing"},{"$f":"IF(RiskRegister[[#This Row],[Risk Status]]=\"Closed\",RiskRegister[[#This Row],[Risk Close Date]],RiskRegister[[#This Row],[Risk Due Date]])","v":"00:00:00"},{"$f":"IF(RiskRegister[[#This Row],[Risk-Change-Date]]=0,DATE(2030,1,1),RiskRegister[[#This Row],[Risk-Change-Date]])","v":"2030-01-01"},{"$f":"RiskRegister[[#This Row],[Inherent Impact Level]]&\"-\"&RiskRegister[[#This Row],[Inherent Likelihood Level]]","v":"-- Select Impact ----- Select Likelihood --"},{"$f":"RiskRegister[[#This Row],[Residual Impact Level]]&\"-\"&RiskRegister[[#This Row],[Residual Likelihood Level]]","v":"-- Select Impact ----- Select Likelihood --"},"Error",{"$f":"IF(RiskRegister[[#This Row],[Risk Status]]=\"Closed\",RiskRegister[[#This Row],[Residual Impact Level]],RiskRegister[[#This Row],[Inherent Impact Level]])","v":"-- Select Impact --"},{"$f":"IF(RiskRegister[[#This Row],[Risk Status]]=\"Closed\",RiskRegister[[#This Row],[Residual Likelihood Level]],RiskRegister[[#This Row],[Inherent Likelihood Level]])","v":"-- Select Likelihood --"},{"$f":"IF(RiskRegister[[#This Row],[Risk Status]]=\"Closed\",RiskRegister[[#This Row],[Residual-I-L-Combo]],RiskRegister[[#This Row],[Inherent-I-L-Combo]])","v":"-- Select Impact ----- Select Likelihood --"},"-- Error --"]
[55,{"$nulls":5},"-- Select Risk Category --",null,"-- select department --",null,null,"-- Select Impact --",{"$f":"VLOOKUP(RiskRegister[[#This Row],[Inherent Impact Level]],'Rating factors'!$F$4:$G$9,2,FALSE)","v":"--- Error ---"},"-- Select Likelihood --",{"$f":"VLOOKUP(RiskRegister[[#This Row],[Inherent Likelihood Level]],'Rating factors'!$F$16:$G$21,2,FALSE)","v":"--- Error ---"},{"$f":"IFERROR(VLOOKUP(RiskRegister[[#This Row],[Inherent Risk Rating]],'Rating factors'!$F$30:$G$44,2,FALSE),\"-- Error --\")","v":"-- Error --"},{"$f":"IFERROR(RiskRegister[[#This Row],[Inherent Impact Rating]]*RiskRegister[[#This Row],[Inherent Likelihood Rating]],\"-- Error --\")","v":"-- Error --"},"-- Select Risk Response --",null,"-- Select Impact --",{"$f":"VLOOKUP(RiskRegister[[#This Row],[Residual Impact Level]],'Rating factors'!$F$4:$G$9,2,FALSE)","v":"--- Error ---"},"-- Select Likelihood --",{"$f":"VLOOKUP(RiskRegister[[#This Row],[Residual Likelihood Level]],'Rating factors'!$F$16:$G$21,2,FALSE)","v":"--- Error ---"},{"$f":"IFERROR(VLOOKUP(RiskRegister[[#This Row],[Residual Risk Rating]],'Rating factors'!$F$30:$G$44,2,FALSE),\"-- Error --\")","v":"-- Error --"},{"$f":"IFERROR(RiskRegister[[#This Row],[Residual Impact Rating]]*RiskRegister[[#This Row],[Residual Likelihood Rating]],\"-- Error --\")","v":"-- Error --"},"-- Select Risk Status --",{"$nulls":3},{"$f":"IF(ISBLANK(RiskRegister[[#This Row],[Risk Due Date]]), \"Missing Risk Due Date\", IF(RiskRegister[[#This Row],[Risk Due Date]] < TODAY(), \"Overdue\", \"Not Overdue\"))","v":"Missing Risk Due Date"},null,{"$f":"IF(ISBLANK(RiskRegister[[#This Row],[Risk Due Date]]), \"Missing Risk Due Date\", TEXT(RiskRegister[[#This Row],[Risk Due Date]], \"YYYY-MM\"))","v":"Missing Risk Due Date"},{"$f":"IF(RiskRegister[[#This Row],[Created Date]]=\"\",\"Created Date missing\",(TEXT(RiskRegister[[#This Row],[Created Date]],\"mmm\") & \"-\" & YEAR(RiskRegister[[#This Row],[Created Date]])))","v":"Created Date missing"},{"$f":"IF(RiskRegister[[#This Row],[Risk Status]]=\"Closed\",RiskRegister[[#This Row],[Risk Close Date]],RiskRegister[[#This Row],[Risk Due Date]])","v":"00:00:00"},{"$f":"IF(RiskRegister[[#This Row],[Risk-Change-Date]]=0,DATE(2030,1,1),RiskRegister[[#This Row],[Risk-Change-Date]])","v":"2030-01-01"},{"$f":"RiskRegister[[#This Row],[Inherent Impact Level]]&\"-\"&RiskRegister[[#This Row],[Inherent Likelihood Level]]","v":"-- Select Impact ----- Select Likelihood --"},{"$f":"RiskRegister[[#This Row],[Residual Impact Level]]&\"-\"&RiskRegister[[#This Row],[Residual Likelihood Level]]","v":"-- Select Impact ----- Select Likelihood --"},"Error",{"$f":"IF(RiskRegister[[#This Row],[Risk Status]]=\"Closed\",RiskRegister[[#This Row],[Residual Impact Level]],RiskRegister[[#This Row],[Inherent Impact Level]])","v":"-- Select Impact --"},{"$f":"IF(RiskRegister[[#This Row],[Risk Status]]=\"Closed\",RiskRegister[[#This Row],[Residual Likelihood Level]],RiskRegister[[#This Row],[Inherent Likelihood Level]])","v":"-- Select Likelihood --"},{"$f":"IF(RiskRegister[[#This Row],[Risk Status]]=\"Closed\",RiskRegister[[#This Row],[Residual-I-L-Combo]],RiskRegister[[#This Row],[Inherent-I-L-Combo]])","v":"-- Select Impact ----- Select Likelihood --"},"-- Error --"]
[56,{"$nulls":5},"-- Select Risk Category --",null,"-- select department --",null,null,"-- Select Impact --",{"$f":"VLOOKUP(RiskRegister[[#This Row],[Inherent Impact Level]],'Rating factors'!$F$4:$G$9,2,FALSE)","v":"--- Error ---"},"-- Select Likelihood --",{"$f":"VLOOKUP(RiskRegister[[#This Row],[Inherent Likelihood Level]],'Rating factors'!$F$16:$G$21,2,FALSE)","v":"--- Error ---"},{"$f":"IFERROR(VLOOKUP(RiskRegister[[#This Row],[Inherent Risk Rating]],'Rating factors'!$F$30:$G$44,2,FALSE),\"-- Error --\")","v":"-- Error --"},{"$f":"IFERROR(RiskRegister[[#This Row],[Inherent Impact Rating]]*RiskRegister[[#This Row],[Inherent Likelihood Rating]],\"-- Error --\")","v":"-- Error --"},"-- Select Risk Response --",null,"-- Select Impact --",{"$f":"VLOOKUP(RiskRegister[[#This Row],[Residual Impact Level]],'Rating factors'!$F$4:$G$9,2,FALSE)","v":"--- Error ---"},"-- Select Likelihood --",{"$f":"VLOOKUP(RiskRegister[[#This Row],[Residual Likelihood Level]],'Rating factors'!$F$16:$G$21,2,FALSE)","v":"--- Error ---"},{"$f":"IFERROR(VLOOKUP(RiskRegister[[#This Row],[Residual Risk Rating]],'Rating factors'!$F$30:$G$44,2,FALSE),\"-- Error --\")","v":"-- Error --"},{"$f":"IFERROR(RiskRegister[[#This Row],[Residual Impact Rating]]*RiskRegister[[#This Row],[Residual Likelihood Rating]],\"-- Error --\")","v":"-- Error --"},"-- Select Risk Status --",{"$nulls":3},{"$f":"IF(ISBLANK(RiskRegister[[#This Row],[Risk Due Date]]), \"Missing Risk Due Date\", IF(RiskRegister[[#This Row],[Risk Due Date]] < TODAY(), \"Overdue\", \"Not Overdue\"))","v":"Missing Risk Due Date"},null,{"$f":"IF(ISBLANK(RiskRegister[[#This Row],[Risk Due Date]]), \"Missing Risk Due Date\", TEXT(RiskRegister[[#This Row],[Risk Due Date]], \"YYYY-MM\"))","v":"Missing Risk Due Date"},{"$f":"IF(RiskRegister[[#This Row],[Created Date]]=\"\",\"Created Date missing\",(TEXT(RiskRegister[[#This Row],[Created Date]],\"mmm\") & \"-\" & YEAR(RiskRegister[[#This Row],[Created Date]])))","v":"Created Date missing"},{"$f":"IF(RiskRegister[[#This Row],[Risk Status]]=\"Closed\",RiskRegister[[#This Row],[Risk Close Date]],RiskRegister[[#This Row],[Risk Due Date]])","v":"00:00:00"},{"$f":"IF(RiskRegister[[#This Row],[Risk-Change-Date]]=0,DATE(2030,1,1),RiskRegister[[#This Row],[Risk-Change-Date]])","v":"2030-01-01"},{"$f":"RiskRegister[[#This Row],[Inherent Impact Level]]&\"-\"&RiskRegister[[#This Row],[Inherent Likelihood Level]]","v":"-- Select Impact ----- Select Likelihood --"},{"$f":"RiskRegister[[#This Row],[Residual Impact Level]]&\"-\"&RiskRegister[[#This Row],[Residual Likelihood Level]]","v":"-- Select Impact ----- Select Likelihood --"},"Error",{"$f":"IF(RiskRegister[[#This Row],[Risk Status]]=\"Closed\",RiskRegister[[#This Row],[Residual Impact Level]],RiskRegister[[#This Row],[Inherent Impact Level]])","v":"-- Select Impact --"},{"$f":"IF(RiskRegister[[#This Row],[Risk Status]]=\"Closed\",RiskRegister[[#This Row],[Residual Likelihood Level]],RiskRegister[[#This Row],[Inherent Likelihood Level]])","v":"-- Select Likelihood --"},{"$f":"IF(RiskRegister[[#This Row],[Risk Status]]=\"Closed\",RiskRegister[[#This Row],[Residual-I-L-Combo]],RiskRegister[[#This Row],[Inherent-I-L-Combo]])","v":"-- Select Impact ----- Select Likelihood --"},"-- Error --"]
[57,{"$nulls":5},"-- Select Risk Category --",null,"-- select department --",null,null,"-- Select Impact --",{"$f":"VLOOKUP(RiskRegister[[#This Row],[Inherent Impact Level]],'Rating factors'!$F$4:$G$9,2,FALSE)","v":"--- Error ---"},"-- Select Likelihood --",{"$f":"VLOOKUP(RiskRegister[[#This Row],[Inherent Likelihood Level]],'Rating factors'!$F$16:$G$21,2,FALSE)","v":"--- Error ---"},{"$f":"IFERROR(VLOOKUP(RiskRegister[[#This Row],[Inherent Risk Rating]],'Rating factors'!$F$30:$G$44,2,FALSE),\"-- Error --\")","v":"-- Error --"},{"$f":"IFERROR(RiskRegister[[#This Row],[Inherent Impact Rating]]*RiskRegister[[#This Row],[Inherent Likelihood Rating]],\"-- Error --\")","v":"-- Error --"},"-- Select Risk Response --",null,"-- Select Impact --",{"$f":"VLOOKUP(RiskRegister[[#This Row],[Residual Impact Level]],'Rating factors'!$F$4:$G$9,2,FALSE)","v":"--- Error ---"},"-- Select Likelihood --",{"$f":"VLOOKUP(RiskRegister[[#This Row],[Residual Likelihood Level]],'Rating factors'!$F$16:$G$21,2,FALSE)","v":"--- Error ---"},{"$f":"IFERROR(VLOOKUP(RiskRegister[[#This Row],[Residual Risk Rating]],'Rating factors'!$F$30:$G$44,2,FALSE),\"-- Error --\")","v":"-- Error --"},{"$f":"IFERROR(RiskRegister[[#This Row],[Residual Impact Rating]]*RiskRegister[[#This Row],[Residual Likelihood Rating]],\"-- Error --\")","v":"-- Error --"},"-- Select Risk Status --",{"$nulls":3},{"$f":"IF(ISBLANK(RiskRegister[[#This Row],[Risk Due Date]]), \"Missing Risk Due Date\", IF(RiskRegister[[#This Row],[Risk Due Date]] < TODAY(), \"Overdue\", \"Not Overdue\"))","v":"Missing Risk Due Date"},null,{"$f":"IF(ISBLANK(RiskRegister[[#This Row],[Risk Due Date]]), \"Missing Risk Due Date\", TEXT(RiskRegister[[#This Row],[Risk Due Date]], \"YYYY-MM\"))","v":"Missing Risk Due Date"},{"$f":"IF(RiskRegister[[#This Row],[Created Date]]=\"\",\"Created Date missing\",(TEXT(RiskRegister[[#This Row],[Created Date]],\"mmm\") & \"-\" & YEAR(RiskRegister[[#This Row],[Created Date]])))","v":"Created Date missing"},{"$f":"IF(RiskRegister[[#This Row],[Risk Status]]=\"Closed\",RiskRegister[[#This Row],[Risk Close Date]],RiskRegister[[#This Row],[Risk Due Date]])","v":"00:00:00"},{"$f":"IF(RiskRegister[[#This Row],[Risk-Change-Date]]=0,DATE(2030,1,1),RiskRegister[[#This Row],[Risk-Change-Date]])","v":"2030-01-01"},{"$f":"RiskRegister[[#This Row],[Inherent Impact Level]]&\"-\"&RiskRegister[[#This Row],[Inherent Likelihood Level]]","v":"-- Select Impact ----- Select Likelihood --"},{"$f":"RiskRegister[[#This Row],[Residual Impact Level]]&\"-\"&RiskRegister[[#This Row],[Residual Likelihood Level]]","v":"-- Select Impact ----- Select Likelihood --"},"Error",{"$f":"IF(RiskRegister[[#This Row],[Risk Status]]=\"Closed\",RiskRegister[[#This Row],[Residual Impact Level]],RiskRegister[[#This Row],[Inherent Impact Level]])","v":"-- Select Impact --"},{"$f":"IF(RiskRegister[[#This Row],[Risk Status]]=\"Closed\",RiskRegister[[#This Row],[Residual Likelihood Level]],RiskRegister[[#This Row],[Inherent Likelihood Level]])","v":"-- Select Likelihood --"},{"$f":"IF(RiskRegister[[#This Row],[Risk Status]]=\"Closed\",RiskRegister[[#This Row],[Residual-I-L-Combo]],RiskRegister[[#This Row],[Inherent-I-L-Combo]])","v":"-- Select Impact ----- Select Likelihood --"},"-- Error --"]
[58,{"$nulls":5},"-- Select Risk Category --",null,"-- select department --",null,null,"-- Select Impact --",{"$f":"VLOOKUP(RiskRegister[[#This Row],[Inherent Impact Level]],'Rating factors'!$F$4:$G$9,2,FALSE)","v":"--- Error ---"},"-- Select Likelihood --",{"$f":"VLOOKUP(RiskRegister[[#This Row],[Inherent Likelihood Level]],'Rating factors'!$F$16:$G$21,2,FALSE)","v":"--- Error ---"},{"$f":"IFERROR(VLOOKUP(RiskRegister[[#This Row],[Inherent Risk Rating]],'Rating factors'!$F$30:$G$44,2,FALSE),\"-- Error --\")","v":"-- Error --"},{"$f":"IFERROR(RiskRegister[[#This Row],[Inherent Impact Rating]]*RiskRegister[[#This Row],[Inherent Likelihood Rating]],\"-- Error --\")","v":"-- Error --"},"-- Select Risk Response --",null,"-- Select Impact --",{"$f":"VLOOKUP(RiskRegister[[#This Row],[Residual Impact Level]],'Rating factors'!$F$4:$G$9,2,FALSE)","v":"--- Error ---"},"-- Select Likelihood --",{"$f":"VLOOKUP(RiskRegister[[#This Row],[Residual Likelihood Level]],'Rating factors'!$F$16:$G$21,2,FALSE)","v":"--- Error ---"},{"$f":"IFERROR(VLOOKUP(RiskRegister[[#This Row],[Residual Risk Rating]],'Rating factors'!$F$30:$G$44,2,FALSE),\"-- Error --\")","v":"-- Error --"},{"$f":"IFERROR(RiskRegister[[#This Row],[Residual Impact Rating]]*RiskRegister[[#This Row],[Residual Likelihood Rating]],\"-- Error --\")","v":"-- Error --"},"-- Select Risk Status --",{"$nulls":3},{"$f":"IF(ISBLANK(RiskRegister[[#This Row],[Risk Due Date]]), \"Missing Risk Due Date\", IF(RiskRegister[[#This Row],[Risk Due Date]] < TODAY(), \"Overdue\", \"Not Overdue\"))","v":"Missing Risk Due Date"},null,{"$f":"IF(ISBLANK(RiskRegister[[#This Row],[Risk Due Date]]), \"Missing Risk Due Date\", TEXT(RiskRegister[[#This Row],[Risk Due Date]], \"YYYY-MM\"))","v":"Missing Risk Due Date"},{"$f":"IF(RiskRegister[[#This Row],[Created Date]]=\"\",\"Created Date missing\",(TEXT(RiskRegister[[#This Row],[Created Date]],\"mmm\") & \"-\" & YEAR(RiskRegister[[#This Row],[Created Date]])))","v":"Created Date missing"},{"$f":"IF(RiskRegister[[#This Row],[Risk Status]]=\"Closed\",RiskRegister[[#This Row],[Risk Close Date]],RiskRegister[[#This Row],[Risk Due Date]])","v":"00:00:00"},{"$f":"IF(RiskRegister[[#This Row],[Risk-Change-Date]]=0,DATE(2030,1,1),RiskRegister[[#This Row],[Risk-Change-Date]])","v":"2030-01-01"},{"$f":"RiskRegister[[#This Row],[Inherent Impact Level]]&\"-\"&RiskRegister[[#This Row],[Inherent Likelihood Level]]","v":"-- Select Impact ----- Select Likelihood --"},{"$f":"RiskRegister[[#This Row],[Residual Impact Level]]&\"-\"&RiskRegister[[#This Row],[Residual Likelihood Level]]","v":"-- Select Impact ----- Select Likelihood --"},"Error",{"$f":"IF(RiskRegister[[#This Row],[Risk Status]]=\"Closed\",RiskRegister[[#This Row],[Residual Impact Level]],RiskRegister[[#This Row],[Inherent Impact Level]])","v":"-- Select Impact --"},{"$f":"IF(RiskRegister[[#This Row],[Risk Status]]=\"Closed\",RiskRegister[[#This Row],[Residual Likelihood Level]],RiskRegister[[#This Row],[Inherent Likelihood Level]])","v":"-- Select Likelihood --"},{"$f":"IF(RiskRegister[[#This Row],[Risk Status]]=\"Closed\",RiskRegister[[#This Row],[Residual-I-L-Combo]],RiskRegister[[#This Row],[Inherent-I-L-Combo]])","v":"-- Select Impact ----- Select Likelihood --"},"-- Error --"]
[59,{"$nulls":5},"-- Select Risk Category --",null,"-- select department --",null,null,"-- Select Impact --",{"$f":"VLOOKUP(RiskRegister[[#This Row],[Inherent Impact Level]],'Rating factors'!$F$4:$G$9,2,FALSE)","v":"--- Error ---"},"-- Select Likelihood --",{"$f":"VLOOKUP(RiskRegister[[#This Row],[Inherent Likelihood Level]],'Rating factors'!$F$16:$G$21,2,FALSE)","v":"--- Error ---"},{"$f":"IFERROR(VLOOKUP(RiskRegister[[#This Row],[Inherent Risk Rating]],'Rating factors'!$F$30:$G$44,2,FALSE),\"-- Error --\")","v":"-- Error --"},{"$f":"IFERROR(RiskRegister[[#This Row],[Inherent Impact Rating]]*RiskRegister[[#This Row],[Inherent Likelihood Rating]],\"-- Error --\")","v":"-- Error --"},"-- Select Risk Response --",null,"-- Select Impact --",{"$f":"VLOOKUP(RiskRegister[[#This Row],[Residual Impact Level]],'Rating factors'!$F$4:$G$9,2,FALSE)","v":"--- Error ---"},"-- Select Likelihood --",{"$f":"VLOOKUP(RiskRegister[[#This Row],[Residual Likelihood Level]],'Rating factors'!$F$16:$G$21,2,FALSE)","v":"--- Error ---"},{"$f":"IFERROR(VLOOKUP(RiskRegister[[#This Row],[Residual Risk Rating]],'Rating factors'!$F$30:$G$44,2,FALSE),\"-- Error --\")","v":"-- Error --"},{"$f":"IFERROR(RiskRegister[[#This Row],[Residual Impact Rating]]*RiskRegister[[#This Row],[Residual Likelihood Rating]],\"-- Error --\")","v":"-- Error --"},"-- Select Risk Status --",{"$nulls":3},{"$f":"IF(ISBLANK(RiskRegister[[#This Row],[Risk Due Date]]), \"Missing Risk Due Date\", IF(RiskRegister[[#This Row],[Risk Due Date]] < TODAY(), \"Overdue\", \"Not Overdue\"))","v":"Missing Risk Due Date"},null,{"$f":"IF(ISBLANK(RiskRegister[[#This Row],[Risk Due Date]]), \"Missing Risk Due Date\", TEXT(RiskRegister[[#This Row],[Risk Due Date]], \"YYYY-MM\"))","v":"Missing Risk Due Date"},{"$f":"IF(RiskRegister[[#This Row],[Created Date]]=\"\",\"Created Date missing\",(TEXT(RiskRegister[[#This Row],[Created Date]],\"mmm\") & \"-\" & YEAR(RiskRegister[[#This Row],[Created Date]])))","v":"Created Date missing"},{"$f":"IF(RiskRegister[[#This Row],[Risk Status]]=\"Closed\",RiskRegister[[#This Row],[Risk Close Date]],RiskRegister[[#This Row],[Risk Due Date]])","v":"00:00:00"},{"$f":"IF(RiskRegister[[#This Row],[Risk-Change-Date]]=0,DATE(2030,1,1),RiskRegister[[#This Row],[Risk-Change-Date]])","v":"2030-01-01"},{"$f":"RiskRegister[[#This Row],[Inherent Impact Level]]&\"-\"&RiskRegister[[#This Row],[Inherent Likelihood Level]]","v":"-- Select Impact ----- Select Likelihood --"},{"$f":"RiskRegister[[#This Row],[Residual Impact Level]]&\"-\"&RiskRegister[[#This Row],[Residual Likelihood Level]]","v":"-- Select Impact ----- Select Likelihood --"},"Error",{"$f":"IF(RiskRegister[[#This Row],[Risk Status]]=\"Closed\",RiskRegister[[#This Row],[Residual Impact Level]],RiskRegister[[#This Row],[Inherent Impact Level]])","v":"-- Select Impact --"},{"$f":"IF(RiskRegister[[#This Row],[Risk Status]]=\"Closed\",RiskRegister[[#This Row],[Residual Likelihood Level]],RiskRegister[[#This Row],[Inherent Likelihood Level]])","v":"-- Select Likelihood --"},{"$f":"IF(RiskRegister[[#This Row],[Risk Status]]=\"Closed\",RiskRegister[[#This Row],[Residual-I-L-Combo]],RiskRegister[[#This Row],[Inherent-I-L-Combo]])","v":"-- Select Impact ----- Select Likelihood --"},"-- Error --"]
[60,{"$nulls":5},"-- Select Risk Category --",null,"-- select department --",null,null,"-- Select Impact --",{"$f":"VLOOKUP(RiskRegister[[#This Row],[Inherent Impact Level]],'Rating factors'!$F$4:$G$9,2,FALSE)","v":"--- Error ---"},"-- Select Likelihood --",{"$f":"VLOOKUP(RiskRegister[[#This Row],[Inherent Likelihood Level]],'Rating factors'!$F$16:$G$21,2,FALSE)","v":"--- Error ---"},{"$f":"IFERROR(VLOOKUP(RiskRegister[[#This Row],[Inherent Risk Rating]],'Rating factors'!$F$30:$G$44,2,FALSE),\"-- Error --\")","v":"-- Error --"},{"$f":"IFERROR(RiskRegister[[#This Row],[Inherent Impact Rating]]*RiskRegister[[#This Row],[Inherent Likelihood Rating]],\"-- Error --\")","v":"-- Error --"},"-- Select Risk Response --",null,"-- Select Impact --",{"$f":"VLOOKUP(RiskRegister[[#This Row],[Residual Impact Level]],'Rating factors'!$F$4:$G$9,2,FALSE)","v":"--- Error ---"},"-- Select Likelihood --",{"$f":"VLOOKUP(RiskRegister[[#This Row],[Residual Likelihood Level]],'Rating factors'!$F$16:$G$21,2,FALSE)","v":"--- Error ---"},{"$f":"IFERROR(VLOOKUP(RiskRegister[[#This Row],[Residual Risk Rating]],'Rating factors'!$F$30:$G$44,2,FALSE),\"-- Error --\")","v":"-- Error --"},{"$f":"IFERROR(RiskRegister[[#This Row],[Residual Impact Rating]]*RiskRegister[[#This Row],[Residual Likelihood Rating]],\"-- Error --\")","v":"-- Error --"},"-- Select Risk Status --",{"$nulls":3},{"$f":"IF(ISBLANK(RiskRegister[[#This Row],[Risk Due Date]]), \"Missing Risk Due Date\", IF(RiskRegister[[#This Row],[Risk Due Date]] < TODAY(), \"Overdue\", \"Not Overdue\"))","v":"Missing Risk Due Date"},null,{"$f":"IF(ISBLANK(RiskRegister[[#This Row],[Risk Due Date]]), \"Missing Risk Due Date\", TEXT(RiskRegister[[#This Row],[Risk Due Date]], \"YYYY-MM\"))","v":"Missing Risk Due Date"},{"$f":"IF(RiskRegister[[#This Row],[Created Date]]=\"\",\"Created Date missing\",(TEXT(RiskRegister[[#This Row],[Created Date]],\"mmm\") & \"-\" & YEAR(RiskRegister[[#This Row],[Created Date]])))","v":"Created Date missing"},{"$f":"IF(RiskRegister[[#This Row],[Risk Status]]=\"Closed\",RiskRegister[[#This Row],[Risk Close Date]],RiskRegister[[#This Row],[Risk Due Date]])","v":"00:00:00"},{"$f":"IF(RiskRegister[[#This Row],[Risk-Change-Date]]=0,DATE(2030,1,1),RiskRegister[[#This Row],[Risk-Change-Date]])","v":"2030-01-01"},{"$f":"RiskRegister[[#This Row],[Inherent Impact Level]]&\"-\"&RiskRegister[[#This Row],[Inherent Likelihood Level]]","v":"-- Select Impact ----- Select Likelihood --"},{"$f":"RiskRegister[[#This Row],[Residual Impact Level]]&\"-\"&RiskRegister[[#This Row],[Residual Likelihood Level]]","v":"-- Select Impact ----- Select Likelihood --"},"Error",{"$f":"IF(RiskRegister[[#This Row],[Risk Status]]=\"Closed\",RiskRegister[[#This Row],[Residual Impact Level]],RiskRegister[[#This Row],[Inherent Impact Level]])","v":"-- Select Impact --"},{"$f":"IF(RiskRegister[[#This Row],[Risk Status]]=\"Closed\",RiskRegister[[#This Row],[Residual Likelihood Level]],RiskRegister[[#This Row],[Inherent Likelihood Level]])","v":"-- Select Likelihood --"},{"$f":"IF(RiskRegister[[#This Row],[Risk Status]]=\"Closed\",RiskRegister[[#This Row],[Residual-I-L-Combo]],RiskRegister[[#This Row],[Inherent-I-L-Combo]])","v":"-- Select Impact ----- Select Likelihood --"},"-- Error --"]
[61,{"$nulls":5},"-- Select Risk Category --",null,"-- select department --",null,null,"-- Select Impact --",{"$f":"VLOOKUP(RiskRegister[[#This Row],[Inherent Impact Level]],'Rating factors'!$F$4:$G$9,2,FALSE)","v":"--- Error ---"},"-- Select Likelihood --",{"$f":"VLOOKUP(RiskRegister[[#This Row],[Inherent Likelihood Level]],'Rating factors'!$F$16:$G$21,2,FALSE)","v":"--- Error ---"},{"$f":"IFERROR(VLOOKUP(RiskRegister[[#This Row],[Inherent Risk Rating]],'Rating factors'!$F$30:$G$44,2,FALSE),\"-- Error --\")","v":"-- Error --"},{"$f":"IFERROR(RiskRegister[[#This Row],[Inherent Impact Rating]]*RiskRegister[[#This Row],[Inherent Likelihood Rating]],\"-- Error --\")","v":"-- Error --"},"-- Select Risk Response --",null,"-- Select Impact --",{"$f":"VLOOKUP(RiskRegister[[#This Row],[Residual Impact Level]],'Rating factors'!$F$4:$G$9,2,FALSE)","v":"--- Error ---"},"-- Select Likelihood --",{"$f":"VLOOKUP(RiskRegister[[#This Row],[Residual Likelihood Level]],'Rating factors'!$F$16:$G$21,2,FALSE)","v":"--- Error ---"},{"$f":"IFERROR(VLOOKUP(RiskRegister[[#This Row],[Residual Risk Rating]],'Rating factors'!$F$30:$G$44,2,FALSE),\"-- Error --\")","v":"-- Error --"},{"$f":"IFERROR(RiskRegister[[#This Row],[Residual Impact Rating]]*RiskRegister[[#This Row],[Residual Likelihood Rating]],\"-- Error --\")","v":"-- Error --"},"-- Select Risk Status --",{"$nulls":3},{"$f":"IF(ISBLANK(RiskRegister[[#This Row],[Risk Due Date]]), \"Missing Risk Due Date\", IF(RiskRegister[[#This Row],[Risk Due Date]] < TODAY(), \"Overdue\", \"Not Overdue\"))","v":"Missing Risk Due Date"},null,{"$f":"IF(ISBLANK(RiskRegister[[#This Row],[Risk Due Date]]), \"Missing Risk Due Date\", TEXT(RiskRegister[[#This Row],[Risk Due Date]], \"YYYY-MM\"))","v":"Missing Risk Due Date"},{"$f":"IF(RiskRegister[[#This Row],[Created Date]]=\"\",\"Created Date missing\",(TEXT(RiskRegister[[#This Row],[Created Date]],\"mmm\") & \"-\" & YEAR(RiskRegister[[#This Row],[Created Date]])))","v":"Created Date missing"},{"$f":"IF(RiskRegister[[#This Row],[Risk Status]]=\"Closed\",RiskRegister[[#This Row],[Risk Close Date]],RiskRegister[[#This Row],[Risk Due Date]])","v":"00:00:00"},{"$f":"IF(RiskRegister[[#This Row],[Risk-Change-Date]]=0,DATE(2030,1,1),RiskRegister[[#This Row],[Risk-Change-Date]])","v":"2030-01-01"},{"$f":"RiskRegister[[#This Row],[Inherent Impact Level]]&\"-\"&RiskRegister[[#This Row],[Inherent Likelihood Level]]","v":"-- Select Impact ----- Select Likelihood --"},{"$f":"RiskRegister[[#This Row],[Residual Impact Level]]&\"-\"&RiskRegister[[#This Row],[Residual Likelihood Level]]","v":"-- Select Impact ----- Select Likelihood --"},"Error",{"$f":"IF(RiskRegister[[#This Row],[Risk Status]]=\"Closed\",RiskRegister[[#This Row],[Residual Impact Level]],RiskRegister[[#This Row],[Inherent Impact Level]])","v":"-- Select Impact --"},{"$f":"IF(RiskRegister[[#This Row],[Risk Status]]=\"Closed\",RiskRegister[[#This Row],[Residual Likelihood Level]],RiskRegister[[#This Row],[Inherent Likelihood Level]])","v":"-- Select Likelihood --"},{"$f":"IF(RiskRegister[[#This Row],[Risk Status]]=\"Closed\",RiskRegister[[#This Row],[Residual-I-L-Combo]],RiskRegister[[#This Row],[Inherent-I-L-Combo]])","v":"-- Select Impact ----- Select Likelihood --"},"-- Error --"]
[62,{"$nulls":5},"-- Select Risk Category --",null,"-- select department --",null,null,"-- Select Impact --",{"$f":"VLOOKUP(RiskRegister[[#This Row],[Inherent Impact Level]],'Rating factors'!$F$4:$G$9,2,FALSE)","v":"--- Error ---"},"-- Select Likelihood --",{"$f":"VLOOKUP(RiskRegister[[#This Row],[Inherent Likelihood Level]],'Rating factors'!$F$16:$G$21,2,FALSE)","v":"--- Error ---"},{"$f":"IFERROR(VLOOKUP(RiskRegister[[#This Row],[Inherent Risk Rating]],'Rating factors'!$F$30:$G$44,2,FALSE),\"-- Error --\")","v":"-- Error --"},{"$f":"IFERROR(RiskRegister[[#This Row],[Inherent Impact Rating]]*RiskRegister[[#This Row],[Inherent Likelihood Rating]],\"-- Error --\")","v":"-- Error --"},"-- Select Risk Response --",null,"-- Select Impact --",{"$f":"VLOOKUP(RiskRegister[[#This Row],[Residual Impact Level]],'Rating factors'!$F$4:$G$9,2,FALSE)","v":"--- Error ---"},"-- Select Likelihood --",{"$f":"VLOOKUP(RiskRegister[[#This Row],[Residual Likelihood Level]],'Rating factors'!$F$16:$G$21,2,FALSE)","v":"--- Error ---"},{"$f":"IFERROR(VLOOKUP(RiskRegister[[#This Row],[Residual Risk Rating]],'Rating factors'!$F$30:$G$44,2,FALSE),\"-- Error --\")","v":"-- Error --"},{"$f":"IFERROR(RiskRegister[[#This Row],[Residual Impact Rating]]*RiskRegister[[#This Row],[Residual Likelihood Rating]],\"-- Error --\")","v":"-- Error --"},"-- Select Risk Status --",{"$nulls":3},{"$f":"IF(ISBLANK(RiskRegister[[#This Row],[Risk Due Date]]), \"Missing Risk Due Date\", IF(RiskRegister[[#This Row],[Risk Due Date]] < TODAY(), \"Overdue\", \"Not Overdue\"))","v":"Missing Risk Due Date"},null,{"$f":"IF(ISBLANK(RiskRegister[[#This Row],[Risk Due Date]]), \"Missing Risk Due Date\", TEXT(RiskRegister[[#This Row],[Risk Due Date]], \"YYYY-MM\"))","v":"Missing Risk Due Date"},{"$f":"IF(RiskRegister[[#This Row],[Created Date]]=\"\",\"Created Date missing\",(TEXT(RiskRegister[[#This Row],[Created Date]],\"mmm\") & \"-\" & YEAR(RiskRegister[[#This Row],[Created Date]])))","v":"Created Date missing"},{"$f":"IF(RiskRegister[[#This Row],[Risk Status]]=\"Closed\",RiskRegister[[#This Row],[Risk Close Date]],RiskRegister[[#This Row],[Risk Due Date]])","v":"00:00:00"},{"$f":"IF(RiskRegister[[#This Row],[Risk-Change-Date]]=0,DATE(2030,1,1),RiskRegister[[#This Row],[Risk-Change-Date]])","v":"2030-01-01"},{"$f":"RiskRegister[[#This Row],[Inherent Impact Level]]&\"-\"&RiskRegister[[#This Row],[Inherent Likelihood Level]]","v":"-- Select Impact ----- Select Likelihood --"},{"$f":"RiskRegister[[#This Row],[Residual Impact Level]]&\"-\"&RiskRegister[[#This Row],[Residual Likelihood Level]]","v":"-- Select Impact ----- Select Likelihood --"},"Error",{"$f":"IF(RiskRegister[[#This Row],[Risk Status]]=\"Closed\",RiskRegister[[#This Row],[Residual Impact Level]],RiskRegister[[#This Row],[Inherent Impact Level]])","v":"-- Select Impact --"},{"$f":"IF(RiskRegister[[#This Row],[Risk Status]]=\"Closed\",RiskRegister[[#This Row],[Residual Likelihood Level]],RiskRegister[[#This Row],[Inherent Likelihood Level]])","v":"-- Select Likelihood --"},{"$f":"IF(RiskRegister[[#This Row],[Risk Status]]=\"Closed\",RiskRegister[[#This Row],[Residual-I-L-Combo]],RiskRegister[[#This Row],[Inherent-I-L-Combo]])","v":"-- Select Impact ----- Select Likelihood --"},"-- Error --"]
[63,{"$nulls":5},"-- Select Risk Category --",null,"-- select department --",null,null,"-- Select Impact --",{"$f":"VLOOKUP(RiskRegister[[#This Row],[Inherent Impact Level]],'Rating factors'!$F$4:$G$9,2,FALSE)","v":"--- Error ---"},"-- Select Likelihood --",{"$f":"VLOOKUP(RiskRegister[[#This Row],[Inherent Likelihood Level]],'Rating factors'!$F$16:$G$21,2,FALSE)","v":"--- Error ---"},{"$f":"IFERROR(VLOOKUP(RiskRegister[[#This Row],[Inherent Risk Rating]],'Rating factors'!$F$30:$G$44,2,FALSE),\"-- Error --\")","v":"-- Error --"},{"$f":"IFERROR(RiskRegister[[#This Row],[Inherent Impact Rating]]*RiskRegister[[#This Row],[Inherent Likelihood Rating]],\"-- Error --\")","v":"-- Error --"},"-- Select Risk Response --",null,"-- Select Impact --",{"$f":"VLOOKUP(RiskRegister[[#This Row],[Residual Impact Level]],'Rating factors'!$F$4:$G$9,2,FALSE)","v":"--- Error ---"},"-- Select Likelihood --",{"$f":"VLOOKUP(RiskRegister[[#This Row],[Residual Likelihood Level]],'Rating factors'!$F$16:$G$21,2,FALSE)","v":"--- Error ---"},{"$f":"IFERROR(VLOOKUP(RiskRegister[[#This Row],[Residual Risk Rating]],'Rating factors'!$F$30:$G$44,2,FALSE),\"-- Error --\")","v":"-- Error --"},{"$f":"IFERROR(RiskRegister[[#This Row],[Residual Impact Rating]]*RiskRegister[[#This Row],[Residual Likelihood Rating]],\"-- Error --\")","v":"-- Error --"},"-- Select Risk Status --",{"$nulls":3},{"$f":"IF(ISBLANK(RiskRegister[[#This Row],[Risk Due Date]]), \"Missing Risk Due Date\", IF(RiskRegister[[#This Row],[Risk Due Date]] < TODAY(), \"Overdue\", \"Not Overdue\"))","v":"Missing Risk Due Date"},null,{"$f":"IF(ISBLANK(RiskRegister[[#This Row],[Risk Due Date]]), \"Missing Risk Due Date\", TEXT(RiskRegister[[#This Row],[Risk Due Date]], \"YYYY-MM\"))","v":"Missing Risk Due Date"},{"$f":"IF(RiskRegister[[#This Row],[Created Date]]=\"\",\"Created Date missing\",(TEXT(RiskRegister[[#This Row],[Created Date]],\"mmm\") & \"-\" & YEAR(RiskRegister[[#This Row],[Created Date]])))","v":"Created Date missing"},{"$f":"IF(RiskRegister[[#This Row],[Risk Status]]=\"Closed\",RiskRegister[[#This Row],[Risk Close Date]],RiskRegister[[#This Row],[Risk Due Date]])","v":"00:00:00"},{"$f":"IF(RiskRegister[[#This Row],[Risk-Change-Date]]=0,DATE(2030,1,1),RiskRegister[[#This Row],[Risk-Change-Date]])","v":"2030-01-01"},{"$f":"RiskRegister[[#This Row],[Inherent Impact Level]]&\"-\"&RiskRegister[[#This Row],[Inherent Likelihood Level]]","v":"-- Select Impact ----- Select Likelihood --"},{"$f":"RiskRegister[[#This Row],[Residual Impact Level]]&\"-\"&RiskRegister[[#This Row],[Residual Likelihood Level]]","v":"-- Select Impact ----- Select Likelihood --"},"Error",{"$f":"IF(RiskRegister[[#This Row],[Risk Status]]=\"Closed\",RiskRegister[[#This Row],[Residual Impact Level]],RiskRegister[[#This Row],[Inherent Impact Level]])","v":"-- Select Impact --"},{"$f":"IF(RiskRegister[[#This Row],[Risk Status]]=\"Closed\",RiskRegister[[#This Row],[Residual Likelihood Level]],RiskRegister[[#This Row],[Inherent Likelihood Level]])","v":"-- Select Likelihood --"},{"$f":"IF(RiskRegister[[#This Row],[Risk Status]]=\"Closed\",RiskRegister[[#This Row],[Residual-I-L-Combo]],RiskRegister[[#This Row],[Inherent-I-L-Combo]])","v":"-- Select Impact ----- Select Likelihood --"},"-- Error --"]
[64,{"$nulls":5},"-- Select Risk Category --",null,"-- select department --",null,null,"-- Select Impact --",{"$f":"VLOOKUP(RiskRegister[[#This Row],[Inherent Impact Level]],'Rating factors'!$F$4:$G$9,2,FALSE)","v":"--- Error ---"},"-- Select Likelihood --",{"$f":"VLOOKUP(RiskRegister[[#This Row],[Inherent Likelihood Level]],'Rating factors'!$F$16:$G$21,2,FALSE)","v":"--- Error ---"},{"$f":"IFERROR(VLOOKUP(RiskRegister[[#This Row],[Inherent Risk Rating]],'Rating factors'!$F$30:$G$44,2,FALSE),\"-- Error --\")","v":"-- Error --"},{"$f":"IFERROR(RiskRegister[[#This Row],[Inherent Impact Rating]]*RiskRegister[[#This Row],[Inherent Likelihood Rating]],\"-- Error --\")","v":"-- Error --"},"-- Select Risk Response --",null,"-- Select Impact --",{"$f":"VLOOKUP(RiskRegister[[#This Row],[Residual Impact Level]],'Rating factors'!$F$4:$G$9,2,FALSE)","v":"--- Error ---"},"-- Select Likelihood --",{"$f":"VLOOKUP(RiskRegister[[#This Row],[Residual Likelihood Level]],'Rating factors'!$F$16:$G$21,2,FALSE)","v":"--- Error ---"},{"$f":"IFERROR(VLOOKUP(RiskRegister[[#This Row],[Residual Risk Rating]],'Rating factors'!$F$30:$G$44,2,FALSE),\"-- Error --\")","v":"-- Error --"},{"$f":"IFERROR(RiskRegister[[#This Row],[Residual Impact Rating]]*RiskRegister[[#This Row],[Residual Likelihood Rating]],\"-- Error --\")","v":"-- Error --"},"-- Select Risk Status --",{"$nulls":3},{"$f":"IF(ISBLANK(RiskRegister[[#This Row],[Risk Due Date]]), \"Missing Risk Due Date\", IF(RiskRegister[[#This Row],[Risk Due Date]] < TODAY(), \"Overdue\", \"Not Overdue\"))","v":"Missing Risk Due Date"},null,{"$f":"IF(ISBLANK(RiskRegister[[#This Row],[Risk Due Date]]), \"Missing Risk Due Date\", TEXT(RiskRegister[[#This Row],[Risk Due Date]], \"YYYY-MM\"))","v":"Missing Risk Due Date"},{"$f":"IF(RiskRegister[[#This Row],[Created Date]]=\"\",\"Created Date missing\",(TEXT(RiskRegister[[#This Row],[Created Date]],\"mmm\") & \"-\" & YEAR(RiskRegister[[#This Row],[Created Date]])))","v":"Created Date missing"},{"$f":"IF(RiskRegister[[#This Row],[Risk Status]]=\"Closed\",RiskRegister[[#This Row],[Risk Close Date]],RiskRegister[[#This Row],[Risk Due Date]])","v":"00:00:00"},{"$f":"IF(RiskRegister[[#This Row],[Risk-Change-Date]]=0,DATE(2030,1,1),RiskRegister[[#This Row],[Risk-Change-Date]])","v":"2030-01-01"},{"$f":"RiskRegister[[#This Row],[Inherent Impact Level]]&\"-\"&RiskRegister[[#This Row],[Inherent Likelihood Level]]","v":"-- Select Impact ----- Select Likelihood --"},{"$f":"RiskRegister[[#This Row],[Residual Impact Level]]&\"-\"&RiskRegister[[#This Row],[Residual Likelihood Level]]","v":"-- Select Impact ----- Select Likelihood --"},"Error",{"$f":"IF(RiskRegister[[#This Row],[Risk Status]]=\"Closed\",RiskRegister[[#This Row],[Residual Impact Level]],RiskRegister[[#This Row],[Inherent Impact Level]])","v":"-- Select Impact --"},{"$f":"IF(RiskRegister[[#This Row],[Risk Status]]=\"Closed\",RiskRegister[[#This Row],[Residual Likelihood Level]],RiskRegister[[#This Row],[Inherent Likelihood Level]])","v":"-- Select Likelihood --"},{"$f":"IF(RiskRegister[[#This Row],[Risk Status]]=\"Closed\",RiskRegister[[#This Row],[Residual-I-L-Combo]],RiskRegister[[#This Row],[Inherent-I-L-Combo]])","v":"-- Select Impact ----- Select Likelihood --"},"-- Error --"]
[65,{"$nulls":5},"-- Select Risk Category --",null,"-- select department --",null,null,"-- Select Impact --",{"$f":"VLOOKUP(RiskRegister[[#This Row],[Inherent Impact Level]],'Rating factors'!$F$4:$G$9,2,FALSE)","v":"--- Error ---"},"-- Select Likelihood --",{"$f":"VLOOKUP(RiskRegister[[#This Row],[Inherent Likelihood Level]],'Rating factors'!$F$16:$G$21,2,FALSE)","v":"--- Error ---"},{"$f":"IFERROR(VLOOKUP(RiskRegister[[#This Row],[Inherent Risk Rating]],'Rating factors'!$F$30:$G$44,2,FALSE),\"-- Error --\")","v":"-- Error --"},{"$f":"IFERROR(RiskRegister[[#This Row],[Inherent Impact Rating]]*RiskRegister[[#This Row],[Inherent Likelihood Rating]],\"-- Error --\")","v":"-- Error --"},"-- Select Risk Response --",null,"-- Select Impact --",{"$f":"VLOOKUP(RiskRegister[[#This Row],[Residual Impact Level]],'Rating factors'!$F$4:$G$9,2,FALSE)","v":"--- Error ---"},"-- Select Likelihood --",{"$f":"VLOOKUP(RiskRegister[[#This Row],[Residual Likelihood Level]],'Rating factors'!$F$16:$G$21,2,FALSE)","v":"--- Error ---"},{"$f":"IFERROR(VLOOKUP(RiskRegister[[#This Row],[Residual Risk Rating]],'Rating factors'!$F$30:$G$44,2,FALSE),\"-- Error --\")","v":"-- Error --"},{"$f":"IFERROR(RiskRegister[[#This Row],[Residual Impact Rating]]*RiskRegister[[#This Row],[Residual Likelihood Rating]],\"-- Error --\")","v":"-- Error --"},"-- Select Risk Status --",{"$nulls":3},{"$f":"IF(ISBLANK(RiskRegister[[#This Row],[Risk Due Date]]), \"Missing Risk Due Date\", IF(RiskRegister[[#This Row],[Risk Due Date]] < TODAY(), \"Overdue\", \"Not Overdue\"))","v":"Missing Risk Due Date"},null,{"$f":"IF(ISBLANK(RiskRegister[[#This Row],[Risk Due Date]]), \"Missing Risk Due Date\", TEXT(RiskRegister[[#This Row],[Risk Due Date]], \"YYYY-MM\"))","v":"Missing Risk Due Date"},{"$f":"IF(RiskRegister[[#This Row],[Created Date]]=\"\",\"Created Date missing\",(TEXT(RiskRegister[[#This Row],[Created Date]],\"mmm\") & \"-\" & YEAR(RiskRegister[[#This Row],[Created Date]])))","v":"Created Date missing"},{"$f":"IF(RiskRegister[[#This Row],[Risk Status]]=\"Closed\",RiskRegister[[#This Row],[Risk Close Date]],RiskRegister[[#This Row],[Risk Due Date]])","v":"00:00:00"},{"$f":"IF(RiskRegister[[#This Row],[Risk-Change-Date]]=0,DATE(2030,1,1),RiskRegister[[#This Row],[Risk-Change-Date]])","v":"2030-01-01"},{"$f":"RiskRegister[[#This Row],[Inherent Impact Level]]&\"-\"&RiskRegister[[#This Row],[Inherent Likelihood Level]]","v":"-- Select Impact ----- Select Likelihood --"},{"$f":"RiskRegister[[#This Row],[Residual Impact Level]]&\"-\"&RiskRegister[[#This Row],[Residual Likelihood Level]]","v":"-- Select Impact ----- Select Likelihood --"},{"$f":"IF(OR(R68=\"-- Select Risk Response --\", Z68=\"-- Select Risk Status --\"), \"Error\", IF(AND(Z68=\"Closed\", R68=\"Mitigate\"), \"Yes\", \"No\"))","v":"Error"},{"$f":"IF(RiskRegister[[#This Row],[Risk Status]]=\"Closed\",RiskRegister[[#This Row],[Residual Impact Level]],RiskRegister[[#This Row],[Inherent Impact Level]])","v":"-- Select Impact --"},{"$f":"IF(RiskRegister[[#This Row],[Risk Status]]=\"Closed\",RiskRegister[[#This Row],[Residual Likelihood Level]],RiskRegister[[#This Row],[Inherent Likelihood Level]])","v":"-- Select Likelihood --"},{"$f":"IF(RiskRegister[[#This Row],[Risk Status]]=\"Closed\",RiskRegister[[#This Row],[Residual-I-L-Combo]],RiskRegister[[#This Row],[Inherent-I-L-Combo]])","v":"-- Select Impact ----- Select Likelihood --"},{"$f":"IF(Z68=\"Closed\", X68, P68)","v":"-- Error --"}]
[66,{"$nulls":5},"-- Select Risk Category --",null,"-- select department --",null,null,"-- Select Impact --",{"$f":"VLOOKUP(RiskRegister[[#This Row],[Inherent Impact Level]],'Rating factors'!$F$4:$G$9,2,FALSE)","v":"--- Error ---"},"-- Select Likelihood --",{"$f":"VLOOKUP(RiskRegister[[#This Row],[Inherent Likelihood Level]],'Rating factors'!$F$16:$G$21,2,FALSE)","v":"--- Error ---"},{"$f":"IFERROR(VLOOKUP(RiskRegister[[#This Row],[Inherent Risk Rating]],'Rating factors'!$F$30:$G$44,2,FALSE),\"-- Error --\")","v":"-- Error --"},{"$f":"IFERROR(RiskRegister[[#This Row],[Inherent Impact Rating]]*RiskRegister[[#This Row],[Inherent Likelihood Rating]],\"-- Error --\")","v":"-- Error --"},"-- Select Risk Response --",null,"-- Select Impact --",{"$f":"VLOOKUP(RiskRegister[[#This Row],[Residual Impact Level]],'Rating factors'!$F$4:$G$9,2,FALSE)","v":"--- Error ---"},"-- Select Likelihood --",{"$f":"VLOOKUP(RiskRegister[[#This Row],[Residual Likelihood Level]],'Rating factors'!$F$16:$G$21,2,FALSE)","v":"--- Error ---"},{"$f":"IFERROR(VLOOKUP(RiskRegister[[#This Row],[Residual Risk Rating]],'Rating factors'!$F$30:$G$44,2,FALSE),\"-- Error --\")","v":"-- Error --"},{"$f":"IFERROR(RiskRegister[[#This Row],[Residual Impact Rating]]*RiskRegister[[#This Row],[Residual Likelihood Rating]],\"-- Error --\")","v":"-- Error --"},"-- Select Risk Status --",{"$nulls":3},{"$f":"IF(ISBLANK(RiskRegister[[#This Row],[Risk Due Date]]), \"Missing Risk Due Date\", IF(RiskRegister[[#This Row],[Risk Due Date]] < TODAY(), \"Overdue\", \"Not Overdue\"))","v":"Missing Risk Due Date"},null,{"$f":"IF(ISBLANK(RiskRegister[[#This Row],[Risk Due Date]]), \"Missing Risk Due Date\", TEXT(RiskRegister[[#This Row],[Risk Due Date]], \"YYYY-MM\"))","v":"Missing Risk Due Date"},{"$f":"IF(RiskRegister[[#This Row],[Created Date]]=\"\",\"Created Date missing\",(TEXT(RiskRegister[[#This Row],[Created Date]],\"mmm\") & \"-\" & YEAR(RiskRegister[[#This Row],[Created Date]])))","v":"Created Date missing"},{"$f":"IF(RiskRegister[[#This Row],[Risk Status]]=\"Closed\",RiskRegister[[#This Row],[Risk Close Date]],RiskRegister[[#This Row],[Risk Due Date]])","v":"00:00:00"},{"$f":"IF(RiskRegister[[#This Row],[Risk-Change-Date]]=0,DATE(2030,1,1),RiskRegister[[#This Row],[Risk-Change-Date]])","v":"2030-01-01"},{"$f":"RiskRegister[[#This Row],[Inherent Impact Level]]&\"-\"&RiskRegister[[#This Row],[Inherent Likelihood Level]]","v":"-- Select Impact ----- Select Likelihood --"},{"$f":"RiskRegister[[#This Row],[Residual Impact Level]]&\"-\"&RiskRegister[[#This Row],[Residual Likelihood Level]]","v":"-- Select Impact ----- Select Likelihood --"},"Error",{"$f":"IF(RiskRegister[[#This Row],[Risk Status]]=\"Closed\",RiskRegister[[#This Row],[Residual Impact Level]],RiskRegister[[#This Row],[Inherent Impact Level]])","v":"-- Select Impact --"},{"$f":"IF(RiskRegister[[#This Row],[Risk Status]]=\"Closed\",RiskRegister[[#This Row],[Residual Likelihood Level]],RiskRegister[[#This Row],[Inherent Likelihood Level]])","v":"-- Select Likelihood --"},{"$f":"IF(RiskRegister[[#This Row],[Risk Status]]=\"Closed\",RiskRegister[[#This Row],[Residual-I-L-Combo]],RiskRegister[[#This Row],[Inherent-I-L-Combo]])","v":"-- Select Impact ----- Select Likelihood --"},"-- Error --"]
[67,{"$nulls":5},"-- Select Risk Category --",null,"-- select department --",null,null,"-- Select Impact --",{"$f":"VLOOKUP(RiskRegister[[#This Row],[Inherent Impact Level]],'Rating factors'!$F$4:$G$9,2,FALSE)","v":"--- Error ---"},"-- Select Likelihood --",{"$f":"VLOOKUP(RiskRegister[[#This Row],[Inherent Likelihood Level]],'Rating factors'!$F$16:$G$21,2,FALSE)","v":"--- Error ---"},{"$f":"IFERROR(VLOOKUP(RiskRegister[[#This Row],[Inherent Risk Rating]],'Rating factors'!$F$30:$G$44,2,FALSE),\"-- Error --\")","v":"-- Error --"},{"$f":"IFERROR(RiskRegister[[#This Row],[Inherent Impact Rating]]*RiskRegister[[#This Row],[Inherent Likelihood Rating]],\"-- Error --\")","v":"-- Error --"},"-- Select Risk Response --",null,"-- Select Impact --",{"$f":"VLOOKUP(RiskRegister[[#This Row],[Residual Impact Level]],'Rating factors'!$F$4:$G$9,2,FALSE)","v":"--- Error ---"},"-- Select Likelihood --",{"$f":"VLOOKUP(RiskRegister[[#This Row],[Residual Likelihood Level]],'Rating factors'!$F$16:$G$21,2,FALSE)","v":"--- Error ---"},{"$f":"IFERROR(VLOOKUP(RiskRegister[[#This Row],[Residual Risk Rating]],'Rating factors'!$F$30:$G$44,2,FALSE),\"-- Error --\")","v":"-- Error --"},{"$f":"IFERROR(RiskRegister[[#This Row],[Residual Impact Rating]]*RiskRegister[[#This Row],[Residual Likelihood Rating]],\"-- Error --\")","v":"-- Error --"},"-- Select Risk Status --",{"$nulls":3},{"$f":"IF(ISBLANK(RiskRegister[[#This Row],[Risk Due Date]]), \"Missing Risk Due Date\", IF(RiskRegister[[#This Row],[Risk Due Date]] < TODAY(), \"Overdue\", \"Not Overdue\"))","v":"Missing Risk Due Date"},null,{"$f":"IF(ISBLANK(RiskRegister[[#This Row],[Risk Due Date]]), \"Missing Risk Due Date\", TEXT(RiskRegister[[#This Row],[Risk Due Date]], \"YYYY-MM\"))","v":"Missing Risk Due Date"},{"$f":"IF(RiskRegister[[#This Row],[Created Date]]=\"\",\"Created Date missing\",(TEXT(RiskRegister[[#This Row],[Created Date]],\"mmm\") & \"-\" & YEAR(RiskRegister[[#This Row],[Created Date]])))","v":"Created Date missing"},{"$f":"IF(RiskRegister[[#This Row],[Risk Status]]=\"Closed\",RiskRegister[[#This Row],[Risk Close Date]],RiskRegister[[#This Row],[Risk Due Date]])","v":"00:00:00"},{"$f":"IF(RiskRegister[[#This Row],[Risk-Change-Date]]=0,DATE(2030,1,1),RiskRegister[[#This Row],[Risk-Change-Date]])","v":"2030-01-01"},{"$f":"RiskRegister[[#This Row],[Inherent Impact Level]]&\"-\"&RiskRegister[[#This Row],[Inherent Likelihood Level]]","v":"-- Select Impact ----- Select Likelihood --"},{"$f":"RiskRegister[[#This Row],[Residual Impact Level]]&\"-\"&RiskRegister[[#This Row],[Residual Likelihood Level]]","v":"-- Select Impact ----- Select Likelihood --"},"Error",{"$f":"IF(RiskRegister[[#This Row],[Risk Status]]=\"Closed\",RiskRegister[[#This Row],[Residual Impact Level]],RiskRegister[[#This Row],[Inherent Impact Level]])","v":"-- Select Impact --"},{"$f":"IF(RiskRegister[[#This Row],[Risk Status]]=\"Closed\",RiskRegister[[#This Row],[Residual Likelihood Level]],RiskRegister[[#This Row],[Inherent Likelihood Level]])","v":"-- Select Likelihood --"},{"$f":"IF(RiskRegister[[#This Row],[Risk Status]]=\"Closed\",RiskRegister[[#This Row],[Residual-I-L-Combo]],RiskRegister[[#This Row],[Inherent-I-L-Combo]])","v":"-- Select Impact ----- Select Likelihood --"},"-- Error --"]
[68,{"$nulls":5},"-- Select Risk Category --",null,"-- select department --",null,null,"-- Select Impact --",{"$f":"VLOOKUP(RiskRegister[[#This Row],[Inherent Impact Level]],'Rating factors'!$F$4:$G$9,2,FALSE)","v":"--- Error ---"},"-- Select Likelihood --",{"$f":"VLOOKUP(RiskRegister[[#This Row],[Inherent Likelihood Level]],'Rating factors'!$F$16:$G$21,2,FALSE)","v":"--- Error ---"},{"$f":"IFERROR(VLOOKUP(RiskRegister[[#This Row],[Inherent Risk Rating]],'Rating factors'!$F$30:$G$44,2,FALSE),\"-- Error --\")","v":"-- Error --"},{"$f":"IFERROR(RiskRegister[[#This Row],[Inherent Impact Rating]]*RiskRegister[[#This Row],[Inherent Likelihood Rating]],\"-- Error --\")","v":"-- Error --"},"-- Select Risk Response --",null,"-- Select Impact --",{"$f":"VLOOKUP(RiskRegister[[#This Row],[Residual Impact Level]],'Rating factors'!$F$4:$G$9,2,FALSE)","v":"--- Error ---"},"-- Select Likelihood --",{"$f":"VLOOKUP(RiskRegister[[#This Row],[Residual Likelihood Level]],'Rating factors'!$F$16:$G$21,2,FALSE)","v":"--- Error ---"},{"$f":"IFERROR(VLOOKUP(RiskRegister[[#This Row],[Residual Risk Rating]],'Rating factors'!$F$30:$G$44,2,FALSE),\"-- Error --\")","v":"-- Error --"},{"$f":"IFERROR(RiskRegister[[#This Row],[Residual Impact Rating]]*RiskRegister[[#This Row],[Residual Likelihood Rating]],\"-- Error --\")","v":"-- Error --"},"-- Select Risk Status --",{"$nulls":3},{"$f":"IF(ISBLANK(RiskRegister[[#This Row],[Risk Due Date]]), \"Missing Risk Due Date\", IF(RiskRegister[[#This Row],[Risk Due Date]] < TODAY(), \"Overdue\", \"Not Overdue\"))","v":"Missing Risk Due Date"},null,{"$f":"IF(ISBLANK(RiskRegister[[#This Row],[Risk Due Date]]), \"Missing Risk Due Date\", TEXT(RiskRegister[[#This Row],[Risk Due Date]], \"YYYY-MM\"))","v":"Missing Risk Due Date"},{"$f":"IF(RiskRegister[[#This Row],[Created Date]]=\"\",\"Created Date missing\",(TEXT(RiskRegister[[#This Row],[Created Date]],\"mmm\") & \"-\" & YEAR(RiskRegister[[#This Row],[Created Date]])))","v":"Created Date missing"},{"$f":"IF(RiskRegister[[#This Row],[Risk Status]]=\"Closed\",RiskRegister[[#This Row],[Risk Close Date]],RiskRegister[[#This Row],[Risk Due Date]])","v":"00:00:00"},{"$f":"IF(RiskRegister[[#This Row],[Risk-Change-Date]]=0,DATE(2030,1,1),RiskRegister[[#This Row],[Risk-Change-Date]])","v":"2030-01-01"},{"$f":"RiskRegister[[#This Row],[Inherent Impact Level]]&\"-\"&RiskRegister[[#This Row],[Inherent Likelihood Level]]","v":"-- Select Impact ----- Select Likelihood --"},{"$f":"RiskRegister[[#This Row],[Residual Impact Level]]&\"-\"&RiskRegister[[#This Row],[Residual Likelihood Level]]","v":"-- Select Impact ----- Select Likelihood --"},"Error",{"$f":"IF(RiskRegister[[#This Row],[Risk Status]]=\"Closed\",RiskRegister[[#This Row],[Residual Impact Level]],RiskRegister[[#This Row],[Inherent Impact Level]])","v":"-- Select Impact --"},{"$f":"IF(RiskRegister[[#This Row],[Risk Status]]=\"Closed\",RiskRegister[[#This Row],[Residual Likelihood Level]],RiskRegister[[#This Row],[Inherent Likelihood Level]])","v":"-- Select Likelihood --"},{"$f":"IF(RiskRegister[[#This Row],[Risk Status]]=\"Closed\",RiskRegister[[#This Row],[Residual-I-L-Combo]],RiskRegister[[#This Row],[Inherent-I-L-Combo]])","v":"-- Select Impact ----- Select Likelihood --"},"-- Error --"]
[69,{"$nulls":5},"-- Select Risk Category --",null,"-- select department --",null,null,"-- Select Impact --",{"$f":"VLOOKUP(RiskRegister[[#This Row],[Inherent Impact Level]],'Rating factors'!$F$4:$G$9,2,FALSE)","v":"--- Error ---"},"-- Select Likelihood --",{"$f":"VLOOKUP(RiskRegister[[#This Row],[Inherent Likelihood Level]],'Rating factors'!$F$16:$G$21,2,FALSE)","v":"--- Error ---"},{"$f":"IFERROR(VLOOKUP(RiskRegister[[#This Row],[Inherent Risk Rating]],'Rating factors'!$F$30:$G$44,2,FALSE),\"-- Error --\")","v":"-- Error --"},{"$f":"IFERROR(RiskRegister[[#This Row],[Inherent Impact Rating]]*RiskRegister[[#This Row],[Inherent Likelihood Rating]],\"-- Error --\")","v":"-- Error --"},"-- Select Risk Response --",null,"-- Select Impact --",{"$f":"VLOOKUP(RiskRegister[[#This Row],[Residual Impact Level]],'Rating factors'!$F$4:$G$9,2,FALSE)","v":"--- Error ---"},"-- Select Likelihood --",{"$f":"VLOOKUP(RiskRegister[[#This Row],[Residual Likelihood Level]],'Rating factors'!$F$16:$G$21,2,FALSE)","v":"--- Error ---"},{"$f":"IFERROR(VLOOKUP(RiskRegister[[#This Row],[Residual Risk Rating]],'Rating factors'!$F$30:$G$44,2,FALSE),\"-- Error --\")","v":"-- Error --"},{"$f":"IFERROR(RiskRegister[[#This Row],[Residual Impact Rating]]*RiskRegister[[#This Row],[Residual Likelihood Rating]],\"-- Error --\")","v":"-- Error --"},"-- Select Risk Status --",{"$nulls":3},{"$f":"IF(ISBLANK(RiskRegister[[#This Row],[Risk Due Date]]), \"Missing Risk Due Date\", IF(RiskRegister[[#This Row],[Risk Due Date]] < TODAY(), \"Overdue\", \"Not Overdue\"))","v":"Missing Risk Due Date"},null,{"$f":"IF(ISBLANK(RiskRegister[[#This Row],[Risk Due Date]]), \"Missing Risk Due Date\", TEXT(RiskRegister[[#This Row],[Risk Due Date]], \"YYYY-MM\"))","v":"Missing Risk Due Date"},{"$f":"IF(RiskRegister[[#This Row],[Created Date]]=\"\",\"Created Date missing\",(TEXT(RiskRegister[[#This Row],[Created Date]],\"mmm\") & \"-\" & YEAR(RiskRegister[[#This Row],[Created Date]])))","v":"Created Date missing"},{"$f":"IF(RiskRegister[[#This Row],[Risk Status]]=\"Closed\",RiskRegister[[#This Row],[Risk Close Date]],RiskRegister[[#This Row],[Risk Due Date]])","v":"00:00:00"},{"$f":"IF(RiskRegister[[#This Row],[Risk-Change-Date]]=0,DATE(2030,1,1),RiskRegister[[#This Row],[Risk-Change-Date]])","v":"2030-01-01"},{"$f":"RiskRegister[[#This Row],[Inherent Impact Level]]&\"-\"&RiskRegister[[#This Row],[Inherent Likelihood Level]]","v":"-- Select Impact ----- Select Likelihood --"},{"$f":"RiskRegister[[#This Row],[Residual Impact Level]]&\"-\"&RiskRegister[[#This Row],[Residual Likelihood Level]]","v":"-- Select Impact ----- Select Likelihood --"},"Error",{"$f":"IF(RiskRegister[[#This Row],[Risk Status]]=\"Closed\",RiskRegister[[#This Row],[Residual Impact Level]],RiskRegister[[#This Row],[Inherent Impact Level]])","v":"-- Select Impact --"},{"$f":"IF(RiskRegister[[#This Row],[Risk Status]]=\"Closed\",RiskRegister[[#This Row],[Residual Likelihood Level]],RiskRegister[[#This Row],[Inherent Likelihood Level]])","v":"-- Select Likelihood --"},{"$f":"IF(RiskRegister[[#This Row],[Risk Status]]=\"Closed\",RiskRegister[[#This Row],[Residual-I-L-Combo]],RiskRegister[[#This Row],[Inherent-I-L-Combo]])","v":"-- Select Impact ----- Select Likelihood --"},"-- Error --"]
[70,{"$nulls":5},"-- Select Risk Category --",null,"-- select department --",null,null,"-- Select Impact --",{"$f":"VLOOKUP(RiskRegister[[#This Row],[Inherent Impact Level]],'Rating factors'!$F$4:$G$9,2,FALSE)","v":"--- Error ---"},"-- Select Likelihood --",{"$f":"VLOOKUP(RiskRegister[[#This Row],[Inherent Likelihood Level]],'Rating factors'!$F$16:$G$21,2,FALSE)","v":"--- Error ---"},{"$f":"IFERROR(VLOOKUP(RiskRegister[[#This Row],[Inherent Risk Rating]],'Rating factors'!$F$30:$G$44,2,FALSE),\"-- Error --\")","v":"-- Error --"},{"$f":"IFERROR(RiskRegister[[#This Row],[Inherent Impact Rating]]*RiskRegister[[#This Row],[Inherent Likelihood Rating]],\"-- Error --\")","v":"-- Error --"},"-- Select Risk Response --",null,"-- Select Impact --",{"$f":"VLOOKUP(RiskRegister[[#This Row],[Residual Impact Level]],'Rating factors'!$F$4:$G$9,2,FALSE)","v":"--- Error ---"},"-- Select Likelihood --",{"$f":"VLOOKUP(RiskRegister[[#This Row],[Residual Likelihood Level]],'Rating factors'!$F$16:$G$21,2,FALSE)","v":"--- Error ---"},{"$f":"IFERROR(VLOOKUP(RiskRegister[[#This Row],[Residual Risk Rating]],'Rating factors'!$F$30:$G$44,2,FALSE),\"-- Error --\")","v":"-- Error --"},{"$f":"IFERROR(RiskRegister[[#This Row],[Residual Impact Rating]]*RiskRegister[[#This Row],[Residual Likelihood Rating]],\"-- Error --\")","v":"-- Error --"},"-- Select Risk Status --",{"$nulls":3},{"$f":"IF(ISBLANK(RiskRegister[[#This Row],[Risk Due Date]]), \"Missing Risk Due Date\", IF(RiskRegister[[#This Row],[Risk Due Date]] < TODAY(), \"Overdue\", \"Not Overdue\"))","v":"Missing Risk Due Date"},null,{"$f":"IF(ISBLANK(RiskRegister[[#This Row],[Risk Due Date]]), \"Missing Risk Due Date\", TEXT(RiskRegister[[#This Row],[Risk Due Date]], \"YYYY-MM\"))","v":"Missing Risk Due Date"},{"$f":"IF(RiskRegister[[#This Row],[Created Date]]=\"\",\"Created Date missing\",(TEXT(RiskRegister[[#This Row],[Created Date]],\"mmm\") & \"-\" & YEAR(RiskRegister[[#This Row],[Created Date]])))","v":"Created Date missing"},{"$f":"IF(RiskRegister[[#This Row],[Risk Status]]=\"Closed\",RiskRegister[[#This Row],[Risk Close Date]],RiskRegister[[#This Row],[Risk Due Date]])","v":"00:00:00"},{"$f":"IF(RiskRegister[[#This Row],[Risk-Change-Date]]=0,DATE(2030,1,1),RiskRegister[[#This Row],[Risk-Change-Date]])","v":"2030-01-01"},{"$f":"RiskRegister[[#This Row],[Inherent Impact Level]]&\"-\"&RiskRegister[[#This Row],[Inherent Likelihood Level]]","v":"-- Select Impact ----- Select Likelihood --"},{"$f":"RiskRegister[[#This Row],[Residual Impact Level]]&\"-\"&RiskRegister[[#This Row],[Residual Likelihood Level]]","v":"-- Select Impact ----- Select Likelihood --"},"Error",{"$f":"IF(RiskRegister[[#This Row],[Risk Status]]=\"Closed\",RiskRegister[[#This Row],[Residual Impact Level]],RiskRegister[[#This Row],[Inherent Impact Level]])","v":"-- Select Impact --"},{"$f":"IF(RiskRegister[[#This Row],[Risk Status]]=\"Closed\",RiskRegister[[#This Row],[Residual Likelihood Level]],RiskRegister[[#This Row],[Inherent Likelihood Level]])","v":"-- Select Likelihood --"},{"$f":"IF(RiskRegister[[#This Row],[Risk Status]]=\"Closed\",RiskRegister[[#This Row],[Residual-I-L-Combo]],RiskRegister[[#This Row],[Inherent-I-L-Combo]])","v":"-- Select Impact ----- Select Likelihood --"},"-- Error --"]
[71,{"$nulls":5},"-- Select Risk Category --",null,"-- select department --",null,null,"-- Select Impact --",{"$f":"VLOOKUP(RiskRegister[[#This Row],[Inherent Impact Level]],'Rating factors'!$F$4:$G$9,2,FALSE)","v":"--- Error ---"},"-- Select Likelihood --",{"$f":"VLOOKUP(RiskRegister[[#This Row],[Inherent Likelihood Level]],'Rating factors'!$F$16:$G$21,2,FALSE)","v":"--- Error ---"},{"$f":"IFERROR(VLOOKUP(RiskRegister[[#This Row],[Inherent Risk Rating]],'Rating factors'!$F$30:$G$44,2,FALSE),\"-- Error --\")","v":"-- Error --"},{"$f":"IFERROR(RiskRegister[[#This Row],[Inherent Impact Rating]]*RiskRegister[[#This Row],[Inherent Likelihood Rating]],\"-- Error --\")","v":"-- Error --"},"-- Select Risk Response --",null,"-- Select Impact --",{"$f":"VLOOKUP(RiskRegister[[#This Row],[Residual Impact Level]],'Rating factors'!$F$4:$G$9,2,FALSE)","v":"--- Error ---"},"-- Select Likelihood --",{"$f":"VLOOKUP(RiskRegister[[#This Row],[Residual Likelihood Level]],'Rating factors'!$F$16:$G$21,2,FALSE)","v":"--- Error ---"},{"$f":"IFERROR(VLOOKUP(RiskRegister[[#This Row],[Residual Risk Rating]],'Rating factors'!$F$30:$G$44,2,FALSE),\"-- Error --\")","v":"-- Error --"},{"$f":"IFERROR(RiskRegister[[#This Row],[Residual Impact Rating]]*RiskRegister[[#This Row],[Residual Likelihood Rating]],\"-- Error --\")","v":"-- Error --"},"-- Select Risk Status --",{"$nulls":3},{"$f":"IF(ISBLANK(RiskRegister[[#This Row],[Risk Due Date]]), \"Missing Risk Due Date\", IF(RiskRegister[[#This Row],[Risk Due Date]] < TODAY(), \"Overdue\", \"Not Overdue\"))","v":"Missing Risk Due Date"},null,{"$f":"IF(ISBLANK(RiskRegister[[#This Row],[Risk Due Date]]), \"Missing Risk Due Date\", TEXT(RiskRegister[[#This Row],[Risk Due Date]], \"YYYY-MM\"))","v":"Missing Risk Due Date"},{"$f":"IF(RiskRegister[[#This Row],[Created Date]]=\"\",\"Created Date missing\",(TEXT(RiskRegister[[#This Row],[Created Date]],\"mmm\") & \"-\" & YEAR(RiskRegister[[#This Row],[Created Date]])))","v":"Created Date missing"},{"$f":"IF(RiskRegister[[#This Row],[Risk Status]]=\"Closed\",RiskRegister[[#This Row],[Risk Close Date]],RiskRegister[[#This Row],[Risk Due Date]])","v":"00:00:00"},{"$f":"IF(RiskRegister[[#This Row],[Risk-Change-Date]]=0,DATE(2030,1,1),RiskRegister[[#This Row],[Risk-Change-Date]])","v":"2030-01-01"},{"$f":"RiskRegister[[#This Row],[Inherent Impact Level]]&\"-\"&RiskRegister[[#This Row],[Inherent Likelihood Level]]","v":"-- Select Impact ----- Select Likelihood --"},{"$f":"RiskRegister[[#This Row],[Residual Impact Level]]&\"-\"&RiskRegister[[#This Row],[Residual Likelihood Level]]","v":"-- Select Impact ----- Select Likelihood --"},"Error",{"$f":"IF(RiskRegister[[#This Row],[Risk Status]]=\"Closed\",RiskRegister[[#This Row],[Residual Impact Level]],RiskRegister[[#This Row],[Inherent Impact Level]])","v":"-- Select Impact --"},{"$f":"IF(RiskRegister[[#This Row],[Risk Status]]=\"Closed\",RiskRegister[[#This Row],[Residual Likelihood Level]],RiskRegister[[#This Row],[Inherent Likelihood Level]])","v":"-- Select Likelihood --"},{"$f":"IF(RiskRegister[[#This Row],[Risk Status]]=\"Closed\",RiskRegister[[#This Row],[Residual-I-L-Combo]],RiskRegister[[#This Row],[Inherent-I-L-Combo]])","v":"-- Select Impact ----- Select Likelihood --"},"-- Error --"]
[72,{"$nulls":5},"-- Select Risk Category --",null,"-- select department --",null,null,"-- Select Impact --",{"$f":"VLOOKUP(RiskRegister[[#This Row],[Inherent Impact Level]],'Rating factors'!$F$4:$G$9,2,FALSE)","v":"--- Error ---"},"-- Select Likelihood --",{"$f":"VLOOKUP(RiskRegister[[#This Row],[Inherent Likelihood Level]],'Rating factors'!$F$16:$G$21,2,FALSE)","v":"--- Error ---"},{"$f":"IFERROR(VLOOKUP(RiskRegister[[#This Row],[Inherent Risk Rating]],'Rating factors'!$F$30:$G$44,2,FALSE),\"-- Error --\")","v":"-- Error --"},{"$f":"IFERROR(RiskRegister[[#This Row],[Inherent Impact Rating]]*RiskRegister[[#This Row],[Inherent Likelihood Rating]],\"-- Error --\")","v":"-- Error --"},"-- Select Risk Response --",null,"-- Select Impact --",{"$f":"VLOOKUP(RiskRegister[[#This Row],[Residual Impact Level]],'Rating factors'!$F$4:$G$9,2,FALSE)","v":"--- Error ---"},"-- Select Likelihood --",{"$f":"VLOOKUP(RiskRegister[[#This Row],[Residual Likelihood Level]],'Rating factors'!$F$16:$G$21,2,FALSE)","v":"--- Error ---"},{"$f":"IFERROR(VLOOKUP(RiskRegister[[#This Row],[Residual Risk Rating]],'Rating factors'!$F$30:$G$44,2,FALSE),\"-- Error --\")","v":"-- Error --"},{"$f":"IFERROR(RiskRegister[[#This Row],[Residual Impact Rating]]*RiskRegister[[#This Row],[Residual Likelihood Rating]],\"-- Error --\")","v":"-- Error --"},"-- Select Risk Status --",{"$nulls":3},{"$f":"IF(ISBLANK(RiskRegister[[#This Row],[Risk Due Date]]), \"Missing Risk Due Date\", IF(RiskRegister[[#This Row],[Risk Due Date]] < TODAY(), \"Overdue\", \"Not Overdue\"))","v":"Missing Risk Due Date"},null,{"$f":"IF(ISBLANK(RiskRegister[[#This Row],[Risk Due Date]]), \"Missing Risk Due Date\", TEXT(RiskRegister[[#This Row],[Risk Due Date]], \"YYYY-MM\"))","v":"Missing Risk Due Date"},{"$f":"IF(RiskRegister[[#This Row],[Created Date]]=\"\",\"Created Date missing\",(TEXT(RiskRegister[[#This Row],[Created Date]],\"mmm\") & \"-\" & YEAR(RiskRegister[[#This Row],[Created Date]])))","v":"Created Date missing"},{"$f":"IF(RiskRegister[[#This Row],[Risk Status]]=\"Closed\",RiskRegister[[#This Row],[Risk Close Date]],RiskRegister[[#This Row],[Risk Due Date]])","v":"00:00:00"},{"$f":"IF(RiskRegister[[#This Row],[Risk-Change-Date]]=0,DATE(2030,1,1),RiskRegister[[#This Row],[Risk-Change-Date]])","v":"2030-01-01"},{"$f":"RiskRegister[[#This Row],[Inherent Impact Level]]&\"-\"&RiskRegister[[#This Row],[Inherent Likelihood Level]]","v":"-- Select Impact ----- Select Likelihood --"},{"$f":"RiskRegister[[#This Row],[Residual Impact Level]]&\"-\"&RiskRegister[[#This Row],[Residual Likelihood Level]]","v":"-- Select Impact ----- Select Likelihood --"},"Error",{"$f":"IF(RiskRegister[[#This Row],[Risk Status]]=\"Closed\",RiskRegister[[#This Row],[Residual Impact Level]],RiskRegister[[#This Row],[Inherent Impact Level]])","v":"-- Select Impact --"},{"$f":"IF(RiskRegister[[#This Row],[Risk Status]]=\"Closed\",RiskRegister[[#This Row],[Residual Likelihood Level]],RiskRegister[[#This Row],[Inherent Likelihood Level]])","v":"-- Select Likelihood --"},{"$f":"IF(RiskRegister[[#This Row],[Risk Status]]=\"Closed\",RiskRegister[[#This Row],[Residual-I-L-Combo]],RiskRegister[[#This Row],[Inherent-I-L-Combo]])","v":"-- Select Impact ----- Select Likelihood --"},"-- Error --"]
[73,{"$nulls":5},"-- Select Risk Category --",null,"-- select department --",null,null,"-- Select Impact --",{"$f":"VLOOKUP(RiskRegister[[#This Row],[Inherent Impact Level]],'Rating factors'!$F$4:$G$9,2,FALSE)","v":"--- Error ---"},"-- Select Likelihood --",{"$f":"VLOOKUP(RiskRegister[[#This Row],[Inherent Likelihood Level]],'Rating factors'!$F$16:$G$21,2,FALSE)","v":"--- Error ---"},{"$f":"IFERROR(VLOOKUP(RiskRegister[[#This Row],[Inherent Risk Rating]],'Rating factors'!$F$30:$G$44,2,FALSE),\"-- Error --\")","v":"-- Error --"},{"$f":"IFERROR(RiskRegister[[#This Row],[Inherent Impact Rating]]*RiskRegister[[#This Row],[Inherent Likelihood Rating]],\"-- Error --\")","v":"-- Error --"},"-- Select Risk Response --",null,"-- Select Impact --",{"$f":"VLOOKUP(RiskRegister[[#This Row],[Residual Impact Level]],'Rating factors'!$F$4:$G$9,2,FALSE)","v":"--- Error ---"},"-- Select Likelihood --",{"$f":"VLOOKUP(RiskRegister[[#This Row],[Residual Likelihood Level]],'Rating factors'!$F$16:$G$21,2,FALSE)","v":"--- Error ---"},{"$f":"IFERROR(VLOOKUP(RiskRegister[[#This Row],[Residual Risk Rating]],'Rating factors'!$F$30:$G$44,2,FALSE),\"-- Error --\")","v":"-- Error --"},{"$f":"IFERROR(RiskRegister[[#This Row],[Residual Impact Rating]]*RiskRegister[[#This Row],[Residual Likelihood Rating]],\"-- Error --\")","v":"-- Error --"},"-- Select Risk Status --",{"$nulls":3},{"$f":"IF(ISBLANK(RiskRegister[[#This Row],[Risk Due Date]]), \"Missing Risk Due Date\", IF(RiskRegister[[#This Row],[Risk Due Date]] < TODAY(), \"Overdue\", \"Not Overdue\"))","v":"Missing Risk Due Date"},null,{"$f":"IF(ISBLANK(RiskRegister[[#This Row],[Risk Due Date]]), \"Missing Risk Due Date\", TEXT(RiskRegister[[#This Row],[Risk Due Date]], \"YYYY-MM\"))","v":"Missing Risk Due Date"},{"$f":"IF(RiskRegister[[#This Row],[Created Date]]=\"\",\"Created Date missing\",(TEXT(RiskRegister[[#This Row],[Created Date]],\"mmm\") & \"-\" & YEAR(RiskRegister[[#This Row],[Created Date]])))","v":"Created Date missing"},{"$f":"IF(RiskRegister[[#This Row],[Risk Status]]=\"Closed\",RiskRegister[[#This Row],[Risk Close Date]],RiskRegister[[#This Row],[Risk Due Date]])","v":"00:00:00"},{"$f":"IF(RiskRegister[[#This Row],[Risk-Change-Date]]=0,DATE(2030,1,1),RiskRegister[[#This Row],[Risk-Change-Date]])","v":"2030-01-01"},{"$f":"RiskRegister[[#This Row],[Inherent Impact Level]]&\"-\"&RiskRegister[[#This Row],[Inherent Likelihood Level]]","v":"-- Select Impact ----- Select Likelihood --"},{"$f":"RiskRegister[[#This Row],[Residual Impact Level]]&\"-\"&RiskRegister[[#This Row],[Residual Likelihood Level]]","v":"-- Select Impact ----- Select Likelihood --"},"Error",{"$f":"IF(RiskRegister[[#This Row],[Risk Status]]=\"Closed\",RiskRegister[[#This Row],[Residual Impact Level]],RiskRegister[[#This Row],[Inherent Impact Level]])","v":"-- Select Impact --"},{"$f":"IF(RiskRegister[[#This Row],[Risk Status]]=\"Closed\",RiskRegister[[#This Row],[Residual Likelihood Level]],RiskRegister[[#This Row],[Inherent Likelihood Level]])","v":"-- Select Likelihood --"},{"$f":"IF(RiskRegister[[#This Row],[Risk Status]]=\"Closed\",RiskRegister[[#This Row],[Residual-I-L-Combo]],RiskRegister[[#This Row],[Inherent-I-L-Combo]])","v":"-- Select Impact ----- Select Likelihood --"},"-- Error --"]
[74,{"$nulls":5},"-- Select Risk Category --",null,"-- select department --",null,null,"-- Select Impact --",{"$f":"VLOOKUP(RiskRegister[[#This Row],[Inherent Impact Level]],'Rating factors'!$F$4:$G$9,2,FALSE)","v":"--- Error ---"},"-- Select Likelihood --",{"$f":"VLOOKUP(RiskRegister[[#This Row],[Inherent Likelihood Level]],'Rating factors'!$F$16:$G$21,2,FALSE)","v":"--- Error ---"},{"$f":"IFERROR(VLOOKUP(RiskRegister[[#This Row],[Inherent Risk Rating]],'Rating factors'!$F$30:$G$44,2,FALSE),\"-- Error --\")","v":"-- Error --"},{"$f":"IFERROR(RiskRegister[[#This Row],[Inherent Impact Rating]]*RiskRegister[[#This Row],[Inherent Likelihood Rating]],\"-- Error --\")","v":"-- Error --"},"-- Select Risk Response --",null,"-- Select Impact --",{"$f":"VLOOKUP(RiskRegister[[#This Row],[Residual Impact Level]],'Rating factors'!$F$4:$G$9,2,FALSE)","v":"--- Error ---"},"-- Select Likelihood --",{"$f":"VLOOKUP(RiskRegister[[#This Row],[Residual Likelihood Level]],'Rating factors'!$F$16:$G$21,2,FALSE)","v":"--- Error ---"},{"$f":"IFERROR(VLOOKUP(RiskRegister[[#This Row],[Residual Risk Rating]],'Rating factors'!$F$30:$G$44,2,FALSE),\"-- Error --\")","v":"-- Error --"},{"$f":"IFERROR(RiskRegister[[#This Row],[Residual Impact Rating]]*RiskRegister[[#This Row],[Residual Likelihood Rating]],\"-- Error --\")","v":"-- Error --"},"-- Select Risk Status --",{"$nulls":3},{"$f":"IF(ISBLANK(RiskRegister[[#This Row],[Risk Due Date]]), \"Missing Risk Due Date\", IF(RiskRegister[[#This Row],[Risk Due Date]] < TODAY(), \"Overdue\", \"Not Overdue\"))","v":"Missing Risk Due Date"},null,{"$f":"IF(ISBLANK(RiskRegister[[#This Row],[Risk Due Date]]), \"Missing Risk Due Date\", TEXT(RiskRegister[[#This Row],[Risk Due Date]], \"YYYY-MM\"))","v":"Missing Risk Due Date"},{"$f":"IF(RiskRegister[[#This Row],[Created Date]]=\"\",\"Created Date missing\",(TEXT(RiskRegister[[#This Row],[Created Date]],\"mmm\") & \"-\" & YEAR(RiskRegister[[#This Row],[Created Date]])))","v":"Created Date missing"},{"$f":"IF(RiskRegister[[#This Row],[Risk Status]]=\"Closed\",RiskRegister[[#This Row],[Risk Close Date]],RiskRegister[[#This Row],[Risk Due Date]])","v":"00:00:00"},{"$f":"IF(RiskRegister[[#This Row],[Risk-Change-Date]]=0,DATE(2030,1,1),RiskRegister[[#This Row],[Risk-Change-Date]])","v":"2030-01-01"},{"$f":"RiskRegister[[#This Row],[Inherent Impact Level]]&\"-\"&RiskRegister[[#This Row],[Inherent Likelihood Level]]","v":"-- Select Impact ----- Select Likelihood --"},{"$f":"RiskRegister[[#This Row],[Residual Impact Level]]&\"-\"&RiskRegister[[#This Row],[Residual Likelihood Level]]","v":"-- Select Impact ----- Select Likelihood --"},"Error",{"$f":"IF(RiskRegister[[#This Row],[Risk Status]]=\"Closed\",RiskRegister[[#This Row],[Residual Impact Level]],RiskRegister[[#This Row],[Inherent Impact Level]])","v":"-- Select Impact --"},{"$f":"IF(RiskRegister[[#This Row],[Risk Status]]=\"Closed\",RiskRegister[[#This Row],[Residual Likelihood Level]],RiskRegister[[#This Row],[Inherent Likelihood Level]])","v":"-- Select Likelihood --"},{"$f":"IF(RiskRegister[[#This Row],[Risk Status]]=\"Closed\",RiskRegister[[#This Row],[Residual-I-L-Combo]],RiskRegister[[#This Row],[Inherent-I-L-Combo]])","v":"-- Select Impact ----- Select Likelihood --"},"-- Error --"]
[75,{"$nulls":5},"-- Select Risk Category --",null,"-- select department --",null,null,"-- Select Impact --",{"$f":"VLOOKUP(RiskRegister[[#This Row],[Inherent Impact Level]],'Rating factors'!$F$4:$G$9,2,FALSE)","v":"--- Error ---"},"-- Select Likelihood --",{"$f":"VLOOKUP(RiskRegister[[#This Row],[Inherent Likelihood Level]],'Rating factors'!$F$16:$G$21,2,FALSE)","v":"--- Error ---"},{"$f":"IFERROR(VLOOKUP(RiskRegister[[#This Row],[Inherent Risk Rating]],'Rating factors'!$F$30:$G$44,2,FALSE),\"-- Error --\")","v":"-- Error --"},{"$f":"IFERROR(RiskRegister[[#This Row],[Inherent Impact Rating]]*RiskRegister[[#This Row],[Inherent Likelihood Rating]],\"-- Error --\")","v":"-- Error --"},"-- Select Risk Response --",null,"-- Select Impact --",{"$f":"VLOOKUP(RiskRegister[[#This Row],[Residual Impact Level]],'Rating factors'!$F$4:$G$9,2,FALSE)","v":"--- Error ---"},"-- Select Likelihood --",{"$f":"VLOOKUP(RiskRegister[[#This Row],[Residual Likelihood Level]],'Rating factors'!$F$16:$G$21,2,FALSE)","v":"--- Error ---"},{"$f":"IFERROR(VLOOKUP(RiskRegister[[#This Row],[Residual Risk Rating]],'Rating factors'!$F$30:$G$44,2,FALSE),\"-- Error --\")","v":"-- Error --"},{"$f":"IFERROR(RiskRegister[[#This Row],[Residual Impact Rating]]*RiskRegister[[#This Row],[Residual Likelihood Rating]],\"-- Error --\")","v":"-- Error --"},"-- Select Risk Status --",{"$nulls":3},{"$f":"IF(ISBLANK(RiskRegister[[#This Row],[Risk Due Date]]), \"Missing Risk Due Date\", IF(RiskRegister[[#This Row],[Risk Due Date]] < TODAY(), \"Overdue\", \"Not Overdue\"))","v":"Missing Risk Due Date"},null,{"$f":"IF(ISBLANK(RiskRegister[[#This Row],[Risk Due Date]]), \"Missing Risk Due Date\", TEXT(RiskRegister[[#This Row],[Risk Due Date]], \"YYYY-MM\"))","v":"Missing Risk Due Date"},{"$f":"IF(RiskRegister[[#This Row],[Created Date]]=\"\",\"Created Date missing\",(TEXT(RiskRegister[[#This Row],[Created Date]],\"mmm\") & \"-\" & YEAR(RiskRegister[[#This Row],[Created Date]])))","v":"Created Date missing"},{"$f":"IF(RiskRegister[[#This Row],[Risk Status]]=\"Closed\",RiskRegister[[#This Row],[Risk Close Date]],RiskRegister[[#This Row],[Risk Due Date]])","v":"00:00:00"},{"$f":"IF(RiskRegister[[#This Row],[Risk-Change-Date]]=0,DATE(2030,1,1),RiskRegister[[#This Row],[Risk-Change-Date]])","v":"2030-01-01"},{"$f":"RiskRegister[[#This Row],[Inherent Impact Level]]&\"-\"&RiskRegister[[#This Row],[Inherent Likelihood Level]]","v":"-- Select Impact ----- Select Likelihood --"},{"$f":"RiskRegister[[#This Row],[Residual Impact Level]]&\"-\"&RiskRegister[[#This Row],[Residual Likelihood Level]]","v":"-- Select Impact ----- Select Likelihood --"},"Error",{"$f":"IF(RiskRegister[[#This Row],[Risk Status]]=\"Closed\",RiskRegister[[#This Row],[Residual Impact Level]],RiskRegister[[#This Row],[Inherent Impact Level]])","v":"-- Select Impact --"},{"$f":"IF(RiskRegister[[#This Row],[Risk Status]]=\"Closed\",RiskRegister[[#This Row],[Residual Likelihood Level]],RiskRegister[[#This Row],[Inherent Likelihood Level]])","v":"-- Select Likelihood --"},{"$f":"IF(RiskRegister[[#This Row],[Risk Status]]=\"Closed\",RiskRegister[[#This Row],[Residual-I-L-Combo]],RiskRegister[[#This Row],[Inherent-I-L-Combo]])","v":"-- Select Impact ----- Select Likelihood --"},"-- Error --"]
[76,{"$nulls":5},"-- Select Risk Category --",null,"-- select department --",null,null,"-- Select Impact --",{"$f":"VLOOKUP(RiskRegister[[#This Row],[Inherent Impact Level]],'Rating factors'!$F$4:$G$9,2,FALSE)","v":"--- Error ---"},"-- Select Likelihood --",{"$f":"VLOOKUP(RiskRegister[[#This Row],[Inherent Likelihood Level]],'Rating factors'!$F$16:$G$21,2,FALSE)","v":"--- Error ---"},{"$f":"IFERROR(VLOOKUP(RiskRegister[[#This Row],[Inherent Risk Rating]],'Rating factors'!$F$30:$G$44,2,FALSE),\"-- Error --\")","v":"-- Error --"},{"$f":"IFERROR(RiskRegister[[#This Row],[Inherent Impact Rating]]*RiskRegister[[#This Row],[Inherent Likelihood Rating]],\"-- Error --\")","v":"-- Error --"},"-- Select Risk Response --",null,"-- Select Impact --",{"$f":"VLOOKUP(RiskRegister[[#This Row],[Residual Impact Level]],'Rating factors'!$F$4:$G$9,2,FALSE)","v":"--- Error ---"},"-- Select Likelihood --",{"$f":"VLOOKUP(RiskRegister[[#This Row],[Residual Likelihood Level]],'Rating factors'!$F$16:$G$21,2,FALSE)","v":"--- Error ---"},{"$f":"IFERROR(VLOOKUP(RiskRegister[[#This Row],[Residual Risk Rating]],'Rating factors'!$F$30:$G$44,2,FALSE),\"-- Error --\")","v":"-- Error --"},{"$f":"IFERROR(RiskRegister[[#This Row],[Residual Impact Rating]]*RiskRegister[[#This Row],[Residual Likelihood Rating]],\"-- Error --\")","v":"-- Error --"},"-- Select Risk Status --",{"$nulls":3},{"$f":"IF(ISBLANK(RiskRegister[[#This Row],[Risk Due Date]]), \"Missing Risk Due Date\", IF(RiskRegister[[#This Row],[Risk Due Date]] < TODAY(), \"Overdue\", \"Not Overdue\"))","v":"Missing Risk Due Date"},null,{"$f":"IF(ISBLANK(RiskRegister[[#This Row],[Risk Due Date]]), \"Missing Risk Due Date\", TEXT(RiskRegister[[#This Row],[Risk Due Date]], \"YYYY-MM\"))","v":"Missing Risk Due Date"},{"$f":"IF(RiskRegister[[#This Row],[Created Date]]=\"\",\"Created Date missing\",(TEXT(RiskRegister[[#This Row],[Created Date]],\"mmm\") & \"-\" & YEAR(RiskRegister[[#This Row],[Created Date]])))","v":"Created Date missing"},{"$f":"IF(RiskRegister[[#This Row],[Risk Status]]=\"Closed\",RiskRegister[[#This Row],[Risk Close Date]],RiskRegister[[#This Row],[Risk Due Date]])","v":"00:00:00"},{"$f":"IF(RiskRegister[[#This Row],[Risk-Change-Date]]=0,DATE(2030,1,1),RiskRegister[[#This Row],[Risk-Change-Date]])","v":"2030-01-01"},{"$f":"RiskRegister[[#This Row],[Inherent Impact Level]]&\"-\"&RiskRegister[[#This Row],[Inherent Likelihood Level]]","v":"-- Select Impact ----- Select Likelihood --"},{"$f":"RiskRegister[[#This Row],[Residual Impact Level]]&\"-\"&RiskRegister[[#This Row],[Residual Likelihood Level]]","v":"-- Select Impact ----- Select Likelihood --"},"Error",{"$f":"IF(RiskRegister[[#This Row],[Risk Status]]=\"Closed\",RiskRegister[[#This Row],[Residual Impact Level]],RiskRegister[[#This Row],[Inherent Impact Level]])","v":"-- Select Impact --"},{"$f":"IF(RiskRegister[[#This Row],[Risk Status]]=\"Closed\",RiskRegister[[#This Row],[Residual Likelihood Level]],RiskRegister[[#This Row],[Inherent Likelihood Level]])","v":"-- Select Likelihood --"},{"$f":"IF(RiskRegister[[#This Row],[Risk Status]]=\"Closed\",RiskRegister[[#This Row],[Residual-I-L-Combo]],RiskRegister[[#This Row],[Inherent-I-L-Combo]])","v":"-- Select Impact ----- Select Likelihood --"},"-- Error --"]
[77,{"$nulls":5},"-- Select Risk Category --",null,"-- select department --",null,null,"-- Select Impact --",{"$f":"VLOOKUP(RiskRegister[[#This Row],[Inherent Impact Level]],'Rating factors'!$F$4:$G$9,2,FALSE)","v":"--- Error ---"},"-- Select Likelihood --",{"$f":"VLOOKUP(RiskRegister[[#This Row],[Inherent Likelihood Level]],'Rating factors'!$F$16:$G$21,2,FALSE)","v":"--- Error ---"},{"$f":"IFERROR(VLOOKUP(RiskRegister[[#This Row],[Inherent Risk Rating]],'Rating factors'!$F$30:$G$44,2,FALSE),\"-- Error --\")","v":"-- Error --"},{"$f":"IFERROR(RiskRegister[[#This Row],[Inherent Impact Rating]]*RiskRegister[[#This Row],[Inherent Likelihood Rating]],\"-- Error --\")","v":"-- Error --"},"-- Select Risk Response --",null,"-- Select Impact --",{"$f":"VLOOKUP(RiskRegister[[#This Row],[Residual Impact Level]],'Rating factors'!$F$4:$G$9,2,FALSE)","v":"--- Error ---"},"-- Select Likelihood --",{"$f":"VLOOKUP(RiskRegister[[#This Row],[Residual Likelihood Level]],'Rating factors'!$F$16:$G$21,2,FALSE)","v":"--- Error ---"},{"$f":"IFERROR(VLOOKUP(RiskRegister[[#This Row],[Residual Risk Rating]],'Rating factors'!$F$30:$G$44,2,FALSE),\"-- Error --\")","v":"-- Error --"},{"$f":"IFERROR(RiskRegister[[#This Row],[Residual Impact Rating]]*RiskRegister[[#This Row],[Residual Likelihood Rating]],\"-- Error --\")","v":"-- Error --"},"-- Select Risk Status --",{"$nulls":3},{"$f":"IF(ISBLANK(RiskRegister[[#This Row],[Risk Due Date]]), \"Missing Risk Due Date\", IF(RiskRegister[[#This Row],[Risk Due Date]] < TODAY(), \"Overdue\", \"Not Overdue\"))","v":"Missing Risk Due Date"},null,{"$f":"IF(ISBLANK(RiskRegister[[#This Row],[Risk Due Date]]), \"Missing Risk Due Date\", TEXT(RiskRegister[[#This Row],[Risk Due Date]], \"YYYY-MM\"))","v":"Missing Risk Due Date"},{"$f":"IF(RiskRegister[[#This Row],[Created Date]]=\"\",\"Created Date missing\",(TEXT(RiskRegister[[#This Row],[Created Date]],\"mmm\") & \"-\" & YEAR(RiskRegister[[#This Row],[Created Date]])))","v":"Created Date missing"},{"$f":"IF(RiskRegister[[#This Row],[Risk Status]]=\"Closed\",RiskRegister[[#This Row],[Risk Close Date]],RiskRegister[[#This Row],[Risk Due Date]])","v":"00:00:00"},{"$f":"IF(RiskRegister[[#This Row],[Risk-Change-Date]]=0,DATE(2030,1,1),RiskRegister[[#This Row],[Risk-Change-Date]])","v":"2030-01-01"},{"$f":"RiskRegister[[#This Row],[Inherent Impact Level]]&\"-\"&RiskRegister[[#This Row],[Inherent Likelihood Level]]","v":"-- Select Impact ----- Select Likelihood --"},{"$f":"RiskRegister[[#This Row],[Residual Impact Level]]&\"-\"&RiskRegister[[#This Row],[Residual Likelihood Level]]","v":"-- Select Impact ----- Select Likelihood --"},"Error",{"$f":"IF(RiskRegister[[#This Row],[Risk Status]]=\"Closed\",RiskRegister[[#This Row],[Residual Impact Level]],RiskRegister[[#This Row],[Inherent Impact Level]])","v":"-- Select Impact --"},{"$f":"IF(RiskRegister[[#This Row],[Risk Status]]=\"Closed\",RiskRegister[[#This Row],[Residual Likelihood Level]],RiskRegister[[#This Row],[Inherent Likelihood Level]])","v":"-- Select Likelihood --"},{"$f":"IF(RiskRegister[[#This Row],[Risk Status]]=\"Closed\",RiskRegister[[#This Row],[Residual-I-L-Combo]],RiskRegister[[#This Row],[Inherent-I-L-Combo]])","v":"-- Select Impact ----- Select Likelihood --"},"-- Error --"]
[78,{"$nulls":5},"-- Select Risk Category --",null,"-- select department --",null,null,"-- Select Impact --",{"$f":"VLOOKUP(RiskRegister[[#This Row],[Inherent Impact Level]],'Rating factors'!$F$4:$G$9,2,FALSE)","v":"--- Error ---"},"-- Select Likelihood --",{"$f":"VLOOKUP(RiskRegister[[#This Row],[Inherent Likelihood Level]],'Rating factors'!$F$16:$G$21,2,FALSE)","v":"--- Error ---"},{"$f":"IFERROR(VLOOKUP(RiskRegister[[#This Row],[Inherent Risk Rating]],'Rating factors'!$F$30:$G$44,2,FALSE),\"-- Error --\")","v":"-- Error --"},{"$f":"IFERROR(RiskRegister[[#This Row],[Inherent Impact Rating]]*RiskRegister[[#This Row],[Inherent Likelihood Rating]],\"-- Error --\")","v":"-- Error --"},"-- Select Risk Response --",null,"-- Select Impact --",{"$f":"VLOOKUP(RiskRegister[[#This Row],[Residual Impact Level]],'Rating factors'!$F$4:$G$9,2,FALSE)","v":"--- Error ---"},"-- Select Likelihood --",{"$f":"VLOOKUP(RiskRegister[[#This Row],[Residual Likelihood Level]],'Rating factors'!$F$16:$G$21,2,FALSE)","v":"--- Error ---"},{"$f":"IFERROR(VLOOKUP(RiskRegister[[#This Row],[Residual Risk Rating]],'Rating factors'!$F$30:$G$44,2,FALSE),\"-- Error --\")","v":"-- Error --"},{"$f":"IFERROR(RiskRegister[[#This Row],[Residual Impact Rating]]*RiskRegister[[#This Row],[Residual Likelihood Rating]],\"-- Error --\")","v":"-- Error --"},"-- Select Risk Status --",{"$nulls":3},{"$f":"IF(ISBLANK(RiskRegister[[#This Row],[Risk Due Date]]), \"Missing Risk Due Date\", IF(RiskRegister[[#This Row],[Risk Due Date]] < TODAY(), \"Overdue\", \"Not Overdue\"))","v":"Missing Risk Due Date"},null,{"$f":"IF(ISBLANK(RiskRegister[[#This Row],[Risk Due Date]]), \"Missing Risk Due Date\", TEXT(RiskRegister[[#This Row],[Risk Due Date]], \"YYYY-MM\"))","v":"Missing Risk Due Date"},{"$f":"IF(RiskRegister[[#This Row],[Created Date]]=\"\",\"Created Date missing\",(TEXT(RiskRegister[[#This Row],[Created Date]],\"mmm\") & \"-\" & YEAR(RiskRegister[[#This Row],[Created Date]])))","v":"Created Date missing"},{"$f":"IF(RiskRegister[[#This Row],[Risk Status]]=\"Closed\",RiskRegister[[#This Row],[Risk Close Date]],RiskRegister[[#This Row],[Risk Due Date]])","v":"00:00:00"},{"$f":"IF(RiskRegister[[#This Row],[Risk-Change-Date]]=0,DATE(2030,1,1),RiskRegister[[#This Row],[Risk-Change-Date]])","v":"2030-01-01"},{"$f":"RiskRegister[[#This Row],[Inherent Impact Level]]&\"-\"&RiskRegister[[#This Row],[Inherent Likelihood Level]]","v":"-- Select Impact ----- Select Likelihood --"},{"$f":"RiskRegister[[#This Row],[Residual Impact Level]]&\"-\"&RiskRegister[[#This Row],[Residual Likelihood Level]]","v":"-- Select Impact ----- Select Likelihood --"},"Error",{"$f":"IF(RiskRegister[[#This Row],[Risk Status]]=\"Closed\",RiskRegister[[#This Row],[Residual Impact Level]],RiskRegister[[#This Row],[Inherent Impact Level]])","v":"-- Select Impact --"},{"$f":"IF(RiskRegister[[#This Row],[Risk Status]]=\"Closed\",RiskRegister[[#This Row],[Residual Likelihood Level]],RiskRegister[[#This Row],[Inherent Likelihood Level]])","v":"-- Select Likelihood --"},{"$f":"IF(RiskRegister[[#This Row],[Risk Status]]=\"Closed\",RiskRegister[[#This Row],[Residual-I-L-Combo]],RiskRegister[[#This Row],[Inherent-I-L-Combo]])","v":"-- Select Impact ----- Select Likelihood --"},"-- Error --"]
[79,{"$nulls":5},"-- Select Risk Category --",null,"-- select department --",null,null,"-- Select Impact --",{"$f":"VLOOKUP(RiskRegister[[#This Row],[Inherent Impact Level]],'Rating factors'!$F$4:$G$9,2,FALSE)","v":"--- Error ---"},"-- Select Likelihood --",{"$f":"VLOOKUP(RiskRegister[[#This Row],[Inherent Likelihood Level]],'Rating factors'!$F$16:$G$21,2,FALSE)","v":"--- Error ---"},{"$f":"IFERROR(VLOOKUP(RiskRegister[[#This Row],[Inherent Risk Rating]],'Rating factors'!$F$30:$G$44,2,FALSE),\"-- Error --\")","v":"-- Error --"},{"$f":"IFERROR(RiskRegister[[#This Row],[Inherent Impact Rating]]*RiskRegister[[#This Row],[Inherent Likelihood Rating]],\"-- Error --\")","v":"-- Error --"},"-- Select Risk Response --",null,"-- Select Impact --",{"$f":"VLOOKUP(RiskRegister[[#This Row],[Residual Impact Level]],'Rating factors'!$F$4:$G$9,2,FALSE)","v":"--- Error ---"},"-- Select Likelihood --",{"$f":"VLOOKUP(RiskRegister[[#This Row],[Residual Likelihood Level]],'Rating factors'!$F$16:$G$21,2,FALSE)","v":"--- Error ---"},{"$f":"IFERROR(VLOOKUP(RiskRegister[[#This Row],[Residual Risk Rating]],'Rating factors'!$F$30:$G$44,2,FALSE),\"-- Error --\")","v":"-- Error --"},{"$f":"IFERROR(RiskRegister[[#This Row],[Residual Impact Rating]]*RiskRegister[[#This Row],[Residual Likelihood Rating]],\"-- Error --\")","v":"-- Error --"},"-- Select Risk Status --",{"$nulls":3},{"$f":"IF(ISBLANK(RiskRegister[[#This Row],[Risk Due Date]]), \"Missing Risk Due Date\", IF(RiskRegister[[#This Row],[Risk Due Date]] < TODAY(), \"Overdue\", \"Not Overdue\"))","v":"Missing Risk Due Date"},null,{"$f":"IF(ISBLANK(RiskRegister[[#This Row],[Risk Due Date]]), \"Missing Risk Due Date\", TEXT(RiskRegister[[#This Row],[Risk Due Date]], \"YYYY-MM\"))","v":"Missing Risk Due Date"},{"$f":"IF(RiskRegister[[#This Row],[Created Date]]=\"\",\"Created Date missing\",(TEXT(RiskRegister[[#This Row],[Created Date]],\"mmm\") & \"-\" & YEAR(RiskRegister[[#This Row],[Created Date]])))","v":"Created Date missing"},{"$f":"IF(RiskRegister[[#This Row],[Risk Status]]=\"Closed\",RiskRegister[[#This Row],[Risk Close Date]],RiskRegister[[#This Row],[Risk Due Date]])","v":"00:00:00"},{"$f":"IF(RiskRegister[[#This Row],[Risk-Change-Date]]=0,DATE(2030,1,1),RiskRegister[[#This Row],[Risk-Change-Date]])","v":"2030-01-01"},{"$f":"RiskRegister[[#This Row],[Inherent Impact Level]]&\"-\"&RiskRegister[[#This Row],[Inherent Likelihood Level]]","v":"-- Select Impact ----- Select Likelihood --"},{"$f":"RiskRegister[[#This Row],[Residual Impact Level]]&\"-\"&RiskRegister[[#This Row],[Residual Likelihood Level]]","v":"-- Select Impact ----- Select Likelihood --"},"Error",{"$f":"IF(RiskRegister[[#This Row],[Risk Status]]=\"Closed\",RiskRegister[[#This Row],[Residual Impact Level]],RiskRegister[[#This Row],[Inherent Impact Level]])","v":"-- Select Impact --"},{"$f":"IF(RiskRegister[[#This Row],[Risk Status]]=\"Closed\",RiskRegister[[#This Row],[Residual Likelihood Level]],RiskRegister[[#This Row],[Inherent Likelihood Level]])","v":"-- Select Likelihood --"},{"$f":"IF(RiskRegister[[#This Row],[Risk Status]]=\"Closed\",RiskRegister[[#This Row],[Residual-I-L-Combo]],RiskRegister[[#This Row],[Inherent-I-L-Combo]])","v":"-- Select Impact ----- Select Likelihood --"},"-- Error --"]
[80,{"$nulls":5},"-- Select Risk Category --",null,"-- select department --",null,null,"-- Select Impact --",{"$f":"VLOOKUP(RiskRegister[[#This Row],[Inherent Impact Level]],'Rating factors'!$F$4:$G$9,2,FALSE)","v":"--- Error ---"},"-- Select Likelihood --",{"$f":"VLOOKUP(RiskRegister[[#This Row],[Inherent Likelihood Level]],'Rating factors'!$F$16:$G$21,2,FALSE)","v":"--- Error ---"},{"$f":"IFERROR(VLOOKUP(RiskRegister[[#This Row],[Inherent Risk Rating]],'Rating factors'!$F$30:$G$44,2,FALSE),\"-- Error --\")","v":"-- Error --"},{"$f":"IFERROR(RiskRegister[[#This Row],[Inherent Impact Rating]]*RiskRegister[[#This Row],[Inherent Likelihood Rating]],\"-- Error --\")","v":"-- Error --"},"-- Select Risk Response --",null,"-- Select Impact --",{"$f":"VLOOKUP(RiskRegister[[#This Row],[Residual Impact Level]],'Rating factors'!$F$4:$G$9,2,FALSE)","v":"--- Error ---"},"-- Select Likelihood --",{"$f":"VLOOKUP(RiskRegister[[#This Row],[Residual Likelihood Level]],'Rating factors'!$F$16:$G$21,2,FALSE)","v":"--- Error ---"},{"$f":"IFERROR(VLOOKUP(RiskRegister[[#This Row],[Residual Risk Rating]],'Rating factors'!$F$30:$G$44,2,FALSE),\"-- Error --\")","v":"-- Error --"},{"$f":"IFERROR(RiskRegister[[#This Row],[Residual Impact Rating]]*RiskRegister[[#This Row],[Residual Likelihood Rating]],\"-- Error --\")","v":"-- Error --"},"-- Select Risk Status --",{"$nulls":3},{"$f":"IF(ISBLANK(RiskRegister[[#This Row],[Risk Due Date]]), \"Missing Risk Due Date\", IF(RiskRegister[[#This Row],[Risk Due Date]] < TODAY(), \"Overdue\", \"Not Overdue\"))","v":"Missing Risk Due Date"},null,{"$f":"IF(ISBLANK(RiskRegister[[#This Row],[Risk Due Date]]), \"Missing Risk Due Date\", TEXT(RiskRegister[[#This Row],[Risk Due Date]], \"YYYY-MM\"))","v":"Missing Risk Due Date"},{"$f":"IF(RiskRegister[[#This Row],[Created Date]]=\"\",\"Created Date missing\",(TEXT(RiskRegister[[#This Row],[Created Date]],\"mmm\") & \"-\" & YEAR(RiskRegister[[#This Row],[Created Date]])))","v":"Created Date missing"},{"$f":"IF(RiskRegister[[#This Row],[Risk Status]]=\"Closed\",RiskRegister[[#This Row],[Risk Close Date]],RiskRegister[[#This Row],[Risk Due Date]])","v":"00:00:00"},{"$f":"IF(RiskRegister[[#This Row],[Risk-Change-Date]]=0,DATE(2030,1,1),RiskRegister[[#This Row],[Risk-Change-Date]])","v":"2030-01-01"},{"$f":"RiskRegister[[#This Row],[Inherent Impact Level]]&\"-\"&RiskRegister[[#This Row],[Inherent Likelihood Level]]","v":"-- Select Impact ----- Select Likelihood --"},{"$f":"RiskRegister[[#This Row],[Residual Impact Level]]&\"-\"&RiskRegister[[#This Row],[Residual Likelihood Level]]","v":"-- Select Impact ----- Select Likelihood --"},"Error",{"$f":"IF(RiskRegister[[#This Row],[Risk Status]]=\"Closed\",RiskRegister[[#This Row],[Residual Impact Level]],RiskRegister[[#This Row],[Inherent Impact Level]])","v":"-- Select Impact --"},{"$f":"IF(RiskRegister[[#This Row],[Risk Status]]=\"Closed\",RiskRegister[[#This Row],[Residual Likelihood Level]],RiskRegister[[#This Row],[Inherent Likelihood Level]])","v":"-- Select Likelihood --"},{"$f":"IF(RiskRegister[[#This Row],[Risk Status]]=\"Closed\",RiskRegister[[#This Row],[Residual-I-L-Combo]],RiskRegister[[#This Row],[Inherent-I-L-Combo]])","v":"-- Select Impact ----- Select Likelihood --"},"-- Error --"]
[81,{"$nulls":5},"-- Select Risk Category --",null,"-- select department --",null,null,"-- Select Impact --",{"$f":"VLOOKUP(RiskRegister[[#This Row],[Inherent Impact Level]],'Rating factors'!$F$4:$G$9,2,FALSE)","v":"--- Error ---"},"-- Select Likelihood --",{"$f":"VLOOKUP(RiskRegister[[#This Row],[Inherent Likelihood Level]],'Rating factors'!$F$16:$G$21,2,FALSE)","v":"--- Error ---"},{"$f":"IFERROR(VLOOKUP(RiskRegister[[#This Row],[Inherent Risk Rating]],'Rating factors'!$F$30:$G$44,2,FALSE),\"-- Error --\")","v":"-- Error --"},{"$f":"IFERROR(RiskRegister[[#This Row],[Inherent Impact Rating]]*RiskRegister[[#This Row],[Inherent Likelihood Rating]],\"-- Error --\")","v":"-- Error --"},"-- Select Risk Response --",null,"-- Select Impact --",{"$f":"VLOOKUP(RiskRegister[[#This Row],[Residual Impact Level]],'Rating factors'!$F$4:$G$9,2,FALSE)","v":"--- Error ---"},"-- Select Likelihood --",{"$f":"VLOOKUP(RiskRegister[[#This Row],[Residual Likelihood Level]],'Rating factors'!$F$16:$G$21,2,FALSE)","v":"--- Error ---"},{"$f":"IFERROR(VLOOKUP(RiskRegister[[#This Row],[Residual Risk Rating]],'Rating factors'!$F$30:$G$44,2,FALSE),\"-- Error --\")","v":"-- Error --"},{"$f":"IFERROR(RiskRegister[[#This Row],[Residual Impact Rating]]*RiskRegister[[#This Row],[Residual Likelihood Rating]],\"-- Error --\")","v":"-- Error --"},"-- Select Risk Status --",{"$nulls":3},{"$f":"IF(ISBLANK(RiskRegister[[#This Row],[Risk Due Date]]), \"Missing Risk Due Date\", IF(RiskRegister[[#This Row],[Risk Due Date]] < TODAY(), \"Overdue\", \"Not Overdue\"))","v":"Missing Risk Due Date"},null,{"$f":"IF(ISBLANK(RiskRegister[[#This Row],[Risk Due Date]]), \"Missing Risk Due Date\", TEXT(RiskRegister[[#This Row],[Risk Due Date]], \"YYYY-MM\"))","v":"Missing Risk Due Date"},{"$f":"IF(RiskRegister[[#This Row],[Created Date]]=\"\",\"Created Date missing\",(TEXT(RiskRegister[[#This Row],[Created Date]],\"mmm\") & \"-\" & YEAR(RiskRegister[[#This Row],[Created Date]])))","v":"Created Date missing"},{"$f":"IF(RiskRegister[[#This Row],[Risk Status]]=\"Closed\",RiskRegister[[#This Row],[Risk Close Date]],RiskRegister[[#This Row],[Risk Due Date]])","v":"00:00:00"},{"$f":"IF(RiskRegister[[#This Row],[Risk-Change-Date]]=0,DATE(2030,1,1),RiskRegister[[#This Row],[Risk-Change-Date]])","v":"2030-01-01"},{"$f":"RiskRegister[[#This Row],[Inherent Impact Level]]&\"-\"&RiskRegister[[#This Row],[Inherent Likelihood Level]]","v":"-- Select Impact ----- Select Likelihood --"},{"$f":"RiskRegister[[#This Row],[Residual Impact Level]]&\"-\"&RiskRegister[[#This Row],[Residual Likelihood Level]]","v":"-- Select Impact ----- Select Likelihood --"},"Error",{"$f":"IF(RiskRegister[[#This Row],[Risk Status]]=\"Closed\",RiskRegister[[#This Row],[Residual Impact Level]],RiskRegister[[#This Row],[Inherent Impact Level]])","v":"-- Select Impact --"},{"$f":"IF(RiskRegister[[#This Row],[Risk Status]]=\"Closed\",RiskRegister[[#This Row],[Residual Likelihood Level]],RiskRegister[[#This Row],[Inherent Likelihood Level]])","v":"-- Select Likelihood --"},{"$f":"IF(RiskRegister[[#This Row],[Risk Status]]=\"Closed\",RiskRegister[[#This Row],[Residual-I-L-Combo]],RiskRegister[[#This Row],[Inherent-I-L-Combo]])","v":"-- Select Impact ----- Select Likelihood --"},"-- Error --"]
[82,{"$nulls":5},"-- Select Risk Category --",null,"-- select department --",null,null,"-- Select Impact --",{"$f":"VLOOKUP(RiskRegister[[#This Row],[Inherent Impact Level]],'Rating factors'!$F$4:$G$9,2,FALSE)","v":"--- Error ---"},"-- Select Likelihood --",{"$f":"VLOOKUP(RiskRegister[[#This Row],[Inherent Likelihood Level]],'Rating factors'!$F$16:$G$21,2,FALSE)","v":"--- Error ---"},{"$f":"IFERROR(VLOOKUP(RiskRegister[[#This Row],[Inherent Risk Rating]],'Rating factors'!$F$30:$G$44,2,FALSE),\"-- Error --\")","v":"-- Error --"},{"$f":"IFERROR(RiskRegister[[#This Row],[Inherent Impact Rating]]*RiskRegister[[#This Row],[Inherent Likelihood Rating]],\"-- Error --\")","v":"-- Error --"},"-- Select Risk Response --",null,"-- Select Impact --",{"$f":"VLOOKUP(RiskRegister[[#This Row],[Residual Impact Level]],'Rating factors'!$F$4:$G$9,2,FALSE)","v":"--- Error ---"},"-- Select Likelihood --",{"$f":"VLOOKUP(RiskRegister[[#This Row],[Residual Likelihood Level]],'Rating factors'!$F$16:$G$21,2,FALSE)","v":"--- Error ---"},{"$f":"IFERROR(VLOOKUP(RiskRegister[[#This Row],[Residual Risk Rating]],'Rating factors'!$F$30:$G$44,2,FALSE),\"-- Error --\")","v":"-- Error --"},{"$f":"IFERROR(RiskRegister[[#This Row],[Residual Impact Rating]]*RiskRegister[[#This Row],[Residual Likelihood Rating]],\"-- Error --\")","v":"-- Error --"},"-- Select Risk Status --",{"$nulls":3},{"$f":"IF(ISBLANK(RiskRegister[[#This Row],[Risk Due Date]]), \"Missing Risk Due Date\", IF(RiskRegister[[#This Row],[Risk Due Date]] < TODAY(), \"Overdue\", \"Not Overdue\"))","v":"Missing Risk Due Date"},null,{"$f":"IF(ISBLANK(RiskRegister[[#This Row],[Risk Due Date]]), \"Missing Risk Due Date\", TEXT(RiskRegister[[#This Row],[Risk Due Date]], \"YYYY-MM\"))","v":"Missing Risk Due Date"},{"$f":"IF(RiskRegister[[#This Row],[Created Date]]=\"\",\"Created Date missing\",(TEXT(RiskRegister[[#This Row],[Created Date]],\"mmm\") & \"-\" & YEAR(RiskRegister[[#This Row],[Created Date]])))","v":"Created Date missing"},{"$f":"IF(RiskRegister[[#This Row],[Risk Status]]=\"Closed\",RiskRegister[[#This Row],[Risk Close Date]],RiskRegister[[#This Row],[Risk Due Date]])","v":"00:00:00"},{"$f":"IF(RiskRegister[[#This Row],[Risk-Change-Date]]=0,DATE(2030,1,1),RiskRegister[[#This Row],[Risk-Change-Date]])","v":"2030-01-01"},{"$f":"RiskRegister[[#This Row],[Inherent Impact Level]]&\"-\"&RiskRegister[[#This Row],[Inherent Likelihood Level]]","v":"-- Select Impact ----- Select Likelihood --"},{"$f":"RiskRegister[[#This Row],[Residual Impact Level]]&\"-\"&RiskRegister[[#This Row],[Residual Likelihood Level]]","v":"-- Select Impact ----- Select Likelihood --"},"Error",{"$f":"IF(RiskRegister[[#This Row],[Risk Status]]=\"Closed\",RiskRegister[[#This Row],[Residual Impact Level]],RiskRegister[[#This Row],[Inherent Impact Level]])","v":"-- Select Impact --"},{"$f":"IF(RiskRegister[[#This Row],[Risk Status]]=\"Closed\",RiskRegister[[#This Row],[Residual Likelihood Level]],RiskRegister[[#This Row],[Inherent Likelihood Level]])","v":"-- Select Likelihood --"},{"$f":"IF(RiskRegister[[#This Row],[Risk Status]]=\"Closed\",RiskRegister[[#This Row],[Residual-I-L-Combo]],RiskRegister[[#This Row],[Inherent-I-L-Combo]])","v":"-- Select Impact ----- Select Likelihood --"},"-- Error --"]
[83,{"$nulls":5},"-- Select Risk Category --",null,"-- select department --",null,null,"-- Select Impact --",{"$f":"VLOOKUP(RiskRegister[[#This Row],[Inherent Impact Level]],'Rating factors'!$F$4:$G$9,2,FALSE)","v":"--- Error ---"},"-- Select Likelihood --",{"$f":"VLOOKUP(RiskRegister[[#This Row],[Inherent Likelihood Level]],'Rating factors'!$F$16:$G$21,2,FALSE)","v":"--- Error ---"},{"$f":"IFERROR(VLOOKUP(RiskRegister[[#This Row],[Inherent Risk Rating]],'Rating factors'!$F$30:$G$44,2,FALSE),\"-- Error --\")","v":"-- Error --"},{"$f":"IFERROR(RiskRegister[[#This Row],[Inherent Impact Rating]]*RiskRegister[[#This Row],[Inherent Likelihood Rating]],\"-- Error --\")","v":"-- Error --"},"-- Select Risk Response --",null,"-- Select Impact --",{"$f":"VLOOKUP(RiskRegister[[#This Row],[Residual Impact Level]],'Rating factors'!$F$4:$G$9,2,FALSE)","v":"--- Error ---"},"-- Select Likelihood --",{"$f":"VLOOKUP(RiskRegister[[#This Row],[Residual Likelihood Level]],'Rating factors'!$F$16:$G$21,2,FALSE)","v":"--- Error ---"},{"$f":"IFERROR(VLOOKUP(RiskRegister[[#This Row],[Residual Risk Rating]],'Rating factors'!$F$30:$G$44,2,FALSE),\"-- Error --\")","v":"-- Error --"},{"$f":"IFERROR(RiskRegister[[#This Row],[Residual Impact Rating]]*RiskRegister[[#This Row],[Residual Likelihood Rating]],\"-- Error --\")","v":"-- Error --"},"-- Select Risk Status --",{"$nulls":3},{"$f":"IF(ISBLANK(RiskRegister[[#This Row],[Risk Due Date]]), \"Missing Risk Due Date\", IF(RiskRegister[[#This Row],[Risk Due Date]] < TODAY(), \"Overdue\", \"Not Overdue\"))","v":"Missing Risk Due Date"},null,{"$f":"IF(ISBLANK(RiskRegister[[#This Row],[Risk Due Date]]), \"Missing Risk Due Date\", TEXT(RiskRegister[[#This Row],[Risk Due Date]], \"YYYY-MM\"))","v":"Missing Risk Due Date"},{"$f":"IF(RiskRegister[[#This Row],[Created Date]]=\"\",\"Created Date missing\",(TEXT(RiskRegister[[#This Row],[Created Date]],\"mmm\") & \"-\" & YEAR(RiskRegister[[#This Row],[Created Date]])))","v":"Created Date missing"},{"$f":"IF(RiskRegister[[#This Row],[Risk Status]]=\"Closed\",RiskRegister[[#This Row],[Risk Close Date]],RiskRegister[[#This Row],[Risk Due Date]])","v":"00:00:00"},{"$f":"IF(RiskRegister[[#This Row],[Risk-Change-Date]]=0,DATE(2030,1,1),RiskRegister[[#This Row],[Risk-Change-Date]])","v":"2030-01-01"},{"$f":"RiskRegister[[#This Row],[Inherent Impact Level]]&\"-\"&RiskRegister[[#This Row],[Inherent Likelihood Level]]","v":"-- Select Impact ----- Select Likelihood --"},{"$f":"RiskRegister[[#This Row],[Residual Impact Level]]&\"-\"&RiskRegister[[#This Row],[Residual Likelihood Level]]","v":"-- Select Impact ----- Select Likelihood --"},"Error",{"$f":"IF(RiskRegister[[#This Row],[Risk Status]]=\"Closed\",RiskRegister[[#This Row],[Residual Impact Level]],RiskRegister[[#This Row],[Inherent Impact Level]])","v":"-- Select Impact --"},{"$f":"IF(RiskRegister[[#This Row],[Risk Status]]=\"Closed\",RiskRegister[[#This Row],[Residual Likelihood Level]],RiskRegister[[#This Row],[Inherent Likelihood Level]])","v":"-- Select Likelihood --"},{"$f":"IF(RiskRegister[[#This Row],[Risk Status]]=\"Closed\",RiskRegister[[#This Row],[Residual-I-L-Combo]],RiskRegister[[#This Row],[Inherent-I-L-Combo]])","v":"-- Select Impact ----- Select Likelihood --"},"-- Error --"]
[84,{"$nulls":5},"-- Select Risk Category --",null,"-- select department --",null,null,"-- Select Impact --",{"$f":"VLOOKUP(RiskRegister[[#This Row],[Inherent Impact Level]],'Rating factors'!$F$4:$G$9,2,FALSE)","v":"--- Error ---"},"-- Select Likelihood --",{"$f":"VLOOKUP(RiskRegister[[#This Row],[Inherent Likelihood Level]],'Rating factors'!$F$16:$G$21,2,FALSE)","v":"--- Error ---"},{"$f":"IFERROR(VLOOKUP(RiskRegister[[#This Row],[Inherent Risk Rating]],'Rating factors'!$F$30:$G$44,2,FALSE),\"-- Error --\")","v":"-- Error --"},{"$f":"IFERROR(RiskRegister[[#This Row],[Inherent Impact Rating]]*RiskRegister[[#This Row],[Inherent Likelihood Rating]],\"-- Error --\")","v":"-- Error --"},"-- Select Risk Response --",null,"-- Select Impact --",{"$f":"VLOOKUP(RiskRegister[[#This Row],[Residual Impact Level]],'Rating factors'!$F$4:$G$9,2,FALSE)","v":"--- Error ---"},"-- Select Likelihood --",{"$f":"VLOOKUP(RiskRegister[[#This Row],[Residual Likelihood Level]],'Rating factors'!$F$16:$G$21,2,FALSE)","v":"--- Error ---"},{"$f":"IFERROR(VLOOKUP(RiskRegister[[#This Row],[Residual Risk Rating]],'Rating factors'!$F$30:$G$44,2,FALSE),\"-- Error --\")","v":"-- Error --"},{"$f":"IFERROR(RiskRegister[[#This Row],[Residual Impact Rating]]*RiskRegister[[#This Row],[Residual Likelihood Rating]],\"-- Error --\")","v":"-- Error --"},"-- Select Risk Status --",{"$nulls":3},{"$f":"IF(ISBLANK(RiskRegister[[#This Row],[Risk Due Date]]), \"Missing Risk Due Date\", IF(RiskRegister[[#This Row],[Risk Due Date]] < TODAY(), \"Overdue\", \"Not Overdue\"))","v":"Missing Risk Due Date"},null,{"$f":"IF(ISBLANK(RiskRegister[[#This Row],[Risk Due Date]]), \"Missing Risk Due Date\", TEXT(RiskRegister[[#This Row],[Risk Due Date]], \"YYYY-MM\"))","v":"Missing Risk Due Date"},{"$f":"IF(RiskRegister[[#This Row],[Created Date]]=\"\",\"Created Date missing\",(TEXT(RiskRegister[[#This Row],[Created Date]],\"mmm\") & \"-\" & YEAR(RiskRegister[[#This Row],[Created Date]])))","v":"Created Date missing"},{"$f":"IF(RiskRegister[[#This Row],[Risk Status]]=\"Closed\",RiskRegister[[#This Row],[Risk Close Date]],RiskRegister[[#This Row],[Risk Due Date]])","v":"00:00:00"},{"$f":"IF(RiskRegister[[#This Row],[Risk-Change-Date]]=0,DATE(2030,1,1),RiskRegister[[#This Row],[Risk-Change-Date]])","v":"2030-01-01"},{"$f":"RiskRegister[[#This Row],[Inherent Impact Level]]&\"-\"&RiskRegister[[#This Row],[Inherent Likelihood Level]]","v":"-- Select Impact ----- Select Likelihood --"},{"$f":"RiskRegister[[#This Row],[Residual Impact Level]]&\"-\"&RiskRegister[[#This Row],[Residual Likelihood Level]]","v":"-- Select Impact ----- Select Likelihood --"},"Error",{"$f":"IF(RiskRegister[[#This Row],[Risk Status]]=\"Closed\",RiskRegister[[#This Row],[Residual Impact Level]],RiskRegister[[#This Row],[Inherent Impact Level]])","v":"-- Select Impact --"},{"$f":"IF(RiskRegister[[#This Row],[Risk Status]]=\"Closed\",RiskRegister[[#This Row],[Residual Likelihood Level]],RiskRegister[[#This Row],[Inherent Likelihood Level]])","v":"-- Select Likelihood --"},{"$f":"IF(RiskRegister[[#This Row],[Risk Status]]=\"Closed\",RiskRegister[[#This Row],[Residual-I-L-Combo]],RiskRegister[[#This Row],[Inherent-I-L-Combo]])","v":"-- Select Impact ----- Select Likelihood --"},"-- Error --"]
[85,{"$nulls":5},"-- Select Risk Category --",null,"-- select department --",null,null,"-- Select Impact --",{"$f":"VLOOKUP(RiskRegister[[#This Row],[Inherent Impact Level]],'Rating factors'!$F$4:$G$9,2,FALSE)","v":"--- Error ---"},"-- Select Likelihood --",{"$f":"VLOOKUP(RiskRegister[[#This Row],[Inherent Likelihood Level]],'Rating factors'!$F$16:$G$21,2,FALSE)","v":"--- Error ---"},{"$f":"IFERROR(VLOOKUP(RiskRegister[[#This Row],[Inherent Risk Rating]],'Rating factors'!$F$30:$G$44,2,FALSE),\"-- Error --\")","v":"-- Error --"},{"$f":"IFERROR(RiskRegister[[#This Row],[Inherent Impact Rating]]*RiskRegister[[#This Row],[Inherent Likelihood Rating]],\"-- Error --\")","v":"-- Error --"},"-- Select Risk Response --",null,"-- Select Impact --",{"$f":"VLOOKUP(RiskRegister[[#This Row],[Residual Impact Level]],'Rating factors'!$F$4:$G$9,2,FALSE)","v":"--- Error ---"},"-- Select Likelihood --",{"$f":"VLOOKUP(RiskRegister[[#This Row],[Residual Likelihood Level]],'Rating factors'!$F$16:$G$21,2,FALSE)","v":"--- Error ---"},{"$f":"IFERROR(VLOOKUP(RiskRegister[[#This Row],[Residual Risk Rating]],'Rating factors'!$F$30:$G$44,2,FALSE),\"-- Error --\")","v":"-- Error --"},{"$f":"IFERROR(RiskRegister[[#This Row],[Residual Impact Rating]]*RiskRegister[[#This Row],[Residual Likelihood Rating]],\"-- Error --\")","v":"-- Error --"},"-- Select Risk Status --",{"$nulls":3},{"$f":"IF(ISBLANK(RiskRegister[[#This Row],[Risk Due Date]]), \"Missing Risk Due Date\", IF(RiskRegister[[#This Row],[Risk Due Date]] < TODAY(), \"Overdue\", \"Not Overdue\"))","v":"Missing Risk Due Date"},null,{"$f":"IF(ISBLANK(RiskRegister[[#This Row],[Risk Due Date]]), \"Missing Risk Due Date\", TEXT(RiskRegister[[#This Row],[Risk Due Date]], \"YYYY-MM\"))","v":"Missing Risk Due Date"},{"$f":"IF(RiskRegister[[#This Row],[Created Date]]=\"\",\"Created Date missing\",(TEXT(RiskRegister[[#This Row],[Created Date]],\"mmm\") & \"-\" & YEAR(RiskRegister[[#This Row],[Created Date]])))","v":"Created Date missing"},{"$f":"IF(RiskRegister[[#This Row],[Risk Status]]=\"Closed\",RiskRegister[[#This Row],[Risk Close Date]],RiskRegister[[#This Row],[Risk Due Date]])","v":"00:00:00"},{"$f":"IF(RiskRegister[[#This Row],[Risk-Change-Date]]=0,DATE(2030,1,1),RiskRegister[[#This Row],[Risk-Change-Date]])","v":"2030-01-01"},{"$f":"RiskRegister[[#This Row],[Inherent Impact Level]]&\"-\"&RiskRegister[[#This Row],[Inherent Likelihood Level]]","v":"-- Select Impact ----- Select Likelihood --"},{"$f":"RiskRegister[[#This Row],[Residual Impact Level]]&\"-\"&RiskRegister[[#This Row],[Residual Likelihood Level]]","v":"-- Select Impact ----- Select Likelihood --"},"Error",{"$f":"IF(RiskRegister[[#This Row],[Risk Status]]=\"Closed\",RiskRegister[[#This Row],[Residual Impact Level]],RiskRegister[[#This Row],[Inherent Impact Level]])","v":"-- Select Impact --"},{"$f":"IF(RiskRegister[[#This Row],[Risk Status]]=\"Closed\",RiskRegister[[#This Row],[Residual Likelihood Level]],RiskRegister[[#This Row],[Inherent Likelihood Level]])","v":"-- Select Likelihood --"},{"$f":"IF(RiskRegister[[#This Row],[Risk Status]]=\"Closed\",RiskRegister[[#This Row],[Residual-I-L-Combo]],RiskRegister[[#This Row],[Inherent-I-L-Combo]])","v":"-- Select Impact ----- Select Likelihood --"},"-- Error --"]
[86,{"$nulls":5},"-- Select Risk Category --",null,"-- select department --",null,null,"-- Select Impact --",{"$f":"VLOOKUP(RiskRegister[[#This Row],[Inherent Impact Level]],'Rating factors'!$F$4:$G$9,2,FALSE)","v":"--- Error ---"},"-- Select Likelihood --",{"$f":"VLOOKUP(RiskRegister[[#This Row],[Inherent Likelihood Level]],'Rating factors'!$F$16:$G$21,2,FALSE)","v":"--- Error ---"},{"$f":"IFERROR(VLOOKUP(RiskRegister[[#This Row],[Inherent Risk Rating]],'Rating factors'!$F$30:$G$44,2,FALSE),\"-- Error --\")","v":"-- Error --"},{"$f":"IFERROR(RiskRegister[[#This Row],[Inherent Impact Rating]]*RiskRegister[[#This Row],[Inherent Likelihood Rating]],\"-- Error --\")","v":"-- Error --"},"-- Select Risk Response --",null,"-- Select Impact --",{"$f":"VLOOKUP(RiskRegister[[#This Row],[Residual Impact Level]],'Rating factors'!$F$4:$G$9,2,FALSE)","v":"--- Error ---"},"-- Select Likelihood --",{"$f":"VLOOKUP(RiskRegister[[#This Row],[Residual Likelihood Level]],'Rating factors'!$F$16:$G$21,2,FALSE)","v":"--- Error ---"},{"$f":"IFERROR(VLOOKUP(RiskRegister[[#This Row],[Residual Risk Rating]],'Rating factors'!$F$30:$G$44,2,FALSE),\"-- Error --\")","v":"-- Error --"},{"$f":"IFERROR(RiskRegister[[#This Row],[Residual Impact Rating]]*RiskRegister[[#This Row],[Residual Likelihood Rating]],\"-- Error --\")","v":"-- Error --"},"-- Select Risk Status --",{"$nulls":3},{"$f":"IF(ISBLANK(RiskRegister[[#This Row],[Risk Due Date]]), \"Missing Risk Due Date\", IF(RiskRegister[[#This Row],[Risk Due Date]] < TODAY(), \"Overdue\", \"Not Overdue\"))","v":"Missing Risk Due Date"},null,{"$f":"IF(ISBLANK(RiskRegister[[#This Row],[Risk Due Date]]), \"Missing Risk Due Date\", TEXT(RiskRegister[[#This Row],[Risk Due Date]], \"YYYY-MM\"))","v":"Missing Risk Due Date"},{"$f":"IF(RiskRegister[[#This Row],[Created Date]]=\"\",\"Created Date missing\",(TEXT(RiskRegister[[#This Row],[Created Date]],\"mmm\") & \"-\" & YEAR(RiskRegister[[#This Row],[Created Date]])))","v":"Created Date missing"},{"$f":"IF(RiskRegister[[#This Row],[Risk Status]]=\"Closed\",RiskRegister[[#This Row],[Risk Close Date]],RiskRegister[[#This Row],[Risk Due Date]])","v":"00:00:00"},{"$f":"IF(RiskRegister[[#This Row],[Risk-Change-Date]]=0,DATE(2030,1,1),RiskRegister[[#This Row],[Risk-Change-Date]])","v":"2030-01-01"},{"$f":"RiskRegister[[#This Row],[Inherent Impact Level]]&\"-\"&RiskRegister[[#This Row],[Inherent Likelihood Level]]","v":"-- Select Impact ----- Select Likelihood --"},{"$f":"RiskRegister[[#This Row],[Residual Impact Level]]&\"-\"&RiskRegister[[#This Row],[Residual Likelihood Level]]","v":"-- Select Impact ----- Select Likelihood --"},"Error",{"$f":"IF(RiskRegister[[#This Row],[Risk Status]]=\"Closed\",RiskRegister[[#This Row],[Residual Impact Level]],RiskRegister[[#This Row],[Inherent Impact Level]])","v":"-- Select Impact --"},{"$f":"IF(RiskRegister[[#This Row],[Risk Status]]=\"Closed\",RiskRegister[[#This Row],[Residual Likelihood Level]],RiskRegister[[#This Row],[Inherent Likelihood Level]])","v":"-- Select Likelihood --"},{"$f":"IF(RiskRegister[[#This Row],[Risk Status]]=\"Closed\",RiskRegister[[#This Row],[Residual-I-L-Combo]],RiskRegister[[#This Row],[Inherent-I-L-Combo]])","v":"-- Select Impact ----- Select Likelihood --"},"-- Error --"]
[87,{"$nulls":5},"-- Select Risk Category --",null,"-- select department --",null,null,"-- Select Impact --",{"$f":"VLOOKUP(RiskRegister[[#This Row],[Inherent Impact Level]],'Rating factors'!$F$4:$G$9,2,FALSE)","v":"--- Error ---"},"-- Select Likelihood --",{"$f":"VLOOKUP(RiskRegister[[#This Row],[Inherent Likelihood Level]],'Rating factors'!$F$16:$G$21,2,FALSE)","v":"--- Error ---"},{"$f":"IFERROR(VLOOKUP(RiskRegister[[#This Row],[Inherent Risk Rating]],'Rating factors'!$F$30:$G$44,2,FALSE),\"-- Error --\")","v":"-- Error --"},{"$f":"IFERROR(RiskRegister[[#This Row],[Inherent Impact Rating]]*RiskRegister[[#This Row],[Inherent Likelihood Rating]],\"-- Error --\")","v":"-- Error --"},"-- Select Risk Response --",null,"-- Select Impact --",{"$f":"VLOOKUP(RiskRegister[[#This Row],[Residual Impact Level]],'Rating factors'!$F$4:$G$9,2,FALSE)","v":"--- Error ---"},"-- Select Likelihood --",{"$f":"VLOOKUP(RiskRegister[[#This Row],[Residual Likelihood Level]],'Rating factors'!$F$16:$G$21,2,FALSE)","v":"--- Error ---"},{"$f":"IFERROR(VLOOKUP(RiskRegister[[#This Row],[Residual Risk Rating]],'Rating factors'!$F$30:$G$44,2,FALSE),\"-- Error --\")","v":"-- Error --"},{"$f":"IFERROR(RiskRegister[[#This Row],[Residual Impact Rating]]*RiskRegister[[#This Row],[Residual Likelihood Rating]],\"-- Error --\")","v":"-- Error --"},"-- Select Risk Status --",{"$nulls":3},{"$f":"IF(ISBLANK(RiskRegister[[#This Row],[Risk Due Date]]), \"Missing Risk Due Date\", IF(RiskRegister[[#This Row],[Risk Due Date]] < TODAY(), \"Overdue\", \"Not Overdue\"))","v":"Missing Risk Due Date"},null,{"$f":"IF(ISBLANK(RiskRegister[[#This Row],[Risk Due Date]]), \"Missing Risk Due Date\", TEXT(RiskRegister[[#This Row],[Risk Due Date]], \"YYYY-MM\"))","v":"Missing Risk Due Date"},{"$f":"IF(RiskRegister[[#This Row],[Created Date]]=\"\",\"Created Date missing\",(TEXT(RiskRegister[[#This Row],[Created Date]],\"mmm\") & \"-\" & YEAR(RiskRegister[[#This Row],[Created Date]])))","v":"Created Date missing"},{"$f":"IF(RiskRegister[[#This Row],[Risk Status]]=\"Closed\",RiskRegister[[#This Row],[Risk Close Date]],RiskRegister[[#This Row],[Risk Due Date]])","v":"00:00:00"},{"$f":"IF(RiskRegister[[#This Row],[Risk-Change-Date]]=0,DATE(2030,1,1),RiskRegister[[#This Row],[Risk-Change-Date]])","v":"2030-01-01"},{"$f":"RiskRegister[[#This Row],[Inherent Impact Level]]&\"-\"&RiskRegister[[#This Row],[Inherent Likelihood Level]]","v":"-- Select Impact ----- Select Likelihood --"},{"$f":"RiskRegister[[#This Row],[Residual Impact Level]]&\"-\"&RiskRegister[[#This Row],[Residual Likelihood Level]]","v":"-- Select Impact ----- Select Likelihood --"},"Error",{"$f":"IF(RiskRegister[[#This Row],[Risk Status]]=\"Closed\",RiskRegister[[#This Row],[Residual Impact Level]],RiskRegister[[#This Row],[Inherent Impact Level]])","v":"-- Select Impact --"},{"$f":"IF(RiskRegister[[#This Row],[Risk Status]]=\"Closed\",RiskRegister[[#This Row],[Residual Likelihood Level]],RiskRegister[[#This Row],[Inherent Likelihood Level]])","v":"-- Select Likelihood --"},{"$f":"IF(RiskRegister[[#This Row],[Risk Status]]=\"Closed\",RiskRegister[[#This Row],[Residual-I-L-Combo]],RiskRegister[[#This Row],[Inherent-I-L-Combo]])","v":"-- Select Impact ----- Select Likelihood --"},"-- Error --"]
[88,{"$nulls":5},"-- Select Risk Category --",null,"-- select department --",null,null,"-- Select Impact --",{"$f":"VLOOKUP(RiskRegister[[#This Row],[Inherent Impact Level]],'Rating factors'!$F$4:$G$9,2,FALSE)","v":"--- Error ---"},"-- Select Likelihood --",{"$f":"VLOOKUP(RiskRegister[[#This Row],[Inherent Likelihood Level]],'Rating factors'!$F$16:$G$21,2,FALSE)","v":"--- Error ---"},{"$f":"IFERROR(VLOOKUP(RiskRegister[[#This Row],[Inherent Risk Rating]],'Rating factors'!$F$30:$G$44,2,FALSE),\"-- Error --\")","v":"-- Error --"},{"$f":"IFERROR(RiskRegister[[#This Row],[Inherent Impact Rating]]*RiskRegister[[#This Row],[Inherent Likelihood Rating]],\"-- Error --\")","v":"-- Error --"},"-- Select Risk Response --",null,"-- Select Impact --",{"$f":"VLOOKUP(RiskRegister[[#This Row],[Residual Impact Level]],'Rating factors'!$F$4:$G$9,2,FALSE)","v":"--- Error ---"},"-- Select Likelihood --",{"$f":"VLOOKUP(RiskRegister[[#This Row],[Residual Likelihood Level]],'Rating factors'!$F$16:$G$21,2,FALSE)","v":"--- Error ---"},{"$f":"IFERROR(VLOOKUP(RiskRegister[[#This Row],[Residual Risk Rating]],'Rating factors'!$F$30:$G$44,2,FALSE),\"-- Error --\")","v":"-- Error --"},{"$f":"IFERROR(RiskRegister[[#This Row],[Residual Impact Rating]]*RiskRegister[[#This Row],[Residual Likelihood Rating]],\"-- Error --\")","v":"-- Error --"},"-- Select Risk Status --",{"$nulls":3},{"$f":"IF(ISBLANK(RiskRegister[[#This Row],[Risk Due Date]]), \"Missing Risk Due Date\", IF(RiskRegister[[#This Row],[Risk Due Date]] < TODAY(), \"Overdue\", \"Not Overdue\"))","v":"Missing Risk Due Date"},null,{"$f":"IF(ISBLANK(RiskRegister[[#This Row],[Risk Due Date]]), \"Missing Risk Due Date\", TEXT(RiskRegister[[#This Row],[Risk Due Date]], \"YYYY-MM\"))","v":"Missing Risk Due Date"},{"$f":"IF(RiskRegister[[#This Row],[Created Date]]=\"\",\"Created Date missing\",(TEXT(RiskRegister[[#This Row],[Created Date]],\"mmm\") & \"-\" & YEAR(RiskRegister[[#This Row],[Created Date]])))","v":"Created Date missing"},{"$f":"IF(RiskRegister[[#This Row],[Risk Status]]=\"Closed\",RiskRegister[[#This Row],[Risk Close Date]],RiskRegister[[#This Row],[Risk Due Date]])","v":"00:00:00"},{"$f":"IF(RiskRegister[[#This Row],[Risk-Change-Date]]=0,DATE(2030,1,1),RiskRegister[[#This Row],[Risk-Change-Date]])","v":"2030-01-01"},{"$f":"RiskRegister[[#This Row],[Inherent Impact Level]]&\"-\"&RiskRegister[[#This Row],[Inherent Likelihood Level]]","v":"-- Select Impact ----- Select Likelihood --"},{"$f":"RiskRegister[[#This Row],[Residual Impact Level]]&\"-\"&RiskRegister[[#This Row],[Residual Likelihood Level]]","v":"-- Select Impact ----- Select Likelihood --"},"Error",{"$f":"IF(RiskRegister[[#This Row],[Risk Status]]=\"Closed\",RiskRegister[[#This Row],[Residual Impact Level]],RiskRegister[[#This Row],[Inherent Impact Level]])","v":"-- Select Impact --"},{"$f":"IF(RiskRegister[[#This Row],[Risk Status]]=\"Closed\",RiskRegister[[#This Row],[Residual Likelihood Level]],RiskRegister[[#This Row],[Inherent Likelihood Level]])","v":"-- Select Likelihood --"},{"$f":"IF(RiskRegister[[#This Row],[Risk Status]]=\"Closed\",RiskRegister[[#This Row],[Residual-I-L-Combo]],RiskRegister[[#This Row],[Inherent-I-L-Combo]])","v":"-- Select Impact ----- Select Likelihood --"},"-- Error --"]
[89,{"$nulls":5},"-- Select Risk Category --",null,"-- select department --",null,null,"-- Select Impact --",{"$f":"VLOOKUP(RiskRegister[[#This Row],[Inherent Impact Level]],'Rating factors'!$F$4:$G$9,2,FALSE)","v":"--- Error ---"},"-- Select Likelihood --",{"$f":"VLOOKUP(RiskRegister[[#This Row],[Inherent Likelihood Level]],'Rating factors'!$F$16:$G$21,2,FALSE)","v":"--- Error ---"},{"$f":"IFERROR(VLOOKUP(RiskRegister[[#This Row],[Inherent Risk Rating]],'Rating factors'!$F$30:$G$44,2,FALSE),\"-- Error --\")","v":"-- Error --"},{"$f":"IFERROR(RiskRegister[[#This Row],[Inherent Impact Rating]]*RiskRegister[[#This Row],[Inherent Likelihood Rating]],\"-- Error --\")","v":"-- Error --"},"-- Select Risk Response --",null,"-- Select Impact --",{"$f":"VLOOKUP(RiskRegister[[#This Row],[Residual Impact Level]],'Rating factors'!$F$4:$G$9,2,FALSE)","v":"--- Error ---"},"-- Select Likelihood --",{"$f":"VLOOKUP(RiskRegister[[#This Row],[Residual Likelihood Level]],'Rating factors'!$F$16:$G$21,2,FALSE)","v":"--- Error ---"},{"$f":"IFERROR(VLOOKUP(RiskRegister[[#This Row],[Residual Risk Rating]],'Rating factors'!$F$30:$G$44,2,FALSE),\"-- Error --\")","v":"-- Error --"},{"$f":"IFERROR(RiskRegister[[#This Row],[Residual Impact Rating]]*RiskRegister[[#This Row],[Residual Likelihood Rating]],\"-- Error --\")","v":"-- Error --"},"-- Select Risk Status --",{"$nulls":3},{"$f":"IF(ISBLANK(RiskRegister[[#This Row],[Risk Due Date]]), \"Missing Risk Due Date\", IF(RiskRegister[[#This Row],[Risk Due Date]] < TODAY(), \"Overdue\", \"Not Overdue\"))","v":"Missing Risk Due Date"},null,{"$f":"IF(ISBLANK(RiskRegister[[#This Row],[Risk Due Date]]), \"Missing Risk Due Date\", TEXT(RiskRegister[[#This Row],[Risk Due Date]], \"YYYY-MM\"))","v":"Missing Risk Due Date"},{"$f":"IF(RiskRegister[[#This Row],[Created Date]]=\"\",\"Created Date missing\",(TEXT(RiskRegister[[#This Row],[Created Date]],\"mmm\") & \"-\" & YEAR(RiskRegister[[#This Row],[Created Date]])))","v":"Created Date missing"},{"$f":"IF(RiskRegister[[#This Row],[Risk Status]]=\"Closed\",RiskRegister[[#This Row],[Risk Close Date]],RiskRegister[[#This Row],[Risk Due Date]])","v":"00:00:00"},{"$f":"IF(RiskRegister[[#This Row],[Risk-Change-Date]]=0,DATE(2030,1,1),RiskRegister[[#This Row],[Risk-Change-Date]])","v":"2030-01-01"},{"$f":"RiskRegister[[#This Row],[Inherent Impact Level]]&\"-\"&RiskRegister[[#This Row],[Inherent Likelihood Level]]","v":"-- Select Impact ----- Select Likelihood --"},{"$f":"RiskRegister[[#This Row],[Residual Impact Level]]&\"-\"&RiskRegister[[#This Row],[Residual Likelihood Level]]","v":"-- Select Impact ----- Select Likelihood --"},"Error",{"$f":"IF(RiskRegister[[#This Row],[Risk Status]]=\"Closed\",RiskRegister[[#This Row],[Residual Impact Level]],RiskRegister[[#This Row],[Inherent Impact Level]])","v":"-- Select Impact --"},{"$f":"IF(RiskRegister[[#This Row],[Risk Status]]=\"Closed\",RiskRegister[[#This Row],[Residual Likelihood Level]],RiskRegister[[#This Row],[Inherent Likelihood Level]])","v":"-- Select Likelihood --"},{"$f":"IF(RiskRegister[[#This Row],[Risk Status]]=\"Closed\",RiskRegister[[#This Row],[Residual-I-L-Combo]],RiskRegister[[#This Row],[Inherent-I-L-Combo]])","v":"-- Select Impact ----- Select Likelihood --"},"-- Error --"]
[90,{"$nulls":5},"-- Select Risk Category --",null,"-- select department --",null,null,"-- Select Impact --",{"$f":"VLOOKUP(RiskRegister[[#This Row],[Inherent Impact Level]],'Rating factors'!$F$4:$G$9,2,FALSE)","v":"--- Error ---"},"-- Select Likelihood --",{"$f":"VLOOKUP(RiskRegister[[#This Row],[Inherent Likelihood Level]],'Rating factors'!$F$16:$G$21,2,FALSE)","v":"--- Error ---"},{"$f":"IFERROR(VLOOKUP(RiskRegister[[#This Row],[Inherent Risk Rating]],'Rating factors'!$F$30:$G$44,2,FALSE),\"-- Error --\")","v":"-- Error --"},{"$f":"IFERROR(RiskRegister[[#This Row],[Inherent Impact Rating]]*RiskRegister[[#This Row],[Inherent Likelihood Rating]],\"-- Error --\")","v":"-- Error --"},"-- Select Risk Response --",null,"-- Select Impact --",{"$f":"VLOOKUP(RiskRegister[[#This Row],[Residual Impact Level]],'Rating factors'!$F$4:$G$9,2,FALSE)","v":"--- Error ---"},"-- Select Likelihood --",{"$f":"VLOOKUP(RiskRegister[[#This Row],[Residual Likelihood Level]],'Rating factors'!$F$16:$G$21,2,FALSE)","v":"--- Error ---"},{"$f":"IFERROR(VLOOKUP(RiskRegister[[#This Row],[Residual Risk Rating]],'Rating factors'!$F$30:$G$44,2,FALSE),\"-- Error --\")","v":"-- Error --"},{"$f":"IFERROR(RiskRegister[[#This Row],[Residual Impact Rating]]*RiskRegister[[#This Row],[Residual Likelihood Rating]],\"-- Error --\")","v":"-- Error --"},"-- Select Risk Status --",{"$nulls":3},{"$f":"IF(ISBLANK(RiskRegister[[#This Row],[Risk Due Date]]), \"Missing Risk Due Date\", IF(RiskRegister[[#This Row],[Risk Due Date]] < TODAY(), \"Overdue\", \"Not Overdue\"))","v":"Missing Risk Due Date"},null,{"$f":"IF(ISBLANK(RiskRegister[[#This Row],[Risk Due Date]]), \"Missing Risk Due Date\", TEXT(RiskRegister[[#This Row],[Risk Due Date]], \"YYYY-MM\"))","v":"Missing Risk Due Date"},{"$f":"IF(RiskRegister[[#This Row],[Created Date]]=\"\",\"Created Date missing\",(TEXT(RiskRegister[[#This Row],[Created Date]],\"mmm\") & \"-\" & YEAR(RiskRegister[[#This Row],[Created Date]])))","v":"Created Date missing"},{"$f":"IF(RiskRegister[[#This Row],[Risk Status]]=\"Closed\",RiskRegister[[#This Row],[Risk Close Date]],RiskRegister[[#This Row],[Risk Due Date]])","v":"00:00:00"},{"$f":"IF(RiskRegister[[#This Row],[Risk-Change-Date]]=0,DATE(2030,1,1),RiskRegister[[#This Row],[Risk-Change-Date]])","v":"2030-01-01"},{"$f":"RiskRegister[[#This Row],[Inherent Impact Level]]&\"-\"&RiskRegister[[#This Row],[Inherent Likelihood Level]]","v":"-- Select Impact ----- Select Likelihood --"},{"$f":"RiskRegister[[#This Row],[Residual Impact Level]]&\"-\"&RiskRegister[[#This Row],[Residual Likelihood Level]]","v":"-- Select Impact ----- Select Likelihood --"},"Error",{"$f":"IF(RiskRegister[[#This Row],[Risk Status]]=\"Closed\",RiskRegister[[#This Row],[Residual Impact Level]],RiskRegister[[#This Row],[Inherent Impact Level]])","v":"-- Select Impact --"},{"$f":"IF(RiskRegister[[#This Row],[Risk Status]]=\"Closed\",RiskRegister[[#This Row],[Residual Likelihood Level]],RiskRegister[[#This Row],[Inherent Likelihood Level]])","v":"-- Select Likelihood --"},{"$f":"IF(RiskRegister[[#This Row],[Risk Status]]=\"Closed\",RiskRegister[[#This Row],[Residual-I-L-Combo]],RiskRegister[[#This Row],[Inherent-I-L-Combo]])","v":"-- Select Impact ----- Select Likelihood --"},"-- Error --"]
[91,{"$nulls":5},"-- Select Risk Category --",null,"-- select department --",null,null,"-- Select Impact --",{"$f":"VLOOKUP(RiskRegister[[#This Row],[Inherent Impact Level]],'Rating factors'!$F$4:$G$9,2,FALSE)","v":"--- Error ---"},"-- Select Likelihood --",{"$f":"VLOOKUP(RiskRegister[[#This Row],[Inherent Likelihood Level]],'Rating factors'!$F$16:$G$21,2,FALSE)","v":"--- Error ---"},{"$f":"IFERROR(VLOOKUP(RiskRegister[[#This Row],[Inherent Risk Rating]],'Rating factors'!$F$30:$G$44,2,FALSE),\"-- Error --\")","v":"-- Error --"},{"$f":"IFERROR(RiskRegister[[#This Row],[Inherent Impact Rating]]*RiskRegister[[#This Row],[Inherent Likelihood Rating]],\"-- Error --\")","v":"-- Error --"},"-- Select Risk Response --",null,"-- Select Impact --",{"$f":"VLOOKUP(RiskRegister[[#This Row],[Residual Impact Level]],'Rating factors'!$F$4:$G$9,2,FALSE)","v":"--- Error ---"},"-- Select Likelihood --",{"$f":"VLOOKUP(RiskRegister[[#This Row],[Residual Likelihood Level]],'Rating factors'!$F$16:$G$21,2,FALSE)","v":"--- Error ---"},{"$f":"IFERROR(VLOOKUP(RiskRegister[[#This Row],[Residual Risk Rating]],'Rating factors'!$F$30:$G$44,2,FALSE),\"-- Error --\")","v":"-- Error --"},{"$f":"IFERROR(RiskRegister[[#This Row],[Residual Impact Rating]]*RiskRegister[[#This Row],[Residual Likelihood Rating]],\"-- Error --\")","v":"-- Error --"},"-- Select Risk Status --",{"$nulls":3},{"$f":"IF(ISBLANK(RiskRegister[[#This Row],[Risk Due Date]]), \"Missing Risk Due Date\", IF(RiskRegister[[#This Row],[Risk Due Date]] < TODAY(), \"Overdue\", \"Not Overdue\"))","v":"Missing Risk Due Date"},null,{"$f":"IF(ISBLANK(RiskRegister[[#This Row],[Risk Due Date]]), \"Missing Risk Due Date\", TEXT(RiskRegister[[#This Row],[Risk Due Date]], \"YYYY-MM\"))","v":"Missing Risk Due Date"},{"$f":"IF(RiskRegister[[#This Row],[Created Date]]=\"\",\"Created Date missing\",(TEXT(RiskRegister[[#This Row],[Created Date]],\"mmm\") & \"-\" & YEAR(RiskRegister[[#This Row],[Created Date]])))","v":"Created Date missing"},{"$f":"IF(RiskRegister[[#This Row],[Risk Status]]=\"Closed\",RiskRegister[[#This Row],[Risk Close Date]],RiskRegister[[#This Row],[Risk Due Date]])","v":"00:00:00"},{"$f":"IF(RiskRegister[[#This Row],[Risk-Change-Date]]=0,DATE(2030,1,1),RiskRegister[[#This Row],[Risk-Change-Date]])","v":"2030-01-01"},{"$f":"RiskRegister[[#This Row],[Inherent Impact Level]]&\"-\"&RiskRegister[[#This Row],[Inherent Likelihood Level]]","v":"-- Select Impact ----- Select Likelihood --"},{"$f":"RiskRegister[[#This Row],[Residual Impact Level]]&\"-\"&RiskRegister[[#This Row],[Residual Likelihood Level]]","v":"-- Select Impact ----- Select Likelihood --"},"Error",{"$f":"IF(RiskRegister[[#This Row],[Risk Status]]=\"Closed\",RiskRegister[[#This Row],[Residual Impact Level]],RiskRegister[[#This Row],[Inherent Impact Level]])","v":"-- Select Impact --"},{"$f":"IF(RiskRegister[[#This Row],[Risk Status]]=\"Closed\",RiskRegister[[#This Row],[Residual Likelihood Level]],RiskRegister[[#This Row],[Inherent Likelihood Level]])","v":"-- Select Likelihood --"},{"$f":"IF(RiskRegister[[#This Row],[Risk Status]]=\"Closed\",RiskRegister[[#This Row],[Residual-I-L-Combo]],RiskRegister[[#This Row],[Inherent-I-L-Combo]])","v":"-- Select Impact ----- Select Likelihood --"},"-- Error --"]
[92,{"$nulls":5},"-- Select Risk Category --",null,"-- select department --",null,null,"-- Select Impact --",{"$f":"VLOOKUP(RiskRegister[[#This Row],[Inherent Impact Level]],'Rating factors'!$F$4:$G$9,2,FALSE)","v":"--- Error ---"},"-- Select Likelihood --",{"$f":"VLOOKUP(RiskRegister[[#This Row],[Inherent Likelihood Level]],'Rating factors'!$F$16:$G$21,2,FALSE)","v":"--- Error ---"},{"$f":"IFERROR(VLOOKUP(RiskRegister[[#This Row],[Inherent Risk Rating]],'Rating factors'!$F$30:$G$44,2,FALSE),\"-- Error --\")","v":"-- Error --"},{"$f":"IFERROR(RiskRegister[[#This Row],[Inherent Impact Rating]]*RiskRegister[[#This Row],[Inherent Likelihood Rating]],\"-- Error --\")","v":"-- Error --"},"-- Select Risk Response --",null,"-- Select Impact --",{"$f":"VLOOKUP(RiskRegister[[#This Row],[Residual Impact Level]],'Rating factors'!$F$4:$G$9,2,FALSE)","v":"--- Error ---"},"-- Select Likelihood --",{"$f":"VLOOKUP(RiskRegister[[#This Row],[Residual Likelihood Level]],'Rating factors'!$F$16:$G$21,2,FALSE)","v":"--- Error ---"},{"$f":"IFERROR(VLOOKUP(RiskRegister[[#This Row],[Residual Risk Rating]],'Rating factors'!$F$30:$G$44,2,FALSE),\"-- Error --\")","v":"-- Error --"},{"$f":"IFERROR(RiskRegister[[#This Row],[Residual Impact Rating]]*RiskRegister[[#This Row],[Residual Likelihood Rating]],\"-- Error --\")","v":"-- Error --"},"-- Select Risk Status --",{"$nulls":3},{"$f":"IF(ISBLANK(RiskRegister[[#This Row],[Risk Due Date]]), \"Missing Risk Due Date\", IF(RiskRegister[[#This Row],[Risk Due Date]] < TODAY(), \"Overdue\", \"Not Overdue\"))","v":"Missing Risk Due Date"},null,{"$f":"IF(ISBLANK(RiskRegister[[#This Row],[Risk Due Date]]), \"Missing Risk Due Date\", TEXT(RiskRegister[[#This Row],[Risk Due Date]], \"YYYY-MM\"))","v":"Missing Risk Due Date"},{"$f":"IF(RiskRegister[[#This Row],[Created Date]]=\"\",\"Created Date missing\",(TEXT(RiskRegister[[#This Row],[Created Date]],\"mmm\") & \"-\" & YEAR(RiskRegister[[#This Row],[Created Date]])))","v":"Created Date missing"},{"$f":"IF(RiskRegister[[#This Row],[Risk Status]]=\"Closed\",RiskRegister[[#This Row],[Risk Close Date]],RiskRegister[[#This Row],[Risk Due Date]])","v":"00:00:00"},{"$f":"IF(RiskRegister[[#This Row],[Risk-Change-Date]]=0,DATE(2030,1,1),RiskRegister[[#This Row],[Risk-Change-Date]])","v":"2030-01-01"},{"$f":"RiskRegister[[#This Row],[Inherent Impact Level]]&\"-\"&RiskRegister[[#This Row],[Inherent Likelihood Level]]","v":"-- Select Impact ----- Select Likelihood --"},{"$f":"RiskRegister[[#This Row],[Residual Impact Level]]&\"-\"&RiskRegister[[#This Row],[Residual Likelihood Level]]","v":"-- Select Impact ----- Select Likelihood --"},"Error",{"$f":"IF(RiskRegister[[#This Row],[Risk Status]]=\"Closed\",RiskRegister[[#This Row],[Residual Impact Level]],RiskRegister[[#This Row],[Inherent Impact Level]])","v":"-- Select Impact --"},{"$f":"IF(RiskRegister[[#This Row],[Risk Status]]=\"Closed\",RiskRegister[[#This Row],[Residual Likelihood Level]],RiskRegister[[#This Row],[Inherent Likelihood Level]])","v":"-- Select Likelihood --"},{"$f":"IF(RiskRegister[[#This Row],[Risk Status]]=\"Closed\",RiskRegister[[#This Row],[Residual-I-L-Combo]],RiskRegister[[#This Row],[Inherent-I-L-Combo]])","v":"-- Select Impact ----- Select Likelihood --"},"-- Error --"]
[93,{"$nulls":5},"-- Select Risk Category --",null,"-- select department --",null,null,"-- Select Impact --",{"$f":"VLOOKUP(RiskRegister[[#This Row],[Inherent Impact Level]],'Rating factors'!$F$4:$G$9,2,FALSE)","v":"--- Error ---"},"-- Select Likelihood --",{"$f":"VLOOKUP(RiskRegister[[#This Row],[Inherent Likelihood Level]],'Rating factors'!$F$16:$G$21,2,FALSE)","v":"--- Error ---"},{"$f":"IFERROR(VLOOKUP(RiskRegister[[#This Row],[Inherent Risk Rating]],'Rating factors'!$F$30:$G$44,2,FALSE),\"-- Error --\")","v":"-- Error --"},{"$f":"IFERROR(RiskRegister[[#This Row],[Inherent Impact Rating]]*RiskRegister[[#This Row],[Inherent Likelihood Rating]],\"-- Error --\")","v":"-- Error --"},"-- Select Risk Response --",null,"-- Select Impact --",{"$f":"VLOOKUP(RiskRegister[[#This Row],[Residual Impact Level]],'Rating factors'!$F$4:$G$9,2,FALSE)","v":"--- Error ---"},"-- Select Likelihood --",{"$f":"VLOOKUP(RiskRegister[[#This Row],[Residual Likelihood Level]],'Rating factors'!$F$16:$G$21,2,FALSE)","v":"--- Error ---"},{"$f":"IFERROR(VLOOKUP(RiskRegister[[#This Row],[Residual Risk Rating]],'Rating factors'!$F$30:$G$44,2,FALSE),\"-- Error --\")","v":"-- Error --"},{"$f":"IFERROR(RiskRegister[[#This Row],[Residual Impact Rating]]*RiskRegister[[#This Row],[Residual Likelihood Rating]],\"-- Error --\")","v":"-- Error --"},"-- Select Risk Status --",{"$nulls":3},{"$f":"IF(ISBLANK(RiskRegister[[#This Row],[Risk Due Date]]), \"Missing Risk Due Date\", IF(RiskRegister[[#This Row],[Risk Due Date]] < TODAY(), \"Overdue\", \"Not Overdue\"))","v":"Missing Risk Due Date"},null,{"$f":"IF(ISBLANK(RiskRegister[[#This Row],[Risk Due Date]]), \"Missing Risk Due Date\", TEXT(RiskRegister[[#This Row],[Risk Due Date]], \"YYYY-MM\"))","v":"Missing Risk Due Date"},{"$f":"IF(RiskRegister[[#This Row],[Created Date]]=\"\",\"Created Date missing\",(TEXT(RiskRegister[[#This Row],[Created Date]],\"mmm\") & \"-\" & YEAR(RiskRegister[[#This Row],[Created Date]])))","v":"Created Date missing"},{"$f":"IF(RiskRegister[[#This Row],[Risk Status]]=\"Closed\",RiskRegister[[#This Row],[Risk Close Date]],RiskRegister[[#This Row],[Risk Due Date]])","v":"00:00:00"},{"$f":"IF(RiskRegister[[#This Row],[Risk-Change-Date]]=0,DATE(2030,1,1),RiskRegister[[#This Row],[Risk-Change-Date]])","v":"2030-01-01"},{"$f":"RiskRegister[[#This Row],[Inherent Impact Level]]&\"-\"&RiskRegister[[#This Row],[Inherent Likelihood Level]]","v":"-- Select Impact ----- Select Likelihood --"},{"$f":"RiskRegister[[#This Row],[Residual Impact Level]]&\"-\"&RiskRegister[[#This Row],[Residual Likelihood Level]]","v":"-- Select Impact ----- Select Likelihood --"},"Error",{"$f":"IF(RiskRegister[[#This Row],[Risk Status]]=\"Closed\",RiskRegister[[#This Row],[Residual Impact Level]],RiskRegister[[#This Row],[Inherent Impact Level]])","v":"-- Select Impact --"},{"$f":"IF(RiskRegister[[#This Row],[Risk Status]]=\"Closed\",RiskRegister[[#This Row],[Residual Likelihood Level]],RiskRegister[[#This Row],[Inherent Likelihood Level]])","v":"-- Select Likelihood --"},{"$f":"IF(RiskRegister[[#This Row],[Risk Status]]=\"Closed\",RiskRegister[[#This Row],[Residual-I-L-Combo]],RiskRegister[[#This Row],[Inherent-I-L-Combo]])","v":"-- Select Impact ----- Select Likelihood --"},"-- Error --"]
[94,{"$nulls":5},"-- Select Risk Category --",null,"-- select department --",null,null,"-- Select Impact --",{"$f":"VLOOKUP(RiskRegister[[#This Row],[Inherent Impact Level]],'Rating factors'!$F$4:$G$9,2,FALSE)","v":"--- Error ---"},"-- Select Likelihood --",{"$f":"VLOOKUP(RiskRegister[[#This Row],[Inherent Likelihood Level]],'Rating factors'!$F$16:$G$21,2,FALSE)","v":"--- Error ---"},{"$f":"IFERROR(VLOOKUP(RiskRegister[[#This Row],[Inherent Risk Rating]],'Rating factors'!$F$30:$G$44,2,FALSE),\"-- Error --\")","v":"-- Error --"},{"$f":"IFERROR(RiskRegister[[#This Row],[Inherent Impact Rating]]*RiskRegister[[#This Row],[Inherent Likelihood Rating]],\"-- Error --\")","v":"-- Error --"},"-- Select Risk Response --",null,"-- Select Impact --",{"$f":"VLOOKUP(RiskRegister[[#This Row],[Residual Impact Level]],'Rating factors'!$F$4:$G$9,2,FALSE)","v":"--- Error ---"},"-- Select Likelihood --",{"$f":"VLOOKUP(RiskRegister[[#This Row],[Residual Likelihood Level]],'Rating factors'!$F$16:$G$21,2,FALSE)","v":"--- Error ---"},{"$f":"IFERROR(VLOOKUP(RiskRegister[[#This Row],[Residual Risk Rating]],'Rating factors'!$F$30:$G$44,2,FALSE),\"-- Error --\")","v":"-- Error --"},{"$f":"IFERROR(RiskRegister[[#This Row],[Residual Impact Rating]]*RiskRegister[[#This Row],[Residual Likelihood Rating]],\"-- Error --\")","v":"-- Error --"},"-- Select Risk Status --",{"$nulls":3},{"$f":"IF(ISBLANK(RiskRegister[[#This Row],[Risk Due Date]]), \"Missing Risk Due Date\", IF(RiskRegister[[#This Row],[Risk Due Date]] < TODAY(), \"Overdue\", \"Not Overdue\"))","v":"Missing Risk Due Date"},null,{"$f":"IF(ISBLANK(RiskRegister[[#This Row],[Risk Due Date]]), \"Missing Risk Due Date\", TEXT(RiskRegister[[#This Row],[Risk Due Date]], \"YYYY-MM\"))","v":"Missing Risk Due Date"},{"$f":"IF(RiskRegister[[#This Row],[Created Date]]=\"\",\"Created Date missing\",(TEXT(RiskRegister[[#This Row],[Created Date]],\"mmm\") & \"-\" & YEAR(RiskRegister[[#This Row],[Created Date]])))","v":"Created Date missing"},{"$f":"IF(RiskRegister[[#This Row],[Risk Status]]=\"Closed\",RiskRegister[[#This Row],[Risk Close Date]],RiskRegister[[#This Row],[Risk Due Date]])","v":"00:00:00"},{"$f":"IF(RiskRegister[[#This Row],[Risk-Change-Date]]=0,DATE(2030,1,1),RiskRegister[[#This Row],[Risk-Change-Date]])","v":"2030-01-01"},{"$f":"RiskRegister[[#This Row],[Inherent Impact Level]]&\"-\"&RiskRegister[[#This Row],[Inherent Likelihood Level]]","v":"-- Select Impact ----- Select Likelihood --"},{"$f":"RiskRegister[[#This Row],[Residual Impact Level]]&\"-\"&RiskRegister[[#This Row],[Residual Likelihood Level]]","v":"-- Select Impact ----- Select Likelihood --"},"Error",{"$f":"IF(RiskRegister[[#This Row],[Risk Status]]=\"Closed\",RiskRegister[[#This Row],[Residual Impact Level]],RiskRegister[[#This Row],[Inherent Impact Level]])","v":"-- Select Impact --"},{"$f":"IF(RiskRegister[[#This Row],[Risk Status]]=\"Closed\",RiskRegister[[#This Row],[Residual Likelihood Level]],RiskRegister[[#This Row],[Inherent Likelihood Level]])","v":"-- Select Likelihood --"},{"$f":"IF(RiskRegister[[#This Row],[Risk Status]]=\"Closed\",RiskRegister[[#This Row],[Residual-I-L-Combo]],RiskRegister[[#This Row],[Inherent-I-L-Combo]])","v":"-- Select Impact ----- Select Likelihood --"},"-- Error --"]
[95,{"$nulls":5},"-- Select Risk Category --",null,"-- select department --",null,null,"-- Select Impact --",{"$f":"VLOOKUP(RiskRegister[[#This Row],[Inherent Impact Level]],'Rating factors'!$F$4:$G$9,2,FALSE)","v":"--- Error ---"},"-- Select Likelihood --",{"$f":"VLOOKUP(RiskRegister[[#This Row],[Inherent Likelihood Level]],'Rating factors'!$F$16:$G$21,2,FALSE)","v":"--- Error ---"},{"$f":"IFERROR(VLOOKUP(RiskRegister[[#This Row],[Inherent Risk Rating]],'Rating factors'!$F$30:$G$44,2,FALSE),\"-- Error --\")","v":"-- Error --"},{"$f":"IFERROR(RiskRegister[[#This Row],[Inherent Impact Rating]]*RiskRegister[[#This Row],[Inherent Likelihood Rating]],\"-- Error --\")","v":"-- Error --"},"-- Select Risk Response --",null,"-- Select Impact --",{"$f":"VLOOKUP(RiskRegister[[#This Row],[Residual Impact Level]],'Rating factors'!$F$4:$G$9,2,FALSE)","v":"--- Error ---"},"-- Select Likelihood --",{"$f":"VLOOKUP(RiskRegister[[#This Row],[Residual Likelihood Level]],'Rating factors'!$F$16:$G$21,2,FALSE)","v":"--- Error ---"},{"$f":"IFERROR(VLOOKUP(RiskRegister[[#This Row],[Residual Risk Rating]],'Rating factors'!$F$30:$G$44,2,FALSE),\"-- Error --\")","v":"-- Error --"},{"$f":"IFERROR(RiskRegister[[#This Row],[Residual Impact Rating]]*RiskRegister[[#This Row],[Residual Likelihood Rating]],\"-- Error --\")","v":"-- Error --"},"-- Select Risk Status --",{"$nulls":3},{"$f":"IF(ISBLANK(RiskRegister[[#This Row],[Risk Due Date]]), \"Missing Risk Due Date\", IF(RiskRegister[[#This Row],[Risk Due Date]] < TODAY(), \"Overdue\", \"Not Overdue\"))","v":"Missing Risk Due Date"},null,{"$f":"IF(ISBLANK(RiskRegister[[#This Row],[Risk Due Date]]), \"Missing Risk Due Date\", TEXT(RiskRegister[[#This Row],[Risk Due Date]], \"YYYY-MM\"))","v":"Missing Risk Due Date"},{"$f":"IF(RiskRegister[[#This Row],[Created Date]]=\"\",\"Created Date missing\",(TEXT(RiskRegister[[#This Row],[Created Date]],\"mmm\") & \"-\" & YEAR(RiskRegister[[#This Row],[Created Date]])))","v":"Created Date missing"},{"$f":"IF(RiskRegister[[#This Row],[Risk Status]]=\"Closed\",RiskRegister[[#This Row],[Risk Close Date]],RiskRegister[[#This Row],[Risk Due Date]])","v":"00:00:00"},{"$f":"IF(RiskRegister[[#This Row],[Risk-Change-Date]]=0,DATE(2030,1,1),RiskRegister[[#This Row],[Risk-Change-Date]])","v":"2030-01-01"},{"$f":"RiskRegister[[#This Row],[Inherent Impact Level]]&\"-\"&RiskRegister[[#This Row],[Inherent Likelihood Level]]","v":"-- Select Impact ----- Select Likelihood --"},{"$f":"RiskRegister[[#This Row],[Residual Impact Level]]&\"-\"&RiskRegister[[#This Row],[Residual Likelihood Level]]","v":"-- Select Impact ----- Select Likelihood --"},"Error",{"$f":"IF(RiskRegister[[#This Row],[Risk Status]]=\"Closed\",RiskRegister[[#This Row],[Residual Impact Level]],RiskRegister[[#This Row],[Inherent Impact Level]])","v":"-- Select Impact --"},{"$f":"IF(RiskRegister[[#This Row],[Risk Status]]=\"Closed\",RiskRegister[[#This Row],[Residual Likelihood Level]],RiskRegister[[#This Row],[Inherent Likelihood Level]])","v":"-- Select Likelihood --"},{"$f":"IF(RiskRegister[[#This Row],[Risk Status]]=\"Closed\",RiskRegister[[#This Row],[Residual-I-L-Combo]],RiskRegister[[#This Row],[Inherent-I-L-Combo]])","v":"-- Select Impact ----- Select Likelihood --"},"-- Error --"]
[96,{"$nulls":5},"-- Select Risk Category --",null,"-- select department --",null,null,"-- Select Impact --",{"$f":"VLOOKUP(RiskRegister[[#This Row],[Inherent Impact Level]],'Rating factors'!$F$4:$G$9,2,FALSE)","v":"--- Error ---"},"-- Select Likelihood --",{"$f":"VLOOKUP(RiskRegister[[#This Row],[Inherent Likelihood Level]],'Rating factors'!$F$16:$G$21,2,FALSE)","v":"--- Error ---"},{"$f":"IFERROR(VLOOKUP(RiskRegister[[#This Row],[Inherent Risk Rating]],'Rating factors'!$F$30:$G$44,2,FALSE),\"-- Error --\")","v":"-- Error --"},{"$f":"IFERROR(RiskRegister[[#This Row],[Inherent Impact Rating]]*RiskRegister[[#This Row],[Inherent Likelihood Rating]],\"-- Error --\")","v":"-- Error --"},"-- Select Risk Response --",null,"-- Select Impact --",{"$f":"VLOOKUP(RiskRegister[[#This Row],[Residual Impact Level]],'Rating factors'!$F$4:$G$9,2,FALSE)","v":"--- Error ---"},"-- Select Likelihood --",{"$f":"VLOOKUP(RiskRegister[[#This Row],[Residual Likelihood Level]],'Rating factors'!$F$16:$G$21,2,FALSE)","v":"--- Error ---"},{"$f":"IFERROR(VLOOKUP(RiskRegister[[#This Row],[Residual Risk Rating]],'Rating factors'!$F$30:$G$44,2,FALSE),\"-- Error --\")","v":"-- Error --"},{"$f":"IFERROR(RiskRegister[[#This Row],[Residual Impact Rating]]*RiskRegister[[#This Row],[Residual Likelihood Rating]],\"-- Error --\")","v":"-- Error --"},"-- Select Risk Status --",{"$nulls":3},{"$f":"IF(ISBLANK(RiskRegister[[#This Row],[Risk Due Date]]), \"Missing Risk Due Date\", IF(RiskRegister[[#This Row],[Risk Due Date]] < TODAY(), \"Overdue\", \"Not Overdue\"))","v":"Missing Risk Due Date"},null,{"$f":"IF(ISBLANK(RiskRegister[[#This Row],[Risk Due Date]]), \"Missing Risk Due Date\", TEXT(RiskRegister[[#This Row],[Risk Due Date]], \"YYYY-MM\"))","v":"Missing Risk Due Date"},{"$f":"IF(RiskRegister[[#This Row],[Created Date]]=\"\",\"Created Date missing\",(TEXT(RiskRegister[[#This Row],[Created Date]],\"mmm\") & \"-\" & YEAR(RiskRegister[[#This Row],[Created Date]])))","v":"Created Date missing"},{"$f":"IF(RiskRegister[[#This Row],[Risk Status]]=\"Closed\",RiskRegister[[#This Row],[Risk Close Date]],RiskRegister[[#This Row],[Risk Due Date]])","v":"00:00:00"},{"$f":"IF(RiskRegister[[#This Row],[Risk-Change-Date]]=0,DATE(2030,1,1),RiskRegister[[#This Row],[Risk-Change-Date]])","v":"2030-01-01"},{"$f":"RiskRegister[[#This Row],[Inherent Impact Level]]&\"-\"&RiskRegister[[#This Row],[Inherent Likelihood Level]]","v":"-- Select Impact ----- Select Likelihood --"},{"$f":"RiskRegister[[#This Row],[Residual Impact Level]]&\"-\"&RiskRegister[[#This Row],[Residual Likelihood Level]]","v":"-- Select Impact ----- Select Likelihood --"},"Error",{"$f":"IF(RiskRegister[[#This Row],[Risk Status]]=\"Closed\",RiskRegister[[#This Row],[Residual Impact Level]],RiskRegister[[#This Row],[Inherent Impact Level]])","v":"-- Select Impact --"},{"$f":"IF(RiskRegister[[#This Row],[Risk Status]]=\"Closed\",RiskRegister[[#This Row],[Residual Likelihood Level]],RiskRegister[[#This Row],[Inherent Likelihood Level]])","v":"-- Select Likelihood --"},{"$f":"IF(RiskRegister[[#This Row],[Risk Status]]=\"Closed\",RiskRegister[[#This Row],[Residual-I-L-Combo]],RiskRegister[[#This Row],[Inherent-I-L-Combo]])","v":"-- Select Impact ----- Select Likelihood --"},"-- Error --"]
[97,{"$nulls":5},"-- Select Risk Category --",null,"-- select department --",null,null,"-- Select Impact --",{"$f":"VLOOKUP(RiskRegister[[#This Row],[Inherent Impact Level]],'Rating factors'!$F$4:$G$9,2,FALSE)","v":"--- Error ---"},"-- Select Likelihood --",{"$f":"VLOOKUP(RiskRegister[[#This Row],[Inherent Likelihood Level]],'Rating factors'!$F$16:$G$21,2,FALSE)","v":"--- Error ---"},{"$f":"IFERROR(VLOOKUP(RiskRegister[[#This Row],[Inherent Risk Rating]],'Rating factors'!$F$30:$G$44,2,FALSE),\"-- Error --\")","v":"-- Error --"},{"$f":"IFERROR(RiskRegister[[#This Row],[Inherent Impact Rating]]*RiskRegister[[#This Row],[Inherent Likelihood Rating]],\"-- Error --\")","v":"-- Error --"},"-- Select Risk Response --",null,"-- Select Impact --",{"$f":"VLOOKUP(RiskRegister[[#This Row],[Residual Impact Level]],'Rating factors'!$F$4:$G$9,2,FALSE)","v":"--- Error ---"},"-- Select Likelihood --",{"$f":"VLOOKUP(RiskRegister[[#This Row],[Residual Likelihood Level]],'Rating factors'!$F$16:$G$21,2,FALSE)","v":"--- Error ---"},{"$f":"IFERROR(VLOOKUP(RiskRegister[[#This Row],[Residual Risk Rating]],'Rating factors'!$F$30:$G$44,2,FALSE),\"-- Error --\")","v":"-- Error --"},{"$f":"IFERROR(RiskRegister[[#This Row],[Residual Impact Rating]]*RiskRegister[[#This Row],[Residual Likelihood Rating]],\"-- Error --\")","v":"-- Error --"},"-- Select Risk Status --",{"$nulls":3},{"$f":"IF(ISBLANK(RiskRegister[[#This Row],[Risk Due Date]]), \"Missing Risk Due Date\", IF(RiskRegister[[#This Row],[Risk Due Date]] < TODAY(), \"Overdue\", \"Not Overdue\"))","v":"Missing Risk Due Date"},null,{"$f":"IF(ISBLANK(RiskRegister[[#This Row],[Risk Due Date]]), \"Missing Risk Due Date\", TEXT(RiskRegister[[#This Row],[Risk Due Date]], \"YYYY-MM\"))","v":"Missing Risk Due Date"},{"$f":"IF(RiskRegister[[#This Row],[Created Date]]=\"\",\"Created Date missing\",(TEXT(RiskRegister[[#This Row],[Created Date]],\"mmm\") & \"-\" & YEAR(RiskRegister[[#This Row],[Created Date]])))","v":"Created Date missing"},{"$f":"IF(RiskRegister[[#This Row],[Risk Status]]=\"Closed\",RiskRegister[[#This Row],[Risk Close Date]],RiskRegister[[#This Row],[Risk Due Date]])","v":"00:00:00"},{"$f":"IF(RiskRegister[[#This Row],[Risk-Change-Date]]=0,DATE(2030,1,1),RiskRegister[[#This Row],[Risk-Change-Date]])","v":"2030-01-01"},{"$f":"RiskRegister[[#This Row],[Inherent Impact Level]]&\"-\"&RiskRegister[[#This Row],[Inherent Likelihood Level]]","v":"-- Select Impact ----- Select Likelihood --"},{"$f":"RiskRegister[[#This Row],[Residual Impact Level]]&\"-\"&RiskRegister[[#This Row],[Residual Likelihood Level]]","v":"-- Select Impact ----- Select Likelihood --"},"Error",{"$f":"IF(RiskRegister[[#This Row],[Risk Status]]=\"Closed\",RiskRegister[[#This Row],[Residual Impact Level]],RiskRegister[[#This Row],[Inherent Impact Level]])","v":"-- Select Impact --"},{"$f":"IF(RiskRegister[[#This Row],[Risk Status]]=\"Closed\",RiskRegister[[#This Row],[Residual Likelihood Level]],RiskRegister[[#This Row],[Inherent Likelihood Level]])","v":"-- Select Likelihood --"},{"$f":"IF(RiskRegister[[#This Row],[Risk Status]]=\"Closed\",RiskRegister[[#This Row],[Residual-I-L-Combo]],RiskRegister[[#This Row],[Inherent-I-L-Combo]])","v":"-- Select Impact ----- Select Likelihood --"},"-- Error --"]
[98,{"$nulls":5},"-- Select Risk Category --",null,"-- select department --",null,null,"-- Select Impact --",{"$f":"VLOOKUP(RiskRegister[[#This Row],[Inherent Impact Level]],'Rating factors'!$F$4:$G$9,2,FALSE)","v":"--- Error ---"},"-- Select Likelihood --",{"$f":"VLOOKUP(RiskRegister[[#This Row],[Inherent Likelihood Level]],'Rating factors'!$F$16:$G$21,2,FALSE)","v":"--- Error ---"},{"$f":"IFERROR(VLOOKUP(RiskRegister[[#This Row],[Inherent Risk Rating]],'Rating factors'!$F$30:$G$44,2,FALSE),\"-- Error --\")","v":"-- Error --"},{"$f":"IFERROR(RiskRegister[[#This Row],[Inherent Impact Rating]]*RiskRegister[[#This Row],[Inherent Likelihood Rating]],\"-- Error --\")","v":"-- Error --"},"-- Select Risk Response --",null,"-- Select Impact --",{"$f":"VLOOKUP(RiskRegister[[#This Row],[Residual Impact Level]],'Rating factors'!$F$4:$G$9,2,FALSE)","v":"--- Error ---"},"-- Select Likelihood --",{"$f":"VLOOKUP(RiskRegister[[#This Row],[Residual Likelihood Level]],'Rating factors'!$F$16:$G$21,2,FALSE)","v":"--- Error ---"},{"$f":"IFERROR(VLOOKUP(RiskRegister[[#This Row],[Residual Risk Rating]],'Rating factors'!$F$30:$G$44,2,FALSE),\"-- Error --\")","v":"-- Error --"},{"$f":"IFERROR(RiskRegister[[#This Row],[Residual Impact Rating]]*RiskRegister[[#This Row],[Residual Likelihood Rating]],\"-- Error --\")","v":"-- Error --"},"-- Select Risk Status --",{"$nulls":3},{"$f":"IF(ISBLANK(RiskRegister[[#This Row],[Risk Due Date]]), \"Missing Risk Due Date\", IF(RiskRegister[[#This Row],[Risk Due Date]] < TODAY(), \"Overdue\", \"Not Overdue\"))","v":"Missing Risk Due Date"},null,{"$f":"IF(ISBLANK(RiskRegister[[#This Row],[Risk Due Date]]), \"Missing Risk Due Date\", TEXT(RiskRegister[[#This Row],[Risk Due Date]], \"YYYY-MM\"))","v":"Missing Risk Due Date"},{"$f":"IF(RiskRegister[[#This Row],[Created Date]]=\"\",\"Created Date missing\",(TEXT(RiskRegister[[#This Row],[Created Date]],\"mmm\") & \"-\" & YEAR(RiskRegister[[#This Row],[Created Date]])))","v":"Created Date missing"},{"$f":"IF(RiskRegister[[#This Row],[Risk Status]]=\"Closed\",RiskRegister[[#This Row],[Risk Close Date]],RiskRegister[[#This Row],[Risk Due Date]])","v":"00:00:00"},{"$f":"IF(RiskRegister[[#This Row],[Risk-Change-Date]]=0,DATE(2030,1,1),RiskRegister[[#This Row],[Risk-Change-Date]])","v":"2030-01-01"},{"$f":"RiskRegister[[#This Row],[Inherent Impact Level]]&\"-\"&RiskRegister[[#This Row],[Inherent Likelihood Level]]","v":"-- Select Impact ----- Select Likelihood --"},{"$f":"RiskRegister[[#This Row],[Residual Impact Level]]&\"-\"&RiskRegister[[#This Row],[Residual Likelihood Level]]","v":"-- Select Impact ----- Select Likelihood --"},"Error",{"$f":"IF(RiskRegister[[#This Row],[Risk Status]]=\"Closed\",RiskRegister[[#This Row],[Residual Impact Level]],RiskRegister[[#This Row],[Inherent Impact Level]])","v":"-- Select Impact --"},{"$f":"IF(RiskRegister[[#This Row],[Risk Status]]=\"Closed\",RiskRegister[[#This Row],[Residual Likelihood Level]],RiskRegister[[#This Row],[Inherent Likelihood Level]])","v":"-- Select Likelihood --"},{"$f":"IF(RiskRegister[[#This Row],[Risk Status]]=\"Closed\",RiskRegister[[#This Row],[Residual-I-L-Combo]],RiskRegister[[#This Row],[Inherent-I-L-Combo]])","v":"-- Select Impact ----- Select Likelihood --"},"-- Error --"]
[99,{"$nulls":5},"-- Select Risk Category --",null,"-- select department --",null,null,"-- Select Impact --",{"$f":"VLOOKUP(RiskRegister[[#This Row],[Inherent Impact Level]],'Rating factors'!$F$4:$G$9,2,FALSE)","v":"--- Error ---"},"-- Select Likelihood --",{"$f":"VLOOKUP(RiskRegister[[#This Row],[Inherent Likelihood Level]],'Rating factors'!$F$16:$G$21,2,FALSE)","v":"--- Error ---"},{"$f":"IFERROR(VLOOKUP(RiskRegister[[#This Row],[Inherent Risk Rating]],'Rating factors'!$F$30:$G$44,2,FALSE),\"-- Error --\")","v":"-- Error --"},{"$f":"IFERROR(RiskRegister[[#This Row],[Inherent Impact Rating]]*RiskRegister[[#This Row],[Inherent Likelihood Rating]],\"-- Error --\")","v":"-- Error --"},"-- Select Risk Response --",null,"-- Select Impact --",{"$f":"VLOOKUP(RiskRegister[[#This Row],[Residual Impact Level]],'Rating factors'!$F$4:$G$9,2,FALSE)","v":"--- Error ---"},"-- Select Likelihood --",{"$f":"VLOOKUP(RiskRegister[[#This Row],[Residual Likelihood Level]],'Rating factors'!$F$16:$G$21,2,FALSE)","v":"--- Error ---"},{"$f":"IFERROR(VLOOKUP(RiskRegister[[#This Row],[Residual Risk Rating]],'Rating factors'!$F$30:$G$44,2,FALSE),\"-- Error --\")","v":"-- Error --"},{"$f":"IFERROR(RiskRegister[[#This Row],[Residual Impact Rating]]*RiskRegister[[#This Row],[Residual Likelihood Rating]],\"-- Error --\")","v":"-- Error --"},"-- Select Risk Status --",{"$nulls":3},{"$f":"IF(ISBLANK(RiskRegister[[#This Row],[Risk Due Date]]), \"Missing Risk Due Date\", IF(RiskRegister[[#This Row],[Risk Due Date]] < TODAY(), \"Overdue\", \"Not Overdue\"))","v":"Missing Risk Due Date"},null,{"$f":"IF(ISBLANK(RiskRegister[[#This Row],[Risk Due Date]]), \"Missing Risk Due Date\", TEXT(RiskRegister[[#This Row],[Risk Due Date]], \"YYYY-MM\"))","v":"Missing Risk Due Date"},{"$f":"IF(RiskRegister[[#This Row],[Created Date]]=\"\",\"Created Date missing\",(TEXT(RiskRegister[[#This Row],[Created Date]],\"mmm\") & \"-\" & YEAR(RiskRegister[[#This Row],[Created Date]])))","v":"Created Date missing"},{"$f":"IF(RiskRegister[[#This Row],[Risk Status]]=\"Closed\",RiskRegister[[#This Row],[Risk Close Date]],RiskRegister[[#This Row],[Risk Due Date]])","v":"00:00:00"},{"$f":"IF(RiskRegister[[#This Row],[Risk-Change-Date]]=0,DATE(2030,1,1),RiskRegister[[#This Row],[Risk-Change-Date]])","v":"2030-01-01"},{"$f":"RiskRegister[[#This Row],[Inherent Impact Level]]&\"-\"&RiskRegister[[#This Row],[Inherent Likelihood Level]]","v":"-- Select Impact ----- Select Likelihood --"},{"$f":"RiskRegister[[#This Row],[Residual Impact Level]]&\"-\"&RiskRegister[[#This Row],[Residual Likelihood Level]]","v":"-- Select Impact ----- Select Likelihood --"},"Error",{"$f":"IF(RiskRegister[[#This Row],[Risk Status]]=\"Closed\",RiskRegister[[#This Row],[Residual Impact Level]],RiskRegister[[#This Row],[Inherent Impact Level]])","v":"-- Select Impact --"},{"$f":"IF(RiskRegister[[#This Row],[Risk Status]]=\"Closed\",RiskRegister[[#This Row],[Residual Likelihood Level]],RiskRegister[[#This Row],[Inherent Likelihood Level]])","v":"-- Select Likelihood --"},{"$f":"IF(RiskRegister[[#This Row],[Risk Status]]=\"Closed\",RiskRegister[[#This Row],[Residual-I-L-Combo]],RiskRegister[[#This Row],[Inherent-I-L-Combo]])","v":"-- Select Impact ----- Select Likelihood --"},"-- Error --"]
[100,{"$nulls":5},"-- Select Risk Category --",null,"-- select department --",null,null,"-- Select Impact --",{"$f":"VLOOKUP(RiskRegister[[#This Row],[Inherent Impact Level]],'Rating factors'!$F$4:$G$9,2,FALSE)","v":"--- Error ---"},"-- Select Likelihood --",{"$f":"VLOOKUP(RiskRegister[[#This Row],[Inherent Likelihood Level]],'Rating factors'!$F$16:$G$21,2,FALSE)","v":"--- Error ---"},{"$f":"IFERROR(VLOOKUP(RiskRegister[[#This Row],[Inherent Risk Rating]],'Rating factors'!$F$30:$G$44,2,FALSE),\"-- Error --\")","v":"-- Error --"},{"$f":"IFERROR(RiskRegister[[#This Row],[Inherent Impact Rating]]*RiskRegister[[#This Row],[Inherent Likelihood Rating]],\"-- Error --\")","v":"-- Error --"},"-- Select Risk Response --",null,"-- Select Impact --",{"$f":"VLOOKUP(RiskRegister[[#This Row],[Residual Impact Level]],'Rating factors'!$F$4:$G$9,2,FALSE)","v":"--- Error ---"},"-- Select Likelihood --",{"$f":"VLOOKUP(RiskRegister[[#This Row],[Residual Likelihood Level]],'Rating factors'!$F$16:$G$21,2,FALSE)","v":"--- Error ---"},{"$f":"IFERROR(VLOOKUP(RiskRegister[[#This Row],[Residual Risk Rating]],'Rating factors'!$F$30:$G$44,2,FALSE),\"-- Error --\")","v":"-- Error --"},{"$f":"IFERROR(RiskRegister[[#This Row],[Residual Impact Rating]]*RiskRegister[[#This Row],[Residual Likelihood Rating]],\"-- Error --\")","v":"-- Error --"},"-- Select Risk Status --",{"$nulls":3},{"$f":"IF(ISBLANK(RiskRegister[[#This Row],[Risk Due Date]]), \"Missing Risk Due Date\", IF(RiskRegister[[#This Row],[Risk Due Date]] < TODAY(), \"Overdue\", \"Not Overdue\"))","v":"Missing Risk Due Date"},null,{"$f":"IF(ISBLANK(RiskRegister[[#This Row],[Risk Due Date]]), \"Missing Risk Due Date\", TEXT(RiskRegister[[#This Row],[Risk Due Date]], \"YYYY-MM\"))","v":"Missing Risk Due Date"},{"$f":"IF(RiskRegister[[#This Row],[Created Date]]=\"\",\"Created Date missing\",(TEXT(RiskRegister[[#This Row],[Created Date]],\"mmm\") & \"-\" & YEAR(RiskRegister[[#This Row],[Created Date]])))","v":"Created Date missing"},{"$f":"IF(RiskRegister[[#This Row],[Risk Status]]=\"Closed\",RiskRegister[[#This Row],[Risk Close Date]],RiskRegister[[#This Row],[Risk Due Date]])","v":"00:00:00"},{"$f":"IF(RiskRegister[[#This Row],[Risk-Change-Date]]=0,DATE(2030,1,1),RiskRegister[[#This Row],[Risk-Change-Date]])","v":"2030-01-01"},{"$f":"RiskRegister[[#This Row],[Inherent Impact Level]]&\"-\"&RiskRegister[[#This Row],[Inherent Likelihood Level]]","v":"-- Select Impact ----- Select Likelihood --"},{"$f":"RiskRegister[[#This Row],[Residual Impact Level]]&\"-\"&RiskRegister[[#This Row],[Residual Likelihood Level]]","v":"-- Select Impact ----- Select Likelihood --"},"Error",{"$f":"IF(RiskRegister[[#This Row],[Risk Status]]=\"Closed\",RiskRegister[[#This Row],[Residual Impact Level]],RiskRegister[[#This Row],[Inherent Impact Level]])","v":"-- Select Impact --"},{"$f":"IF(RiskRegister[[#This Row],[Risk Status]]=\"Closed\",RiskRegister[[#This Row],[Residual Likelihood Level]],RiskRegister[[#This Row],[Inherent Likelihood Level]])","v":"-- Select Likelihood --"},{"$f":"IF(RiskRegister[[#This Row],[Risk Status]]=\"Closed\",RiskRegister[[#This Row],[Residual-I-L-Combo]],RiskRegister[[#This Row],[Inherent-I-L-Combo]])","v":"-- Select Impact ----- Select Likelihood --"},"-- Error --"]
[101,{"$nulls":5},"-- Select Risk Category --",null,"-- select department --",null,null,"-- Select Impact --",{"$f":"VLOOKUP(RiskRegister[[#This Row],[Inherent Impact Level]],'Rating factors'!$F$4:$G$9,2,FALSE)","v":"--- Error ---"},"-- Select Likelihood --",{"$f":"VLOOKUP(RiskRegister[[#This Row],[Inherent Likelihood Level]],'Rating factors'!$F$16:$G$21,2,FALSE)","v":"--- Error ---"},{"$f":"IFERROR(VLOOKUP(RiskRegister[[#This Row],[Inherent Risk Rating]],'Rating factors'!$F$30:$G$44,2,FALSE),\"-- Error --\")","v":"-- Error --"},{"$f":"IFERROR(RiskRegister[[#This Row],[Inherent Impact Rating]]*RiskRegister[[#This Row],[Inherent Likelihood Rating]],\"-- Error --\")","v":"-- Error --"},"-- Select Risk Response --",null,"-- Select Impact --",{"$f":"VLOOKUP(RiskRegister[[#This Row],[Residual Impact Level]],'Rating factors'!$F$4:$G$9,2,FALSE)","v":"--- Error ---"},"-- Select Likelihood --",{"$f":"VLOOKUP(RiskRegister[[#This Row],[Residual Likelihood Level]],'Rating factors'!$F$16:$G$21,2,FALSE)","v":"--- Error ---"},{"$f":"IFERROR(VLOOKUP(RiskRegister[[#This Row],[Residual Risk Rating]],'Rating factors'!$F$30:$G$44,2,FALSE),\"-- Error --\")","v":"-- Error --"},{"$f":"IFERROR(RiskRegister[[#This Row],[Residual Impact Rating]]*RiskRegister[[#This Row],[Residual Likelihood Rating]],\"-- Error --\")","v":"-- Error --"},"-- Select Risk Status --",{"$nulls":3},{"$f":"IF(ISBLANK(RiskRegister[[#This Row],[Risk Due Date]]), \"Missing Risk Due Date\", IF(RiskRegister[[#This Row],[Risk Due Date]] < TODAY(), \"Overdue\", \"Not Overdue\"))","v":"Missing Risk Due Date"},null,{"$f":"IF(ISBLANK(RiskRegister[[#This Row],[Risk Due Date]]), \"Missing Risk Due Date\", TEXT(RiskRegister[[#This Row],[Risk Due Date]], \"YYYY-MM\"))","v":"Missing Risk Due Date"},{"$f":"IF(RiskRegister[[#This Row],[Created Date]]=\"\",\"Created Date missing\",(TEXT(RiskRegister[[#This Row],[Created Date]],\"mmm\") & \"-\" & YEAR(RiskRegister[[#This Row],[Created Date]])))","v":"Created Date missing"},{"$f":"IF(RiskRegister[[#This Row],[Risk Status]]=\"Closed\",RiskRegister[[#This Row],[Risk Close Date]],RiskRegister[[#This Row],[Risk Due Date]])","v":"00:00:00"},{"$f":"IF(RiskRegister[[#This Row],[Risk-Change-Date]]=0,DATE(2030,1,1),RiskRegister[[#This Row],[Risk-Change-Date]])","v":"2030-01-01"},{"$f":"RiskRegister[[#This Row],[Inherent Impact Level]]&\"-\"&RiskRegister[[#This Row],[Inherent Likelihood Level]]","v":"-- Select Impact ----- Select Likelihood --"},{"$f":"RiskRegister[[#This Row],[Residual Impact Level]]&\"-\"&RiskRegister[[#This Row],[Residual Likelihood Level]]","v":"-- Select Impact ----- Select Likelihood --"},"Error",{"$f":"IF(RiskRegister[[#This Row],[Risk Status]]=\"Closed\",RiskRegister[[#This Row],[Residual Impact Level]],RiskRegister[[#This Row],[Inherent Impact Level]])","v":"-- Select Impact --"},{"$f":"IF(RiskRegister[[#This Row],[Risk Status]]=\"Closed\",RiskRegister[[#This Row],[Residual Likelihood Level]],RiskRegister[[#This Row],[Inherent Likelihood Level]])","v":"-- Select Likelihood --"},{"$f":"IF(RiskRegister[[#This Row],[Risk Status]]=\"Closed\",RiskRegister[[#This Row],[Residual-I-L-Combo]],RiskRegister[[#This Row],[Inherent-I-L-Combo]])","v":"-- Select Impact ----- Select Likelihood --"},"-- Error --"]
[102,{"$nulls":5},"-- Select Risk Category --",null,"-- select department --",null,null,"-- Select Impact --",{"$f":"VLOOKUP(RiskRegister[[#This Row],[Inherent Impact Level]],'Rating factors'!$F$4:$G$9,2,FALSE)","v":"--- Error ---"},"-- Select Likelihood --",{"$f":"VLOOKUP(RiskRegister[[#This Row],[Inherent Likelihood Level]],'Rating factors'!$F$16:$G$21,2,FALSE)","v":"--- Error ---"},{"$f":"IFERROR(VLOOKUP(RiskRegister[[#This Row],[Inherent Risk Rating]],'Rating factors'!$F$30:$G$44,2,FALSE),\"-- Error --\")","v":"-- Error --"},{"$f":"IFERROR(RiskRegister[[#This Row],[Inherent Impact Rating]]*RiskRegister[[#This Row],[Inherent Likelihood Rating]],\"-- Error --\")","v":"-- Error --"},"-- Select Risk Response --",null,"-- Select Impact --",{"$f":"VLOOKUP(RiskRegister[[#This Row],[Residual Impact Level]],'Rating factors'!$F$4:$G$9,2,FALSE)","v":"--- Error ---"},"-- Select Likelihood --",{"$f":"VLOOKUP(RiskRegister[[#This Row],[Residual Likelihood Level]],'Rating factors'!$F$16:$G$21,2,FALSE)","v":"--- Error ---"},{"$f":"IFERROR(VLOOKUP(RiskRegister[[#This Row],[Residual Risk Rating]],'Rating factors'!$F$30:$G$44,2,FALSE),\"-- Error --\")","v":"-- Error --"},{"$f":"IFERROR(RiskRegister[[#This Row],[Residual Impact Rating]]*RiskRegister[[#This Row],[Residual Likelihood Rating]],\"-- Error --\")","v":"-- Error --"},"-- Select Risk Status --",{"$nulls":3},{"$f":"IF(ISBLANK(RiskRegister[[#This Row],[Risk Due Date]]), \"Missing Risk Due Date\", IF(RiskRegister[[#This Row],[Risk Due Date]] < TODAY(), \"Overdue\", \"Not Overdue\"))","v":"Missing Risk Due Date"},null,{"$f":"IF(ISBLANK(RiskRegister[[#This Row],[Risk Due Date]]), \"Missing Risk Due Date\", TEXT(RiskRegister[[#This Row],[Risk Due Date]], \"YYYY-MM\"))","v":"Missing Risk Due Date"},{"$f":"IF(RiskRegister[[#This Row],[Created Date]]=\"\",\"Created Date missing\",(TEXT(RiskRegister[[#This Row],[Created Date]],\"mmm\") & \"-\" & YEAR(RiskRegister[[#This Row],[Created Date]])))","v":"Created Date missing"},{"$f":"IF(RiskRegister[[#This Row],[Risk Status]]=\"Closed\",RiskRegister[[#This Row],[Risk Close Date]],RiskRegister[[#This Row],[Risk Due Date]])","v":"00:00:00"},{"$f":"IF(RiskRegister[[#This Row],[Risk-Change-Date]]=0,DATE(2030,1,1),RiskRegister[[#This Row],[Risk-Change-Date]])","v":"2030-01-01"},{"$f":"RiskRegister[[#This Row],[Inherent Impact Level]]&\"-\"&RiskRegister[[#This Row],[Inherent Likelihood Level]]","v":"-- Select Impact ----- Select Likelihood --"},{"$f":"RiskRegister[[#This Row],[Residual Impact Level]]&\"-\"&RiskRegister[[#This Row],[Residual Likelihood Level]]","v":"-- Select Impact ----- Select Likelihood --"},"Error",{"$f":"IF(RiskRegister[[#This Row],[Risk Status]]=\"Closed\",RiskRegister[[#This Row],[Residual Impact Level]],RiskRegister[[#This Row],[Inherent Impact Level]])","v":"-- Select Impact --"},{"$f":"IF(RiskRegister[[#This Row],[Risk Status]]=\"Closed\",RiskRegister[[#This Row],[Residual Likelihood Level]],RiskRegister[[#This Row],[Inherent Likelihood Level]])","v":"-- Select Likelihood --"},{"$f":"IF(RiskRegister[[#This Row],[Risk Status]]=\"Closed\",RiskRegister[[#This Row],[Residual-I-L-Combo]],RiskRegister[[#This Row],[Inherent-I-L-Combo]])","v":"-- Select Impact ----- Select Likelihood --"},"-- Error --"]
[103,{"$nulls":5},"-- Select Risk Category --",null,"-- select department --",null,null,"-- Select Impact --",{"$f":"VLOOKUP(RiskRegister[[#This Row],[Inherent Impact Level]],'Rating factors'!$F$4:$G$9,2,FALSE)","v":"--- Error ---"},"-- Select Likelihood --",{"$f":"VLOOKUP(RiskRegister[[#This Row],[Inherent Likelihood Level]],'Rating factors'!$F$16:$G$21,2,FALSE)","v":"--- Error ---"},{"$f":"IFERROR(VLOOKUP(RiskRegister[[#This Row],[Inherent Risk Rating]],'Rating factors'!$F$30:$G$44,2,FALSE),\"-- Error --\")","v":"-- Error --"},{"$f":"IFERROR(RiskRegister[[#This Row],[Inherent Impact Rating]]*RiskRegister[[#This Row],[Inherent Likelihood Rating]],\"-- Error --\")","v":"-- Error --"},"-- Select Risk Response --",null,"-- Select Impact --",{"$f":"VLOOKUP(RiskRegister[[#This Row],[Residual Impact Level]],'Rating factors'!$F$4:$G$9,2,FALSE)","v":"--- Error ---"},"-- Select Likelihood --",{"$f":"VLOOKUP(RiskRegister[[#This Row],[Residual Likelihood Level]],'Rating factors'!$F$16:$G$21,2,FALSE)","v":"--- Error ---"},{"$f":"IFERROR(VLOOKUP(RiskRegister[[#This Row],[Residual Risk Rating]],'Rating factors'!$F$30:$G$44,2,FALSE),\"-- Error --\")","v":"-- Error --"},{"$f":"IFERROR(RiskRegister[[#This Row],[Residual Impact Rating]]*RiskRegister[[#This Row],[Residual Likelihood Rating]],\"-- Error --\")","v":"-- Error --"},"-- Select Risk Status --",{"$nulls":3},{"$f":"IF(ISBLANK(RiskRegister[[#This Row],[Risk Due Date]]), \"Missing Risk Due Date\", IF(RiskRegister[[#This Row],[Risk Due Date]] < TODAY(), \"Overdue\", \"Not Overdue\"))","v":"Missing Risk Due Date"},null,{"$f":"IF(ISBLANK(RiskRegister[[#This Row],[Risk Due Date]]), \"Missing Risk Due Date\", TEXT(RiskRegister[[#This Row],[Risk Due Date]], \"YYYY-MM\"))","v":"Missing Risk Due Date"},{"$f":"IF(RiskRegister[[#This Row],[Created Date]]=\"\",\"Created Date missing\",(TEXT(RiskRegister[[#This Row],[Created Date]],\"mmm\") & \"-\" & YEAR(RiskRegister[[#This Row],[Created Date]])))","v":"Created Date missing"},{"$f":"IF(RiskRegister[[#This Row],[Risk Status]]=\"Closed\",RiskRegister[[#This Row],[Risk Close Date]],RiskRegister[[#This Row],[Risk Due Date]])","v":"00:00:00"},{"$f":"IF(RiskRegister[[#This Row],[Risk-Change-Date]]=0,DATE(2030,1,1),RiskRegister[[#This Row],[Risk-Change-Date]])","v":"2030-01-01"},{"$f":"RiskRegister[[#This Row],[Inherent Impact Level]]&\"-\"&RiskRegister[[#This Row],[Inherent Likelihood Level]]","v":"-- Select Impact ----- Select Likelihood --"},{"$f":"RiskRegister[[#This Row],[Residual Impact Level]]&\"-\"&RiskRegister[[#This Row],[Residual Likelihood Level]]","v":"-- Select Impact ----- Select Likelihood --"},"Error",{"$f":"IF(RiskRegister[[#This Row],[Risk Status]]=\"Closed\",RiskRegister[[#This Row],[Residual Impact Level]],RiskRegister[[#This Row],[Inherent Impact Level]])","v":"-- Select Impact --"},{"$f":"IF(RiskRegister[[#This Row],[Risk Status]]=\"Closed\",RiskRegister[[#This Row],[Residual Likelihood Level]],RiskRegister[[#This Row],[Inherent Likelihood Level]])","v":"-- Select Likelihood --"},{"$f":"IF(RiskRegister[[#This Row],[Risk Status]]=\"Closed\",RiskRegister[[#This Row],[Residual-I-L-Combo]],RiskRegister[[#This Row],[Inherent-I-L-Combo]])","v":"-- Select Impact ----- Select Likelihood --"},"-- Error --"]
[104,{"$nulls":5},"-- Select Risk Category --",null,"-- select department --",null,null,"-- Select Impact --",{"$f":"VLOOKUP(RiskRegister[[#This Row],[Inherent Impact Level]],'Rating factors'!$F$4:$G$9,2,FALSE)","v":"--- Error ---"},"-- Select Likelihood --",{"$f":"VLOOKUP(RiskRegister[[#This Row],[Inherent Likelihood Level]],'Rating factors'!$F$16:$G$21,2,FALSE)","v":"--- Error ---"},{"$f":"IFERROR(VLOOKUP(RiskRegister[[#This Row],[Inherent Risk Rating]],'Rating factors'!$F$30:$G$44,2,FALSE),\"-- Error --\")","v":"-- Error --"},{"$f":"IFERROR(RiskRegister[[#This Row],[Inherent Impact Rating]]*RiskRegister[[#This Row],[Inherent Likelihood Rating]],\"-- Error --\")","v":"-- Error --"},"-- Select Risk Response --",null,"-- Select Impact --",{"$f":"VLOOKUP(RiskRegister[[#This Row],[Residual Impact Level]],'Rating factors'!$F$4:$G$9,2,FALSE)","v":"--- Error ---"},"-- Select Likelihood --",{"$f":"VLOOKUP(RiskRegister[[#This Row],[Residual Likelihood Level]],'Rating factors'!$F$16:$G$21,2,FALSE)","v":"--- Error ---"},{"$f":"IFERROR(VLOOKUP(RiskRegister[[#This Row],[Residual Risk Rating]],'Rating factors'!$F$30:$G$44,2,FALSE),\"-- Error --\")","v":"-- Error --"},{"$f":"IFERROR(RiskRegister[[#This Row],[Residual Impact Rating]]*RiskRegister[[#This Row],[Residual Likelihood Rating]],\"-- Error --\")","v":"-- Error --"},"-- Select Risk Status --",{"$nulls":3},{"$f":"IF(ISBLANK(RiskRegister[[#This Row],[Risk Due Date]]), \"Missing Risk Due Date\", IF(RiskRegister[[#This Row],[Risk Due Date]] < TODAY(), \"Overdue\", \"Not Overdue\"))","v":"Missing Risk Due Date"},null,{"$f":"IF(ISBLANK(RiskRegister[[#This Row],[Risk Due Date]]), \"Missing Risk Due Date\", TEXT(RiskRegister[[#This Row],[Risk Due Date]], \"YYYY-MM\"))","v":"Missing Risk Due Date"},{"$f":"IF(RiskRegister[[#This Row],[Created Date]]=\"\",\"Created Date missing\",(TEXT(RiskRegister[[#This Row],[Created Date]],\"mmm\") & \"-\" & YEAR(RiskRegister[[#This Row],[Created Date]])))","v":"Created Date missing"},{"$f":"IF(RiskRegister[[#This Row],[Risk Status]]=\"Closed\",RiskRegister[[#This Row],[Risk Close Date]],RiskRegister[[#This Row],[Risk Due Date]])","v":"00:00:00"},{"$f":"IF(RiskRegister[[#This Row],[Risk-Change-Date]]=0,DATE(2030,1,1),RiskRegister[[#This Row],[Risk-Change-Date]])","v":"2030-01-01"},{"$f":"RiskRegister[[#This Row],[Inherent Impact Level]]&\"-\"&RiskRegister[[#This Row],[Inherent Likelihood Level]]","v":"-- Select Impact ----- Select Likelihood --"},{"$f":"RiskRegister[[#This Row],[Residual Impact Level]]&\"-\"&RiskRegister[[#This Row],[Residual Likelihood Level]]","v":"-- Select Impact ----- Select Likelihood --"},"Error",{"$f":"IF(RiskRegister[[#This Row],[Risk Status]]=\"Closed\",RiskRegister[[#This Row],[Residual Impact Level]],RiskRegister[[#This Row],[Inherent Impact Level]])","v":"-- Select Impact --"},{"$f":"IF(RiskRegister[[#This Row],[Risk Status]]=\"Closed\",RiskRegister[[#This Row],[Residual Likelihood Level]],RiskRegister[[#This Row],[Inherent Likelihood Level]])","v":"-- Select Likelihood --"},{"$f":"IF(RiskRegister[[#This Row],[Risk Status]]=\"Closed\",RiskRegister[[#This Row],[Residual-I-L-Combo]],RiskRegister[[#This Row],[Inherent-I-L-Combo]])","v":"-- Select Impact ----- Select Likelihood --"},"-- Error --"]
[105,{"$nulls":5},"-- Select Risk Category --",null,"-- select department --",null,null,"-- Select Impact --",{"$f":"VLOOKUP(RiskRegister[[#This Row],[Inherent Impact Level]],'Rating factors'!$F$4:$G$9,2,FALSE)","v":"--- Error ---"},"-- Select Likelihood --",{"$f":"VLOOKUP(RiskRegister[[#This Row],[Inherent Likelihood Level]],'Rating factors'!$F$16:$G$21,2,FALSE)","v":"--- Error ---"},{"$f":"IFERROR(VLOOKUP(RiskRegister[[#This Row],[Inherent Risk Rating]],'Rating factors'!$F$30:$G$44,2,FALSE),\"-- Error --\")","v":"-- Error --"},{"$f":"IFERROR(RiskRegister[[#This Row],[Inherent Impact Rating]]*RiskRegister[[#This Row],[Inherent Likelihood Rating]],\"-- Error --\")","v":"-- Error --"},"-- Select Risk Response --",null,"-- Select Impact --",{"$f":"VLOOKUP(RiskRegister[[#This Row],[Residual Impact Level]],'Rating factors'!$F$4:$G$9,2,FALSE)","v":"--- Error ---"},"-- Select Likelihood --",{"$f":"VLOOKUP(RiskRegister[[#This Row],[Residual Likelihood Level]],'Rating factors'!$F$16:$G$21,2,FALSE)","v":"--- Error ---"},{"$f":"IFERROR(VLOOKUP(RiskRegister[[#This Row],[Residual Risk Rating]],'Rating factors'!$F$30:$G$44,2,FALSE),\"-- Error --\")","v":"-- Error --"},{"$f":"IFERROR(RiskRegister[[#This Row],[Residual Impact Rating]]*RiskRegister[[#This Row],[Residual Likelihood Rating]],\"-- Error --\")","v":"-- Error --"},"-- Select Risk Status --",{"$nulls":3},{"$f":"IF(ISBLANK(RiskRegister[[#This Row],[Risk Due Date]]), \"Missing Risk Due Date\", IF(RiskRegister[[#This Row],[Risk Due Date]] < TODAY(), \"Overdue\", \"Not Overdue\"))","v":"Missing Risk Due Date"},null,{"$f":"IF(ISBLANK(RiskRegister[[#This Row],[Risk Due Date]]), \"Missing Risk Due Date\", TEXT(RiskRegister[[#This Row],[Risk Due Date]], \"YYYY-MM\"))","v":"Missing Risk Due Date"},{"$f":"IF(RiskRegister[[#This Row],[Created Date]]=\"\",\"Created Date missing\",(TEXT(RiskRegister[[#This Row],[Created Date]],\"mmm\") & \"-\" & YEAR(RiskRegister[[#This Row],[Created Date]])))","v":"Created Date missing"},{"$f":"IF(RiskRegister[[#This Row],[Risk Status]]=\"Closed\",RiskRegister[[#This Row],[Risk Close Date]],RiskRegister[[#This Row],[Risk Due Date]])","v":"00:00:00"},{"$f":"IF(RiskRegister[[#This Row],[Risk-Change-Date]]=0,DATE(2030,1,1),RiskRegister[[#This Row],[Risk-Change-Date]])","v":"2030-01-01"},{"$f":"RiskRegister[[#This Row],[Inherent Impact Level]]&\"-\"&RiskRegister[[#This Row],[Inherent Likelihood Level]]","v":"-- Select Impact ----- Select Likelihood --"},{"$f":"RiskRegister[[#This Row],[Residual Impact Level]]&\"-\"&RiskRegister[[#This Row],[Residual Likelihood Level]]","v":"-- Select Impact ----- Select Likelihood --"},"Error",{"$f":"IF(RiskRegister[[#This Row],[Risk Status]]=\"Closed\",RiskRegister[[#This Row],[Residual Impact Level]],RiskRegister[[#This Row],[Inherent Impact Level]])","v":"-- Select Impact --"},{"$f":"IF(RiskRegister[[#This Row],[Risk Status]]=\"Closed\",RiskRegister[[#This Row],[Residual Likelihood Level]],RiskRegister[[#This Row],[Inherent Likelihood Level]])","v":"-- Select Likelihood --"},{"$f":"IF(RiskRegister[[#This Row],[Risk Status]]=\"Closed\",RiskRegister[[#This Row],[Residual-I-L-Combo]],RiskRegister[[#This Row],[Inherent-I-L-Combo]])","v":"-- Select Impact ----- Select Likelihood --"},"-- Error --"]
[106,{"$nulls":5},"-- Select Risk Category --",null,"-- select department --",null,null,"-- Select Impact --",{"$f":"VLOOKUP(RiskRegister[[#This Row],[Inherent Impact Level]],'Rating factors'!$F$4:$G$9,2,FALSE)","v":"--- Error ---"},"-- Select Likelihood --",{"$f":"VLOOKUP(RiskRegister[[#This Row],[Inherent Likelihood Level]],'Rating factors'!$F$16:$G$21,2,FALSE)","v":"--- Error ---"},{"$f":"IFERROR(VLOOKUP(RiskRegister[[#This Row],[Inherent Risk Rating]],'Rating factors'!$F$30:$G$44,2,FALSE),\"-- Error --\")","v":"-- Error --"},{"$f":"IFERROR(RiskRegister[[#This Row],[Inherent Impact Rating]]*RiskRegister[[#This Row],[Inherent Likelihood Rating]],\"-- Error --\")","v":"-- Error --"},"-- Select Risk Response --",null,"-- Select Impact --",{"$f":"VLOOKUP(RiskRegister[[#This Row],[Residual Impact Level]],'Rating factors'!$F$4:$G$9,2,FALSE)","v":"--- Error ---"},"-- Select Likelihood --",{"$f":"VLOOKUP(RiskRegister[[#This Row],[Residual Likelihood Level]],'Rating factors'!$F$16:$G$21,2,FALSE)","v":"--- Error ---"},{"$f":"IFERROR(VLOOKUP(RiskRegister[[#This Row],[Residual Risk Rating]],'Rating factors'!$F$30:$G$44,2,FALSE),\"-- Error --\")","v":"-- Error --"},{"$f":"IFERROR(RiskRegister[[#This Row],[Residual Impact Rating]]*RiskRegister[[#This Row],[Residual Likelihood Rating]],\"-- Error --\")","v":"-- Error --"},"-- Select Risk Status --",{"$nulls":3},{"$f":"IF(ISBLANK(RiskRegister[[#This Row],[Risk Due Date]]), \"Missing Risk Due Date\", IF(RiskRegister[[#This Row],[Risk Due Date]] < TODAY(), \"Overdue\", \"Not Overdue\"))","v":"Missing Risk Due Date"},null,{"$f":"IF(ISBLANK(RiskRegister[[#This Row],[Risk Due Date]]), \"Missing Risk Due Date\", TEXT(RiskRegister[[#This Row],[Risk Due Date]], \"YYYY-MM\"))","v":"Missing Risk Due Date"},{"$f":"IF(RiskRegister[[#This Row],[Created Date]]=\"\",\"Created Date missing\",(TEXT(RiskRegister[[#This Row],[Created Date]],\"mmm\") & \"-\" & YEAR(RiskRegister[[#This Row],[Created Date]])))","v":"Created Date missing"},{"$f":"IF(RiskRegister[[#This Row],[Risk Status]]=\"Closed\",RiskRegister[[#This Row],[Risk Close Date]],RiskRegister[[#This Row],[Risk Due Date]])","v":"00:00:00"},{"$f":"IF(RiskRegister[[#This Row],[Risk-Change-Date]]=0,DATE(2030,1,1),RiskRegister[[#This Row],[Risk-Change-Date]])","v":"2030-01-01"},{"$f":"RiskRegister[[#This Row],[Inherent Impact Level]]&\"-\"&RiskRegister[[#This Row],[Inherent Likelihood Level]]","v":"-- Select Impact ----- Select Likelihood --"},{"$f":"RiskRegister[[#This Row],[Residual Impact Level]]&\"-\"&RiskRegister[[#This Row],[Residual Likelihood Level]]","v":"-- Select Impact ----- Select Likelihood --"},"Error",{"$f":"IF(RiskRegister[[#This Row],[Risk Status]]=\"Closed\",RiskRegister[[#This Row],[Residual Impact Level]],RiskRegister[[#This Row],[Inherent Impact Level]])","v":"-- Select Impact --"},{"$f":"IF(RiskRegister[[#This Row],[Risk Status]]=\"Closed\",RiskRegister[[#This Row],[Residual Likelihood Level]],RiskRegister[[#This Row],[Inherent Likelihood Level]])","v":"-- Select Likelihood --"},{"$f":"IF(RiskRegister[[#This Row],[Risk Status]]=\"Closed\",RiskRegister[[#This Row],[Residual-I-L-Combo]],RiskRegister[[#This Row],[Inherent-I-L-Combo]])","v":"-- Select Impact ----- Select Likelihood --"},"-- Error --"]
[107,{"$nulls":5},"-- Select Risk Category --",null,"-- select department --",null,null,"-- Select Impact --",{"$f":"VLOOKUP(RiskRegister[[#This Row],[Inherent Impact Level]],'Rating factors'!$F$4:$G$9,2,FALSE)","v":"--- Error ---"},"-- Select Likelihood --",{"$f":"VLOOKUP(RiskRegister[[#This Row],[Inherent Likelihood Level]],'Rating factors'!$F$16:$G$21,2,FALSE)","v":"--- Error ---"},{"$f":"IFERROR(VLOOKUP(RiskRegister[[#This Row],[Inherent Risk Rating]],'Rating factors'!$F$30:$G$44,2,FALSE),\"-- Error --\")","v":"-- Error --"},{"$f":"IFERROR(RiskRegister[[#This Row],[Inherent Impact Rating]]*RiskRegister[[#This Row],[Inherent Likelihood Rating]],\"-- Error --\")","v":"-- Error --"},"-- Select Risk Response --",null,"-- Select Impact --",{"$f":"VLOOKUP(RiskRegister[[#This Row],[Residual Impact Level]],'Rating factors'!$F$4:$G$9,2,FALSE)","v":"--- Error ---"},"-- Select Likelihood --",{"$f":"VLOOKUP(RiskRegister[[#This Row],[Residual Likelihood Level]],'Rating factors'!$F$16:$G$21,2,FALSE)","v":"--- Error ---"},{"$f":"IFERROR(VLOOKUP(RiskRegister[[#This Row],[Residual Risk Rating]],'Rating factors'!$F$30:$G$44,2,FALSE),\"-- Error --\")","v":"-- Error --"},{"$f":"IFERROR(RiskRegister[[#This Row],[Residual Impact Rating]]*RiskRegister[[#This Row],[Residual Likelihood Rating]],\"-- Error --\")","v":"-- Error --"},"-- Select Risk Status --",{"$nulls":3},{"$f":"IF(ISBLANK(RiskRegister[[#This Row],[Risk Due Date]]), \"Missing Risk Due Date\", IF(RiskRegister[[#This Row],[Risk Due Date]] < TODAY(), \"Overdue\", \"Not Overdue\"))","v":"Missing Risk Due Date"},null,{"$f":"IF(ISBLANK(RiskRegister[[#This Row],[Risk Due Date]]), \"Missing Risk Due Date\", TEXT(RiskRegister[[#This Row],[Risk Due Date]], \"YYYY-MM\"))","v":"Missing Risk Due Date"},{"$f":"IF(RiskRegister[[#This Row],[Created Date]]=\"\",\"Created Date missing\",(TEXT(RiskRegister[[#This Row],[Created Date]],\"mmm\") & \"-\" & YEAR(RiskRegister[[#This Row],[Created Date]])))","v":"Created Date missing"},{"$f":"IF(RiskRegister[[#This Row],[Risk Status]]=\"Closed\",RiskRegister[[#This Row],[Risk Close Date]],RiskRegister[[#This Row],[Risk Due Date]])","v":"00:00:00"},{"$f":"IF(RiskRegister[[#This Row],[Risk-Change-Date]]=0,DATE(2030,1,1),RiskRegister[[#This Row],[Risk-Change-Date]])","v":"2030-01-01"},{"$f":"RiskRegister[[#This Row],[Inherent Impact Level]]&\"-\"&RiskRegister[[#This Row],[Inherent Likelihood Level]]","v":"-- Select Impact ----- Select Likelihood --"},{"$f":"RiskRegister[[#This Row],[Residual Impact Level]]&\"-\"&RiskRegister[[#This Row],[Residual Likelihood Level]]","v":"-- Select Impact ----- Select Likelihood --"},"Error",{"$f":"IF(RiskRegister[[#This Row],[Risk Status]]=\"Closed\",RiskRegister[[#This Row],[Residual Impact Level]],RiskRegister[[#This Row],[Inherent Impact Level]])","v":"-- Select Impact --"},{"$f":"IF(RiskRegister[[#This Row],[Risk Status]]=\"Closed\",RiskRegister[[#This Row],[Residual Likelihood Level]],RiskRegister[[#This Row],[Inherent Likelihood Level]])","v":"-- Select Likelihood --"},{"$f":"IF(RiskRegister[[#This Row],[Risk Status]]=\"Closed\",RiskRegister[[#This Row],[Residual-I-L-Combo]],RiskRegister[[#This Row],[Inherent-I-L-Combo]])","v":"-- Select Impact ----- Select Likelihood --"},"-- Error --"]
[108,{"$nulls":5},"-- Select Risk Category --",null,"-- select department --",null,null,"-- Select Impact --",{"$f":"VLOOKUP(RiskRegister[[#This Row],[Inherent Impact Level]],'Rating factors'!$F$4:$G$9,2,FALSE)","v":"--- Error ---"},"-- Select Likelihood --",{"$f":"VLOOKUP(RiskRegister[[#This Row],[Inherent Likelihood Level]],'Rating factors'!$F$16:$G$21,2,FALSE)","v":"--- Error ---"},{"$f":"IFERROR(VLOOKUP(RiskRegister[[#This Row],[Inherent Risk Rating]],'Rating factors'!$F$30:$G$44,2,FALSE),\"-- Error --\")","v":"-- Error --"},{"$f":"IFERROR(RiskRegister[[#This Row],[Inherent Impact Rating]]*RiskRegister[[#This Row],[Inherent Likelihood Rating]],\"-- Error --\")","v":"-- Error --"},"-- Select Risk Response --",null,"-- Select Impact --",{"$f":"VLOOKUP(RiskRegister[[#This Row],[Residual Impact Level]],'Rating factors'!$F$4:$G$9,2,FALSE)","v":"--- Error ---"},"-- Select Likelihood --",{"$f":"VLOOKUP(RiskRegister[[#This Row],[Residual Likelihood Level]],'Rating factors'!$F$16:$G$21,2,FALSE)","v":"--- Error ---"},{"$f":"IFERROR(VLOOKUP(RiskRegister[[#This Row],[Residual Risk Rating]],'Rating factors'!$F$30:$G$44,2,FALSE),\"-- Error --\")","v":"-- Error --"},{"$f":"IFERROR(RiskRegister[[#This Row],[Residual Impact Rating]]*RiskRegister[[#This Row],[Residual Likelihood Rating]],\"-- Error --\")","v":"-- Error --"},"-- Select Risk Status --",{"$nulls":3},{"$f":"IF(ISBLANK(RiskRegister[[#This Row],[Risk Due Date]]), \"Missing Risk Due Date\", IF(RiskRegister[[#This Row],[Risk Due Date]] < TODAY(), \"Overdue\", \"Not Overdue\"))","v":"Missing Risk Due Date"},null,{"$f":"IF(ISBLANK(RiskRegister[[#This Row],[Risk Due Date]]), \"Missing Risk Due Date\", TEXT(RiskRegister[[#This Row],[Risk Due Date]], \"YYYY-MM\"))","v":"Missing Risk Due Date"},{"$f":"IF(RiskRegister[[#This Row],[Created Date]]=\"\",\"Created Date missing\",(TEXT(RiskRegister[[#This Row],[Created Date]],\"mmm\") & \"-\" & YEAR(RiskRegister[[#This Row],[Created Date]])))","v":"Created Date missing"},{"$f":"IF(RiskRegister[[#This Row],[Risk Status]]=\"Closed\",RiskRegister[[#This Row],[Risk Close Date]],RiskRegister[[#This Row],[Risk Due Date]])","v":"00:00:00"},{"$f":"IF(RiskRegister[[#This Row],[Risk-Change-Date]]=0,DATE(2030,1,1),RiskRegister[[#This Row],[Risk-Change-Date]])","v":"2030-01-01"},{"$f":"RiskRegister[[#This Row],[Inherent Impact Level]]&\"-\"&RiskRegister[[#This Row],[Inherent Likelihood Level]]","v":"-- Select Impact ----- Select Likelihood --"},{"$f":"RiskRegister[[#This Row],[Residual Impact Level]]&\"-\"&RiskRegister[[#This Row],[Residual Likelihood Level]]","v":"-- Select Impact ----- Select Likelihood --"},"Error",{"$f":"IF(RiskRegister[[#This Row],[Risk Status]]=\"Closed\",RiskRegister[[#This Row],[Residual Impact Level]],RiskRegister[[#This Row],[Inherent Impact Level]])","v":"-- Select Impact --"},{"$f":"IF(RiskRegister[[#This Row],[Risk Status]]=\"Closed\",RiskRegister[[#This Row],[Residual Likelihood Level]],RiskRegister[[#This Row],[Inherent Likelihood Level]])","v":"-- Select Likelihood --"},{"$f":"IF(RiskRegister[[#This Row],[Risk Status]]=\"Closed\",RiskRegister[[#This Row],[Residual-I-L-Combo]],RiskRegister[[#This Row],[Inherent-I-L-Combo]])","v":"-- Select Impact ----- Select Likelihood --"},"-- Error --"]
[109,{"$nulls":5},"-- Select Risk Category --",null,"-- select department --",null,null,"-- Select Impact --",{"$f":"VLOOKUP(RiskRegister[[#This Row],[Inherent Impact Level]],'Rating factors'!$F$4:$G$9,2,FALSE)","v":"--- Error ---"},"-- Select Likelihood --",{"$f":"VLOOKUP(RiskRegister[[#This Row],[Inherent Likelihood Level]],'Rating factors'!$F$16:$G$21,2,FALSE)","v":"--- Error ---"},{"$f":"IFERROR(VLOOKUP(RiskRegister[[#This Row],[Inherent Risk Rating]],'Rating factors'!$F$30:$G$44,2,FALSE),\"-- Error --\")","v":"-- Error --"},{"$f":"IFERROR(RiskRegister[[#This Row],[Inherent Impact Rating]]*RiskRegister[[#This Row],[Inherent Likelihood Rating]],\"-- Error --\")","v":"-- Error --"},"-- Select Risk Response --",null,"-- Select Impact --",{"$f":"VLOOKUP(RiskRegister[[#This Row],[Residual Impact Level]],'Rating factors'!$F$4:$G$9,2,FALSE)","v":"--- Error ---"},"-- Select Likelihood --",{"$f":"VLOOKUP(RiskRegister[[#This Row],[Residual Likelihood Level]],'Rating factors'!$F$16:$G$21,2,FALSE)","v":"--- Error ---"},{"$f":"IFERROR(VLOOKUP(RiskRegister[[#This Row],[Residual Risk Rating]],'Rating factors'!$F$30:$G$44,2,FALSE),\"-- Error --\")","v":"-- Error --"},{"$f":"IFERROR(RiskRegister[[#This Row],[Residual Impact Rating]]*RiskRegister[[#This Row],[Residual Likelihood Rating]],\"-- Error --\")","v":"-- Error --"},"-- Select Risk Status --",{"$nulls":3},{"$f":"IF(ISBLANK(RiskRegister[[#This Row],[Risk Due Date]]), \"Missing Risk Due Date\", IF(RiskRegister[[#This Row],[Risk Due Date]] < TODAY(), \"Overdue\", \"Not Overdue\"))","v":"Missing Risk Due Date"},null,{"$f":"IF(ISBLANK(RiskRegister[[#This Row],[Risk Due Date]]), \"Missing Risk Due Date\", TEXT(RiskRegister[[#This Row],[Risk Due Date]], \"YYYY-MM\"))","v":"Missing Risk Due Date"},{"$f":"IF(RiskRegister[[#This Row],[Created Date]]=\"\",\"Created Date missing\",(TEXT(RiskRegister[[#This Row],[Created Date]],\"mmm\") & \"-\" & YEAR(RiskRegister[[#This Row],[Created Date]])))","v":"Created Date missing"},{"$f":"IF(RiskRegister[[#This Row],[Risk Status]]=\"Closed\",RiskRegister[[#This Row],[Risk Close Date]],RiskRegister[[#This Row],[Risk Due Date]])","v":"00:00:00"},{"$f":"IF(RiskRegister[[#This Row],[Risk-Change-Date]]=0,DATE(2030,1,1),RiskRegister[[#This Row],[Risk-Change-Date]])","v":"2030-01-01"},{"$f":"RiskRegister[[#This Row],[Inherent Impact Level]]&\"-\"&RiskRegister[[#This Row],[Inherent Likelihood Level]]","v":"-- Select Impact ----- Select Likelihood --"},{"$f":"RiskRegister[[#This Row],[Residual Impact Level]]&\"-\"&RiskRegister[[#This Row],[Residual Likelihood Level]]","v":"-- Select Impact ----- Select Likelihood --"},"Error",{"$f":"IF(RiskRegister[[#This Row],[Risk Status]]=\"Closed\",RiskRegister[[#This Row],[Residual Impact Level]],RiskRegister[[#This Row],[Inherent Impact Level]])","v":"-- Select Impact --"},{"$f":"IF(RiskRegister[[#This Row],[Risk Status]]=\"Closed\",RiskRegister[[#This Row],[Residual Likelihood Level]],RiskRegister[[#This Row],[Inherent Likelihood Level]])","v":"-- Select Likelihood --"},{"$f":"IF(RiskRegister[[#This Row],[Risk Status]]=\"Closed\",RiskRegister[[#This Row],[Residual-I-L-Combo]],RiskRegister[[#This Row],[Inherent-I-L-Combo]])","v":"-- Select Impact ----- Select Likelihood --"},"-- Error --"]
[110,{"$nulls":5},"-- Select Risk Category --",null,"-- select department --",null,null,"-- Select Impact --",{"$f":"VLOOKUP(RiskRegister[[#This Row],[Inherent Impact Level]],'Rating factors'!$F$4:$G$9,2,FALSE)","v":"--- Error ---"},"-- Select Likelihood --",{"$f":"VLOOKUP(RiskRegister[[#This Row],[Inherent Likelihood Level]],'Rating factors'!$F$16:$G$21,2,FALSE)","v":"--- Error ---"},{"$f":"IFERROR(VLOOKUP(RiskRegister[[#This Row],[Inherent Risk Rating]],'Rating factors'!$F$30:$G$44,2,FALSE),\"-- Error --\")","v":"-- Error --"},{"$f":"IFERROR(RiskRegister[[#This Row],[Inherent Impact Rating]]*RiskRegister[[#This Row],[Inherent Likelihood Rating]],\"-- Error --\")","v":"-- Error --"},"-- Select Risk Response --",null,"-- Select Impact --",{"$f":"VLOOKUP(RiskRegister[[#This Row],[Residual Impact Level]],'Rating factors'!$F$4:$G$9,2,FALSE)","v":"--- Error ---"},"-- Select Likelihood --",{"$f":"VLOOKUP(RiskRegister[[#This Row],[Residual Likelihood Level]],'Rating factors'!$F$16:$G$21,2,FALSE)","v":"--- Error ---"},{"$f":"IFERROR(VLOOKUP(RiskRegister[[#This Row],[Residual Risk Rating]],'Rating factors'!$F$30:$G$44,2,FALSE),\"-- Error --\")","v":"-- Error --"},{"$f":"IFERROR(RiskRegister[[#This Row],[Residual Impact Rating]]*RiskRegister[[#This Row],[Residual Likelihood Rating]],\"-- Error --\")","v":"-- Error --"},"-- Select Risk Status --",{"$nulls":3},{"$f":"IF(ISBLANK(RiskRegister[[#This Row],[Risk Due Date]]), \"Missing Risk Due Date\", IF(RiskRegister[[#This Row],[Risk Due Date]] < TODAY(), \"Overdue\", \"Not Overdue\"))","v":"Missing Risk Due Date"},null,{"$f":"IF(ISBLANK(RiskRegister[[#This Row],[Risk Due Date]]), \"Missing Risk Due Date\", TEXT(RiskRegister[[#This Row],[Risk Due Date]], \"YYYY-MM\"))","v":"Missing Risk Due Date"},{"$f":"IF(RiskRegister[[#This Row],[Created Date]]=\"\",\"Created Date missing\",(TEXT(RiskRegister[[#This Row],[Created Date]],\"mmm\") & \"-\" & YEAR(RiskRegister[[#This Row],[Created Date]])))","v":"Created Date missing"},{"$f":"IF(RiskRegister[[#This Row],[Risk Status]]=\"Closed\",RiskRegister[[#This Row],[Risk Close Date]],RiskRegister[[#This Row],[Risk Due Date]])","v":"00:00:00"},{"$f":"IF(RiskRegister[[#This Row],[Risk-Change-Date]]=0,DATE(2030,1,1),RiskRegister[[#This Row],[Risk-Change-Date]])","v":"2030-01-01"},{"$f":"RiskRegister[[#This Row],[Inherent Impact Level]]&\"-\"&RiskRegister[[#This Row],[Inherent Likelihood Level]]","v":"-- Select Impact ----- Select Likelihood --"},{"$f":"RiskRegister[[#This Row],[Residual Impact Level]]&\"-\"&RiskRegister[[#This Row],[Residual Likelihood Level]]","v":"-- Select Impact ----- Select Likelihood --"},"Error",{"$f":"IF(RiskRegister[[#This Row],[Risk Status]]=\"Closed\",RiskRegister[[#This Row],[Residual Impact Level]],RiskRegister[[#This Row],[Inherent Impact Level]])","v":"-- Select Impact --"},{"$f":"IF(RiskRegister[[#This Row],[Risk Status]]=\"Closed\",RiskRegister[[#This Row],[Residual Likelihood Level]],RiskRegister[[#This Row],[Inherent Likelihood Level]])","v":"-- Select Likelihood --"},{"$f":"IF(RiskRegister[[#This Row],[Risk Status]]=\"Closed\",RiskRegister[[#This Row],[Residual-I-L-Combo]],RiskRegister[[#This Row],[Inherent-I-L-Combo]])","v":"-- Select Impact ----- Select Likelihood --"},"-- Error --"]
[111,{"$nulls":5},"-- Select Risk Category --",null,"-- select department --",null,null,"-- Select Impact --",{"$f":"VLOOKUP(RiskRegister[[#This Row],[Inherent Impact Level]],'Rating factors'!$F$4:$G$9,2,FALSE)","v":"--- Error ---"},"-- Select Likelihood --",{"$f":"VLOOKUP(RiskRegister[[#This Row],[Inherent Likelihood Level]],'Rating factors'!$F$16:$G$21,2,FALSE)","v":"--- Error ---"},{"$f":"IFERROR(VLOOKUP(RiskRegister[[#This Row],[Inherent Risk Rating]],'Rating factors'!$F$30:$G$44,2,FALSE),\"-- Error --\")","v":"-- Error --"},{"$f":"IFERROR(RiskRegister[[#This Row],[Inherent Impact Rating]]*RiskRegister[[#This Row],[Inherent Likelihood Rating]],\"-- Error --\")","v":"-- Error --"},"-- Select Risk Response --",null,"-- Select Impact --",{"$f":"VLOOKUP(RiskRegister[[#This Row],[Residual Impact Level]],'Rating factors'!$F$4:$G$9,2,FALSE)","v":"--- Error ---"},"-- Select Likelihood --",{"$f":"VLOOKUP(RiskRegister[[#This Row],[Residual Likelihood Level]],'Rating factors'!$F$16:$G$21,2,FALSE)","v":"--- Error ---"},{"$f":"IFERROR(VLOOKUP(RiskRegister[[#This Row],[Residual Risk Rating]],'Rating factors'!$F$30:$G$44,2,FALSE),\"-- Error --\")","v":"-- Error --"},{"$f":"IFERROR(RiskRegister[[#This Row],[Residual Impact Rating]]*RiskRegister[[#This Row],[Residual Likelihood Rating]],\"-- Error --\")","v":"-- Error --"},"-- Select Risk Status --",{"$nulls":3},{"$f":"IF(ISBLANK(RiskRegister[[#This Row],[Risk Due Date]]), \"Missing Risk Due Date\", IF(RiskRegister[[#This Row],[Risk Due Date]] < TODAY(), \"Overdue\", \"Not Overdue\"))","v":"Missing Risk Due Date"},null,{"$f":"IF(ISBLANK(RiskRegister[[#This Row],[Risk Due Date]]), \"Missing Risk Due Date\", TEXT(RiskRegister[[#This Row],[Risk Due Date]], \"YYYY-MM\"))","v":"Missing Risk Due Date"},{"$f":"IF(RiskRegister[[#This Row],[Created Date]]=\"\",\"Created Date missing\",(TEXT(RiskRegister[[#This Row],[Created Date]],\"mmm\") & \"-\" & YEAR(RiskRegister[[#This Row],[Created Date]])))","v":"Created Date missing"},{"$f":"IF(RiskRegister[[#This Row],[Risk Status]]=\"Closed\",RiskRegister[[#This Row],[Risk Close Date]],RiskRegister[[#This Row],[Risk Due Date]])","v":"00:00:00"},{"$f":"IF(RiskRegister[[#This Row],[Risk-Change-Date]]=0,DATE(2030,1,1),RiskRegister[[#This Row],[Risk-Change-Date]])","v":"2030-01-01"},{"$f":"RiskRegister[[#This Row],[Inherent Impact Level]]&\"-\"&RiskRegister[[#This Row],[Inherent Likelihood Level]]","v":"-- Select Impact ----- Select Likelihood --"},{"$f":"RiskRegister[[#This Row],[Residual Impact Level]]&\"-\"&RiskRegister[[#This Row],[Residual Likelihood Level]]","v":"-- Select Impact ----- Select Likelihood --"},"Error",{"$f":"IF(RiskRegister[[#This Row],[Risk Status]]=\"Closed\",RiskRegister[[#This Row],[Residual Impact Level]],RiskRegister[[#This Row],[Inherent Impact Level]])","v":"-- Select Impact --"},{"$f":"IF(RiskRegister[[#This Row],[Risk Status]]=\"Closed\",RiskRegister[[#This Row],[Residual Likelihood Level]],RiskRegister[[#This Row],[Inherent Likelihood Level]])","v":"-- Select Likelihood --"},{"$f":"IF(RiskRegister[[#This Row],[Risk Status]]=\"Closed\",RiskRegister[[#This Row],[Residual-I-L-Combo]],RiskRegister[[#This Row],[Inherent-I-L-Combo]])","v":"-- Select Impact ----- Select Likelihood --"},"-- Error --"]
[112,{"$nulls":5},"-- Select Risk Category --",null,"-- select department --",null,null,"-- Select Impact --",{"$f":"VLOOKUP(RiskRegister[[#This Row],[Inherent Impact Level]],'Rating factors'!$F$4:$G$9,2,FALSE)","v":"--- Error ---"},"-- Select Likelihood --",{"$f":"VLOOKUP(RiskRegister[[#This Row],[Inherent Likelihood Level]],'Rating factors'!$F$16:$G$21,2,FALSE)","v":"--- Error ---"},{"$f":"IFERROR(VLOOKUP(RiskRegister[[#This Row],[Inherent Risk Rating]],'Rating factors'!$F$30:$G$44,2,FALSE),\"-- Error --\")","v":"-- Error --"},{"$f":"IFERROR(RiskRegister[[#This Row],[Inherent Impact Rating]]*RiskRegister[[#This Row],[Inherent Likelihood Rating]],\"-- Error --\")","v":"-- Error --"},"-- Select Risk Response --",null,"-- Select Impact --",{"$f":"VLOOKUP(RiskRegister[[#This Row],[Residual Impact Level]],'Rating factors'!$F$4:$G$9,2,FALSE)","v":"--- Error ---"},"-- Select Likelihood --",{"$f":"VLOOKUP(RiskRegister[[#This Row],[Residual Likelihood Level]],'Rating factors'!$F$16:$G$21,2,FALSE)","v":"--- Error ---"},{"$f":"IFERROR(VLOOKUP(RiskRegister[[#This Row],[Residual Risk Rating]],'Rating factors'!$F$30:$G$44,2,FALSE),\"-- Error --\")","v":"-- Error --"},{"$f":"IFERROR(RiskRegister[[#This Row],[Residual Impact Rating]]*RiskRegister[[#This Row],[Residual Likelihood Rating]],\"-- Error --\")","v":"-- Error --"},"-- Select Risk Status --",{"$nulls":3},{"$f":"IF(ISBLANK(RiskRegister[[#This Row],[Risk Due Date]]), \"Missing Risk Due Date\", IF(RiskRegister[[#This Row],[Risk Due Date]] < TODAY(), \"Overdue\", \"Not Overdue\"))","v":"Missing Risk Due Date"},null,{"$f":"IF(ISBLANK(RiskRegister[[#This Row],[Risk Due Date]]), \"Missing Risk Due Date\", TEXT(RiskRegister[[#This Row],[Risk Due Date]], \"YYYY-MM\"))","v":"Missing Risk Due Date"},{"$f":"IF(RiskRegister[[#This Row],[Created Date]]=\"\",\"Created Date missing\",(TEXT(RiskRegister[[#This Row],[Created Date]],\"mmm\") & \"-\" & YEAR(RiskRegister[[#This Row],[Created Date]])))","v":"Created Date missing"},{"$f":"IF(RiskRegister[[#This Row],[Risk Status]]=\"Closed\",RiskRegister[[#This Row],[Risk Close Date]],RiskRegister[[#This Row],[Risk Due Date]])","v":"00:00:00"},{"$f":"IF(RiskRegister[[#This Row],[Risk-Change-Date]]=0,DATE(2030,1,1),RiskRegister[[#This Row],[Risk-Change-Date]])","v":"2030-01-01"},{"$f":"RiskRegister[[#This Row],[Inherent Impact Level]]&\"-\"&RiskRegister[[#This Row],[Inherent Likelihood Level]]","v":"-- Select Impact ----- Select Likelihood --"},{"$f":"RiskRegister[[#This Row],[Residual Impact Level]]&\"-\"&RiskRegister[[#This Row],[Residual Likelihood Level]]","v":"-- Select Impact ----- Select Likelihood --"},"Error",{"$f":"IF(RiskRegister[[#This Row],[Risk Status]]=\"Closed\",RiskRegister[[#This Row],[Residual Impact Level]],RiskRegister[[#This Row],[Inherent Impact Level]])","v":"-- Select Impact --"},{"$f":"IF(RiskRegister[[#This Row],[Risk Status]]=\"Closed\",RiskRegister[[#This Row],[Residual Likelihood Level]],RiskRegister[[#This Row],[Inherent Likelihood Level]])","v":"-- Select Likelihood --"},{"$f":"IF(RiskRegister[[#This Row],[Risk Status]]=\"Closed\",RiskRegister[[#This Row],[Residual-I-L-Combo]],RiskRegister[[#This Row],[Inherent-I-L-Combo]])","v":"-- Select Impact ----- Select Likelihood --"},"-- Error --"]
[113,{"$nulls":5},"-- Select Risk Category --",null,"-- select department --",null,null,"-- Select Impact --",{"$f":"VLOOKUP(RiskRegister[[#This Row],[Inherent Impact Level]],'Rating factors'!$F$4:$G$9,2,FALSE)","v":"--- Error ---"},"-- Select Likelihood --",{"$f":"VLOOKUP(RiskRegister[[#This Row],[Inherent Likelihood Level]],'Rating factors'!$F$16:$G$21,2,FALSE)","v":"--- Error ---"},{"$f":"IFERROR(VLOOKUP(RiskRegister[[#This Row],[Inherent Risk Rating]],'Rating factors'!$F$30:$G$44,2,FALSE),\"-- Error --\")","v":"-- Error --"},{"$f":"IFERROR(RiskRegister[[#This Row],[Inherent Impact Rating]]*RiskRegister[[#This Row],[Inherent Likelihood Rating]],\"-- Error --\")","v":"-- Error --"},"-- Select Risk Response --",null,"-- Select Impact --",{"$f":"VLOOKUP(RiskRegister[[#This Row],[Residual Impact Level]],'Rating factors'!$F$4:$G$9,2,FALSE)","v":"--- Error ---"},"-- Select Likelihood --",{"$f":"VLOOKUP(RiskRegister[[#This Row],[Residual Likelihood Level]],'Rating factors'!$F$16:$G$21,2,FALSE)","v":"--- Error ---"},{"$f":"IFERROR(VLOOKUP(RiskRegister[[#This Row],[Residual Risk Rating]],'Rating factors'!$F$30:$G$44,2,FALSE),\"-- Error --\")","v":"-- Error --"},{"$f":"IFERROR(RiskRegister[[#This Row],[Residual Impact Rating]]*RiskRegister[[#This Row],[Residual Likelihood Rating]],\"-- Error --\")","v":"-- Error --"},"-- Select Risk Status --",{"$nulls":3},{"$f":"IF(ISBLANK(RiskRegister[[#This Row],[Risk Due Date]]), \"Missing Risk Due Date\", IF(RiskRegister[[#This Row],[Risk Due Date]] < TODAY(), \"Overdue\", \"Not Overdue\"))","v":"Missing Risk Due Date"},null,{"$f":"IF(ISBLANK(RiskRegister[[#This Row],[Risk Due Date]]), \"Missing Risk Due Date\", TEXT(RiskRegister[[#This Row],[Risk Due Date]], \"YYYY-MM\"))","v":"Missing Risk Due Date"},{"$f":"IF(RiskRegister[[#This Row],[Created Date]]=\"\",\"Created Date missing\",(TEXT(RiskRegister[[#This Row],[Created Date]],\"mmm\") & \"-\" & YEAR(RiskRegister[[#This Row],[Created Date]])))","v":"Created Date missing"},{"$f":"IF(RiskRegister[[#This Row],[Risk Status]]=\"Closed\",RiskRegister[[#This Row],[Risk Close Date]],RiskRegister[[#This Row],[Risk Due Date]])","v":"00:00:00"},{"$f":"IF(RiskRegister[[#This Row],[Risk-Change-Date]]=0,DATE(2030,1,1),RiskRegister[[#This Row],[Risk-Change-Date]])","v":"2030-01-01"},{"$f":"RiskRegister[[#This Row],[Inherent Impact Level]]&\"-\"&RiskRegister[[#This Row],[Inherent Likelihood Level]]","v":"-- Select Impact ----- Select Likelihood --"},{"$f":"RiskRegister[[#This Row],[Residual Impact Level]]&\"-\"&RiskRegister[[#This Row],[Residual Likelihood Level]]","v":"-- Select Impact ----- Select Likelihood --"},"Error",{"$f":"IF(RiskRegister[[#This Row],[Risk Status]]=\"Closed\",RiskRegister[[#This Row],[Residual Impact Level]],RiskRegister[[#This Row],[Inherent Impact Level]])","v":"-- Select Impact --"},{"$f":"IF(RiskRegister[[#This Row],[Risk Status]]=\"Closed\",RiskRegister[[#This Row],[Residual Likelihood Level]],RiskRegister[[#This Row],[Inherent Likelihood Level]])","v":"-- Select Likelihood --"},{"$f":"IF(RiskRegister[[#This Row],[Risk Status]]=\"Closed\",RiskRegister[[#This Row],[Residual-I-L-Combo]],RiskRegister[[#This Row],[Inherent-I-L-Combo]])","v":"-- Select Impact ----- Select Likelihood --"},"-- Error --"]
[114,{"$nulls":5},"-- Select Risk Category --",null,"-- select department --",null,null,"-- Select Impact --",{"$f":"VLOOKUP(RiskRegister[[#This Row],[Inherent Impact Level]],'Rating factors'!$F$4:$G$9,2,FALSE)","v":"--- Error ---"},"-- Select Likelihood --",{"$f":"VLOOKUP(RiskRegister[[#This Row],[Inherent Likelihood Level]],'Rating factors'!$F$16:$G$21,2,FALSE)","v":"--- Error ---"},{"$f":"IFERROR(VLOOKUP(RiskRegister[[#This Row],[Inherent Risk Rating]],'Rating factors'!$F$30:$G$44,2,FALSE),\"-- Error --\")","v":"-- Error --"},{"$f":"IFERROR(RiskRegister[[#This Row],[Inherent Impact Rating]]*RiskRegister[[#This Row],[Inherent Likelihood Rating]],\"-- Error --\")","v":"-- Error --"},"-- Select Risk Response --",null,"-- Select Impact --",{"$f":"VLOOKUP(RiskRegister[[#This Row],[Residual Impact Level]],'Rating factors'!$F$4:$G$9,2,FALSE)","v":"--- Error ---"},"-- Select Likelihood --",{"$f":"VLOOKUP(RiskRegister[[#This Row],[Residual Likelihood Level]],'Rating factors'!$F$16:$G$21,2,FALSE)","v":"--- Error ---"},{"$f":"IFERROR(VLOOKUP(RiskRegister[[#This Row],[Residual Risk Rating]],'Rating factors'!$F$30:$G$44,2,FALSE),\"-- Error --\")","v":"-- Error --"},{"$f":"IFERROR(RiskRegister[[#This Row],[Residual Impact Rating]]*RiskRegister[[#This Row],[Residual Likelihood Rating]],\"-- Error --\")","v":"-- Error --"},"-- Select Risk Status --",{"$nulls":3},{"$f":"IF(ISBLANK(RiskRegister[[#This Row],[Risk Due Date]]), \"Missing Risk Due Date\", IF(RiskRegister[[#This Row],[Risk Due Date]] < TODAY(), \"Overdue\", \"Not Overdue\"))","v":"Missing Risk Due Date"},null,{"$f":"IF(ISBLANK(RiskRegister[[#This Row],[Risk Due Date]]), \"Missing Risk Due Date\", TEXT(RiskRegister[[#This Row],[Risk Due Date]], \"YYYY-MM\"))","v":"Missing Risk Due Date"},{"$f":"IF(RiskRegister[[#This Row],[Created Date]]=\"\",\"Created Date missing\",(TEXT(RiskRegister[[#This Row],[Created Date]],\"mmm\") & \"-\" & YEAR(RiskRegister[[#This Row],[Created Date]])))","v":"Created Date missing"},{"$f":"IF(RiskRegister[[#This Row],[Risk Status]]=\"Closed\",RiskRegister[[#This Row],[Risk Close Date]],RiskRegister[[#This Row],[Risk Due Date]])","v":"00:00:00"},{"$f":"IF(RiskRegister[[#This Row],[Risk-Change-Date]]=0,DATE(2030,1,1),RiskRegister[[#This Row],[Risk-Change-Date]])","v":"2030-01-01"},{"$f":"RiskRegister[[#This Row],[Inherent Impact Level]]&\"-\"&RiskRegister[[#This Row],[Inherent Likelihood Level]]","v":"-- Select Impact ----- Select Likelihood --"},{"$f":"RiskRegister[[#This Row],[Residual Impact Level]]&\"-\"&RiskRegister[[#This Row],[Residual Likelihood Level]]","v":"-- Select Impact ----- Select Likelihood --"},"Error",{"$f":"IF(RiskRegister[[#This Row],[Risk Status]]=\"Closed\",RiskRegister[[#This Row],[Residual Impact Level]],RiskRegister[[#This Row],[Inherent Impact Level]])","v":"-- Select Impact --"},{"$f":"IF(RiskRegister[[#This Row],[Risk Status]]=\"Closed\",RiskRegister[[#This Row],[Residual Likelihood Level]],RiskRegister[[#This Row],[Inherent Likelihood Level]])","v":"-- Select Likelihood --"},{"$f":"IF(RiskRegister[[#This Row],[Risk Status]]=\"Closed\",RiskRegister[[#This Row],[Residual-I-L-Combo]],RiskRegister[[#This Row],[Inherent-I-L-Combo]])","v":"-- Select Impact ----- Select Likelihood --"},"-- Error --"]
[115,{"$nulls":5},"-- Select Risk Category --",null,"-- select department --",null,null,"-- Select Impact --",{"$f":"VLOOKUP(RiskRegister[[#This Row],[Inherent Impact Level]],'Rating factors'!$F$4:$G$9,2,FALSE)","v":"--- Error ---"},"-- Select Likelihood --",{"$f":"VLOOKUP(RiskRegister[[#This Row],[Inherent Likelihood Level]],'Rating factors'!$F$16:$G$21,2,FALSE)","v":"--- Error ---"},{"$f":"IFERROR(VLOOKUP(RiskRegister[[#This Row],[Inherent Risk Rating]],'Rating factors'!$F$30:$G$44,2,FALSE),\"-- Error --\")","v":"-- Error --"},{"$f":"IFERROR(RiskRegister[[#This Row],[Inherent Impact Rating]]*RiskRegister[[#This Row],[Inherent Likelihood Rating]],\"-- Error --\")","v":"-- Error --"},"-- Select Risk Response --",null,"-- Select Impact --",{"$f":"VLOOKUP(RiskRegister[[#This Row],[Residual Impact Level]],'Rating factors'!$F$4:$G$9,2,FALSE)","v":"--- Error ---"},"-- Select Likelihood --",{"$f":"VLOOKUP(RiskRegister[[#This Row],[Residual Likelihood Level]],'Rating factors'!$F$16:$G$21,2,FALSE)","v":"--- Error ---"},{"$f":"IFERROR(VLOOKUP(RiskRegister[[#This Row],[Residual Risk Rating]],'Rating factors'!$F$30:$G$44,2,FALSE),\"-- Error --\")","v":"-- Error --"},{"$f":"IFERROR(RiskRegister[[#This Row],[Residual Impact Rating]]*RiskRegister[[#This Row],[Residual Likelihood Rating]],\"-- Error --\")","v":"-- Error --"},"-- Select Risk Status --",{"$nulls":3},{"$f":"IF(ISBLANK(RiskRegister[[#This Row],[Risk Due Date]]), \"Missing Risk Due Date\", IF(RiskRegister[[#This Row],[Risk Due Date]] < TODAY(), \"Overdue\", \"Not Overdue\"))","v":"Missing Risk Due Date"},null,{"$f":"IF(ISBLANK(RiskRegister[[#This Row],[Risk Due Date]]), \"Missing Risk Due Date\", TEXT(RiskRegister[[#This Row],[Risk Due Date]], \"YYYY-MM\"))","v":"Missing Risk Due Date"},{"$f":"IF(RiskRegister[[#This Row],[Created Date]]=\"\",\"Created Date missing\",(TEXT(RiskRegister[[#This Row],[Created Date]],\"mmm\") & \"-\" & YEAR(RiskRegister[[#This Row],[Created Date]])))","v":"Created Date missing"},{"$f":"IF(RiskRegister[[#This Row],[Risk Status]]=\"Closed\",RiskRegister[[#This Row],[Risk Close Date]],RiskRegister[[#This Row],[Risk Due Date]])","v":"00:00:00"},{"$f":"IF(RiskRegister[[#This Row],[Risk-Change-Date]]=0,DATE(2030,1,1),RiskRegister[[#This Row],[Risk-Change-Date]])","v":"2030-01-01"},{"$f":"RiskRegister[[#This Row],[Inherent Impact Level]]&\"-\"&RiskRegister[[#This Row],[Inherent Likelihood Level]]","v":"-- Select Impact ----- Select Likelihood --"},{"$f":"RiskRegister[[#This Row],[Residual Impact Level]]&\"-\"&RiskRegister[[#This Row],[Residual Likelihood Level]]","v":"-- Select Impact ----- Select Likelihood --"},"Error",{"$f":"IF(RiskRegister[[#This Row],[Risk Status]]=\"Closed\",RiskRegister[[#This Row],[Residual Impact Level]],RiskRegister[[#This Row],[Inherent Impact Level]])","v":"-- Select Impact --"},{"$f":"IF(RiskRegister[[#This Row],[Risk Status]]=\"Closed\",RiskRegister[[#This Row],[Residual Likelihood Level]],RiskRegister[[#This Row],[Inherent Likelihood Level]])","v":"-- Select Likelihood --"},{"$f":"IF(RiskRegister[[#This Row],[Risk Status]]=\"Closed\",RiskRegister[[#This Row],[Residual-I-L-Combo]],RiskRegister[[#This Row],[Inherent-I-L-Combo]])","v":"-- Select Impact ----- Select Likelihood --"},"-- Error --"]
[116,{"$nulls":5},"-- Select Risk Category --",null,"-- select department --",null,null,"-- Select Impact --",{"$f":"VLOOKUP(RiskRegister[[#This Row],[Inherent Impact Level]],'Rating factors'!$F$4:$G$9,2,FALSE)","v":"--- Error ---"},"-- Select Likelihood --",{"$f":"VLOOKUP(RiskRegister[[#This Row],[Inherent Likelihood Level]],'Rating factors'!$F$16:$G$21,2,FALSE)","v":"--- Error ---"},{"$f":"IFERROR(VLOOKUP(RiskRegister[[#This Row],[Inherent Risk Rating]],'Rating factors'!$F$30:$G$44,2,FALSE),\"-- Error --\")","v":"-- Error --"},{"$f":"IFERROR(RiskRegister[[#This Row],[Inherent Impact Rating]]*RiskRegister[[#This Row],[Inherent Likelihood Rating]],\"-- Error --\")","v":"-- Error --"},"-- Select Risk Response --",null,"-- Select Impact --",{"$f":"VLOOKUP(RiskRegister[[#This Row],[Residual Impact Level]],'Rating factors'!$F$4:$G$9,2,FALSE)","v":"--- Error ---"},"-- Select Likelihood --",{"$f":"VLOOKUP(RiskRegister[[#This Row],[Residual Likelihood Level]],'Rating factors'!$F$16:$G$21,2,FALSE)","v":"--- Error ---"},{"$f":"IFERROR(VLOOKUP(RiskRegister[[#This Row],[Residual Risk Rating]],'Rating factors'!$F$30:$G$44,2,FALSE),\"-- Error --\")","v":"-- Error --"},{"$f":"IFERROR(RiskRegister[[#This Row],[Residual Impact Rating]]*RiskRegister[[#This Row],[Residual Likelihood Rating]],\"-- Error --\")","v":"-- Error --"},"-- Select Risk Status --",{"$nulls":3},{"$f":"IF(ISBLANK(RiskRegister[[#This Row],[Risk Due Date]]), \"Missing Risk Due Date\", IF(RiskRegister[[#This Row],[Risk Due Date]] < TODAY(), \"Overdue\", \"Not Overdue\"))","v":"Missing Risk Due Date"},null,{"$f":"IF(ISBLANK(RiskRegister[[#This Row],[Risk Due Date]]), \"Missing Risk Due Date\", TEXT(RiskRegister[[#This Row],[Risk Due Date]], \"YYYY-MM\"))","v":"Missing Risk Due Date"},{"$f":"IF(RiskRegister[[#This Row],[Created Date]]=\"\",\"Created Date missing\",(TEXT(RiskRegister[[#This Row],[Created Date]],\"mmm\") & \"-\" & YEAR(RiskRegister[[#This Row],[Created Date]])))","v":"Created Date missing"},{"$f":"IF(RiskRegister[[#This Row],[Risk Status]]=\"Closed\",RiskRegister[[#This Row],[Risk Close Date]],RiskRegister[[#This Row],[Risk Due Date]])","v":"00:00:00"},{"$f":"IF(RiskRegister[[#This Row],[Risk-Change-Date]]=0,DATE(2030,1,1),RiskRegister[[#This Row],[Risk-Change-Date]])","v":"2030-01-01"},{"$f":"RiskRegister[[#This Row],[Inherent Impact Level]]&\"-\"&RiskRegister[[#This Row],[Inherent Likelihood Level]]","v":"-- Select Impact ----- Select Likelihood --"},{"$f":"RiskRegister[[#This Row],[Residual Impact Level]]&\"-\"&RiskRegister[[#This Row],[Residual Likelihood Level]]","v":"-- Select Impact ----- Select Likelihood --"},"Error",{"$f":"IF(RiskRegister[[#This Row],[Risk Status]]=\"Closed\",RiskRegister[[#This Row],[Residual Impact Level]],RiskRegister[[#This Row],[Inherent Impact Level]])","v":"-- Select Impact --"},{"$f":"IF(RiskRegister[[#This Row],[Risk Status]]=\"Closed\",RiskRegister[[#This Row],[Residual Likelihood Level]],RiskRegister[[#This Row],[Inherent Likelihood Level]])","v":"-- Select Likelihood --"},{"$f":"IF(RiskRegister[[#This Row],[Risk Status]]=\"Closed\",RiskRegister[[#This Row],[Residual-I-L-Combo]],RiskRegister[[#This Row],[Inherent-I-L-Combo]])","v":"-- Select Impact ----- Select Likelihood --"},"-- Error --"]
[117,{"$nulls":5},"-- Select Risk Category --",null,"-- select department --",null,null,"-- Select Impact --",{"$f":"VLOOKUP(RiskRegister[[#This Row],[Inherent Impact Level]],'Rating factors'!$F$4:$G$9,2,FALSE)","v":"--- Error ---"},"-- Select Likelihood --",{"$f":"VLOOKUP(RiskRegister[[#This Row],[Inherent Likelihood Level]],'Rating factors'!$F$16:$G$21,2,FALSE)","v":"--- Error ---"},{"$f":"IFERROR(VLOOKUP(RiskRegister[[#This Row],[Inherent Risk Rating]],'Rating factors'!$F$30:$G$44,2,FALSE),\"-- Error --\")","v":"-- Error --"},{"$f":"IFERROR(RiskRegister[[#This Row],[Inherent Impact Rating]]*RiskRegister[[#This Row],[Inherent Likelihood Rating]],\"-- Error --\")","v":"-- Error --"},"-- Select Risk Response --",null,"-- Select Impact --",{"$f":"VLOOKUP(RiskRegister[[#This Row],[Residual Impact Level]],'Rating factors'!$F$4:$G$9,2,FALSE)","v":"--- Error ---"},"-- Select Likelihood --",{"$f":"VLOOKUP(RiskRegister[[#This Row],[Residual Likelihood Level]],'Rating factors'!$F$16:$G$21,2,FALSE)","v":"--- Error ---"},{"$f":"IFERROR(VLOOKUP(RiskRegister[[#This Row],[Residual Risk Rating]],'Rating factors'!$F$30:$G$44,2,FALSE),\"-- Error --\")","v":"-- Error --"},{"$f":"IFERROR(RiskRegister[[#This Row],[Residual Impact Rating]]*RiskRegister[[#This Row],[Residual Likelihood Rating]],\"-- Error --\")","v":"-- Error --"},"-- Select Risk Status --",{"$nulls":3},{"$f":"IF(ISBLANK(RiskRegister[[#This Row],[Risk Due Date]]), \"Missing Risk Due Date\", IF(RiskRegister[[#This Row],[Risk Due Date]] < TODAY(), \"Overdue\", \"Not Overdue\"))","v":"Missing Risk Due Date"},null,{"$f":"IF(ISBLANK(RiskRegister[[#This Row],[Risk Due Date]]), \"Missing Risk Due Date\", TEXT(RiskRegister[[#This Row],[Risk Due Date]], \"YYYY-MM\"))","v":"Missing Risk Due Date"},{"$f":"IF(RiskRegister[[#This Row],[Created Date]]=\"\",\"Created Date missing\",(TEXT(RiskRegister[[#This Row],[Created Date]],\"mmm\") & \"-\" & YEAR(RiskRegister[[#This Row],[Created Date]])))","v":"Created Date missing"},{"$f":"IF(RiskRegister[[#This Row],[Risk Status]]=\"Closed\",RiskRegister[[#This Row],[Risk Close Date]],RiskRegister[[#This Row],[Risk Due Date]])","v":"00:00:00"},{"$f":"IF(RiskRegister[[#This Row],[Risk-Change-Date]]=0,DATE(2030,1,1),RiskRegister[[#This Row],[Risk-Change-Date]])","v":"2030-01-01"},{"$f":"RiskRegister[[#This Row],[Inherent Impact Level]]&\"-\"&RiskRegister[[#This Row],[Inherent Likelihood Level]]","v":"-- Select Impact ----- Select Likelihood --"},{"$f":"RiskRegister[[#This Row],[Residual Impact Level]]&\"-\"&RiskRegister[[#This Row],[Residual Likelihood Level]]","v":"-- Select Impact ----- Select Likelihood --"},"Error",{"$f":"IF(RiskRegister[[#This Row],[Risk Status]]=\"Closed\",RiskRegister[[#This Row],[Residual Impact Level]],RiskRegister[[#This Row],[Inherent Impact Level]])","v":"-- Select Impact --"},{"$f":"IF(RiskRegister[[#This Row],[Risk Status]]=\"Closed\",RiskRegister[[#This Row],[Residual Likelihood Level]],RiskRegister[[#This Row],[Inherent Likelihood Level]])","v":"-- Select Likelihood --"},{"$f":"IF(RiskRegister[[#This Row],[Risk Status]]=\"Closed\",RiskRegister[[#This Row],[Residual-I-L-Combo]],RiskRegister[[#This Row],[Inherent-I-L-Combo]])","v":"-- Select Impact ----- Select Likelihood --"},"-- Error --"]
[118,{"$nulls":5},"-- Select Risk Category --",null,"-- select department --",null,null,"-- Select Impact --",{"$f":"VLOOKUP(RiskRegister[[#This Row],[Inherent Impact Level]],'Rating factors'!$F$4:$G$9,2,FALSE)","v":"--- Error ---"},"-- Select Likelihood --",{"$f":"VLOOKUP(RiskRegister[[#This Row],[Inherent Likelihood Level]],'Rating factors'!$F$16:$G$21,2,FALSE)","v":"--- Error ---"},{"$f":"IFERROR(VLOOKUP(RiskRegister[[#This Row],[Inherent Risk Rating]],'Rating factors'!$F$30:$G$44,2,FALSE),\"-- Error --\")","v":"-- Error --"},{"$f":"IFERROR(RiskRegister[[#This Row],[Inherent Impact Rating]]*RiskRegister[[#This Row],[Inherent Likelihood Rating]],\"-- Error --\")","v":"-- Error --"},"-- Select Risk Response --",null,"-- Select Impact --",{"$f":"VLOOKUP(RiskRegister[[#This Row],[Residual Impact Level]],'Rating factors'!$F$4:$G$9,2,FALSE)","v":"--- Error ---"},"-- Select Likelihood --",{"$f":"VLOOKUP(RiskRegister[[#This Row],[Residual Likelihood Level]],'Rating factors'!$F$16:$G$21,2,FALSE)","v":"--- Error ---"},{"$f":"IFERROR(VLOOKUP(RiskRegister[[#This Row],[Residual Risk Rating]],'Rating factors'!$F$30:$G$44,2,FALSE),\"-- Error --\")","v":"-- Error --"},{"$f":"IFERROR(RiskRegister[[#This Row],[Residual Impact Rating]]*RiskRegister[[#This Row],[Residual Likelihood Rating]],\"-- Error --\")","v":"-- Error --"},"-- Select Risk Status --",{"$nulls":3},{"$f":"IF(ISBLANK(RiskRegister[[#This Row],[Risk Due Date]]), \"Missing Risk Due Date\", IF(RiskRegister[[#This Row],[Risk Due Date]] < TODAY(), \"Overdue\", \"Not Overdue\"))","v":"Missing Risk Due Date"},null,{"$f":"IF(ISBLANK(RiskRegister[[#This Row],[Risk Due Date]]), \"Missing Risk Due Date\", TEXT(RiskRegister[[#This Row],[Risk Due Date]], \"YYYY-MM\"))","v":"Missing Risk Due Date"},{"$f":"IF(RiskRegister[[#This Row],[Created Date]]=\"\",\"Created Date missing\",(TEXT(RiskRegister[[#This Row],[Created Date]],\"mmm\") & \"-\" & YEAR(RiskRegister[[#This Row],[Created Date]])))","v":"Created Date missing"},{"$f":"IF(RiskRegister[[#This Row],[Risk Status]]=\"Closed\",RiskRegister[[#This Row],[Risk Close Date]],RiskRegister[[#This Row],[Risk Due Date]])","v":"00:00:00"},{"$f":"IF(RiskRegister[[#This Row],[Risk-Change-Date]]=0,DATE(2030,1,1),RiskRegister[[#This Row],[Risk-Change-Date]])","v":"2030-01-01"},{"$f":"RiskRegister[[#This Row],[Inherent Impact Level]]&\"-\"&RiskRegister[[#This Row],[Inherent Likelihood Level]]","v":"-- Select Impact ----- Select Likelihood --"},{"$f":"RiskRegister[[#This Row],[Residual Impact Level]]&\"-\"&RiskRegister[[#This Row],[Residual Likelihood Level]]","v":"-- Select Impact ----- Select Likelihood --"},"Error",{"$f":"IF(RiskRegister[[#This Row],[Risk Status]]=\"Closed\",RiskRegister[[#This Row],[Residual Impact Level]],RiskRegister[[#This Row],[Inherent Impact Level]])","v":"-- Select Impact --"},{"$f":"IF(RiskRegister[[#This Row],[Risk Status]]=\"Closed\",RiskRegister[[#This Row],[Residual Likelihood Level]],RiskRegister[[#This Row],[Inherent Likelihood Level]])","v":"-- Select Likelihood --"},{"$f":"IF(RiskRegister[[#This Row],[Risk Status]]=\"Closed\",RiskRegister[[#This Row],[Residual-I-L-Combo]],RiskRegister[[#This Row],[Inherent-I-L-Combo]])","v":"-- Select Impact ----- Select Likelihood --"},"-- Error --"]
[119,{"$nulls":5},"-- Select Risk Category --",null,"-- select department --",null,null,"-- Select Impact --",{"$f":"VLOOKUP(RiskRegister[[#This Row],[Inherent Impact Level]],'Rating factors'!$F$4:$G$9,2,FALSE)","v":"--- Error ---"},"-- Select Likelihood --",{"$f":"VLOOKUP(RiskRegister[[#This Row],[Inherent Likelihood Level]],'Rating factors'!$F$16:$G$21,2,FALSE)","v":"--- Error ---"},{"$f":"IFERROR(VLOOKUP(RiskRegister[[#This Row],[Inherent Risk Rating]],'Rating factors'!$F$30:$G$44,2,FALSE),\"-- Error --\")","v":"-- Error --"},{"$f":"IFERROR(RiskRegister[[#This Row],[Inherent Impact Rating]]*RiskRegister[[#This Row],[Inherent Likelihood Rating]],\"-- Error --\")","v":"-- Error --"},"-- Select Risk Response --",null,"-- Select Impact --",{"$f":"VLOOKUP(RiskRegister[[#This Row],[Residual Impact Level]],'Rating factors'!$F$4:$G$9,2,FALSE)","v":"--- Error ---"},"-- Select Likelihood --",{"$f":"VLOOKUP(RiskRegister[[#This Row],[Residual Likelihood Level]],'Rating factors'!$F$16:$G$21,2,FALSE)","v":"--- Error ---"},{"$f":"IFERROR(VLOOKUP(RiskRegister[[#This Row],[Residual Risk Rating]],'Rating factors'!$F$30:$G$44,2,FALSE),\"-- Error --\")","v":"-- Error --"},{"$f":"IFERROR(RiskRegister[[#This Row],[Residual Impact Rating]]*RiskRegister[[#This Row],[Residual Likelihood Rating]],\"-- Error --\")","v":"-- Error --"},"-- Select Risk Status --",{"$nulls":3},{"$f":"IF(ISBLANK(RiskRegister[[#This Row],[Risk Due Date]]), \"Missing Risk Due Date\", IF(RiskRegister[[#This Row],[Risk Due Date]] < TODAY(), \"Overdue\", \"Not Overdue\"))","v":"Missing Risk Due Date"},null,{"$f":"IF(ISBLANK(RiskRegister[[#This Row],[Risk Due Date]]), \"Missing Risk Due Date\", TEXT(RiskRegister[[#This Row],[Risk Due Date]], \"YYYY-MM\"))","v":"Missing Risk Due Date"},{"$f":"IF(RiskRegister[[#This Row],[Created Date]]=\"\",\"Created Date missing\",(TEXT(RiskRegister[[#This Row],[Created Date]],\"mmm\") & \"-\" & YEAR(RiskRegister[[#This Row],[Created Date]])))","v":"Created Date missing"},{"$f":"IF(RiskRegister[[#This Row],[Risk Status]]=\"Closed\",RiskRegister[[#This Row],[Risk Close Date]],RiskRegister[[#This Row],[Risk Due Date]])","v":"00:00:00"},{"$f":"IF(RiskRegister[[#This Row],[Risk-Change-Date]]=0,DATE(2030,1,1),RiskRegister[[#This Row],[Risk-Change-Date]])","v":"2030-01-01"},{"$f":"RiskRegister[[#This Row],[Inherent Impact Level]]&\"-\"&RiskRegister[[#This Row],[Inherent Likelihood Level]]","v":"-- Select Impact ----- Select Likelihood --"},{"$f":"RiskRegister[[#This Row],[Residual Impact Level]]&\"-\"&RiskRegister[[#This Row],[Residual Likelihood Level]]","v":"-- Select Impact ----- Select Likelihood --"},"Error",{"$f":"IF(RiskRegister[[#This Row],[Risk Status]]=\"Closed\",RiskRegister[[#This Row],[Residual Impact Level]],RiskRegister[[#This Row],[Inherent Impact Level]])","v":"-- Select Impact --"},{"$f":"IF(RiskRegister[[#This Row],[Risk Status]]=\"Closed\",RiskRegister[[#This Row],[Residual Likelihood Level]],RiskRegister[[#This Row],[Inherent Likelihood Level]])","v":"-- Select Likelihood --"},{"$f":"IF(RiskRegister[[#This Row],[Risk Status]]=\"Closed\",RiskRegister[[#This Row],[Residual-I-L-Combo]],RiskRegister[[#This Row],[Inherent-I-L-Combo]])","v":"-- Select Impact ----- Select Likelihood --"},"-- Error --"]
[120,{"$nulls":5},"-- Select Risk Category --",null,"-- select department --",null,null,"-- Select Impact --",{"$f":"VLOOKUP(RiskRegister[[#This Row],[Inherent Impact Level]],'Rating factors'!$F$4:$G$9,2,FALSE)","v":"--- Error ---"},"-- Select Likelihood --",{"$f":"VLOOKUP(RiskRegister[[#This Row],[Inherent Likelihood Level]],'Rating factors'!$F$16:$G$21,2,FALSE)","v":"--- Error ---"},{"$f":"IFERROR(VLOOKUP(RiskRegister[[#This Row],[Inherent Risk Rating]],'Rating factors'!$F$30:$G$44,2,FALSE),\"-- Error --\")","v":"-- Error --"},{"$f":"IFERROR(RiskRegister[[#This Row],[Inherent Impact Rating]]*RiskRegister[[#This Row],[Inherent Likelihood Rating]],\"-- Error --\")","v":"-- Error --"},"-- Select Risk Response --",null,"-- Select Impact --",{"$f":"VLOOKUP(RiskRegister[[#This Row],[Residual Impact Level]],'Rating factors'!$F$4:$G$9,2,FALSE)","v":"--- Error ---"},"-- Select Likelihood --",{"$f":"VLOOKUP(RiskRegister[[#This Row],[Residual Likelihood Level]],'Rating factors'!$F$16:$G$21,2,FALSE)","v":"--- Error ---"},{"$f":"IFERROR(VLOOKUP(RiskRegister[[#This Row],[Residual Risk Rating]],'Rating factors'!$F$30:$G$44,2,FALSE),\"-- Error --\")","v":"-- Error --"},{"$f":"IFERROR(RiskRegister[[#This Row],[Residual Impact Rating]]*RiskRegister[[#This Row],[Residual Likelihood Rating]],\"-- Error --\")","v":"-- Error --"},"-- Select Risk Status --",{"$nulls":3},{"$f":"IF(ISBLANK(RiskRegister[[#This Row],[Risk Due Date]]), \"Missing Risk Due Date\", IF(RiskRegister[[#This Row],[Risk Due Date]] < TODAY(), \"Overdue\", \"Not Overdue\"))","v":"Missing Risk Due Date"},null,{"$f":"IF(ISBLANK(RiskRegister[[#This Row],[Risk Due Date]]), \"Missing Risk Due Date\", TEXT(RiskRegister[[#This Row],[Risk Due Date]], \"YYYY-MM\"))","v":"Missing Risk Due Date"},{"$f":"IF(RiskRegister[[#This Row],[Created Date]]=\"\",\"Created Date missing\",(TEXT(RiskRegister[[#This Row],[Created Date]],\"mmm\") & \"-\" & YEAR(RiskRegister[[#This Row],[Created Date]])))","v":"Created Date missing"},{"$f":"IF(RiskRegister[[#This Row],[Risk Status]]=\"Closed\",RiskRegister[[#This Row],[Risk Close Date]],RiskRegister[[#This Row],[Risk Due Date]])","v":"00:00:00"},{"$f":"IF(RiskRegister[[#This Row],[Risk-Change-Date]]=0,DATE(2030,1,1),RiskRegister[[#This Row],[Risk-Change-Date]])","v":"2030-01-01"},{"$f":"RiskRegister[[#This Row],[Inherent Impact Level]]&\"-\"&RiskRegister[[#This Row],[Inherent Likelihood Level]]","v":"-- Select Impact ----- Select Likelihood --"},{"$f":"RiskRegister[[#This Row],[Residual Impact Level]]&\"-\"&RiskRegister[[#This Row],[Residual Likelihood Level]]","v":"-- Select Impact ----- Select Likelihood --"},"Error",{"$f":"IF(RiskRegister[[#This Row],[Risk Status]]=\"Closed\",RiskRegister[[#This Row],[Residual Impact Level]],RiskRegister[[#This Row],[Inherent Impact Level]])","v":"-- Select Impact --"},{"$f":"IF(RiskRegister[[#This Row],[Risk Status]]=\"Closed\",RiskRegister[[#This Row],[Residual Likelihood Level]],RiskRegister[[#This Row],[Inherent Likelihood Level]])","v":"-- Select Likelihood --"},{"$f":"IF(RiskRegister[[#This Row],[Risk Status]]=\"Closed\",RiskRegister[[#This Row],[Residual-I-L-Combo]],RiskRegister[[#This Row],[Inherent-I-L-Combo]])","v":"-- Select Impact ----- Select Likelihood --"},"-- Error --"]
[121,{"$nulls":5},"-- Select Risk Category --",null,"-- select department --",null,null,"-- Select Impact --",{"$f":"VLOOKUP(RiskRegister[[#This Row],[Inherent Impact Level]],'Rating factors'!$F$4:$G$9,2,FALSE)","v":"--- Error ---"},"-- Select Likelihood --",{"$f":"VLOOKUP(RiskRegister[[#This Row],[Inherent Likelihood Level]],'Rating factors'!$F$16:$G$21,2,FALSE)","v":"--- Error ---"},{"$f":"IFERROR(VLOOKUP(RiskRegister[[#This Row],[Inherent Risk Rating]],'Rating factors'!$F$30:$G$44,2,FALSE),\"-- Error --\")","v":"-- Error --"},{"$f":"IFERROR(RiskRegister[[#This Row],[Inherent Impact Rating]]*RiskRegister[[#This Row],[Inherent Likelihood Rating]],\"-- Error --\")","v":"-- Error --"},"-- Select Risk Response --",null,"-- Select Impact --",{"$f":"VLOOKUP(RiskRegister[[#This Row],[Residual Impact Level]],'Rating factors'!$F$4:$G$9,2,FALSE)","v":"--- Error ---"},"-- Select Likelihood --",{"$f":"VLOOKUP(RiskRegister[[#This Row],[Residual Likelihood Level]],'Rating factors'!$F$16:$G$21,2,FALSE)","v":"--- Error ---"},{"$f":"IFERROR(VLOOKUP(RiskRegister[[#This Row],[Residual Risk Rating]],'Rating factors'!$F$30:$G$44,2,FALSE),\"-- Error --\")","v":"-- Error --"},{"$f":"IFERROR(RiskRegister[[#This Row],[Residual Impact Rating]]*RiskRegister[[#This Row],[Residual Likelihood Rating]],\"-- Error --\")","v":"-- Error --"},"-- Select Risk Status --",{"$nulls":3},{"$f":"IF(ISBLANK(RiskRegister[[#This Row],[Risk Due Date]]), \"Missing Risk Due Date\", IF(RiskRegister[[#This Row],[Risk Due Date]] < TODAY(), \"Overdue\", \"Not Overdue\"))","v":"Missing Risk Due Date"},null,{"$f":"IF(ISBLANK(RiskRegister[[#This Row],[Risk Due Date]]), \"Missing Risk Due Date\", TEXT(RiskRegister[[#This Row],[Risk Due Date]], \"YYYY-MM\"))","v":"Missing Risk Due Date"},{"$f":"IF(RiskRegister[[#This Row],[Created Date]]=\"\",\"Created Date missing\",(TEXT(RiskRegister[[#This Row],[Created Date]],\"mmm\") & \"-\" & YEAR(RiskRegister[[#This Row],[Created Date]])))","v":"Created Date missing"},{"$f":"IF(RiskRegister[[#This Row],[Risk Status]]=\"Closed\",RiskRegister[[#This Row],[Risk Close Date]],RiskRegister[[#This Row],[Risk Due Date]])","v":"00:00:00"},{"$f":"IF(RiskRegister[[#This Row],[Risk-Change-Date]]=0,DATE(2030,1,1),RiskRegister[[#This Row],[Risk-Change-Date]])","v":"2030-01-01"},{"$f":"RiskRegister[[#This Row],[Inherent Impact Level]]&\"-\"&RiskRegister[[#This Row],[Inherent Likelihood Level]]","v":"-- Select Impact ----- Select Likelihood --"},{"$f":"RiskRegister[[#This Row],[Residual Impact Level]]&\"-\"&RiskRegister[[#This Row],[Residual Likelihood Level]]","v":"-- Select Impact ----- Select Likelihood --"},"Error",{"$f":"IF(RiskRegister[[#This Row],[Risk Status]]=\"Closed\",RiskRegister[[#This Row],[Residual Impact Level]],RiskRegister[[#This Row],[Inherent Impact Level]])","v":"-- Select Impact --"},{"$f":"IF(RiskRegister[[#This Row],[Risk Status]]=\"Closed\",RiskRegister[[#This Row],[Residual Likelihood Level]],RiskRegister[[#This Row],[Inherent Likelihood Level]])","v":"-- Select Likelihood --"},{"$f":"IF(RiskRegister[[#This Row],[Risk Status]]=\"Closed\",RiskRegister[[#This Row],[Residual-I-L-Combo]],RiskRegister[[#This Row],[Inherent-I-L-Combo]])","v":"-- Select Impact ----- Select Likelihood --"},"-- Error --"]
[122,{"$nulls":5},"-- Select Risk Category --",null,"-- select department --",null,null,"-- Select Impact --",{"$f":"VLOOKUP(RiskRegister[[#This Row],[Inherent Impact Level]],'Rating factors'!$F$4:$G$9,2,FALSE)","v":"--- Error ---"},"-- Select Likelihood --",{"$f":"VLOOKUP(RiskRegister[[#This Row],[Inherent Likelihood Level]],'Rating factors'!$F$16:$G$21,2,FALSE)","v":"--- Error ---"},{"$f":"IFERROR(VLOOKUP(RiskRegister[[#This Row],[Inherent Risk Rating]],'Rating factors'!$F$30:$G$44,2,FALSE),\"-- Error --\")","v":"-- Error --"},{"$f":"IFERROR(RiskRegister[[#This Row],[Inherent Impact Rating]]*RiskRegister[[#This Row],[Inherent Likelihood Rating]],\"-- Error --\")","v":"-- Error --"},"-- Select Risk Response --",null,"-- Select Impact --",{"$f":"VLOOKUP(RiskRegister[[#This Row],[Residual Impact Level]],'Rating factors'!$F$4:$G$9,2,FALSE)","v":"--- Error ---"},"-- Select Likelihood --",{"$f":"VLOOKUP(RiskRegister[[#This Row],[Residual Likelihood Level]],'Rating factors'!$F$16:$G$21,2,FALSE)","v":"--- Error ---"},{"$f":"IFERROR(VLOOKUP(RiskRegister[[#This Row],[Residual Risk Rating]],'Rating factors'!$F$30:$G$44,2,FALSE),\"-- Error --\")","v":"-- Error --"},{"$f":"IFERROR(RiskRegister[[#This Row],[Residual Impact Rating]]*RiskRegister[[#This Row],[Residual Likelihood Rating]],\"-- Error --\")","v":"-- Error --"},"-- Select Risk Status --",{"$nulls":3},{"$f":"IF(ISBLANK(RiskRegister[[#This Row],[Risk Due Date]]), \"Missing Risk Due Date\", IF(RiskRegister[[#This Row],[Risk Due Date]] < TODAY(), \"Overdue\", \"Not Overdue\"))","v":"Missing Risk Due Date"},null,{"$f":"IF(ISBLANK(RiskRegister[[#This Row],[Risk Due Date]]), \"Missing Risk Due Date\", TEXT(RiskRegister[[#This Row],[Risk Due Date]], \"YYYY-MM\"))","v":"Missing Risk Due Date"},{"$f":"IF(RiskRegister[[#This Row],[Created Date]]=\"\",\"Created Date missing\",(TEXT(RiskRegister[[#This Row],[Created Date]],\"mmm\") & \"-\" & YEAR(RiskRegister[[#This Row],[Created Date]])))","v":"Created Date missing"},{"$f":"IF(RiskRegister[[#This Row],[Risk Status]]=\"Closed\",RiskRegister[[#This Row],[Risk Close Date]],RiskRegister[[#This Row],[Risk Due Date]])","v":"00:00:00"},{"$f":"IF(RiskRegister[[#This Row],[Risk-Change-Date]]=0,DATE(2030,1,1),RiskRegister[[#This Row],[Risk-Change-Date]])","v":"2030-01-01"},{"$f":"RiskRegister[[#This Row],[Inherent Impact Level]]&\"-\"&RiskRegister[[#This Row],[Inherent Likelihood Level]]","v":"-- Select Impact ----- Select Likelihood --"},{"$f":"RiskRegister[[#This Row],[Residual Impact Level]]&\"-\"&RiskRegister[[#This Row],[Residual Likelihood Level]]","v":"-- Select Impact ----- Select Likelihood --"},"Error",{"$f":"IF(RiskRegister[[#This Row],[Risk Status]]=\"Closed\",RiskRegister[[#This Row],[Residual Impact Level]],RiskRegister[[#This Row],[Inherent Impact Level]])","v":"-- Select Impact --"},{"$f":"IF(RiskRegister[[#This Row],[Risk Status]]=\"Closed\",RiskRegister[[#This Row],[Residual Likelihood Level]],RiskRegister[[#This Row],[Inherent Likelihood Level]])","v":"-- Select Likelihood --"},{"$f":"IF(RiskRegister[[#This Row],[Risk Status]]=\"Closed\",RiskRegister[[#This Row],[Residual-I-L-Combo]],RiskRegister[[#This Row],[Inherent-I-L-Combo]])","v":"-- Select Impact ----- Select Likelihood --"},"-- Error --"]
[123,{"$nulls":5},"-- Select Risk Category --",null,"-- select department --",null,null,"-- Select Impact --",{"$f":"VLOOKUP(RiskRegister[[#This Row],[Inherent Impact Level]],'Rating factors'!$F$4:$G$9,2,FALSE)","v":"--- Error ---"},"-- Select Likelihood --",{"$f":"VLOOKUP(RiskRegister[[#This Row],[Inherent Likelihood Level]],'Rating factors'!$F$16:$G$21,2,FALSE)","v":"--- Error ---"},{"$f":"IFERROR(VLOOKUP(RiskRegister[[#This Row],[Inherent Risk Rating]],'Rating factors'!$F$30:$G$44,2,FALSE),\"-- Error --\")","v":"-- Error --"},{"$f":"IFERROR(RiskRegister[[#This Row],[Inherent Impact Rating]]*RiskRegister[[#This Row],[Inherent Likelihood Rating]],\"-- Error --\")","v":"-- Error --"},"-- Select Risk Response --",null,"-- Select Impact --",{"$f":"VLOOKUP(RiskRegister[[#This Row],[Residual Impact Level]],'Rating factors'!$F$4:$G$9,2,FALSE)","v":"--- Error ---"},"-- Select Likelihood --",{"$f":"VLOOKUP(RiskRegister[[#This Row],[Residual Likelihood Level]],'Rating factors'!$F$16:$G$21,2,FALSE)","v":"--- Error ---"},{"$f":"IFERROR(VLOOKUP(RiskRegister[[#This Row],[Residual Risk Rating]],'Rating factors'!$F$30:$G$44,2,FALSE),\"-- Error --\")","v":"-- Error --"},{"$f":"IFERROR(RiskRegister[[#This Row],[Residual Impact Rating]]*RiskRegister[[#This Row],[Residual Likelihood Rating]],\"-- Error --\")","v":"-- Error --"},"-- Select Risk Status --",{"$nulls":3},{"$f":"IF(ISBLANK(RiskRegister[[#This Row],[Risk Due Date]]), \"Missing Risk Due Date\", IF(RiskRegister[[#This Row],[Risk Due Date]] < TODAY(), \"Overdue\", \"Not Overdue\"))","v":"Missing Risk Due Date"},null,{"$f":"IF(ISBLANK(RiskRegister[[#This Row],[Risk Due Date]]), \"Missing Risk Due Date\", TEXT(RiskRegister[[#This Row],[Risk Due Date]], \"YYYY-MM\"))","v":"Missing Risk Due Date"},{"$f":"IF(RiskRegister[[#This Row],[Created Date]]=\"\",\"Created Date missing\",(TEXT(RiskRegister[[#This Row],[Created Date]],\"mmm\") & \"-\" & YEAR(RiskRegister[[#This Row],[Created Date]])))","v":"Created Date missing"},{"$f":"IF(RiskRegister[[#This Row],[Risk Status]]=\"Closed\",RiskRegister[[#This Row],[Risk Close Date]],RiskRegister[[#This Row],[Risk Due Date]])","v":"00:00:00"},{"$f":"IF(RiskRegister[[#This Row],[Risk-Change-Date]]=0,DATE(2030,1,1),RiskRegister[[#This Row],[Risk-Change-Date]])","v":"2030-01-01"},{"$f":"RiskRegister[[#This Row],[Inherent Impact Level]]&\"-\"&RiskRegister[[#This Row],[Inherent Likelihood Level]]","v":"-- Select Impact ----- Select Likelihood --"},{"$f":"RiskRegister[[#This Row],[Residual Impact Level]]&\"-\"&RiskRegister[[#This Row],[Residual Likelihood Level]]","v":"-- Select Impact ----- Select Likelihood --"},"Error",{"$f":"IF(RiskRegister[[#This Row],[Risk Status]]=\"Closed\",RiskRegister[[#This Row],[Residual Impact Level]],RiskRegister[[#This Row],[Inherent Impact Level]])","v":"-- Select Impact --"},{"$f":"IF(RiskRegister[[#This Row],[Risk Status]]=\"Closed\",RiskRegister[[#This Row],[Residual Likelihood Level]],RiskRegister[[#This Row],[Inherent Likelihood Level]])","v":"-- Select Likelihood --"},{"$f":"IF(RiskRegister[[#This Row],[Risk Status]]=\"Closed\",RiskRegister[[#This Row],[Residual-I-L-Combo]],RiskRegister[[#This Row],[Inherent-I-L-Combo]])","v":"-- Select Impact ----- Select Likelihood --"},"-- Error --"]
[124,{"$nulls":5},"-- Select Risk Category --",null,"-- select department --",null,null,"-- Select Impact --",{"$f":"VLOOKUP(RiskRegister[[#This Row],[Inherent Impact Level]],'Rating factors'!$F$4:$G$9,2,FALSE)","v":"--- Error ---"},"-- Select Likelihood --",{"$f":"VLOOKUP(RiskRegister[[#This Row],[Inherent Likelihood Level]],'Rating factors'!$F$16:$G$21,2,FALSE)","v":"--- Error ---"},{"$f":"IFERROR(VLOOKUP(RiskRegister[[#This Row],[Inherent Risk Rating]],'Rating factors'!$F$30:$G$44,2,FALSE),\"-- Error --\")","v":"-- Error --"},{"$f":"IFERROR(RiskRegister[[#This Row],[Inherent Impact Rating]]*RiskRegister[[#This Row],[Inherent Likelihood Rating]],\"-- Error --\")","v":"-- Error --"},"-- Select Risk Response --",null,"-- Select Impact --",{"$f":"VLOOKUP(RiskRegister[[#This Row],[Residual Impact Level]],'Rating factors'!$F$4:$G$9,2,FALSE)","v":"--- Error ---"},"-- Select Likelihood --",{"$f":"VLOOKUP(RiskRegister[[#This Row],[Residual Likelihood Level]],'Rating factors'!$F$16:$G$21,2,FALSE)","v":"--- Error ---"},{"$f":"IFERROR(VLOOKUP(RiskRegister[[#This Row],[Residual Risk Rating]],'Rating factors'!$F$30:$G$44,2,FALSE),\"-- Error --\")","v":"-- Error --"},{"$f":"IFERROR(RiskRegister[[#This Row],[Residual Impact Rating]]*RiskRegister[[#This Row],[Residual Likelihood Rating]],\"-- Error --\")","v":"-- Error --"},"-- Select Risk Status --",{"$nulls":3},{"$f":"IF(ISBLANK(RiskRegister[[#This Row],[Risk Due Date]]), \"Missing Risk Due Date\", IF(RiskRegister[[#This Row],[Risk Due Date]] < TODAY(), \"Overdue\", \"Not Overdue\"))","v":"Missing Risk Due Date"},null,{"$f":"IF(ISBLANK(RiskRegister[[#This Row],[Risk Due Date]]), \"Missing Risk Due Date\", TEXT(RiskRegister[[#This Row],[Risk Due Date]], \"YYYY-MM\"))","v":"Missing Risk Due Date"},{"$f":"IF(RiskRegister[[#This Row],[Created Date]]=\"\",\"Created Date missing\",(TEXT(RiskRegister[[#This Row],[Created Date]],\"mmm\") & \"-\" & YEAR(RiskRegister[[#This Row],[Created Date]])))","v":"Created Date missing"},{"$f":"IF(RiskRegister[[#This Row],[Risk Status]]=\"Closed\",RiskRegister[[#This Row],[Risk Close Date]],RiskRegister[[#This Row],[Risk Due Date]])","v":"00:00:00"},{"$f":"IF(RiskRegister[[#This Row],[Risk-Change-Date]]=0,DATE(2030,1,1),RiskRegister[[#This Row],[Risk-Change-Date]])","v":"2030-01-01"},{"$f":"RiskRegister[[#This Row],[Inherent Impact Level]]&\"-\"&RiskRegister[[#This Row],[Inherent Likelihood Level]]","v":"-- Select Impact ----- Select Likelihood --"},{"$f":"RiskRegister[[#This Row],[Residual Impact Level]]&\"-\"&RiskRegister[[#This Row],[Residual Likelihood Level]]","v":"-- Select Impact ----- Select Likelihood --"},"Error",{"$f":"IF(RiskRegister[[#This Row],[Risk Status]]=\"Closed\",RiskRegister[[#This Row],[Residual Impact Level]],RiskRegister[[#This Row],[Inherent Impact Level]])","v":"-- Select Impact --"},{"$f":"IF(RiskRegister[[#This Row],[Risk Status]]=\"Closed\",RiskRegister[[#This Row],[Residual Likelihood Level]],RiskRegister[[#This Row],[Inherent Likelihood Level]])","v":"-- Select Likelihood --"},{"$f":"IF(RiskRegister[[#This Row],[Risk Status]]=\"Closed\",RiskRegister[[#This Row],[Residual-I-L-Combo]],RiskRegister[[#This Row],[Inherent-I-L-Combo]])","v":"-- Select Impact ----- Select Likelihood --"},"-- Error --"]
[125,{"$nulls":5},"-- Select Risk Category --",null,"-- select department --",null,null,"-- Select Impact --",{"$f":"VLOOKUP(RiskRegister[[#This Row],[Inherent Impact Level]],'Rating factors'!$F$4:$G$9,2,FALSE)","v":"--- Error ---"},"-- Select Likelihood --",{"$f":"VLOOKUP(RiskRegister[[#This Row],[Inherent Likelihood Level]],'Rating factors'!$F$16:$G$21,2,FALSE)","v":"--- Error ---"},{"$f":"IFERROR(VLOOKUP(RiskRegister[[#This Row],[Inherent Risk Rating]],'Rating factors'!$F$30:$G$44,2,FALSE),\"-- Error --\")","v":"-- Error --"},{"$f":"IFERROR(RiskRegister[[#This Row],[Inherent Impact Rating]]*RiskRegister[[#This Row],[Inherent Likelihood Rating]],\"-- Error --\")","v":"-- Error --"},"-- Select Risk Response --",null,"-- Select Impact --",{"$f":"VLOOKUP(RiskRegister[[#This Row],[Residual Impact Level]],'Rating factors'!$F$4:$G$9,2,FALSE)","v":"--- Error ---"},"-- Select Likelihood --",{"$f":"VLOOKUP(RiskRegister[[#This Row],[Residual Likelihood Level]],'Rating factors'!$F$16:$G$21,2,FALSE)","v":"--- Error ---"},{"$f":"IFERROR(VLOOKUP(RiskRegister[[#This Row],[Residual Risk Rating]],'Rating factors'!$F$30:$G$44,2,FALSE),\"-- Error --\")","v":"-- Error --"},{"$f":"IFERROR(RiskRegister[[#This Row],[Residual Impact Rating]]*RiskRegister[[#This Row],[Residual Likelihood Rating]],\"-- Error --\")","v":"-- Error --"},"-- Select Risk Status --",{"$nulls":3},{"$f":"IF(ISBLANK(RiskRegister[[#This Row],[Risk Due Date]]), \"Missing Risk Due Date\", IF(RiskRegister[[#This Row],[Risk Due Date]] < TODAY(), \"Overdue\", \"Not Overdue\"))","v":"Missing Risk Due Date"},null,{"$f":"IF(ISBLANK(RiskRegister[[#This Row],[Risk Due Date]]), \"Missing Risk Due Date\", TEXT(RiskRegister[[#This Row],[Risk Due Date]], \"YYYY-MM\"))","v":"Missing Risk Due Date"},{"$f":"IF(RiskRegister[[#This Row],[Created Date]]=\"\",\"Created Date missing\",(TEXT(RiskRegister[[#This Row],[Created Date]],\"mmm\") & \"-\" & YEAR(RiskRegister[[#This Row],[Created Date]])))","v":"Created Date missing"},{"$f":"IF(RiskRegister[[#This Row],[Risk Status]]=\"Closed\",RiskRegister[[#This Row],[Risk Close Date]],RiskRegister[[#This Row],[Risk Due Date]])","v":"00:00:00"},{"$f":"IF(RiskRegister[[#This Row],[Risk-Change-Date]]=0,DATE(2030,1,1),RiskRegister[[#This Row],[Risk-Change-Date]])","v":"2030-01-01"},{"$f":"RiskRegister[[#This Row],[Inherent Impact Level]]&\"-\"&RiskRegister[[#This Row],[Inherent Likelihood Level]]","v":"-- Select Impact ----- Select Likelihood --"},{"$f":"RiskRegister[[#This Row],[Residual Impact Level]]&\"-\"&RiskRegister[[#This Row],[Residual Likelihood Level]]","v":"-- Select Impact ----- Select Likelihood --"},"Error",{"$f":"IF(RiskRegister[[#This Row],[Risk Status]]=\"Closed\",RiskRegister[[#This Row],[Residual Impact Level]],RiskRegister[[#This Row],[Inherent Impact Level]])","v":"-- Select Impact --"},{"$f":"IF(RiskRegister[[#This Row],[Risk Status]]=\"Closed\",RiskRegister[[#This Row],[Residual Likelihood Level]],RiskRegister[[#This Row],[Inherent Likelihood Level]])","v":"-- Select Likelihood --"},{"$f":"IF(RiskRegister[[#This Row],[Risk Status]]=\"Closed\",RiskRegister[[#This Row],[Residual-I-L-Combo]],RiskRegister[[#This Row],[Inherent-I-L-Combo]])","v":"-- Select Impact ----- Select Likelihood --"},"-- Error --"]
[126,{"$nulls":5},"-- Select Risk Category --",null,"-- select department --",null,null,"-- Select Impact --",{"$f":"VLOOKUP(RiskRegister[[#This Row],[Inherent Impact Level]],'Rating factors'!$F$4:$G$9,2,FALSE)","v":"--- Error ---"},"-- Select Likelihood --",{"$f":"VLOOKUP(RiskRegister[[#This Row],[Inherent Likelihood Level]],'Rating factors'!$F$16:$G$21,2,FALSE)","v":"--- Error ---"},{"$f":"IFERROR(VLOOKUP(RiskRegister[[#This Row],[Inherent Risk Rating]],'Rating factors'!$F$30:$G$44,2,FALSE),\"-- Error --\")","v":"-- Error --"},{"$f":"IFERROR(RiskRegister[[#This Row],[Inherent Impact Rating]]*RiskRegister[[#This Row],[Inherent Likelihood Rating]],\"-- Error --\")","v":"-- Error --"},"-- Select Risk Response --",null,"-- Select Impact --",{"$f":"VLOOKUP(RiskRegister[[#This Row],[Residual Impact Level]],'Rating factors'!$F$4:$G$9,2,FALSE)","v":"--- Error ---"},"-- Select Likelihood --",{"$f":"VLOOKUP(RiskRegister[[#This Row],[Residual Likelihood Level]],'Rating factors'!$F$16:$G$21,2,FALSE)","v":"--- Error ---"},{"$f":"IFERROR(VLOOKUP(RiskRegister[[#This Row],[Residual Risk Rating]],'Rating factors'!$F$30:$G$44,2,FALSE),\"-- Error --\")","v":"-- Error --"},{"$f":"IFERROR(RiskRegister[[#This Row],[Residual Impact Rating]]*RiskRegister[[#This Row],[Residual Likelihood Rating]],\"-- Error --\")","v":"-- Error --"},"-- Select Risk Status --",{"$nulls":3},{"$f":"IF(ISBLANK(RiskRegister[[#This Row],[Risk Due Date]]), \"Missing Risk Due Date\", IF(RiskRegister[[#This Row],[Risk Due Date]] < TODAY(), \"Overdue\", \"Not Overdue\"))","v":"Missing Risk Due Date"},null,{"$f":"IF(ISBLANK(RiskRegister[[#This Row],[Risk Due Date]]), \"Missing Risk Due Date\", TEXT(RiskRegister[[#This Row],[Risk Due Date]], \"YYYY-MM\"))","v":"Missing Risk Due Date"},{"$f":"IF(RiskRegister[[#This Row],[Created Date]]=\"\",\"Created Date missing\",(TEXT(RiskRegister[[#This Row],[Created Date]],\"mmm\") & \"-\" & YEAR(RiskRegister[[#This Row],[Created Date]])))","v":"Created Date missing"},{"$f":"IF(RiskRegister[[#This Row],[Risk Status]]=\"Closed\",RiskRegister[[#This Row],[Risk Close Date]],RiskRegister[[#This Row],[Risk Due Date]])","v":"00:00:00"},{"$f":"IF(RiskRegister[[#This Row],[Risk-Change-Date]]=0,DATE(2030,1,1),RiskRegister[[#This Row],[Risk-Change-Date]])","v":"2030-01-01"},{"$f":"RiskRegister[[#This Row],[Inherent Impact Level]]&\"-\"&RiskRegister[[#This Row],[Inherent Likelihood Level]]","v":"-- Select Impact ----- Select Likelihood --"},{"$f":"RiskRegister[[#This Row],[Residual Impact Level]]&\"-\"&RiskRegister[[#This Row],[Residual Likelihood Level]]","v":"-- Select Impact ----- Select Likelihood --"},"Error",{"$f":"IF(RiskRegister[[#This Row],[Risk Status]]=\"Closed\",RiskRegister[[#This Row],[Residual Impact Level]],RiskRegister[[#This Row],[Inherent Impact Level]])","v":"-- Select Impact --"},{"$f":"IF(RiskRegister[[#This Row],[Risk Status]]=\"Closed\",RiskRegister[[#This Row],[Residual Likelihood Level]],RiskRegister[[#This Row],[Inherent Likelihood Level]])","v":"-- Select Likelihood --"},{"$f":"IF(RiskRegister[[#This Row],[Risk Status]]=\"Closed\",RiskRegister[[#This Row],[Residual-I-L-Combo]],RiskRegister[[#This Row],[Inherent-I-L-Combo]])","v":"-- Select Impact ----- Select Likelihood --"},"-- Error --"]
[127,{"$nulls":5},"-- Select Risk Category --",null,"-- select department --",null,null,"-- Select Impact --",{"$f":"VLOOKUP(RiskRegister[[#This Row],[Inherent Impact Level]],'Rating factors'!$F$4:$G$9,2,FALSE)","v":"--- Error ---"},"-- Select Likelihood --",{"$f":"VLOOKUP(RiskRegister[[#This Row],[Inherent Likelihood Level]],'Rating factors'!$F$16:$G$21,2,FALSE)","v":"--- Error ---"},{"$f":"IFERROR(VLOOKUP(RiskRegister[[#This Row],[Inherent Risk Rating]],'Rating factors'!$F$30:$G$44,2,FALSE),\"-- Error --\")","v":"-- Error --"},{"$f":"IFERROR(RiskRegister[[#This Row],[Inherent Impact Rating]]*RiskRegister[[#This Row],[Inherent Likelihood Rating]],\"-- Error --\")","v":"-- Error --"},"-- Select Risk Response --",null,"-- Select Impact --",{"$f":"VLOOKUP(RiskRegister[[#This Row],[Residual Impact Level]],'Rating factors'!$F$4:$G$9,2,FALSE)","v":"--- Error ---"},"-- Select Likelihood --",{"$f":"VLOOKUP(RiskRegister[[#This Row],[Residual Likelihood Level]],'Rating factors'!$F$16:$G$21,2,FALSE)","v":"--- Error ---"},{"$f":"IFERROR(VLOOKUP(RiskRegister[[#This Row],[Residual Risk Rating]],'Rating factors'!$F$30:$G$44,2,FALSE),\"-- Error --\")","v":"-- Error --"},{"$f":"IFERROR(RiskRegister[[#This Row],[Residual Impact Rating]]*RiskRegister[[#This Row],[Residual Likelihood Rating]],\"-- Error --\")","v":"-- Error --"},"-- Select Risk Status --",{"$nulls":3},{"$f":"IF(ISBLANK(RiskRegister[[#This Row],[Risk Due Date]]), \"Missing Risk Due Date\", IF(RiskRegister[[#This Row],[Risk Due Date]] < TODAY(), \"Overdue\", \"Not Overdue\"))","v":"Missing Risk Due Date"},null,{"$f":"IF(ISBLANK(RiskRegister[[#This Row],[Risk Due Date]]), \"Missing Risk Due Date\", TEXT(RiskRegister[[#This Row],[Risk Due Date]], \"YYYY-MM\"))","v":"Missing Risk Due Date"},{"$f":"IF(RiskRegister[[#This Row],[Created Date]]=\"\",\"Created Date missing\",(TEXT(RiskRegister[[#This Row],[Created Date]],\"mmm\") & \"-\" & YEAR(RiskRegister[[#This Row],[Created Date]])))","v":"Created Date missing"},{"$f":"IF(RiskRegister[[#This Row],[Risk Status]]=\"Closed\",RiskRegister[[#This Row],[Risk Close Date]],RiskRegister[[#This Row],[Risk Due Date]])","v":"00:00:00"},{"$f":"IF(RiskRegister[[#This Row],[Risk-Change-Date]]=0,DATE(2030,1,1),RiskRegister[[#This Row],[Risk-Change-Date]])","v":"2030-01-01"},{"$f":"RiskRegister[[#This Row],[Inherent Impact Level]]&\"-\"&RiskRegister[[#This Row],[Inherent Likelihood Level]]","v":"-- Select Impact ----- Select Likelihood --"},{"$f":"RiskRegister[[#This Row],[Residual Impact Level]]&\"-\"&RiskRegister[[#This Row],[Residual Likelihood Level]]","v":"-- Select Impact ----- Select Likelihood --"},"Error",{"$f":"IF(RiskRegister[[#This Row],[Risk Status]]=\"Closed\",RiskRegister[[#This Row],[Residual Impact Level]],RiskRegister[[#This Row],[Inherent Impact Level]])","v":"-- Select Impact --"},{"$f":"IF(RiskRegister[[#This Row],[Risk Status]]=\"Closed\",RiskRegister[[#This Row],[Residual Likelihood Level]],RiskRegister[[#This Row],[Inherent Likelihood Level]])","v":"-- Select Likelihood --"},{"$f":"IF(RiskRegister[[#This Row],[Risk Status]]=\"Closed\",RiskRegister[[#This Row],[Residual-I-L-Combo]],RiskRegister[[#This Row],[Inherent-I-L-Combo]])","v":"-- Select Impact ----- Select Likelihood --"},"-- Error --"]
[128,{"$nulls":5},"-- Select Risk Category --",null,"-- select department --",null,null,"-- Select Impact --",{"$f":"VLOOKUP(RiskRegister[[#This Row],[Inherent Impact Level]],'Rating factors'!$F$4:$G$9,2,FALSE)","v":"--- Error ---"},"-- Select Likelihood --",{"$f":"VLOOKUP(RiskRegister[[#This Row],[Inherent Likelihood Level]],'Rating factors'!$F$16:$G$21,2,FALSE)","v":"--- Error ---"},{"$f":"IFERROR(VLOOKUP(RiskRegister[[#This Row],[Inherent Risk Rating]],'Rating factors'!$F$30:$G$44,2,FALSE),\"-- Error --\")","v":"-- Error --"},{"$f":"IFERROR(RiskRegister[[#This Row],[Inherent Impact Rating]]*RiskRegister[[#This Row],[Inherent Likelihood Rating]],\"-- Error --\")","v":"-- Error --"},"-- Select Risk Response --",null,"-- Select Impact --",{"$f":"VLOOKUP(RiskRegister[[#This Row],[Residual Impact Level]],'Rating factors'!$F$4:$G$9,2,FALSE)","v":"--- Error ---"},"-- Select Likelihood --",{"$f":"VLOOKUP(RiskRegister[[#This Row],[Residual Likelihood Level]],'Rating factors'!$F$16:$G$21,2,FALSE)","v":"--- Error ---"},{"$f":"IFERROR(VLOOKUP(RiskRegister[[#This Row],[Residual Risk Rating]],'Rating factors'!$F$30:$G$44,2,FALSE),\"-- Error --\")","v":"-- Error --"},{"$f":"IFERROR(RiskRegister[[#This Row],[Residual Impact Rating]]*RiskRegister[[#This Row],[Residual Likelihood Rating]],\"-- Error --\")","v":"-- Error --"},"-- Select Risk Status --",{"$nulls":3},{"$f":"IF(ISBLANK(RiskRegister[[#This Row],[Risk Due Date]]), \"Missing Risk Due Date\", IF(RiskRegister[[#This Row],[Risk Due Date]] < TODAY(), \"Overdue\", \"Not Overdue\"))","v":"Missing Risk Due Date"},null,{"$f":"IF(ISBLANK(RiskRegister[[#This Row],[Risk Due Date]]), \"Missing Risk Due Date\", TEXT(RiskRegister[[#This Row],[Risk Due Date]], \"YYYY-MM\"))","v":"Missing Risk Due Date"},{"$f":"IF(RiskRegister[[#This Row],[Created Date]]=\"\",\"Created Date missing\",(TEXT(RiskRegister[[#This Row],[Created Date]],\"mmm\") & \"-\" & YEAR(RiskRegister[[#This Row],[Created Date]])))","v":"Created Date missing"},{"$f":"IF(RiskRegister[[#This Row],[Risk Status]]=\"Closed\",RiskRegister[[#This Row],[Risk Close Date]],RiskRegister[[#This Row],[Risk Due Date]])","v":"00:00:00"},{"$f":"IF(RiskRegister[[#This Row],[Risk-Change-Date]]=0,DATE(2030,1,1),RiskRegister[[#This Row],[Risk-Change-Date]])","v":"2030-01-01"},{"$f":"RiskRegister[[#This Row],[Inherent Impact Level]]&\"-\"&RiskRegister[[#This Row],[Inherent Likelihood Level]]","v":"-- Select Impact ----- Select Likelihood --"},{"$f":"RiskRegister[[#This Row],[Residual Impact Level]]&\"-\"&RiskRegister[[#This Row],[Residual Likelihood Level]]","v":"-- Select Impact ----- Select Likelihood --"},"Error",{"$f":"IF(RiskRegister[[#This Row],[Risk Status]]=\"Closed\",RiskRegister[[#This Row],[Residual Impact Level]],RiskRegister[[#This Row],[Inherent Impact Level]])","v":"-- Select Impact --"},{"$f":"IF(RiskRegister[[#This Row],[Risk Status]]=\"Closed\",RiskRegister[[#This Row],[Residual Likelihood Level]],RiskRegister[[#This Row],[Inherent Likelihood Level]])","v":"-- Select Likelihood --"},{"$f":"IF(RiskRegister[[#This Row],[Risk Status]]=\"Closed\",RiskRegister[[#This Row],[Residual-I-L-Combo]],RiskRegister[[#This Row],[Inherent-I-L-Combo]])","v":"-- Select Impact ----- Select Likelihood --"},"-- Error --"]
[129,{"$nulls":5},"-- Select Risk Category --",null,"-- select department --",null,null,"-- Select Impact --",{"$f":"VLOOKUP(RiskRegister[[#This Row],[Inherent Impact Level]],'Rating factors'!$F$4:$G$9,2,FALSE)","v":"--- Error ---"},"-- Select Likelihood --",{"$f":"VLOOKUP(RiskRegister[[#This Row],[Inherent Likelihood Level]],'Rating factors'!$F$16:$G$21,2,FALSE)","v":"--- Error ---"},{"$f":"IFERROR(VLOOKUP(RiskRegister[[#This Row],[Inherent Risk Rating]],'Rating factors'!$F$30:$G$44,2,FALSE),\"-- Error --\")","v":"-- Error --"},{"$f":"IFERROR(RiskRegister[[#This Row],[Inherent Impact Rating]]*RiskRegister[[#This Row],[Inherent Likelihood Rating]],\"-- Error --\")","v":"-- Error --"},"-- Select Risk Response --",null,"-- Select Impact --",{"$f":"VLOOKUP(RiskRegister[[#This Row],[Residual Impact Level]],'Rating factors'!$F$4:$G$9,2,FALSE)","v":"--- Error ---"},"-- Select Likelihood --",{"$f":"VLOOKUP(RiskRegister[[#This Row],[Residual Likelihood Level]],'Rating factors'!$F$16:$G$21,2,FALSE)","v":"--- Error ---"},{"$f":"IFERROR(VLOOKUP(RiskRegister[[#This Row],[Residual Risk Rating]],'Rating factors'!$F$30:$G$44,2,FALSE),\"-- Error --\")","v":"-- Error --"},{"$f":"IFERROR(RiskRegister[[#This Row],[Residual Impact Rating]]*RiskRegister[[#This Row],[Residual Likelihood Rating]],\"-- Error --\")","v":"-- Error --"},"-- Select Risk Status --",{"$nulls":3},{"$f":"IF(ISBLANK(RiskRegister[[#This Row],[Risk Due Date]]), \"Missing Risk Due Date\", IF(RiskRegister[[#This Row],[Risk Due Date]] < TODAY(), \"Overdue\", \"Not Overdue\"))","v":"Missing Risk Due Date"},null,{"$f":"IF(ISBLANK(RiskRegister[[#This Row],[Risk Due Date]]), \"Missing Risk Due Date\", TEXT(RiskRegister[[#This Row],[Risk Due Date]], \"YYYY-MM\"))","v":"Missing Risk Due Date"},{"$f":"IF(RiskRegister[[#This Row],[Created Date]]=\"\",\"Created Date missing\",(TEXT(RiskRegister[[#This Row],[Created Date]],\"mmm\") & \"-\" & YEAR(RiskRegister[[#This Row],[Created Date]])))","v":"Created Date missing"},{"$f":"IF(RiskRegister[[#This Row],[Risk Status]]=\"Closed\",RiskRegister[[#This Row],[Risk Close Date]],RiskRegister[[#This Row],[Risk Due Date]])","v":"00:00:00"},{"$f":"IF(RiskRegister[[#This Row],[Risk-Change-Date]]=0,DATE(2030,1,1),RiskRegister[[#This Row],[Risk-Change-Date]])","v":"2030-01-01"},{"$f":"RiskRegister[[#This Row],[Inherent Impact Level]]&\"-\"&RiskRegister[[#This Row],[Inherent Likelihood Level]]","v":"-- Select Impact ----- Select Likelihood --"},{"$f":"RiskRegister[[#This Row],[Residual Impact Level]]&\"-\"&RiskRegister[[#This Row],[Residual Likelihood Level]]","v":"-- Select Impact ----- Select Likelihood --"},{"$f":"IF(OR(R132=\"-- Select Risk Response --\", Z132=\"-- Select Risk Status --\"), \"Error\", IF(AND(Z132=\"Closed\", R132=\"Mitigate\"), \"Yes\", \"No\"))","v":"Error"},{"$f":"IF(RiskRegister[[#This Row],[Risk Status]]=\"Closed\",RiskRegister[[#This Row],[Residual Impact Level]],RiskRegister[[#This Row],[Inherent Impact Level]])","v":"-- Select Impact --"},{"$f":"IF(RiskRegister[[#This Row],[Risk Status]]=\"Closed\",RiskRegister[[#This Row],[Residual Likelihood Level]],RiskRegister[[#This Row],[Inherent Likelihood Level]])","v":"-- Select Likelihood --"},{"$f":"IF(RiskRegister[[#This Row],[Risk Status]]=\"Closed\",RiskRegister[[#This Row],[Residual-I-L-Combo]],RiskRegister[[#This Row],[Inherent-I-L-Combo]])","v":"-- Select Impact ----- Select Likelihood --"},{"$f":"IF(Z132=\"Closed\", X132, P132)","v":"-- Error --"}]
[130,{"$nulls":5},"-- Select Risk Category --",null,"-- select department --",null,null,"-- Select Impact --",{"$f":"VLOOKUP(RiskRegister[[#This Row],[Inherent Impact Level]],'Rating factors'!$F$4:$G$9,2,FALSE)","v":"--- Error ---"},"-- Select Likelihood --",{"$f":"VLOOKUP(RiskRegister[[#This Row],[Inherent Likelihood Level]],'Rating factors'!$F$16:$G$21,2,FALSE)","v":"--- Error ---"},{"$f":"IFERROR(VLOOKUP(RiskRegister[[#This Row],[Inherent Risk Rating]],'Rating factors'!$F$30:$G$44,2,FALSE),\"-- Error --\")","v":"-- Error --"},{"$f":"IFERROR(RiskRegister[[#This Row],[Inherent Impact Rating]]*RiskRegister[[#This Row],[Inherent Likelihood Rating]],\"-- Error --\")","v":"-- Error --"},"-- Select Risk Response --",null,"-- Select Impact --",{"$f":"VLOOKUP(RiskRegister[[#This Row],[Residual Impact Level]],'Rating factors'!$F$4:$G$9,2,FALSE)","v":"--- Error ---"},"-- Select Likelihood --",{"$f":"VLOOKUP(RiskRegister[[#This Row],[Residual Likelihood Level]],'Rating factors'!$F$16:$G$21,2,FALSE)","v":"--- Error ---"},{"$f":"IFERROR(VLOOKUP(RiskRegister[[#This Row],[Residual Risk Rating]],'Rating factors'!$F$30:$G$44,2,FALSE),\"-- Error --\")","v":"-- Error --"},{"$f":"IFERROR(RiskRegister[[#This Row],[Residual Impact Rating]]*RiskRegister[[#This Row],[Residual Likelihood Rating]],\"-- Error --\")","v":"-- Error --"},"-- Select Risk Status --",{"$nulls":3},{"$f":"IF(ISBLANK(RiskRegister[[#This Row],[Risk Due Date]]), \"Missing Risk Due Date\", IF(RiskRegister[[#This Row],[Risk Due Date]] < TODAY(), \"Overdue\", \"Not Overdue\"))","v":"Missing Risk Due Date"},null,{"$f":"IF(ISBLANK(RiskRegister[[#This Row],[Risk Due Date]]), \"Missing Risk Due Date\", TEXT(RiskRegister[[#This Row],[Risk Due Date]], \"YYYY-MM\"))","v":"Missing Risk Due Date"},{"$f":"IF(RiskRegister[[#This Row],[Created Date]]=\"\",\"Created Date missing\",(TEXT(RiskRegister[[#This Row],[Created Date]],\"mmm\") & \"-\" & YEAR(RiskRegister[[#This Row],[Created Date]])))","v":"Created Date missing"},{"$f":"IF(RiskRegister[[#This Row],[Risk Status]]=\"Closed\",RiskRegister[[#This Row],[Risk Close Date]],RiskRegister[[#This Row],[Risk Due Date]])","v":"00:00:00"},{"$f":"IF(RiskRegister[[#This Row],[Risk-Change-Date]]=0,DATE(2030,1,1),RiskRegister[[#This Row],[Risk-Change-Date]])","v":"2030-01-01"},{"$f":"RiskRegister[[#This Row],[Inherent Impact Level]]&\"-\"&RiskRegister[[#This Row],[Inherent Likelihood Level]]","v":"-- Select Impact ----- Select Likelihood --"},{"$f":"RiskRegister[[#This Row],[Residual Impact Level]]&\"-\"&RiskRegister[[#This Row],[Residual Likelihood Level]]","v":"-- Select Impact ----- Select Likelihood --"},"Error",{"$f":"IF(RiskRegister[[#This Row],[Risk Status]]=\"Closed\",RiskRegister[[#This Row],[Residual Impact Level]],RiskRegister[[#This Row],[Inherent Impact Level]])","v":"-- Select Impact --"},{"$f":"IF(RiskRegister[[#This Row],[Risk Status]]=\"Closed\",RiskRegister[[#This Row],[Residual Likelihood Level]],RiskRegister[[#This Row],[Inherent Likelihood Level]])","v":"-- Select Likelihood --"},{"$f":"IF(RiskRegister[[#This Row],[Risk Status]]=\"Closed\",RiskRegister[[#This Row],[Residual-I-L-Combo]],RiskRegister[[#This Row],[Inherent-I-L-Combo]])","v":"-- Select Impact ----- Select Likelihood --"},"-- Error --"]
[131,{"$nulls":5},"-- Select Risk Category --",null,"-- select department --",null,null,"-- Select Impact --",{"$f":"VLOOKUP(RiskRegister[[#This Row],[Inherent Impact Level]],'Rating factors'!$F$4:$G$9,2,FALSE)","v":"--- Error ---"},"-- Select Likelihood --",{"$f":"VLOOKUP(RiskRegister[[#This Row],[Inherent Likelihood Level]],'Rating factors'!$F$16:$G$21,2,FALSE)","v":"--- Error ---"},{"$f":"IFERROR(VLOOKUP(RiskRegister[[#This Row],[Inherent Risk Rating]],'Rating factors'!$F$30:$G$44,2,FALSE),\"-- Error --\")","v":"-- Error --"},{"$f":"IFERROR(RiskRegister[[#This Row],[Inherent Impact Rating]]*RiskRegister[[#This Row],[Inherent Likelihood Rating]],\"-- Error --\")","v":"-- Error --"},"-- Select Risk Response --",null,"-- Select Impact --",{"$f":"VLOOKUP(RiskRegister[[#This Row],[Residual Impact Level]],'Rating factors'!$F$4:$G$9,2,FALSE)","v":"--- Error ---"},"-- Select Likelihood --",{"$f":"VLOOKUP(RiskRegister[[#This Row],[Residual Likelihood Level]],'Rating factors'!$F$16:$G$21,2,FALSE)","v":"--- Error ---"},{"$f":"IFERROR(VLOOKUP(RiskRegister[[#This Row],[Residual Risk Rating]],'Rating factors'!$F$30:$G$44,2,FALSE),\"-- Error --\")","v":"-- Error --"},{"$f":"IFERROR(RiskRegister[[#This Row],[Residual Impact Rating]]*RiskRegister[[#This Row],[Residual Likelihood Rating]],\"-- Error --\")","v":"-- Error --"},"-- Select Risk Status --",{"$nulls":3},{"$f":"IF(ISBLANK(RiskRegister[[#This Row],[Risk Due Date]]), \"Missing Risk Due Date\", IF(RiskRegister[[#This Row],[Risk Due Date]] < TODAY(), \"Overdue\", \"Not Overdue\"))","v":"Missing Risk Due Date"},null,{"$f":"IF(ISBLANK(RiskRegister[[#This Row],[Risk Due Date]]), \"Missing Risk Due Date\", TEXT(RiskRegister[[#This Row],[Risk Due Date]], \"YYYY-MM\"))","v":"Missing Risk Due Date"},{"$f":"IF(RiskRegister[[#This Row],[Created Date]]=\"\",\"Created Date missing\",(TEXT(RiskRegister[[#This Row],[Created Date]],\"mmm\") & \"-\" & YEAR(RiskRegister[[#This Row],[Created Date]])))","v":"Created Date missing"},{"$f":"IF(RiskRegister[[#This Row],[Risk Status]]=\"Closed\",RiskRegister[[#This Row],[Risk Close Date]],RiskRegister[[#This Row],[Risk Due Date]])","v":"00:00:00"},{"$f":"IF(RiskRegister[[#This Row],[Risk-Change-Date]]=0,DATE(2030,1,1),RiskRegister[[#This Row],[Risk-Change-Date]])","v":"2030-01-01"},{"$f":"RiskRegister[[#This Row],[Inherent Impact Level]]&\"-\"&RiskRegister[[#This Row],[Inherent Likelihood Level]]","v":"-- Select Impact ----- Select Likelihood --"},{"$f":"RiskRegister[[#This Row],[Residual Impact Level]]&\"-\"&RiskRegister[[#This Row],[Residual Likelihood Level]]","v":"-- Select Impact ----- Select Likelihood --"},"Error",{"$f":"IF(RiskRegister[[#This Row],[Risk Status]]=\"Closed\",RiskRegister[[#This Row],[Residual Impact Level]],RiskRegister[[#This Row],[Inherent Impact Level]])","v":"-- Select Impact --"},{"$f":"IF(RiskRegister[[#This Row],[Risk Status]]=\"Closed\",RiskRegister[[#This Row],[Residual Likelihood Level]],RiskRegister[[#This Row],[Inherent Likelihood Level]])","v":"-- Select Likelihood --"},{"$f":"IF(RiskRegister[[#This Row],[Risk Status]]=\"Closed\",RiskRegister[[#This Row],[Residual-I-L-Combo]],RiskRegister[[#This Row],[Inherent-I-L-Combo]])","v":"-- Select Impact ----- Select Likelihood --"},"-- Error --"]
[132,{"$nulls":5},"-- Select Risk Category --",null,"-- select department --",null,null,"-- Select Impact --",{"$f":"VLOOKUP(RiskRegister[[#This Row],[Inherent Impact Level]],'Rating factors'!$F$4:$G$9,2,FALSE)","v":"--- Error ---"},"-- Select Likelihood --",{"$f":"VLOOKUP(RiskRegister[[#This Row],[Inherent Likelihood Level]],'Rating factors'!$F$16:$G$21,2,FALSE)","v":"--- Error ---"},{"$f":"IFERROR(VLOOKUP(RiskRegister[[#This Row],[Inherent Risk Rating]],'Rating factors'!$F$30:$G$44,2,FALSE),\"-- Error --\")","v":"-- Error --"},{"$f":"IFERROR(RiskRegister[[#This Row],[Inherent Impact Rating]]*RiskRegister[[#This Row],[Inherent Likelihood Rating]],\"-- Error --\")","v":"-- Error --"},"-- Select Risk Response --",null,"-- Select Impact --",{"$f":"VLOOKUP(RiskRegister[[#This Row],[Residual Impact Level]],'Rating factors'!$F$4:$G$9,2,FALSE)","v":"--- Error ---"},"-- Select Likelihood --",{"$f":"VLOOKUP(RiskRegister[[#This Row],[Residual Likelihood Level]],'Rating factors'!$F$16:$G$21,2,FALSE)","v":"--- Error ---"},{"$f":"IFERROR(VLOOKUP(RiskRegister[[#This Row],[Residual Risk Rating]],'Rating factors'!$F$30:$G$44,2,FALSE),\"-- Error --\")","v":"-- Error --"},{"$f":"IFERROR(RiskRegister[[#This Row],[Residual Impact Rating]]*RiskRegister[[#This Row],[Residual Likelihood Rating]],\"-- Error --\")","v":"-- Error --"},"-- Select Risk Status --",{"$nulls":3},{"$f":"IF(ISBLANK(RiskRegister[[#This Row],[Risk Due Date]]), \"Missing Risk Due Date\", IF(RiskRegister[[#This Row],[Risk Due Date]] < TODAY(), \"Overdue\", \"Not Overdue\"))","v":"Missing Risk Due Date"},null,{"$f":"IF(ISBLANK(RiskRegister[[#This Row],[Risk Due Date]]), \"Missing Risk Due Date\", TEXT(RiskRegister[[#This Row],[Risk Due Date]], \"YYYY-MM\"))","v":"Missing Risk Due Date"},{"$f":"IF(RiskRegister[[#This Row],[Created Date]]=\"\",\"Created Date missing\",(TEXT(RiskRegister[[#This Row],[Created Date]],\"mmm\") & \"-\" & YEAR(RiskRegister[[#This Row],[Created Date]])))","v":"Created Date missing"},{"$f":"IF(RiskRegister[[#This Row],[Risk Status]]=\"Closed\",RiskRegister[[#This Row],[Risk Close Date]],RiskRegister[[#This Row],[Risk Due Date]])","v":"00:00:00"},{"$f":"IF(RiskRegister[[#This Row],[Risk-Change-Date]]=0,DATE(2030,1,1),RiskRegister[[#This Row],[Risk-Change-Date]])","v":"2030-01-01"},{"$f":"RiskRegister[[#This Row],[Inherent Impact Level]]&\"-\"&RiskRegister[[#This Row],[Inherent Likelihood Level]]","v":"-- Select Impact ----- Select Likelihood --"},{"$f":"RiskRegister[[#This Row],[Residual Impact Level]]&\"-\"&RiskRegister[[#This Row],[Residual Likelihood Level]]","v":"-- Select Impact ----- Select Likelihood --"},"Error",{"$f":"IF(RiskRegister[[#This Row],[Risk Status]]=\"Closed\",RiskRegister[[#This Row],[Residual Impact Level]],RiskRegister[[#This Row],[Inherent Impact Level]])","v":"-- Select Impact --"},{"$f":"IF(RiskRegister[[#This Row],[Risk Status]]=\"Closed\",RiskRegister[[#This Row],[Residual Likelihood Level]],RiskRegister[[#This Row],[Inherent Likelihood Level]])","v":"-- Select Likelihood --"},{"$f":"IF(RiskRegister[[#This Row],[Risk Status]]=\"Closed\",RiskRegister[[#This Row],[Residual-I-L-Combo]],RiskRegister[[#This Row],[Inherent-I-L-Combo]])","v":"-- Select Impact ----- Select Likelihood --"},"-- Error --"]
[133,{"$nulls":5},"-- Select Risk Category --",null,"-- select department --",null,null,"-- Select Impact --",{"$f":"VLOOKUP(RiskRegister[[#This Row],[Inherent Impact Level]],'Rating factors'!$F$4:$G$9,2,FALSE)","v":"--- Error ---"},"-- Select Likelihood --",{"$f":"VLOOKUP(RiskRegister[[#This Row],[Inherent Likelihood Level]],'Rating factors'!$F$16:$G$21,2,FALSE)","v":"--- Error ---"},{"$f":"IFERROR(VLOOKUP(RiskRegister[[#This Row],[Inherent Risk Rating]],'Rating factors'!$F$30:$G$44,2,FALSE),\"-- Error --\")","v":"-- Error --"},{"$f":"IFERROR(RiskRegister[[#This Row],[Inherent Impact Rating]]*RiskRegister[[#This Row],[Inherent Likelihood Rating]],\"-- Error --\")","v":"-- Error --"},"-- Select Risk Response --",null,"-- Select Impact --",{"$f":"VLOOKUP(RiskRegister[[#This Row],[Residual Impact Level]],'Rating factors'!$F$4:$G$9,2,FALSE)","v":"--- Error ---"},"-- Select Likelihood --",{"$f":"VLOOKUP(RiskRegister[[#This Row],[Residual Likelihood Level]],'Rating factors'!$F$16:$G$21,2,FALSE)","v":"--- Error ---"},{"$f":"IFERROR(VLOOKUP(RiskRegister[[#This Row],[Residual Risk Rating]],'Rating factors'!$F$30:$G$44,2,FALSE),\"-- Error --\")","v":"-- Error --"},{"$f":"IFERROR(RiskRegister[[#This Row],[Residual Impact Rating]]*RiskRegister[[#This Row],[Residual Likelihood Rating]],\"-- Error --\")","v":"-- Error --"},"-- Select Risk Status --",{"$nulls":3},{"$f":"IF(ISBLANK(RiskRegister[[#This Row],[Risk Due Date]]), \"Missing Risk Due Date\", IF(RiskRegister[[#This Row],[Risk Due Date]] < TODAY(), \"Overdue\", \"Not Overdue\"))","v":"Missing Risk Due Date"},null,{"$f":"IF(ISBLANK(RiskRegister[[#This Row],[Risk Due Date]]), \"Missing Risk Due Date\", TEXT(RiskRegister[[#This Row],[Risk Due Date]], \"YYYY-MM\"))","v":"Missing Risk Due Date"},{"$f":"IF(RiskRegister[[#This Row],[Created Date]]=\"\",\"Created Date missing\",(TEXT(RiskRegister[[#This Row],[Created Date]],\"mmm\") & \"-\" & YEAR(RiskRegister[[#This Row],[Created Date]])))","v":"Created Date missing"},{"$f":"IF(RiskRegister[[#This Row],[Risk Status]]=\"Closed\",RiskRegister[[#This Row],[Risk Close Date]],RiskRegister[[#This Row],[Risk Due Date]])","v":"00:00:00"},{"$f":"IF(RiskRegister[[#This Row],[Risk-Change-Date]]=0,DATE(2030,1,1),RiskRegister[[#This Row],[Risk-Change-Date]])","v":"2030-01-01"},{"$f":"RiskRegister[[#This Row],[Inherent Impact Level]]&\"-\"&RiskRegister[[#This Row],[Inherent Likelihood Level]]","v":"-- Select Impact ----- Select Likelihood --"},{"$f":"RiskRegister[[#This Row],[Residual Impact Level]]&\"-\"&RiskRegister[[#This Row],[Residual Likelihood Level]]","v":"-- Select Impact ----- Select Likelihood --"},"Error",{"$f":"IF(RiskRegister[[#This Row],[Risk Status]]=\"Closed\",RiskRegister[[#This Row],[Residual Impact Level]],RiskRegister[[#This Row],[Inherent Impact Level]])","v":"-- Select Impact --"},{"$f":"IF(RiskRegister[[#This Row],[Risk Status]]=\"Closed\",RiskRegister[[#This Row],[Residual Likelihood Level]],RiskRegister[[#This Row],[Inherent Likelihood Level]])","v":"-- Select Likelihood --"},{"$f":"IF(RiskRegister[[#This Row],[Risk Status]]=\"Closed\",RiskRegister[[#This Row],[Residual-I-L-Combo]],RiskRegister[[#This Row],[Inherent-I-L-Combo]])","v":"-- Select Impact ----- Select Likelihood --"},"-- Error --"]
[134,{"$nulls":5},"-- Select Risk Category --",null,"-- select department --",null,null,"-- Select Impact --",{"$f":"VLOOKUP(RiskRegister[[#This Row],[Inherent Impact Level]],'Rating factors'!$F$4:$G$9,2,FALSE)","v":"--- Error ---"},"-- Select Likelihood --",{"$f":"VLOOKUP(RiskRegister[[#This Row],[Inherent Likelihood Level]],'Rating factors'!$F$16:$G$21,2,FALSE)","v":"--- Error ---"},{"$f":"IFERROR(VLOOKUP(RiskRegister[[#This Row],[Inherent Risk Rating]],'Rating factors'!$F$30:$G$44,2,FALSE),\"-- Error --\")","v":"-- Error --"},{"$f":"IFERROR(RiskRegister[[#This Row],[Inherent Impact Rating]]*RiskRegister[[#This Row],[Inherent Likelihood Rating]],\"-- Error --\")","v":"-- Error --"},"-- Select Risk Response --",null,"-- Select Impact --",{"$f":"VLOOKUP(RiskRegister[[#This Row],[Residual Impact Level]],'Rating factors'!$F$4:$G$9,2,FALSE)","v":"--- Error ---"},"-- Select Likelihood --",{"$f":"VLOOKUP(RiskRegister[[#This Row],[Residual Likelihood Level]],'Rating factors'!$F$16:$G$21,2,FALSE)","v":"--- Error ---"},{"$f":"IFERROR(VLOOKUP(RiskRegister[[#This Row],[Residual Risk Rating]],'Rating factors'!$F$30:$G$44,2,FALSE),\"-- Error --\")","v":"-- Error --"},{"$f":"IFERROR(RiskRegister[[#This Row],[Residual Impact Rating]]*RiskRegister[[#This Row],[Residual Likelihood Rating]],\"-- Error --\")","v":"-- Error --"},"-- Select Risk Status --",{"$nulls":3},{"$f":"IF(ISBLANK(RiskRegister[[#This Row],[Risk Due Date]]), \"Missing Risk Due Date\", IF(RiskRegister[[#This Row],[Risk Due Date]] < TODAY(), \"Overdue\", \"Not Overdue\"))","v":"Missing Risk Due Date"},null,{"$f":"IF(ISBLANK(RiskRegister[[#This Row],[Risk Due Date]]), \"Missing Risk Due Date\", TEXT(RiskRegister[[#This Row],[Risk Due Date]], \"YYYY-MM\"))","v":"Missing Risk Due Date"},{"$f":"IF(RiskRegister[[#This Row],[Created Date]]=\"\",\"Created Date missing\",(TEXT(RiskRegister[[#This Row],[Created Date]],\"mmm\") & \"-\" & YEAR(RiskRegister[[#This Row],[Created Date]])))","v":"Created Date missing"},{"$f":"IF(RiskRegister[[#This Row],[Risk Status]]=\"Closed\",RiskRegister[[#This Row],[Risk Close Date]],RiskRegister[[#This Row],[Risk Due Date]])","v":"00:00:00"},{"$f":"IF(RiskRegister[[#This Row],[Risk-Change-Date]]=0,DATE(2030,1,1),RiskRegister[[#This Row],[Risk-Change-Date]])","v":"2030-01-01"},{"$f":"RiskRegister[[#This Row],[Inherent Impact Level]]&\"-\"&RiskRegister[[#This Row],[Inherent Likelihood Level]]","v":"-- Select Impact ----- Select Likelihood --"},{"$f":"RiskRegister[[#This Row],[Residual Impact Level]]&\"-\"&RiskRegister[[#This Row],[Residual Likelihood Level]]","v":"-- Select Impact ----- Select Likelihood --"},"Error",{"$f":"IF(RiskRegister[[#This Row],[Risk Status]]=\"Closed\",RiskRegister[[#This Row],[Residual Impact Level]],RiskRegister[[#This Row],[Inherent Impact Level]])","v":"-- Select Impact --"},{"$f":"IF(RiskRegister[[#This Row],[Risk Status]]=\"Closed\",RiskRegister[[#This Row],[Residual Likelihood Level]],RiskRegister[[#This Row],[Inherent Likelihood Level]])","v":"-- Select Likelihood --"},{"$f":"IF(RiskRegister[[#This Row],[Risk Status]]=\"Closed\",RiskRegister[[#This Row],[Residual-I-L-Combo]],RiskRegister[[#This Row],[Inherent-I-L-Combo]])","v":"-- Select Impact ----- Select Likelihood --"},"-- Error --"]
[135,{"$nulls":5},"-- Select Risk Category --",null,"-- select department --",null,null,"-- Select Impact --",{"$f":"VLOOKUP(RiskRegister[[#This Row],[Inherent Impact Level]],'Rating factors'!$F$4:$G$9,2,FALSE)","v":"--- Error ---"},"-- Select Likelihood --",{"$f":"VLOOKUP(RiskRegister[[#This Row],[Inherent Likelihood Level]],'Rating factors'!$F$16:$G$21,2,FALSE)","v":"--- Error ---"},{"$f":"IFERROR(VLOOKUP(RiskRegister[[#This Row],[Inherent Risk Rating]],'Rating factors'!$F$30:$G$44,2,FALSE),\"-- Error --\")","v":"-- Error --"},{"$f":"IFERROR(RiskRegister[[#This Row],[Inherent Impact Rating]]*RiskRegister[[#This Row],[Inherent Likelihood Rating]],\"-- Error --\")","v":"-- Error --"},"-- Select Risk Response --",null,"-- Select Impact --",{"$f":"VLOOKUP(RiskRegister[[#This Row],[Residual Impact Level]],'Rating factors'!$F$4:$G$9,2,FALSE)","v":"--- Error ---"},"-- Select Likelihood --",{"$f":"VLOOKUP(RiskRegister[[#This Row],[Residual Likelihood Level]],'Rating factors'!$F$16:$G$21,2,FALSE)","v":"--- Error ---"},{"$f":"IFERROR(VLOOKUP(RiskRegister[[#This Row],[Residual Risk Rating]],'Rating factors'!$F$30:$G$44,2,FALSE),\"-- Error --\")","v":"-- Error --"},{"$f":"IFERROR(RiskRegister[[#This Row],[Residual Impact Rating]]*RiskRegister[[#This Row],[Residual Likelihood Rating]],\"-- Error --\")","v":"-- Error --"},"-- Select Risk Status --",{"$nulls":3},{"$f":"IF(ISBLANK(RiskRegister[[#This Row],[Risk Due Date]]), \"Missing Risk Due Date\", IF(RiskRegister[[#This Row],[Risk Due Date]] < TODAY(), \"Overdue\", \"Not Overdue\"))","v":"Missing Risk Due Date"},null,{"$f":"IF(ISBLANK(RiskRegister[[#This Row],[Risk Due Date]]), \"Missing Risk Due Date\", TEXT(RiskRegister[[#This Row],[Risk Due Date]], \"YYYY-MM\"))","v":"Missing Risk Due Date"},{"$f":"IF(RiskRegister[[#This Row],[Created Date]]=\"\",\"Created Date missing\",(TEXT(RiskRegister[[#This Row],[Created Date]],\"mmm\") & \"-\" & YEAR(RiskRegister[[#This Row],[Created Date]])))","v":"Created Date missing"},{"$f":"IF(RiskRegister[[#This Row],[Risk Status]]=\"Closed\",RiskRegister[[#This Row],[Risk Close Date]],RiskRegister[[#This Row],[Risk Due Date]])","v":"00:00:00"},{"$f":"IF(RiskRegister[[#This Row],[Risk-Change-Date]]=0,DATE(2030,1,1),RiskRegister[[#This Row],[Risk-Change-Date]])","v":"2030-01-01"},{"$f":"RiskRegister[[#This Row],[Inherent Impact Level]]&\"-\"&RiskRegister[[#This Row],[Inherent Likelihood Level]]","v":"-- Select Impact ----- Select Likelihood --"},{"$f":"RiskRegister[[#This Row],[Residual Impact Level]]&\"-\"&RiskRegister[[#This Row],[Residual Likelihood Level]]","v":"-- Select Impact ----- Select Likelihood --"},"Error",{"$f":"IF(RiskRegister[[#This Row],[Risk Status]]=\"Closed\",RiskRegister[[#This Row],[Residual Impact Level]],RiskRegister[[#This Row],[Inherent Impact Level]])","v":"-- Select Impact --"},{"$f":"IF(RiskRegister[[#This Row],[Risk Status]]=\"Closed\",RiskRegister[[#This Row],[Residual Likelihood Level]],RiskRegister[[#This Row],[Inherent Likelihood Level]])","v":"-- Select Likelihood --"},{"$f":"IF(RiskRegister[[#This Row],[Risk Status]]=\"Closed\",RiskRegister[[#This Row],[Residual-I-L-Combo]],RiskRegister[[#This Row],[Inherent-I-L-Combo]])","v":"-- Select Impact ----- Select Likelihood --"},"-- Error --"]
[136,{"$nulls":5},"-- Select Risk Category --",null,"-- select department --",null,null,"-- Select Impact --",{"$f":"VLOOKUP(RiskRegister[[#This Row],[Inherent Impact Level]],'Rating factors'!$F$4:$G$9,2,FALSE)","v":"--- Error ---"},"-- Select Likelihood --",{"$f":"VLOOKUP(RiskRegister[[#This Row],[Inherent Likelihood Level]],'Rating factors'!$F$16:$G$21,2,FALSE)","v":"--- Error ---"},{"$f":"IFERROR(VLOOKUP(RiskRegister[[#This Row],[Inherent Risk Rating]],'Rating factors'!$F$30:$G$44,2,FALSE),\"-- Error --\")","v":"-- Error --"},{"$f":"IFERROR(RiskRegister[[#This Row],[Inherent Impact Rating]]*RiskRegister[[#This Row],[Inherent Likelihood Rating]],\"-- Error --\")","v":"-- Error --"},"-- Select Risk Response --",null,"-- Select Impact --",{"$f":"VLOOKUP(RiskRegister[[#This Row],[Residual Impact Level]],'Rating factors'!$F$4:$G$9,2,FALSE)","v":"--- Error ---"},"-- Select Likelihood --",{"$f":"VLOOKUP(RiskRegister[[#This Row],[Residual Likelihood Level]],'Rating factors'!$F$16:$G$21,2,FALSE)","v":"--- Error ---"},{"$f":"IFERROR(VLOOKUP(RiskRegister[[#This Row],[Residual Risk Rating]],'Rating factors'!$F$30:$G$44,2,FALSE),\"-- Error --\")","v":"-- Error --"},{"$f":"IFERROR(RiskRegister[[#This Row],[Residual Impact Rating]]*RiskRegister[[#This Row],[Residual Likelihood Rating]],\"-- Error --\")","v":"-- Error --"},"-- Select Risk Status --",{"$nulls":3},{"$f":"IF(ISBLANK(RiskRegister[[#This Row],[Risk Due Date]]), \"Missing Risk Due Date\", IF(RiskRegister[[#This Row],[Risk Due Date]] < TODAY(), \"Overdue\", \"Not Overdue\"))","v":"Missing Risk Due Date"},null,{"$f":"IF(ISBLANK(RiskRegister[[#This Row],[Risk Due Date]]), \"Missing Risk Due Date\", TEXT(RiskRegister[[#This Row],[Risk Due Date]], \"YYYY-MM\"))","v":"Missing Risk Due Date"},{"$f":"IF(RiskRegister[[#This Row],[Created Date]]=\"\",\"Created Date missing\",(TEXT(RiskRegister[[#This Row],[Created Date]],\"mmm\") & \"-\" & YEAR(RiskRegister[[#This Row],[Created Date]])))","v":"Created Date missing"},{"$f":"IF(RiskRegister[[#This Row],[Risk Status]]=\"Closed\",RiskRegister[[#This Row],[Risk Close Date]],RiskRegister[[#This Row],[Risk Due Date]])","v":"00:00:00"},{"$f":"IF(RiskRegister[[#This Row],[Risk-Change-Date]]=0,DATE(2030,1,1),RiskRegister[[#This Row],[Risk-Change-Date]])","v":"2030-01-01"},{"$f":"RiskRegister[[#This Row],[Inherent Impact Level]]&\"-\"&RiskRegister[[#This Row],[Inherent Likelihood Level]]","v":"-- Select Impact ----- Select Likelihood --"},{"$f":"RiskRegister[[#This Row],[Residual Impact Level]]&\"-\"&RiskRegister[[#This Row],[Residual Likelihood Level]]","v":"-- Select Impact ----- Select Likelihood --"},"Error",{"$f":"IF(RiskRegister[[#This Row],[Risk Status]]=\"Closed\",RiskRegister[[#This Row],[Residual Impact Level]],RiskRegister[[#This Row],[Inherent Impact Level]])","v":"-- Select Impact --"},{"$f":"IF(RiskRegister[[#This Row],[Risk Status]]=\"Closed\",RiskRegister[[#This Row],[Residual Likelihood Level]],RiskRegister[[#This Row],[Inherent Likelihood Level]])","v":"-- Select Likelihood --"},{"$f":"IF(RiskRegister[[#This Row],[Risk Status]]=\"Closed\",RiskRegister[[#This Row],[Residual-I-L-Combo]],RiskRegister[[#This Row],[Inherent-I-L-Combo]])","v":"-- Select Impact ----- Select Likelihood --"},"-- Error --"]
[137,{"$nulls":5},"-- Select Risk Category --",null,"-- select department --",null,null,"-- Select Impact --",{"$f":"VLOOKUP(RiskRegister[[#This Row],[Inherent Impact Level]],'Rating factors'!$F$4:$G$9,2,FALSE)","v":"--- Error ---"},"-- Select Likelihood --",{"$f":"VLOOKUP(RiskRegister[[#This Row],[Inherent Likelihood Level]],'Rating factors'!$F$16:$G$21,2,FALSE)","v":"--- Error ---"},{"$f":"IFERROR(VLOOKUP(RiskRegister[[#This Row],[Inherent Risk Rating]],'Rating factors'!$F$30:$G$44,2,FALSE),\"-- Error --\")","v":"-- Error --"},{"$f":"IFERROR(RiskRegister[[#This Row],[Inherent Impact Rating]]*RiskRegister[[#This Row],[Inherent Likelihood Rating]],\"-- Error --\")","v":"-- Error --"},"-- Select Risk Response --",null,"-- Select Impact --",{"$f":"VLOOKUP(RiskRegister[[#This Row],[Residual Impact Level]],'Rating factors'!$F$4:$G$9,2,FALSE)","v":"--- Error ---"},"-- Select Likelihood --",{"$f":"VLOOKUP(RiskRegister[[#This Row],[Residual Likelihood Level]],'Rating factors'!$F$16:$G$21,2,FALSE)","v":"--- Error ---"},{"$f":"IFERROR(VLOOKUP(RiskRegister[[#This Row],[Residual Risk Rating]],'Rating factors'!$F$30:$G$44,2,FALSE),\"-- Error --\")","v":"-- Error --"},{"$f":"IFERROR(RiskRegister[[#This Row],[Residual Impact Rating]]*RiskRegister[[#This Row],[Residual Likelihood Rating]],\"-- Error --\")","v":"-- Error --"},"-- Select Risk Status --",{"$nulls":3},{"$f":"IF(ISBLANK(RiskRegister[[#This Row],[Risk Due Date]]), \"Missing Risk Due Date\", IF(RiskRegister[[#This Row],[Risk Due Date]] < TODAY(), \"Overdue\", \"Not Overdue\"))","v":"Missing Risk Due Date"},null,{"$f":"IF(ISBLANK(RiskRegister[[#This Row],[Risk Due Date]]), \"Missing Risk Due Date\", TEXT(RiskRegister[[#This Row],[Risk Due Date]], \"YYYY-MM\"))","v":"Missing Risk Due Date"},{"$f":"IF(RiskRegister[[#This Row],[Created Date]]=\"\",\"Created Date missing\",(TEXT(RiskRegister[[#This Row],[Created Date]],\"mmm\") & \"-\" & YEAR(RiskRegister[[#This Row],[Created Date]])))","v":"Created Date missing"},{"$f":"IF(RiskRegister[[#This Row],[Risk Status]]=\"Closed\",RiskRegister[[#This Row],[Risk Close Date]],RiskRegister[[#This Row],[Risk Due Date]])","v":"00:00:00"},{"$f":"IF(RiskRegister[[#This Row],[Risk-Change-Date]]=0,DATE(2030,1,1),RiskRegister[[#This Row],[Risk-Change-Date]])","v":"2030-01-01"},{"$f":"RiskRegister[[#This Row],[Inherent Impact Level]]&\"-\"&RiskRegister[[#This Row],[Inherent Likelihood Level]]","v":"-- Select Impact ----- Select Likelihood --"},{"$f":"RiskRegister[[#This Row],[Residual Impact Level]]&\"-\"&RiskRegister[[#This Row],[Residual Likelihood Level]]","v":"-- Select Impact ----- Select Likelihood --"},"Error",{"$f":"IF(RiskRegister[[#This Row],[Risk Status]]=\"Closed\",RiskRegister[[#This Row],[Residual Impact Level]],RiskRegister[[#This Row],[Inherent Impact Level]])","v":"-- Select Impact --"},{"$f":"IF(RiskRegister[[#This Row],[Risk Status]]=\"Closed\",RiskRegister[[#This Row],[Residual Likelihood Level]],RiskRegister[[#This Row],[Inherent Likelihood Level]])","v":"-- Select Likelihood --"},{"$f":"IF(RiskRegister[[#This Row],[Risk Status]]=\"Closed\",RiskRegister[[#This Row],[Residual-I-L-Combo]],RiskRegister[[#This Row],[Inherent-I-L-Combo]])","v":"-- Select Impact ----- Select Likelihood --"},"-- Error --"]
[138,{"$nulls":5},"-- Select Risk Category --",null,"-- select department --",null,null,"-- Select Impact --",{"$f":"VLOOKUP(RiskRegister[[#This Row],[Inherent Impact Level]],'Rating factors'!$F$4:$G$9,2,FALSE)","v":"--- Error ---"},"-- Select Likelihood --",{"$f":"VLOOKUP(RiskRegister[[#This Row],[Inherent Likelihood Level]],'Rating factors'!$F$16:$G$21,2,FALSE)","v":"--- Error ---"},{"$f":"IFERROR(VLOOKUP(RiskRegister[[#This Row],[Inherent Risk Rating]],'Rating factors'!$F$30:$G$44,2,FALSE),\"-- Error --\")","v":"-- Error --"},{"$f":"IFERROR(RiskRegister[[#This Row],[Inherent Impact Rating]]*RiskRegister[[#This Row],[Inherent Likelihood Rating]],\"-- Error --\")","v":"-- Error --"},"-- Select Risk Response --",null,"-- Select Impact --",{"$f":"VLOOKUP(RiskRegister[[#This Row],[Residual Impact Level]],'Rating factors'!$F$4:$G$9,2,FALSE)","v":"--- Error ---"},"-- Select Likelihood --",{"$f":"VLOOKUP(RiskRegister[[#This Row],[Residual Likelihood Level]],'Rating factors'!$F$16:$G$21,2,FALSE)","v":"--- Error ---"},{"$f":"IFERROR(VLOOKUP(RiskRegister[[#This Row],[Residual Risk Rating]],'Rating factors'!$F$30:$G$44,2,FALSE),\"-- Error --\")","v":"-- Error --"},{"$f":"IFERROR(RiskRegister[[#This Row],[Residual Impact Rating]]*RiskRegister[[#This Row],[Residual Likelihood Rating]],\"-- Error --\")","v":"-- Error --"},"-- Select Risk Status --",{"$nulls":3},{"$f":"IF(ISBLANK(RiskRegister[[#This Row],[Risk Due Date]]), \"Missing Risk Due Date\", IF(RiskRegister[[#This Row],[Risk Due Date]] < TODAY(), \"Overdue\", \"Not Overdue\"))","v":"Missing Risk Due Date"},null,{"$f":"IF(ISBLANK(RiskRegister[[#This Row],[Risk Due Date]]), \"Missing Risk Due Date\", TEXT(RiskRegister[[#This Row],[Risk Due Date]], \"YYYY-MM\"))","v":"Missing Risk Due Date"},{"$f":"IF(RiskRegister[[#This Row],[Created Date]]=\"\",\"Created Date missing\",(TEXT(RiskRegister[[#This Row],[Created Date]],\"mmm\") & \"-\" & YEAR(RiskRegister[[#This Row],[Created Date]])))","v":"Created Date missing"},{"$f":"IF(RiskRegister[[#This Row],[Risk Status]]=\"Closed\",RiskRegister[[#This Row],[Risk Close Date]],RiskRegister[[#This Row],[Risk Due Date]])","v":"00:00:00"},{"$f":"IF(RiskRegister[[#This Row],[Risk-Change-Date]]=0,DATE(2030,1,1),RiskRegister[[#This Row],[Risk-Change-Date]])","v":"2030-01-01"},{"$f":"RiskRegister[[#This Row],[Inherent Impact Level]]&\"-\"&RiskRegister[[#This Row],[Inherent Likelihood Level]]","v":"-- Select Impact ----- Select Likelihood --"},{"$f":"RiskRegister[[#This Row],[Residual Impact Level]]&\"-\"&RiskRegister[[#This Row],[Residual Likelihood Level]]","v":"-- Select Impact ----- Select Likelihood --"},"Error",{"$f":"IF(RiskRegister[[#This Row],[Risk Status]]=\"Closed\",RiskRegister[[#This Row],[Residual Impact Level]],RiskRegister[[#This Row],[Inherent Impact Level]])","v":"-- Select Impact --"},{"$f":"IF(RiskRegister[[#This Row],[Risk Status]]=\"Closed\",RiskRegister[[#This Row],[Residual Likelihood Level]],RiskRegister[[#This Row],[Inherent Likelihood Level]])","v":"-- Select Likelihood --"},{"$f":"IF(RiskRegister[[#This Row],[Risk Status]]=\"Closed\",RiskRegister[[#This Row],[Residual-I-L-Combo]],RiskRegister[[#This Row],[Inherent-I-L-Combo]])","v":"-- Select Impact ----- Select Likelihood --"},"-- Error --"]
[139,{"$nulls":5},"-- Select Risk Category --",null,"-- select department --",null,null,"-- Select Impact --",{"$f":"VLOOKUP(RiskRegister[[#This Row],[Inherent Impact Level]],'Rating factors'!$F$4:$G$9,2,FALSE)","v":"--- Error ---"},"-- Select Likelihood --",{"$f":"VLOOKUP(RiskRegister[[#This Row],[Inherent Likelihood Level]],'Rating factors'!$F$16:$G$21,2,FALSE)","v":"--- Error ---"},{"$f":"IFERROR(VLOOKUP(RiskRegister[[#This Row],[Inherent Risk Rating]],'Rating factors'!$F$30:$G$44,2,FALSE),\"-- Error --\")","v":"-- Error --"},{"$f":"IFERROR(RiskRegister[[#This Row],[Inherent Impact Rating]]*RiskRegister[[#This Row],[Inherent Likelihood Rating]],\"-- Error --\")","v":"-- Error --"},"-- Select Risk Response --",null,"-- Select Impact --",{"$f":"VLOOKUP(RiskRegister[[#This Row],[Residual Impact Level]],'Rating factors'!$F$4:$G$9,2,FALSE)","v":"--- Error ---"},"-- Select Likelihood --",{"$f":"VLOOKUP(RiskRegister[[#This Row],[Residual Likelihood Level]],'Rating factors'!$F$16:$G$21,2,FALSE)","v":"--- Error ---"},{"$f":"IFERROR(VLOOKUP(RiskRegister[[#This Row],[Residual Risk Rating]],'Rating factors'!$F$30:$G$44,2,FALSE),\"-- Error --\")","v":"-- Error --"},{"$f":"IFERROR(RiskRegister[[#This Row],[Residual Impact Rating]]*RiskRegister[[#This Row],[Residual Likelihood Rating]],\"-- Error --\")","v":"-- Error --"},"-- Select Risk Status --",{"$nulls":3},{"$f":"IF(ISBLANK(RiskRegister[[#This Row],[Risk Due Date]]), \"Missing Risk Due Date\", IF(RiskRegister[[#This Row],[Risk Due Date]] < TODAY(), \"Overdue\", \"Not Overdue\"))","v":"Missing Risk Due Date"},null,{"$f":"IF(ISBLANK(RiskRegister[[#This Row],[Risk Due Date]]), \"Missing Risk Due Date\", TEXT(RiskRegister[[#This Row],[Risk Due Date]], \"YYYY-MM\"))","v":"Missing Risk Due Date"},{"$f":"IF(RiskRegister[[#This Row],[Created Date]]=\"\",\"Created Date missing\",(TEXT(RiskRegister[[#This Row],[Created Date]],\"mmm\") & \"-\" & YEAR(RiskRegister[[#This Row],[Created Date]])))","v":"Created Date missing"},{"$f":"IF(RiskRegister[[#This Row],[Risk Status]]=\"Closed\",RiskRegister[[#This Row],[Risk Close Date]],RiskRegister[[#This Row],[Risk Due Date]])","v":"00:00:00"},{"$f":"IF(RiskRegister[[#This Row],[Risk-Change-Date]]=0,DATE(2030,1,1),RiskRegister[[#This Row],[Risk-Change-Date]])","v":"2030-01-01"},{"$f":"RiskRegister[[#This Row],[Inherent Impact Level]]&\"-\"&RiskRegister[[#This Row],[Inherent Likelihood Level]]","v":"-- Select Impact ----- Select Likelihood --"},{"$f":"RiskRegister[[#This Row],[Residual Impact Level]]&\"-\"&RiskRegister[[#This Row],[Residual Likelihood Level]]","v":"-- Select Impact ----- Select Likelihood --"},"Error",{"$f":"IF(RiskRegister[[#This Row],[Risk Status]]=\"Closed\",RiskRegister[[#This Row],[Residual Impact Level]],RiskRegister[[#This Row],[Inherent Impact Level]])","v":"-- Select Impact --"},{"$f":"IF(RiskRegister[[#This Row],[Risk Status]]=\"Closed\",RiskRegister[[#This Row],[Residual Likelihood Level]],RiskRegister[[#This Row],[Inherent Likelihood Level]])","v":"-- Select Likelihood --"},{"$f":"IF(RiskRegister[[#This Row],[Risk Status]]=\"Closed\",RiskRegister[[#This Row],[Residual-I-L-Combo]],RiskRegister[[#This Row],[Inherent-I-L-Combo]])","v":"-- Select Impact ----- Select Likelihood --"},"-- Error --"]
[140,{"$nulls":5},"-- Select Risk Category --",null,"-- select department --",null,null,"-- Select Impact --",{"$f":"VLOOKUP(RiskRegister[[#This Row],[Inherent Impact Level]],'Rating factors'!$F$4:$G$9,2,FALSE)","v":"--- Error ---"},"-- Select Likelihood --",{"$f":"VLOOKUP(RiskRegister[[#This Row],[Inherent Likelihood Level]],'Rating factors'!$F$16:$G$21,2,FALSE)","v":"--- Error ---"},{"$f":"IFERROR(VLOOKUP(RiskRegister[[#This Row],[Inherent Risk Rating]],'Rating factors'!$F$30:$G$44,2,FALSE),\"-- Error --\")","v":"-- Error --"},{"$f":"IFERROR(RiskRegister[[#This Row],[Inherent Impact Rating]]*RiskRegister[[#This Row],[Inherent Likelihood Rating]],\"-- Error --\")","v":"-- Error --"},"-- Select Risk Response --",null,"-- Select Impact --",{"$f":"VLOOKUP(RiskRegister[[#This Row],[Residual Impact Level]],'Rating factors'!$F$4:$G$9,2,FALSE)","v":"--- Error ---"},"-- Select Likelihood --",{"$f":"VLOOKUP(RiskRegister[[#This Row],[Residual Likelihood Level]],'Rating factors'!$F$16:$G$21,2,FALSE)","v":"--- Error ---"},{"$f":"IFERROR(VLOOKUP(RiskRegister[[#This Row],[Residual Risk Rating]],'Rating factors'!$F$30:$G$44,2,FALSE),\"-- Error --\")","v":"-- Error --"},{"$f":"IFERROR(RiskRegister[[#This Row],[Residual Impact Rating]]*RiskRegister[[#This Row],[Residual Likelihood Rating]],\"-- Error --\")","v":"-- Error --"},"-- Select Risk Status --",{"$nulls":3},{"$f":"IF(ISBLANK(RiskRegister[[#This Row],[Risk Due Date]]), \"Missing Risk Due Date\", IF(RiskRegister[[#This Row],[Risk Due Date]] < TODAY(), \"Overdue\", \"Not Overdue\"))","v":"Missing Risk Due Date"},null,{"$f":"IF(ISBLANK(RiskRegister[[#This Row],[Risk Due Date]]), \"Missing Risk Due Date\", TEXT(RiskRegister[[#This Row],[Risk Due Date]], \"YYYY-MM\"))","v":"Missing Risk Due Date"},{"$f":"IF(RiskRegister[[#This Row],[Created Date]]=\"\",\"Created Date missing\",(TEXT(RiskRegister[[#This Row],[Created Date]],\"mmm\") & \"-\" & YEAR(RiskRegister[[#This Row],[Created Date]])))","v":"Created Date missing"},{"$f":"IF(RiskRegister[[#This Row],[Risk Status]]=\"Closed\",RiskRegister[[#This Row],[Risk Close Date]],RiskRegister[[#This Row],[Risk Due Date]])","v":"00:00:00"},{"$f":"IF(RiskRegister[[#This Row],[Risk-Change-Date]]=0,DATE(2030,1,1),RiskRegister[[#This Row],[Risk-Change-Date]])","v":"2030-01-01"},{"$f":"RiskRegister[[#This Row],[Inherent Impact Level]]&\"-\"&RiskRegister[[#This Row],[Inherent Likelihood Level]]","v":"-- Select Impact ----- Select Likelihood --"},{"$f":"RiskRegister[[#This Row],[Residual Impact Level]]&\"-\"&RiskRegister[[#This Row],[Residual Likelihood Level]]","v":"-- Select Impact ----- Select Likelihood --"},"Error",{"$f":"IF(RiskRegister[[#This Row],[Risk Status]]=\"Closed\",RiskRegister[[#This Row],[Residual Impact Level]],RiskRegister[[#This Row],[Inherent Impact Level]])","v":"-- Select Impact --"},{"$f":"IF(RiskRegister[[#This Row],[Risk Status]]=\"Closed\",RiskRegister[[#This Row],[Residual Likelihood Level]],RiskRegister[[#This Row],[Inherent Likelihood Level]])","v":"-- Select Likelihood --"},{"$f":"IF(RiskRegister[[#This Row],[Risk Status]]=\"Closed\",RiskRegister[[#This Row],[Residual-I-L-Combo]],RiskRegister[[#This Row],[Inherent-I-L-Combo]])","v":"-- Select Impact ----- Select Likelihood --"},"-- Error --"]
[141,{"$nulls":5},"-- Select Risk Category --",null,"-- select department --",null,null,"-- Select Impact --",{"$f":"VLOOKUP(RiskRegister[[#This Row],[Inherent Impact Level]],'Rating factors'!$F$4:$G$9,2,FALSE)","v":"--- Error ---"},"-- Select Likelihood --",{"$f":"VLOOKUP(RiskRegister[[#This Row],[Inherent Likelihood Level]],'Rating factors'!$F$16:$G$21,2,FALSE)","v":"--- Error ---"},{"$f":"IFERROR(VLOOKUP(RiskRegister[[#This Row],[Inherent Risk Rating]],'Rating factors'!$F$30:$G$44,2,FALSE),\"-- Error --\")","v":"-- Error --"},{"$f":"IFERROR(RiskRegister[[#This Row],[Inherent Impact Rating]]*RiskRegister[[#This Row],[Inherent Likelihood Rating]],\"-- Error --\")","v":"-- Error --"},"-- Select Risk Response --",null,"-- Select Impact --",{"$f":"VLOOKUP(RiskRegister[[#This Row],[Residual Impact Level]],'Rating factors'!$F$4:$G$9,2,FALSE)","v":"--- Error ---"},"-- Select Likelihood --",{"$f":"VLOOKUP(RiskRegister[[#This Row],[Residual Likelihood Level]],'Rating factors'!$F$16:$G$21,2,FALSE)","v":"--- Error ---"},{"$f":"IFERROR(VLOOKUP(RiskRegister[[#This Row],[Residual Risk Rating]],'Rating factors'!$F$30:$G$44,2,FALSE),\"-- Error --\")","v":"-- Error --"},{"$f":"IFERROR(RiskRegister[[#This Row],[Residual Impact Rating]]*RiskRegister[[#This Row],[Residual Likelihood Rating]],\"-- Error --\")","v":"-- Error --"},"-- Select Risk Status --",{"$nulls":3},{"$f":"IF(ISBLANK(RiskRegister[[#This Row],[Risk Due Date]]), \"Missing Risk Due Date\", IF(RiskRegister[[#This Row],[Risk Due Date]] < TODAY(), \"Overdue\", \"Not Overdue\"))","v":"Missing Risk Due Date"},null,{"$f":"IF(ISBLANK(RiskRegister[[#This Row],[Risk Due Date]]), \"Missing Risk Due Date\", TEXT(RiskRegister[[#This Row],[Risk Due Date]], \"YYYY-MM\"))","v":"Missing Risk Due Date"},{"$f":"IF(RiskRegister[[#This Row],[Created Date]]=\"\",\"Created Date missing\",(TEXT(RiskRegister[[#This Row],[Created Date]],\"mmm\") & \"-\" & YEAR(RiskRegister[[#This Row],[Created Date]])))","v":"Created Date missing"},{"$f":"IF(RiskRegister[[#This Row],[Risk Status]]=\"Closed\",RiskRegister[[#This Row],[Risk Close Date]],RiskRegister[[#This Row],[Risk Due Date]])","v":"00:00:00"},{"$f":"IF(RiskRegister[[#This Row],[Risk-Change-Date]]=0,DATE(2030,1,1),RiskRegister[[#This Row],[Risk-Change-Date]])","v":"2030-01-01"},{"$f":"RiskRegister[[#This Row],[Inherent Impact Level]]&\"-\"&RiskRegister[[#This Row],[Inherent Likelihood Level]]","v":"-- Select Impact ----- Select Likelihood --"},{"$f":"RiskRegister[[#This Row],[Residual Impact Level]]&\"-\"&RiskRegister[[#This Row],[Residual Likelihood Level]]","v":"-- Select Impact ----- Select Likelihood --"},"Error",{"$f":"IF(RiskRegister[[#This Row],[Risk Status]]=\"Closed\",RiskRegister[[#This Row],[Residual Impact Level]],RiskRegister[[#This Row],[Inherent Impact Level]])","v":"-- Select Impact --"},{"$f":"IF(RiskRegister[[#This Row],[Risk Status]]=\"Closed\",RiskRegister[[#This Row],[Residual Likelihood Level]],RiskRegister[[#This Row],[Inherent Likelihood Level]])","v":"-- Select Likelihood --"},{"$f":"IF(RiskRegister[[#This Row],[Risk Status]]=\"Closed\",RiskRegister[[#This Row],[Residual-I-L-Combo]],RiskRegister[[#This Row],[Inherent-I-L-Combo]])","v":"-- Select Impact ----- Select Likelihood --"},"-- Error --"]
[142,{"$nulls":5},"-- Select Risk Category --",null,"-- select department --",null,null,"-- Select Impact --",{"$f":"VLOOKUP(RiskRegister[[#This Row],[Inherent Impact Level]],'Rating factors'!$F$4:$G$9,2,FALSE)","v":"--- Error ---"},"-- Select Likelihood --",{"$f":"VLOOKUP(RiskRegister[[#This Row],[Inherent Likelihood Level]],'Rating factors'!$F$16:$G$21,2,FALSE)","v":"--- Error ---"},{"$f":"IFERROR(VLOOKUP(RiskRegister[[#This Row],[Inherent Risk Rating]],'Rating factors'!$F$30:$G$44,2,FALSE),\"-- Error --\")","v":"-- Error --"},{"$f":"IFERROR(RiskRegister[[#This Row],[Inherent Impact Rating]]*RiskRegister[[#This Row],[Inherent Likelihood Rating]],\"-- Error --\")","v":"-- Error --"},"-- Select Risk Response --",null,"-- Select Impact --",{"$f":"VLOOKUP(RiskRegister[[#This Row],[Residual Impact Level]],'Rating factors'!$F$4:$G$9,2,FALSE)","v":"--- Error ---"},"-- Select Likelihood --",{"$f":"VLOOKUP(RiskRegister[[#This Row],[Residual Likelihood Level]],'Rating factors'!$F$16:$G$21,2,FALSE)","v":"--- Error ---"},{"$f":"IFERROR(VLOOKUP(RiskRegister[[#This Row],[Residual Risk Rating]],'Rating factors'!$F$30:$G$44,2,FALSE),\"-- Error --\")","v":"-- Error --"},{"$f":"IFERROR(RiskRegister[[#This Row],[Residual Impact Rating]]*RiskRegister[[#This Row],[Residual Likelihood Rating]],\"-- Error --\")","v":"-- Error --"},"-- Select Risk Status --",{"$nulls":3},{"$f":"IF(ISBLANK(RiskRegister[[#This Row],[Risk Due Date]]), \"Missing Risk Due Date\", IF(RiskRegister[[#This Row],[Risk Due Date]] < TODAY(), \"Overdue\", \"Not Overdue\"))","v":"Missing Risk Due Date"},null,{"$f":"IF(ISBLANK(RiskRegister[[#This Row],[Risk Due Date]]), \"Missing Risk Due Date\", TEXT(RiskRegister[[#This Row],[Risk Due Date]], \"YYYY-MM\"))","v":"Missing Risk Due Date"},{"$f":"IF(RiskRegister[[#This Row],[Created Date]]=\"\",\"Created Date missing\",(TEXT(RiskRegister[[#This Row],[Created Date]],\"mmm\") & \"-\" & YEAR(RiskRegister[[#This Row],[Created Date]])))","v":"Created Date missing"},{"$f":"IF(RiskRegister[[#This Row],[Risk Status]]=\"Closed\",RiskRegister[[#This Row],[Risk Close Date]],RiskRegister[[#This Row],[Risk Due Date]])","v":"00:00:00"},{"$f":"IF(RiskRegister[[#This Row],[Risk-Change-Date]]=0,DATE(2030,1,1),RiskRegister[[#This Row],[Risk-Change-Date]])","v":"2030-01-01"},{"$f":"RiskRegister[[#This Row],[Inherent Impact Level]]&\"-\"&RiskRegister[[#This Row],[Inherent Likelihood Level]]","v":"-- Select Impact ----- Select Likelihood --"},{"$f":"RiskRegister[[#This Row],[Residual Impact Level]]&\"-\"&RiskRegister[[#This Row],[Residual Likelihood Level]]","v":"-- Select Impact ----- Select Likelihood --"},"Error",{"$f":"IF(RiskRegister[[#This Row],[Risk Status]]=\"Closed\",RiskRegister[[#This Row],[Residual Impact Level]],RiskRegister[[#This Row],[Inherent Impact Level]])","v":"-- Select Impact --"},{"$f":"IF(RiskRegister[[#This Row],[Risk Status]]=\"Closed\",RiskRegister[[#This Row],[Residual Likelihood Level]],RiskRegister[[#This Row],[Inherent Likelihood Level]])","v":"-- Select Likelihood --"},{"$f":"IF(RiskRegister[[#This Row],[Risk Status]]=\"Closed\",RiskRegister[[#This Row],[Residual-I-L-Combo]],RiskRegister[[#This Row],[Inherent-I-L-Combo]])","v":"-- Select Impact ----- Select Likelihood --"},"-- Error --"]
[143,{"$nulls":5},"-- Select Risk Category --",null,"-- select department --",null,null,"-- Select Impact --",{"$f":"VLOOKUP(RiskRegister[[#This Row],[Inherent Impact Level]],'Rating factors'!$F$4:$G$9,2,FALSE)","v":"--- Error ---"},"-- Select Likelihood --",{"$f":"VLOOKUP(RiskRegister[[#This Row],[Inherent Likelihood Level]],'Rating factors'!$F$16:$G$21,2,FALSE)","v":"--- Error ---"},{"$f":"IFERROR(VLOOKUP(RiskRegister[[#This Row],[Inherent Risk Rating]],'Rating factors'!$F$30:$G$44,2,FALSE),\"-- Error --\")","v":"-- Error --"},{"$f":"IFERROR(RiskRegister[[#This Row],[Inherent Impact Rating]]*RiskRegister[[#This Row],[Inherent Likelihood Rating]],\"-- Error --\")","v":"-- Error --"},"-- Select Risk Response --",null,"-- Select Impact --",{"$f":"VLOOKUP(RiskRegister[[#This Row],[Residual Impact Level]],'Rating factors'!$F$4:$G$9,2,FALSE)","v":"--- Error ---"},"-- Select Likelihood --",{"$f":"VLOOKUP(RiskRegister[[#This Row],[Residual Likelihood Level]],'Rating factors'!$F$16:$G$21,2,FALSE)","v":"--- Error ---"},{"$f":"IFERROR(VLOOKUP(RiskRegister[[#This Row],[Residual Risk Rating]],'Rating factors'!$F$30:$G$44,2,FALSE),\"-- Error --\")","v":"-- Error --"},{"$f":"IFERROR(RiskRegister[[#This Row],[Residual Impact Rating]]*RiskRegister[[#This Row],[Residual Likelihood Rating]],\"-- Error --\")","v":"-- Error --"},"-- Select Risk Status --",{"$nulls":3},{"$f":"IF(ISBLANK(RiskRegister[[#This Row],[Risk Due Date]]), \"Missing Risk Due Date\", IF(RiskRegister[[#This Row],[Risk Due Date]] < TODAY(), \"Overdue\", \"Not Overdue\"))","v":"Missing Risk Due Date"},null,{"$f":"IF(ISBLANK(RiskRegister[[#This Row],[Risk Due Date]]), \"Missing Risk Due Date\", TEXT(RiskRegister[[#This Row],[Risk Due Date]], \"YYYY-MM\"))","v":"Missing Risk Due Date"},{"$f":"IF(RiskRegister[[#This Row],[Created Date]]=\"\",\"Created Date missing\",(TEXT(RiskRegister[[#This Row],[Created Date]],\"mmm\") & \"-\" & YEAR(RiskRegister[[#This Row],[Created Date]])))","v":"Created Date missing"},{"$f":"IF(RiskRegister[[#This Row],[Risk Status]]=\"Closed\",RiskRegister[[#This Row],[Risk Close Date]],RiskRegister[[#This Row],[Risk Due Date]])","v":"00:00:00"},{"$f":"IF(RiskRegister[[#This Row],[Risk-Change-Date]]=0,DATE(2030,1,1),RiskRegister[[#This Row],[Risk-Change-Date]])","v":"2030-01-01"},{"$f":"RiskRegister[[#This Row],[Inherent Impact Level]]&\"-\"&RiskRegister[[#This Row],[Inherent Likelihood Level]]","v":"-- Select Impact ----- Select Likelihood --"},{"$f":"RiskRegister[[#This Row],[Residual Impact Level]]&\"-\"&RiskRegister[[#This Row],[Residual Likelihood Level]]","v":"-- Select Impact ----- Select Likelihood --"},"Error",{"$f":"IF(RiskRegister[[#This Row],[Risk Status]]=\"Closed\",RiskRegister[[#This Row],[Residual Impact Level]],RiskRegister[[#This Row],[Inherent Impact Level]])","v":"-- Select Impact --"},{"$f":"IF(RiskRegister[[#This Row],[Risk Status]]=\"Closed\",RiskRegister[[#This Row],[Residual Likelihood Level]],RiskRegister[[#This Row],[Inherent Likelihood Level]])","v":"-- Select Likelihood --"},{"$f":"IF(RiskRegister[[#This Row],[Risk Status]]=\"Closed\",RiskRegister[[#This Row],[Residual-I-L-Combo]],RiskRegister[[#This Row],[Inherent-I-L-Combo]])","v":"-- Select Impact ----- Select Likelihood --"},"-- Error --"]
[144,{"$nulls":5},"-- Select Risk Category --",null,"-- select department --",null,null,"-- Select Impact --",{"$f":"VLOOKUP(RiskRegister[[#This Row],[Inherent Impact Level]],'Rating factors'!$F$4:$G$9,2,FALSE)","v":"--- Error ---"},"-- Select Likelihood --",{"$f":"VLOOKUP(RiskRegister[[#This Row],[Inherent Likelihood Level]],'Rating factors'!$F$16:$G$21,2,FALSE)","v":"--- Error ---"},{"$f":"IFERROR(VLOOKUP(RiskRegister[[#This Row],[Inherent Risk Rating]],'Rating factors'!$F$30:$G$44,2,FALSE),\"-- Error --\")","v":"-- Error --"},{"$f":"IFERROR(RiskRegister[[#This Row],[Inherent Impact Rating]]*RiskRegister[[#This Row],[Inherent Likelihood Rating]],\"-- Error --\")","v":"-- Error --"},"-- Select Risk Response --",null,"-- Select Impact --",{"$f":"VLOOKUP(RiskRegister[[#This Row],[Residual Impact Level]],'Rating factors'!$F$4:$G$9,2,FALSE)","v":"--- Error ---"},"-- Select Likelihood --",{"$f":"VLOOKUP(RiskRegister[[#This Row],[Residual Likelihood Level]],'Rating factors'!$F$16:$G$21,2,FALSE)","v":"--- Error ---"},{"$f":"IFERROR(VLOOKUP(RiskRegister[[#This Row],[Residual Risk Rating]],'Rating factors'!$F$30:$G$44,2,FALSE),\"-- Error --\")","v":"-- Error --"},{"$f":"IFERROR(RiskRegister[[#This Row],[Residual Impact Rating]]*RiskRegister[[#This Row],[Residual Likelihood Rating]],\"-- Error --\")","v":"-- Error --"},"-- Select Risk Status --",{"$nulls":3},{"$f":"IF(ISBLANK(RiskRegister[[#This Row],[Risk Due Date]]), \"Missing Risk Due Date\", IF(RiskRegister[[#This Row],[Risk Due Date]] < TODAY(), \"Overdue\", \"Not Overdue\"))","v":"Missing Risk Due Date"},null,{"$f":"IF(ISBLANK(RiskRegister[[#This Row],[Risk Due Date]]), \"Missing Risk Due Date\", TEXT(RiskRegister[[#This Row],[Risk Due Date]], \"YYYY-MM\"))","v":"Missing Risk Due Date"},{"$f":"IF(RiskRegister[[#This Row],[Created Date]]=\"\",\"Created Date missing\",(TEXT(RiskRegister[[#This Row],[Created Date]],\"mmm\") & \"-\" & YEAR(RiskRegister[[#This Row],[Created Date]])))","v":"Created Date missing"},{"$f":"IF(RiskRegister[[#This Row],[Risk Status]]=\"Closed\",RiskRegister[[#This Row],[Risk Close Date]],RiskRegister[[#This Row],[Risk Due Date]])","v":"00:00:00"},{"$f":"IF(RiskRegister[[#This Row],[Risk-Change-Date]]=0,DATE(2030,1,1),RiskRegister[[#This Row],[Risk-Change-Date]])","v":"2030-01-01"},{"$f":"RiskRegister[[#This Row],[Inherent Impact Level]]&\"-\"&RiskRegister[[#This Row],[Inherent Likelihood Level]]","v":"-- Select Impact ----- Select Likelihood --"},{"$f":"RiskRegister[[#This Row],[Residual Impact Level]]&\"-\"&RiskRegister[[#This Row],[Residual Likelihood Level]]","v":"-- Select Impact ----- Select Likelihood --"},"Error",{"$f":"IF(RiskRegister[[#This Row],[Risk Status]]=\"Closed\",RiskRegister[[#This Row],[Residual Impact Level]],RiskRegister[[#This Row],[Inherent Impact Level]])","v":"-- Select Impact --"},{"$f":"IF(RiskRegister[[#This Row],[Risk Status]]=\"Closed\",RiskRegister[[#This Row],[Residual Likelihood Level]],RiskRegister[[#This Row],[Inherent Likelihood Level]])","v":"-- Select Likelihood --"},{"$f":"IF(RiskRegister[[#This Row],[Risk Status]]=\"Closed\",RiskRegister[[#This Row],[Residual-I-L-Combo]],RiskRegister[[#This Row],[Inherent-I-L-Combo]])","v":"-- Select Impact ----- Select Likelihood --"},"-- Error --"]
[145,{"$nulls":5},"-- Select Risk Category --",null,"-- select department --",null,null,"-- Select Impact --",{"$f":"VLOOKUP(RiskRegister[[#This Row],[Inherent Impact Level]],'Rating factors'!$F$4:$G$9,2,FALSE)","v":"--- Error ---"},"-- Select Likelihood --",{"$f":"VLOOKUP(RiskRegister[[#This Row],[Inherent Likelihood Level]],'Rating factors'!$F$16:$G$21,2,FALSE)","v":"--- Error ---"},{"$f":"IFERROR(VLOOKUP(RiskRegister[[#This Row],[Inherent Risk Rating]],'Rating factors'!$F$30:$G$44,2,FALSE),\"-- Error --\")","v":"-- Error --"},{"$f":"IFERROR(RiskRegister[[#This Row],[Inherent Impact Rating]]*RiskRegister[[#This Row],[Inherent Likelihood Rating]],\"-- Error --\")","v":"-- Error --"},"-- Select Risk Response --",null,"-- Select Impact --",{"$f":"VLOOKUP(RiskRegister[[#This Row],[Residual Impact Level]],'Rating factors'!$F$4:$G$9,2,FALSE)","v":"--- Error ---"},"-- Select Likelihood --",{"$f":"VLOOKUP(RiskRegister[[#This Row],[Residual Likelihood Level]],'Rating factors'!$F$16:$G$21,2,FALSE)","v":"--- Error ---"},{"$f":"IFERROR(VLOOKUP(RiskRegister[[#This Row],[Residual Risk Rating]],'Rating factors'!$F$30:$G$44,2,FALSE),\"-- Error --\")","v":"-- Error --"},{"$f":"IFERROR(RiskRegister[[#This Row],[Residual Impact Rating]]*RiskRegister[[#This Row],[Residual Likelihood Rating]],\"-- Error --\")","v":"-- Error --"},"-- Select Risk Status --",{"$nulls":3},{"$f":"IF(ISBLANK(RiskRegister[[#This Row],[Risk Due Date]]), \"Missing Risk Due Date\", IF(RiskRegister[[#This Row],[Risk Due Date]] < TODAY(), \"Overdue\", \"Not Overdue\"))","v":"Missing Risk Due Date"},null,{"$f":"IF(ISBLANK(RiskRegister[[#This Row],[Risk Due Date]]), \"Missing Risk Due Date\", TEXT(RiskRegister[[#This Row],[Risk Due Date]], \"YYYY-MM\"))","v":"Missing Risk Due Date"},{"$f":"IF(RiskRegister[[#This Row],[Created Date]]=\"\",\"Created Date missing\",(TEXT(RiskRegister[[#This Row],[Created Date]],\"mmm\") & \"-\" & YEAR(RiskRegister[[#This Row],[Created Date]])))","v":"Created Date missing"},{"$f":"IF(RiskRegister[[#This Row],[Risk Status]]=\"Closed\",RiskRegister[[#This Row],[Risk Close Date]],RiskRegister[[#This Row],[Risk Due Date]])","v":"00:00:00"},{"$f":"IF(RiskRegister[[#This Row],[Risk-Change-Date]]=0,DATE(2030,1,1),RiskRegister[[#This Row],[Risk-Change-Date]])","v":"2030-01-01"},{"$f":"RiskRegister[[#This Row],[Inherent Impact Level]]&\"-\"&RiskRegister[[#This Row],[Inherent Likelihood Level]]","v":"-- Select Impact ----- Select Likelihood --"},{"$f":"RiskRegister[[#This Row],[Residual Impact Level]]&\"-\"&RiskRegister[[#This Row],[Residual Likelihood Level]]","v":"-- Select Impact ----- Select Likelihood --"},"Error",{"$f":"IF(RiskRegister[[#This Row],[Risk Status]]=\"Closed\",RiskRegister[[#This Row],[Residual Impact Level]],RiskRegister[[#This Row],[Inherent Impact Level]])","v":"-- Select Impact --"},{"$f":"IF(RiskRegister[[#This Row],[Risk Status]]=\"Closed\",RiskRegister[[#This Row],[Residual Likelihood Level]],RiskRegister[[#This Row],[Inherent Likelihood Level]])","v":"-- Select Likelihood --"},{"$f":"IF(RiskRegister[[#This Row],[Risk Status]]=\"Closed\",RiskRegister[[#This Row],[Residual-I-L-Combo]],RiskRegister[[#This Row],[Inherent-I-L-Combo]])","v":"-- Select Impact ----- Select Likelihood --"},"-- Error --"]
[146,{"$nulls":5},"-- Select Risk Category --",null,"-- select department --",null,null,"-- Select Impact --",{"$f":"VLOOKUP(RiskRegister[[#This Row],[Inherent Impact Level]],'Rating factors'!$F$4:$G$9,2,FALSE)","v":"--- Error ---"},"-- Select Likelihood --",{"$f":"VLOOKUP(RiskRegister[[#This Row],[Inherent Likelihood Level]],'Rating factors'!$F$16:$G$21,2,FALSE)","v":"--- Error ---"},{"$f":"IFERROR(VLOOKUP(RiskRegister[[#This Row],[Inherent Risk Rating]],'Rating factors'!$F$30:$G$44,2,FALSE),\"-- Error --\")","v":"-- Error --"},{"$f":"IFERROR(RiskRegister[[#This Row],[Inherent Impact Rating]]*RiskRegister[[#This Row],[Inherent Likelihood Rating]],\"-- Error --\")","v":"-- Error --"},"-- Select Risk Response --",null,"-- Select Impact --",{"$f":"VLOOKUP(RiskRegister[[#This Row],[Residual Impact Level]],'Rating factors'!$F$4:$G$9,2,FALSE)","v":"--- Error ---"},"-- Select Likelihood --",{"$f":"VLOOKUP(RiskRegister[[#This Row],[Residual Likelihood Level]],'Rating factors'!$F$16:$G$21,2,FALSE)","v":"--- Error ---"},{"$f":"IFERROR(VLOOKUP(RiskRegister[[#This Row],[Residual Risk Rating]],'Rating factors'!$F$30:$G$44,2,FALSE),\"-- Error --\")","v":"-- Error --"},{"$f":"IFERROR(RiskRegister[[#This Row],[Residual Impact Rating]]*RiskRegister[[#This Row],[Residual Likelihood Rating]],\"-- Error --\")","v":"-- Error --"},"-- Select Risk Status --",{"$nulls":3},{"$f":"IF(ISBLANK(RiskRegister[[#This Row],[Risk Due Date]]), \"Missing Risk Due Date\", IF(RiskRegister[[#This Row],[Risk Due Date]] < TODAY(), \"Overdue\", \"Not Overdue\"))","v":"Missing Risk Due Date"},null,{"$f":"IF(ISBLANK(RiskRegister[[#This Row],[Risk Due Date]]), \"Missing Risk Due Date\", TEXT(RiskRegister[[#This Row],[Risk Due Date]], \"YYYY-MM\"))","v":"Missing Risk Due Date"},{"$f":"IF(RiskRegister[[#This Row],[Created Date]]=\"\",\"Created Date missing\",(TEXT(RiskRegister[[#This Row],[Created Date]],\"mmm\") & \"-\" & YEAR(RiskRegister[[#This Row],[Created Date]])))","v":"Created Date missing"},{"$f":"IF(RiskRegister[[#This Row],[Risk Status]]=\"Closed\",RiskRegister[[#This Row],[Risk Close Date]],RiskRegister[[#This Row],[Risk Due Date]])","v":"00:00:00"},{"$f":"IF(RiskRegister[[#This Row],[Risk-Change-Date]]=0,DATE(2030,1,1),RiskRegister[[#This Row],[Risk-Change-Date]])","v":"2030-01-01"},{"$f":"RiskRegister[[#This Row],[Inherent Impact Level]]&\"-\"&RiskRegister[[#This Row],[Inherent Likelihood Level]]","v":"-- Select Impact ----- Select Likelihood --"},{"$f":"RiskRegister[[#This Row],[Residual Impact Level]]&\"-\"&RiskRegister[[#This Row],[Residual Likelihood Level]]","v":"-- Select Impact ----- Select Likelihood --"},"Error",{"$f":"IF(RiskRegister[[#This Row],[Risk Status]]=\"Closed\",RiskRegister[[#This Row],[Residual Impact Level]],RiskRegister[[#This Row],[Inherent Impact Level]])","v":"-- Select Impact --"},{"$f":"IF(RiskRegister[[#This Row],[Risk Status]]=\"Closed\",RiskRegister[[#This Row],[Residual Likelihood Level]],RiskRegister[[#This Row],[Inherent Likelihood Level]])","v":"-- Select Likelihood --"},{"$f":"IF(RiskRegister[[#This Row],[Risk Status]]=\"Closed\",RiskRegister[[#This Row],[Residual-I-L-Combo]],RiskRegister[[#This Row],[Inherent-I-L-Combo]])","v":"-- Select Impact ----- Select Likelihood --"},"-- Error --"]
[147,{"$nulls":5},"-- Select Risk Category --",null,"-- select department --",null,null,"-- Select Impact --",{"$f":"VLOOKUP(RiskRegister[[#This Row],[Inherent Impact Level]],'Rating factors'!$F$4:$G$9,2,FALSE)","v":"--- Error ---"},"-- Select Likelihood --",{"$f":"VLOOKUP(RiskRegister[[#This Row],[Inherent Likelihood Level]],'Rating factors'!$F$16:$G$21,2,FALSE)","v":"--- Error ---"},{"$f":"IFERROR(VLOOKUP(RiskRegister[[#This Row],[Inherent Risk Rating]],'Rating factors'!$F$30:$G$44,2,FALSE),\"-- Error --\")","v":"-- Error --"},{"$f":"IFERROR(RiskRegister[[#This Row],[Inherent Impact Rating]]*RiskRegister[[#This Row],[Inherent Likelihood Rating]],\"-- Error --\")","v":"-- Error --"},"-- Select Risk Response --",null,"-- Select Impact --",{"$f":"VLOOKUP(RiskRegister[[#This Row],[Residual Impact Level]],'Rating factors'!$F$4:$G$9,2,FALSE)","v":"--- Error ---"},"-- Select Likelihood --",{"$f":"VLOOKUP(RiskRegister[[#This Row],[Residual Likelihood Level]],'Rating factors'!$F$16:$G$21,2,FALSE)","v":"--- Error ---"},{"$f":"IFERROR(VLOOKUP(RiskRegister[[#This Row],[Residual Risk Rating]],'Rating factors'!$F$30:$G$44,2,FALSE),\"-- Error --\")","v":"-- Error --"},{"$f":"IFERROR(RiskRegister[[#This Row],[Residual Impact Rating]]*RiskRegister[[#This Row],[Residual Likelihood Rating]],\"-- Error --\")","v":"-- Error --"},"-- Select Risk Status --",{"$nulls":3},{"$f":"IF(ISBLANK(RiskRegister[[#This Row],[Risk Due Date]]), \"Missing Risk Due Date\", IF(RiskRegister[[#This Row],[Risk Due Date]] < TODAY(), \"Overdue\", \"Not Overdue\"))","v":"Missing Risk Due Date"},null,{"$f":"IF(ISBLANK(RiskRegister[[#This Row],[Risk Due Date]]), \"Missing Risk Due Date\", TEXT(RiskRegister[[#This Row],[Risk Due Date]], \"YYYY-MM\"))","v":"Missing Risk Due Date"},{"$f":"IF(RiskRegister[[#This Row],[Created Date]]=\"\",\"Created Date missing\",(TEXT(RiskRegister[[#This Row],[Created Date]],\"mmm\") & \"-\" & YEAR(RiskRegister[[#This Row],[Created Date]])))","v":"Created Date missing"},{"$f":"IF(RiskRegister[[#This Row],[Risk Status]]=\"Closed\",RiskRegister[[#This Row],[Risk Close Date]],RiskRegister[[#This Row],[Risk Due Date]])","v":"00:00:00"},{"$f":"IF(RiskRegister[[#This Row],[Risk-Change-Date]]=0,DATE(2030,1,1),RiskRegister[[#This Row],[Risk-Change-Date]])","v":"2030-01-01"},{"$f":"RiskRegister[[#This Row],[Inherent Impact Level]]&\"-\"&RiskRegister[[#This Row],[Inherent Likelihood Level]]","v":"-- Select Impact ----- Select Likelihood --"},{"$f":"RiskRegister[[#This Row],[Residual Impact Level]]&\"-\"&RiskRegister[[#This Row],[Residual Likelihood Level]]","v":"-- Select Impact ----- Select Likelihood --"},"Error",{"$f":"IF(RiskRegister[[#This Row],[Risk Status]]=\"Closed\",RiskRegister[[#This Row],[Residual Impact Level]],RiskRegister[[#This Row],[Inherent Impact Level]])","v":"-- Select Impact --"},{"$f":"IF(RiskRegister[[#This Row],[Risk Status]]=\"Closed\",RiskRegister[[#This Row],[Residual Likelihood Level]],RiskRegister[[#This Row],[Inherent Likelihood Level]])","v":"-- Select Likelihood --"},{"$f":"IF(RiskRegister[[#This Row],[Risk Status]]=\"Closed\",RiskRegister[[#This Row],[Residual-I-L-Combo]],RiskRegister[[#This Row],[Inherent-I-L-Combo]])","v":"-- Select Impact ----- Select Likelihood --"},"-- Error --"]
[148,{"$nulls":5},"-- Select Risk Category --",null,"-- select department --",null,null,"-- Select Impact --",{"$f":"VLOOKUP(RiskRegister[[#This Row],[Inherent Impact Level]],'Rating factors'!$F$4:$G$9,2,FALSE)","v":"--- Error ---"},"-- Select Likelihood --",{"$f":"VLOOKUP(RiskRegister[[#This Row],[Inherent Likelihood Level]],'Rating factors'!$F$16:$G$21,2,FALSE)","v":"--- Error ---"},{"$f":"IFERROR(VLOOKUP(RiskRegister[[#This Row],[Inherent Risk Rating]],'Rating factors'!$F$30:$G$44,2,FALSE),\"-- Error --\")","v":"-- Error --"},{"$f":"IFERROR(RiskRegister[[#This Row],[Inherent Impact Rating]]*RiskRegister[[#This Row],[Inherent Likelihood Rating]],\"-- Error --\")","v":"-- Error --"},"-- Select Risk Response --",null,"-- Select Impact --",{"$f":"VLOOKUP(RiskRegister[[#This Row],[Residual Impact Level]],'Rating factors'!$F$4:$G$9,2,FALSE)","v":"--- Error ---"},"-- Select Likelihood --",{"$f":"VLOOKUP(RiskRegister[[#This Row],[Residual Likelihood Level]],'Rating factors'!$F$16:$G$21,2,FALSE)","v":"--- Error ---"},{"$f":"IFERROR(VLOOKUP(RiskRegister[[#This Row],[Residual Risk Rating]],'Rating factors'!$F$30:$G$44,2,FALSE),\"-- Error --\")","v":"-- Error --"},{"$f":"IFERROR(RiskRegister[[#This Row],[Residual Impact Rating]]*RiskRegister[[#This Row],[Residual Likelihood Rating]],\"-- Error --\")","v":"-- Error --"},"-- Select Risk Status --",{"$nulls":3},{"$f":"IF(ISBLANK(RiskRegister[[#This Row],[Risk Due Date]]), \"Missing Risk Due Date\", IF(RiskRegister[[#This Row],[Risk Due Date]] < TODAY(), \"Overdue\", \"Not Overdue\"))","v":"Missing Risk Due Date"},null,{"$f":"IF(ISBLANK(RiskRegister[[#This Row],[Risk Due Date]]), \"Missing Risk Due Date\", TEXT(RiskRegister[[#This Row],[Risk Due Date]], \"YYYY-MM\"))","v":"Missing Risk Due Date"},{"$f":"IF(RiskRegister[[#This Row],[Created Date]]=\"\",\"Created Date missing\",(TEXT(RiskRegister[[#This Row],[Created Date]],\"mmm\") & \"-\" & YEAR(RiskRegister[[#This Row],[Created Date]])))","v":"Created Date missing"},{"$f":"IF(RiskRegister[[#This Row],[Risk Status]]=\"Closed\",RiskRegister[[#This Row],[Risk Close Date]],RiskRegister[[#This Row],[Risk Due Date]])","v":"00:00:00"},{"$f":"IF(RiskRegister[[#This Row],[Risk-Change-Date]]=0,DATE(2030,1,1),RiskRegister[[#This Row],[Risk-Change-Date]])","v":"2030-01-01"},{"$f":"RiskRegister[[#This Row],[Inherent Impact Level]]&\"-\"&RiskRegister[[#This Row],[Inherent Likelihood Level]]","v":"-- Select Impact ----- Select Likelihood --"},{"$f":"RiskRegister[[#This Row],[Residual Impact Level]]&\"-\"&RiskRegister[[#This Row],[Residual Likelihood Level]]","v":"-- Select Impact ----- Select Likelihood --"},"Error",{"$f":"IF(RiskRegister[[#This Row],[Risk Status]]=\"Closed\",RiskRegister[[#This Row],[Residual Impact Level]],RiskRegister[[#This Row],[Inherent Impact Level]])","v":"-- Select Impact --"},{"$f":"IF(RiskRegister[[#This Row],[Risk Status]]=\"Closed\",RiskRegister[[#This Row],[Residual Likelihood Level]],RiskRegister[[#This Row],[Inherent Likelihood Level]])","v":"-- Select Likelihood --"},{"$f":"IF(RiskRegister[[#This Row],[Risk Status]]=\"Closed\",RiskRegister[[#This Row],[Residual-I-L-Combo]],RiskRegister[[#This Row],[Inherent-I-L-Combo]])","v":"-- Select Impact ----- Select Likelihood --"},"-- Error --"]
[149,{"$nulls":5},"-- Select Risk Category --",null,"-- select department --",null,null,"-- Select Impact --",{"$f":"VLOOKUP(RiskRegister[[#This Row],[Inherent Impact Level]],'Rating factors'!$F$4:$G$9,2,FALSE)","v":"--- Error ---"},"-- Select Likelihood --",{"$f":"VLOOKUP(RiskRegister[[#This Row],[Inherent Likelihood Level]],'Rating factors'!$F$16:$G$21,2,FALSE)","v":"--- Error ---"},{"$f":"IFERROR(VLOOKUP(RiskRegister[[#This Row],[Inherent Risk Rating]],'Rating factors'!$F$30:$G$44,2,FALSE),\"-- Error --\")","v":"-- Error --"},{"$f":"IFERROR(RiskRegister[[#This Row],[Inherent Impact Rating]]*RiskRegister[[#This Row],[Inherent Likelihood Rating]],\"-- Error --\")","v":"-- Error --"},"-- Select Risk Response --",null,"-- Select Impact --",{"$f":"VLOOKUP(RiskRegister[[#This Row],[Residual Impact Level]],'Rating factors'!$F$4:$G$9,2,FALSE)","v":"--- Error ---"},"-- Select Likelihood --",{"$f":"VLOOKUP(RiskRegister[[#This Row],[Residual Likelihood Level]],'Rating factors'!$F$16:$G$21,2,FALSE)","v":"--- Error ---"},{"$f":"IFERROR(VLOOKUP(RiskRegister[[#This Row],[Residual Risk Rating]],'Rating factors'!$F$30:$G$44,2,FALSE),\"-- Error --\")","v":"-- Error --"},{"$f":"IFERROR(RiskRegister[[#This Row],[Residual Impact Rating]]*RiskRegister[[#This Row],[Residual Likelihood Rating]],\"-- Error --\")","v":"-- Error --"},"-- Select Risk Status --",{"$nulls":3},{"$f":"IF(ISBLANK(RiskRegister[[#This Row],[Risk Due Date]]), \"Missing Risk Due Date\", IF(RiskRegister[[#This Row],[Risk Due Date]] < TODAY(), \"Overdue\", \"Not Overdue\"))","v":"Missing Risk Due Date"},null,{"$f":"IF(ISBLANK(RiskRegister[[#This Row],[Risk Due Date]]), \"Missing Risk Due Date\", TEXT(RiskRegister[[#This Row],[Risk Due Date]], \"YYYY-MM\"))","v":"Missing Risk Due Date"},{"$f":"IF(RiskRegister[[#This Row],[Created Date]]=\"\",\"Created Date missing\",(TEXT(RiskRegister[[#This Row],[Created Date]],\"mmm\") & \"-\" & YEAR(RiskRegister[[#This Row],[Created Date]])))","v":"Created Date missing"},{"$f":"IF(RiskRegister[[#This Row],[Risk Status]]=\"Closed\",RiskRegister[[#This Row],[Risk Close Date]],RiskRegister[[#This Row],[Risk Due Date]])","v":"00:00:00"},{"$f":"IF(RiskRegister[[#This Row],[Risk-Change-Date]]=0,DATE(2030,1,1),RiskRegister[[#This Row],[Risk-Change-Date]])","v":"2030-01-01"},{"$f":"RiskRegister[[#This Row],[Inherent Impact Level]]&\"-\"&RiskRegister[[#This Row],[Inherent Likelihood Level]]","v":"-- Select Impact ----- Select Likelihood --"},{"$f":"RiskRegister[[#This Row],[Residual Impact Level]]&\"-\"&RiskRegister[[#This Row],[Residual Likelihood Level]]","v":"-- Select Impact ----- Select Likelihood --"},"Error",{"$f":"IF(RiskRegister[[#This Row],[Risk Status]]=\"Closed\",RiskRegister[[#This Row],[Residual Impact Level]],RiskRegister[[#This Row],[Inherent Impact Level]])","v":"-- Select Impact --"},{"$f":"IF(RiskRegister[[#This Row],[Risk Status]]=\"Closed\",RiskRegister[[#This Row],[Residual Likelihood Level]],RiskRegister[[#This Row],[Inherent Likelihood Level]])","v":"-- Select Likelihood --"},{"$f":"IF(RiskRegister[[#This Row],[Risk Status]]=\"Closed\",RiskRegister[[#This Row],[Residual-I-L-Combo]],RiskRegister[[#This Row],[Inherent-I-L-Combo]])","v":"-- Select Impact ----- Select Likelihood --"},"-- Error --"]
[150,{"$nulls":5},"-- Select Risk Category --",null,"-- select department --",null,null,"-- Select Impact --",{"$f":"VLOOKUP(RiskRegister[[#This Row],[Inherent Impact Level]],'Rating factors'!$F$4:$G$9,2,FALSE)","v":"--- Error ---"},"-- Select Likelihood --",{"$f":"VLOOKUP(RiskRegister[[#This Row],[Inherent Likelihood Level]],'Rating factors'!$F$16:$G$21,2,FALSE)","v":"--- Error ---"},{"$f":"IFERROR(VLOOKUP(RiskRegister[[#This Row],[Inherent Risk Rating]],'Rating factors'!$F$30:$G$44,2,FALSE),\"-- Error --\")","v":"-- Error --"},{"$f":"IFERROR(RiskRegister[[#This Row],[Inherent Impact Rating]]*RiskRegister[[#This Row],[Inherent Likelihood Rating]],\"-- Error --\")","v":"-- Error --"},"-- Select Risk Response --",null,"-- Select Impact --",{"$f":"VLOOKUP(RiskRegister[[#This Row],[Residual Impact Level]],'Rating factors'!$F$4:$G$9,2,FALSE)","v":"--- Error ---"},"-- Select Likelihood --",{"$f":"VLOOKUP(RiskRegister[[#This Row],[Residual Likelihood Level]],'Rating factors'!$F$16:$G$21,2,FALSE)","v":"--- Error ---"},{"$f":"IFERROR(VLOOKUP(RiskRegister[[#This Row],[Residual Risk Rating]],'Rating factors'!$F$30:$G$44,2,FALSE),\"-- Error --\")","v":"-- Error --"},{"$f":"IFERROR(RiskRegister[[#This Row],[Residual Impact Rating]]*RiskRegister[[#This Row],[Residual Likelihood Rating]],\"-- Error --\")","v":"-- Error --"},"-- Select Risk Status --",{"$nulls":3},{"$f":"IF(ISBLANK(RiskRegister[[#This Row],[Risk Due Date]]), \"Missing Risk Due Date\", IF(RiskRegister[[#This Row],[Risk Due Date]] < TODAY(), \"Overdue\", \"Not Overdue\"))","v":"Missing Risk Due Date"},null,{"$f":"IF(ISBLANK(RiskRegister[[#This Row],[Risk Due Date]]), \"Missing Risk Due Date\", TEXT(RiskRegister[[#This Row],[Risk Due Date]], \"YYYY-MM\"))","v":"Missing Risk Due Date"},{"$f":"IF(RiskRegister[[#This Row],[Created Date]]=\"\",\"Created Date missing\",(TEXT(RiskRegister[[#This Row],[Created Date]],\"mmm\") & \"-\" & YEAR(RiskRegister[[#This Row],[Created Date]])))","v":"Created Date missing"},{"$f":"IF(RiskRegister[[#This Row],[Risk Status]]=\"Closed\",RiskRegister[[#This Row],[Risk Close Date]],RiskRegister[[#This Row],[Risk Due Date]])","v":"00:00:00"},{"$f":"IF(RiskRegister[[#This Row],[Risk-Change-Date]]=0,DATE(2030,1,1),RiskRegister[[#This Row],[Risk-Change-Date]])","v":"2030-01-01"},{"$f":"RiskRegister[[#This Row],[Inherent Impact Level]]&\"-\"&RiskRegister[[#This Row],[Inherent Likelihood Level]]","v":"-- Select Impact ----- Select Likelihood --"},{"$f":"RiskRegister[[#This Row],[Residual Impact Level]]&\"-\"&RiskRegister[[#This Row],[Residual Likelihood Level]]","v":"-- Select Impact ----- Select Likelihood --"},"Error",{"$f":"IF(RiskRegister[[#This Row],[Risk Status]]=\"Closed\",RiskRegister[[#This Row],[Residual Impact Level]],RiskRegister[[#This Row],[Inherent Impact Level]])","v":"-- Select Impact --"},{"$f":"IF(RiskRegister[[#This Row],[Risk Status]]=\"Closed\",RiskRegister[[#This Row],[Residual Likelihood Level]],RiskRegister[[#This Row],[Inherent Likelihood Level]])","v":"-- Select Likelihood --"},{"$f":"IF(RiskRegister[[#This Row],[Risk Status]]=\"Closed\",RiskRegister[[#This Row],[Residual-I-L-Combo]],RiskRegister[[#This Row],[Inherent-I-L-Combo]])","v":"-- Select Impact ----- Select Likelihood --"},"-- Error --"]
[151,{"$nulls":5},"-- Select Risk Category --",null,"-- select department --",null,null,"-- Select Impact --",{"$f":"VLOOKUP(RiskRegister[[#This Row],[Inherent Impact Level]],'Rating factors'!$F$4:$G$9,2,FALSE)","v":"--- Error ---"},"-- Select Likelihood --",{"$f":"VLOOKUP(RiskRegister[[#This Row],[Inherent Likelihood Level]],'Rating factors'!$F$16:$G$21,2,FALSE)","v":"--- Error ---"},{"$f":"IFERROR(VLOOKUP(RiskRegister[[#This Row],[Inherent Risk Rating]],'Rating factors'!$F$30:$G$44,2,FALSE),\"-- Error --\")","v":"-- Error --"},{"$f":"IFERROR(RiskRegister[[#This Row],[Inherent Impact Rating]]*RiskRegister[[#This Row],[Inherent Likelihood Rating]],\"-- Error --\")","v":"-- Error --"},"-- Select Risk Response --",null,"-- Select Impact --",{"$f":"VLOOKUP(RiskRegister[[#This Row],[Residual Impact Level]],'Rating factors'!$F$4:$G$9,2,FALSE)","v":"--- Error ---"},"-- Select Likelihood --",{"$f":"VLOOKUP(RiskRegister[[#This Row],[Residual Likelihood Level]],'Rating factors'!$F$16:$G$21,2,FALSE)","v":"--- Error ---"},{"$f":"IFERROR(VLOOKUP(RiskRegister[[#This Row],[Residual Risk Rating]],'Rating factors'!$F$30:$G$44,2,FALSE),\"-- Error --\")","v":"-- Error --"},{"$f":"IFERROR(RiskRegister[[#This Row],[Residual Impact Rating]]*RiskRegister[[#This Row],[Residual Likelihood Rating]],\"-- Error --\")","v":"-- Error --"},"-- Select Risk Status --",{"$nulls":3},{"$f":"IF(ISBLANK(RiskRegister[[#This Row],[Risk Due Date]]), \"Missing Risk Due Date\", IF(RiskRegister[[#This Row],[Risk Due Date]] < TODAY(), \"Overdue\", \"Not Overdue\"))","v":"Missing Risk Due Date"},null,{"$f":"IF(ISBLANK(RiskRegister[[#This Row],[Risk Due Date]]), \"Missing Risk Due Date\", TEXT(RiskRegister[[#This Row],[Risk Due Date]], \"YYYY-MM\"))","v":"Missing Risk Due Date"},{"$f":"IF(RiskRegister[[#This Row],[Created Date]]=\"\",\"Created Date missing\",(TEXT(RiskRegister[[#This Row],[Created Date]],\"mmm\") & \"-\" & YEAR(RiskRegister[[#This Row],[Created Date]])))","v":"Created Date missing"},{"$f":"IF(RiskRegister[[#This Row],[Risk Status]]=\"Closed\",RiskRegister[[#This Row],[Risk Close Date]],RiskRegister[[#This Row],[Risk Due Date]])","v":"00:00:00"},{"$f":"IF(RiskRegister[[#This Row],[Risk-Change-Date]]=0,DATE(2030,1,1),RiskRegister[[#This Row],[Risk-Change-Date]])","v":"2030-01-01"},{"$f":"RiskRegister[[#This Row],[Inherent Impact Level]]&\"-\"&RiskRegister[[#This Row],[Inherent Likelihood Level]]","v":"-- Select Impact ----- Select Likelihood --"},{"$f":"RiskRegister[[#This Row],[Residual Impact Level]]&\"-\"&RiskRegister[[#This Row],[Residual Likelihood Level]]","v":"-- Select Impact ----- Select Likelihood --"},"Error",{"$f":"IF(RiskRegister[[#This Row],[Risk Status]]=\"Closed\",RiskRegister[[#This Row],[Residual Impact Level]],RiskRegister[[#This Row],[Inherent Impact Level]])","v":"-- Select Impact --"},{"$f":"IF(RiskRegister[[#This Row],[Risk Status]]=\"Closed\",RiskRegister[[#This Row],[Residual Likelihood Level]],RiskRegister[[#This Row],[Inherent Likelihood Level]])","v":"-- Select Likelihood --"},{"$f":"IF(RiskRegister[[#This Row],[Risk Status]]=\"Closed\",RiskRegister[[#This Row],[Residual-I-L-Combo]],RiskRegister[[#This Row],[Inherent-I-L-Combo]])","v":"-- Select Impact ----- Select Likelihood --"},"-- Error --"]
[152,{"$nulls":5},"-- Select Risk Category --",null,"-- select department --",null,null,"-- Select Impact --",{"$f":"VLOOKUP(RiskRegister[[#This Row],[Inherent Impact Level]],'Rating factors'!$F$4:$G$9,2,FALSE)","v":"--- Error ---"},"-- Select Likelihood --",{"$f":"VLOOKUP(RiskRegister[[#This Row],[Inherent Likelihood Level]],'Rating factors'!$F$16:$G$21,2,FALSE)","v":"--- Error ---"},{"$f":"IFERROR(VLOOKUP(RiskRegister[[#This Row],[Inherent Risk Rating]],'Rating factors'!$F$30:$G$44,2,FALSE),\"-- Error --\")","v":"-- Error --"},{"$f":"IFERROR(RiskRegister[[#This Row],[Inherent Impact Rating]]*RiskRegister[[#This Row],[Inherent Likelihood Rating]],\"-- Error --\")","v":"-- Error --"},"-- Select Risk Response --",null,"-- Select Impact --",{"$f":"VLOOKUP(RiskRegister[[#This Row],[Residual Impact Level]],'Rating factors'!$F$4:$G$9,2,FALSE)","v":"--- Error ---"},"-- Select Likelihood --",{"$f":"VLOOKUP(RiskRegister[[#This Row],[Residual Likelihood Level]],'Rating factors'!$F$16:$G$21,2,FALSE)","v":"--- Error ---"},{"$f":"IFERROR(VLOOKUP(RiskRegister[[#This Row],[Residual Risk Rating]],'Rating factors'!$F$30:$G$44,2,FALSE),\"-- Error --\")","v":"-- Error --"},{"$f":"IFERROR(RiskRegister[[#This Row],[Residual Impact Rating]]*RiskRegister[[#This Row],[Residual Likelihood Rating]],\"-- Error --\")","v":"-- Error --"},"-- Select Risk Status --",{"$nulls":3},{"$f":"IF(ISBLANK(RiskRegister[[#This Row],[Risk Due Date]]), \"Missing Risk Due Date\", IF(RiskRegister[[#This Row],[Risk Due Date]] < TODAY(), \"Overdue\", \"Not Overdue\"))","v":"Missing Risk Due Date"},null,{"$f":"IF(ISBLANK(RiskRegister[[#This Row],[Risk Due Date]]), \"Missing Risk Due Date\", TEXT(RiskRegister[[#This Row],[Risk Due Date]], \"YYYY-MM\"))","v":"Missing Risk Due Date"},{"$f":"IF(RiskRegister[[#This Row],[Created Date]]=\"\",\"Created Date missing\",(TEXT(RiskRegister[[#This Row],[Created Date]],\"mmm\") & \"-\" & YEAR(RiskRegister[[#This Row],[Created Date]])))","v":"Created Date missing"},{"$f":"IF(RiskRegister[[#This Row],[Risk Status]]=\"Closed\",RiskRegister[[#This Row],[Risk Close Date]],RiskRegister[[#This Row],[Risk Due Date]])","v":"00:00:00"},{"$f":"IF(RiskRegister[[#This Row],[Risk-Change-Date]]=0,DATE(2030,1,1),RiskRegister[[#This Row],[Risk-Change-Date]])","v":"2030-01-01"},{"$f":"RiskRegister[[#This Row],[Inherent Impact Level]]&\"-\"&RiskRegister[[#This Row],[Inherent Likelihood Level]]","v":"-- Select Impact ----- Select Likelihood --"},{"$f":"RiskRegister[[#This Row],[Residual Impact Level]]&\"-\"&RiskRegister[[#This Row],[Residual Likelihood Level]]","v":"-- Select Impact ----- Select Likelihood --"},"Error",{"$f":"IF(RiskRegister[[#This Row],[Risk Status]]=\"Closed\",RiskRegister[[#This Row],[Residual Impact Level]],RiskRegister[[#This Row],[Inherent Impact Level]])","v":"-- Select Impact --"},{"$f":"IF(RiskRegister[[#This Row],[Risk Status]]=\"Closed\",RiskRegister[[#This Row],[Residual Likelihood Level]],RiskRegister[[#This Row],[Inherent Likelihood Level]])","v":"-- Select Likelihood --"},{"$f":"IF(RiskRegister[[#This Row],[Risk Status]]=\"Closed\",RiskRegister[[#This Row],[Residual-I-L-Combo]],RiskRegister[[#This Row],[Inherent-I-L-Combo]])","v":"-- Select Impact ----- Select Likelihood --"},"-- Error --"]
[153,{"$nulls":5},"-- Select Risk Category --",null,"-- select department --",null,null,"-- Select Impact --",{"$f":"VLOOKUP(RiskRegister[[#This Row],[Inherent Impact Level]],'Rating factors'!$F$4:$G$9,2,FALSE)","v":"--- Error ---"},"-- Select Likelihood --",{"$f":"VLOOKUP(RiskRegister[[#This Row],[Inherent Likelihood Level]],'Rating factors'!$F$16:$G$21,2,FALSE)","v":"--- Error ---"},{"$f":"IFERROR(VLOOKUP(RiskRegister[[#This Row],[Inherent Risk Rating]],'Rating factors'!$F$30:$G$44,2,FALSE),\"-- Error --\")","v":"-- Error --"},{"$f":"IFERROR(RiskRegister[[#This Row],[Inherent Impact Rating]]*RiskRegister[[#This Row],[Inherent Likelihood Rating]],\"-- Error --\")","v":"-- Error --"},"-- Select Risk Response --",null,"-- Select Impact --",{"$f":"VLOOKUP(RiskRegister[[#This Row],[Residual Impact Level]],'Rating factors'!$F$4:$G$9,2,FALSE)","v":"--- Error ---"},"-- Select Likelihood --",{"$f":"VLOOKUP(RiskRegister[[#This Row],[Residual Likelihood Level]],'Rating factors'!$F$16:$G$21,2,FALSE)","v":"--- Error ---"},{"$f":"IFERROR(VLOOKUP(RiskRegister[[#This Row],[Residual Risk Rating]],'Rating factors'!$F$30:$G$44,2,FALSE),\"-- Error --\")","v":"-- Error --"},{"$f":"IFERROR(RiskRegister[[#This Row],[Residual Impact Rating]]*RiskRegister[[#This Row],[Residual Likelihood Rating]],\"-- Error --\")","v":"-- Error --"},"-- Select Risk Status --",{"$nulls":3},{"$f":"IF(ISBLANK(RiskRegister[[#This Row],[Risk Due Date]]), \"Missing Risk Due Date\", IF(RiskRegister[[#This Row],[Risk Due Date]] < TODAY(), \"Overdue\", \"Not Overdue\"))","v":"Missing Risk Due Date"},null,{"$f":"IF(ISBLANK(RiskRegister[[#This Row],[Risk Due Date]]), \"Missing Risk Due Date\", TEXT(RiskRegister[[#This Row],[Risk Due Date]], \"YYYY-MM\"))","v":"Missing Risk Due Date"},{"$f":"IF(RiskRegister[[#This Row],[Created Date]]=\"\",\"Created Date missing\",(TEXT(RiskRegister[[#This Row],[Created Date]],\"mmm\") & \"-\" & YEAR(RiskRegister[[#This Row],[Created Date]])))","v":"Created Date missing"},{"$f":"IF(RiskRegister[[#This Row],[Risk Status]]=\"Closed\",RiskRegister[[#This Row],[Risk Close Date]],RiskRegister[[#This Row],[Risk Due Date]])","v":"00:00:00"},{"$f":"IF(RiskRegister[[#This Row],[Risk-Change-Date]]=0,DATE(2030,1,1),RiskRegister[[#This Row],[Risk-Change-Date]])","v":"2030-01-01"},{"$f":"RiskRegister[[#This Row],[Inherent Impact Level]]&\"-\"&RiskRegister[[#This Row],[Inherent Likelihood Level]]","v":"-- Select Impact ----- Select Likelihood --"},{"$f":"RiskRegister[[#This Row],[Residual Impact Level]]&\"-\"&RiskRegister[[#This Row],[Residual Likelihood Level]]","v":"-- Select Impact ----- Select Likelihood --"},"Error",{"$f":"IF(RiskRegister[[#This Row],[Risk Status]]=\"Closed\",RiskRegister[[#This Row],[Residual Impact Level]],RiskRegister[[#This Row],[Inherent Impact Level]])","v":"-- Select Impact --"},{"$f":"IF(RiskRegister[[#This Row],[Risk Status]]=\"Closed\",RiskRegister[[#This Row],[Residual Likelihood Level]],RiskRegister[[#This Row],[Inherent Likelihood Level]])","v":"-- Select Likelihood --"},{"$f":"IF(RiskRegister[[#This Row],[Risk Status]]=\"Closed\",RiskRegister[[#This Row],[Residual-I-L-Combo]],RiskRegister[[#This Row],[Inherent-I-L-Combo]])","v":"-- Select Impact ----- Select Likelihood --"},"-- Error --"]
[154,{"$nulls":5},"-- Select Risk Category --",null,"-- select department --",null,null,"-- Select Impact --",{"$f":"VLOOKUP(RiskRegister[[#This Row],[Inherent Impact Level]],'Rating factors'!$F$4:$G$9,2,FALSE)","v":"--- Error ---"},"-- Select Likelihood --",{"$f":"VLOOKUP(RiskRegister[[#This Row],[Inherent Likelihood Level]],'Rating factors'!$F$16:$G$21,2,FALSE)","v":"--- Error ---"},{"$f":"IFERROR(VLOOKUP(RiskRegister[[#This Row],[Inherent Risk Rating]],'Rating factors'!$F$30:$G$44,2,FALSE),\"-- Error --\")","v":"-- Error --"},{"$f":"IFERROR(RiskRegister[[#This Row],[Inherent Impact Rating]]*RiskRegister[[#This Row],[Inherent Likelihood Rating]],\"-- Error --\")","v":"-- Error --"},"-- Select Risk Response --",null,"-- Select Impact --",{"$f":"VLOOKUP(RiskRegister[[#This Row],[Residual Impact Level]],'Rating factors'!$F$4:$G$9,2,FALSE)","v":"--- Error ---"},"-- Select Likelihood --",{"$f":"VLOOKUP(RiskRegister[[#This Row],[Residual Likelihood Level]],'Rating factors'!$F$16:$G$21,2,FALSE)","v":"--- Error ---"},{"$f":"IFERROR(VLOOKUP(RiskRegister[[#This Row],[Residual Risk Rating]],'Rating factors'!$F$30:$G$44,2,FALSE),\"-- Error --\")","v":"-- Error --"},{"$f":"IFERROR(RiskRegister[[#This Row],[Residual Impact Rating]]*RiskRegister[[#This Row],[Residual Likelihood Rating]],\"-- Error --\")","v":"-- Error --"},"-- Select Risk Status --",{"$nulls":3},{"$f":"IF(ISBLANK(RiskRegister[[#This Row],[Risk Due Date]]), \"Missing Risk Due Date\", IF(RiskRegister[[#This Row],[Risk Due Date]] < TODAY(), \"Overdue\", \"Not Overdue\"))","v":"Missing Risk Due Date"},null,{"$f":"IF(ISBLANK(RiskRegister[[#This Row],[Risk Due Date]]), \"Missing Risk Due Date\", TEXT(RiskRegister[[#This Row],[Risk Due Date]], \"YYYY-MM\"))","v":"Missing Risk Due Date"},{"$f":"IF(RiskRegister[[#This Row],[Created Date]]=\"\",\"Created Date missing\",(TEXT(RiskRegister[[#This Row],[Created Date]],\"mmm\") & \"-\" & YEAR(RiskRegister[[#This Row],[Created Date]])))","v":"Created Date missing"},{"$f":"IF(RiskRegister[[#This Row],[Risk Status]]=\"Closed\",RiskRegister[[#This Row],[Risk Close Date]],RiskRegister[[#This Row],[Risk Due Date]])","v":"00:00:00"},{"$f":"IF(RiskRegister[[#This Row],[Risk-Change-Date]]=0,DATE(2030,1,1),RiskRegister[[#This Row],[Risk-Change-Date]])","v":"2030-01-01"},{"$f":"RiskRegister[[#This Row],[Inherent Impact Level]]&\"-\"&RiskRegister[[#This Row],[Inherent Likelihood Level]]","v":"-- Select Impact ----- Select Likelihood --"},{"$f":"RiskRegister[[#This Row],[Residual Impact Level]]&\"-\"&RiskRegister[[#This Row],[Residual Likelihood Level]]","v":"-- Select Impact ----- Select Likelihood --"},"Error",{"$f":"IF(RiskRegister[[#This Row],[Risk Status]]=\"Closed\",RiskRegister[[#This Row],[Residual Impact Level]],RiskRegister[[#This Row],[Inherent Impact Level]])","v":"-- Select Impact --"},{"$f":"IF(RiskRegister[[#This Row],[Risk Status]]=\"Closed\",RiskRegister[[#This Row],[Residual Likelihood Level]],RiskRegister[[#This Row],[Inherent Likelihood Level]])","v":"-- Select Likelihood --"},{"$f":"IF(RiskRegister[[#This Row],[Risk Status]]=\"Closed\",RiskRegister[[#This Row],[Residual-I-L-Combo]],RiskRegister[[#This Row],[Inherent-I-L-Combo]])","v":"-- Select Impact ----- Select Likelihood --"},"-- Error --"]
[155,{"$nulls":5},"-- Select Risk Category --",null,"-- select department --",null,null,"-- Select Impact --",{"$f":"VLOOKUP(RiskRegister[[#This Row],[Inherent Impact Level]],'Rating factors'!$F$4:$G$9,2,FALSE)","v":"--- Error ---"},"-- Select Likelihood --",{"$f":"VLOOKUP(RiskRegister[[#This Row],[Inherent Likelihood Level]],'Rating factors'!$F$16:$G$21,2,FALSE)","v":"--- Error ---"},{"$f":"IFERROR(VLOOKUP(RiskRegister[[#This Row],[Inherent Risk Rating]],'Rating factors'!$F$30:$G$44,2,FALSE),\"-- Error --\")","v":"-- Error --"},{"$f":"IFERROR(RiskRegister[[#This Row],[Inherent Impact Rating]]*RiskRegister[[#This Row],[Inherent Likelihood Rating]],\"-- Error --\")","v":"-- Error --"},"-- Select Risk Response --",null,"-- Select Impact --",{"$f":"VLOOKUP(RiskRegister[[#This Row],[Residual Impact Level]],'Rating factors'!$F$4:$G$9,2,FALSE)","v":"--- Error ---"},"-- Select Likelihood --",{"$f":"VLOOKUP(RiskRegister[[#This Row],[Residual Likelihood Level]],'Rating factors'!$F$16:$G$21,2,FALSE)","v":"--- Error ---"},{"$f":"IFERROR(VLOOKUP(RiskRegister[[#This Row],[Residual Risk Rating]],'Rating factors'!$F$30:$G$44,2,FALSE),\"-- Error --\")","v":"-- Error --"},{"$f":"IFERROR(RiskRegister[[#This Row],[Residual Impact Rating]]*RiskRegister[[#This Row],[Residual Likelihood Rating]],\"-- Error --\")","v":"-- Error --"},"-- Select Risk Status --",{"$nulls":3},{"$f":"IF(ISBLANK(RiskRegister[[#This Row],[Risk Due Date]]), \"Missing Risk Due Date\", IF(RiskRegister[[#This Row],[Risk Due Date]] < TODAY(), \"Overdue\", \"Not Overdue\"))","v":"Missing Risk Due Date"},null,{"$f":"IF(ISBLANK(RiskRegister[[#This Row],[Risk Due Date]]), \"Missing Risk Due Date\", TEXT(RiskRegister[[#This Row],[Risk Due Date]], \"YYYY-MM\"))","v":"Missing Risk Due Date"},{"$f":"IF(RiskRegister[[#This Row],[Created Date]]=\"\",\"Created Date missing\",(TEXT(RiskRegister[[#This Row],[Created Date]],\"mmm\") & \"-\" & YEAR(RiskRegister[[#This Row],[Created Date]])))","v":"Created Date missing"},{"$f":"IF(RiskRegister[[#This Row],[Risk Status]]=\"Closed\",RiskRegister[[#This Row],[Risk Close Date]],RiskRegister[[#This Row],[Risk Due Date]])","v":"00:00:00"},{"$f":"IF(RiskRegister[[#This Row],[Risk-Change-Date]]=0,DATE(2030,1,1),RiskRegister[[#This Row],[Risk-Change-Date]])","v":"2030-01-01"},{"$f":"RiskRegister[[#This Row],[Inherent Impact Level]]&\"-\"&RiskRegister[[#This Row],[Inherent Likelihood Level]]","v":"-- Select Impact ----- Select Likelihood --"},{"$f":"RiskRegister[[#This Row],[Residual Impact Level]]&\"-\"&RiskRegister[[#This Row],[Residual Likelihood Level]]","v":"-- Select Impact ----- Select Likelihood --"},"Error",{"$f":"IF(RiskRegister[[#This Row],[Risk Status]]=\"Closed\",RiskRegister[[#This Row],[Residual Impact Level]],RiskRegister[[#This Row],[Inherent Impact Level]])","v":"-- Select Impact --"},{"$f":"IF(RiskRegister[[#This Row],[Risk Status]]=\"Closed\",RiskRegister[[#This Row],[Residual Likelihood Level]],RiskRegister[[#This Row],[Inherent Likelihood Level]])","v":"-- Select Likelihood --"},{"$f":"IF(RiskRegister[[#This Row],[Risk Status]]=\"Closed\",RiskRegister[[#This Row],[Residual-I-L-Combo]],RiskRegister[[#This Row],[Inherent-I-L-Combo]])","v":"-- Select Impact ----- Select Likelihood --"},"-- Error --"]
[156,{"$nulls":5},"-- Select Risk Category --",null,"-- select department --",null,null,"-- Select Impact --",{"$f":"VLOOKUP(RiskRegister[[#This Row],[Inherent Impact Level]],'Rating factors'!$F$4:$G$9,2,FALSE)","v":"--- Error ---"},"-- Select Likelihood --",{"$f":"VLOOKUP(RiskRegister[[#This Row],[Inherent Likelihood Level]],'Rating factors'!$F$16:$G$21,2,FALSE)","v":"--- Error ---"},{"$f":"IFERROR(VLOOKUP(RiskRegister[[#This Row],[Inherent Risk Rating]],'Rating factors'!$F$30:$G$44,2,FALSE),\"-- Error --\")","v":"-- Error --"},{"$f":"IFERROR(RiskRegister[[#This Row],[Inherent Impact Rating]]*RiskRegister[[#This Row],[Inherent Likelihood Rating]],\"-- Error --\")","v":"-- Error --"},"-- Select Risk Response --",null,"-- Select Impact --",{"$f":"VLOOKUP(RiskRegister[[#This Row],[Residual Impact Level]],'Rating factors'!$F$4:$G$9,2,FALSE)","v":"--- Error ---"},"-- Select Likelihood --",{"$f":"VLOOKUP(RiskRegister[[#This Row],[Residual Likelihood Level]],'Rating factors'!$F$16:$G$21,2,FALSE)","v":"--- Error ---"},{"$f":"IFERROR(VLOOKUP(RiskRegister[[#This Row],[Residual Risk Rating]],'Rating factors'!$F$30:$G$44,2,FALSE),\"-- Error --\")","v":"-- Error --"},{"$f":"IFERROR(RiskRegister[[#This Row],[Residual Impact Rating]]*RiskRegister[[#This Row],[Residual Likelihood Rating]],\"-- Error --\")","v":"-- Error --"},"-- Select Risk Status --",{"$nulls":3},{"$f":"IF(ISBLANK(RiskRegister[[#This Row],[Risk Due Date]]), \"Missing Risk Due Date\", IF(RiskRegister[[#This Row],[Risk Due Date]] < TODAY(), \"Overdue\", \"Not Overdue\"))","v":"Missing Risk Due Date"},null,{"$f":"IF(ISBLANK(RiskRegister[[#This Row],[Risk Due Date]]), \"Missing Risk Due Date\", TEXT(RiskRegister[[#This Row],[Risk Due Date]], \"YYYY-MM\"))","v":"Missing Risk Due Date"},{"$f":"IF(RiskRegister[[#This Row],[Created Date]]=\"\",\"Created Date missing\",(TEXT(RiskRegister[[#This Row],[Created Date]],\"mmm\") & \"-\" & YEAR(RiskRegister[[#This Row],[Created Date]])))","v":"Created Date missing"},{"$f":"IF(RiskRegister[[#This Row],[Risk Status]]=\"Closed\",RiskRegister[[#This Row],[Risk Close Date]],RiskRegister[[#This Row],[Risk Due Date]])","v":"00:00:00"},{"$f":"IF(RiskRegister[[#This Row],[Risk-Change-Date]]=0,DATE(2030,1,1),RiskRegister[[#This Row],[Risk-Change-Date]])","v":"2030-01-01"},{"$f":"RiskRegister[[#This Row],[Inherent Impact Level]]&\"-\"&RiskRegister[[#This Row],[Inherent Likelihood Level]]","v":"-- Select Impact ----- Select Likelihood --"},{"$f":"RiskRegister[[#This Row],[Residual Impact Level]]&\"-\"&RiskRegister[[#This Row],[Residual Likelihood Level]]","v":"-- Select Impact ----- Select Likelihood --"},"Error",{"$f":"IF(RiskRegister[[#This Row],[Risk Status]]=\"Closed\",RiskRegister[[#This Row],[Residual Impact Level]],RiskRegister[[#This Row],[Inherent Impact Level]])","v":"-- Select Impact --"},{"$f":"IF(RiskRegister[[#This Row],[Risk Status]]=\"Closed\",RiskRegister[[#This Row],[Residual Likelihood Level]],RiskRegister[[#This Row],[Inherent Likelihood Level]])","v":"-- Select Likelihood --"},{"$f":"IF(RiskRegister[[#This Row],[Risk Status]]=\"Closed\",RiskRegister[[#This Row],[Residual-I-L-Combo]],RiskRegister[[#This Row],[Inherent-I-L-Combo]])","v":"-- Select Impact ----- Select Likelihood --"},"-- Error --"]
[157,{"$nulls":5},"-- Select Risk Category --",null,"-- select department --",null,null,"-- Select Impact --",{"$f":"VLOOKUP(RiskRegister[[#This Row],[Inherent Impact Level]],'Rating factors'!$F$4:$G$9,2,FALSE)","v":"--- Error ---"},"-- Select Likelihood --",{"$f":"VLOOKUP(RiskRegister[[#This Row],[Inherent Likelihood Level]],'Rating factors'!$F$16:$G$21,2,FALSE)","v":"--- Error ---"},{"$f":"IFERROR(VLOOKUP(RiskRegister[[#This Row],[Inherent Risk Rating]],'Rating factors'!$F$30:$G$44,2,FALSE),\"-- Error --\")","v":"-- Error --"},{"$f":"IFERROR(RiskRegister[[#This Row],[Inherent Impact Rating]]*RiskRegister[[#This Row],[Inherent Likelihood Rating]],\"-- Error --\")","v":"-- Error --"},"-- Select Risk Response --",null,"-- Select Impact --",{"$f":"VLOOKUP(RiskRegister[[#This Row],[Residual Impact Level]],'Rating factors'!$F$4:$G$9,2,FALSE)","v":"--- Error ---"},"-- Select Likelihood --",{"$f":"VLOOKUP(RiskRegister[[#This Row],[Residual Likelihood Level]],'Rating factors'!$F$16:$G$21,2,FALSE)","v":"--- Error ---"},{"$f":"IFERROR(VLOOKUP(RiskRegister[[#This Row],[Residual Risk Rating]],'Rating factors'!$F$30:$G$44,2,FALSE),\"-- Error --\")","v":"-- Error --"},{"$f":"IFERROR(RiskRegister[[#This Row],[Residual Impact Rating]]*RiskRegister[[#This Row],[Residual Likelihood Rating]],\"-- Error --\")","v":"-- Error --"},"-- Select Risk Status --",{"$nulls":3},{"$f":"IF(ISBLANK(RiskRegister[[#This Row],[Risk Due Date]]), \"Missing Risk Due Date\", IF(RiskRegister[[#This Row],[Risk Due Date]] < TODAY(), \"Overdue\", \"Not Overdue\"))","v":"Missing Risk Due Date"},null,{"$f":"IF(ISBLANK(RiskRegister[[#This Row],[Risk Due Date]]), \"Missing Risk Due Date\", TEXT(RiskRegister[[#This Row],[Risk Due Date]], \"YYYY-MM\"))","v":"Missing Risk Due Date"},{"$f":"IF(RiskRegister[[#This Row],[Created Date]]=\"\",\"Created Date missing\",(TEXT(RiskRegister[[#This Row],[Created Date]],\"mmm\") & \"-\" & YEAR(RiskRegister[[#This Row],[Created Date]])))","v":"Created Date missing"},{"$f":"IF(RiskRegister[[#This Row],[Risk Status]]=\"Closed\",RiskRegister[[#This Row],[Risk Close Date]],RiskRegister[[#This Row],[Risk Due Date]])","v":"00:00:00"},{"$f":"IF(RiskRegister[[#This Row],[Risk-Change-Date]]=0,DATE(2030,1,1),RiskRegister[[#This Row],[Risk-Change-Date]])","v":"2030-01-01"},{"$f":"RiskRegister[[#This Row],[Inherent Impact Level]]&\"-\"&RiskRegister[[#This Row],[Inherent Likelihood Level]]","v":"-- Select Impact ----- Select Likelihood --"},{"$f":"RiskRegister[[#This Row],[Residual Impact Level]]&\"-\"&RiskRegister[[#This Row],[Residual Likelihood Level]]","v":"-- Select Impact ----- Select Likelihood --"},"Error",{"$f":"IF(RiskRegister[[#This Row],[Risk Status]]=\"Closed\",RiskRegister[[#This Row],[Residual Impact Level]],RiskRegister[[#This Row],[Inherent Impact Level]])","v":"-- Select Impact --"},{"$f":"IF(RiskRegister[[#This Row],[Risk Status]]=\"Closed\",RiskRegister[[#This Row],[Residual Likelihood Level]],RiskRegister[[#This Row],[Inherent Likelihood Level]])","v":"-- Select Likelihood --"},{"$f":"IF(RiskRegister[[#This Row],[Risk Status]]=\"Closed\",RiskRegister[[#This Row],[Residual-I-L-Combo]],RiskRegister[[#This Row],[Inherent-I-L-Combo]])","v":"-- Select Impact ----- Select Likelihood --"},"-- Error --"]
[158,{"$nulls":5},"-- Select Risk Category --",null,"-- select department --",null,null,"-- Select Impact --",{"$f":"VLOOKUP(RiskRegister[[#This Row],[Inherent Impact Level]],'Rating factors'!$F$4:$G$9,2,FALSE)","v":"--- Error ---"},"-- Select Likelihood --",{"$f":"VLOOKUP(RiskRegister[[#This Row],[Inherent Likelihood Level]],'Rating factors'!$F$16:$G$21,2,FALSE)","v":"--- Error ---"},{"$f":"IFERROR(VLOOKUP(RiskRegister[[#This Row],[Inherent Risk Rating]],'Rating factors'!$F$30:$G$44,2,FALSE),\"-- Error --\")","v":"-- Error --"},{"$f":"IFERROR(RiskRegister[[#This Row],[Inherent Impact Rating]]*RiskRegister[[#This Row],[Inherent Likelihood Rating]],\"-- Error --\")","v":"-- Error --"},"-- Select Risk Response --",null,"-- Select Impact --",{"$f":"VLOOKUP(RiskRegister[[#This Row],[Residual Impact Level]],'Rating factors'!$F$4:$G$9,2,FALSE)","v":"--- Error ---"},"-- Select Likelihood --",{"$f":"VLOOKUP(RiskRegister[[#This Row],[Residual Likelihood Level]],'Rating factors'!$F$16:$G$21,2,FALSE)","v":"--- Error ---"},{"$f":"IFERROR(VLOOKUP(RiskRegister[[#This Row],[Residual Risk Rating]],'Rating factors'!$F$30:$G$44,2,FALSE),\"-- Error --\")","v":"-- Error --"},{"$f":"IFERROR(RiskRegister[[#This Row],[Residual Impact Rating]]*RiskRegister[[#This Row],[Residual Likelihood Rating]],\"-- Error --\")","v":"-- Error --"},"-- Select Risk Status --",{"$nulls":3},{"$f":"IF(ISBLANK(RiskRegister[[#This Row],[Risk Due Date]]), \"Missing Risk Due Date\", IF(RiskRegister[[#This Row],[Risk Due Date]] < TODAY(), \"Overdue\", \"Not Overdue\"))","v":"Missing Risk Due Date"},null,{"$f":"IF(ISBLANK(RiskRegister[[#This Row],[Risk Due Date]]), \"Missing Risk Due Date\", TEXT(RiskRegister[[#This Row],[Risk Due Date]], \"YYYY-MM\"))","v":"Missing Risk Due Date"},{"$f":"IF(RiskRegister[[#This Row],[Created Date]]=\"\",\"Created Date missing\",(TEXT(RiskRegister[[#This Row],[Created Date]],\"mmm\") & \"-\" & YEAR(RiskRegister[[#This Row],[Created Date]])))","v":"Created Date missing"},{"$f":"IF(RiskRegister[[#This Row],[Risk Status]]=\"Closed\",RiskRegister[[#This Row],[Risk Close Date]],RiskRegister[[#This Row],[Risk Due Date]])","v":"00:00:00"},{"$f":"IF(RiskRegister[[#This Row],[Risk-Change-Date]]=0,DATE(2030,1,1),RiskRegister[[#This Row],[Risk-Change-Date]])","v":"2030-01-01"},{"$f":"RiskRegister[[#This Row],[Inherent Impact Level]]&\"-\"&RiskRegister[[#This Row],[Inherent Likelihood Level]]","v":"-- Select Impact ----- Select Likelihood --"},{"$f":"RiskRegister[[#This Row],[Residual Impact Level]]&\"-\"&RiskRegister[[#This Row],[Residual Likelihood Level]]","v":"-- Select Impact ----- Select Likelihood --"},"Error",{"$f":"IF(RiskRegister[[#This Row],[Risk Status]]=\"Closed\",RiskRegister[[#This Row],[Residual Impact Level]],RiskRegister[[#This Row],[Inherent Impact Level]])","v":"-- Select Impact --"},{"$f":"IF(RiskRegister[[#This Row],[Risk Status]]=\"Closed\",RiskRegister[[#This Row],[Residual Likelihood Level]],RiskRegister[[#This Row],[Inherent Likelihood Level]])","v":"-- Select Likelihood --"},{"$f":"IF(RiskRegister[[#This Row],[Risk Status]]=\"Closed\",RiskRegister[[#This Row],[Residual-I-L-Combo]],RiskRegister[[#This Row],[Inherent-I-L-Combo]])","v":"-- Select Impact ----- Select Likelihood --"},"-- Error --"]
[159,{"$nulls":5},"-- Select Risk Category --",null,"-- select department --",null,null,"-- Select Impact --",{"$f":"VLOOKUP(RiskRegister[[#This Row],[Inherent Impact Level]],'Rating factors'!$F$4:$G$9,2,FALSE)","v":"--- Error ---"},"-- Select Likelihood --",{"$f":"VLOOKUP(RiskRegister[[#This Row],[Inherent Likelihood Level]],'Rating factors'!$F$16:$G$21,2,FALSE)","v":"--- Error ---"},{"$f":"IFERROR(VLOOKUP(RiskRegister[[#This Row],[Inherent Risk Rating]],'Rating factors'!$F$30:$G$44,2,FALSE),\"-- Error --\")","v":"-- Error --"},{"$f":"IFERROR(RiskRegister[[#This Row],[Inherent Impact Rating]]*RiskRegister[[#This Row],[Inherent Likelihood Rating]],\"-- Error --\")","v":"-- Error --"},"-- Select Risk Response --",null,"-- Select Impact --",{"$f":"VLOOKUP(RiskRegister[[#This Row],[Residual Impact Level]],'Rating factors'!$F$4:$G$9,2,FALSE)","v":"--- Error ---"},"-- Select Likelihood --",{"$f":"VLOOKUP(RiskRegister[[#This Row],[Residual Likelihood Level]],'Rating factors'!$F$16:$G$21,2,FALSE)","v":"--- Error ---"},{"$f":"IFERROR(VLOOKUP(RiskRegister[[#This Row],[Residual Risk Rating]],'Rating factors'!$F$30:$G$44,2,FALSE),\"-- Error --\")","v":"-- Error --"},{"$f":"IFERROR(RiskRegister[[#This Row],[Residual Impact Rating]]*RiskRegister[[#This Row],[Residual Likelihood Rating]],\"-- Error --\")","v":"-- Error --"},"-- Select Risk Status --",{"$nulls":3},{"$f":"IF(ISBLANK(RiskRegister[[#This Row],[Risk Due Date]]), \"Missing Risk Due Date\", IF(RiskRegister[[#This Row],[Risk Due Date]] < TODAY(), \"Overdue\", \"Not Overdue\"))","v":"Missing Risk Due Date"},null,{"$f":"IF(ISBLANK(RiskRegister[[#This Row],[Risk Due Date]]), \"Missing Risk Due Date\", TEXT(RiskRegister[[#This Row],[Risk Due Date]], \"YYYY-MM\"))","v":"Missing Risk Due Date"},{"$f":"IF(RiskRegister[[#This Row],[Created Date]]=\"\",\"Created Date missing\",(TEXT(RiskRegister[[#This Row],[Created Date]],\"mmm\") & \"-\" & YEAR(RiskRegister[[#This Row],[Created Date]])))","v":"Created Date missing"},{"$f":"IF(RiskRegister[[#This Row],[Risk Status]]=\"Closed\",RiskRegister[[#This Row],[Risk Close Date]],RiskRegister[[#This Row],[Risk Due Date]])","v":"00:00:00"},{"$f":"IF(RiskRegister[[#This Row],[Risk-Change-Date]]=0,DATE(2030,1,1),RiskRegister[[#This Row],[Risk-Change-Date]])","v":"2030-01-01"},{"$f":"RiskRegister[[#This Row],[Inherent Impact Level]]&\"-\"&RiskRegister[[#This Row],[Inherent Likelihood Level]]","v":"-- Select Impact ----- Select Likelihood --"},{"$f":"RiskRegister[[#This Row],[Residual Impact Level]]&\"-\"&RiskRegister[[#This Row],[Residual Likelihood Level]]","v":"-- Select Impact ----- Select Likelihood --"},"Error",{"$f":"IF(RiskRegister[[#This Row],[Risk Status]]=\"Closed\",RiskRegister[[#This Row],[Residual Impact Level]],RiskRegister[[#This Row],[Inherent Impact Level]])","v":"-- Select Impact --"},{"$f":"IF(RiskRegister[[#This Row],[Risk Status]]=\"Closed\",RiskRegister[[#This Row],[Residual Likelihood Level]],RiskRegister[[#This Row],[Inherent Likelihood Level]])","v":"-- Select Likelihood --"},{"$f":"IF(RiskRegister[[#This Row],[Risk Status]]=\"Closed\",RiskRegister[[#This Row],[Residual-I-L-Combo]],RiskRegister[[#This Row],[Inherent-I-L-Combo]])","v":"-- Select Impact ----- Select Likelihood --"},"-- Error --"]
[160,{"$nulls":5},"-- Select Risk Category --",null,"-- select department --",null,null,"-- Select Impact --",{"$f":"VLOOKUP(RiskRegister[[#This Row],[Inherent Impact Level]],'Rating factors'!$F$4:$G$9,2,FALSE)","v":"--- Error ---"},"-- Select Likelihood --",{"$f":"VLOOKUP(RiskRegister[[#This Row],[Inherent Likelihood Level]],'Rating factors'!$F$16:$G$21,2,FALSE)","v":"--- Error ---"},{"$f":"IFERROR(VLOOKUP(RiskRegister[[#This Row],[Inherent Risk Rating]],'Rating factors'!$F$30:$G$44,2,FALSE),\"-- Error --\")","v":"-- Error --"},{"$f":"IFERROR(RiskRegister[[#This Row],[Inherent Impact Rating]]*RiskRegister[[#This Row],[Inherent Likelihood Rating]],\"-- Error --\")","v":"-- Error --"},"-- Select Risk Response --",null,"-- Select Impact --",{"$f":"VLOOKUP(RiskRegister[[#This Row],[Residual Impact Level]],'Rating factors'!$F$4:$G$9,2,FALSE)","v":"--- Error ---"},"-- Select Likelihood --",{"$f":"VLOOKUP(RiskRegister[[#This Row],[Residual Likelihood Level]],'Rating factors'!$F$16:$G$21,2,FALSE)","v":"--- Error ---"},{"$f":"IFERROR(VLOOKUP(RiskRegister[[#This Row],[Residual Risk Rating]],'Rating factors'!$F$30:$G$44,2,FALSE),\"-- Error --\")","v":"-- Error --"},{"$f":"IFERROR(RiskRegister[[#This Row],[Residual Impact Rating]]*RiskRegister[[#This Row],[Residual Likelihood Rating]],\"-- Error --\")","v":"-- Error --"},"-- Select Risk Status --",{"$nulls":3},{"$f":"IF(ISBLANK(RiskRegister[[#This Row],[Risk Due Date]]), \"Missing Risk Due Date\", IF(RiskRegister[[#This Row],[Risk Due Date]] < TODAY(), \"Overdue\", \"Not Overdue\"))","v":"Missing Risk Due Date"},null,{"$f":"IF(ISBLANK(RiskRegister[[#This Row],[Risk Due Date]]), \"Missing Risk Due Date\", TEXT(RiskRegister[[#This Row],[Risk Due Date]], \"YYYY-MM\"))","v":"Missing Risk Due Date"},{"$f":"IF(RiskRegister[[#This Row],[Created Date]]=\"\",\"Created Date missing\",(TEXT(RiskRegister[[#This Row],[Created Date]],\"mmm\") & \"-\" & YEAR(RiskRegister[[#This Row],[Created Date]])))","v":"Created Date missing"},{"$f":"IF(RiskRegister[[#This Row],[Risk Status]]=\"Closed\",RiskRegister[[#This Row],[Risk Close Date]],RiskRegister[[#This Row],[Risk Due Date]])","v":"00:00:00"},{"$f":"IF(RiskRegister[[#This Row],[Risk-Change-Date]]=0,DATE(2030,1,1),RiskRegister[[#This Row],[Risk-Change-Date]])","v":"2030-01-01"},{"$f":"RiskRegister[[#This Row],[Inherent Impact Level]]&\"-\"&RiskRegister[[#This Row],[Inherent Likelihood Level]]","v":"-- Select Impact ----- Select Likelihood --"},{"$f":"RiskRegister[[#This Row],[Residual Impact Level]]&\"-\"&RiskRegister[[#This Row],[Residual Likelihood Level]]","v":"-- Select Impact ----- Select Likelihood --"},"Error",{"$f":"IF(RiskRegister[[#This Row],[Risk Status]]=\"Closed\",RiskRegister[[#This Row],[Residual Impact Level]],RiskRegister[[#This Row],[Inherent Impact Level]])","v":"-- Select Impact --"},{"$f":"IF(RiskRegister[[#This Row],[Risk Status]]=\"Closed\",RiskRegister[[#This Row],[Residual Likelihood Level]],RiskRegister[[#This Row],[Inherent Likelihood Level]])","v":"-- Select Likelihood --"},{"$f":"IF(RiskRegister[[#This Row],[Risk Status]]=\"Closed\",RiskRegister[[#This Row],[Residual-I-L-Combo]],RiskRegister[[#This Row],[Inherent-I-L-Combo]])","v":"-- Select Impact ----- Select Likelihood --"},"-- Error --"]
[161,{"$nulls":5},"-- Select Risk Category --",null,"-- select department --",null,null,"-- Select Impact --",{"$f":"VLOOKUP(RiskRegister[[#This Row],[Inherent Impact Level]],'Rating factors'!$F$4:$G$9,2,FALSE)","v":"--- Error ---"},"-- Select Likelihood --",{"$f":"VLOOKUP(RiskRegister[[#This Row],[Inherent Likelihood Level]],'Rating factors'!$F$16:$G$21,2,FALSE)","v":"--- Error ---"},{"$f":"IFERROR(VLOOKUP(RiskRegister[[#This Row],[Inherent Risk Rating]],'Rating factors'!$F$30:$G$44,2,FALSE),\"-- Error --\")","v":"-- Error --"},{"$f":"IFERROR(RiskRegister[[#This Row],[Inherent Impact Rating]]*RiskRegister[[#This Row],[Inherent Likelihood Rating]],\"-- Error --\")","v":"-- Error --"},"-- Select Risk Response --",null,"-- Select Impact --",{"$f":"VLOOKUP(RiskRegister[[#This Row],[Residual Impact Level]],'Rating factors'!$F$4:$G$9,2,FALSE)","v":"--- Error ---"},"-- Select Likelihood --",{"$f":"VLOOKUP(RiskRegister[[#This Row],[Residual Likelihood Level]],'Rating factors'!$F$16:$G$21,2,FALSE)","v":"--- Error ---"},{"$f":"IFERROR(VLOOKUP(RiskRegister[[#This Row],[Residual Risk Rating]],'Rating factors'!$F$30:$G$44,2,FALSE),\"-- Error --\")","v":"-- Error --"},{"$f":"IFERROR(RiskRegister[[#This Row],[Residual Impact Rating]]*RiskRegister[[#This Row],[Residual Likelihood Rating]],\"-- Error --\")","v":"-- Error --"},"-- Select Risk Status --",{"$nulls":3},{"$f":"IF(ISBLANK(RiskRegister[[#This Row],[Risk Due Date]]), \"Missing Risk Due Date\", IF(RiskRegister[[#This Row],[Risk Due Date]] < TODAY(), \"Overdue\", \"Not Overdue\"))","v":"Missing Risk Due Date"},null,{"$f":"IF(ISBLANK(RiskRegister[[#This Row],[Risk Due Date]]), \"Missing Risk Due Date\", TEXT(RiskRegister[[#This Row],[Risk Due Date]], \"YYYY-MM\"))","v":"Missing Risk Due Date"},{"$f":"IF(RiskRegister[[#This Row],[Created Date]]=\"\",\"Created Date missing\",(TEXT(RiskRegister[[#This Row],[Created Date]],\"mmm\") & \"-\" & YEAR(RiskRegister[[#This Row],[Created Date]])))","v":"Created Date missing"},{"$f":"IF(RiskRegister[[#This Row],[Risk Status]]=\"Closed\",RiskRegister[[#This Row],[Risk Close Date]],RiskRegister[[#This Row],[Risk Due Date]])","v":"00:00:00"},{"$f":"IF(RiskRegister[[#This Row],[Risk-Change-Date]]=0,DATE(2030,1,1),RiskRegister[[#This Row],[Risk-Change-Date]])","v":"2030-01-01"},{"$f":"RiskRegister[[#This Row],[Inherent Impact Level]]&\"-\"&RiskRegister[[#This Row],[Inherent Likelihood Level]]","v":"-- Select Impact ----- Select Likelihood --"},{"$f":"RiskRegister[[#This Row],[Residual Impact Level]]&\"-\"&RiskRegister[[#This Row],[Residual Likelihood Level]]","v":"-- Select Impact ----- Select Likelihood --"},"Error",{"$f":"IF(RiskRegister[[#This Row],[Risk Status]]=\"Closed\",RiskRegister[[#This Row],[Residual Impact Level]],RiskRegister[[#This Row],[Inherent Impact Level]])","v":"-- Select Impact --"},{"$f":"IF(RiskRegister[[#This Row],[Risk Status]]=\"Closed\",RiskRegister[[#This Row],[Residual Likelihood Level]],RiskRegister[[#This Row],[Inherent Likelihood Level]])","v":"-- Select Likelihood --"},{"$f":"IF(RiskRegister[[#This Row],[Risk Status]]=\"Closed\",RiskRegister[[#This Row],[Residual-I-L-Combo]],RiskRegister[[#This Row],[Inherent-I-L-Combo]])","v":"-- Select Impact ----- Select Likelihood --"},"-- Error --"]
[162,{"$nulls":5},"-- Select Risk Category --",null,"-- select department --",null,null,"-- Select Impact --",{"$f":"VLOOKUP(RiskRegister[[#This Row],[Inherent Impact Level]],'Rating factors'!$F$4:$G$9,2,FALSE)","v":"--- Error ---"},"-- Select Likelihood --",{"$f":"VLOOKUP(RiskRegister[[#This Row],[Inherent Likelihood Level]],'Rating factors'!$F$16:$G$21,2,FALSE)","v":"--- Error ---"},{"$f":"IFERROR(VLOOKUP(RiskRegister[[#This Row],[Inherent Risk Rating]],'Rating factors'!$F$30:$G$44,2,FALSE),\"-- Error --\")","v":"-- Error --"},{"$f":"IFERROR(RiskRegister[[#This Row],[Inherent Impact Rating]]*RiskRegister[[#This Row],[Inherent Likelihood Rating]],\"-- Error --\")","v":"-- Error --"},"-- Select Risk Response --",null,"-- Select Impact --",{"$f":"VLOOKUP(RiskRegister[[#This Row],[Residual Impact Level]],'Rating factors'!$F$4:$G$9,2,FALSE)","v":"--- Error ---"},"-- Select Likelihood --",{"$f":"VLOOKUP(RiskRegister[[#This Row],[Residual Likelihood Level]],'Rating factors'!$F$16:$G$21,2,FALSE)","v":"--- Error ---"},{"$f":"IFERROR(VLOOKUP(RiskRegister[[#This Row],[Residual Risk Rating]],'Rating factors'!$F$30:$G$44,2,FALSE),\"-- Error --\")","v":"-- Error --"},{"$f":"IFERROR(RiskRegister[[#This Row],[Residual Impact Rating]]*RiskRegister[[#This Row],[Residual Likelihood Rating]],\"-- Error --\")","v":"-- Error --"},"-- Select Risk Status --",{"$nulls":3},{"$f":"IF(ISBLANK(RiskRegister[[#This Row],[Risk Due Date]]), \"Missing Risk Due Date\", IF(RiskRegister[[#This Row],[Risk Due Date]] < TODAY(), \"Overdue\", \"Not Overdue\"))","v":"Missing Risk Due Date"},null,{"$f":"IF(ISBLANK(RiskRegister[[#This Row],[Risk Due Date]]), \"Missing Risk Due Date\", TEXT(RiskRegister[[#This Row],[Risk Due Date]], \"YYYY-MM\"))","v":"Missing Risk Due Date"},{"$f":"IF(RiskRegister[[#This Row],[Created Date]]=\"\",\"Created Date missing\",(TEXT(RiskRegister[[#This Row],[Created Date]],\"mmm\") & \"-\" & YEAR(RiskRegister[[#This Row],[Created Date]])))","v":"Created Date missing"},{"$f":"IF(RiskRegister[[#This Row],[Risk Status]]=\"Closed\",RiskRegister[[#This Row],[Risk Close Date]],RiskRegister[[#This Row],[Risk Due Date]])","v":"00:00:00"},{"$f":"IF(RiskRegister[[#This Row],[Risk-Change-Date]]=0,DATE(2030,1,1),RiskRegister[[#This Row],[Risk-Change-Date]])","v":"2030-01-01"},{"$f":"RiskRegister[[#This Row],[Inherent Impact Level]]&\"-\"&RiskRegister[[#This Row],[Inherent Likelihood Level]]","v":"-- Select Impact ----- Select Likelihood --"},{"$f":"RiskRegister[[#This Row],[Residual Impact Level]]&\"-\"&RiskRegister[[#This Row],[Residual Likelihood Level]]","v":"-- Select Impact ----- Select Likelihood --"},"Error",{"$f":"IF(RiskRegister[[#This Row],[Risk Status]]=\"Closed\",RiskRegister[[#This Row],[Residual Impact Level]],RiskRegister[[#This Row],[Inherent Impact Level]])","v":"-- Select Impact --"},{"$f":"IF(RiskRegister[[#This Row],[Risk Status]]=\"Closed\",RiskRegister[[#This Row],[Residual Likelihood Level]],RiskRegister[[#This Row],[Inherent Likelihood Level]])","v":"-- Select Likelihood --"},{"$f":"IF(RiskRegister[[#This Row],[Risk Status]]=\"Closed\",RiskRegister[[#This Row],[Residual-I-L-Combo]],RiskRegister[[#This Row],[Inherent-I-L-Combo]])","v":"-- Select Impact ----- Select Likelihood --"},"-- Error --"]
[163,{"$nulls":5},"-- Select Risk Category --",null,"-- select department --",null,null,"-- Select Impact --",{"$f":"VLOOKUP(RiskRegister[[#This Row],[Inherent Impact Level]],'Rating factors'!$F$4:$G$9,2,FALSE)","v":"--- Error ---"},"-- Select Likelihood --",{"$f":"VLOOKUP(RiskRegister[[#This Row],[Inherent Likelihood Level]],'Rating factors'!$F$16:$G$21,2,FALSE)","v":"--- Error ---"},{"$f":"IFERROR(VLOOKUP(RiskRegister[[#This Row],[Inherent Risk Rating]],'Rating factors'!$F$30:$G$44,2,FALSE),\"-- Error --\")","v":"-- Error --"},{"$f":"IFERROR(RiskRegister[[#This Row],[Inherent Impact Rating]]*RiskRegister[[#This Row],[Inherent Likelihood Rating]],\"-- Error --\")","v":"-- Error --"},"-- Select Risk Response --",null,"-- Select Impact --",{"$f":"VLOOKUP(RiskRegister[[#This Row],[Residual Impact Level]],'Rating factors'!$F$4:$G$9,2,FALSE)","v":"--- Error ---"},"-- Select Likelihood --",{"$f":"VLOOKUP(RiskRegister[[#This Row],[Residual Likelihood Level]],'Rating factors'!$F$16:$G$21,2,FALSE)","v":"--- Error ---"},{"$f":"IFERROR(VLOOKUP(RiskRegister[[#This Row],[Residual Risk Rating]],'Rating factors'!$F$30:$G$44,2,FALSE),\"-- Error --\")","v":"-- Error --"},{"$f":"IFERROR(RiskRegister[[#This Row],[Residual Impact Rating]]*RiskRegister[[#This Row],[Residual Likelihood Rating]],\"-- Error --\")","v":"-- Error --"},"-- Select Risk Status --",{"$nulls":3},{"$f":"IF(ISBLANK(RiskRegister[[#This Row],[Risk Due Date]]), \"Missing Risk Due Date\", IF(RiskRegister[[#This Row],[Risk Due Date]] < TODAY(), \"Overdue\", \"Not Overdue\"))","v":"Missing Risk Due Date"},null,{"$f":"IF(ISBLANK(RiskRegister[[#This Row],[Risk Due Date]]), \"Missing Risk Due Date\", TEXT(RiskRegister[[#This Row],[Risk Due Date]], \"YYYY-MM\"))","v":"Missing Risk Due Date"},{"$f":"IF(RiskRegister[[#This Row],[Created Date]]=\"\",\"Created Date missing\",(TEXT(RiskRegister[[#This Row],[Created Date]],\"mmm\") & \"-\" & YEAR(RiskRegister[[#This Row],[Created Date]])))","v":"Created Date missing"},{"$f":"IF(RiskRegister[[#This Row],[Risk Status]]=\"Closed\",RiskRegister[[#This Row],[Risk Close Date]],RiskRegister[[#This Row],[Risk Due Date]])","v":"00:00:00"},{"$f":"IF(RiskRegister[[#This Row],[Risk-Change-Date]]=0,DATE(2030,1,1),RiskRegister[[#This Row],[Risk-Change-Date]])","v":"2030-01-01"},{"$f":"RiskRegister[[#This Row],[Inherent Impact Level]]&\"-\"&RiskRegister[[#This Row],[Inherent Likelihood Level]]","v":"-- Select Impact ----- Select Likelihood --"},{"$f":"RiskRegister[[#This Row],[Residual Impact Level]]&\"-\"&RiskRegister[[#This Row],[Residual Likelihood Level]]","v":"-- Select Impact ----- Select Likelihood --"},"Error",{"$f":"IF(RiskRegister[[#This Row],[Risk Status]]=\"Closed\",RiskRegister[[#This Row],[Residual Impact Level]],RiskRegister[[#This Row],[Inherent Impact Level]])","v":"-- Select Impact --"},{"$f":"IF(RiskRegister[[#This Row],[Risk Status]]=\"Closed\",RiskRegister[[#This Row],[Residual Likelihood Level]],RiskRegister[[#This Row],[Inherent Likelihood Level]])","v":"-- Select Likelihood --"},{"$f":"IF(RiskRegister[[#This Row],[Risk Status]]=\"Closed\",RiskRegister[[#This Row],[Residual-I-L-Combo]],RiskRegister[[#This Row],[Inherent-I-L-Combo]])","v":"-- Select Impact ----- Select Likelihood --"},"-- Error --"]
[164,{"$nulls":5},"-- Select Risk Category --",null,"-- select department --",null,null,"-- Select Impact --",{"$f":"VLOOKUP(RiskRegister[[#This Row],[Inherent Impact Level]],'Rating factors'!$F$4:$G$9,2,FALSE)","v":"--- Error ---"},"-- Select Likelihood --",{"$f":"VLOOKUP(RiskRegister[[#This Row],[Inherent Likelihood Level]],'Rating factors'!$F$16:$G$21,2,FALSE)","v":"--- Error ---"},{"$f":"IFERROR(VLOOKUP(RiskRegister[[#This Row],[Inherent Risk Rating]],'Rating factors'!$F$30:$G$44,2,FALSE),\"-- Error --\")","v":"-- Error --"},{"$f":"IFERROR(RiskRegister[[#This Row],[Inherent Impact Rating]]*RiskRegister[[#This Row],[Inherent Likelihood Rating]],\"-- Error --\")","v":"-- Error --"},"-- Select Risk Response --",null,"-- Select Impact --",{"$f":"VLOOKUP(RiskRegister[[#This Row],[Residual Impact Level]],'Rating factors'!$F$4:$G$9,2,FALSE)","v":"--- Error ---"},"-- Select Likelihood --",{"$f":"VLOOKUP(RiskRegister[[#This Row],[Residual Likelihood Level]],'Rating factors'!$F$16:$G$21,2,FALSE)","v":"--- Error ---"},{"$f":"IFERROR(VLOOKUP(RiskRegister[[#This Row],[Residual Risk Rating]],'Rating factors'!$F$30:$G$44,2,FALSE),\"-- Error --\")","v":"-- Error --"},{"$f":"IFERROR(RiskRegister[[#This Row],[Residual Impact Rating]]*RiskRegister[[#This Row],[Residual Likelihood Rating]],\"-- Error --\")","v":"-- Error --"},"-- Select Risk Status --",{"$nulls":3},{"$f":"IF(ISBLANK(RiskRegister[[#This Row],[Risk Due Date]]), \"Missing Risk Due Date\", IF(RiskRegister[[#This Row],[Risk Due Date]] < TODAY(), \"Overdue\", \"Not Overdue\"))","v":"Missing Risk Due Date"},null,{"$f":"IF(ISBLANK(RiskRegister[[#This Row],[Risk Due Date]]), \"Missing Risk Due Date\", TEXT(RiskRegister[[#This Row],[Risk Due Date]], \"YYYY-MM\"))","v":"Missing Risk Due Date"},{"$f":"IF(RiskRegister[[#This Row],[Created Date]]=\"\",\"Created Date missing\",(TEXT(RiskRegister[[#This Row],[Created Date]],\"mmm\") & \"-\" & YEAR(RiskRegister[[#This Row],[Created Date]])))","v":"Created Date missing"},{"$f":"IF(RiskRegister[[#This Row],[Risk Status]]=\"Closed\",RiskRegister[[#This Row],[Risk Close Date]],RiskRegister[[#This Row],[Risk Due Date]])","v":"00:00:00"},{"$f":"IF(RiskRegister[[#This Row],[Risk-Change-Date]]=0,DATE(2030,1,1),RiskRegister[[#This Row],[Risk-Change-Date]])","v":"2030-01-01"},{"$f":"RiskRegister[[#This Row],[Inherent Impact Level]]&\"-\"&RiskRegister[[#This Row],[Inherent Likelihood Level]]","v":"-- Select Impact ----- Select Likelihood --"},{"$f":"RiskRegister[[#This Row],[Residual Impact Level]]&\"-\"&RiskRegister[[#This Row],[Residual Likelihood Level]]","v":"-- Select Impact ----- Select Likelihood --"},"Error",{"$f":"IF(RiskRegister[[#This Row],[Risk Status]]=\"Closed\",RiskRegister[[#This Row],[Residual Impact Level]],RiskRegister[[#This Row],[Inherent Impact Level]])","v":"-- Select Impact --"},{"$f":"IF(RiskRegister[[#This Row],[Risk Status]]=\"Closed\",RiskRegister[[#This Row],[Residual Likelihood Level]],RiskRegister[[#This Row],[Inherent Likelihood Level]])","v":"-- Select Likelihood --"},{"$f":"IF(RiskRegister[[#This Row],[Risk Status]]=\"Closed\",RiskRegister[[#This Row],[Residual-I-L-Combo]],RiskRegister[[#This Row],[Inherent-I-L-Combo]])","v":"-- Select Impact ----- Select Likelihood --"},"-- Error --"]
[165,{"$nulls":5},"-- Select Risk Category --",null,"-- select department --",null,null,"-- Select Impact --",{"$f":"VLOOKUP(RiskRegister[[#This Row],[Inherent Impact Level]],'Rating factors'!$F$4:$G$9,2,FALSE)","v":"--- Error ---"},"-- Select Likelihood --",{"$f":"VLOOKUP(RiskRegister[[#This Row],[Inherent Likelihood Level]],'Rating factors'!$F$16:$G$21,2,FALSE)","v":"--- Error ---"},{"$f":"IFERROR(VLOOKUP(RiskRegister[[#This Row],[Inherent Risk Rating]],'Rating factors'!$F$30:$G$44,2,FALSE),\"-- Error --\")","v":"-- Error --"},{"$f":"IFERROR(RiskRegister[[#This Row],[Inherent Impact Rating]]*RiskRegister[[#This Row],[Inherent Likelihood Rating]],\"-- Error --\")","v":"-- Error --"},"-- Select Risk Response --",null,"-- Select Impact --",{"$f":"VLOOKUP(RiskRegister[[#This Row],[Residual Impact Level]],'Rating factors'!$F$4:$G$9,2,FALSE)","v":"--- Error ---"},"-- Select Likelihood --",{"$f":"VLOOKUP(RiskRegister[[#This Row],[Residual Likelihood Level]],'Rating factors'!$F$16:$G$21,2,FALSE)","v":"--- Error ---"},{"$f":"IFERROR(VLOOKUP(RiskRegister[[#This Row],[Residual Risk Rating]],'Rating factors'!$F$30:$G$44,2,FALSE),\"-- Error --\")","v":"-- Error --"},{"$f":"IFERROR(RiskRegister[[#This Row],[Residual Impact Rating]]*RiskRegister[[#This Row],[Residual Likelihood Rating]],\"-- Error --\")","v":"-- Error --"},"-- Select Risk Status --",{"$nulls":3},{"$f":"IF(ISBLANK(RiskRegister[[#This Row],[Risk Due Date]]), \"Missing Risk Due Date\", IF(RiskRegister[[#This Row],[Risk Due Date]] < TODAY(), \"Overdue\", \"Not Overdue\"))","v":"Missing Risk Due Date"},null,{"$f":"IF(ISBLANK(RiskRegister[[#This Row],[Risk Due Date]]), \"Missing Risk Due Date\", TEXT(RiskRegister[[#This Row],[Risk Due Date]], \"YYYY-MM\"))","v":"Missing Risk Due Date"},{"$f":"IF(RiskRegister[[#This Row],[Created Date]]=\"\",\"Created Date missing\",(TEXT(RiskRegister[[#This Row],[Created Date]],\"mmm\") & \"-\" & YEAR(RiskRegister[[#This Row],[Created Date]])))","v":"Created Date missing"},{"$f":"IF(RiskRegister[[#This Row],[Risk Status]]=\"Closed\",RiskRegister[[#This Row],[Risk Close Date]],RiskRegister[[#This Row],[Risk Due Date]])","v":"00:00:00"},{"$f":"IF(RiskRegister[[#This Row],[Risk-Change-Date]]=0,DATE(2030,1,1),RiskRegister[[#This Row],[Risk-Change-Date]])","v":"2030-01-01"},{"$f":"RiskRegister[[#This Row],[Inherent Impact Level]]&\"-\"&RiskRegister[[#This Row],[Inherent Likelihood Level]]","v":"-- Select Impact ----- Select Likelihood --"},{"$f":"RiskRegister[[#This Row],[Residual Impact Level]]&\"-\"&RiskRegister[[#This Row],[Residual Likelihood Level]]","v":"-- Select Impact ----- Select Likelihood --"},"Error",{"$f":"IF(RiskRegister[[#This Row],[Risk Status]]=\"Closed\",RiskRegister[[#This Row],[Residual Impact Level]],RiskRegister[[#This Row],[Inherent Impact Level]])","v":"-- Select Impact --"},{"$f":"IF(RiskRegister[[#This Row],[Risk Status]]=\"Closed\",RiskRegister[[#This Row],[Residual Likelihood Level]],RiskRegister[[#This Row],[Inherent Likelihood Level]])","v":"-- Select Likelihood --"},{"$f":"IF(RiskRegister[[#This Row],[Risk Status]]=\"Closed\",RiskRegister[[#This Row],[Residual-I-L-Combo]],RiskRegister[[#This Row],[Inherent-I-L-Combo]])","v":"-- Select Impact ----- Select Likelihood --"},"-- Error --"]
[166,{"$nulls":5},"-- Select Risk Category --",null,"-- select department --",null,null,"-- Select Impact --",{"$f":"VLOOKUP(RiskRegister[[#This Row],[Inherent Impact Level]],'Rating factors'!$F$4:$G$9,2,FALSE)","v":"--- Error ---"},"-- Select Likelihood --",{"$f":"VLOOKUP(RiskRegister[[#This Row],[Inherent Likelihood Level]],'Rating factors'!$F$16:$G$21,2,FALSE)","v":"--- Error ---"},{"$f":"IFERROR(VLOOKUP(RiskRegister[[#This Row],[Inherent Risk Rating]],'Rating factors'!$F$30:$G$44,2,FALSE),\"-- Error --\")","v":"-- Error --"},{"$f":"IFERROR(RiskRegister[[#This Row],[Inherent Impact Rating]]*RiskRegister[[#This Row],[Inherent Likelihood Rating]],\"-- Error --\")","v":"-- Error --"},"-- Select Risk Response --",null,"-- Select Impact --",{"$f":"VLOOKUP(RiskRegister[[#This Row],[Residual Impact Level]],'Rating factors'!$F$4:$G$9,2,FALSE)","v":"--- Error ---"},"-- Select Likelihood --",{"$f":"VLOOKUP(RiskRegister[[#This Row],[Residual Likelihood Level]],'Rating factors'!$F$16:$G$21,2,FALSE)","v":"--- Error ---"},{"$f":"IFERROR(VLOOKUP(RiskRegister[[#This Row],[Residual Risk Rating]],'Rating factors'!$F$30:$G$44,2,FALSE),\"-- Error --\")","v":"-- Error --"},{"$f":"IFERROR(RiskRegister[[#This Row],[Residual Impact Rating]]*RiskRegister[[#This Row],[Residual Likelihood Rating]],\"-- Error --\")","v":"-- Error --"},"-- Select Risk Status --",{"$nulls":3},{"$f":"IF(ISBLANK(RiskRegister[[#This Row],[Risk Due Date]]), \"Missing Risk Due Date\", IF(RiskRegister[[#This Row],[Risk Due Date]] < TODAY(), \"Overdue\", \"Not Overdue\"))","v":"Missing Risk Due Date"},null,{"$f":"IF(ISBLANK(RiskRegister[[#This Row],[Risk Due Date]]), \"Missing Risk Due Date\", TEXT(RiskRegister[[#This Row],[Risk Due Date]], \"YYYY-MM\"))","v":"Missing Risk Due Date"},{"$f":"IF(RiskRegister[[#This Row],[Created Date]]=\"\",\"Created Date missing\",(TEXT(RiskRegister[[#This Row],[Created Date]],\"mmm\") & \"-\" & YEAR(RiskRegister[[#This Row],[Created Date]])))","v":"Created Date missing"},{"$f":"IF(RiskRegister[[#This Row],[Risk Status]]=\"Closed\",RiskRegister[[#This Row],[Risk Close Date]],RiskRegister[[#This Row],[Risk Due Date]])","v":"00:00:00"},{"$f":"IF(RiskRegister[[#This Row],[Risk-Change-Date]]=0,DATE(2030,1,1),RiskRegister[[#This Row],[Risk-Change-Date]])","v":"2030-01-01"},{"$f":"RiskRegister[[#This Row],[Inherent Impact Level]]&\"-\"&RiskRegister[[#This Row],[Inherent Likelihood Level]]","v":"-- Select Impact ----- Select Likelihood --"},{"$f":"RiskRegister[[#This Row],[Residual Impact Level]]&\"-\"&RiskRegister[[#This Row],[Residual Likelihood Level]]","v":"-- Select Impact ----- Select Likelihood --"},"Error",{"$f":"IF(RiskRegister[[#This Row],[Risk Status]]=\"Closed\",RiskRegister[[#This Row],[Residual Impact Level]],RiskRegister[[#This Row],[Inherent Impact Level]])","v":"-- Select Impact --"},{"$f":"IF(RiskRegister[[#This Row],[Risk Status]]=\"Closed\",RiskRegister[[#This Row],[Residual Likelihood Level]],RiskRegister[[#This Row],[Inherent Likelihood Level]])","v":"-- Select Likelihood --"},{"$f":"IF(RiskRegister[[#This Row],[Risk Status]]=\"Closed\",RiskRegister[[#This Row],[Residual-I-L-Combo]],RiskRegister[[#This Row],[Inherent-I-L-Combo]])","v":"-- Select Impact ----- Select Likelihood --"},"-- Error --"]
[167,{"$nulls":5},"-- Select Risk Category --",null,"-- select department --",null,null,"-- Select Impact --",{"$f":"VLOOKUP(RiskRegister[[#This Row],[Inherent Impact Level]],'Rating factors'!$F$4:$G$9,2,FALSE)","v":"--- Error ---"},"-- Select Likelihood --",{"$f":"VLOOKUP(RiskRegister[[#This Row],[Inherent Likelihood Level]],'Rating factors'!$F$16:$G$21,2,FALSE)","v":"--- Error ---"},{"$f":"IFERROR(VLOOKUP(RiskRegister[[#This Row],[Inherent Risk Rating]],'Rating factors'!$F$30:$G$44,2,FALSE),\"-- Error --\")","v":"-- Error --"},{"$f":"IFERROR(RiskRegister[[#This Row],[Inherent Impact Rating]]*RiskRegister[[#This Row],[Inherent Likelihood Rating]],\"-- Error --\")","v":"-- Error --"},"-- Select Risk Response --",null,"-- Select Impact --",{"$f":"VLOOKUP(RiskRegister[[#This Row],[Residual Impact Level]],'Rating factors'!$F$4:$G$9,2,FALSE)","v":"--- Error ---"},"-- Select Likelihood --",{"$f":"VLOOKUP(RiskRegister[[#This Row],[Residual Likelihood Level]],'Rating factors'!$F$16:$G$21,2,FALSE)","v":"--- Error ---"},{"$f":"IFERROR(VLOOKUP(RiskRegister[[#This Row],[Residual Risk Rating]],'Rating factors'!$F$30:$G$44,2,FALSE),\"-- Error --\")","v":"-- Error --"},{"$f":"IFERROR(RiskRegister[[#This Row],[Residual Impact Rating]]*RiskRegister[[#This Row],[Residual Likelihood Rating]],\"-- Error --\")","v":"-- Error --"},"-- Select Risk Status --",{"$nulls":3},{"$f":"IF(ISBLANK(RiskRegister[[#This Row],[Risk Due Date]]), \"Missing Risk Due Date\", IF(RiskRegister[[#This Row],[Risk Due Date]] < TODAY(), \"Overdue\", \"Not Overdue\"))","v":"Missing Risk Due Date"},null,{"$f":"IF(ISBLANK(RiskRegister[[#This Row],[Risk Due Date]]), \"Missing Risk Due Date\", TEXT(RiskRegister[[#This Row],[Risk Due Date]], \"YYYY-MM\"))","v":"Missing Risk Due Date"},{"$f":"IF(RiskRegister[[#This Row],[Created Date]]=\"\",\"Created Date missing\",(TEXT(RiskRegister[[#This Row],[Created Date]],\"mmm\") & \"-\" & YEAR(RiskRegister[[#This Row],[Created Date]])))","v":"Created Date missing"},{"$f":"IF(RiskRegister[[#This Row],[Risk Status]]=\"Closed\",RiskRegister[[#This Row],[Risk Close Date]],RiskRegister[[#This Row],[Risk Due Date]])","v":"00:00:00"},{"$f":"IF(RiskRegister[[#This Row],[Risk-Change-Date]]=0,DATE(2030,1,1),RiskRegister[[#This Row],[Risk-Change-Date]])","v":"2030-01-01"},{"$f":"RiskRegister[[#This Row],[Inherent Impact Level]]&\"-\"&RiskRegister[[#This Row],[Inherent Likelihood Level]]","v":"-- Select Impact ----- Select Likelihood --"},{"$f":"RiskRegister[[#This Row],[Residual Impact Level]]&\"-\"&RiskRegister[[#This Row],[Residual Likelihood Level]]","v":"-- Select Impact ----- Select Likelihood --"},"Error",{"$f":"IF(RiskRegister[[#This Row],[Risk Status]]=\"Closed\",RiskRegister[[#This Row],[Residual Impact Level]],RiskRegister[[#This Row],[Inherent Impact Level]])","v":"-- Select Impact --"},{"$f":"IF(RiskRegister[[#This Row],[Risk Status]]=\"Closed\",RiskRegister[[#This Row],[Residual Likelihood Level]],RiskRegister[[#This Row],[Inherent Likelihood Level]])","v":"-- Select Likelihood --"},{"$f":"IF(RiskRegister[[#This Row],[Risk Status]]=\"Closed\",RiskRegister[[#This Row],[Residual-I-L-Combo]],RiskRegister[[#This Row],[Inherent-I-L-Combo]])","v":"-- Select Impact ----- Select Likelihood --"},"-- Error --"]
[168,{"$nulls":5},"-- Select Risk Category --",null,"-- select department --",null,null,"-- Select Impact --",{"$f":"VLOOKUP(RiskRegister[[#This Row],[Inherent Impact Level]],'Rating factors'!$F$4:$G$9,2,FALSE)","v":"--- Error ---"},"-- Select Likelihood --",{"$f":"VLOOKUP(RiskRegister[[#This Row],[Inherent Likelihood Level]],'Rating factors'!$F$16:$G$21,2,FALSE)","v":"--- Error ---"},{"$f":"IFERROR(VLOOKUP(RiskRegister[[#This Row],[Inherent Risk Rating]],'Rating factors'!$F$30:$G$44,2,FALSE),\"-- Error --\")","v":"-- Error --"},{"$f":"IFERROR(RiskRegister[[#This Row],[Inherent Impact Rating]]*RiskRegister[[#This Row],[Inherent Likelihood Rating]],\"-- Error --\")","v":"-- Error --"},"-- Select Risk Response --",null,"-- Select Impact --",{"$f":"VLOOKUP(RiskRegister[[#This Row],[Residual Impact Level]],'Rating factors'!$F$4:$G$9,2,FALSE)","v":"--- Error ---"},"-- Select Likelihood --",{"$f":"VLOOKUP(RiskRegister[[#This Row],[Residual Likelihood Level]],'Rating factors'!$F$16:$G$21,2,FALSE)","v":"--- Error ---"},{"$f":"IFERROR(VLOOKUP(RiskRegister[[#This Row],[Residual Risk Rating]],'Rating factors'!$F$30:$G$44,2,FALSE),\"-- Error --\")","v":"-- Error --"},{"$f":"IFERROR(RiskRegister[[#This Row],[Residual Impact Rating]]*RiskRegister[[#This Row],[Residual Likelihood Rating]],\"-- Error --\")","v":"-- Error --"},"-- Select Risk Status --",{"$nulls":3},{"$f":"IF(ISBLANK(RiskRegister[[#This Row],[Risk Due Date]]), \"Missing Risk Due Date\", IF(RiskRegister[[#This Row],[Risk Due Date]] < TODAY(), \"Overdue\", \"Not Overdue\"))","v":"Missing Risk Due Date"},null,{"$f":"IF(ISBLANK(RiskRegister[[#This Row],[Risk Due Date]]), \"Missing Risk Due Date\", TEXT(RiskRegister[[#This Row],[Risk Due Date]], \"YYYY-MM\"))","v":"Missing Risk Due Date"},{"$f":"IF(RiskRegister[[#This Row],[Created Date]]=\"\",\"Created Date missing\",(TEXT(RiskRegister[[#This Row],[Created Date]],\"mmm\") & \"-\" & YEAR(RiskRegister[[#This Row],[Created Date]])))","v":"Created Date missing"},{"$f":"IF(RiskRegister[[#This Row],[Risk Status]]=\"Closed\",RiskRegister[[#This Row],[Risk Close Date]],RiskRegister[[#This Row],[Risk Due Date]])","v":"00:00:00"},{"$f":"IF(RiskRegister[[#This Row],[Risk-Change-Date]]=0,DATE(2030,1,1),RiskRegister[[#This Row],[Risk-Change-Date]])","v":"2030-01-01"},{"$f":"RiskRegister[[#This Row],[Inherent Impact Level]]&\"-\"&RiskRegister[[#This Row],[Inherent Likelihood Level]]","v":"-- Select Impact ----- Select Likelihood --"},{"$f":"RiskRegister[[#This Row],[Residual Impact Level]]&\"-\"&RiskRegister[[#This Row],[Residual Likelihood Level]]","v":"-- Select Impact ----- Select Likelihood --"},"Error",{"$f":"IF(RiskRegister[[#This Row],[Risk Status]]=\"Closed\",RiskRegister[[#This Row],[Residual Impact Level]],RiskRegister[[#This Row],[Inherent Impact Level]])","v":"-- Select Impact --"},{"$f":"IF(RiskRegister[[#This Row],[Risk Status]]=\"Closed\",RiskRegister[[#This Row],[Residual Likelihood Level]],RiskRegister[[#This Row],[Inherent Likelihood Level]])","v":"-- Select Likelihood --"},{"$f":"IF(RiskRegister[[#This Row],[Risk Status]]=\"Closed\",RiskRegister[[#This Row],[Residual-I-L-Combo]],RiskRegister[[#This Row],[Inherent-I-L-Combo]])","v":"-- Select Impact ----- Select Likelihood --"},"-- Error --"]
[169,{"$nulls":5},"-- Select Risk Category --",null,"-- select department --",null,null,"-- Select Impact --",{"$f":"VLOOKUP(RiskRegister[[#This Row],[Inherent Impact Level]],'Rating factors'!$F$4:$G$9,2,FALSE)","v":"--- Error ---"},"-- Select Likelihood --",{"$f":"VLOOKUP(RiskRegister[[#This Row],[Inherent Likelihood Level]],'Rating factors'!$F$16:$G$21,2,FALSE)","v":"--- Error ---"},{"$f":"IFERROR(VLOOKUP(RiskRegister[[#This Row],[Inherent Risk Rating]],'Rating factors'!$F$30:$G$44,2,FALSE),\"-- Error --\")","v":"-- Error --"},{"$f":"IFERROR(RiskRegister[[#This Row],[Inherent Impact Rating]]*RiskRegister[[#This Row],[Inherent Likelihood Rating]],\"-- Error --\")","v":"-- Error --"},"-- Select Risk Response --",null,"-- Select Impact --",{"$f":"VLOOKUP(RiskRegister[[#This Row],[Residual Impact Level]],'Rating factors'!$F$4:$G$9,2,FALSE)","v":"--- Error ---"},"-- Select Likelihood --",{"$f":"VLOOKUP(RiskRegister[[#This Row],[Residual Likelihood Level]],'Rating factors'!$F$16:$G$21,2,FALSE)","v":"--- Error ---"},{"$f":"IFERROR(VLOOKUP(RiskRegister[[#This Row],[Residual Risk Rating]],'Rating factors'!$F$30:$G$44,2,FALSE),\"-- Error --\")","v":"-- Error --"},{"$f":"IFERROR(RiskRegister[[#This Row],[Residual Impact Rating]]*RiskRegister[[#This Row],[Residual Likelihood Rating]],\"-- Error --\")","v":"-- Error --"},"-- Select Risk Status --",{"$nulls":3},{"$f":"IF(ISBLANK(RiskRegister[[#This Row],[Risk Due Date]]), \"Missing Risk Due Date\", IF(RiskRegister[[#This Row],[Risk Due Date]] < TODAY(), \"Overdue\", \"Not Overdue\"))","v":"Missing Risk Due Date"},null,{"$f":"IF(ISBLANK(RiskRegister[[#This Row],[Risk Due Date]]), \"Missing Risk Due Date\", TEXT(RiskRegister[[#This Row],[Risk Due Date]], \"YYYY-MM\"))","v":"Missing Risk Due Date"},{"$f":"IF(RiskRegister[[#This Row],[Created Date]]=\"\",\"Created Date missing\",(TEXT(RiskRegister[[#This Row],[Created Date]],\"mmm\") & \"-\" & YEAR(RiskRegister[[#This Row],[Created Date]])))","v":"Created Date missing"},{"$f":"IF(RiskRegister[[#This Row],[Risk Status]]=\"Closed\",RiskRegister[[#This Row],[Risk Close Date]],RiskRegister[[#This Row],[Risk Due Date]])","v":"00:00:00"},{"$f":"IF(RiskRegister[[#This Row],[Risk-Change-Date]]=0,DATE(2030,1,1),RiskRegister[[#This Row],[Risk-Change-Date]])","v":"2030-01-01"},{"$f":"RiskRegister[[#This Row],[Inherent Impact Level]]&\"-\"&RiskRegister[[#This Row],[Inherent Likelihood Level]]","v":"-- Select Impact ----- Select Likelihood --"},{"$f":"RiskRegister[[#This Row],[Residual Impact Level]]&\"-\"&RiskRegister[[#This Row],[Residual Likelihood Level]]","v":"-- Select Impact ----- Select Likelihood --"},"Error",{"$f":"IF(RiskRegister[[#This Row],[Risk Status]]=\"Closed\",RiskRegister[[#This Row],[Residual Impact Level]],RiskRegister[[#This Row],[Inherent Impact Level]])","v":"-- Select Impact --"},{"$f":"IF(RiskRegister[[#This Row],[Risk Status]]=\"Closed\",RiskRegister[[#This Row],[Residual Likelihood Level]],RiskRegister[[#This Row],[Inherent Likelihood Level]])","v":"-- Select Likelihood --"},{"$f":"IF(RiskRegister[[#This Row],[Risk Status]]=\"Closed\",RiskRegister[[#This Row],[Residual-I-L-Combo]],RiskRegister[[#This Row],[Inherent-I-L-Combo]])","v":"-- Select Impact ----- Select Likelihood --"},"-- Error --"]
[170,{"$nulls":5},"-- Select Risk Category --",null,"-- select department --",null,null,"-- Select Impact --",{"$f":"VLOOKUP(RiskRegister[[#This Row],[Inherent Impact Level]],'Rating factors'!$F$4:$G$9,2,FALSE)","v":"--- Error ---"},"-- Select Likelihood --",{"$f":"VLOOKUP(RiskRegister[[#This Row],[Inherent Likelihood Level]],'Rating factors'!$F$16:$G$21,2,FALSE)","v":"--- Error ---"},{"$f":"IFERROR(VLOOKUP(RiskRegister[[#This Row],[Inherent Risk Rating]],'Rating factors'!$F$30:$G$44,2,FALSE),\"-- Error --\")","v":"-- Error --"},{"$f":"IFERROR(RiskRegister[[#This Row],[Inherent Impact Rating]]*RiskRegister[[#This Row],[Inherent Likelihood Rating]],\"-- Error --\")","v":"-- Error --"},"-- Select Risk Response --",null,"-- Select Impact --",{"$f":"VLOOKUP(RiskRegister[[#This Row],[Residual Impact Level]],'Rating factors'!$F$4:$G$9,2,FALSE)","v":"--- Error ---"},"-- Select Likelihood --",{"$f":"VLOOKUP(RiskRegister[[#This Row],[Residual Likelihood Level]],'Rating factors'!$F$16:$G$21,2,FALSE)","v":"--- Error ---"},{"$f":"IFERROR(VLOOKUP(RiskRegister[[#This Row],[Residual Risk Rating]],'Rating factors'!$F$30:$G$44,2,FALSE),\"-- Error --\")","v":"-- Error --"},{"$f":"IFERROR(RiskRegister[[#This Row],[Residual Impact Rating]]*RiskRegister[[#This Row],[Residual Likelihood Rating]],\"-- Error --\")","v":"-- Error --"},"-- Select Risk Status --",{"$nulls":3},{"$f":"IF(ISBLANK(RiskRegister[[#This Row],[Risk Due Date]]), \"Missing Risk Due Date\", IF(RiskRegister[[#This Row],[Risk Due Date]] < TODAY(), \"Overdue\", \"Not Overdue\"))","v":"Missing Risk Due Date"},null,{"$f":"IF(ISBLANK(RiskRegister[[#This Row],[Risk Due Date]]), \"Missing Risk Due Date\", TEXT(RiskRegister[[#This Row],[Risk Due Date]], \"YYYY-MM\"))","v":"Missing Risk Due Date"},{"$f":"IF(RiskRegister[[#This Row],[Created Date]]=\"\",\"Created Date missing\",(TEXT(RiskRegister[[#This Row],[Created Date]],\"mmm\") & \"-\" & YEAR(RiskRegister[[#This Row],[Created Date]])))","v":"Created Date missing"},{"$f":"IF(RiskRegister[[#This Row],[Risk Status]]=\"Closed\",RiskRegister[[#This Row],[Risk Close Date]],RiskRegister[[#This Row],[Risk Due Date]])","v":"00:00:00"},{"$f":"IF(RiskRegister[[#This Row],[Risk-Change-Date]]=0,DATE(2030,1,1),RiskRegister[[#This Row],[Risk-Change-Date]])","v":"2030-01-01"},{"$f":"RiskRegister[[#This Row],[Inherent Impact Level]]&\"-\"&RiskRegister[[#This Row],[Inherent Likelihood Level]]","v":"-- Select Impact ----- Select Likelihood --"},{"$f":"RiskRegister[[#This Row],[Residual Impact Level]]&\"-\"&RiskRegister[[#This Row],[Residual Likelihood Level]]","v":"-- Select Impact ----- Select Likelihood --"},"Error",{"$f":"IF(RiskRegister[[#This Row],[Risk Status]]=\"Closed\",RiskRegister[[#This Row],[Residual Impact Level]],RiskRegister[[#This Row],[Inherent Impact Level]])","v":"-- Select Impact --"},{"$f":"IF(RiskRegister[[#This Row],[Risk Status]]=\"Closed\",RiskRegister[[#This Row],[Residual Likelihood Level]],RiskRegister[[#This Row],[Inherent Likelihood Level]])","v":"-- Select Likelihood --"},{"$f":"IF(RiskRegister[[#This Row],[Risk Status]]=\"Closed\",RiskRegister[[#This Row],[Residual-I-L-Combo]],RiskRegister[[#This Row],[Inherent-I-L-Combo]])","v":"-- Select Impact ----- Select Likelihood --"},"-- Error --"]
[171,{"$nulls":5},"-- Select Risk Category --",null,"-- select department --",null,null,"-- Select Impact --",{"$f":"VLOOKUP(RiskRegister[[#This Row],[Inherent Impact Level]],'Rating factors'!$F$4:$G$9,2,FALSE)","v":"--- Error ---"},"-- Select Likelihood --",{"$f":"VLOOKUP(RiskRegister[[#This Row],[Inherent Likelihood Level]],'Rating factors'!$F$16:$G$21,2,FALSE)","v":"--- Error ---"},{"$f":"IFERROR(VLOOKUP(RiskRegister[[#This Row],[Inherent Risk Rating]],'Rating factors'!$F$30:$G$44,2,FALSE),\"-- Error --\")","v":"-- Error --"},{"$f":"IFERROR(RiskRegister[[#This Row],[Inherent Impact Rating]]*RiskRegister[[#This Row],[Inherent Likelihood Rating]],\"-- Error --\")","v":"-- Error --"},"-- Select Risk Response --",null,"-- Select Impact --",{"$f":"VLOOKUP(RiskRegister[[#This Row],[Residual Impact Level]],'Rating factors'!$F$4:$G$9,2,FALSE)","v":"--- Error ---"},"-- Select Likelihood --",{"$f":"VLOOKUP(RiskRegister[[#This Row],[Residual Likelihood Level]],'Rating factors'!$F$16:$G$21,2,FALSE)","v":"--- Error ---"},{"$f":"IFERROR(VLOOKUP(RiskRegister[[#This Row],[Residual Risk Rating]],'Rating factors'!$F$30:$G$44,2,FALSE),\"-- Error --\")","v":"-- Error --"},{"$f":"IFERROR(RiskRegister[[#This Row],[Residual Impact Rating]]*RiskRegister[[#This Row],[Residual Likelihood Rating]],\"-- Error --\")","v":"-- Error --"},"-- Select Risk Status --",{"$nulls":3},{"$f":"IF(ISBLANK(RiskRegister[[#This Row],[Risk Due Date]]), \"Missing Risk Due Date\", IF(RiskRegister[[#This Row],[Risk Due Date]] < TODAY(), \"Overdue\", \"Not Overdue\"))","v":"Missing Risk Due Date"},null,{"$f":"IF(ISBLANK(RiskRegister[[#This Row],[Risk Due Date]]), \"Missing Risk Due Date\", TEXT(RiskRegister[[#This Row],[Risk Due Date]], \"YYYY-MM\"))","v":"Missing Risk Due Date"},{"$f":"IF(RiskRegister[[#This Row],[Created Date]]=\"\",\"Created Date missing\",(TEXT(RiskRegister[[#This Row],[Created Date]],\"mmm\") & \"-\" & YEAR(RiskRegister[[#This Row],[Created Date]])))","v":"Created Date missing"},{"$f":"IF(RiskRegister[[#This Row],[Risk Status]]=\"Closed\",RiskRegister[[#This Row],[Risk Close Date]],RiskRegister[[#This Row],[Risk Due Date]])","v":"00:00:00"},{"$f":"IF(RiskRegister[[#This Row],[Risk-Change-Date]]=0,DATE(2030,1,1),RiskRegister[[#This Row],[Risk-Change-Date]])","v":"2030-01-01"},{"$f":"RiskRegister[[#This Row],[Inherent Impact Level]]&\"-\"&RiskRegister[[#This Row],[Inherent Likelihood Level]]","v":"-- Select Impact ----- Select Likelihood --"},{"$f":"RiskRegister[[#This Row],[Residual Impact Level]]&\"-\"&RiskRegister[[#This Row],[Residual Likelihood Level]]","v":"-- Select Impact ----- Select Likelihood --"},"Error",{"$f":"IF(RiskRegister[[#This Row],[Risk Status]]=\"Closed\",RiskRegister[[#This Row],[Residual Impact Level]],RiskRegister[[#This Row],[Inherent Impact Level]])","v":"-- Select Impact --"},{"$f":"IF(RiskRegister[[#This Row],[Risk Status]]=\"Closed\",RiskRegister[[#This Row],[Residual Likelihood Level]],RiskRegister[[#This Row],[Inherent Likelihood Level]])","v":"-- Select Likelihood --"},{"$f":"IF(RiskRegister[[#This Row],[Risk Status]]=\"Closed\",RiskRegister[[#This Row],[Residual-I-L-Combo]],RiskRegister[[#This Row],[Inherent-I-L-Combo]])","v":"-- Select Impact ----- Select Likelihood --"},"-- Error --"]
[172,{"$nulls":5},"-- Select Risk Category --",null,"-- select department --",null,null,"-- Select Impact --",{"$f":"VLOOKUP(RiskRegister[[#This Row],[Inherent Impact Level]],'Rating factors'!$F$4:$G$9,2,FALSE)","v":"--- Error ---"},"-- Select Likelihood --",{"$f":"VLOOKUP(RiskRegister[[#This Row],[Inherent Likelihood Level]],'Rating factors'!$F$16:$G$21,2,FALSE)","v":"--- Error ---"},{"$f":"IFERROR(VLOOKUP(RiskRegister[[#This Row],[Inherent Risk Rating]],'Rating factors'!$F$30:$G$44,2,FALSE),\"-- Error --\")","v":"-- Error --"},{"$f":"IFERROR(RiskRegister[[#This Row],[Inherent Impact Rating]]*RiskRegister[[#This Row],[Inherent Likelihood Rating]],\"-- Error --\")","v":"-- Error --"},"-- Select Risk Response --",null,"-- Select Impact --",{"$f":"VLOOKUP(RiskRegister[[#This Row],[Residual Impact Level]],'Rating factors'!$F$4:$G$9,2,FALSE)","v":"--- Error ---"},"-- Select Likelihood --",{"$f":"VLOOKUP(RiskRegister[[#This Row],[Residual Likelihood Level]],'Rating factors'!$F$16:$G$21,2,FALSE)","v":"--- Error ---"},{"$f":"IFERROR(VLOOKUP(RiskRegister[[#This Row],[Residual Risk Rating]],'Rating factors'!$F$30:$G$44,2,FALSE),\"-- Error --\")","v":"-- Error --"},{"$f":"IFERROR(RiskRegister[[#This Row],[Residual Impact Rating]]*RiskRegister[[#This Row],[Residual Likelihood Rating]],\"-- Error --\")","v":"-- Error --"},"-- Select Risk Status --",{"$nulls":3},{"$f":"IF(ISBLANK(RiskRegister[[#This Row],[Risk Due Date]]), \"Missing Risk Due Date\", IF(RiskRegister[[#This Row],[Risk Due Date]] < TODAY(), \"Overdue\", \"Not Overdue\"))","v":"Missing Risk Due Date"},null,{"$f":"IF(ISBLANK(RiskRegister[[#This Row],[Risk Due Date]]), \"Missing Risk Due Date\", TEXT(RiskRegister[[#This Row],[Risk Due Date]], \"YYYY-MM\"))","v":"Missing Risk Due Date"},{"$f":"IF(RiskRegister[[#This Row],[Created Date]]=\"\",\"Created Date missing\",(TEXT(RiskRegister[[#This Row],[Created Date]],\"mmm\") & \"-\" & YEAR(RiskRegister[[#This Row],[Created Date]])))","v":"Created Date missing"},{"$f":"IF(RiskRegister[[#This Row],[Risk Status]]=\"Closed\",RiskRegister[[#This Row],[Risk Close Date]],RiskRegister[[#This Row],[Risk Due Date]])","v":"00:00:00"},{"$f":"IF(RiskRegister[[#This Row],[Risk-Change-Date]]=0,DATE(2030,1,1),RiskRegister[[#This Row],[Risk-Change-Date]])","v":"2030-01-01"},{"$f":"RiskRegister[[#This Row],[Inherent Impact Level]]&\"-\"&RiskRegister[[#This Row],[Inherent Likelihood Level]]","v":"-- Select Impact ----- Select Likelihood --"},{"$f":"RiskRegister[[#This Row],[Residual Impact Level]]&\"-\"&RiskRegister[[#This Row],[Residual Likelihood Level]]","v":"-- Select Impact ----- Select Likelihood --"},"Error",{"$f":"IF(RiskRegister[[#This Row],[Risk Status]]=\"Closed\",RiskRegister[[#This Row],[Residual Impact Level]],RiskRegister[[#This Row],[Inherent Impact Level]])","v":"-- Select Impact --"},{"$f":"IF(RiskRegister[[#This Row],[Risk Status]]=\"Closed\",RiskRegister[[#This Row],[Residual Likelihood Level]],RiskRegister[[#This Row],[Inherent Likelihood Level]])","v":"-- Select Likelihood --"},{"$f":"IF(RiskRegister[[#This Row],[Risk Status]]=\"Closed\",RiskRegister[[#This Row],[Residual-I-L-Combo]],RiskRegister[[#This Row],[Inherent-I-L-Combo]])","v":"-- Select Impact ----- Select Likelihood --"},"-- Error --"]
[173,{"$nulls":5},"-- Select Risk Category --",null,"-- select department --",null,null,"-- Select Impact --",{"$f":"VLOOKUP(RiskRegister[[#This Row],[Inherent Impact Level]],'Rating factors'!$F$4:$G$9,2,FALSE)","v":"--- Error ---"},"-- Select Likelihood --",{"$f":"VLOOKUP(RiskRegister[[#This Row],[Inherent Likelihood Level]],'Rating factors'!$F$16:$G$21,2,FALSE)","v":"--- Error ---"},{"$f":"IFERROR(VLOOKUP(RiskRegister[[#This Row],[Inherent Risk Rating]],'Rating factors'!$F$30:$G$44,2,FALSE),\"-- Error --\")","v":"-- Error --"},{"$f":"IFERROR(RiskRegister[[#This Row],[Inherent Impact Rating]]*RiskRegister[[#This Row],[Inherent Likelihood Rating]],\"-- Error --\")","v":"-- Error --"},"-- Select Risk Response --",null,"-- Select Impact --",{"$f":"VLOOKUP(RiskRegister[[#This Row],[Residual Impact Level]],'Rating factors'!$F$4:$G$9,2,FALSE)","v":"--- Error ---"},"-- Select Likelihood --",{"$f":"VLOOKUP(RiskRegister[[#This Row],[Residual Likelihood Level]],'Rating factors'!$F$16:$G$21,2,FALSE)","v":"--- Error ---"},{"$f":"IFERROR(VLOOKUP(RiskRegister[[#This Row],[Residual Risk Rating]],'Rating factors'!$F$30:$G$44,2,FALSE),\"-- Error --\")","v":"-- Error --"},{"$f":"IFERROR(RiskRegister[[#This Row],[Residual Impact Rating]]*RiskRegister[[#This Row],[Residual Likelihood Rating]],\"-- Error --\")","v":"-- Error --"},"-- Select Risk Status --",{"$nulls":3},{"$f":"IF(ISBLANK(RiskRegister[[#This Row],[Risk Due Date]]), \"Missing Risk Due Date\", IF(RiskRegister[[#This Row],[Risk Due Date]] < TODAY(), \"Overdue\", \"Not Overdue\"))","v":"Missing Risk Due Date"},null,{"$f":"IF(ISBLANK(RiskRegister[[#This Row],[Risk Due Date]]), \"Missing Risk Due Date\", TEXT(RiskRegister[[#This Row],[Risk Due Date]], \"YYYY-MM\"))","v":"Missing Risk Due Date"},{"$f":"IF(RiskRegister[[#This Row],[Created Date]]=\"\",\"Created Date missing\",(TEXT(RiskRegister[[#This Row],[Created Date]],\"mmm\") & \"-\" & YEAR(RiskRegister[[#This Row],[Created Date]])))","v":"Created Date missing"},{"$f":"IF(RiskRegister[[#This Row],[Risk Status]]=\"Closed\",RiskRegister[[#This Row],[Risk Close Date]],RiskRegister[[#This Row],[Risk Due Date]])","v":"00:00:00"},{"$f":"IF(RiskRegister[[#This Row],[Risk-Change-Date]]=0,DATE(2030,1,1),RiskRegister[[#This Row],[Risk-Change-Date]])","v":"2030-01-01"},{"$f":"RiskRegister[[#This Row],[Inherent Impact Level]]&\"-\"&RiskRegister[[#This Row],[Inherent Likelihood Level]]","v":"-- Select Impact ----- Select Likelihood --"},{"$f":"RiskRegister[[#This Row],[Residual Impact Level]]&\"-\"&RiskRegister[[#This Row],[Residual Likelihood Level]]","v":"-- Select Impact ----- Select Likelihood --"},"Error",{"$f":"IF(RiskRegister[[#This Row],[Risk Status]]=\"Closed\",RiskRegister[[#This Row],[Residual Impact Level]],RiskRegister[[#This Row],[Inherent Impact Level]])","v":"-- Select Impact --"},{"$f":"IF(RiskRegister[[#This Row],[Risk Status]]=\"Closed\",RiskRegister[[#This Row],[Residual Likelihood Level]],RiskRegister[[#This Row],[Inherent Likelihood Level]])","v":"-- Select Likelihood --"},{"$f":"IF(RiskRegister[[#This Row],[Risk Status]]=\"Closed\",RiskRegister[[#This Row],[Residual-I-L-Combo]],RiskRegister[[#This Row],[Inherent-I-L-Combo]])","v":"-- Select Impact ----- Select Likelihood --"},"-- Error --"]
[174,{"$nulls":5},"-- Select Risk Category --",null,"-- select department --",null,null,"-- Select Impact --",{"$f":"VLOOKUP(RiskRegister[[#This Row],[Inherent Impact Level]],'Rating factors'!$F$4:$G$9,2,FALSE)","v":"--- Error ---"},"-- Select Likelihood --",{"$f":"VLOOKUP(RiskRegister[[#This Row],[Inherent Likelihood Level]],'Rating factors'!$F$16:$G$21,2,FALSE)","v":"--- Error ---"},{"$f":"IFERROR(VLOOKUP(RiskRegister[[#This Row],[Inherent Risk Rating]],'Rating factors'!$F$30:$G$44,2,FALSE),\"-- Error --\")","v":"-- Error --"},{"$f":"IFERROR(RiskRegister[[#This Row],[Inherent Impact Rating]]*RiskRegister[[#This Row],[Inherent Likelihood Rating]],\"-- Error --\")","v":"-- Error --"},"-- Select Risk Response --",null,"-- Select Impact --",{"$f":"VLOOKUP(RiskRegister[[#This Row],[Residual Impact Level]],'Rating factors'!$F$4:$G$9,2,FALSE)","v":"--- Error ---"},"-- Select Likelihood --",{"$f":"VLOOKUP(RiskRegister[[#This Row],[Residual Likelihood Level]],'Rating factors'!$F$16:$G$21,2,FALSE)","v":"--- Error ---"},{"$f":"IFERROR(VLOOKUP(RiskRegister[[#This Row],[Residual Risk Rating]],'Rating factors'!$F$30:$G$44,2,FALSE),\"-- Error --\")","v":"-- Error --"},{"$f":"IFERROR(RiskRegister[[#This Row],[Residual Impact Rating]]*RiskRegister[[#This Row],[Residual Likelihood Rating]],\"-- Error --\")","v":"-- Error --"},"-- Select Risk Status --",{"$nulls":3},{"$f":"IF(ISBLANK(RiskRegister[[#This Row],[Risk Due Date]]), \"Missing Risk Due Date\", IF(RiskRegister[[#This Row],[Risk Due Date]] < TODAY(), \"Overdue\", \"Not Overdue\"))","v":"Missing Risk Due Date"},null,{"$f":"IF(ISBLANK(RiskRegister[[#This Row],[Risk Due Date]]), \"Missing Risk Due Date\", TEXT(RiskRegister[[#This Row],[Risk Due Date]], \"YYYY-MM\"))","v":"Missing Risk Due Date"},{"$f":"IF(RiskRegister[[#This Row],[Created Date]]=\"\",\"Created Date missing\",(TEXT(RiskRegister[[#This Row],[Created Date]],\"mmm\") & \"-\" & YEAR(RiskRegister[[#This Row],[Created Date]])))","v":"Created Date missing"},{"$f":"IF(RiskRegister[[#This Row],[Risk Status]]=\"Closed\",RiskRegister[[#This Row],[Risk Close Date]],RiskRegister[[#This Row],[Risk Due Date]])","v":"00:00:00"},{"$f":"IF(RiskRegister[[#This Row],[Risk-Change-Date]]=0,DATE(2030,1,1),RiskRegister[[#This Row],[Risk-Change-Date]])","v":"2030-01-01"},{"$f":"RiskRegister[[#This Row],[Inherent Impact Level]]&\"-\"&RiskRegister[[#This Row],[Inherent Likelihood Level]]","v":"-- Select Impact ----- Select Likelihood --"},{"$f":"RiskRegister[[#This Row],[Residual Impact Level]]&\"-\"&RiskRegister[[#This Row],[Residual Likelihood Level]]","v":"-- Select Impact ----- Select Likelihood --"},"Error",{"$f":"IF(RiskRegister[[#This Row],[Risk Status]]=\"Closed\",RiskRegister[[#This Row],[Residual Impact Level]],RiskRegister[[#This Row],[Inherent Impact Level]])","v":"-- Select Impact --"},{"$f":"IF(RiskRegister[[#This Row],[Risk Status]]=\"Closed\",RiskRegister[[#This Row],[Residual Likelihood Level]],RiskRegister[[#This Row],[Inherent Likelihood Level]])","v":"-- Select Likelihood --"},{"$f":"IF(RiskRegister[[#This Row],[Risk Status]]=\"Closed\",RiskRegister[[#This Row],[Residual-I-L-Combo]],RiskRegister[[#This Row],[Inherent-I-L-Combo]])","v":"-- Select Impact ----- Select Likelihood --"},"-- Error --"]
[175,{"$nulls":5},"-- Select Risk Category --",null,"-- select department --",null,null,"-- Select Impact --",{"$f":"VLOOKUP(RiskRegister[[#This Row],[Inherent Impact Level]],'Rating factors'!$F$4:$G$9,2,FALSE)","v":"--- Error ---"},"-- Select Likelihood --",{"$f":"VLOOKUP(RiskRegister[[#This Row],[Inherent Likelihood Level]],'Rating factors'!$F$16:$G$21,2,FALSE)","v":"--- Error ---"},{"$f":"IFERROR(VLOOKUP(RiskRegister[[#This Row],[Inherent Risk Rating]],'Rating factors'!$F$30:$G$44,2,FALSE),\"-- Error --\")","v":"-- Error --"},{"$f":"IFERROR(RiskRegister[[#This Row],[Inherent Impact Rating]]*RiskRegister[[#This Row],[Inherent Likelihood Rating]],\"-- Error --\")","v":"-- Error --"},"-- Select Risk Response --",null,"-- Select Impact --",{"$f":"VLOOKUP(RiskRegister[[#This Row],[Residual Impact Level]],'Rating factors'!$F$4:$G$9,2,FALSE)","v":"--- Error ---"},"-- Select Likelihood --",{"$f":"VLOOKUP(RiskRegister[[#This Row],[Residual Likelihood Level]],'Rating factors'!$F$16:$G$21,2,FALSE)","v":"--- Error ---"},{"$f":"IFERROR(VLOOKUP(RiskRegister[[#This Row],[Residual Risk Rating]],'Rating factors'!$F$30:$G$44,2,FALSE),\"-- Error --\")","v":"-- Error --"},{"$f":"IFERROR(RiskRegister[[#This Row],[Residual Impact Rating]]*RiskRegister[[#This Row],[Residual Likelihood Rating]],\"-- Error --\")","v":"-- Error --"},"-- Select Risk Status --",{"$nulls":3},{"$f":"IF(ISBLANK(RiskRegister[[#This Row],[Risk Due Date]]), \"Missing Risk Due Date\", IF(RiskRegister[[#This Row],[Risk Due Date]] < TODAY(), \"Overdue\", \"Not Overdue\"))","v":"Missing Risk Due Date"},null,{"$f":"IF(ISBLANK(RiskRegister[[#This Row],[Risk Due Date]]), \"Missing Risk Due Date\", TEXT(RiskRegister[[#This Row],[Risk Due Date]], \"YYYY-MM\"))","v":"Missing Risk Due Date"},{"$f":"IF(RiskRegister[[#This Row],[Created Date]]=\"\",\"Created Date missing\",(TEXT(RiskRegister[[#This Row],[Created Date]],\"mmm\") & \"-\" & YEAR(RiskRegister[[#This Row],[Created Date]])))","v":"Created Date missing"},{"$f":"IF(RiskRegister[[#This Row],[Risk Status]]=\"Closed\",RiskRegister[[#This Row],[Risk Close Date]],RiskRegister[[#This Row],[Risk Due Date]])","v":"00:00:00"},{"$f":"IF(RiskRegister[[#This Row],[Risk-Change-Date]]=0,DATE(2030,1,1),RiskRegister[[#This Row],[Risk-Change-Date]])","v":"2030-01-01"},{"$f":"RiskRegister[[#This Row],[Inherent Impact Level]]&\"-\"&RiskRegister[[#This Row],[Inherent Likelihood Level]]","v":"-- Select Impact ----- Select Likelihood --"},{"$f":"RiskRegister[[#This Row],[Residual Impact Level]]&\"-\"&RiskRegister[[#This Row],[Residual Likelihood Level]]","v":"-- Select Impact ----- Select Likelihood --"},"Error",{"$f":"IF(RiskRegister[[#This Row],[Risk Status]]=\"Closed\",RiskRegister[[#This Row],[Residual Impact Level]],RiskRegister[[#This Row],[Inherent Impact Level]])","v":"-- Select Impact --"},{"$f":"IF(RiskRegister[[#This Row],[Risk Status]]=\"Closed\",RiskRegister[[#This Row],[Residual Likelihood Level]],RiskRegister[[#This Row],[Inherent Likelihood Level]])","v":"-- Select Likelihood --"},{"$f":"IF(RiskRegister[[#This Row],[Risk Status]]=\"Closed\",RiskRegister[[#This Row],[Residual-I-L-Combo]],RiskRegister[[#This Row],[Inherent-I-L-Combo]])","v":"-- Select Impact ----- Select Likelihood --"},"-- Error --"]
[176,{"$nulls":5},"-- Select Risk Category --",null,"-- select department --",null,null,"-- Select Impact --",{"$f":"VLOOKUP(RiskRegister[[#This Row],[Inherent Impact Level]],'Rating factors'!$F$4:$G$9,2,FALSE)","v":"--- Error ---"},"-- Select Likelihood --",{"$f":"VLOOKUP(RiskRegister[[#This Row],[Inherent Likelihood Level]],'Rating factors'!$F$16:$G$21,2,FALSE)","v":"--- Error ---"},{"$f":"IFERROR(VLOOKUP(RiskRegister[[#This Row],[Inherent Risk Rating]],'Rating factors'!$F$30:$G$44,2,FALSE),\"-- Error --\")","v":"-- Error --"},{"$f":"IFERROR(RiskRegister[[#This Row],[Inherent Impact Rating]]*RiskRegister[[#This Row],[Inherent Likelihood Rating]],\"-- Error --\")","v":"-- Error --"},"-- Select Risk Response --",null,"-- Select Impact --",{"$f":"VLOOKUP(RiskRegister[[#This Row],[Residual Impact Level]],'Rating factors'!$F$4:$G$9,2,FALSE)","v":"--- Error ---"},"-- Select Likelihood --",{"$f":"VLOOKUP(RiskRegister[[#This Row],[Residual Likelihood Level]],'Rating factors'!$F$16:$G$21,2,FALSE)","v":"--- Error ---"},{"$f":"IFERROR(VLOOKUP(RiskRegister[[#This Row],[Residual Risk Rating]],'Rating factors'!$F$30:$G$44,2,FALSE),\"-- Error --\")","v":"-- Error --"},{"$f":"IFERROR(RiskRegister[[#This Row],[Residual Impact Rating]]*RiskRegister[[#This Row],[Residual Likelihood Rating]],\"-- Error --\")","v":"-- Error --"},"-- Select Risk Status --",{"$nulls":3},{"$f":"IF(ISBLANK(RiskRegister[[#This Row],[Risk Due Date]]), \"Missing Risk Due Date\", IF(RiskRegister[[#This Row],[Risk Due Date]] < TODAY(), \"Overdue\", \"Not Overdue\"))","v":"Missing Risk Due Date"},null,{"$f":"IF(ISBLANK(RiskRegister[[#This Row],[Risk Due Date]]), \"Missing Risk Due Date\", TEXT(RiskRegister[[#This Row],[Risk Due Date]], \"YYYY-MM\"))","v":"Missing Risk Due Date"},{"$f":"IF(RiskRegister[[#This Row],[Created Date]]=\"\",\"Created Date missing\",(TEXT(RiskRegister[[#This Row],[Created Date]],\"mmm\") & \"-\" & YEAR(RiskRegister[[#This Row],[Created Date]])))","v":"Created Date missing"},{"$f":"IF(RiskRegister[[#This Row],[Risk Status]]=\"Closed\",RiskRegister[[#This Row],[Risk Close Date]],RiskRegister[[#This Row],[Risk Due Date]])","v":"00:00:00"},{"$f":"IF(RiskRegister[[#This Row],[Risk-Change-Date]]=0,DATE(2030,1,1),RiskRegister[[#This Row],[Risk-Change-Date]])","v":"2030-01-01"},{"$f":"RiskRegister[[#This Row],[Inherent Impact Level]]&\"-\"&RiskRegister[[#This Row],[Inherent Likelihood Level]]","v":"-- Select Impact ----- Select Likelihood --"},{"$f":"RiskRegister[[#This Row],[Residual Impact Level]]&\"-\"&RiskRegister[[#This Row],[Residual Likelihood Level]]","v":"-- Select Impact ----- Select Likelihood --"},"Error",{"$f":"IF(RiskRegister[[#This Row],[Risk Status]]=\"Closed\",RiskRegister[[#This Row],[Residual Impact Level]],RiskRegister[[#This Row],[Inherent Impact Level]])","v":"-- Select Impact --"},{"$f":"IF(RiskRegister[[#This Row],[Risk Status]]=\"Closed\",RiskRegister[[#This Row],[Residual Likelihood Level]],RiskRegister[[#This Row],[Inherent Likelihood Level]])","v":"-- Select Likelihood --"},{"$f":"IF(RiskRegister[[#This Row],[Risk Status]]=\"Closed\",RiskRegister[[#This Row],[Residual-I-L-Combo]],RiskRegister[[#This Row],[Inherent-I-L-Combo]])","v":"-- Select Impact ----- Select Likelihood --"},"-- Error --"]
[177,{"$nulls":5},"-- Select Risk Category --",null,"-- select department --",null,null,"-- Select Impact --",{"$f":"VLOOKUP(RiskRegister[[#This Row],[Inherent Impact Level]],'Rating factors'!$F$4:$G$9,2,FALSE)","v":"--- Error ---"},"-- Select Likelihood --",{"$f":"VLOOKUP(RiskRegister[[#This Row],[Inherent Likelihood Level]],'Rating factors'!$F$16:$G$21,2,FALSE)","v":"--- Error ---"},{"$f":"IFERROR(VLOOKUP(RiskRegister[[#This Row],[Inherent Risk Rating]],'Rating factors'!$F$30:$G$44,2,FALSE),\"-- Error --\")","v":"-- Error --"},{"$f":"IFERROR(RiskRegister[[#This Row],[Inherent Impact Rating]]*RiskRegister[[#This Row],[Inherent Likelihood Rating]],\"-- Error --\")","v":"-- Error --"},"-- Select Risk Response --",null,"-- Select Impact --",{"$f":"VLOOKUP(RiskRegister[[#This Row],[Residual Impact Level]],'Rating factors'!$F$4:$G$9,2,FALSE)","v":"--- Error ---"},"-- Select Likelihood --",{"$f":"VLOOKUP(RiskRegister[[#This Row],[Residual Likelihood Level]],'Rating factors'!$F$16:$G$21,2,FALSE)","v":"--- Error ---"},{"$f":"IFERROR(VLOOKUP(RiskRegister[[#This Row],[Residual Risk Rating]],'Rating factors'!$F$30:$G$44,2,FALSE),\"-- Error --\")","v":"-- Error --"},{"$f":"IFERROR(RiskRegister[[#This Row],[Residual Impact Rating]]*RiskRegister[[#This Row],[Residual Likelihood Rating]],\"-- Error --\")","v":"-- Error --"},"-- Select Risk Status --",{"$nulls":3},{"$f":"IF(ISBLANK(RiskRegister[[#This Row],[Risk Due Date]]), \"Missing Risk Due Date\", IF(RiskRegister[[#This Row],[Risk Due Date]] < TODAY(), \"Overdue\", \"Not Overdue\"))","v":"Missing Risk Due Date"},null,{"$f":"IF(ISBLANK(RiskRegister[[#This Row],[Risk Due Date]]), \"Missing Risk Due Date\", TEXT(RiskRegister[[#This Row],[Risk Due Date]], \"YYYY-MM\"))","v":"Missing Risk Due Date"},{"$f":"IF(RiskRegister[[#This Row],[Created Date]]=\"\",\"Created Date missing\",(TEXT(RiskRegister[[#This Row],[Created Date]],\"mmm\") & \"-\" & YEAR(RiskRegister[[#This Row],[Created Date]])))","v":"Created Date missing"},{"$f":"IF(RiskRegister[[#This Row],[Risk Status]]=\"Closed\",RiskRegister[[#This Row],[Risk Close Date]],RiskRegister[[#This Row],[Risk Due Date]])","v":"00:00:00"},{"$f":"IF(RiskRegister[[#This Row],[Risk-Change-Date]]=0,DATE(2030,1,1),RiskRegister[[#This Row],[Risk-Change-Date]])","v":"2030-01-01"},{"$f":"RiskRegister[[#This Row],[Inherent Impact Level]]&\"-\"&RiskRegister[[#This Row],[Inherent Likelihood Level]]","v":"-- Select Impact ----- Select Likelihood --"},{"$f":"RiskRegister[[#This Row],[Residual Impact Level]]&\"-\"&RiskRegister[[#This Row],[Residual Likelihood Level]]","v":"-- Select Impact ----- Select Likelihood --"},"Error",{"$f":"IF(RiskRegister[[#This Row],[Risk Status]]=\"Closed\",RiskRegister[[#This Row],[Residual Impact Level]],RiskRegister[[#This Row],[Inherent Impact Level]])","v":"-- Select Impact --"},{"$f":"IF(RiskRegister[[#This Row],[Risk Status]]=\"Closed\",RiskRegister[[#This Row],[Residual Likelihood Level]],RiskRegister[[#This Row],[Inherent Likelihood Level]])","v":"-- Select Likelihood --"},{"$f":"IF(RiskRegister[[#This Row],[Risk Status]]=\"Closed\",RiskRegister[[#This Row],[Residual-I-L-Combo]],RiskRegister[[#This Row],[Inherent-I-L-Combo]])","v":"-- Select Impact ----- Select Likelihood --"},"-- Error --"]
[178,{"$nulls":5},"-- Select Risk Category --",null,"-- select department --",null,null,"-- Select Impact --",{"$f":"VLOOKUP(RiskRegister[[#This Row],[Inherent Impact Level]],'Rating factors'!$F$4:$G$9,2,FALSE)","v":"--- Error ---"},"-- Select Likelihood --",{"$f":"VLOOKUP(RiskRegister[[#This Row],[Inherent Likelihood Level]],'Rating factors'!$F$16:$G$21,2,FALSE)","v":"--- Error ---"},{"$f":"IFERROR(VLOOKUP(RiskRegister[[#This Row],[Inherent Risk Rating]],'Rating factors'!$F$30:$G$44,2,FALSE),\"-- Error --\")","v":"-- Error --"},{"$f":"IFERROR(RiskRegister[[#This Row],[Inherent Impact Rating]]*RiskRegister[[#This Row],[Inherent Likelihood Rating]],\"-- Error --\")","v":"-- Error --"},"-- Select Risk Response --",null,"-- Select Impact --",{"$f":"VLOOKUP(RiskRegister[[#This Row],[Residual Impact Level]],'Rating factors'!$F$4:$G$9,2,FALSE)","v":"--- Error ---"},"-- Select Likelihood --",{"$f":"VLOOKUP(RiskRegister[[#This Row],[Residual Likelihood Level]],'Rating factors'!$F$16:$G$21,2,FALSE)","v":"--- Error ---"},{"$f":"IFERROR(VLOOKUP(RiskRegister[[#This Row],[Residual Risk Rating]],'Rating factors'!$F$30:$G$44,2,FALSE),\"-- Error --\")","v":"-- Error --"},{"$f":"IFERROR(RiskRegister[[#This Row],[Residual Impact Rating]]*RiskRegister[[#This Row],[Residual Likelihood Rating]],\"-- Error --\")","v":"-- Error --"},"-- Select Risk Status --",{"$nulls":3},{"$f":"IF(ISBLANK(RiskRegister[[#This Row],[Risk Due Date]]), \"Missing Risk Due Date\", IF(RiskRegister[[#This Row],[Risk Due Date]] < TODAY(), \"Overdue\", \"Not Overdue\"))","v":"Missing Risk Due Date"},null,{"$f":"IF(ISBLANK(RiskRegister[[#This Row],[Risk Due Date]]), \"Missing Risk Due Date\", TEXT(RiskRegister[[#This Row],[Risk Due Date]], \"YYYY-MM\"))","v":"Missing Risk Due Date"},{"$f":"IF(RiskRegister[[#This Row],[Created Date]]=\"\",\"Created Date missing\",(TEXT(RiskRegister[[#This Row],[Created Date]],\"mmm\") & \"-\" & YEAR(RiskRegister[[#This Row],[Created Date]])))","v":"Created Date missing"},{"$f":"IF(RiskRegister[[#This Row],[Risk Status]]=\"Closed\",RiskRegister[[#This Row],[Risk Close Date]],RiskRegister[[#This Row],[Risk Due Date]])","v":"00:00:00"},{"$f":"IF(RiskRegister[[#This Row],[Risk-Change-Date]]=0,DATE(2030,1,1),RiskRegister[[#This Row],[Risk-Change-Date]])","v":"2030-01-01"},{"$f":"RiskRegister[[#This Row],[Inherent Impact Level]]&\"-\"&RiskRegister[[#This Row],[Inherent Likelihood Level]]","v":"-- Select Impact ----- Select Likelihood --"},{"$f":"RiskRegister[[#This Row],[Residual Impact Level]]&\"-\"&RiskRegister[[#This Row],[Residual Likelihood Level]]","v":"-- Select Impact ----- Select Likelihood --"},"Error",{"$f":"IF(RiskRegister[[#This Row],[Risk Status]]=\"Closed\",RiskRegister[[#This Row],[Residual Impact Level]],RiskRegister[[#This Row],[Inherent Impact Level]])","v":"-- Select Impact --"},{"$f":"IF(RiskRegister[[#This Row],[Risk Status]]=\"Closed\",RiskRegister[[#This Row],[Residual Likelihood Level]],RiskRegister[[#This Row],[Inherent Likelihood Level]])","v":"-- Select Likelihood --"},{"$f":"IF(RiskRegister[[#This Row],[Risk Status]]=\"Closed\",RiskRegister[[#This Row],[Residual-I-L-Combo]],RiskRegister[[#This Row],[Inherent-I-L-Combo]])","v":"-- Select Impact ----- Select Likelihood --"},"-- Error --"]
[179,{"$nulls":5},"-- Select Risk Category --",null,"-- select department --",null,null,"-- Select Impact --",{"$f":"VLOOKUP(RiskRegister[[#This Row],[Inherent Impact Level]],'Rating factors'!$F$4:$G$9,2,FALSE)","v":"--- Error ---"},"-- Select Likelihood --",{"$f":"VLOOKUP(RiskRegister[[#This Row],[Inherent Likelihood Level]],'Rating factors'!$F$16:$G$21,2,FALSE)","v":"--- Error ---"},{"$f":"IFERROR(VLOOKUP(RiskRegister[[#This Row],[Inherent Risk Rating]],'Rating factors'!$F$30:$G$44,2,FALSE),\"-- Error --\")","v":"-- Error --"},{"$f":"IFERROR(RiskRegister[[#This Row],[Inherent Impact Rating]]*RiskRegister[[#This Row],[Inherent Likelihood Rating]],\"-- Error --\")","v":"-- Error --"},"-- Select Risk Response --",null,"-- Select Impact --",{"$f":"VLOOKUP(RiskRegister[[#This Row],[Residual Impact Level]],'Rating factors'!$F$4:$G$9,2,FALSE)","v":"--- Error ---"},"-- Select Likelihood --",{"$f":"VLOOKUP(RiskRegister[[#This Row],[Residual Likelihood Level]],'Rating factors'!$F$16:$G$21,2,FALSE)","v":"--- Error ---"},{"$f":"IFERROR(VLOOKUP(RiskRegister[[#This Row],[Residual Risk Rating]],'Rating factors'!$F$30:$G$44,2,FALSE),\"-- Error --\")","v":"-- Error --"},{"$f":"IFERROR(RiskRegister[[#This Row],[Residual Impact Rating]]*RiskRegister[[#This Row],[Residual Likelihood Rating]],\"-- Error --\")","v":"-- Error --"},"-- Select Risk Status --",{"$nulls":3},{"$f":"IF(ISBLANK(RiskRegister[[#This Row],[Risk Due Date]]), \"Missing Risk Due Date\", IF(RiskRegister[[#This Row],[Risk Due Date]] < TODAY(), \"Overdue\", \"Not Overdue\"))","v":"Missing Risk Due Date"},null,{"$f":"IF(ISBLANK(RiskRegister[[#This Row],[Risk Due Date]]), \"Missing Risk Due Date\", TEXT(RiskRegister[[#This Row],[Risk Due Date]], \"YYYY-MM\"))","v":"Missing Risk Due Date"},{"$f":"IF(RiskRegister[[#This Row],[Created Date]]=\"\",\"Created Date missing\",(TEXT(RiskRegister[[#This Row],[Created Date]],\"mmm\") & \"-\" & YEAR(RiskRegister[[#This Row],[Created Date]])))","v":"Created Date missing"},{"$f":"IF(RiskRegister[[#This Row],[Risk Status]]=\"Closed\",RiskRegister[[#This Row],[Risk Close Date]],RiskRegister[[#This Row],[Risk Due Date]])","v":"00:00:00"},{"$f":"IF(RiskRegister[[#This Row],[Risk-Change-Date]]=0,DATE(2030,1,1),RiskRegister[[#This Row],[Risk-Change-Date]])","v":"2030-01-01"},{"$f":"RiskRegister[[#This Row],[Inherent Impact Level]]&\"-\"&RiskRegister[[#This Row],[Inherent Likelihood Level]]","v":"-- Select Impact ----- Select Likelihood --"},{"$f":"RiskRegister[[#This Row],[Residual Impact Level]]&\"-\"&RiskRegister[[#This Row],[Residual Likelihood Level]]","v":"-- Select Impact ----- Select Likelihood --"},"Error",{"$f":"IF(RiskRegister[[#This Row],[Risk Status]]=\"Closed\",RiskRegister[[#This Row],[Residual Impact Level]],RiskRegister[[#This Row],[Inherent Impact Level]])","v":"-- Select Impact --"},{"$f":"IF(RiskRegister[[#This Row],[Risk Status]]=\"Closed\",RiskRegister[[#This Row],[Residual Likelihood Level]],RiskRegister[[#This Row],[Inherent Likelihood Level]])","v":"-- Select Likelihood --"},{"$f":"IF(RiskRegister[[#This Row],[Risk Status]]=\"Closed\",RiskRegister[[#This Row],[Residual-I-L-Combo]],RiskRegister[[#This Row],[Inherent-I-L-Combo]])","v":"-- Select Impact ----- Select Likelihood --"},"-- Error --"]
[180,{"$nulls":5},"-- Select Risk Category --",null,"-- select department --",null,null,"-- Select Impact --",{"$f":"VLOOKUP(RiskRegister[[#This Row],[Inherent Impact Level]],'Rating factors'!$F$4:$G$9,2,FALSE)","v":"--- Error ---"},"-- Select Likelihood --",{"$f":"VLOOKUP(RiskRegister[[#This Row],[Inherent Likelihood Level]],'Rating factors'!$F$16:$G$21,2,FALSE)","v":"--- Error ---"},{"$f":"IFERROR(VLOOKUP(RiskRegister[[#This Row],[Inherent Risk Rating]],'Rating factors'!$F$30:$G$44,2,FALSE),\"-- Error --\")","v":"-- Error --"},{"$f":"IFERROR(RiskRegister[[#This Row],[Inherent Impact Rating]]*RiskRegister[[#This Row],[Inherent Likelihood Rating]],\"-- Error --\")","v":"-- Error --"},"-- Select Risk Response --",null,"-- Select Impact --",{"$f":"VLOOKUP(RiskRegister[[#This Row],[Residual Impact Level]],'Rating factors'!$F$4:$G$9,2,FALSE)","v":"--- Error ---"},"-- Select Likelihood --",{"$f":"VLOOKUP(RiskRegister[[#This Row],[Residual Likelihood Level]],'Rating factors'!$F$16:$G$21,2,FALSE)","v":"--- Error ---"},{"$f":"IFERROR(VLOOKUP(RiskRegister[[#This Row],[Residual Risk Rating]],'Rating factors'!$F$30:$G$44,2,FALSE),\"-- Error --\")","v":"-- Error --"},{"$f":"IFERROR(RiskRegister[[#This Row],[Residual Impact Rating]]*RiskRegister[[#This Row],[Residual Likelihood Rating]],\"-- Error --\")","v":"-- Error --"},"-- Select Risk Status --",{"$nulls":3},{"$f":"IF(ISBLANK(RiskRegister[[#This Row],[Risk Due Date]]), \"Missing Risk Due Date\", IF(RiskRegister[[#This Row],[Risk Due Date]] < TODAY(), \"Overdue\", \"Not Overdue\"))","v":"Missing Risk Due Date"},null,{"$f":"IF(ISBLANK(RiskRegister[[#This Row],[Risk Due Date]]), \"Missing Risk Due Date\", TEXT(RiskRegister[[#This Row],[Risk Due Date]], \"YYYY-MM\"))","v":"Missing Risk Due Date"},{"$f":"IF(RiskRegister[[#This Row],[Created Date]]=\"\",\"Created Date missing\",(TEXT(RiskRegister[[#This Row],[Created Date]],\"mmm\") & \"-\" & YEAR(RiskRegister[[#This Row],[Created Date]])))","v":"Created Date missing"},{"$f":"IF(RiskRegister[[#This Row],[Risk Status]]=\"Closed\",RiskRegister[[#This Row],[Risk Close Date]],RiskRegister[[#This Row],[Risk Due Date]])","v":"00:00:00"},{"$f":"IF(RiskRegister[[#This Row],[Risk-Change-Date]]=0,DATE(2030,1,1),RiskRegister[[#This Row],[Risk-Change-Date]])","v":"2030-01-01"},{"$f":"RiskRegister[[#This Row],[Inherent Impact Level]]&\"-\"&RiskRegister[[#This Row],[Inherent Likelihood Level]]","v":"-- Select Impact ----- Select Likelihood --"},{"$f":"RiskRegister[[#This Row],[Residual Impact Level]]&\"-\"&RiskRegister[[#This Row],[Residual Likelihood Level]]","v":"-- Select Impact ----- Select Likelihood --"},"Error",{"$f":"IF(RiskRegister[[#This Row],[Risk Status]]=\"Closed\",RiskRegister[[#This Row],[Residual Impact Level]],RiskRegister[[#This Row],[Inherent Impact Level]])","v":"-- Select Impact --"},{"$f":"IF(RiskRegister[[#This Row],[Risk Status]]=\"Closed\",RiskRegister[[#This Row],[Residual Likelihood Level]],RiskRegister[[#This Row],[Inherent Likelihood Level]])","v":"-- Select Likelihood --"},{"$f":"IF(RiskRegister[[#This Row],[Risk Status]]=\"Closed\",RiskRegister[[#This Row],[Residual-I-L-Combo]],RiskRegister[[#This Row],[Inherent-I-L-Combo]])","v":"-- Select Impact ----- Select Likelihood --"},"-- Error --"]
[181,{"$nulls":5},"-- Select Risk Category --",null,"-- select department --",null,null,"-- Select Impact --",{"$f":"VLOOKUP(RiskRegister[[#This Row],[Inherent Impact Level]],'Rating factors'!$F$4:$G$9,2,FALSE)","v":"--- Error ---"},"-- Select Likelihood --",{"$f":"VLOOKUP(RiskRegister[[#This Row],[Inherent Likelihood Level]],'Rating factors'!$F$16:$G$21,2,FALSE)","v":"--- Error ---"},{"$f":"IFERROR(VLOOKUP(RiskRegister[[#This Row],[Inherent Risk Rating]],'Rating factors'!$F$30:$G$44,2,FALSE),\"-- Error --\")","v":"-- Error --"},{"$f":"IFERROR(RiskRegister[[#This Row],[Inherent Impact Rating]]*RiskRegister[[#This Row],[Inherent Likelihood Rating]],\"-- Error --\")","v":"-- Error --"},"-- Select Risk Response --",null,"-- Select Impact --",{"$f":"VLOOKUP(RiskRegister[[#This Row],[Residual Impact Level]],'Rating factors'!$F$4:$G$9,2,FALSE)","v":"--- Error ---"},"-- Select Likelihood --",{"$f":"VLOOKUP(RiskRegister[[#This Row],[Residual Likelihood Level]],'Rating factors'!$F$16:$G$21,2,FALSE)","v":"--- Error ---"},{"$f":"IFERROR(VLOOKUP(RiskRegister[[#This Row],[Residual Risk Rating]],'Rating factors'!$F$30:$G$44,2,FALSE),\"-- Error --\")","v":"-- Error --"},{"$f":"IFERROR(RiskRegister[[#This Row],[Residual Impact Rating]]*RiskRegister[[#This Row],[Residual Likelihood Rating]],\"-- Error --\")","v":"-- Error --"},"-- Select Risk Status --",{"$nulls":3},{"$f":"IF(ISBLANK(RiskRegister[[#This Row],[Risk Due Date]]), \"Missing Risk Due Date\", IF(RiskRegister[[#This Row],[Risk Due Date]] < TODAY(), \"Overdue\", \"Not Overdue\"))","v":"Missing Risk Due Date"},null,{"$f":"IF(ISBLANK(RiskRegister[[#This Row],[Risk Due Date]]), \"Missing Risk Due Date\", TEXT(RiskRegister[[#This Row],[Risk Due Date]], \"YYYY-MM\"))","v":"Missing Risk Due Date"},{"$f":"IF(RiskRegister[[#This Row],[Created Date]]=\"\",\"Created Date missing\",(TEXT(RiskRegister[[#This Row],[Created Date]],\"mmm\") & \"-\" & YEAR(RiskRegister[[#This Row],[Created Date]])))","v":"Created Date missing"},{"$f":"IF(RiskRegister[[#This Row],[Risk Status]]=\"Closed\",RiskRegister[[#This Row],[Risk Close Date]],RiskRegister[[#This Row],[Risk Due Date]])","v":"00:00:00"},{"$f":"IF(RiskRegister[[#This Row],[Risk-Change-Date]]=0,DATE(2030,1,1),RiskRegister[[#This Row],[Risk-Change-Date]])","v":"2030-01-01"},{"$f":"RiskRegister[[#This Row],[Inherent Impact Level]]&\"-\"&RiskRegister[[#This Row],[Inherent Likelihood Level]]","v":"-- Select Impact ----- Select Likelihood --"},{"$f":"RiskRegister[[#This Row],[Residual Impact Level]]&\"-\"&RiskRegister[[#This Row],[Residual Likelihood Level]]","v":"-- Select Impact ----- Select Likelihood --"},"Error",{"$f":"IF(RiskRegister[[#This Row],[Risk Status]]=\"Closed\",RiskRegister[[#This Row],[Residual Impact Level]],RiskRegister[[#This Row],[Inherent Impact Level]])","v":"-- Select Impact --"},{"$f":"IF(RiskRegister[[#This Row],[Risk Status]]=\"Closed\",RiskRegister[[#This Row],[Residual Likelihood Level]],RiskRegister[[#This Row],[Inherent Likelihood Level]])","v":"-- Select Likelihood --"},{"$f":"IF(RiskRegister[[#This Row],[Risk Status]]=\"Closed\",RiskRegister[[#This Row],[Residual-I-L-Combo]],RiskRegister[[#This Row],[Inherent-I-L-Combo]])","v":"-- Select Impact ----- Select Likelihood --"},"-- Error --"]
[182,{"$nulls":5},"-- Select Risk Category --",null,"-- select department --",null,null,"-- Select Impact --",{"$f":"VLOOKUP(RiskRegister[[#This Row],[Inherent Impact Level]],'Rating factors'!$F$4:$G$9,2,FALSE)","v":"--- Error ---"},"-- Select Likelihood --",{"$f":"VLOOKUP(RiskRegister[[#This Row],[Inherent Likelihood Level]],'Rating factors'!$F$16:$G$21,2,FALSE)","v":"--- Error ---"},{"$f":"IFERROR(VLOOKUP(RiskRegister[[#This Row],[Inherent Risk Rating]],'Rating factors'!$F$30:$G$44,2,FALSE),\"-- Error --\")","v":"-- Error --"},{"$f":"IFERROR(RiskRegister[[#This Row],[Inherent Impact Rating]]*RiskRegister[[#This Row],[Inherent Likelihood Rating]],\"-- Error --\")","v":"-- Error --"},"-- Select Risk Response --",null,"-- Select Impact --",{"$f":"VLOOKUP(RiskRegister[[#This Row],[Residual Impact Level]],'Rating factors'!$F$4:$G$9,2,FALSE)","v":"--- Error ---"},"-- Select Likelihood --",{"$f":"VLOOKUP(RiskRegister[[#This Row],[Residual Likelihood Level]],'Rating factors'!$F$16:$G$21,2,FALSE)","v":"--- Error ---"},{"$f":"IFERROR(VLOOKUP(RiskRegister[[#This Row],[Residual Risk Rating]],'Rating factors'!$F$30:$G$44,2,FALSE),\"-- Error --\")","v":"-- Error --"},{"$f":"IFERROR(RiskRegister[[#This Row],[Residual Impact Rating]]*RiskRegister[[#This Row],[Residual Likelihood Rating]],\"-- Error --\")","v":"-- Error --"},"-- Select Risk Status --",{"$nulls":3},{"$f":"IF(ISBLANK(RiskRegister[[#This Row],[Risk Due Date]]), \"Missing Risk Due Date\", IF(RiskRegister[[#This Row],[Risk Due Date]] < TODAY(), \"Overdue\", \"Not Overdue\"))","v":"Missing Risk Due Date"},null,{"$f":"IF(ISBLANK(RiskRegister[[#This Row],[Risk Due Date]]), \"Missing Risk Due Date\", TEXT(RiskRegister[[#This Row],[Risk Due Date]], \"YYYY-MM\"))","v":"Missing Risk Due Date"},{"$f":"IF(RiskRegister[[#This Row],[Created Date]]=\"\",\"Created Date missing\",(TEXT(RiskRegister[[#This Row],[Created Date]],\"mmm\") & \"-\" & YEAR(RiskRegister[[#This Row],[Created Date]])))","v":"Created Date missing"},{"$f":"IF(RiskRegister[[#This Row],[Risk Status]]=\"Closed\",RiskRegister[[#This Row],[Risk Close Date]],RiskRegister[[#This Row],[Risk Due Date]])","v":"00:00:00"},{"$f":"IF(RiskRegister[[#This Row],[Risk-Change-Date]]=0,DATE(2030,1,1),RiskRegister[[#This Row],[Risk-Change-Date]])","v":"2030-01-01"},{"$f":"RiskRegister[[#This Row],[Inherent Impact Level]]&\"-\"&RiskRegister[[#This Row],[Inherent Likelihood Level]]","v":"-- Select Impact ----- Select Likelihood --"},{"$f":"RiskRegister[[#This Row],[Residual Impact Level]]&\"-\"&RiskRegister[[#This Row],[Residual Likelihood Level]]","v":"-- Select Impact ----- Select Likelihood --"},"Error",{"$f":"IF(RiskRegister[[#This Row],[Risk Status]]=\"Closed\",RiskRegister[[#This Row],[Residual Impact Level]],RiskRegister[[#This Row],[Inherent Impact Level]])","v":"-- Select Impact --"},{"$f":"IF(RiskRegister[[#This Row],[Risk Status]]=\"Closed\",RiskRegister[[#This Row],[Residual Likelihood Level]],RiskRegister[[#This Row],[Inherent Likelihood Level]])","v":"-- Select Likelihood --"},{"$f":"IF(RiskRegister[[#This Row],[Risk Status]]=\"Closed\",RiskRegister[[#This Row],[Residual-I-L-Combo]],RiskRegister[[#This Row],[Inherent-I-L-Combo]])","v":"-- Select Impact ----- Select Likelihood --"},"-- Error --"]
[183,{"$nulls":5},"-- Select Risk Category --",null,"-- select department --",null,null,"-- Select Impact --",{"$f":"VLOOKUP(RiskRegister[[#This Row],[Inherent Impact Level]],'Rating factors'!$F$4:$G$9,2,FALSE)","v":"--- Error ---"},"-- Select Likelihood --",{"$f":"VLOOKUP(RiskRegister[[#This Row],[Inherent Likelihood Level]],'Rating factors'!$F$16:$G$21,2,FALSE)","v":"--- Error ---"},{"$f":"IFERROR(VLOOKUP(RiskRegister[[#This Row],[Inherent Risk Rating]],'Rating factors'!$F$30:$G$44,2,FALSE),\"-- Error --\")","v":"-- Error --"},{"$f":"IFERROR(RiskRegister[[#This Row],[Inherent Impact Rating]]*RiskRegister[[#This Row],[Inherent Likelihood Rating]],\"-- Error --\")","v":"-- Error --"},"-- Select Risk Response --",null,"-- Select Impact --",{"$f":"VLOOKUP(RiskRegister[[#This Row],[Residual Impact Level]],'Rating factors'!$F$4:$G$9,2,FALSE)","v":"--- Error ---"},"-- Select Likelihood --",{"$f":"VLOOKUP(RiskRegister[[#This Row],[Residual Likelihood Level]],'Rating factors'!$F$16:$G$21,2,FALSE)","v":"--- Error ---"},{"$f":"IFERROR(VLOOKUP(RiskRegister[[#This Row],[Residual Risk Rating]],'Rating factors'!$F$30:$G$44,2,FALSE),\"-- Error --\")","v":"-- Error --"},{"$f":"IFERROR(RiskRegister[[#This Row],[Residual Impact Rating]]*RiskRegister[[#This Row],[Residual Likelihood Rating]],\"-- Error --\")","v":"-- Error --"},"-- Select Risk Status --",{"$nulls":3},{"$f":"IF(ISBLANK(RiskRegister[[#This Row],[Risk Due Date]]), \"Missing Risk Due Date\", IF(RiskRegister[[#This Row],[Risk Due Date]] < TODAY(), \"Overdue\", \"Not Overdue\"))","v":"Missing Risk Due Date"},null,{"$f":"IF(ISBLANK(RiskRegister[[#This Row],[Risk Due Date]]), \"Missing Risk Due Date\", TEXT(RiskRegister[[#This Row],[Risk Due Date]], \"YYYY-MM\"))","v":"Missing Risk Due Date"},{"$f":"IF(RiskRegister[[#This Row],[Created Date]]=\"\",\"Created Date missing\",(TEXT(RiskRegister[[#This Row],[Created Date]],\"mmm\") & \"-\" & YEAR(RiskRegister[[#This Row],[Created Date]])))","v":"Created Date missing"},{"$f":"IF(RiskRegister[[#This Row],[Risk Status]]=\"Closed\",RiskRegister[[#This Row],[Risk Close Date]],RiskRegister[[#This Row],[Risk Due Date]])","v":"00:00:00"},{"$f":"IF(RiskRegister[[#This Row],[Risk-Change-Date]]=0,DATE(2030,1,1),RiskRegister[[#This Row],[Risk-Change-Date]])","v":"2030-01-01"},{"$f":"RiskRegister[[#This Row],[Inherent Impact Level]]&\"-\"&RiskRegister[[#This Row],[Inherent Likelihood Level]]","v":"-- Select Impact ----- Select Likelihood --"},{"$f":"RiskRegister[[#This Row],[Residual Impact Level]]&\"-\"&RiskRegister[[#This Row],[Residual Likelihood Level]]","v":"-- Select Impact ----- Select Likelihood --"},"Error",{"$f":"IF(RiskRegister[[#This Row],[Risk Status]]=\"Closed\",RiskRegister[[#This Row],[Residual Impact Level]],RiskRegister[[#This Row],[Inherent Impact Level]])","v":"-- Select Impact --"},{"$f":"IF(RiskRegister[[#This Row],[Risk Status]]=\"Closed\",RiskRegister[[#This Row],[Residual Likelihood Level]],RiskRegister[[#This Row],[Inherent Likelihood Level]])","v":"-- Select Likelihood --"},{"$f":"IF(RiskRegister[[#This Row],[Risk Status]]=\"Closed\",RiskRegister[[#This Row],[Residual-I-L-Combo]],RiskRegister[[#This Row],[Inherent-I-L-Combo]])","v":"-- Select Impact ----- Select Likelihood --"},"-- Error --"]
[184,{"$nulls":5},"-- Select Risk Category --",null,"-- select department --",null,null,"-- Select Impact --",{"$f":"VLOOKUP(RiskRegister[[#This Row],[Inherent Impact Level]],'Rating factors'!$F$4:$G$9,2,FALSE)","v":"--- Error ---"},"-- Select Likelihood --",{"$f":"VLOOKUP(RiskRegister[[#This Row],[Inherent Likelihood Level]],'Rating factors'!$F$16:$G$21,2,FALSE)","v":"--- Error ---"},{"$f":"IFERROR(VLOOKUP(RiskRegister[[#This Row],[Inherent Risk Rating]],'Rating factors'!$F$30:$G$44,2,FALSE),\"-- Error --\")","v":"-- Error --"},{"$f":"IFERROR(RiskRegister[[#This Row],[Inherent Impact Rating]]*RiskRegister[[#This Row],[Inherent Likelihood Rating]],\"-- Error --\")","v":"-- Error --"},"-- Select Risk Response --",null,"-- Select Impact --",{"$f":"VLOOKUP(RiskRegister[[#This Row],[Residual Impact Level]],'Rating factors'!$F$4:$G$9,2,FALSE)","v":"--- Error ---"},"-- Select Likelihood --",{"$f":"VLOOKUP(RiskRegister[[#This Row],[Residual Likelihood Level]],'Rating factors'!$F$16:$G$21,2,FALSE)","v":"--- Error ---"},{"$f":"IFERROR(VLOOKUP(RiskRegister[[#This Row],[Residual Risk Rating]],'Rating factors'!$F$30:$G$44,2,FALSE),\"-- Error --\")","v":"-- Error --"},{"$f":"IFERROR(RiskRegister[[#This Row],[Residual Impact Rating]]*RiskRegister[[#This Row],[Residual Likelihood Rating]],\"-- Error --\")","v":"-- Error --"},"-- Select Risk Status --",{"$nulls":3},{"$f":"IF(ISBLANK(RiskRegister[[#This Row],[Risk Due Date]]), \"Missing Risk Due Date\", IF(RiskRegister[[#This Row],[Risk Due Date]] < TODAY(), \"Overdue\", \"Not Overdue\"))","v":"Missing Risk Due Date"},null,{"$f":"IF(ISBLANK(RiskRegister[[#This Row],[Risk Due Date]]), \"Missing Risk Due Date\", TEXT(RiskRegister[[#This Row],[Risk Due Date]], \"YYYY-MM\"))","v":"Missing Risk Due Date"},{"$f":"IF(RiskRegister[[#This Row],[Created Date]]=\"\",\"Created Date missing\",(TEXT(RiskRegister[[#This Row],[Created Date]],\"mmm\") & \"-\" & YEAR(RiskRegister[[#This Row],[Created Date]])))","v":"Created Date missing"},{"$f":"IF(RiskRegister[[#This Row],[Risk Status]]=\"Closed\",RiskRegister[[#This Row],[Risk Close Date]],RiskRegister[[#This Row],[Risk Due Date]])","v":"00:00:00"},{"$f":"IF(RiskRegister[[#This Row],[Risk-Change-Date]]=0,DATE(2030,1,1),RiskRegister[[#This Row],[Risk-Change-Date]])","v":"2030-01-01"},{"$f":"RiskRegister[[#This Row],[Inherent Impact Level]]&\"-\"&RiskRegister[[#This Row],[Inherent Likelihood Level]]","v":"-- Select Impact ----- Select Likelihood --"},{"$f":"RiskRegister[[#This Row],[Residual Impact Level]]&\"-\"&RiskRegister[[#This Row],[Residual Likelihood Level]]","v":"-- Select Impact ----- Select Likelihood --"},"Error",{"$f":"IF(RiskRegister[[#This Row],[Risk Status]]=\"Closed\",RiskRegister[[#This Row],[Residual Impact Level]],RiskRegister[[#This Row],[Inherent Impact Level]])","v":"-- Select Impact --"},{"$f":"IF(RiskRegister[[#This Row],[Risk Status]]=\"Closed\",RiskRegister[[#This Row],[Residual Likelihood Level]],RiskRegister[[#This Row],[Inherent Likelihood Level]])","v":"-- Select Likelihood --"},{"$f":"IF(RiskRegister[[#This Row],[Risk Status]]=\"Closed\",RiskRegister[[#This Row],[Residual-I-L-Combo]],RiskRegister[[#This Row],[Inherent-I-L-Combo]])","v":"-- Select Impact ----- Select Likelihood --"},"-- Error --"]
[185,{"$nulls":5},"-- Select Risk Category --",null,"-- select department --",null,null,"-- Select Impact --",{"$f":"VLOOKUP(RiskRegister[[#This Row],[Inherent Impact Level]],'Rating factors'!$F$4:$G$9,2,FALSE)","v":"--- Error ---"},"-- Select Likelihood --",{"$f":"VLOOKUP(RiskRegister[[#This Row],[Inherent Likelihood Level]],'Rating factors'!$F$16:$G$21,2,FALSE)","v":"--- Error ---"},{"$f":"IFERROR(VLOOKUP(RiskRegister[[#This Row],[Inherent Risk Rating]],'Rating factors'!$F$30:$G$44,2,FALSE),\"-- Error --\")","v":"-- Error --"},{"$f":"IFERROR(RiskRegister[[#This Row],[Inherent Impact Rating]]*RiskRegister[[#This Row],[Inherent Likelihood Rating]],\"-- Error --\")","v":"-- Error --"},"-- Select Risk Response --",null,"-- Select Impact --",{"$f":"VLOOKUP(RiskRegister[[#This Row],[Residual Impact Level]],'Rating factors'!$F$4:$G$9,2,FALSE)","v":"--- Error ---"},"-- Select Likelihood --",{"$f":"VLOOKUP(RiskRegister[[#This Row],[Residual Likelihood Level]],'Rating factors'!$F$16:$G$21,2,FALSE)","v":"--- Error ---"},{"$f":"IFERROR(VLOOKUP(RiskRegister[[#This Row],[Residual Risk Rating]],'Rating factors'!$F$30:$G$44,2,FALSE),\"-- Error --\")","v":"-- Error --"},{"$f":"IFERROR(RiskRegister[[#This Row],[Residual Impact Rating]]*RiskRegister[[#This Row],[Residual Likelihood Rating]],\"-- Error --\")","v":"-- Error --"},"-- Select Risk Status --",{"$nulls":3},{"$f":"IF(ISBLANK(RiskRegister[[#This Row],[Risk Due Date]]), \"Missing Risk Due Date\", IF(RiskRegister[[#This Row],[Risk Due Date]] < TODAY(), \"Overdue\", \"Not Overdue\"))","v":"Missing Risk Due Date"},null,{"$f":"IF(ISBLANK(RiskRegister[[#This Row],[Risk Due Date]]), \"Missing Risk Due Date\", TEXT(RiskRegister[[#This Row],[Risk Due Date]], \"YYYY-MM\"))","v":"Missing Risk Due Date"},{"$f":"IF(RiskRegister[[#This Row],[Created Date]]=\"\",\"Created Date missing\",(TEXT(RiskRegister[[#This Row],[Created Date]],\"mmm\") & \"-\" & YEAR(RiskRegister[[#This Row],[Created Date]])))","v":"Created Date missing"},{"$f":"IF(RiskRegister[[#This Row],[Risk Status]]=\"Closed\",RiskRegister[[#This Row],[Risk Close Date]],RiskRegister[[#This Row],[Risk Due Date]])","v":"00:00:00"},{"$f":"IF(RiskRegister[[#This Row],[Risk-Change-Date]]=0,DATE(2030,1,1),RiskRegister[[#This Row],[Risk-Change-Date]])","v":"2030-01-01"},{"$f":"RiskRegister[[#This Row],[Inherent Impact Level]]&\"-\"&RiskRegister[[#This Row],[Inherent Likelihood Level]]","v":"-- Select Impact ----- Select Likelihood --"},{"$f":"RiskRegister[[#This Row],[Residual Impact Level]]&\"-\"&RiskRegister[[#This Row],[Residual Likelihood Level]]","v":"-- Select Impact ----- Select Likelihood --"},"Error",{"$f":"IF(RiskRegister[[#This Row],[Risk Status]]=\"Closed\",RiskRegister[[#This Row],[Residual Impact Level]],RiskRegister[[#This Row],[Inherent Impact Level]])","v":"-- Select Impact --"},{"$f":"IF(RiskRegister[[#This Row],[Risk Status]]=\"Closed\",RiskRegister[[#This Row],[Residual Likelihood Level]],RiskRegister[[#This Row],[Inherent Likelihood Level]])","v":"-- Select Likelihood --"},{"$f":"IF(RiskRegister[[#This Row],[Risk Status]]=\"Closed\",RiskRegister[[#This Row],[Residual-I-L-Combo]],RiskRegister[[#This Row],[Inherent-I-L-Combo]])","v":"-- Select Impact ----- Select Likelihood --"},"-- Error --"]
[186,{"$nulls":5},"-- Select Risk Category --",null,"-- select department --",null,null,"-- Select Impact --",{"$f":"VLOOKUP(RiskRegister[[#This Row],[Inherent Impact Level]],'Rating factors'!$F$4:$G$9,2,FALSE)","v":"--- Error ---"},"-- Select Likelihood --",{"$f":"VLOOKUP(RiskRegister[[#This Row],[Inherent Likelihood Level]],'Rating factors'!$F$16:$G$21,2,FALSE)","v":"--- Error ---"},{"$f":"IFERROR(VLOOKUP(RiskRegister[[#This Row],[Inherent Risk Rating]],'Rating factors'!$F$30:$G$44,2,FALSE),\"-- Error --\")","v":"-- Error --"},{"$f":"IFERROR(RiskRegister[[#This Row],[Inherent Impact Rating]]*RiskRegister[[#This Row],[Inherent Likelihood Rating]],\"-- Error --\")","v":"-- Error --"},"-- Select Risk Response --",null,"-- Select Impact --",{"$f":"VLOOKUP(RiskRegister[[#This Row],[Residual Impact Level]],'Rating factors'!$F$4:$G$9,2,FALSE)","v":"--- Error ---"},"-- Select Likelihood --",{"$f":"VLOOKUP(RiskRegister[[#This Row],[Residual Likelihood Level]],'Rating factors'!$F$16:$G$21,2,FALSE)","v":"--- Error ---"},{"$f":"IFERROR(VLOOKUP(RiskRegister[[#This Row],[Residual Risk Rating]],'Rating factors'!$F$30:$G$44,2,FALSE),\"-- Error --\")","v":"-- Error --"},{"$f":"IFERROR(RiskRegister[[#This Row],[Residual Impact Rating]]*RiskRegister[[#This Row],[Residual Likelihood Rating]],\"-- Error --\")","v":"-- Error --"},"-- Select Risk Status --",{"$nulls":3},{"$f":"IF(ISBLANK(RiskRegister[[#This Row],[Risk Due Date]]), \"Missing Risk Due Date\", IF(RiskRegister[[#This Row],[Risk Due Date]] < TODAY(), \"Overdue\", \"Not Overdue\"))","v":"Missing Risk Due Date"},null,{"$f":"IF(ISBLANK(RiskRegister[[#This Row],[Risk Due Date]]), \"Missing Risk Due Date\", TEXT(RiskRegister[[#This Row],[Risk Due Date]], \"YYYY-MM\"))","v":"Missing Risk Due Date"},{"$f":"IF(RiskRegister[[#This Row],[Created Date]]=\"\",\"Created Date missing\",(TEXT(RiskRegister[[#This Row],[Created Date]],\"mmm\") & \"-\" & YEAR(RiskRegister[[#This Row],[Created Date]])))","v":"Created Date missing"},{"$f":"IF(RiskRegister[[#This Row],[Risk Status]]=\"Closed\",RiskRegister[[#This Row],[Risk Close Date]],RiskRegister[[#This Row],[Risk Due Date]])","v":"00:00:00"},{"$f":"IF(RiskRegister[[#This Row],[Risk-Change-Date]]=0,DATE(2030,1,1),RiskRegister[[#This Row],[Risk-Change-Date]])","v":"2030-01-01"},{"$f":"RiskRegister[[#This Row],[Inherent Impact Level]]&\"-\"&RiskRegister[[#This Row],[Inherent Likelihood Level]]","v":"-- Select Impact ----- Select Likelihood --"},{"$f":"RiskRegister[[#This Row],[Residual Impact Level]]&\"-\"&RiskRegister[[#This Row],[Residual Likelihood Level]]","v":"-- Select Impact ----- Select Likelihood --"},"Error",{"$f":"IF(RiskRegister[[#This Row],[Risk Status]]=\"Closed\",RiskRegister[[#This Row],[Residual Impact Level]],RiskRegister[[#This Row],[Inherent Impact Level]])","v":"-- Select Impact --"},{"$f":"IF(RiskRegister[[#This Row],[Risk Status]]=\"Closed\",RiskRegister[[#This Row],[Residual Likelihood Level]],RiskRegister[[#This Row],[Inherent Likelihood Level]])","v":"-- Select Likelihood --"},{"$f":"IF(RiskRegister[[#This Row],[Risk Status]]=\"Closed\",RiskRegister[[#This Row],[Residual-I-L-Combo]],RiskRegister[[#This Row],[Inherent-I-L-Combo]])","v":"-- Select Impact ----- Select Likelihood --"},"-- Error --"]
[187,{"$nulls":5},"-- Select Risk Category --",null,"-- select department --",null,null,"-- Select Impact --",{"$f":"VLOOKUP(RiskRegister[[#This Row],[Inherent Impact Level]],'Rating factors'!$F$4:$G$9,2,FALSE)","v":"--- Error ---"},"-- Select Likelihood --",{"$f":"VLOOKUP(RiskRegister[[#This Row],[Inherent Likelihood Level]],'Rating factors'!$F$16:$G$21,2,FALSE)","v":"--- Error ---"},{"$f":"IFERROR(VLOOKUP(RiskRegister[[#This Row],[Inherent Risk Rating]],'Rating factors'!$F$30:$G$44,2,FALSE),\"-- Error --\")","v":"-- Error --"},{"$f":"IFERROR(RiskRegister[[#This Row],[Inherent Impact Rating]]*RiskRegister[[#This Row],[Inherent Likelihood Rating]],\"-- Error --\")","v":"-- Error --"},"-- Select Risk Response --",null,"-- Select Impact --",{"$f":"VLOOKUP(RiskRegister[[#This Row],[Residual Impact Level]],'Rating factors'!$F$4:$G$9,2,FALSE)","v":"--- Error ---"},"-- Select Likelihood --",{"$f":"VLOOKUP(RiskRegister[[#This Row],[Residual Likelihood Level]],'Rating factors'!$F$16:$G$21,2,FALSE)","v":"--- Error ---"},{"$f":"IFERROR(VLOOKUP(RiskRegister[[#This Row],[Residual Risk Rating]],'Rating factors'!$F$30:$G$44,2,FALSE),\"-- Error --\")","v":"-- Error --"},{"$f":"IFERROR(RiskRegister[[#This Row],[Residual Impact Rating]]*RiskRegister[[#This Row],[Residual Likelihood Rating]],\"-- Error --\")","v":"-- Error --"},"-- Select Risk Status --",{"$nulls":3},{"$f":"IF(ISBLANK(RiskRegister[[#This Row],[Risk Due Date]]), \"Missing Risk Due Date\", IF(RiskRegister[[#This Row],[Risk Due Date]] < TODAY(), \"Overdue\", \"Not Overdue\"))","v":"Missing Risk Due Date"},null,{"$f":"IF(ISBLANK(RiskRegister[[#This Row],[Risk Due Date]]), \"Missing Risk Due Date\", TEXT(RiskRegister[[#This Row],[Risk Due Date]], \"YYYY-MM\"))","v":"Missing Risk Due Date"},{"$f":"IF(RiskRegister[[#This Row],[Created Date]]=\"\",\"Created Date missing\",(TEXT(RiskRegister[[#This Row],[Created Date]],\"mmm\") & \"-\" & YEAR(RiskRegister[[#This Row],[Created Date]])))","v":"Created Date missing"},{"$f":"IF(RiskRegister[[#This Row],[Risk Status]]=\"Closed\",RiskRegister[[#This Row],[Risk Close Date]],RiskRegister[[#This Row],[Risk Due Date]])","v":"00:00:00"},{"$f":"IF(RiskRegister[[#This Row],[Risk-Change-Date]]=0,DATE(2030,1,1),RiskRegister[[#This Row],[Risk-Change-Date]])","v":"2030-01-01"},{"$f":"RiskRegister[[#This Row],[Inherent Impact Level]]&\"-\"&RiskRegister[[#This Row],[Inherent Likelihood Level]]","v":"-- Select Impact ----- Select Likelihood --"},{"$f":"RiskRegister[[#This Row],[Residual Impact Level]]&\"-\"&RiskRegister[[#This Row],[Residual Likelihood Level]]","v":"-- Select Impact ----- Select Likelihood --"},"Error",{"$f":"IF(RiskRegister[[#This Row],[Risk Status]]=\"Closed\",RiskRegister[[#This Row],[Residual Impact Level]],RiskRegister[[#This Row],[Inherent Impact Level]])","v":"-- Select Impact --"},{"$f":"IF(RiskRegister[[#This Row],[Risk Status]]=\"Closed\",RiskRegister[[#This Row],[Residual Likelihood Level]],RiskRegister[[#This Row],[Inherent Likelihood Level]])","v":"-- Select Likelihood --"},{"$f":"IF(RiskRegister[[#This Row],[Risk Status]]=\"Closed\",RiskRegister[[#This Row],[Residual-I-L-Combo]],RiskRegister[[#This Row],[Inherent-I-L-Combo]])","v":"-- Select Impact ----- Select Likelihood --"},"-- Error --"]
[188,{"$nulls":5},"-- Select Risk Category --",null,"-- select department --",null,null,"-- Select Impact --",{"$f":"VLOOKUP(RiskRegister[[#This Row],[Inherent Impact Level]],'Rating factors'!$F$4:$G$9,2,FALSE)","v":"--- Error ---"},"-- Select Likelihood --",{"$f":"VLOOKUP(RiskRegister[[#This Row],[Inherent Likelihood Level]],'Rating factors'!$F$16:$G$21,2,FALSE)","v":"--- Error ---"},{"$f":"IFERROR(VLOOKUP(RiskRegister[[#This Row],[Inherent Risk Rating]],'Rating factors'!$F$30:$G$44,2,FALSE),\"-- Error --\")","v":"-- Error --"},{"$f":"IFERROR(RiskRegister[[#This Row],[Inherent Impact Rating]]*RiskRegister[[#This Row],[Inherent Likelihood Rating]],\"-- Error --\")","v":"-- Error --"},"-- Select Risk Response --",null,"-- Select Impact --",{"$f":"VLOOKUP(RiskRegister[[#This Row],[Residual Impact Level]],'Rating factors'!$F$4:$G$9,2,FALSE)","v":"--- Error ---"},"-- Select Likelihood --",{"$f":"VLOOKUP(RiskRegister[[#This Row],[Residual Likelihood Level]],'Rating factors'!$F$16:$G$21,2,FALSE)","v":"--- Error ---"},{"$f":"IFERROR(VLOOKUP(RiskRegister[[#This Row],[Residual Risk Rating]],'Rating factors'!$F$30:$G$44,2,FALSE),\"-- Error --\")","v":"-- Error --"},{"$f":"IFERROR(RiskRegister[[#This Row],[Residual Impact Rating]]*RiskRegister[[#This Row],[Residual Likelihood Rating]],\"-- Error --\")","v":"-- Error --"},"-- Select Risk Status --",{"$nulls":3},{"$f":"IF(ISBLANK(RiskRegister[[#This Row],[Risk Due Date]]), \"Missing Risk Due Date\", IF(RiskRegister[[#This Row],[Risk Due Date]] < TODAY(), \"Overdue\", \"Not Overdue\"))","v":"Missing Risk Due Date"},null,{"$f":"IF(ISBLANK(RiskRegister[[#This Row],[Risk Due Date]]), \"Missing Risk Due Date\", TEXT(RiskRegister[[#This Row],[Risk Due Date]], \"YYYY-MM\"))","v":"Missing Risk Due Date"},{"$f":"IF(RiskRegister[[#This Row],[Created Date]]=\"\",\"Created Date missing\",(TEXT(RiskRegister[[#This Row],[Created Date]],\"mmm\") & \"-\" & YEAR(RiskRegister[[#This Row],[Created Date]])))","v":"Created Date missing"},{"$f":"IF(RiskRegister[[#This Row],[Risk Status]]=\"Closed\",RiskRegister[[#This Row],[Risk Close Date]],RiskRegister[[#This Row],[Risk Due Date]])","v":"00:00:00"},{"$f":"IF(RiskRegister[[#This Row],[Risk-Change-Date]]=0,DATE(2030,1,1),RiskRegister[[#This Row],[Risk-Change-Date]])","v":"2030-01-01"},{"$f":"RiskRegister[[#This Row],[Inherent Impact Level]]&\"-\"&RiskRegister[[#This Row],[Inherent Likelihood Level]]","v":"-- Select Impact ----- Select Likelihood --"},{"$f":"RiskRegister[[#This Row],[Residual Impact Level]]&\"-\"&RiskRegister[[#This Row],[Residual Likelihood Level]]","v":"-- Select Impact ----- Select Likelihood --"},"Error",{"$f":"IF(RiskRegister[[#This Row],[Risk Status]]=\"Closed\",RiskRegister[[#This Row],[Residual Impact Level]],RiskRegister[[#This Row],[Inherent Impact Level]])","v":"-- Select Impact --"},{"$f":"IF(RiskRegister[[#This Row],[Risk Status]]=\"Closed\",RiskRegister[[#This Row],[Residual Likelihood Level]],RiskRegister[[#This Row],[Inherent Likelihood Level]])","v":"-- Select Likelihood --"},{"$f":"IF(RiskRegister[[#This Row],[Risk Status]]=\"Closed\",RiskRegister[[#This Row],[Residual-I-L-Combo]],RiskRegister[[#This Row],[Inherent-I-L-Combo]])","v":"-- Select Impact ----- Select Likelihood --"},"-- Error --"]
[189,{"$nulls":5},"-- Select Risk Category --",null,"-- select department --",null,null,"-- Select Impact --",{"$f":"VLOOKUP(RiskRegister[[#This Row],[Inherent Impact Level]],'Rating factors'!$F$4:$G$9,2,FALSE)","v":"--- Error ---"},"-- Select Likelihood --",{"$f":"VLOOKUP(RiskRegister[[#This Row],[Inherent Likelihood Level]],'Rating factors'!$F$16:$G$21,2,FALSE)","v":"--- Error ---"},{"$f":"IFERROR(VLOOKUP(RiskRegister[[#This Row],[Inherent Risk Rating]],'Rating factors'!$F$30:$G$44,2,FALSE),\"-- Error --\")","v":"-- Error --"},{"$f":"IFERROR(RiskRegister[[#This Row],[Inherent Impact Rating]]*RiskRegister[[#This Row],[Inherent Likelihood Rating]],\"-- Error --\")","v":"-- Error --"},"-- Select Risk Response --",null,"-- Select Impact --",{"$f":"VLOOKUP(RiskRegister[[#This Row],[Residual Impact Level]],'Rating factors'!$F$4:$G$9,2,FALSE)","v":"--- Error ---"},"-- Select Likelihood --",{"$f":"VLOOKUP(RiskRegister[[#This Row],[Residual Likelihood Level]],'Rating factors'!$F$16:$G$21,2,FALSE)","v":"--- Error ---"},{"$f":"IFERROR(VLOOKUP(RiskRegister[[#This Row],[Residual Risk Rating]],'Rating factors'!$F$30:$G$44,2,FALSE),\"-- Error --\")","v":"-- Error --"},{"$f":"IFERROR(RiskRegister[[#This Row],[Residual Impact Rating]]*RiskRegister[[#This Row],[Residual Likelihood Rating]],\"-- Error --\")","v":"-- Error --"},"-- Select Risk Status --",{"$nulls":3},{"$f":"IF(ISBLANK(RiskRegister[[#This Row],[Risk Due Date]]), \"Missing Risk Due Date\", IF(RiskRegister[[#This Row],[Risk Due Date]] < TODAY(), \"Overdue\", \"Not Overdue\"))","v":"Missing Risk Due Date"},null,{"$f":"IF(ISBLANK(RiskRegister[[#This Row],[Risk Due Date]]), \"Missing Risk Due Date\", TEXT(RiskRegister[[#This Row],[Risk Due Date]], \"YYYY-MM\"))","v":"Missing Risk Due Date"},{"$f":"IF(RiskRegister[[#This Row],[Created Date]]=\"\",\"Created Date missing\",(TEXT(RiskRegister[[#This Row],[Created Date]],\"mmm\") & \"-\" & YEAR(RiskRegister[[#This Row],[Created Date]])))","v":"Created Date missing"},{"$f":"IF(RiskRegister[[#This Row],[Risk Status]]=\"Closed\",RiskRegister[[#This Row],[Risk Close Date]],RiskRegister[[#This Row],[Risk Due Date]])","v":"00:00:00"},{"$f":"IF(RiskRegister[[#This Row],[Risk-Change-Date]]=0,DATE(2030,1,1),RiskRegister[[#This Row],[Risk-Change-Date]])","v":"2030-01-01"},{"$f":"RiskRegister[[#This Row],[Inherent Impact Level]]&\"-\"&RiskRegister[[#This Row],[Inherent Likelihood Level]]","v":"-- Select Impact ----- Select Likelihood --"},{"$f":"RiskRegister[[#This Row],[Residual Impact Level]]&\"-\"&RiskRegister[[#This Row],[Residual Likelihood Level]]","v":"-- Select Impact ----- Select Likelihood --"},"Error",{"$f":"IF(RiskRegister[[#This Row],[Risk Status]]=\"Closed\",RiskRegister[[#This Row],[Residual Impact Level]],RiskRegister[[#This Row],[Inherent Impact Level]])","v":"-- Select Impact --"},{"$f":"IF(RiskRegister[[#This Row],[Risk Status]]=\"Closed\",RiskRegister[[#This Row],[Residual Likelihood Level]],RiskRegister[[#This Row],[Inherent Likelihood Level]])","v":"-- Select Likelihood --"},{"$f":"IF(RiskRegister[[#This Row],[Risk Status]]=\"Closed\",RiskRegister[[#This Row],[Residual-I-L-Combo]],RiskRegister[[#This Row],[Inherent-I-L-Combo]])","v":"-- Select Impact ----- Select Likelihood --"},"-- Error --"]
[190,{"$nulls":5},"-- Select Risk Category --",null,"-- select department --",null,null,"-- Select Impact --",{"$f":"VLOOKUP(RiskRegister[[#This Row],[Inherent Impact Level]],'Rating factors'!$F$4:$G$9,2,FALSE)","v":"--- Error ---"},"-- Select Likelihood --",{"$f":"VLOOKUP(RiskRegister[[#This Row],[Inherent Likelihood Level]],'Rating factors'!$F$16:$G$21,2,FALSE)","v":"--- Error ---"},{"$f":"IFERROR(VLOOKUP(RiskRegister[[#This Row],[Inherent Risk Rating]],'Rating factors'!$F$30:$G$44,2,FALSE),\"-- Error --\")","v":"-- Error --"},{"$f":"IFERROR(RiskRegister[[#This Row],[Inherent Impact Rating]]*RiskRegister[[#This Row],[Inherent Likelihood Rating]],\"-- Error --\")","v":"-- Error --"},"-- Select Risk Response --",null,"-- Select Impact --",{"$f":"VLOOKUP(RiskRegister[[#This Row],[Residual Impact Level]],'Rating factors'!$F$4:$G$9,2,FALSE)","v":"--- Error ---"},"-- Select Likelihood --",{"$f":"VLOOKUP(RiskRegister[[#This Row],[Residual Likelihood Level]],'Rating factors'!$F$16:$G$21,2,FALSE)","v":"--- Error ---"},{"$f":"IFERROR(VLOOKUP(RiskRegister[[#This Row],[Residual Risk Rating]],'Rating factors'!$F$30:$G$44,2,FALSE),\"-- Error --\")","v":"-- Error --"},{"$f":"IFERROR(RiskRegister[[#This Row],[Residual Impact Rating]]*RiskRegister[[#This Row],[Residual Likelihood Rating]],\"-- Error --\")","v":"-- Error --"},"-- Select Risk Status --",{"$nulls":3},{"$f":"IF(ISBLANK(RiskRegister[[#This Row],[Risk Due Date]]), \"Missing Risk Due Date\", IF(RiskRegister[[#This Row],[Risk Due Date]] < TODAY(), \"Overdue\", \"Not Overdue\"))","v":"Missing Risk Due Date"},null,{"$f":"IF(ISBLANK(RiskRegister[[#This Row],[Risk Due Date]]), \"Missing Risk Due Date\", TEXT(RiskRegister[[#This Row],[Risk Due Date]], \"YYYY-MM\"))","v":"Missing Risk Due Date"},{"$f":"IF(RiskRegister[[#This Row],[Created Date]]=\"\",\"Created Date missing\",(TEXT(RiskRegister[[#This Row],[Created Date]],\"mmm\") & \"-\" & YEAR(RiskRegister[[#This Row],[Created Date]])))","v":"Created Date missing"},{"$f":"IF(RiskRegister[[#This Row],[Risk Status]]=\"Closed\",RiskRegister[[#This Row],[Risk Close Date]],RiskRegister[[#This Row],[Risk Due Date]])","v":"00:00:00"},{"$f":"IF(RiskRegister[[#This Row],[Risk-Change-Date]]=0,DATE(2030,1,1),RiskRegister[[#This Row],[Risk-Change-Date]])","v":"2030-01-01"},{"$f":"RiskRegister[[#This Row],[Inherent Impact Level]]&\"-\"&RiskRegister[[#This Row],[Inherent Likelihood Level]]","v":"-- Select Impact ----- Select Likelihood --"},{"$f":"RiskRegister[[#This Row],[Residual Impact Level]]&\"-\"&RiskRegister[[#This Row],[Residual Likelihood Level]]","v":"-- Select Impact ----- Select Likelihood --"},"Error",{"$f":"IF(RiskRegister[[#This Row],[Risk Status]]=\"Closed\",RiskRegister[[#This Row],[Residual Impact Level]],RiskRegister[[#This Row],[Inherent Impact Level]])","v":"-- Select Impact --"},{"$f":"IF(RiskRegister[[#This Row],[Risk Status]]=\"Closed\",RiskRegister[[#This Row],[Residual Likelihood Level]],RiskRegister[[#This Row],[Inherent Likelihood Level]])","v":"-- Select Likelihood --"},{"$f":"IF(RiskRegister[[#This Row],[Risk Status]]=\"Closed\",RiskRegister[[#This Row],[Residual-I-L-Combo]],RiskRegister[[#This Row],[Inherent-I-L-Combo]])","v":"-- Select Impact ----- Select Likelihood --"},"-- Error --"]
[191,{"$nulls":5},"-- Select Risk Category --",null,"-- select department --",null,null,"-- Select Impact --",{"$f":"VLOOKUP(RiskRegister[[#This Row],[Inherent Impact Level]],'Rating factors'!$F$4:$G$9,2,FALSE)","v":"--- Error ---"},"-- Select Likelihood --",{"$f":"VLOOKUP(RiskRegister[[#This Row],[Inherent Likelihood Level]],'Rating factors'!$F$16:$G$21,2,FALSE)","v":"--- Error ---"},{"$f":"IFERROR(VLOOKUP(RiskRegister[[#This Row],[Inherent Risk Rating]],'Rating factors'!$F$30:$G$44,2,FALSE),\"-- Error --\")","v":"-- Error --"},{"$f":"IFERROR(RiskRegister[[#This Row],[Inherent Impact Rating]]*RiskRegister[[#This Row],[Inherent Likelihood Rating]],\"-- Error --\")","v":"-- Error --"},"-- Select Risk Response --",null,"-- Select Impact --",{"$f":"VLOOKUP(RiskRegister[[#This Row],[Residual Impact Level]],'Rating factors'!$F$4:$G$9,2,FALSE)","v":"--- Error ---"},"-- Select Likelihood --",{"$f":"VLOOKUP(RiskRegister[[#This Row],[Residual Likelihood Level]],'Rating factors'!$F$16:$G$21,2,FALSE)","v":"--- Error ---"},{"$f":"IFERROR(VLOOKUP(RiskRegister[[#This Row],[Residual Risk Rating]],'Rating factors'!$F$30:$G$44,2,FALSE),\"-- Error --\")","v":"-- Error --"},{"$f":"IFERROR(RiskRegister[[#This Row],[Residual Impact Rating]]*RiskRegister[[#This Row],[Residual Likelihood Rating]],\"-- Error --\")","v":"-- Error --"},"-- Select Risk Status --",{"$nulls":3},{"$f":"IF(ISBLANK(RiskRegister[[#This Row],[Risk Due Date]]), \"Missing Risk Due Date\", IF(RiskRegister[[#This Row],[Risk Due Date]] < TODAY(), \"Overdue\", \"Not Overdue\"))","v":"Missing Risk Due Date"},null,{"$f":"IF(ISBLANK(RiskRegister[[#This Row],[Risk Due Date]]), \"Missing Risk Due Date\", TEXT(RiskRegister[[#This Row],[Risk Due Date]], \"YYYY-MM\"))","v":"Missing Risk Due Date"},{"$f":"IF(RiskRegister[[#This Row],[Created Date]]=\"\",\"Created Date missing\",(TEXT(RiskRegister[[#This Row],[Created Date]],\"mmm\") & \"-\" & YEAR(RiskRegister[[#This Row],[Created Date]])))","v":"Created Date missing"},{"$f":"IF(RiskRegister[[#This Row],[Risk Status]]=\"Closed\",RiskRegister[[#This Row],[Risk Close Date]],RiskRegister[[#This Row],[Risk Due Date]])","v":"00:00:00"},{"$f":"IF(RiskRegister[[#This Row],[Risk-Change-Date]]=0,DATE(2030,1,1),RiskRegister[[#This Row],[Risk-Change-Date]])","v":"2030-01-01"},{"$f":"RiskRegister[[#This Row],[Inherent Impact Level]]&\"-\"&RiskRegister[[#This Row],[Inherent Likelihood Level]]","v":"-- Select Impact ----- Select Likelihood --"},{"$f":"RiskRegister[[#This Row],[Residual Impact Level]]&\"-\"&RiskRegister[[#This Row],[Residual Likelihood Level]]","v":"-- Select Impact ----- Select Likelihood --"},"Error",{"$f":"IF(RiskRegister[[#This Row],[Risk Status]]=\"Closed\",RiskRegister[[#This Row],[Residual Impact Level]],RiskRegister[[#This Row],[Inherent Impact Level]])","v":"-- Select Impact --"},{"$f":"IF(RiskRegister[[#This Row],[Risk Status]]=\"Closed\",RiskRegister[[#This Row],[Residual Likelihood Level]],RiskRegister[[#This Row],[Inherent Likelihood Level]])","v":"-- Select Likelihood --"},{"$f":"IF(RiskRegister[[#This Row],[Risk Status]]=\"Closed\",RiskRegister[[#This Row],[Residual-I-L-Combo]],RiskRegister[[#This Row],[Inherent-I-L-Combo]])","v":"-- Select Impact ----- Select Likelihood --"},"-- Error --"]
[192,{"$nulls":5},"-- Select Risk Category --",null,"-- select department --",null,null,"-- Select Impact --",{"$f":"VLOOKUP(RiskRegister[[#This Row],[Inherent Impact Level]],'Rating factors'!$F$4:$G$9,2,FALSE)","v":"--- Error ---"},"-- Select Likelihood --",{"$f":"VLOOKUP(RiskRegister[[#This Row],[Inherent Likelihood Level]],'Rating factors'!$F$16:$G$21,2,FALSE)","v":"--- Error ---"},{"$f":"IFERROR(VLOOKUP(RiskRegister[[#This Row],[Inherent Risk Rating]],'Rating factors'!$F$30:$G$44,2,FALSE),\"-- Error --\")","v":"-- Error --"},{"$f":"IFERROR(RiskRegister[[#This Row],[Inherent Impact Rating]]*RiskRegister[[#This Row],[Inherent Likelihood Rating]],\"-- Error --\")","v":"-- Error --"},"-- Select Risk Response --",null,"-- Select Impact --",{"$f":"VLOOKUP(RiskRegister[[#This Row],[Residual Impact Level]],'Rating factors'!$F$4:$G$9,2,FALSE)","v":"--- Error ---"},"-- Select Likelihood --",{"$f":"VLOOKUP(RiskRegister[[#This Row],[Residual Likelihood Level]],'Rating factors'!$F$16:$G$21,2,FALSE)","v":"--- Error ---"},{"$f":"IFERROR(VLOOKUP(RiskRegister[[#This Row],[Residual Risk Rating]],'Rating factors'!$F$30:$G$44,2,FALSE),\"-- Error --\")","v":"-- Error --"},{"$f":"IFERROR(RiskRegister[[#This Row],[Residual Impact Rating]]*RiskRegister[[#This Row],[Residual Likelihood Rating]],\"-- Error --\")","v":"-- Error --"},"-- Select Risk Status --",{"$nulls":3},{"$f":"IF(ISBLANK(RiskRegister[[#This Row],[Risk Due Date]]), \"Missing Risk Due Date\", IF(RiskRegister[[#This Row],[Risk Due Date]] < TODAY(), \"Overdue\", \"Not Overdue\"))","v":"Missing Risk Due Date"},null,{"$f":"IF(ISBLANK(RiskRegister[[#This Row],[Risk Due Date]]), \"Missing Risk Due Date\", TEXT(RiskRegister[[#This Row],[Risk Due Date]], \"YYYY-MM\"))","v":"Missing Risk Due Date"},{"$f":"IF(RiskRegister[[#This Row],[Created Date]]=\"\",\"Created Date missing\",(TEXT(RiskRegister[[#This Row],[Created Date]],\"mmm\") & \"-\" & YEAR(RiskRegister[[#This Row],[Created Date]])))","v":"Created Date missing"},{"$f":"IF(RiskRegister[[#This Row],[Risk Status]]=\"Closed\",RiskRegister[[#This Row],[Risk Close Date]],RiskRegister[[#This Row],[Risk Due Date]])","v":"00:00:00"},{"$f":"IF(RiskRegister[[#This Row],[Risk-Change-Date]]=0,DATE(2030,1,1),RiskRegister[[#This Row],[Risk-Change-Date]])","v":"2030-01-01"},{"$f":"RiskRegister[[#This Row],[Inherent Impact Level]]&\"-\"&RiskRegister[[#This Row],[Inherent Likelihood Level]]","v":"-- Select Impact ----- Select Likelihood --"},{"$f":"RiskRegister[[#This Row],[Residual Impact Level]]&\"-\"&RiskRegister[[#This Row],[Residual Likelihood Level]]","v":"-- Select Impact ----- Select Likelihood --"},"Error",{"$f":"IF(RiskRegister[[#This Row],[Risk Status]]=\"Closed\",RiskRegister[[#This Row],[Residual Impact Level]],RiskRegister[[#This Row],[Inherent Impact Level]])","v":"-- Select Impact --"},{"$f":"IF(RiskRegister[[#This Row],[Risk Status]]=\"Closed\",RiskRegister[[#This Row],[Residual Likelihood Level]],RiskRegister[[#This Row],[Inherent Likelihood Level]])","v":"-- Select Likelihood --"},{"$f":"IF(RiskRegister[[#This Row],[Risk Status]]=\"Closed\",RiskRegister[[#This Row],[Residual-I-L-Combo]],RiskRegister[[#This Row],[Inherent-I-L-Combo]])","v":"-- Select Impact ----- Select Likelihood --"},"-- Error --"]
[193,{"$nulls":5},"-- Select Risk Category --",null,"-- select department --",null,null,"-- Select Impact --",{"$f":"VLOOKUP(RiskRegister[[#This Row],[Inherent Impact Level]],'Rating factors'!$F$4:$G$9,2,FALSE)","v":"--- Error ---"},"-- Select Likelihood --",{"$f":"VLOOKUP(RiskRegister[[#This Row],[Inherent Likelihood Level]],'Rating factors'!$F$16:$G$21,2,FALSE)","v":"--- Error ---"},{"$f":"IFERROR(VLOOKUP(RiskRegister[[#This Row],[Inherent Risk Rating]],'Rating factors'!$F$30:$G$44,2,FALSE),\"-- Error --\")","v":"-- Error --"},{"$f":"IFERROR(RiskRegister[[#This Row],[Inherent Impact Rating]]*RiskRegister[[#This Row],[Inherent Likelihood Rating]],\"-- Error --\")","v":"-- Error --"},"-- Select Risk Response --",null,"-- Select Impact --",{"$f":"VLOOKUP(RiskRegister[[#This Row],[Residual Impact Level]],'Rating factors'!$F$4:$G$9,2,FALSE)","v":"--- Error ---"},"-- Select Likelihood --",{"$f":"VLOOKUP(RiskRegister[[#This Row],[Residual Likelihood Level]],'Rating factors'!$F$16:$G$21,2,FALSE)","v":"--- Error ---"},{"$f":"IFERROR(VLOOKUP(RiskRegister[[#This Row],[Residual Risk Rating]],'Rating factors'!$F$30:$G$44,2,FALSE),\"-- Error --\")","v":"-- Error --"},{"$f":"IFERROR(RiskRegister[[#This Row],[Residual Impact Rating]]*RiskRegister[[#This Row],[Residual Likelihood Rating]],\"-- Error --\")","v":"-- Error --"},"-- Select Risk Status --",{"$nulls":3},{"$f":"IF(ISBLANK(RiskRegister[[#This Row],[Risk Due Date]]), \"Missing Risk Due Date\", IF(RiskRegister[[#This Row],[Risk Due Date]] < TODAY(), \"Overdue\", \"Not Overdue\"))","v":"Missing Risk Due Date"},null,{"$f":"IF(ISBLANK(RiskRegister[[#This Row],[Risk Due Date]]), \"Missing Risk Due Date\", TEXT(RiskRegister[[#This Row],[Risk Due Date]], \"YYYY-MM\"))","v":"Missing Risk Due Date"},{"$f":"IF(RiskRegister[[#This Row],[Created Date]]=\"\",\"Created Date missing\",(TEXT(RiskRegister[[#This Row],[Created Date]],\"mmm\") & \"-\" & YEAR(RiskRegister[[#This Row],[Created Date]])))","v":"Created Date missing"},{"$f":"IF(RiskRegister[[#This Row],[Risk Status]]=\"Closed\",RiskRegister[[#This Row],[Risk Close Date]],RiskRegister[[#This Row],[Risk Due Date]])","v":"00:00:00"},{"$f":"IF(RiskRegister[[#This Row],[Risk-Change-Date]]=0,DATE(2030,1,1),RiskRegister[[#This Row],[Risk-Change-Date]])","v":"2030-01-01"},{"$f":"RiskRegister[[#This Row],[Inherent Impact Level]]&\"-\"&RiskRegister[[#This Row],[Inherent Likelihood Level]]","v":"-- Select Impact ----- Select Likelihood --"},{"$f":"RiskRegister[[#This Row],[Residual Impact Level]]&\"-\"&RiskRegister[[#This Row],[Residual Likelihood Level]]","v":"-- Select Impact ----- Select Likelihood --"},{"$f":"IF(OR(R196=\"-- Select Risk Response --\", Z196=\"-- Select Risk Status --\"), \"Error\", IF(AND(Z196=\"Closed\", R196=\"Mitigate\"), \"Yes\", \"No\"))","v":"Error"},{"$f":"IF(RiskRegister[[#This Row],[Risk Status]]=\"Closed\",RiskRegister[[#This Row],[Residual Impact Level]],RiskRegister[[#This Row],[Inherent Impact Level]])","v":"-- Select Impact --"},{"$f":"IF(RiskRegister[[#This Row],[Risk Status]]=\"Closed\",RiskRegister[[#This Row],[Residual Likelihood Level]],RiskRegister[[#This Row],[Inherent Likelihood Level]])","v":"-- Select Likelihood --"},{"$f":"IF(RiskRegister[[#This Row],[Risk Status]]=\"Closed\",RiskRegister[[#This Row],[Residual-I-L-Combo]],RiskRegister[[#This Row],[Inherent-I-L-Combo]])","v":"-- Select Impact ----- Select Likelihood --"},{"$f":"IF(Z196=\"Closed\", X196, P196)","v":"-- Error --"}]
[194,{"$nulls":5},"-- Select Risk Category --",null,"-- select department --",null,null,"-- Select Impact --",{"$f":"VLOOKUP(RiskRegister[[#This Row],[Inherent Impact Level]],'Rating factors'!$F$4:$G$9,2,FALSE)","v":"--- Error ---"},"-- Select Likelihood --",{"$f":"VLOOKUP(RiskRegister[[#This Row],[Inherent Likelihood Level]],'Rating factors'!$F$16:$G$21,2,FALSE)","v":"--- Error ---"},{"$f":"IFERROR(VLOOKUP(RiskRegister[[#This Row],[Inherent Risk Rating]],'Rating factors'!$F$30:$G$44,2,FALSE),\"-- Error --\")","v":"-- Error --"},{"$f":"IFERROR(RiskRegister[[#This Row],[Inherent Impact Rating]]*RiskRegister[[#This Row],[Inherent Likelihood Rating]],\"-- Error --\")","v":"-- Error --"},"-- Select Risk Response --",null,"-- Select Impact --",{"$f":"VLOOKUP(RiskRegister[[#This Row],[Residual Impact Level]],'Rating factors'!$F$4:$G$9,2,FALSE)","v":"--- Error ---"},"-- Select Likelihood --",{"$f":"VLOOKUP(RiskRegister[[#This Row],[Residual Likelihood Level]],'Rating factors'!$F$16:$G$21,2,FALSE)","v":"--- Error ---"},{"$f":"IFERROR(VLOOKUP(RiskRegister[[#This Row],[Residual Risk Rating]],'Rating factors'!$F$30:$G$44,2,FALSE),\"-- Error --\")","v":"-- Error --"},{"$f":"IFERROR(RiskRegister[[#This Row],[Residual Impact Rating]]*RiskRegister[[#This Row],[Residual Likelihood Rating]],\"-- Error --\")","v":"-- Error --"},"-- Select Risk Status --",{"$nulls":3},{"$f":"IF(ISBLANK(RiskRegister[[#This Row],[Risk Due Date]]), \"Missing Risk Due Date\", IF(RiskRegister[[#This Row],[Risk Due Date]] < TODAY(), \"Overdue\", \"Not Overdue\"))","v":"Missing Risk Due Date"},null,{"$f":"IF(ISBLANK(RiskRegister[[#This Row],[Risk Due Date]]), \"Missing Risk Due Date\", TEXT(RiskRegister[[#This Row],[Risk Due Date]], \"YYYY-MM\"))","v":"Missing Risk Due Date"},{"$f":"IF(RiskRegister[[#This Row],[Created Date]]=\"\",\"Created Date missing\",(TEXT(RiskRegister[[#This Row],[Created Date]],\"mmm\") & \"-\" & YEAR(RiskRegister[[#This Row],[Created Date]])))","v":"Created Date missing"},{"$f":"IF(RiskRegister[[#This Row],[Risk Status]]=\"Closed\",RiskRegister[[#This Row],[Risk Close Date]],RiskRegister[[#This Row],[Risk Due Date]])","v":"00:00:00"},{"$f":"IF(RiskRegister[[#This Row],[Risk-Change-Date]]=0,DATE(2030,1,1),RiskRegister[[#This Row],[Risk-Change-Date]])","v":"2030-01-01"},{"$f":"RiskRegister[[#This Row],[Inherent Impact Level]]&\"-\"&RiskRegister[[#This Row],[Inherent Likelihood Level]]","v":"-- Select Impact ----- Select Likelihood --"},{"$f":"RiskRegister[[#This Row],[Residual Impact Level]]&\"-\"&RiskRegister[[#This Row],[Residual Likelihood Level]]","v":"-- Select Impact ----- Select Likelihood --"},"Error",{"$f":"IF(RiskRegister[[#This Row],[Risk Status]]=\"Closed\",RiskRegister[[#This Row],[Residual Impact Level]],RiskRegister[[#This Row],[Inherent Impact Level]])","v":"-- Select Impact --"},{"$f":"IF(RiskRegister[[#This Row],[Risk Status]]=\"Closed\",RiskRegister[[#This Row],[Residual Likelihood Level]],RiskRegister[[#This Row],[Inherent Likelihood Level]])","v":"-- Select Likelihood --"},{"$f":"IF(RiskRegister[[#This Row],[Risk Status]]=\"Closed\",RiskRegister[[#This Row],[Residual-I-L-Combo]],RiskRegister[[#This Row],[Inherent-I-L-Combo]])","v":"-- Select Impact ----- Select Likelihood --"},"-- Error --"]
[195,{"$nulls":5},"-- Select Risk Category --",null,"-- select department --",null,null,"-- Select Impact --",{"$f":"VLOOKUP(RiskRegister[[#This Row],[Inherent Impact Level]],'Rating factors'!$F$4:$G$9,2,FALSE)","v":"--- Error ---"},"-- Select Likelihood --",{"$f":"VLOOKUP(RiskRegister[[#This Row],[Inherent Likelihood Level]],'Rating factors'!$F$16:$G$21,2,FALSE)","v":"--- Error ---"},{"$f":"IFERROR(VLOOKUP(RiskRegister[[#This Row],[Inherent Risk Rating]],'Rating factors'!$F$30:$G$44,2,FALSE),\"-- Error --\")","v":"-- Error --"},{"$f":"IFERROR(RiskRegister[[#This Row],[Inherent Impact Rating]]*RiskRegister[[#This Row],[Inherent Likelihood Rating]],\"-- Error --\")","v":"-- Error --"},"-- Select Risk Response --",null,"-- Select Impact --",{"$f":"VLOOKUP(RiskRegister[[#This Row],[Residual Impact Level]],'Rating factors'!$F$4:$G$9,2,FALSE)","v":"--- Error ---"},"-- Select Likelihood --",{"$f":"VLOOKUP(RiskRegister[[#This Row],[Residual Likelihood Level]],'Rating factors'!$F$16:$G$21,2,FALSE)","v":"--- Error ---"},{"$f":"IFERROR(VLOOKUP(RiskRegister[[#This Row],[Residual Risk Rating]],'Rating factors'!$F$30:$G$44,2,FALSE),\"-- Error --\")","v":"-- Error --"},{"$f":"IFERROR(RiskRegister[[#This Row],[Residual Impact Rating]]*RiskRegister[[#This Row],[Residual Likelihood Rating]],\"-- Error --\")","v":"-- Error --"},"-- Select Risk Status --",{"$nulls":3},{"$f":"IF(ISBLANK(RiskRegister[[#This Row],[Risk Due Date]]), \"Missing Risk Due Date\", IF(RiskRegister[[#This Row],[Risk Due Date]] < TODAY(), \"Overdue\", \"Not Overdue\"))","v":"Missing Risk Due Date"},null,{"$f":"IF(ISBLANK(RiskRegister[[#This Row],[Risk Due Date]]), \"Missing Risk Due Date\", TEXT(RiskRegister[[#This Row],[Risk Due Date]], \"YYYY-MM\"))","v":"Missing Risk Due Date"},{"$f":"IF(RiskRegister[[#This Row],[Created Date]]=\"\",\"Created Date missing\",(TEXT(RiskRegister[[#This Row],[Created Date]],\"mmm\") & \"-\" & YEAR(RiskRegister[[#This Row],[Created Date]])))","v":"Created Date missing"},{"$f":"IF(RiskRegister[[#This Row],[Risk Status]]=\"Closed\",RiskRegister[[#This Row],[Risk Close Date]],RiskRegister[[#This Row],[Risk Due Date]])","v":"00:00:00"},{"$f":"IF(RiskRegister[[#This Row],[Risk-Change-Date]]=0,DATE(2030,1,1),RiskRegister[[#This Row],[Risk-Change-Date]])","v":"2030-01-01"},{"$f":"RiskRegister[[#This Row],[Inherent Impact Level]]&\"-\"&RiskRegister[[#This Row],[Inherent Likelihood Level]]","v":"-- Select Impact ----- Select Likelihood --"},{"$f":"RiskRegister[[#This Row],[Residual Impact Level]]&\"-\"&RiskRegister[[#This Row],[Residual Likelihood Level]]","v":"-- Select Impact ----- Select Likelihood --"},"Error",{"$f":"IF(RiskRegister[[#This Row],[Risk Status]]=\"Closed\",RiskRegister[[#This Row],[Residual Impact Level]],RiskRegister[[#This Row],[Inherent Impact Level]])","v":"-- Select Impact --"},{"$f":"IF(RiskRegister[[#This Row],[Risk Status]]=\"Closed\",RiskRegister[[#This Row],[Residual Likelihood Level]],RiskRegister[[#This Row],[Inherent Likelihood Level]])","v":"-- Select Likelihood --"},{"$f":"IF(RiskRegister[[#This Row],[Risk Status]]=\"Closed\",RiskRegister[[#This Row],[Residual-I-L-Combo]],RiskRegister[[#This Row],[Inherent-I-L-Combo]])","v":"-- Select Impact ----- Select Likelihood --"},"-- Error --"]
[196,{"$nulls":5},"-- Select Risk Category --",null,"-- select department --",null,null,"-- Select Impact --",{"$f":"VLOOKUP(RiskRegister[[#This Row],[Inherent Impact Level]],'Rating factors'!$F$4:$G$9,2,FALSE)","v":"--- Error ---"},"-- Select Likelihood --",{"$f":"VLOOKUP(RiskRegister[[#This Row],[Inherent Likelihood Level]],'Rating factors'!$F$16:$G$21,2,FALSE)","v":"--- Error ---"},{"$f":"IFERROR(VLOOKUP(RiskRegister[[#This Row],[Inherent Risk Rating]],'Rating factors'!$F$30:$G$44,2,FALSE),\"-- Error --\")","v":"-- Error --"},{"$f":"IFERROR(RiskRegister[[#This Row],[Inherent Impact Rating]]*RiskRegister[[#This Row],[Inherent Likelihood Rating]],\"-- Error --\")","v":"-- Error --"},"-- Select Risk Response --",null,"-- Select Impact --",{"$f":"VLOOKUP(RiskRegister[[#This Row],[Residual Impact Level]],'Rating factors'!$F$4:$G$9,2,FALSE)","v":"--- Error ---"},"-- Select Likelihood --",{"$f":"VLOOKUP(RiskRegister[[#This Row],[Residual Likelihood Level]],'Rating factors'!$F$16:$G$21,2,FALSE)","v":"--- Error ---"},{"$f":"IFERROR(VLOOKUP(RiskRegister[[#This Row],[Residual Risk Rating]],'Rating factors'!$F$30:$G$44,2,FALSE),\"-- Error --\")","v":"-- Error --"},{"$f":"IFERROR(RiskRegister[[#This Row],[Residual Impact Rating]]*RiskRegister[[#This Row],[Residual Likelihood Rating]],\"-- Error --\")","v":"-- Error --"},"-- Select Risk Status --",{"$nulls":3},{"$f":"IF(ISBLANK(RiskRegister[[#This Row],[Risk Due Date]]), \"Missing Risk Due Date\", IF(RiskRegister[[#This Row],[Risk Due Date]] < TODAY(), \"Overdue\", \"Not Overdue\"))","v":"Missing Risk Due Date"},null,{"$f":"IF(ISBLANK(RiskRegister[[#This Row],[Risk Due Date]]), \"Missing Risk Due Date\", TEXT(RiskRegister[[#This Row],[Risk Due Date]], \"YYYY-MM\"))","v":"Missing Risk Due Date"},{"$f":"IF(RiskRegister[[#This Row],[Created Date]]=\"\",\"Created Date missing\",(TEXT(RiskRegister[[#This Row],[Created Date]],\"mmm\") & \"-\" & YEAR(RiskRegister[[#This Row],[Created Date]])))","v":"Created Date missing"},{"$f":"IF(RiskRegister[[#This Row],[Risk Status]]=\"Closed\",RiskRegister[[#This Row],[Risk Close Date]],RiskRegister[[#This Row],[Risk Due Date]])","v":"00:00:00"},{"$f":"IF(RiskRegister[[#This Row],[Risk-Change-Date]]=0,DATE(2030,1,1),RiskRegister[[#This Row],[Risk-Change-Date]])","v":"2030-01-01"},{"$f":"RiskRegister[[#This Row],[Inherent Impact Level]]&\"-\"&RiskRegister[[#This Row],[Inherent Likelihood Level]]","v":"-- Select Impact ----- Select Likelihood --"},{"$f":"RiskRegister[[#This Row],[Residual Impact Level]]&\"-\"&RiskRegister[[#This Row],[Residual Likelihood Level]]","v":"-- Select Impact ----- Select Likelihood --"},"Error",{"$f":"IF(RiskRegister[[#This Row],[Risk Status]]=\"Closed\",RiskRegister[[#This Row],[Residual Impact Level]],RiskRegister[[#This Row],[Inherent Impact Level]])","v":"-- Select Impact --"},{"$f":"IF(RiskRegister[[#This Row],[Risk Status]]=\"Closed\",RiskRegister[[#This Row],[Residual Likelihood Level]],RiskRegister[[#This Row],[Inherent Likelihood Level]])","v":"-- Select Likelihood --"},{"$f":"IF(RiskRegister[[#This Row],[Risk Status]]=\"Closed\",RiskRegister[[#This Row],[Residual-I-L-Combo]],RiskRegister[[#This Row],[Inherent-I-L-Combo]])","v":"-- Select Impact ----- Select Likelihood --"},"-- Error --"]
[197,{"$nulls":5},"-- Select Risk Category --",null,"-- select department --",null,null,"-- Select Impact --",{"$f":"VLOOKUP(RiskRegister[[#This Row],[Inherent Impact Level]],'Rating factors'!$F$4:$G$9,2,FALSE)","v":"--- Error ---"},"-- Select Likelihood --",{"$f":"VLOOKUP(RiskRegister[[#This Row],[Inherent Likelihood Level]],'Rating factors'!$F$16:$G$21,2,FALSE)","v":"--- Error ---"},{"$f":"IFERROR(VLOOKUP(RiskRegister[[#This Row],[Inherent Risk Rating]],'Rating factors'!$F$30:$G$44,2,FALSE),\"-- Error --\")","v":"-- Error --"},{"$f":"IFERROR(RiskRegister[[#This Row],[Inherent Impact Rating]]*RiskRegister[[#This Row],[Inherent Likelihood Rating]],\"-- Error --\")","v":"-- Error --"},"-- Select Risk Response --",null,"-- Select Impact --",{"$f":"VLOOKUP(RiskRegister[[#This Row],[Residual Impact Level]],'Rating factors'!$F$4:$G$9,2,FALSE)","v":"--- Error ---"},"-- Select Likelihood --",{"$f":"VLOOKUP(RiskRegister[[#This Row],[Residual Likelihood Level]],'Rating factors'!$F$16:$G$21,2,FALSE)","v":"--- Error ---"},{"$f":"IFERROR(VLOOKUP(RiskRegister[[#This Row],[Residual Risk Rating]],'Rating factors'!$F$30:$G$44,2,FALSE),\"-- Error --\")","v":"-- Error --"},{"$f":"IFERROR(RiskRegister[[#This Row],[Residual Impact Rating]]*RiskRegister[[#This Row],[Residual Likelihood Rating]],\"-- Error --\")","v":"-- Error --"},"-- Select Risk Status --",{"$nulls":3},{"$f":"IF(ISBLANK(RiskRegister[[#This Row],[Risk Due Date]]), \"Missing Risk Due Date\", IF(RiskRegister[[#This Row],[Risk Due Date]] < TODAY(), \"Overdue\", \"Not Overdue\"))","v":"Missing Risk Due Date"},null,{"$f":"IF(ISBLANK(RiskRegister[[#This Row],[Risk Due Date]]), \"Missing Risk Due Date\", TEXT(RiskRegister[[#This Row],[Risk Due Date]], \"YYYY-MM\"))","v":"Missing Risk Due Date"},{"$f":"IF(RiskRegister[[#This Row],[Created Date]]=\"\",\"Created Date missing\",(TEXT(RiskRegister[[#This Row],[Created Date]],\"mmm\") & \"-\" & YEAR(RiskRegister[[#This Row],[Created Date]])))","v":"Created Date missing"},{"$f":"IF(RiskRegister[[#This Row],[Risk Status]]=\"Closed\",RiskRegister[[#This Row],[Risk Close Date]],RiskRegister[[#This Row],[Risk Due Date]])","v":"00:00:00"},{"$f":"IF(RiskRegister[[#This Row],[Risk-Change-Date]]=0,DATE(2030,1,1),RiskRegister[[#This Row],[Risk-Change-Date]])","v":"2030-01-01"},{"$f":"RiskRegister[[#This Row],[Inherent Impact Level]]&\"-\"&RiskRegister[[#This Row],[Inherent Likelihood Level]]","v":"-- Select Impact ----- Select Likelihood --"},{"$f":"RiskRegister[[#This Row],[Residual Impact Level]]&\"-\"&RiskRegister[[#This Row],[Residual Likelihood Level]]","v":"-- Select Impact ----- Select Likelihood --"},"Error",{"$f":"IF(RiskRegister[[#This Row],[Risk Status]]=\"Closed\",RiskRegister[[#This Row],[Residual Impact Level]],RiskRegister[[#This Row],[Inherent Impact Level]])","v":"-- Select Impact --"},{"$f":"IF(RiskRegister[[#This Row],[Risk Status]]=\"Closed\",RiskRegister[[#This Row],[Residual Likelihood Level]],RiskRegister[[#This Row],[Inherent Likelihood Level]])","v":"-- Select Likelihood --"},{"$f":"IF(RiskRegister[[#This Row],[Risk Status]]=\"Closed\",RiskRegister[[#This Row],[Residual-I-L-Combo]],RiskRegister[[#This Row],[Inherent-I-L-Combo]])","v":"-- Select Impact ----- Select Likelihood --"},"-- Error --"]
[198,{"$nulls":5},"-- Select Risk Category --",null,"-- select department --",null,null,"-- Select Impact --",{"$f":"VLOOKUP(RiskRegister[[#This Row],[Inherent Impact Level]],'Rating factors'!$F$4:$G$9,2,FALSE)","v":"--- Error ---"},"-- Select Likelihood --",{"$f":"VLOOKUP(RiskRegister[[#This Row],[Inherent Likelihood Level]],'Rating factors'!$F$16:$G$21,2,FALSE)","v":"--- Error ---"},{"$f":"IFERROR(VLOOKUP(RiskRegister[[#This Row],[Inherent Risk Rating]],'Rating factors'!$F$30:$G$44,2,FALSE),\"-- Error --\")","v":"-- Error --"},{"$f":"IFERROR(RiskRegister[[#This Row],[Inherent Impact Rating]]*RiskRegister[[#This Row],[Inherent Likelihood Rating]],\"-- Error --\")","v":"-- Error --"},"-- Select Risk Response --",null,"-- Select Impact --",{"$f":"VLOOKUP(RiskRegister[[#This Row],[Residual Impact Level]],'Rating factors'!$F$4:$G$9,2,FALSE)","v":"--- Error ---"},"-- Select Likelihood --",{"$f":"VLOOKUP(RiskRegister[[#This Row],[Residual Likelihood Level]],'Rating factors'!$F$16:$G$21,2,FALSE)","v":"--- Error ---"},{"$f":"IFERROR(VLOOKUP(RiskRegister[[#This Row],[Residual Risk Rating]],'Rating factors'!$F$30:$G$44,2,FALSE),\"-- Error --\")","v":"-- Error --"},{"$f":"IFERROR(RiskRegister[[#This Row],[Residual Impact Rating]]*RiskRegister[[#This Row],[Residual Likelihood Rating]],\"-- Error --\")","v":"-- Error --"},"-- Select Risk Status --",{"$nulls":3},{"$f":"IF(ISBLANK(RiskRegister[[#This Row],[Risk Due Date]]), \"Missing Risk Due Date\", IF(RiskRegister[[#This Row],[Risk Due Date]] < TODAY(), \"Overdue\", \"Not Overdue\"))","v":"Missing Risk Due Date"},null,{"$f":"IF(ISBLANK(RiskRegister[[#This Row],[Risk Due Date]]), \"Missing Risk Due Date\", TEXT(RiskRegister[[#This Row],[Risk Due Date]], \"YYYY-MM\"))","v":"Missing Risk Due Date"},{"$f":"IF(RiskRegister[[#This Row],[Created Date]]=\"\",\"Created Date missing\",(TEXT(RiskRegister[[#This Row],[Created Date]],\"mmm\") & \"-\" & YEAR(RiskRegister[[#This Row],[Created Date]])))","v":"Created Date missing"},{"$f":"IF(RiskRegister[[#This Row],[Risk Status]]=\"Closed\",RiskRegister[[#This Row],[Risk Close Date]],RiskRegister[[#This Row],[Risk Due Date]])","v":"00:00:00"},{"$f":"IF(RiskRegister[[#This Row],[Risk-Change-Date]]=0,DATE(2030,1,1),RiskRegister[[#This Row],[Risk-Change-Date]])","v":"2030-01-01"},{"$f":"RiskRegister[[#This Row],[Inherent Impact Level]]&\"-\"&RiskRegister[[#This Row],[Inherent Likelihood Level]]","v":"-- Select Impact ----- Select Likelihood --"},{"$f":"RiskRegister[[#This Row],[Residual Impact Level]]&\"-\"&RiskRegister[[#This Row],[Residual Likelihood Level]]","v":"-- Select Impact ----- Select Likelihood --"},"Error",{"$f":"IF(RiskRegister[[#This Row],[Risk Status]]=\"Closed\",RiskRegister[[#This Row],[Residual Impact Level]],RiskRegister[[#This Row],[Inherent Impact Level]])","v":"-- Select Impact --"},{"$f":"IF(RiskRegister[[#This Row],[Risk Status]]=\"Closed\",RiskRegister[[#This Row],[Residual Likelihood Level]],RiskRegister[[#This Row],[Inherent Likelihood Level]])","v":"-- Select Likelihood --"},{"$f":"IF(RiskRegister[[#This Row],[Risk Status]]=\"Closed\",RiskRegister[[#This Row],[Residual-I-L-Combo]],RiskRegister[[#This Row],[Inherent-I-L-Combo]])","v":"-- Select Impact ----- Select Likelihood --"},"-- Error --"]
[199,{"$nulls":5},"-- Select Risk Category --",null,"-- select department --",null,null,"-- Select Impact --",{"$f":"VLOOKUP(RiskRegister[[#This Row],[Inherent Impact Level]],'Rating factors'!$F$4:$G$9,2,FALSE)","v":"--- Error ---"},"-- Select Likelihood --",{"$f":"VLOOKUP(RiskRegister[[#This Row],[Inherent Likelihood Level]],'Rating factors'!$F$16:$G$21,2,FALSE)","v":"--- Error ---"},{"$f":"IFERROR(VLOOKUP(RiskRegister[[#This Row],[Inherent Risk Rating]],'Rating factors'!$F$30:$G$44,2,FALSE),\"-- Error --\")","v":"-- Error --"},{"$f":"IFERROR(RiskRegister[[#This Row],[Inherent Impact Rating]]*RiskRegister[[#This Row],[Inherent Likelihood Rating]],\"-- Error --\")","v":"-- Error --"},"-- Select Risk Response --",null,"-- Select Impact --",{"$f":"VLOOKUP(RiskRegister[[#This Row],[Residual Impact Level]],'Rating factors'!$F$4:$G$9,2,FALSE)","v":"--- Error ---"},"-- Select Likelihood --",{"$f":"VLOOKUP(RiskRegister[[#This Row],[Residual Likelihood Level]],'Rating factors'!$F$16:$G$21,2,FALSE)","v":"--- Error ---"},{"$f":"IFERROR(VLOOKUP(RiskRegister[[#This Row],[Residual Risk Rating]],'Rating factors'!$F$30:$G$44,2,FALSE),\"-- Error --\")","v":"-- Error --"},{"$f":"IFERROR(RiskRegister[[#This Row],[Residual Impact Rating]]*RiskRegister[[#This Row],[Residual Likelihood Rating]],\"-- Error --\")","v":"-- Error --"},"-- Select Risk Status --",{"$nulls":3},{"$f":"IF(ISBLANK(RiskRegister[[#This Row],[Risk Due Date]]), \"Missing Risk Due Date\", IF(RiskRegister[[#This Row],[Risk Due Date]] < TODAY(), \"Overdue\", \"Not Overdue\"))","v":"Missing Risk Due Date"},null,{"$f":"IF(ISBLANK(RiskRegister[[#This Row],[Risk Due Date]]), \"Missing Risk Due Date\", TEXT(RiskRegister[[#This Row],[Risk Due Date]], \"YYYY-MM\"))","v":"Missing Risk Due Date"},{"$f":"IF(RiskRegister[[#This Row],[Created Date]]=\"\",\"Created Date missing\",(TEXT(RiskRegister[[#This Row],[Created Date]],\"mmm\") & \"-\" & YEAR(RiskRegister[[#This Row],[Created Date]])))","v":"Created Date missing"},{"$f":"IF(RiskRegister[[#This Row],[Risk Status]]=\"Closed\",RiskRegister[[#This Row],[Risk Close Date]],RiskRegister[[#This Row],[Risk Due Date]])","v":"00:00:00"},{"$f":"IF(RiskRegister[[#This Row],[Risk-Change-Date]]=0,DATE(2030,1,1),RiskRegister[[#This Row],[Risk-Change-Date]])","v":"2030-01-01"},{"$f":"RiskRegister[[#This Row],[Inherent Impact Level]]&\"-\"&RiskRegister[[#This Row],[Inherent Likelihood Level]]","v":"-- Select Impact ----- Select Likelihood --"},{"$f":"RiskRegister[[#This Row],[Residual Impact Level]]&\"-\"&RiskRegister[[#This Row],[Residual Likelihood Level]]","v":"-- Select Impact ----- Select Likelihood --"},"Error",{"$f":"IF(RiskRegister[[#This Row],[Risk Status]]=\"Closed\",RiskRegister[[#This Row],[Residual Impact Level]],RiskRegister[[#This Row],[Inherent Impact Level]])","v":"-- Select Impact --"},{"$f":"IF(RiskRegister[[#This Row],[Risk Status]]=\"Closed\",RiskRegister[[#This Row],[Residual Likelihood Level]],RiskRegister[[#This Row],[Inherent Likelihood Level]])","v":"-- Select Likelihood --"},{"$f":"IF(RiskRegister[[#This Row],[Risk Status]]=\"Closed\",RiskRegister[[#This Row],[Residual-I-L-Combo]],RiskRegister[[#This Row],[Inherent-I-L-Combo]])","v":"-- Select Impact ----- Select Likelihood --"},"-- Error --"]
[200,{"$nulls":5},"-- Select Risk Category --",null,"-- select department --",null,null,"-- Select Impact --",{"$f":"VLOOKUP(RiskRegister[[#This Row],[Inherent Impact Level]],'Rating factors'!$F$4:$G$9,2,FALSE)","v":"--- Error ---"},"-- Select Likelihood --",{"$f":"VLOOKUP(RiskRegister[[#This Row],[Inherent Likelihood Level]],'Rating factors'!$F$16:$G$21,2,FALSE)","v":"--- Error ---"},{"$f":"IFERROR(VLOOKUP(RiskRegister[[#This Row],[Inherent Risk Rating]],'Rating factors'!$F$30:$G$44,2,FALSE),\"-- Error --\")","v":"-- Error --"},{"$f":"IFERROR(RiskRegister[[#This Row],[Inherent Impact Rating]]*RiskRegister[[#This Row],[Inherent Likelihood Rating]],\"-- Error --\")","v":"-- Error --"},"-- Select Risk Response --",null,"-- Select Impact --",{"$f":"VLOOKUP(RiskRegister[[#This Row],[Residual Impact Level]],'Rating factors'!$F$4:$G$9,2,FALSE)","v":"--- Error ---"},"-- Select Likelihood --",{"$f":"VLOOKUP(RiskRegister[[#This Row],[Residual Likelihood Level]],'Rating factors'!$F$16:$G$21,2,FALSE)","v":"--- Error ---"},{"$f":"IFERROR(VLOOKUP(RiskRegister[[#This Row],[Residual Risk Rating]],'Rating factors'!$F$30:$G$44,2,FALSE),\"-- Error --\")","v":"-- Error --"},{"$f":"IFERROR(RiskRegister[[#This Row],[Residual Impact Rating]]*RiskRegister[[#This Row],[Residual Likelihood Rating]],\"-- Error --\")","v":"-- Error --"},"-- Select Risk Status --",{"$nulls":3},{"$f":"IF(ISBLANK(RiskRegister[[#This Row],[Risk Due Date]]), \"Missing Risk Due Date\", IF(RiskRegister[[#This Row],[Risk Due Date]] < TODAY(), \"Overdue\", \"Not Overdue\"))","v":"Missing Risk Due Date"},null,{"$f":"IF(ISBLANK(RiskRegister[[#This Row],[Risk Due Date]]), \"Missing Risk Due Date\", TEXT(RiskRegister[[#This Row],[Risk Due Date]], \"YYYY-MM\"))","v":"Missing Risk Due Date"},{"$f":"IF(RiskRegister[[#This Row],[Created Date]]=\"\",\"Created Date missing\",(TEXT(RiskRegister[[#This Row],[Created Date]],\"mmm\") & \"-\" & YEAR(RiskRegister[[#This Row],[Created Date]])))","v":"Created Date missing"},{"$f":"IF(RiskRegister[[#This Row],[Risk Status]]=\"Closed\",RiskRegister[[#This Row],[Risk Close Date]],RiskRegister[[#This Row],[Risk Due Date]])","v":"00:00:00"},{"$f":"IF(RiskRegister[[#This Row],[Risk-Change-Date]]=0,DATE(2030,1,1),RiskRegister[[#This Row],[Risk-Change-Date]])","v":"2030-01-01"},{"$f":"RiskRegister[[#This Row],[Inherent Impact Level]]&\"-\"&RiskRegister[[#This Row],[Inherent Likelihood Level]]","v":"-- Select Impact ----- Select Likelihood --"},{"$f":"RiskRegister[[#This Row],[Residual Impact Level]]&\"-\"&RiskRegister[[#This Row],[Residual Likelihood Level]]","v":"-- Select Impact ----- Select Likelihood --"},"Error",{"$f":"IF(RiskRegister[[#This Row],[Risk Status]]=\"Closed\",RiskRegister[[#This Row],[Residual Impact Level]],RiskRegister[[#This Row],[Inherent Impact Level]])","v":"-- Select Impact --"},{"$f":"IF(RiskRegister[[#This Row],[Risk Status]]=\"Closed\",RiskRegister[[#This Row],[Residual Likelihood Level]],RiskRegister[[#This Row],[Inherent Likelihood Level]])","v":"-- Select Likelihood --"},{"$f":"IF(RiskRegister[[#This Row],[Risk Status]]=\"Closed\",RiskRegister[[#This Row],[Residual-I-L-Combo]],RiskRegister[[#This Row],[Inherent-I-L-Combo]])","v":"-- Select Impact ----- Select Likelihood --"},"-- Error --"]
[201,{"$nulls":5},"-- Select Risk Category --",null,"-- select department --",null,null,"-- Select Impact --",{"$f":"VLOOKUP(RiskRegister[[#This Row],[Inherent Impact Level]],'Rating factors'!$F$4:$G$9,2,FALSE)","v":"--- Error ---"},"-- Select Likelihood --",{"$f":"VLOOKUP(RiskRegister[[#This Row],[Inherent Likelihood Level]],'Rating factors'!$F$16:$G$21,2,FALSE)","v":"--- Error ---"},{"$f":"IFERROR(VLOOKUP(RiskRegister[[#This Row],[Inherent Risk Rating]],'Rating factors'!$F$30:$G$44,2,FALSE),\"-- Error --\")","v":"-- Error --"},{"$f":"IFERROR(RiskRegister[[#This Row],[Inherent Impact Rating]]*RiskRegister[[#This Row],[Inherent Likelihood Rating]],\"-- Error --\")","v":"-- Error --"},"-- Select Risk Response --",null,"-- Select Impact --",{"$f":"VLOOKUP(RiskRegister[[#This Row],[Residual Impact Level]],'Rating factors'!$F$4:$G$9,2,FALSE)","v":"--- Error ---"},"-- Select Likelihood --",{"$f":"VLOOKUP(RiskRegister[[#This Row],[Residual Likelihood Level]],'Rating factors'!$F$16:$G$21,2,FALSE)","v":"--- Error ---"},{"$f":"IFERROR(VLOOKUP(RiskRegister[[#This Row],[Residual Risk Rating]],'Rating factors'!$F$30:$G$44,2,FALSE),\"-- Error --\")","v":"-- Error --"},{"$f":"IFERROR(RiskRegister[[#This Row],[Residual Impact Rating]]*RiskRegister[[#This Row],[Residual Likelihood Rating]],\"-- Error --\")","v":"-- Error --"},"-- Select Risk Status --",{"$nulls":3},{"$f":"IF(ISBLANK(RiskRegister[[#This Row],[Risk Due Date]]), \"Missing Risk Due Date\", IF(RiskRegister[[#This Row],[Risk Due Date]] < TODAY(), \"Overdue\", \"Not Overdue\"))","v":"Missing Risk Due Date"},null,{"$f":"IF(ISBLANK(RiskRegister[[#This Row],[Risk Due Date]]), \"Missing Risk Due Date\", TEXT(RiskRegister[[#This Row],[Risk Due Date]], \"YYYY-MM\"))","v":"Missing Risk Due Date"},{"$f":"IF(RiskRegister[[#This Row],[Created Date]]=\"\",\"Created Date missing\",(TEXT(RiskRegister[[#This Row],[Created Date]],\"mmm\") & \"-\" & YEAR(RiskRegister[[#This Row],[Created Date]])))","v":"Created Date missing"},{"$f":"IF(RiskRegister[[#This Row],[Risk Status]]=\"Closed\",RiskRegister[[#This Row],[Risk Close Date]],RiskRegister[[#This Row],[Risk Due Date]])","v":"00:00:00"},{"$f":"IF(RiskRegister[[#This Row],[Risk-Change-Date]]=0,DATE(2030,1,1),RiskRegister[[#This Row],[Risk-Change-Date]])","v":"2030-01-01"},{"$f":"RiskRegister[[#This Row],[Inherent Impact Level]]&\"-\"&RiskRegister[[#This Row],[Inherent Likelihood Level]]","v":"-- Select Impact ----- Select Likelihood --"},{"$f":"RiskRegister[[#This Row],[Residual Impact Level]]&\"-\"&RiskRegister[[#This Row],[Residual Likelihood Level]]","v":"-- Select Impact ----- Select Likelihood --"},"Error",{"$f":"IF(RiskRegister[[#This Row],[Risk Status]]=\"Closed\",RiskRegister[[#This Row],[Residual Impact Level]],RiskRegister[[#This Row],[Inherent Impact Level]])","v":"-- Select Impact --"},{"$f":"IF(RiskRegister[[#This Row],[Risk Status]]=\"Closed\",RiskRegister[[#This Row],[Residual Likelihood Level]],RiskRegister[[#This Row],[Inherent Likelihood Level]])","v":"-- Select Likelihood --"},{"$f":"IF(RiskRegister[[#This Row],[Risk Status]]=\"Closed\",RiskRegister[[#This Row],[Residual-I-L-Combo]],RiskRegister[[#This Row],[Inherent-I-L-Combo]])","v":"-- Select Impact ----- Select Likelihood --"},"-- Error --"]
[202,{"$nulls":5},"-- Select Risk Category --",null,"-- select department --",null,null,"-- Select Impact --",{"$f":"VLOOKUP(RiskRegister[[#This Row],[Inherent Impact Level]],'Rating factors'!$F$4:$G$9,2,FALSE)","v":"--- Error ---"},"-- Select Likelihood --",{"$f":"VLOOKUP(RiskRegister[[#This Row],[Inherent Likelihood Level]],'Rating factors'!$F$16:$G$21,2,FALSE)","v":"--- Error ---"},{"$f":"IFERROR(VLOOKUP(RiskRegister[[#This Row],[Inherent Risk Rating]],'Rating factors'!$F$30:$G$44,2,FALSE),\"-- Error --\")","v":"-- Error --"},{"$f":"IFERROR(RiskRegister[[#This Row],[Inherent Impact Rating]]*RiskRegister[[#This Row],[Inherent Likelihood Rating]],\"-- Error --\")","v":"-- Error --"},"-- Select Risk Response --",null,"-- Select Impact --",{"$f":"VLOOKUP(RiskRegister[[#This Row],[Residual Impact Level]],'Rating factors'!$F$4:$G$9,2,FALSE)","v":"--- Error ---"},"-- Select Likelihood --",{"$f":"VLOOKUP(RiskRegister[[#This Row],[Residual Likelihood Level]],'Rating factors'!$F$16:$G$21,2,FALSE)","v":"--- Error ---"},{"$f":"IFERROR(VLOOKUP(RiskRegister[[#This Row],[Residual Risk Rating]],'Rating factors'!$F$30:$G$44,2,FALSE),\"-- Error --\")","v":"-- Error --"},{"$f":"IFERROR(RiskRegister[[#This Row],[Residual Impact Rating]]*RiskRegister[[#This Row],[Residual Likelihood Rating]],\"-- Error --\")","v":"-- Error --"},"-- Select Risk Status --",{"$nulls":3},{"$f":"IF(ISBLANK(RiskRegister[[#This Row],[Risk Due Date]]), \"Missing Risk Due Date\", IF(RiskRegister[[#This Row],[Risk Due Date]] < TODAY(), \"Overdue\", \"Not Overdue\"))","v":"Missing Risk Due Date"},null,{"$f":"IF(ISBLANK(RiskRegister[[#This Row],[Risk Due Date]]), \"Missing Risk Due Date\", TEXT(RiskRegister[[#This Row],[Risk Due Date]], \"YYYY-MM\"))","v":"Missing Risk Due Date"},{"$f":"IF(RiskRegister[[#This Row],[Created Date]]=\"\",\"Created Date missing\",(TEXT(RiskRegister[[#This Row],[Created Date]],\"mmm\") & \"-\" & YEAR(RiskRegister[[#This Row],[Created Date]])))","v":"Created Date missing"},{"$f":"IF(RiskRegister[[#This Row],[Risk Status]]=\"Closed\",RiskRegister[[#This Row],[Risk Close Date]],RiskRegister[[#This Row],[Risk Due Date]])","v":"00:00:00"},{"$f":"IF(RiskRegister[[#This Row],[Risk-Change-Date]]=0,DATE(2030,1,1),RiskRegister[[#This Row],[Risk-Change-Date]])","v":"2030-01-01"},{"$f":"RiskRegister[[#This Row],[Inherent Impact Level]]&\"-\"&RiskRegister[[#This Row],[Inherent Likelihood Level]]","v":"-- Select Impact ----- Select Likelihood --"},{"$f":"RiskRegister[[#This Row],[Residual Impact Level]]&\"-\"&RiskRegister[[#This Row],[Residual Likelihood Level]]","v":"-- Select Impact ----- Select Likelihood --"},"Error",{"$f":"IF(RiskRegister[[#This Row],[Risk Status]]=\"Closed\",RiskRegister[[#This Row],[Residual Impact Level]],RiskRegister[[#This Row],[Inherent Impact Level]])","v":"-- Select Impact --"},{"$f":"IF(RiskRegister[[#This Row],[Risk Status]]=\"Closed\",RiskRegister[[#This Row],[Residual Likelihood Level]],RiskRegister[[#This Row],[Inherent Likelihood Level]])","v":"-- Select Likelihood --"},{"$f":"IF(RiskRegister[[#This Row],[Risk Status]]=\"Closed\",RiskRegister[[#This Row],[Residual-I-L-Combo]],RiskRegister[[#This Row],[Inherent-I-L-Combo]])","v":"-- Select Impact ----- Select Likelihood --"},"-- Error --"]
[203,{"$nulls":5},"-- Select Risk Category --",null,"-- select department --",null,null,"-- Select Impact --",{"$f":"VLOOKUP(RiskRegister[[#This Row],[Inherent Impact Level]],'Rating factors'!$F$4:$G$9,2,FALSE)","v":"--- Error ---"},"-- Select Likelihood --",{"$f":"VLOOKUP(RiskRegister[[#This Row],[Inherent Likelihood Level]],'Rating factors'!$F$16:$G$21,2,FALSE)","v":"--- Error ---"},{"$f":"IFERROR(VLOOKUP(RiskRegister[[#This Row],[Inherent Risk Rating]],'Rating factors'!$F$30:$G$44,2,FALSE),\"-- Error --\")","v":"-- Error --"},{"$f":"IFERROR(RiskRegister[[#This Row],[Inherent Impact Rating]]*RiskRegister[[#This Row],[Inherent Likelihood Rating]],\"-- Error --\")","v":"-- Error --"},"-- Select Risk Response --",null,"-- Select Impact --",{"$f":"VLOOKUP(RiskRegister[[#This Row],[Residual Impact Level]],'Rating factors'!$F$4:$G$9,2,FALSE)","v":"--- Error ---"},"-- Select Likelihood --",{"$f":"VLOOKUP(RiskRegister[[#This Row],[Residual Likelihood Level]],'Rating factors'!$F$16:$G$21,2,FALSE)","v":"--- Error ---"},{"$f":"IFERROR(VLOOKUP(RiskRegister[[#This Row],[Residual Risk Rating]],'Rating factors'!$F$30:$G$44,2,FALSE),\"-- Error --\")","v":"-- Error --"},{"$f":"IFERROR(RiskRegister[[#This Row],[Residual Impact Rating]]*RiskRegister[[#This Row],[Residual Likelihood Rating]],\"-- Error --\")","v":"-- Error --"},"-- Select Risk Status --",{"$nulls":3},{"$f":"IF(ISBLANK(RiskRegister[[#This Row],[Risk Due Date]]), \"Missing Risk Due Date\", IF(RiskRegister[[#This Row],[Risk Due Date]] < TODAY(), \"Overdue\", \"Not Overdue\"))","v":"Missing Risk Due Date"},null,{"$f":"IF(ISBLANK(RiskRegister[[#This Row],[Risk Due Date]]), \"Missing Risk Due Date\", TEXT(RiskRegister[[#This Row],[Risk Due Date]], \"YYYY-MM\"))","v":"Missing Risk Due Date"},{"$f":"IF(RiskRegister[[#This Row],[Created Date]]=\"\",\"Created Date missing\",(TEXT(RiskRegister[[#This Row],[Created Date]],\"mmm\") & \"-\" & YEAR(RiskRegister[[#This Row],[Created Date]])))","v":"Created Date missing"},{"$f":"IF(RiskRegister[[#This Row],[Risk Status]]=\"Closed\",RiskRegister[[#This Row],[Risk Close Date]],RiskRegister[[#This Row],[Risk Due Date]])","v":"00:00:00"},{"$f":"IF(RiskRegister[[#This Row],[Risk-Change-Date]]=0,DATE(2030,1,1),RiskRegister[[#This Row],[Risk-Change-Date]])","v":"2030-01-01"},{"$f":"RiskRegister[[#This Row],[Inherent Impact Level]]&\"-\"&RiskRegister[[#This Row],[Inherent Likelihood Level]]","v":"-- Select Impact ----- Select Likelihood --"},{"$f":"RiskRegister[[#This Row],[Residual Impact Level]]&\"-\"&RiskRegister[[#This Row],[Residual Likelihood Level]]","v":"-- Select Impact ----- Select Likelihood --"},"Error",{"$f":"IF(RiskRegister[[#This Row],[Risk Status]]=\"Closed\",RiskRegister[[#This Row],[Residual Impact Level]],RiskRegister[[#This Row],[Inherent Impact Level]])","v":"-- Select Impact --"},{"$f":"IF(RiskRegister[[#This Row],[Risk Status]]=\"Closed\",RiskRegister[[#This Row],[Residual Likelihood Level]],RiskRegister[[#This Row],[Inherent Likelihood Level]])","v":"-- Select Likelihood --"},{"$f":"IF(RiskRegister[[#This Row],[Risk Status]]=\"Closed\",RiskRegister[[#This Row],[Residual-I-L-Combo]],RiskRegister[[#This Row],[Inherent-I-L-Combo]])","v":"-- Select Impact ----- Select Likelihood --"},"-- Error --"]
[204,{"$nulls":5},"-- Select Risk Category --",null,"-- select department --",null,null,"-- Select Impact --",{"$f":"VLOOKUP(RiskRegister[[#This Row],[Inherent Impact Level]],'Rating factors'!$F$4:$G$9,2,FALSE)","v":"--- Error ---"},"-- Select Likelihood --",{"$f":"VLOOKUP(RiskRegister[[#This Row],[Inherent Likelihood Level]],'Rating factors'!$F$16:$G$21,2,FALSE)","v":"--- Error ---"},{"$f":"IFERROR(VLOOKUP(RiskRegister[[#This Row],[Inherent Risk Rating]],'Rating factors'!$F$30:$G$44,2,FALSE),\"-- Error --\")","v":"-- Error --"},{"$f":"IFERROR(RiskRegister[[#This Row],[Inherent Impact Rating]]*RiskRegister[[#This Row],[Inherent Likelihood Rating]],\"-- Error --\")","v":"-- Error --"},"-- Select Risk Response --",null,"-- Select Impact --",{"$f":"VLOOKUP(RiskRegister[[#This Row],[Residual Impact Level]],'Rating factors'!$F$4:$G$9,2,FALSE)","v":"--- Error ---"},"-- Select Likelihood --",{"$f":"VLOOKUP(RiskRegister[[#This Row],[Residual Likelihood Level]],'Rating factors'!$F$16:$G$21,2,FALSE)","v":"--- Error ---"},{"$f":"IFERROR(VLOOKUP(RiskRegister[[#This Row],[Residual Risk Rating]],'Rating factors'!$F$30:$G$44,2,FALSE),\"-- Error --\")","v":"-- Error --"},{"$f":"IFERROR(RiskRegister[[#This Row],[Residual Impact Rating]]*RiskRegister[[#This Row],[Residual Likelihood Rating]],\"-- Error --\")","v":"-- Error --"},"-- Select Risk Status --",{"$nulls":3},{"$f":"IF(ISBLANK(RiskRegister[[#This Row],[Risk Due Date]]), \"Missing Risk Due Date\", IF(RiskRegister[[#This Row],[Risk Due Date]] < TODAY(), \"Overdue\", \"Not Overdue\"))","v":"Missing Risk Due Date"},null,{"$f":"IF(ISBLANK(RiskRegister[[#This Row],[Risk Due Date]]), \"Missing Risk Due Date\", TEXT(RiskRegister[[#This Row],[Risk Due Date]], \"YYYY-MM\"))","v":"Missing Risk Due Date"},{"$f":"IF(RiskRegister[[#This Row],[Created Date]]=\"\",\"Created Date missing\",(TEXT(RiskRegister[[#This Row],[Created Date]],\"mmm\") & \"-\" & YEAR(RiskRegister[[#This Row],[Created Date]])))","v":"Created Date missing"},{"$f":"IF(RiskRegister[[#This Row],[Risk Status]]=\"Closed\",RiskRegister[[#This Row],[Risk Close Date]],RiskRegister[[#This Row],[Risk Due Date]])","v":"00:00:00"},{"$f":"IF(RiskRegister[[#This Row],[Risk-Change-Date]]=0,DATE(2030,1,1),RiskRegister[[#This Row],[Risk-Change-Date]])","v":"2030-01-01"},{"$f":"RiskRegister[[#This Row],[Inherent Impact Level]]&\"-\"&RiskRegister[[#This Row],[Inherent Likelihood Level]]","v":"-- Select Impact ----- Select Likelihood --"},{"$f":"RiskRegister[[#This Row],[Residual Impact Level]]&\"-\"&RiskRegister[[#This Row],[Residual Likelihood Level]]","v":"-- Select Impact ----- Select Likelihood --"},"Error",{"$f":"IF(RiskRegister[[#This Row],[Risk Status]]=\"Closed\",RiskRegister[[#This Row],[Residual Impact Level]],RiskRegister[[#This Row],[Inherent Impact Level]])","v":"-- Select Impact --"},{"$f":"IF(RiskRegister[[#This Row],[Risk Status]]=\"Closed\",RiskRegister[[#This Row],[Residual Likelihood Level]],RiskRegister[[#This Row],[Inherent Likelihood Level]])","v":"-- Select Likelihood --"},{"$f":"IF(RiskRegister[[#This Row],[Risk Status]]=\"Closed\",RiskRegister[[#This Row],[Residual-I-L-Combo]],RiskRegister[[#This Row],[Inherent-I-L-Combo]])","v":"-- Select Impact ----- Select Likelihood --"},"-- Error --"]
[205,{"$nulls":5},"-- Select Risk Category --",null,"-- select department --",null,null,"-- Select Impact --",{"$f":"VLOOKUP(RiskRegister[[#This Row],[Inherent Impact Level]],'Rating factors'!$F$4:$G$9,2,FALSE)","v":"--- Error ---"},"-- Select Likelihood --",{"$f":"VLOOKUP(RiskRegister[[#This Row],[Inherent Likelihood Level]],'Rating factors'!$F$16:$G$21,2,FALSE)","v":"--- Error ---"},{"$f":"IFERROR(VLOOKUP(RiskRegister[[#This Row],[Inherent Risk Rating]],'Rating factors'!$F$30:$G$44,2,FALSE),\"-- Error --\")","v":"-- Error --"},{"$f":"IFERROR(RiskRegister[[#This Row],[Inherent Impact Rating]]*RiskRegister[[#This Row],[Inherent Likelihood Rating]],\"-- Error --\")","v":"-- Error --"},"-- Select Risk Response --",null,"-- Select Impact --",{"$f":"VLOOKUP(RiskRegister[[#This Row],[Residual Impact Level]],'Rating factors'!$F$4:$G$9,2,FALSE)","v":"--- Error ---"},"-- Select Likelihood --",{"$f":"VLOOKUP(RiskRegister[[#This Row],[Residual Likelihood Level]],'Rating factors'!$F$16:$G$21,2,FALSE)","v":"--- Error ---"},{"$f":"IFERROR(VLOOKUP(RiskRegister[[#This Row],[Residual Risk Rating]],'Rating factors'!$F$30:$G$44,2,FALSE),\"-- Error --\")","v":"-- Error --"},{"$f":"IFERROR(RiskRegister[[#This Row],[Residual Impact Rating]]*RiskRegister[[#This Row],[Residual Likelihood Rating]],\"-- Error --\")","v":"-- Error --"},"-- Select Risk Status --",{"$nulls":3},{"$f":"IF(ISBLANK(RiskRegister[[#This Row],[Risk Due Date]]), \"Missing Risk Due Date\", IF(RiskRegister[[#This Row],[Risk Due Date]] < TODAY(), \"Overdue\", \"Not Overdue\"))","v":"Missing Risk Due Date"},null,{"$f":"IF(ISBLANK(RiskRegister[[#This Row],[Risk Due Date]]), \"Missing Risk Due Date\", TEXT(RiskRegister[[#This Row],[Risk Due Date]], \"YYYY-MM\"))","v":"Missing Risk Due Date"},{"$f":"IF(RiskRegister[[#This Row],[Created Date]]=\"\",\"Created Date missing\",(TEXT(RiskRegister[[#This Row],[Created Date]],\"mmm\") & \"-\" & YEAR(RiskRegister[[#This Row],[Created Date]])))","v":"Created Date missing"},{"$f":"IF(RiskRegister[[#This Row],[Risk Status]]=\"Closed\",RiskRegister[[#This Row],[Risk Close Date]],RiskRegister[[#This Row],[Risk Due Date]])","v":"00:00:00"},{"$f":"IF(RiskRegister[[#This Row],[Risk-Change-Date]]=0,DATE(2030,1,1),RiskRegister[[#This Row],[Risk-Change-Date]])","v":"2030-01-01"},{"$f":"RiskRegister[[#This Row],[Inherent Impact Level]]&\"-\"&RiskRegister[[#This Row],[Inherent Likelihood Level]]","v":"-- Select Impact ----- Select Likelihood --"},{"$f":"RiskRegister[[#This Row],[Residual Impact Level]]&\"-\"&RiskRegister[[#This Row],[Residual Likelihood Level]]","v":"-- Select Impact ----- Select Likelihood --"},"Error",{"$f":"IF(RiskRegister[[#This Row],[Risk Status]]=\"Closed\",RiskRegister[[#This Row],[Residual Impact Level]],RiskRegister[[#This Row],[Inherent Impact Level]])","v":"-- Select Impact --"},{"$f":"IF(RiskRegister[[#This Row],[Risk Status]]=\"Closed\",RiskRegister[[#This Row],[Residual Likelihood Level]],RiskRegister[[#This Row],[Inherent Likelihood Level]])","v":"-- Select Likelihood --"},{"$f":"IF(RiskRegister[[#This Row],[Risk Status]]=\"Closed\",RiskRegister[[#This Row],[Residual-I-L-Combo]],RiskRegister[[#This Row],[Inherent-I-L-Combo]])","v":"-- Select Impact ----- Select Likelihood --"},"-- Error --"]
[206,{"$nulls":5},"-- Select Risk Category --",null,"-- select department --",null,null,"-- Select Impact --",{"$f":"VLOOKUP(RiskRegister[[#This Row],[Inherent Impact Level]],'Rating factors'!$F$4:$G$9,2,FALSE)","v":"--- Error ---"},"-- Select Likelihood --",{"$f":"VLOOKUP(RiskRegister[[#This Row],[Inherent Likelihood Level]],'Rating factors'!$F$16:$G$21,2,FALSE)","v":"--- Error ---"},{"$f":"IFERROR(VLOOKUP(RiskRegister[[#This Row],[Inherent Risk Rating]],'Rating factors'!$F$30:$G$44,2,FALSE),\"-- Error --\")","v":"-- Error --"},{"$f":"IFERROR(RiskRegister[[#This Row],[Inherent Impact Rating]]*RiskRegister[[#This Row],[Inherent Likelihood Rating]],\"-- Error --\")","v":"-- Error --"},"-- Select Risk Response --",null,"-- Select Impact --",{"$f":"VLOOKUP(RiskRegister[[#This Row],[Residual Impact Level]],'Rating factors'!$F$4:$G$9,2,FALSE)","v":"--- Error ---"},"-- Select Likelihood --",{"$f":"VLOOKUP(RiskRegister[[#This Row],[Residual Likelihood Level]],'Rating factors'!$F$16:$G$21,2,FALSE)","v":"--- Error ---"},{"$f":"IFERROR(VLOOKUP(RiskRegister[[#This Row],[Residual Risk Rating]],'Rating factors'!$F$30:$G$44,2,FALSE),\"-- Error --\")","v":"-- Error --"},{"$f":"IFERROR(RiskRegister[[#This Row],[Residual Impact Rating]]*RiskRegister[[#This Row],[Residual Likelihood Rating]],\"-- Error --\")","v":"-- Error --"},"-- Select Risk Status --",{"$nulls":3},{"$f":"IF(ISBLANK(RiskRegister[[#This Row],[Risk Due Date]]), \"Missing Risk Due Date\", IF(RiskRegister[[#This Row],[Risk Due Date]] < TODAY(), \"Overdue\", \"Not Overdue\"))","v":"Missing Risk Due Date"},null,{"$f":"IF(ISBLANK(RiskRegister[[#This Row],[Risk Due Date]]), \"Missing Risk Due Date\", TEXT(RiskRegister[[#This Row],[Risk Due Date]], \"YYYY-MM\"))","v":"Missing Risk Due Date"},{"$f":"IF(RiskRegister[[#This Row],[Created Date]]=\"\",\"Created Date missing\",(TEXT(RiskRegister[[#This Row],[Created Date]],\"mmm\") & \"-\" & YEAR(RiskRegister[[#This Row],[Created Date]])))","v":"Created Date missing"},{"$f":"IF(RiskRegister[[#This Row],[Risk Status]]=\"Closed\",RiskRegister[[#This Row],[Risk Close Date]],RiskRegister[[#This Row],[Risk Due Date]])","v":"00:00:00"},{"$f":"IF(RiskRegister[[#This Row],[Risk-Change-Date]]=0,DATE(2030,1,1),RiskRegister[[#This Row],[Risk-Change-Date]])","v":"2030-01-01"},{"$f":"RiskRegister[[#This Row],[Inherent Impact Level]]&\"-\"&RiskRegister[[#This Row],[Inherent Likelihood Level]]","v":"-- Select Impact ----- Select Likelihood --"},{"$f":"RiskRegister[[#This Row],[Residual Impact Level]]&\"-\"&RiskRegister[[#This Row],[Residual Likelihood Level]]","v":"-- Select Impact ----- Select Likelihood --"},"Error",{"$f":"IF(RiskRegister[[#This Row],[Risk Status]]=\"Closed\",RiskRegister[[#This Row],[Residual Impact Level]],RiskRegister[[#This Row],[Inherent Impact Level]])","v":"-- Select Impact --"},{"$f":"IF(RiskRegister[[#This Row],[Risk Status]]=\"Closed\",RiskRegister[[#This Row],[Residual Likelihood Level]],RiskRegister[[#This Row],[Inherent Likelihood Level]])","v":"-- Select Likelihood --"},{"$f":"IF(RiskRegister[[#This Row],[Risk Status]]=\"Closed\",RiskRegister[[#This Row],[Residual-I-L-Combo]],RiskRegister[[#This Row],[Inherent-I-L-Combo]])","v":"-- Select Impact ----- Select Likelihood --"},"-- Error --"]
[207,{"$nulls":5},"-- Select Risk Category --",null,"-- select department --",null,null,"-- Select Impact --",{"$f":"VLOOKUP(RiskRegister[[#This Row],[Inherent Impact Level]],'Rating factors'!$F$4:$G$9,2,FALSE)","v":"--- Error ---"},"-- Select Likelihood --",{"$f":"VLOOKUP(RiskRegister[[#This Row],[Inherent Likelihood Level]],'Rating factors'!$F$16:$G$21,2,FALSE)","v":"--- Error ---"},{"$f":"IFERROR(VLOOKUP(RiskRegister[[#This Row],[Inherent Risk Rating]],'Rating factors'!$F$30:$G$44,2,FALSE),\"-- Error --\")","v":"-- Error --"},{"$f":"IFERROR(RiskRegister[[#This Row],[Inherent Impact Rating]]*RiskRegister[[#This Row],[Inherent Likelihood Rating]],\"-- Error --\")","v":"-- Error --"},"-- Select Risk Response --",null,"-- Select Impact --",{"$f":"VLOOKUP(RiskRegister[[#This Row],[Residual Impact Level]],'Rating factors'!$F$4:$G$9,2,FALSE)","v":"--- Error ---"},"-- Select Likelihood --",{"$f":"VLOOKUP(RiskRegister[[#This Row],[Residual Likelihood Level]],'Rating factors'!$F$16:$G$21,2,FALSE)","v":"--- Error ---"},{"$f":"IFERROR(VLOOKUP(RiskRegister[[#This Row],[Residual Risk Rating]],'Rating factors'!$F$30:$G$44,2,FALSE),\"-- Error --\")","v":"-- Error --"},{"$f":"IFERROR(RiskRegister[[#This Row],[Residual Impact Rating]]*RiskRegister[[#This Row],[Residual Likelihood Rating]],\"-- Error --\")","v":"-- Error --"},"-- Select Risk Status --",{"$nulls":3},{"$f":"IF(ISBLANK(RiskRegister[[#This Row],[Risk Due Date]]), \"Missing Risk Due Date\", IF(RiskRegister[[#This Row],[Risk Due Date]] < TODAY(), \"Overdue\", \"Not Overdue\"))","v":"Missing Risk Due Date"},null,{"$f":"IF(ISBLANK(RiskRegister[[#This Row],[Risk Due Date]]), \"Missing Risk Due Date\", TEXT(RiskRegister[[#This Row],[Risk Due Date]], \"YYYY-MM\"))","v":"Missing Risk Due Date"},{"$f":"IF(RiskRegister[[#This Row],[Created Date]]=\"\",\"Created Date missing\",(TEXT(RiskRegister[[#This Row],[Created Date]],\"mmm\") & \"-\" & YEAR(RiskRegister[[#This Row],[Created Date]])))","v":"Created Date missing"},{"$f":"IF(RiskRegister[[#This Row],[Risk Status]]=\"Closed\",RiskRegister[[#This Row],[Risk Close Date]],RiskRegister[[#This Row],[Risk Due Date]])","v":"00:00:00"},{"$f":"IF(RiskRegister[[#This Row],[Risk-Change-Date]]=0,DATE(2030,1,1),RiskRegister[[#This Row],[Risk-Change-Date]])","v":"2030-01-01"},{"$f":"RiskRegister[[#This Row],[Inherent Impact Level]]&\"-\"&RiskRegister[[#This Row],[Inherent Likelihood Level]]","v":"-- Select Impact ----- Select Likelihood --"},{"$f":"RiskRegister[[#This Row],[Residual Impact Level]]&\"-\"&RiskRegister[[#This Row],[Residual Likelihood Level]]","v":"-- Select Impact ----- Select Likelihood --"},"Error",{"$f":"IF(RiskRegister[[#This Row],[Risk Status]]=\"Closed\",RiskRegister[[#This Row],[Residual Impact Level]],RiskRegister[[#This Row],[Inherent Impact Level]])","v":"-- Select Impact --"},{"$f":"IF(RiskRegister[[#This Row],[Risk Status]]=\"Closed\",RiskRegister[[#This Row],[Residual Likelihood Level]],RiskRegister[[#This Row],[Inherent Likelihood Level]])","v":"-- Select Likelihood --"},{"$f":"IF(RiskRegister[[#This Row],[Risk Status]]=\"Closed\",RiskRegister[[#This Row],[Residual-I-L-Combo]],RiskRegister[[#This Row],[Inherent-I-L-Combo]])","v":"-- Select Impact ----- Select Likelihood --"},"-- Error --"]
[208,{"$nulls":5},"-- Select Risk Category --",null,"-- select department --",null,null,"-- Select Impact --",{"$f":"VLOOKUP(RiskRegister[[#This Row],[Inherent Impact Level]],'Rating factors'!$F$4:$G$9,2,FALSE)","v":"--- Error ---"},"-- Select Likelihood --",{"$f":"VLOOKUP(RiskRegister[[#This Row],[Inherent Likelihood Level]],'Rating factors'!$F$16:$G$21,2,FALSE)","v":"--- Error ---"},{"$f":"IFERROR(VLOOKUP(RiskRegister[[#This Row],[Inherent Risk Rating]],'Rating factors'!$F$30:$G$44,2,FALSE),\"-- Error --\")","v":"-- Error --"},{"$f":"IFERROR(RiskRegister[[#This Row],[Inherent Impact Rating]]*RiskRegister[[#This Row],[Inherent Likelihood Rating]],\"-- Error --\")","v":"-- Error --"},"-- Select Risk Response --",null,"-- Select Impact --",{"$f":"VLOOKUP(RiskRegister[[#This Row],[Residual Impact Level]],'Rating factors'!$F$4:$G$9,2,FALSE)","v":"--- Error ---"},"-- Select Likelihood --",{"$f":"VLOOKUP(RiskRegister[[#This Row],[Residual Likelihood Level]],'Rating factors'!$F$16:$G$21,2,FALSE)","v":"--- Error ---"},{"$f":"IFERROR(VLOOKUP(RiskRegister[[#This Row],[Residual Risk Rating]],'Rating factors'!$F$30:$G$44,2,FALSE),\"-- Error --\")","v":"-- Error --"},{"$f":"IFERROR(RiskRegister[[#This Row],[Residual Impact Rating]]*RiskRegister[[#This Row],[Residual Likelihood Rating]],\"-- Error --\")","v":"-- Error --"},"-- Select Risk Status --",{"$nulls":3},{"$f":"IF(ISBLANK(RiskRegister[[#This Row],[Risk Due Date]]), \"Missing Risk Due Date\", IF(RiskRegister[[#This Row],[Risk Due Date]] < TODAY(), \"Overdue\", \"Not Overdue\"))","v":"Missing Risk Due Date"},null,{"$f":"IF(ISBLANK(RiskRegister[[#This Row],[Risk Due Date]]), \"Missing Risk Due Date\", TEXT(RiskRegister[[#This Row],[Risk Due Date]], \"YYYY-MM\"))","v":"Missing Risk Due Date"},{"$f":"IF(RiskRegister[[#This Row],[Created Date]]=\"\",\"Created Date missing\",(TEXT(RiskRegister[[#This Row],[Created Date]],\"mmm\") & \"-\" & YEAR(RiskRegister[[#This Row],[Created Date]])))","v":"Created Date missing"},{"$f":"IF(RiskRegister[[#This Row],[Risk Status]]=\"Closed\",RiskRegister[[#This Row],[Risk Close Date]],RiskRegister[[#This Row],[Risk Due Date]])","v":"00:00:00"},{"$f":"IF(RiskRegister[[#This Row],[Risk-Change-Date]]=0,DATE(2030,1,1),RiskRegister[[#This Row],[Risk-Change-Date]])","v":"2030-01-01"},{"$f":"RiskRegister[[#This Row],[Inherent Impact Level]]&\"-\"&RiskRegister[[#This Row],[Inherent Likelihood Level]]","v":"-- Select Impact ----- Select Likelihood --"},{"$f":"RiskRegister[[#This Row],[Residual Impact Level]]&\"-\"&RiskRegister[[#This Row],[Residual Likelihood Level]]","v":"-- Select Impact ----- Select Likelihood --"},"Error",{"$f":"IF(RiskRegister[[#This Row],[Risk Status]]=\"Closed\",RiskRegister[[#This Row],[Residual Impact Level]],RiskRegister[[#This Row],[Inherent Impact Level]])","v":"-- Select Impact --"},{"$f":"IF(RiskRegister[[#This Row],[Risk Status]]=\"Closed\",RiskRegister[[#This Row],[Residual Likelihood Level]],RiskRegister[[#This Row],[Inherent Likelihood Level]])","v":"-- Select Likelihood --"},{"$f":"IF(RiskRegister[[#This Row],[Risk Status]]=\"Closed\",RiskRegister[[#This Row],[Residual-I-L-Combo]],RiskRegister[[#This Row],[Inherent-I-L-Combo]])","v":"-- Select Impact ----- Select Likelihood --"},"-- Error --"]
[209,{"$nulls":5},"-- Select Risk Category --",null,"-- select department --",null,null,"-- Select Impact --",{"$f":"VLOOKUP(RiskRegister[[#This Row],[Inherent Impact Level]],'Rating factors'!$F$4:$G$9,2,FALSE)","v":"--- Error ---"},"-- Select Likelihood --",{"$f":"VLOOKUP(RiskRegister[[#This Row],[Inherent Likelihood Level]],'Rating factors'!$F$16:$G$21,2,FALSE)","v":"--- Error ---"},{"$f":"IFERROR(VLOOKUP(RiskRegister[[#This Row],[Inherent Risk Rating]],'Rating factors'!$F$30:$G$44,2,FALSE),\"-- Error --\")","v":"-- Error --"},{"$f":"IFERROR(RiskRegister[[#This Row],[Inherent Impact Rating]]*RiskRegister[[#This Row],[Inherent Likelihood Rating]],\"-- Error --\")","v":"-- Error --"},"-- Select Risk Response --",null,"-- Select Impact --",{"$f":"VLOOKUP(RiskRegister[[#This Row],[Residual Impact Level]],'Rating factors'!$F$4:$G$9,2,FALSE)","v":"--- Error ---"},"-- Select Likelihood --",{"$f":"VLOOKUP(RiskRegister[[#This Row],[Residual Likelihood Level]],'Rating factors'!$F$16:$G$21,2,FALSE)","v":"--- Error ---"},{"$f":"IFERROR(VLOOKUP(RiskRegister[[#This Row],[Residual Risk Rating]],'Rating factors'!$F$30:$G$44,2,FALSE),\"-- Error --\")","v":"-- Error --"},{"$f":"IFERROR(RiskRegister[[#This Row],[Residual Impact Rating]]*RiskRegister[[#This Row],[Residual Likelihood Rating]],\"-- Error --\")","v":"-- Error --"},"-- Select Risk Status --",{"$nulls":3},{"$f":"IF(ISBLANK(RiskRegister[[#This Row],[Risk Due Date]]), \"Missing Risk Due Date\", IF(RiskRegister[[#This Row],[Risk Due Date]] < TODAY(), \"Overdue\", \"Not Overdue\"))","v":"Missing Risk Due Date"},null,{"$f":"IF(ISBLANK(RiskRegister[[#This Row],[Risk Due Date]]), \"Missing Risk Due Date\", TEXT(RiskRegister[[#This Row],[Risk Due Date]], \"YYYY-MM\"))","v":"Missing Risk Due Date"},{"$f":"IF(RiskRegister[[#This Row],[Created Date]]=\"\",\"Created Date missing\",(TEXT(RiskRegister[[#This Row],[Created Date]],\"mmm\") & \"-\" & YEAR(RiskRegister[[#This Row],[Created Date]])))","v":"Created Date missing"},{"$f":"IF(RiskRegister[[#This Row],[Risk Status]]=\"Closed\",RiskRegister[[#This Row],[Risk Close Date]],RiskRegister[[#This Row],[Risk Due Date]])","v":"00:00:00"},{"$f":"IF(RiskRegister[[#This Row],[Risk-Change-Date]]=0,DATE(2030,1,1),RiskRegister[[#This Row],[Risk-Change-Date]])","v":"2030-01-01"},{"$f":"RiskRegister[[#This Row],[Inherent Impact Level]]&\"-\"&RiskRegister[[#This Row],[Inherent Likelihood Level]]","v":"-- Select Impact ----- Select Likelihood --"},{"$f":"RiskRegister[[#This Row],[Residual Impact Level]]&\"-\"&RiskRegister[[#This Row],[Residual Likelihood Level]]","v":"-- Select Impact ----- Select Likelihood --"},"Error",{"$f":"IF(RiskRegister[[#This Row],[Risk Status]]=\"Closed\",RiskRegister[[#This Row],[Residual Impact Level]],RiskRegister[[#This Row],[Inherent Impact Level]])","v":"-- Select Impact --"},{"$f":"IF(RiskRegister[[#This Row],[Risk Status]]=\"Closed\",RiskRegister[[#This Row],[Residual Likelihood Level]],RiskRegister[[#This Row],[Inherent Likelihood Level]])","v":"-- Select Likelihood --"},{"$f":"IF(RiskRegister[[#This Row],[Risk Status]]=\"Closed\",RiskRegister[[#This Row],[Residual-I-L-Combo]],RiskRegister[[#This Row],[Inherent-I-L-Combo]])","v":"-- Select Impact ----- Select Likelihood --"},"-- Error --"]
[210,{"$nulls":5},"-- Select Risk Category --",null,"-- select department --",null,null,"-- Select Impact --",{"$f":"VLOOKUP(RiskRegister[[#This Row],[Inherent Impact Level]],'Rating factors'!$F$4:$G$9,2,FALSE)","v":"--- Error ---"},"-- Select Likelihood --",{"$f":"VLOOKUP(RiskRegister[[#This Row],[Inherent Likelihood Level]],'Rating factors'!$F$16:$G$21,2,FALSE)","v":"--- Error ---"},{"$f":"IFERROR(VLOOKUP(RiskRegister[[#This Row],[Inherent Risk Rating]],'Rating factors'!$F$30:$G$44,2,FALSE),\"-- Error --\")","v":"-- Error --"},{"$f":"IFERROR(RiskRegister[[#This Row],[Inherent Impact Rating]]*RiskRegister[[#This Row],[Inherent Likelihood Rating]],\"-- Error --\")","v":"-- Error --"},"-- Select Risk Response --",null,"-- Select Impact --",{"$f":"VLOOKUP(RiskRegister[[#This Row],[Residual Impact Level]],'Rating factors'!$F$4:$G$9,2,FALSE)","v":"--- Error ---"},"-- Select Likelihood --",{"$f":"VLOOKUP(RiskRegister[[#This Row],[Residual Likelihood Level]],'Rating factors'!$F$16:$G$21,2,FALSE)","v":"--- Error ---"},{"$f":"IFERROR(VLOOKUP(RiskRegister[[#This Row],[Residual Risk Rating]],'Rating factors'!$F$30:$G$44,2,FALSE),\"-- Error --\")","v":"-- Error --"},{"$f":"IFERROR(RiskRegister[[#This Row],[Residual Impact Rating]]*RiskRegister[[#This Row],[Residual Likelihood Rating]],\"-- Error --\")","v":"-- Error --"},"-- Select Risk Status --",{"$nulls":3},{"$f":"IF(ISBLANK(RiskRegister[[#This Row],[Risk Due Date]]), \"Missing Risk Due Date\", IF(RiskRegister[[#This Row],[Risk Due Date]] < TODAY(), \"Overdue\", \"Not Overdue\"))","v":"Missing Risk Due Date"},null,{"$f":"IF(ISBLANK(RiskRegister[[#This Row],[Risk Due Date]]), \"Missing Risk Due Date\", TEXT(RiskRegister[[#This Row],[Risk Due Date]], \"YYYY-MM\"))","v":"Missing Risk Due Date"},{"$f":"IF(RiskRegister[[#This Row],[Created Date]]=\"\",\"Created Date missing\",(TEXT(RiskRegister[[#This Row],[Created Date]],\"mmm\") & \"-\" & YEAR(RiskRegister[[#This Row],[Created Date]])))","v":"Created Date missing"},{"$f":"IF(RiskRegister[[#This Row],[Risk Status]]=\"Closed\",RiskRegister[[#This Row],[Risk Close Date]],RiskRegister[[#This Row],[Risk Due Date]])","v":"00:00:00"},{"$f":"IF(RiskRegister[[#This Row],[Risk-Change-Date]]=0,DATE(2030,1,1),RiskRegister[[#This Row],[Risk-Change-Date]])","v":"2030-01-01"},{"$f":"RiskRegister[[#This Row],[Inherent Impact Level]]&\"-\"&RiskRegister[[#This Row],[Inherent Likelihood Level]]","v":"-- Select Impact ----- Select Likelihood --"},{"$f":"RiskRegister[[#This Row],[Residual Impact Level]]&\"-\"&RiskRegister[[#This Row],[Residual Likelihood Level]]","v":"-- Select Impact ----- Select Likelihood --"},"Error",{"$f":"IF(RiskRegister[[#This Row],[Risk Status]]=\"Closed\",RiskRegister[[#This Row],[Residual Impact Level]],RiskRegister[[#This Row],[Inherent Impact Level]])","v":"-- Select Impact --"},{"$f":"IF(RiskRegister[[#This Row],[Risk Status]]=\"Closed\",RiskRegister[[#This Row],[Residual Likelihood Level]],RiskRegister[[#This Row],[Inherent Likelihood Level]])","v":"-- Select Likelihood --"},{"$f":"IF(RiskRegister[[#This Row],[Risk Status]]=\"Closed\",RiskRegister[[#This Row],[Residual-I-L-Combo]],RiskRegister[[#This Row],[Inherent-I-L-Combo]])","v":"-- Select Impact ----- Select Likelihood --"},"-- Error --"]
[211,{"$nulls":5},"-- Select Risk Category --",null,"-- select department --",null,null,"-- Select Impact --",{"$f":"VLOOKUP(RiskRegister[[#This Row],[Inherent Impact Level]],'Rating factors'!$F$4:$G$9,2,FALSE)","v":"--- Error ---"},"-- Select Likelihood --",{"$f":"VLOOKUP(RiskRegister[[#This Row],[Inherent Likelihood Level]],'Rating factors'!$F$16:$G$21,2,FALSE)","v":"--- Error ---"},{"$f":"IFERROR(VLOOKUP(RiskRegister[[#This Row],[Inherent Risk Rating]],'Rating factors'!$F$30:$G$44,2,FALSE),\"-- Error --\")","v":"-- Error --"},{"$f":"IFERROR(RiskRegister[[#This Row],[Inherent Impact Rating]]*RiskRegister[[#This Row],[Inherent Likelihood Rating]],\"-- Error --\")","v":"-- Error --"},"-- Select Risk Response --",null,"-- Select Impact --",{"$f":"VLOOKUP(RiskRegister[[#This Row],[Residual Impact Level]],'Rating factors'!$F$4:$G$9,2,FALSE)","v":"--- Error ---"},"-- Select Likelihood --",{"$f":"VLOOKUP(RiskRegister[[#This Row],[Residual Likelihood Level]],'Rating factors'!$F$16:$G$21,2,FALSE)","v":"--- Error ---"},{"$f":"IFERROR(VLOOKUP(RiskRegister[[#This Row],[Residual Risk Rating]],'Rating factors'!$F$30:$G$44,2,FALSE),\"-- Error --\")","v":"-- Error --"},{"$f":"IFERROR(RiskRegister[[#This Row],[Residual Impact Rating]]*RiskRegister[[#This Row],[Residual Likelihood Rating]],\"-- Error --\")","v":"-- Error --"},"-- Select Risk Status --",{"$nulls":3},{"$f":"IF(ISBLANK(RiskRegister[[#This Row],[Risk Due Date]]), \"Missing Risk Due Date\", IF(RiskRegister[[#This Row],[Risk Due Date]] < TODAY(), \"Overdue\", \"Not Overdue\"))","v":"Missing Risk Due Date"},null,{"$f":"IF(ISBLANK(RiskRegister[[#This Row],[Risk Due Date]]), \"Missing Risk Due Date\", TEXT(RiskRegister[[#This Row],[Risk Due Date]], \"YYYY-MM\"))","v":"Missing Risk Due Date"},{"$f":"IF(RiskRegister[[#This Row],[Created Date]]=\"\",\"Created Date missing\",(TEXT(RiskRegister[[#This Row],[Created Date]],\"mmm\") & \"-\" & YEAR(RiskRegister[[#This Row],[Created Date]])))","v":"Created Date missing"},{"$f":"IF(RiskRegister[[#This Row],[Risk Status]]=\"Closed\",RiskRegister[[#This Row],[Risk Close Date]],RiskRegister[[#This Row],[Risk Due Date]])","v":"00:00:00"},{"$f":"IF(RiskRegister[[#This Row],[Risk-Change-Date]]=0,DATE(2030,1,1),RiskRegister[[#This Row],[Risk-Change-Date]])","v":"2030-01-01"},{"$f":"RiskRegister[[#This Row],[Inherent Impact Level]]&\"-\"&RiskRegister[[#This Row],[Inherent Likelihood Level]]","v":"-- Select Impact ----- Select Likelihood --"},{"$f":"RiskRegister[[#This Row],[Residual Impact Level]]&\"-\"&RiskRegister[[#This Row],[Residual Likelihood Level]]","v":"-- Select Impact ----- Select Likelihood --"},"Error",{"$f":"IF(RiskRegister[[#This Row],[Risk Status]]=\"Closed\",RiskRegister[[#This Row],[Residual Impact Level]],RiskRegister[[#This Row],[Inherent Impact Level]])","v":"-- Select Impact --"},{"$f":"IF(RiskRegister[[#This Row],[Risk Status]]=\"Closed\",RiskRegister[[#This Row],[Residual Likelihood Level]],RiskRegister[[#This Row],[Inherent Likelihood Level]])","v":"-- Select Likelihood --"},{"$f":"IF(RiskRegister[[#This Row],[Risk Status]]=\"Closed\",RiskRegister[[#This Row],[Residual-I-L-Combo]],RiskRegister[[#This Row],[Inherent-I-L-Combo]])","v":"-- Select Impact ----- Select Likelihood --"},"-- Error --"]
[212,{"$nulls":5},"-- Select Risk Category --",null,"-- select department --",null,null,"-- Select Impact --",{"$f":"VLOOKUP(RiskRegister[[#This Row],[Inherent Impact Level]],'Rating factors'!$F$4:$G$9,2,FALSE)","v":"--- Error ---"},"-- Select Likelihood --",{"$f":"VLOOKUP(RiskRegister[[#This Row],[Inherent Likelihood Level]],'Rating factors'!$F$16:$G$21,2,FALSE)","v":"--- Error ---"},{"$f":"IFERROR(VLOOKUP(RiskRegister[[#This Row],[Inherent Risk Rating]],'Rating factors'!$F$30:$G$44,2,FALSE),\"-- Error --\")","v":"-- Error --"},{"$f":"IFERROR(RiskRegister[[#This Row],[Inherent Impact Rating]]*RiskRegister[[#This Row],[Inherent Likelihood Rating]],\"-- Error --\")","v":"-- Error --"},"-- Select Risk Response --",null,"-- Select Impact --",{"$f":"VLOOKUP(RiskRegister[[#This Row],[Residual Impact Level]],'Rating factors'!$F$4:$G$9,2,FALSE)","v":"--- Error ---"},"-- Select Likelihood --",{"$f":"VLOOKUP(RiskRegister[[#This Row],[Residual Likelihood Level]],'Rating factors'!$F$16:$G$21,2,FALSE)","v":"--- Error ---"},{"$f":"IFERROR(VLOOKUP(RiskRegister[[#This Row],[Residual Risk Rating]],'Rating factors'!$F$30:$G$44,2,FALSE),\"-- Error --\")","v":"-- Error --"},{"$f":"IFERROR(RiskRegister[[#This Row],[Residual Impact Rating]]*RiskRegister[[#This Row],[Residual Likelihood Rating]],\"-- Error --\")","v":"-- Error --"},"-- Select Risk Status --",{"$nulls":3},{"$f":"IF(ISBLANK(RiskRegister[[#This Row],[Risk Due Date]]), \"Missing Risk Due Date\", IF(RiskRegister[[#This Row],[Risk Due Date]] < TODAY(), \"Overdue\", \"Not Overdue\"))","v":"Missing Risk Due Date"},null,{"$f":"IF(ISBLANK(RiskRegister[[#This Row],[Risk Due Date]]), \"Missing Risk Due Date\", TEXT(RiskRegister[[#This Row],[Risk Due Date]], \"YYYY-MM\"))","v":"Missing Risk Due Date"},{"$f":"IF(RiskRegister[[#This Row],[Created Date]]=\"\",\"Created Date missing\",(TEXT(RiskRegister[[#This Row],[Created Date]],\"mmm\") & \"-\" & YEAR(RiskRegister[[#This Row],[Created Date]])))","v":"Created Date missing"},{"$f":"IF(RiskRegister[[#This Row],[Risk Status]]=\"Closed\",RiskRegister[[#This Row],[Risk Close Date]],RiskRegister[[#This Row],[Risk Due Date]])","v":"00:00:00"},{"$f":"IF(RiskRegister[[#This Row],[Risk-Change-Date]]=0,DATE(2030,1,1),RiskRegister[[#This Row],[Risk-Change-Date]])","v":"2030-01-01"},{"$f":"RiskRegister[[#This Row],[Inherent Impact Level]]&\"-\"&RiskRegister[[#This Row],[Inherent Likelihood Level]]","v":"-- Select Impact ----- Select Likelihood --"},{"$f":"RiskRegister[[#This Row],[Residual Impact Level]]&\"-\"&RiskRegister[[#This Row],[Residual Likelihood Level]]","v":"-- Select Impact ----- Select Likelihood --"},"Error",{"$f":"IF(RiskRegister[[#This Row],[Risk Status]]=\"Closed\",RiskRegister[[#This Row],[Residual Impact Level]],RiskRegister[[#This Row],[Inherent Impact Level]])","v":"-- Select Impact --"},{"$f":"IF(RiskRegister[[#This Row],[Risk Status]]=\"Closed\",RiskRegister[[#This Row],[Residual Likelihood Level]],RiskRegister[[#This Row],[Inherent Likelihood Level]])","v":"-- Select Likelihood --"},{"$f":"IF(RiskRegister[[#This Row],[Risk Status]]=\"Closed\",RiskRegister[[#This Row],[Residual-I-L-Combo]],RiskRegister[[#This Row],[Inherent-I-L-Combo]])","v":"-- Select Impact ----- Select Likelihood --"},"-- Error --"]
[213,{"$nulls":5},"-- Select Risk Category --",null,"-- select department --",null,null,"-- Select Impact --",{"$f":"VLOOKUP(RiskRegister[[#This Row],[Inherent Impact Level]],'Rating factors'!$F$4:$G$9,2,FALSE)","v":"--- Error ---"},"-- Select Likelihood --",{"$f":"VLOOKUP(RiskRegister[[#This Row],[Inherent Likelihood Level]],'Rating factors'!$F$16:$G$21,2,FALSE)","v":"--- Error ---"},{"$f":"IFERROR(VLOOKUP(RiskRegister[[#This Row],[Inherent Risk Rating]],'Rating factors'!$F$30:$G$44,2,FALSE),\"-- Error --\")","v":"-- Error --"},{"$f":"IFERROR(RiskRegister[[#This Row],[Inherent Impact Rating]]*RiskRegister[[#This Row],[Inherent Likelihood Rating]],\"-- Error --\")","v":"-- Error --"},"-- Select Risk Response --",null,"-- Select Impact --",{"$f":"VLOOKUP(RiskRegister[[#This Row],[Residual Impact Level]],'Rating factors'!$F$4:$G$9,2,FALSE)","v":"--- Error ---"},"-- Select Likelihood --",{"$f":"VLOOKUP(RiskRegister[[#This Row],[Residual Likelihood Level]],'Rating factors'!$F$16:$G$21,2,FALSE)","v":"--- Error ---"},{"$f":"IFERROR(VLOOKUP(RiskRegister[[#This Row],[Residual Risk Rating]],'Rating factors'!$F$30:$G$44,2,FALSE),\"-- Error --\")","v":"-- Error --"},{"$f":"IFERROR(RiskRegister[[#This Row],[Residual Impact Rating]]*RiskRegister[[#This Row],[Residual Likelihood Rating]],\"-- Error --\")","v":"-- Error --"},"-- Select Risk Status --",{"$nulls":3},{"$f":"IF(ISBLANK(RiskRegister[[#This Row],[Risk Due Date]]), \"Missing Risk Due Date\", IF(RiskRegister[[#This Row],[Risk Due Date]] < TODAY(), \"Overdue\", \"Not Overdue\"))","v":"Missing Risk Due Date"},null,{"$f":"IF(ISBLANK(RiskRegister[[#This Row],[Risk Due Date]]), \"Missing Risk Due Date\", TEXT(RiskRegister[[#This Row],[Risk Due Date]], \"YYYY-MM\"))","v":"Missing Risk Due Date"},{"$f":"IF(RiskRegister[[#This Row],[Created Date]]=\"\",\"Created Date missing\",(TEXT(RiskRegister[[#This Row],[Created Date]],\"mmm\") & \"-\" & YEAR(RiskRegister[[#This Row],[Created Date]])))","v":"Created Date missing"},{"$f":"IF(RiskRegister[[#This Row],[Risk Status]]=\"Closed\",RiskRegister[[#This Row],[Risk Close Date]],RiskRegister[[#This Row],[Risk Due Date]])","v":"00:00:00"},{"$f":"IF(RiskRegister[[#This Row],[Risk-Change-Date]]=0,DATE(2030,1,1),RiskRegister[[#This Row],[Risk-Change-Date]])","v":"2030-01-01"},{"$f":"RiskRegister[[#This Row],[Inherent Impact Level]]&\"-\"&RiskRegister[[#This Row],[Inherent Likelihood Level]]","v":"-- Select Impact ----- Select Likelihood --"},{"$f":"RiskRegister[[#This Row],[Residual Impact Level]]&\"-\"&RiskRegister[[#This Row],[Residual Likelihood Level]]","v":"-- Select Impact ----- Select Likelihood --"},"Error",{"$f":"IF(RiskRegister[[#This Row],[Risk Status]]=\"Closed\",RiskRegister[[#This Row],[Residual Impact Level]],RiskRegister[[#This Row],[Inherent Impact Level]])","v":"-- Select Impact --"},{"$f":"IF(RiskRegister[[#This Row],[Risk Status]]=\"Closed\",RiskRegister[[#This Row],[Residual Likelihood Level]],RiskRegister[[#This Row],[Inherent Likelihood Level]])","v":"-- Select Likelihood --"},{"$f":"IF(RiskRegister[[#This Row],[Risk Status]]=\"Closed\",RiskRegister[[#This Row],[Residual-I-L-Combo]],RiskRegister[[#This Row],[Inherent-I-L-Combo]])","v":"-- Select Impact ----- Select Likelihood --"},"-- Error --"]
[214,{"$nulls":5},"-- Select Risk Category --",null,"-- select department --",null,null,"-- Select Impact --",{"$f":"VLOOKUP(RiskRegister[[#This Row],[Inherent Impact Level]],'Rating factors'!$F$4:$G$9,2,FALSE)","v":"--- Error ---"},"-- Select Likelihood --",{"$f":"VLOOKUP(RiskRegister[[#This Row],[Inherent Likelihood Level]],'Rating factors'!$F$16:$G$21,2,FALSE)","v":"--- Error ---"},{"$f":"IFERROR(VLOOKUP(RiskRegister[[#This Row],[Inherent Risk Rating]],'Rating factors'!$F$30:$G$44,2,FALSE),\"-- Error --\")","v":"-- Error --"},{"$f":"IFERROR(RiskRegister[[#This Row],[Inherent Impact Rating]]*RiskRegister[[#This Row],[Inherent Likelihood Rating]],\"-- Error --\")","v":"-- Error --"},"-- Select Risk Response --",null,"-- Select Impact --",{"$f":"VLOOKUP(RiskRegister[[#This Row],[Residual Impact Level]],'Rating factors'!$F$4:$G$9,2,FALSE)","v":"--- Error ---"},"-- Select Likelihood --",{"$f":"VLOOKUP(RiskRegister[[#This Row],[Residual Likelihood Level]],'Rating factors'!$F$16:$G$21,2,FALSE)","v":"--- Error ---"},{"$f":"IFERROR(VLOOKUP(RiskRegister[[#This Row],[Residual Risk Rating]],'Rating factors'!$F$30:$G$44,2,FALSE),\"-- Error --\")","v":"-- Error --"},{"$f":"IFERROR(RiskRegister[[#This Row],[Residual Impact Rating]]*RiskRegister[[#This Row],[Residual Likelihood Rating]],\"-- Error --\")","v":"-- Error --"},"-- Select Risk Status --",{"$nulls":3},{"$f":"IF(ISBLANK(RiskRegister[[#This Row],[Risk Due Date]]), \"Missing Risk Due Date\", IF(RiskRegister[[#This Row],[Risk Due Date]] < TODAY(), \"Overdue\", \"Not Overdue\"))","v":"Missing Risk Due Date"},null,{"$f":"IF(ISBLANK(RiskRegister[[#This Row],[Risk Due Date]]), \"Missing Risk Due Date\", TEXT(RiskRegister[[#This Row],[Risk Due Date]], \"YYYY-MM\"))","v":"Missing Risk Due Date"},{"$f":"IF(RiskRegister[[#This Row],[Created Date]]=\"\",\"Created Date missing\",(TEXT(RiskRegister[[#This Row],[Created Date]],\"mmm\") & \"-\" & YEAR(RiskRegister[[#This Row],[Created Date]])))","v":"Created Date missing"},{"$f":"IF(RiskRegister[[#This Row],[Risk Status]]=\"Closed\",RiskRegister[[#This Row],[Risk Close Date]],RiskRegister[[#This Row],[Risk Due Date]])","v":"00:00:00"},{"$f":"IF(RiskRegister[[#This Row],[Risk-Change-Date]]=0,DATE(2030,1,1),RiskRegister[[#This Row],[Risk-Change-Date]])","v":"2030-01-01"},{"$f":"RiskRegister[[#This Row],[Inherent Impact Level]]&\"-\"&RiskRegister[[#This Row],[Inherent Likelihood Level]]","v":"-- Select Impact ----- Select Likelihood --"},{"$f":"RiskRegister[[#This Row],[Residual Impact Level]]&\"-\"&RiskRegister[[#This Row],[Residual Likelihood Level]]","v":"-- Select Impact ----- Select Likelihood --"},"Error",{"$f":"IF(RiskRegister[[#This Row],[Risk Status]]=\"Closed\",RiskRegister[[#This Row],[Residual Impact Level]],RiskRegister[[#This Row],[Inherent Impact Level]])","v":"-- Select Impact --"},{"$f":"IF(RiskRegister[[#This Row],[Risk Status]]=\"Closed\",RiskRegister[[#This Row],[Residual Likelihood Level]],RiskRegister[[#This Row],[Inherent Likelihood Level]])","v":"-- Select Likelihood --"},{"$f":"IF(RiskRegister[[#This Row],[Risk Status]]=\"Closed\",RiskRegister[[#This Row],[Residual-I-L-Combo]],RiskRegister[[#This Row],[Inherent-I-L-Combo]])","v":"-- Select Impact ----- Select Likelihood --"},"-- Error --"]
[215,{"$nulls":5},"-- Select Risk Category --",null,"-- select department --",null,null,"-- Select Impact --",{"$f":"VLOOKUP(RiskRegister[[#This Row],[Inherent Impact Level]],'Rating factors'!$F$4:$G$9,2,FALSE)","v":"--- Error ---"},"-- Select Likelihood --",{"$f":"VLOOKUP(RiskRegister[[#This Row],[Inherent Likelihood Level]],'Rating factors'!$F$16:$G$21,2,FALSE)","v":"--- Error ---"},{"$f":"IFERROR(VLOOKUP(RiskRegister[[#This Row],[Inherent Risk Rating]],'Rating factors'!$F$30:$G$44,2,FALSE),\"-- Error --\")","v":"-- Error --"},{"$f":"IFERROR(RiskRegister[[#This Row],[Inherent Impact Rating]]*RiskRegister[[#This Row],[Inherent Likelihood Rating]],\"-- Error --\")","v":"-- Error --"},"-- Select Risk Response --",null,"-- Select Impact --",{"$f":"VLOOKUP(RiskRegister[[#This Row],[Residual Impact Level]],'Rating factors'!$F$4:$G$9,2,FALSE)","v":"--- Error ---"},"-- Select Likelihood --",{"$f":"VLOOKUP(RiskRegister[[#This Row],[Residual Likelihood Level]],'Rating factors'!$F$16:$G$21,2,FALSE)","v":"--- Error ---"},{"$f":"IFERROR(VLOOKUP(RiskRegister[[#This Row],[Residual Risk Rating]],'Rating factors'!$F$30:$G$44,2,FALSE),\"-- Error --\")","v":"-- Error --"},{"$f":"IFERROR(RiskRegister[[#This Row],[Residual Impact Rating]]*RiskRegister[[#This Row],[Residual Likelihood Rating]],\"-- Error --\")","v":"-- Error --"},"-- Select Risk Status --",{"$nulls":3},{"$f":"IF(ISBLANK(RiskRegister[[#This Row],[Risk Due Date]]), \"Missing Risk Due Date\", IF(RiskRegister[[#This Row],[Risk Due Date]] < TODAY(), \"Overdue\", \"Not Overdue\"))","v":"Missing Risk Due Date"},null,{"$f":"IF(ISBLANK(RiskRegister[[#This Row],[Risk Due Date]]), \"Missing Risk Due Date\", TEXT(RiskRegister[[#This Row],[Risk Due Date]], \"YYYY-MM\"))","v":"Missing Risk Due Date"},{"$f":"IF(RiskRegister[[#This Row],[Created Date]]=\"\",\"Created Date missing\",(TEXT(RiskRegister[[#This Row],[Created Date]],\"mmm\") & \"-\" & YEAR(RiskRegister[[#This Row],[Created Date]])))","v":"Created Date missing"},{"$f":"IF(RiskRegister[[#This Row],[Risk Status]]=\"Closed\",RiskRegister[[#This Row],[Risk Close Date]],RiskRegister[[#This Row],[Risk Due Date]])","v":"00:00:00"},{"$f":"IF(RiskRegister[[#This Row],[Risk-Change-Date]]=0,DATE(2030,1,1),RiskRegister[[#This Row],[Risk-Change-Date]])","v":"2030-01-01"},{"$f":"RiskRegister[[#This Row],[Inherent Impact Level]]&\"-\"&RiskRegister[[#This Row],[Inherent Likelihood Level]]","v":"-- Select Impact ----- Select Likelihood --"},{"$f":"RiskRegister[[#This Row],[Residual Impact Level]]&\"-\"&RiskRegister[[#This Row],[Residual Likelihood Level]]","v":"-- Select Impact ----- Select Likelihood --"},"Error",{"$f":"IF(RiskRegister[[#This Row],[Risk Status]]=\"Closed\",RiskRegister[[#This Row],[Residual Impact Level]],RiskRegister[[#This Row],[Inherent Impact Level]])","v":"-- Select Impact --"},{"$f":"IF(RiskRegister[[#This Row],[Risk Status]]=\"Closed\",RiskRegister[[#This Row],[Residual Likelihood Level]],RiskRegister[[#This Row],[Inherent Likelihood Level]])","v":"-- Select Likelihood --"},{"$f":"IF(RiskRegister[[#This Row],[Risk Status]]=\"Closed\",RiskRegister[[#This Row],[Residual-I-L-Combo]],RiskRegister[[#This Row],[Inherent-I-L-Combo]])","v":"-- Select Impact ----- Select Likelihood --"},"-- Error --"]
[216,{"$nulls":5},"-- Select Risk Category --",null,"-- select department --",null,null,"-- Select Impact --",{"$f":"VLOOKUP(RiskRegister[[#This Row],[Inherent Impact Level]],'Rating factors'!$F$4:$G$9,2,FALSE)","v":"--- Error ---"},"-- Select Likelihood --",{"$f":"VLOOKUP(RiskRegister[[#This Row],[Inherent Likelihood Level]],'Rating factors'!$F$16:$G$21,2,FALSE)","v":"--- Error ---"},{"$f":"IFERROR(VLOOKUP(RiskRegister[[#This Row],[Inherent Risk Rating]],'Rating factors'!$F$30:$G$44,2,FALSE),\"-- Error --\")","v":"-- Error --"},{"$f":"IFERROR(RiskRegister[[#This Row],[Inherent Impact Rating]]*RiskRegister[[#This Row],[Inherent Likelihood Rating]],\"-- Error --\")","v":"-- Error --"},"-- Select Risk Response --",null,"-- Select Impact --",{"$f":"VLOOKUP(RiskRegister[[#This Row],[Residual Impact Level]],'Rating factors'!$F$4:$G$9,2,FALSE)","v":"--- Error ---"},"-- Select Likelihood --",{"$f":"VLOOKUP(RiskRegister[[#This Row],[Residual Likelihood Level]],'Rating factors'!$F$16:$G$21,2,FALSE)","v":"--- Error ---"},{"$f":"IFERROR(VLOOKUP(RiskRegister[[#This Row],[Residual Risk Rating]],'Rating factors'!$F$30:$G$44,2,FALSE),\"-- Error --\")","v":"-- Error --"},{"$f":"IFERROR(RiskRegister[[#This Row],[Residual Impact Rating]]*RiskRegister[[#This Row],[Residual Likelihood Rating]],\"-- Error --\")","v":"-- Error --"},"-- Select Risk Status --",{"$nulls":3},{"$f":"IF(ISBLANK(RiskRegister[[#This Row],[Risk Due Date]]), \"Missing Risk Due Date\", IF(RiskRegister[[#This Row],[Risk Due Date]] < TODAY(), \"Overdue\", \"Not Overdue\"))","v":"Missing Risk Due Date"},null,{"$f":"IF(ISBLANK(RiskRegister[[#This Row],[Risk Due Date]]), \"Missing Risk Due Date\", TEXT(RiskRegister[[#This Row],[Risk Due Date]], \"YYYY-MM\"))","v":"Missing Risk Due Date"},{"$f":"IF(RiskRegister[[#This Row],[Created Date]]=\"\",\"Created Date missing\",(TEXT(RiskRegister[[#This Row],[Created Date]],\"mmm\") & \"-\" & YEAR(RiskRegister[[#This Row],[Created Date]])))","v":"Created Date missing"},{"$f":"IF(RiskRegister[[#This Row],[Risk Status]]=\"Closed\",RiskRegister[[#This Row],[Risk Close Date]],RiskRegister[[#This Row],[Risk Due Date]])","v":"00:00:00"},{"$f":"IF(RiskRegister[[#This Row],[Risk-Change-Date]]=0,DATE(2030,1,1),RiskRegister[[#This Row],[Risk-Change-Date]])","v":"2030-01-01"},{"$f":"RiskRegister[[#This Row],[Inherent Impact Level]]&\"-\"&RiskRegister[[#This Row],[Inherent Likelihood Level]]","v":"-- Select Impact ----- Select Likelihood --"},{"$f":"RiskRegister[[#This Row],[Residual Impact Level]]&\"-\"&RiskRegister[[#This Row],[Residual Likelihood Level]]","v":"-- Select Impact ----- Select Likelihood --"},"Error",{"$f":"IF(RiskRegister[[#This Row],[Risk Status]]=\"Closed\",RiskRegister[[#This Row],[Residual Impact Level]],RiskRegister[[#This Row],[Inherent Impact Level]])","v":"-- Select Impact --"},{"$f":"IF(RiskRegister[[#This Row],[Risk Status]]=\"Closed\",RiskRegister[[#This Row],[Residual Likelihood Level]],RiskRegister[[#This Row],[Inherent Likelihood Level]])","v":"-- Select Likelihood --"},{"$f":"IF(RiskRegister[[#This Row],[Risk Status]]=\"Closed\",RiskRegister[[#This Row],[Residual-I-L-Combo]],RiskRegister[[#This Row],[Inherent-I-L-Combo]])","v":"-- Select Impact ----- Select Likelihood --"},"-- Error --"]
[217,{"$nulls":5},"-- Select Risk Category --",null,"-- select department --",null,null,"-- Select Impact --",{"$f":"VLOOKUP(RiskRegister[[#This Row],[Inherent Impact Level]],'Rating factors'!$F$4:$G$9,2,FALSE)","v":"--- Error ---"},"-- Select Likelihood --",{"$f":"VLOOKUP(RiskRegister[[#This Row],[Inherent Likelihood Level]],'Rating factors'!$F$16:$G$21,2,FALSE)","v":"--- Error ---"},{"$f":"IFERROR(VLOOKUP(RiskRegister[[#This Row],[Inherent Risk Rating]],'Rating factors'!$F$30:$G$44,2,FALSE),\"-- Error --\")","v":"-- Error --"},{"$f":"IFERROR(RiskRegister[[#This Row],[Inherent Impact Rating]]*RiskRegister[[#This Row],[Inherent Likelihood Rating]],\"-- Error --\")","v":"-- Error --"},"-- Select Risk Response --",null,"-- Select Impact --",{"$f":"VLOOKUP(RiskRegister[[#This Row],[Residual Impact Level]],'Rating factors'!$F$4:$G$9,2,FALSE)","v":"--- Error ---"},"-- Select Likelihood --",{"$f":"VLOOKUP(RiskRegister[[#This Row],[Residual Likelihood Level]],'Rating factors'!$F$16:$G$21,2,FALSE)","v":"--- Error ---"},{"$f":"IFERROR(VLOOKUP(RiskRegister[[#This Row],[Residual Risk Rating]],'Rating factors'!$F$30:$G$44,2,FALSE),\"-- Error --\")","v":"-- Error --"},{"$f":"IFERROR(RiskRegister[[#This Row],[Residual Impact Rating]]*RiskRegister[[#This Row],[Residual Likelihood Rating]],\"-- Error --\")","v":"-- Error --"},"-- Select Risk Status --",{"$nulls":3},{"$f":"IF(ISBLANK(RiskRegister[[#This Row],[Risk Due Date]]), \"Missing Risk Due Date\", IF(RiskRegister[[#This Row],[Risk Due Date]] < TODAY(), \"Overdue\", \"Not Overdue\"))","v":"Missing Risk Due Date"},null,{"$f":"IF(ISBLANK(RiskRegister[[#This Row],[Risk Due Date]]), \"Missing Risk Due Date\", TEXT(RiskRegister[[#This Row],[Risk Due Date]], \"YYYY-MM\"))","v":"Missing Risk Due Date"},{"$f":"IF(RiskRegister[[#This Row],[Created Date]]=\"\",\"Created Date missing\",(TEXT(RiskRegister[[#This Row],[Created Date]],\"mmm\") & \"-\" & YEAR(RiskRegister[[#This Row],[Created Date]])))","v":"Created Date missing"},{"$f":"IF(RiskRegister[[#This Row],[Risk Status]]=\"Closed\",RiskRegister[[#This Row],[Risk Close Date]],RiskRegister[[#This Row],[Risk Due Date]])","v":"00:00:00"},{"$f":"IF(RiskRegister[[#This Row],[Risk-Change-Date]]=0,DATE(2030,1,1),RiskRegister[[#This Row],[Risk-Change-Date]])","v":"2030-01-01"},{"$f":"RiskRegister[[#This Row],[Inherent Impact Level]]&\"-\"&RiskRegister[[#This Row],[Inherent Likelihood Level]]","v":"-- Select Impact ----- Select Likelihood --"},{"$f":"RiskRegister[[#This Row],[Residual Impact Level]]&\"-\"&RiskRegister[[#This Row],[Residual Likelihood Level]]","v":"-- Select Impact ----- Select Likelihood --"},"Error",{"$f":"IF(RiskRegister[[#This Row],[Risk Status]]=\"Closed\",RiskRegister[[#This Row],[Residual Impact Level]],RiskRegister[[#This Row],[Inherent Impact Level]])","v":"-- Select Impact --"},{"$f":"IF(RiskRegister[[#This Row],[Risk Status]]=\"Closed\",RiskRegister[[#This Row],[Residual Likelihood Level]],RiskRegister[[#This Row],[Inherent Likelihood Level]])","v":"-- Select Likelihood --"},{"$f":"IF(RiskRegister[[#This Row],[Risk Status]]=\"Closed\",RiskRegister[[#This Row],[Residual-I-L-Combo]],RiskRegister[[#This Row],[Inherent-I-L-Combo]])","v":"-- Select Impact ----- Select Likelihood --"},"-- Error --"]
[218,{"$nulls":5},"-- Select Risk Category --",null,"-- select department --",null,null,"-- Select Impact --",{"$f":"VLOOKUP(RiskRegister[[#This Row],[Inherent Impact Level]],'Rating factors'!$F$4:$G$9,2,FALSE)","v":"--- Error ---"},"-- Select Likelihood --",{"$f":"VLOOKUP(RiskRegister[[#This Row],[Inherent Likelihood Level]],'Rating factors'!$F$16:$G$21,2,FALSE)","v":"--- Error ---"},{"$f":"IFERROR(VLOOKUP(RiskRegister[[#This Row],[Inherent Risk Rating]],'Rating factors'!$F$30:$G$44,2,FALSE),\"-- Error --\")","v":"-- Error --"},{"$f":"IFERROR(RiskRegister[[#This Row],[Inherent Impact Rating]]*RiskRegister[[#This Row],[Inherent Likelihood Rating]],\"-- Error --\")","v":"-- Error --"},"-- Select Risk Response --",null,"-- Select Impact --",{"$f":"VLOOKUP(RiskRegister[[#This Row],[Residual Impact Level]],'Rating factors'!$F$4:$G$9,2,FALSE)","v":"--- Error ---"},"-- Select Likelihood --",{"$f":"VLOOKUP(RiskRegister[[#This Row],[Residual Likelihood Level]],'Rating factors'!$F$16:$G$21,2,FALSE)","v":"--- Error ---"},{"$f":"IFERROR(VLOOKUP(RiskRegister[[#This Row],[Residual Risk Rating]],'Rating factors'!$F$30:$G$44,2,FALSE),\"-- Error --\")","v":"-- Error --"},{"$f":"IFERROR(RiskRegister[[#This Row],[Residual Impact Rating]]*RiskRegister[[#This Row],[Residual Likelihood Rating]],\"-- Error --\")","v":"-- Error --"},"-- Select Risk Status --",{"$nulls":3},{"$f":"IF(ISBLANK(RiskRegister[[#This Row],[Risk Due Date]]), \"Missing Risk Due Date\", IF(RiskRegister[[#This Row],[Risk Due Date]] < TODAY(), \"Overdue\", \"Not Overdue\"))","v":"Missing Risk Due Date"},null,{"$f":"IF(ISBLANK(RiskRegister[[#This Row],[Risk Due Date]]), \"Missing Risk Due Date\", TEXT(RiskRegister[[#This Row],[Risk Due Date]], \"YYYY-MM\"))","v":"Missing Risk Due Date"},{"$f":"IF(RiskRegister[[#This Row],[Created Date]]=\"\",\"Created Date missing\",(TEXT(RiskRegister[[#This Row],[Created Date]],\"mmm\") & \"-\" & YEAR(RiskRegister[[#This Row],[Created Date]])))","v":"Created Date missing"},{"$f":"IF(RiskRegister[[#This Row],[Risk Status]]=\"Closed\",RiskRegister[[#This Row],[Risk Close Date]],RiskRegister[[#This Row],[Risk Due Date]])","v":"00:00:00"},{"$f":"IF(RiskRegister[[#This Row],[Risk-Change-Date]]=0,DATE(2030,1,1),RiskRegister[[#This Row],[Risk-Change-Date]])","v":"2030-01-01"},{"$f":"RiskRegister[[#This Row],[Inherent Impact Level]]&\"-\"&RiskRegister[[#This Row],[Inherent Likelihood Level]]","v":"-- Select Impact ----- Select Likelihood --"},{"$f":"RiskRegister[[#This Row],[Residual Impact Level]]&\"-\"&RiskRegister[[#This Row],[Residual Likelihood Level]]","v":"-- Select Impact ----- Select Likelihood --"},"Error",{"$f":"IF(RiskRegister[[#This Row],[Risk Status]]=\"Closed\",RiskRegister[[#This Row],[Residual Impact Level]],RiskRegister[[#This Row],[Inherent Impact Level]])","v":"-- Select Impact --"},{"$f":"IF(RiskRegister[[#This Row],[Risk Status]]=\"Closed\",RiskRegister[[#This Row],[Residual Likelihood Level]],RiskRegister[[#This Row],[Inherent Likelihood Level]])","v":"-- Select Likelihood --"},{"$f":"IF(RiskRegister[[#This Row],[Risk Status]]=\"Closed\",RiskRegister[[#This Row],[Residual-I-L-Combo]],RiskRegister[[#This Row],[Inherent-I-L-Combo]])","v":"-- Select Impact ----- Select Likelihood --"},"-- Error --"]
[219,{"$nulls":5},"-- Select Risk Category --",null,"-- select department --",null,null,"-- Select Impact --",{"$f":"VLOOKUP(RiskRegister[[#This Row],[Inherent Impact Level]],'Rating factors'!$F$4:$G$9,2,FALSE)","v":"--- Error ---"},"-- Select Likelihood --",{"$f":"VLOOKUP(RiskRegister[[#This Row],[Inherent Likelihood Level]],'Rating factors'!$F$16:$G$21,2,FALSE)","v":"--- Error ---"},{"$f":"IFERROR(VLOOKUP(RiskRegister[[#This Row],[Inherent Risk Rating]],'Rating factors'!$F$30:$G$44,2,FALSE),\"-- Error --\")","v":"-- Error --"},{"$f":"IFERROR(RiskRegister[[#This Row],[Inherent Impact Rating]]*RiskRegister[[#This Row],[Inherent Likelihood Rating]],\"-- Error --\")","v":"-- Error --"},"-- Select Risk Response --",null,"-- Select Impact --",{"$f":"VLOOKUP(RiskRegister[[#This Row],[Residual Impact Level]],'Rating factors'!$F$4:$G$9,2,FALSE)","v":"--- Error ---"},"-- Select Likelihood --",{"$f":"VLOOKUP(RiskRegister[[#This Row],[Residual Likelihood Level]],'Rating factors'!$F$16:$G$21,2,FALSE)","v":"--- Error ---"},{"$f":"IFERROR(VLOOKUP(RiskRegister[[#This Row],[Residual Risk Rating]],'Rating factors'!$F$30:$G$44,2,FALSE),\"-- Error --\")","v":"-- Error --"},{"$f":"IFERROR(RiskRegister[[#This Row],[Residual Impact Rating]]*RiskRegister[[#This Row],[Residual Likelihood Rating]],\"-- Error --\")","v":"-- Error --"},"-- Select Risk Status --",{"$nulls":3},{"$f":"IF(ISBLANK(RiskRegister[[#This Row],[Risk Due Date]]), \"Missing Risk Due Date\", IF(RiskRegister[[#This Row],[Risk Due Date]] < TODAY(), \"Overdue\", \"Not Overdue\"))","v":"Missing Risk Due Date"},null,{"$f":"IF(ISBLANK(RiskRegister[[#This Row],[Risk Due Date]]), \"Missing Risk Due Date\", TEXT(RiskRegister[[#This Row],[Risk Due Date]], \"YYYY-MM\"))","v":"Missing Risk Due Date"},{"$f":"IF(RiskRegister[[#This Row],[Created Date]]=\"\",\"Created Date missing\",(TEXT(RiskRegister[[#This Row],[Created Date]],\"mmm\") & \"-\" & YEAR(RiskRegister[[#This Row],[Created Date]])))","v":"Created Date missing"},{"$f":"IF(RiskRegister[[#This Row],[Risk Status]]=\"Closed\",RiskRegister[[#This Row],[Risk Close Date]],RiskRegister[[#This Row],[Risk Due Date]])","v":"00:00:00"},{"$f":"IF(RiskRegister[[#This Row],[Risk-Change-Date]]=0,DATE(2030,1,1),RiskRegister[[#This Row],[Risk-Change-Date]])","v":"2030-01-01"},{"$f":"RiskRegister[[#This Row],[Inherent Impact Level]]&\"-\"&RiskRegister[[#This Row],[Inherent Likelihood Level]]","v":"-- Select Impact ----- Select Likelihood --"},{"$f":"RiskRegister[[#This Row],[Residual Impact Level]]&\"-\"&RiskRegister[[#This Row],[Residual Likelihood Level]]","v":"-- Select Impact ----- Select Likelihood --"},"Error",{"$f":"IF(RiskRegister[[#This Row],[Risk Status]]=\"Closed\",RiskRegister[[#This Row],[Residual Impact Level]],RiskRegister[[#This Row],[Inherent Impact Level]])","v":"-- Select Impact --"},{"$f":"IF(RiskRegister[[#This Row],[Risk Status]]=\"Closed\",RiskRegister[[#This Row],[Residual Likelihood Level]],RiskRegister[[#This Row],[Inherent Likelihood Level]])","v":"-- Select Likelihood --"},{"$f":"IF(RiskRegister[[#This Row],[Risk Status]]=\"Closed\",RiskRegister[[#This Row],[Residual-I-L-Combo]],RiskRegister[[#This Row],[Inherent-I-L-Combo]])","v":"-- Select Impact ----- Select Likelihood --"},"-- Error --"]
[220,{"$nulls":5},"-- Select Risk Category --",null,"-- select department --",null,null,"-- Select Impact --",{"$f":"VLOOKUP(RiskRegister[[#This Row],[Inherent Impact Level]],'Rating factors'!$F$4:$G$9,2,FALSE)","v":"--- Error ---"},"-- Select Likelihood --",{"$f":"VLOOKUP(RiskRegister[[#This Row],[Inherent Likelihood Level]],'Rating factors'!$F$16:$G$21,2,FALSE)","v":"--- Error ---"},{"$f":"IFERROR(VLOOKUP(RiskRegister[[#This Row],[Inherent Risk Rating]],'Rating factors'!$F$30:$G$44,2,FALSE),\"-- Error --\")","v":"-- Error --"},{"$f":"IFERROR(RiskRegister[[#This Row],[Inherent Impact Rating]]*RiskRegister[[#This Row],[Inherent Likelihood Rating]],\"-- Error --\")","v":"-- Error --"},"-- Select Risk Response --",null,"-- Select Impact --",{"$f":"VLOOKUP(RiskRegister[[#This Row],[Residual Impact Level]],'Rating factors'!$F$4:$G$9,2,FALSE)","v":"--- Error ---"},"-- Select Likelihood --",{"$f":"VLOOKUP(RiskRegister[[#This Row],[Residual Likelihood Level]],'Rating factors'!$F$16:$G$21,2,FALSE)","v":"--- Error ---"},{"$f":"IFERROR(VLOOKUP(RiskRegister[[#This Row],[Residual Risk Rating]],'Rating factors'!$F$30:$G$44,2,FALSE),\"-- Error --\")","v":"-- Error --"},{"$f":"IFERROR(RiskRegister[[#This Row],[Residual Impact Rating]]*RiskRegister[[#This Row],[Residual Likelihood Rating]],\"-- Error --\")","v":"-- Error --"},"-- Select Risk Status --",{"$nulls":3},{"$f":"IF(ISBLANK(RiskRegister[[#This Row],[Risk Due Date]]), \"Missing Risk Due Date\", IF(RiskRegister[[#This Row],[Risk Due Date]] < TODAY(), \"Overdue\", \"Not Overdue\"))","v":"Missing Risk Due Date"},null,{"$f":"IF(ISBLANK(RiskRegister[[#This Row],[Risk Due Date]]), \"Missing Risk Due Date\", TEXT(RiskRegister[[#This Row],[Risk Due Date]], \"YYYY-MM\"))","v":"Missing Risk Due Date"},{"$f":"IF(RiskRegister[[#This Row],[Created Date]]=\"\",\"Created Date missing\",(TEXT(RiskRegister[[#This Row],[Created Date]],\"mmm\") & \"-\" & YEAR(RiskRegister[[#This Row],[Created Date]])))","v":"Created Date missing"},{"$f":"IF(RiskRegister[[#This Row],[Risk Status]]=\"Closed\",RiskRegister[[#This Row],[Risk Close Date]],RiskRegister[[#This Row],[Risk Due Date]])","v":"00:00:00"},{"$f":"IF(RiskRegister[[#This Row],[Risk-Change-Date]]=0,DATE(2030,1,1),RiskRegister[[#This Row],[Risk-Change-Date]])","v":"2030-01-01"},{"$f":"RiskRegister[[#This Row],[Inherent Impact Level]]&\"-\"&RiskRegister[[#This Row],[Inherent Likelihood Level]]","v":"-- Select Impact ----- Select Likelihood --"},{"$f":"RiskRegister[[#This Row],[Residual Impact Level]]&\"-\"&RiskRegister[[#This Row],[Residual Likelihood Level]]","v":"-- Select Impact ----- Select Likelihood --"},"Error",{"$f":"IF(RiskRegister[[#This Row],[Risk Status]]=\"Closed\",RiskRegister[[#This Row],[Residual Impact Level]],RiskRegister[[#This Row],[Inherent Impact Level]])","v":"-- Select Impact --"},{"$f":"IF(RiskRegister[[#This Row],[Risk Status]]=\"Closed\",RiskRegister[[#This Row],[Residual Likelihood Level]],RiskRegister[[#This Row],[Inherent Likelihood Level]])","v":"-- Select Likelihood --"},{"$f":"IF(RiskRegister[[#This Row],[Risk Status]]=\"Closed\",RiskRegister[[#This Row],[Residual-I-L-Combo]],RiskRegister[[#This Row],[Inherent-I-L-Combo]])","v":"-- Select Impact ----- Select Likelihood --"},"-- Error --"]
[221,{"$nulls":5},"-- Select Risk Category --",null,"-- select department --",null,null,"-- Select Impact --",{"$f":"VLOOKUP(RiskRegister[[#This Row],[Inherent Impact Level]],'Rating factors'!$F$4:$G$9,2,FALSE)","v":"--- Error ---"},"-- Select Likelihood --",{"$f":"VLOOKUP(RiskRegister[[#This Row],[Inherent Likelihood Level]],'Rating factors'!$F$16:$G$21,2,FALSE)","v":"--- Error ---"},{"$f":"IFERROR(VLOOKUP(RiskRegister[[#This Row],[Inherent Risk Rating]],'Rating factors'!$F$30:$G$44,2,FALSE),\"-- Error --\")","v":"-- Error --"},{"$f":"IFERROR(RiskRegister[[#This Row],[Inherent Impact Rating]]*RiskRegister[[#This Row],[Inherent Likelihood Rating]],\"-- Error --\")","v":"-- Error --"},"-- Select Risk Response --",null,"-- Select Impact --",{"$f":"VLOOKUP(RiskRegister[[#This Row],[Residual Impact Level]],'Rating factors'!$F$4:$G$9,2,FALSE)","v":"--- Error ---"},"-- Select Likelihood --",{"$f":"VLOOKUP(RiskRegister[[#This Row],[Residual Likelihood Level]],'Rating factors'!$F$16:$G$21,2,FALSE)","v":"--- Error ---"},{"$f":"IFERROR(VLOOKUP(RiskRegister[[#This Row],[Residual Risk Rating]],'Rating factors'!$F$30:$G$44,2,FALSE),\"-- Error --\")","v":"-- Error --"},{"$f":"IFERROR(RiskRegister[[#This Row],[Residual Impact Rating]]*RiskRegister[[#This Row],[Residual Likelihood Rating]],\"-- Error --\")","v":"-- Error --"},"-- Select Risk Status --",{"$nulls":3},{"$f":"IF(ISBLANK(RiskRegister[[#This Row],[Risk Due Date]]), \"Missing Risk Due Date\", IF(RiskRegister[[#This Row],[Risk Due Date]] < TODAY(), \"Overdue\", \"Not Overdue\"))","v":"Missing Risk Due Date"},null,{"$f":"IF(ISBLANK(RiskRegister[[#This Row],[Risk Due Date]]), \"Missing Risk Due Date\", TEXT(RiskRegister[[#This Row],[Risk Due Date]], \"YYYY-MM\"))","v":"Missing Risk Due Date"},{"$f":"IF(RiskRegister[[#This Row],[Created Date]]=\"\",\"Created Date missing\",(TEXT(RiskRegister[[#This Row],[Created Date]],\"mmm\") & \"-\" & YEAR(RiskRegister[[#This Row],[Created Date]])))","v":"Created Date missing"},{"$f":"IF(RiskRegister[[#This Row],[Risk Status]]=\"Closed\",RiskRegister[[#This Row],[Risk Close Date]],RiskRegister[[#This Row],[Risk Due Date]])","v":"00:00:00"},{"$f":"IF(RiskRegister[[#This Row],[Risk-Change-Date]]=0,DATE(2030,1,1),RiskRegister[[#This Row],[Risk-Change-Date]])","v":"2030-01-01"},{"$f":"RiskRegister[[#This Row],[Inherent Impact Level]]&\"-\"&RiskRegister[[#This Row],[Inherent Likelihood Level]]","v":"-- Select Impact ----- Select Likelihood --"},{"$f":"RiskRegister[[#This Row],[Residual Impact Level]]&\"-\"&RiskRegister[[#This Row],[Residual Likelihood Level]]","v":"-- Select Impact ----- Select Likelihood --"},"Error",{"$f":"IF(RiskRegister[[#This Row],[Risk Status]]=\"Closed\",RiskRegister[[#This Row],[Residual Impact Level]],RiskRegister[[#This Row],[Inherent Impact Level]])","v":"-- Select Impact --"},{"$f":"IF(RiskRegister[[#This Row],[Risk Status]]=\"Closed\",RiskRegister[[#This Row],[Residual Likelihood Level]],RiskRegister[[#This Row],[Inherent Likelihood Level]])","v":"-- Select Likelihood --"},{"$f":"IF(RiskRegister[[#This Row],[Risk Status]]=\"Closed\",RiskRegister[[#This Row],[Residual-I-L-Combo]],RiskRegister[[#This Row],[Inherent-I-L-Combo]])","v":"-- Select Impact ----- Select Likelihood --"},"-- Error --"]
[222,{"$nulls":5},"-- Select Risk Category --",null,"-- select department --",null,null,"-- Select Impact --",{"$f":"VLOOKUP(RiskRegister[[#This Row],[Inherent Impact Level]],'Rating factors'!$F$4:$G$9,2,FALSE)","v":"--- Error ---"},"-- Select Likelihood --",{"$f":"VLOOKUP(RiskRegister[[#This Row],[Inherent Likelihood Level]],'Rating factors'!$F$16:$G$21,2,FALSE)","v":"--- Error ---"},{"$f":"IFERROR(VLOOKUP(RiskRegister[[#This Row],[Inherent Risk Rating]],'Rating factors'!$F$30:$G$44,2,FALSE),\"-- Error --\")","v":"-- Error --"},{"$f":"IFERROR(RiskRegister[[#This Row],[Inherent Impact Rating]]*RiskRegister[[#This Row],[Inherent Likelihood Rating]],\"-- Error --\")","v":"-- Error --"},"-- Select Risk Response --",null,"-- Select Impact --",{"$f":"VLOOKUP(RiskRegister[[#This Row],[Residual Impact Level]],'Rating factors'!$F$4:$G$9,2,FALSE)","v":"--- Error ---"},"-- Select Likelihood --",{"$f":"VLOOKUP(RiskRegister[[#This Row],[Residual Likelihood Level]],'Rating factors'!$F$16:$G$21,2,FALSE)","v":"--- Error ---"},{"$f":"IFERROR(VLOOKUP(RiskRegister[[#This Row],[Residual Risk Rating]],'Rating factors'!$F$30:$G$44,2,FALSE),\"-- Error --\")","v":"-- Error --"},{"$f":"IFERROR(RiskRegister[[#This Row],[Residual Impact Rating]]*RiskRegister[[#This Row],[Residual Likelihood Rating]],\"-- Error --\")","v":"-- Error --"},"-- Select Risk Status --",{"$nulls":3},{"$f":"IF(ISBLANK(RiskRegister[[#This Row],[Risk Due Date]]), \"Missing Risk Due Date\", IF(RiskRegister[[#This Row],[Risk Due Date]] < TODAY(), \"Overdue\", \"Not Overdue\"))","v":"Missing Risk Due Date"},null,{"$f":"IF(ISBLANK(RiskRegister[[#This Row],[Risk Due Date]]), \"Missing Risk Due Date\", TEXT(RiskRegister[[#This Row],[Risk Due Date]], \"YYYY-MM\"))","v":"Missing Risk Due Date"},{"$f":"IF(RiskRegister[[#This Row],[Created Date]]=\"\",\"Created Date missing\",(TEXT(RiskRegister[[#This Row],[Created Date]],\"mmm\") & \"-\" & YEAR(RiskRegister[[#This Row],[Created Date]])))","v":"Created Date missing"},{"$f":"IF(RiskRegister[[#This Row],[Risk Status]]=\"Closed\",RiskRegister[[#This Row],[Risk Close Date]],RiskRegister[[#This Row],[Risk Due Date]])","v":"00:00:00"},{"$f":"IF(RiskRegister[[#This Row],[Risk-Change-Date]]=0,DATE(2030,1,1),RiskRegister[[#This Row],[Risk-Change-Date]])","v":"2030-01-01"},{"$f":"RiskRegister[[#This Row],[Inherent Impact Level]]&\"-\"&RiskRegister[[#This Row],[Inherent Likelihood Level]]","v":"-- Select Impact ----- Select Likelihood --"},{"$f":"RiskRegister[[#This Row],[Residual Impact Level]]&\"-\"&RiskRegister[[#This Row],[Residual Likelihood Level]]","v":"-- Select Impact ----- Select Likelihood --"},"Error",{"$f":"IF(RiskRegister[[#This Row],[Risk Status]]=\"Closed\",RiskRegister[[#This Row],[Residual Impact Level]],RiskRegister[[#This Row],[Inherent Impact Level]])","v":"-- Select Impact --"},{"$f":"IF(RiskRegister[[#This Row],[Risk Status]]=\"Closed\",RiskRegister[[#This Row],[Residual Likelihood Level]],RiskRegister[[#This Row],[Inherent Likelihood Level]])","v":"-- Select Likelihood --"},{"$f":"IF(RiskRegister[[#This Row],[Risk Status]]=\"Closed\",RiskRegister[[#This Row],[Residual-I-L-Combo]],RiskRegister[[#This Row],[Inherent-I-L-Combo]])","v":"-- Select Impact ----- Select Likelihood --"},"-- Error --"]
[223,{"$nulls":5},"-- Select Risk Category --",null,"-- select department --",null,null,"-- Select Impact --",{"$f":"VLOOKUP(RiskRegister[[#This Row],[Inherent Impact Level]],'Rating factors'!$F$4:$G$9,2,FALSE)","v":"--- Error ---"},"-- Select Likelihood --",{"$f":"VLOOKUP(RiskRegister[[#This Row],[Inherent Likelihood Level]],'Rating factors'!$F$16:$G$21,2,FALSE)","v":"--- Error ---"},{"$f":"IFERROR(VLOOKUP(RiskRegister[[#This Row],[Inherent Risk Rating]],'Rating factors'!$F$30:$G$44,2,FALSE),\"-- Error --\")","v":"-- Error --"},{"$f":"IFERROR(RiskRegister[[#This Row],[Inherent Impact Rating]]*RiskRegister[[#This Row],[Inherent Likelihood Rating]],\"-- Error --\")","v":"-- Error --"},"-- Select Risk Response --",null,"-- Select Impact --",{"$f":"VLOOKUP(RiskRegister[[#This Row],[Residual Impact Level]],'Rating factors'!$F$4:$G$9,2,FALSE)","v":"--- Error ---"},"-- Select Likelihood --",{"$f":"VLOOKUP(RiskRegister[[#This Row],[Residual Likelihood Level]],'Rating factors'!$F$16:$G$21,2,FALSE)","v":"--- Error ---"},{"$f":"IFERROR(VLOOKUP(RiskRegister[[#This Row],[Residual Risk Rating]],'Rating factors'!$F$30:$G$44,2,FALSE),\"-- Error --\")","v":"-- Error --"},{"$f":"IFERROR(RiskRegister[[#This Row],[Residual Impact Rating]]*RiskRegister[[#This Row],[Residual Likelihood Rating]],\"-- Error --\")","v":"-- Error --"},"-- Select Risk Status --",{"$nulls":3},{"$f":"IF(ISBLANK(RiskRegister[[#This Row],[Risk Due Date]]), \"Missing Risk Due Date\", IF(RiskRegister[[#This Row],[Risk Due Date]] < TODAY(), \"Overdue\", \"Not Overdue\"))","v":"Missing Risk Due Date"},null,{"$f":"IF(ISBLANK(RiskRegister[[#This Row],[Risk Due Date]]), \"Missing Risk Due Date\", TEXT(RiskRegister[[#This Row],[Risk Due Date]], \"YYYY-MM\"))","v":"Missing Risk Due Date"},{"$f":"IF(RiskRegister[[#This Row],[Created Date]]=\"\",\"Created Date missing\",(TEXT(RiskRegister[[#This Row],[Created Date]],\"mmm\") & \"-\" & YEAR(RiskRegister[[#This Row],[Created Date]])))","v":"Created Date missing"},{"$f":"IF(RiskRegister[[#This Row],[Risk Status]]=\"Closed\",RiskRegister[[#This Row],[Risk Close Date]],RiskRegister[[#This Row],[Risk Due Date]])","v":"00:00:00"},{"$f":"IF(RiskRegister[[#This Row],[Risk-Change-Date]]=0,DATE(2030,1,1),RiskRegister[[#This Row],[Risk-Change-Date]])","v":"2030-01-01"},{"$f":"RiskRegister[[#This Row],[Inherent Impact Level]]&\"-\"&RiskRegister[[#This Row],[Inherent Likelihood Level]]","v":"-- Select Impact ----- Select Likelihood --"},{"$f":"RiskRegister[[#This Row],[Residual Impact Level]]&\"-\"&RiskRegister[[#This Row],[Residual Likelihood Level]]","v":"-- Select Impact ----- Select Likelihood --"},"Error",{"$f":"IF(RiskRegister[[#This Row],[Risk Status]]=\"Closed\",RiskRegister[[#This Row],[Residual Impact Level]],RiskRegister[[#This Row],[Inherent Impact Level]])","v":"-- Select Impact --"},{"$f":"IF(RiskRegister[[#This Row],[Risk Status]]=\"Closed\",RiskRegister[[#This Row],[Residual Likelihood Level]],RiskRegister[[#This Row],[Inherent Likelihood Level]])","v":"-- Select Likelihood --"},{"$f":"IF(RiskRegister[[#This Row],[Risk Status]]=\"Closed\",RiskRegister[[#This Row],[Residual-I-L-Combo]],RiskRegister[[#This Row],[Inherent-I-L-Combo]])","v":"-- Select Impact ----- Select Likelihood --"},"-- Error --"]
[224,{"$nulls":5},"-- Select Risk Category --",null,"-- select department --",null,null,"-- Select Impact --",{"$f":"VLOOKUP(RiskRegister[[#This Row],[Inherent Impact Level]],'Rating factors'!$F$4:$G$9,2,FALSE)","v":"--- Error ---"},"-- Select Likelihood --",{"$f":"VLOOKUP(RiskRegister[[#This Row],[Inherent Likelihood Level]],'Rating factors'!$F$16:$G$21,2,FALSE)","v":"--- Error ---"},{"$f":"IFERROR(VLOOKUP(RiskRegister[[#This Row],[Inherent Risk Rating]],'Rating factors'!$F$30:$G$44,2,FALSE),\"-- Error --\")","v":"-- Error --"},{"$f":"IFERROR(RiskRegister[[#This Row],[Inherent Impact Rating]]*RiskRegister[[#This Row],[Inherent Likelihood Rating]],\"-- Error --\")","v":"-- Error --"},"-- Select Risk Response --",null,"-- Select Impact --",{"$f":"VLOOKUP(RiskRegister[[#This Row],[Residual Impact Level]],'Rating factors'!$F$4:$G$9,2,FALSE)","v":"--- Error ---"},"-- Select Likelihood --",{"$f":"VLOOKUP(RiskRegister[[#This Row],[Residual Likelihood Level]],'Rating factors'!$F$16:$G$21,2,FALSE)","v":"--- Error ---"},{"$f":"IFERROR(VLOOKUP(RiskRegister[[#This Row],[Residual Risk Rating]],'Rating factors'!$F$30:$G$44,2,FALSE),\"-- Error --\")","v":"-- Error --"},{"$f":"IFERROR(RiskRegister[[#This Row],[Residual Impact Rating]]*RiskRegister[[#This Row],[Residual Likelihood Rating]],\"-- Error --\")","v":"-- Error --"},"-- Select Risk Status --",{"$nulls":3},{"$f":"IF(ISBLANK(RiskRegister[[#This Row],[Risk Due Date]]), \"Missing Risk Due Date\", IF(RiskRegister[[#This Row],[Risk Due Date]] < TODAY(), \"Overdue\", \"Not Overdue\"))","v":"Missing Risk Due Date"},null,{"$f":"IF(ISBLANK(RiskRegister[[#This Row],[Risk Due Date]]), \"Missing Risk Due Date\", TEXT(RiskRegister[[#This Row],[Risk Due Date]], \"YYYY-MM\"))","v":"Missing Risk Due Date"},{"$f":"IF(RiskRegister[[#This Row],[Created Date]]=\"\",\"Created Date missing\",(TEXT(RiskRegister[[#This Row],[Created Date]],\"mmm\") & \"-\" & YEAR(RiskRegister[[#This Row],[Created Date]])))","v":"Created Date missing"},{"$f":"IF(RiskRegister[[#This Row],[Risk Status]]=\"Closed\",RiskRegister[[#This Row],[Risk Close Date]],RiskRegister[[#This Row],[Risk Due Date]])","v":"00:00:00"},{"$f":"IF(RiskRegister[[#This Row],[Risk-Change-Date]]=0,DATE(2030,1,1),RiskRegister[[#This Row],[Risk-Change-Date]])","v":"2030-01-01"},{"$f":"RiskRegister[[#This Row],[Inherent Impact Level]]&\"-\"&RiskRegister[[#This Row],[Inherent Likelihood Level]]","v":"-- Select Impact ----- Select Likelihood --"},{"$f":"RiskRegister[[#This Row],[Residual Impact Level]]&\"-\"&RiskRegister[[#This Row],[Residual Likelihood Level]]","v":"-- Select Impact ----- Select Likelihood --"},"Error",{"$f":"IF(RiskRegister[[#This Row],[Risk Status]]=\"Closed\",RiskRegister[[#This Row],[Residual Impact Level]],RiskRegister[[#This Row],[Inherent Impact Level]])","v":"-- Select Impact --"},{"$f":"IF(RiskRegister[[#This Row],[Risk Status]]=\"Closed\",RiskRegister[[#This Row],[Residual Likelihood Level]],RiskRegister[[#This Row],[Inherent Likelihood Level]])","v":"-- Select Likelihood --"},{"$f":"IF(RiskRegister[[#This Row],[Risk Status]]=\"Closed\",RiskRegister[[#This Row],[Residual-I-L-Combo]],RiskRegister[[#This Row],[Inherent-I-L-Combo]])","v":"-- Select Impact ----- Select Likelihood --"},"-- Error --"]
[225,{"$nulls":5},"-- Select Risk Category --",null,"-- select department --",null,null,"-- Select Impact --",{"$f":"VLOOKUP(RiskRegister[[#This Row],[Inherent Impact Level]],'Rating factors'!$F$4:$G$9,2,FALSE)","v":"--- Error ---"},"-- Select Likelihood --",{"$f":"VLOOKUP(RiskRegister[[#This Row],[Inherent Likelihood Level]],'Rating factors'!$F$16:$G$21,2,FALSE)","v":"--- Error ---"},{"$f":"IFERROR(VLOOKUP(RiskRegister[[#This Row],[Inherent Risk Rating]],'Rating factors'!$F$30:$G$44,2,FALSE),\"-- Error --\")","v":"-- Error --"},{"$f":"IFERROR(RiskRegister[[#This Row],[Inherent Impact Rating]]*RiskRegister[[#This Row],[Inherent Likelihood Rating]],\"-- Error --\")","v":"-- Error --"},"-- Select Risk Response --",null,"-- Select Impact --",{"$f":"VLOOKUP(RiskRegister[[#This Row],[Residual Impact Level]],'Rating factors'!$F$4:$G$9,2,FALSE)","v":"--- Error ---"},"-- Select Likelihood --",{"$f":"VLOOKUP(RiskRegister[[#This Row],[Residual Likelihood Level]],'Rating factors'!$F$16:$G$21,2,FALSE)","v":"--- Error ---"},{"$f":"IFERROR(VLOOKUP(RiskRegister[[#This Row],[Residual Risk Rating]],'Rating factors'!$F$30:$G$44,2,FALSE),\"-- Error --\")","v":"-- Error --"},{"$f":"IFERROR(RiskRegister[[#This Row],[Residual Impact Rating]]*RiskRegister[[#This Row],[Residual Likelihood Rating]],\"-- Error --\")","v":"-- Error --"},"-- Select Risk Status --",{"$nulls":3},{"$f":"IF(ISBLANK(RiskRegister[[#This Row],[Risk Due Date]]), \"Missing Risk Due Date\", IF(RiskRegister[[#This Row],[Risk Due Date]] < TODAY(), \"Overdue\", \"Not Overdue\"))","v":"Missing Risk Due Date"},null,{"$f":"IF(ISBLANK(RiskRegister[[#This Row],[Risk Due Date]]), \"Missing Risk Due Date\", TEXT(RiskRegister[[#This Row],[Risk Due Date]], \"YYYY-MM\"))","v":"Missing Risk Due Date"},{"$f":"IF(RiskRegister[[#This Row],[Created Date]]=\"\",\"Created Date missing\",(TEXT(RiskRegister[[#This Row],[Created Date]],\"mmm\") & \"-\" & YEAR(RiskRegister[[#This Row],[Created Date]])))","v":"Created Date missing"},{"$f":"IF(RiskRegister[[#This Row],[Risk Status]]=\"Closed\",RiskRegister[[#This Row],[Risk Close Date]],RiskRegister[[#This Row],[Risk Due Date]])","v":"00:00:00"},{"$f":"IF(RiskRegister[[#This Row],[Risk-Change-Date]]=0,DATE(2030,1,1),RiskRegister[[#This Row],[Risk-Change-Date]])","v":"2030-01-01"},{"$f":"RiskRegister[[#This Row],[Inherent Impact Level]]&\"-\"&RiskRegister[[#This Row],[Inherent Likelihood Level]]","v":"-- Select Impact ----- Select Likelihood --"},{"$f":"RiskRegister[[#This Row],[Residual Impact Level]]&\"-\"&RiskRegister[[#This Row],[Residual Likelihood Level]]","v":"-- Select Impact ----- Select Likelihood --"},"Error",{"$f":"IF(RiskRegister[[#This Row],[Risk Status]]=\"Closed\",RiskRegister[[#This Row],[Residual Impact Level]],RiskRegister[[#This Row],[Inherent Impact Level]])","v":"-- Select Impact --"},{"$f":"IF(RiskRegister[[#This Row],[Risk Status]]=\"Closed\",RiskRegister[[#This Row],[Residual Likelihood Level]],RiskRegister[[#This Row],[Inherent Likelihood Level]])","v":"-- Select Likelihood --"},{"$f":"IF(RiskRegister[[#This Row],[Risk Status]]=\"Closed\",RiskRegister[[#This Row],[Residual-I-L-Combo]],RiskRegister[[#This Row],[Inherent-I-L-Combo]])","v":"-- Select Impact ----- Select Likelihood --"},"-- Error --"]
[226,{"$nulls":5},"-- Select Risk Category --",null,"-- select department --",null,null,"-- Select Impact --",{"$f":"VLOOKUP(RiskRegister[[#This Row],[Inherent Impact Level]],'Rating factors'!$F$4:$G$9,2,FALSE)","v":"--- Error ---"},"-- Select Likelihood --",{"$f":"VLOOKUP(RiskRegister[[#This Row],[Inherent Likelihood Level]],'Rating factors'!$F$16:$G$21,2,FALSE)","v":"--- Error ---"},{"$f":"IFERROR(VLOOKUP(RiskRegister[[#This Row],[Inherent Risk Rating]],'Rating factors'!$F$30:$G$44,2,FALSE),\"-- Error --\")","v":"-- Error --"},{"$f":"IFERROR(RiskRegister[[#This Row],[Inherent Impact Rating]]*RiskRegister[[#This Row],[Inherent Likelihood Rating]],\"-- Error --\")","v":"-- Error --"},"-- Select Risk Response --",null,"-- Select Impact --",{"$f":"VLOOKUP(RiskRegister[[#This Row],[Residual Impact Level]],'Rating factors'!$F$4:$G$9,2,FALSE)","v":"--- Error ---"},"-- Select Likelihood --",{"$f":"VLOOKUP(RiskRegister[[#This Row],[Residual Likelihood Level]],'Rating factors'!$F$16:$G$21,2,FALSE)","v":"--- Error ---"},{"$f":"IFERROR(VLOOKUP(RiskRegister[[#This Row],[Residual Risk Rating]],'Rating factors'!$F$30:$G$44,2,FALSE),\"-- Error --\")","v":"-- Error --"},{"$f":"IFERROR(RiskRegister[[#This Row],[Residual Impact Rating]]*RiskRegister[[#This Row],[Residual Likelihood Rating]],\"-- Error --\")","v":"-- Error --"},"-- Select Risk Status --",{"$nulls":3},{"$f":"IF(ISBLANK(RiskRegister[[#This Row],[Risk Due Date]]), \"Missing Risk Due Date\", IF(RiskRegister[[#This Row],[Risk Due Date]] < TODAY(), \"Overdue\", \"Not Overdue\"))","v":"Missing Risk Due Date"},null,{"$f":"IF(ISBLANK(RiskRegister[[#This Row],[Risk Due Date]]), \"Missing Risk Due Date\", TEXT(RiskRegister[[#This Row],[Risk Due Date]], \"YYYY-MM\"))","v":"Missing Risk Due Date"},{"$f":"IF(RiskRegister[[#This Row],[Created Date]]=\"\",\"Created Date missing\",(TEXT(RiskRegister[[#This Row],[Created Date]],\"mmm\") & \"-\" & YEAR(RiskRegister[[#This Row],[Created Date]])))","v":"Created Date missing"},{"$f":"IF(RiskRegister[[#This Row],[Risk Status]]=\"Closed\",RiskRegister[[#This Row],[Risk Close Date]],RiskRegister[[#This Row],[Risk Due Date]])","v":"00:00:00"},{"$f":"IF(RiskRegister[[#This Row],[Risk-Change-Date]]=0,DATE(2030,1,1),RiskRegister[[#This Row],[Risk-Change-Date]])","v":"2030-01-01"},{"$f":"RiskRegister[[#This Row],[Inherent Impact Level]]&\"-\"&RiskRegister[[#This Row],[Inherent Likelihood Level]]","v":"-- Select Impact ----- Select Likelihood --"},{"$f":"RiskRegister[[#This Row],[Residual Impact Level]]&\"-\"&RiskRegister[[#This Row],[Residual Likelihood Level]]","v":"-- Select Impact ----- Select Likelihood --"},"Error",{"$f":"IF(RiskRegister[[#This Row],[Risk Status]]=\"Closed\",RiskRegister[[#This Row],[Residual Impact Level]],RiskRegister[[#This Row],[Inherent Impact Level]])","v":"-- Select Impact --"},{"$f":"IF(RiskRegister[[#This Row],[Risk Status]]=\"Closed\",RiskRegister[[#This Row],[Residual Likelihood Level]],RiskRegister[[#This Row],[Inherent Likelihood Level]])","v":"-- Select Likelihood --"},{"$f":"IF(RiskRegister[[#This Row],[Risk Status]]=\"Closed\",RiskRegister[[#This Row],[Residual-I-L-Combo]],RiskRegister[[#This Row],[Inherent-I-L-Combo]])","v":"-- Select Impact ----- Select Likelihood --"},"-- Error --"]
[227,{"$nulls":5},"-- Select Risk Category --",null,"-- select department --",null,null,"-- Select Impact --",{"$f":"VLOOKUP(RiskRegister[[#This Row],[Inherent Impact Level]],'Rating factors'!$F$4:$G$9,2,FALSE)","v":"--- Error ---"},"-- Select Likelihood --",{"$f":"VLOOKUP(RiskRegister[[#This Row],[Inherent Likelihood Level]],'Rating factors'!$F$16:$G$21,2,FALSE)","v":"--- Error ---"},{"$f":"IFERROR(VLOOKUP(RiskRegister[[#This Row],[Inherent Risk Rating]],'Rating factors'!$F$30:$G$44,2,FALSE),\"-- Error --\")","v":"-- Error --"},{"$f":"IFERROR(RiskRegister[[#This Row],[Inherent Impact Rating]]*RiskRegister[[#This Row],[Inherent Likelihood Rating]],\"-- Error --\")","v":"-- Error --"},"-- Select Risk Response --",null,"-- Select Impact --",{"$f":"VLOOKUP(RiskRegister[[#This Row],[Residual Impact Level]],'Rating factors'!$F$4:$G$9,2,FALSE)","v":"--- Error ---"},"-- Select Likelihood --",{"$f":"VLOOKUP(RiskRegister[[#This Row],[Residual Likelihood Level]],'Rating factors'!$F$16:$G$21,2,FALSE)","v":"--- Error ---"},{"$f":"IFERROR(VLOOKUP(RiskRegister[[#This Row],[Residual Risk Rating]],'Rating factors'!$F$30:$G$44,2,FALSE),\"-- Error --\")","v":"-- Error --"},{"$f":"IFERROR(RiskRegister[[#This Row],[Residual Impact Rating]]*RiskRegister[[#This Row],[Residual Likelihood Rating]],\"-- Error --\")","v":"-- Error --"},"-- Select Risk Status --",{"$nulls":3},{"$f":"IF(ISBLANK(RiskRegister[[#This Row],[Risk Due Date]]), \"Missing Risk Due Date\", IF(RiskRegister[[#This Row],[Risk Due Date]] < TODAY(), \"Overdue\", \"Not Overdue\"))","v":"Missing Risk Due Date"},null,{"$f":"IF(ISBLANK(RiskRegister[[#This Row],[Risk Due Date]]), \"Missing Risk Due Date\", TEXT(RiskRegister[[#This Row],[Risk Due Date]], \"YYYY-MM\"))","v":"Missing Risk Due Date"},{"$f":"IF(RiskRegister[[#This Row],[Created Date]]=\"\",\"Created Date missing\",(TEXT(RiskRegister[[#This Row],[Created Date]],\"mmm\") & \"-\" & YEAR(RiskRegister[[#This Row],[Created Date]])))","v":"Created Date missing"},{"$f":"IF(RiskRegister[[#This Row],[Risk Status]]=\"Closed\",RiskRegister[[#This Row],[Risk Close Date]],RiskRegister[[#This Row],[Risk Due Date]])","v":"00:00:00"},{"$f":"IF(RiskRegister[[#This Row],[Risk-Change-Date]]=0,DATE(2030,1,1),RiskRegister[[#This Row],[Risk-Change-Date]])","v":"2030-01-01"},{"$f":"RiskRegister[[#This Row],[Inherent Impact Level]]&\"-\"&RiskRegister[[#This Row],[Inherent Likelihood Level]]","v":"-- Select Impact ----- Select Likelihood --"},{"$f":"RiskRegister[[#This Row],[Residual Impact Level]]&\"-\"&RiskRegister[[#This Row],[Residual Likelihood Level]]","v":"-- Select Impact ----- Select Likelihood --"},"Error",{"$f":"IF(RiskRegister[[#This Row],[Risk Status]]=\"Closed\",RiskRegister[[#This Row],[Residual Impact Level]],RiskRegister[[#This Row],[Inherent Impact Level]])","v":"-- Select Impact --"},{"$f":"IF(RiskRegister[[#This Row],[Risk Status]]=\"Closed\",RiskRegister[[#This Row],[Residual Likelihood Level]],RiskRegister[[#This Row],[Inherent Likelihood Level]])","v":"-- Select Likelihood --"},{"$f":"IF(RiskRegister[[#This Row],[Risk Status]]=\"Closed\",RiskRegister[[#This Row],[Residual-I-L-Combo]],RiskRegister[[#This Row],[Inherent-I-L-Combo]])","v":"-- Select Impact ----- Select Likelihood --"},"-- Error --"]
[228,{"$nulls":5},"-- Select Risk Category --",null,"-- select department --",null,null,"-- Select Impact --",{"$f":"VLOOKUP(RiskRegister[[#This Row],[Inherent Impact Level]],'Rating factors'!$F$4:$G$9,2,FALSE)","v":"--- Error ---"},"-- Select Likelihood --",{"$f":"VLOOKUP(RiskRegister[[#This Row],[Inherent Likelihood Level]],'Rating factors'!$F$16:$G$21,2,FALSE)","v":"--- Error ---"},{"$f":"IFERROR(VLOOKUP(RiskRegister[[#This Row],[Inherent Risk Rating]],'Rating factors'!$F$30:$G$44,2,FALSE),\"-- Error --\")","v":"-- Error --"},{"$f":"IFERROR(RiskRegister[[#This Row],[Inherent Impact Rating]]*RiskRegister[[#This Row],[Inherent Likelihood Rating]],\"-- Error --\")","v":"-- Error --"},"-- Select Risk Response --",null,"-- Select Impact --",{"$f":"VLOOKUP(RiskRegister[[#This Row],[Residual Impact Level]],'Rating factors'!$F$4:$G$9,2,FALSE)","v":"--- Error ---"},"-- Select Likelihood --",{"$f":"VLOOKUP(RiskRegister[[#This Row],[Residual Likelihood Level]],'Rating factors'!$F$16:$G$21,2,FALSE)","v":"--- Error ---"},{"$f":"IFERROR(VLOOKUP(RiskRegister[[#This Row],[Residual Risk Rating]],'Rating factors'!$F$30:$G$44,2,FALSE),\"-- Error --\")","v":"-- Error --"},{"$f":"IFERROR(RiskRegister[[#This Row],[Residual Impact Rating]]*RiskRegister[[#This Row],[Residual Likelihood Rating]],\"-- Error --\")","v":"-- Error --"},"-- Select Risk Status --",{"$nulls":3},{"$f":"IF(ISBLANK(RiskRegister[[#This Row],[Risk Due Date]]), \"Missing Risk Due Date\", IF(RiskRegister[[#This Row],[Risk Due Date]] < TODAY(), \"Overdue\", \"Not Overdue\"))","v":"Missing Risk Due Date"},null,{"$f":"IF(ISBLANK(RiskRegister[[#This Row],[Risk Due Date]]), \"Missing Risk Due Date\", TEXT(RiskRegister[[#This Row],[Risk Due Date]], \"YYYY-MM\"))","v":"Missing Risk Due Date"},{"$f":"IF(RiskRegister[[#This Row],[Created Date]]=\"\",\"Created Date missing\",(TEXT(RiskRegister[[#This Row],[Created Date]],\"mmm\") & \"-\" & YEAR(RiskRegister[[#This Row],[Created Date]])))","v":"Created Date missing"},{"$f":"IF(RiskRegister[[#This Row],[Risk Status]]=\"Closed\",RiskRegister[[#This Row],[Risk Close Date]],RiskRegister[[#This Row],[Risk Due Date]])","v":"00:00:00"},{"$f":"IF(RiskRegister[[#This Row],[Risk-Change-Date]]=0,DATE(2030,1,1),RiskRegister[[#This Row],[Risk-Change-Date]])","v":"2030-01-01"},{"$f":"RiskRegister[[#This Row],[Inherent Impact Level]]&\"-\"&RiskRegister[[#This Row],[Inherent Likelihood Level]]","v":"-- Select Impact ----- Select Likelihood --"},{"$f":"RiskRegister[[#This Row],[Residual Impact Level]]&\"-\"&RiskRegister[[#This Row],[Residual Likelihood Level]]","v":"-- Select Impact ----- Select Likelihood --"},"Error",{"$f":"IF(RiskRegister[[#This Row],[Risk Status]]=\"Closed\",RiskRegister[[#This Row],[Residual Impact Level]],RiskRegister[[#This Row],[Inherent Impact Level]])","v":"-- Select Impact --"},{"$f":"IF(RiskRegister[[#This Row],[Risk Status]]=\"Closed\",RiskRegister[[#This Row],[Residual Likelihood Level]],RiskRegister[[#This Row],[Inherent Likelihood Level]])","v":"-- Select Likelihood --"},{"$f":"IF(RiskRegister[[#This Row],[Risk Status]]=\"Closed\",RiskRegister[[#This Row],[Residual-I-L-Combo]],RiskRegister[[#This Row],[Inherent-I-L-Combo]])","v":"-- Select Impact ----- Select Likelihood --"},"-- Error --"]
[229,{"$nulls":5},"-- Select Risk Category --",null,"-- select department --",null,null,"-- Select Impact --",{"$f":"VLOOKUP(RiskRegister[[#This Row],[Inherent Impact Level]],'Rating factors'!$F$4:$G$9,2,FALSE)","v":"--- Error ---"},"-- Select Likelihood --",{"$f":"VLOOKUP(RiskRegister[[#This Row],[Inherent Likelihood Level]],'Rating factors'!$F$16:$G$21,2,FALSE)","v":"--- Error ---"},{"$f":"IFERROR(VLOOKUP(RiskRegister[[#This Row],[Inherent Risk Rating]],'Rating factors'!$F$30:$G$44,2,FALSE),\"-- Error --\")","v":"-- Error --"},{"$f":"IFERROR(RiskRegister[[#This Row],[Inherent Impact Rating]]*RiskRegister[[#This Row],[Inherent Likelihood Rating]],\"-- Error --\")","v":"-- Error --"},"-- Select Risk Response --",null,"-- Select Impact --",{"$f":"VLOOKUP(RiskRegister[[#This Row],[Residual Impact Level]],'Rating factors'!$F$4:$G$9,2,FALSE)","v":"--- Error ---"},"-- Select Likelihood --",{"$f":"VLOOKUP(RiskRegister[[#This Row],[Residual Likelihood Level]],'Rating factors'!$F$16:$G$21,2,FALSE)","v":"--- Error ---"},{"$f":"IFERROR(VLOOKUP(RiskRegister[[#This Row],[Residual Risk Rating]],'Rating factors'!$F$30:$G$44,2,FALSE),\"-- Error --\")","v":"-- Error --"},{"$f":"IFERROR(RiskRegister[[#This Row],[Residual Impact Rating]]*RiskRegister[[#This Row],[Residual Likelihood Rating]],\"-- Error --\")","v":"-- Error --"},"-- Select Risk Status --",{"$nulls":3},{"$f":"IF(ISBLANK(RiskRegister[[#This Row],[Risk Due Date]]), \"Missing Risk Due Date\", IF(RiskRegister[[#This Row],[Risk Due Date]] < TODAY(), \"Overdue\", \"Not Overdue\"))","v":"Missing Risk Due Date"},null,{"$f":"IF(ISBLANK(RiskRegister[[#This Row],[Risk Due Date]]), \"Missing Risk Due Date\", TEXT(RiskRegister[[#This Row],[Risk Due Date]], \"YYYY-MM\"))","v":"Missing Risk Due Date"},{"$f":"IF(RiskRegister[[#This Row],[Created Date]]=\"\",\"Created Date missing\",(TEXT(RiskRegister[[#This Row],[Created Date]],\"mmm\") & \"-\" & YEAR(RiskRegister[[#This Row],[Created Date]])))","v":"Created Date missing"},{"$f":"IF(RiskRegister[[#This Row],[Risk Status]]=\"Closed\",RiskRegister[[#This Row],[Risk Close Date]],RiskRegister[[#This Row],[Risk Due Date]])","v":"00:00:00"},{"$f":"IF(RiskRegister[[#This Row],[Risk-Change-Date]]=0,DATE(2030,1,1),RiskRegister[[#This Row],[Risk-Change-Date]])","v":"2030-01-01"},{"$f":"RiskRegister[[#This Row],[Inherent Impact Level]]&\"-\"&RiskRegister[[#This Row],[Inherent Likelihood Level]]","v":"-- Select Impact ----- Select Likelihood --"},{"$f":"RiskRegister[[#This Row],[Residual Impact Level]]&\"-\"&RiskRegister[[#This Row],[Residual Likelihood Level]]","v":"-- Select Impact ----- Select Likelihood --"},"Error",{"$f":"IF(RiskRegister[[#This Row],[Risk Status]]=\"Closed\",RiskRegister[[#This Row],[Residual Impact Level]],RiskRegister[[#This Row],[Inherent Impact Level]])","v":"-- Select Impact --"},{"$f":"IF(RiskRegister[[#This Row],[Risk Status]]=\"Closed\",RiskRegister[[#This Row],[Residual Likelihood Level]],RiskRegister[[#This Row],[Inherent Likelihood Level]])","v":"-- Select Likelihood --"},{"$f":"IF(RiskRegister[[#This Row],[Risk Status]]=\"Closed\",RiskRegister[[#This Row],[Residual-I-L-Combo]],RiskRegister[[#This Row],[Inherent-I-L-Combo]])","v":"-- Select Impact ----- Select Likelihood --"},"-- Error --"]
[230,{"$nulls":5},"-- Select Risk Category --",null,"-- select department --",null,null,"-- Select Impact --",{"$f":"VLOOKUP(RiskRegister[[#This Row],[Inherent Impact Level]],'Rating factors'!$F$4:$G$9,2,FALSE)","v":"--- Error ---"},"-- Select Likelihood --",{"$f":"VLOOKUP(RiskRegister[[#This Row],[Inherent Likelihood Level]],'Rating factors'!$F$16:$G$21,2,FALSE)","v":"--- Error ---"},{"$f":"IFERROR(VLOOKUP(RiskRegister[[#This Row],[Inherent Risk Rating]],'Rating factors'!$F$30:$G$44,2,FALSE),\"-- Error --\")","v":"-- Error --"},{"$f":"IFERROR(RiskRegister[[#This Row],[Inherent Impact Rating]]*RiskRegister[[#This Row],[Inherent Likelihood Rating]],\"-- Error --\")","v":"-- Error --"},"-- Select Risk Response --",null,"-- Select Impact --",{"$f":"VLOOKUP(RiskRegister[[#This Row],[Residual Impact Level]],'Rating factors'!$F$4:$G$9,2,FALSE)","v":"--- Error ---"},"-- Select Likelihood --",{"$f":"VLOOKUP(RiskRegister[[#This Row],[Residual Likelihood Level]],'Rating factors'!$F$16:$G$21,2,FALSE)","v":"--- Error ---"},{"$f":"IFERROR(VLOOKUP(RiskRegister[[#This Row],[Residual Risk Rating]],'Rating factors'!$F$30:$G$44,2,FALSE),\"-- Error --\")","v":"-- Error --"},{"$f":"IFERROR(RiskRegister[[#This Row],[Residual Impact Rating]]*RiskRegister[[#This Row],[Residual Likelihood Rating]],\"-- Error --\")","v":"-- Error --"},"-- Select Risk Status --",{"$nulls":3},{"$f":"IF(ISBLANK(RiskRegister[[#This Row],[Risk Due Date]]), \"Missing Risk Due Date\", IF(RiskRegister[[#This Row],[Risk Due Date]] < TODAY(), \"Overdue\", \"Not Overdue\"))","v":"Missing Risk Due Date"},null,{"$f":"IF(ISBLANK(RiskRegister[[#This Row],[Risk Due Date]]), \"Missing Risk Due Date\", TEXT(RiskRegister[[#This Row],[Risk Due Date]], \"YYYY-MM\"))","v":"Missing Risk Due Date"},{"$f":"IF(RiskRegister[[#This Row],[Created Date]]=\"\",\"Created Date missing\",(TEXT(RiskRegister[[#This Row],[Created Date]],\"mmm\") & \"-\" & YEAR(RiskRegister[[#This Row],[Created Date]])))","v":"Created Date missing"},{"$f":"IF(RiskRegister[[#This Row],[Risk Status]]=\"Closed\",RiskRegister[[#This Row],[Risk Close Date]],RiskRegister[[#This Row],[Risk Due Date]])","v":"00:00:00"},{"$f":"IF(RiskRegister[[#This Row],[Risk-Change-Date]]=0,DATE(2030,1,1),RiskRegister[[#This Row],[Risk-Change-Date]])","v":"2030-01-01"},{"$f":"RiskRegister[[#This Row],[Inherent Impact Level]]&\"-\"&RiskRegister[[#This Row],[Inherent Likelihood Level]]","v":"-- Select Impact ----- Select Likelihood --"},{"$f":"RiskRegister[[#This Row],[Residual Impact Level]]&\"-\"&RiskRegister[[#This Row],[Residual Likelihood Level]]","v":"-- Select Impact ----- Select Likelihood --"},"Error",{"$f":"IF(RiskRegister[[#This Row],[Risk Status]]=\"Closed\",RiskRegister[[#This Row],[Residual Impact Level]],RiskRegister[[#This Row],[Inherent Impact Level]])","v":"-- Select Impact --"},{"$f":"IF(RiskRegister[[#This Row],[Risk Status]]=\"Closed\",RiskRegister[[#This Row],[Residual Likelihood Level]],RiskRegister[[#This Row],[Inherent Likelihood Level]])","v":"-- Select Likelihood --"},{"$f":"IF(RiskRegister[[#This Row],[Risk Status]]=\"Closed\",RiskRegister[[#This Row],[Residual-I-L-Combo]],RiskRegister[[#This Row],[Inherent-I-L-Combo]])","v":"-- Select Impact ----- Select Likelihood --"},"-- Error --"]
[231,{"$nulls":5},"-- Select Risk Category --",null,"-- select department --",null,null,"-- Select Impact --",{"$f":"VLOOKUP(RiskRegister[[#This Row],[Inherent Impact Level]],'Rating factors'!$F$4:$G$9,2,FALSE)","v":"--- Error ---"},"-- Select Likelihood --",{"$f":"VLOOKUP(RiskRegister[[#This Row],[Inherent Likelihood Level]],'Rating factors'!$F$16:$G$21,2,FALSE)","v":"--- Error ---"},{"$f":"IFERROR(VLOOKUP(RiskRegister[[#This Row],[Inherent Risk Rating]],'Rating factors'!$F$30:$G$44,2,FALSE),\"-- Error --\")","v":"-- Error --"},{"$f":"IFERROR(RiskRegister[[#This Row],[Inherent Impact Rating]]*RiskRegister[[#This Row],[Inherent Likelihood Rating]],\"-- Error --\")","v":"-- Error --"},"-- Select Risk Response --",null,"-- Select Impact --",{"$f":"VLOOKUP(RiskRegister[[#This Row],[Residual Impact Level]],'Rating factors'!$F$4:$G$9,2,FALSE)","v":"--- Error ---"},"-- Select Likelihood --",{"$f":"VLOOKUP(RiskRegister[[#This Row],[Residual Likelihood Level]],'Rating factors'!$F$16:$G$21,2,FALSE)","v":"--- Error ---"},{"$f":"IFERROR(VLOOKUP(RiskRegister[[#This Row],[Residual Risk Rating]],'Rating factors'!$F$30:$G$44,2,FALSE),\"-- Error --\")","v":"-- Error --"},{"$f":"IFERROR(RiskRegister[[#This Row],[Residual Impact Rating]]*RiskRegister[[#This Row],[Residual Likelihood Rating]],\"-- Error --\")","v":"-- Error --"},"-- Select Risk Status --",{"$nulls":3},{"$f":"IF(ISBLANK(RiskRegister[[#This Row],[Risk Due Date]]), \"Missing Risk Due Date\", IF(RiskRegister[[#This Row],[Risk Due Date]] < TODAY(), \"Overdue\", \"Not Overdue\"))","v":"Missing Risk Due Date"},null,{"$f":"IF(ISBLANK(RiskRegister[[#This Row],[Risk Due Date]]), \"Missing Risk Due Date\", TEXT(RiskRegister[[#This Row],[Risk Due Date]], \"YYYY-MM\"))","v":"Missing Risk Due Date"},{"$f":"IF(RiskRegister[[#This Row],[Created Date]]=\"\",\"Created Date missing\",(TEXT(RiskRegister[[#This Row],[Created Date]],\"mmm\") & \"-\" & YEAR(RiskRegister[[#This Row],[Created Date]])))","v":"Created Date missing"},{"$f":"IF(RiskRegister[[#This Row],[Risk Status]]=\"Closed\",RiskRegister[[#This Row],[Risk Close Date]],RiskRegister[[#This Row],[Risk Due Date]])","v":"00:00:00"},{"$f":"IF(RiskRegister[[#This Row],[Risk-Change-Date]]=0,DATE(2030,1,1),RiskRegister[[#This Row],[Risk-Change-Date]])","v":"2030-01-01"},{"$f":"RiskRegister[[#This Row],[Inherent Impact Level]]&\"-\"&RiskRegister[[#This Row],[Inherent Likelihood Level]]","v":"-- Select Impact ----- Select Likelihood --"},{"$f":"RiskRegister[[#This Row],[Residual Impact Level]]&\"-\"&RiskRegister[[#This Row],[Residual Likelihood Level]]","v":"-- Select Impact ----- Select Likelihood --"},"Error",{"$f":"IF(RiskRegister[[#This Row],[Risk Status]]=\"Closed\",RiskRegister[[#This Row],[Residual Impact Level]],RiskRegister[[#This Row],[Inherent Impact Level]])","v":"-- Select Impact --"},{"$f":"IF(RiskRegister[[#This Row],[Risk Status]]=\"Closed\",RiskRegister[[#This Row],[Residual Likelihood Level]],RiskRegister[[#This Row],[Inherent Likelihood Level]])","v":"-- Select Likelihood --"},{"$f":"IF(RiskRegister[[#This Row],[Risk Status]]=\"Closed\",RiskRegister[[#This Row],[Residual-I-L-Combo]],RiskRegister[[#This Row],[Inherent-I-L-Combo]])","v":"-- Select Impact ----- Select Likelihood --"},"-- Error --"]
[232,{"$nulls":5},"-- Select Risk Category --",null,"-- select department --",null,null,"-- Select Impact --",{"$f":"VLOOKUP(RiskRegister[[#This Row],[Inherent Impact Level]],'Rating factors'!$F$4:$G$9,2,FALSE)","v":"--- Error ---"},"-- Select Likelihood --",{"$f":"VLOOKUP(RiskRegister[[#This Row],[Inherent Likelihood Level]],'Rating factors'!$F$16:$G$21,2,FALSE)","v":"--- Error ---"},{"$f":"IFERROR(VLOOKUP(RiskRegister[[#This Row],[Inherent Risk Rating]],'Rating factors'!$F$30:$G$44,2,FALSE),\"-- Error --\")","v":"-- Error --"},{"$f":"IFERROR(RiskRegister[[#This Row],[Inherent Impact Rating]]*RiskRegister[[#This Row],[Inherent Likelihood Rating]],\"-- Error --\")","v":"-- Error --"},"-- Select Risk Response --",null,"-- Select Impact --",{"$f":"VLOOKUP(RiskRegister[[#This Row],[Residual Impact Level]],'Rating factors'!$F$4:$G$9,2,FALSE)","v":"--- Error ---"},"-- Select Likelihood --",{"$f":"VLOOKUP(RiskRegister[[#This Row],[Residual Likelihood Level]],'Rating factors'!$F$16:$G$21,2,FALSE)","v":"--- Error ---"},{"$f":"IFERROR(VLOOKUP(RiskRegister[[#This Row],[Residual Risk Rating]],'Rating factors'!$F$30:$G$44,2,FALSE),\"-- Error --\")","v":"-- Error --"},{"$f":"IFERROR(RiskRegister[[#This Row],[Residual Impact Rating]]*RiskRegister[[#This Row],[Residual Likelihood Rating]],\"-- Error --\")","v":"-- Error --"},"-- Select Risk Status --",{"$nulls":3},{"$f":"IF(ISBLANK(RiskRegister[[#This Row],[Risk Due Date]]), \"Missing Risk Due Date\", IF(RiskRegister[[#This Row],[Risk Due Date]] < TODAY(), \"Overdue\", \"Not Overdue\"))","v":"Missing Risk Due Date"},null,{"$f":"IF(ISBLANK(RiskRegister[[#This Row],[Risk Due Date]]), \"Missing Risk Due Date\", TEXT(RiskRegister[[#This Row],[Risk Due Date]], \"YYYY-MM\"))","v":"Missing Risk Due Date"},{"$f":"IF(RiskRegister[[#This Row],[Created Date]]=\"\",\"Created Date missing\",(TEXT(RiskRegister[[#This Row],[Created Date]],\"mmm\") & \"-\" & YEAR(RiskRegister[[#This Row],[Created Date]])))","v":"Created Date missing"},{"$f":"IF(RiskRegister[[#This Row],[Risk Status]]=\"Closed\",RiskRegister[[#This Row],[Risk Close Date]],RiskRegister[[#This Row],[Risk Due Date]])","v":"00:00:00"},{"$f":"IF(RiskRegister[[#This Row],[Risk-Change-Date]]=0,DATE(2030,1,1),RiskRegister[[#This Row],[Risk-Change-Date]])","v":"2030-01-01"},{"$f":"RiskRegister[[#This Row],[Inherent Impact Level]]&\"-\"&RiskRegister[[#This Row],[Inherent Likelihood Level]]","v":"-- Select Impact ----- Select Likelihood --"},{"$f":"RiskRegister[[#This Row],[Residual Impact Level]]&\"-\"&RiskRegister[[#This Row],[Residual Likelihood Level]]","v":"-- Select Impact ----- Select Likelihood --"},"Error",{"$f":"IF(RiskRegister[[#This Row],[Risk Status]]=\"Closed\",RiskRegister[[#This Row],[Residual Impact Level]],RiskRegister[[#This Row],[Inherent Impact Level]])","v":"-- Select Impact --"},{"$f":"IF(RiskRegister[[#This Row],[Risk Status]]=\"Closed\",RiskRegister[[#This Row],[Residual Likelihood Level]],RiskRegister[[#This Row],[Inherent Likelihood Level]])","v":"-- Select Likelihood --"},{"$f":"IF(RiskRegister[[#This Row],[Risk Status]]=\"Closed\",RiskRegister[[#This Row],[Residual-I-L-Combo]],RiskRegister[[#This Row],[Inherent-I-L-Combo]])","v":"-- Select Impact ----- Select Likelihood --"},"-- Error --"]
[233,{"$nulls":5},"-- Select Risk Category --",null,"-- select department --",null,null,"-- Select Impact --",{"$f":"VLOOKUP(RiskRegister[[#This Row],[Inherent Impact Level]],'Rating factors'!$F$4:$G$9,2,FALSE)","v":"--- Error ---"},"-- Select Likelihood --",{"$f":"VLOOKUP(RiskRegister[[#This Row],[Inherent Likelihood Level]],'Rating factors'!$F$16:$G$21,2,FALSE)","v":"--- Error ---"},{"$f":"IFERROR(VLOOKUP(RiskRegister[[#This Row],[Inherent Risk Rating]],'Rating factors'!$F$30:$G$44,2,FALSE),\"-- Error --\")","v":"-- Error --"},{"$f":"IFERROR(RiskRegister[[#This Row],[Inherent Impact Rating]]*RiskRegister[[#This Row],[Inherent Likelihood Rating]],\"-- Error --\")","v":"-- Error --"},"-- Select Risk Response --",null,"-- Select Impact --",{"$f":"VLOOKUP(RiskRegister[[#This Row],[Residual Impact Level]],'Rating factors'!$F$4:$G$9,2,FALSE)","v":"--- Error ---"},"-- Select Likelihood --",{"$f":"VLOOKUP(RiskRegister[[#This Row],[Residual Likelihood Level]],'Rating factors'!$F$16:$G$21,2,FALSE)","v":"--- Error ---"},{"$f":"IFERROR(VLOOKUP(RiskRegister[[#This Row],[Residual Risk Rating]],'Rating factors'!$F$30:$G$44,2,FALSE),\"-- Error --\")","v":"-- Error --"},{"$f":"IFERROR(RiskRegister[[#This Row],[Residual Impact Rating]]*RiskRegister[[#This Row],[Residual Likelihood Rating]],\"-- Error --\")","v":"-- Error --"},"-- Select Risk Status --",{"$nulls":3},{"$f":"IF(ISBLANK(RiskRegister[[#This Row],[Risk Due Date]]), \"Missing Risk Due Date\", IF(RiskRegister[[#This Row],[Risk Due Date]] < TODAY(), \"Overdue\", \"Not Overdue\"))","v":"Missing Risk Due Date"},null,{"$f":"IF(ISBLANK(RiskRegister[[#This Row],[Risk Due Date]]), \"Missing Risk Due Date\", TEXT(RiskRegister[[#This Row],[Risk Due Date]], \"YYYY-MM\"))","v":"Missing Risk Due Date"},{"$f":"IF(RiskRegister[[#This Row],[Created Date]]=\"\",\"Created Date missing\",(TEXT(RiskRegister[[#This Row],[Created Date]],\"mmm\") & \"-\" & YEAR(RiskRegister[[#This Row],[Created Date]])))","v":"Created Date missing"},{"$f":"IF(RiskRegister[[#This Row],[Risk Status]]=\"Closed\",RiskRegister[[#This Row],[Risk Close Date]],RiskRegister[[#This Row],[Risk Due Date]])","v":"00:00:00"},{"$f":"IF(RiskRegister[[#This Row],[Risk-Change-Date]]=0,DATE(2030,1,1),RiskRegister[[#This Row],[Risk-Change-Date]])","v":"2030-01-01"},{"$f":"RiskRegister[[#This Row],[Inherent Impact Level]]&\"-\"&RiskRegister[[#This Row],[Inherent Likelihood Level]]","v":"-- Select Impact ----- Select Likelihood --"},{"$f":"RiskRegister[[#This Row],[Residual Impact Level]]&\"-\"&RiskRegister[[#This Row],[Residual Likelihood Level]]","v":"-- Select Impact ----- Select Likelihood --"},"Error",{"$f":"IF(RiskRegister[[#This Row],[Risk Status]]=\"Closed\",RiskRegister[[#This Row],[Residual Impact Level]],RiskRegister[[#This Row],[Inherent Impact Level]])","v":"-- Select Impact --"},{"$f":"IF(RiskRegister[[#This Row],[Risk Status]]=\"Closed\",RiskRegister[[#This Row],[Residual Likelihood Level]],RiskRegister[[#This Row],[Inherent Likelihood Level]])","v":"-- Select Likelihood --"},{"$f":"IF(RiskRegister[[#This Row],[Risk Status]]=\"Closed\",RiskRegister[[#This Row],[Residual-I-L-Combo]],RiskRegister[[#This Row],[Inherent-I-L-Combo]])","v":"-- Select Impact ----- Select Likelihood --"},"-- Error --"]
[234,{"$nulls":5},"-- Select Risk Category --",null,"-- select department --",null,null,"-- Select Impact --",{"$f":"VLOOKUP(RiskRegister[[#This Row],[Inherent Impact Level]],'Rating factors'!$F$4:$G$9,2,FALSE)","v":"--- Error ---"},"-- Select Likelihood --",{"$f":"VLOOKUP(RiskRegister[[#This Row],[Inherent Likelihood Level]],'Rating factors'!$F$16:$G$21,2,FALSE)","v":"--- Error ---"},{"$f":"IFERROR(VLOOKUP(RiskRegister[[#This Row],[Inherent Risk Rating]],'Rating factors'!$F$30:$G$44,2,FALSE),\"-- Error --\")","v":"-- Error --"},{"$f":"IFERROR(RiskRegister[[#This Row],[Inherent Impact Rating]]*RiskRegister[[#This Row],[Inherent Likelihood Rating]],\"-- Error --\")","v":"-- Error --"},"-- Select Risk Response --",null,"-- Select Impact --",{"$f":"VLOOKUP(RiskRegister[[#This Row],[Residual Impact Level]],'Rating factors'!$F$4:$G$9,2,FALSE)","v":"--- Error ---"},"-- Select Likelihood --",{"$f":"VLOOKUP(RiskRegister[[#This Row],[Residual Likelihood Level]],'Rating factors'!$F$16:$G$21,2,FALSE)","v":"--- Error ---"},{"$f":"IFERROR(VLOOKUP(RiskRegister[[#This Row],[Residual Risk Rating]],'Rating factors'!$F$30:$G$44,2,FALSE),\"-- Error --\")","v":"-- Error --"},{"$f":"IFERROR(RiskRegister[[#This Row],[Residual Impact Rating]]*RiskRegister[[#This Row],[Residual Likelihood Rating]],\"-- Error --\")","v":"-- Error --"},"-- Select Risk Status --",{"$nulls":3},{"$f":"IF(ISBLANK(RiskRegister[[#This Row],[Risk Due Date]]), \"Missing Risk Due Date\", IF(RiskRegister[[#This Row],[Risk Due Date]] < TODAY(), \"Overdue\", \"Not Overdue\"))","v":"Missing Risk Due Date"},null,{"$f":"IF(ISBLANK(RiskRegister[[#This Row],[Risk Due Date]]), \"Missing Risk Due Date\", TEXT(RiskRegister[[#This Row],[Risk Due Date]], \"YYYY-MM\"))","v":"Missing Risk Due Date"},{"$f":"IF(RiskRegister[[#This Row],[Created Date]]=\"\",\"Created Date missing\",(TEXT(RiskRegister[[#This Row],[Created Date]],\"mmm\") & \"-\" & YEAR(RiskRegister[[#This Row],[Created Date]])))","v":"Created Date missing"},{"$f":"IF(RiskRegister[[#This Row],[Risk Status]]=\"Closed\",RiskRegister[[#This Row],[Risk Close Date]],RiskRegister[[#This Row],[Risk Due Date]])","v":"00:00:00"},{"$f":"IF(RiskRegister[[#This Row],[Risk-Change-Date]]=0,DATE(2030,1,1),RiskRegister[[#This Row],[Risk-Change-Date]])","v":"2030-01-01"},{"$f":"RiskRegister[[#This Row],[Inherent Impact Level]]&\"-\"&RiskRegister[[#This Row],[Inherent Likelihood Level]]","v":"-- Select Impact ----- Select Likelihood --"},{"$f":"RiskRegister[[#This Row],[Residual Impact Level]]&\"-\"&RiskRegister[[#This Row],[Residual Likelihood Level]]","v":"-- Select Impact ----- Select Likelihood --"},"Error",{"$f":"IF(RiskRegister[[#This Row],[Risk Status]]=\"Closed\",RiskRegister[[#This Row],[Residual Impact Level]],RiskRegister[[#This Row],[Inherent Impact Level]])","v":"-- Select Impact --"},{"$f":"IF(RiskRegister[[#This Row],[Risk Status]]=\"Closed\",RiskRegister[[#This Row],[Residual Likelihood Level]],RiskRegister[[#This Row],[Inherent Likelihood Level]])","v":"-- Select Likelihood --"},{"$f":"IF(RiskRegister[[#This Row],[Risk Status]]=\"Closed\",RiskRegister[[#This Row],[Residual-I-L-Combo]],RiskRegister[[#This Row],[Inherent-I-L-Combo]])","v":"-- Select Impact ----- Select Likelihood --"},"-- Error --"]
[235,{"$nulls":5},"-- Select Risk Category --",null,"-- select department --",null,null,"-- Select Impact --",{"$f":"VLOOKUP(RiskRegister[[#This Row],[Inherent Impact Level]],'Rating factors'!$F$4:$G$9,2,FALSE)","v":"--- Error ---"},"-- Select Likelihood --",{"$f":"VLOOKUP(RiskRegister[[#This Row],[Inherent Likelihood Level]],'Rating factors'!$F$16:$G$21,2,FALSE)","v":"--- Error ---"},{"$f":"IFERROR(VLOOKUP(RiskRegister[[#This Row],[Inherent Risk Rating]],'Rating factors'!$F$30:$G$44,2,FALSE),\"-- Error --\")","v":"-- Error --"},{"$f":"IFERROR(RiskRegister[[#This Row],[Inherent Impact Rating]]*RiskRegister[[#This Row],[Inherent Likelihood Rating]],\"-- Error --\")","v":"-- Error --"},"-- Select Risk Response --",null,"-- Select Impact --",{"$f":"VLOOKUP(RiskRegister[[#This Row],[Residual Impact Level]],'Rating factors'!$F$4:$G$9,2,FALSE)","v":"--- Error ---"},"-- Select Likelihood --",{"$f":"VLOOKUP(RiskRegister[[#This Row],[Residual Likelihood Level]],'Rating factors'!$F$16:$G$21,2,FALSE)","v":"--- Error ---"},{"$f":"IFERROR(VLOOKUP(RiskRegister[[#This Row],[Residual Risk Rating]],'Rating factors'!$F$30:$G$44,2,FALSE),\"-- Error --\")","v":"-- Error --"},{"$f":"IFERROR(RiskRegister[[#This Row],[Residual Impact Rating]]*RiskRegister[[#This Row],[Residual Likelihood Rating]],\"-- Error --\")","v":"-- Error --"},"-- Select Risk Status --",{"$nulls":3},{"$f":"IF(ISBLANK(RiskRegister[[#This Row],[Risk Due Date]]), \"Missing Risk Due Date\", IF(RiskRegister[[#This Row],[Risk Due Date]] < TODAY(), \"Overdue\", \"Not Overdue\"))","v":"Missing Risk Due Date"},null,{"$f":"IF(ISBLANK(RiskRegister[[#This Row],[Risk Due Date]]), \"Missing Risk Due Date\", TEXT(RiskRegister[[#This Row],[Risk Due Date]], \"YYYY-MM\"))","v":"Missing Risk Due Date"},{"$f":"IF(RiskRegister[[#This Row],[Created Date]]=\"\",\"Created Date missing\",(TEXT(RiskRegister[[#This Row],[Created Date]],\"mmm\") & \"-\" & YEAR(RiskRegister[[#This Row],[Created Date]])))","v":"Created Date missing"},{"$f":"IF(RiskRegister[[#This Row],[Risk Status]]=\"Closed\",RiskRegister[[#This Row],[Risk Close Date]],RiskRegister[[#This Row],[Risk Due Date]])","v":"00:00:00"},{"$f":"IF(RiskRegister[[#This Row],[Risk-Change-Date]]=0,DATE(2030,1,1),RiskRegister[[#This Row],[Risk-Change-Date]])","v":"2030-01-01"},{"$f":"RiskRegister[[#This Row],[Inherent Impact Level]]&\"-\"&RiskRegister[[#This Row],[Inherent Likelihood Level]]","v":"-- Select Impact ----- Select Likelihood --"},{"$f":"RiskRegister[[#This Row],[Residual Impact Level]]&\"-\"&RiskRegister[[#This Row],[Residual Likelihood Level]]","v":"-- Select Impact ----- Select Likelihood --"},"Error",{"$f":"IF(RiskRegister[[#This Row],[Risk Status]]=\"Closed\",RiskRegister[[#This Row],[Residual Impact Level]],RiskRegister[[#This Row],[Inherent Impact Level]])","v":"-- Select Impact --"},{"$f":"IF(RiskRegister[[#This Row],[Risk Status]]=\"Closed\",RiskRegister[[#This Row],[Residual Likelihood Level]],RiskRegister[[#This Row],[Inherent Likelihood Level]])","v":"-- Select Likelihood --"},{"$f":"IF(RiskRegister[[#This Row],[Risk Status]]=\"Closed\",RiskRegister[[#This Row],[Residual-I-L-Combo]],RiskRegister[[#This Row],[Inherent-I-L-Combo]])","v":"-- Select Impact ----- Select Likelihood --"},"-- Error --"]
[236,{"$nulls":5},"-- Select Risk Category --",null,"-- select department --",null,null,"-- Select Impact --",{"$f":"VLOOKUP(RiskRegister[[#This Row],[Inherent Impact Level]],'Rating factors'!$F$4:$G$9,2,FALSE)","v":"--- Error ---"},"-- Select Likelihood --",{"$f":"VLOOKUP(RiskRegister[[#This Row],[Inherent Likelihood Level]],'Rating factors'!$F$16:$G$21,2,FALSE)","v":"--- Error ---"},{"$f":"IFERROR(VLOOKUP(RiskRegister[[#This Row],[Inherent Risk Rating]],'Rating factors'!$F$30:$G$44,2,FALSE),\"-- Error --\")","v":"-- Error --"},{"$f":"IFERROR(RiskRegister[[#This Row],[Inherent Impact Rating]]*RiskRegister[[#This Row],[Inherent Likelihood Rating]],\"-- Error --\")","v":"-- Error --"},"-- Select Risk Response --",null,"-- Select Impact --",{"$f":"VLOOKUP(RiskRegister[[#This Row],[Residual Impact Level]],'Rating factors'!$F$4:$G$9,2,FALSE)","v":"--- Error ---"},"-- Select Likelihood --",{"$f":"VLOOKUP(RiskRegister[[#This Row],[Residual Likelihood Level]],'Rating factors'!$F$16:$G$21,2,FALSE)","v":"--- Error ---"},{"$f":"IFERROR(VLOOKUP(RiskRegister[[#This Row],[Residual Risk Rating]],'Rating factors'!$F$30:$G$44,2,FALSE),\"-- Error --\")","v":"-- Error --"},{"$f":"IFERROR(RiskRegister[[#This Row],[Residual Impact Rating]]*RiskRegister[[#This Row],[Residual Likelihood Rating]],\"-- Error --\")","v":"-- Error --"},"-- Select Risk Status --",{"$nulls":3},{"$f":"IF(ISBLANK(RiskRegister[[#This Row],[Risk Due Date]]), \"Missing Risk Due Date\", IF(RiskRegister[[#This Row],[Risk Due Date]] < TODAY(), \"Overdue\", \"Not Overdue\"))","v":"Missing Risk Due Date"},null,{"$f":"IF(ISBLANK(RiskRegister[[#This Row],[Risk Due Date]]), \"Missing Risk Due Date\", TEXT(RiskRegister[[#This Row],[Risk Due Date]], \"YYYY-MM\"))","v":"Missing Risk Due Date"},{"$f":"IF(RiskRegister[[#This Row],[Created Date]]=\"\",\"Created Date missing\",(TEXT(RiskRegister[[#This Row],[Created Date]],\"mmm\") & \"-\" & YEAR(RiskRegister[[#This Row],[Created Date]])))","v":"Created Date missing"},{"$f":"IF(RiskRegister[[#This Row],[Risk Status]]=\"Closed\",RiskRegister[[#This Row],[Risk Close Date]],RiskRegister[[#This Row],[Risk Due Date]])","v":"00:00:00"},{"$f":"IF(RiskRegister[[#This Row],[Risk-Change-Date]]=0,DATE(2030,1,1),RiskRegister[[#This Row],[Risk-Change-Date]])","v":"2030-01-01"},{"$f":"RiskRegister[[#This Row],[Inherent Impact Level]]&\"-\"&RiskRegister[[#This Row],[Inherent Likelihood Level]]","v":"-- Select Impact ----- Select Likelihood --"},{"$f":"RiskRegister[[#This Row],[Residual Impact Level]]&\"-\"&RiskRegister[[#This Row],[Residual Likelihood Level]]","v":"-- Select Impact ----- Select Likelihood --"},"Error",{"$f":"IF(RiskRegister[[#This Row],[Risk Status]]=\"Closed\",RiskRegister[[#This Row],[Residual Impact Level]],RiskRegister[[#This Row],[Inherent Impact Level]])","v":"-- Select Impact --"},{"$f":"IF(RiskRegister[[#This Row],[Risk Status]]=\"Closed\",RiskRegister[[#This Row],[Residual Likelihood Level]],RiskRegister[[#This Row],[Inherent Likelihood Level]])","v":"-- Select Likelihood --"},{"$f":"IF(RiskRegister[[#This Row],[Risk Status]]=\"Closed\",RiskRegister[[#This Row],[Residual-I-L-Combo]],RiskRegister[[#This Row],[Inherent-I-L-Combo]])","v":"-- Select Impact ----- Select Likelihood --"},"-- Error --"]
[237,{"$nulls":5},"-- Select Risk Category --",null,"-- select department --",null,null,"-- Select Impact --",{"$f":"VLOOKUP(RiskRegister[[#This Row],[Inherent Impact Level]],'Rating factors'!$F$4:$G$9,2,FALSE)","v":"--- Error ---"},"-- Select Likelihood --",{"$f":"VLOOKUP(RiskRegister[[#This Row],[Inherent Likelihood Level]],'Rating factors'!$F$16:$G$21,2,FALSE)","v":"--- Error ---"},{"$f":"IFERROR(VLOOKUP(RiskRegister[[#This Row],[Inherent Risk Rating]],'Rating factors'!$F$30:$G$44,2,FALSE),\"-- Error --\")","v":"-- Error --"},{"$f":"IFERROR(RiskRegister[[#This Row],[Inherent Impact Rating]]*RiskRegister[[#This Row],[Inherent Likelihood Rating]],\"-- Error --\")","v":"-- Error --"},"-- Select Risk Response --",null,"-- Select Impact --",{"$f":"VLOOKUP(RiskRegister[[#This Row],[Residual Impact Level]],'Rating factors'!$F$4:$G$9,2,FALSE)","v":"--- Error ---"},"-- Select Likelihood --",{"$f":"VLOOKUP(RiskRegister[[#This Row],[Residual Likelihood Level]],'Rating factors'!$F$16:$G$21,2,FALSE)","v":"--- Error ---"},{"$f":"IFERROR(VLOOKUP(RiskRegister[[#This Row],[Residual Risk Rating]],'Rating factors'!$F$30:$G$44,2,FALSE),\"-- Error --\")","v":"-- Error --"},{"$f":"IFERROR(RiskRegister[[#This Row],[Residual Impact Rating]]*RiskRegister[[#This Row],[Residual Likelihood Rating]],\"-- Error --\")","v":"-- Error --"},"-- Select Risk Status --",{"$nulls":3},{"$f":"IF(ISBLANK(RiskRegister[[#This Row],[Risk Due Date]]), \"Missing Risk Due Date\", IF(RiskRegister[[#This Row],[Risk Due Date]] < TODAY(), \"Overdue\", \"Not Overdue\"))","v":"Missing Risk Due Date"},null,{"$f":"IF(ISBLANK(RiskRegister[[#This Row],[Risk Due Date]]), \"Missing Risk Due Date\", TEXT(RiskRegister[[#This Row],[Risk Due Date]], \"YYYY-MM\"))","v":"Missing Risk Due Date"},{"$f":"IF(RiskRegister[[#This Row],[Created Date]]=\"\",\"Created Date missing\",(TEXT(RiskRegister[[#This Row],[Created Date]],\"mmm\") & \"-\" & YEAR(RiskRegister[[#This Row],[Created Date]])))","v":"Created Date missing"},{"$f":"IF(RiskRegister[[#This Row],[Risk Status]]=\"Closed\",RiskRegister[[#This Row],[Risk Close Date]],RiskRegister[[#This Row],[Risk Due Date]])","v":"00:00:00"},{"$f":"IF(RiskRegister[[#This Row],[Risk-Change-Date]]=0,DATE(2030,1,1),RiskRegister[[#This Row],[Risk-Change-Date]])","v":"2030-01-01"},{"$f":"RiskRegister[[#This Row],[Inherent Impact Level]]&\"-\"&RiskRegister[[#This Row],[Inherent Likelihood Level]]","v":"-- Select Impact ----- Select Likelihood --"},{"$f":"RiskRegister[[#This Row],[Residual Impact Level]]&\"-\"&RiskRegister[[#This Row],[Residual Likelihood Level]]","v":"-- Select Impact ----- Select Likelihood --"},"Error",{"$f":"IF(RiskRegister[[#This Row],[Risk Status]]=\"Closed\",RiskRegister[[#This Row],[Residual Impact Level]],RiskRegister[[#This Row],[Inherent Impact Level]])","v":"-- Select Impact --"},{"$f":"IF(RiskRegister[[#This Row],[Risk Status]]=\"Closed\",RiskRegister[[#This Row],[Residual Likelihood Level]],RiskRegister[[#This Row],[Inherent Likelihood Level]])","v":"-- Select Likelihood --"},{"$f":"IF(RiskRegister[[#This Row],[Risk Status]]=\"Closed\",RiskRegister[[#This Row],[Residual-I-L-Combo]],RiskRegister[[#This Row],[Inherent-I-L-Combo]])","v":"-- Select Impact ----- Select Likelihood --"},"-- Error --"]
[238,{"$nulls":5},"-- Select Risk Category --",null,"-- select department --",null,null,"-- Select Impact --",{"$f":"VLOOKUP(RiskRegister[[#This Row],[Inherent Impact Level]],'Rating factors'!$F$4:$G$9,2,FALSE)","v":"--- Error ---"},"-- Select Likelihood --",{"$f":"VLOOKUP(RiskRegister[[#This Row],[Inherent Likelihood Level]],'Rating factors'!$F$16:$G$21,2,FALSE)","v":"--- Error ---"},{"$f":"IFERROR(VLOOKUP(RiskRegister[[#This Row],[Inherent Risk Rating]],'Rating factors'!$F$30:$G$44,2,FALSE),\"-- Error --\")","v":"-- Error --"},{"$f":"IFERROR(RiskRegister[[#This Row],[Inherent Impact Rating]]*RiskRegister[[#This Row],[Inherent Likelihood Rating]],\"-- Error --\")","v":"-- Error --"},"-- Select Risk Response --",null,"-- Select Impact --",{"$f":"VLOOKUP(RiskRegister[[#This Row],[Residual Impact Level]],'Rating factors'!$F$4:$G$9,2,FALSE)","v":"--- Error ---"},"-- Select Likelihood --",{"$f":"VLOOKUP(RiskRegister[[#This Row],[Residual Likelihood Level]],'Rating factors'!$F$16:$G$21,2,FALSE)","v":"--- Error ---"},{"$f":"IFERROR(VLOOKUP(RiskRegister[[#This Row],[Residual Risk Rating]],'Rating factors'!$F$30:$G$44,2,FALSE),\"-- Error --\")","v":"-- Error --"},{"$f":"IFERROR(RiskRegister[[#This Row],[Residual Impact Rating]]*RiskRegister[[#This Row],[Residual Likelihood Rating]],\"-- Error --\")","v":"-- Error --"},"-- Select Risk Status --",{"$nulls":3},{"$f":"IF(ISBLANK(RiskRegister[[#This Row],[Risk Due Date]]), \"Missing Risk Due Date\", IF(RiskRegister[[#This Row],[Risk Due Date]] < TODAY(), \"Overdue\", \"Not Overdue\"))","v":"Missing Risk Due Date"},null,{"$f":"IF(ISBLANK(RiskRegister[[#This Row],[Risk Due Date]]), \"Missing Risk Due Date\", TEXT(RiskRegister[[#This Row],[Risk Due Date]], \"YYYY-MM\"))","v":"Missing Risk Due Date"},{"$f":"IF(RiskRegister[[#This Row],[Created Date]]=\"\",\"Created Date missing\",(TEXT(RiskRegister[[#This Row],[Created Date]],\"mmm\") & \"-\" & YEAR(RiskRegister[[#This Row],[Created Date]])))","v":"Created Date missing"},{"$f":"IF(RiskRegister[[#This Row],[Risk Status]]=\"Closed\",RiskRegister[[#This Row],[Risk Close Date]],RiskRegister[[#This Row],[Risk Due Date]])","v":"00:00:00"},{"$f":"IF(RiskRegister[[#This Row],[Risk-Change-Date]]=0,DATE(2030,1,1),RiskRegister[[#This Row],[Risk-Change-Date]])","v":"2030-01-01"},{"$f":"RiskRegister[[#This Row],[Inherent Impact Level]]&\"-\"&RiskRegister[[#This Row],[Inherent Likelihood Level]]","v":"-- Select Impact ----- Select Likelihood --"},{"$f":"RiskRegister[[#This Row],[Residual Impact Level]]&\"-\"&RiskRegister[[#This Row],[Residual Likelihood Level]]","v":"-- Select Impact ----- Select Likelihood --"},"Error",{"$f":"IF(RiskRegister[[#This Row],[Risk Status]]=\"Closed\",RiskRegister[[#This Row],[Residual Impact Level]],RiskRegister[[#This Row],[Inherent Impact Level]])","v":"-- Select Impact --"},{"$f":"IF(RiskRegister[[#This Row],[Risk Status]]=\"Closed\",RiskRegister[[#This Row],[Residual Likelihood Level]],RiskRegister[[#This Row],[Inherent Likelihood Level]])","v":"-- Select Likelihood --"},{"$f":"IF(RiskRegister[[#This Row],[Risk Status]]=\"Closed\",RiskRegister[[#This Row],[Residual-I-L-Combo]],RiskRegister[[#This Row],[Inherent-I-L-Combo]])","v":"-- Select Impact ----- Select Likelihood --"},"-- Error --"]
[239,{"$nulls":5},"-- Select Risk Category --",null,"-- select department --",null,null,"-- Select Impact --",{"$f":"VLOOKUP(RiskRegister[[#This Row],[Inherent Impact Level]],'Rating factors'!$F$4:$G$9,2,FALSE)","v":"--- Error ---"},"-- Select Likelihood --",{"$f":"VLOOKUP(RiskRegister[[#This Row],[Inherent Likelihood Level]],'Rating factors'!$F$16:$G$21,2,FALSE)","v":"--- Error ---"},{"$f":"IFERROR(VLOOKUP(RiskRegister[[#This Row],[Inherent Risk Rating]],'Rating factors'!$F$30:$G$44,2,FALSE),\"-- Error --\")","v":"-- Error --"},{"$f":"IFERROR(RiskRegister[[#This Row],[Inherent Impact Rating]]*RiskRegister[[#This Row],[Inherent Likelihood Rating]],\"-- Error --\")","v":"-- Error --"},"-- Select Risk Response --",null,"-- Select Impact --",{"$f":"VLOOKUP(RiskRegister[[#This Row],[Residual Impact Level]],'Rating factors'!$F$4:$G$9,2,FALSE)","v":"--- Error ---"},"-- Select Likelihood --",{"$f":"VLOOKUP(RiskRegister[[#This Row],[Residual Likelihood Level]],'Rating factors'!$F$16:$G$21,2,FALSE)","v":"--- Error ---"},{"$f":"IFERROR(VLOOKUP(RiskRegister[[#This Row],[Residual Risk Rating]],'Rating factors'!$F$30:$G$44,2,FALSE),\"-- Error --\")","v":"-- Error --"},{"$f":"IFERROR(RiskRegister[[#This Row],[Residual Impact Rating]]*RiskRegister[[#This Row],[Residual Likelihood Rating]],\"-- Error --\")","v":"-- Error --"},"-- Select Risk Status --",{"$nulls":3},{"$f":"IF(ISBLANK(RiskRegister[[#This Row],[Risk Due Date]]), \"Missing Risk Due Date\", IF(RiskRegister[[#This Row],[Risk Due Date]] < TODAY(), \"Overdue\", \"Not Overdue\"))","v":"Missing Risk Due Date"},null,{"$f":"IF(ISBLANK(RiskRegister[[#This Row],[Risk Due Date]]), \"Missing Risk Due Date\", TEXT(RiskRegister[[#This Row],[Risk Due Date]], \"YYYY-MM\"))","v":"Missing Risk Due Date"},{"$f":"IF(RiskRegister[[#This Row],[Created Date]]=\"\",\"Created Date missing\",(TEXT(RiskRegister[[#This Row],[Created Date]],\"mmm\") & \"-\" & YEAR(RiskRegister[[#This Row],[Created Date]])))","v":"Created Date missing"},{"$f":"IF(RiskRegister[[#This Row],[Risk Status]]=\"Closed\",RiskRegister[[#This Row],[Risk Close Date]],RiskRegister[[#This Row],[Risk Due Date]])","v":"00:00:00"},{"$f":"IF(RiskRegister[[#This Row],[Risk-Change-Date]]=0,DATE(2030,1,1),RiskRegister[[#This Row],[Risk-Change-Date]])","v":"2030-01-01"},{"$f":"RiskRegister[[#This Row],[Inherent Impact Level]]&\"-\"&RiskRegister[[#This Row],[Inherent Likelihood Level]]","v":"-- Select Impact ----- Select Likelihood --"},{"$f":"RiskRegister[[#This Row],[Residual Impact Level]]&\"-\"&RiskRegister[[#This Row],[Residual Likelihood Level]]","v":"-- Select Impact ----- Select Likelihood --"},"Error",{"$f":"IF(RiskRegister[[#This Row],[Risk Status]]=\"Closed\",RiskRegister[[#This Row],[Residual Impact Level]],RiskRegister[[#This Row],[Inherent Impact Level]])","v":"-- Select Impact --"},{"$f":"IF(RiskRegister[[#This Row],[Risk Status]]=\"Closed\",RiskRegister[[#This Row],[Residual Likelihood Level]],RiskRegister[[#This Row],[Inherent Likelihood Level]])","v":"-- Select Likelihood --"},{"$f":"IF(RiskRegister[[#This Row],[Risk Status]]=\"Closed\",RiskRegister[[#This Row],[Residual-I-L-Combo]],RiskRegister[[#This Row],[Inherent-I-L-Combo]])","v":"-- Select Impact ----- Select Likelihood --"},"-- Error --"]
[240,{"$nulls":5},"-- Select Risk Category --",null,"-- select department --",null,null,"-- Select Impact --",{"$f":"VLOOKUP(RiskRegister[[#This Row],[Inherent Impact Level]],'Rating factors'!$F$4:$G$9,2,FALSE)","v":"--- Error ---"},"-- Select Likelihood --",{"$f":"VLOOKUP(RiskRegister[[#This Row],[Inherent Likelihood Level]],'Rating factors'!$F$16:$G$21,2,FALSE)","v":"--- Error ---"},{"$f":"IFERROR(VLOOKUP(RiskRegister[[#This Row],[Inherent Risk Rating]],'Rating factors'!$F$30:$G$44,2,FALSE),\"-- Error --\")","v":"-- Error --"},{"$f":"IFERROR(RiskRegister[[#This Row],[Inherent Impact Rating]]*RiskRegister[[#This Row],[Inherent Likelihood Rating]],\"-- Error --\")","v":"-- Error --"},"-- Select Risk Response --",null,"-- Select Impact --",{"$f":"VLOOKUP(RiskRegister[[#This Row],[Residual Impact Level]],'Rating factors'!$F$4:$G$9,2,FALSE)","v":"--- Error ---"},"-- Select Likelihood --",{"$f":"VLOOKUP(RiskRegister[[#This Row],[Residual Likelihood Level]],'Rating factors'!$F$16:$G$21,2,FALSE)","v":"--- Error ---"},{"$f":"IFERROR(VLOOKUP(RiskRegister[[#This Row],[Residual Risk Rating]],'Rating factors'!$F$30:$G$44,2,FALSE),\"-- Error --\")","v":"-- Error --"},{"$f":"IFERROR(RiskRegister[[#This Row],[Residual Impact Rating]]*RiskRegister[[#This Row],[Residual Likelihood Rating]],\"-- Error --\")","v":"-- Error --"},"-- Select Risk Status --",{"$nulls":3},{"$f":"IF(ISBLANK(RiskRegister[[#This Row],[Risk Due Date]]), \"Missing Risk Due Date\", IF(RiskRegister[[#This Row],[Risk Due Date]] < TODAY(), \"Overdue\", \"Not Overdue\"))","v":"Missing Risk Due Date"},null,{"$f":"IF(ISBLANK(RiskRegister[[#This Row],[Risk Due Date]]), \"Missing Risk Due Date\", TEXT(RiskRegister[[#This Row],[Risk Due Date]], \"YYYY-MM\"))","v":"Missing Risk Due Date"},{"$f":"IF(RiskRegister[[#This Row],[Created Date]]=\"\",\"Created Date missing\",(TEXT(RiskRegister[[#This Row],[Created Date]],\"mmm\") & \"-\" & YEAR(RiskRegister[[#This Row],[Created Date]])))","v":"Created Date missing"},{"$f":"IF(RiskRegister[[#This Row],[Risk Status]]=\"Closed\",RiskRegister[[#This Row],[Risk Close Date]],RiskRegister[[#This Row],[Risk Due Date]])","v":"00:00:00"},{"$f":"IF(RiskRegister[[#This Row],[Risk-Change-Date]]=0,DATE(2030,1,1),RiskRegister[[#This Row],[Risk-Change-Date]])","v":"2030-01-01"},{"$f":"RiskRegister[[#This Row],[Inherent Impact Level]]&\"-\"&RiskRegister[[#This Row],[Inherent Likelihood Level]]","v":"-- Select Impact ----- Select Likelihood --"},{"$f":"RiskRegister[[#This Row],[Residual Impact Level]]&\"-\"&RiskRegister[[#This Row],[Residual Likelihood Level]]","v":"-- Select Impact ----- Select Likelihood --"},"Error",{"$f":"IF(RiskRegister[[#This Row],[Risk Status]]=\"Closed\",RiskRegister[[#This Row],[Residual Impact Level]],RiskRegister[[#This Row],[Inherent Impact Level]])","v":"-- Select Impact --"},{"$f":"IF(RiskRegister[[#This Row],[Risk Status]]=\"Closed\",RiskRegister[[#This Row],[Residual Likelihood Level]],RiskRegister[[#This Row],[Inherent Likelihood Level]])","v":"-- Select Likelihood --"},{"$f":"IF(RiskRegister[[#This Row],[Risk Status]]=\"Closed\",RiskRegister[[#This Row],[Residual-I-L-Combo]],RiskRegister[[#This Row],[Inherent-I-L-Combo]])","v":"-- Select Impact ----- Select Likelihood --"},"-- Error --"]
[241,{"$nulls":5},"-- Select Risk Category --",null,"-- select department --",null,null,"-- Select Impact --",{"$f":"VLOOKUP(RiskRegister[[#This Row],[Inherent Impact Level]],'Rating factors'!$F$4:$G$9,2,FALSE)","v":"--- Error ---"},"-- Select Likelihood --",{"$f":"VLOOKUP(RiskRegister[[#This Row],[Inherent Likelihood Level]],'Rating factors'!$F$16:$G$21,2,FALSE)","v":"--- Error ---"},{"$f":"IFERROR(VLOOKUP(RiskRegister[[#This Row],[Inherent Risk Rating]],'Rating factors'!$F$30:$G$44,2,FALSE),\"-- Error --\")","v":"-- Error --"},{"$f":"IFERROR(RiskRegister[[#This Row],[Inherent Impact Rating]]*RiskRegister[[#This Row],[Inherent Likelihood Rating]],\"-- Error --\")","v":"-- Error --"},"-- Select Risk Response --",null,"-- Select Impact --",{"$f":"VLOOKUP(RiskRegister[[#This Row],[Residual Impact Level]],'Rating factors'!$F$4:$G$9,2,FALSE)","v":"--- Error ---"},"-- Select Likelihood --",{"$f":"VLOOKUP(RiskRegister[[#This Row],[Residual Likelihood Level]],'Rating factors'!$F$16:$G$21,2,FALSE)","v":"--- Error ---"},{"$f":"IFERROR(VLOOKUP(RiskRegister[[#This Row],[Residual Risk Rating]],'Rating factors'!$F$30:$G$44,2,FALSE),\"-- Error --\")","v":"-- Error --"},{"$f":"IFERROR(RiskRegister[[#This Row],[Residual Impact Rating]]*RiskRegister[[#This Row],[Residual Likelihood Rating]],\"-- Error --\")","v":"-- Error --"},"-- Select Risk Status --",{"$nulls":3},{"$f":"IF(ISBLANK(RiskRegister[[#This Row],[Risk Due Date]]), \"Missing Risk Due Date\", IF(RiskRegister[[#This Row],[Risk Due Date]] < TODAY(), \"Overdue\", \"Not Overdue\"))","v":"Missing Risk Due Date"},null,{"$f":"IF(ISBLANK(RiskRegister[[#This Row],[Risk Due Date]]), \"Missing Risk Due Date\", TEXT(RiskRegister[[#This Row],[Risk Due Date]], \"YYYY-MM\"))","v":"Missing Risk Due Date"},{"$f":"IF(RiskRegister[[#This Row],[Created Date]]=\"\",\"Created Date missing\",(TEXT(RiskRegister[[#This Row],[Created Date]],\"mmm\") & \"-\" & YEAR(RiskRegister[[#This Row],[Created Date]])))","v":"Created Date missing"},{"$f":"IF(RiskRegister[[#This Row],[Risk Status]]=\"Closed\",RiskRegister[[#This Row],[Risk Close Date]],RiskRegister[[#This Row],[Risk Due Date]])","v":"00:00:00"},{"$f":"IF(RiskRegister[[#This Row],[Risk-Change-Date]]=0,DATE(2030,1,1),RiskRegister[[#This Row],[Risk-Change-Date]])","v":"2030-01-01"},{"$f":"RiskRegister[[#This Row],[Inherent Impact Level]]&\"-\"&RiskRegister[[#This Row],[Inherent Likelihood Level]]","v":"-- Select Impact ----- Select Likelihood --"},{"$f":"RiskRegister[[#This Row],[Residual Impact Level]]&\"-\"&RiskRegister[[#This Row],[Residual Likelihood Level]]","v":"-- Select Impact ----- Select Likelihood --"},"Error",{"$f":"IF(RiskRegister[[#This Row],[Risk Status]]=\"Closed\",RiskRegister[[#This Row],[Residual Impact Level]],RiskRegister[[#This Row],[Inherent Impact Level]])","v":"-- Select Impact --"},{"$f":"IF(RiskRegister[[#This Row],[Risk Status]]=\"Closed\",RiskRegister[[#This Row],[Residual Likelihood Level]],RiskRegister[[#This Row],[Inherent Likelihood Level]])","v":"-- Select Likelihood --"},{"$f":"IF(RiskRegister[[#This Row],[Risk Status]]=\"Closed\",RiskRegister[[#This Row],[Residual-I-L-Combo]],RiskRegister[[#This Row],[Inherent-I-L-Combo]])","v":"-- Select Impact ----- Select Likelihood --"},"-- Error --"]
[242,{"$nulls":5},"-- Select Risk Category --",null,"-- select department --",null,null,"-- Select Impact --",{"$f":"VLOOKUP(RiskRegister[[#This Row],[Inherent Impact Level]],'Rating factors'!$F$4:$G$9,2,FALSE)","v":"--- Error ---"},"-- Select Likelihood --",{"$f":"VLOOKUP(RiskRegister[[#This Row],[Inherent Likelihood Level]],'Rating factors'!$F$16:$G$21,2,FALSE)","v":"--- Error ---"},{"$f":"IFERROR(VLOOKUP(RiskRegister[[#This Row],[Inherent Risk Rating]],'Rating factors'!$F$30:$G$44,2,FALSE),\"-- Error --\")","v":"-- Error --"},{"$f":"IFERROR(RiskRegister[[#This Row],[Inherent Impact Rating]]*RiskRegister[[#This Row],[Inherent Likelihood Rating]],\"-- Error --\")","v":"-- Error --"},"-- Select Risk Response --",null,"-- Select Impact --",{"$f":"VLOOKUP(RiskRegister[[#This Row],[Residual Impact Level]],'Rating factors'!$F$4:$G$9,2,FALSE)","v":"--- Error ---"},"-- Select Likelihood --",{"$f":"VLOOKUP(RiskRegister[[#This Row],[Residual Likelihood Level]],'Rating factors'!$F$16:$G$21,2,FALSE)","v":"--- Error ---"},{"$f":"IFERROR(VLOOKUP(RiskRegister[[#This Row],[Residual Risk Rating]],'Rating factors'!$F$30:$G$44,2,FALSE),\"-- Error --\")","v":"-- Error --"},{"$f":"IFERROR(RiskRegister[[#This Row],[Residual Impact Rating]]*RiskRegister[[#This Row],[Residual Likelihood Rating]],\"-- Error --\")","v":"-- Error --"},"-- Select Risk Status --",{"$nulls":3},{"$f":"IF(ISBLANK(RiskRegister[[#This Row],[Risk Due Date]]), \"Missing Risk Due Date\", IF(RiskRegister[[#This Row],[Risk Due Date]] < TODAY(), \"Overdue\", \"Not Overdue\"))","v":"Missing Risk Due Date"},null,{"$f":"IF(ISBLANK(RiskRegister[[#This Row],[Risk Due Date]]), \"Missing Risk Due Date\", TEXT(RiskRegister[[#This Row],[Risk Due Date]], \"YYYY-MM\"))","v":"Missing Risk Due Date"},{"$f":"IF(RiskRegister[[#This Row],[Created Date]]=\"\",\"Created Date missing\",(TEXT(RiskRegister[[#This Row],[Created Date]],\"mmm\") & \"-\" & YEAR(RiskRegister[[#This Row],[Created Date]])))","v":"Created Date missing"},{"$f":"IF(RiskRegister[[#This Row],[Risk Status]]=\"Closed\",RiskRegister[[#This Row],[Risk Close Date]],RiskRegister[[#This Row],[Risk Due Date]])","v":"00:00:00"},{"$f":"IF(RiskRegister[[#This Row],[Risk-Change-Date]]=0,DATE(2030,1,1),RiskRegister[[#This Row],[Risk-Change-Date]])","v":"2030-01-01"},{"$f":"RiskRegister[[#This Row],[Inherent Impact Level]]&\"-\"&RiskRegister[[#This Row],[Inherent Likelihood Level]]","v":"-- Select Impact ----- Select Likelihood --"},{"$f":"RiskRegister[[#This Row],[Residual Impact Level]]&\"-\"&RiskRegister[[#This Row],[Residual Likelihood Level]]","v":"-- Select Impact ----- Select Likelihood --"},"Error",{"$f":"IF(RiskRegister[[#This Row],[Risk Status]]=\"Closed\",RiskRegister[[#This Row],[Residual Impact Level]],RiskRegister[[#This Row],[Inherent Impact Level]])","v":"-- Select Impact --"},{"$f":"IF(RiskRegister[[#This Row],[Risk Status]]=\"Closed\",RiskRegister[[#This Row],[Residual Likelihood Level]],RiskRegister[[#This Row],[Inherent Likelihood Level]])","v":"-- Select Likelihood --"},{"$f":"IF(RiskRegister[[#This Row],[Risk Status]]=\"Closed\",RiskRegister[[#This Row],[Residual-I-L-Combo]],RiskRegister[[#This Row],[Inherent-I-L-Combo]])","v":"-- Select Impact ----- Select Likelihood --"},"-- Error --"]
[243,{"$nulls":5},"-- Select Risk Category --",null,"-- select department --",null,null,"-- Select Impact --",{"$f":"VLOOKUP(RiskRegister[[#This Row],[Inherent Impact Level]],'Rating factors'!$F$4:$G$9,2,FALSE)","v":"--- Error ---"},"-- Select Likelihood --",{"$f":"VLOOKUP(RiskRegister[[#This Row],[Inherent Likelihood Level]],'Rating factors'!$F$16:$G$21,2,FALSE)","v":"--- Error ---"},{"$f":"IFERROR(VLOOKUP(RiskRegister[[#This Row],[Inherent Risk Rating]],'Rating factors'!$F$30:$G$44,2,FALSE),\"-- Error --\")","v":"-- Error --"},{"$f":"IFERROR(RiskRegister[[#This Row],[Inherent Impact Rating]]*RiskRegister[[#This Row],[Inherent Likelihood Rating]],\"-- Error --\")","v":"-- Error --"},"-- Select Risk Response --",null,"-- Select Impact --",{"$f":"VLOOKUP(RiskRegister[[#This Row],[Residual Impact Level]],'Rating factors'!$F$4:$G$9,2,FALSE)","v":"--- Error ---"},"-- Select Likelihood --",{"$f":"VLOOKUP(RiskRegister[[#This Row],[Residual Likelihood Level]],'Rating factors'!$F$16:$G$21,2,FALSE)","v":"--- Error ---"},{"$f":"IFERROR(VLOOKUP(RiskRegister[[#This Row],[Residual Risk Rating]],'Rating factors'!$F$30:$G$44,2,FALSE),\"-- Error --\")","v":"-- Error --"},{"$f":"IFERROR(RiskRegister[[#This Row],[Residual Impact Rating]]*RiskRegister[[#This Row],[Residual Likelihood Rating]],\"-- Error --\")","v":"-- Error --"},"-- Select Risk Status --",{"$nulls":3},{"$f":"IF(ISBLANK(RiskRegister[[#This Row],[Risk Due Date]]), \"Missing Risk Due Date\", IF(RiskRegister[[#This Row],[Risk Due Date]] < TODAY(), \"Overdue\", \"Not Overdue\"))","v":"Missing Risk Due Date"},null,{"$f":"IF(ISBLANK(RiskRegister[[#This Row],[Risk Due Date]]), \"Missing Risk Due Date\", TEXT(RiskRegister[[#This Row],[Risk Due Date]], \"YYYY-MM\"))","v":"Missing Risk Due Date"},{"$f":"IF(RiskRegister[[#This Row],[Created Date]]=\"\",\"Created Date missing\",(TEXT(RiskRegister[[#This Row],[Created Date]],\"mmm\") & \"-\" & YEAR(RiskRegister[[#This Row],[Created Date]])))","v":"Created Date missing"},{"$f":"IF(RiskRegister[[#This Row],[Risk Status]]=\"Closed\",RiskRegister[[#This Row],[Risk Close Date]],RiskRegister[[#This Row],[Risk Due Date]])","v":"00:00:00"},{"$f":"IF(RiskRegister[[#This Row],[Risk-Change-Date]]=0,DATE(2030,1,1),RiskRegister[[#This Row],[Risk-Change-Date]])","v":"2030-01-01"},{"$f":"RiskRegister[[#This Row],[Inherent Impact Level]]&\"-\"&RiskRegister[[#This Row],[Inherent Likelihood Level]]","v":"-- Select Impact ----- Select Likelihood --"},{"$f":"RiskRegister[[#This Row],[Residual Impact Level]]&\"-\"&RiskRegister[[#This Row],[Residual Likelihood Level]]","v":"-- Select Impact ----- Select Likelihood --"},"Error",{"$f":"IF(RiskRegister[[#This Row],[Risk Status]]=\"Closed\",RiskRegister[[#This Row],[Residual Impact Level]],RiskRegister[[#This Row],[Inherent Impact Level]])","v":"-- Select Impact --"},{"$f":"IF(RiskRegister[[#This Row],[Risk Status]]=\"Closed\",RiskRegister[[#This Row],[Residual Likelihood Level]],RiskRegister[[#This Row],[Inherent Likelihood Level]])","v":"-- Select Likelihood --"},{"$f":"IF(RiskRegister[[#This Row],[Risk Status]]=\"Closed\",RiskRegister[[#This Row],[Residual-I-L-Combo]],RiskRegister[[#This Row],[Inherent-I-L-Combo]])","v":"-- Select Impact ----- Select Likelihood --"},"-- Error --"]
[244,{"$nulls":5},"-- Select Risk Category --",null,"-- select department --",null,null,"-- Select Impact --",{"$f":"VLOOKUP(RiskRegister[[#This Row],[Inherent Impact Level]],'Rating factors'!$F$4:$G$9,2,FALSE)","v":"--- Error ---"},"-- Select Likelihood --",{"$f":"VLOOKUP(RiskRegister[[#This Row],[Inherent Likelihood Level]],'Rating factors'!$F$16:$G$21,2,FALSE)","v":"--- Error ---"},{"$f":"IFERROR(VLOOKUP(RiskRegister[[#This Row],[Inherent Risk Rating]],'Rating factors'!$F$30:$G$44,2,FALSE),\"-- Error --\")","v":"-- Error --"},{"$f":"IFERROR(RiskRegister[[#This Row],[Inherent Impact Rating]]*RiskRegister[[#This Row],[Inherent Likelihood Rating]],\"-- Error --\")","v":"-- Error --"},"-- Select Risk Response --",null,"-- Select Impact --",{"$f":"VLOOKUP(RiskRegister[[#This Row],[Residual Impact Level]],'Rating factors'!$F$4:$G$9,2,FALSE)","v":"--- Error ---"},"-- Select Likelihood --",{"$f":"VLOOKUP(RiskRegister[[#This Row],[Residual Likelihood Level]],'Rating factors'!$F$16:$G$21,2,FALSE)","v":"--- Error ---"},{"$f":"IFERROR(VLOOKUP(RiskRegister[[#This Row],[Residual Risk Rating]],'Rating factors'!$F$30:$G$44,2,FALSE),\"-- Error --\")","v":"-- Error --"},{"$f":"IFERROR(RiskRegister[[#This Row],[Residual Impact Rating]]*RiskRegister[[#This Row],[Residual Likelihood Rating]],\"-- Error --\")","v":"-- Error --"},"-- Select Risk Status --",{"$nulls":3},{"$f":"IF(ISBLANK(RiskRegister[[#This Row],[Risk Due Date]]), \"Missing Risk Due Date\", IF(RiskRegister[[#This Row],[Risk Due Date]] < TODAY(), \"Overdue\", \"Not Overdue\"))","v":"Missing Risk Due Date"},null,{"$f":"IF(ISBLANK(RiskRegister[[#This Row],[Risk Due Date]]), \"Missing Risk Due Date\", TEXT(RiskRegister[[#This Row],[Risk Due Date]], \"YYYY-MM\"))","v":"Missing Risk Due Date"},{"$f":"IF(RiskRegister[[#This Row],[Created Date]]=\"\",\"Created Date missing\",(TEXT(RiskRegister[[#This Row],[Created Date]],\"mmm\") & \"-\" & YEAR(RiskRegister[[#This Row],[Created Date]])))","v":"Created Date missing"},{"$f":"IF(RiskRegister[[#This Row],[Risk Status]]=\"Closed\",RiskRegister[[#This Row],[Risk Close Date]],RiskRegister[[#This Row],[Risk Due Date]])","v":"00:00:00"},{"$f":"IF(RiskRegister[[#This Row],[Risk-Change-Date]]=0,DATE(2030,1,1),RiskRegister[[#This Row],[Risk-Change-Date]])","v":"2030-01-01"},{"$f":"RiskRegister[[#This Row],[Inherent Impact Level]]&\"-\"&RiskRegister[[#This Row],[Inherent Likelihood Level]]","v":"-- Select Impact ----- Select Likelihood --"},{"$f":"RiskRegister[[#This Row],[Residual Impact Level]]&\"-\"&RiskRegister[[#This Row],[Residual Likelihood Level]]","v":"-- Select Impact ----- Select Likelihood --"},"Error",{"$f":"IF(RiskRegister[[#This Row],[Risk Status]]=\"Closed\",RiskRegister[[#This Row],[Residual Impact Level]],RiskRegister[[#This Row],[Inherent Impact Level]])","v":"-- Select Impact --"},{"$f":"IF(RiskRegister[[#This Row],[Risk Status]]=\"Closed\",RiskRegister[[#This Row],[Residual Likelihood Level]],RiskRegister[[#This Row],[Inherent Likelihood Level]])","v":"-- Select Likelihood --"},{"$f":"IF(RiskRegister[[#This Row],[Risk Status]]=\"Closed\",RiskRegister[[#This Row],[Residual-I-L-Combo]],RiskRegister[[#This Row],[Inherent-I-L-Combo]])","v":"-- Select Impact ----- Select Likelihood --"},"-- Error --"]
[245,{"$nulls":5},"-- Select Risk Category --",null,"-- select department --",null,null,"-- Select Impact --",{"$f":"VLOOKUP(RiskRegister[[#This Row],[Inherent Impact Level]],'Rating factors'!$F$4:$G$9,2,FALSE)","v":"--- Error ---"},"-- Select Likelihood --",{"$f":"VLOOKUP(RiskRegister[[#This Row],[Inherent Likelihood Level]],'Rating factors'!$F$16:$G$21,2,FALSE)","v":"--- Error ---"},{"$f":"IFERROR(VLOOKUP(RiskRegister[[#This Row],[Inherent Risk Rating]],'Rating factors'!$F$30:$G$44,2,FALSE),\"-- Error --\")","v":"-- Error --"},{"$f":"IFERROR(RiskRegister[[#This Row],[Inherent Impact Rating]]*RiskRegister[[#This Row],[Inherent Likelihood Rating]],\"-- Error --\")","v":"-- Error --"},"-- Select Risk Response --",null,"-- Select Impact --",{"$f":"VLOOKUP(RiskRegister[[#This Row],[Residual Impact Level]],'Rating factors'!$F$4:$G$9,2,FALSE)","v":"--- Error ---"},"-- Select Likelihood --",{"$f":"VLOOKUP(RiskRegister[[#This Row],[Residual Likelihood Level]],'Rating factors'!$F$16:$G$21,2,FALSE)","v":"--- Error ---"},{"$f":"IFERROR(VLOOKUP(RiskRegister[[#This Row],[Residual Risk Rating]],'Rating factors'!$F$30:$G$44,2,FALSE),\"-- Error --\")","v":"-- Error --"},{"$f":"IFERROR(RiskRegister[[#This Row],[Residual Impact Rating]]*RiskRegister[[#This Row],[Residual Likelihood Rating]],\"-- Error --\")","v":"-- Error --"},"-- Select Risk Status --",{"$nulls":3},{"$f":"IF(ISBLANK(RiskRegister[[#This Row],[Risk Due Date]]), \"Missing Risk Due Date\", IF(RiskRegister[[#This Row],[Risk Due Date]] < TODAY(), \"Overdue\", \"Not Overdue\"))","v":"Missing Risk Due Date"},null,{"$f":"IF(ISBLANK(RiskRegister[[#This Row],[Risk Due Date]]), \"Missing Risk Due Date\", TEXT(RiskRegister[[#This Row],[Risk Due Date]], \"YYYY-MM\"))","v":"Missing Risk Due Date"},{"$f":"IF(RiskRegister[[#This Row],[Created Date]]=\"\",\"Created Date missing\",(TEXT(RiskRegister[[#This Row],[Created Date]],\"mmm\") & \"-\" & YEAR(RiskRegister[[#This Row],[Created Date]])))","v":"Created Date missing"},{"$f":"IF(RiskRegister[[#This Row],[Risk Status]]=\"Closed\",RiskRegister[[#This Row],[Risk Close Date]],RiskRegister[[#This Row],[Risk Due Date]])","v":"00:00:00"},{"$f":"IF(RiskRegister[[#This Row],[Risk-Change-Date]]=0,DATE(2030,1,1),RiskRegister[[#This Row],[Risk-Change-Date]])","v":"2030-01-01"},{"$f":"RiskRegister[[#This Row],[Inherent Impact Level]]&\"-\"&RiskRegister[[#This Row],[Inherent Likelihood Level]]","v":"-- Select Impact ----- Select Likelihood --"},{"$f":"RiskRegister[[#This Row],[Residual Impact Level]]&\"-\"&RiskRegister[[#This Row],[Residual Likelihood Level]]","v":"-- Select Impact ----- Select Likelihood --"},"Error",{"$f":"IF(RiskRegister[[#This Row],[Risk Status]]=\"Closed\",RiskRegister[[#This Row],[Residual Impact Level]],RiskRegister[[#This Row],[Inherent Impact Level]])","v":"-- Select Impact --"},{"$f":"IF(RiskRegister[[#This Row],[Risk Status]]=\"Closed\",RiskRegister[[#This Row],[Residual Likelihood Level]],RiskRegister[[#This Row],[Inherent Likelihood Level]])","v":"-- Select Likelihood --"},{"$f":"IF(RiskRegister[[#This Row],[Risk Status]]=\"Closed\",RiskRegister[[#This Row],[Residual-I-L-Combo]],RiskRegister[[#This Row],[Inherent-I-L-Combo]])","v":"-- Select Impact ----- Select Likelihood --"},"-- Error --"]
[246,{"$nulls":5},"-- Select Risk Category --",null,"-- select department --",null,null,"-- Select Impact --",{"$f":"VLOOKUP(RiskRegister[[#This Row],[Inherent Impact Level]],'Rating factors'!$F$4:$G$9,2,FALSE)","v":"--- Error ---"},"-- Select Likelihood --",{"$f":"VLOOKUP(RiskRegister[[#This Row],[Inherent Likelihood Level]],'Rating factors'!$F$16:$G$21,2,FALSE)","v":"--- Error ---"},{"$f":"IFERROR(VLOOKUP(RiskRegister[[#This Row],[Inherent Risk Rating]],'Rating factors'!$F$30:$G$44,2,FALSE),\"-- Error --\")","v":"-- Error --"},{"$f":"IFERROR(RiskRegister[[#This Row],[Inherent Impact Rating]]*RiskRegister[[#This Row],[Inherent Likelihood Rating]],\"-- Error --\")","v":"-- Error --"},"-- Select Risk Response --",null,"-- Select Impact --",{"$f":"VLOOKUP(RiskRegister[[#This Row],[Residual Impact Level]],'Rating factors'!$F$4:$G$9,2,FALSE)","v":"--- Error ---"},"-- Select Likelihood --",{"$f":"VLOOKUP(RiskRegister[[#This Row],[Residual Likelihood Level]],'Rating factors'!$F$16:$G$21,2,FALSE)","v":"--- Error ---"},{"$f":"IFERROR(VLOOKUP(RiskRegister[[#This Row],[Residual Risk Rating]],'Rating factors'!$F$30:$G$44,2,FALSE),\"-- Error --\")","v":"-- Error --"},{"$f":"IFERROR(RiskRegister[[#This Row],[Residual Impact Rating]]*RiskRegister[[#This Row],[Residual Likelihood Rating]],\"-- Error --\")","v":"-- Error --"},"-- Select Risk Status --",{"$nulls":3},{"$f":"IF(ISBLANK(RiskRegister[[#This Row],[Risk Due Date]]), \"Missing Risk Due Date\", IF(RiskRegister[[#This Row],[Risk Due Date]] < TODAY(), \"Overdue\", \"Not Overdue\"))","v":"Missing Risk Due Date"},null,{"$f":"IF(ISBLANK(RiskRegister[[#This Row],[Risk Due Date]]), \"Missing Risk Due Date\", TEXT(RiskRegister[[#This Row],[Risk Due Date]], \"YYYY-MM\"))","v":"Missing Risk Due Date"},{"$f":"IF(RiskRegister[[#This Row],[Created Date]]=\"\",\"Created Date missing\",(TEXT(RiskRegister[[#This Row],[Created Date]],\"mmm\") & \"-\" & YEAR(RiskRegister[[#This Row],[Created Date]])))","v":"Created Date missing"},{"$f":"IF(RiskRegister[[#This Row],[Risk Status]]=\"Closed\",RiskRegister[[#This Row],[Risk Close Date]],RiskRegister[[#This Row],[Risk Due Date]])","v":"00:00:00"},{"$f":"IF(RiskRegister[[#This Row],[Risk-Change-Date]]=0,DATE(2030,1,1),RiskRegister[[#This Row],[Risk-Change-Date]])","v":"2030-01-01"},{"$f":"RiskRegister[[#This Row],[Inherent Impact Level]]&\"-\"&RiskRegister[[#This Row],[Inherent Likelihood Level]]","v":"-- Select Impact ----- Select Likelihood --"},{"$f":"RiskRegister[[#This Row],[Residual Impact Level]]&\"-\"&RiskRegister[[#This Row],[Residual Likelihood Level]]","v":"-- Select Impact ----- Select Likelihood --"},"Error",{"$f":"IF(RiskRegister[[#This Row],[Risk Status]]=\"Closed\",RiskRegister[[#This Row],[Residual Impact Level]],RiskRegister[[#This Row],[Inherent Impact Level]])","v":"-- Select Impact --"},{"$f":"IF(RiskRegister[[#This Row],[Risk Status]]=\"Closed\",RiskRegister[[#This Row],[Residual Likelihood Level]],RiskRegister[[#This Row],[Inherent Likelihood Level]])","v":"-- Select Likelihood --"},{"$f":"IF(RiskRegister[[#This Row],[Risk Status]]=\"Closed\",RiskRegister[[#This Row],[Residual-I-L-Combo]],RiskRegister[[#This Row],[Inherent-I-L-Combo]])","v":"-- Select Impact ----- Select Likelihood --"},"-- Error --"]
[247,{"$nulls":5},"-- Select Risk Category --",null,"-- select department --",null,null,"-- Select Impact --",{"$f":"VLOOKUP(RiskRegister[[#This Row],[Inherent Impact Level]],'Rating factors'!$F$4:$G$9,2,FALSE)","v":"--- Error ---"},"-- Select Likelihood --",{"$f":"VLOOKUP(RiskRegister[[#This Row],[Inherent Likelihood Level]],'Rating factors'!$F$16:$G$21,2,FALSE)","v":"--- Error ---"},{"$f":"IFERROR(VLOOKUP(RiskRegister[[#This Row],[Inherent Risk Rating]],'Rating factors'!$F$30:$G$44,2,FALSE),\"-- Error --\")","v":"-- Error --"},{"$f":"IFERROR(RiskRegister[[#This Row],[Inherent Impact Rating]]*RiskRegister[[#This Row],[Inherent Likelihood Rating]],\"-- Error --\")","v":"-- Error --"},"-- Select Risk Response --",null,"-- Select Impact --",{"$f":"VLOOKUP(RiskRegister[[#This Row],[Residual Impact Level]],'Rating factors'!$F$4:$G$9,2,FALSE)","v":"--- Error ---"},"-- Select Likelihood --",{"$f":"VLOOKUP(RiskRegister[[#This Row],[Residual Likelihood Level]],'Rating factors'!$F$16:$G$21,2,FALSE)","v":"--- Error ---"},{"$f":"IFERROR(VLOOKUP(RiskRegister[[#This Row],[Residual Risk Rating]],'Rating factors'!$F$30:$G$44,2,FALSE),\"-- Error --\")","v":"-- Error --"},{"$f":"IFERROR(RiskRegister[[#This Row],[Residual Impact Rating]]*RiskRegister[[#This Row],[Residual Likelihood Rating]],\"-- Error --\")","v":"-- Error --"},"-- Select Risk Status --",{"$nulls":3},{"$f":"IF(ISBLANK(RiskRegister[[#This Row],[Risk Due Date]]), \"Missing Risk Due Date\", IF(RiskRegister[[#This Row],[Risk Due Date]] < TODAY(), \"Overdue\", \"Not Overdue\"))","v":"Missing Risk Due Date"},null,{"$f":"IF(ISBLANK(RiskRegister[[#This Row],[Risk Due Date]]), \"Missing Risk Due Date\", TEXT(RiskRegister[[#This Row],[Risk Due Date]], \"YYYY-MM\"))","v":"Missing Risk Due Date"},{"$f":"IF(RiskRegister[[#This Row],[Created Date]]=\"\",\"Created Date missing\",(TEXT(RiskRegister[[#This Row],[Created Date]],\"mmm\") & \"-\" & YEAR(RiskRegister[[#This Row],[Created Date]])))","v":"Created Date missing"},{"$f":"IF(RiskRegister[[#This Row],[Risk Status]]=\"Closed\",RiskRegister[[#This Row],[Risk Close Date]],RiskRegister[[#This Row],[Risk Due Date]])","v":"00:00:00"},{"$f":"IF(RiskRegister[[#This Row],[Risk-Change-Date]]=0,DATE(2030,1,1),RiskRegister[[#This Row],[Risk-Change-Date]])","v":"2030-01-01"},{"$f":"RiskRegister[[#This Row],[Inherent Impact Level]]&\"-\"&RiskRegister[[#This Row],[Inherent Likelihood Level]]","v":"-- Select Impact ----- Select Likelihood --"},{"$f":"RiskRegister[[#This Row],[Residual Impact Level]]&\"-\"&RiskRegister[[#This Row],[Residual Likelihood Level]]","v":"-- Select Impact ----- Select Likelihood --"},"Error",{"$f":"IF(RiskRegister[[#This Row],[Risk Status]]=\"Closed\",RiskRegister[[#This Row],[Residual Impact Level]],RiskRegister[[#This Row],[Inherent Impact Level]])","v":"-- Select Impact --"},{"$f":"IF(RiskRegister[[#This Row],[Risk Status]]=\"Closed\",RiskRegister[[#This Row],[Residual Likelihood Level]],RiskRegister[[#This Row],[Inherent Likelihood Level]])","v":"-- Select Likelihood --"},{"$f":"IF(RiskRegister[[#This Row],[Risk Status]]=\"Closed\",RiskRegister[[#This Row],[Residual-I-L-Combo]],RiskRegister[[#This Row],[Inherent-I-L-Combo]])","v":"-- Select Impact ----- Select Likelihood --"},"-- Error --"]
[248,{"$nulls":5},"-- Select Risk Category --",null,"-- select department --",null,null,"-- Select Impact --",{"$f":"VLOOKUP(RiskRegister[[#This Row],[Inherent Impact Level]],'Rating factors'!$F$4:$G$9,2,FALSE)","v":"--- Error ---"},"-- Select Likelihood --",{"$f":"VLOOKUP(RiskRegister[[#This Row],[Inherent Likelihood Level]],'Rating factors'!$F$16:$G$21,2,FALSE)","v":"--- Error ---"},{"$f":"IFERROR(VLOOKUP(RiskRegister[[#This Row],[Inherent Risk Rating]],'Rating factors'!$F$30:$G$44,2,FALSE),\"-- Error --\")","v":"-- Error --"},{"$f":"IFERROR(RiskRegister[[#This Row],[Inherent Impact Rating]]*RiskRegister[[#This Row],[Inherent Likelihood Rating]],\"-- Error --\")","v":"-- Error --"},"-- Select Risk Response --",null,"-- Select Impact --",{"$f":"VLOOKUP(RiskRegister[[#This Row],[Residual Impact Level]],'Rating factors'!$F$4:$G$9,2,FALSE)","v":"--- Error ---"},"-- Select Likelihood --",{"$f":"VLOOKUP(RiskRegister[[#This Row],[Residual Likelihood Level]],'Rating factors'!$F$16:$G$21,2,FALSE)","v":"--- Error ---"},{"$f":"IFERROR(VLOOKUP(RiskRegister[[#This Row],[Residual Risk Rating]],'Rating factors'!$F$30:$G$44,2,FALSE),\"-- Error --\")","v":"-- Error --"},{"$f":"IFERROR(RiskRegister[[#This Row],[Residual Impact Rating]]*RiskRegister[[#This Row],[Residual Likelihood Rating]],\"-- Error --\")","v":"-- Error --"},"-- Select Risk Status --",{"$nulls":3},{"$f":"IF(ISBLANK(RiskRegister[[#This Row],[Risk Due Date]]), \"Missing Risk Due Date\", IF(RiskRegister[[#This Row],[Risk Due Date]] < TODAY(), \"Overdue\", \"Not Overdue\"))","v":"Missing Risk Due Date"},null,{"$f":"IF(ISBLANK(RiskRegister[[#This Row],[Risk Due Date]]), \"Missing Risk Due Date\", TEXT(RiskRegister[[#This Row],[Risk Due Date]], \"YYYY-MM\"))","v":"Missing Risk Due Date"},{"$f":"IF(RiskRegister[[#This Row],[Created Date]]=\"\",\"Created Date missing\",(TEXT(RiskRegister[[#This Row],[Created Date]],\"mmm\") & \"-\" & YEAR(RiskRegister[[#This Row],[Created Date]])))","v":"Created Date missing"},{"$f":"IF(RiskRegister[[#This Row],[Risk Status]]=\"Closed\",RiskRegister[[#This Row],[Risk Close Date]],RiskRegister[[#This Row],[Risk Due Date]])","v":"00:00:00"},{"$f":"IF(RiskRegister[[#This Row],[Risk-Change-Date]]=0,DATE(2030,1,1),RiskRegister[[#This Row],[Risk-Change-Date]])","v":"2030-01-01"},{"$f":"RiskRegister[[#This Row],[Inherent Impact Level]]&\"-\"&RiskRegister[[#This Row],[Inherent Likelihood Level]]","v":"-- Select Impact ----- Select Likelihood --"},{"$f":"RiskRegister[[#This Row],[Residual Impact Level]]&\"-\"&RiskRegister[[#This Row],[Residual Likelihood Level]]","v":"-- Select Impact ----- Select Likelihood --"},"Error",{"$f":"IF(RiskRegister[[#This Row],[Risk Status]]=\"Closed\",RiskRegister[[#This Row],[Residual Impact Level]],RiskRegister[[#This Row],[Inherent Impact Level]])","v":"-- Select Impact --"},{"$f":"IF(RiskRegister[[#This Row],[Risk Status]]=\"Closed\",RiskRegister[[#This Row],[Residual Likelihood Level]],RiskRegister[[#This Row],[Inherent Likelihood Level]])","v":"-- Select Likelihood --"},{"$f":"IF(RiskRegister[[#This Row],[Risk Status]]=\"Closed\",RiskRegister[[#This Row],[Residual-I-L-Combo]],RiskRegister[[#This Row],[Inherent-I-L-Combo]])","v":"-- Select Impact ----- Select Likelihood --"},"-- Error --"]
[249,{"$nulls":5},"-- Select Risk Category --",null,"-- select department --",null,null,"-- Select Impact --",{"$f":"VLOOKUP(RiskRegister[[#This Row],[Inherent Impact Level]],'Rating factors'!$F$4:$G$9,2,FALSE)","v":"--- Error ---"},"-- Select Likelihood --",{"$f":"VLOOKUP(RiskRegister[[#This Row],[Inherent Likelihood Level]],'Rating factors'!$F$16:$G$21,2,FALSE)","v":"--- Error ---"},{"$f":"IFERROR(VLOOKUP(RiskRegister[[#This Row],[Inherent Risk Rating]],'Rating factors'!$F$30:$G$44,2,FALSE),\"-- Error --\")","v":"-- Error --"},{"$f":"IFERROR(RiskRegister[[#This Row],[Inherent Impact Rating]]*RiskRegister[[#This Row],[Inherent Likelihood Rating]],\"-- Error --\")","v":"-- Error --"},"-- Select Risk Response --",null,"-- Select Impact --",{"$f":"VLOOKUP(RiskRegister[[#This Row],[Residual Impact Level]],'Rating factors'!$F$4:$G$9,2,FALSE)","v":"--- Error ---"},"-- Select Likelihood --",{"$f":"VLOOKUP(RiskRegister[[#This Row],[Residual Likelihood Level]],'Rating factors'!$F$16:$G$21,2,FALSE)","v":"--- Error ---"},{"$f":"IFERROR(VLOOKUP(RiskRegister[[#This Row],[Residual Risk Rating]],'Rating factors'!$F$30:$G$44,2,FALSE),\"-- Error --\")","v":"-- Error --"},{"$f":"IFERROR(RiskRegister[[#This Row],[Residual Impact Rating]]*RiskRegister[[#This Row],[Residual Likelihood Rating]],\"-- Error --\")","v":"-- Error --"},"-- Select Risk Status --",{"$nulls":3},{"$f":"IF(ISBLANK(RiskRegister[[#This Row],[Risk Due Date]]), \"Missing Risk Due Date\", IF(RiskRegister[[#This Row],[Risk Due Date]] < TODAY(), \"Overdue\", \"Not Overdue\"))","v":"Missing Risk Due Date"},null,{"$f":"IF(ISBLANK(RiskRegister[[#This Row],[Risk Due Date]]), \"Missing Risk Due Date\", TEXT(RiskRegister[[#This Row],[Risk Due Date]], \"YYYY-MM\"))","v":"Missing Risk Due Date"},{"$f":"IF(RiskRegister[[#This Row],[Created Date]]=\"\",\"Created Date missing\",(TEXT(RiskRegister[[#This Row],[Created Date]],\"mmm\") & \"-\" & YEAR(RiskRegister[[#This Row],[Created Date]])))","v":"Created Date missing"},{"$f":"IF(RiskRegister[[#This Row],[Risk Status]]=\"Closed\",RiskRegister[[#This Row],[Risk Close Date]],RiskRegister[[#This Row],[Risk Due Date]])","v":"00:00:00"},{"$f":"IF(RiskRegister[[#This Row],[Risk-Change-Date]]=0,DATE(2030,1,1),RiskRegister[[#This Row],[Risk-Change-Date]])","v":"2030-01-01"},{"$f":"RiskRegister[[#This Row],[Inherent Impact Level]]&\"-\"&RiskRegister[[#This Row],[Inherent Likelihood Level]]","v":"-- Select Impact ----- Select Likelihood --"},{"$f":"RiskRegister[[#This Row],[Residual Impact Level]]&\"-\"&RiskRegister[[#This Row],[Residual Likelihood Level]]","v":"-- Select Impact ----- Select Likelihood --"},"Error",{"$f":"IF(RiskRegister[[#This Row],[Risk Status]]=\"Closed\",RiskRegister[[#This Row],[Residual Impact Level]],RiskRegister[[#This Row],[Inherent Impact Level]])","v":"-- Select Impact --"},{"$f":"IF(RiskRegister[[#This Row],[Risk Status]]=\"Closed\",RiskRegister[[#This Row],[Residual Likelihood Level]],RiskRegister[[#This Row],[Inherent Likelihood Level]])","v":"-- Select Likelihood --"},{"$f":"IF(RiskRegister[[#This Row],[Risk Status]]=\"Closed\",RiskRegister[[#This Row],[Residual-I-L-Combo]],RiskRegister[[#This Row],[Inherent-I-L-Combo]])","v":"-- Select Impact ----- Select Likelihood --"},"-- Error --"]
[250,{"$nulls":5},"-- Select Risk Category --",null,"-- select department --",null,null,"-- Select Impact --",{"$f":"VLOOKUP(RiskRegister[[#This Row],[Inherent Impact Level]],'Rating factors'!$F$4:$G$9,2,FALSE)","v":"--- Error ---"},"-- Select Likelihood --",{"$f":"VLOOKUP(RiskRegister[[#This Row],[Inherent Likelihood Level]],'Rating factors'!$F$16:$G$21,2,FALSE)","v":"--- Error ---"},{"$f":"IFERROR(VLOOKUP(RiskRegister[[#This Row],[Inherent Risk Rating]],'Rating factors'!$F$30:$G$44,2,FALSE),\"-- Error --\")","v":"-- Error --"},{"$f":"IFERROR(RiskRegister[[#This Row],[Inherent Impact Rating]]*RiskRegister[[#This Row],[Inherent Likelihood Rating]],\"-- Error --\")","v":"-- Error --"},"-- Select Risk Response --",null,"-- Select Impact --",{"$f":"VLOOKUP(RiskRegister[[#This Row],[Residual Impact Level]],'Rating factors'!$F$4:$G$9,2,FALSE)","v":"--- Error ---"},"-- Select Likelihood --",{"$f":"VLOOKUP(RiskRegister[[#This Row],[Residual Likelihood Level]],'Rating factors'!$F$16:$G$21,2,FALSE)","v":"--- Error ---"},{"$f":"IFERROR(VLOOKUP(RiskRegister[[#This Row],[Residual Risk Rating]],'Rating factors'!$F$30:$G$44,2,FALSE),\"-- Error --\")","v":"-- Error --"},{"$f":"IFERROR(RiskRegister[[#This Row],[Residual Impact Rating]]*RiskRegister[[#This Row],[Residual Likelihood Rating]],\"-- Error --\")","v":"-- Error --"},"-- Select Risk Status --",{"$nulls":3},{"$f":"IF(ISBLANK(RiskRegister[[#This Row],[Risk Due Date]]), \"Missing Risk Due Date\", IF(RiskRegister[[#This Row],[Risk Due Date]] < TODAY(), \"Overdue\", \"Not Overdue\"))","v":"Missing Risk Due Date"},null,{"$f":"IF(ISBLANK(RiskRegister[[#This Row],[Risk Due Date]]), \"Missing Risk Due Date\", TEXT(RiskRegister[[#This Row],[Risk Due Date]], \"YYYY-MM\"))","v":"Missing Risk Due Date"},{"$f":"IF(RiskRegister[[#This Row],[Created Date]]=\"\",\"Created Date missing\",(TEXT(RiskRegister[[#This Row],[Created Date]],\"mmm\") & \"-\" & YEAR(RiskRegister[[#This Row],[Created Date]])))","v":"Created Date missing"},{"$f":"IF(RiskRegister[[#This Row],[Risk Status]]=\"Closed\",RiskRegister[[#This Row],[Risk Close Date]],RiskRegister[[#This Row],[Risk Due Date]])","v":"00:00:00"},{"$f":"IF(RiskRegister[[#This Row],[Risk-Change-Date]]=0,DATE(2030,1,1),RiskRegister[[#This Row],[Risk-Change-Date]])","v":"2030-01-01"},{"$f":"RiskRegister[[#This Row],[Inherent Impact Level]]&\"-\"&RiskRegister[[#This Row],[Inherent Likelihood Level]]","v":"-- Select Impact ----- Select Likelihood --"},{"$f":"RiskRegister[[#This Row],[Residual Impact Level]]&\"-\"&RiskRegister[[#This Row],[Residual Likelihood Level]]","v":"-- Select Impact ----- Select Likelihood --"},"Error",{"$f":"IF(RiskRegister[[#This Row],[Risk Status]]=\"Closed\",RiskRegister[[#This Row],[Residual Impact Level]],RiskRegister[[#This Row],[Inherent Impact Level]])","v":"-- Select Impact --"},{"$f":"IF(RiskRegister[[#This Row],[Risk Status]]=\"Closed\",RiskRegister[[#This Row],[Residual Likelihood Level]],RiskRegister[[#This Row],[Inherent Likelihood Level]])","v":"-- Select Likelihood --"},{"$f":"IF(RiskRegister[[#This Row],[Risk Status]]=\"Closed\",RiskRegister[[#This Row],[Residual-I-L-Combo]],RiskRegister[[#This Row],[Inherent-I-L-Combo]])","v":"-- Select Impact ----- Select Likelihood --"},"-- Error --"]
[251,{"$nulls":5},"-- Select Risk Category --",null,"-- select department --",null,null,"-- Select Impact --",{"$f":"VLOOKUP(RiskRegister[[#This Row],[Inherent Impact Level]],'Rating factors'!$F$4:$G$9,2,FALSE)","v":"--- Error ---"},"-- Select Likelihood --",{"$f":"VLOOKUP(RiskRegister[[#This Row],[Inherent Likelihood Level]],'Rating factors'!$F$16:$G$21,2,FALSE)","v":"--- Error ---"},{"$f":"IFERROR(VLOOKUP(RiskRegister[[#This Row],[Inherent Risk Rating]],'Rating factors'!$F$30:$G$44,2,FALSE),\"-- Error --\")","v":"-- Error --"},{"$f":"IFERROR(RiskRegister[[#This Row],[Inherent Impact Rating]]*RiskRegister[[#This Row],[Inherent Likelihood Rating]],\"-- Error --\")","v":"-- Error --"},"-- Select Risk Response --",null,"-- Select Impact --",{"$f":"VLOOKUP(RiskRegister[[#This Row],[Residual Impact Level]],'Rating factors'!$F$4:$G$9,2,FALSE)","v":"--- Error ---"},"-- Select Likelihood --",{"$f":"VLOOKUP(RiskRegister[[#This Row],[Residual Likelihood Level]],'Rating factors'!$F$16:$G$21,2,FALSE)","v":"--- Error ---"},{"$f":"IFERROR(VLOOKUP(RiskRegister[[#This Row],[Residual Risk Rating]],'Rating factors'!$F$30:$G$44,2,FALSE),\"-- Error --\")","v":"-- Error --"},{"$f":"IFERROR(RiskRegister[[#This Row],[Residual Impact Rating]]*RiskRegister[[#This Row],[Residual Likelihood Rating]],\"-- Error --\")","v":"-- Error --"},"-- Select Risk Status --",{"$nulls":3},{"$f":"IF(ISBLANK(RiskRegister[[#This Row],[Risk Due Date]]), \"Missing Risk Due Date\", IF(RiskRegister[[#This Row],[Risk Due Date]] < TODAY(), \"Overdue\", \"Not Overdue\"))","v":"Missing Risk Due Date"},null,{"$f":"IF(ISBLANK(RiskRegister[[#This Row],[Risk Due Date]]), \"Missing Risk Due Date\", TEXT(RiskRegister[[#This Row],[Risk Due Date]], \"YYYY-MM\"))","v":"Missing Risk Due Date"},{"$f":"IF(RiskRegister[[#This Row],[Created Date]]=\"\",\"Created Date missing\",(TEXT(RiskRegister[[#This Row],[Created Date]],\"mmm\") & \"-\" & YEAR(RiskRegister[[#This Row],[Created Date]])))","v":"Created Date missing"},{"$f":"IF(RiskRegister[[#This Row],[Risk Status]]=\"Closed\",RiskRegister[[#This Row],[Risk Close Date]],RiskRegister[[#This Row],[Risk Due Date]])","v":"00:00:00"},{"$f":"IF(RiskRegister[[#This Row],[Risk-Change-Date]]=0,DATE(2030,1,1),RiskRegister[[#This Row],[Risk-Change-Date]])","v":"2030-01-01"},{"$f":"RiskRegister[[#This Row],[Inherent Impact Level]]&\"-\"&RiskRegister[[#This Row],[Inherent Likelihood Level]]","v":"-- Select Impact ----- Select Likelihood --"},{"$f":"RiskRegister[[#This Row],[Residual Impact Level]]&\"-\"&RiskRegister[[#This Row],[Residual Likelihood Level]]","v":"-- Select Impact ----- Select Likelihood --"},"Error",{"$f":"IF(RiskRegister[[#This Row],[Risk Status]]=\"Closed\",RiskRegister[[#This Row],[Residual Impact Level]],RiskRegister[[#This Row],[Inherent Impact Level]])","v":"-- Select Impact --"},{"$f":"IF(RiskRegister[[#This Row],[Risk Status]]=\"Closed\",RiskRegister[[#This Row],[Residual Likelihood Level]],RiskRegister[[#This Row],[Inherent Likelihood Level]])","v":"-- Select Likelihood --"},{"$f":"IF(RiskRegister[[#This Row],[Risk Status]]=\"Closed\",RiskRegister[[#This Row],[Residual-I-L-Combo]],RiskRegister[[#This Row],[Inherent-I-L-Combo]])","v":"-- Select Impact ----- Select Likelihood --"},"-- Error --"]
[252,{"$nulls":5},"-- Select Risk Category --",null,"-- select department --",null,null,"-- Select Impact --",{"$f":"VLOOKUP(RiskRegister[[#This Row],[Inherent Impact Level]],'Rating factors'!$F$4:$G$9,2,FALSE)","v":"--- Error ---"},"-- Select Likelihood --",{"$f":"VLOOKUP(RiskRegister[[#This Row],[Inherent Likelihood Level]],'Rating factors'!$F$16:$G$21,2,FALSE)","v":"--- Error ---"},{"$f":"IFERROR(VLOOKUP(RiskRegister[[#This Row],[Inherent Risk Rating]],'Rating factors'!$F$30:$G$44,2,FALSE),\"-- Error --\")","v":"-- Error --"},{"$f":"IFERROR(RiskRegister[[#This Row],[Inherent Impact Rating]]*RiskRegister[[#This Row],[Inherent Likelihood Rating]],\"-- Error --\")","v":"-- Error --"},"-- Select Risk Response --",null,"-- Select Impact --",{"$f":"VLOOKUP(RiskRegister[[#This Row],[Residual Impact Level]],'Rating factors'!$F$4:$G$9,2,FALSE)","v":"--- Error ---"},"-- Select Likelihood --",{"$f":"VLOOKUP(RiskRegister[[#This Row],[Residual Likelihood Level]],'Rating factors'!$F$16:$G$21,2,FALSE)","v":"--- Error ---"},{"$f":"IFERROR(VLOOKUP(RiskRegister[[#This Row],[Residual Risk Rating]],'Rating factors'!$F$30:$G$44,2,FALSE),\"-- Error --\")","v":"-- Error --"},{"$f":"IFERROR(RiskRegister[[#This Row],[Residual Impact Rating]]*RiskRegister[[#This Row],[Residual Likelihood Rating]],\"-- Error --\")","v":"-- Error --"},"-- Select Risk Status --",{"$nulls":3},{"$f":"IF(ISBLANK(RiskRegister[[#This Row],[Risk Due Date]]), \"Missing Risk Due Date\", IF(RiskRegister[[#This Row],[Risk Due Date]] < TODAY(), \"Overdue\", \"Not Overdue\"))","v":"Missing Risk Due Date"},null,{"$f":"IF(ISBLANK(RiskRegister[[#This Row],[Risk Due Date]]), \"Missing Risk Due Date\", TEXT(RiskRegister[[#This Row],[Risk Due Date]], \"YYYY-MM\"))","v":"Missing Risk Due Date"},{"$f":"IF(RiskRegister[[#This Row],[Created Date]]=\"\",\"Created Date missing\",(TEXT(RiskRegister[[#This Row],[Created Date]],\"mmm\") & \"-\" & YEAR(RiskRegister[[#This Row],[Created Date]])))","v":"Created Date missing"},{"$f":"IF(RiskRegister[[#This Row],[Risk Status]]=\"Closed\",RiskRegister[[#This Row],[Risk Close Date]],RiskRegister[[#This Row],[Risk Due Date]])","v":"00:00:00"},{"$f":"IF(RiskRegister[[#This Row],[Risk-Change-Date]]=0,DATE(2030,1,1),RiskRegister[[#This Row],[Risk-Change-Date]])","v":"2030-01-01"},{"$f":"RiskRegister[[#This Row],[Inherent Impact Level]]&\"-\"&RiskRegister[[#This Row],[Inherent Likelihood Level]]","v":"-- Select Impact ----- Select Likelihood --"},{"$f":"RiskRegister[[#This Row],[Residual Impact Level]]&\"-\"&RiskRegister[[#This Row],[Residual Likelihood Level]]","v":"-- Select Impact ----- Select Likelihood --"},"Error",{"$f":"IF(RiskRegister[[#This Row],[Risk Status]]=\"Closed\",RiskRegister[[#This Row],[Residual Impact Level]],RiskRegister[[#This Row],[Inherent Impact Level]])","v":"-- Select Impact --"},{"$f":"IF(RiskRegister[[#This Row],[Risk Status]]=\"Closed\",RiskRegister[[#This Row],[Residual Likelihood Level]],RiskRegister[[#This Row],[Inherent Likelihood Level]])","v":"-- Select Likelihood --"},{"$f":"IF(RiskRegister[[#This Row],[Risk Status]]=\"Closed\",RiskRegister[[#This Row],[Residual-I-L-Combo]],RiskRegister[[#This Row],[Inherent-I-L-Combo]])","v":"-- Select Impact ----- Select Likelihood --"},"-- Error --"]
[253,{"$nulls":5},"-- Select Risk Category --",null,"-- select department --",null,null,"-- Select Impact --",{"$f":"VLOOKUP(RiskRegister[[#This Row],[Inherent Impact Level]],'Rating factors'!$F$4:$G$9,2,FALSE)","v":"--- Error ---"},"-- Select Likelihood --",{"$f":"VLOOKUP(RiskRegister[[#This Row],[Inherent Likelihood Level]],'Rating factors'!$F$16:$G$21,2,FALSE)","v":"--- Error ---"},{"$f":"IFERROR(VLOOKUP(RiskRegister[[#This Row],[Inherent Risk Rating]],'Rating factors'!$F$30:$G$44,2,FALSE),\"-- Error --\")","v":"-- Error --"},{"$f":"IFERROR(RiskRegister[[#This Row],[Inherent Impact Rating]]*RiskRegister[[#This Row],[Inherent Likelihood Rating]],\"-- Error --\")","v":"-- Error --"},"-- Select Risk Response --",null,"-- Select Impact --",{"$f":"VLOOKUP(RiskRegister[[#This Row],[Residual Impact Level]],'Rating factors'!$F$4:$G$9,2,FALSE)","v":"--- Error ---"},"-- Select Likelihood --",{"$f":"VLOOKUP(RiskRegister[[#This Row],[Residual Likelihood Level]],'Rating factors'!$F$16:$G$21,2,FALSE)","v":"--- Error ---"},{"$f":"IFERROR(VLOOKUP(RiskRegister[[#This Row],[Residual Risk Rating]],'Rating factors'!$F$30:$G$44,2,FALSE),\"-- Error --\")","v":"-- Error --"},{"$f":"IFERROR(RiskRegister[[#This Row],[Residual Impact Rating]]*RiskRegister[[#This Row],[Residual Likelihood Rating]],\"-- Error --\")","v":"-- Error --"},"-- Select Risk Status --",{"$nulls":3},{"$f":"IF(ISBLANK(RiskRegister[[#This Row],[Risk Due Date]]), \"Missing Risk Due Date\", IF(RiskRegister[[#This Row],[Risk Due Date]] < TODAY(), \"Overdue\", \"Not Overdue\"))","v":"Missing Risk Due Date"},null,{"$f":"IF(ISBLANK(RiskRegister[[#This Row],[Risk Due Date]]), \"Missing Risk Due Date\", TEXT(RiskRegister[[#This Row],[Risk Due Date]], \"YYYY-MM\"))","v":"Missing Risk Due Date"},{"$f":"IF(RiskRegister[[#This Row],[Created Date]]=\"\",\"Created Date missing\",(TEXT(RiskRegister[[#This Row],[Created Date]],\"mmm\") & \"-\" & YEAR(RiskRegister[[#This Row],[Created Date]])))","v":"Created Date missing"},{"$f":"IF(RiskRegister[[#This Row],[Risk Status]]=\"Closed\",RiskRegister[[#This Row],[Risk Close Date]],RiskRegister[[#This Row],[Risk Due Date]])","v":"00:00:00"},{"$f":"IF(RiskRegister[[#This Row],[Risk-Change-Date]]=0,DATE(2030,1,1),RiskRegister[[#This Row],[Risk-Change-Date]])","v":"2030-01-01"},{"$f":"RiskRegister[[#This Row],[Inherent Impact Level]]&\"-\"&RiskRegister[[#This Row],[Inherent Likelihood Level]]","v":"-- Select Impact ----- Select Likelihood --"},{"$f":"RiskRegister[[#This Row],[Residual Impact Level]]&\"-\"&RiskRegister[[#This Row],[Residual Likelihood Level]]","v":"-- Select Impact ----- Select Likelihood --"},"Error",{"$f":"IF(RiskRegister[[#This Row],[Risk Status]]=\"Closed\",RiskRegister[[#This Row],[Residual Impact Level]],RiskRegister[[#This Row],[Inherent Impact Level]])","v":"-- Select Impact --"},{"$f":"IF(RiskRegister[[#This Row],[Risk Status]]=\"Closed\",RiskRegister[[#This Row],[Residual Likelihood Level]],RiskRegister[[#This Row],[Inherent Likelihood Level]])","v":"-- Select Likelihood --"},{"$f":"IF(RiskRegister[[#This Row],[Risk Status]]=\"Closed\",RiskRegister[[#This Row],[Residual-I-L-Combo]],RiskRegister[[#This Row],[Inherent-I-L-Combo]])","v":"-- Select Impact ----- Select Likelihood --"},"-- Error --"]
[254,{"$nulls":5},"-- Select Risk Category --",null,"-- select department --",null,null,"-- Select Impact --",{"$f":"VLOOKUP(RiskRegister[[#This Row],[Inherent Impact Level]],'Rating factors'!$F$4:$G$9,2,FALSE)","v":"--- Error ---"},"-- Select Likelihood --",{"$f":"VLOOKUP(RiskRegister[[#This Row],[Inherent Likelihood Level]],'Rating factors'!$F$16:$G$21,2,FALSE)","v":"--- Error ---"},{"$f":"IFERROR(VLOOKUP(RiskRegister[[#This Row],[Inherent Risk Rating]],'Rating factors'!$F$30:$G$44,2,FALSE),\"-- Error --\")","v":"-- Error --"},{"$f":"IFERROR(RiskRegister[[#This Row],[Inherent Impact Rating]]*RiskRegister[[#This Row],[Inherent Likelihood Rating]],\"-- Error --\")","v":"-- Error --"},"-- Select Risk Response --",null,"-- Select Impact --",{"$f":"VLOOKUP(RiskRegister[[#This Row],[Residual Impact Level]],'Rating factors'!$F$4:$G$9,2,FALSE)","v":"--- Error ---"},"-- Select Likelihood --",{"$f":"VLOOKUP(RiskRegister[[#This Row],[Residual Likelihood Level]],'Rating factors'!$F$16:$G$21,2,FALSE)","v":"--- Error ---"},{"$f":"IFERROR(VLOOKUP(RiskRegister[[#This Row],[Residual Risk Rating]],'Rating factors'!$F$30:$G$44,2,FALSE),\"-- Error --\")","v":"-- Error --"},{"$f":"IFERROR(RiskRegister[[#This Row],[Residual Impact Rating]]*RiskRegister[[#This Row],[Residual Likelihood Rating]],\"-- Error --\")","v":"-- Error --"},"-- Select Risk Status --",{"$nulls":3},{"$f":"IF(ISBLANK(RiskRegister[[#This Row],[Risk Due Date]]), \"Missing Risk Due Date\", IF(RiskRegister[[#This Row],[Risk Due Date]] < TODAY(), \"Overdue\", \"Not Overdue\"))","v":"Missing Risk Due Date"},null,{"$f":"IF(ISBLANK(RiskRegister[[#This Row],[Risk Due Date]]), \"Missing Risk Due Date\", TEXT(RiskRegister[[#This Row],[Risk Due Date]], \"YYYY-MM\"))","v":"Missing Risk Due Date"},{"$f":"IF(RiskRegister[[#This Row],[Created Date]]=\"\",\"Created Date missing\",(TEXT(RiskRegister[[#This Row],[Created Date]],\"mmm\") & \"-\" & YEAR(RiskRegister[[#This Row],[Created Date]])))","v":"Created Date missing"},{"$f":"IF(RiskRegister[[#This Row],[Risk Status]]=\"Closed\",RiskRegister[[#This Row],[Risk Close Date]],RiskRegister[[#This Row],[Risk Due Date]])","v":"00:00:00"},{"$f":"IF(RiskRegister[[#This Row],[Risk-Change-Date]]=0,DATE(2030,1,1),RiskRegister[[#This Row],[Risk-Change-Date]])","v":"2030-01-01"},{"$f":"RiskRegister[[#This Row],[Inherent Impact Level]]&\"-\"&RiskRegister[[#This Row],[Inherent Likelihood Level]]","v":"-- Select Impact ----- Select Likelihood --"},{"$f":"RiskRegister[[#This Row],[Residual Impact Level]]&\"-\"&RiskRegister[[#This Row],[Residual Likelihood Level]]","v":"-- Select Impact ----- Select Likelihood --"},"Error",{"$f":"IF(RiskRegister[[#This Row],[Risk Status]]=\"Closed\",RiskRegister[[#This Row],[Residual Impact Level]],RiskRegister[[#This Row],[Inherent Impact Level]])","v":"-- Select Impact --"},{"$f":"IF(RiskRegister[[#This Row],[Risk Status]]=\"Closed\",RiskRegister[[#This Row],[Residual Likelihood Level]],RiskRegister[[#This Row],[Inherent Likelihood Level]])","v":"-- Select Likelihood --"},{"$f":"IF(RiskRegister[[#This Row],[Risk Status]]=\"Closed\",RiskRegister[[#This Row],[Residual-I-L-Combo]],RiskRegister[[#This Row],[Inherent-I-L-Combo]])","v":"-- Select Impact ----- Select Likelihood --"},"-- Error --"]
[255,{"$nulls":5},"-- Select Risk Category --",null,"-- select department --",null,null,"-- Select Impact --",{"$f":"VLOOKUP(RiskRegister[[#This Row],[Inherent Impact Level]],'Rating factors'!$F$4:$G$9,2,FALSE)","v":"--- Error ---"},"-- Select Likelihood --",{"$f":"VLOOKUP(RiskRegister[[#This Row],[Inherent Likelihood Level]],'Rating factors'!$F$16:$G$21,2,FALSE)","v":"--- Error ---"},{"$f":"IFERROR(VLOOKUP(RiskRegister[[#This Row],[Inherent Risk Rating]],'Rating factors'!$F$30:$G$44,2,FALSE),\"-- Error --\")","v":"-- Error --"},{"$f":"IFERROR(RiskRegister[[#This Row],[Inherent Impact Rating]]*RiskRegister[[#This Row],[Inherent Likelihood Rating]],\"-- Error --\")","v":"-- Error --"},"-- Select Risk Response --",null,"-- Select Impact --",{"$f":"VLOOKUP(RiskRegister[[#This Row],[Residual Impact Level]],'Rating factors'!$F$4:$G$9,2,FALSE)","v":"--- Error ---"},"-- Select Likelihood --",{"$f":"VLOOKUP(RiskRegister[[#This Row],[Residual Likelihood Level]],'Rating factors'!$F$16:$G$21,2,FALSE)","v":"--- Error ---"},{"$f":"IFERROR(VLOOKUP(RiskRegister[[#This Row],[Residual Risk Rating]],'Rating factors'!$F$30:$G$44,2,FALSE),\"-- Error --\")","v":"-- Error --"},{"$f":"IFERROR(RiskRegister[[#This Row],[Residual Impact Rating]]*RiskRegister[[#This Row],[Residual Likelihood Rating]],\"-- Error --\")","v":"-- Error --"},"-- Select Risk Status --",{"$nulls":3},{"$f":"IF(ISBLANK(RiskRegister[[#This Row],[Risk Due Date]]), \"Missing Risk Due Date\", IF(RiskRegister[[#This Row],[Risk Due Date]] < TODAY(), \"Overdue\", \"Not Overdue\"))","v":"Missing Risk Due Date"},null,{"$f":"IF(ISBLANK(RiskRegister[[#This Row],[Risk Due Date]]), \"Missing Risk Due Date\", TEXT(RiskRegister[[#This Row],[Risk Due Date]], \"YYYY-MM\"))","v":"Missing Risk Due Date"},{"$f":"IF(RiskRegister[[#This Row],[Created Date]]=\"\",\"Created Date missing\",(TEXT(RiskRegister[[#This Row],[Created Date]],\"mmm\") & \"-\" & YEAR(RiskRegister[[#This Row],[Created Date]])))","v":"Created Date missing"},{"$f":"IF(RiskRegister[[#This Row],[Risk Status]]=\"Closed\",RiskRegister[[#This Row],[Risk Close Date]],RiskRegister[[#This Row],[Risk Due Date]])","v":"00:00:00"},{"$f":"IF(RiskRegister[[#This Row],[Risk-Change-Date]]=0,DATE(2030,1,1),RiskRegister[[#This Row],[Risk-Change-Date]])","v":"2030-01-01"},{"$f":"RiskRegister[[#This Row],[Inherent Impact Level]]&\"-\"&RiskRegister[[#This Row],[Inherent Likelihood Level]]","v":"-- Select Impact ----- Select Likelihood --"},{"$f":"RiskRegister[[#This Row],[Residual Impact Level]]&\"-\"&RiskRegister[[#This Row],[Residual Likelihood Level]]","v":"-- Select Impact ----- Select Likelihood --"},"Error",{"$f":"IF(RiskRegister[[#This Row],[Risk Status]]=\"Closed\",RiskRegister[[#This Row],[Residual Impact Level]],RiskRegister[[#This Row],[Inherent Impact Level]])","v":"-- Select Impact --"},{"$f":"IF(RiskRegister[[#This Row],[Risk Status]]=\"Closed\",RiskRegister[[#This Row],[Residual Likelihood Level]],RiskRegister[[#This Row],[Inherent Likelihood Level]])","v":"-- Select Likelihood --"},{"$f":"IF(RiskRegister[[#This Row],[Risk Status]]=\"Closed\",RiskRegister[[#This Row],[Residual-I-L-Combo]],RiskRegister[[#This Row],[Inherent-I-L-Combo]])","v":"-- Select Impact ----- Select Likelihood --"},"-- Error --"]
[256,{"$nulls":5},"-- Select Risk Category --",null,"-- select department --",null,null,"-- Select Impact --",{"$f":"VLOOKUP(RiskRegister[[#This Row],[Inherent Impact Level]],'Rating factors'!$F$4:$G$9,2,FALSE)","v":"--- Error ---"},"-- Select Likelihood --",{"$f":"VLOOKUP(RiskRegister[[#This Row],[Inherent Likelihood Level]],'Rating factors'!$F$16:$G$21,2,FALSE)","v":"--- Error ---"},{"$f":"IFERROR(VLOOKUP(RiskRegister[[#This Row],[Inherent Risk Rating]],'Rating factors'!$F$30:$G$44,2,FALSE),\"-- Error --\")","v":"-- Error --"},{"$f":"IFERROR(RiskRegister[[#This Row],[Inherent Impact Rating]]*RiskRegister[[#This Row],[Inherent Likelihood Rating]],\"-- Error --\")","v":"-- Error --"},"-- Select Risk Response --",null,"-- Select Impact --",{"$f":"VLOOKUP(RiskRegister[[#This Row],[Residual Impact Level]],'Rating factors'!$F$4:$G$9,2,FALSE)","v":"--- Error ---"},"-- Select Likelihood --",{"$f":"VLOOKUP(RiskRegister[[#This Row],[Residual Likelihood Level]],'Rating factors'!$F$16:$G$21,2,FALSE)","v":"--- Error ---"},{"$f":"IFERROR(VLOOKUP(RiskRegister[[#This Row],[Residual Risk Rating]],'Rating factors'!$F$30:$G$44,2,FALSE),\"-- Error --\")","v":"-- Error --"},{"$f":"IFERROR(RiskRegister[[#This Row],[Residual Impact Rating]]*RiskRegister[[#This Row],[Residual Likelihood Rating]],\"-- Error --\")","v":"-- Error --"},"-- Select Risk Status --",{"$nulls":3},{"$f":"IF(ISBLANK(RiskRegister[[#This Row],[Risk Due Date]]), \"Missing Risk Due Date\", IF(RiskRegister[[#This Row],[Risk Due Date]] < TODAY(), \"Overdue\", \"Not Overdue\"))","v":"Missing Risk Due Date"},null,{"$f":"IF(ISBLANK(RiskRegister[[#This Row],[Risk Due Date]]), \"Missing Risk Due Date\", TEXT(RiskRegister[[#This Row],[Risk Due Date]], \"YYYY-MM\"))","v":"Missing Risk Due Date"},{"$f":"IF(RiskRegister[[#This Row],[Created Date]]=\"\",\"Created Date missing\",(TEXT(RiskRegister[[#This Row],[Created Date]],\"mmm\") & \"-\" & YEAR(RiskRegister[[#This Row],[Created Date]])))","v":"Created Date missing"},{"$f":"IF(RiskRegister[[#This Row],[Risk Status]]=\"Closed\",RiskRegister[[#This Row],[Risk Close Date]],RiskRegister[[#This Row],[Risk Due Date]])","v":"00:00:00"},{"$f":"IF(RiskRegister[[#This Row],[Risk-Change-Date]]=0,DATE(2030,1,1),RiskRegister[[#This Row],[Risk-Change-Date]])","v":"2030-01-01"},{"$f":"RiskRegister[[#This Row],[Inherent Impact Level]]&\"-\"&RiskRegister[[#This Row],[Inherent Likelihood Level]]","v":"-- Select Impact ----- Select Likelihood --"},{"$f":"RiskRegister[[#This Row],[Residual Impact Level]]&\"-\"&RiskRegister[[#This Row],[Residual Likelihood Level]]","v":"-- Select Impact ----- Select Likelihood --"},"Error",{"$f":"IF(RiskRegister[[#This Row],[Risk Status]]=\"Closed\",RiskRegister[[#This Row],[Residual Impact Level]],RiskRegister[[#This Row],[Inherent Impact Level]])","v":"-- Select Impact --"},{"$f":"IF(RiskRegister[[#This Row],[Risk Status]]=\"Closed\",RiskRegister[[#This Row],[Residual Likelihood Level]],RiskRegister[[#This Row],[Inherent Likelihood Level]])","v":"-- Select Likelihood --"},{"$f":"IF(RiskRegister[[#This Row],[Risk Status]]=\"Closed\",RiskRegister[[#This Row],[Residual-I-L-Combo]],RiskRegister[[#This Row],[Inherent-I-L-Combo]])","v":"-- Select Impact ----- Select Likelihood --"},"-- Error --"]
[257,{"$nulls":5},"-- Select Risk Category --",null,"-- select department --",null,null,"-- Select Impact --",{"$f":"VLOOKUP(RiskRegister[[#This Row],[Inherent Impact Level]],'Rating factors'!$F$4:$G$9,2,FALSE)","v":"--- Error ---"},"-- Select Likelihood --",{"$f":"VLOOKUP(RiskRegister[[#This Row],[Inherent Likelihood Level]],'Rating factors'!$F$16:$G$21,2,FALSE)","v":"--- Error ---"},{"$f":"IFERROR(VLOOKUP(RiskRegister[[#This Row],[Inherent Risk Rating]],'Rating factors'!$F$30:$G$44,2,FALSE),\"-- Error --\")","v":"-- Error --"},{"$f":"IFERROR(RiskRegister[[#This Row],[Inherent Impact Rating]]*RiskRegister[[#This Row],[Inherent Likelihood Rating]],\"-- Error --\")","v":"-- Error --"},"-- Select Risk Response --",null,"-- Select Impact --",{"$f":"VLOOKUP(RiskRegister[[#This Row],[Residual Impact Level]],'Rating factors'!$F$4:$G$9,2,FALSE)","v":"--- Error ---"},"-- Select Likelihood --",{"$f":"VLOOKUP(RiskRegister[[#This Row],[Residual Likelihood Level]],'Rating factors'!$F$16:$G$21,2,FALSE)","v":"--- Error ---"},{"$f":"IFERROR(VLOOKUP(RiskRegister[[#This Row],[Residual Risk Rating]],'Rating factors'!$F$30:$G$44,2,FALSE),\"-- Error --\")","v":"-- Error --"},{"$f":"IFERROR(RiskRegister[[#This Row],[Residual Impact Rating]]*RiskRegister[[#This Row],[Residual Likelihood Rating]],\"-- Error --\")","v":"-- Error --"},"-- Select Risk Status --",{"$nulls":3},{"$f":"IF(ISBLANK(RiskRegister[[#This Row],[Risk Due Date]]), \"Missing Risk Due Date\", IF(RiskRegister[[#This Row],[Risk Due Date]] < TODAY(), \"Overdue\", \"Not Overdue\"))","v":"Missing Risk Due Date"},null,{"$f":"IF(ISBLANK(RiskRegister[[#This Row],[Risk Due Date]]), \"Missing Risk Due Date\", TEXT(RiskRegister[[#This Row],[Risk Due Date]], \"YYYY-MM\"))","v":"Missing Risk Due Date"},{"$f":"IF(RiskRegister[[#This Row],[Created Date]]=\"\",\"Created Date missing\",(TEXT(RiskRegister[[#This Row],[Created Date]],\"mmm\") & \"-\" & YEAR(RiskRegister[[#This Row],[Created Date]])))","v":"Created Date missing"},{"$f":"IF(RiskRegister[[#This Row],[Risk Status]]=\"Closed\",RiskRegister[[#This Row],[Risk Close Date]],RiskRegister[[#This Row],[Risk Due Date]])","v":"00:00:00"},{"$f":"IF(RiskRegister[[#This Row],[Risk-Change-Date]]=0,DATE(2030,1,1),RiskRegister[[#This Row],[Risk-Change-Date]])","v":"2030-01-01"},{"$f":"RiskRegister[[#This Row],[Inherent Impact Level]]&\"-\"&RiskRegister[[#This Row],[Inherent Likelihood Level]]","v":"-- Select Impact ----- Select Likelihood --"},{"$f":"RiskRegister[[#This Row],[Residual Impact Level]]&\"-\"&RiskRegister[[#This Row],[Residual Likelihood Level]]","v":"-- Select Impact ----- Select Likelihood --"},{"$f":"IF(OR(R260=\"-- Select Risk Response --\", Z260=\"-- Select Risk Status --\"), \"Error\", IF(AND(Z260=\"Closed\", R260=\"Mitigate\"), \"Yes\", \"No\"))","v":"Error"},{"$f":"IF(RiskRegister[[#This Row],[Risk Status]]=\"Closed\",RiskRegister[[#This Row],[Residual Impact Level]],RiskRegister[[#This Row],[Inherent Impact Level]])","v":"-- Select Impact --"},{"$f":"IF(RiskRegister[[#This Row],[Risk Status]]=\"Closed\",RiskRegister[[#This Row],[Residual Likelihood Level]],RiskRegister[[#This Row],[Inherent Likelihood Level]])","v":"-- Select Likelihood --"},{"$f":"IF(RiskRegister[[#This Row],[Risk Status]]=\"Closed\",RiskRegister[[#This Row],[Residual-I-L-Combo]],RiskRegister[[#This Row],[Inherent-I-L-Combo]])","v":"-- Select Impact ----- Select Likelihood --"},{"$f":"IF(Z260=\"Closed\", X260, P260)","v":"-- Error --"}]
[258,{"$nulls":5},"-- Select Risk Category --",null,"-- select department --",null,null,"-- Select Impact --",{"$f":"VLOOKUP(RiskRegister[[#This Row],[Inherent Impact Level]],'Rating factors'!$F$4:$G$9,2,FALSE)","v":"--- Error ---"},"-- Select Likelihood --",{"$f":"VLOOKUP(RiskRegister[[#This Row],[Inherent Likelihood Level]],'Rating factors'!$F$16:$G$21,2,FALSE)","v":"--- Error ---"},{"$f":"IFERROR(VLOOKUP(RiskRegister[[#This Row],[Inherent Risk Rating]],'Rating factors'!$F$30:$G$44,2,FALSE),\"-- Error --\")","v":"-- Error --"},{"$f":"IFERROR(RiskRegister[[#This Row],[Inherent Impact Rating]]*RiskRegister[[#This Row],[Inherent Likelihood Rating]],\"-- Error --\")","v":"-- Error --"},"-- Select Risk Response --",null,"-- Select Impact --",{"$f":"VLOOKUP(RiskRegister[[#This Row],[Residual Impact Level]],'Rating factors'!$F$4:$G$9,2,FALSE)","v":"--- Error ---"},"-- Select Likelihood --",{"$f":"VLOOKUP(RiskRegister[[#This Row],[Residual Likelihood Level]],'Rating factors'!$F$16:$G$21,2,FALSE)","v":"--- Error ---"},{"$f":"IFERROR(VLOOKUP(RiskRegister[[#This Row],[Residual Risk Rating]],'Rating factors'!$F$30:$G$44,2,FALSE),\"-- Error --\")","v":"-- Error --"},{"$f":"IFERROR(RiskRegister[[#This Row],[Residual Impact Rating]]*RiskRegister[[#This Row],[Residual Likelihood Rating]],\"-- Error --\")","v":"-- Error --"},"-- Select Risk Status --",{"$nulls":3},{"$f":"IF(ISBLANK(RiskRegister[[#This Row],[Risk Due Date]]), \"Missing Risk Due Date\", IF(RiskRegister[[#This Row],[Risk Due Date]] < TODAY(), \"Overdue\", \"Not Overdue\"))","v":"Missing Risk Due Date"},null,{"$f":"IF(ISBLANK(RiskRegister[[#This Row],[Risk Due Date]]), \"Missing Risk Due Date\", TEXT(RiskRegister[[#This Row],[Risk Due Date]], \"YYYY-MM\"))","v":"Missing Risk Due Date"},{"$f":"IF(RiskRegister[[#This Row],[Created Date]]=\"\",\"Created Date missing\",(TEXT(RiskRegister[[#This Row],[Created Date]],\"mmm\") & \"-\" & YEAR(RiskRegister[[#This Row],[Created Date]])))","v":"Created Date missing"},{"$f":"IF(RiskRegister[[#This Row],[Risk Status]]=\"Closed\",RiskRegister[[#This Row],[Risk Close Date]],RiskRegister[[#This Row],[Risk Due Date]])","v":"00:00:00"},{"$f":"IF(RiskRegister[[#This Row],[Risk-Change-Date]]=0,DATE(2030,1,1),RiskRegister[[#This Row],[Risk-Change-Date]])","v":"2030-01-01"},{"$f":"RiskRegister[[#This Row],[Inherent Impact Level]]&\"-\"&RiskRegister[[#This Row],[Inherent Likelihood Level]]","v":"-- Select Impact ----- Select Likelihood --"},{"$f":"RiskRegister[[#This Row],[Residual Impact Level]]&\"-\"&RiskRegister[[#This Row],[Residual Likelihood Level]]","v":"-- Select Impact ----- Select Likelihood --"},"Error",{"$f":"IF(RiskRegister[[#This Row],[Risk Status]]=\"Closed\",RiskRegister[[#This Row],[Residual Impact Level]],RiskRegister[[#This Row],[Inherent Impact Level]])","v":"-- Select Impact --"},{"$f":"IF(RiskRegister[[#This Row],[Risk Status]]=\"Closed\",RiskRegister[[#This Row],[Residual Likelihood Level]],RiskRegister[[#This Row],[Inherent Likelihood Level]])","v":"-- Select Likelihood --"},{"$f":"IF(RiskRegister[[#This Row],[Risk Status]]=\"Closed\",RiskRegister[[#This Row],[Residual-I-L-Combo]],RiskRegister[[#This Row],[Inherent-I-L-Combo]])","v":"-- Select Impact ----- Select Likelihood --"},"-- Error --"]
[259,{"$nulls":5},"-- Select Risk Category --",null,"-- select department --",null,null,"-- Select Impact --",{"$f":"VLOOKUP(RiskRegister[[#This Row],[Inherent Impact Level]],'Rating factors'!$F$4:$G$9,2,FALSE)","v":"--- Error ---"},"-- Select Likelihood --",{"$f":"VLOOKUP(RiskRegister[[#This Row],[Inherent Likelihood Level]],'Rating factors'!$F$16:$G$21,2,FALSE)","v":"--- Error ---"},{"$f":"IFERROR(VLOOKUP(RiskRegister[[#This Row],[Inherent Risk Rating]],'Rating factors'!$F$30:$G$44,2,FALSE),\"-- Error --\")","v":"-- Error --"},{"$f":"IFERROR(RiskRegister[[#This Row],[Inherent Impact Rating]]*RiskRegister[[#This Row],[Inherent Likelihood Rating]],\"-- Error --\")","v":"-- Error --"},"-- Select Risk Response --",null,"-- Select Impact --",{"$f":"VLOOKUP(RiskRegister[[#This Row],[Residual Impact Level]],'Rating factors'!$F$4:$G$9,2,FALSE)","v":"--- Error ---"},"-- Select Likelihood --",{"$f":"VLOOKUP(RiskRegister[[#This Row],[Residual Likelihood Level]],'Rating factors'!$F$16:$G$21,2,FALSE)","v":"--- Error ---"},{"$f":"IFERROR(VLOOKUP(RiskRegister[[#This Row],[Residual Risk Rating]],'Rating factors'!$F$30:$G$44,2,FALSE),\"-- Error --\")","v":"-- Error --"},{"$f":"IFERROR(RiskRegister[[#This Row],[Residual Impact Rating]]*RiskRegister[[#This Row],[Residual Likelihood Rating]],\"-- Error --\")","v":"-- Error --"},"-- Select Risk Status --",{"$nulls":3},{"$f":"IF(ISBLANK(RiskRegister[[#This Row],[Risk Due Date]]), \"Missing Risk Due Date\", IF(RiskRegister[[#This Row],[Risk Due Date]] < TODAY(), \"Overdue\", \"Not Overdue\"))","v":"Missing Risk Due Date"},null,{"$f":"IF(ISBLANK(RiskRegister[[#This Row],[Risk Due Date]]), \"Missing Risk Due Date\", TEXT(RiskRegister[[#This Row],[Risk Due Date]], \"YYYY-MM\"))","v":"Missing Risk Due Date"},{"$f":"IF(RiskRegister[[#This Row],[Created Date]]=\"\",\"Created Date missing\",(TEXT(RiskRegister[[#This Row],[Created Date]],\"mmm\") & \"-\" & YEAR(RiskRegister[[#This Row],[Created Date]])))","v":"Created Date missing"},{"$f":"IF(RiskRegister[[#This Row],[Risk Status]]=\"Closed\",RiskRegister[[#This Row],[Risk Close Date]],RiskRegister[[#This Row],[Risk Due Date]])","v":"00:00:00"},{"$f":"IF(RiskRegister[[#This Row],[Risk-Change-Date]]=0,DATE(2030,1,1),RiskRegister[[#This Row],[Risk-Change-Date]])","v":"2030-01-01"},{"$f":"RiskRegister[[#This Row],[Inherent Impact Level]]&\"-\"&RiskRegister[[#This Row],[Inherent Likelihood Level]]","v":"-- Select Impact ----- Select Likelihood --"},{"$f":"RiskRegister[[#This Row],[Residual Impact Level]]&\"-\"&RiskRegister[[#This Row],[Residual Likelihood Level]]","v":"-- Select Impact ----- Select Likelihood --"},"Error",{"$f":"IF(RiskRegister[[#This Row],[Risk Status]]=\"Closed\",RiskRegister[[#This Row],[Residual Impact Level]],RiskRegister[[#This Row],[Inherent Impact Level]])","v":"-- Select Impact --"},{"$f":"IF(RiskRegister[[#This Row],[Risk Status]]=\"Closed\",RiskRegister[[#This Row],[Residual Likelihood Level]],RiskRegister[[#This Row],[Inherent Likelihood Level]])","v":"-- Select Likelihood --"},{"$f":"IF(RiskRegister[[#This Row],[Risk Status]]=\"Closed\",RiskRegister[[#This Row],[Residual-I-L-Combo]],RiskRegister[[#This Row],[Inherent-I-L-Combo]])","v":"-- Select Impact ----- Select Likelihood --"},"-- Error --"]
[260,{"$nulls":5},"-- Select Risk Category --",null,"-- select department --",null,null,"-- Select Impact --",{"$f":"VLOOKUP(RiskRegister[[#This Row],[Inherent Impact Level]],'Rating factors'!$F$4:$G$9,2,FALSE)","v":"--- Error ---"},"-- Select Likelihood --",{"$f":"VLOOKUP(RiskRegister[[#This Row],[Inherent Likelihood Level]],'Rating factors'!$F$16:$G$21,2,FALSE)","v":"--- Error ---"},{"$f":"IFERROR(VLOOKUP(RiskRegister[[#This Row],[Inherent Risk Rating]],'Rating factors'!$F$30:$G$44,2,FALSE),\"-- Error --\")","v":"-- Error --"},{"$f":"IFERROR(RiskRegister[[#This Row],[Inherent Impact Rating]]*RiskRegister[[#This Row],[Inherent Likelihood Rating]],\"-- Error --\")","v":"-- Error --"},"-- Select Risk Response --",null,"-- Select Impact --",{"$f":"VLOOKUP(RiskRegister[[#This Row],[Residual Impact Level]],'Rating factors'!$F$4:$G$9,2,FALSE)","v":"--- Error ---"},"-- Select Likelihood --",{"$f":"VLOOKUP(RiskRegister[[#This Row],[Residual Likelihood Level]],'Rating factors'!$F$16:$G$21,2,FALSE)","v":"--- Error ---"},{"$f":"IFERROR(VLOOKUP(RiskRegister[[#This Row],[Residual Risk Rating]],'Rating factors'!$F$30:$G$44,2,FALSE),\"-- Error --\")","v":"-- Error --"},{"$f":"IFERROR(RiskRegister[[#This Row],[Residual Impact Rating]]*RiskRegister[[#This Row],[Residual Likelihood Rating]],\"-- Error --\")","v":"-- Error --"},"-- Select Risk Status --",{"$nulls":3},{"$f":"IF(ISBLANK(RiskRegister[[#This Row],[Risk Due Date]]), \"Missing Risk Due Date\", IF(RiskRegister[[#This Row],[Risk Due Date]] < TODAY(), \"Overdue\", \"Not Overdue\"))","v":"Missing Risk Due Date"},null,{"$f":"IF(ISBLANK(RiskRegister[[#This Row],[Risk Due Date]]), \"Missing Risk Due Date\", TEXT(RiskRegister[[#This Row],[Risk Due Date]], \"YYYY-MM\"))","v":"Missing Risk Due Date"},{"$f":"IF(RiskRegister[[#This Row],[Created Date]]=\"\",\"Created Date missing\",(TEXT(RiskRegister[[#This Row],[Created Date]],\"mmm\") & \"-\" & YEAR(RiskRegister[[#This Row],[Created Date]])))","v":"Created Date missing"},{"$f":"IF(RiskRegister[[#This Row],[Risk Status]]=\"Closed\",RiskRegister[[#This Row],[Risk Close Date]],RiskRegister[[#This Row],[Risk Due Date]])","v":"00:00:00"},{"$f":"IF(RiskRegister[[#This Row],[Risk-Change-Date]]=0,DATE(2030,1,1),RiskRegister[[#This Row],[Risk-Change-Date]])","v":"2030-01-01"},{"$f":"RiskRegister[[#This Row],[Inherent Impact Level]]&\"-\"&RiskRegister[[#This Row],[Inherent Likelihood Level]]","v":"-- Select Impact ----- Select Likelihood --"},{"$f":"RiskRegister[[#This Row],[Residual Impact Level]]&\"-\"&RiskRegister[[#This Row],[Residual Likelihood Level]]","v":"-- Select Impact ----- Select Likelihood --"},"Error",{"$f":"IF(RiskRegister[[#This Row],[Risk Status]]=\"Closed\",RiskRegister[[#This Row],[Residual Impact Level]],RiskRegister[[#This Row],[Inherent Impact Level]])","v":"-- Select Impact --"},{"$f":"IF(RiskRegister[[#This Row],[Risk Status]]=\"Closed\",RiskRegister[[#This Row],[Residual Likelihood Level]],RiskRegister[[#This Row],[Inherent Likelihood Level]])","v":"-- Select Likelihood --"},{"$f":"IF(RiskRegister[[#This Row],[Risk Status]]=\"Closed\",RiskRegister[[#This Row],[Residual-I-L-Combo]],RiskRegister[[#This Row],[Inherent-I-L-Combo]])","v":"-- Select Impact ----- Select Likelihood --"},"-- Error --"]
[261,{"$nulls":5},"-- Select Risk Category --",null,"-- select department --",null,null,"-- Select Impact --",{"$f":"VLOOKUP(RiskRegister[[#This Row],[Inherent Impact Level]],'Rating factors'!$F$4:$G$9,2,FALSE)","v":"--- Error ---"},"-- Select Likelihood --",{"$f":"VLOOKUP(RiskRegister[[#This Row],[Inherent Likelihood Level]],'Rating factors'!$F$16:$G$21,2,FALSE)","v":"--- Error ---"},{"$f":"IFERROR(VLOOKUP(RiskRegister[[#This Row],[Inherent Risk Rating]],'Rating factors'!$F$30:$G$44,2,FALSE),\"-- Error --\")","v":"-- Error --"},{"$f":"IFERROR(RiskRegister[[#This Row],[Inherent Impact Rating]]*RiskRegister[[#This Row],[Inherent Likelihood Rating]],\"-- Error --\")","v":"-- Error --"},"-- Select Risk Response --",null,"-- Select Impact --",{"$f":"VLOOKUP(RiskRegister[[#This Row],[Residual Impact Level]],'Rating factors'!$F$4:$G$9,2,FALSE)","v":"--- Error ---"},"-- Select Likelihood --",{"$f":"VLOOKUP(RiskRegister[[#This Row],[Residual Likelihood Level]],'Rating factors'!$F$16:$G$21,2,FALSE)","v":"--- Error ---"},{"$f":"IFERROR(VLOOKUP(RiskRegister[[#This Row],[Residual Risk Rating]],'Rating factors'!$F$30:$G$44,2,FALSE),\"-- Error --\")","v":"-- Error --"},{"$f":"IFERROR(RiskRegister[[#This Row],[Residual Impact Rating]]*RiskRegister[[#This Row],[Residual Likelihood Rating]],\"-- Error --\")","v":"-- Error --"},"-- Select Risk Status --",{"$nulls":3},{"$f":"IF(ISBLANK(RiskRegister[[#This Row],[Risk Due Date]]), \"Missing Risk Due Date\", IF(RiskRegister[[#This Row],[Risk Due Date]] < TODAY(), \"Overdue\", \"Not Overdue\"))","v":"Missing Risk Due Date"},null,{"$f":"IF(ISBLANK(RiskRegister[[#This Row],[Risk Due Date]]), \"Missing Risk Due Date\", TEXT(RiskRegister[[#This Row],[Risk Due Date]], \"YYYY-MM\"))","v":"Missing Risk Due Date"},{"$f":"IF(RiskRegister[[#This Row],[Created Date]]=\"\",\"Created Date missing\",(TEXT(RiskRegister[[#This Row],[Created Date]],\"mmm\") & \"-\" & YEAR(RiskRegister[[#This Row],[Created Date]])))","v":"Created Date missing"},{"$f":"IF(RiskRegister[[#This Row],[Risk Status]]=\"Closed\",RiskRegister[[#This Row],[Risk Close Date]],RiskRegister[[#This Row],[Risk Due Date]])","v":"00:00:00"},{"$f":"IF(RiskRegister[[#This Row],[Risk-Change-Date]]=0,DATE(2030,1,1),RiskRegister[[#This Row],[Risk-Change-Date]])","v":"2030-01-01"},{"$f":"RiskRegister[[#This Row],[Inherent Impact Level]]&\"-\"&RiskRegister[[#This Row],[Inherent Likelihood Level]]","v":"-- Select Impact ----- Select Likelihood --"},{"$f":"RiskRegister[[#This Row],[Residual Impact Level]]&\"-\"&RiskRegister[[#This Row],[Residual Likelihood Level]]","v":"-- Select Impact ----- Select Likelihood --"},"Error",{"$f":"IF(RiskRegister[[#This Row],[Risk Status]]=\"Closed\",RiskRegister[[#This Row],[Residual Impact Level]],RiskRegister[[#This Row],[Inherent Impact Level]])","v":"-- Select Impact --"},{"$f":"IF(RiskRegister[[#This Row],[Risk Status]]=\"Closed\",RiskRegister[[#This Row],[Residual Likelihood Level]],RiskRegister[[#This Row],[Inherent Likelihood Level]])","v":"-- Select Likelihood --"},{"$f":"IF(RiskRegister[[#This Row],[Risk Status]]=\"Closed\",RiskRegister[[#This Row],[Residual-I-L-Combo]],RiskRegister[[#This Row],[Inherent-I-L-Combo]])","v":"-- Select Impact ----- Select Likelihood --"},"-- Error --"]
[262,{"$nulls":5},"-- Select Risk Category --",null,"-- select department --",null,null,"-- Select Impact --",{"$f":"VLOOKUP(RiskRegister[[#This Row],[Inherent Impact Level]],'Rating factors'!$F$4:$G$9,2,FALSE)","v":"--- Error ---"},"-- Select Likelihood --",{"$f":"VLOOKUP(RiskRegister[[#This Row],[Inherent Likelihood Level]],'Rating factors'!$F$16:$G$21,2,FALSE)","v":"--- Error ---"},{"$f":"IFERROR(VLOOKUP(RiskRegister[[#This Row],[Inherent Risk Rating]],'Rating factors'!$F$30:$G$44,2,FALSE),\"-- Error --\")","v":"-- Error --"},{"$f":"IFERROR(RiskRegister[[#This Row],[Inherent Impact Rating]]*RiskRegister[[#This Row],[Inherent Likelihood Rating]],\"-- Error --\")","v":"-- Error --"},"-- Select Risk Response --",null,"-- Select Impact --",{"$f":"VLOOKUP(RiskRegister[[#This Row],[Residual Impact Level]],'Rating factors'!$F$4:$G$9,2,FALSE)","v":"--- Error ---"},"-- Select Likelihood --",{"$f":"VLOOKUP(RiskRegister[[#This Row],[Residual Likelihood Level]],'Rating factors'!$F$16:$G$21,2,FALSE)","v":"--- Error ---"},{"$f":"IFERROR(VLOOKUP(RiskRegister[[#This Row],[Residual Risk Rating]],'Rating factors'!$F$30:$G$44,2,FALSE),\"-- Error --\")","v":"-- Error --"},{"$f":"IFERROR(RiskRegister[[#This Row],[Residual Impact Rating]]*RiskRegister[[#This Row],[Residual Likelihood Rating]],\"-- Error --\")","v":"-- Error --"},"-- Select Risk Status --",{"$nulls":3},{"$f":"IF(ISBLANK(RiskRegister[[#This Row],[Risk Due Date]]), \"Missing Risk Due Date\", IF(RiskRegister[[#This Row],[Risk Due Date]] < TODAY(), \"Overdue\", \"Not Overdue\"))","v":"Missing Risk Due Date"},null,{"$f":"IF(ISBLANK(RiskRegister[[#This Row],[Risk Due Date]]), \"Missing Risk Due Date\", TEXT(RiskRegister[[#This Row],[Risk Due Date]], \"YYYY-MM\"))","v":"Missing Risk Due Date"},{"$f":"IF(RiskRegister[[#This Row],[Created Date]]=\"\",\"Created Date missing\",(TEXT(RiskRegister[[#This Row],[Created Date]],\"mmm\") & \"-\" & YEAR(RiskRegister[[#This Row],[Created Date]])))","v":"Created Date missing"},{"$f":"IF(RiskRegister[[#This Row],[Risk Status]]=\"Closed\",RiskRegister[[#This Row],[Risk Close Date]],RiskRegister[[#This Row],[Risk Due Date]])","v":"00:00:00"},{"$f":"IF(RiskRegister[[#This Row],[Risk-Change-Date]]=0,DATE(2030,1,1),RiskRegister[[#This Row],[Risk-Change-Date]])","v":"2030-01-01"},{"$f":"RiskRegister[[#This Row],[Inherent Impact Level]]&\"-\"&RiskRegister[[#This Row],[Inherent Likelihood Level]]","v":"-- Select Impact ----- Select Likelihood --"},{"$f":"RiskRegister[[#This Row],[Residual Impact Level]]&\"-\"&RiskRegister[[#This Row],[Residual Likelihood Level]]","v":"-- Select Impact ----- Select Likelihood --"},"Error",{"$f":"IF(RiskRegister[[#This Row],[Risk Status]]=\"Closed\",RiskRegister[[#This Row],[Residual Impact Level]],RiskRegister[[#This Row],[Inherent Impact Level]])","v":"-- Select Impact --"},{"$f":"IF(RiskRegister[[#This Row],[Risk Status]]=\"Closed\",RiskRegister[[#This Row],[Residual Likelihood Level]],RiskRegister[[#This Row],[Inherent Likelihood Level]])","v":"-- Select Likelihood --"},{"$f":"IF(RiskRegister[[#This Row],[Risk Status]]=\"Closed\",RiskRegister[[#This Row],[Residual-I-L-Combo]],RiskRegister[[#This Row],[Inherent-I-L-Combo]])","v":"-- Select Impact ----- Select Likelihood --"},"-- Error --"]
[263,{"$nulls":5},"-- Select Risk Category --",null,"-- select department --",null,null,"-- Select Impact --",{"$f":"VLOOKUP(RiskRegister[[#This Row],[Inherent Impact Level]],'Rating factors'!$F$4:$G$9,2,FALSE)","v":"--- Error ---"},"-- Select Likelihood --",{"$f":"VLOOKUP(RiskRegister[[#This Row],[Inherent Likelihood Level]],'Rating factors'!$F$16:$G$21,2,FALSE)","v":"--- Error ---"},{"$f":"IFERROR(VLOOKUP(RiskRegister[[#This Row],[Inherent Risk Rating]],'Rating factors'!$F$30:$G$44,2,FALSE),\"-- Error --\")","v":"-- Error --"},{"$f":"IFERROR(RiskRegister[[#This Row],[Inherent Impact Rating]]*RiskRegister[[#This Row],[Inherent Likelihood Rating]],\"-- Error --\")","v":"-- Error --"},"-- Select Risk Response --",null,"-- Select Impact --",{"$f":"VLOOKUP(RiskRegister[[#This Row],[Residual Impact Level]],'Rating factors'!$F$4:$G$9,2,FALSE)","v":"--- Error ---"},"-- Select Likelihood --",{"$f":"VLOOKUP(RiskRegister[[#This Row],[Residual Likelihood Level]],'Rating factors'!$F$16:$G$21,2,FALSE)","v":"--- Error ---"},{"$f":"IFERROR(VLOOKUP(RiskRegister[[#This Row],[Residual Risk Rating]],'Rating factors'!$F$30:$G$44,2,FALSE),\"-- Error --\")","v":"-- Error --"},{"$f":"IFERROR(RiskRegister[[#This Row],[Residual Impact Rating]]*RiskRegister[[#This Row],[Residual Likelihood Rating]],\"-- Error --\")","v":"-- Error --"},"-- Select Risk Status --",{"$nulls":3},{"$f":"IF(ISBLANK(RiskRegister[[#This Row],[Risk Due Date]]), \"Missing Risk Due Date\", IF(RiskRegister[[#This Row],[Risk Due Date]] < TODAY(), \"Overdue\", \"Not Overdue\"))","v":"Missing Risk Due Date"},null,{"$f":"IF(ISBLANK(RiskRegister[[#This Row],[Risk Due Date]]), \"Missing Risk Due Date\", TEXT(RiskRegister[[#This Row],[Risk Due Date]], \"YYYY-MM\"))","v":"Missing Risk Due Date"},{"$f":"IF(RiskRegister[[#This Row],[Created Date]]=\"\",\"Created Date missing\",(TEXT(RiskRegister[[#This Row],[Created Date]],\"mmm\") & \"-\" & YEAR(RiskRegister[[#This Row],[Created Date]])))","v":"Created Date missing"},{"$f":"IF(RiskRegister[[#This Row],[Risk Status]]=\"Closed\",RiskRegister[[#This Row],[Risk Close Date]],RiskRegister[[#This Row],[Risk Due Date]])","v":"00:00:00"},{"$f":"IF(RiskRegister[[#This Row],[Risk-Change-Date]]=0,DATE(2030,1,1),RiskRegister[[#This Row],[Risk-Change-Date]])","v":"2030-01-01"},{"$f":"RiskRegister[[#This Row],[Inherent Impact Level]]&\"-\"&RiskRegister[[#This Row],[Inherent Likelihood Level]]","v":"-- Select Impact ----- Select Likelihood --"},{"$f":"RiskRegister[[#This Row],[Residual Impact Level]]&\"-\"&RiskRegister[[#This Row],[Residual Likelihood Level]]","v":"-- Select Impact ----- Select Likelihood --"},"Error",{"$f":"IF(RiskRegister[[#This Row],[Risk Status]]=\"Closed\",RiskRegister[[#This Row],[Residual Impact Level]],RiskRegister[[#This Row],[Inherent Impact Level]])","v":"-- Select Impact --"},{"$f":"IF(RiskRegister[[#This Row],[Risk Status]]=\"Closed\",RiskRegister[[#This Row],[Residual Likelihood Level]],RiskRegister[[#This Row],[Inherent Likelihood Level]])","v":"-- Select Likelihood --"},{"$f":"IF(RiskRegister[[#This Row],[Risk Status]]=\"Closed\",RiskRegister[[#This Row],[Residual-I-L-Combo]],RiskRegister[[#This Row],[Inherent-I-L-Combo]])","v":"-- Select Impact ----- Select Likelihood --"},"-- Error --"]
[264,{"$nulls":5},"-- Select Risk Category --",null,"-- select department --",null,null,"-- Select Impact --",{"$f":"VLOOKUP(RiskRegister[[#This Row],[Inherent Impact Level]],'Rating factors'!$F$4:$G$9,2,FALSE)","v":"--- Error ---"},"-- Select Likelihood --",{"$f":"VLOOKUP(RiskRegister[[#This Row],[Inherent Likelihood Level]],'Rating factors'!$F$16:$G$21,2,FALSE)","v":"--- Error ---"},{"$f":"IFERROR(VLOOKUP(RiskRegister[[#This Row],[Inherent Risk Rating]],'Rating factors'!$F$30:$G$44,2,FALSE),\"-- Error --\")","v":"-- Error --"},{"$f":"IFERROR(RiskRegister[[#This Row],[Inherent Impact Rating]]*RiskRegister[[#This Row],[Inherent Likelihood Rating]],\"-- Error --\")","v":"-- Error --"},"-- Select Risk Response --",null,"-- Select Impact --",{"$f":"VLOOKUP(RiskRegister[[#This Row],[Residual Impact Level]],'Rating factors'!$F$4:$G$9,2,FALSE)","v":"--- Error ---"},"-- Select Likelihood --",{"$f":"VLOOKUP(RiskRegister[[#This Row],[Residual Likelihood Level]],'Rating factors'!$F$16:$G$21,2,FALSE)","v":"--- Error ---"},{"$f":"IFERROR(VLOOKUP(RiskRegister[[#This Row],[Residual Risk Rating]],'Rating factors'!$F$30:$G$44,2,FALSE),\"-- Error --\")","v":"-- Error --"},{"$f":"IFERROR(RiskRegister[[#This Row],[Residual Impact Rating]]*RiskRegister[[#This Row],[Residual Likelihood Rating]],\"-- Error --\")","v":"-- Error --"},"-- Select Risk Status --",{"$nulls":3},{"$f":"IF(ISBLANK(RiskRegister[[#This Row],[Risk Due Date]]), \"Missing Risk Due Date\", IF(RiskRegister[[#This Row],[Risk Due Date]] < TODAY(), \"Overdue\", \"Not Overdue\"))","v":"Missing Risk Due Date"},null,{"$f":"IF(ISBLANK(RiskRegister[[#This Row],[Risk Due Date]]), \"Missing Risk Due Date\", TEXT(RiskRegister[[#This Row],[Risk Due Date]], \"YYYY-MM\"))","v":"Missing Risk Due Date"},{"$f":"IF(RiskRegister[[#This Row],[Created Date]]=\"\",\"Created Date missing\",(TEXT(RiskRegister[[#This Row],[Created Date]],\"mmm\") & \"-\" & YEAR(RiskRegister[[#This Row],[Created Date]])))","v":"Created Date missing"},{"$f":"IF(RiskRegister[[#This Row],[Risk Status]]=\"Closed\",RiskRegister[[#This Row],[Risk Close Date]],RiskRegister[[#This Row],[Risk Due Date]])","v":"00:00:00"},{"$f":"IF(RiskRegister[[#This Row],[Risk-Change-Date]]=0,DATE(2030,1,1),RiskRegister[[#This Row],[Risk-Change-Date]])","v":"2030-01-01"},{"$f":"RiskRegister[[#This Row],[Inherent Impact Level]]&\"-\"&RiskRegister[[#This Row],[Inherent Likelihood Level]]","v":"-- Select Impact ----- Select Likelihood --"},{"$f":"RiskRegister[[#This Row],[Residual Impact Level]]&\"-\"&RiskRegister[[#This Row],[Residual Likelihood Level]]","v":"-- Select Impact ----- Select Likelihood --"},"Error",{"$f":"IF(RiskRegister[[#This Row],[Risk Status]]=\"Closed\",RiskRegister[[#This Row],[Residual Impact Level]],RiskRegister[[#This Row],[Inherent Impact Level]])","v":"-- Select Impact --"},{"$f":"IF(RiskRegister[[#This Row],[Risk Status]]=\"Closed\",RiskRegister[[#This Row],[Residual Likelihood Level]],RiskRegister[[#This Row],[Inherent Likelihood Level]])","v":"-- Select Likelihood --"},{"$f":"IF(RiskRegister[[#This Row],[Risk Status]]=\"Closed\",RiskRegister[[#This Row],[Residual-I-L-Combo]],RiskRegister[[#This Row],[Inherent-I-L-Combo]])","v":"-- Select Impact ----- Select Likelihood --"},"-- Error --"]
[265,{"$nulls":5},"-- Select Risk Category --",null,"-- select department --",null,null,"-- Select Impact --",{"$f":"VLOOKUP(RiskRegister[[#This Row],[Inherent Impact Level]],'Rating factors'!$F$4:$G$9,2,FALSE)","v":"--- Error ---"},"-- Select Likelihood --",{"$f":"VLOOKUP(RiskRegister[[#This Row],[Inherent Likelihood Level]],'Rating factors'!$F$16:$G$21,2,FALSE)","v":"--- Error ---"},{"$f":"IFERROR(VLOOKUP(RiskRegister[[#This Row],[Inherent Risk Rating]],'Rating factors'!$F$30:$G$44,2,FALSE),\"-- Error --\")","v":"-- Error --"},{"$f":"IFERROR(RiskRegister[[#This Row],[Inherent Impact Rating]]*RiskRegister[[#This Row],[Inherent Likelihood Rating]],\"-- Error --\")","v":"-- Error --"},"-- Select Risk Response --",null,"-- Select Impact --",{"$f":"VLOOKUP(RiskRegister[[#This Row],[Residual Impact Level]],'Rating factors'!$F$4:$G$9,2,FALSE)","v":"--- Error ---"},"-- Select Likelihood --",{"$f":"VLOOKUP(RiskRegister[[#This Row],[Residual Likelihood Level]],'Rating factors'!$F$16:$G$21,2,FALSE)","v":"--- Error ---"},{"$f":"IFERROR(VLOOKUP(RiskRegister[[#This Row],[Residual Risk Rating]],'Rating factors'!$F$30:$G$44,2,FALSE),\"-- Error --\")","v":"-- Error --"},{"$f":"IFERROR(RiskRegister[[#This Row],[Residual Impact Rating]]*RiskRegister[[#This Row],[Residual Likelihood Rating]],\"-- Error --\")","v":"-- Error --"},"-- Select Risk Status --",{"$nulls":3},{"$f":"IF(ISBLANK(RiskRegister[[#This Row],[Risk Due Date]]), \"Missing Risk Due Date\", IF(RiskRegister[[#This Row],[Risk Due Date]] < TODAY(), \"Overdue\", \"Not Overdue\"))","v":"Missing Risk Due Date"},null,{"$f":"IF(ISBLANK(RiskRegister[[#This Row],[Risk Due Date]]), \"Missing Risk Due Date\", TEXT(RiskRegister[[#This Row],[Risk Due Date]], \"YYYY-MM\"))","v":"Missing Risk Due Date"},{"$f":"IF(RiskRegister[[#This Row],[Created Date]]=\"\",\"Created Date missing\",(TEXT(RiskRegister[[#This Row],[Created Date]],\"mmm\") & \"-\" & YEAR(RiskRegister[[#This Row],[Created Date]])))","v":"Created Date missing"},{"$f":"IF(RiskRegister[[#This Row],[Risk Status]]=\"Closed\",RiskRegister[[#This Row],[Risk Close Date]],RiskRegister[[#This Row],[Risk Due Date]])","v":"00:00:00"},{"$f":"IF(RiskRegister[[#This Row],[Risk-Change-Date]]=0,DATE(2030,1,1),RiskRegister[[#This Row],[Risk-Change-Date]])","v":"2030-01-01"},{"$f":"RiskRegister[[#This Row],[Inherent Impact Level]]&\"-\"&RiskRegister[[#This Row],[Inherent Likelihood Level]]","v":"-- Select Impact ----- Select Likelihood --"},{"$f":"RiskRegister[[#This Row],[Residual Impact Level]]&\"-\"&RiskRegister[[#This Row],[Residual Likelihood Level]]","v":"-- Select Impact ----- Select Likelihood --"},"Error",{"$f":"IF(RiskRegister[[#This Row],[Risk Status]]=\"Closed\",RiskRegister[[#This Row],[Residual Impact Level]],RiskRegister[[#This Row],[Inherent Impact Level]])","v":"-- Select Impact --"},{"$f":"IF(RiskRegister[[#This Row],[Risk Status]]=\"Closed\",RiskRegister[[#This Row],[Residual Likelihood Level]],RiskRegister[[#This Row],[Inherent Likelihood Level]])","v":"-- Select Likelihood --"},{"$f":"IF(RiskRegister[[#This Row],[Risk Status]]=\"Closed\",RiskRegister[[#This Row],[Residual-I-L-Combo]],RiskRegister[[#This Row],[Inherent-I-L-Combo]])","v":"-- Select Impact ----- Select Likelihood --"},"-- Error --"]
[266,{"$nulls":5},"-- Select Risk Category --",null,"-- select department --",null,null,"-- Select Impact --",{"$f":"VLOOKUP(RiskRegister[[#This Row],[Inherent Impact Level]],'Rating factors'!$F$4:$G$9,2,FALSE)","v":"--- Error ---"},"-- Select Likelihood --",{"$f":"VLOOKUP(RiskRegister[[#This Row],[Inherent Likelihood Level]],'Rating factors'!$F$16:$G$21,2,FALSE)","v":"--- Error ---"},{"$f":"IFERROR(VLOOKUP(RiskRegister[[#This Row],[Inherent Risk Rating]],'Rating factors'!$F$30:$G$44,2,FALSE),\"-- Error --\")","v":"-- Error --"},{"$f":"IFERROR(RiskRegister[[#This Row],[Inherent Impact Rating]]*RiskRegister[[#This Row],[Inherent Likelihood Rating]],\"-- Error --\")","v":"-- Error --"},"-- Select Risk Response --",null,"-- Select Impact --",{"$f":"VLOOKUP(RiskRegister[[#This Row],[Residual Impact Level]],'Rating factors'!$F$4:$G$9,2,FALSE)","v":"--- Error ---"},"-- Select Likelihood --",{"$f":"VLOOKUP(RiskRegister[[#This Row],[Residual Likelihood Level]],'Rating factors'!$F$16:$G$21,2,FALSE)","v":"--- Error ---"},{"$f":"IFERROR(VLOOKUP(RiskRegister[[#This Row],[Residual Risk Rating]],'Rating factors'!$F$30:$G$44,2,FALSE),\"-- Error --\")","v":"-- Error --"},{"$f":"IFERROR(RiskRegister[[#This Row],[Residual Impact Rating]]*RiskRegister[[#This Row],[Residual Likelihood Rating]],\"-- Error --\")","v":"-- Error --"},"-- Select Risk Status --",{"$nulls":3},{"$f":"IF(ISBLANK(RiskRegister[[#This Row],[Risk Due Date]]), \"Missing Risk Due Date\", IF(RiskRegister[[#This Row],[Risk Due Date]] < TODAY(), \"Overdue\", \"Not Overdue\"))","v":"Missing Risk Due Date"},null,{"$f":"IF(ISBLANK(RiskRegister[[#This Row],[Risk Due Date]]), \"Missing Risk Due Date\", TEXT(RiskRegister[[#This Row],[Risk Due Date]], \"YYYY-MM\"))","v":"Missing Risk Due Date"},{"$f":"IF(RiskRegister[[#This Row],[Created Date]]=\"\",\"Created Date missing\",(TEXT(RiskRegister[[#This Row],[Created Date]],\"mmm\") & \"-\" & YEAR(RiskRegister[[#This Row],[Created Date]])))","v":"Created Date missing"},{"$f":"IF(RiskRegister[[#This Row],[Risk Status]]=\"Closed\",RiskRegister[[#This Row],[Risk Close Date]],RiskRegister[[#This Row],[Risk Due Date]])","v":"00:00:00"},{"$f":"IF(RiskRegister[[#This Row],[Risk-Change-Date]]=0,DATE(2030,1,1),RiskRegister[[#This Row],[Risk-Change-Date]])","v":"2030-01-01"},{"$f":"RiskRegister[[#This Row],[Inherent Impact Level]]&\"-\"&RiskRegister[[#This Row],[Inherent Likelihood Level]]","v":"-- Select Impact ----- Select Likelihood --"},{"$f":"RiskRegister[[#This Row],[Residual Impact Level]]&\"-\"&RiskRegister[[#This Row],[Residual Likelihood Level]]","v":"-- Select Impact ----- Select Likelihood --"},"Error",{"$f":"IF(RiskRegister[[#This Row],[Risk Status]]=\"Closed\",RiskRegister[[#This Row],[Residual Impact Level]],RiskRegister[[#This Row],[Inherent Impact Level]])","v":"-- Select Impact --"},{"$f":"IF(RiskRegister[[#This Row],[Risk Status]]=\"Closed\",RiskRegister[[#This Row],[Residual Likelihood Level]],RiskRegister[[#This Row],[Inherent Likelihood Level]])","v":"-- Select Likelihood --"},{"$f":"IF(RiskRegister[[#This Row],[Risk Status]]=\"Closed\",RiskRegister[[#This Row],[Residual-I-L-Combo]],RiskRegister[[#This Row],[Inherent-I-L-Combo]])","v":"-- Select Impact ----- Select Likelihood --"},"-- Error --"]
[267,{"$nulls":5},"-- Select Risk Category --",null,"-- select department --",null,null,"-- Select Impact --",{"$f":"VLOOKUP(RiskRegister[[#This Row],[Inherent Impact Level]],'Rating factors'!$F$4:$G$9,2,FALSE)","v":"--- Error ---"},"-- Select Likelihood --",{"$f":"VLOOKUP(RiskRegister[[#This Row],[Inherent Likelihood Level]],'Rating factors'!$F$16:$G$21,2,FALSE)","v":"--- Error ---"},{"$f":"IFERROR(VLOOKUP(RiskRegister[[#This Row],[Inherent Risk Rating]],'Rating factors'!$F$30:$G$44,2,FALSE),\"-- Error --\")","v":"-- Error --"},{"$f":"IFERROR(RiskRegister[[#This Row],[Inherent Impact Rating]]*RiskRegister[[#This Row],[Inherent Likelihood Rating]],\"-- Error --\")","v":"-- Error --"},"-- Select Risk Response --",null,"-- Select Impact --",{"$f":"VLOOKUP(RiskRegister[[#This Row],[Residual Impact Level]],'Rating factors'!$F$4:$G$9,2,FALSE)","v":"--- Error ---"},"-- Select Likelihood --",{"$f":"VLOOKUP(RiskRegister[[#This Row],[Residual Likelihood Level]],'Rating factors'!$F$16:$G$21,2,FALSE)","v":"--- Error ---"},{"$f":"IFERROR(VLOOKUP(RiskRegister[[#This Row],[Residual Risk Rating]],'Rating factors'!$F$30:$G$44,2,FALSE),\"-- Error --\")","v":"-- Error --"},{"$f":"IFERROR(RiskRegister[[#This Row],[Residual Impact Rating]]*RiskRegister[[#This Row],[Residual Likelihood Rating]],\"-- Error --\")","v":"-- Error --"},"-- Select Risk Status --",{"$nulls":3},{"$f":"IF(ISBLANK(RiskRegister[[#This Row],[Risk Due Date]]), \"Missing Risk Due Date\", IF(RiskRegister[[#This Row],[Risk Due Date]] < TODAY(), \"Overdue\", \"Not Overdue\"))","v":"Missing Risk Due Date"},null,{"$f":"IF(ISBLANK(RiskRegister[[#This Row],[Risk Due Date]]), \"Missing Risk Due Date\", TEXT(RiskRegister[[#This Row],[Risk Due Date]], \"YYYY-MM\"))","v":"Missing Risk Due Date"},{"$f":"IF(RiskRegister[[#This Row],[Created Date]]=\"\",\"Created Date missing\",(TEXT(RiskRegister[[#This Row],[Created Date]],\"mmm\") & \"-\" & YEAR(RiskRegister[[#This Row],[Created Date]])))","v":"Created Date missing"},{"$f":"IF(RiskRegister[[#This Row],[Risk Status]]=\"Closed\",RiskRegister[[#This Row],[Risk Close Date]],RiskRegister[[#This Row],[Risk Due Date]])","v":"00:00:00"},{"$f":"IF(RiskRegister[[#This Row],[Risk-Change-Date]]=0,DATE(2030,1,1),RiskRegister[[#This Row],[Risk-Change-Date]])","v":"2030-01-01"},{"$f":"RiskRegister[[#This Row],[Inherent Impact Level]]&\"-\"&RiskRegister[[#This Row],[Inherent Likelihood Level]]","v":"-- Select Impact ----- Select Likelihood --"},{"$f":"RiskRegister[[#This Row],[Residual Impact Level]]&\"-\"&RiskRegister[[#This Row],[Residual Likelihood Level]]","v":"-- Select Impact ----- Select Likelihood --"},"Error",{"$f":"IF(RiskRegister[[#This Row],[Risk Status]]=\"Closed\",RiskRegister[[#This Row],[Residual Impact Level]],RiskRegister[[#This Row],[Inherent Impact Level]])","v":"-- Select Impact --"},{"$f":"IF(RiskRegister[[#This Row],[Risk Status]]=\"Closed\",RiskRegister[[#This Row],[Residual Likelihood Level]],RiskRegister[[#This Row],[Inherent Likelihood Level]])","v":"-- Select Likelihood --"},{"$f":"IF(RiskRegister[[#This Row],[Risk Status]]=\"Closed\",RiskRegister[[#This Row],[Residual-I-L-Combo]],RiskRegister[[#This Row],[Inherent-I-L-Combo]])","v":"-- Select Impact ----- Select Likelihood --"},"-- Error --"]
[268,{"$nulls":5},"-- Select Risk Category --",null,"-- select department --",null,null,"-- Select Impact --",{"$f":"VLOOKUP(RiskRegister[[#This Row],[Inherent Impact Level]],'Rating factors'!$F$4:$G$9,2,FALSE)","v":"--- Error ---"},"-- Select Likelihood --",{"$f":"VLOOKUP(RiskRegister[[#This Row],[Inherent Likelihood Level]],'Rating factors'!$F$16:$G$21,2,FALSE)","v":"--- Error ---"},{"$f":"IFERROR(VLOOKUP(RiskRegister[[#This Row],[Inherent Risk Rating]],'Rating factors'!$F$30:$G$44,2,FALSE),\"-- Error --\")","v":"-- Error --"},{"$f":"IFERROR(RiskRegister[[#This Row],[Inherent Impact Rating]]*RiskRegister[[#This Row],[Inherent Likelihood Rating]],\"-- Error --\")","v":"-- Error --"},"-- Select Risk Response --",null,"-- Select Impact --",{"$f":"VLOOKUP(RiskRegister[[#This Row],[Residual Impact Level]],'Rating factors'!$F$4:$G$9,2,FALSE)","v":"--- Error ---"},"-- Select Likelihood --",{"$f":"VLOOKUP(RiskRegister[[#This Row],[Residual Likelihood Level]],'Rating factors'!$F$16:$G$21,2,FALSE)","v":"--- Error ---"},{"$f":"IFERROR(VLOOKUP(RiskRegister[[#This Row],[Residual Risk Rating]],'Rating factors'!$F$30:$G$44,2,FALSE),\"-- Error --\")","v":"-- Error --"},{"$f":"IFERROR(RiskRegister[[#This Row],[Residual Impact Rating]]*RiskRegister[[#This Row],[Residual Likelihood Rating]],\"-- Error --\")","v":"-- Error --"},"-- Select Risk Status --",{"$nulls":3},{"$f":"IF(ISBLANK(RiskRegister[[#This Row],[Risk Due Date]]), \"Missing Risk Due Date\", IF(RiskRegister[[#This Row],[Risk Due Date]] < TODAY(), \"Overdue\", \"Not Overdue\"))","v":"Missing Risk Due Date"},null,{"$f":"IF(ISBLANK(RiskRegister[[#This Row],[Risk Due Date]]), \"Missing Risk Due Date\", TEXT(RiskRegister[[#This Row],[Risk Due Date]], \"YYYY-MM\"))","v":"Missing Risk Due Date"},{"$f":"IF(RiskRegister[[#This Row],[Created Date]]=\"\",\"Created Date missing\",(TEXT(RiskRegister[[#This Row],[Created Date]],\"mmm\") & \"-\" & YEAR(RiskRegister[[#This Row],[Created Date]])))","v":"Created Date missing"},{"$f":"IF(RiskRegister[[#This Row],[Risk Status]]=\"Closed\",RiskRegister[[#This Row],[Risk Close Date]],RiskRegister[[#This Row],[Risk Due Date]])","v":"00:00:00"},{"$f":"IF(RiskRegister[[#This Row],[Risk-Change-Date]]=0,DATE(2030,1,1),RiskRegister[[#This Row],[Risk-Change-Date]])","v":"2030-01-01"},{"$f":"RiskRegister[[#This Row],[Inherent Impact Level]]&\"-\"&RiskRegister[[#This Row],[Inherent Likelihood Level]]","v":"-- Select Impact ----- Select Likelihood --"},{"$f":"RiskRegister[[#This Row],[Residual Impact Level]]&\"-\"&RiskRegister[[#This Row],[Residual Likelihood Level]]","v":"-- Select Impact ----- Select Likelihood --"},"Error",{"$f":"IF(RiskRegister[[#This Row],[Risk Status]]=\"Closed\",RiskRegister[[#This Row],[Residual Impact Level]],RiskRegister[[#This Row],[Inherent Impact Level]])","v":"-- Select Impact --"},{"$f":"IF(RiskRegister[[#This Row],[Risk Status]]=\"Closed\",RiskRegister[[#This Row],[Residual Likelihood Level]],RiskRegister[[#This Row],[Inherent Likelihood Level]])","v":"-- Select Likelihood --"},{"$f":"IF(RiskRegister[[#This Row],[Risk Status]]=\"Closed\",RiskRegister[[#This Row],[Residual-I-L-Combo]],RiskRegister[[#This Row],[Inherent-I-L-Combo]])","v":"-- Select Impact ----- Select Likelihood --"},"-- Error --"]
[269,{"$nulls":5},"-- Select Risk Category --",null,"-- select department --",null,null,"-- Select Impact --",{"$f":"VLOOKUP(RiskRegister[[#This Row],[Inherent Impact Level]],'Rating factors'!$F$4:$G$9,2,FALSE)","v":"--- Error ---"},"-- Select Likelihood --",{"$f":"VLOOKUP(RiskRegister[[#This Row],[Inherent Likelihood Level]],'Rating factors'!$F$16:$G$21,2,FALSE)","v":"--- Error ---"},{"$f":"IFERROR(VLOOKUP(RiskRegister[[#This Row],[Inherent Risk Rating]],'Rating factors'!$F$30:$G$44,2,FALSE),\"-- Error --\")","v":"-- Error --"},{"$f":"IFERROR(RiskRegister[[#This Row],[Inherent Impact Rating]]*RiskRegister[[#This Row],[Inherent Likelihood Rating]],\"-- Error --\")","v":"-- Error --"},"-- Select Risk Response --",null,"-- Select Impact --",{"$f":"VLOOKUP(RiskRegister[[#This Row],[Residual Impact Level]],'Rating factors'!$F$4:$G$9,2,FALSE)","v":"--- Error ---"},"-- Select Likelihood --",{"$f":"VLOOKUP(RiskRegister[[#This Row],[Residual Likelihood Level]],'Rating factors'!$F$16:$G$21,2,FALSE)","v":"--- Error ---"},{"$f":"IFERROR(VLOOKUP(RiskRegister[[#This Row],[Residual Risk Rating]],'Rating factors'!$F$30:$G$44,2,FALSE),\"-- Error --\")","v":"-- Error --"},{"$f":"IFERROR(RiskRegister[[#This Row],[Residual Impact Rating]]*RiskRegister[[#This Row],[Residual Likelihood Rating]],\"-- Error --\")","v":"-- Error --"},"-- Select Risk Status --",{"$nulls":3},{"$f":"IF(ISBLANK(RiskRegister[[#This Row],[Risk Due Date]]), \"Missing Risk Due Date\", IF(RiskRegister[[#This Row],[Risk Due Date]] < TODAY(), \"Overdue\", \"Not Overdue\"))","v":"Missing Risk Due Date"},null,{"$f":"IF(ISBLANK(RiskRegister[[#This Row],[Risk Due Date]]), \"Missing Risk Due Date\", TEXT(RiskRegister[[#This Row],[Risk Due Date]], \"YYYY-MM\"))","v":"Missing Risk Due Date"},{"$f":"IF(RiskRegister[[#This Row],[Created Date]]=\"\",\"Created Date missing\",(TEXT(RiskRegister[[#This Row],[Created Date]],\"mmm\") & \"-\" & YEAR(RiskRegister[[#This Row],[Created Date]])))","v":"Created Date missing"},{"$f":"IF(RiskRegister[[#This Row],[Risk Status]]=\"Closed\",RiskRegister[[#This Row],[Risk Close Date]],RiskRegister[[#This Row],[Risk Due Date]])","v":"00:00:00"},{"$f":"IF(RiskRegister[[#This Row],[Risk-Change-Date]]=0,DATE(2030,1,1),RiskRegister[[#This Row],[Risk-Change-Date]])","v":"2030-01-01"},{"$f":"RiskRegister[[#This Row],[Inherent Impact Level]]&\"-\"&RiskRegister[[#This Row],[Inherent Likelihood Level]]","v":"-- Select Impact ----- Select Likelihood --"},{"$f":"RiskRegister[[#This Row],[Residual Impact Level]]&\"-\"&RiskRegister[[#This Row],[Residual Likelihood Level]]","v":"-- Select Impact ----- Select Likelihood --"},"Error",{"$f":"IF(RiskRegister[[#This Row],[Risk Status]]=\"Closed\",RiskRegister[[#This Row],[Residual Impact Level]],RiskRegister[[#This Row],[Inherent Impact Level]])","v":"-- Select Impact --"},{"$f":"IF(RiskRegister[[#This Row],[Risk Status]]=\"Closed\",RiskRegister[[#This Row],[Residual Likelihood Level]],RiskRegister[[#This Row],[Inherent Likelihood Level]])","v":"-- Select Likelihood --"},{"$f":"IF(RiskRegister[[#This Row],[Risk Status]]=\"Closed\",RiskRegister[[#This Row],[Residual-I-L-Combo]],RiskRegister[[#This Row],[Inherent-I-L-Combo]])","v":"-- Select Impact ----- Select Likelihood --"},"-- Error --"]
[270,{"$nulls":5},"-- Select Risk Category --",null,"-- select department --",null,null,"-- Select Impact --",{"$f":"VLOOKUP(RiskRegister[[#This Row],[Inherent Impact Level]],'Rating factors'!$F$4:$G$9,2,FALSE)","v":"--- Error ---"},"-- Select Likelihood --",{"$f":"VLOOKUP(RiskRegister[[#This Row],[Inherent Likelihood Level]],'Rating factors'!$F$16:$G$21,2,FALSE)","v":"--- Error ---"},{"$f":"IFERROR(VLOOKUP(RiskRegister[[#This Row],[Inherent Risk Rating]],'Rating factors'!$F$30:$G$44,2,FALSE),\"-- Error --\")","v":"-- Error --"},{"$f":"IFERROR(RiskRegister[[#This Row],[Inherent Impact Rating]]*RiskRegister[[#This Row],[Inherent Likelihood Rating]],\"-- Error --\")","v":"-- Error --"},"-- Select Risk Response --",null,"-- Select Impact --",{"$f":"VLOOKUP(RiskRegister[[#This Row],[Residual Impact Level]],'Rating factors'!$F$4:$G$9,2,FALSE)","v":"--- Error ---"},"-- Select Likelihood --",{"$f":"VLOOKUP(RiskRegister[[#This Row],[Residual Likelihood Level]],'Rating factors'!$F$16:$G$21,2,FALSE)","v":"--- Error ---"},{"$f":"IFERROR(VLOOKUP(RiskRegister[[#This Row],[Residual Risk Rating]],'Rating factors'!$F$30:$G$44,2,FALSE),\"-- Error --\")","v":"-- Error --"},{"$f":"IFERROR(RiskRegister[[#This Row],[Residual Impact Rating]]*RiskRegister[[#This Row],[Residual Likelihood Rating]],\"-- Error --\")","v":"-- Error --"},"-- Select Risk Status --",{"$nulls":3},{"$f":"IF(ISBLANK(RiskRegister[[#This Row],[Risk Due Date]]), \"Missing Risk Due Date\", IF(RiskRegister[[#This Row],[Risk Due Date]] < TODAY(), \"Overdue\", \"Not Overdue\"))","v":"Missing Risk Due Date"},null,{"$f":"IF(ISBLANK(RiskRegister[[#This Row],[Risk Due Date]]), \"Missing Risk Due Date\", TEXT(RiskRegister[[#This Row],[Risk Due Date]], \"YYYY-MM\"))","v":"Missing Risk Due Date"},{"$f":"IF(RiskRegister[[#This Row],[Created Date]]=\"\",\"Created Date missing\",(TEXT(RiskRegister[[#This Row],[Created Date]],\"mmm\") & \"-\" & YEAR(RiskRegister[[#This Row],[Created Date]])))","v":"Created Date missing"},{"$f":"IF(RiskRegister[[#This Row],[Risk Status]]=\"Closed\",RiskRegister[[#This Row],[Risk Close Date]],RiskRegister[[#This Row],[Risk Due Date]])","v":"00:00:00"},{"$f":"IF(RiskRegister[[#This Row],[Risk-Change-Date]]=0,DATE(2030,1,1),RiskRegister[[#This Row],[Risk-Change-Date]])","v":"2030-01-01"},{"$f":"RiskRegister[[#This Row],[Inherent Impact Level]]&\"-\"&RiskRegister[[#This Row],[Inherent Likelihood Level]]","v":"-- Select Impact ----- Select Likelihood --"},{"$f":"RiskRegister[[#This Row],[Residual Impact Level]]&\"-\"&RiskRegister[[#This Row],[Residual Likelihood Level]]","v":"-- Select Impact ----- Select Likelihood --"},"Error",{"$f":"IF(RiskRegister[[#This Row],[Risk Status]]=\"Closed\",RiskRegister[[#This Row],[Residual Impact Level]],RiskRegister[[#This Row],[Inherent Impact Level]])","v":"-- Select Impact --"},{"$f":"IF(RiskRegister[[#This Row],[Risk Status]]=\"Closed\",RiskRegister[[#This Row],[Residual Likelihood Level]],RiskRegister[[#This Row],[Inherent Likelihood Level]])","v":"-- Select Likelihood --"},{"$f":"IF(RiskRegister[[#This Row],[Risk Status]]=\"Closed\",RiskRegister[[#This Row],[Residual-I-L-Combo]],RiskRegister[[#This Row],[Inherent-I-L-Combo]])","v":"-- Select Impact ----- Select Likelihood --"},"-- Error --"]
[271,{"$nulls":5},"-- Select Risk Category --",null,"-- select department --",null,null,"-- Select Impact --",{"$f":"VLOOKUP(RiskRegister[[#This Row],[Inherent Impact Level]],'Rating factors'!$F$4:$G$9,2,FALSE)","v":"--- Error ---"},"-- Select Likelihood --",{"$f":"VLOOKUP(RiskRegister[[#This Row],[Inherent Likelihood Level]],'Rating factors'!$F$16:$G$21,2,FALSE)","v":"--- Error ---"},{"$f":"IFERROR(VLOOKUP(RiskRegister[[#This Row],[Inherent Risk Rating]],'Rating factors'!$F$30:$G$44,2,FALSE),\"-- Error --\")","v":"-- Error --"},{"$f":"IFERROR(RiskRegister[[#This Row],[Inherent Impact Rating]]*RiskRegister[[#This Row],[Inherent Likelihood Rating]],\"-- Error --\")","v":"-- Error --"},"-- Select Risk Response --",null,"-- Select Impact --",{"$f":"VLOOKUP(RiskRegister[[#This Row],[Residual Impact Level]],'Rating factors'!$F$4:$G$9,2,FALSE)","v":"--- Error ---"},"-- Select Likelihood --",{"$f":"VLOOKUP(RiskRegister[[#This Row],[Residual Likelihood Level]],'Rating factors'!$F$16:$G$21,2,FALSE)","v":"--- Error ---"},{"$f":"IFERROR(VLOOKUP(RiskRegister[[#This Row],[Residual Risk Rating]],'Rating factors'!$F$30:$G$44,2,FALSE),\"-- Error --\")","v":"-- Error --"},{"$f":"IFERROR(RiskRegister[[#This Row],[Residual Impact Rating]]*RiskRegister[[#This Row],[Residual Likelihood Rating]],\"-- Error --\")","v":"-- Error --"},"-- Select Risk Status --",{"$nulls":3},{"$f":"IF(ISBLANK(RiskRegister[[#This Row],[Risk Due Date]]), \"Missing Risk Due Date\", IF(RiskRegister[[#This Row],[Risk Due Date]] < TODAY(), \"Overdue\", \"Not Overdue\"))","v":"Missing Risk Due Date"},null,{"$f":"IF(ISBLANK(RiskRegister[[#This Row],[Risk Due Date]]), \"Missing Risk Due Date\", TEXT(RiskRegister[[#This Row],[Risk Due Date]], \"YYYY-MM\"))","v":"Missing Risk Due Date"},{"$f":"IF(RiskRegister[[#This Row],[Created Date]]=\"\",\"Created Date missing\",(TEXT(RiskRegister[[#This Row],[Created Date]],\"mmm\") & \"-\" & YEAR(RiskRegister[[#This Row],[Created Date]])))","v":"Created Date missing"},{"$f":"IF(RiskRegister[[#This Row],[Risk Status]]=\"Closed\",RiskRegister[[#This Row],[Risk Close Date]],RiskRegister[[#This Row],[Risk Due Date]])","v":"00:00:00"},{"$f":"IF(RiskRegister[[#This Row],[Risk-Change-Date]]=0,DATE(2030,1,1),RiskRegister[[#This Row],[Risk-Change-Date]])","v":"2030-01-01"},{"$f":"RiskRegister[[#This Row],[Inherent Impact Level]]&\"-\"&RiskRegister[[#This Row],[Inherent Likelihood Level]]","v":"-- Select Impact ----- Select Likelihood --"},{"$f":"RiskRegister[[#This Row],[Residual Impact Level]]&\"-\"&RiskRegister[[#This Row],[Residual Likelihood Level]]","v":"-- Select Impact ----- Select Likelihood --"},"Error",{"$f":"IF(RiskRegister[[#This Row],[Risk Status]]=\"Closed\",RiskRegister[[#This Row],[Residual Impact Level]],RiskRegister[[#This Row],[Inherent Impact Level]])","v":"-- Select Impact --"},{"$f":"IF(RiskRegister[[#This Row],[Risk Status]]=\"Closed\",RiskRegister[[#This Row],[Residual Likelihood Level]],RiskRegister[[#This Row],[Inherent Likelihood Level]])","v":"-- Select Likelihood --"},{"$f":"IF(RiskRegister[[#This Row],[Risk Status]]=\"Closed\",RiskRegister[[#This Row],[Residual-I-L-Combo]],RiskRegister[[#This Row],[Inherent-I-L-Combo]])","v":"-- Select Impact ----- Select Likelihood --"},"-- Error --"]
[272,{"$nulls":5},"-- Select Risk Category --",null,"-- select department --",null,null,"-- Select Impact --",{"$f":"VLOOKUP(RiskRegister[[#This Row],[Inherent Impact Level]],'Rating factors'!$F$4:$G$9,2,FALSE)","v":"--- Error ---"},"-- Select Likelihood --",{"$f":"VLOOKUP(RiskRegister[[#This Row],[Inherent Likelihood Level]],'Rating factors'!$F$16:$G$21,2,FALSE)","v":"--- Error ---"},{"$f":"IFERROR(VLOOKUP(RiskRegister[[#This Row],[Inherent Risk Rating]],'Rating factors'!$F$30:$G$44,2,FALSE),\"-- Error --\")","v":"-- Error --"},{"$f":"IFERROR(RiskRegister[[#This Row],[Inherent Impact Rating]]*RiskRegister[[#This Row],[Inherent Likelihood Rating]],\"-- Error --\")","v":"-- Error --"},"-- Select Risk Response --",null,"-- Select Impact --",{"$f":"VLOOKUP(RiskRegister[[#This Row],[Residual Impact Level]],'Rating factors'!$F$4:$G$9,2,FALSE)","v":"--- Error ---"},"-- Select Likelihood --",{"$f":"VLOOKUP(RiskRegister[[#This Row],[Residual Likelihood Level]],'Rating factors'!$F$16:$G$21,2,FALSE)","v":"--- Error ---"},{"$f":"IFERROR(VLOOKUP(RiskRegister[[#This Row],[Residual Risk Rating]],'Rating factors'!$F$30:$G$44,2,FALSE),\"-- Error --\")","v":"-- Error --"},{"$f":"IFERROR(RiskRegister[[#This Row],[Residual Impact Rating]]*RiskRegister[[#This Row],[Residual Likelihood Rating]],\"-- Error --\")","v":"-- Error --"},"-- Select Risk Status --",{"$nulls":3},{"$f":"IF(ISBLANK(RiskRegister[[#This Row],[Risk Due Date]]), \"Missing Risk Due Date\", IF(RiskRegister[[#This Row],[Risk Due Date]] < TODAY(), \"Overdue\", \"Not Overdue\"))","v":"Missing Risk Due Date"},null,{"$f":"IF(ISBLANK(RiskRegister[[#This Row],[Risk Due Date]]), \"Missing Risk Due Date\", TEXT(RiskRegister[[#This Row],[Risk Due Date]], \"YYYY-MM\"))","v":"Missing Risk Due Date"},{"$f":"IF(RiskRegister[[#This Row],[Created Date]]=\"\",\"Created Date missing\",(TEXT(RiskRegister[[#This Row],[Created Date]],\"mmm\") & \"-\" & YEAR(RiskRegister[[#This Row],[Created Date]])))","v":"Created Date missing"},{"$f":"IF(RiskRegister[[#This Row],[Risk Status]]=\"Closed\",RiskRegister[[#This Row],[Risk Close Date]],RiskRegister[[#This Row],[Risk Due Date]])","v":"00:00:00"},{"$f":"IF(RiskRegister[[#This Row],[Risk-Change-Date]]=0,DATE(2030,1,1),RiskRegister[[#This Row],[Risk-Change-Date]])","v":"2030-01-01"},{"$f":"RiskRegister[[#This Row],[Inherent Impact Level]]&\"-\"&RiskRegister[[#This Row],[Inherent Likelihood Level]]","v":"-- Select Impact ----- Select Likelihood --"},{"$f":"RiskRegister[[#This Row],[Residual Impact Level]]&\"-\"&RiskRegister[[#This Row],[Residual Likelihood Level]]","v":"-- Select Impact ----- Select Likelihood --"},"Error",{"$f":"IF(RiskRegister[[#This Row],[Risk Status]]=\"Closed\",RiskRegister[[#This Row],[Residual Impact Level]],RiskRegister[[#This Row],[Inherent Impact Level]])","v":"-- Select Impact --"},{"$f":"IF(RiskRegister[[#This Row],[Risk Status]]=\"Closed\",RiskRegister[[#This Row],[Residual Likelihood Level]],RiskRegister[[#This Row],[Inherent Likelihood Level]])","v":"-- Select Likelihood --"},{"$f":"IF(RiskRegister[[#This Row],[Risk Status]]=\"Closed\",RiskRegister[[#This Row],[Residual-I-L-Combo]],RiskRegister[[#This Row],[Inherent-I-L-Combo]])","v":"-- Select Impact ----- Select Likelihood --"},"-- Error --"]
[273,{"$nulls":5},"-- Select Risk Category --",null,"-- select department --",null,null,"-- Select Impact --",{"$f":"VLOOKUP(RiskRegister[[#This Row],[Inherent Impact Level]],'Rating factors'!$F$4:$G$9,2,FALSE)","v":"--- Error ---"},"-- Select Likelihood --",{"$f":"VLOOKUP(RiskRegister[[#This Row],[Inherent Likelihood Level]],'Rating factors'!$F$16:$G$21,2,FALSE)","v":"--- Error ---"},{"$f":"IFERROR(VLOOKUP(RiskRegister[[#This Row],[Inherent Risk Rating]],'Rating factors'!$F$30:$G$44,2,FALSE),\"-- Error --\")","v":"-- Error --"},{"$f":"IFERROR(RiskRegister[[#This Row],[Inherent Impact Rating]]*RiskRegister[[#This Row],[Inherent Likelihood Rating]],\"-- Error --\")","v":"-- Error --"},"-- Select Risk Response --",null,"-- Select Impact --",{"$f":"VLOOKUP(RiskRegister[[#This Row],[Residual Impact Level]],'Rating factors'!$F$4:$G$9,2,FALSE)","v":"--- Error ---"},"-- Select Likelihood --",{"$f":"VLOOKUP(RiskRegister[[#This Row],[Residual Likelihood Level]],'Rating factors'!$F$16:$G$21,2,FALSE)","v":"--- Error ---"},{"$f":"IFERROR(VLOOKUP(RiskRegister[[#This Row],[Residual Risk Rating]],'Rating factors'!$F$30:$G$44,2,FALSE),\"-- Error --\")","v":"-- Error --"},{"$f":"IFERROR(RiskRegister[[#This Row],[Residual Impact Rating]]*RiskRegister[[#This Row],[Residual Likelihood Rating]],\"-- Error --\")","v":"-- Error --"},"-- Select Risk Status --",{"$nulls":3},{"$f":"IF(ISBLANK(RiskRegister[[#This Row],[Risk Due Date]]), \"Missing Risk Due Date\", IF(RiskRegister[[#This Row],[Risk Due Date]] < TODAY(), \"Overdue\", \"Not Overdue\"))","v":"Missing Risk Due Date"},null,{"$f":"IF(ISBLANK(RiskRegister[[#This Row],[Risk Due Date]]), \"Missing Risk Due Date\", TEXT(RiskRegister[[#This Row],[Risk Due Date]], \"YYYY-MM\"))","v":"Missing Risk Due Date"},{"$f":"IF(RiskRegister[[#This Row],[Created Date]]=\"\",\"Created Date missing\",(TEXT(RiskRegister[[#This Row],[Created Date]],\"mmm\") & \"-\" & YEAR(RiskRegister[[#This Row],[Created Date]])))","v":"Created Date missing"},{"$f":"IF(RiskRegister[[#This Row],[Risk Status]]=\"Closed\",RiskRegister[[#This Row],[Risk Close Date]],RiskRegister[[#This Row],[Risk Due Date]])","v":"00:00:00"},{"$f":"IF(RiskRegister[[#This Row],[Risk-Change-Date]]=0,DATE(2030,1,1),RiskRegister[[#This Row],[Risk-Change-Date]])","v":"2030-01-01"},{"$f":"RiskRegister[[#This Row],[Inherent Impact Level]]&\"-\"&RiskRegister[[#This Row],[Inherent Likelihood Level]]","v":"-- Select Impact ----- Select Likelihood --"},{"$f":"RiskRegister[[#This Row],[Residual Impact Level]]&\"-\"&RiskRegister[[#This Row],[Residual Likelihood Level]]","v":"-- Select Impact ----- Select Likelihood --"},"Error",{"$f":"IF(RiskRegister[[#This Row],[Risk Status]]=\"Closed\",RiskRegister[[#This Row],[Residual Impact Level]],RiskRegister[[#This Row],[Inherent Impact Level]])","v":"-- Select Impact --"},{"$f":"IF(RiskRegister[[#This Row],[Risk Status]]=\"Closed\",RiskRegister[[#This Row],[Residual Likelihood Level]],RiskRegister[[#This Row],[Inherent Likelihood Level]])","v":"-- Select Likelihood --"},{"$f":"IF(RiskRegister[[#This Row],[Risk Status]]=\"Closed\",RiskRegister[[#This Row],[Residual-I-L-Combo]],RiskRegister[[#This Row],[Inherent-I-L-Combo]])","v":"-- Select Impact ----- Select Likelihood --"},"-- Error --"]
[274,{"$nulls":5},"-- Select Risk Category --",null,"-- select department --",null,null,"-- Select Impact --",{"$f":"VLOOKUP(RiskRegister[[#This Row],[Inherent Impact Level]],'Rating factors'!$F$4:$G$9,2,FALSE)","v":"--- Error ---"},"-- Select Likelihood --",{"$f":"VLOOKUP(RiskRegister[[#This Row],[Inherent Likelihood Level]],'Rating factors'!$F$16:$G$21,2,FALSE)","v":"--- Error ---"},{"$f":"IFERROR(VLOOKUP(RiskRegister[[#This Row],[Inherent Risk Rating]],'Rating factors'!$F$30:$G$44,2,FALSE),\"-- Error --\")","v":"-- Error --"},{"$f":"IFERROR(RiskRegister[[#This Row],[Inherent Impact Rating]]*RiskRegister[[#This Row],[Inherent Likelihood Rating]],\"-- Error --\")","v":"-- Error --"},"-- Select Risk Response --",null,"-- Select Impact --",{"$f":"VLOOKUP(RiskRegister[[#This Row],[Residual Impact Level]],'Rating factors'!$F$4:$G$9,2,FALSE)","v":"--- Error ---"},"-- Select Likelihood --",{"$f":"VLOOKUP(RiskRegister[[#This Row],[Residual Likelihood Level]],'Rating factors'!$F$16:$G$21,2,FALSE)","v":"--- Error ---"},{"$f":"IFERROR(VLOOKUP(RiskRegister[[#This Row],[Residual Risk Rating]],'Rating factors'!$F$30:$G$44,2,FALSE),\"-- Error --\")","v":"-- Error --"},{"$f":"IFERROR(RiskRegister[[#This Row],[Residual Impact Rating]]*RiskRegister[[#This Row],[Residual Likelihood Rating]],\"-- Error --\")","v":"-- Error --"},"-- Select Risk Status --",{"$nulls":3},{"$f":"IF(ISBLANK(RiskRegister[[#This Row],[Risk Due Date]]), \"Missing Risk Due Date\", IF(RiskRegister[[#This Row],[Risk Due Date]] < TODAY(), \"Overdue\", \"Not Overdue\"))","v":"Missing Risk Due Date"},null,{"$f":"IF(ISBLANK(RiskRegister[[#This Row],[Risk Due Date]]), \"Missing Risk Due Date\", TEXT(RiskRegister[[#This Row],[Risk Due Date]], \"YYYY-MM\"))","v":"Missing Risk Due Date"},{"$f":"IF(RiskRegister[[#This Row],[Created Date]]=\"\",\"Created Date missing\",(TEXT(RiskRegister[[#This Row],[Created Date]],\"mmm\") & \"-\" & YEAR(RiskRegister[[#This Row],[Created Date]])))","v":"Created Date missing"},{"$f":"IF(RiskRegister[[#This Row],[Risk Status]]=\"Closed\",RiskRegister[[#This Row],[Risk Close Date]],RiskRegister[[#This Row],[Risk Due Date]])","v":"00:00:00"},{"$f":"IF(RiskRegister[[#This Row],[Risk-Change-Date]]=0,DATE(2030,1,1),RiskRegister[[#This Row],[Risk-Change-Date]])","v":"2030-01-01"},{"$f":"RiskRegister[[#This Row],[Inherent Impact Level]]&\"-\"&RiskRegister[[#This Row],[Inherent Likelihood Level]]","v":"-- Select Impact ----- Select Likelihood --"},{"$f":"RiskRegister[[#This Row],[Residual Impact Level]]&\"-\"&RiskRegister[[#This Row],[Residual Likelihood Level]]","v":"-- Select Impact ----- Select Likelihood --"},"Error",{"$f":"IF(RiskRegister[[#This Row],[Risk Status]]=\"Closed\",RiskRegister[[#This Row],[Residual Impact Level]],RiskRegister[[#This Row],[Inherent Impact Level]])","v":"-- Select Impact --"},{"$f":"IF(RiskRegister[[#This Row],[Risk Status]]=\"Closed\",RiskRegister[[#This Row],[Residual Likelihood Level]],RiskRegister[[#This Row],[Inherent Likelihood Level]])","v":"-- Select Likelihood --"},{"$f":"IF(RiskRegister[[#This Row],[Risk Status]]=\"Closed\",RiskRegister[[#This Row],[Residual-I-L-Combo]],RiskRegister[[#This Row],[Inherent-I-L-Combo]])","v":"-- Select Impact ----- Select Likelihood --"},"-- Error --"]
[275,{"$nulls":5},"-- Select Risk Category --",null,"-- select department --",null,null,"-- Select Impact --",{"$f":"VLOOKUP(RiskRegister[[#This Row],[Inherent Impact Level]],'Rating factors'!$F$4:$G$9,2,FALSE)","v":"--- Error ---"},"-- Select Likelihood --",{"$f":"VLOOKUP(RiskRegister[[#This Row],[Inherent Likelihood Level]],'Rating factors'!$F$16:$G$21,2,FALSE)","v":"--- Error ---"},{"$f":"IFERROR(VLOOKUP(RiskRegister[[#This Row],[Inherent Risk Rating]],'Rating factors'!$F$30:$G$44,2,FALSE),\"-- Error --\")","v":"-- Error --"},{"$f":"IFERROR(RiskRegister[[#This Row],[Inherent Impact Rating]]*RiskRegister[[#This Row],[Inherent Likelihood Rating]],\"-- Error --\")","v":"-- Error --"},"-- Select Risk Response --",null,"-- Select Impact --",{"$f":"VLOOKUP(RiskRegister[[#This Row],[Residual Impact Level]],'Rating factors'!$F$4:$G$9,2,FALSE)","v":"--- Error ---"},"-- Select Likelihood --",{"$f":"VLOOKUP(RiskRegister[[#This Row],[Residual Likelihood Level]],'Rating factors'!$F$16:$G$21,2,FALSE)","v":"--- Error ---"},{"$f":"IFERROR(VLOOKUP(RiskRegister[[#This Row],[Residual Risk Rating]],'Rating factors'!$F$30:$G$44,2,FALSE),\"-- Error --\")","v":"-- Error --"},{"$f":"IFERROR(RiskRegister[[#This Row],[Residual Impact Rating]]*RiskRegister[[#This Row],[Residual Likelihood Rating]],\"-- Error --\")","v":"-- Error --"},"-- Select Risk Status --",{"$nulls":3},{"$f":"IF(ISBLANK(RiskRegister[[#This Row],[Risk Due Date]]), \"Missing Risk Due Date\", IF(RiskRegister[[#This Row],[Risk Due Date]] < TODAY(), \"Overdue\", \"Not Overdue\"))","v":"Missing Risk Due Date"},null,{"$f":"IF(ISBLANK(RiskRegister[[#This Row],[Risk Due Date]]), \"Missing Risk Due Date\", TEXT(RiskRegister[[#This Row],[Risk Due Date]], \"YYYY-MM\"))","v":"Missing Risk Due Date"},{"$f":"IF(RiskRegister[[#This Row],[Created Date]]=\"\",\"Created Date missing\",(TEXT(RiskRegister[[#This Row],[Created Date]],\"mmm\") & \"-\" & YEAR(RiskRegister[[#This Row],[Created Date]])))","v":"Created Date missing"},{"$f":"IF(RiskRegister[[#This Row],[Risk Status]]=\"Closed\",RiskRegister[[#This Row],[Risk Close Date]],RiskRegister[[#This Row],[Risk Due Date]])","v":"00:00:00"},{"$f":"IF(RiskRegister[[#This Row],[Risk-Change-Date]]=0,DATE(2030,1,1),RiskRegister[[#This Row],[Risk-Change-Date]])","v":"2030-01-01"},{"$f":"RiskRegister[[#This Row],[Inherent Impact Level]]&\"-\"&RiskRegister[[#This Row],[Inherent Likelihood Level]]","v":"-- Select Impact ----- Select Likelihood --"},{"$f":"RiskRegister[[#This Row],[Residual Impact Level]]&\"-\"&RiskRegister[[#This Row],[Residual Likelihood Level]]","v":"-- Select Impact ----- Select Likelihood --"},"Error",{"$f":"IF(RiskRegister[[#This Row],[Risk Status]]=\"Closed\",RiskRegister[[#This Row],[Residual Impact Level]],RiskRegister[[#This Row],[Inherent Impact Level]])","v":"-- Select Impact --"},{"$f":"IF(RiskRegister[[#This Row],[Risk Status]]=\"Closed\",RiskRegister[[#This Row],[Residual Likelihood Level]],RiskRegister[[#This Row],[Inherent Likelihood Level]])","v":"-- Select Likelihood --"},{"$f":"IF(RiskRegister[[#This Row],[Risk Status]]=\"Closed\",RiskRegister[[#This Row],[Residual-I-L-Combo]],RiskRegister[[#This Row],[Inherent-I-L-Combo]])","v":"-- Select Impact ----- Select Likelihood --"},"-- Error --"]
[276,{"$nulls":5},"-- Select Risk Category --",null,"-- select department --",null,null,"-- Select Impact --",{"$f":"VLOOKUP(RiskRegister[[#This Row],[Inherent Impact Level]],'Rating factors'!$F$4:$G$9,2,FALSE)","v":"--- Error ---"},"-- Select Likelihood --",{"$f":"VLOOKUP(RiskRegister[[#This Row],[Inherent Likelihood Level]],'Rating factors'!$F$16:$G$21,2,FALSE)","v":"--- Error ---"},{"$f":"IFERROR(VLOOKUP(RiskRegister[[#This Row],[Inherent Risk Rating]],'Rating factors'!$F$30:$G$44,2,FALSE),\"-- Error --\")","v":"-- Error --"},{"$f":"IFERROR(RiskRegister[[#This Row],[Inherent Impact Rating]]*RiskRegister[[#This Row],[Inherent Likelihood Rating]],\"-- Error --\")","v":"-- Error --"},"-- Select Risk Response --",null,"-- Select Impact --",{"$f":"VLOOKUP(RiskRegister[[#This Row],[Residual Impact Level]],'Rating factors'!$F$4:$G$9,2,FALSE)","v":"--- Error ---"},"-- Select Likelihood --",{"$f":"VLOOKUP(RiskRegister[[#This Row],[Residual Likelihood Level]],'Rating factors'!$F$16:$G$21,2,FALSE)","v":"--- Error ---"},{"$f":"IFERROR(VLOOKUP(RiskRegister[[#This Row],[Residual Risk Rating]],'Rating factors'!$F$30:$G$44,2,FALSE),\"-- Error --\")","v":"-- Error --"},{"$f":"IFERROR(RiskRegister[[#This Row],[Residual Impact Rating]]*RiskRegister[[#This Row],[Residual Likelihood Rating]],\"-- Error --\")","v":"-- Error --"},"-- Select Risk Status --",{"$nulls":3},{"$f":"IF(ISBLANK(RiskRegister[[#This Row],[Risk Due Date]]), \"Missing Risk Due Date\", IF(RiskRegister[[#This Row],[Risk Due Date]] < TODAY(), \"Overdue\", \"Not Overdue\"))","v":"Missing Risk Due Date"},null,{"$f":"IF(ISBLANK(RiskRegister[[#This Row],[Risk Due Date]]), \"Missing Risk Due Date\", TEXT(RiskRegister[[#This Row],[Risk Due Date]], \"YYYY-MM\"))","v":"Missing Risk Due Date"},{"$f":"IF(RiskRegister[[#This Row],[Created Date]]=\"\",\"Created Date missing\",(TEXT(RiskRegister[[#This Row],[Created Date]],\"mmm\") & \"-\" & YEAR(RiskRegister[[#This Row],[Created Date]])))","v":"Created Date missing"},{"$f":"IF(RiskRegister[[#This Row],[Risk Status]]=\"Closed\",RiskRegister[[#This Row],[Risk Close Date]],RiskRegister[[#This Row],[Risk Due Date]])","v":"00:00:00"},{"$f":"IF(RiskRegister[[#This Row],[Risk-Change-Date]]=0,DATE(2030,1,1),RiskRegister[[#This Row],[Risk-Change-Date]])","v":"2030-01-01"},{"$f":"RiskRegister[[#This Row],[Inherent Impact Level]]&\"-\"&RiskRegister[[#This Row],[Inherent Likelihood Level]]","v":"-- Select Impact ----- Select Likelihood --"},{"$f":"RiskRegister[[#This Row],[Residual Impact Level]]&\"-\"&RiskRegister[[#This Row],[Residual Likelihood Level]]","v":"-- Select Impact ----- Select Likelihood --"},"Error",{"$f":"IF(RiskRegister[[#This Row],[Risk Status]]=\"Closed\",RiskRegister[[#This Row],[Residual Impact Level]],RiskRegister[[#This Row],[Inherent Impact Level]])","v":"-- Select Impact --"},{"$f":"IF(RiskRegister[[#This Row],[Risk Status]]=\"Closed\",RiskRegister[[#This Row],[Residual Likelihood Level]],RiskRegister[[#This Row],[Inherent Likelihood Level]])","v":"-- Select Likelihood --"},{"$f":"IF(RiskRegister[[#This Row],[Risk Status]]=\"Closed\",RiskRegister[[#This Row],[Residual-I-L-Combo]],RiskRegister[[#This Row],[Inherent-I-L-Combo]])","v":"-- Select Impact ----- Select Likelihood --"},"-- Error --"]
[277,{"$nulls":5},"-- Select Risk Category --",null,"-- select department --",null,null,"-- Select Impact --",{"$f":"VLOOKUP(RiskRegister[[#This Row],[Inherent Impact Level]],'Rating factors'!$F$4:$G$9,2,FALSE)","v":"--- Error ---"},"-- Select Likelihood --",{"$f":"VLOOKUP(RiskRegister[[#This Row],[Inherent Likelihood Level]],'Rating factors'!$F$16:$G$21,2,FALSE)","v":"--- Error ---"},{"$f":"IFERROR(VLOOKUP(RiskRegister[[#This Row],[Inherent Risk Rating]],'Rating factors'!$F$30:$G$44,2,FALSE),\"-- Error --\")","v":"-- Error --"},{"$f":"IFERROR(RiskRegister[[#This Row],[Inherent Impact Rating]]*RiskRegister[[#This Row],[Inherent Likelihood Rating]],\"-- Error --\")","v":"-- Error --"},"-- Select Risk Response --",null,"-- Select Impact --",{"$f":"VLOOKUP(RiskRegister[[#This Row],[Residual Impact Level]],'Rating factors'!$F$4:$G$9,2,FALSE)","v":"--- Error ---"},"-- Select Likelihood --",{"$f":"VLOOKUP(RiskRegister[[#This Row],[Residual Likelihood Level]],'Rating factors'!$F$16:$G$21,2,FALSE)","v":"--- Error ---"},{"$f":"IFERROR(VLOOKUP(RiskRegister[[#This Row],[Residual Risk Rating]],'Rating factors'!$F$30:$G$44,2,FALSE),\"-- Error --\")","v":"-- Error --"},{"$f":"IFERROR(RiskRegister[[#This Row],[Residual Impact Rating]]*RiskRegister[[#This Row],[Residual Likelihood Rating]],\"-- Error --\")","v":"-- Error --"},"-- Select Risk Status --",{"$nulls":3},{"$f":"IF(ISBLANK(RiskRegister[[#This Row],[Risk Due Date]]), \"Missing Risk Due Date\", IF(RiskRegister[[#This Row],[Risk Due Date]] < TODAY(), \"Overdue\", \"Not Overdue\"))","v":"Missing Risk Due Date"},null,{"$f":"IF(ISBLANK(RiskRegister[[#This Row],[Risk Due Date]]), \"Missing Risk Due Date\", TEXT(RiskRegister[[#This Row],[Risk Due Date]], \"YYYY-MM\"))","v":"Missing Risk Due Date"},{"$f":"IF(RiskRegister[[#This Row],[Created Date]]=\"\",\"Created Date missing\",(TEXT(RiskRegister[[#This Row],[Created Date]],\"mmm\") & \"-\" & YEAR(RiskRegister[[#This Row],[Created Date]])))","v":"Created Date missing"},{"$f":"IF(RiskRegister[[#This Row],[Risk Status]]=\"Closed\",RiskRegister[[#This Row],[Risk Close Date]],RiskRegister[[#This Row],[Risk Due Date]])","v":"00:00:00"},{"$f":"IF(RiskRegister[[#This Row],[Risk-Change-Date]]=0,DATE(2030,1,1),RiskRegister[[#This Row],[Risk-Change-Date]])","v":"2030-01-01"},{"$f":"RiskRegister[[#This Row],[Inherent Impact Level]]&\"-\"&RiskRegister[[#This Row],[Inherent Likelihood Level]]","v":"-- Select Impact ----- Select Likelihood --"},{"$f":"RiskRegister[[#This Row],[Residual Impact Level]]&\"-\"&RiskRegister[[#This Row],[Residual Likelihood Level]]","v":"-- Select Impact ----- Select Likelihood --"},"Error",{"$f":"IF(RiskRegister[[#This Row],[Risk Status]]=\"Closed\",RiskRegister[[#This Row],[Residual Impact Level]],RiskRegister[[#This Row],[Inherent Impact Level]])","v":"-- Select Impact --"},{"$f":"IF(RiskRegister[[#This Row],[Risk Status]]=\"Closed\",RiskRegister[[#This Row],[Residual Likelihood Level]],RiskRegister[[#This Row],[Inherent Likelihood Level]])","v":"-- Select Likelihood --"},{"$f":"IF(RiskRegister[[#This Row],[Risk Status]]=\"Closed\",RiskRegister[[#This Row],[Residual-I-L-Combo]],RiskRegister[[#This Row],[Inherent-I-L-Combo]])","v":"-- Select Impact ----- Select Likelihood --"},"-- Error --"]
[278,{"$nulls":5},"-- Select Risk Category --",null,"-- select department --",null,null,"-- Select Impact --",{"$f":"VLOOKUP(RiskRegister[[#This Row],[Inherent Impact Level]],'Rating factors'!$F$4:$G$9,2,FALSE)","v":"--- Error ---"},"-- Select Likelihood --",{"$f":"VLOOKUP(RiskRegister[[#This Row],[Inherent Likelihood Level]],'Rating factors'!$F$16:$G$21,2,FALSE)","v":"--- Error ---"},{"$f":"IFERROR(VLOOKUP(RiskRegister[[#This Row],[Inherent Risk Rating]],'Rating factors'!$F$30:$G$44,2,FALSE),\"-- Error --\")","v":"-- Error --"},{"$f":"IFERROR(RiskRegister[[#This Row],[Inherent Impact Rating]]*RiskRegister[[#This Row],[Inherent Likelihood Rating]],\"-- Error --\")","v":"-- Error --"},"-- Select Risk Response --",null,"-- Select Impact --",{"$f":"VLOOKUP(RiskRegister[[#This Row],[Residual Impact Level]],'Rating factors'!$F$4:$G$9,2,FALSE)","v":"--- Error ---"},"-- Select Likelihood --",{"$f":"VLOOKUP(RiskRegister[[#This Row],[Residual Likelihood Level]],'Rating factors'!$F$16:$G$21,2,FALSE)","v":"--- Error ---"},{"$f":"IFERROR(VLOOKUP(RiskRegister[[#This Row],[Residual Risk Rating]],'Rating factors'!$F$30:$G$44,2,FALSE),\"-- Error --\")","v":"-- Error --"},{"$f":"IFERROR(RiskRegister[[#This Row],[Residual Impact Rating]]*RiskRegister[[#This Row],[Residual Likelihood Rating]],\"-- Error --\")","v":"-- Error --"},"-- Select Risk Status --",{"$nulls":3},{"$f":"IF(ISBLANK(RiskRegister[[#This Row],[Risk Due Date]]), \"Missing Risk Due Date\", IF(RiskRegister[[#This Row],[Risk Due Date]] < TODAY(), \"Overdue\", \"Not Overdue\"))","v":"Missing Risk Due Date"},null,{"$f":"IF(ISBLANK(RiskRegister[[#This Row],[Risk Due Date]]), \"Missing Risk Due Date\", TEXT(RiskRegister[[#This Row],[Risk Due Date]], \"YYYY-MM\"))","v":"Missing Risk Due Date"},{"$f":"IF(RiskRegister[[#This Row],[Created Date]]=\"\",\"Created Date missing\",(TEXT(RiskRegister[[#This Row],[Created Date]],\"mmm\") & \"-\" & YEAR(RiskRegister[[#This Row],[Created Date]])))","v":"Created Date missing"},{"$f":"IF(RiskRegister[[#This Row],[Risk Status]]=\"Closed\",RiskRegister[[#This Row],[Risk Close Date]],RiskRegister[[#This Row],[Risk Due Date]])","v":"00:00:00"},{"$f":"IF(RiskRegister[[#This Row],[Risk-Change-Date]]=0,DATE(2030,1,1),RiskRegister[[#This Row],[Risk-Change-Date]])","v":"2030-01-01"},{"$f":"RiskRegister[[#This Row],[Inherent Impact Level]]&\"-\"&RiskRegister[[#This Row],[Inherent Likelihood Level]]","v":"-- Select Impact ----- Select Likelihood --"},{"$f":"RiskRegister[[#This Row],[Residual Impact Level]]&\"-\"&RiskRegister[[#This Row],[Residual Likelihood Level]]","v":"-- Select Impact ----- Select Likelihood --"},"Error",{"$f":"IF(RiskRegister[[#This Row],[Risk Status]]=\"Closed\",RiskRegister[[#This Row],[Residual Impact Level]],RiskRegister[[#This Row],[Inherent Impact Level]])","v":"-- Select Impact --"},{"$f":"IF(RiskRegister[[#This Row],[Risk Status]]=\"Closed\",RiskRegister[[#This Row],[Residual Likelihood Level]],RiskRegister[[#This Row],[Inherent Likelihood Level]])","v":"-- Select Likelihood --"},{"$f":"IF(RiskRegister[[#This Row],[Risk Status]]=\"Closed\",RiskRegister[[#This Row],[Residual-I-L-Combo]],RiskRegister[[#This Row],[Inherent-I-L-Combo]])","v":"-- Select Impact ----- Select Likelihood --"},"-- Error --"]
[279,{"$nulls":5},"-- Select Risk Category --",null,"-- select department --",null,null,"-- Select Impact --",{"$f":"VLOOKUP(RiskRegister[[#This Row],[Inherent Impact Level]],'Rating factors'!$F$4:$G$9,2,FALSE)","v":"--- Error ---"},"-- Select Likelihood --",{"$f":"VLOOKUP(RiskRegister[[#This Row],[Inherent Likelihood Level]],'Rating factors'!$F$16:$G$21,2,FALSE)","v":"--- Error ---"},{"$f":"IFERROR(VLOOKUP(RiskRegister[[#This Row],[Inherent Risk Rating]],'Rating factors'!$F$30:$G$44,2,FALSE),\"-- Error --\")","v":"-- Error --"},{"$f":"IFERROR(RiskRegister[[#This Row],[Inherent Impact Rating]]*RiskRegister[[#This Row],[Inherent Likelihood Rating]],\"-- Error --\")","v":"-- Error --"},"-- Select Risk Response --",null,"-- Select Impact --",{"$f":"VLOOKUP(RiskRegister[[#This Row],[Residual Impact Level]],'Rating factors'!$F$4:$G$9,2,FALSE)","v":"--- Error ---"},"-- Select Likelihood --",{"$f":"VLOOKUP(RiskRegister[[#This Row],[Residual Likelihood Level]],'Rating factors'!$F$16:$G$21,2,FALSE)","v":"--- Error ---"},{"$f":"IFERROR(VLOOKUP(RiskRegister[[#This Row],[Residual Risk Rating]],'Rating factors'!$F$30:$G$44,2,FALSE),\"-- Error --\")","v":"-- Error --"},{"$f":"IFERROR(RiskRegister[[#This Row],[Residual Impact Rating]]*RiskRegister[[#This Row],[Residual Likelihood Rating]],\"-- Error --\")","v":"-- Error --"},"-- Select Risk Status --",{"$nulls":3},{"$f":"IF(ISBLANK(RiskRegister[[#This Row],[Risk Due Date]]), \"Missing Risk Due Date\", IF(RiskRegister[[#This Row],[Risk Due Date]] < TODAY(), \"Overdue\", \"Not Overdue\"))","v":"Missing Risk Due Date"},null,{"$f":"IF(ISBLANK(RiskRegister[[#This Row],[Risk Due Date]]), \"Missing Risk Due Date\", TEXT(RiskRegister[[#This Row],[Risk Due Date]], \"YYYY-MM\"))","v":"Missing Risk Due Date"},{"$f":"IF(RiskRegister[[#This Row],[Created Date]]=\"\",\"Created Date missing\",(TEXT(RiskRegister[[#This Row],[Created Date]],\"mmm\") & \"-\" & YEAR(RiskRegister[[#This Row],[Created Date]])))","v":"Created Date missing"},{"$f":"IF(RiskRegister[[#This Row],[Risk Status]]=\"Closed\",RiskRegister[[#This Row],[Risk Close Date]],RiskRegister[[#This Row],[Risk Due Date]])","v":"00:00:00"},{"$f":"IF(RiskRegister[[#This Row],[Risk-Change-Date]]=0,DATE(2030,1,1),RiskRegister[[#This Row],[Risk-Change-Date]])","v":"2030-01-01"},{"$f":"RiskRegister[[#This Row],[Inherent Impact Level]]&\"-\"&RiskRegister[[#This Row],[Inherent Likelihood Level]]","v":"-- Select Impact ----- Select Likelihood --"},{"$f":"RiskRegister[[#This Row],[Residual Impact Level]]&\"-\"&RiskRegister[[#This Row],[Residual Likelihood Level]]","v":"-- Select Impact ----- Select Likelihood --"},"Error",{"$f":"IF(RiskRegister[[#This Row],[Risk Status]]=\"Closed\",RiskRegister[[#This Row],[Residual Impact Level]],RiskRegister[[#This Row],[Inherent Impact Level]])","v":"-- Select Impact --"},{"$f":"IF(RiskRegister[[#This Row],[Risk Status]]=\"Closed\",RiskRegister[[#This Row],[Residual Likelihood Level]],RiskRegister[[#This Row],[Inherent Likelihood Level]])","v":"-- Select Likelihood --"},{"$f":"IF(RiskRegister[[#This Row],[Risk Status]]=\"Closed\",RiskRegister[[#This Row],[Residual-I-L-Combo]],RiskRegister[[#This Row],[Inherent-I-L-Combo]])","v":"-- Select Impact ----- Select Likelihood --"},"-- Error --"]
[280,{"$nulls":5},"-- Select Risk Category --",null,"-- select department --",null,null,"-- Select Impact --",{"$f":"VLOOKUP(RiskRegister[[#This Row],[Inherent Impact Level]],'Rating factors'!$F$4:$G$9,2,FALSE)","v":"--- Error ---"},"-- Select Likelihood --",{"$f":"VLOOKUP(RiskRegister[[#This Row],[Inherent Likelihood Level]],'Rating factors'!$F$16:$G$21,2,FALSE)","v":"--- Error ---"},{"$f":"IFERROR(VLOOKUP(RiskRegister[[#This Row],[Inherent Risk Rating]],'Rating factors'!$F$30:$G$44,2,FALSE),\"-- Error --\")","v":"-- Error --"},{"$f":"IFERROR(RiskRegister[[#This Row],[Inherent Impact Rating]]*RiskRegister[[#This Row],[Inherent Likelihood Rating]],\"-- Error --\")","v":"-- Error --"},"-- Select Risk Response --",null,"-- Select Impact --",{"$f":"VLOOKUP(RiskRegister[[#This Row],[Residual Impact Level]],'Rating factors'!$F$4:$G$9,2,FALSE)","v":"--- Error ---"},"-- Select Likelihood --",{"$f":"VLOOKUP(RiskRegister[[#This Row],[Residual Likelihood Level]],'Rating factors'!$F$16:$G$21,2,FALSE)","v":"--- Error ---"},{"$f":"IFERROR(VLOOKUP(RiskRegister[[#This Row],[Residual Risk Rating]],'Rating factors'!$F$30:$G$44,2,FALSE),\"-- Error --\")","v":"-- Error --"},{"$f":"IFERROR(RiskRegister[[#This Row],[Residual Impact Rating]]*RiskRegister[[#This Row],[Residual Likelihood Rating]],\"-- Error --\")","v":"-- Error --"},"-- Select Risk Status --",{"$nulls":3},{"$f":"IF(ISBLANK(RiskRegister[[#This Row],[Risk Due Date]]), \"Missing Risk Due Date\", IF(RiskRegister[[#This Row],[Risk Due Date]] < TODAY(), \"Overdue\", \"Not Overdue\"))","v":"Missing Risk Due Date"},null,{"$f":"IF(ISBLANK(RiskRegister[[#This Row],[Risk Due Date]]), \"Missing Risk Due Date\", TEXT(RiskRegister[[#This Row],[Risk Due Date]], \"YYYY-MM\"))","v":"Missing Risk Due Date"},{"$f":"IF(RiskRegister[[#This Row],[Created Date]]=\"\",\"Created Date missing\",(TEXT(RiskRegister[[#This Row],[Created Date]],\"mmm\") & \"-\" & YEAR(RiskRegister[[#This Row],[Created Date]])))","v":"Created Date missing"},{"$f":"IF(RiskRegister[[#This Row],[Risk Status]]=\"Closed\",RiskRegister[[#This Row],[Risk Close Date]],RiskRegister[[#This Row],[Risk Due Date]])","v":"00:00:00"},{"$f":"IF(RiskRegister[[#This Row],[Risk-Change-Date]]=0,DATE(2030,1,1),RiskRegister[[#This Row],[Risk-Change-Date]])","v":"2030-01-01"},{"$f":"RiskRegister[[#This Row],[Inherent Impact Level]]&\"-\"&RiskRegister[[#This Row],[Inherent Likelihood Level]]","v":"-- Select Impact ----- Select Likelihood --"},{"$f":"RiskRegister[[#This Row],[Residual Impact Level]]&\"-\"&RiskRegister[[#This Row],[Residual Likelihood Level]]","v":"-- Select Impact ----- Select Likelihood --"},"Error",{"$f":"IF(RiskRegister[[#This Row],[Risk Status]]=\"Closed\",RiskRegister[[#This Row],[Residual Impact Level]],RiskRegister[[#This Row],[Inherent Impact Level]])","v":"-- Select Impact --"},{"$f":"IF(RiskRegister[[#This Row],[Risk Status]]=\"Closed\",RiskRegister[[#This Row],[Residual Likelihood Level]],RiskRegister[[#This Row],[Inherent Likelihood Level]])","v":"-- Select Likelihood --"},{"$f":"IF(RiskRegister[[#This Row],[Risk Status]]=\"Closed\",RiskRegister[[#This Row],[Residual-I-L-Combo]],RiskRegister[[#This Row],[Inherent-I-L-Combo]])","v":"-- Select Impact ----- Select Likelihood --"},"-- Error --"]
[281,{"$nulls":5},"-- Select Risk Category --",null,"-- select department --",null,null,"-- Select Impact --",{"$f":"VLOOKUP(RiskRegister[[#This Row],[Inherent Impact Level]],'Rating factors'!$F$4:$G$9,2,FALSE)","v":"--- Error ---"},"-- Select Likelihood --",{"$f":"VLOOKUP(RiskRegister[[#This Row],[Inherent Likelihood Level]],'Rating factors'!$F$16:$G$21,2,FALSE)","v":"--- Error ---"},{"$f":"IFERROR(VLOOKUP(RiskRegister[[#This Row],[Inherent Risk Rating]],'Rating factors'!$F$30:$G$44,2,FALSE),\"-- Error --\")","v":"-- Error --"},{"$f":"IFERROR(RiskRegister[[#This Row],[Inherent Impact Rating]]*RiskRegister[[#This Row],[Inherent Likelihood Rating]],\"-- Error --\")","v":"-- Error --"},"-- Select Risk Response --",null,"-- Select Impact --",{"$f":"VLOOKUP(RiskRegister[[#This Row],[Residual Impact Level]],'Rating factors'!$F$4:$G$9,2,FALSE)","v":"--- Error ---"},"-- Select Likelihood --",{"$f":"VLOOKUP(RiskRegister[[#This Row],[Residual Likelihood Level]],'Rating factors'!$F$16:$G$21,2,FALSE)","v":"--- Error ---"},{"$f":"IFERROR(VLOOKUP(RiskRegister[[#This Row],[Residual Risk Rating]],'Rating factors'!$F$30:$G$44,2,FALSE),\"-- Error --\")","v":"-- Error --"},{"$f":"IFERROR(RiskRegister[[#This Row],[Residual Impact Rating]]*RiskRegister[[#This Row],[Residual Likelihood Rating]],\"-- Error --\")","v":"-- Error --"},"-- Select Risk Status --",{"$nulls":3},{"$f":"IF(ISBLANK(RiskRegister[[#This Row],[Risk Due Date]]), \"Missing Risk Due Date\", IF(RiskRegister[[#This Row],[Risk Due Date]] < TODAY(), \"Overdue\", \"Not Overdue\"))","v":"Missing Risk Due Date"},null,{"$f":"IF(ISBLANK(RiskRegister[[#This Row],[Risk Due Date]]), \"Missing Risk Due Date\", TEXT(RiskRegister[[#This Row],[Risk Due Date]], \"YYYY-MM\"))","v":"Missing Risk Due Date"},{"$f":"IF(RiskRegister[[#This Row],[Created Date]]=\"\",\"Created Date missing\",(TEXT(RiskRegister[[#This Row],[Created Date]],\"mmm\") & \"-\" & YEAR(RiskRegister[[#This Row],[Created Date]])))","v":"Created Date missing"},{"$f":"IF(RiskRegister[[#This Row],[Risk Status]]=\"Closed\",RiskRegister[[#This Row],[Risk Close Date]],RiskRegister[[#This Row],[Risk Due Date]])","v":"00:00:00"},{"$f":"IF(RiskRegister[[#This Row],[Risk-Change-Date]]=0,DATE(2030,1,1),RiskRegister[[#This Row],[Risk-Change-Date]])","v":"2030-01-01"},{"$f":"RiskRegister[[#This Row],[Inherent Impact Level]]&\"-\"&RiskRegister[[#This Row],[Inherent Likelihood Level]]","v":"-- Select Impact ----- Select Likelihood --"},{"$f":"RiskRegister[[#This Row],[Residual Impact Level]]&\"-\"&RiskRegister[[#This Row],[Residual Likelihood Level]]","v":"-- Select Impact ----- Select Likelihood --"},"Error",{"$f":"IF(RiskRegister[[#This Row],[Risk Status]]=\"Closed\",RiskRegister[[#This Row],[Residual Impact Level]],RiskRegister[[#This Row],[Inherent Impact Level]])","v":"-- Select Impact --"},{"$f":"IF(RiskRegister[[#This Row],[Risk Status]]=\"Closed\",RiskRegister[[#This Row],[Residual Likelihood Level]],RiskRegister[[#This Row],[Inherent Likelihood Level]])","v":"-- Select Likelihood --"},{"$f":"IF(RiskRegister[[#This Row],[Risk Status]]=\"Closed\",RiskRegister[[#This Row],[Residual-I-L-Combo]],RiskRegister[[#This Row],[Inherent-I-L-Combo]])","v":"-- Select Impact ----- Select Likelihood --"},"-- Error --"]
[282,{"$nulls":5},"-- Select Risk Category --",null,"-- select department --",null,null,"-- Select Impact --",{"$f":"VLOOKUP(RiskRegister[[#This Row],[Inherent Impact Level]],'Rating factors'!$F$4:$G$9,2,FALSE)","v":"--- Error ---"},"-- Select Likelihood --",{"$f":"VLOOKUP(RiskRegister[[#This Row],[Inherent Likelihood Level]],'Rating factors'!$F$16:$G$21,2,FALSE)","v":"--- Error ---"},{"$f":"IFERROR(VLOOKUP(RiskRegister[[#This Row],[Inherent Risk Rating]],'Rating factors'!$F$30:$G$44,2,FALSE),\"-- Error --\")","v":"-- Error --"},{"$f":"IFERROR(RiskRegister[[#This Row],[Inherent Impact Rating]]*RiskRegister[[#This Row],[Inherent Likelihood Rating]],\"-- Error --\")","v":"-- Error --"},"-- Select Risk Response --",null,"-- Select Impact --",{"$f":"VLOOKUP(RiskRegister[[#This Row],[Residual Impact Level]],'Rating factors'!$F$4:$G$9,2,FALSE)","v":"--- Error ---"},"-- Select Likelihood --",{"$f":"VLOOKUP(RiskRegister[[#This Row],[Residual Likelihood Level]],'Rating factors'!$F$16:$G$21,2,FALSE)","v":"--- Error ---"},{"$f":"IFERROR(VLOOKUP(RiskRegister[[#This Row],[Residual Risk Rating]],'Rating factors'!$F$30:$G$44,2,FALSE),\"-- Error --\")","v":"-- Error --"},{"$f":"IFERROR(RiskRegister[[#This Row],[Residual Impact Rating]]*RiskRegister[[#This Row],[Residual Likelihood Rating]],\"-- Error --\")","v":"-- Error --"},"-- Select Risk Status --",{"$nulls":3},{"$f":"IF(ISBLANK(RiskRegister[[#This Row],[Risk Due Date]]), \"Missing Risk Due Date\", IF(RiskRegister[[#This Row],[Risk Due Date]] < TODAY(), \"Overdue\", \"Not Overdue\"))","v":"Missing Risk Due Date"},null,{"$f":"IF(ISBLANK(RiskRegister[[#This Row],[Risk Due Date]]), \"Missing Risk Due Date\", TEXT(RiskRegister[[#This Row],[Risk Due Date]], \"YYYY-MM\"))","v":"Missing Risk Due Date"},{"$f":"IF(RiskRegister[[#This Row],[Created Date]]=\"\",\"Created Date missing\",(TEXT(RiskRegister[[#This Row],[Created Date]],\"mmm\") & \"-\" & YEAR(RiskRegister[[#This Row],[Created Date]])))","v":"Created Date missing"},{"$f":"IF(RiskRegister[[#This Row],[Risk Status]]=\"Closed\",RiskRegister[[#This Row],[Risk Close Date]],RiskRegister[[#This Row],[Risk Due Date]])","v":"00:00:00"},{"$f":"IF(RiskRegister[[#This Row],[Risk-Change-Date]]=0,DATE(2030,1,1),RiskRegister[[#This Row],[Risk-Change-Date]])","v":"2030-01-01"},{"$f":"RiskRegister[[#This Row],[Inherent Impact Level]]&\"-\"&RiskRegister[[#This Row],[Inherent Likelihood Level]]","v":"-- Select Impact ----- Select Likelihood --"},{"$f":"RiskRegister[[#This Row],[Residual Impact Level]]&\"-\"&RiskRegister[[#This Row],[Residual Likelihood Level]]","v":"-- Select Impact ----- Select Likelihood --"},"Error",{"$f":"IF(RiskRegister[[#This Row],[Risk Status]]=\"Closed\",RiskRegister[[#This Row],[Residual Impact Level]],RiskRegister[[#This Row],[Inherent Impact Level]])","v":"-- Select Impact --"},{"$f":"IF(RiskRegister[[#This Row],[Risk Status]]=\"Closed\",RiskRegister[[#This Row],[Residual Likelihood Level]],RiskRegister[[#This Row],[Inherent Likelihood Level]])","v":"-- Select Likelihood --"},{"$f":"IF(RiskRegister[[#This Row],[Risk Status]]=\"Closed\",RiskRegister[[#This Row],[Residual-I-L-Combo]],RiskRegister[[#This Row],[Inherent-I-L-Combo]])","v":"-- Select Impact ----- Select Likelihood --"},"-- Error --"]
[283,{"$nulls":5},"-- Select Risk Category --",null,"-- select department --",null,null,"-- Select Impact --",{"$f":"VLOOKUP(RiskRegister[[#This Row],[Inherent Impact Level]],'Rating factors'!$F$4:$G$9,2,FALSE)","v":"--- Error ---"},"-- Select Likelihood --",{"$f":"VLOOKUP(RiskRegister[[#This Row],[Inherent Likelihood Level]],'Rating factors'!$F$16:$G$21,2,FALSE)","v":"--- Error ---"},{"$f":"IFERROR(VLOOKUP(RiskRegister[[#This Row],[Inherent Risk Rating]],'Rating factors'!$F$30:$G$44,2,FALSE),\"-- Error --\")","v":"-- Error --"},{"$f":"IFERROR(RiskRegister[[#This Row],[Inherent Impact Rating]]*RiskRegister[[#This Row],[Inherent Likelihood Rating]],\"-- Error --\")","v":"-- Error --"},"-- Select Risk Response --",null,"-- Select Impact --",{"$f":"VLOOKUP(RiskRegister[[#This Row],[Residual Impact Level]],'Rating factors'!$F$4:$G$9,2,FALSE)","v":"--- Error ---"},"-- Select Likelihood --",{"$f":"VLOOKUP(RiskRegister[[#This Row],[Residual Likelihood Level]],'Rating factors'!$F$16:$G$21,2,FALSE)","v":"--- Error ---"},{"$f":"IFERROR(VLOOKUP(RiskRegister[[#This Row],[Residual Risk Rating]],'Rating factors'!$F$30:$G$44,2,FALSE),\"-- Error --\")","v":"-- Error --"},{"$f":"IFERROR(RiskRegister[[#This Row],[Residual Impact Rating]]*RiskRegister[[#This Row],[Residual Likelihood Rating]],\"-- Error --\")","v":"-- Error --"},"-- Select Risk Status --",{"$nulls":3},{"$f":"IF(ISBLANK(RiskRegister[[#This Row],[Risk Due Date]]), \"Missing Risk Due Date\", IF(RiskRegister[[#This Row],[Risk Due Date]] < TODAY(), \"Overdue\", \"Not Overdue\"))","v":"Missing Risk Due Date"},null,{"$f":"IF(ISBLANK(RiskRegister[[#This Row],[Risk Due Date]]), \"Missing Risk Due Date\", TEXT(RiskRegister[[#This Row],[Risk Due Date]], \"YYYY-MM\"))","v":"Missing Risk Due Date"},{"$f":"IF(RiskRegister[[#This Row],[Created Date]]=\"\",\"Created Date missing\",(TEXT(RiskRegister[[#This Row],[Created Date]],\"mmm\") & \"-\" & YEAR(RiskRegister[[#This Row],[Created Date]])))","v":"Created Date missing"},{"$f":"IF(RiskRegister[[#This Row],[Risk Status]]=\"Closed\",RiskRegister[[#This Row],[Risk Close Date]],RiskRegister[[#This Row],[Risk Due Date]])","v":"00:00:00"},{"$f":"IF(RiskRegister[[#This Row],[Risk-Change-Date]]=0,DATE(2030,1,1),RiskRegister[[#This Row],[Risk-Change-Date]])","v":"2030-01-01"},{"$f":"RiskRegister[[#This Row],[Inherent Impact Level]]&\"-\"&RiskRegister[[#This Row],[Inherent Likelihood Level]]","v":"-- Select Impact ----- Select Likelihood --"},{"$f":"RiskRegister[[#This Row],[Residual Impact Level]]&\"-\"&RiskRegister[[#This Row],[Residual Likelihood Level]]","v":"-- Select Impact ----- Select Likelihood --"},"Error",{"$f":"IF(RiskRegister[[#This Row],[Risk Status]]=\"Closed\",RiskRegister[[#This Row],[Residual Impact Level]],RiskRegister[[#This Row],[Inherent Impact Level]])","v":"-- Select Impact --"},{"$f":"IF(RiskRegister[[#This Row],[Risk Status]]=\"Closed\",RiskRegister[[#This Row],[Residual Likelihood Level]],RiskRegister[[#This Row],[Inherent Likelihood Level]])","v":"-- Select Likelihood --"},{"$f":"IF(RiskRegister[[#This Row],[Risk Status]]=\"Closed\",RiskRegister[[#This Row],[Residual-I-L-Combo]],RiskRegister[[#This Row],[Inherent-I-L-Combo]])","v":"-- Select Impact ----- Select Likelihood --"},"-- Error --"]
[284,{"$nulls":5},"-- Select Risk Category --",null,"-- select department --",null,null,"-- Select Impact --",{"$f":"VLOOKUP(RiskRegister[[#This Row],[Inherent Impact Level]],'Rating factors'!$F$4:$G$9,2,FALSE)","v":"--- Error ---"},"-- Select Likelihood --",{"$f":"VLOOKUP(RiskRegister[[#This Row],[Inherent Likelihood Level]],'Rating factors'!$F$16:$G$21,2,FALSE)","v":"--- Error ---"},{"$f":"IFERROR(VLOOKUP(RiskRegister[[#This Row],[Inherent Risk Rating]],'Rating factors'!$F$30:$G$44,2,FALSE),\"-- Error --\")","v":"-- Error --"},{"$f":"IFERROR(RiskRegister[[#This Row],[Inherent Impact Rating]]*RiskRegister[[#This Row],[Inherent Likelihood Rating]],\"-- Error --\")","v":"-- Error --"},"-- Select Risk Response --",null,"-- Select Impact --",{"$f":"VLOOKUP(RiskRegister[[#This Row],[Residual Impact Level]],'Rating factors'!$F$4:$G$9,2,FALSE)","v":"--- Error ---"},"-- Select Likelihood --",{"$f":"VLOOKUP(RiskRegister[[#This Row],[Residual Likelihood Level]],'Rating factors'!$F$16:$G$21,2,FALSE)","v":"--- Error ---"},{"$f":"IFERROR(VLOOKUP(RiskRegister[[#This Row],[Residual Risk Rating]],'Rating factors'!$F$30:$G$44,2,FALSE),\"-- Error --\")","v":"-- Error --"},{"$f":"IFERROR(RiskRegister[[#This Row],[Residual Impact Rating]]*RiskRegister[[#This Row],[Residual Likelihood Rating]],\"-- Error --\")","v":"-- Error --"},"-- Select Risk Status --",{"$nulls":3},{"$f":"IF(ISBLANK(RiskRegister[[#This Row],[Risk Due Date]]), \"Missing Risk Due Date\", IF(RiskRegister[[#This Row],[Risk Due Date]] < TODAY(), \"Overdue\", \"Not Overdue\"))","v":"Missing Risk Due Date"},null,{"$f":"IF(ISBLANK(RiskRegister[[#This Row],[Risk Due Date]]), \"Missing Risk Due Date\", TEXT(RiskRegister[[#This Row],[Risk Due Date]], \"YYYY-MM\"))","v":"Missing Risk Due Date"},{"$f":"IF(RiskRegister[[#This Row],[Created Date]]=\"\",\"Created Date missing\",(TEXT(RiskRegister[[#This Row],[Created Date]],\"mmm\") & \"-\" & YEAR(RiskRegister[[#This Row],[Created Date]])))","v":"Created Date missing"},{"$f":"IF(RiskRegister[[#This Row],[Risk Status]]=\"Closed\",RiskRegister[[#This Row],[Risk Close Date]],RiskRegister[[#This Row],[Risk Due Date]])","v":"00:00:00"},{"$f":"IF(RiskRegister[[#This Row],[Risk-Change-Date]]=0,DATE(2030,1,1),RiskRegister[[#This Row],[Risk-Change-Date]])","v":"2030-01-01"},{"$f":"RiskRegister[[#This Row],[Inherent Impact Level]]&\"-\"&RiskRegister[[#This Row],[Inherent Likelihood Level]]","v":"-- Select Impact ----- Select Likelihood --"},{"$f":"RiskRegister[[#This Row],[Residual Impact Level]]&\"-\"&RiskRegister[[#This Row],[Residual Likelihood Level]]","v":"-- Select Impact ----- Select Likelihood --"},"Error",{"$f":"IF(RiskRegister[[#This Row],[Risk Status]]=\"Closed\",RiskRegister[[#This Row],[Residual Impact Level]],RiskRegister[[#This Row],[Inherent Impact Level]])","v":"-- Select Impact --"},{"$f":"IF(RiskRegister[[#This Row],[Risk Status]]=\"Closed\",RiskRegister[[#This Row],[Residual Likelihood Level]],RiskRegister[[#This Row],[Inherent Likelihood Level]])","v":"-- Select Likelihood --"},{"$f":"IF(RiskRegister[[#This Row],[Risk Status]]=\"Closed\",RiskRegister[[#This Row],[Residual-I-L-Combo]],RiskRegister[[#This Row],[Inherent-I-L-Combo]])","v":"-- Select Impact ----- Select Likelihood --"},"-- Error --"]
[285,{"$nulls":5},"-- Select Risk Category --",null,"-- select department --",null,null,"-- Select Impact --",{"$f":"VLOOKUP(RiskRegister[[#This Row],[Inherent Impact Level]],'Rating factors'!$F$4:$G$9,2,FALSE)","v":"--- Error ---"},"-- Select Likelihood --",{"$f":"VLOOKUP(RiskRegister[[#This Row],[Inherent Likelihood Level]],'Rating factors'!$F$16:$G$21,2,FALSE)","v":"--- Error ---"},{"$f":"IFERROR(VLOOKUP(RiskRegister[[#This Row],[Inherent Risk Rating]],'Rating factors'!$F$30:$G$44,2,FALSE),\"-- Error --\")","v":"-- Error --"},{"$f":"IFERROR(RiskRegister[[#This Row],[Inherent Impact Rating]]*RiskRegister[[#This Row],[Inherent Likelihood Rating]],\"-- Error --\")","v":"-- Error --"},"-- Select Risk Response --",null,"-- Select Impact --",{"$f":"VLOOKUP(RiskRegister[[#This Row],[Residual Impact Level]],'Rating factors'!$F$4:$G$9,2,FALSE)","v":"--- Error ---"},"-- Select Likelihood --",{"$f":"VLOOKUP(RiskRegister[[#This Row],[Residual Likelihood Level]],'Rating factors'!$F$16:$G$21,2,FALSE)","v":"--- Error ---"},{"$f":"IFERROR(VLOOKUP(RiskRegister[[#This Row],[Residual Risk Rating]],'Rating factors'!$F$30:$G$44,2,FALSE),\"-- Error --\")","v":"-- Error --"},{"$f":"IFERROR(RiskRegister[[#This Row],[Residual Impact Rating]]*RiskRegister[[#This Row],[Residual Likelihood Rating]],\"-- Error --\")","v":"-- Error --"},"-- Select Risk Status --",{"$nulls":3},{"$f":"IF(ISBLANK(RiskRegister[[#This Row],[Risk Due Date]]), \"Missing Risk Due Date\", IF(RiskRegister[[#This Row],[Risk Due Date]] < TODAY(), \"Overdue\", \"Not Overdue\"))","v":"Missing Risk Due Date"},null,{"$f":"IF(ISBLANK(RiskRegister[[#This Row],[Risk Due Date]]), \"Missing Risk Due Date\", TEXT(RiskRegister[[#This Row],[Risk Due Date]], \"YYYY-MM\"))","v":"Missing Risk Due Date"},{"$f":"IF(RiskRegister[[#This Row],[Created Date]]=\"\",\"Created Date missing\",(TEXT(RiskRegister[[#This Row],[Created Date]],\"mmm\") & \"-\" & YEAR(RiskRegister[[#This Row],[Created Date]])))","v":"Created Date missing"},{"$f":"IF(RiskRegister[[#This Row],[Risk Status]]=\"Closed\",RiskRegister[[#This Row],[Risk Close Date]],RiskRegister[[#This Row],[Risk Due Date]])","v":"00:00:00"},{"$f":"IF(RiskRegister[[#This Row],[Risk-Change-Date]]=0,DATE(2030,1,1),RiskRegister[[#This Row],[Risk-Change-Date]])","v":"2030-01-01"},{"$f":"RiskRegister[[#This Row],[Inherent Impact Level]]&\"-\"&RiskRegister[[#This Row],[Inherent Likelihood Level]]","v":"-- Select Impact ----- Select Likelihood --"},{"$f":"RiskRegister[[#This Row],[Residual Impact Level]]&\"-\"&RiskRegister[[#This Row],[Residual Likelihood Level]]","v":"-- Select Impact ----- Select Likelihood --"},"Error",{"$f":"IF(RiskRegister[[#This Row],[Risk Status]]=\"Closed\",RiskRegister[[#This Row],[Residual Impact Level]],RiskRegister[[#This Row],[Inherent Impact Level]])","v":"-- Select Impact --"},{"$f":"IF(RiskRegister[[#This Row],[Risk Status]]=\"Closed\",RiskRegister[[#This Row],[Residual Likelihood Level]],RiskRegister[[#This Row],[Inherent Likelihood Level]])","v":"-- Select Likelihood --"},{"$f":"IF(RiskRegister[[#This Row],[Risk Status]]=\"Closed\",RiskRegister[[#This Row],[Residual-I-L-Combo]],RiskRegister[[#This Row],[Inherent-I-L-Combo]])","v":"-- Select Impact ----- Select Likelihood --"},"-- Error --"]
[286,{"$nulls":5},"-- Select Risk Category --",null,"-- select department --",null,null,"-- Select Impact --",{"$f":"VLOOKUP(RiskRegister[[#This Row],[Inherent Impact Level]],'Rating factors'!$F$4:$G$9,2,FALSE)","v":"--- Error ---"},"-- Select Likelihood --",{"$f":"VLOOKUP(RiskRegister[[#This Row],[Inherent Likelihood Level]],'Rating factors'!$F$16:$G$21,2,FALSE)","v":"--- Error ---"},{"$f":"IFERROR(VLOOKUP(RiskRegister[[#This Row],[Inherent Risk Rating]],'Rating factors'!$F$30:$G$44,2,FALSE),\"-- Error --\")","v":"-- Error --"},{"$f":"IFERROR(RiskRegister[[#This Row],[Inherent Impact Rating]]*RiskRegister[[#This Row],[Inherent Likelihood Rating]],\"-- Error --\")","v":"-- Error --"},"-- Select Risk Response --",null,"-- Select Impact --",{"$f":"VLOOKUP(RiskRegister[[#This Row],[Residual Impact Level]],'Rating factors'!$F$4:$G$9,2,FALSE)","v":"--- Error ---"},"-- Select Likelihood --",{"$f":"VLOOKUP(RiskRegister[[#This Row],[Residual Likelihood Level]],'Rating factors'!$F$16:$G$21,2,FALSE)","v":"--- Error ---"},{"$f":"IFERROR(VLOOKUP(RiskRegister[[#This Row],[Residual Risk Rating]],'Rating factors'!$F$30:$G$44,2,FALSE),\"-- Error --\")","v":"-- Error --"},{"$f":"IFERROR(RiskRegister[[#This Row],[Residual Impact Rating]]*RiskRegister[[#This Row],[Residual Likelihood Rating]],\"-- Error --\")","v":"-- Error --"},"-- Select Risk Status --",{"$nulls":3},{"$f":"IF(ISBLANK(RiskRegister[[#This Row],[Risk Due Date]]), \"Missing Risk Due Date\", IF(RiskRegister[[#This Row],[Risk Due Date]] < TODAY(), \"Overdue\", \"Not Overdue\"))","v":"Missing Risk Due Date"},null,{"$f":"IF(ISBLANK(RiskRegister[[#This Row],[Risk Due Date]]), \"Missing Risk Due Date\", TEXT(RiskRegister[[#This Row],[Risk Due Date]], \"YYYY-MM\"))","v":"Missing Risk Due Date"},{"$f":"IF(RiskRegister[[#This Row],[Created Date]]=\"\",\"Created Date missing\",(TEXT(RiskRegister[[#This Row],[Created Date]],\"mmm\") & \"-\" & YEAR(RiskRegister[[#This Row],[Created Date]])))","v":"Created Date missing"},{"$f":"IF(RiskRegister[[#This Row],[Risk Status]]=\"Closed\",RiskRegister[[#This Row],[Risk Close Date]],RiskRegister[[#This Row],[Risk Due Date]])","v":"00:00:00"},{"$f":"IF(RiskRegister[[#This Row],[Risk-Change-Date]]=0,DATE(2030,1,1),RiskRegister[[#This Row],[Risk-Change-Date]])","v":"2030-01-01"},{"$f":"RiskRegister[[#This Row],[Inherent Impact Level]]&\"-\"&RiskRegister[[#This Row],[Inherent Likelihood Level]]","v":"-- Select Impact ----- Select Likelihood --"},{"$f":"RiskRegister[[#This Row],[Residual Impact Level]]&\"-\"&RiskRegister[[#This Row],[Residual Likelihood Level]]","v":"-- Select Impact ----- Select Likelihood --"},"Error",{"$f":"IF(RiskRegister[[#This Row],[Risk Status]]=\"Closed\",RiskRegister[[#This Row],[Residual Impact Level]],RiskRegister[[#This Row],[Inherent Impact Level]])","v":"-- Select Impact --"},{"$f":"IF(RiskRegister[[#This Row],[Risk Status]]=\"Closed\",RiskRegister[[#This Row],[Residual Likelihood Level]],RiskRegister[[#This Row],[Inherent Likelihood Level]])","v":"-- Select Likelihood --"},{"$f":"IF(RiskRegister[[#This Row],[Risk Status]]=\"Closed\",RiskRegister[[#This Row],[Residual-I-L-Combo]],RiskRegister[[#This Row],[Inherent-I-L-Combo]])","v":"-- Select Impact ----- Select Likelihood --"},"-- Error --"]
[287,{"$nulls":5},"-- Select Risk Category --",null,"-- select department --",null,null,"-- Select Impact --",{"$f":"VLOOKUP(RiskRegister[[#This Row],[Inherent Impact Level]],'Rating factors'!$F$4:$G$9,2,FALSE)","v":"--- Error ---"},"-- Select Likelihood --",{"$f":"VLOOKUP(RiskRegister[[#This Row],[Inherent Likelihood Level]],'Rating factors'!$F$16:$G$21,2,FALSE)","v":"--- Error ---"},{"$f":"IFERROR(VLOOKUP(RiskRegister[[#This Row],[Inherent Risk Rating]],'Rating factors'!$F$30:$G$44,2,FALSE),\"-- Error --\")","v":"-- Error --"},{"$f":"IFERROR(RiskRegister[[#This Row],[Inherent Impact Rating]]*RiskRegister[[#This Row],[Inherent Likelihood Rating]],\"-- Error --\")","v":"-- Error --"},"-- Select Risk Response --",null,"-- Select Impact --",{"$f":"VLOOKUP(RiskRegister[[#This Row],[Residual Impact Level]],'Rating factors'!$F$4:$G$9,2,FALSE)","v":"--- Error ---"},"-- Select Likelihood --",{"$f":"VLOOKUP(RiskRegister[[#This Row],[Residual Likelihood Level]],'Rating factors'!$F$16:$G$21,2,FALSE)","v":"--- Error ---"},{"$f":"IFERROR(VLOOKUP(RiskRegister[[#This Row],[Residual Risk Rating]],'Rating factors'!$F$30:$G$44,2,FALSE),\"-- Error --\")","v":"-- Error --"},{"$f":"IFERROR(RiskRegister[[#This Row],[Residual Impact Rating]]*RiskRegister[[#This Row],[Residual Likelihood Rating]],\"-- Error --\")","v":"-- Error --"},"-- Select Risk Status --",{"$nulls":3},{"$f":"IF(ISBLANK(RiskRegister[[#This Row],[Risk Due Date]]), \"Missing Risk Due Date\", IF(RiskRegister[[#This Row],[Risk Due Date]] < TODAY(), \"Overdue\", \"Not Overdue\"))","v":"Missing Risk Due Date"},null,{"$f":"IF(ISBLANK(RiskRegister[[#This Row],[Risk Due Date]]), \"Missing Risk Due Date\", TEXT(RiskRegister[[#This Row],[Risk Due Date]], \"YYYY-MM\"))","v":"Missing Risk Due Date"},{"$f":"IF(RiskRegister[[#This Row],[Created Date]]=\"\",\"Created Date missing\",(TEXT(RiskRegister[[#This Row],[Created Date]],\"mmm\") & \"-\" & YEAR(RiskRegister[[#This Row],[Created Date]])))","v":"Created Date missing"},{"$f":"IF(RiskRegister[[#This Row],[Risk Status]]=\"Closed\",RiskRegister[[#This Row],[Risk Close Date]],RiskRegister[[#This Row],[Risk Due Date]])","v":"00:00:00"},{"$f":"IF(RiskRegister[[#This Row],[Risk-Change-Date]]=0,DATE(2030,1,1),RiskRegister[[#This Row],[Risk-Change-Date]])","v":"2030-01-01"},{"$f":"RiskRegister[[#This Row],[Inherent Impact Level]]&\"-\"&RiskRegister[[#This Row],[Inherent Likelihood Level]]","v":"-- Select Impact ----- Select Likelihood --"},{"$f":"RiskRegister[[#This Row],[Residual Impact Level]]&\"-\"&RiskRegister[[#This Row],[Residual Likelihood Level]]","v":"-- Select Impact ----- Select Likelihood --"},"Error",{"$f":"IF(RiskRegister[[#This Row],[Risk Status]]=\"Closed\",RiskRegister[[#This Row],[Residual Impact Level]],RiskRegister[[#This Row],[Inherent Impact Level]])","v":"-- Select Impact --"},{"$f":"IF(RiskRegister[[#This Row],[Risk Status]]=\"Closed\",RiskRegister[[#This Row],[Residual Likelihood Level]],RiskRegister[[#This Row],[Inherent Likelihood Level]])","v":"-- Select Likelihood --"},{"$f":"IF(RiskRegister[[#This Row],[Risk Status]]=\"Closed\",RiskRegister[[#This Row],[Residual-I-L-Combo]],RiskRegister[[#This Row],[Inherent-I-L-Combo]])","v":"-- Select Impact ----- Select Likelihood --"},"-- Error --"]
[288,{"$nulls":5},"-- Select Risk Category --",null,"-- select department --",null,null,"-- Select Impact --",{"$f":"VLOOKUP(RiskRegister[[#This Row],[Inherent Impact Level]],'Rating factors'!$F$4:$G$9,2,FALSE)","v":"--- Error ---"},"-- Select Likelihood --",{"$f":"VLOOKUP(RiskRegister[[#This Row],[Inherent Likelihood Level]],'Rating factors'!$F$16:$G$21,2,FALSE)","v":"--- Error ---"},{"$f":"IFERROR(VLOOKUP(RiskRegister[[#This Row],[Inherent Risk Rating]],'Rating factors'!$F$30:$G$44,2,FALSE),\"-- Error --\")","v":"-- Error --"},{"$f":"IFERROR(RiskRegister[[#This Row],[Inherent Impact Rating]]*RiskRegister[[#This Row],[Inherent Likelihood Rating]],\"-- Error --\")","v":"-- Error --"},"-- Select Risk Response --",null,"-- Select Impact --",{"$f":"VLOOKUP(RiskRegister[[#This Row],[Residual Impact Level]],'Rating factors'!$F$4:$G$9,2,FALSE)","v":"--- Error ---"},"-- Select Likelihood --",{"$f":"VLOOKUP(RiskRegister[[#This Row],[Residual Likelihood Level]],'Rating factors'!$F$16:$G$21,2,FALSE)","v":"--- Error ---"},{"$f":"IFERROR(VLOOKUP(RiskRegister[[#This Row],[Residual Risk Rating]],'Rating factors'!$F$30:$G$44,2,FALSE),\"-- Error --\")","v":"-- Error --"},{"$f":"IFERROR(RiskRegister[[#This Row],[Residual Impact Rating]]*RiskRegister[[#This Row],[Residual Likelihood Rating]],\"-- Error --\")","v":"-- Error --"},"-- Select Risk Status --",{"$nulls":3},{"$f":"IF(ISBLANK(RiskRegister[[#This Row],[Risk Due Date]]), \"Missing Risk Due Date\", IF(RiskRegister[[#This Row],[Risk Due Date]] < TODAY(), \"Overdue\", \"Not Overdue\"))","v":"Missing Risk Due Date"},null,{"$f":"IF(ISBLANK(RiskRegister[[#This Row],[Risk Due Date]]), \"Missing Risk Due Date\", TEXT(RiskRegister[[#This Row],[Risk Due Date]], \"YYYY-MM\"))","v":"Missing Risk Due Date"},{"$f":"IF(RiskRegister[[#This Row],[Created Date]]=\"\",\"Created Date missing\",(TEXT(RiskRegister[[#This Row],[Created Date]],\"mmm\") & \"-\" & YEAR(RiskRegister[[#This Row],[Created Date]])))","v":"Created Date missing"},{"$f":"IF(RiskRegister[[#This Row],[Risk Status]]=\"Closed\",RiskRegister[[#This Row],[Risk Close Date]],RiskRegister[[#This Row],[Risk Due Date]])","v":"00:00:00"},{"$f":"IF(RiskRegister[[#This Row],[Risk-Change-Date]]=0,DATE(2030,1,1),RiskRegister[[#This Row],[Risk-Change-Date]])","v":"2030-01-01"},{"$f":"RiskRegister[[#This Row],[Inherent Impact Level]]&\"-\"&RiskRegister[[#This Row],[Inherent Likelihood Level]]","v":"-- Select Impact ----- Select Likelihood --"},{"$f":"RiskRegister[[#This Row],[Residual Impact Level]]&\"-\"&RiskRegister[[#This Row],[Residual Likelihood Level]]","v":"-- Select Impact ----- Select Likelihood --"},"Error",{"$f":"IF(RiskRegister[[#This Row],[Risk Status]]=\"Closed\",RiskRegister[[#This Row],[Residual Impact Level]],RiskRegister[[#This Row],[Inherent Impact Level]])","v":"-- Select Impact --"},{"$f":"IF(RiskRegister[[#This Row],[Risk Status]]=\"Closed\",RiskRegister[[#This Row],[Residual Likelihood Level]],RiskRegister[[#This Row],[Inherent Likelihood Level]])","v":"-- Select Likelihood --"},{"$f":"IF(RiskRegister[[#This Row],[Risk Status]]=\"Closed\",RiskRegister[[#This Row],[Residual-I-L-Combo]],RiskRegister[[#This Row],[Inherent-I-L-Combo]])","v":"-- Select Impact ----- Select Likelihood --"},"-- Error --"]
[289,{"$nulls":5},"-- Select Risk Category --",null,"-- select department --",null,null,"-- Select Impact --",{"$f":"VLOOKUP(RiskRegister[[#This Row],[Inherent Impact Level]],'Rating factors'!$F$4:$G$9,2,FALSE)","v":"--- Error ---"},"-- Select Likelihood --",{"$f":"VLOOKUP(RiskRegister[[#This Row],[Inherent Likelihood Level]],'Rating factors'!$F$16:$G$21,2,FALSE)","v":"--- Error ---"},{"$f":"IFERROR(VLOOKUP(RiskRegister[[#This Row],[Inherent Risk Rating]],'Rating factors'!$F$30:$G$44,2,FALSE),\"-- Error --\")","v":"-- Error --"},{"$f":"IFERROR(RiskRegister[[#This Row],[Inherent Impact Rating]]*RiskRegister[[#This Row],[Inherent Likelihood Rating]],\"-- Error --\")","v":"-- Error --"},"-- Select Risk Response --",null,"-- Select Impact --",{"$f":"VLOOKUP(RiskRegister[[#This Row],[Residual Impact Level]],'Rating factors'!$F$4:$G$9,2,FALSE)","v":"--- Error ---"},"-- Select Likelihood --",{"$f":"VLOOKUP(RiskRegister[[#This Row],[Residual Likelihood Level]],'Rating factors'!$F$16:$G$21,2,FALSE)","v":"--- Error ---"},{"$f":"IFERROR(VLOOKUP(RiskRegister[[#This Row],[Residual Risk Rating]],'Rating factors'!$F$30:$G$44,2,FALSE),\"-- Error --\")","v":"-- Error --"},{"$f":"IFERROR(RiskRegister[[#This Row],[Residual Impact Rating]]*RiskRegister[[#This Row],[Residual Likelihood Rating]],\"-- Error --\")","v":"-- Error --"},"-- Select Risk Status --",{"$nulls":3},{"$f":"IF(ISBLANK(RiskRegister[[#This Row],[Risk Due Date]]), \"Missing Risk Due Date\", IF(RiskRegister[[#This Row],[Risk Due Date]] < TODAY(), \"Overdue\", \"Not Overdue\"))","v":"Missing Risk Due Date"},null,{"$f":"IF(ISBLANK(RiskRegister[[#This Row],[Risk Due Date]]), \"Missing Risk Due Date\", TEXT(RiskRegister[[#This Row],[Risk Due Date]], \"YYYY-MM\"))","v":"Missing Risk Due Date"},{"$f":"IF(RiskRegister[[#This Row],[Created Date]]=\"\",\"Created Date missing\",(TEXT(RiskRegister[[#This Row],[Created Date]],\"mmm\") & \"-\" & YEAR(RiskRegister[[#This Row],[Created Date]])))","v":"Created Date missing"},{"$f":"IF(RiskRegister[[#This Row],[Risk Status]]=\"Closed\",RiskRegister[[#This Row],[Risk Close Date]],RiskRegister[[#This Row],[Risk Due Date]])","v":"00:00:00"},{"$f":"IF(RiskRegister[[#This Row],[Risk-Change-Date]]=0,DATE(2030,1,1),RiskRegister[[#This Row],[Risk-Change-Date]])","v":"2030-01-01"},{"$f":"RiskRegister[[#This Row],[Inherent Impact Level]]&\"-\"&RiskRegister[[#This Row],[Inherent Likelihood Level]]","v":"-- Select Impact ----- Select Likelihood --"},{"$f":"RiskRegister[[#This Row],[Residual Impact Level]]&\"-\"&RiskRegister[[#This Row],[Residual Likelihood Level]]","v":"-- Select Impact ----- Select Likelihood --"},"Error",{"$f":"IF(RiskRegister[[#This Row],[Risk Status]]=\"Closed\",RiskRegister[[#This Row],[Residual Impact Level]],RiskRegister[[#This Row],[Inherent Impact Level]])","v":"-- Select Impact --"},{"$f":"IF(RiskRegister[[#This Row],[Risk Status]]=\"Closed\",RiskRegister[[#This Row],[Residual Likelihood Level]],RiskRegister[[#This Row],[Inherent Likelihood Level]])","v":"-- Select Likelihood --"},{"$f":"IF(RiskRegister[[#This Row],[Risk Status]]=\"Closed\",RiskRegister[[#This Row],[Residual-I-L-Combo]],RiskRegister[[#This Row],[Inherent-I-L-Combo]])","v":"-- Select Impact ----- Select Likelihood --"},"-- Error --"]
[290,{"$nulls":5},"-- Select Risk Category --",null,"-- select department --",null,null,"-- Select Impact --",{"$f":"VLOOKUP(RiskRegister[[#This Row],[Inherent Impact Level]],'Rating factors'!$F$4:$G$9,2,FALSE)","v":"--- Error ---"},"-- Select Likelihood --",{"$f":"VLOOKUP(RiskRegister[[#This Row],[Inherent Likelihood Level]],'Rating factors'!$F$16:$G$21,2,FALSE)","v":"--- Error ---"},{"$f":"IFERROR(VLOOKUP(RiskRegister[[#This Row],[Inherent Risk Rating]],'Rating factors'!$F$30:$G$44,2,FALSE),\"-- Error --\")","v":"-- Error --"},{"$f":"IFERROR(RiskRegister[[#This Row],[Inherent Impact Rating]]*RiskRegister[[#This Row],[Inherent Likelihood Rating]],\"-- Error --\")","v":"-- Error --"},"-- Select Risk Response --",null,"-- Select Impact --",{"$f":"VLOOKUP(RiskRegister[[#This Row],[Residual Impact Level]],'Rating factors'!$F$4:$G$9,2,FALSE)","v":"--- Error ---"},"-- Select Likelihood --",{"$f":"VLOOKUP(RiskRegister[[#This Row],[Residual Likelihood Level]],'Rating factors'!$F$16:$G$21,2,FALSE)","v":"--- Error ---"},{"$f":"IFERROR(VLOOKUP(RiskRegister[[#This Row],[Residual Risk Rating]],'Rating factors'!$F$30:$G$44,2,FALSE),\"-- Error --\")","v":"-- Error --"},{"$f":"IFERROR(RiskRegister[[#This Row],[Residual Impact Rating]]*RiskRegister[[#This Row],[Residual Likelihood Rating]],\"-- Error --\")","v":"-- Error --"},"-- Select Risk Status --",{"$nulls":3},{"$f":"IF(ISBLANK(RiskRegister[[#This Row],[Risk Due Date]]), \"Missing Risk Due Date\", IF(RiskRegister[[#This Row],[Risk Due Date]] < TODAY(), \"Overdue\", \"Not Overdue\"))","v":"Missing Risk Due Date"},null,{"$f":"IF(ISBLANK(RiskRegister[[#This Row],[Risk Due Date]]), \"Missing Risk Due Date\", TEXT(RiskRegister[[#This Row],[Risk Due Date]], \"YYYY-MM\"))","v":"Missing Risk Due Date"},{"$f":"IF(RiskRegister[[#This Row],[Created Date]]=\"\",\"Created Date missing\",(TEXT(RiskRegister[[#This Row],[Created Date]],\"mmm\") & \"-\" & YEAR(RiskRegister[[#This Row],[Created Date]])))","v":"Created Date missing"},{"$f":"IF(RiskRegister[[#This Row],[Risk Status]]=\"Closed\",RiskRegister[[#This Row],[Risk Close Date]],RiskRegister[[#This Row],[Risk Due Date]])","v":"00:00:00"},{"$f":"IF(RiskRegister[[#This Row],[Risk-Change-Date]]=0,DATE(2030,1,1),RiskRegister[[#This Row],[Risk-Change-Date]])","v":"2030-01-01"},{"$f":"RiskRegister[[#This Row],[Inherent Impact Level]]&\"-\"&RiskRegister[[#This Row],[Inherent Likelihood Level]]","v":"-- Select Impact ----- Select Likelihood --"},{"$f":"RiskRegister[[#This Row],[Residual Impact Level]]&\"-\"&RiskRegister[[#This Row],[Residual Likelihood Level]]","v":"-- Select Impact ----- Select Likelihood --"},"Error",{"$f":"IF(RiskRegister[[#This Row],[Risk Status]]=\"Closed\",RiskRegister[[#This Row],[Residual Impact Level]],RiskRegister[[#This Row],[Inherent Impact Level]])","v":"-- Select Impact --"},{"$f":"IF(RiskRegister[[#This Row],[Risk Status]]=\"Closed\",RiskRegister[[#This Row],[Residual Likelihood Level]],RiskRegister[[#This Row],[Inherent Likelihood Level]])","v":"-- Select Likelihood --"},{"$f":"IF(RiskRegister[[#This Row],[Risk Status]]=\"Closed\",RiskRegister[[#This Row],[Residual-I-L-Combo]],RiskRegister[[#This Row],[Inherent-I-L-Combo]])","v":"-- Select Impact ----- Select Likelihood --"},"-- Error --"]
[291,{"$nulls":5},"-- Select Risk Category --",null,"-- select department --",null,null,"-- Select Impact --",{"$f":"VLOOKUP(RiskRegister[[#This Row],[Inherent Impact Level]],'Rating factors'!$F$4:$G$9,2,FALSE)","v":"--- Error ---"},"-- Select Likelihood --",{"$f":"VLOOKUP(RiskRegister[[#This Row],[Inherent Likelihood Level]],'Rating factors'!$F$16:$G$21,2,FALSE)","v":"--- Error ---"},{"$f":"IFERROR(VLOOKUP(RiskRegister[[#This Row],[Inherent Risk Rating]],'Rating factors'!$F$30:$G$44,2,FALSE),\"-- Error --\")","v":"-- Error --"},{"$f":"IFERROR(RiskRegister[[#This Row],[Inherent Impact Rating]]*RiskRegister[[#This Row],[Inherent Likelihood Rating]],\"-- Error --\")","v":"-- Error --"},"-- Select Risk Response --",null,"-- Select Impact --",{"$f":"VLOOKUP(RiskRegister[[#This Row],[Residual Impact Level]],'Rating factors'!$F$4:$G$9,2,FALSE)","v":"--- Error ---"},"-- Select Likelihood --",{"$f":"VLOOKUP(RiskRegister[[#This Row],[Residual Likelihood Level]],'Rating factors'!$F$16:$G$21,2,FALSE)","v":"--- Error ---"},{"$f":"IFERROR(VLOOKUP(RiskRegister[[#This Row],[Residual Risk Rating]],'Rating factors'!$F$30:$G$44,2,FALSE),\"-- Error --\")","v":"-- Error --"},{"$f":"IFERROR(RiskRegister[[#This Row],[Residual Impact Rating]]*RiskRegister[[#This Row],[Residual Likelihood Rating]],\"-- Error --\")","v":"-- Error --"},"-- Select Risk Status --",{"$nulls":3},{"$f":"IF(ISBLANK(RiskRegister[[#This Row],[Risk Due Date]]), \"Missing Risk Due Date\", IF(RiskRegister[[#This Row],[Risk Due Date]] < TODAY(), \"Overdue\", \"Not Overdue\"))","v":"Missing Risk Due Date"},null,{"$f":"IF(ISBLANK(RiskRegister[[#This Row],[Risk Due Date]]), \"Missing Risk Due Date\", TEXT(RiskRegister[[#This Row],[Risk Due Date]], \"YYYY-MM\"))","v":"Missing Risk Due Date"},{"$f":"IF(RiskRegister[[#This Row],[Created Date]]=\"\",\"Created Date missing\",(TEXT(RiskRegister[[#This Row],[Created Date]],\"mmm\") & \"-\" & YEAR(RiskRegister[[#This Row],[Created Date]])))","v":"Created Date missing"},{"$f":"IF(RiskRegister[[#This Row],[Risk Status]]=\"Closed\",RiskRegister[[#This Row],[Risk Close Date]],RiskRegister[[#This Row],[Risk Due Date]])","v":"00:00:00"},{"$f":"IF(RiskRegister[[#This Row],[Risk-Change-Date]]=0,DATE(2030,1,1),RiskRegister[[#This Row],[Risk-Change-Date]])","v":"2030-01-01"},{"$f":"RiskRegister[[#This Row],[Inherent Impact Level]]&\"-\"&RiskRegister[[#This Row],[Inherent Likelihood Level]]","v":"-- Select Impact ----- Select Likelihood --"},{"$f":"RiskRegister[[#This Row],[Residual Impact Level]]&\"-\"&RiskRegister[[#This Row],[Residual Likelihood Level]]","v":"-- Select Impact ----- Select Likelihood --"},"Error",{"$f":"IF(RiskRegister[[#This Row],[Risk Status]]=\"Closed\",RiskRegister[[#This Row],[Residual Impact Level]],RiskRegister[[#This Row],[Inherent Impact Level]])","v":"-- Select Impact --"},{"$f":"IF(RiskRegister[[#This Row],[Risk Status]]=\"Closed\",RiskRegister[[#This Row],[Residual Likelihood Level]],RiskRegister[[#This Row],[Inherent Likelihood Level]])","v":"-- Select Likelihood --"},{"$f":"IF(RiskRegister[[#This Row],[Risk Status]]=\"Closed\",RiskRegister[[#This Row],[Residual-I-L-Combo]],RiskRegister[[#This Row],[Inherent-I-L-Combo]])","v":"-- Select Impact ----- Select Likelihood --"},"-- Error --"]
[292,{"$nulls":5},"-- Select Risk Category --",null,"-- select department --",null,null,"-- Select Impact --",{"$f":"VLOOKUP(RiskRegister[[#This Row],[Inherent Impact Level]],'Rating factors'!$F$4:$G$9,2,FALSE)","v":"--- Error ---"},"-- Select Likelihood --",{"$f":"VLOOKUP(RiskRegister[[#This Row],[Inherent Likelihood Level]],'Rating factors'!$F$16:$G$21,2,FALSE)","v":"--- Error ---"},{"$f":"IFERROR(VLOOKUP(RiskRegister[[#This Row],[Inherent Risk Rating]],'Rating factors'!$F$30:$G$44,2,FALSE),\"-- Error --\")","v":"-- Error --"},{"$f":"IFERROR(RiskRegister[[#This Row],[Inherent Impact Rating]]*RiskRegister[[#This Row],[Inherent Likelihood Rating]],\"-- Error --\")","v":"-- Error --"},"-- Select Risk Response --",null,"-- Select Impact --",{"$f":"VLOOKUP(RiskRegister[[#This Row],[Residual Impact Level]],'Rating factors'!$F$4:$G$9,2,FALSE)","v":"--- Error ---"},"-- Select Likelihood --",{"$f":"VLOOKUP(RiskRegister[[#This Row],[Residual Likelihood Level]],'Rating factors'!$F$16:$G$21,2,FALSE)","v":"--- Error ---"},{"$f":"IFERROR(VLOOKUP(RiskRegister[[#This Row],[Residual Risk Rating]],'Rating factors'!$F$30:$G$44,2,FALSE),\"-- Error --\")","v":"-- Error --"},{"$f":"IFERROR(RiskRegister[[#This Row],[Residual Impact Rating]]*RiskRegister[[#This Row],[Residual Likelihood Rating]],\"-- Error --\")","v":"-- Error --"},"-- Select Risk Status --",{"$nulls":3},{"$f":"IF(ISBLANK(RiskRegister[[#This Row],[Risk Due Date]]), \"Missing Risk Due Date\", IF(RiskRegister[[#This Row],[Risk Due Date]] < TODAY(), \"Overdue\", \"Not Overdue\"))","v":"Missing Risk Due Date"},null,{"$f":"IF(ISBLANK(RiskRegister[[#This Row],[Risk Due Date]]), \"Missing Risk Due Date\", TEXT(RiskRegister[[#This Row],[Risk Due Date]], \"YYYY-MM\"))","v":"Missing Risk Due Date"},{"$f":"IF(RiskRegister[[#This Row],[Created Date]]=\"\",\"Created Date missing\",(TEXT(RiskRegister[[#This Row],[Created Date]],\"mmm\") & \"-\" & YEAR(RiskRegister[[#This Row],[Created Date]])))","v":"Created Date missing"},{"$f":"IF(RiskRegister[[#This Row],[Risk Status]]=\"Closed\",RiskRegister[[#This Row],[Risk Close Date]],RiskRegister[[#This Row],[Risk Due Date]])","v":"00:00:00"},{"$f":"IF(RiskRegister[[#This Row],[Risk-Change-Date]]=0,DATE(2030,1,1),RiskRegister[[#This Row],[Risk-Change-Date]])","v":"2030-01-01"},{"$f":"RiskRegister[[#This Row],[Inherent Impact Level]]&\"-\"&RiskRegister[[#This Row],[Inherent Likelihood Level]]","v":"-- Select Impact ----- Select Likelihood --"},{"$f":"RiskRegister[[#This Row],[Residual Impact Level]]&\"-\"&RiskRegister[[#This Row],[Residual Likelihood Level]]","v":"-- Select Impact ----- Select Likelihood --"},"Error",{"$f":"IF(RiskRegister[[#This Row],[Risk Status]]=\"Closed\",RiskRegister[[#This Row],[Residual Impact Level]],RiskRegister[[#This Row],[Inherent Impact Level]])","v":"-- Select Impact --"},{"$f":"IF(RiskRegister[[#This Row],[Risk Status]]=\"Closed\",RiskRegister[[#This Row],[Residual Likelihood Level]],RiskRegister[[#This Row],[Inherent Likelihood Level]])","v":"-- Select Likelihood --"},{"$f":"IF(RiskRegister[[#This Row],[Risk Status]]=\"Closed\",RiskRegister[[#This Row],[Residual-I-L-Combo]],RiskRegister[[#This Row],[Inherent-I-L-Combo]])","v":"-- Select Impact ----- Select Likelihood --"},"-- Error --"]
[293,{"$nulls":5},"-- Select Risk Category --",null,"-- select department --",null,null,"-- Select Impact --",{"$f":"VLOOKUP(RiskRegister[[#This Row],[Inherent Impact Level]],'Rating factors'!$F$4:$G$9,2,FALSE)","v":"--- Error ---"},"-- Select Likelihood --",{"$f":"VLOOKUP(RiskRegister[[#This Row],[Inherent Likelihood Level]],'Rating factors'!$F$16:$G$21,2,FALSE)","v":"--- Error ---"},{"$f":"IFERROR(VLOOKUP(RiskRegister[[#This Row],[Inherent Risk Rating]],'Rating factors'!$F$30:$G$44,2,FALSE),\"-- Error --\")","v":"-- Error --"},{"$f":"IFERROR(RiskRegister[[#This Row],[Inherent Impact Rating]]*RiskRegister[[#This Row],[Inherent Likelihood Rating]],\"-- Error --\")","v":"-- Error --"},"-- Select Risk Response --",null,"-- Select Impact --",{"$f":"VLOOKUP(RiskRegister[[#This Row],[Residual Impact Level]],'Rating factors'!$F$4:$G$9,2,FALSE)","v":"--- Error ---"},"-- Select Likelihood --",{"$f":"VLOOKUP(RiskRegister[[#This Row],[Residual Likelihood Level]],'Rating factors'!$F$16:$G$21,2,FALSE)","v":"--- Error ---"},{"$f":"IFERROR(VLOOKUP(RiskRegister[[#This Row],[Residual Risk Rating]],'Rating factors'!$F$30:$G$44,2,FALSE),\"-- Error --\")","v":"-- Error --"},{"$f":"IFERROR(RiskRegister[[#This Row],[Residual Impact Rating]]*RiskRegister[[#This Row],[Residual Likelihood Rating]],\"-- Error --\")","v":"-- Error --"},"-- Select Risk Status --",{"$nulls":3},{"$f":"IF(ISBLANK(RiskRegister[[#This Row],[Risk Due Date]]), \"Missing Risk Due Date\", IF(RiskRegister[[#This Row],[Risk Due Date]] < TODAY(), \"Overdue\", \"Not Overdue\"))","v":"Missing Risk Due Date"},null,{"$f":"IF(ISBLANK(RiskRegister[[#This Row],[Risk Due Date]]), \"Missing Risk Due Date\", TEXT(RiskRegister[[#This Row],[Risk Due Date]], \"YYYY-MM\"))","v":"Missing Risk Due Date"},{"$f":"IF(RiskRegister[[#This Row],[Created Date]]=\"\",\"Created Date missing\",(TEXT(RiskRegister[[#This Row],[Created Date]],\"mmm\") & \"-\" & YEAR(RiskRegister[[#This Row],[Created Date]])))","v":"Created Date missing"},{"$f":"IF(RiskRegister[[#This Row],[Risk Status]]=\"Closed\",RiskRegister[[#This Row],[Risk Close Date]],RiskRegister[[#This Row],[Risk Due Date]])","v":"00:00:00"},{"$f":"IF(RiskRegister[[#This Row],[Risk-Change-Date]]=0,DATE(2030,1,1),RiskRegister[[#This Row],[Risk-Change-Date]])","v":"2030-01-01"},{"$f":"RiskRegister[[#This Row],[Inherent Impact Level]]&\"-\"&RiskRegister[[#This Row],[Inherent Likelihood Level]]","v":"-- Select Impact ----- Select Likelihood --"},{"$f":"RiskRegister[[#This Row],[Residual Impact Level]]&\"-\"&RiskRegister[[#This Row],[Residual Likelihood Level]]","v":"-- Select Impact ----- Select Likelihood --"},"Error",{"$f":"IF(RiskRegister[[#This Row],[Risk Status]]=\"Closed\",RiskRegister[[#This Row],[Residual Impact Level]],RiskRegister[[#This Row],[Inherent Impact Level]])","v":"-- Select Impact --"},{"$f":"IF(RiskRegister[[#This Row],[Risk Status]]=\"Closed\",RiskRegister[[#This Row],[Residual Likelihood Level]],RiskRegister[[#This Row],[Inherent Likelihood Level]])","v":"-- Select Likelihood --"},{"$f":"IF(RiskRegister[[#This Row],[Risk Status]]=\"Closed\",RiskRegister[[#This Row],[Residual-I-L-Combo]],RiskRegister[[#This Row],[Inherent-I-L-Combo]])","v":"-- Select Impact ----- Select Likelihood --"},"-- Error --"]
[294,{"$nulls":5},"-- Select Risk Category --",null,"-- select department --",null,null,"-- Select Impact --",{"$f":"VLOOKUP(RiskRegister[[#This Row],[Inherent Impact Level]],'Rating factors'!$F$4:$G$9,2,FALSE)","v":"--- Error ---"},"-- Select Likelihood --",{"$f":"VLOOKUP(RiskRegister[[#This Row],[Inherent Likelihood Level]],'Rating factors'!$F$16:$G$21,2,FALSE)","v":"--- Error ---"},{"$f":"IFERROR(VLOOKUP(RiskRegister[[#This Row],[Inherent Risk Rating]],'Rating factors'!$F$30:$G$44,2,FALSE),\"-- Error --\")","v":"-- Error --"},{"$f":"IFERROR(RiskRegister[[#This Row],[Inherent Impact Rating]]*RiskRegister[[#This Row],[Inherent Likelihood Rating]],\"-- Error --\")","v":"-- Error --"},"-- Select Risk Response --",null,"-- Select Impact --",{"$f":"VLOOKUP(RiskRegister[[#This Row],[Residual Impact Level]],'Rating factors'!$F$4:$G$9,2,FALSE)","v":"--- Error ---"},"-- Select Likelihood --",{"$f":"VLOOKUP(RiskRegister[[#This Row],[Residual Likelihood Level]],'Rating factors'!$F$16:$G$21,2,FALSE)","v":"--- Error ---"},{"$f":"IFERROR(VLOOKUP(RiskRegister[[#This Row],[Residual Risk Rating]],'Rating factors'!$F$30:$G$44,2,FALSE),\"-- Error --\")","v":"-- Error --"},{"$f":"IFERROR(RiskRegister[[#This Row],[Residual Impact Rating]]*RiskRegister[[#This Row],[Residual Likelihood Rating]],\"-- Error --\")","v":"-- Error --"},"-- Select Risk Status --",{"$nulls":3},{"$f":"IF(ISBLANK(RiskRegister[[#This Row],[Risk Due Date]]), \"Missing Risk Due Date\", IF(RiskRegister[[#This Row],[Risk Due Date]] < TODAY(), \"Overdue\", \"Not Overdue\"))","v":"Missing Risk Due Date"},null,{"$f":"IF(ISBLANK(RiskRegister[[#This Row],[Risk Due Date]]), \"Missing Risk Due Date\", TEXT(RiskRegister[[#This Row],[Risk Due Date]], \"YYYY-MM\"))","v":"Missing Risk Due Date"},{"$f":"IF(RiskRegister[[#This Row],[Created Date]]=\"\",\"Created Date missing\",(TEXT(RiskRegister[[#This Row],[Created Date]],\"mmm\") & \"-\" & YEAR(RiskRegister[[#This Row],[Created Date]])))","v":"Created Date missing"},{"$f":"IF(RiskRegister[[#This Row],[Risk Status]]=\"Closed\",RiskRegister[[#This Row],[Risk Close Date]],RiskRegister[[#This Row],[Risk Due Date]])","v":"00:00:00"},{"$f":"IF(RiskRegister[[#This Row],[Risk-Change-Date]]=0,DATE(2030,1,1),RiskRegister[[#This Row],[Risk-Change-Date]])","v":"2030-01-01"},{"$f":"RiskRegister[[#This Row],[Inherent Impact Level]]&\"-\"&RiskRegister[[#This Row],[Inherent Likelihood Level]]","v":"-- Select Impact ----- Select Likelihood --"},{"$f":"RiskRegister[[#This Row],[Residual Impact Level]]&\"-\"&RiskRegister[[#This Row],[Residual Likelihood Level]]","v":"-- Select Impact ----- Select Likelihood --"},"Error",{"$f":"IF(RiskRegister[[#This Row],[Risk Status]]=\"Closed\",RiskRegister[[#This Row],[Residual Impact Level]],RiskRegister[[#This Row],[Inherent Impact Level]])","v":"-- Select Impact --"},{"$f":"IF(RiskRegister[[#This Row],[Risk Status]]=\"Closed\",RiskRegister[[#This Row],[Residual Likelihood Level]],RiskRegister[[#This Row],[Inherent Likelihood Level]])","v":"-- Select Likelihood --"},{"$f":"IF(RiskRegister[[#This Row],[Risk Status]]=\"Closed\",RiskRegister[[#This Row],[Residual-I-L-Combo]],RiskRegister[[#This Row],[Inherent-I-L-Combo]])","v":"-- Select Impact ----- Select Likelihood --"},"-- Error --"]
[295,{"$nulls":5},"-- Select Risk Category --",null,"-- select department --",null,null,"-- Select Impact --",{"$f":"VLOOKUP(RiskRegister[[#This Row],[Inherent Impact Level]],'Rating factors'!$F$4:$G$9,2,FALSE)","v":"--- Error ---"},"-- Select Likelihood --",{"$f":"VLOOKUP(RiskRegister[[#This Row],[Inherent Likelihood Level]],'Rating factors'!$F$16:$G$21,2,FALSE)","v":"--- Error ---"},{"$f":"IFERROR(VLOOKUP(RiskRegister[[#This Row],[Inherent Risk Rating]],'Rating factors'!$F$30:$G$44,2,FALSE),\"-- Error --\")","v":"-- Error --"},{"$f":"IFERROR(RiskRegister[[#This Row],[Inherent Impact Rating]]*RiskRegister[[#This Row],[Inherent Likelihood Rating]],\"-- Error --\")","v":"-- Error --"},"-- Select Risk Response --",null,"-- Select Impact --",{"$f":"VLOOKUP(RiskRegister[[#This Row],[Residual Impact Level]],'Rating factors'!$F$4:$G$9,2,FALSE)","v":"--- Error ---"},"-- Select Likelihood --",{"$f":"VLOOKUP(RiskRegister[[#This Row],[Residual Likelihood Level]],'Rating factors'!$F$16:$G$21,2,FALSE)","v":"--- Error ---"},{"$f":"IFERROR(VLOOKUP(RiskRegister[[#This Row],[Residual Risk Rating]],'Rating factors'!$F$30:$G$44,2,FALSE),\"-- Error --\")","v":"-- Error --"},{"$f":"IFERROR(RiskRegister[[#This Row],[Residual Impact Rating]]*RiskRegister[[#This Row],[Residual Likelihood Rating]],\"-- Error --\")","v":"-- Error --"},"-- Select Risk Status --",{"$nulls":3},{"$f":"IF(ISBLANK(RiskRegister[[#This Row],[Risk Due Date]]), \"Missing Risk Due Date\", IF(RiskRegister[[#This Row],[Risk Due Date]] < TODAY(), \"Overdue\", \"Not Overdue\"))","v":"Missing Risk Due Date"},null,{"$f":"IF(ISBLANK(RiskRegister[[#This Row],[Risk Due Date]]), \"Missing Risk Due Date\", TEXT(RiskRegister[[#This Row],[Risk Due Date]], \"YYYY-MM\"))","v":"Missing Risk Due Date"},{"$f":"IF(RiskRegister[[#This Row],[Created Date]]=\"\",\"Created Date missing\",(TEXT(RiskRegister[[#This Row],[Created Date]],\"mmm\") & \"-\" & YEAR(RiskRegister[[#This Row],[Created Date]])))","v":"Created Date missing"},{"$f":"IF(RiskRegister[[#This Row],[Risk Status]]=\"Closed\",RiskRegister[[#This Row],[Risk Close Date]],RiskRegister[[#This Row],[Risk Due Date]])","v":"00:00:00"},{"$f":"IF(RiskRegister[[#This Row],[Risk-Change-Date]]=0,DATE(2030,1,1),RiskRegister[[#This Row],[Risk-Change-Date]])","v":"2030-01-01"},{"$f":"RiskRegister[[#This Row],[Inherent Impact Level]]&\"-\"&RiskRegister[[#This Row],[Inherent Likelihood Level]]","v":"-- Select Impact ----- Select Likelihood --"},{"$f":"RiskRegister[[#This Row],[Residual Impact Level]]&\"-\"&RiskRegister[[#This Row],[Residual Likelihood Level]]","v":"-- Select Impact ----- Select Likelihood --"},"Error",{"$f":"IF(RiskRegister[[#This Row],[Risk Status]]=\"Closed\",RiskRegister[[#This Row],[Residual Impact Level]],RiskRegister[[#This Row],[Inherent Impact Level]])","v":"-- Select Impact --"},{"$f":"IF(RiskRegister[[#This Row],[Risk Status]]=\"Closed\",RiskRegister[[#This Row],[Residual Likelihood Level]],RiskRegister[[#This Row],[Inherent Likelihood Level]])","v":"-- Select Likelihood --"},{"$f":"IF(RiskRegister[[#This Row],[Risk Status]]=\"Closed\",RiskRegister[[#This Row],[Residual-I-L-Combo]],RiskRegister[[#This Row],[Inherent-I-L-Combo]])","v":"-- Select Impact ----- Select Likelihood --"},"-- Error --"]
[296,{"$nulls":5},"-- Select Risk Category --",null,"-- select department --",null,null,"-- Select Impact --",{"$f":"VLOOKUP(RiskRegister[[#This Row],[Inherent Impact Level]],'Rating factors'!$F$4:$G$9,2,FALSE)","v":"--- Error ---"},"-- Select Likelihood --",{"$f":"VLOOKUP(RiskRegister[[#This Row],[Inherent Likelihood Level]],'Rating factors'!$F$16:$G$21,2,FALSE)","v":"--- Error ---"},{"$f":"IFERROR(VLOOKUP(RiskRegister[[#This Row],[Inherent Risk Rating]],'Rating factors'!$F$30:$G$44,2,FALSE),\"-- Error --\")","v":"-- Error --"},{"$f":"IFERROR(RiskRegister[[#This Row],[Inherent Impact Rating]]*RiskRegister[[#This Row],[Inherent Likelihood Rating]],\"-- Error --\")","v":"-- Error --"},"-- Select Risk Response --",null,"-- Select Impact --",{"$f":"VLOOKUP(RiskRegister[[#This Row],[Residual Impact Level]],'Rating factors'!$F$4:$G$9,2,FALSE)","v":"--- Error ---"},"-- Select Likelihood --",{"$f":"VLOOKUP(RiskRegister[[#This Row],[Residual Likelihood Level]],'Rating factors'!$F$16:$G$21,2,FALSE)","v":"--- Error ---"},{"$f":"IFERROR(VLOOKUP(RiskRegister[[#This Row],[Residual Risk Rating]],'Rating factors'!$F$30:$G$44,2,FALSE),\"-- Error --\")","v":"-- Error --"},{"$f":"IFERROR(RiskRegister[[#This Row],[Residual Impact Rating]]*RiskRegister[[#This Row],[Residual Likelihood Rating]],\"-- Error --\")","v":"-- Error --"},"-- Select Risk Status --",{"$nulls":3},{"$f":"IF(ISBLANK(RiskRegister[[#This Row],[Risk Due Date]]), \"Missing Risk Due Date\", IF(RiskRegister[[#This Row],[Risk Due Date]] < TODAY(), \"Overdue\", \"Not Overdue\"))","v":"Missing Risk Due Date"},null,{"$f":"IF(ISBLANK(RiskRegister[[#This Row],[Risk Due Date]]), \"Missing Risk Due Date\", TEXT(RiskRegister[[#This Row],[Risk Due Date]], \"YYYY-MM\"))","v":"Missing Risk Due Date"},{"$f":"IF(RiskRegister[[#This Row],[Created Date]]=\"\",\"Created Date missing\",(TEXT(RiskRegister[[#This Row],[Created Date]],\"mmm\") & \"-\" & YEAR(RiskRegister[[#This Row],[Created Date]])))","v":"Created Date missing"},{"$f":"IF(RiskRegister[[#This Row],[Risk Status]]=\"Closed\",RiskRegister[[#This Row],[Risk Close Date]],RiskRegister[[#This Row],[Risk Due Date]])","v":"00:00:00"},{"$f":"IF(RiskRegister[[#This Row],[Risk-Change-Date]]=0,DATE(2030,1,1),RiskRegister[[#This Row],[Risk-Change-Date]])","v":"2030-01-01"},{"$f":"RiskRegister[[#This Row],[Inherent Impact Level]]&\"-\"&RiskRegister[[#This Row],[Inherent Likelihood Level]]","v":"-- Select Impact ----- Select Likelihood --"},{"$f":"RiskRegister[[#This Row],[Residual Impact Level]]&\"-\"&RiskRegister[[#This Row],[Residual Likelihood Level]]","v":"-- Select Impact ----- Select Likelihood --"},"Error",{"$f":"IF(RiskRegister[[#This Row],[Risk Status]]=\"Closed\",RiskRegister[[#This Row],[Residual Impact Level]],RiskRegister[[#This Row],[Inherent Impact Level]])","v":"-- Select Impact --"},{"$f":"IF(RiskRegister[[#This Row],[Risk Status]]=\"Closed\",RiskRegister[[#This Row],[Residual Likelihood Level]],RiskRegister[[#This Row],[Inherent Likelihood Level]])","v":"-- Select Likelihood --"},{"$f":"IF(RiskRegister[[#This Row],[Risk Status]]=\"Closed\",RiskRegister[[#This Row],[Residual-I-L-Combo]],RiskRegister[[#This Row],[Inherent-I-L-Combo]])","v":"-- Select Impact ----- Select Likelihood --"},"-- Error --"]
[297,{"$nulls":5},"-- Select Risk Category --",null,"-- select department --",null,null,"-- Select Impact --",{"$f":"VLOOKUP(RiskRegister[[#This Row],[Inherent Impact Level]],'Rating factors'!$F$4:$G$9,2,FALSE)","v":"--- Error ---"},"-- Select Likelihood --",{"$f":"VLOOKUP(RiskRegister[[#This Row],[Inherent Likelihood Level]],'Rating factors'!$F$16:$G$21,2,FALSE)","v":"--- Error ---"},{"$f":"IFERROR(VLOOKUP(RiskRegister[[#This Row],[Inherent Risk Rating]],'Rating factors'!$F$30:$G$44,2,FALSE),\"-- Error --\")","v":"-- Error --"},{"$f":"IFERROR(RiskRegister[[#This Row],[Inherent Impact Rating]]*RiskRegister[[#This Row],[Inherent Likelihood Rating]],\"-- Error --\")","v":"-- Error --"},"-- Select Risk Response --",null,"-- Select Impact --",{"$f":"VLOOKUP(RiskRegister[[#This Row],[Residual Impact Level]],'Rating factors'!$F$4:$G$9,2,FALSE)","v":"--- Error ---"},"-- Select Likelihood --",{"$f":"VLOOKUP(RiskRegister[[#This Row],[Residual Likelihood Level]],'Rating factors'!$F$16:$G$21,2,FALSE)","v":"--- Error ---"},{"$f":"IFERROR(VLOOKUP(RiskRegister[[#This Row],[Residual Risk Rating]],'Rating factors'!$F$30:$G$44,2,FALSE),\"-- Error --\")","v":"-- Error --"},{"$f":"IFERROR(RiskRegister[[#This Row],[Residual Impact Rating]]*RiskRegister[[#This Row],[Residual Likelihood Rating]],\"-- Error --\")","v":"-- Error --"},"-- Select Risk Status --",{"$nulls":3},{"$f":"IF(ISBLANK(RiskRegister[[#This Row],[Risk Due Date]]), \"Missing Risk Due Date\", IF(RiskRegister[[#This Row],[Risk Due Date]] < TODAY(), \"Overdue\", \"Not Overdue\"))","v":"Missing Risk Due Date"},null,{"$f":"IF(ISBLANK(RiskRegister[[#This Row],[Risk Due Date]]), \"Missing Risk Due Date\", TEXT(RiskRegister[[#This Row],[Risk Due Date]], \"YYYY-MM\"))","v":"Missing Risk Due Date"},{"$f":"IF(RiskRegister[[#This Row],[Created Date]]=\"\",\"Created Date missing\",(TEXT(RiskRegister[[#This Row],[Created Date]],\"mmm\") & \"-\" & YEAR(RiskRegister[[#This Row],[Created Date]])))","v":"Created Date missing"},{"$f":"IF(RiskRegister[[#This Row],[Risk Status]]=\"Closed\",RiskRegister[[#This Row],[Risk Close Date]],RiskRegister[[#This Row],[Risk Due Date]])","v":"00:00:00"},{"$f":"IF(RiskRegister[[#This Row],[Risk-Change-Date]]=0,DATE(2030,1,1),RiskRegister[[#This Row],[Risk-Change-Date]])","v":"2030-01-01"},{"$f":"RiskRegister[[#This Row],[Inherent Impact Level]]&\"-\"&RiskRegister[[#This Row],[Inherent Likelihood Level]]","v":"-- Select Impact ----- Select Likelihood --"},{"$f":"RiskRegister[[#This Row],[Residual Impact Level]]&\"-\"&RiskRegister[[#This Row],[Residual Likelihood Level]]","v":"-- Select Impact ----- Select Likelihood --"},"Error",{"$f":"IF(RiskRegister[[#This Row],[Risk Status]]=\"Closed\",RiskRegister[[#This Row],[Residual Impact Level]],RiskRegister[[#This Row],[Inherent Impact Level]])","v":"-- Select Impact --"},{"$f":"IF(RiskRegister[[#This Row],[Risk Status]]=\"Closed\",RiskRegister[[#This Row],[Residual Likelihood Level]],RiskRegister[[#This Row],[Inherent Likelihood Level]])","v":"-- Select Likelihood --"},{"$f":"IF(RiskRegister[[#This Row],[Risk Status]]=\"Closed\",RiskRegister[[#This Row],[Residual-I-L-Combo]],RiskRegister[[#This Row],[Inherent-I-L-Combo]])","v":"-- Select Impact ----- Select Likelihood --"},"-- Error --"]
[298,{"$nulls":5},"-- Select Risk Category --",null,"-- select department --",null,null,"-- Select Impact --",{"$f":"VLOOKUP(RiskRegister[[#This Row],[Inherent Impact Level]],'Rating factors'!$F$4:$G$9,2,FALSE)","v":"--- Error ---"},"-- Select Likelihood --",{"$f":"VLOOKUP(RiskRegister[[#This Row],[Inherent Likelihood Level]],'Rating factors'!$F$16:$G$21,2,FALSE)","v":"--- Error ---"},{"$f":"IFERROR(VLOOKUP(RiskRegister[[#This Row],[Inherent Risk Rating]],'Rating factors'!$F$30:$G$44,2,FALSE),\"-- Error --\")","v":"-- Error --"},{"$f":"IFERROR(RiskRegister[[#This Row],[Inherent Impact Rating]]*RiskRegister[[#This Row],[Inherent Likelihood Rating]],\"-- Error --\")","v":"-- Error --"},"-- Select Risk Response --",null,"-- Select Impact --",{"$f":"VLOOKUP(RiskRegister[[#This Row],[Residual Impact Level]],'Rating factors'!$F$4:$G$9,2,FALSE)","v":"--- Error ---"},"-- Select Likelihood --",{"$f":"VLOOKUP(RiskRegister[[#This Row],[Residual Likelihood Level]],'Rating factors'!$F$16:$G$21,2,FALSE)","v":"--- Error ---"},{"$f":"IFERROR(VLOOKUP(RiskRegister[[#This Row],[Residual Risk Rating]],'Rating factors'!$F$30:$G$44,2,FALSE),\"-- Error --\")","v":"-- Error --"},{"$f":"IFERROR(RiskRegister[[#This Row],[Residual Impact Rating]]*RiskRegister[[#This Row],[Residual Likelihood Rating]],\"-- Error --\")","v":"-- Error --"},"-- Select Risk Status --",{"$nulls":3},{"$f":"IF(ISBLANK(RiskRegister[[#This Row],[Risk Due Date]]), \"Missing Risk Due Date\", IF(RiskRegister[[#This Row],[Risk Due Date]] < TODAY(), \"Overdue\", \"Not Overdue\"))","v":"Missing Risk Due Date"},null,{"$f":"IF(ISBLANK(RiskRegister[[#This Row],[Risk Due Date]]), \"Missing Risk Due Date\", TEXT(RiskRegister[[#This Row],[Risk Due Date]], \"YYYY-MM\"))","v":"Missing Risk Due Date"},{"$f":"IF(RiskRegister[[#This Row],[Created Date]]=\"\",\"Created Date missing\",(TEXT(RiskRegister[[#This Row],[Created Date]],\"mmm\") & \"-\" & YEAR(RiskRegister[[#This Row],[Created Date]])))","v":"Created Date missing"},{"$f":"IF(RiskRegister[[#This Row],[Risk Status]]=\"Closed\",RiskRegister[[#This Row],[Risk Close Date]],RiskRegister[[#This Row],[Risk Due Date]])","v":"00:00:00"},{"$f":"IF(RiskRegister[[#This Row],[Risk-Change-Date]]=0,DATE(2030,1,1),RiskRegister[[#This Row],[Risk-Change-Date]])","v":"2030-01-01"},{"$f":"RiskRegister[[#This Row],[Inherent Impact Level]]&\"-\"&RiskRegister[[#This Row],[Inherent Likelihood Level]]","v":"-- Select Impact ----- Select Likelihood --"},{"$f":"RiskRegister[[#This Row],[Residual Impact Level]]&\"-\"&RiskRegister[[#This Row],[Residual Likelihood Level]]","v":"-- Select Impact ----- Select Likelihood --"},"Error",{"$f":"IF(RiskRegister[[#This Row],[Risk Status]]=\"Closed\",RiskRegister[[#This Row],[Residual Impact Level]],RiskRegister[[#This Row],[Inherent Impact Level]])","v":"-- Select Impact --"},{"$f":"IF(RiskRegister[[#This Row],[Risk Status]]=\"Closed\",RiskRegister[[#This Row],[Residual Likelihood Level]],RiskRegister[[#This Row],[Inherent Likelihood Level]])","v":"-- Select Likelihood --"},{"$f":"IF(RiskRegister[[#This Row],[Risk Status]]=\"Closed\",RiskRegister[[#This Row],[Residual-I-L-Combo]],RiskRegister[[#This Row],[Inherent-I-L-Combo]])","v":"-- Select Impact ----- Select Likelihood --"},"-- Error --"]
[299,{"$nulls":5},"-- Select Risk Category --",null,"-- select department --",null,null,"-- Select Impact --",{"$f":"VLOOKUP(RiskRegister[[#This Row],[Inherent Impact Level]],'Rating factors'!$F$4:$G$9,2,FALSE)","v":"--- Error ---"},"-- Select Likelihood --",{"$f":"VLOOKUP(RiskRegister[[#This Row],[Inherent Likelihood Level]],'Rating factors'!$F$16:$G$21,2,FALSE)","v":"--- Error ---"},{"$f":"IFERROR(VLOOKUP(RiskRegister[[#This Row],[Inherent Risk Rating]],'Rating factors'!$F$30:$G$44,2,FALSE),\"-- Error --\")","v":"-- Error --"},{"$f":"IFERROR(RiskRegister[[#This Row],[Inherent Impact Rating]]*RiskRegister[[#This Row],[Inherent Likelihood Rating]],\"-- Error --\")","v":"-- Error --"},"-- Select Risk Response --",null,"-- Select Impact --",{"$f":"VLOOKUP(RiskRegister[[#This Row],[Residual Impact Level]],'Rating factors'!$F$4:$G$9,2,FALSE)","v":"--- Error ---"},"-- Select Likelihood --",{"$f":"VLOOKUP(RiskRegister[[#This Row],[Residual Likelihood Level]],'Rating factors'!$F$16:$G$21,2,FALSE)","v":"--- Error ---"},{"$f":"IFERROR(VLOOKUP(RiskRegister[[#This Row],[Residual Risk Rating]],'Rating factors'!$F$30:$G$44,2,FALSE),\"-- Error --\")","v":"-- Error --"},{"$f":"IFERROR(RiskRegister[[#This Row],[Residual Impact Rating]]*RiskRegister[[#This Row],[Residual Likelihood Rating]],\"-- Error --\")","v":"-- Error --"},"-- Select Risk Status --",{"$nulls":3},{"$f":"IF(ISBLANK(RiskRegister[[#This Row],[Risk Due Date]]), \"Missing Risk Due Date\", IF(RiskRegister[[#This Row],[Risk Due Date]] < TODAY(), \"Overdue\", \"Not Overdue\"))","v":"Missing Risk Due Date"},null,{"$f":"IF(ISBLANK(RiskRegister[[#This Row],[Risk Due Date]]), \"Missing Risk Due Date\", TEXT(RiskRegister[[#This Row],[Risk Due Date]], \"YYYY-MM\"))","v":"Missing Risk Due Date"},{"$f":"IF(RiskRegister[[#This Row],[Created Date]]=\"\",\"Created Date missing\",(TEXT(RiskRegister[[#This Row],[Created Date]],\"mmm\") & \"-\" & YEAR(RiskRegister[[#This Row],[Created Date]])))","v":"Created Date missing"},{"$f":"IF(RiskRegister[[#This Row],[Risk Status]]=\"Closed\",RiskRegister[[#This Row],[Risk Close Date]],RiskRegister[[#This Row],[Risk Due Date]])","v":"00:00:00"},{"$f":"IF(RiskRegister[[#This Row],[Risk-Change-Date]]=0,DATE(2030,1,1),RiskRegister[[#This Row],[Risk-Change-Date]])","v":"2030-01-01"},{"$f":"RiskRegister[[#This Row],[Inherent Impact Level]]&\"-\"&RiskRegister[[#This Row],[Inherent Likelihood Level]]","v":"-- Select Impact ----- Select Likelihood --"},{"$f":"RiskRegister[[#This Row],[Residual Impact Level]]&\"-\"&RiskRegister[[#This Row],[Residual Likelihood Level]]","v":"-- Select Impact ----- Select Likelihood --"},"Error",{"$f":"IF(RiskRegister[[#This Row],[Risk Status]]=\"Closed\",RiskRegister[[#This Row],[Residual Impact Level]],RiskRegister[[#This Row],[Inherent Impact Level]])","v":"-- Select Impact --"},{"$f":"IF(RiskRegister[[#This Row],[Risk Status]]=\"Closed\",RiskRegister[[#This Row],[Residual Likelihood Level]],RiskRegister[[#This Row],[Inherent Likelihood Level]])","v":"-- Select Likelihood --"},{"$f":"IF(RiskRegister[[#This Row],[Risk Status]]=\"Closed\",RiskRegister[[#This Row],[Residual-I-L-Combo]],RiskRegister[[#This Row],[Inherent-I-L-Combo]])","v":"-- Select Impact ----- Select Likelihood --"},"-- Error --"]
[300,{"$nulls":5},"-- Select Risk Category --",null,"-- select department --",null,null,"-- Select Impact --",{"$f":"VLOOKUP(RiskRegister[[#This Row],[Inherent Impact Level]],'Rating factors'!$F$4:$G$9,2,FALSE)","v":"--- Error ---"},"-- Select Likelihood --",{"$f":"VLOOKUP(RiskRegister[[#This Row],[Inherent Likelihood Level]],'Rating factors'!$F$16:$G$21,2,FALSE)","v":"--- Error ---"},{"$f":"IFERROR(VLOOKUP(RiskRegister[[#This Row],[Inherent Risk Rating]],'Rating factors'!$F$30:$G$44,2,FALSE),\"-- Error --\")","v":"-- Error --"},{"$f":"IFERROR(RiskRegister[[#This Row],[Inherent Impact Rating]]*RiskRegister[[#This Row],[Inherent Likelihood Rating]],\"-- Error --\")","v":"-- Error --"},"-- Select Risk Response --",null,"-- Select Impact --",{"$f":"VLOOKUP(RiskRegister[[#This Row],[Residual Impact Level]],'Rating factors'!$F$4:$G$9,2,FALSE)","v":"--- Error ---"},"-- Select Likelihood --",{"$f":"VLOOKUP(RiskRegister[[#This Row],[Residual Likelihood Level]],'Rating factors'!$F$16:$G$21,2,FALSE)","v":"--- Error ---"},{"$f":"IFERROR(VLOOKUP(RiskRegister[[#This Row],[Residual Risk Rating]],'Rating factors'!$F$30:$G$44,2,FALSE),\"-- Error --\")","v":"-- Error --"},{"$f":"IFERROR(RiskRegister[[#This Row],[Residual Impact Rating]]*RiskRegister[[#This Row],[Residual Likelihood Rating]],\"-- Error --\")","v":"-- Error --"},"-- Select Risk Status --",{"$nulls":3},{"$f":"IF(ISBLANK(RiskRegister[[#This Row],[Risk Due Date]]), \"Missing Risk Due Date\", IF(RiskRegister[[#This Row],[Risk Due Date]] < TODAY(), \"Overdue\", \"Not Overdue\"))","v":"Missing Risk Due Date"},null,{"$f":"IF(ISBLANK(RiskRegister[[#This Row],[Risk Due Date]]), \"Missing Risk Due Date\", TEXT(RiskRegister[[#This Row],[Risk Due Date]], \"YYYY-MM\"))","v":"Missing Risk Due Date"},{"$f":"IF(RiskRegister[[#This Row],[Created Date]]=\"\",\"Created Date missing\",(TEXT(RiskRegister[[#This Row],[Created Date]],\"mmm\") & \"-\" & YEAR(RiskRegister[[#This Row],[Created Date]])))","v":"Created Date missing"},{"$f":"IF(RiskRegister[[#This Row],[Risk Status]]=\"Closed\",RiskRegister[[#This Row],[Risk Close Date]],RiskRegister[[#This Row],[Risk Due Date]])","v":"00:00:00"},{"$f":"IF(RiskRegister[[#This Row],[Risk-Change-Date]]=0,DATE(2030,1,1),RiskRegister[[#This Row],[Risk-Change-Date]])","v":"2030-01-01"},{"$f":"RiskRegister[[#This Row],[Inherent Impact Level]]&\"-\"&RiskRegister[[#This Row],[Inherent Likelihood Level]]","v":"-- Select Impact ----- Select Likelihood --"},{"$f":"RiskRegister[[#This Row],[Residual Impact Level]]&\"-\"&RiskRegister[[#This Row],[Residual Likelihood Level]]","v":"-- Select Impact ----- Select Likelihood --"},"Error",{"$f":"IF(RiskRegister[[#This Row],[Risk Status]]=\"Closed\",RiskRegister[[#This Row],[Residual Impact Level]],RiskRegister[[#This Row],[Inherent Impact Level]])","v":"-- Select Impact --"},{"$f":"IF(RiskRegister[[#This Row],[Risk Status]]=\"Closed\",RiskRegister[[#This Row],[Residual Likelihood Level]],RiskRegister[[#This Row],[Inherent Likelihood Level]])","v":"-- Select Likelihood --"},{"$f":"IF(RiskRegister[[#This Row],[Risk Status]]=\"Closed\",RiskRegister[[#This Row],[Residual-I-L-Combo]],RiskRegister[[#This Row],[Inherent-I-L-Combo]])","v":"-- Select Impact ----- Select Likelihood --"},"-- Error --"]
[301,{"$nulls":5},"-- Select Risk Category --",null,"-- select department --",null,null,"-- Select Impact --",{"$f":"VLOOKUP(RiskRegister[[#This Row],[Inherent Impact Level]],'Rating factors'!$F$4:$G$9,2,FALSE)","v":"--- Error ---"},"-- Select Likelihood --",{"$f":"VLOOKUP(RiskRegister[[#This Row],[Inherent Likelihood Level]],'Rating factors'!$F$16:$G$21,2,FALSE)","v":"--- Error ---"},{"$f":"IFERROR(VLOOKUP(RiskRegister[[#This Row],[Inherent Risk Rating]],'Rating factors'!$F$30:$G$44,2,FALSE),\"-- Error --\")","v":"-- Error --"},{"$f":"IFERROR(RiskRegister[[#This Row],[Inherent Impact Rating]]*RiskRegister[[#This Row],[Inherent Likelihood Rating]],\"-- Error --\")","v":"-- Error --"},"-- Select Risk Response --",null,"-- Select Impact --",{"$f":"VLOOKUP(RiskRegister[[#This Row],[Residual Impact Level]],'Rating factors'!$F$4:$G$9,2,FALSE)","v":"--- Error ---"},"-- Select Likelihood --",{"$f":"VLOOKUP(RiskRegister[[#This Row],[Residual Likelihood Level]],'Rating factors'!$F$16:$G$21,2,FALSE)","v":"--- Error ---"},{"$f":"IFERROR(VLOOKUP(RiskRegister[[#This Row],[Residual Risk Rating]],'Rating factors'!$F$30:$G$44,2,FALSE),\"-- Error --\")","v":"-- Error --"},{"$f":"IFERROR(RiskRegister[[#This Row],[Residual Impact Rating]]*RiskRegister[[#This Row],[Residual Likelihood Rating]],\"-- Error --\")","v":"-- Error --"},"-- Select Risk Status --",{"$nulls":3},{"$f":"IF(ISBLANK(RiskRegister[[#This Row],[Risk Due Date]]), \"Missing Risk Due Date\", IF(RiskRegister[[#This Row],[Risk Due Date]] < TODAY(), \"Overdue\", \"Not Overdue\"))","v":"Missing Risk Due Date"},null,{"$f":"IF(ISBLANK(RiskRegister[[#This Row],[Risk Due Date]]), \"Missing Risk Due Date\", TEXT(RiskRegister[[#This Row],[Risk Due Date]], \"YYYY-MM\"))","v":"Missing Risk Due Date"},{"$f":"IF(RiskRegister[[#This Row],[Created Date]]=\"\",\"Created Date missing\",(TEXT(RiskRegister[[#This Row],[Created Date]],\"mmm\") & \"-\" & YEAR(RiskRegister[[#This Row],[Created Date]])))","v":"Created Date missing"},{"$f":"IF(RiskRegister[[#This Row],[Risk Status]]=\"Closed\",RiskRegister[[#This Row],[Risk Close Date]],RiskRegister[[#This Row],[Risk Due Date]])","v":"00:00:00"},{"$f":"IF(RiskRegister[[#This Row],[Risk-Change-Date]]=0,DATE(2030,1,1),RiskRegister[[#This Row],[Risk-Change-Date]])","v":"2030-01-01"},{"$f":"RiskRegister[[#This Row],[Inherent Impact Level]]&\"-\"&RiskRegister[[#This Row],[Inherent Likelihood Level]]","v":"-- Select Impact ----- Select Likelihood --"},{"$f":"RiskRegister[[#This Row],[Residual Impact Level]]&\"-\"&RiskRegister[[#This Row],[Residual Likelihood Level]]","v":"-- Select Impact ----- Select Likelihood --"},"Error",{"$f":"IF(RiskRegister[[#This Row],[Risk Status]]=\"Closed\",RiskRegister[[#This Row],[Residual Impact Level]],RiskRegister[[#This Row],[Inherent Impact Level]])","v":"-- Select Impact --"},{"$f":"IF(RiskRegister[[#This Row],[Risk Status]]=\"Closed\",RiskRegister[[#This Row],[Residual Likelihood Level]],RiskRegister[[#This Row],[Inherent Likelihood Level]])","v":"-- Select Likelihood --"},{"$f":"IF(RiskRegister[[#This Row],[Risk Status]]=\"Closed\",RiskRegister[[#This Row],[Residual-I-L-Combo]],RiskRegister[[#This Row],[Inherent-I-L-Combo]])","v":"-- Select Impact ----- Select Likelihood --"},"-- Error --"]
[302,{"$nulls":5},"-- Select Risk Category --",null,"-- select department --",null,null,"-- Select Impact --",{"$f":"VLOOKUP(RiskRegister[[#This Row],[Inherent Impact Level]],'Rating factors'!$F$4:$G$9,2,FALSE)","v":"--- Error ---"},"-- Select Likelihood --",{"$f":"VLOOKUP(RiskRegister[[#This Row],[Inherent Likelihood Level]],'Rating factors'!$F$16:$G$21,2,FALSE)","v":"--- Error ---"},{"$f":"IFERROR(VLOOKUP(RiskRegister[[#This Row],[Inherent Risk Rating]],'Rating factors'!$F$30:$G$44,2,FALSE),\"-- Error --\")","v":"-- Error --"},{"$f":"IFERROR(RiskRegister[[#This Row],[Inherent Impact Rating]]*RiskRegister[[#This Row],[Inherent Likelihood Rating]],\"-- Error --\")","v":"-- Error --"},"-- Select Risk Response --",null,"-- Select Impact --",{"$f":"VLOOKUP(RiskRegister[[#This Row],[Residual Impact Level]],'Rating factors'!$F$4:$G$9,2,FALSE)","v":"--- Error ---"},"-- Select Likelihood --",{"$f":"VLOOKUP(RiskRegister[[#This Row],[Residual Likelihood Level]],'Rating factors'!$F$16:$G$21,2,FALSE)","v":"--- Error ---"},{"$f":"IFERROR(VLOOKUP(RiskRegister[[#This Row],[Residual Risk Rating]],'Rating factors'!$F$30:$G$44,2,FALSE),\"-- Error --\")","v":"-- Error --"},{"$f":"IFERROR(RiskRegister[[#This Row],[Residual Impact Rating]]*RiskRegister[[#This Row],[Residual Likelihood Rating]],\"-- Error --\")","v":"-- Error --"},"-- Select Risk Status --",{"$nulls":3},{"$f":"IF(ISBLANK(RiskRegister[[#This Row],[Risk Due Date]]), \"Missing Risk Due Date\", IF(RiskRegister[[#This Row],[Risk Due Date]] < TODAY(), \"Overdue\", \"Not Overdue\"))","v":"Missing Risk Due Date"},null,{"$f":"IF(ISBLANK(RiskRegister[[#This Row],[Risk Due Date]]), \"Missing Risk Due Date\", TEXT(RiskRegister[[#This Row],[Risk Due Date]], \"YYYY-MM\"))","v":"Missing Risk Due Date"},{"$f":"IF(RiskRegister[[#This Row],[Created Date]]=\"\",\"Created Date missing\",(TEXT(RiskRegister[[#This Row],[Created Date]],\"mmm\") & \"-\" & YEAR(RiskRegister[[#This Row],[Created Date]])))","v":"Created Date missing"},{"$f":"IF(RiskRegister[[#This Row],[Risk Status]]=\"Closed\",RiskRegister[[#This Row],[Risk Close Date]],RiskRegister[[#This Row],[Risk Due Date]])","v":"00:00:00"},{"$f":"IF(RiskRegister[[#This Row],[Risk-Change-Date]]=0,DATE(2030,1,1),RiskRegister[[#This Row],[Risk-Change-Date]])","v":"2030-01-01"},{"$f":"RiskRegister[[#This Row],[Inherent Impact Level]]&\"-\"&RiskRegister[[#This Row],[Inherent Likelihood Level]]","v":"-- Select Impact ----- Select Likelihood --"},{"$f":"RiskRegister[[#This Row],[Residual Impact Level]]&\"-\"&RiskRegister[[#This Row],[Residual Likelihood Level]]","v":"-- Select Impact ----- Select Likelihood --"},"Error",{"$f":"IF(RiskRegister[[#This Row],[Risk Status]]=\"Closed\",RiskRegister[[#This Row],[Residual Impact Level]],RiskRegister[[#This Row],[Inherent Impact Level]])","v":"-- Select Impact --"},{"$f":"IF(RiskRegister[[#This Row],[Risk Status]]=\"Closed\",RiskRegister[[#This Row],[Residual Likelihood Level]],RiskRegister[[#This Row],[Inherent Likelihood Level]])","v":"-- Select Likelihood --"},{"$f":"IF(RiskRegister[[#This Row],[Risk Status]]=\"Closed\",RiskRegister[[#This Row],[Residual-I-L-Combo]],RiskRegister[[#This Row],[Inherent-I-L-Combo]])","v":"-- Select Impact ----- Select Likelihood --"},"-- Error --"]
[303,{"$nulls":5},"-- Select Risk Category --",null,"-- select department --",null,null,"-- Select Impact --",{"$f":"VLOOKUP(RiskRegister[[#This Row],[Inherent Impact Level]],'Rating factors'!$F$4:$G$9,2,FALSE)","v":"--- Error ---"},"-- Select Likelihood --",{"$f":"VLOOKUP(RiskRegister[[#This Row],[Inherent Likelihood Level]],'Rating factors'!$F$16:$G$21,2,FALSE)","v":"--- Error ---"},{"$f":"IFERROR(VLOOKUP(RiskRegister[[#This Row],[Inherent Risk Rating]],'Rating factors'!$F$30:$G$44,2,FALSE),\"-- Error --\")","v":"-- Error --"},{"$f":"IFERROR(RiskRegister[[#This Row],[Inherent Impact Rating]]*RiskRegister[[#This Row],[Inherent Likelihood Rating]],\"-- Error --\")","v":"-- Error --"},"-- Select Risk Response --",null,"-- Select Impact --",{"$f":"VLOOKUP(RiskRegister[[#This Row],[Residual Impact Level]],'Rating factors'!$F$4:$G$9,2,FALSE)","v":"--- Error ---"},"-- Select Likelihood --",{"$f":"VLOOKUP(RiskRegister[[#This Row],[Residual Likelihood Level]],'Rating factors'!$F$16:$G$21,2,FALSE)","v":"--- Error ---"},{"$f":"IFERROR(VLOOKUP(RiskRegister[[#This Row],[Residual Risk Rating]],'Rating factors'!$F$30:$G$44,2,FALSE),\"-- Error --\")","v":"-- Error --"},{"$f":"IFERROR(RiskRegister[[#This Row],[Residual Impact Rating]]*RiskRegister[[#This Row],[Residual Likelihood Rating]],\"-- Error --\")","v":"-- Error --"},"-- Select Risk Status --",{"$nulls":3},{"$f":"IF(ISBLANK(RiskRegister[[#This Row],[Risk Due Date]]), \"Missing Risk Due Date\", IF(RiskRegister[[#This Row],[Risk Due Date]] < TODAY(), \"Overdue\", \"Not Overdue\"))","v":"Missing Risk Due Date"},null,{"$f":"IF(ISBLANK(RiskRegister[[#This Row],[Risk Due Date]]), \"Missing Risk Due Date\", TEXT(RiskRegister[[#This Row],[Risk Due Date]], \"YYYY-MM\"))","v":"Missing Risk Due Date"},{"$f":"IF(RiskRegister[[#This Row],[Created Date]]=\"\",\"Created Date missing\",(TEXT(RiskRegister[[#This Row],[Created Date]],\"mmm\") & \"-\" & YEAR(RiskRegister[[#This Row],[Created Date]])))","v":"Created Date missing"},{"$f":"IF(RiskRegister[[#This Row],[Risk Status]]=\"Closed\",RiskRegister[[#This Row],[Risk Close Date]],RiskRegister[[#This Row],[Risk Due Date]])","v":"00:00:00"},{"$f":"IF(RiskRegister[[#This Row],[Risk-Change-Date]]=0,DATE(2030,1,1),RiskRegister[[#This Row],[Risk-Change-Date]])","v":"2030-01-01"},{"$f":"RiskRegister[[#This Row],[Inherent Impact Level]]&\"-\"&RiskRegister[[#This Row],[Inherent Likelihood Level]]","v":"-- Select Impact ----- Select Likelihood --"},{"$f":"RiskRegister[[#This Row],[Residual Impact Level]]&\"-\"&RiskRegister[[#This Row],[Residual Likelihood Level]]","v":"-- Select Impact ----- Select Likelihood --"},"Error",{"$f":"IF(RiskRegister[[#This Row],[Risk Status]]=\"Closed\",RiskRegister[[#This Row],[Residual Impact Level]],RiskRegister[[#This Row],[Inherent Impact Level]])","v":"-- Select Impact --"},{"$f":"IF(RiskRegister[[#This Row],[Risk Status]]=\"Closed\",RiskRegister[[#This Row],[Residual Likelihood Level]],RiskRegister[[#This Row],[Inherent Likelihood Level]])","v":"-- Select Likelihood --"},{"$f":"IF(RiskRegister[[#This Row],[Risk Status]]=\"Closed\",RiskRegister[[#This Row],[Residual-I-L-Combo]],RiskRegister[[#This Row],[Inherent-I-L-Combo]])","v":"-- Select Impact ----- Select Likelihood --"},"-- Error --"]
[304,{"$nulls":5},"-- Select Risk Category --",null,"-- select department --",null,null,"-- Select Impact --",{"$f":"VLOOKUP(RiskRegister[[#This Row],[Inherent Impact Level]],'Rating factors'!$F$4:$G$9,2,FALSE)","v":"--- Error ---"},"-- Select Likelihood --",{"$f":"VLOOKUP(RiskRegister[[#This Row],[Inherent Likelihood Level]],'Rating factors'!$F$16:$G$21,2,FALSE)","v":"--- Error ---"},{"$f":"IFERROR(VLOOKUP(RiskRegister[[#This Row],[Inherent Risk Rating]],'Rating factors'!$F$30:$G$44,2,FALSE),\"-- Error --\")","v":"-- Error --"},{"$f":"IFERROR(RiskRegister[[#This Row],[Inherent Impact Rating]]*RiskRegister[[#This Row],[Inherent Likelihood Rating]],\"-- Error --\")","v":"-- Error --"},"-- Select Risk Response --",null,"-- Select Impact --",{"$f":"VLOOKUP(RiskRegister[[#This Row],[Residual Impact Level]],'Rating factors'!$F$4:$G$9,2,FALSE)","v":"--- Error ---"},"-- Select Likelihood --",{"$f":"VLOOKUP(RiskRegister[[#This Row],[Residual Likelihood Level]],'Rating factors'!$F$16:$G$21,2,FALSE)","v":"--- Error ---"},{"$f":"IFERROR(VLOOKUP(RiskRegister[[#This Row],[Residual Risk Rating]],'Rating factors'!$F$30:$G$44,2,FALSE),\"-- Error --\")","v":"-- Error --"},{"$f":"IFERROR(RiskRegister[[#This Row],[Residual Impact Rating]]*RiskRegister[[#This Row],[Residual Likelihood Rating]],\"-- Error --\")","v":"-- Error --"},"-- Select Risk Status --",{"$nulls":3},{"$f":"IF(ISBLANK(RiskRegister[[#This Row],[Risk Due Date]]), \"Missing Risk Due Date\", IF(RiskRegister[[#This Row],[Risk Due Date]] < TODAY(), \"Overdue\", \"Not Overdue\"))","v":"Missing Risk Due Date"},null,{"$f":"IF(ISBLANK(RiskRegister[[#This Row],[Risk Due Date]]), \"Missing Risk Due Date\", TEXT(RiskRegister[[#This Row],[Risk Due Date]], \"YYYY-MM\"))","v":"Missing Risk Due Date"},{"$f":"IF(RiskRegister[[#This Row],[Created Date]]=\"\",\"Created Date missing\",(TEXT(RiskRegister[[#This Row],[Created Date]],\"mmm\") & \"-\" & YEAR(RiskRegister[[#This Row],[Created Date]])))","v":"Created Date missing"},{"$f":"IF(RiskRegister[[#This Row],[Risk Status]]=\"Closed\",RiskRegister[[#This Row],[Risk Close Date]],RiskRegister[[#This Row],[Risk Due Date]])","v":"00:00:00"},{"$f":"IF(RiskRegister[[#This Row],[Risk-Change-Date]]=0,DATE(2030,1,1),RiskRegister[[#This Row],[Risk-Change-Date]])","v":"2030-01-01"},{"$f":"RiskRegister[[#This Row],[Inherent Impact Level]]&\"-\"&RiskRegister[[#This Row],[Inherent Likelihood Level]]","v":"-- Select Impact ----- Select Likelihood --"},{"$f":"RiskRegister[[#This Row],[Residual Impact Level]]&\"-\"&RiskRegister[[#This Row],[Residual Likelihood Level]]","v":"-- Select Impact ----- Select Likelihood --"},"Error",{"$f":"IF(RiskRegister[[#This Row],[Risk Status]]=\"Closed\",RiskRegister[[#This Row],[Residual Impact Level]],RiskRegister[[#This Row],[Inherent Impact Level]])","v":"-- Select Impact --"},{"$f":"IF(RiskRegister[[#This Row],[Risk Status]]=\"Closed\",RiskRegister[[#This Row],[Residual Likelihood Level]],RiskRegister[[#This Row],[Inherent Likelihood Level]])","v":"-- Select Likelihood --"},{"$f":"IF(RiskRegister[[#This Row],[Risk Status]]=\"Closed\",RiskRegister[[#This Row],[Residual-I-L-Combo]],RiskRegister[[#This Row],[Inherent-I-L-Combo]])","v":"-- Select Impact ----- Select Likelihood --"},"-- Error --"]
[305,{"$nulls":5},"-- Select Risk Category --",null,"-- select department --",null,null,"-- Select Impact --",{"$f":"VLOOKUP(RiskRegister[[#This Row],[Inherent Impact Level]],'Rating factors'!$F$4:$G$9,2,FALSE)","v":"--- Error ---"},"-- Select Likelihood --",{"$f":"VLOOKUP(RiskRegister[[#This Row],[Inherent Likelihood Level]],'Rating factors'!$F$16:$G$21,2,FALSE)","v":"--- Error ---"},{"$f":"IFERROR(VLOOKUP(RiskRegister[[#This Row],[Inherent Risk Rating]],'Rating factors'!$F$30:$G$44,2,FALSE),\"-- Error --\")","v":"-- Error --"},{"$f":"IFERROR(RiskRegister[[#This Row],[Inherent Impact Rating]]*RiskRegister[[#This Row],[Inherent Likelihood Rating]],\"-- Error --\")","v":"-- Error --"},"-- Select Risk Response --",null,"-- Select Impact --",{"$f":"VLOOKUP(RiskRegister[[#This Row],[Residual Impact Level]],'Rating factors'!$F$4:$G$9,2,FALSE)","v":"--- Error ---"},"-- Select Likelihood --",{"$f":"VLOOKUP(RiskRegister[[#This Row],[Residual Likelihood Level]],'Rating factors'!$F$16:$G$21,2,FALSE)","v":"--- Error ---"},{"$f":"IFERROR(VLOOKUP(RiskRegister[[#This Row],[Residual Risk Rating]],'Rating factors'!$F$30:$G$44,2,FALSE),\"-- Error --\")","v":"-- Error --"},{"$f":"IFERROR(RiskRegister[[#This Row],[Residual Impact Rating]]*RiskRegister[[#This Row],[Residual Likelihood Rating]],\"-- Error --\")","v":"-- Error --"},"-- Select Risk Status --",{"$nulls":3},{"$f":"IF(ISBLANK(RiskRegister[[#This Row],[Risk Due Date]]), \"Missing Risk Due Date\", IF(RiskRegister[[#This Row],[Risk Due Date]] < TODAY(), \"Overdue\", \"Not Overdue\"))","v":"Missing Risk Due Date"},null,{"$f":"IF(ISBLANK(RiskRegister[[#This Row],[Risk Due Date]]), \"Missing Risk Due Date\", TEXT(RiskRegister[[#This Row],[Risk Due Date]], \"YYYY-MM\"))","v":"Missing Risk Due Date"},{"$f":"IF(RiskRegister[[#This Row],[Created Date]]=\"\",\"Created Date missing\",(TEXT(RiskRegister[[#This Row],[Created Date]],\"mmm\") & \"-\" & YEAR(RiskRegister[[#This Row],[Created Date]])))","v":"Created Date missing"},{"$f":"IF(RiskRegister[[#This Row],[Risk Status]]=\"Closed\",RiskRegister[[#This Row],[Risk Close Date]],RiskRegister[[#This Row],[Risk Due Date]])","v":"00:00:00"},{"$f":"IF(RiskRegister[[#This Row],[Risk-Change-Date]]=0,DATE(2030,1,1),RiskRegister[[#This Row],[Risk-Change-Date]])","v":"2030-01-01"},{"$f":"RiskRegister[[#This Row],[Inherent Impact Level]]&\"-\"&RiskRegister[[#This Row],[Inherent Likelihood Level]]","v":"-- Select Impact ----- Select Likelihood --"},{"$f":"RiskRegister[[#This Row],[Residual Impact Level]]&\"-\"&RiskRegister[[#This Row],[Residual Likelihood Level]]","v":"-- Select Impact ----- Select Likelihood --"},"Error",{"$f":"IF(RiskRegister[[#This Row],[Risk Status]]=\"Closed\",RiskRegister[[#This Row],[Residual Impact Level]],RiskRegister[[#This Row],[Inherent Impact Level]])","v":"-- Select Impact --"},{"$f":"IF(RiskRegister[[#This Row],[Risk Status]]=\"Closed\",RiskRegister[[#This Row],[Residual Likelihood Level]],RiskRegister[[#This Row],[Inherent Likelihood Level]])","v":"-- Select Likelihood --"},{"$f":"IF(RiskRegister[[#This Row],[Risk Status]]=\"Closed\",RiskRegister[[#This Row],[Residual-I-L-Combo]],RiskRegister[[#This Row],[Inherent-I-L-Combo]])","v":"-- Select Impact ----- Select Likelihood --"},"-- Error --"]
[306,{"$nulls":5},"-- Select Risk Category --",null,"-- select department --",null,null,"-- Select Impact --",{"$f":"VLOOKUP(RiskRegister[[#This Row],[Inherent Impact Level]],'Rating factors'!$F$4:$G$9,2,FALSE)","v":"--- Error ---"},"-- Select Likelihood --",{"$f":"VLOOKUP(RiskRegister[[#This Row],[Inherent Likelihood Level]],'Rating factors'!$F$16:$G$21,2,FALSE)","v":"--- Error ---"},{"$f":"IFERROR(VLOOKUP(RiskRegister[[#This Row],[Inherent Risk Rating]],'Rating factors'!$F$30:$G$44,2,FALSE),\"-- Error --\")","v":"-- Error --"},{"$f":"IFERROR(RiskRegister[[#This Row],[Inherent Impact Rating]]*RiskRegister[[#This Row],[Inherent Likelihood Rating]],\"-- Error --\")","v":"-- Error --"},"-- Select Risk Response --",null,"-- Select Impact --",{"$f":"VLOOKUP(RiskRegister[[#This Row],[Residual Impact Level]],'Rating factors'!$F$4:$G$9,2,FALSE)","v":"--- Error ---"},"-- Select Likelihood --",{"$f":"VLOOKUP(RiskRegister[[#This Row],[Residual Likelihood Level]],'Rating factors'!$F$16:$G$21,2,FALSE)","v":"--- Error ---"},{"$f":"IFERROR(VLOOKUP(RiskRegister[[#This Row],[Residual Risk Rating]],'Rating factors'!$F$30:$G$44,2,FALSE),\"-- Error --\")","v":"-- Error --"},{"$f":"IFERROR(RiskRegister[[#This Row],[Residual Impact Rating]]*RiskRegister[[#This Row],[Residual Likelihood Rating]],\"-- Error --\")","v":"-- Error --"},"-- Select Risk Status --",{"$nulls":3},{"$f":"IF(ISBLANK(RiskRegister[[#This Row],[Risk Due Date]]), \"Missing Risk Due Date\", IF(RiskRegister[[#This Row],[Risk Due Date]] < TODAY(), \"Overdue\", \"Not Overdue\"))","v":"Missing Risk Due Date"},null,{"$f":"IF(ISBLANK(RiskRegister[[#This Row],[Risk Due Date]]), \"Missing Risk Due Date\", TEXT(RiskRegister[[#This Row],[Risk Due Date]], \"YYYY-MM\"))","v":"Missing Risk Due Date"},{"$f":"IF(RiskRegister[[#This Row],[Created Date]]=\"\",\"Created Date missing\",(TEXT(RiskRegister[[#This Row],[Created Date]],\"mmm\") & \"-\" & YEAR(RiskRegister[[#This Row],[Created Date]])))","v":"Created Date missing"},{"$f":"IF(RiskRegister[[#This Row],[Risk Status]]=\"Closed\",RiskRegister[[#This Row],[Risk Close Date]],RiskRegister[[#This Row],[Risk Due Date]])","v":"00:00:00"},{"$f":"IF(RiskRegister[[#This Row],[Risk-Change-Date]]=0,DATE(2030,1,1),RiskRegister[[#This Row],[Risk-Change-Date]])","v":"2030-01-01"},{"$f":"RiskRegister[[#This Row],[Inherent Impact Level]]&\"-\"&RiskRegister[[#This Row],[Inherent Likelihood Level]]","v":"-- Select Impact ----- Select Likelihood --"},{"$f":"RiskRegister[[#This Row],[Residual Impact Level]]&\"-\"&RiskRegister[[#This Row],[Residual Likelihood Level]]","v":"-- Select Impact ----- Select Likelihood --"},"Error",{"$f":"IF(RiskRegister[[#This Row],[Risk Status]]=\"Closed\",RiskRegister[[#This Row],[Residual Impact Level]],RiskRegister[[#This Row],[Inherent Impact Level]])","v":"-- Select Impact --"},{"$f":"IF(RiskRegister[[#This Row],[Risk Status]]=\"Closed\",RiskRegister[[#This Row],[Residual Likelihood Level]],RiskRegister[[#This Row],[Inherent Likelihood Level]])","v":"-- Select Likelihood --"},{"$f":"IF(RiskRegister[[#This Row],[Risk Status]]=\"Closed\",RiskRegister[[#This Row],[Residual-I-L-Combo]],RiskRegister[[#This Row],[Inherent-I-L-Combo]])","v":"-- Select Impact ----- Select Likelihood --"},"-- Error --"]
[307,{"$nulls":5},"-- Select Risk Category --",null,"-- select department --",null,null,"-- Select Impact --",{"$f":"VLOOKUP(RiskRegister[[#This Row],[Inherent Impact Level]],'Rating factors'!$F$4:$G$9,2,FALSE)","v":"--- Error ---"},"-- Select Likelihood --",{"$f":"VLOOKUP(RiskRegister[[#This Row],[Inherent Likelihood Level]],'Rating factors'!$F$16:$G$21,2,FALSE)","v":"--- Error ---"},{"$f":"IFERROR(VLOOKUP(RiskRegister[[#This Row],[Inherent Risk Rating]],'Rating factors'!$F$30:$G$44,2,FALSE),\"-- Error --\")","v":"-- Error --"},{"$f":"IFERROR(RiskRegister[[#This Row],[Inherent Impact Rating]]*RiskRegister[[#This Row],[Inherent Likelihood Rating]],\"-- Error --\")","v":"-- Error --"},"-- Select Risk Response --",null,"-- Select Impact --",{"$f":"VLOOKUP(RiskRegister[[#This Row],[Residual Impact Level]],'Rating factors'!$F$4:$G$9,2,FALSE)","v":"--- Error ---"},"-- Select Likelihood --",{"$f":"VLOOKUP(RiskRegister[[#This Row],[Residual Likelihood Level]],'Rating factors'!$F$16:$G$21,2,FALSE)","v":"--- Error ---"},{"$f":"IFERROR(VLOOKUP(RiskRegister[[#This Row],[Residual Risk Rating]],'Rating factors'!$F$30:$G$44,2,FALSE),\"-- Error --\")","v":"-- Error --"},{"$f":"IFERROR(RiskRegister[[#This Row],[Residual Impact Rating]]*RiskRegister[[#This Row],[Residual Likelihood Rating]],\"-- Error --\")","v":"-- Error --"},"-- Select Risk Status --",{"$nulls":3},{"$f":"IF(ISBLANK(RiskRegister[[#This Row],[Risk Due Date]]), \"Missing Risk Due Date\", IF(RiskRegister[[#This Row],[Risk Due Date]] < TODAY(), \"Overdue\", \"Not Overdue\"))","v":"Missing Risk Due Date"},null,{"$f":"IF(ISBLANK(RiskRegister[[#This Row],[Risk Due Date]]), \"Missing Risk Due Date\", TEXT(RiskRegister[[#This Row],[Risk Due Date]], \"YYYY-MM\"))","v":"Missing Risk Due Date"},{"$f":"IF(RiskRegister[[#This Row],[Created Date]]=\"\",\"Created Date missing\",(TEXT(RiskRegister[[#This Row],[Created Date]],\"mmm\") & \"-\" & YEAR(RiskRegister[[#This Row],[Created Date]])))","v":"Created Date missing"},{"$f":"IF(RiskRegister[[#This Row],[Risk Status]]=\"Closed\",RiskRegister[[#This Row],[Risk Close Date]],RiskRegister[[#This Row],[Risk Due Date]])","v":"00:00:00"},{"$f":"IF(RiskRegister[[#This Row],[Risk-Change-Date]]=0,DATE(2030,1,1),RiskRegister[[#This Row],[Risk-Change-Date]])","v":"2030-01-01"},{"$f":"RiskRegister[[#This Row],[Inherent Impact Level]]&\"-\"&RiskRegister[[#This Row],[Inherent Likelihood Level]]","v":"-- Select Impact ----- Select Likelihood --"},{"$f":"RiskRegister[[#This Row],[Residual Impact Level]]&\"-\"&RiskRegister[[#This Row],[Residual Likelihood Level]]","v":"-- Select Impact ----- Select Likelihood --"},"Error",{"$f":"IF(RiskRegister[[#This Row],[Risk Status]]=\"Closed\",RiskRegister[[#This Row],[Residual Impact Level]],RiskRegister[[#This Row],[Inherent Impact Level]])","v":"-- Select Impact --"},{"$f":"IF(RiskRegister[[#This Row],[Risk Status]]=\"Closed\",RiskRegister[[#This Row],[Residual Likelihood Level]],RiskRegister[[#This Row],[Inherent Likelihood Level]])","v":"-- Select Likelihood --"},{"$f":"IF(RiskRegister[[#This Row],[Risk Status]]=\"Closed\",RiskRegister[[#This Row],[Residual-I-L-Combo]],RiskRegister[[#This Row],[Inherent-I-L-Combo]])","v":"-- Select Impact ----- Select Likelihood --"},"-- Error --"]
[308,{"$nulls":5},"-- Select Risk Category --",null,"-- select department --",null,null,"-- Select Impact --",{"$f":"VLOOKUP(RiskRegister[[#This Row],[Inherent Impact Level]],'Rating factors'!$F$4:$G$9,2,FALSE)","v":"--- Error ---"},"-- Select Likelihood --",{"$f":"VLOOKUP(RiskRegister[[#This Row],[Inherent Likelihood Level]],'Rating factors'!$F$16:$G$21,2,FALSE)","v":"--- Error ---"},{"$f":"IFERROR(VLOOKUP(RiskRegister[[#This Row],[Inherent Risk Rating]],'Rating factors'!$F$30:$G$44,2,FALSE),\"-- Error --\")","v":"-- Error --"},{"$f":"IFERROR(RiskRegister[[#This Row],[Inherent Impact Rating]]*RiskRegister[[#This Row],[Inherent Likelihood Rating]],\"-- Error --\")","v":"-- Error --"},"-- Select Risk Response --",null,"-- Select Impact --",{"$f":"VLOOKUP(RiskRegister[[#This Row],[Residual Impact Level]],'Rating factors'!$F$4:$G$9,2,FALSE)","v":"--- Error ---"},"-- Select Likelihood --",{"$f":"VLOOKUP(RiskRegister[[#This Row],[Residual Likelihood Level]],'Rating factors'!$F$16:$G$21,2,FALSE)","v":"--- Error ---"},{"$f":"IFERROR(VLOOKUP(RiskRegister[[#This Row],[Residual Risk Rating]],'Rating factors'!$F$30:$G$44,2,FALSE),\"-- Error --\")","v":"-- Error --"},{"$f":"IFERROR(RiskRegister[[#This Row],[Residual Impact Rating]]*RiskRegister[[#This Row],[Residual Likelihood Rating]],\"-- Error --\")","v":"-- Error --"},"-- Select Risk Status --",{"$nulls":3},{"$f":"IF(ISBLANK(RiskRegister[[#This Row],[Risk Due Date]]), \"Missing Risk Due Date\", IF(RiskRegister[[#This Row],[Risk Due Date]] < TODAY(), \"Overdue\", \"Not Overdue\"))","v":"Missing Risk Due Date"},null,{"$f":"IF(ISBLANK(RiskRegister[[#This Row],[Risk Due Date]]), \"Missing Risk Due Date\", TEXT(RiskRegister[[#This Row],[Risk Due Date]], \"YYYY-MM\"))","v":"Missing Risk Due Date"},{"$f":"IF(RiskRegister[[#This Row],[Created Date]]=\"\",\"Created Date missing\",(TEXT(RiskRegister[[#This Row],[Created Date]],\"mmm\") & \"-\" & YEAR(RiskRegister[[#This Row],[Created Date]])))","v":"Created Date missing"},{"$f":"IF(RiskRegister[[#This Row],[Risk Status]]=\"Closed\",RiskRegister[[#This Row],[Risk Close Date]],RiskRegister[[#This Row],[Risk Due Date]])","v":"00:00:00"},{"$f":"IF(RiskRegister[[#This Row],[Risk-Change-Date]]=0,DATE(2030,1,1),RiskRegister[[#This Row],[Risk-Change-Date]])","v":"2030-01-01"},{"$f":"RiskRegister[[#This Row],[Inherent Impact Level]]&\"-\"&RiskRegister[[#This Row],[Inherent Likelihood Level]]","v":"-- Select Impact ----- Select Likelihood --"},{"$f":"RiskRegister[[#This Row],[Residual Impact Level]]&\"-\"&RiskRegister[[#This Row],[Residual Likelihood Level]]","v":"-- Select Impact ----- Select Likelihood --"},"Error",{"$f":"IF(RiskRegister[[#This Row],[Risk Status]]=\"Closed\",RiskRegister[[#This Row],[Residual Impact Level]],RiskRegister[[#This Row],[Inherent Impact Level]])","v":"-- Select Impact --"},{"$f":"IF(RiskRegister[[#This Row],[Risk Status]]=\"Closed\",RiskRegister[[#This Row],[Residual Likelihood Level]],RiskRegister[[#This Row],[Inherent Likelihood Level]])","v":"-- Select Likelihood --"},{"$f":"IF(RiskRegister[[#This Row],[Risk Status]]=\"Closed\",RiskRegister[[#This Row],[Residual-I-L-Combo]],RiskRegister[[#This Row],[Inherent-I-L-Combo]])","v":"-- Select Impact ----- Select Likelihood --"},"-- Error --"]
[309,{"$nulls":5},"-- Select Risk Category --",null,"-- select department --",null,null,"-- Select Impact --",{"$f":"VLOOKUP(RiskRegister[[#This Row],[Inherent Impact Level]],'Rating factors'!$F$4:$G$9,2,FALSE)","v":"--- Error ---"},"-- Select Likelihood --",{"$f":"VLOOKUP(RiskRegister[[#This Row],[Inherent Likelihood Level]],'Rating factors'!$F$16:$G$21,2,FALSE)","v":"--- Error ---"},{"$f":"IFERROR(VLOOKUP(RiskRegister[[#This Row],[Inherent Risk Rating]],'Rating factors'!$F$30:$G$44,2,FALSE),\"-- Error --\")","v":"-- Error --"},{"$f":"IFERROR(RiskRegister[[#This Row],[Inherent Impact Rating]]*RiskRegister[[#This Row],[Inherent Likelihood Rating]],\"-- Error --\")","v":"-- Error --"},"-- Select Risk Response --",null,"-- Select Impact --",{"$f":"VLOOKUP(RiskRegister[[#This Row],[Residual Impact Level]],'Rating factors'!$F$4:$G$9,2,FALSE)","v":"--- Error ---"},"-- Select Likelihood --",{"$f":"VLOOKUP(RiskRegister[[#This Row],[Residual Likelihood Level]],'Rating factors'!$F$16:$G$21,2,FALSE)","v":"--- Error ---"},{"$f":"IFERROR(VLOOKUP(RiskRegister[[#This Row],[Residual Risk Rating]],'Rating factors'!$F$30:$G$44,2,FALSE),\"-- Error --\")","v":"-- Error --"},{"$f":"IFERROR(RiskRegister[[#This Row],[Residual Impact Rating]]*RiskRegister[[#This Row],[Residual Likelihood Rating]],\"-- Error --\")","v":"-- Error --"},"-- Select Risk Status --",{"$nulls":3},{"$f":"IF(ISBLANK(RiskRegister[[#This Row],[Risk Due Date]]), \"Missing Risk Due Date\", IF(RiskRegister[[#This Row],[Risk Due Date]] < TODAY(), \"Overdue\", \"Not Overdue\"))","v":"Missing Risk Due Date"},null,{"$f":"IF(ISBLANK(RiskRegister[[#This Row],[Risk Due Date]]), \"Missing Risk Due Date\", TEXT(RiskRegister[[#This Row],[Risk Due Date]], \"YYYY-MM\"))","v":"Missing Risk Due Date"},{"$f":"IF(RiskRegister[[#This Row],[Created Date]]=\"\",\"Created Date missing\",(TEXT(RiskRegister[[#This Row],[Created Date]],\"mmm\") & \"-\" & YEAR(RiskRegister[[#This Row],[Created Date]])))","v":"Created Date missing"},{"$f":"IF(RiskRegister[[#This Row],[Risk Status]]=\"Closed\",RiskRegister[[#This Row],[Risk Close Date]],RiskRegister[[#This Row],[Risk Due Date]])","v":"00:00:00"},{"$f":"IF(RiskRegister[[#This Row],[Risk-Change-Date]]=0,DATE(2030,1,1),RiskRegister[[#This Row],[Risk-Change-Date]])","v":"2030-01-01"},{"$f":"RiskRegister[[#This Row],[Inherent Impact Level]]&\"-\"&RiskRegister[[#This Row],[Inherent Likelihood Level]]","v":"-- Select Impact ----- Select Likelihood --"},{"$f":"RiskRegister[[#This Row],[Residual Impact Level]]&\"-\"&RiskRegister[[#This Row],[Residual Likelihood Level]]","v":"-- Select Impact ----- Select Likelihood --"},"Error",{"$f":"IF(RiskRegister[[#This Row],[Risk Status]]=\"Closed\",RiskRegister[[#This Row],[Residual Impact Level]],RiskRegister[[#This Row],[Inherent Impact Level]])","v":"-- Select Impact --"},{"$f":"IF(RiskRegister[[#This Row],[Risk Status]]=\"Closed\",RiskRegister[[#This Row],[Residual Likelihood Level]],RiskRegister[[#This Row],[Inherent Likelihood Level]])","v":"-- Select Likelihood --"},{"$f":"IF(RiskRegister[[#This Row],[Risk Status]]=\"Closed\",RiskRegister[[#This Row],[Residual-I-L-Combo]],RiskRegister[[#This Row],[Inherent-I-L-Combo]])","v":"-- Select Impact ----- Select Likelihood --"},"-- Error --"]
[310,{"$nulls":5},"-- Select Risk Category --",null,"-- select department --",null,null,"-- Select Impact --",{"$f":"VLOOKUP(RiskRegister[[#This Row],[Inherent Impact Level]],'Rating factors'!$F$4:$G$9,2,FALSE)","v":"--- Error ---"},"-- Select Likelihood --",{"$f":"VLOOKUP(RiskRegister[[#This Row],[Inherent Likelihood Level]],'Rating factors'!$F$16:$G$21,2,FALSE)","v":"--- Error ---"},{"$f":"IFERROR(VLOOKUP(RiskRegister[[#This Row],[Inherent Risk Rating]],'Rating factors'!$F$30:$G$44,2,FALSE),\"-- Error --\")","v":"-- Error --"},{"$f":"IFERROR(RiskRegister[[#This Row],[Inherent Impact Rating]]*RiskRegister[[#This Row],[Inherent Likelihood Rating]],\"-- Error --\")","v":"-- Error --"},"-- Select Risk Response --",null,"-- Select Impact --",{"$f":"VLOOKUP(RiskRegister[[#This Row],[Residual Impact Level]],'Rating factors'!$F$4:$G$9,2,FALSE)","v":"--- Error ---"},"-- Select Likelihood --",{"$f":"VLOOKUP(RiskRegister[[#This Row],[Residual Likelihood Level]],'Rating factors'!$F$16:$G$21,2,FALSE)","v":"--- Error ---"},{"$f":"IFERROR(VLOOKUP(RiskRegister[[#This Row],[Residual Risk Rating]],'Rating factors'!$F$30:$G$44,2,FALSE),\"-- Error --\")","v":"-- Error --"},{"$f":"IFERROR(RiskRegister[[#This Row],[Residual Impact Rating]]*RiskRegister[[#This Row],[Residual Likelihood Rating]],\"-- Error --\")","v":"-- Error --"},"-- Select Risk Status --",{"$nulls":3},{"$f":"IF(ISBLANK(RiskRegister[[#This Row],[Risk Due Date]]), \"Missing Risk Due Date\", IF(RiskRegister[[#This Row],[Risk Due Date]] < TODAY(), \"Overdue\", \"Not Overdue\"))","v":"Missing Risk Due Date"},null,{"$f":"IF(ISBLANK(RiskRegister[[#This Row],[Risk Due Date]]), \"Missing Risk Due Date\", TEXT(RiskRegister[[#This Row],[Risk Due Date]], \"YYYY-MM\"))","v":"Missing Risk Due Date"},{"$f":"IF(RiskRegister[[#This Row],[Created Date]]=\"\",\"Created Date missing\",(TEXT(RiskRegister[[#This Row],[Created Date]],\"mmm\") & \"-\" & YEAR(RiskRegister[[#This Row],[Created Date]])))","v":"Created Date missing"},{"$f":"IF(RiskRegister[[#This Row],[Risk Status]]=\"Closed\",RiskRegister[[#This Row],[Risk Close Date]],RiskRegister[[#This Row],[Risk Due Date]])","v":"00:00:00"},{"$f":"IF(RiskRegister[[#This Row],[Risk-Change-Date]]=0,DATE(2030,1,1),RiskRegister[[#This Row],[Risk-Change-Date]])","v":"2030-01-01"},{"$f":"RiskRegister[[#This Row],[Inherent Impact Level]]&\"-\"&RiskRegister[[#This Row],[Inherent Likelihood Level]]","v":"-- Select Impact ----- Select Likelihood --"},{"$f":"RiskRegister[[#This Row],[Residual Impact Level]]&\"-\"&RiskRegister[[#This Row],[Residual Likelihood Level]]","v":"-- Select Impact ----- Select Likelihood --"},"Error",{"$f":"IF(RiskRegister[[#This Row],[Risk Status]]=\"Closed\",RiskRegister[[#This Row],[Residual Impact Level]],RiskRegister[[#This Row],[Inherent Impact Level]])","v":"-- Select Impact --"},{"$f":"IF(RiskRegister[[#This Row],[Risk Status]]=\"Closed\",RiskRegister[[#This Row],[Residual Likelihood Level]],RiskRegister[[#This Row],[Inherent Likelihood Level]])","v":"-- Select Likelihood --"},{"$f":"IF(RiskRegister[[#This Row],[Risk Status]]=\"Closed\",RiskRegister[[#This Row],[Residual-I-L-Combo]],RiskRegister[[#This Row],[Inherent-I-L-Combo]])","v":"-- Select Impact ----- Select Likelihood --"},"-- Error --"]
[311,{"$nulls":5},"-- Select Risk Category --",null,"-- select department --",null,null,"-- Select Impact --",{"$f":"VLOOKUP(RiskRegister[[#This Row],[Inherent Impact Level]],'Rating factors'!$F$4:$G$9,2,FALSE)","v":"--- Error ---"},"-- Select Likelihood --",{"$f":"VLOOKUP(RiskRegister[[#This Row],[Inherent Likelihood Level]],'Rating factors'!$F$16:$G$21,2,FALSE)","v":"--- Error ---"},{"$f":"IFERROR(VLOOKUP(RiskRegister[[#This Row],[Inherent Risk Rating]],'Rating factors'!$F$30:$G$44,2,FALSE),\"-- Error --\")","v":"-- Error --"},{"$f":"IFERROR(RiskRegister[[#This Row],[Inherent Impact Rating]]*RiskRegister[[#This Row],[Inherent Likelihood Rating]],\"-- Error --\")","v":"-- Error --"},"-- Select Risk Response --",null,"-- Select Impact --",{"$f":"VLOOKUP(RiskRegister[[#This Row],[Residual Impact Level]],'Rating factors'!$F$4:$G$9,2,FALSE)","v":"--- Error ---"},"-- Select Likelihood --",{"$f":"VLOOKUP(RiskRegister[[#This Row],[Residual Likelihood Level]],'Rating factors'!$F$16:$G$21,2,FALSE)","v":"--- Error ---"},{"$f":"IFERROR(VLOOKUP(RiskRegister[[#This Row],[Residual Risk Rating]],'Rating factors'!$F$30:$G$44,2,FALSE),\"-- Error --\")","v":"-- Error --"},{"$f":"IFERROR(RiskRegister[[#This Row],[Residual Impact Rating]]*RiskRegister[[#This Row],[Residual Likelihood Rating]],\"-- Error --\")","v":"-- Error --"},"-- Select Risk Status --",{"$nulls":3},{"$f":"IF(ISBLANK(RiskRegister[[#This Row],[Risk Due Date]]), \"Missing Risk Due Date\", IF(RiskRegister[[#This Row],[Risk Due Date]] < TODAY(), \"Overdue\", \"Not Overdue\"))","v":"Missing Risk Due Date"},null,{"$f":"IF(ISBLANK(RiskRegister[[#This Row],[Risk Due Date]]), \"Missing Risk Due Date\", TEXT(RiskRegister[[#This Row],[Risk Due Date]], \"YYYY-MM\"))","v":"Missing Risk Due Date"},{"$f":"IF(RiskRegister[[#This Row],[Created Date]]=\"\",\"Created Date missing\",(TEXT(RiskRegister[[#This Row],[Created Date]],\"mmm\") & \"-\" & YEAR(RiskRegister[[#This Row],[Created Date]])))","v":"Created Date missing"},{"$f":"IF(RiskRegister[[#This Row],[Risk Status]]=\"Closed\",RiskRegister[[#This Row],[Risk Close Date]],RiskRegister[[#This Row],[Risk Due Date]])","v":"00:00:00"},{"$f":"IF(RiskRegister[[#This Row],[Risk-Change-Date]]=0,DATE(2030,1,1),RiskRegister[[#This Row],[Risk-Change-Date]])","v":"2030-01-01"},{"$f":"RiskRegister[[#This Row],[Inherent Impact Level]]&\"-\"&RiskRegister[[#This Row],[Inherent Likelihood Level]]","v":"-- Select Impact ----- Select Likelihood --"},{"$f":"RiskRegister[[#This Row],[Residual Impact Level]]&\"-\"&RiskRegister[[#This Row],[Residual Likelihood Level]]","v":"-- Select Impact ----- Select Likelihood --"},"Error",{"$f":"IF(RiskRegister[[#This Row],[Risk Status]]=\"Closed\",RiskRegister[[#This Row],[Residual Impact Level]],RiskRegister[[#This Row],[Inherent Impact Level]])","v":"-- Select Impact --"},{"$f":"IF(RiskRegister[[#This Row],[Risk Status]]=\"Closed\",RiskRegister[[#This Row],[Residual Likelihood Level]],RiskRegister[[#This Row],[Inherent Likelihood Level]])","v":"-- Select Likelihood --"},{"$f":"IF(RiskRegister[[#This Row],[Risk Status]]=\"Closed\",RiskRegister[[#This Row],[Residual-I-L-Combo]],RiskRegister[[#This Row],[Inherent-I-L-Combo]])","v":"-- Select Impact ----- Select Likelihood --"},"-- Error --"]
[312,{"$nulls":5},"-- Select Risk Category --",null,"-- select department --",null,null,"-- Select Impact --",{"$f":"VLOOKUP(RiskRegister[[#This Row],[Inherent Impact Level]],'Rating factors'!$F$4:$G$9,2,FALSE)","v":"--- Error ---"},"-- Select Likelihood --",{"$f":"VLOOKUP(RiskRegister[[#This Row],[Inherent Likelihood Level]],'Rating factors'!$F$16:$G$21,2,FALSE)","v":"--- Error ---"},{"$f":"IFERROR(VLOOKUP(RiskRegister[[#This Row],[Inherent Risk Rating]],'Rating factors'!$F$30:$G$44,2,FALSE),\"-- Error --\")","v":"-- Error --"},{"$f":"IFERROR(RiskRegister[[#This Row],[Inherent Impact Rating]]*RiskRegister[[#This Row],[Inherent Likelihood Rating]],\"-- Error --\")","v":"-- Error --"},"-- Select Risk Response --",null,"-- Select Impact --",{"$f":"VLOOKUP(RiskRegister[[#This Row],[Residual Impact Level]],'Rating factors'!$F$4:$G$9,2,FALSE)","v":"--- Error ---"},"-- Select Likelihood --",{"$f":"VLOOKUP(RiskRegister[[#This Row],[Residual Likelihood Level]],'Rating factors'!$F$16:$G$21,2,FALSE)","v":"--- Error ---"},{"$f":"IFERROR(VLOOKUP(RiskRegister[[#This Row],[Residual Risk Rating]],'Rating factors'!$F$30:$G$44,2,FALSE),\"-- Error --\")","v":"-- Error --"},{"$f":"IFERROR(RiskRegister[[#This Row],[Residual Impact Rating]]*RiskRegister[[#This Row],[Residual Likelihood Rating]],\"-- Error --\")","v":"-- Error --"},"-- Select Risk Status --",{"$nulls":3},{"$f":"IF(ISBLANK(RiskRegister[[#This Row],[Risk Due Date]]), \"Missing Risk Due Date\", IF(RiskRegister[[#This Row],[Risk Due Date]] < TODAY(), \"Overdue\", \"Not Overdue\"))","v":"Missing Risk Due Date"},null,{"$f":"IF(ISBLANK(RiskRegister[[#This Row],[Risk Due Date]]), \"Missing Risk Due Date\", TEXT(RiskRegister[[#This Row],[Risk Due Date]], \"YYYY-MM\"))","v":"Missing Risk Due Date"},{"$f":"IF(RiskRegister[[#This Row],[Created Date]]=\"\",\"Created Date missing\",(TEXT(RiskRegister[[#This Row],[Created Date]],\"mmm\") & \"-\" & YEAR(RiskRegister[[#This Row],[Created Date]])))","v":"Created Date missing"},{"$f":"IF(RiskRegister[[#This Row],[Risk Status]]=\"Closed\",RiskRegister[[#This Row],[Risk Close Date]],RiskRegister[[#This Row],[Risk Due Date]])","v":"00:00:00"},{"$f":"IF(RiskRegister[[#This Row],[Risk-Change-Date]]=0,DATE(2030,1,1),RiskRegister[[#This Row],[Risk-Change-Date]])","v":"2030-01-01"},{"$f":"RiskRegister[[#This Row],[Inherent Impact Level]]&\"-\"&RiskRegister[[#This Row],[Inherent Likelihood Level]]","v":"-- Select Impact ----- Select Likelihood --"},{"$f":"RiskRegister[[#This Row],[Residual Impact Level]]&\"-\"&RiskRegister[[#This Row],[Residual Likelihood Level]]","v":"-- Select Impact ----- Select Likelihood --"},"Error",{"$f":"IF(RiskRegister[[#This Row],[Risk Status]]=\"Closed\",RiskRegister[[#This Row],[Residual Impact Level]],RiskRegister[[#This Row],[Inherent Impact Level]])","v":"-- Select Impact --"},{"$f":"IF(RiskRegister[[#This Row],[Risk Status]]=\"Closed\",RiskRegister[[#This Row],[Residual Likelihood Level]],RiskRegister[[#This Row],[Inherent Likelihood Level]])","v":"-- Select Likelihood --"},{"$f":"IF(RiskRegister[[#This Row],[Risk Status]]=\"Closed\",RiskRegister[[#This Row],[Residual-I-L-Combo]],RiskRegister[[#This Row],[Inherent-I-L-Combo]])","v":"-- Select Impact ----- Select Likelihood --"},"-- Error --"]
[313,{"$nulls":5},"-- Select Risk Category --",null,"-- select department --",null,null,"-- Select Impact --",{"$f":"VLOOKUP(RiskRegister[[#This Row],[Inherent Impact Level]],'Rating factors'!$F$4:$G$9,2,FALSE)","v":"--- Error ---"},"-- Select Likelihood --",{"$f":"VLOOKUP(RiskRegister[[#This Row],[Inherent Likelihood Level]],'Rating factors'!$F$16:$G$21,2,FALSE)","v":"--- Error ---"},{"$f":"IFERROR(VLOOKUP(RiskRegister[[#This Row],[Inherent Risk Rating]],'Rating factors'!$F$30:$G$44,2,FALSE),\"-- Error --\")","v":"-- Error --"},{"$f":"IFERROR(RiskRegister[[#This Row],[Inherent Impact Rating]]*RiskRegister[[#This Row],[Inherent Likelihood Rating]],\"-- Error --\")","v":"-- Error --"},"-- Select Risk Response --",null,"-- Select Impact --",{"$f":"VLOOKUP(RiskRegister[[#This Row],[Residual Impact Level]],'Rating factors'!$F$4:$G$9,2,FALSE)","v":"--- Error ---"},"-- Select Likelihood --",{"$f":"VLOOKUP(RiskRegister[[#This Row],[Residual Likelihood Level]],'Rating factors'!$F$16:$G$21,2,FALSE)","v":"--- Error ---"},{"$f":"IFERROR(VLOOKUP(RiskRegister[[#This Row],[Residual Risk Rating]],'Rating factors'!$F$30:$G$44,2,FALSE),\"-- Error --\")","v":"-- Error --"},{"$f":"IFERROR(RiskRegister[[#This Row],[Residual Impact Rating]]*RiskRegister[[#This Row],[Residual Likelihood Rating]],\"-- Error --\")","v":"-- Error --"},"-- Select Risk Status --",{"$nulls":3},{"$f":"IF(ISBLANK(RiskRegister[[#This Row],[Risk Due Date]]), \"Missing Risk Due Date\", IF(RiskRegister[[#This Row],[Risk Due Date]] < TODAY(), \"Overdue\", \"Not Overdue\"))","v":"Missing Risk Due Date"},null,{"$f":"IF(ISBLANK(RiskRegister[[#This Row],[Risk Due Date]]), \"Missing Risk Due Date\", TEXT(RiskRegister[[#This Row],[Risk Due Date]], \"YYYY-MM\"))","v":"Missing Risk Due Date"},{"$f":"IF(RiskRegister[[#This Row],[Created Date]]=\"\",\"Created Date missing\",(TEXT(RiskRegister[[#This Row],[Created Date]],\"mmm\") & \"-\" & YEAR(RiskRegister[[#This Row],[Created Date]])))","v":"Created Date missing"},{"$f":"IF(RiskRegister[[#This Row],[Risk Status]]=\"Closed\",RiskRegister[[#This Row],[Risk Close Date]],RiskRegister[[#This Row],[Risk Due Date]])","v":"00:00:00"},{"$f":"IF(RiskRegister[[#This Row],[Risk-Change-Date]]=0,DATE(2030,1,1),RiskRegister[[#This Row],[Risk-Change-Date]])","v":"2030-01-01"},{"$f":"RiskRegister[[#This Row],[Inherent Impact Level]]&\"-\"&RiskRegister[[#This Row],[Inherent Likelihood Level]]","v":"-- Select Impact ----- Select Likelihood --"},{"$f":"RiskRegister[[#This Row],[Residual Impact Level]]&\"-\"&RiskRegister[[#This Row],[Residual Likelihood Level]]","v":"-- Select Impact ----- Select Likelihood --"},"Error",{"$f":"IF(RiskRegister[[#This Row],[Risk Status]]=\"Closed\",RiskRegister[[#This Row],[Residual Impact Level]],RiskRegister[[#This Row],[Inherent Impact Level]])","v":"-- Select Impact --"},{"$f":"IF(RiskRegister[[#This Row],[Risk Status]]=\"Closed\",RiskRegister[[#This Row],[Residual Likelihood Level]],RiskRegister[[#This Row],[Inherent Likelihood Level]])","v":"-- Select Likelihood --"},{"$f":"IF(RiskRegister[[#This Row],[Risk Status]]=\"Closed\",RiskRegister[[#This Row],[Residual-I-L-Combo]],RiskRegister[[#This Row],[Inherent-I-L-Combo]])","v":"-- Select Impact ----- Select Likelihood --"},"-- Error --"]
[314,{"$nulls":5},"-- Select Risk Category --",null,"-- select department --",null,null,"-- Select Impact --",{"$f":"VLOOKUP(RiskRegister[[#This Row],[Inherent Impact Level]],'Rating factors'!$F$4:$G$9,2,FALSE)","v":"--- Error ---"},"-- Select Likelihood --",{"$f":"VLOOKUP(RiskRegister[[#This Row],[Inherent Likelihood Level]],'Rating factors'!$F$16:$G$21,2,FALSE)","v":"--- Error ---"},{"$f":"IFERROR(VLOOKUP(RiskRegister[[#This Row],[Inherent Risk Rating]],'Rating factors'!$F$30:$G$44,2,FALSE),\"-- Error --\")","v":"-- Error --"},{"$f":"IFERROR(RiskRegister[[#This Row],[Inherent Impact Rating]]*RiskRegister[[#This Row],[Inherent Likelihood Rating]],\"-- Error --\")","v":"-- Error --"},"-- Select Risk Response --",null,"-- Select Impact --",{"$f":"VLOOKUP(RiskRegister[[#This Row],[Residual Impact Level]],'Rating factors'!$F$4:$G$9,2,FALSE)","v":"--- Error ---"},"-- Select Likelihood --",{"$f":"VLOOKUP(RiskRegister[[#This Row],[Residual Likelihood Level]],'Rating factors'!$F$16:$G$21,2,FALSE)","v":"--- Error ---"},{"$f":"IFERROR(VLOOKUP(RiskRegister[[#This Row],[Residual Risk Rating]],'Rating factors'!$F$30:$G$44,2,FALSE),\"-- Error --\")","v":"-- Error --"},{"$f":"IFERROR(RiskRegister[[#This Row],[Residual Impact Rating]]*RiskRegister[[#This Row],[Residual Likelihood Rating]],\"-- Error --\")","v":"-- Error --"},"-- Select Risk Status --",{"$nulls":3},{"$f":"IF(ISBLANK(RiskRegister[[#This Row],[Risk Due Date]]), \"Missing Risk Due Date\", IF(RiskRegister[[#This Row],[Risk Due Date]] < TODAY(), \"Overdue\", \"Not Overdue\"))","v":"Missing Risk Due Date"},null,{"$f":"IF(ISBLANK(RiskRegister[[#This Row],[Risk Due Date]]), \"Missing Risk Due Date\", TEXT(RiskRegister[[#This Row],[Risk Due Date]], \"YYYY-MM\"))","v":"Missing Risk Due Date"},{"$f":"IF(RiskRegister[[#This Row],[Created Date]]=\"\",\"Created Date missing\",(TEXT(RiskRegister[[#This Row],[Created Date]],\"mmm\") & \"-\" & YEAR(RiskRegister[[#This Row],[Created Date]])))","v":"Created Date missing"},{"$f":"IF(RiskRegister[[#This Row],[Risk Status]]=\"Closed\",RiskRegister[[#This Row],[Risk Close Date]],RiskRegister[[#This Row],[Risk Due Date]])","v":"00:00:00"},{"$f":"IF(RiskRegister[[#This Row],[Risk-Change-Date]]=0,DATE(2030,1,1),RiskRegister[[#This Row],[Risk-Change-Date]])","v":"2030-01-01"},{"$f":"RiskRegister[[#This Row],[Inherent Impact Level]]&\"-\"&RiskRegister[[#This Row],[Inherent Likelihood Level]]","v":"-- Select Impact ----- Select Likelihood --"},{"$f":"RiskRegister[[#This Row],[Residual Impact Level]]&\"-\"&RiskRegister[[#This Row],[Residual Likelihood Level]]","v":"-- Select Impact ----- Select Likelihood --"},"Error",{"$f":"IF(RiskRegister[[#This Row],[Risk Status]]=\"Closed\",RiskRegister[[#This Row],[Residual Impact Level]],RiskRegister[[#This Row],[Inherent Impact Level]])","v":"-- Select Impact --"},{"$f":"IF(RiskRegister[[#This Row],[Risk Status]]=\"Closed\",RiskRegister[[#This Row],[Residual Likelihood Level]],RiskRegister[[#This Row],[Inherent Likelihood Level]])","v":"-- Select Likelihood --"},{"$f":"IF(RiskRegister[[#This Row],[Risk Status]]=\"Closed\",RiskRegister[[#This Row],[Residual-I-L-Combo]],RiskRegister[[#This Row],[Inherent-I-L-Combo]])","v":"-- Select Impact ----- Select Likelihood --"},"-- Error --"]
[315,{"$nulls":5},"-- Select Risk Category --",null,"-- select department --",null,null,"-- Select Impact --",{"$f":"VLOOKUP(RiskRegister[[#This Row],[Inherent Impact Level]],'Rating factors'!$F$4:$G$9,2,FALSE)","v":"--- Error ---"},"-- Select Likelihood --",{"$f":"VLOOKUP(RiskRegister[[#This Row],[Inherent Likelihood Level]],'Rating factors'!$F$16:$G$21,2,FALSE)","v":"--- Error ---"},{"$f":"IFERROR(VLOOKUP(RiskRegister[[#This Row],[Inherent Risk Rating]],'Rating factors'!$F$30:$G$44,2,FALSE),\"-- Error --\")","v":"-- Error --"},{"$f":"IFERROR(RiskRegister[[#This Row],[Inherent Impact Rating]]*RiskRegister[[#This Row],[Inherent Likelihood Rating]],\"-- Error --\")","v":"-- Error --"},"-- Select Risk Response --",null,"-- Select Impact --",{"$f":"VLOOKUP(RiskRegister[[#This Row],[Residual Impact Level]],'Rating factors'!$F$4:$G$9,2,FALSE)","v":"--- Error ---"},"-- Select Likelihood --",{"$f":"VLOOKUP(RiskRegister[[#This Row],[Residual Likelihood Level]],'Rating factors'!$F$16:$G$21,2,FALSE)","v":"--- Error ---"},{"$f":"IFERROR(VLOOKUP(RiskRegister[[#This Row],[Residual Risk Rating]],'Rating factors'!$F$30:$G$44,2,FALSE),\"-- Error --\")","v":"-- Error --"},{"$f":"IFERROR(RiskRegister[[#This Row],[Residual Impact Rating]]*RiskRegister[[#This Row],[Residual Likelihood Rating]],\"-- Error --\")","v":"-- Error --"},"-- Select Risk Status --",{"$nulls":3},{"$f":"IF(ISBLANK(RiskRegister[[#This Row],[Risk Due Date]]), \"Missing Risk Due Date\", IF(RiskRegister[[#This Row],[Risk Due Date]] < TODAY(), \"Overdue\", \"Not Overdue\"))","v":"Missing Risk Due Date"},null,{"$f":"IF(ISBLANK(RiskRegister[[#This Row],[Risk Due Date]]), \"Missing Risk Due Date\", TEXT(RiskRegister[[#This Row],[Risk Due Date]], \"YYYY-MM\"))","v":"Missing Risk Due Date"},{"$f":"IF(RiskRegister[[#This Row],[Created Date]]=\"\",\"Created Date missing\",(TEXT(RiskRegister[[#This Row],[Created Date]],\"mmm\") & \"-\" & YEAR(RiskRegister[[#This Row],[Created Date]])))","v":"Created Date missing"},{"$f":"IF(RiskRegister[[#This Row],[Risk Status]]=\"Closed\",RiskRegister[[#This Row],[Risk Close Date]],RiskRegister[[#This Row],[Risk Due Date]])","v":"00:00:00"},{"$f":"IF(RiskRegister[[#This Row],[Risk-Change-Date]]=0,DATE(2030,1,1),RiskRegister[[#This Row],[Risk-Change-Date]])","v":"2030-01-01"},{"$f":"RiskRegister[[#This Row],[Inherent Impact Level]]&\"-\"&RiskRegister[[#This Row],[Inherent Likelihood Level]]","v":"-- Select Impact ----- Select Likelihood --"},{"$f":"RiskRegister[[#This Row],[Residual Impact Level]]&\"-\"&RiskRegister[[#This Row],[Residual Likelihood Level]]","v":"-- Select Impact ----- Select Likelihood --"},"Error",{"$f":"IF(RiskRegister[[#This Row],[Risk Status]]=\"Closed\",RiskRegister[[#This Row],[Residual Impact Level]],RiskRegister[[#This Row],[Inherent Impact Level]])","v":"-- Select Impact --"},{"$f":"IF(RiskRegister[[#This Row],[Risk Status]]=\"Closed\",RiskRegister[[#This Row],[Residual Likelihood Level]],RiskRegister[[#This Row],[Inherent Likelihood Level]])","v":"-- Select Likelihood --"},{"$f":"IF(RiskRegister[[#This Row],[Risk Status]]=\"Closed\",RiskRegister[[#This Row],[Residual-I-L-Combo]],RiskRegister[[#This Row],[Inherent-I-L-Combo]])","v":"-- Select Impact ----- Select Likelihood --"},"-- Error --"]
[316,{"$nulls":5},"-- Select Risk Category --",null,"-- select department --",null,null,"-- Select Impact --",{"$f":"VLOOKUP(RiskRegister[[#This Row],[Inherent Impact Level]],'Rating factors'!$F$4:$G$9,2,FALSE)","v":"--- Error ---"},"-- Select Likelihood --",{"$f":"VLOOKUP(RiskRegister[[#This Row],[Inherent Likelihood Level]],'Rating factors'!$F$16:$G$21,2,FALSE)","v":"--- Error ---"},{"$f":"IFERROR(VLOOKUP(RiskRegister[[#This Row],[Inherent Risk Rating]],'Rating factors'!$F$30:$G$44,2,FALSE),\"-- Error --\")","v":"-- Error --"},{"$f":"IFERROR(RiskRegister[[#This Row],[Inherent Impact Rating]]*RiskRegister[[#This Row],[Inherent Likelihood Rating]],\"-- Error --\")","v":"-- Error --"},"-- Select Risk Response --",null,"-- Select Impact --",{"$f":"VLOOKUP(RiskRegister[[#This Row],[Residual Impact Level]],'Rating factors'!$F$4:$G$9,2,FALSE)","v":"--- Error ---"},"-- Select Likelihood --",{"$f":"VLOOKUP(RiskRegister[[#This Row],[Residual Likelihood Level]],'Rating factors'!$F$16:$G$21,2,FALSE)","v":"--- Error ---"},{"$f":"IFERROR(VLOOKUP(RiskRegister[[#This Row],[Residual Risk Rating]],'Rating factors'!$F$30:$G$44,2,FALSE),\"-- Error --\")","v":"-- Error --"},{"$f":"IFERROR(RiskRegister[[#This Row],[Residual Impact Rating]]*RiskRegister[[#This Row],[Residual Likelihood Rating]],\"-- Error --\")","v":"-- Error --"},"-- Select Risk Status --",{"$nulls":3},{"$f":"IF(ISBLANK(RiskRegister[[#This Row],[Risk Due Date]]), \"Missing Risk Due Date\", IF(RiskRegister[[#This Row],[Risk Due Date]] < TODAY(), \"Overdue\", \"Not Overdue\"))","v":"Missing Risk Due Date"},null,{"$f":"IF(ISBLANK(RiskRegister[[#This Row],[Risk Due Date]]), \"Missing Risk Due Date\", TEXT(RiskRegister[[#This Row],[Risk Due Date]], \"YYYY-MM\"))","v":"Missing Risk Due Date"},{"$f":"IF(RiskRegister[[#This Row],[Created Date]]=\"\",\"Created Date missing\",(TEXT(RiskRegister[[#This Row],[Created Date]],\"mmm\") & \"-\" & YEAR(RiskRegister[[#This Row],[Created Date]])))","v":"Created Date missing"},{"$f":"IF(RiskRegister[[#This Row],[Risk Status]]=\"Closed\",RiskRegister[[#This Row],[Risk Close Date]],RiskRegister[[#This Row],[Risk Due Date]])","v":"00:00:00"},{"$f":"IF(RiskRegister[[#This Row],[Risk-Change-Date]]=0,DATE(2030,1,1),RiskRegister[[#This Row],[Risk-Change-Date]])","v":"2030-01-01"},{"$f":"RiskRegister[[#This Row],[Inherent Impact Level]]&\"-\"&RiskRegister[[#This Row],[Inherent Likelihood Level]]","v":"-- Select Impact ----- Select Likelihood --"},{"$f":"RiskRegister[[#This Row],[Residual Impact Level]]&\"-\"&RiskRegister[[#This Row],[Residual Likelihood Level]]","v":"-- Select Impact ----- Select Likelihood --"},"Error",{"$f":"IF(RiskRegister[[#This Row],[Risk Status]]=\"Closed\",RiskRegister[[#This Row],[Residual Impact Level]],RiskRegister[[#This Row],[Inherent Impact Level]])","v":"-- Select Impact --"},{"$f":"IF(RiskRegister[[#This Row],[Risk Status]]=\"Closed\",RiskRegister[[#This Row],[Residual Likelihood Level]],RiskRegister[[#This Row],[Inherent Likelihood Level]])","v":"-- Select Likelihood --"},{"$f":"IF(RiskRegister[[#This Row],[Risk Status]]=\"Closed\",RiskRegister[[#This Row],[Residual-I-L-Combo]],RiskRegister[[#This Row],[Inherent-I-L-Combo]])","v":"-- Select Impact ----- Select Likelihood --"},"-- Error --"]
[317,{"$nulls":5},"-- Select Risk Category --",null,"-- select department --",null,null,"-- Select Impact --",{"$f":"VLOOKUP(RiskRegister[[#This Row],[Inherent Impact Level]],'Rating factors'!$F$4:$G$9,2,FALSE)","v":"--- Error ---"},"-- Select Likelihood --",{"$f":"VLOOKUP(RiskRegister[[#This Row],[Inherent Likelihood Level]],'Rating factors'!$F$16:$G$21,2,FALSE)","v":"--- Error ---"},{"$f":"IFERROR(VLOOKUP(RiskRegister[[#This Row],[Inherent Risk Rating]],'Rating factors'!$F$30:$G$44,2,FALSE),\"-- Error --\")","v":"-- Error --"},{"$f":"IFERROR(RiskRegister[[#This Row],[Inherent Impact Rating]]*RiskRegister[[#This Row],[Inherent Likelihood Rating]],\"-- Error --\")","v":"-- Error --"},"-- Select Risk Response --",null,"-- Select Impact --",{"$f":"VLOOKUP(RiskRegister[[#This Row],[Residual Impact Level]],'Rating factors'!$F$4:$G$9,2,FALSE)","v":"--- Error ---"},"-- Select Likelihood --",{"$f":"VLOOKUP(RiskRegister[[#This Row],[Residual Likelihood Level]],'Rating factors'!$F$16:$G$21,2,FALSE)","v":"--- Error ---"},{"$f":"IFERROR(VLOOKUP(RiskRegister[[#This Row],[Residual Risk Rating]],'Rating factors'!$F$30:$G$44,2,FALSE),\"-- Error --\")","v":"-- Error --"},{"$f":"IFERROR(RiskRegister[[#This Row],[Residual Impact Rating]]*RiskRegister[[#This Row],[Residual Likelihood Rating]],\"-- Error --\")","v":"-- Error --"},"-- Select Risk Status --",{"$nulls":3},{"$f":"IF(ISBLANK(RiskRegister[[#This Row],[Risk Due Date]]), \"Missing Risk Due Date\", IF(RiskRegister[[#This Row],[Risk Due Date]] < TODAY(), \"Overdue\", \"Not Overdue\"))","v":"Missing Risk Due Date"},null,{"$f":"IF(ISBLANK(RiskRegister[[#This Row],[Risk Due Date]]), \"Missing Risk Due Date\", TEXT(RiskRegister[[#This Row],[Risk Due Date]], \"YYYY-MM\"))","v":"Missing Risk Due Date"},{"$f":"IF(RiskRegister[[#This Row],[Created Date]]=\"\",\"Created Date missing\",(TEXT(RiskRegister[[#This Row],[Created Date]],\"mmm\") & \"-\" & YEAR(RiskRegister[[#This Row],[Created Date]])))","v":"Created Date missing"},{"$f":"IF(RiskRegister[[#This Row],[Risk Status]]=\"Closed\",RiskRegister[[#This Row],[Risk Close Date]],RiskRegister[[#This Row],[Risk Due Date]])","v":"00:00:00"},{"$f":"IF(RiskRegister[[#This Row],[Risk-Change-Date]]=0,DATE(2030,1,1),RiskRegister[[#This Row],[Risk-Change-Date]])","v":"2030-01-01"},{"$f":"RiskRegister[[#This Row],[Inherent Impact Level]]&\"-\"&RiskRegister[[#This Row],[Inherent Likelihood Level]]","v":"-- Select Impact ----- Select Likelihood --"},{"$f":"RiskRegister[[#This Row],[Residual Impact Level]]&\"-\"&RiskRegister[[#This Row],[Residual Likelihood Level]]","v":"-- Select Impact ----- Select Likelihood --"},"Error",{"$f":"IF(RiskRegister[[#This Row],[Risk Status]]=\"Closed\",RiskRegister[[#This Row],[Residual Impact Level]],RiskRegister[[#This Row],[Inherent Impact Level]])","v":"-- Select Impact --"},{"$f":"IF(RiskRegister[[#This Row],[Risk Status]]=\"Closed\",RiskRegister[[#This Row],[Residual Likelihood Level]],RiskRegister[[#This Row],[Inherent Likelihood Level]])","v":"-- Select Likelihood --"},{"$f":"IF(RiskRegister[[#This Row],[Risk Status]]=\"Closed\",RiskRegister[[#This Row],[Residual-I-L-Combo]],RiskRegister[[#This Row],[Inherent-I-L-Combo]])","v":"-- Select Impact ----- Select Likelihood --"},"-- Error --"]
[318,{"$nulls":5},"-- Select Risk Category --",null,"-- select department --",null,null,"-- Select Impact --",{"$f":"VLOOKUP(RiskRegister[[#This Row],[Inherent Impact Level]],'Rating factors'!$F$4:$G$9,2,FALSE)","v":"--- Error ---"},"-- Select Likelihood --",{"$f":"VLOOKUP(RiskRegister[[#This Row],[Inherent Likelihood Level]],'Rating factors'!$F$16:$G$21,2,FALSE)","v":"--- Error ---"},{"$f":"IFERROR(VLOOKUP(RiskRegister[[#This Row],[Inherent Risk Rating]],'Rating factors'!$F$30:$G$44,2,FALSE),\"-- Error --\")","v":"-- Error --"},{"$f":"IFERROR(RiskRegister[[#This Row],[Inherent Impact Rating]]*RiskRegister[[#This Row],[Inherent Likelihood Rating]],\"-- Error --\")","v":"-- Error --"},"-- Select Risk Response --",null,"-- Select Impact --",{"$f":"VLOOKUP(RiskRegister[[#This Row],[Residual Impact Level]],'Rating factors'!$F$4:$G$9,2,FALSE)","v":"--- Error ---"},"-- Select Likelihood --",{"$f":"VLOOKUP(RiskRegister[[#This Row],[Residual Likelihood Level]],'Rating factors'!$F$16:$G$21,2,FALSE)","v":"--- Error ---"},{"$f":"IFERROR(VLOOKUP(RiskRegister[[#This Row],[Residual Risk Rating]],'Rating factors'!$F$30:$G$44,2,FALSE),\"-- Error --\")","v":"-- Error --"},{"$f":"IFERROR(RiskRegister[[#This Row],[Residual Impact Rating]]*RiskRegister[[#This Row],[Residual Likelihood Rating]],\"-- Error --\")","v":"-- Error --"},"-- Select Risk Status --",{"$nulls":3},{"$f":"IF(ISBLANK(RiskRegister[[#This Row],[Risk Due Date]]), \"Missing Risk Due Date\", IF(RiskRegister[[#This Row],[Risk Due Date]] < TODAY(), \"Overdue\", \"Not Overdue\"))","v":"Missing Risk Due Date"},null,{"$f":"IF(ISBLANK(RiskRegister[[#This Row],[Risk Due Date]]), \"Missing Risk Due Date\", TEXT(RiskRegister[[#This Row],[Risk Due Date]], \"YYYY-MM\"))","v":"Missing Risk Due Date"},{"$f":"IF(RiskRegister[[#This Row],[Created Date]]=\"\",\"Created Date missing\",(TEXT(RiskRegister[[#This Row],[Created Date]],\"mmm\") & \"-\" & YEAR(RiskRegister[[#This Row],[Created Date]])))","v":"Created Date missing"},{"$f":"IF(RiskRegister[[#This Row],[Risk Status]]=\"Closed\",RiskRegister[[#This Row],[Risk Close Date]],RiskRegister[[#This Row],[Risk Due Date]])","v":"00:00:00"},{"$f":"IF(RiskRegister[[#This Row],[Risk-Change-Date]]=0,DATE(2030,1,1),RiskRegister[[#This Row],[Risk-Change-Date]])","v":"2030-01-01"},{"$f":"RiskRegister[[#This Row],[Inherent Impact Level]]&\"-\"&RiskRegister[[#This Row],[Inherent Likelihood Level]]","v":"-- Select Impact ----- Select Likelihood --"},{"$f":"RiskRegister[[#This Row],[Residual Impact Level]]&\"-\"&RiskRegister[[#This Row],[Residual Likelihood Level]]","v":"-- Select Impact ----- Select Likelihood --"},"Error",{"$f":"IF(RiskRegister[[#This Row],[Risk Status]]=\"Closed\",RiskRegister[[#This Row],[Residual Impact Level]],RiskRegister[[#This Row],[Inherent Impact Level]])","v":"-- Select Impact --"},{"$f":"IF(RiskRegister[[#This Row],[Risk Status]]=\"Closed\",RiskRegister[[#This Row],[Residual Likelihood Level]],RiskRegister[[#This Row],[Inherent Likelihood Level]])","v":"-- Select Likelihood --"},{"$f":"IF(RiskRegister[[#This Row],[Risk Status]]=\"Closed\",RiskRegister[[#This Row],[Residual-I-L-Combo]],RiskRegister[[#This Row],[Inherent-I-L-Combo]])","v":"-- Select Impact ----- Select Likelihood --"},"-- Error --"]
[319,{"$nulls":5},"-- Select Risk Category --",null,"-- select department --",null,null,"-- Select Impact --",{"$f":"VLOOKUP(RiskRegister[[#This Row],[Inherent Impact Level]],'Rating factors'!$F$4:$G$9,2,FALSE)","v":"--- Error ---"},"-- Select Likelihood --",{"$f":"VLOOKUP(RiskRegister[[#This Row],[Inherent Likelihood Level]],'Rating factors'!$F$16:$G$21,2,FALSE)","v":"--- Error ---"},{"$f":"IFERROR(VLOOKUP(RiskRegister[[#This Row],[Inherent Risk Rating]],'Rating factors'!$F$30:$G$44,2,FALSE),\"-- Error --\")","v":"-- Error --"},{"$f":"IFERROR(RiskRegister[[#This Row],[Inherent Impact Rating]]*RiskRegister[[#This Row],[Inherent Likelihood Rating]],\"-- Error --\")","v":"-- Error --"},"-- Select Risk Response --",null,"-- Select Impact --",{"$f":"VLOOKUP(RiskRegister[[#This Row],[Residual Impact Level]],'Rating factors'!$F$4:$G$9,2,FALSE)","v":"--- Error ---"},"-- Select Likelihood --",{"$f":"VLOOKUP(RiskRegister[[#This Row],[Residual Likelihood Level]],'Rating factors'!$F$16:$G$21,2,FALSE)","v":"--- Error ---"},{"$f":"IFERROR(VLOOKUP(RiskRegister[[#This Row],[Residual Risk Rating]],'Rating factors'!$F$30:$G$44,2,FALSE),\"-- Error --\")","v":"-- Error --"},{"$f":"IFERROR(RiskRegister[[#This Row],[Residual Impact Rating]]*RiskRegister[[#This Row],[Residual Likelihood Rating]],\"-- Error --\")","v":"-- Error --"},"-- Select Risk Status --",{"$nulls":3},{"$f":"IF(ISBLANK(RiskRegister[[#This Row],[Risk Due Date]]), \"Missing Risk Due Date\", IF(RiskRegister[[#This Row],[Risk Due Date]] < TODAY(), \"Overdue\", \"Not Overdue\"))","v":"Missing Risk Due Date"},null,{"$f":"IF(ISBLANK(RiskRegister[[#This Row],[Risk Due Date]]), \"Missing Risk Due Date\", TEXT(RiskRegister[[#This Row],[Risk Due Date]], \"YYYY-MM\"))","v":"Missing Risk Due Date"},{"$f":"IF(RiskRegister[[#This Row],[Created Date]]=\"\",\"Created Date missing\",(TEXT(RiskRegister[[#This Row],[Created Date]],\"mmm\") & \"-\" & YEAR(RiskRegister[[#This Row],[Created Date]])))","v":"Created Date missing"},{"$f":"IF(RiskRegister[[#This Row],[Risk Status]]=\"Closed\",RiskRegister[[#This Row],[Risk Close Date]],RiskRegister[[#This Row],[Risk Due Date]])","v":"00:00:00"},{"$f":"IF(RiskRegister[[#This Row],[Risk-Change-Date]]=0,DATE(2030,1,1),RiskRegister[[#This Row],[Risk-Change-Date]])","v":"2030-01-01"},{"$f":"RiskRegister[[#This Row],[Inherent Impact Level]]&\"-\"&RiskRegister[[#This Row],[Inherent Likelihood Level]]","v":"-- Select Impact ----- Select Likelihood --"},{"$f":"RiskRegister[[#This Row],[Residual Impact Level]]&\"-\"&RiskRegister[[#This Row],[Residual Likelihood Level]]","v":"-- Select Impact ----- Select Likelihood --"},"Error",{"$f":"IF(RiskRegister[[#This Row],[Risk Status]]=\"Closed\",RiskRegister[[#This Row],[Residual Impact Level]],RiskRegister[[#This Row],[Inherent Impact Level]])","v":"-- Select Impact --"},{"$f":"IF(RiskRegister[[#This Row],[Risk Status]]=\"Closed\",RiskRegister[[#This Row],[Residual Likelihood Level]],RiskRegister[[#This Row],[Inherent Likelihood Level]])","v":"-- Select Likelihood --"},{"$f":"IF(RiskRegister[[#This Row],[Risk Status]]=\"Closed\",RiskRegister[[#This Row],[Residual-I-L-Combo]],RiskRegister[[#This Row],[Inherent-I-L-Combo]])","v":"-- Select Impact ----- Select Likelihood --"},"-- Error --"]
[320,{"$nulls":5},"-- Select Risk Category --",null,"-- select department --",null,null,"-- Select Impact --",{"$f":"VLOOKUP(RiskRegister[[#This Row],[Inherent Impact Level]],'Rating factors'!$F$4:$G$9,2,FALSE)","v":"--- Error ---"},"-- Select Likelihood --",{"$f":"VLOOKUP(RiskRegister[[#This Row],[Inherent Likelihood Level]],'Rating factors'!$F$16:$G$21,2,FALSE)","v":"--- Error ---"},{"$f":"IFERROR(VLOOKUP(RiskRegister[[#This Row],[Inherent Risk Rating]],'Rating factors'!$F$30:$G$44,2,FALSE),\"-- Error --\")","v":"-- Error --"},{"$f":"IFERROR(RiskRegister[[#This Row],[Inherent Impact Rating]]*RiskRegister[[#This Row],[Inherent Likelihood Rating]],\"-- Error --\")","v":"-- Error --"},"-- Select Risk Response --",null,"-- Select Impact --",{"$f":"VLOOKUP(RiskRegister[[#This Row],[Residual Impact Level]],'Rating factors'!$F$4:$G$9,2,FALSE)","v":"--- Error ---"},"-- Select Likelihood --",{"$f":"VLOOKUP(RiskRegister[[#This Row],[Residual Likelihood Level]],'Rating factors'!$F$16:$G$21,2,FALSE)","v":"--- Error ---"},{"$f":"IFERROR(VLOOKUP(RiskRegister[[#This Row],[Residual Risk Rating]],'Rating factors'!$F$30:$G$44,2,FALSE),\"-- Error --\")","v":"-- Error --"},{"$f":"IFERROR(RiskRegister[[#This Row],[Residual Impact Rating]]*RiskRegister[[#This Row],[Residual Likelihood Rating]],\"-- Error --\")","v":"-- Error --"},"-- Select Risk Status --",{"$nulls":3},{"$f":"IF(ISBLANK(RiskRegister[[#This Row],[Risk Due Date]]), \"Missing Risk Due Date\", IF(RiskRegister[[#This Row],[Risk Due Date]] < TODAY(), \"Overdue\", \"Not Overdue\"))","v":"Missing Risk Due Date"},null,{"$f":"IF(ISBLANK(RiskRegister[[#This Row],[Risk Due Date]]), \"Missing Risk Due Date\", TEXT(RiskRegister[[#This Row],[Risk Due Date]], \"YYYY-MM\"))","v":"Missing Risk Due Date"},{"$f":"IF(RiskRegister[[#This Row],[Created Date]]=\"\",\"Created Date missing\",(TEXT(RiskRegister[[#This Row],[Created Date]],\"mmm\") & \"-\" & YEAR(RiskRegister[[#This Row],[Created Date]])))","v":"Created Date missing"},{"$f":"IF(RiskRegister[[#This Row],[Risk Status]]=\"Closed\",RiskRegister[[#This Row],[Risk Close Date]],RiskRegister[[#This Row],[Risk Due Date]])","v":"00:00:00"},{"$f":"IF(RiskRegister[[#This Row],[Risk-Change-Date]]=0,DATE(2030,1,1),RiskRegister[[#This Row],[Risk-Change-Date]])","v":"2030-01-01"},{"$f":"RiskRegister[[#This Row],[Inherent Impact Level]]&\"-\"&RiskRegister[[#This Row],[Inherent Likelihood Level]]","v":"-- Select Impact ----- Select Likelihood --"},{"$f":"RiskRegister[[#This Row],[Residual Impact Level]]&\"-\"&RiskRegister[[#This Row],[Residual Likelihood Level]]","v":"-- Select Impact ----- Select Likelihood --"},"Error",{"$f":"IF(RiskRegister[[#This Row],[Risk Status]]=\"Closed\",RiskRegister[[#This Row],[Residual Impact Level]],RiskRegister[[#This Row],[Inherent Impact Level]])","v":"-- Select Impact --"},{"$f":"IF(RiskRegister[[#This Row],[Risk Status]]=\"Closed\",RiskRegister[[#This Row],[Residual Likelihood Level]],RiskRegister[[#This Row],[Inherent Likelihood Level]])","v":"-- Select Likelihood --"},{"$f":"IF(RiskRegister[[#This Row],[Risk Status]]=\"Closed\",RiskRegister[[#This Row],[Residual-I-L-Combo]],RiskRegister[[#This Row],[Inherent-I-L-Combo]])","v":"-- Select Impact ----- Select Likelihood --"},"-- Error --"]
[321,{"$nulls":5},"-- Select Risk Category --",null,"-- select department --",null,null,"-- Select Impact --",{"$f":"VLOOKUP(RiskRegister[[#This Row],[Inherent Impact Level]],'Rating factors'!$F$4:$G$9,2,FALSE)","v":"--- Error ---"},"-- Select Likelihood --",{"$f":"VLOOKUP(RiskRegister[[#This Row],[Inherent Likelihood Level]],'Rating factors'!$F$16:$G$21,2,FALSE)","v":"--- Error ---"},{"$f":"IFERROR(VLOOKUP(RiskRegister[[#This Row],[Inherent Risk Rating]],'Rating factors'!$F$30:$G$44,2,FALSE),\"-- Error --\")","v":"-- Error --"},{"$f":"IFERROR(RiskRegister[[#This Row],[Inherent Impact Rating]]*RiskRegister[[#This Row],[Inherent Likelihood Rating]],\"-- Error --\")","v":"-- Error --"},"-- Select Risk Response --",null,"-- Select Impact --",{"$f":"VLOOKUP(RiskRegister[[#This Row],[Residual Impact Level]],'Rating factors'!$F$4:$G$9,2,FALSE)","v":"--- Error ---"},"-- Select Likelihood --",{"$f":"VLOOKUP(RiskRegister[[#This Row],[Residual Likelihood Level]],'Rating factors'!$F$16:$G$21,2,FALSE)","v":"--- Error ---"},{"$f":"IFERROR(VLOOKUP(RiskRegister[[#This Row],[Residual Risk Rating]],'Rating factors'!$F$30:$G$44,2,FALSE),\"-- Error --\")","v":"-- Error --"},{"$f":"IFERROR(RiskRegister[[#This Row],[Residual Impact Rating]]*RiskRegister[[#This Row],[Residual Likelihood Rating]],\"-- Error --\")","v":"-- Error --"},"-- Select Risk Status --",{"$nulls":3},{"$f":"IF(ISBLANK(RiskRegister[[#This Row],[Risk Due Date]]), \"Missing Risk Due Date\", IF(RiskRegister[[#This Row],[Risk Due Date]] < TODAY(), \"Overdue\", \"Not Overdue\"))","v":"Missing Risk Due Date"},null,{"$f":"IF(ISBLANK(RiskRegister[[#This Row],[Risk Due Date]]), \"Missing Risk Due Date\", TEXT(RiskRegister[[#This Row],[Risk Due Date]], \"YYYY-MM\"))","v":"Missing Risk Due Date"},{"$f":"IF(RiskRegister[[#This Row],[Created Date]]=\"\",\"Created Date missing\",(TEXT(RiskRegister[[#This Row],[Created Date]],\"mmm\") & \"-\" & YEAR(RiskRegister[[#This Row],[Created Date]])))","v":"Created Date missing"},{"$f":"IF(RiskRegister[[#This Row],[Risk Status]]=\"Closed\",RiskRegister[[#This Row],[Risk Close Date]],RiskRegister[[#This Row],[Risk Due Date]])","v":"00:00:00"},{"$f":"IF(RiskRegister[[#This Row],[Risk-Change-Date]]=0,DATE(2030,1,1),RiskRegister[[#This Row],[Risk-Change-Date]])","v":"2030-01-01"},{"$f":"RiskRegister[[#This Row],[Inherent Impact Level]]&\"-\"&RiskRegister[[#This Row],[Inherent Likelihood Level]]","v":"-- Select Impact ----- Select Likelihood --"},{"$f":"RiskRegister[[#This Row],[Residual Impact Level]]&\"-\"&RiskRegister[[#This Row],[Residual Likelihood Level]]","v":"-- Select Impact ----- Select Likelihood --"},{"$f":"IF(OR(R324=\"-- Select Risk Response --\", Z324=\"-- Select Risk Status --\"), \"Error\", IF(AND(Z324=\"Closed\", R324=\"Mitigate\"), \"Yes\", \"No\"))","v":"Error"},{"$f":"IF(RiskRegister[[#This Row],[Risk Status]]=\"Closed\",RiskRegister[[#This Row],[Residual Impact Level]],RiskRegister[[#This Row],[Inherent Impact Level]])","v":"-- Select Impact --"},{"$f":"IF(RiskRegister[[#This Row],[Risk Status]]=\"Closed\",RiskRegister[[#This Row],[Residual Likelihood Level]],RiskRegister[[#This Row],[Inherent Likelihood Level]])","v":"-- Select Likelihood --"},{"$f":"IF(RiskRegister[[#This Row],[Risk Status]]=\"Closed\",RiskRegister[[#This Row],[Residual-I-L-Combo]],RiskRegister[[#This Row],[Inherent-I-L-Combo]])","v":"-- Select Impact ----- Select Likelihood --"},{"$f":"IF(Z324=\"Closed\", X324, P324)","v":"-- Error --"}]
[322,{"$nulls":5},"-- Select Risk Category --",null,"-- select department --",null,null,"-- Select Impact --",{"$f":"VLOOKUP(RiskRegister[[#This Row],[Inherent Impact Level]],'Rating factors'!$F$4:$G$9,2,FALSE)","v":"--- Error ---"},"-- Select Likelihood --",{"$f":"VLOOKUP(RiskRegister[[#This Row],[Inherent Likelihood Level]],'Rating factors'!$F$16:$G$21,2,FALSE)","v":"--- Error ---"},{"$f":"IFERROR(VLOOKUP(RiskRegister[[#This Row],[Inherent Risk Rating]],'Rating factors'!$F$30:$G$44,2,FALSE),\"-- Error --\")","v":"-- Error --"},{"$f":"IFERROR(RiskRegister[[#This Row],[Inherent Impact Rating]]*RiskRegister[[#This Row],[Inherent Likelihood Rating]],\"-- Error --\")","v":"-- Error --"},"-- Select Risk Response --",null,"-- Select Impact --",{"$f":"VLOOKUP(RiskRegister[[#This Row],[Residual Impact Level]],'Rating factors'!$F$4:$G$9,2,FALSE)","v":"--- Error ---"},"-- Select Likelihood --",{"$f":"VLOOKUP(RiskRegister[[#This Row],[Residual Likelihood Level]],'Rating factors'!$F$16:$G$21,2,FALSE)","v":"--- Error ---"},{"$f":"IFERROR(VLOOKUP(RiskRegister[[#This Row],[Residual Risk Rating]],'Rating factors'!$F$30:$G$44,2,FALSE),\"-- Error --\")","v":"-- Error --"},{"$f":"IFERROR(RiskRegister[[#This Row],[Residual Impact Rating]]*RiskRegister[[#This Row],[Residual Likelihood Rating]],\"-- Error --\")","v":"-- Error --"},"-- Select Risk Status --",{"$nulls":3},{"$f":"IF(ISBLANK(RiskRegister[[#This Row],[Risk Due Date]]), \"Missing Risk Due Date\", IF(RiskRegister[[#This Row],[Risk Due Date]] < TODAY(), \"Overdue\", \"Not Overdue\"))","v":"Missing Risk Due Date"},null,{"$f":"IF(ISBLANK(RiskRegister[[#This Row],[Risk Due Date]]), \"Missing Risk Due Date\", TEXT(RiskRegister[[#This Row],[Risk Due Date]], \"YYYY-MM\"))","v":"Missing Risk Due Date"},{"$f":"IF(RiskRegister[[#This Row],[Created Date]]=\"\",\"Created Date missing\",(TEXT(RiskRegister[[#This Row],[Created Date]],\"mmm\") & \"-\" & YEAR(RiskRegister[[#This Row],[Created Date]])))","v":"Created Date missing"},{"$f":"IF(RiskRegister[[#This Row],[Risk Status]]=\"Closed\",RiskRegister[[#This Row],[Risk Close Date]],RiskRegister[[#This Row],[Risk Due Date]])","v":"00:00:00"},{"$f":"IF(RiskRegister[[#This Row],[Risk-Change-Date]]=0,DATE(2030,1,1),RiskRegister[[#This Row],[Risk-Change-Date]])","v":"2030-01-01"},{"$f":"RiskRegister[[#This Row],[Inherent Impact Level]]&\"-\"&RiskRegister[[#This Row],[Inherent Likelihood Level]]","v":"-- Select Impact ----- Select Likelihood --"},{"$f":"RiskRegister[[#This Row],[Residual Impact Level]]&\"-\"&RiskRegister[[#This Row],[Residual Likelihood Level]]","v":"-- Select Impact ----- Select Likelihood --"},"Error",{"$f":"IF(RiskRegister[[#This Row],[Risk Status]]=\"Closed\",RiskRegister[[#This Row],[Residual Impact Level]],RiskRegister[[#This Row],[Inherent Impact Level]])","v":"-- Select Impact --"},{"$f":"IF(RiskRegister[[#This Row],[Risk Status]]=\"Closed\",RiskRegister[[#This Row],[Residual Likelihood Level]],RiskRegister[[#This Row],[Inherent Likelihood Level]])","v":"-- Select Likelihood --"},{"$f":"IF(RiskRegister[[#This Row],[Risk Status]]=\"Closed\",RiskRegister[[#This Row],[Residual-I-L-Combo]],RiskRegister[[#This Row],[Inherent-I-L-Combo]])","v":"-- Select Impact ----- Select Likelihood --"},"-- Error --"]
[323,{"$nulls":5},"-- Select Risk Category --",null,"-- select department --",null,null,"-- Select Impact --",{"$f":"VLOOKUP(RiskRegister[[#This Row],[Inherent Impact Level]],'Rating factors'!$F$4:$G$9,2,FALSE)","v":"--- Error ---"},"-- Select Likelihood --",{"$f":"VLOOKUP(RiskRegister[[#This Row],[Inherent Likelihood Level]],'Rating factors'!$F$16:$G$21,2,FALSE)","v":"--- Error ---"},{"$f":"IFERROR(VLOOKUP(RiskRegister[[#This Row],[Inherent Risk Rating]],'Rating factors'!$F$30:$G$44,2,FALSE),\"-- Error --\")","v":"-- Error --"},{"$f":"IFERROR(RiskRegister[[#This Row],[Inherent Impact Rating]]*RiskRegister[[#This Row],[Inherent Likelihood Rating]],\"-- Error --\")","v":"-- Error --"},"-- Select Risk Response --",null,"-- Select Impact --",{"$f":"VLOOKUP(RiskRegister[[#This Row],[Residual Impact Level]],'Rating factors'!$F$4:$G$9,2,FALSE)","v":"--- Error ---"},"-- Select Likelihood --",{"$f":"VLOOKUP(RiskRegister[[#This Row],[Residual Likelihood Level]],'Rating factors'!$F$16:$G$21,2,FALSE)","v":"--- Error ---"},{"$f":"IFERROR(VLOOKUP(RiskRegister[[#This Row],[Residual Risk Rating]],'Rating factors'!$F$30:$G$44,2,FALSE),\"-- Error --\")","v":"-- Error --"},{"$f":"IFERROR(RiskRegister[[#This Row],[Residual Impact Rating]]*RiskRegister[[#This Row],[Residual Likelihood Rating]],\"-- Error --\")","v":"-- Error --"},"-- Select Risk Status --",{"$nulls":3},{"$f":"IF(ISBLANK(RiskRegister[[#This Row],[Risk Due Date]]), \"Missing Risk Due Date\", IF(RiskRegister[[#This Row],[Risk Due Date]] < TODAY(), \"Overdue\", \"Not Overdue\"))","v":"Missing Risk Due Date"},null,{"$f":"IF(ISBLANK(RiskRegister[[#This Row],[Risk Due Date]]), \"Missing Risk Due Date\", TEXT(RiskRegister[[#This Row],[Risk Due Date]], \"YYYY-MM\"))","v":"Missing Risk Due Date"},{"$f":"IF(RiskRegister[[#This Row],[Created Date]]=\"\",\"Created Date missing\",(TEXT(RiskRegister[[#This Row],[Created Date]],\"mmm\") & \"-\" & YEAR(RiskRegister[[#This Row],[Created Date]])))","v":"Created Date missing"},{"$f":"IF(RiskRegister[[#This Row],[Risk Status]]=\"Closed\",RiskRegister[[#This Row],[Risk Close Date]],RiskRegister[[#This Row],[Risk Due Date]])","v":"00:00:00"},{"$f":"IF(RiskRegister[[#This Row],[Risk-Change-Date]]=0,DATE(2030,1,1),RiskRegister[[#This Row],[Risk-Change-Date]])","v":"2030-01-01"},{"$f":"RiskRegister[[#This Row],[Inherent Impact Level]]&\"-\"&RiskRegister[[#This Row],[Inherent Likelihood Level]]","v":"-- Select Impact ----- Select Likelihood --"},{"$f":"RiskRegister[[#This Row],[Residual Impact Level]]&\"-\"&RiskRegister[[#This Row],[Residual Likelihood Level]]","v":"-- Select Impact ----- Select Likelihood --"},"Error",{"$f":"IF(RiskRegister[[#This Row],[Risk Status]]=\"Closed\",RiskRegister[[#This Row],[Residual Impact Level]],RiskRegister[[#This Row],[Inherent Impact Level]])","v":"-- Select Impact --"},{"$f":"IF(RiskRegister[[#This Row],[Risk Status]]=\"Closed\",RiskRegister[[#This Row],[Residual Likelihood Level]],RiskRegister[[#This Row],[Inherent Likelihood Level]])","v":"-- Select Likelihood --"},{"$f":"IF(RiskRegister[[#This Row],[Risk Status]]=\"Closed\",RiskRegister[[#This Row],[Residual-I-L-Combo]],RiskRegister[[#This Row],[Inherent-I-L-Combo]])","v":"-- Select Impact ----- Select Likelihood --"},"-- Error --"]
[324,{"$nulls":5},"-- Select Risk Category --",null,"-- select department --",null,null,"-- Select Impact --",{"$f":"VLOOKUP(RiskRegister[[#This Row],[Inherent Impact Level]],'Rating factors'!$F$4:$G$9,2,FALSE)","v":"--- Error ---"},"-- Select Likelihood --",{"$f":"VLOOKUP(RiskRegister[[#This Row],[Inherent Likelihood Level]],'Rating factors'!$F$16:$G$21,2,FALSE)","v":"--- Error ---"},{"$f":"IFERROR(VLOOKUP(RiskRegister[[#This Row],[Inherent Risk Rating]],'Rating factors'!$F$30:$G$44,2,FALSE),\"-- Error --\")","v":"-- Error --"},{"$f":"IFERROR(RiskRegister[[#This Row],[Inherent Impact Rating]]*RiskRegister[[#This Row],[Inherent Likelihood Rating]],\"-- Error --\")","v":"-- Error --"},"-- Select Risk Response --",null,"-- Select Impact --",{"$f":"VLOOKUP(RiskRegister[[#This Row],[Residual Impact Level]],'Rating factors'!$F$4:$G$9,2,FALSE)","v":"--- Error ---"},"-- Select Likelihood --",{"$f":"VLOOKUP(RiskRegister[[#This Row],[Residual Likelihood Level]],'Rating factors'!$F$16:$G$21,2,FALSE)","v":"--- Error ---"},{"$f":"IFERROR(VLOOKUP(RiskRegister[[#This Row],[Residual Risk Rating]],'Rating factors'!$F$30:$G$44,2,FALSE),\"-- Error --\")","v":"-- Error --"},{"$f":"IFERROR(RiskRegister[[#This Row],[Residual Impact Rating]]*RiskRegister[[#This Row],[Residual Likelihood Rating]],\"-- Error --\")","v":"-- Error --"},"-- Select Risk Status --",{"$nulls":3},{"$f":"IF(ISBLANK(RiskRegister[[#This Row],[Risk Due Date]]), \"Missing Risk Due Date\", IF(RiskRegister[[#This Row],[Risk Due Date]] < TODAY(), \"Overdue\", \"Not Overdue\"))","v":"Missing Risk Due Date"},null,{"$f":"IF(ISBLANK(RiskRegister[[#This Row],[Risk Due Date]]), \"Missing Risk Due Date\", TEXT(RiskRegister[[#This Row],[Risk Due Date]], \"YYYY-MM\"))","v":"Missing Risk Due Date"},{"$f":"IF(RiskRegister[[#This Row],[Created Date]]=\"\",\"Created Date missing\",(TEXT(RiskRegister[[#This Row],[Created Date]],\"mmm\") & \"-\" & YEAR(RiskRegister[[#This Row],[Created Date]])))","v":"Created Date missing"},{"$f":"IF(RiskRegister[[#This Row],[Risk Status]]=\"Closed\",RiskRegister[[#This Row],[Risk Close Date]],RiskRegister[[#This Row],[Risk Due Date]])","v":"00:00:00"},{"$f":"IF(RiskRegister[[#This Row],[Risk-Change-Date]]=0,DATE(2030,1,1),RiskRegister[[#This Row],[Risk-Change-Date]])","v":"2030-01-01"},{"$f":"RiskRegister[[#This Row],[Inherent Impact Level]]&\"-\"&RiskRegister[[#This Row],[Inherent Likelihood Level]]","v":"-- Select Impact ----- Select Likelihood --"},{"$f":"RiskRegister[[#This Row],[Residual Impact Level]]&\"-\"&RiskRegister[[#This Row],[Residual Likelihood Level]]","v":"-- Select Impact ----- Select Likelihood --"},"Error",{"$f":"IF(RiskRegister[[#This Row],[Risk Status]]=\"Closed\",RiskRegister[[#This Row],[Residual Impact Level]],RiskRegister[[#This Row],[Inherent Impact Level]])","v":"-- Select Impact --"},{"$f":"IF(RiskRegister[[#This Row],[Risk Status]]=\"Closed\",RiskRegister[[#This Row],[Residual Likelihood Level]],RiskRegister[[#This Row],[Inherent Likelihood Level]])","v":"-- Select Likelihood --"},{"$f":"IF(RiskRegister[[#This Row],[Risk Status]]=\"Closed\",RiskRegister[[#This Row],[Residual-I-L-Combo]],RiskRegister[[#This Row],[Inherent-I-L-Combo]])","v":"-- Select Impact ----- Select Likelihood --"},"-- Error --"]
[325,{"$nulls":5},"-- Select Risk Category --",null,"-- select department --",null,null,"-- Select Impact --",{"$f":"VLOOKUP(RiskRegister[[#This Row],[Inherent Impact Level]],'Rating factors'!$F$4:$G$9,2,FALSE)","v":"--- Error ---"},"-- Select Likelihood --",{"$f":"VLOOKUP(RiskRegister[[#This Row],[Inherent Likelihood Level]],'Rating factors'!$F$16:$G$21,2,FALSE)","v":"--- Error ---"},{"$f":"IFERROR(VLOOKUP(RiskRegister[[#This Row],[Inherent Risk Rating]],'Rating factors'!$F$30:$G$44,2,FALSE),\"-- Error --\")","v":"-- Error --"},{"$f":"IFERROR(RiskRegister[[#This Row],[Inherent Impact Rating]]*RiskRegister[[#This Row],[Inherent Likelihood Rating]],\"-- Error --\")","v":"-- Error --"},"-- Select Risk Response --",null,"-- Select Impact --",{"$f":"VLOOKUP(RiskRegister[[#This Row],[Residual Impact Level]],'Rating factors'!$F$4:$G$9,2,FALSE)","v":"--- Error ---"},"-- Select Likelihood --",{"$f":"VLOOKUP(RiskRegister[[#This Row],[Residual Likelihood Level]],'Rating factors'!$F$16:$G$21,2,FALSE)","v":"--- Error ---"},{"$f":"IFERROR(VLOOKUP(RiskRegister[[#This Row],[Residual Risk Rating]],'Rating factors'!$F$30:$G$44,2,FALSE),\"-- Error --\")","v":"-- Error --"},{"$f":"IFERROR(RiskRegister[[#This Row],[Residual Impact Rating]]*RiskRegister[[#This Row],[Residual Likelihood Rating]],\"-- Error --\")","v":"-- Error --"},"-- Select Risk Status --",{"$nulls":3},{"$f":"IF(ISBLANK(RiskRegister[[#This Row],[Risk Due Date]]), \"Missing Risk Due Date\", IF(RiskRegister[[#This Row],[Risk Due Date]] < TODAY(), \"Overdue\", \"Not Overdue\"))","v":"Missing Risk Due Date"},null,{"$f":"IF(ISBLANK(RiskRegister[[#This Row],[Risk Due Date]]), \"Missing Risk Due Date\", TEXT(RiskRegister[[#This Row],[Risk Due Date]], \"YYYY-MM\"))","v":"Missing Risk Due Date"},{"$f":"IF(RiskRegister[[#This Row],[Created Date]]=\"\",\"Created Date missing\",(TEXT(RiskRegister[[#This Row],[Created Date]],\"mmm\") & \"-\" & YEAR(RiskRegister[[#This Row],[Created Date]])))","v":"Created Date missing"},{"$f":"IF(RiskRegister[[#This Row],[Risk Status]]=\"Closed\",RiskRegister[[#This Row],[Risk Close Date]],RiskRegister[[#This Row],[Risk Due Date]])","v":"00:00:00"},{"$f":"IF(RiskRegister[[#This Row],[Risk-Change-Date]]=0,DATE(2030,1,1),RiskRegister[[#This Row],[Risk-Change-Date]])","v":"2030-01-01"},{"$f":"RiskRegister[[#This Row],[Inherent Impact Level]]&\"-\"&RiskRegister[[#This Row],[Inherent Likelihood Level]]","v":"-- Select Impact ----- Select Likelihood --"},{"$f":"RiskRegister[[#This Row],[Residual Impact Level]]&\"-\"&RiskRegister[[#This Row],[Residual Likelihood Level]]","v":"-- Select Impact ----- Select Likelihood --"},"Error",{"$f":"IF(RiskRegister[[#This Row],[Risk Status]]=\"Closed\",RiskRegister[[#This Row],[Residual Impact Level]],RiskRegister[[#This Row],[Inherent Impact Level]])","v":"-- Select Impact --"},{"$f":"IF(RiskRegister[[#This Row],[Risk Status]]=\"Closed\",RiskRegister[[#This Row],[Residual Likelihood Level]],RiskRegister[[#This Row],[Inherent Likelihood Level]])","v":"-- Select Likelihood --"},{"$f":"IF(RiskRegister[[#This Row],[Risk Status]]=\"Closed\",RiskRegister[[#This Row],[Residual-I-L-Combo]],RiskRegister[[#This Row],[Inherent-I-L-Combo]])","v":"-- Select Impact ----- Select Likelihood --"},"-- Error --"]
[326,{"$nulls":5},"-- Select Risk Category --",null,"-- select department --",null,null,"-- Select Impact --",{"$f":"VLOOKUP(RiskRegister[[#This Row],[Inherent Impact Level]],'Rating factors'!$F$4:$G$9,2,FALSE)","v":"--- Error ---"},"-- Select Likelihood --",{"$f":"VLOOKUP(RiskRegister[[#This Row],[Inherent Likelihood Level]],'Rating factors'!$F$16:$G$21,2,FALSE)","v":"--- Error ---"},{"$f":"IFERROR(VLOOKUP(RiskRegister[[#This Row],[Inherent Risk Rating]],'Rating factors'!$F$30:$G$44,2,FALSE),\"-- Error --\")","v":"-- Error --"},{"$f":"IFERROR(RiskRegister[[#This Row],[Inherent Impact Rating]]*RiskRegister[[#This Row],[Inherent Likelihood Rating]],\"-- Error --\")","v":"-- Error --"},"-- Select Risk Response --",null,"-- Select Impact --",{"$f":"VLOOKUP(RiskRegister[[#This Row],[Residual Impact Level]],'Rating factors'!$F$4:$G$9,2,FALSE)","v":"--- Error ---"},"-- Select Likelihood --",{"$f":"VLOOKUP(RiskRegister[[#This Row],[Residual Likelihood Level]],'Rating factors'!$F$16:$G$21,2,FALSE)","v":"--- Error ---"},{"$f":"IFERROR(VLOOKUP(RiskRegister[[#This Row],[Residual Risk Rating]],'Rating factors'!$F$30:$G$44,2,FALSE),\"-- Error --\")","v":"-- Error --"},{"$f":"IFERROR(RiskRegister[[#This Row],[Residual Impact Rating]]*RiskRegister[[#This Row],[Residual Likelihood Rating]],\"-- Error --\")","v":"-- Error --"},"-- Select Risk Status --",{"$nulls":3},{"$f":"IF(ISBLANK(RiskRegister[[#This Row],[Risk Due Date]]), \"Missing Risk Due Date\", IF(RiskRegister[[#This Row],[Risk Due Date]] < TODAY(), \"Overdue\", \"Not Overdue\"))","v":"Missing Risk Due Date"},null,{"$f":"IF(ISBLANK(RiskRegister[[#This Row],[Risk Due Date]]), \"Missing Risk Due Date\", TEXT(RiskRegister[[#This Row],[Risk Due Date]], \"YYYY-MM\"))","v":"Missing Risk Due Date"},{"$f":"IF(RiskRegister[[#This Row],[Created Date]]=\"\",\"Created Date missing\",(TEXT(RiskRegister[[#This Row],[Created Date]],\"mmm\") & \"-\" & YEAR(RiskRegister[[#This Row],[Created Date]])))","v":"Created Date missing"},{"$f":"IF(RiskRegister[[#This Row],[Risk Status]]=\"Closed\",RiskRegister[[#This Row],[Risk Close Date]],RiskRegister[[#This Row],[Risk Due Date]])","v":"00:00:00"},{"$f":"IF(RiskRegister[[#This Row],[Risk-Change-Date]]=0,DATE(2030,1,1),RiskRegister[[#This Row],[Risk-Change-Date]])","v":"2030-01-01"},{"$f":"RiskRegister[[#This Row],[Inherent Impact Level]]&\"-\"&RiskRegister[[#This Row],[Inherent Likelihood Level]]","v":"-- Select Impact ----- Select Likelihood --"},{"$f":"RiskRegister[[#This Row],[Residual Impact Level]]&\"-\"&RiskRegister[[#This Row],[Residual Likelihood Level]]","v":"-- Select Impact ----- Select Likelihood --"},"Error",{"$f":"IF(RiskRegister[[#This Row],[Risk Status]]=\"Closed\",RiskRegister[[#This Row],[Residual Impact Level]],RiskRegister[[#This Row],[Inherent Impact Level]])","v":"-- Select Impact --"},{"$f":"IF(RiskRegister[[#This Row],[Risk Status]]=\"Closed\",RiskRegister[[#This Row],[Residual Likelihood Level]],RiskRegister[[#This Row],[Inherent Likelihood Level]])","v":"-- Select Likelihood --"},{"$f":"IF(RiskRegister[[#This Row],[Risk Status]]=\"Closed\",RiskRegister[[#This Row],[Residual-I-L-Combo]],RiskRegister[[#This Row],[Inherent-I-L-Combo]])","v":"-- Select Impact ----- Select Likelihood --"},"-- Error --"]
[327,{"$nulls":5},"-- Select Risk Category --",null,"-- select department --",null,null,"-- Select Impact --",{"$f":"VLOOKUP(RiskRegister[[#This Row],[Inherent Impact Level]],'Rating factors'!$F$4:$G$9,2,FALSE)","v":"--- Error ---"},"-- Select Likelihood --",{"$f":"VLOOKUP(RiskRegister[[#This Row],[Inherent Likelihood Level]],'Rating factors'!$F$16:$G$21,2,FALSE)","v":"--- Error ---"},{"$f":"IFERROR(VLOOKUP(RiskRegister[[#This Row],[Inherent Risk Rating]],'Rating factors'!$F$30:$G$44,2,FALSE),\"-- Error --\")","v":"-- Error --"},{"$f":"IFERROR(RiskRegister[[#This Row],[Inherent Impact Rating]]*RiskRegister[[#This Row],[Inherent Likelihood Rating]],\"-- Error --\")","v":"-- Error --"},"-- Select Risk Response --",null,"-- Select Impact --",{"$f":"VLOOKUP(RiskRegister[[#This Row],[Residual Impact Level]],'Rating factors'!$F$4:$G$9,2,FALSE)","v":"--- Error ---"},"-- Select Likelihood --",{"$f":"VLOOKUP(RiskRegister[[#This Row],[Residual Likelihood Level]],'Rating factors'!$F$16:$G$21,2,FALSE)","v":"--- Error ---"},{"$f":"IFERROR(VLOOKUP(RiskRegister[[#This Row],[Residual Risk Rating]],'Rating factors'!$F$30:$G$44,2,FALSE),\"-- Error --\")","v":"-- Error --"},{"$f":"IFERROR(RiskRegister[[#This Row],[Residual Impact Rating]]*RiskRegister[[#This Row],[Residual Likelihood Rating]],\"-- Error --\")","v":"-- Error --"},"-- Select Risk Status --",{"$nulls":3},{"$f":"IF(ISBLANK(RiskRegister[[#This Row],[Risk Due Date]]), \"Missing Risk Due Date\", IF(RiskRegister[[#This Row],[Risk Due Date]] < TODAY(), \"Overdue\", \"Not Overdue\"))","v":"Missing Risk Due Date"},null,{"$f":"IF(ISBLANK(RiskRegister[[#This Row],[Risk Due Date]]), \"Missing Risk Due Date\", TEXT(RiskRegister[[#This Row],[Risk Due Date]], \"YYYY-MM\"))","v":"Missing Risk Due Date"},{"$f":"IF(RiskRegister[[#This Row],[Created Date]]=\"\",\"Created Date missing\",(TEXT(RiskRegister[[#This Row],[Created Date]],\"mmm\") & \"-\" & YEAR(RiskRegister[[#This Row],[Created Date]])))","v":"Created Date missing"},{"$f":"IF(RiskRegister[[#This Row],[Risk Status]]=\"Closed\",RiskRegister[[#This Row],[Risk Close Date]],RiskRegister[[#This Row],[Risk Due Date]])","v":"00:00:00"},{"$f":"IF(RiskRegister[[#This Row],[Risk-Change-Date]]=0,DATE(2030,1,1),RiskRegister[[#This Row],[Risk-Change-Date]])","v":"2030-01-01"},{"$f":"RiskRegister[[#This Row],[Inherent Impact Level]]&\"-\"&RiskRegister[[#This Row],[Inherent Likelihood Level]]","v":"-- Select Impact ----- Select Likelihood --"},{"$f":"RiskRegister[[#This Row],[Residual Impact Level]]&\"-\"&RiskRegister[[#This Row],[Residual Likelihood Level]]","v":"-- Select Impact ----- Select Likelihood --"},"Error",{"$f":"IF(RiskRegister[[#This Row],[Risk Status]]=\"Closed\",RiskRegister[[#This Row],[Residual Impact Level]],RiskRegister[[#This Row],[Inherent Impact Level]])","v":"-- Select Impact --"},{"$f":"IF(RiskRegister[[#This Row],[Risk Status]]=\"Closed\",RiskRegister[[#This Row],[Residual Likelihood Level]],RiskRegister[[#This Row],[Inherent Likelihood Level]])","v":"-- Select Likelihood --"},{"$f":"IF(RiskRegister[[#This Row],[Risk Status]]=\"Closed\",RiskRegister[[#This Row],[Residual-I-L-Combo]],RiskRegister[[#This Row],[Inherent-I-L-Combo]])","v":"-- Select Impact ----- Select Likelihood --"},"-- Error --"]
[328,{"$nulls":5},"-- Select Risk Category --",null,"-- select department --",null,null,"-- Select Impact --",{"$f":"VLOOKUP(RiskRegister[[#This Row],[Inherent Impact Level]],'Rating factors'!$F$4:$G$9,2,FALSE)","v":"--- Error ---"},"-- Select Likelihood --",{"$f":"VLOOKUP(RiskRegister[[#This Row],[Inherent Likelihood Level]],'Rating factors'!$F$16:$G$21,2,FALSE)","v":"--- Error ---"},{"$f":"IFERROR(VLOOKUP(RiskRegister[[#This Row],[Inherent Risk Rating]],'Rating factors'!$F$30:$G$44,2,FALSE),\"-- Error --\")","v":"-- Error --"},{"$f":"IFERROR(RiskRegister[[#This Row],[Inherent Impact Rating]]*RiskRegister[[#This Row],[Inherent Likelihood Rating]],\"-- Error --\")","v":"-- Error --"},"-- Select Risk Response --",null,"-- Select Impact --",{"$f":"VLOOKUP(RiskRegister[[#This Row],[Residual Impact Level]],'Rating factors'!$F$4:$G$9,2,FALSE)","v":"--- Error ---"},"-- Select Likelihood --",{"$f":"VLOOKUP(RiskRegister[[#This Row],[Residual Likelihood Level]],'Rating factors'!$F$16:$G$21,2,FALSE)","v":"--- Error ---"},{"$f":"IFERROR(VLOOKUP(RiskRegister[[#This Row],[Residual Risk Rating]],'Rating factors'!$F$30:$G$44,2,FALSE),\"-- Error --\")","v":"-- Error --"},{"$f":"IFERROR(RiskRegister[[#This Row],[Residual Impact Rating]]*RiskRegister[[#This Row],[Residual Likelihood Rating]],\"-- Error --\")","v":"-- Error --"},"-- Select Risk Status --",{"$nulls":3},{"$f":"IF(ISBLANK(RiskRegister[[#This Row],[Risk Due Date]]), \"Missing Risk Due Date\", IF(RiskRegister[[#This Row],[Risk Due Date]] < TODAY(), \"Overdue\", \"Not Overdue\"))","v":"Missing Risk Due Date"},null,{"$f":"IF(ISBLANK(RiskRegister[[#This Row],[Risk Due Date]]), \"Missing Risk Due Date\", TEXT(RiskRegister[[#This Row],[Risk Due Date]], \"YYYY-MM\"))","v":"Missing Risk Due Date"},{"$f":"IF(RiskRegister[[#This Row],[Created Date]]=\"\",\"Created Date missing\",(TEXT(RiskRegister[[#This Row],[Created Date]],\"mmm\") & \"-\" & YEAR(RiskRegister[[#This Row],[Created Date]])))","v":"Created Date missing"},{"$f":"IF(RiskRegister[[#This Row],[Risk Status]]=\"Closed\",RiskRegister[[#This Row],[Risk Close Date]],RiskRegister[[#This Row],[Risk Due Date]])","v":"00:00:00"},{"$f":"IF(RiskRegister[[#This Row],[Risk-Change-Date]]=0,DATE(2030,1,1),RiskRegister[[#This Row],[Risk-Change-Date]])","v":"2030-01-01"},{"$f":"RiskRegister[[#This Row],[Inherent Impact Level]]&\"-\"&RiskRegister[[#This Row],[Inherent Likelihood Level]]","v":"-- Select Impact ----- Select Likelihood --"},{"$f":"RiskRegister[[#This Row],[Residual Impact Level]]&\"-\"&RiskRegister[[#This Row],[Residual Likelihood Level]]","v":"-- Select Impact ----- Select Likelihood --"},"Error",{"$f":"IF(RiskRegister[[#This Row],[Risk Status]]=\"Closed\",RiskRegister[[#This Row],[Residual Impact Level]],RiskRegister[[#This Row],[Inherent Impact Level]])","v":"-- Select Impact --"},{"$f":"IF(RiskRegister[[#This Row],[Risk Status]]=\"Closed\",RiskRegister[[#This Row],[Residual Likelihood Level]],RiskRegister[[#This Row],[Inherent Likelihood Level]])","v":"-- Select Likelihood --"},{"$f":"IF(RiskRegister[[#This Row],[Risk Status]]=\"Closed\",RiskRegister[[#This Row],[Residual-I-L-Combo]],RiskRegister[[#This Row],[Inherent-I-L-Combo]])","v":"-- Select Impact ----- Select Likelihood --"},"-- Error --"]
[329,{"$nulls":5},"-- Select Risk Category --",null,"-- select department --",null,null,"-- Select Impact --",{"$f":"VLOOKUP(RiskRegister[[#This Row],[Inherent Impact Level]],'Rating factors'!$F$4:$G$9,2,FALSE)","v":"--- Error ---"},"-- Select Likelihood --",{"$f":"VLOOKUP(RiskRegister[[#This Row],[Inherent Likelihood Level]],'Rating factors'!$F$16:$G$21,2,FALSE)","v":"--- Error ---"},{"$f":"IFERROR(VLOOKUP(RiskRegister[[#This Row],[Inherent Risk Rating]],'Rating factors'!$F$30:$G$44,2,FALSE),\"-- Error --\")","v":"-- Error --"},{"$f":"IFERROR(RiskRegister[[#This Row],[Inherent Impact Rating]]*RiskRegister[[#This Row],[Inherent Likelihood Rating]],\"-- Error --\")","v":"-- Error --"},"-- Select Risk Response --",null,"-- Select Impact --",{"$f":"VLOOKUP(RiskRegister[[#This Row],[Residual Impact Level]],'Rating factors'!$F$4:$G$9,2,FALSE)","v":"--- Error ---"},"-- Select Likelihood --",{"$f":"VLOOKUP(RiskRegister[[#This Row],[Residual Likelihood Level]],'Rating factors'!$F$16:$G$21,2,FALSE)","v":"--- Error ---"},{"$f":"IFERROR(VLOOKUP(RiskRegister[[#This Row],[Residual Risk Rating]],'Rating factors'!$F$30:$G$44,2,FALSE),\"-- Error --\")","v":"-- Error --"},{"$f":"IFERROR(RiskRegister[[#This Row],[Residual Impact Rating]]*RiskRegister[[#This Row],[Residual Likelihood Rating]],\"-- Error --\")","v":"-- Error --"},"-- Select Risk Status --",{"$nulls":3},{"$f":"IF(ISBLANK(RiskRegister[[#This Row],[Risk Due Date]]), \"Missing Risk Due Date\", IF(RiskRegister[[#This Row],[Risk Due Date]] < TODAY(), \"Overdue\", \"Not Overdue\"))","v":"Missing Risk Due Date"},null,{"$f":"IF(ISBLANK(RiskRegister[[#This Row],[Risk Due Date]]), \"Missing Risk Due Date\", TEXT(RiskRegister[[#This Row],[Risk Due Date]], \"YYYY-MM\"))","v":"Missing Risk Due Date"},{"$f":"IF(RiskRegister[[#This Row],[Created Date]]=\"\",\"Created Date missing\",(TEXT(RiskRegister[[#This Row],[Created Date]],\"mmm\") & \"-\" & YEAR(RiskRegister[[#This Row],[Created Date]])))","v":"Created Date missing"},{"$f":"IF(RiskRegister[[#This Row],[Risk Status]]=\"Closed\",RiskRegister[[#This Row],[Risk Close Date]],RiskRegister[[#This Row],[Risk Due Date]])","v":"00:00:00"},{"$f":"IF(RiskRegister[[#This Row],[Risk-Change-Date]]=0,DATE(2030,1,1),RiskRegister[[#This Row],[Risk-Change-Date]])","v":"2030-01-01"},{"$f":"RiskRegister[[#This Row],[Inherent Impact Level]]&\"-\"&RiskRegister[[#This Row],[Inherent Likelihood Level]]","v":"-- Select Impact ----- Select Likelihood --"},{"$f":"RiskRegister[[#This Row],[Residual Impact Level]]&\"-\"&RiskRegister[[#This Row],[Residual Likelihood Level]]","v":"-- Select Impact ----- Select Likelihood --"},"Error",{"$f":"IF(RiskRegister[[#This Row],[Risk Status]]=\"Closed\",RiskRegister[[#This Row],[Residual Impact Level]],RiskRegister[[#This Row],[Inherent Impact Level]])","v":"-- Select Impact --"},{"$f":"IF(RiskRegister[[#This Row],[Risk Status]]=\"Closed\",RiskRegister[[#This Row],[Residual Likelihood Level]],RiskRegister[[#This Row],[Inherent Likelihood Level]])","v":"-- Select Likelihood --"},{"$f":"IF(RiskRegister[[#This Row],[Risk Status]]=\"Closed\",RiskRegister[[#This Row],[Residual-I-L-Combo]],RiskRegister[[#This Row],[Inherent-I-L-Combo]])","v":"-- Select Impact ----- Select Likelihood --"},"-- Error --"]
[330,{"$nulls":5},"-- Select Risk Category --",null,"-- select department --",null,null,"-- Select Impact --",{"$f":"VLOOKUP(RiskRegister[[#This Row],[Inherent Impact Level]],'Rating factors'!$F$4:$G$9,2,FALSE)","v":"--- Error ---"},"-- Select Likelihood --",{"$f":"VLOOKUP(RiskRegister[[#This Row],[Inherent Likelihood Level]],'Rating factors'!$F$16:$G$21,2,FALSE)","v":"--- Error ---"},{"$f":"IFERROR(VLOOKUP(RiskRegister[[#This Row],[Inherent Risk Rating]],'Rating factors'!$F$30:$G$44,2,FALSE),\"-- Error --\")","v":"-- Error --"},{"$f":"IFERROR(RiskRegister[[#This Row],[Inherent Impact Rating]]*RiskRegister[[#This Row],[Inherent Likelihood Rating]],\"-- Error --\")","v":"-- Error --"},"-- Select Risk Response --",null,"-- Select Impact --",{"$f":"VLOOKUP(RiskRegister[[#This Row],[Residual Impact Level]],'Rating factors'!$F$4:$G$9,2,FALSE)","v":"--- Error ---"},"-- Select Likelihood --",{"$f":"VLOOKUP(RiskRegister[[#This Row],[Residual Likelihood Level]],'Rating factors'!$F$16:$G$21,2,FALSE)","v":"--- Error ---"},{"$f":"IFERROR(VLOOKUP(RiskRegister[[#This Row],[Residual Risk Rating]],'Rating factors'!$F$30:$G$44,2,FALSE),\"-- Error --\")","v":"-- Error --"},{"$f":"IFERROR(RiskRegister[[#This Row],[Residual Impact Rating]]*RiskRegister[[#This Row],[Residual Likelihood Rating]],\"-- Error --\")","v":"-- Error --"},"-- Select Risk Status --",{"$nulls":3},{"$f":"IF(ISBLANK(RiskRegister[[#This Row],[Risk Due Date]]), \"Missing Risk Due Date\", IF(RiskRegister[[#This Row],[Risk Due Date]] < TODAY(), \"Overdue\", \"Not Overdue\"))","v":"Missing Risk Due Date"},null,{"$f":"IF(ISBLANK(RiskRegister[[#This Row],[Risk Due Date]]), \"Missing Risk Due Date\", TEXT(RiskRegister[[#This Row],[Risk Due Date]], \"YYYY-MM\"))","v":"Missing Risk Due Date"},{"$f":"IF(RiskRegister[[#This Row],[Created Date]]=\"\",\"Created Date missing\",(TEXT(RiskRegister[[#This Row],[Created Date]],\"mmm\") & \"-\" & YEAR(RiskRegister[[#This Row],[Created Date]])))","v":"Created Date missing"},{"$f":"IF(RiskRegister[[#This Row],[Risk Status]]=\"Closed\",RiskRegister[[#This Row],[Risk Close Date]],RiskRegister[[#This Row],[Risk Due Date]])","v":"00:00:00"},{"$f":"IF(RiskRegister[[#This Row],[Risk-Change-Date]]=0,DATE(2030,1,1),RiskRegister[[#This Row],[Risk-Change-Date]])","v":"2030-01-01"},{"$f":"RiskRegister[[#This Row],[Inherent Impact Level]]&\"-\"&RiskRegister[[#This Row],[Inherent Likelihood Level]]","v":"-- Select Impact ----- Select Likelihood --"},{"$f":"RiskRegister[[#This Row],[Residual Impact Level]]&\"-\"&RiskRegister[[#This Row],[Residual Likelihood Level]]","v":"-- Select Impact ----- Select Likelihood --"},"Error",{"$f":"IF(RiskRegister[[#This Row],[Risk Status]]=\"Closed\",RiskRegister[[#This Row],[Residual Impact Level]],RiskRegister[[#This Row],[Inherent Impact Level]])","v":"-- Select Impact --"},{"$f":"IF(RiskRegister[[#This Row],[Risk Status]]=\"Closed\",RiskRegister[[#This Row],[Residual Likelihood Level]],RiskRegister[[#This Row],[Inherent Likelihood Level]])","v":"-- Select Likelihood --"},{"$f":"IF(RiskRegister[[#This Row],[Risk Status]]=\"Closed\",RiskRegister[[#This Row],[Residual-I-L-Combo]],RiskRegister[[#This Row],[Inherent-I-L-Combo]])","v":"-- Select Impact ----- Select Likelihood --"},"-- Error --"]
[331,{"$nulls":5},"-- Select Risk Category --",null,"-- select department --",null,null,"-- Select Impact --",{"$f":"VLOOKUP(RiskRegister[[#This Row],[Inherent Impact Level]],'Rating factors'!$F$4:$G$9,2,FALSE)","v":"--- Error ---"},"-- Select Likelihood --",{"$f":"VLOOKUP(RiskRegister[[#This Row],[Inherent Likelihood Level]],'Rating factors'!$F$16:$G$21,2,FALSE)","v":"--- Error ---"},{"$f":"IFERROR(VLOOKUP(RiskRegister[[#This Row],[Inherent Risk Rating]],'Rating factors'!$F$30:$G$44,2,FALSE),\"-- Error --\")","v":"-- Error --"},{"$f":"IFERROR(RiskRegister[[#This Row],[Inherent Impact Rating]]*RiskRegister[[#This Row],[Inherent Likelihood Rating]],\"-- Error --\")","v":"-- Error --"},"-- Select Risk Response --",null,"-- Select Impact --",{"$f":"VLOOKUP(RiskRegister[[#This Row],[Residual Impact Level]],'Rating factors'!$F$4:$G$9,2,FALSE)","v":"--- Error ---"},"-- Select Likelihood --",{"$f":"VLOOKUP(RiskRegister[[#This Row],[Residual Likelihood Level]],'Rating factors'!$F$16:$G$21,2,FALSE)","v":"--- Error ---"},{"$f":"IFERROR(VLOOKUP(RiskRegister[[#This Row],[Residual Risk Rating]],'Rating factors'!$F$30:$G$44,2,FALSE),\"-- Error --\")","v":"-- Error --"},{"$f":"IFERROR(RiskRegister[[#This Row],[Residual Impact Rating]]*RiskRegister[[#This Row],[Residual Likelihood Rating]],\"-- Error --\")","v":"-- Error --"},"-- Select Risk Status --",{"$nulls":3},{"$f":"IF(ISBLANK(RiskRegister[[#This Row],[Risk Due Date]]), \"Missing Risk Due Date\", IF(RiskRegister[[#This Row],[Risk Due Date]] < TODAY(), \"Overdue\", \"Not Overdue\"))","v":"Missing Risk Due Date"},null,{"$f":"IF(ISBLANK(RiskRegister[[#This Row],[Risk Due Date]]), \"Missing Risk Due Date\", TEXT(RiskRegister[[#This Row],[Risk Due Date]], \"YYYY-MM\"))","v":"Missing Risk Due Date"},{"$f":"IF(RiskRegister[[#This Row],[Created Date]]=\"\",\"Created Date missing\",(TEXT(RiskRegister[[#This Row],[Created Date]],\"mmm\") & \"-\" & YEAR(RiskRegister[[#This Row],[Created Date]])))","v":"Created Date missing"},{"$f":"IF(RiskRegister[[#This Row],[Risk Status]]=\"Closed\",RiskRegister[[#This Row],[Risk Close Date]],RiskRegister[[#This Row],[Risk Due Date]])","v":"00:00:00"},{"$f":"IF(RiskRegister[[#This Row],[Risk-Change-Date]]=0,DATE(2030,1,1),RiskRegister[[#This Row],[Risk-Change-Date]])","v":"2030-01-01"},{"$f":"RiskRegister[[#This Row],[Inherent Impact Level]]&\"-\"&RiskRegister[[#This Row],[Inherent Likelihood Level]]","v":"-- Select Impact ----- Select Likelihood --"},{"$f":"RiskRegister[[#This Row],[Residual Impact Level]]&\"-\"&RiskRegister[[#This Row],[Residual Likelihood Level]]","v":"-- Select Impact ----- Select Likelihood --"},"Error",{"$f":"IF(RiskRegister[[#This Row],[Risk Status]]=\"Closed\",RiskRegister[[#This Row],[Residual Impact Level]],RiskRegister[[#This Row],[Inherent Impact Level]])","v":"-- Select Impact --"},{"$f":"IF(RiskRegister[[#This Row],[Risk Status]]=\"Closed\",RiskRegister[[#This Row],[Residual Likelihood Level]],RiskRegister[[#This Row],[Inherent Likelihood Level]])","v":"-- Select Likelihood --"},{"$f":"IF(RiskRegister[[#This Row],[Risk Status]]=\"Closed\",RiskRegister[[#This Row],[Residual-I-L-Combo]],RiskRegister[[#This Row],[Inherent-I-L-Combo]])","v":"-- Select Impact ----- Select Likelihood --"},"-- Error --"]
[332,{"$nulls":5},"-- Select Risk Category --",null,"-- select department --",null,null,"-- Select Impact --",{"$f":"VLOOKUP(RiskRegister[[#This Row],[Inherent Impact Level]],'Rating factors'!$F$4:$G$9,2,FALSE)","v":"--- Error ---"},"-- Select Likelihood --",{"$f":"VLOOKUP(RiskRegister[[#This Row],[Inherent Likelihood Level]],'Rating factors'!$F$16:$G$21,2,FALSE)","v":"--- Error ---"},{"$f":"IFERROR(VLOOKUP(RiskRegister[[#This Row],[Inherent Risk Rating]],'Rating factors'!$F$30:$G$44,2,FALSE),\"-- Error --\")","v":"-- Error --"},{"$f":"IFERROR(RiskRegister[[#This Row],[Inherent Impact Rating]]*RiskRegister[[#This Row],[Inherent Likelihood Rating]],\"-- Error --\")","v":"-- Error --"},"-- Select Risk Response --",null,"-- Select Impact --",{"$f":"VLOOKUP(RiskRegister[[#This Row],[Residual Impact Level]],'Rating factors'!$F$4:$G$9,2,FALSE)","v":"--- Error ---"},"-- Select Likelihood --",{"$f":"VLOOKUP(RiskRegister[[#This Row],[Residual Likelihood Level]],'Rating factors'!$F$16:$G$21,2,FALSE)","v":"--- Error ---"},{"$f":"IFERROR(VLOOKUP(RiskRegister[[#This Row],[Residual Risk Rating]],'Rating factors'!$F$30:$G$44,2,FALSE),\"-- Error --\")","v":"-- Error --"},{"$f":"IFERROR(RiskRegister[[#This Row],[Residual Impact Rating]]*RiskRegister[[#This Row],[Residual Likelihood Rating]],\"-- Error --\")","v":"-- Error --"},"-- Select Risk Status --",{"$nulls":3},{"$f":"IF(ISBLANK(RiskRegister[[#This Row],[Risk Due Date]]), \"Missing Risk Due Date\", IF(RiskRegister[[#This Row],[Risk Due Date]] < TODAY(), \"Overdue\", \"Not Overdue\"))","v":"Missing Risk Due Date"},null,{"$f":"IF(ISBLANK(RiskRegister[[#This Row],[Risk Due Date]]), \"Missing Risk Due Date\", TEXT(RiskRegister[[#This Row],[Risk Due Date]], \"YYYY-MM\"))","v":"Missing Risk Due Date"},{"$f":"IF(RiskRegister[[#This Row],[Created Date]]=\"\",\"Created Date missing\",(TEXT(RiskRegister[[#This Row],[Created Date]],\"mmm\") & \"-\" & YEAR(RiskRegister[[#This Row],[Created Date]])))","v":"Created Date missing"},{"$f":"IF(RiskRegister[[#This Row],[Risk Status]]=\"Closed\",RiskRegister[[#This Row],[Risk Close Date]],RiskRegister[[#This Row],[Risk Due Date]])","v":"00:00:00"},{"$f":"IF(RiskRegister[[#This Row],[Risk-Change-Date]]=0,DATE(2030,1,1),RiskRegister[[#This Row],[Risk-Change-Date]])","v":"2030-01-01"},{"$f":"RiskRegister[[#This Row],[Inherent Impact Level]]&\"-\"&RiskRegister[[#This Row],[Inherent Likelihood Level]]","v":"-- Select Impact ----- Select Likelihood --"},{"$f":"RiskRegister[[#This Row],[Residual Impact Level]]&\"-\"&RiskRegister[[#This Row],[Residual Likelihood Level]]","v":"-- Select Impact ----- Select Likelihood --"},"Error",{"$f":"IF(RiskRegister[[#This Row],[Risk Status]]=\"Closed\",RiskRegister[[#This Row],[Residual Impact Level]],RiskRegister[[#This Row],[Inherent Impact Level]])","v":"-- Select Impact --"},{"$f":"IF(RiskRegister[[#This Row],[Risk Status]]=\"Closed\",RiskRegister[[#This Row],[Residual Likelihood Level]],RiskRegister[[#This Row],[Inherent Likelihood Level]])","v":"-- Select Likelihood --"},{"$f":"IF(RiskRegister[[#This Row],[Risk Status]]=\"Closed\",RiskRegister[[#This Row],[Residual-I-L-Combo]],RiskRegister[[#This Row],[Inherent-I-L-Combo]])","v":"-- Select Impact ----- Select Likelihood --"},"-- Error --"]
[333,{"$nulls":5},"-- Select Risk Category --",null,"-- select department --",null,null,"-- Select Impact --",{"$f":"VLOOKUP(RiskRegister[[#This Row],[Inherent Impact Level]],'Rating factors'!$F$4:$G$9,2,FALSE)","v":"--- Error ---"},"-- Select Likelihood --",{"$f":"VLOOKUP(RiskRegister[[#This Row],[Inherent Likelihood Level]],'Rating factors'!$F$16:$G$21,2,FALSE)","v":"--- Error ---"},{"$f":"IFERROR(VLOOKUP(RiskRegister[[#This Row],[Inherent Risk Rating]],'Rating factors'!$F$30:$G$44,2,FALSE),\"-- Error --\")","v":"-- Error --"},{"$f":"IFERROR(RiskRegister[[#This Row],[Inherent Impact Rating]]*RiskRegister[[#This Row],[Inherent Likelihood Rating]],\"-- Error --\")","v":"-- Error --"},"-- Select Risk Response --",null,"-- Select Impact --",{"$f":"VLOOKUP(RiskRegister[[#This Row],[Residual Impact Level]],'Rating factors'!$F$4:$G$9,2,FALSE)","v":"--- Error ---"},"-- Select Likelihood --",{"$f":"VLOOKUP(RiskRegister[[#This Row],[Residual Likelihood Level]],'Rating factors'!$F$16:$G$21,2,FALSE)","v":"--- Error ---"},{"$f":"IFERROR(VLOOKUP(RiskRegister[[#This Row],[Residual Risk Rating]],'Rating factors'!$F$30:$G$44,2,FALSE),\"-- Error --\")","v":"-- Error --"},{"$f":"IFERROR(RiskRegister[[#This Row],[Residual Impact Rating]]*RiskRegister[[#This Row],[Residual Likelihood Rating]],\"-- Error --\")","v":"-- Error --"},"-- Select Risk Status --",{"$nulls":3},{"$f":"IF(ISBLANK(RiskRegister[[#This Row],[Risk Due Date]]), \"Missing Risk Due Date\", IF(RiskRegister[[#This Row],[Risk Due Date]] < TODAY(), \"Overdue\", \"Not Overdue\"))","v":"Missing Risk Due Date"},null,{"$f":"IF(ISBLANK(RiskRegister[[#This Row],[Risk Due Date]]), \"Missing Risk Due Date\", TEXT(RiskRegister[[#This Row],[Risk Due Date]], \"YYYY-MM\"))","v":"Missing Risk Due Date"},{"$f":"IF(RiskRegister[[#This Row],[Created Date]]=\"\",\"Created Date missing\",(TEXT(RiskRegister[[#This Row],[Created Date]],\"mmm\") & \"-\" & YEAR(RiskRegister[[#This Row],[Created Date]])))","v":"Created Date missing"},{"$f":"IF(RiskRegister[[#This Row],[Risk Status]]=\"Closed\",RiskRegister[[#This Row],[Risk Close Date]],RiskRegister[[#This Row],[Risk Due Date]])","v":"00:00:00"},{"$f":"IF(RiskRegister[[#This Row],[Risk-Change-Date]]=0,DATE(2030,1,1),RiskRegister[[#This Row],[Risk-Change-Date]])","v":"2030-01-01"},{"$f":"RiskRegister[[#This Row],[Inherent Impact Level]]&\"-\"&RiskRegister[[#This Row],[Inherent Likelihood Level]]","v":"-- Select Impact ----- Select Likelihood --"},{"$f":"RiskRegister[[#This Row],[Residual Impact Level]]&\"-\"&RiskRegister[[#This Row],[Residual Likelihood Level]]","v":"-- Select Impact ----- Select Likelihood --"},"Error",{"$f":"IF(RiskRegister[[#This Row],[Risk Status]]=\"Closed\",RiskRegister[[#This Row],[Residual Impact Level]],RiskRegister[[#This Row],[Inherent Impact Level]])","v":"-- Select Impact --"},{"$f":"IF(RiskRegister[[#This Row],[Risk Status]]=\"Closed\",RiskRegister[[#This Row],[Residual Likelihood Level]],RiskRegister[[#This Row],[Inherent Likelihood Level]])","v":"-- Select Likelihood --"},{"$f":"IF(RiskRegister[[#This Row],[Risk Status]]=\"Closed\",RiskRegister[[#This Row],[Residual-I-L-Combo]],RiskRegister[[#This Row],[Inherent-I-L-Combo]])","v":"-- Select Impact ----- Select Likelihood --"},"-- Error --"]
[334,{"$nulls":5},"-- Select Risk Category --",null,"-- select department --",null,null,"-- Select Impact --",{"$f":"VLOOKUP(RiskRegister[[#This Row],[Inherent Impact Level]],'Rating factors'!$F$4:$G$9,2,FALSE)","v":"--- Error ---"},"-- Select Likelihood --",{"$f":"VLOOKUP(RiskRegister[[#This Row],[Inherent Likelihood Level]],'Rating factors'!$F$16:$G$21,2,FALSE)","v":"--- Error ---"},{"$f":"IFERROR(VLOOKUP(RiskRegister[[#This Row],[Inherent Risk Rating]],'Rating factors'!$F$30:$G$44,2,FALSE),\"-- Error --\")","v":"-- Error --"},{"$f":"IFERROR(RiskRegister[[#This Row],[Inherent Impact Rating]]*RiskRegister[[#This Row],[Inherent Likelihood Rating]],\"-- Error --\")","v":"-- Error --"},"-- Select Risk Response --",null,"-- Select Impact --",{"$f":"VLOOKUP(RiskRegister[[#This Row],[Residual Impact Level]],'Rating factors'!$F$4:$G$9,2,FALSE)","v":"--- Error ---"},"-- Select Likelihood --",{"$f":"VLOOKUP(RiskRegister[[#This Row],[Residual Likelihood Level]],'Rating factors'!$F$16:$G$21,2,FALSE)","v":"--- Error ---"},{"$f":"IFERROR(VLOOKUP(RiskRegister[[#This Row],[Residual Risk Rating]],'Rating factors'!$F$30:$G$44,2,FALSE),\"-- Error --\")","v":"-- Error --"},{"$f":"IFERROR(RiskRegister[[#This Row],[Residual Impact Rating]]*RiskRegister[[#This Row],[Residual Likelihood Rating]],\"-- Error --\")","v":"-- Error --"},"-- Select Risk Status --",{"$nulls":3},{"$f":"IF(ISBLANK(RiskRegister[[#This Row],[Risk Due Date]]), \"Missing Risk Due Date\", IF(RiskRegister[[#This Row],[Risk Due Date]] < TODAY(), \"Overdue\", \"Not Overdue\"))","v":"Missing Risk Due Date"},null,{"$f":"IF(ISBLANK(RiskRegister[[#This Row],[Risk Due Date]]), \"Missing Risk Due Date\", TEXT(RiskRegister[[#This Row],[Risk Due Date]], \"YYYY-MM\"))","v":"Missing Risk Due Date"},{"$f":"IF(RiskRegister[[#This Row],[Created Date]]=\"\",\"Created Date missing\",(TEXT(RiskRegister[[#This Row],[Created Date]],\"mmm\") & \"-\" & YEAR(RiskRegister[[#This Row],[Created Date]])))","v":"Created Date missing"},{"$f":"IF(RiskRegister[[#This Row],[Risk Status]]=\"Closed\",RiskRegister[[#This Row],[Risk Close Date]],RiskRegister[[#This Row],[Risk Due Date]])","v":"00:00:00"},{"$f":"IF(RiskRegister[[#This Row],[Risk-Change-Date]]=0,DATE(2030,1,1),RiskRegister[[#This Row],[Risk-Change-Date]])","v":"2030-01-01"},{"$f":"RiskRegister[[#This Row],[Inherent Impact Level]]&\"-\"&RiskRegister[[#This Row],[Inherent Likelihood Level]]","v":"-- Select Impact ----- Select Likelihood --"},{"$f":"RiskRegister[[#This Row],[Residual Impact Level]]&\"-\"&RiskRegister[[#This Row],[Residual Likelihood Level]]","v":"-- Select Impact ----- Select Likelihood --"},"Error",{"$f":"IF(RiskRegister[[#This Row],[Risk Status]]=\"Closed\",RiskRegister[[#This Row],[Residual Impact Level]],RiskRegister[[#This Row],[Inherent Impact Level]])","v":"-- Select Impact --"},{"$f":"IF(RiskRegister[[#This Row],[Risk Status]]=\"Closed\",RiskRegister[[#This Row],[Residual Likelihood Level]],RiskRegister[[#This Row],[Inherent Likelihood Level]])","v":"-- Select Likelihood --"},{"$f":"IF(RiskRegister[[#This Row],[Risk Status]]=\"Closed\",RiskRegister[[#This Row],[Residual-I-L-Combo]],RiskRegister[[#This Row],[Inherent-I-L-Combo]])","v":"-- Select Impact ----- Select Likelihood --"},"-- Error --"]
[335,{"$nulls":5},"-- Select Risk Category --",null,"-- select department --",null,null,"-- Select Impact --",{"$f":"VLOOKUP(RiskRegister[[#This Row],[Inherent Impact Level]],'Rating factors'!$F$4:$G$9,2,FALSE)","v":"--- Error ---"},"-- Select Likelihood --",{"$f":"VLOOKUP(RiskRegister[[#This Row],[Inherent Likelihood Level]],'Rating factors'!$F$16:$G$21,2,FALSE)","v":"--- Error ---"},{"$f":"IFERROR(VLOOKUP(RiskRegister[[#This Row],[Inherent Risk Rating]],'Rating factors'!$F$30:$G$44,2,FALSE),\"-- Error --\")","v":"-- Error --"},{"$f":"IFERROR(RiskRegister[[#This Row],[Inherent Impact Rating]]*RiskRegister[[#This Row],[Inherent Likelihood Rating]],\"-- Error --\")","v":"-- Error --"},"-- Select Risk Response --",null,"-- Select Impact --",{"$f":"VLOOKUP(RiskRegister[[#This Row],[Residual Impact Level]],'Rating factors'!$F$4:$G$9,2,FALSE)","v":"--- Error ---"},"-- Select Likelihood --",{"$f":"VLOOKUP(RiskRegister[[#This Row],[Residual Likelihood Level]],'Rating factors'!$F$16:$G$21,2,FALSE)","v":"--- Error ---"},{"$f":"IFERROR(VLOOKUP(RiskRegister[[#This Row],[Residual Risk Rating]],'Rating factors'!$F$30:$G$44,2,FALSE),\"-- Error --\")","v":"-- Error --"},{"$f":"IFERROR(RiskRegister[[#This Row],[Residual Impact Rating]]*RiskRegister[[#This Row],[Residual Likelihood Rating]],\"-- Error --\")","v":"-- Error --"},"-- Select Risk Status --",{"$nulls":3},{"$f":"IF(ISBLANK(RiskRegister[[#This Row],[Risk Due Date]]), \"Missing Risk Due Date\", IF(RiskRegister[[#This Row],[Risk Due Date]] < TODAY(), \"Overdue\", \"Not Overdue\"))","v":"Missing Risk Due Date"},null,{"$f":"IF(ISBLANK(RiskRegister[[#This Row],[Risk Due Date]]), \"Missing Risk Due Date\", TEXT(RiskRegister[[#This Row],[Risk Due Date]], \"YYYY-MM\"))","v":"Missing Risk Due Date"},{"$f":"IF(RiskRegister[[#This Row],[Created Date]]=\"\",\"Created Date missing\",(TEXT(RiskRegister[[#This Row],[Created Date]],\"mmm\") & \"-\" & YEAR(RiskRegister[[#This Row],[Created Date]])))","v":"Created Date missing"},{"$f":"IF(RiskRegister[[#This Row],[Risk Status]]=\"Closed\",RiskRegister[[#This Row],[Risk Close Date]],RiskRegister[[#This Row],[Risk Due Date]])","v":"00:00:00"},{"$f":"IF(RiskRegister[[#This Row],[Risk-Change-Date]]=0,DATE(2030,1,1),RiskRegister[[#This Row],[Risk-Change-Date]])","v":"2030-01-01"},{"$f":"RiskRegister[[#This Row],[Inherent Impact Level]]&\"-\"&RiskRegister[[#This Row],[Inherent Likelihood Level]]","v":"-- Select Impact ----- Select Likelihood --"},{"$f":"RiskRegister[[#This Row],[Residual Impact Level]]&\"-\"&RiskRegister[[#This Row],[Residual Likelihood Level]]","v":"-- Select Impact ----- Select Likelihood --"},"Error",{"$f":"IF(RiskRegister[[#This Row],[Risk Status]]=\"Closed\",RiskRegister[[#This Row],[Residual Impact Level]],RiskRegister[[#This Row],[Inherent Impact Level]])","v":"-- Select Impact --"},{"$f":"IF(RiskRegister[[#This Row],[Risk Status]]=\"Closed\",RiskRegister[[#This Row],[Residual Likelihood Level]],RiskRegister[[#This Row],[Inherent Likelihood Level]])","v":"-- Select Likelihood --"},{"$f":"IF(RiskRegister[[#This Row],[Risk Status]]=\"Closed\",RiskRegister[[#This Row],[Residual-I-L-Combo]],RiskRegister[[#This Row],[Inherent-I-L-Combo]])","v":"-- Select Impact ----- Select Likelihood --"},"-- Error --"]
[336,{"$nulls":5},"-- Select Risk Category --",null,"-- select department --",null,null,"-- Select Impact --",{"$f":"VLOOKUP(RiskRegister[[#This Row],[Inherent Impact Level]],'Rating factors'!$F$4:$G$9,2,FALSE)","v":"--- Error ---"},"-- Select Likelihood --",{"$f":"VLOOKUP(RiskRegister[[#This Row],[Inherent Likelihood Level]],'Rating factors'!$F$16:$G$21,2,FALSE)","v":"--- Error ---"},{"$f":"IFERROR(VLOOKUP(RiskRegister[[#This Row],[Inherent Risk Rating]],'Rating factors'!$F$30:$G$44,2,FALSE),\"-- Error --\")","v":"-- Error --"},{"$f":"IFERROR(RiskRegister[[#This Row],[Inherent Impact Rating]]*RiskRegister[[#This Row],[Inherent Likelihood Rating]],\"-- Error --\")","v":"-- Error --"},"-- Select Risk Response --",null,"-- Select Impact --",{"$f":"VLOOKUP(RiskRegister[[#This Row],[Residual Impact Level]],'Rating factors'!$F$4:$G$9,2,FALSE)","v":"--- Error ---"},"-- Select Likelihood --",{"$f":"VLOOKUP(RiskRegister[[#This Row],[Residual Likelihood Level]],'Rating factors'!$F$16:$G$21,2,FALSE)","v":"--- Error ---"},{"$f":"IFERROR(VLOOKUP(RiskRegister[[#This Row],[Residual Risk Rating]],'Rating factors'!$F$30:$G$44,2,FALSE),\"-- Error --\")","v":"-- Error --"},{"$f":"IFERROR(RiskRegister[[#This Row],[Residual Impact Rating]]*RiskRegister[[#This Row],[Residual Likelihood Rating]],\"-- Error --\")","v":"-- Error --"},"-- Select Risk Status --",{"$nulls":3},{"$f":"IF(ISBLANK(RiskRegister[[#This Row],[Risk Due Date]]), \"Missing Risk Due Date\", IF(RiskRegister[[#This Row],[Risk Due Date]] < TODAY(), \"Overdue\", \"Not Overdue\"))","v":"Missing Risk Due Date"},null,{"$f":"IF(ISBLANK(RiskRegister[[#This Row],[Risk Due Date]]), \"Missing Risk Due Date\", TEXT(RiskRegister[[#This Row],[Risk Due Date]], \"YYYY-MM\"))","v":"Missing Risk Due Date"},{"$f":"IF(RiskRegister[[#This Row],[Created Date]]=\"\",\"Created Date missing\",(TEXT(RiskRegister[[#This Row],[Created Date]],\"mmm\") & \"-\" & YEAR(RiskRegister[[#This Row],[Created Date]])))","v":"Created Date missing"},{"$f":"IF(RiskRegister[[#This Row],[Risk Status]]=\"Closed\",RiskRegister[[#This Row],[Risk Close Date]],RiskRegister[[#This Row],[Risk Due Date]])","v":"00:00:00"},{"$f":"IF(RiskRegister[[#This Row],[Risk-Change-Date]]=0,DATE(2030,1,1),RiskRegister[[#This Row],[Risk-Change-Date]])","v":"2030-01-01"},{"$f":"RiskRegister[[#This Row],[Inherent Impact Level]]&\"-\"&RiskRegister[[#This Row],[Inherent Likelihood Level]]","v":"-- Select Impact ----- Select Likelihood --"},{"$f":"RiskRegister[[#This Row],[Residual Impact Level]]&\"-\"&RiskRegister[[#This Row],[Residual Likelihood Level]]","v":"-- Select Impact ----- Select Likelihood --"},"Error",{"$f":"IF(RiskRegister[[#This Row],[Risk Status]]=\"Closed\",RiskRegister[[#This Row],[Residual Impact Level]],RiskRegister[[#This Row],[Inherent Impact Level]])","v":"-- Select Impact --"},{"$f":"IF(RiskRegister[[#This Row],[Risk Status]]=\"Closed\",RiskRegister[[#This Row],[Residual Likelihood Level]],RiskRegister[[#This Row],[Inherent Likelihood Level]])","v":"-- Select Likelihood --"},{"$f":"IF(RiskRegister[[#This Row],[Risk Status]]=\"Closed\",RiskRegister[[#This Row],[Residual-I-L-Combo]],RiskRegister[[#This Row],[Inherent-I-L-Combo]])","v":"-- Select Impact ----- Select Likelihood --"},"-- Error --"]
[337,{"$nulls":5},"-- Select Risk Category --",null,"-- select department --",null,null,"-- Select Impact --",{"$f":"VLOOKUP(RiskRegister[[#This Row],[Inherent Impact Level]],'Rating factors'!$F$4:$G$9,2,FALSE)","v":"--- Error ---"},"-- Select Likelihood --",{"$f":"VLOOKUP(RiskRegister[[#This Row],[Inherent Likelihood Level]],'Rating factors'!$F$16:$G$21,2,FALSE)","v":"--- Error ---"},{"$f":"IFERROR(VLOOKUP(RiskRegister[[#This Row],[Inherent Risk Rating]],'Rating factors'!$F$30:$G$44,2,FALSE),\"-- Error --\")","v":"-- Error --"},{"$f":"IFERROR(RiskRegister[[#This Row],[Inherent Impact Rating]]*RiskRegister[[#This Row],[Inherent Likelihood Rating]],\"-- Error --\")","v":"-- Error --"},"-- Select Risk Response --",null,"-- Select Impact --",{"$f":"VLOOKUP(RiskRegister[[#This Row],[Residual Impact Level]],'Rating factors'!$F$4:$G$9,2,FALSE)","v":"--- Error ---"},"-- Select Likelihood --",{"$f":"VLOOKUP(RiskRegister[[#This Row],[Residual Likelihood Level]],'Rating factors'!$F$16:$G$21,2,FALSE)","v":"--- Error ---"},{"$f":"IFERROR(VLOOKUP(RiskRegister[[#This Row],[Residual Risk Rating]],'Rating factors'!$F$30:$G$44,2,FALSE),\"-- Error --\")","v":"-- Error --"},{"$f":"IFERROR(RiskRegister[[#This Row],[Residual Impact Rating]]*RiskRegister[[#This Row],[Residual Likelihood Rating]],\"-- Error --\")","v":"-- Error --"},"-- Select Risk Status --",{"$nulls":3},{"$f":"IF(ISBLANK(RiskRegister[[#This Row],[Risk Due Date]]), \"Missing Risk Due Date\", IF(RiskRegister[[#This Row],[Risk Due Date]] < TODAY(), \"Overdue\", \"Not Overdue\"))","v":"Missing Risk Due Date"},null,{"$f":"IF(ISBLANK(RiskRegister[[#This Row],[Risk Due Date]]), \"Missing Risk Due Date\", TEXT(RiskRegister[[#This Row],[Risk Due Date]], \"YYYY-MM\"))","v":"Missing Risk Due Date"},{"$f":"IF(RiskRegister[[#This Row],[Created Date]]=\"\",\"Created Date missing\",(TEXT(RiskRegister[[#This Row],[Created Date]],\"mmm\") & \"-\" & YEAR(RiskRegister[[#This Row],[Created Date]])))","v":"Created Date missing"},{"$f":"IF(RiskRegister[[#This Row],[Risk Status]]=\"Closed\",RiskRegister[[#This Row],[Risk Close Date]],RiskRegister[[#This Row],[Risk Due Date]])","v":"00:00:00"},{"$f":"IF(RiskRegister[[#This Row],[Risk-Change-Date]]=0,DATE(2030,1,1),RiskRegister[[#This Row],[Risk-Change-Date]])","v":"2030-01-01"},{"$f":"RiskRegister[[#This Row],[Inherent Impact Level]]&\"-\"&RiskRegister[[#This Row],[Inherent Likelihood Level]]","v":"-- Select Impact ----- Select Likelihood --"},{"$f":"RiskRegister[[#This Row],[Residual Impact Level]]&\"-\"&RiskRegister[[#This Row],[Residual Likelihood Level]]","v":"-- Select Impact ----- Select Likelihood --"},"Error",{"$f":"IF(RiskRegister[[#This Row],[Risk Status]]=\"Closed\",RiskRegister[[#This Row],[Residual Impact Level]],RiskRegister[[#This Row],[Inherent Impact Level]])","v":"-- Select Impact --"},{"$f":"IF(RiskRegister[[#This Row],[Risk Status]]=\"Closed\",RiskRegister[[#This Row],[Residual Likelihood Level]],RiskRegister[[#This Row],[Inherent Likelihood Level]])","v":"-- Select Likelihood --"},{"$f":"IF(RiskRegister[[#This Row],[Risk Status]]=\"Closed\",RiskRegister[[#This Row],[Residual-I-L-Combo]],RiskRegister[[#This Row],[Inherent-I-L-Combo]])","v":"-- Select Impact ----- Select Likelihood --"},"-- Error --"]
[338,{"$nulls":5},"-- Select Risk Category --",null,"-- select department --",null,null,"-- Select Impact --",{"$f":"VLOOKUP(RiskRegister[[#This Row],[Inherent Impact Level]],'Rating factors'!$F$4:$G$9,2,FALSE)","v":"--- Error ---"},"-- Select Likelihood --",{"$f":"VLOOKUP(RiskRegister[[#This Row],[Inherent Likelihood Level]],'Rating factors'!$F$16:$G$21,2,FALSE)","v":"--- Error ---"},{"$f":"IFERROR(VLOOKUP(RiskRegister[[#This Row],[Inherent Risk Rating]],'Rating factors'!$F$30:$G$44,2,FALSE),\"-- Error --\")","v":"-- Error --"},{"$f":"IFERROR(RiskRegister[[#This Row],[Inherent Impact Rating]]*RiskRegister[[#This Row],[Inherent Likelihood Rating]],\"-- Error --\")","v":"-- Error --"},"-- Select Risk Response --",null,"-- Select Impact --",{"$f":"VLOOKUP(RiskRegister[[#This Row],[Residual Impact Level]],'Rating factors'!$F$4:$G$9,2,FALSE)","v":"--- Error ---"},"-- Select Likelihood --",{"$f":"VLOOKUP(RiskRegister[[#This Row],[Residual Likelihood Level]],'Rating factors'!$F$16:$G$21,2,FALSE)","v":"--- Error ---"},{"$f":"IFERROR(VLOOKUP(RiskRegister[[#This Row],[Residual Risk Rating]],'Rating factors'!$F$30:$G$44,2,FALSE),\"-- Error --\")","v":"-- Error --"},{"$f":"IFERROR(RiskRegister[[#This Row],[Residual Impact Rating]]*RiskRegister[[#This Row],[Residual Likelihood Rating]],\"-- Error --\")","v":"-- Error --"},"-- Select Risk Status --",{"$nulls":3},{"$f":"IF(ISBLANK(RiskRegister[[#This Row],[Risk Due Date]]), \"Missing Risk Due Date\", IF(RiskRegister[[#This Row],[Risk Due Date]] < TODAY(), \"Overdue\", \"Not Overdue\"))","v":"Missing Risk Due Date"},null,{"$f":"IF(ISBLANK(RiskRegister[[#This Row],[Risk Due Date]]), \"Missing Risk Due Date\", TEXT(RiskRegister[[#This Row],[Risk Due Date]], \"YYYY-MM\"))","v":"Missing Risk Due Date"},{"$f":"IF(RiskRegister[[#This Row],[Created Date]]=\"\",\"Created Date missing\",(TEXT(RiskRegister[[#This Row],[Created Date]],\"mmm\") & \"-\" & YEAR(RiskRegister[[#This Row],[Created Date]])))","v":"Created Date missing"},{"$f":"IF(RiskRegister[[#This Row],[Risk Status]]=\"Closed\",RiskRegister[[#This Row],[Risk Close Date]],RiskRegister[[#This Row],[Risk Due Date]])","v":"00:00:00"},{"$f":"IF(RiskRegister[[#This Row],[Risk-Change-Date]]=0,DATE(2030,1,1),RiskRegister[[#This Row],[Risk-Change-Date]])","v":"2030-01-01"},{"$f":"RiskRegister[[#This Row],[Inherent Impact Level]]&\"-\"&RiskRegister[[#This Row],[Inherent Likelihood Level]]","v":"-- Select Impact ----- Select Likelihood --"},{"$f":"RiskRegister[[#This Row],[Residual Impact Level]]&\"-\"&RiskRegister[[#This Row],[Residual Likelihood Level]]","v":"-- Select Impact ----- Select Likelihood --"},"Error",{"$f":"IF(RiskRegister[[#This Row],[Risk Status]]=\"Closed\",RiskRegister[[#This Row],[Residual Impact Level]],RiskRegister[[#This Row],[Inherent Impact Level]])","v":"-- Select Impact --"},{"$f":"IF(RiskRegister[[#This Row],[Risk Status]]=\"Closed\",RiskRegister[[#This Row],[Residual Likelihood Level]],RiskRegister[[#This Row],[Inherent Likelihood Level]])","v":"-- Select Likelihood --"},{"$f":"IF(RiskRegister[[#This Row],[Risk Status]]=\"Closed\",RiskRegister[[#This Row],[Residual-I-L-Combo]],RiskRegister[[#This Row],[Inherent-I-L-Combo]])","v":"-- Select Impact ----- Select Likelihood --"},"-- Error --"]
[339,{"$nulls":5},"-- Select Risk Category --",null,"-- select department --",null,null,"-- Select Impact --",{"$f":"VLOOKUP(RiskRegister[[#This Row],[Inherent Impact Level]],'Rating factors'!$F$4:$G$9,2,FALSE)","v":"--- Error ---"},"-- Select Likelihood --",{"$f":"VLOOKUP(RiskRegister[[#This Row],[Inherent Likelihood Level]],'Rating factors'!$F$16:$G$21,2,FALSE)","v":"--- Error ---"},{"$f":"IFERROR(VLOOKUP(RiskRegister[[#This Row],[Inherent Risk Rating]],'Rating factors'!$F$30:$G$44,2,FALSE),\"-- Error --\")","v":"-- Error --"},{"$f":"IFERROR(RiskRegister[[#This Row],[Inherent Impact Rating]]*RiskRegister[[#This Row],[Inherent Likelihood Rating]],\"-- Error --\")","v":"-- Error --"},"-- Select Risk Response --",null,"-- Select Impact --",{"$f":"VLOOKUP(RiskRegister[[#This Row],[Residual Impact Level]],'Rating factors'!$F$4:$G$9,2,FALSE)","v":"--- Error ---"},"-- Select Likelihood --",{"$f":"VLOOKUP(RiskRegister[[#This Row],[Residual Likelihood Level]],'Rating factors'!$F$16:$G$21,2,FALSE)","v":"--- Error ---"},{"$f":"IFERROR(VLOOKUP(RiskRegister[[#This Row],[Residual Risk Rating]],'Rating factors'!$F$30:$G$44,2,FALSE),\"-- Error --\")","v":"-- Error --"},{"$f":"IFERROR(RiskRegister[[#This Row],[Residual Impact Rating]]*RiskRegister[[#This Row],[Residual Likelihood Rating]],\"-- Error --\")","v":"-- Error --"},"-- Select Risk Status --",{"$nulls":3},{"$f":"IF(ISBLANK(RiskRegister[[#This Row],[Risk Due Date]]), \"Missing Risk Due Date\", IF(RiskRegister[[#This Row],[Risk Due Date]] < TODAY(), \"Overdue\", \"Not Overdue\"))","v":"Missing Risk Due Date"},null,{"$f":"IF(ISBLANK(RiskRegister[[#This Row],[Risk Due Date]]), \"Missing Risk Due Date\", TEXT(RiskRegister[[#This Row],[Risk Due Date]], \"YYYY-MM\"))","v":"Missing Risk Due Date"},{"$f":"IF(RiskRegister[[#This Row],[Created Date]]=\"\",\"Created Date missing\",(TEXT(RiskRegister[[#This Row],[Created Date]],\"mmm\") & \"-\" & YEAR(RiskRegister[[#This Row],[Created Date]])))","v":"Created Date missing"},{"$f":"IF(RiskRegister[[#This Row],[Risk Status]]=\"Closed\",RiskRegister[[#This Row],[Risk Close Date]],RiskRegister[[#This Row],[Risk Due Date]])","v":"00:00:00"},{"$f":"IF(RiskRegister[[#This Row],[Risk-Change-Date]]=0,DATE(2030,1,1),RiskRegister[[#This Row],[Risk-Change-Date]])","v":"2030-01-01"},{"$f":"RiskRegister[[#This Row],[Inherent Impact Level]]&\"-\"&RiskRegister[[#This Row],[Inherent Likelihood Level]]","v":"-- Select Impact ----- Select Likelihood --"},{"$f":"RiskRegister[[#This Row],[Residual Impact Level]]&\"-\"&RiskRegister[[#This Row],[Residual Likelihood Level]]","v":"-- Select Impact ----- Select Likelihood --"},"Error",{"$f":"IF(RiskRegister[[#This Row],[Risk Status]]=\"Closed\",RiskRegister[[#This Row],[Residual Impact Level]],RiskRegister[[#This Row],[Inherent Impact Level]])","v":"-- Select Impact --"},{"$f":"IF(RiskRegister[[#This Row],[Risk Status]]=\"Closed\",RiskRegister[[#This Row],[Residual Likelihood Level]],RiskRegister[[#This Row],[Inherent Likelihood Level]])","v":"-- Select Likelihood --"},{"$f":"IF(RiskRegister[[#This Row],[Risk Status]]=\"Closed\",RiskRegister[[#This Row],[Residual-I-L-Combo]],RiskRegister[[#This Row],[Inherent-I-L-Combo]])","v":"-- Select Impact ----- Select Likelihood --"},"-- Error --"]
[340,{"$nulls":5},"-- Select Risk Category --",null,"-- select department --",null,null,"-- Select Impact --",{"$f":"VLOOKUP(RiskRegister[[#This Row],[Inherent Impact Level]],'Rating factors'!$F$4:$G$9,2,FALSE)","v":"--- Error ---"},"-- Select Likelihood --",{"$f":"VLOOKUP(RiskRegister[[#This Row],[Inherent Likelihood Level]],'Rating factors'!$F$16:$G$21,2,FALSE)","v":"--- Error ---"},{"$f":"IFERROR(VLOOKUP(RiskRegister[[#This Row],[Inherent Risk Rating]],'Rating factors'!$F$30:$G$44,2,FALSE),\"-- Error --\")","v":"-- Error --"},{"$f":"IFERROR(RiskRegister[[#This Row],[Inherent Impact Rating]]*RiskRegister[[#This Row],[Inherent Likelihood Rating]],\"-- Error --\")","v":"-- Error --"},"-- Select Risk Response --",null,"-- Select Impact --",{"$f":"VLOOKUP(RiskRegister[[#This Row],[Residual Impact Level]],'Rating factors'!$F$4:$G$9,2,FALSE)","v":"--- Error ---"},"-- Select Likelihood --",{"$f":"VLOOKUP(RiskRegister[[#This Row],[Residual Likelihood Level]],'Rating factors'!$F$16:$G$21,2,FALSE)","v":"--- Error ---"},{"$f":"IFERROR(VLOOKUP(RiskRegister[[#This Row],[Residual Risk Rating]],'Rating factors'!$F$30:$G$44,2,FALSE),\"-- Error --\")","v":"-- Error --"},{"$f":"IFERROR(RiskRegister[[#This Row],[Residual Impact Rating]]*RiskRegister[[#This Row],[Residual Likelihood Rating]],\"-- Error --\")","v":"-- Error --"},"-- Select Risk Status --",{"$nulls":3},{"$f":"IF(ISBLANK(RiskRegister[[#This Row],[Risk Due Date]]), \"Missing Risk Due Date\", IF(RiskRegister[[#This Row],[Risk Due Date]] < TODAY(), \"Overdue\", \"Not Overdue\"))","v":"Missing Risk Due Date"},null,{"$f":"IF(ISBLANK(RiskRegister[[#This Row],[Risk Due Date]]), \"Missing Risk Due Date\", TEXT(RiskRegister[[#This Row],[Risk Due Date]], \"YYYY-MM\"))","v":"Missing Risk Due Date"},{"$f":"IF(RiskRegister[[#This Row],[Created Date]]=\"\",\"Created Date missing\",(TEXT(RiskRegister[[#This Row],[Created Date]],\"mmm\") & \"-\" & YEAR(RiskRegister[[#This Row],[Created Date]])))","v":"Created Date missing"},{"$f":"IF(RiskRegister[[#This Row],[Risk Status]]=\"Closed\",RiskRegister[[#This Row],[Risk Close Date]],RiskRegister[[#This Row],[Risk Due Date]])","v":"00:00:00"},{"$f":"IF(RiskRegister[[#This Row],[Risk-Change-Date]]=0,DATE(2030,1,1),RiskRegister[[#This Row],[Risk-Change-Date]])","v":"2030-01-01"},{"$f":"RiskRegister[[#This Row],[Inherent Impact Level]]&\"-\"&RiskRegister[[#This Row],[Inherent Likelihood Level]]","v":"-- Select Impact ----- Select Likelihood --"},{"$f":"RiskRegister[[#This Row],[Residual Impact Level]]&\"-\"&RiskRegister[[#This Row],[Residual Likelihood Level]]","v":"-- Select Impact ----- Select Likelihood --"},"Error",{"$f":"IF(RiskRegister[[#This Row],[Risk Status]]=\"Closed\",RiskRegister[[#This Row],[Residual Impact Level]],RiskRegister[[#This Row],[Inherent Impact Level]])","v":"-- Select Impact --"},{"$f":"IF(RiskRegister[[#This Row],[Risk Status]]=\"Closed\",RiskRegister[[#This Row],[Residual Likelihood Level]],RiskRegister[[#This Row],[Inherent Likelihood Level]])","v":"-- Select Likelihood --"},{"$f":"IF(RiskRegister[[#This Row],[Risk Status]]=\"Closed\",RiskRegister[[#This Row],[Residual-I-L-Combo]],RiskRegister[[#This Row],[Inherent-I-L-Combo]])","v":"-- Select Impact ----- Select Likelihood --"},"-- Error --"]
[341,{"$nulls":5},"-- Select Risk Category --",null,"-- select department --",null,null,"-- Select Impact --",{"$f":"VLOOKUP(RiskRegister[[#This Row],[Inherent Impact Level]],'Rating factors'!$F$4:$G$9,2,FALSE)","v":"--- Error ---"},"-- Select Likelihood --",{"$f":"VLOOKUP(RiskRegister[[#This Row],[Inherent Likelihood Level]],'Rating factors'!$F$16:$G$21,2,FALSE)","v":"--- Error ---"},{"$f":"IFERROR(VLOOKUP(RiskRegister[[#This Row],[Inherent Risk Rating]],'Rating factors'!$F$30:$G$44,2,FALSE),\"-- Error --\")","v":"-- Error --"},{"$f":"IFERROR(RiskRegister[[#This Row],[Inherent Impact Rating]]*RiskRegister[[#This Row],[Inherent Likelihood Rating]],\"-- Error --\")","v":"-- Error --"},"-- Select Risk Response --",null,"-- Select Impact --",{"$f":"VLOOKUP(RiskRegister[[#This Row],[Residual Impact Level]],'Rating factors'!$F$4:$G$9,2,FALSE)","v":"--- Error ---"},"-- Select Likelihood --",{"$f":"VLOOKUP(RiskRegister[[#This Row],[Residual Likelihood Level]],'Rating factors'!$F$16:$G$21,2,FALSE)","v":"--- Error ---"},{"$f":"IFERROR(VLOOKUP(RiskRegister[[#This Row],[Residual Risk Rating]],'Rating factors'!$F$30:$G$44,2,FALSE),\"-- Error --\")","v":"-- Error --"},{"$f":"IFERROR(RiskRegister[[#This Row],[Residual Impact Rating]]*RiskRegister[[#This Row],[Residual Likelihood Rating]],\"-- Error --\")","v":"-- Error --"},"-- Select Risk Status --",{"$nulls":3},{"$f":"IF(ISBLANK(RiskRegister[[#This Row],[Risk Due Date]]), \"Missing Risk Due Date\", IF(RiskRegister[[#This Row],[Risk Due Date]] < TODAY(), \"Overdue\", \"Not Overdue\"))","v":"Missing Risk Due Date"},null,{"$f":"IF(ISBLANK(RiskRegister[[#This Row],[Risk Due Date]]), \"Missing Risk Due Date\", TEXT(RiskRegister[[#This Row],[Risk Due Date]], \"YYYY-MM\"))","v":"Missing Risk Due Date"},{"$f":"IF(RiskRegister[[#This Row],[Created Date]]=\"\",\"Created Date missing\",(TEXT(RiskRegister[[#This Row],[Created Date]],\"mmm\") & \"-\" & YEAR(RiskRegister[[#This Row],[Created Date]])))","v":"Created Date missing"},{"$f":"IF(RiskRegister[[#This Row],[Risk Status]]=\"Closed\",RiskRegister[[#This Row],[Risk Close Date]],RiskRegister[[#This Row],[Risk Due Date]])","v":"00:00:00"},{"$f":"IF(RiskRegister[[#This Row],[Risk-Change-Date]]=0,DATE(2030,1,1),RiskRegister[[#This Row],[Risk-Change-Date]])","v":"2030-01-01"},{"$f":"RiskRegister[[#This Row],[Inherent Impact Level]]&\"-\"&RiskRegister[[#This Row],[Inherent Likelihood Level]]","v":"-- Select Impact ----- Select Likelihood --"},{"$f":"RiskRegister[[#This Row],[Residual Impact Level]]&\"-\"&RiskRegister[[#This Row],[Residual Likelihood Level]]","v":"-- Select Impact ----- Select Likelihood --"},"Error",{"$f":"IF(RiskRegister[[#This Row],[Risk Status]]=\"Closed\",RiskRegister[[#This Row],[Residual Impact Level]],RiskRegister[[#This Row],[Inherent Impact Level]])","v":"-- Select Impact --"},{"$f":"IF(RiskRegister[[#This Row],[Risk Status]]=\"Closed\",RiskRegister[[#This Row],[Residual Likelihood Level]],RiskRegister[[#This Row],[Inherent Likelihood Level]])","v":"-- Select Likelihood --"},{"$f":"IF(RiskRegister[[#This Row],[Risk Status]]=\"Closed\",RiskRegister[[#This Row],[Residual-I-L-Combo]],RiskRegister[[#This Row],[Inherent-I-L-Combo]])","v":"-- Select Impact ----- Select Likelihood --"},"-- Error --"]
[342,{"$nulls":5},"-- Select Risk Category --",null,"-- select department --",null,null,"-- Select Impact --",{"$f":"VLOOKUP(RiskRegister[[#This Row],[Inherent Impact Level]],'Rating factors'!$F$4:$G$9,2,FALSE)","v":"--- Error ---"},"-- Select Likelihood --",{"$f":"VLOOKUP(RiskRegister[[#This Row],[Inherent Likelihood Level]],'Rating factors'!$F$16:$G$21,2,FALSE)","v":"--- Error ---"},{"$f":"IFERROR(VLOOKUP(RiskRegister[[#This Row],[Inherent Risk Rating]],'Rating factors'!$F$30:$G$44,2,FALSE),\"-- Error --\")","v":"-- Error --"},{"$f":"IFERROR(RiskRegister[[#This Row],[Inherent Impact Rating]]*RiskRegister[[#This Row],[Inherent Likelihood Rating]],\"-- Error --\")","v":"-- Error --"},"-- Select Risk Response --",null,"-- Select Impact --",{"$f":"VLOOKUP(RiskRegister[[#This Row],[Residual Impact Level]],'Rating factors'!$F$4:$G$9,2,FALSE)","v":"--- Error ---"},"-- Select Likelihood --",{"$f":"VLOOKUP(RiskRegister[[#This Row],[Residual Likelihood Level]],'Rating factors'!$F$16:$G$21,2,FALSE)","v":"--- Error ---"},{"$f":"IFERROR(VLOOKUP(RiskRegister[[#This Row],[Residual Risk Rating]],'Rating factors'!$F$30:$G$44,2,FALSE),\"-- Error --\")","v":"-- Error --"},{"$f":"IFERROR(RiskRegister[[#This Row],[Residual Impact Rating]]*RiskRegister[[#This Row],[Residual Likelihood Rating]],\"-- Error --\")","v":"-- Error --"},"-- Select Risk Status --",{"$nulls":3},{"$f":"IF(ISBLANK(RiskRegister[[#This Row],[Risk Due Date]]), \"Missing Risk Due Date\", IF(RiskRegister[[#This Row],[Risk Due Date]] < TODAY(), \"Overdue\", \"Not Overdue\"))","v":"Missing Risk Due Date"},null,{"$f":"IF(ISBLANK(RiskRegister[[#This Row],[Risk Due Date]]), \"Missing Risk Due Date\", TEXT(RiskRegister[[#This Row],[Risk Due Date]], \"YYYY-MM\"))","v":"Missing Risk Due Date"},{"$f":"IF(RiskRegister[[#This Row],[Created Date]]=\"\",\"Created Date missing\",(TEXT(RiskRegister[[#This Row],[Created Date]],\"mmm\") & \"-\" & YEAR(RiskRegister[[#This Row],[Created Date]])))","v":"Created Date missing"},{"$f":"IF(RiskRegister[[#This Row],[Risk Status]]=\"Closed\",RiskRegister[[#This Row],[Risk Close Date]],RiskRegister[[#This Row],[Risk Due Date]])","v":"00:00:00"},{"$f":"IF(RiskRegister[[#This Row],[Risk-Change-Date]]=0,DATE(2030,1,1),RiskRegister[[#This Row],[Risk-Change-Date]])","v":"2030-01-01"},{"$f":"RiskRegister[[#This Row],[Inherent Impact Level]]&\"-\"&RiskRegister[[#This Row],[Inherent Likelihood Level]]","v":"-- Select Impact ----- Select Likelihood --"},{"$f":"RiskRegister[[#This Row],[Residual Impact Level]]&\"-\"&RiskRegister[[#This Row],[Residual Likelihood Level]]","v":"-- Select Impact ----- Select Likelihood --"},"Error",{"$f":"IF(RiskRegister[[#This Row],[Risk Status]]=\"Closed\",RiskRegister[[#This Row],[Residual Impact Level]],RiskRegister[[#This Row],[Inherent Impact Level]])","v":"-- Select Impact --"},{"$f":"IF(RiskRegister[[#This Row],[Risk Status]]=\"Closed\",RiskRegister[[#This Row],[Residual Likelihood Level]],RiskRegister[[#This Row],[Inherent Likelihood Level]])","v":"-- Select Likelihood --"},{"$f":"IF(RiskRegister[[#This Row],[Risk Status]]=\"Closed\",RiskRegister[[#This Row],[Residual-I-L-Combo]],RiskRegister[[#This Row],[Inherent-I-L-Combo]])","v":"-- Select Impact ----- Select Likelihood --"},"-- Error --"]
[343,{"$nulls":5},"-- Select Risk Category --",null,"-- select department --",null,null,"-- Select Impact --",{"$f":"VLOOKUP(RiskRegister[[#This Row],[Inherent Impact Level]],'Rating factors'!$F$4:$G$9,2,FALSE)","v":"--- Error ---"},"-- Select Likelihood --",{"$f":"VLOOKUP(RiskRegister[[#This Row],[Inherent Likelihood Level]],'Rating factors'!$F$16:$G$21,2,FALSE)","v":"--- Error ---"},{"$f":"IFERROR(VLOOKUP(RiskRegister[[#This Row],[Inherent Risk Rating]],'Rating factors'!$F$30:$G$44,2,FALSE),\"-- Error --\")","v":"-- Error --"},{"$f":"IFERROR(RiskRegister[[#This Row],[Inherent Impact Rating]]*RiskRegister[[#This Row],[Inherent Likelihood Rating]],\"-- Error --\")","v":"-- Error --"},"-- Select Risk Response --",null,"-- Select Impact --",{"$f":"VLOOKUP(RiskRegister[[#This Row],[Residual Impact Level]],'Rating factors'!$F$4:$G$9,2,FALSE)","v":"--- Error ---"},"-- Select Likelihood --",{"$f":"VLOOKUP(RiskRegister[[#This Row],[Residual Likelihood Level]],'Rating factors'!$F$16:$G$21,2,FALSE)","v":"--- Error ---"},{"$f":"IFERROR(VLOOKUP(RiskRegister[[#This Row],[Residual Risk Rating]],'Rating factors'!$F$30:$G$44,2,FALSE),\"-- Error --\")","v":"-- Error --"},{"$f":"IFERROR(RiskRegister[[#This Row],[Residual Impact Rating]]*RiskRegister[[#This Row],[Residual Likelihood Rating]],\"-- Error --\")","v":"-- Error --"},"-- Select Risk Status --",{"$nulls":3},{"$f":"IF(ISBLANK(RiskRegister[[#This Row],[Risk Due Date]]), \"Missing Risk Due Date\", IF(RiskRegister[[#This Row],[Risk Due Date]] < TODAY(), \"Overdue\", \"Not Overdue\"))","v":"Missing Risk Due Date"},null,{"$f":"IF(ISBLANK(RiskRegister[[#This Row],[Risk Due Date]]), \"Missing Risk Due Date\", TEXT(RiskRegister[[#This Row],[Risk Due Date]], \"YYYY-MM\"))","v":"Missing Risk Due Date"},{"$f":"IF(RiskRegister[[#This Row],[Created Date]]=\"\",\"Created Date missing\",(TEXT(RiskRegister[[#This Row],[Created Date]],\"mmm\") & \"-\" & YEAR(RiskRegister[[#This Row],[Created Date]])))","v":"Created Date missing"},{"$f":"IF(RiskRegister[[#This Row],[Risk Status]]=\"Closed\",RiskRegister[[#This Row],[Risk Close Date]],RiskRegister[[#This Row],[Risk Due Date]])","v":"00:00:00"},{"$f":"IF(RiskRegister[[#This Row],[Risk-Change-Date]]=0,DATE(2030,1,1),RiskRegister[[#This Row],[Risk-Change-Date]])","v":"2030-01-01"},{"$f":"RiskRegister[[#This Row],[Inherent Impact Level]]&\"-\"&RiskRegister[[#This Row],[Inherent Likelihood Level]]","v":"-- Select Impact ----- Select Likelihood --"},{"$f":"RiskRegister[[#This Row],[Residual Impact Level]]&\"-\"&RiskRegister[[#This Row],[Residual Likelihood Level]]","v":"-- Select Impact ----- Select Likelihood --"},"Error",{"$f":"IF(RiskRegister[[#This Row],[Risk Status]]=\"Closed\",RiskRegister[[#This Row],[Residual Impact Level]],RiskRegister[[#This Row],[Inherent Impact Level]])","v":"-- Select Impact --"},{"$f":"IF(RiskRegister[[#This Row],[Risk Status]]=\"Closed\",RiskRegister[[#This Row],[Residual Likelihood Level]],RiskRegister[[#This Row],[Inherent Likelihood Level]])","v":"-- Select Likelihood --"},{"$f":"IF(RiskRegister[[#This Row],[Risk Status]]=\"Closed\",RiskRegister[[#This Row],[Residual-I-L-Combo]],RiskRegister[[#This Row],[Inherent-I-L-Combo]])","v":"-- Select Impact ----- Select Likelihood --"},"-- Error --"]
[344,{"$nulls":5},"-- Select Risk Category --",null,"-- select department --",null,null,"-- Select Impact --",{"$f":"VLOOKUP(RiskRegister[[#This Row],[Inherent Impact Level]],'Rating factors'!$F$4:$G$9,2,FALSE)","v":"--- Error ---"},"-- Select Likelihood --",{"$f":"VLOOKUP(RiskRegister[[#This Row],[Inherent Likelihood Level]],'Rating factors'!$F$16:$G$21,2,FALSE)","v":"--- Error ---"},{"$f":"IFERROR(VLOOKUP(RiskRegister[[#This Row],[Inherent Risk Rating]],'Rating factors'!$F$30:$G$44,2,FALSE),\"-- Error --\")","v":"-- Error --"},{"$f":"IFERROR(RiskRegister[[#This Row],[Inherent Impact Rating]]*RiskRegister[[#This Row],[Inherent Likelihood Rating]],\"-- Error --\")","v":"-- Error --"},"-- Select Risk Response --",null,"-- Select Impact --",{"$f":"VLOOKUP(RiskRegister[[#This Row],[Residual Impact Level]],'Rating factors'!$F$4:$G$9,2,FALSE)","v":"--- Error ---"},"-- Select Likelihood --",{"$f":"VLOOKUP(RiskRegister[[#This Row],[Residual Likelihood Level]],'Rating factors'!$F$16:$G$21,2,FALSE)","v":"--- Error ---"},{"$f":"IFERROR(VLOOKUP(RiskRegister[[#This Row],[Residual Risk Rating]],'Rating factors'!$F$30:$G$44,2,FALSE),\"-- Error --\")","v":"-- Error --"},{"$f":"IFERROR(RiskRegister[[#This Row],[Residual Impact Rating]]*RiskRegister[[#This Row],[Residual Likelihood Rating]],\"-- Error --\")","v":"-- Error --"},"-- Select Risk Status --",{"$nulls":3},{"$f":"IF(ISBLANK(RiskRegister[[#This Row],[Risk Due Date]]), \"Missing Risk Due Date\", IF(RiskRegister[[#This Row],[Risk Due Date]] < TODAY(), \"Overdue\", \"Not Overdue\"))","v":"Missing Risk Due Date"},null,{"$f":"IF(ISBLANK(RiskRegister[[#This Row],[Risk Due Date]]), \"Missing Risk Due Date\", TEXT(RiskRegister[[#This Row],[Risk Due Date]], \"YYYY-MM\"))","v":"Missing Risk Due Date"},{"$f":"IF(RiskRegister[[#This Row],[Created Date]]=\"\",\"Created Date missing\",(TEXT(RiskRegister[[#This Row],[Created Date]],\"mmm\") & \"-\" & YEAR(RiskRegister[[#This Row],[Created Date]])))","v":"Created Date missing"},{"$f":"IF(RiskRegister[[#This Row],[Risk Status]]=\"Closed\",RiskRegister[[#This Row],[Risk Close Date]],RiskRegister[[#This Row],[Risk Due Date]])","v":"00:00:00"},{"$f":"IF(RiskRegister[[#This Row],[Risk-Change-Date]]=0,DATE(2030,1,1),RiskRegister[[#This Row],[Risk-Change-Date]])","v":"2030-01-01"},{"$f":"RiskRegister[[#This Row],[Inherent Impact Level]]&\"-\"&RiskRegister[[#This Row],[Inherent Likelihood Level]]","v":"-- Select Impact ----- Select Likelihood --"},{"$f":"RiskRegister[[#This Row],[Residual Impact Level]]&\"-\"&RiskRegister[[#This Row],[Residual Likelihood Level]]","v":"-- Select Impact ----- Select Likelihood --"},"Error",{"$f":"IF(RiskRegister[[#This Row],[Risk Status]]=\"Closed\",RiskRegister[[#This Row],[Residual Impact Level]],RiskRegister[[#This Row],[Inherent Impact Level]])","v":"-- Select Impact --"},{"$f":"IF(RiskRegister[[#This Row],[Risk Status]]=\"Closed\",RiskRegister[[#This Row],[Residual Likelihood Level]],RiskRegister[[#This Row],[Inherent Likelihood Level]])","v":"-- Select Likelihood --"},{"$f":"IF(RiskRegister[[#This Row],[Risk Status]]=\"Closed\",RiskRegister[[#This Row],[Residual-I-L-Combo]],RiskRegister[[#This Row],[Inherent-I-L-Combo]])","v":"-- Select Impact ----- Select Likelihood --"},"-- Error --"]
[345,{"$nulls":5},"-- Select Risk Category --",null,"-- select department --",null,null,"-- Select Impact --",{"$f":"VLOOKUP(RiskRegister[[#This Row],[Inherent Impact Level]],'Rating factors'!$F$4:$G$9,2,FALSE)","v":"--- Error ---"},"-- Select Likelihood --",{"$f":"VLOOKUP(RiskRegister[[#This Row],[Inherent Likelihood Level]],'Rating factors'!$F$16:$G$21,2,FALSE)","v":"--- Error ---"},{"$f":"IFERROR(VLOOKUP(RiskRegister[[#This Row],[Inherent Risk Rating]],'Rating factors'!$F$30:$G$44,2,FALSE),\"-- Error --\")","v":"-- Error --"},{"$f":"IFERROR(RiskRegister[[#This Row],[Inherent Impact Rating]]*RiskRegister[[#This Row],[Inherent Likelihood Rating]],\"-- Error --\")","v":"-- Error --"},"-- Select Risk Response --",null,"-- Select Impact --",{"$f":"VLOOKUP(RiskRegister[[#This Row],[Residual Impact Level]],'Rating factors'!$F$4:$G$9,2,FALSE)","v":"--- Error ---"},"-- Select Likelihood --",{"$f":"VLOOKUP(RiskRegister[[#This Row],[Residual Likelihood Level]],'Rating factors'!$F$16:$G$21,2,FALSE)","v":"--- Error ---"},{"$f":"IFERROR(VLOOKUP(RiskRegister[[#This Row],[Residual Risk Rating]],'Rating factors'!$F$30:$G$44,2,FALSE),\"-- Error --\")","v":"-- Error --"},{"$f":"IFERROR(RiskRegister[[#This Row],[Residual Impact Rating]]*RiskRegister[[#This Row],[Residual Likelihood Rating]],\"-- Error --\")","v":"-- Error --"},"-- Select Risk Status --",{"$nulls":3},{"$f":"IF(ISBLANK(RiskRegister[[#This Row],[Risk Due Date]]), \"Missing Risk Due Date\", IF(RiskRegister[[#This Row],[Risk Due Date]] < TODAY(), \"Overdue\", \"Not Overdue\"))","v":"Missing Risk Due Date"},null,{"$f":"IF(ISBLANK(RiskRegister[[#This Row],[Risk Due Date]]), \"Missing Risk Due Date\", TEXT(RiskRegister[[#This Row],[Risk Due Date]], \"YYYY-MM\"))","v":"Missing Risk Due Date"},{"$f":"IF(RiskRegister[[#This Row],[Created Date]]=\"\",\"Created Date missing\",(TEXT(RiskRegister[[#This Row],[Created Date]],\"mmm\") & \"-\" & YEAR(RiskRegister[[#This Row],[Created Date]])))","v":"Created Date missing"},{"$f":"IF(RiskRegister[[#This Row],[Risk Status]]=\"Closed\",RiskRegister[[#This Row],[Risk Close Date]],RiskRegister[[#This Row],[Risk Due Date]])","v":"00:00:00"},{"$f":"IF(RiskRegister[[#This Row],[Risk-Change-Date]]=0,DATE(2030,1,1),RiskRegister[[#This Row],[Risk-Change-Date]])","v":"2030-01-01"},{"$f":"RiskRegister[[#This Row],[Inherent Impact Level]]&\"-\"&RiskRegister[[#This Row],[Inherent Likelihood Level]]","v":"-- Select Impact ----- Select Likelihood --"},{"$f":"RiskRegister[[#This Row],[Residual Impact Level]]&\"-\"&RiskRegister[[#This Row],[Residual Likelihood Level]]","v":"-- Select Impact ----- Select Likelihood --"},"Error",{"$f":"IF(RiskRegister[[#This Row],[Risk Status]]=\"Closed\",RiskRegister[[#This Row],[Residual Impact Level]],RiskRegister[[#This Row],[Inherent Impact Level]])","v":"-- Select Impact --"},{"$f":"IF(RiskRegister[[#This Row],[Risk Status]]=\"Closed\",RiskRegister[[#This Row],[Residual Likelihood Level]],RiskRegister[[#This Row],[Inherent Likelihood Level]])","v":"-- Select Likelihood --"},{"$f":"IF(RiskRegister[[#This Row],[Risk Status]]=\"Closed\",RiskRegister[[#This Row],[Residual-I-L-Combo]],RiskRegister[[#This Row],[Inherent-I-L-Combo]])","v":"-- Select Impact ----- Select Likelihood --"},"-- Error --"]
[346,{"$nulls":5},"-- Select Risk Category --",null,"-- select department --",null,null,"-- Select Impact --",{"$f":"VLOOKUP(RiskRegister[[#This Row],[Inherent Impact Level]],'Rating factors'!$F$4:$G$9,2,FALSE)","v":"--- Error ---"},"-- Select Likelihood --",{"$f":"VLOOKUP(RiskRegister[[#This Row],[Inherent Likelihood Level]],'Rating factors'!$F$16:$G$21,2,FALSE)","v":"--- Error ---"},{"$f":"IFERROR(VLOOKUP(RiskRegister[[#This Row],[Inherent Risk Rating]],'Rating factors'!$F$30:$G$44,2,FALSE),\"-- Error --\")","v":"-- Error --"},{"$f":"IFERROR(RiskRegister[[#This Row],[Inherent Impact Rating]]*RiskRegister[[#This Row],[Inherent Likelihood Rating]],\"-- Error --\")","v":"-- Error --"},"-- Select Risk Response --",null,"-- Select Impact --",{"$f":"VLOOKUP(RiskRegister[[#This Row],[Residual Impact Level]],'Rating factors'!$F$4:$G$9,2,FALSE)","v":"--- Error ---"},"-- Select Likelihood --",{"$f":"VLOOKUP(RiskRegister[[#This Row],[Residual Likelihood Level]],'Rating factors'!$F$16:$G$21,2,FALSE)","v":"--- Error ---"},{"$f":"IFERROR(VLOOKUP(RiskRegister[[#This Row],[Residual Risk Rating]],'Rating factors'!$F$30:$G$44,2,FALSE),\"-- Error --\")","v":"-- Error --"},{"$f":"IFERROR(RiskRegister[[#This Row],[Residual Impact Rating]]*RiskRegister[[#This Row],[Residual Likelihood Rating]],\"-- Error --\")","v":"-- Error --"},"-- Select Risk Status --",{"$nulls":3},{"$f":"IF(ISBLANK(RiskRegister[[#This Row],[Risk Due Date]]), \"Missing Risk Due Date\", IF(RiskRegister[[#This Row],[Risk Due Date]] < TODAY(), \"Overdue\", \"Not Overdue\"))","v":"Missing Risk Due Date"},null,{"$f":"IF(ISBLANK(RiskRegister[[#This Row],[Risk Due Date]]), \"Missing Risk Due Date\", TEXT(RiskRegister[[#This Row],[Risk Due Date]], \"YYYY-MM\"))","v":"Missing Risk Due Date"},{"$f":"IF(RiskRegister[[#This Row],[Created Date]]=\"\",\"Created Date missing\",(TEXT(RiskRegister[[#This Row],[Created Date]],\"mmm\") & \"-\" & YEAR(RiskRegister[[#This Row],[Created Date]])))","v":"Created Date missing"},{"$f":"IF(RiskRegister[[#This Row],[Risk Status]]=\"Closed\",RiskRegister[[#This Row],[Risk Close Date]],RiskRegister[[#This Row],[Risk Due Date]])","v":"00:00:00"},{"$f":"IF(RiskRegister[[#This Row],[Risk-Change-Date]]=0,DATE(2030,1,1),RiskRegister[[#This Row],[Risk-Change-Date]])","v":"2030-01-01"},{"$f":"RiskRegister[[#This Row],[Inherent Impact Level]]&\"-\"&RiskRegister[[#This Row],[Inherent Likelihood Level]]","v":"-- Select Impact ----- Select Likelihood --"},{"$f":"RiskRegister[[#This Row],[Residual Impact Level]]&\"-\"&RiskRegister[[#This Row],[Residual Likelihood Level]]","v":"-- Select Impact ----- Select Likelihood --"},"Error",{"$f":"IF(RiskRegister[[#This Row],[Risk Status]]=\"Closed\",RiskRegister[[#This Row],[Residual Impact Level]],RiskRegister[[#This Row],[Inherent Impact Level]])","v":"-- Select Impact --"},{"$f":"IF(RiskRegister[[#This Row],[Risk Status]]=\"Closed\",RiskRegister[[#This Row],[Residual Likelihood Level]],RiskRegister[[#This Row],[Inherent Likelihood Level]])","v":"-- Select Likelihood --"},{"$f":"IF(RiskRegister[[#This Row],[Risk Status]]=\"Closed\",RiskRegister[[#This Row],[Residual-I-L-Combo]],RiskRegister[[#This Row],[Inherent-I-L-Combo]])","v":"-- Select Impact ----- Select Likelihood --"},"-- Error --"]
[347,{"$nulls":5},"-- Select Risk Category --",null,"-- select department --",null,null,"-- Select Impact --",{"$f":"VLOOKUP(RiskRegister[[#This Row],[Inherent Impact Level]],'Rating factors'!$F$4:$G$9,2,FALSE)","v":"--- Error ---"},"-- Select Likelihood --",{"$f":"VLOOKUP(RiskRegister[[#This Row],[Inherent Likelihood Level]],'Rating factors'!$F$16:$G$21,2,FALSE)","v":"--- Error ---"},{"$f":"IFERROR(VLOOKUP(RiskRegister[[#This Row],[Inherent Risk Rating]],'Rating factors'!$F$30:$G$44,2,FALSE),\"-- Error --\")","v":"-- Error --"},{"$f":"IFERROR(RiskRegister[[#This Row],[Inherent Impact Rating]]*RiskRegister[[#This Row],[Inherent Likelihood Rating]],\"-- Error --\")","v":"-- Error --"},"-- Select Risk Response --",null,"-- Select Impact --",{"$f":"VLOOKUP(RiskRegister[[#This Row],[Residual Impact Level]],'Rating factors'!$F$4:$G$9,2,FALSE)","v":"--- Error ---"},"-- Select Likelihood --",{"$f":"VLOOKUP(RiskRegister[[#This Row],[Residual Likelihood Level]],'Rating factors'!$F$16:$G$21,2,FALSE)","v":"--- Error ---"},{"$f":"IFERROR(VLOOKUP(RiskRegister[[#This Row],[Residual Risk Rating]],'Rating factors'!$F$30:$G$44,2,FALSE),\"-- Error --\")","v":"-- Error --"},{"$f":"IFERROR(RiskRegister[[#This Row],[Residual Impact Rating]]*RiskRegister[[#This Row],[Residual Likelihood Rating]],\"-- Error --\")","v":"-- Error --"},"-- Select Risk Status --",{"$nulls":3},{"$f":"IF(ISBLANK(RiskRegister[[#This Row],[Risk Due Date]]), \"Missing Risk Due Date\", IF(RiskRegister[[#This Row],[Risk Due Date]] < TODAY(), \"Overdue\", \"Not Overdue\"))","v":"Missing Risk Due Date"},null,{"$f":"IF(ISBLANK(RiskRegister[[#This Row],[Risk Due Date]]), \"Missing Risk Due Date\", TEXT(RiskRegister[[#This Row],[Risk Due Date]], \"YYYY-MM\"))","v":"Missing Risk Due Date"},{"$f":"IF(RiskRegister[[#This Row],[Created Date]]=\"\",\"Created Date missing\",(TEXT(RiskRegister[[#This Row],[Created Date]],\"mmm\") & \"-\" & YEAR(RiskRegister[[#This Row],[Created Date]])))","v":"Created Date missing"},{"$f":"IF(RiskRegister[[#This Row],[Risk Status]]=\"Closed\",RiskRegister[[#This Row],[Risk Close Date]],RiskRegister[[#This Row],[Risk Due Date]])","v":"00:00:00"},{"$f":"IF(RiskRegister[[#This Row],[Risk-Change-Date]]=0,DATE(2030,1,1),RiskRegister[[#This Row],[Risk-Change-Date]])","v":"2030-01-01"},{"$f":"RiskRegister[[#This Row],[Inherent Impact Level]]&\"-\"&RiskRegister[[#This Row],[Inherent Likelihood Level]]","v":"-- Select Impact ----- Select Likelihood --"},{"$f":"RiskRegister[[#This Row],[Residual Impact Level]]&\"-\"&RiskRegister[[#This Row],[Residual Likelihood Level]]","v":"-- Select Impact ----- Select Likelihood --"},"Error",{"$f":"IF(RiskRegister[[#This Row],[Risk Status]]=\"Closed\",RiskRegister[[#This Row],[Residual Impact Level]],RiskRegister[[#This Row],[Inherent Impact Level]])","v":"-- Select Impact --"},{"$f":"IF(RiskRegister[[#This Row],[Risk Status]]=\"Closed\",RiskRegister[[#This Row],[Residual Likelihood Level]],RiskRegister[[#This Row],[Inherent Likelihood Level]])","v":"-- Select Likelihood --"},{"$f":"IF(RiskRegister[[#This Row],[Risk Status]]=\"Closed\",RiskRegister[[#This Row],[Residual-I-L-Combo]],RiskRegister[[#This Row],[Inherent-I-L-Combo]])","v":"-- Select Impact ----- Select Likelihood --"},"-- Error --"]
[348,{"$nulls":5},"-- Select Risk Category --",null,"-- select department --",null,null,"-- Select Impact --",{"$f":"VLOOKUP(RiskRegister[[#This Row],[Inherent Impact Level]],'Rating factors'!$F$4:$G$9,2,FALSE)","v":"--- Error ---"},"-- Select Likelihood --",{"$f":"VLOOKUP(RiskRegister[[#This Row],[Inherent Likelihood Level]],'Rating factors'!$F$16:$G$21,2,FALSE)","v":"--- Error ---"},{"$f":"IFERROR(VLOOKUP(RiskRegister[[#This Row],[Inherent Risk Rating]],'Rating factors'!$F$30:$G$44,2,FALSE),\"-- Error --\")","v":"-- Error --"},{"$f":"IFERROR(RiskRegister[[#This Row],[Inherent Impact Rating]]*RiskRegister[[#This Row],[Inherent Likelihood Rating]],\"-- Error --\")","v":"-- Error --"},"-- Select Risk Response --",null,"-- Select Impact --",{"$f":"VLOOKUP(RiskRegister[[#This Row],[Residual Impact Level]],'Rating factors'!$F$4:$G$9,2,FALSE)","v":"--- Error ---"},"-- Select Likelihood --",{"$f":"VLOOKUP(RiskRegister[[#This Row],[Residual Likelihood Level]],'Rating factors'!$F$16:$G$21,2,FALSE)","v":"--- Error ---"},{"$f":"IFERROR(VLOOKUP(RiskRegister[[#This Row],[Residual Risk Rating]],'Rating factors'!$F$30:$G$44,2,FALSE),\"-- Error --\")","v":"-- Error --"},{"$f":"IFERROR(RiskRegister[[#This Row],[Residual Impact Rating]]*RiskRegister[[#This Row],[Residual Likelihood Rating]],\"-- Error --\")","v":"-- Error --"},"-- Select Risk Status --",{"$nulls":3},{"$f":"IF(ISBLANK(RiskRegister[[#This Row],[Risk Due Date]]), \"Missing Risk Due Date\", IF(RiskRegister[[#This Row],[Risk Due Date]] < TODAY(), \"Overdue\", \"Not Overdue\"))","v":"Missing Risk Due Date"},null,{"$f":"IF(ISBLANK(RiskRegister[[#This Row],[Risk Due Date]]), \"Missing Risk Due Date\", TEXT(RiskRegister[[#This Row],[Risk Due Date]], \"YYYY-MM\"))","v":"Missing Risk Due Date"},{"$f":"IF(RiskRegister[[#This Row],[Created Date]]=\"\",\"Created Date missing\",(TEXT(RiskRegister[[#This Row],[Created Date]],\"mmm\") & \"-\" & YEAR(RiskRegister[[#This Row],[Created Date]])))","v":"Created Date missing"},{"$f":"IF(RiskRegister[[#This Row],[Risk Status]]=\"Closed\",RiskRegister[[#This Row],[Risk Close Date]],RiskRegister[[#This Row],[Risk Due Date]])","v":"00:00:00"},{"$f":"IF(RiskRegister[[#This Row],[Risk-Change-Date]]=0,DATE(2030,1,1),RiskRegister[[#This Row],[Risk-Change-Date]])","v":"2030-01-01"},{"$f":"RiskRegister[[#This Row],[Inherent Impact Level]]&\"-\"&RiskRegister[[#This Row],[Inherent Likelihood Level]]","v":"-- Select Impact ----- Select Likelihood --"},{"$f":"RiskRegister[[#This Row],[Residual Impact Level]]&\"-\"&RiskRegister[[#This Row],[Residual Likelihood Level]]","v":"-- Select Impact ----- Select Likelihood --"},"Error",{"$f":"IF(RiskRegister[[#This Row],[Risk Status]]=\"Closed\",RiskRegister[[#This Row],[Residual Impact Level]],RiskRegister[[#This Row],[Inherent Impact Level]])","v":"-- Select Impact --"},{"$f":"IF(RiskRegister[[#This Row],[Risk Status]]=\"Closed\",RiskRegister[[#This Row],[Residual Likelihood Level]],RiskRegister[[#This Row],[Inherent Likelihood Level]])","v":"-- Select Likelihood --"},{"$f":"IF(RiskRegister[[#This Row],[Risk Status]]=\"Closed\",RiskRegister[[#This Row],[Residual-I-L-Combo]],RiskRegister[[#This Row],[Inherent-I-L-Combo]])","v":"-- Select Impact ----- Select Likelihood --"},"-- Error --"]
[349,{"$nulls":5},"-- Select Risk Category --",null,"-- select department --",null,null,"-- Select Impact --",{"$f":"VLOOKUP(RiskRegister[[#This Row],[Inherent Impact Level]],'Rating factors'!$F$4:$G$9,2,FALSE)","v":"--- Error ---"},"-- Select Likelihood --",{"$f":"VLOOKUP(RiskRegister[[#This Row],[Inherent Likelihood Level]],'Rating factors'!$F$16:$G$21,2,FALSE)","v":"--- Error ---"},{"$f":"IFERROR(VLOOKUP(RiskRegister[[#This Row],[Inherent Risk Rating]],'Rating factors'!$F$30:$G$44,2,FALSE),\"-- Error --\")","v":"-- Error --"},{"$f":"IFERROR(RiskRegister[[#This Row],[Inherent Impact Rating]]*RiskRegister[[#This Row],[Inherent Likelihood Rating]],\"-- Error --\")","v":"-- Error --"},"-- Select Risk Response --",null,"-- Select Impact --",{"$f":"VLOOKUP(RiskRegister[[#This Row],[Residual Impact Level]],'Rating factors'!$F$4:$G$9,2,FALSE)","v":"--- Error ---"},"-- Select Likelihood --",{"$f":"VLOOKUP(RiskRegister[[#This Row],[Residual Likelihood Level]],'Rating factors'!$F$16:$G$21,2,FALSE)","v":"--- Error ---"},{"$f":"IFERROR(VLOOKUP(RiskRegister[[#This Row],[Residual Risk Rating]],'Rating factors'!$F$30:$G$44,2,FALSE),\"-- Error --\")","v":"-- Error --"},{"$f":"IFERROR(RiskRegister[[#This Row],[Residual Impact Rating]]*RiskRegister[[#This Row],[Residual Likelihood Rating]],\"-- Error --\")","v":"-- Error --"},"-- Select Risk Status --",{"$nulls":3},{"$f":"IF(ISBLANK(RiskRegister[[#This Row],[Risk Due Date]]), \"Missing Risk Due Date\", IF(RiskRegister[[#This Row],[Risk Due Date]] < TODAY(), \"Overdue\", \"Not Overdue\"))","v":"Missing Risk Due Date"},null,{"$f":"IF(ISBLANK(RiskRegister[[#This Row],[Risk Due Date]]), \"Missing Risk Due Date\", TEXT(RiskRegister[[#This Row],[Risk Due Date]], \"YYYY-MM\"))","v":"Missing Risk Due Date"},{"$f":"IF(RiskRegister[[#This Row],[Created Date]]=\"\",\"Created Date missing\",(TEXT(RiskRegister[[#This Row],[Created Date]],\"mmm\") & \"-\" & YEAR(RiskRegister[[#This Row],[Created Date]])))","v":"Created Date missing"},{"$f":"IF(RiskRegister[[#This Row],[Risk Status]]=\"Closed\",RiskRegister[[#This Row],[Risk Close Date]],RiskRegister[[#This Row],[Risk Due Date]])","v":"00:00:00"},{"$f":"IF(RiskRegister[[#This Row],[Risk-Change-Date]]=0,DATE(2030,1,1),RiskRegister[[#This Row],[Risk-Change-Date]])","v":"2030-01-01"},{"$f":"RiskRegister[[#This Row],[Inherent Impact Level]]&\"-\"&RiskRegister[[#This Row],[Inherent Likelihood Level]]","v":"-- Select Impact ----- Select Likelihood --"},{"$f":"RiskRegister[[#This Row],[Residual Impact Level]]&\"-\"&RiskRegister[[#This Row],[Residual Likelihood Level]]","v":"-- Select Impact ----- Select Likelihood --"},"Error",{"$f":"IF(RiskRegister[[#This Row],[Risk Status]]=\"Closed\",RiskRegister[[#This Row],[Residual Impact Level]],RiskRegister[[#This Row],[Inherent Impact Level]])","v":"-- Select Impact --"},{"$f":"IF(RiskRegister[[#This Row],[Risk Status]]=\"Closed\",RiskRegister[[#This Row],[Residual Likelihood Level]],RiskRegister[[#This Row],[Inherent Likelihood Level]])","v":"-- Select Likelihood --"},{"$f":"IF(RiskRegister[[#This Row],[Risk Status]]=\"Closed\",RiskRegister[[#This Row],[Residual-I-L-Combo]],RiskRegister[[#This Row],[Inherent-I-L-Combo]])","v":"-- Select Impact ----- Select Likelihood --"},"-- Error --"]
[350,{"$nulls":5},"-- Select Risk Category --",null,"-- select department --",null,null,"-- Select Impact --",{"$f":"VLOOKUP(RiskRegister[[#This Row],[Inherent Impact Level]],'Rating factors'!$F$4:$G$9,2,FALSE)","v":"--- Error ---"},"-- Select Likelihood --",{"$f":"VLOOKUP(RiskRegister[[#This Row],[Inherent Likelihood Level]],'Rating factors'!$F$16:$G$21,2,FALSE)","v":"--- Error ---"},{"$f":"IFERROR(VLOOKUP(RiskRegister[[#This Row],[Inherent Risk Rating]],'Rating factors'!$F$30:$G$44,2,FALSE),\"-- Error --\")","v":"-- Error --"},{"$f":"IFERROR(RiskRegister[[#This Row],[Inherent Impact Rating]]*RiskRegister[[#This Row],[Inherent Likelihood Rating]],\"-- Error --\")","v":"-- Error --"},"-- Select Risk Response --",null,"-- Select Impact --",{"$f":"VLOOKUP(RiskRegister[[#This Row],[Residual Impact Level]],'Rating factors'!$F$4:$G$9,2,FALSE)","v":"--- Error ---"},"-- Select Likelihood --",{"$f":"VLOOKUP(RiskRegister[[#This Row],[Residual Likelihood Level]],'Rating factors'!$F$16:$G$21,2,FALSE)","v":"--- Error ---"},{"$f":"IFERROR(VLOOKUP(RiskRegister[[#This Row],[Residual Risk Rating]],'Rating factors'!$F$30:$G$44,2,FALSE),\"-- Error --\")","v":"-- Error --"},{"$f":"IFERROR(RiskRegister[[#This Row],[Residual Impact Rating]]*RiskRegister[[#This Row],[Residual Likelihood Rating]],\"-- Error --\")","v":"-- Error --"},"-- Select Risk Status --",{"$nulls":3},{"$f":"IF(ISBLANK(RiskRegister[[#This Row],[Risk Due Date]]), \"Missing Risk Due Date\", IF(RiskRegister[[#This Row],[Risk Due Date]] < TODAY(), \"Overdue\", \"Not Overdue\"))","v":"Missing Risk Due Date"},null,{"$f":"IF(ISBLANK(RiskRegister[[#This Row],[Risk Due Date]]), \"Missing Risk Due Date\", TEXT(RiskRegister[[#This Row],[Risk Due Date]], \"YYYY-MM\"))","v":"Missing Risk Due Date"},{"$f":"IF(RiskRegister[[#This Row],[Created Date]]=\"\",\"Created Date missing\",(TEXT(RiskRegister[[#This Row],[Created Date]],\"mmm\") & \"-\" & YEAR(RiskRegister[[#This Row],[Created Date]])))","v":"Created Date missing"},{"$f":"IF(RiskRegister[[#This Row],[Risk Status]]=\"Closed\",RiskRegister[[#This Row],[Risk Close Date]],RiskRegister[[#This Row],[Risk Due Date]])","v":"00:00:00"},{"$f":"IF(RiskRegister[[#This Row],[Risk-Change-Date]]=0,DATE(2030,1,1),RiskRegister[[#This Row],[Risk-Change-Date]])","v":"2030-01-01"},{"$f":"RiskRegister[[#This Row],[Inherent Impact Level]]&\"-\"&RiskRegister[[#This Row],[Inherent Likelihood Level]]","v":"-- Select Impact ----- Select Likelihood --"},{"$f":"RiskRegister[[#This Row],[Residual Impact Level]]&\"-\"&RiskRegister[[#This Row],[Residual Likelihood Level]]","v":"-- Select Impact ----- Select Likelihood --"},"Error",{"$f":"IF(RiskRegister[[#This Row],[Risk Status]]=\"Closed\",RiskRegister[[#This Row],[Residual Impact Level]],RiskRegister[[#This Row],[Inherent Impact Level]])","v":"-- Select Impact --"},{"$f":"IF(RiskRegister[[#This Row],[Risk Status]]=\"Closed\",RiskRegister[[#This Row],[Residual Likelihood Level]],RiskRegister[[#This Row],[Inherent Likelihood Level]])","v":"-- Select Likelihood --"},{"$f":"IF(RiskRegister[[#This Row],[Risk Status]]=\"Closed\",RiskRegister[[#This Row],[Residual-I-L-Combo]],RiskRegister[[#This Row],[Inherent-I-L-Combo]])","v":"-- Select Impact ----- Select Likelihood --"},"-- Error --"]
[351,{"$nulls":5},"-- Select Risk Category --",null,"-- select department --",null,null,"-- Select Impact --",{"$f":"VLOOKUP(RiskRegister[[#This Row],[Inherent Impact Level]],'Rating factors'!$F$4:$G$9,2,FALSE)","v":"--- Error ---"},"-- Select Likelihood --",{"$f":"VLOOKUP(RiskRegister[[#This Row],[Inherent Likelihood Level]],'Rating factors'!$F$16:$G$21,2,FALSE)","v":"--- Error ---"},{"$f":"IFERROR(VLOOKUP(RiskRegister[[#This Row],[Inherent Risk Rating]],'Rating factors'!$F$30:$G$44,2,FALSE),\"-- Error --\")","v":"-- Error --"},{"$f":"IFERROR(RiskRegister[[#This Row],[Inherent Impact Rating]]*RiskRegister[[#This Row],[Inherent Likelihood Rating]],\"-- Error --\")","v":"-- Error --"},"-- Select Risk Response --",null,"-- Select Impact --",{"$f":"VLOOKUP(RiskRegister[[#This Row],[Residual Impact Level]],'Rating factors'!$F$4:$G$9,2,FALSE)","v":"--- Error ---"},"-- Select Likelihood --",{"$f":"VLOOKUP(RiskRegister[[#This Row],[Residual Likelihood Level]],'Rating factors'!$F$16:$G$21,2,FALSE)","v":"--- Error ---"},{"$f":"IFERROR(VLOOKUP(RiskRegister[[#This Row],[Residual Risk Rating]],'Rating factors'!$F$30:$G$44,2,FALSE),\"-- Error --\")","v":"-- Error --"},{"$f":"IFERROR(RiskRegister[[#This Row],[Residual Impact Rating]]*RiskRegister[[#This Row],[Residual Likelihood Rating]],\"-- Error --\")","v":"-- Error --"},"-- Select Risk Status --",{"$nulls":3},{"$f":"IF(ISBLANK(RiskRegister[[#This Row],[Risk Due Date]]), \"Missing Risk Due Date\", IF(RiskRegister[[#This Row],[Risk Due Date]] < TODAY(), \"Overdue\", \"Not Overdue\"))","v":"Missing Risk Due Date"},null,{"$f":"IF(ISBLANK(RiskRegister[[#This Row],[Risk Due Date]]), \"Missing Risk Due Date\", TEXT(RiskRegister[[#This Row],[Risk Due Date]], \"YYYY-MM\"))","v":"Missing Risk Due Date"},{"$f":"IF(RiskRegister[[#This Row],[Created Date]]=\"\",\"Created Date missing\",(TEXT(RiskRegister[[#This Row],[Created Date]],\"mmm\") & \"-\" & YEAR(RiskRegister[[#This Row],[Created Date]])))","v":"Created Date missing"},{"$f":"IF(RiskRegister[[#This Row],[Risk Status]]=\"Closed\",RiskRegister[[#This Row],[Risk Close Date]],RiskRegister[[#This Row],[Risk Due Date]])","v":"00:00:00"},{"$f":"IF(RiskRegister[[#This Row],[Risk-Change-Date]]=0,DATE(2030,1,1),RiskRegister[[#This Row],[Risk-Change-Date]])","v":"2030-01-01"},{"$f":"RiskRegister[[#This Row],[Inherent Impact Level]]&\"-\"&RiskRegister[[#This Row],[Inherent Likelihood Level]]","v":"-- Select Impact ----- Select Likelihood --"},{"$f":"RiskRegister[[#This Row],[Residual Impact Level]]&\"-\"&RiskRegister[[#This Row],[Residual Likelihood Level]]","v":"-- Select Impact ----- Select Likelihood --"},"Error",{"$f":"IF(RiskRegister[[#This Row],[Risk Status]]=\"Closed\",RiskRegister[[#This Row],[Residual Impact Level]],RiskRegister[[#This Row],[Inherent Impact Level]])","v":"-- Select Impact --"},{"$f":"IF(RiskRegister[[#This Row],[Risk Status]]=\"Closed\",RiskRegister[[#This Row],[Residual Likelihood Level]],RiskRegister[[#This Row],[Inherent Likelihood Level]])","v":"-- Select Likelihood --"},{"$f":"IF(RiskRegister[[#This Row],[Risk Status]]=\"Closed\",RiskRegister[[#This Row],[Residual-I-L-Combo]],RiskRegister[[#This Row],[Inherent-I-L-Combo]])","v":"-- Select Impact ----- Select Likelihood --"},"-- Error --"]
[352,{"$nulls":5},"-- Select Risk Category --",null,"-- select department --",null,null,"-- Select Impact --",{"$f":"VLOOKUP(RiskRegister[[#This Row],[Inherent Impact Level]],'Rating factors'!$F$4:$G$9,2,FALSE)","v":"--- Error ---"},"-- Select Likelihood --",{"$f":"VLOOKUP(RiskRegister[[#This Row],[Inherent Likelihood Level]],'Rating factors'!$F$16:$G$21,2,FALSE)","v":"--- Error ---"},{"$f":"IFERROR(VLOOKUP(RiskRegister[[#This Row],[Inherent Risk Rating]],'Rating factors'!$F$30:$G$44,2,FALSE),\"-- Error --\")","v":"-- Error --"},{"$f":"IFERROR(RiskRegister[[#This Row],[Inherent Impact Rating]]*RiskRegister[[#This Row],[Inherent Likelihood Rating]],\"-- Error --\")","v":"-- Error --"},"-- Select Risk Response --",null,"-- Select Impact --",{"$f":"VLOOKUP(RiskRegister[[#This Row],[Residual Impact Level]],'Rating factors'!$F$4:$G$9,2,FALSE)","v":"--- Error ---"},"-- Select Likelihood --",{"$f":"VLOOKUP(RiskRegister[[#This Row],[Residual Likelihood Level]],'Rating factors'!$F$16:$G$21,2,FALSE)","v":"--- Error ---"},{"$f":"IFERROR(VLOOKUP(RiskRegister[[#This Row],[Residual Risk Rating]],'Rating factors'!$F$30:$G$44,2,FALSE),\"-- Error --\")","v":"-- Error --"},{"$f":"IFERROR(RiskRegister[[#This Row],[Residual Impact Rating]]*RiskRegister[[#This Row],[Residual Likelihood Rating]],\"-- Error --\")","v":"-- Error --"},"-- Select Risk Status --",{"$nulls":3},{"$f":"IF(ISBLANK(RiskRegister[[#This Row],[Risk Due Date]]), \"Missing Risk Due Date\", IF(RiskRegister[[#This Row],[Risk Due Date]] < TODAY(), \"Overdue\", \"Not Overdue\"))","v":"Missing Risk Due Date"},null,{"$f":"IF(ISBLANK(RiskRegister[[#This Row],[Risk Due Date]]), \"Missing Risk Due Date\", TEXT(RiskRegister[[#This Row],[Risk Due Date]], \"YYYY-MM\"))","v":"Missing Risk Due Date"},{"$f":"IF(RiskRegister[[#This Row],[Created Date]]=\"\",\"Created Date missing\",(TEXT(RiskRegister[[#This Row],[Created Date]],\"mmm\") & \"-\" & YEAR(RiskRegister[[#This Row],[Created Date]])))","v":"Created Date missing"},{"$f":"IF(RiskRegister[[#This Row],[Risk Status]]=\"Closed\",RiskRegister[[#This Row],[Risk Close Date]],RiskRegister[[#This Row],[Risk Due Date]])","v":"00:00:00"},{"$f":"IF(RiskRegister[[#This Row],[Risk-Change-Date]]=0,DATE(2030,1,1),RiskRegister[[#This Row],[Risk-Change-Date]])","v":"2030-01-01"},{"$f":"RiskRegister[[#This Row],[Inherent Impact Level]]&\"-\"&RiskRegister[[#This Row],[Inherent Likelihood Level]]","v":"-- Select Impact ----- Select Likelihood --"},{"$f":"RiskRegister[[#This Row],[Residual Impact Level]]&\"-\"&RiskRegister[[#This Row],[Residual Likelihood Level]]","v":"-- Select Impact ----- Select Likelihood --"},"Error",{"$f":"IF(RiskRegister[[#This Row],[Risk Status]]=\"Closed\",RiskRegister[[#This Row],[Residual Impact Level]],RiskRegister[[#This Row],[Inherent Impact Level]])","v":"-- Select Impact --"},{"$f":"IF(RiskRegister[[#This Row],[Risk Status]]=\"Closed\",RiskRegister[[#This Row],[Residual Likelihood Level]],RiskRegister[[#This Row],[Inherent Likelihood Level]])","v":"-- Select Likelihood --"},{"$f":"IF(RiskRegister[[#This Row],[Risk Status]]=\"Closed\",RiskRegister[[#This Row],[Residual-I-L-Combo]],RiskRegister[[#This Row],[Inherent-I-L-Combo]])","v":"-- Select Impact ----- Select Likelihood --"},"-- Error --"]
[353,{"$nulls":5},"-- Select Risk Category --",null,"-- select department --",null,null,"-- Select Impact --",{"$f":"VLOOKUP(RiskRegister[[#This Row],[Inherent Impact Level]],'Rating factors'!$F$4:$G$9,2,FALSE)","v":"--- Error ---"},"-- Select Likelihood --",{"$f":"VLOOKUP(RiskRegister[[#This Row],[Inherent Likelihood Level]],'Rating factors'!$F$16:$G$21,2,FALSE)","v":"--- Error ---"},{"$f":"IFERROR(VLOOKUP(RiskRegister[[#This Row],[Inherent Risk Rating]],'Rating factors'!$F$30:$G$44,2,FALSE),\"-- Error --\")","v":"-- Error --"},{"$f":"IFERROR(RiskRegister[[#This Row],[Inherent Impact Rating]]*RiskRegister[[#This Row],[Inherent Likelihood Rating]],\"-- Error --\")","v":"-- Error --"},"-- Select Risk Response --",null,"-- Select Impact --",{"$f":"VLOOKUP(RiskRegister[[#This Row],[Residual Impact Level]],'Rating factors'!$F$4:$G$9,2,FALSE)","v":"--- Error ---"},"-- Select Likelihood --",{"$f":"VLOOKUP(RiskRegister[[#This Row],[Residual Likelihood Level]],'Rating factors'!$F$16:$G$21,2,FALSE)","v":"--- Error ---"},{"$f":"IFERROR(VLOOKUP(RiskRegister[[#This Row],[Residual Risk Rating]],'Rating factors'!$F$30:$G$44,2,FALSE),\"-- Error --\")","v":"-- Error --"},{"$f":"IFERROR(RiskRegister[[#This Row],[Residual Impact Rating]]*RiskRegister[[#This Row],[Residual Likelihood Rating]],\"-- Error --\")","v":"-- Error --"},"-- Select Risk Status --",{"$nulls":3},{"$f":"IF(ISBLANK(RiskRegister[[#This Row],[Risk Due Date]]), \"Missing Risk Due Date\", IF(RiskRegister[[#This Row],[Risk Due Date]] < TODAY(), \"Overdue\", \"Not Overdue\"))","v":"Missing Risk Due Date"},null,{"$f":"IF(ISBLANK(RiskRegister[[#This Row],[Risk Due Date]]), \"Missing Risk Due Date\", TEXT(RiskRegister[[#This Row],[Risk Due Date]], \"YYYY-MM\"))","v":"Missing Risk Due Date"},{"$f":"IF(RiskRegister[[#This Row],[Created Date]]=\"\",\"Created Date missing\",(TEXT(RiskRegister[[#This Row],[Created Date]],\"mmm\") & \"-\" & YEAR(RiskRegister[[#This Row],[Created Date]])))","v":"Created Date missing"},{"$f":"IF(RiskRegister[[#This Row],[Risk Status]]=\"Closed\",RiskRegister[[#This Row],[Risk Close Date]],RiskRegister[[#This Row],[Risk Due Date]])","v":"00:00:00"},{"$f":"IF(RiskRegister[[#This Row],[Risk-Change-Date]]=0,DATE(2030,1,1),RiskRegister[[#This Row],[Risk-Change-Date]])","v":"2030-01-01"},{"$f":"RiskRegister[[#This Row],[Inherent Impact Level]]&\"-\"&RiskRegister[[#This Row],[Inherent Likelihood Level]]","v":"-- Select Impact ----- Select Likelihood --"},{"$f":"RiskRegister[[#This Row],[Residual Impact Level]]&\"-\"&RiskRegister[[#This Row],[Residual Likelihood Level]]","v":"-- Select Impact ----- Select Likelihood --"},"Error",{"$f":"IF(RiskRegister[[#This Row],[Risk Status]]=\"Closed\",RiskRegister[[#This Row],[Residual Impact Level]],RiskRegister[[#This Row],[Inherent Impact Level]])","v":"-- Select Impact --"},{"$f":"IF(RiskRegister[[#This Row],[Risk Status]]=\"Closed\",RiskRegister[[#This Row],[Residual Likelihood Level]],RiskRegister[[#This Row],[Inherent Likelihood Level]])","v":"-- Select Likelihood --"},{"$f":"IF(RiskRegister[[#This Row],[Risk Status]]=\"Closed\",RiskRegister[[#This Row],[Residual-I-L-Combo]],RiskRegister[[#This Row],[Inherent-I-L-Combo]])","v":"-- Select Impact ----- Select Likelihood --"},"-- Error --"]
[354,{"$nulls":5},"-- Select Risk Category --",null,"-- select department --",null,null,"-- Select Impact --",{"$f":"VLOOKUP(RiskRegister[[#This Row],[Inherent Impact Level]],'Rating factors'!$F$4:$G$9,2,FALSE)","v":"--- Error ---"},"-- Select Likelihood --",{"$f":"VLOOKUP(RiskRegister[[#This Row],[Inherent Likelihood Level]],'Rating factors'!$F$16:$G$21,2,FALSE)","v":"--- Error ---"},{"$f":"IFERROR(VLOOKUP(RiskRegister[[#This Row],[Inherent Risk Rating]],'Rating factors'!$F$30:$G$44,2,FALSE),\"-- Error --\")","v":"-- Error --"},{"$f":"IFERROR(RiskRegister[[#This Row],[Inherent Impact Rating]]*RiskRegister[[#This Row],[Inherent Likelihood Rating]],\"-- Error --\")","v":"-- Error --"},"-- Select Risk Response --",null,"-- Select Impact --",{"$f":"VLOOKUP(RiskRegister[[#This Row],[Residual Impact Level]],'Rating factors'!$F$4:$G$9,2,FALSE)","v":"--- Error ---"},"-- Select Likelihood --",{"$f":"VLOOKUP(RiskRegister[[#This Row],[Residual Likelihood Level]],'Rating factors'!$F$16:$G$21,2,FALSE)","v":"--- Error ---"},{"$f":"IFERROR(VLOOKUP(RiskRegister[[#This Row],[Residual Risk Rating]],'Rating factors'!$F$30:$G$44,2,FALSE),\"-- Error --\")","v":"-- Error --"},{"$f":"IFERROR(RiskRegister[[#This Row],[Residual Impact Rating]]*RiskRegister[[#This Row],[Residual Likelihood Rating]],\"-- Error --\")","v":"-- Error --"},"-- Select Risk Status --",{"$nulls":3},{"$f":"IF(ISBLANK(RiskRegister[[#This Row],[Risk Due Date]]), \"Missing Risk Due Date\", IF(RiskRegister[[#This Row],[Risk Due Date]] < TODAY(), \"Overdue\", \"Not Overdue\"))","v":"Missing Risk Due Date"},null,{"$f":"IF(ISBLANK(RiskRegister[[#This Row],[Risk Due Date]]), \"Missing Risk Due Date\", TEXT(RiskRegister[[#This Row],[Risk Due Date]], \"YYYY-MM\"))","v":"Missing Risk Due Date"},{"$f":"IF(RiskRegister[[#This Row],[Created Date]]=\"\",\"Created Date missing\",(TEXT(RiskRegister[[#This Row],[Created Date]],\"mmm\") & \"-\" & YEAR(RiskRegister[[#This Row],[Created Date]])))","v":"Created Date missing"},{"$f":"IF(RiskRegister[[#This Row],[Risk Status]]=\"Closed\",RiskRegister[[#This Row],[Risk Close Date]],RiskRegister[[#This Row],[Risk Due Date]])","v":"00:00:00"},{"$f":"IF(RiskRegister[[#This Row],[Risk-Change-Date]]=0,DATE(2030,1,1),RiskRegister[[#This Row],[Risk-Change-Date]])","v":"2030-01-01"},{"$f":"RiskRegister[[#This Row],[Inherent Impact Level]]&\"-\"&RiskRegister[[#This Row],[Inherent Likelihood Level]]","v":"-- Select Impact ----- Select Likelihood --"},{"$f":"RiskRegister[[#This Row],[Residual Impact Level]]&\"-\"&RiskRegister[[#This Row],[Residual Likelihood Level]]","v":"-- Select Impact ----- Select Likelihood --"},"Error",{"$f":"IF(RiskRegister[[#This Row],[Risk Status]]=\"Closed\",RiskRegister[[#This Row],[Residual Impact Level]],RiskRegister[[#This Row],[Inherent Impact Level]])","v":"-- Select Impact --"},{"$f":"IF(RiskRegister[[#This Row],[Risk Status]]=\"Closed\",RiskRegister[[#This Row],[Residual Likelihood Level]],RiskRegister[[#This Row],[Inherent Likelihood Level]])","v":"-- Select Likelihood --"},{"$f":"IF(RiskRegister[[#This Row],[Risk Status]]=\"Closed\",RiskRegister[[#This Row],[Residual-I-L-Combo]],RiskRegister[[#This Row],[Inherent-I-L-Combo]])","v":"-- Select Impact ----- Select Likelihood --"},"-- Error --"]
[355,{"$nulls":5},"-- Select Risk Category --",null,"-- select department --",null,null,"-- Select Impact --",{"$f":"VLOOKUP(RiskRegister[[#This Row],[Inherent Impact Level]],'Rating factors'!$F$4:$G$9,2,FALSE)","v":"--- Error ---"},"-- Select Likelihood --",{"$f":"VLOOKUP(RiskRegister[[#This Row],[Inherent Likelihood Level]],'Rating factors'!$F$16:$G$21,2,FALSE)","v":"--- Error ---"},{"$f":"IFERROR(VLOOKUP(RiskRegister[[#This Row],[Inherent Risk Rating]],'Rating factors'!$F$30:$G$44,2,FALSE),\"-- Error --\")","v":"-- Error --"},{"$f":"IFERROR(RiskRegister[[#This Row],[Inherent Impact Rating]]*RiskRegister[[#This Row],[Inherent Likelihood Rating]],\"-- Error --\")","v":"-- Error --"},"-- Select Risk Response --",null,"-- Select Impact --",{"$f":"VLOOKUP(RiskRegister[[#This Row],[Residual Impact Level]],'Rating factors'!$F$4:$G$9,2,FALSE)","v":"--- Error ---"},"-- Select Likelihood --",{"$f":"VLOOKUP(RiskRegister[[#This Row],[Residual Likelihood Level]],'Rating factors'!$F$16:$G$21,2,FALSE)","v":"--- Error ---"},{"$f":"IFERROR(VLOOKUP(RiskRegister[[#This Row],[Residual Risk Rating]],'Rating factors'!$F$30:$G$44,2,FALSE),\"-- Error --\")","v":"-- Error --"},{"$f":"IFERROR(RiskRegister[[#This Row],[Residual Impact Rating]]*RiskRegister[[#This Row],[Residual Likelihood Rating]],\"-- Error --\")","v":"-- Error --"},"-- Select Risk Status --",{"$nulls":3},{"$f":"IF(ISBLANK(RiskRegister[[#This Row],[Risk Due Date]]), \"Missing Risk Due Date\", IF(RiskRegister[[#This Row],[Risk Due Date]] < TODAY(), \"Overdue\", \"Not Overdue\"))","v":"Missing Risk Due Date"},null,{"$f":"IF(ISBLANK(RiskRegister[[#This Row],[Risk Due Date]]), \"Missing Risk Due Date\", TEXT(RiskRegister[[#This Row],[Risk Due Date]], \"YYYY-MM\"))","v":"Missing Risk Due Date"},{"$f":"IF(RiskRegister[[#This Row],[Created Date]]=\"\",\"Created Date missing\",(TEXT(RiskRegister[[#This Row],[Created Date]],\"mmm\") & \"-\" & YEAR(RiskRegister[[#This Row],[Created Date]])))","v":"Created Date missing"},{"$f":"IF(RiskRegister[[#This Row],[Risk Status]]=\"Closed\",RiskRegister[[#This Row],[Risk Close Date]],RiskRegister[[#This Row],[Risk Due Date]])","v":"00:00:00"},{"$f":"IF(RiskRegister[[#This Row],[Risk-Change-Date]]=0,DATE(2030,1,1),RiskRegister[[#This Row],[Risk-Change-Date]])","v":"2030-01-01"},{"$f":"RiskRegister[[#This Row],[Inherent Impact Level]]&\"-\"&RiskRegister[[#This Row],[Inherent Likelihood Level]]","v":"-- Select Impact ----- Select Likelihood --"},{"$f":"RiskRegister[[#This Row],[Residual Impact Level]]&\"-\"&RiskRegister[[#This Row],[Residual Likelihood Level]]","v":"-- Select Impact ----- Select Likelihood --"},"Error",{"$f":"IF(RiskRegister[[#This Row],[Risk Status]]=\"Closed\",RiskRegister[[#This Row],[Residual Impact Level]],RiskRegister[[#This Row],[Inherent Impact Level]])","v":"-- Select Impact --"},{"$f":"IF(RiskRegister[[#This Row],[Risk Status]]=\"Closed\",RiskRegister[[#This Row],[Residual Likelihood Level]],RiskRegister[[#This Row],[Inherent Likelihood Level]])","v":"-- Select Likelihood --"},{"$f":"IF(RiskRegister[[#This Row],[Risk Status]]=\"Closed\",RiskRegister[[#This Row],[Residual-I-L-Combo]],RiskRegister[[#This Row],[Inherent-I-L-Combo]])","v":"-- Select Impact ----- Select Likelihood --"},"-- Error --"]
[356,{"$nulls":5},"-- Select Risk Category --",null,"-- select department --",null,null,"-- Select Impact --",{"$f":"VLOOKUP(RiskRegister[[#This Row],[Inherent Impact Level]],'Rating factors'!$F$4:$G$9,2,FALSE)","v":"--- Error ---"},"-- Select Likelihood --",{"$f":"VLOOKUP(RiskRegister[[#This Row],[Inherent Likelihood Level]],'Rating factors'!$F$16:$G$21,2,FALSE)","v":"--- Error ---"},{"$f":"IFERROR(VLOOKUP(RiskRegister[[#This Row],[Inherent Risk Rating]],'Rating factors'!$F$30:$G$44,2,FALSE),\"-- Error --\")","v":"-- Error --"},{"$f":"IFERROR(RiskRegister[[#This Row],[Inherent Impact Rating]]*RiskRegister[[#This Row],[Inherent Likelihood Rating]],\"-- Error --\")","v":"-- Error --"},"-- Select Risk Response --",null,"-- Select Impact --",{"$f":"VLOOKUP(RiskRegister[[#This Row],[Residual Impact Level]],'Rating factors'!$F$4:$G$9,2,FALSE)","v":"--- Error ---"},"-- Select Likelihood --",{"$f":"VLOOKUP(RiskRegister[[#This Row],[Residual Likelihood Level]],'Rating factors'!$F$16:$G$21,2,FALSE)","v":"--- Error ---"},{"$f":"IFERROR(VLOOKUP(RiskRegister[[#This Row],[Residual Risk Rating]],'Rating factors'!$F$30:$G$44,2,FALSE),\"-- Error --\")","v":"-- Error --"},{"$f":"IFERROR(RiskRegister[[#This Row],[Residual Impact Rating]]*RiskRegister[[#This Row],[Residual Likelihood Rating]],\"-- Error --\")","v":"-- Error --"},"-- Select Risk Status --",{"$nulls":3},{"$f":"IF(ISBLANK(RiskRegister[[#This Row],[Risk Due Date]]), \"Missing Risk Due Date\", IF(RiskRegister[[#This Row],[Risk Due Date]] < TODAY(), \"Overdue\", \"Not Overdue\"))","v":"Missing Risk Due Date"},null,{"$f":"IF(ISBLANK(RiskRegister[[#This Row],[Risk Due Date]]), \"Missing Risk Due Date\", TEXT(RiskRegister[[#This Row],[Risk Due Date]], \"YYYY-MM\"))","v":"Missing Risk Due Date"},{"$f":"IF(RiskRegister[[#This Row],[Created Date]]=\"\",\"Created Date missing\",(TEXT(RiskRegister[[#This Row],[Created Date]],\"mmm\") & \"-\" & YEAR(RiskRegister[[#This Row],[Created Date]])))","v":"Created Date missing"},{"$f":"IF(RiskRegister[[#This Row],[Risk Status]]=\"Closed\",RiskRegister[[#This Row],[Risk Close Date]],RiskRegister[[#This Row],[Risk Due Date]])","v":"00:00:00"},{"$f":"IF(RiskRegister[[#This Row],[Risk-Change-Date]]=0,DATE(2030,1,1),RiskRegister[[#This Row],[Risk-Change-Date]])","v":"2030-01-01"},{"$f":"RiskRegister[[#This Row],[Inherent Impact Level]]&\"-\"&RiskRegister[[#This Row],[Inherent Likelihood Level]]","v":"-- Select Impact ----- Select Likelihood --"},{"$f":"RiskRegister[[#This Row],[Residual Impact Level]]&\"-\"&RiskRegister[[#This Row],[Residual Likelihood Level]]","v":"-- Select Impact ----- Select Likelihood --"},"Error",{"$f":"IF(RiskRegister[[#This Row],[Risk Status]]=\"Closed\",RiskRegister[[#This Row],[Residual Impact Level]],RiskRegister[[#This Row],[Inherent Impact Level]])","v":"-- Select Impact --"},{"$f":"IF(RiskRegister[[#This Row],[Risk Status]]=\"Closed\",RiskRegister[[#This Row],[Residual Likelihood Level]],RiskRegister[[#This Row],[Inherent Likelihood Level]])","v":"-- Select Likelihood --"},{"$f":"IF(RiskRegister[[#This Row],[Risk Status]]=\"Closed\",RiskRegister[[#This Row],[Residual-I-L-Combo]],RiskRegister[[#This Row],[Inherent-I-L-Combo]])","v":"-- Select Impact ----- Select Likelihood --"},"-- Error --"]
[357,{"$nulls":5},"-- Select Risk Category --",null,"-- select department --",null,null,"-- Select Impact --",{"$f":"VLOOKUP(RiskRegister[[#This Row],[Inherent Impact Level]],'Rating factors'!$F$4:$G$9,2,FALSE)","v":"--- Error ---"},"-- Select Likelihood --",{"$f":"VLOOKUP(RiskRegister[[#This Row],[Inherent Likelihood Level]],'Rating factors'!$F$16:$G$21,2,FALSE)","v":"--- Error ---"},{"$f":"IFERROR(VLOOKUP(RiskRegister[[#This Row],[Inherent Risk Rating]],'Rating factors'!$F$30:$G$44,2,FALSE),\"-- Error --\")","v":"-- Error --"},{"$f":"IFERROR(RiskRegister[[#This Row],[Inherent Impact Rating]]*RiskRegister[[#This Row],[Inherent Likelihood Rating]],\"-- Error --\")","v":"-- Error --"},"-- Select Risk Response --",null,"-- Select Impact --",{"$f":"VLOOKUP(RiskRegister[[#This Row],[Residual Impact Level]],'Rating factors'!$F$4:$G$9,2,FALSE)","v":"--- Error ---"},"-- Select Likelihood --",{"$f":"VLOOKUP(RiskRegister[[#This Row],[Residual Likelihood Level]],'Rating factors'!$F$16:$G$21,2,FALSE)","v":"--- Error ---"},{"$f":"IFERROR(VLOOKUP(RiskRegister[[#This Row],[Residual Risk Rating]],'Rating factors'!$F$30:$G$44,2,FALSE),\"-- Error --\")","v":"-- Error --"},{"$f":"IFERROR(RiskRegister[[#This Row],[Residual Impact Rating]]*RiskRegister[[#This Row],[Residual Likelihood Rating]],\"-- Error --\")","v":"-- Error --"},"-- Select Risk Status --",{"$nulls":3},{"$f":"IF(ISBLANK(RiskRegister[[#This Row],[Risk Due Date]]), \"Missing Risk Due Date\", IF(RiskRegister[[#This Row],[Risk Due Date]] < TODAY(), \"Overdue\", \"Not Overdue\"))","v":"Missing Risk Due Date"},null,{"$f":"IF(ISBLANK(RiskRegister[[#This Row],[Risk Due Date]]), \"Missing Risk Due Date\", TEXT(RiskRegister[[#This Row],[Risk Due Date]], \"YYYY-MM\"))","v":"Missing Risk Due Date"},{"$f":"IF(RiskRegister[[#This Row],[Created Date]]=\"\",\"Created Date missing\",(TEXT(RiskRegister[[#This Row],[Created Date]],\"mmm\") & \"-\" & YEAR(RiskRegister[[#This Row],[Created Date]])))","v":"Created Date missing"},{"$f":"IF(RiskRegister[[#This Row],[Risk Status]]=\"Closed\",RiskRegister[[#This Row],[Risk Close Date]],RiskRegister[[#This Row],[Risk Due Date]])","v":"00:00:00"},{"$f":"IF(RiskRegister[[#This Row],[Risk-Change-Date]]=0,DATE(2030,1,1),RiskRegister[[#This Row],[Risk-Change-Date]])","v":"2030-01-01"},{"$f":"RiskRegister[[#This Row],[Inherent Impact Level]]&\"-\"&RiskRegister[[#This Row],[Inherent Likelihood Level]]","v":"-- Select Impact ----- Select Likelihood --"},{"$f":"RiskRegister[[#This Row],[Residual Impact Level]]&\"-\"&RiskRegister[[#This Row],[Residual Likelihood Level]]","v":"-- Select Impact ----- Select Likelihood --"},"Error",{"$f":"IF(RiskRegister[[#This Row],[Risk Status]]=\"Closed\",RiskRegister[[#This Row],[Residual Impact Level]],RiskRegister[[#This Row],[Inherent Impact Level]])","v":"-- Select Impact --"},{"$f":"IF(RiskRegister[[#This Row],[Risk Status]]=\"Closed\",RiskRegister[[#This Row],[Residual Likelihood Level]],RiskRegister[[#This Row],[Inherent Likelihood Level]])","v":"-- Select Likelihood --"},{"$f":"IF(RiskRegister[[#This Row],[Risk Status]]=\"Closed\",RiskRegister[[#This Row],[Residual-I-L-Combo]],RiskRegister[[#This Row],[Inherent-I-L-Combo]])","v":"-- Select Impact ----- Select Likelihood --"},"-- Error --"]
[358,{"$nulls":5},"-- Select Risk Category --",null,"-- select department --",null,null,"-- Select Impact --",{"$f":"VLOOKUP(RiskRegister[[#This Row],[Inherent Impact Level]],'Rating factors'!$F$4:$G$9,2,FALSE)","v":"--- Error ---"},"-- Select Likelihood --",{"$f":"VLOOKUP(RiskRegister[[#This Row],[Inherent Likelihood Level]],'Rating factors'!$F$16:$G$21,2,FALSE)","v":"--- Error ---"},{"$f":"IFERROR(VLOOKUP(RiskRegister[[#This Row],[Inherent Risk Rating]],'Rating factors'!$F$30:$G$44,2,FALSE),\"-- Error --\")","v":"-- Error --"},{"$f":"IFERROR(RiskRegister[[#This Row],[Inherent Impact Rating]]*RiskRegister[[#This Row],[Inherent Likelihood Rating]],\"-- Error --\")","v":"-- Error --"},"-- Select Risk Response --",null,"-- Select Impact --",{"$f":"VLOOKUP(RiskRegister[[#This Row],[Residual Impact Level]],'Rating factors'!$F$4:$G$9,2,FALSE)","v":"--- Error ---"},"-- Select Likelihood --",{"$f":"VLOOKUP(RiskRegister[[#This Row],[Residual Likelihood Level]],'Rating factors'!$F$16:$G$21,2,FALSE)","v":"--- Error ---"},{"$f":"IFERROR(VLOOKUP(RiskRegister[[#This Row],[Residual Risk Rating]],'Rating factors'!$F$30:$G$44,2,FALSE),\"-- Error --\")","v":"-- Error --"},{"$f":"IFERROR(RiskRegister[[#This Row],[Residual Impact Rating]]*RiskRegister[[#This Row],[Residual Likelihood Rating]],\"-- Error --\")","v":"-- Error --"},"-- Select Risk Status --",{"$nulls":3},{"$f":"IF(ISBLANK(RiskRegister[[#This Row],[Risk Due Date]]), \"Missing Risk Due Date\", IF(RiskRegister[[#This Row],[Risk Due Date]] < TODAY(), \"Overdue\", \"Not Overdue\"))","v":"Missing Risk Due Date"},null,{"$f":"IF(ISBLANK(RiskRegister[[#This Row],[Risk Due Date]]), \"Missing Risk Due Date\", TEXT(RiskRegister[[#This Row],[Risk Due Date]], \"YYYY-MM\"))","v":"Missing Risk Due Date"},{"$f":"IF(RiskRegister[[#This Row],[Created Date]]=\"\",\"Created Date missing\",(TEXT(RiskRegister[[#This Row],[Created Date]],\"mmm\") & \"-\" & YEAR(RiskRegister[[#This Row],[Created Date]])))","v":"Created Date missing"},{"$f":"IF(RiskRegister[[#This Row],[Risk Status]]=\"Closed\",RiskRegister[[#This Row],[Risk Close Date]],RiskRegister[[#This Row],[Risk Due Date]])","v":"00:00:00"},{"$f":"IF(RiskRegister[[#This Row],[Risk-Change-Date]]=0,DATE(2030,1,1),RiskRegister[[#This Row],[Risk-Change-Date]])","v":"2030-01-01"},{"$f":"RiskRegister[[#This Row],[Inherent Impact Level]]&\"-\"&RiskRegister[[#This Row],[Inherent Likelihood Level]]","v":"-- Select Impact ----- Select Likelihood --"},{"$f":"RiskRegister[[#This Row],[Residual Impact Level]]&\"-\"&RiskRegister[[#This Row],[Residual Likelihood Level]]","v":"-- Select Impact ----- Select Likelihood --"},"Error",{"$f":"IF(RiskRegister[[#This Row],[Risk Status]]=\"Closed\",RiskRegister[[#This Row],[Residual Impact Level]],RiskRegister[[#This Row],[Inherent Impact Level]])","v":"-- Select Impact --"},{"$f":"IF(RiskRegister[[#This Row],[Risk Status]]=\"Closed\",RiskRegister[[#This Row],[Residual Likelihood Level]],RiskRegister[[#This Row],[Inherent Likelihood Level]])","v":"-- Select Likelihood --"},{"$f":"IF(RiskRegister[[#This Row],[Risk Status]]=\"Closed\",RiskRegister[[#This Row],[Residual-I-L-Combo]],RiskRegister[[#This Row],[Inherent-I-L-Combo]])","v":"-- Select Impact ----- Select Likelihood --"},"-- Error --"]
[359,{"$nulls":5},"-- Select Risk Category --",null,"-- select department --",null,null,"-- Select Impact --",{"$f":"VLOOKUP(RiskRegister[[#This Row],[Inherent Impact Level]],'Rating factors'!$F$4:$G$9,2,FALSE)","v":"--- Error ---"},"-- Select Likelihood --",{"$f":"VLOOKUP(RiskRegister[[#This Row],[Inherent Likelihood Level]],'Rating factors'!$F$16:$G$21,2,FALSE)","v":"--- Error ---"},{"$f":"IFERROR(VLOOKUP(RiskRegister[[#This Row],[Inherent Risk Rating]],'Rating factors'!$F$30:$G$44,2,FALSE),\"-- Error --\")","v":"-- Error --"},{"$f":"IFERROR(RiskRegister[[#This Row],[Inherent Impact Rating]]*RiskRegister[[#This Row],[Inherent Likelihood Rating]],\"-- Error --\")","v":"-- Error --"},"-- Select Risk Response --",null,"-- Select Impact --",{"$f":"VLOOKUP(RiskRegister[[#This Row],[Residual Impact Level]],'Rating factors'!$F$4:$G$9,2,FALSE)","v":"--- Error ---"},"-- Select Likelihood --",{"$f":"VLOOKUP(RiskRegister[[#This Row],[Residual Likelihood Level]],'Rating factors'!$F$16:$G$21,2,FALSE)","v":"--- Error ---"},{"$f":"IFERROR(VLOOKUP(RiskRegister[[#This Row],[Residual Risk Rating]],'Rating factors'!$F$30:$G$44,2,FALSE),\"-- Error --\")","v":"-- Error --"},{"$f":"IFERROR(RiskRegister[[#This Row],[Residual Impact Rating]]*RiskRegister[[#This Row],[Residual Likelihood Rating]],\"-- Error --\")","v":"-- Error --"},"-- Select Risk Status --",{"$nulls":3},{"$f":"IF(ISBLANK(RiskRegister[[#This Row],[Risk Due Date]]), \"Missing Risk Due Date\", IF(RiskRegister[[#This Row],[Risk Due Date]] < TODAY(), \"Overdue\", \"Not Overdue\"))","v":"Missing Risk Due Date"},null,{"$f":"IF(ISBLANK(RiskRegister[[#This Row],[Risk Due Date]]), \"Missing Risk Due Date\", TEXT(RiskRegister[[#This Row],[Risk Due Date]], \"YYYY-MM\"))","v":"Missing Risk Due Date"},{"$f":"IF(RiskRegister[[#This Row],[Created Date]]=\"\",\"Created Date missing\",(TEXT(RiskRegister[[#This Row],[Created Date]],\"mmm\") & \"-\" & YEAR(RiskRegister[[#This Row],[Created Date]])))","v":"Created Date missing"},{"$f":"IF(RiskRegister[[#This Row],[Risk Status]]=\"Closed\",RiskRegister[[#This Row],[Risk Close Date]],RiskRegister[[#This Row],[Risk Due Date]])","v":"00:00:00"},{"$f":"IF(RiskRegister[[#This Row],[Risk-Change-Date]]=0,DATE(2030,1,1),RiskRegister[[#This Row],[Risk-Change-Date]])","v":"2030-01-01"},{"$f":"RiskRegister[[#This Row],[Inherent Impact Level]]&\"-\"&RiskRegister[[#This Row],[Inherent Likelihood Level]]","v":"-- Select Impact ----- Select Likelihood --"},{"$f":"RiskRegister[[#This Row],[Residual Impact Level]]&\"-\"&RiskRegister[[#This Row],[Residual Likelihood Level]]","v":"-- Select Impact ----- Select Likelihood --"},"Error",{"$f":"IF(RiskRegister[[#This Row],[Risk Status]]=\"Closed\",RiskRegister[[#This Row],[Residual Impact Level]],RiskRegister[[#This Row],[Inherent Impact Level]])","v":"-- Select Impact --"},{"$f":"IF(RiskRegister[[#This Row],[Risk Status]]=\"Closed\",RiskRegister[[#This Row],[Residual Likelihood Level]],RiskRegister[[#This Row],[Inherent Likelihood Level]])","v":"-- Select Likelihood --"},{"$f":"IF(RiskRegister[[#This Row],[Risk Status]]=\"Closed\",RiskRegister[[#This Row],[Residual-I-L-Combo]],RiskRegister[[#This Row],[Inherent-I-L-Combo]])","v":"-- Select Impact ----- Select Likelihood --"},"-- Error --"]
[360,{"$nulls":5},"-- Select Risk Category --",null,"-- select department --",null,null,"-- Select Impact --",{"$f":"VLOOKUP(RiskRegister[[#This Row],[Inherent Impact Level]],'Rating factors'!$F$4:$G$9,2,FALSE)","v":"--- Error ---"},"-- Select Likelihood --",{"$f":"VLOOKUP(RiskRegister[[#This Row],[Inherent Likelihood Level]],'Rating factors'!$F$16:$G$21,2,FALSE)","v":"--- Error ---"},{"$f":"IFERROR(VLOOKUP(RiskRegister[[#This Row],[Inherent Risk Rating]],'Rating factors'!$F$30:$G$44,2,FALSE),\"-- Error --\")","v":"-- Error --"},{"$f":"IFERROR(RiskRegister[[#This Row],[Inherent Impact Rating]]*RiskRegister[[#This Row],[Inherent Likelihood Rating]],\"-- Error --\")","v":"-- Error --"},"-- Select Risk Response --",null,"-- Select Impact --",{"$f":"VLOOKUP(RiskRegister[[#This Row],[Residual Impact Level]],'Rating factors'!$F$4:$G$9,2,FALSE)","v":"--- Error ---"},"-- Select Likelihood --",{"$f":"VLOOKUP(RiskRegister[[#This Row],[Residual Likelihood Level]],'Rating factors'!$F$16:$G$21,2,FALSE)","v":"--- Error ---"},{"$f":"IFERROR(VLOOKUP(RiskRegister[[#This Row],[Residual Risk Rating]],'Rating factors'!$F$30:$G$44,2,FALSE),\"-- Error --\")","v":"-- Error --"},{"$f":"IFERROR(RiskRegister[[#This Row],[Residual Impact Rating]]*RiskRegister[[#This Row],[Residual Likelihood Rating]],\"-- Error --\")","v":"-- Error --"},"-- Select Risk Status --",{"$nulls":3},{"$f":"IF(ISBLANK(RiskRegister[[#This Row],[Risk Due Date]]), \"Missing Risk Due Date\", IF(RiskRegister[[#This Row],[Risk Due Date]] < TODAY(), \"Overdue\", \"Not Overdue\"))","v":"Missing Risk Due Date"},null,{"$f":"IF(ISBLANK(RiskRegister[[#This Row],[Risk Due Date]]), \"Missing Risk Due Date\", TEXT(RiskRegister[[#This Row],[Risk Due Date]], \"YYYY-MM\"))","v":"Missing Risk Due Date"},{"$f":"IF(RiskRegister[[#This Row],[Created Date]]=\"\",\"Created Date missing\",(TEXT(RiskRegister[[#This Row],[Created Date]],\"mmm\") & \"-\" & YEAR(RiskRegister[[#This Row],[Created Date]])))","v":"Created Date missing"},{"$f":"IF(RiskRegister[[#This Row],[Risk Status]]=\"Closed\",RiskRegister[[#This Row],[Risk Close Date]],RiskRegister[[#This Row],[Risk Due Date]])","v":"00:00:00"},{"$f":"IF(RiskRegister[[#This Row],[Risk-Change-Date]]=0,DATE(2030,1,1),RiskRegister[[#This Row],[Risk-Change-Date]])","v":"2030-01-01"},{"$f":"RiskRegister[[#This Row],[Inherent Impact Level]]&\"-\"&RiskRegister[[#This Row],[Inherent Likelihood Level]]","v":"-- Select Impact ----- Select Likelihood --"},{"$f":"RiskRegister[[#This Row],[Residual Impact Level]]&\"-\"&RiskRegister[[#This Row],[Residual Likelihood Level]]","v":"-- Select Impact ----- Select Likelihood --"},"Error",{"$f":"IF(RiskRegister[[#This Row],[Risk Status]]=\"Closed\",RiskRegister[[#This Row],[Residual Impact Level]],RiskRegister[[#This Row],[Inherent Impact Level]])","v":"-- Select Impact --"},{"$f":"IF(RiskRegister[[#This Row],[Risk Status]]=\"Closed\",RiskRegister[[#This Row],[Residual Likelihood Level]],RiskRegister[[#This Row],[Inherent Likelihood Level]])","v":"-- Select Likelihood --"},{"$f":"IF(RiskRegister[[#This Row],[Risk Status]]=\"Closed\",RiskRegister[[#This Row],[Residual-I-L-Combo]],RiskRegister[[#This Row],[Inherent-I-L-Combo]])","v":"-- Select Impact ----- Select Likelihood --"},"-- Error --"]
[361,{"$nulls":5},"-- Select Risk Category --",null,"-- select department --",null,null,"-- Select Impact --",{"$f":"VLOOKUP(RiskRegister[[#This Row],[Inherent Impact Level]],'Rating factors'!$F$4:$G$9,2,FALSE)","v":"--- Error ---"},"-- Select Likelihood --",{"$f":"VLOOKUP(RiskRegister[[#This Row],[Inherent Likelihood Level]],'Rating factors'!$F$16:$G$21,2,FALSE)","v":"--- Error ---"},{"$f":"IFERROR(VLOOKUP(RiskRegister[[#This Row],[Inherent Risk Rating]],'Rating factors'!$F$30:$G$44,2,FALSE),\"-- Error --\")","v":"-- Error --"},{"$f":"IFERROR(RiskRegister[[#This Row],[Inherent Impact Rating]]*RiskRegister[[#This Row],[Inherent Likelihood Rating]],\"-- Error --\")","v":"-- Error --"},"-- Select Risk Response --",null,"-- Select Impact --",{"$f":"VLOOKUP(RiskRegister[[#This Row],[Residual Impact Level]],'Rating factors'!$F$4:$G$9,2,FALSE)","v":"--- Error ---"},"-- Select Likelihood --",{"$f":"VLOOKUP(RiskRegister[[#This Row],[Residual Likelihood Level]],'Rating factors'!$F$16:$G$21,2,FALSE)","v":"--- Error ---"},{"$f":"IFERROR(VLOOKUP(RiskRegister[[#This Row],[Residual Risk Rating]],'Rating factors'!$F$30:$G$44,2,FALSE),\"-- Error --\")","v":"-- Error --"},{"$f":"IFERROR(RiskRegister[[#This Row],[Residual Impact Rating]]*RiskRegister[[#This Row],[Residual Likelihood Rating]],\"-- Error --\")","v":"-- Error --"},"-- Select Risk Status --",{"$nulls":3},{"$f":"IF(ISBLANK(RiskRegister[[#This Row],[Risk Due Date]]), \"Missing Risk Due Date\", IF(RiskRegister[[#This Row],[Risk Due Date]] < TODAY(), \"Overdue\", \"Not Overdue\"))","v":"Missing Risk Due Date"},null,{"$f":"IF(ISBLANK(RiskRegister[[#This Row],[Risk Due Date]]), \"Missing Risk Due Date\", TEXT(RiskRegister[[#This Row],[Risk Due Date]], \"YYYY-MM\"))","v":"Missing Risk Due Date"},{"$f":"IF(RiskRegister[[#This Row],[Created Date]]=\"\",\"Created Date missing\",(TEXT(RiskRegister[[#This Row],[Created Date]],\"mmm\") & \"-\" & YEAR(RiskRegister[[#This Row],[Created Date]])))","v":"Created Date missing"},{"$f":"IF(RiskRegister[[#This Row],[Risk Status]]=\"Closed\",RiskRegister[[#This Row],[Risk Close Date]],RiskRegister[[#This Row],[Risk Due Date]])","v":"00:00:00"},{"$f":"IF(RiskRegister[[#This Row],[Risk-Change-Date]]=0,DATE(2030,1,1),RiskRegister[[#This Row],[Risk-Change-Date]])","v":"2030-01-01"},{"$f":"RiskRegister[[#This Row],[Inherent Impact Level]]&\"-\"&RiskRegister[[#This Row],[Inherent Likelihood Level]]","v":"-- Select Impact ----- Select Likelihood --"},{"$f":"RiskRegister[[#This Row],[Residual Impact Level]]&\"-\"&RiskRegister[[#This Row],[Residual Likelihood Level]]","v":"-- Select Impact ----- Select Likelihood --"},"Error",{"$f":"IF(RiskRegister[[#This Row],[Risk Status]]=\"Closed\",RiskRegister[[#This Row],[Residual Impact Level]],RiskRegister[[#This Row],[Inherent Impact Level]])","v":"-- Select Impact --"},{"$f":"IF(RiskRegister[[#This Row],[Risk Status]]=\"Closed\",RiskRegister[[#This Row],[Residual Likelihood Level]],RiskRegister[[#This Row],[Inherent Likelihood Level]])","v":"-- Select Likelihood --"},{"$f":"IF(RiskRegister[[#This Row],[Risk Status]]=\"Closed\",RiskRegister[[#This Row],[Residual-I-L-Combo]],RiskRegister[[#This Row],[Inherent-I-L-Combo]])","v":"-- Select Impact ----- Select Likelihood --"},"-- Error --"]
[362,{"$nulls":5},"-- Select Risk Category --",null,"-- select department --",null,null,"-- Select Impact --",{"$f":"VLOOKUP(RiskRegister[[#This Row],[Inherent Impact Level]],'Rating factors'!$F$4:$G$9,2,FALSE)","v":"--- Error ---"},"-- Select Likelihood --",{"$f":"VLOOKUP(RiskRegister[[#This Row],[Inherent Likelihood Level]],'Rating factors'!$F$16:$G$21,2,FALSE)","v":"--- Error ---"},{"$f":"IFERROR(VLOOKUP(RiskRegister[[#This Row],[Inherent Risk Rating]],'Rating factors'!$F$30:$G$44,2,FALSE),\"-- Error --\")","v":"-- Error --"},{"$f":"IFERROR(RiskRegister[[#This Row],[Inherent Impact Rating]]*RiskRegister[[#This Row],[Inherent Likelihood Rating]],\"-- Error --\")","v":"-- Error --"},"-- Select Risk Response --",null,"-- Select Impact --",{"$f":"VLOOKUP(RiskRegister[[#This Row],[Residual Impact Level]],'Rating factors'!$F$4:$G$9,2,FALSE)","v":"--- Error ---"},"-- Select Likelihood --",{"$f":"VLOOKUP(RiskRegister[[#This Row],[Residual Likelihood Level]],'Rating factors'!$F$16:$G$21,2,FALSE)","v":"--- Error ---"},{"$f":"IFERROR(VLOOKUP(RiskRegister[[#This Row],[Residual Risk Rating]],'Rating factors'!$F$30:$G$44,2,FALSE),\"-- Error --\")","v":"-- Error --"},{"$f":"IFERROR(RiskRegister[[#This Row],[Residual Impact Rating]]*RiskRegister[[#This Row],[Residual Likelihood Rating]],\"-- Error --\")","v":"-- Error --"},"-- Select Risk Status --",{"$nulls":3},{"$f":"IF(ISBLANK(RiskRegister[[#This Row],[Risk Due Date]]), \"Missing Risk Due Date\", IF(RiskRegister[[#This Row],[Risk Due Date]] < TODAY(), \"Overdue\", \"Not Overdue\"))","v":"Missing Risk Due Date"},null,{"$f":"IF(ISBLANK(RiskRegister[[#This Row],[Risk Due Date]]), \"Missing Risk Due Date\", TEXT(RiskRegister[[#This Row],[Risk Due Date]], \"YYYY-MM\"))","v":"Missing Risk Due Date"},{"$f":"IF(RiskRegister[[#This Row],[Created Date]]=\"\",\"Created Date missing\",(TEXT(RiskRegister[[#This Row],[Created Date]],\"mmm\") & \"-\" & YEAR(RiskRegister[[#This Row],[Created Date]])))","v":"Created Date missing"},{"$f":"IF(RiskRegister[[#This Row],[Risk Status]]=\"Closed\",RiskRegister[[#This Row],[Risk Close Date]],RiskRegister[[#This Row],[Risk Due Date]])","v":"00:00:00"},{"$f":"IF(RiskRegister[[#This Row],[Risk-Change-Date]]=0,DATE(2030,1,1),RiskRegister[[#This Row],[Risk-Change-Date]])","v":"2030-01-01"},{"$f":"RiskRegister[[#This Row],[Inherent Impact Level]]&\"-\"&RiskRegister[[#This Row],[Inherent Likelihood Level]]","v":"-- Select Impact ----- Select Likelihood --"},{"$f":"RiskRegister[[#This Row],[Residual Impact Level]]&\"-\"&RiskRegister[[#This Row],[Residual Likelihood Level]]","v":"-- Select Impact ----- Select Likelihood --"},"Error",{"$f":"IF(RiskRegister[[#This Row],[Risk Status]]=\"Closed\",RiskRegister[[#This Row],[Residual Impact Level]],RiskRegister[[#This Row],[Inherent Impact Level]])","v":"-- Select Impact --"},{"$f":"IF(RiskRegister[[#This Row],[Risk Status]]=\"Closed\",RiskRegister[[#This Row],[Residual Likelihood Level]],RiskRegister[[#This Row],[Inherent Likelihood Level]])","v":"-- Select Likelihood --"},{"$f":"IF(RiskRegister[[#This Row],[Risk Status]]=\"Closed\",RiskRegister[[#This Row],[Residual-I-L-Combo]],RiskRegister[[#This Row],[Inherent-I-L-Combo]])","v":"-- Select Impact ----- Select Likelihood --"},"-- Error --"]
[363,{"$nulls":5},"-- Select Risk Category --",null,"-- select department --",null,null,"-- Select Impact --",{"$f":"VLOOKUP(RiskRegister[[#This Row],[Inherent Impact Level]],'Rating factors'!$F$4:$G$9,2,FALSE)","v":"--- Error ---"},"-- Select Likelihood --",{"$f":"VLOOKUP(RiskRegister[[#This Row],[Inherent Likelihood Level]],'Rating factors'!$F$16:$G$21,2,FALSE)","v":"--- Error ---"},{"$f":"IFERROR(VLOOKUP(RiskRegister[[#This Row],[Inherent Risk Rating]],'Rating factors'!$F$30:$G$44,2,FALSE),\"-- Error --\")","v":"-- Error --"},{"$f":"IFERROR(RiskRegister[[#This Row],[Inherent Impact Rating]]*RiskRegister[[#This Row],[Inherent Likelihood Rating]],\"-- Error --\")","v":"-- Error --"},"-- Select Risk Response --",null,"-- Select Impact --",{"$f":"VLOOKUP(RiskRegister[[#This Row],[Residual Impact Level]],'Rating factors'!$F$4:$G$9,2,FALSE)","v":"--- Error ---"},"-- Select Likelihood --",{"$f":"VLOOKUP(RiskRegister[[#This Row],[Residual Likelihood Level]],'Rating factors'!$F$16:$G$21,2,FALSE)","v":"--- Error ---"},{"$f":"IFERROR(VLOOKUP(RiskRegister[[#This Row],[Residual Risk Rating]],'Rating factors'!$F$30:$G$44,2,FALSE),\"-- Error --\")","v":"-- Error --"},{"$f":"IFERROR(RiskRegister[[#This Row],[Residual Impact Rating]]*RiskRegister[[#This Row],[Residual Likelihood Rating]],\"-- Error --\")","v":"-- Error --"},"-- Select Risk Status --",{"$nulls":3},{"$f":"IF(ISBLANK(RiskRegister[[#This Row],[Risk Due Date]]), \"Missing Risk Due Date\", IF(RiskRegister[[#This Row],[Risk Due Date]] < TODAY(), \"Overdue\", \"Not Overdue\"))","v":"Missing Risk Due Date"},null,{"$f":"IF(ISBLANK(RiskRegister[[#This Row],[Risk Due Date]]), \"Missing Risk Due Date\", TEXT(RiskRegister[[#This Row],[Risk Due Date]], \"YYYY-MM\"))","v":"Missing Risk Due Date"},{"$f":"IF(RiskRegister[[#This Row],[Created Date]]=\"\",\"Created Date missing\",(TEXT(RiskRegister[[#This Row],[Created Date]],\"mmm\") & \"-\" & YEAR(RiskRegister[[#This Row],[Created Date]])))","v":"Created Date missing"},{"$f":"IF(RiskRegister[[#This Row],[Risk Status]]=\"Closed\",RiskRegister[[#This Row],[Risk Close Date]],RiskRegister[[#This Row],[Risk Due Date]])","v":"00:00:00"},{"$f":"IF(RiskRegister[[#This Row],[Risk-Change-Date]]=0,DATE(2030,1,1),RiskRegister[[#This Row],[Risk-Change-Date]])","v":"2030-01-01"},{"$f":"RiskRegister[[#This Row],[Inherent Impact Level]]&\"-\"&RiskRegister[[#This Row],[Inherent Likelihood Level]]","v":"-- Select Impact ----- Select Likelihood --"},{"$f":"RiskRegister[[#This Row],[Residual Impact Level]]&\"-\"&RiskRegister[[#This Row],[Residual Likelihood Level]]","v":"-- Select Impact ----- Select Likelihood --"},"Error",{"$f":"IF(RiskRegister[[#This Row],[Risk Status]]=\"Closed\",RiskRegister[[#This Row],[Residual Impact Level]],RiskRegister[[#This Row],[Inherent Impact Level]])","v":"-- Select Impact --"},{"$f":"IF(RiskRegister[[#This Row],[Risk Status]]=\"Closed\",RiskRegister[[#This Row],[Residual Likelihood Level]],RiskRegister[[#This Row],[Inherent Likelihood Level]])","v":"-- Select Likelihood --"},{"$f":"IF(RiskRegister[[#This Row],[Risk Status]]=\"Closed\",RiskRegister[[#This Row],[Residual-I-L-Combo]],RiskRegister[[#This Row],[Inherent-I-L-Combo]])","v":"-- Select Impact ----- Select Likelihood --"},"-- Error --"]
[364,{"$nulls":5},"-- Select Risk Category --",null,"-- select department --",null,null,"-- Select Impact --",{"$f":"VLOOKUP(RiskRegister[[#This Row],[Inherent Impact Level]],'Rating factors'!$F$4:$G$9,2,FALSE)","v":"--- Error ---"},"-- Select Likelihood --",{"$f":"VLOOKUP(RiskRegister[[#This Row],[Inherent Likelihood Level]],'Rating factors'!$F$16:$G$21,2,FALSE)","v":"--- Error ---"},{"$f":"IFERROR(VLOOKUP(RiskRegister[[#This Row],[Inherent Risk Rating]],'Rating factors'!$F$30:$G$44,2,FALSE),\"-- Error --\")","v":"-- Error --"},{"$f":"IFERROR(RiskRegister[[#This Row],[Inherent Impact Rating]]*RiskRegister[[#This Row],[Inherent Likelihood Rating]],\"-- Error --\")","v":"-- Error --"},"-- Select Risk Response --",null,"-- Select Impact --",{"$f":"VLOOKUP(RiskRegister[[#This Row],[Residual Impact Level]],'Rating factors'!$F$4:$G$9,2,FALSE)","v":"--- Error ---"},"-- Select Likelihood --",{"$f":"VLOOKUP(RiskRegister[[#This Row],[Residual Likelihood Level]],'Rating factors'!$F$16:$G$21,2,FALSE)","v":"--- Error ---"},{"$f":"IFERROR(VLOOKUP(RiskRegister[[#This Row],[Residual Risk Rating]],'Rating factors'!$F$30:$G$44,2,FALSE),\"-- Error --\")","v":"-- Error --"},{"$f":"IFERROR(RiskRegister[[#This Row],[Residual Impact Rating]]*RiskRegister[[#This Row],[Residual Likelihood Rating]],\"-- Error --\")","v":"-- Error --"},"-- Select Risk Status --",{"$nulls":3},{"$f":"IF(ISBLANK(RiskRegister[[#This Row],[Risk Due Date]]), \"Missing Risk Due Date\", IF(RiskRegister[[#This Row],[Risk Due Date]] < TODAY(), \"Overdue\", \"Not Overdue\"))","v":"Missing Risk Due Date"},null,{"$f":"IF(ISBLANK(RiskRegister[[#This Row],[Risk Due Date]]), \"Missing Risk Due Date\", TEXT(RiskRegister[[#This Row],[Risk Due Date]], \"YYYY-MM\"))","v":"Missing Risk Due Date"},{"$f":"IF(RiskRegister[[#This Row],[Created Date]]=\"\",\"Created Date missing\",(TEXT(RiskRegister[[#This Row],[Created Date]],\"mmm\") & \"-\" & YEAR(RiskRegister[[#This Row],[Created Date]])))","v":"Created Date missing"},{"$f":"IF(RiskRegister[[#This Row],[Risk Status]]=\"Closed\",RiskRegister[[#This Row],[Risk Close Date]],RiskRegister[[#This Row],[Risk Due Date]])","v":"00:00:00"},{"$f":"IF(RiskRegister[[#This Row],[Risk-Change-Date]]=0,DATE(2030,1,1),RiskRegister[[#This Row],[Risk-Change-Date]])","v":"2030-01-01"},{"$f":"RiskRegister[[#This Row],[Inherent Impact Level]]&\"-\"&RiskRegister[[#This Row],[Inherent Likelihood Level]]","v":"-- Select Impact ----- Select Likelihood --"},{"$f":"RiskRegister[[#This Row],[Residual Impact Level]]&\"-\"&RiskRegister[[#This Row],[Residual Likelihood Level]]","v":"-- Select Impact ----- Select Likelihood --"},"Error",{"$f":"IF(RiskRegister[[#This Row],[Risk Status]]=\"Closed\",RiskRegister[[#This Row],[Residual Impact Level]],RiskRegister[[#This Row],[Inherent Impact Level]])","v":"-- Select Impact --"},{"$f":"IF(RiskRegister[[#This Row],[Risk Status]]=\"Closed\",RiskRegister[[#This Row],[Residual Likelihood Level]],RiskRegister[[#This Row],[Inherent Likelihood Level]])","v":"-- Select Likelihood --"},{"$f":"IF(RiskRegister[[#This Row],[Risk Status]]=\"Closed\",RiskRegister[[#This Row],[Residual-I-L-Combo]],RiskRegister[[#This Row],[Inherent-I-L-Combo]])","v":"-- Select Impact ----- Select Likelihood --"},"-- Error --"]
[365,{"$nulls":5},"-- Select Risk Category --",null,"-- select department --",null,null,"-- Select Impact --",{"$f":"VLOOKUP(RiskRegister[[#This Row],[Inherent Impact Level]],'Rating factors'!$F$4:$G$9,2,FALSE)","v":"--- Error ---"},"-- Select Likelihood --",{"$f":"VLOOKUP(RiskRegister[[#This Row],[Inherent Likelihood Level]],'Rating factors'!$F$16:$G$21,2,FALSE)","v":"--- Error ---"},{"$f":"IFERROR(VLOOKUP(RiskRegister[[#This Row],[Inherent Risk Rating]],'Rating factors'!$F$30:$G$44,2,FALSE),\"-- Error --\")","v":"-- Error --"},{"$f":"IFERROR(RiskRegister[[#This Row],[Inherent Impact Rating]]*RiskRegister[[#This Row],[Inherent Likelihood Rating]],\"-- Error --\")","v":"-- Error --"},"-- Select Risk Response --",null,"-- Select Impact --",{"$f":"VLOOKUP(RiskRegister[[#This Row],[Residual Impact Level]],'Rating factors'!$F$4:$G$9,2,FALSE)","v":"--- Error ---"},"-- Select Likelihood --",{"$f":"VLOOKUP(RiskRegister[[#This Row],[Residual Likelihood Level]],'Rating factors'!$F$16:$G$21,2,FALSE)","v":"--- Error ---"},{"$f":"IFERROR(VLOOKUP(RiskRegister[[#This Row],[Residual Risk Rating]],'Rating factors'!$F$30:$G$44,2,FALSE),\"-- Error --\")","v":"-- Error --"},{"$f":"IFERROR(RiskRegister[[#This Row],[Residual Impact Rating]]*RiskRegister[[#This Row],[Residual Likelihood Rating]],\"-- Error --\")","v":"-- Error --"},"-- Select Risk Status --",{"$nulls":3},{"$f":"IF(ISBLANK(RiskRegister[[#This Row],[Risk Due Date]]), \"Missing Risk Due Date\", IF(RiskRegister[[#This Row],[Risk Due Date]] < TODAY(), \"Overdue\", \"Not Overdue\"))","v":"Missing Risk Due Date"},null,{"$f":"IF(ISBLANK(RiskRegister[[#This Row],[Risk Due Date]]), \"Missing Risk Due Date\", TEXT(RiskRegister[[#This Row],[Risk Due Date]], \"YYYY-MM\"))","v":"Missing Risk Due Date"},{"$f":"IF(RiskRegister[[#This Row],[Created Date]]=\"\",\"Created Date missing\",(TEXT(RiskRegister[[#This Row],[Created Date]],\"mmm\") & \"-\" & YEAR(RiskRegister[[#This Row],[Created Date]])))","v":"Created Date missing"},{"$f":"IF(RiskRegister[[#This Row],[Risk Status]]=\"Closed\",RiskRegister[[#This Row],[Risk Close Date]],RiskRegister[[#This Row],[Risk Due Date]])","v":"00:00:00"},{"$f":"IF(RiskRegister[[#This Row],[Risk-Change-Date]]=0,DATE(2030,1,1),RiskRegister[[#This Row],[Risk-Change-Date]])","v":"2030-01-01"},{"$f":"RiskRegister[[#This Row],[Inherent Impact Level]]&\"-\"&RiskRegister[[#This Row],[Inherent Likelihood Level]]","v":"-- Select Impact ----- Select Likelihood --"},{"$f":"RiskRegister[[#This Row],[Residual Impact Level]]&\"-\"&RiskRegister[[#This Row],[Residual Likelihood Level]]","v":"-- Select Impact ----- Select Likelihood --"},"Error",{"$f":"IF(RiskRegister[[#This Row],[Risk Status]]=\"Closed\",RiskRegister[[#This Row],[Residual Impact Level]],RiskRegister[[#This Row],[Inherent Impact Level]])","v":"-- Select Impact --"},{"$f":"IF(RiskRegister[[#This Row],[Risk Status]]=\"Closed\",RiskRegister[[#This Row],[Residual Likelihood Level]],RiskRegister[[#This Row],[Inherent Likelihood Level]])","v":"-- Select Likelihood --"},{"$f":"IF(RiskRegister[[#This Row],[Risk Status]]=\"Closed\",RiskRegister[[#This Row],[Residual-I-L-Combo]],RiskRegister[[#This Row],[Inherent-I-L-Combo]])","v":"-- Select Impact ----- Select Likelihood --"},"-- Error --"]
[366,{"$nulls":5},"-- Select Risk Category --",null,"-- select department --",null,null,"-- Select Impact --",{"$f":"VLOOKUP(RiskRegister[[#This Row],[Inherent Impact Level]],'Rating factors'!$F$4:$G$9,2,FALSE)","v":"--- Error ---"},"-- Select Likelihood --",{"$f":"VLOOKUP(RiskRegister[[#This Row],[Inherent Likelihood Level]],'Rating factors'!$F$16:$G$21,2,FALSE)","v":"--- Error ---"},{"$f":"IFERROR(VLOOKUP(RiskRegister[[#This Row],[Inherent Risk Rating]],'Rating factors'!$F$30:$G$44,2,FALSE),\"-- Error --\")","v":"-- Error --"},{"$f":"IFERROR(RiskRegister[[#This Row],[Inherent Impact Rating]]*RiskRegister[[#This Row],[Inherent Likelihood Rating]],\"-- Error --\")","v":"-- Error --"},"-- Select Risk Response --",null,"-- Select Impact --",{"$f":"VLOOKUP(RiskRegister[[#This Row],[Residual Impact Level]],'Rating factors'!$F$4:$G$9,2,FALSE)","v":"--- Error ---"},"-- Select Likelihood --",{"$f":"VLOOKUP(RiskRegister[[#This Row],[Residual Likelihood Level]],'Rating factors'!$F$16:$G$21,2,FALSE)","v":"--- Error ---"},{"$f":"IFERROR(VLOOKUP(RiskRegister[[#This Row],[Residual Risk Rating]],'Rating factors'!$F$30:$G$44,2,FALSE),\"-- Error --\")","v":"-- Error --"},{"$f":"IFERROR(RiskRegister[[#This Row],[Residual Impact Rating]]*RiskRegister[[#This Row],[Residual Likelihood Rating]],\"-- Error --\")","v":"-- Error --"},"-- Select Risk Status --",{"$nulls":3},{"$f":"IF(ISBLANK(RiskRegister[[#This Row],[Risk Due Date]]), \"Missing Risk Due Date\", IF(RiskRegister[[#This Row],[Risk Due Date]] < TODAY(), \"Overdue\", \"Not Overdue\"))","v":"Missing Risk Due Date"},null,{"$f":"IF(ISBLANK(RiskRegister[[#This Row],[Risk Due Date]]), \"Missing Risk Due Date\", TEXT(RiskRegister[[#This Row],[Risk Due Date]], \"YYYY-MM\"))","v":"Missing Risk Due Date"},{"$f":"IF(RiskRegister[[#This Row],[Created Date]]=\"\",\"Created Date missing\",(TEXT(RiskRegister[[#This Row],[Created Date]],\"mmm\") & \"-\" & YEAR(RiskRegister[[#This Row],[Created Date]])))","v":"Created Date missing"},{"$f":"IF(RiskRegister[[#This Row],[Risk Status]]=\"Closed\",RiskRegister[[#This Row],[Risk Close Date]],RiskRegister[[#This Row],[Risk Due Date]])","v":"00:00:00"},{"$f":"IF(RiskRegister[[#This Row],[Risk-Change-Date]]=0,DATE(2030,1,1),RiskRegister[[#This Row],[Risk-Change-Date]])","v":"2030-01-01"},{"$f":"RiskRegister[[#This Row],[Inherent Impact Level]]&\"-\"&RiskRegister[[#This Row],[Inherent Likelihood Level]]","v":"-- Select Impact ----- Select Likelihood --"},{"$f":"RiskRegister[[#This Row],[Residual Impact Level]]&\"-\"&RiskRegister[[#This Row],[Residual Likelihood Level]]","v":"-- Select Impact ----- Select Likelihood --"},"Error",{"$f":"IF(RiskRegister[[#This Row],[Risk Status]]=\"Closed\",RiskRegister[[#This Row],[Residual Impact Level]],RiskRegister[[#This Row],[Inherent Impact Level]])","v":"-- Select Impact --"},{"$f":"IF(RiskRegister[[#This Row],[Risk Status]]=\"Closed\",RiskRegister[[#This Row],[Residual Likelihood Level]],RiskRegister[[#This Row],[Inherent Likelihood Level]])","v":"-- Select Likelihood --"},{"$f":"IF(RiskRegister[[#This Row],[Risk Status]]=\"Closed\",RiskRegister[[#This Row],[Residual-I-L-Combo]],RiskRegister[[#This Row],[Inherent-I-L-Combo]])","v":"-- Select Impact ----- Select Likelihood --"},"-- Error --"]
[367,{"$nulls":5},"-- Select Risk Category --",null,"-- select department --",null,null,"-- Select Impact --",{"$f":"VLOOKUP(RiskRegister[[#This Row],[Inherent Impact Level]],'Rating factors'!$F$4:$G$9,2,FALSE)","v":"--- Error ---"},"-- Select Likelihood --",{"$f":"VLOOKUP(RiskRegister[[#This Row],[Inherent Likelihood Level]],'Rating factors'!$F$16:$G$21,2,FALSE)","v":"--- Error ---"},{"$f":"IFERROR(VLOOKUP(RiskRegister[[#This Row],[Inherent Risk Rating]],'Rating factors'!$F$30:$G$44,2,FALSE),\"-- Error --\")","v":"-- Error --"},{"$f":"IFERROR(RiskRegister[[#This Row],[Inherent Impact Rating]]*RiskRegister[[#This Row],[Inherent Likelihood Rating]],\"-- Error --\")","v":"-- Error --"},"-- Select Risk Response --",null,"-- Select Impact --",{"$f":"VLOOKUP(RiskRegister[[#This Row],[Residual Impact Level]],'Rating factors'!$F$4:$G$9,2,FALSE)","v":"--- Error ---"},"-- Select Likelihood --",{"$f":"VLOOKUP(RiskRegister[[#This Row],[Residual Likelihood Level]],'Rating factors'!$F$16:$G$21,2,FALSE)","v":"--- Error ---"},{"$f":"IFERROR(VLOOKUP(RiskRegister[[#This Row],[Residual Risk Rating]],'Rating factors'!$F$30:$G$44,2,FALSE),\"-- Error --\")","v":"-- Error --"},{"$f":"IFERROR(RiskRegister[[#This Row],[Residual Impact Rating]]*RiskRegister[[#This Row],[Residual Likelihood Rating]],\"-- Error --\")","v":"-- Error --"},"-- Select Risk Status --",{"$nulls":3},{"$f":"IF(ISBLANK(RiskRegister[[#This Row],[Risk Due Date]]), \"Missing Risk Due Date\", IF(RiskRegister[[#This Row],[Risk Due Date]] < TODAY(), \"Overdue\", \"Not Overdue\"))","v":"Missing Risk Due Date"},null,{"$f":"IF(ISBLANK(RiskRegister[[#This Row],[Risk Due Date]]), \"Missing Risk Due Date\", TEXT(RiskRegister[[#This Row],[Risk Due Date]], \"YYYY-MM\"))","v":"Missing Risk Due Date"},{"$f":"IF(RiskRegister[[#This Row],[Created Date]]=\"\",\"Created Date missing\",(TEXT(RiskRegister[[#This Row],[Created Date]],\"mmm\") & \"-\" & YEAR(RiskRegister[[#This Row],[Created Date]])))","v":"Created Date missing"},{"$f":"IF(RiskRegister[[#This Row],[Risk Status]]=\"Closed\",RiskRegister[[#This Row],[Risk Close Date]],RiskRegister[[#This Row],[Risk Due Date]])","v":"00:00:00"},{"$f":"IF(RiskRegister[[#This Row],[Risk-Change-Date]]=0,DATE(2030,1,1),RiskRegister[[#This Row],[Risk-Change-Date]])","v":"2030-01-01"},{"$f":"RiskRegister[[#This Row],[Inherent Impact Level]]&\"-\"&RiskRegister[[#This Row],[Inherent Likelihood Level]]","v":"-- Select Impact ----- Select Likelihood --"},{"$f":"RiskRegister[[#This Row],[Residual Impact Level]]&\"-\"&RiskRegister[[#This Row],[Residual Likelihood Level]]","v":"-- Select Impact ----- Select Likelihood --"},"Error",{"$f":"IF(RiskRegister[[#This Row],[Risk Status]]=\"Closed\",RiskRegister[[#This Row],[Residual Impact Level]],RiskRegister[[#This Row],[Inherent Impact Level]])","v":"-- Select Impact --"},{"$f":"IF(RiskRegister[[#This Row],[Risk Status]]=\"Closed\",RiskRegister[[#This Row],[Residual Likelihood Level]],RiskRegister[[#This Row],[Inherent Likelihood Level]])","v":"-- Select Likelihood --"},{"$f":"IF(RiskRegister[[#This Row],[Risk Status]]=\"Closed\",RiskRegister[[#This Row],[Residual-I-L-Combo]],RiskRegister[[#This Row],[Inherent-I-L-Combo]])","v":"-- Select Impact ----- Select Likelihood --"},"-- Error --"]
[368,{"$nulls":5},"-- Select Risk Category --",null,"-- select department --",null,null,"-- Select Impact --",{"$f":"VLOOKUP(RiskRegister[[#This Row],[Inherent Impact Level]],'Rating factors'!$F$4:$G$9,2,FALSE)","v":"--- Error ---"},"-- Select Likelihood --",{"$f":"VLOOKUP(RiskRegister[[#This Row],[Inherent Likelihood Level]],'Rating factors'!$F$16:$G$21,2,FALSE)","v":"--- Error ---"},{"$f":"IFERROR(VLOOKUP(RiskRegister[[#This Row],[Inherent Risk Rating]],'Rating factors'!$F$30:$G$44,2,FALSE),\"-- Error --\")","v":"-- Error --"},{"$f":"IFERROR(RiskRegister[[#This Row],[Inherent Impact Rating]]*RiskRegister[[#This Row],[Inherent Likelihood Rating]],\"-- Error --\")","v":"-- Error --"},"-- Select Risk Response --",null,"-- Select Impact --",{"$f":"VLOOKUP(RiskRegister[[#This Row],[Residual Impact Level]],'Rating factors'!$F$4:$G$9,2,FALSE)","v":"--- Error ---"},"-- Select Likelihood --",{"$f":"VLOOKUP(RiskRegister[[#This Row],[Residual Likelihood Level]],'Rating factors'!$F$16:$G$21,2,FALSE)","v":"--- Error ---"},{"$f":"IFERROR(VLOOKUP(RiskRegister[[#This Row],[Residual Risk Rating]],'Rating factors'!$F$30:$G$44,2,FALSE),\"-- Error --\")","v":"-- Error --"},{"$f":"IFERROR(RiskRegister[[#This Row],[Residual Impact Rating]]*RiskRegister[[#This Row],[Residual Likelihood Rating]],\"-- Error --\")","v":"-- Error --"},"-- Select Risk Status --",{"$nulls":3},{"$f":"IF(ISBLANK(RiskRegister[[#This Row],[Risk Due Date]]), \"Missing Risk Due Date\", IF(RiskRegister[[#This Row],[Risk Due Date]] < TODAY(), \"Overdue\", \"Not Overdue\"))","v":"Missing Risk Due Date"},null,{"$f":"IF(ISBLANK(RiskRegister[[#This Row],[Risk Due Date]]), \"Missing Risk Due Date\", TEXT(RiskRegister[[#This Row],[Risk Due Date]], \"YYYY-MM\"))","v":"Missing Risk Due Date"},{"$f":"IF(RiskRegister[[#This Row],[Created Date]]=\"\",\"Created Date missing\",(TEXT(RiskRegister[[#This Row],[Created Date]],\"mmm\") & \"-\" & YEAR(RiskRegister[[#This Row],[Created Date]])))","v":"Created Date missing"},{"$f":"IF(RiskRegister[[#This Row],[Risk Status]]=\"Closed\",RiskRegister[[#This Row],[Risk Close Date]],RiskRegister[[#This Row],[Risk Due Date]])","v":"00:00:00"},{"$f":"IF(RiskRegister[[#This Row],[Risk-Change-Date]]=0,DATE(2030,1,1),RiskRegister[[#This Row],[Risk-Change-Date]])","v":"2030-01-01"},{"$f":"RiskRegister[[#This Row],[Inherent Impact Level]]&\"-\"&RiskRegister[[#This Row],[Inherent Likelihood Level]]","v":"-- Select Impact ----- Select Likelihood --"},{"$f":"RiskRegister[[#This Row],[Residual Impact Level]]&\"-\"&RiskRegister[[#This Row],[Residual Likelihood Level]]","v":"-- Select Impact ----- Select Likelihood --"},"Error",{"$f":"IF(RiskRegister[[#This Row],[Risk Status]]=\"Closed\",RiskRegister[[#This Row],[Residual Impact Level]],RiskRegister[[#This Row],[Inherent Impact Level]])","v":"-- Select Impact --"},{"$f":"IF(RiskRegister[[#This Row],[Risk Status]]=\"Closed\",RiskRegister[[#This Row],[Residual Likelihood Level]],RiskRegister[[#This Row],[Inherent Likelihood Level]])","v":"-- Select Likelihood --"},{"$f":"IF(RiskRegister[[#This Row],[Risk Status]]=\"Closed\",RiskRegister[[#This Row],[Residual-I-L-Combo]],RiskRegister[[#This Row],[Inherent-I-L-Combo]])","v":"-- Select Impact ----- Select Likelihood --"},"-- Error --"]
[369,{"$nulls":5},"-- Select Risk Category --",null,"-- select department --",null,null,"-- Select Impact --",{"$f":"VLOOKUP(RiskRegister[[#This Row],[Inherent Impact Level]],'Rating factors'!$F$4:$G$9,2,FALSE)","v":"--- Error ---"},"-- Select Likelihood --",{"$f":"VLOOKUP(RiskRegister[[#This Row],[Inherent Likelihood Level]],'Rating factors'!$F$16:$G$21,2,FALSE)","v":"--- Error ---"},{"$f":"IFERROR(VLOOKUP(RiskRegister[[#This Row],[Inherent Risk Rating]],'Rating factors'!$F$30:$G$44,2,FALSE),\"-- Error --\")","v":"-- Error --"},{"$f":"IFERROR(RiskRegister[[#This Row],[Inherent Impact Rating]]*RiskRegister[[#This Row],[Inherent Likelihood Rating]],\"-- Error --\")","v":"-- Error --"},"-- Select Risk Response --",null,"-- Select Impact --",{"$f":"VLOOKUP(RiskRegister[[#This Row],[Residual Impact Level]],'Rating factors'!$F$4:$G$9,2,FALSE)","v":"--- Error ---"},"-- Select Likelihood --",{"$f":"VLOOKUP(RiskRegister[[#This Row],[Residual Likelihood Level]],'Rating factors'!$F$16:$G$21,2,FALSE)","v":"--- Error ---"},{"$f":"IFERROR(VLOOKUP(RiskRegister[[#This Row],[Residual Risk Rating]],'Rating factors'!$F$30:$G$44,2,FALSE),\"-- Error --\")","v":"-- Error --"},{"$f":"IFERROR(RiskRegister[[#This Row],[Residual Impact Rating]]*RiskRegister[[#This Row],[Residual Likelihood Rating]],\"-- Error --\")","v":"-- Error --"},"-- Select Risk Status --",{"$nulls":3},{"$f":"IF(ISBLANK(RiskRegister[[#This Row],[Risk Due Date]]), \"Missing Risk Due Date\", IF(RiskRegister[[#This Row],[Risk Due Date]] < TODAY(), \"Overdue\", \"Not Overdue\"))","v":"Missing Risk Due Date"},null,{"$f":"IF(ISBLANK(RiskRegister[[#This Row],[Risk Due Date]]), \"Missing Risk Due Date\", TEXT(RiskRegister[[#This Row],[Risk Due Date]], \"YYYY-MM\"))","v":"Missing Risk Due Date"},{"$f":"IF(RiskRegister[[#This Row],[Created Date]]=\"\",\"Created Date missing\",(TEXT(RiskRegister[[#This Row],[Created Date]],\"mmm\") & \"-\" & YEAR(RiskRegister[[#This Row],[Created Date]])))","v":"Created Date missing"},{"$f":"IF(RiskRegister[[#This Row],[Risk Status]]=\"Closed\",RiskRegister[[#This Row],[Risk Close Date]],RiskRegister[[#This Row],[Risk Due Date]])","v":"00:00:00"},{"$f":"IF(RiskRegister[[#This Row],[Risk-Change-Date]]=0,DATE(2030,1,1),RiskRegister[[#This Row],[Risk-Change-Date]])","v":"2030-01-01"},{"$f":"RiskRegister[[#This Row],[Inherent Impact Level]]&\"-\"&RiskRegister[[#This Row],[Inherent Likelihood Level]]","v":"-- Select Impact ----- Select Likelihood --"},{"$f":"RiskRegister[[#This Row],[Residual Impact Level]]&\"-\"&RiskRegister[[#This Row],[Residual Likelihood Level]]","v":"-- Select Impact ----- Select Likelihood --"},"Error",{"$f":"IF(RiskRegister[[#This Row],[Risk Status]]=\"Closed\",RiskRegister[[#This Row],[Residual Impact Level]],RiskRegister[[#This Row],[Inherent Impact Level]])","v":"-- Select Impact --"},{"$f":"IF(RiskRegister[[#This Row],[Risk Status]]=\"Closed\",RiskRegister[[#This Row],[Residual Likelihood Level]],RiskRegister[[#This Row],[Inherent Likelihood Level]])","v":"-- Select Likelihood --"},{"$f":"IF(RiskRegister[[#This Row],[Risk Status]]=\"Closed\",RiskRegister[[#This Row],[Residual-I-L-Combo]],RiskRegister[[#This Row],[Inherent-I-L-Combo]])","v":"-- Select Impact ----- Select Likelihood --"},"-- Error --"]
[370,{"$nulls":5},"-- Select Risk Category --",null,"-- select department --",null,null,"-- Select Impact --",{"$f":"VLOOKUP(RiskRegister[[#This Row],[Inherent Impact Level]],'Rating factors'!$F$4:$G$9,2,FALSE)","v":"--- Error ---"},"-- Select Likelihood --",{"$f":"VLOOKUP(RiskRegister[[#This Row],[Inherent Likelihood Level]],'Rating factors'!$F$16:$G$21,2,FALSE)","v":"--- Error ---"},{"$f":"IFERROR(VLOOKUP(RiskRegister[[#This Row],[Inherent Risk Rating]],'Rating factors'!$F$30:$G$44,2,FALSE),\"-- Error --\")","v":"-- Error --"},{"$f":"IFERROR(RiskRegister[[#This Row],[Inherent Impact Rating]]*RiskRegister[[#This Row],[Inherent Likelihood Rating]],\"-- Error --\")","v":"-- Error --"},"-- Select Risk Response --",null,"-- Select Impact --",{"$f":"VLOOKUP(RiskRegister[[#This Row],[Residual Impact Level]],'Rating factors'!$F$4:$G$9,2,FALSE)","v":"--- Error ---"},"-- Select Likelihood --",{"$f":"VLOOKUP(RiskRegister[[#This Row],[Residual Likelihood Level]],'Rating factors'!$F$16:$G$21,2,FALSE)","v":"--- Error ---"},{"$f":"IFERROR(VLOOKUP(RiskRegister[[#This Row],[Residual Risk Rating]],'Rating factors'!$F$30:$G$44,2,FALSE),\"-- Error --\")","v":"-- Error --"},{"$f":"IFERROR(RiskRegister[[#This Row],[Residual Impact Rating]]*RiskRegister[[#This Row],[Residual Likelihood Rating]],\"-- Error --\")","v":"-- Error --"},"-- Select Risk Status --",{"$nulls":3},{"$f":"IF(ISBLANK(RiskRegister[[#This Row],[Risk Due Date]]), \"Missing Risk Due Date\", IF(RiskRegister[[#This Row],[Risk Due Date]] < TODAY(), \"Overdue\", \"Not Overdue\"))","v":"Missing Risk Due Date"},null,{"$f":"IF(ISBLANK(RiskRegister[[#This Row],[Risk Due Date]]), \"Missing Risk Due Date\", TEXT(RiskRegister[[#This Row],[Risk Due Date]], \"YYYY-MM\"))","v":"Missing Risk Due Date"},{"$f":"IF(RiskRegister[[#This Row],[Created Date]]=\"\",\"Created Date missing\",(TEXT(RiskRegister[[#This Row],[Created Date]],\"mmm\") & \"-\" & YEAR(RiskRegister[[#This Row],[Created Date]])))","v":"Created Date missing"},{"$f":"IF(RiskRegister[[#This Row],[Risk Status]]=\"Closed\",RiskRegister[[#This Row],[Risk Close Date]],RiskRegister[[#This Row],[Risk Due Date]])","v":"00:00:00"},{"$f":"IF(RiskRegister[[#This Row],[Risk-Change-Date]]=0,DATE(2030,1,1),RiskRegister[[#This Row],[Risk-Change-Date]])","v":"2030-01-01"},{"$f":"RiskRegister[[#This Row],[Inherent Impact Level]]&\"-\"&RiskRegister[[#This Row],[Inherent Likelihood Level]]","v":"-- Select Impact ----- Select Likelihood --"},{"$f":"RiskRegister[[#This Row],[Residual Impact Level]]&\"-\"&RiskRegister[[#This Row],[Residual Likelihood Level]]","v":"-- Select Impact ----- Select Likelihood --"},"Error",{"$f":"IF(RiskRegister[[#This Row],[Risk Status]]=\"Closed\",RiskRegister[[#This Row],[Residual Impact Level]],RiskRegister[[#This Row],[Inherent Impact Level]])","v":"-- Select Impact --"},{"$f":"IF(RiskRegister[[#This Row],[Risk Status]]=\"Closed\",RiskRegister[[#This Row],[Residual Likelihood Level]],RiskRegister[[#This Row],[Inherent Likelihood Level]])","v":"-- Select Likelihood --"},{"$f":"IF(RiskRegister[[#This Row],[Risk Status]]=\"Closed\",RiskRegister[[#This Row],[Residual-I-L-Combo]],RiskRegister[[#This Row],[Inherent-I-L-Combo]])","v":"-- Select Impact ----- Select Likelihood --"},"-- Error --"]
[371,{"$nulls":5},"-- Select Risk Category --",null,"-- select department --",null,null,"-- Select Impact --",{"$f":"VLOOKUP(RiskRegister[[#This Row],[Inherent Impact Level]],'Rating factors'!$F$4:$G$9,2,FALSE)","v":"--- Error ---"},"-- Select Likelihood --",{"$f":"VLOOKUP(RiskRegister[[#This Row],[Inherent Likelihood Level]],'Rating factors'!$F$16:$G$21,2,FALSE)","v":"--- Error ---"},{"$f":"IFERROR(VLOOKUP(RiskRegister[[#This Row],[Inherent Risk Rating]],'Rating factors'!$F$30:$G$44,2,FALSE),\"-- Error --\")","v":"-- Error --"},{"$f":"IFERROR(RiskRegister[[#This Row],[Inherent Impact Rating]]*RiskRegister[[#This Row],[Inherent Likelihood Rating]],\"-- Error --\")","v":"-- Error --"},"-- Select Risk Response --",null,"-- Select Impact --",{"$f":"VLOOKUP(RiskRegister[[#This Row],[Residual Impact Level]],'Rating factors'!$F$4:$G$9,2,FALSE)","v":"--- Error ---"},"-- Select Likelihood --",{"$f":"VLOOKUP(RiskRegister[[#This Row],[Residual Likelihood Level]],'Rating factors'!$F$16:$G$21,2,FALSE)","v":"--- Error ---"},{"$f":"IFERROR(VLOOKUP(RiskRegister[[#This Row],[Residual Risk Rating]],'Rating factors'!$F$30:$G$44,2,FALSE),\"-- Error --\")","v":"-- Error --"},{"$f":"IFERROR(RiskRegister[[#This Row],[Residual Impact Rating]]*RiskRegister[[#This Row],[Residual Likelihood Rating]],\"-- Error --\")","v":"-- Error --"},"-- Select Risk Status --",{"$nulls":3},{"$f":"IF(ISBLANK(RiskRegister[[#This Row],[Risk Due Date]]), \"Missing Risk Due Date\", IF(RiskRegister[[#This Row],[Risk Due Date]] < TODAY(), \"Overdue\", \"Not Overdue\"))","v":"Missing Risk Due Date"},null,{"$f":"IF(ISBLANK(RiskRegister[[#This Row],[Risk Due Date]]), \"Missing Risk Due Date\", TEXT(RiskRegister[[#This Row],[Risk Due Date]], \"YYYY-MM\"))","v":"Missing Risk Due Date"},{"$f":"IF(RiskRegister[[#This Row],[Created Date]]=\"\",\"Created Date missing\",(TEXT(RiskRegister[[#This Row],[Created Date]],\"mmm\") & \"-\" & YEAR(RiskRegister[[#This Row],[Created Date]])))","v":"Created Date missing"},{"$f":"IF(RiskRegister[[#This Row],[Risk Status]]=\"Closed\",RiskRegister[[#This Row],[Risk Close Date]],RiskRegister[[#This Row],[Risk Due Date]])","v":"00:00:00"},{"$f":"IF(RiskRegister[[#This Row],[Risk-Change-Date]]=0,DATE(2030,1,1),RiskRegister[[#This Row],[Risk-Change-Date]])","v":"2030-01-01"},{"$f":"RiskRegister[[#This Row],[Inherent Impact Level]]&\"-\"&RiskRegister[[#This Row],[Inherent Likelihood Level]]","v":"-- Select Impact ----- Select Likelihood --"},{"$f":"RiskRegister[[#This Row],[Residual Impact Level]]&\"-\"&RiskRegister[[#This Row],[Residual Likelihood Level]]","v":"-- Select Impact ----- Select Likelihood --"},"Error",{"$f":"IF(RiskRegister[[#This Row],[Risk Status]]=\"Closed\",RiskRegister[[#This Row],[Residual Impact Level]],RiskRegister[[#This Row],[Inherent Impact Level]])","v":"-- Select Impact --"},{"$f":"IF(RiskRegister[[#This Row],[Risk Status]]=\"Closed\",RiskRegister[[#This Row],[Residual Likelihood Level]],RiskRegister[[#This Row],[Inherent Likelihood Level]])","v":"-- Select Likelihood --"},{"$f":"IF(RiskRegister[[#This Row],[Risk Status]]=\"Closed\",RiskRegister[[#This Row],[Residual-I-L-Combo]],RiskRegister[[#This Row],[Inherent-I-L-Combo]])","v":"-- Select Impact ----- Select Likelihood --"},"-- Error --"]
[372,{"$nulls":5},"-- Select Risk Category --",null,"-- select department --",null,null,"-- Select Impact --",{"$f":"VLOOKUP(RiskRegister[[#This Row],[Inherent Impact Level]],'Rating factors'!$F$4:$G$9,2,FALSE)","v":"--- Error ---"},"-- Select Likelihood --",{"$f":"VLOOKUP(RiskRegister[[#This Row],[Inherent Likelihood Level]],'Rating factors'!$F$16:$G$21,2,FALSE)","v":"--- Error ---"},{"$f":"IFERROR(VLOOKUP(RiskRegister[[#This Row],[Inherent Risk Rating]],'Rating factors'!$F$30:$G$44,2,FALSE),\"-- Error --\")","v":"-- Error --"},{"$f":"IFERROR(RiskRegister[[#This Row],[Inherent Impact Rating]]*RiskRegister[[#This Row],[Inherent Likelihood Rating]],\"-- Error --\")","v":"-- Error --"},"-- Select Risk Response --",null,"-- Select Impact --",{"$f":"VLOOKUP(RiskRegister[[#This Row],[Residual Impact Level]],'Rating factors'!$F$4:$G$9,2,FALSE)","v":"--- Error ---"},"-- Select Likelihood --",{"$f":"VLOOKUP(RiskRegister[[#This Row],[Residual Likelihood Level]],'Rating factors'!$F$16:$G$21,2,FALSE)","v":"--- Error ---"},{"$f":"IFERROR(VLOOKUP(RiskRegister[[#This Row],[Residual Risk Rating]],'Rating factors'!$F$30:$G$44,2,FALSE),\"-- Error --\")","v":"-- Error --"},{"$f":"IFERROR(RiskRegister[[#This Row],[Residual Impact Rating]]*RiskRegister[[#This Row],[Residual Likelihood Rating]],\"-- Error --\")","v":"-- Error --"},"-- Select Risk Status --",{"$nulls":3},{"$f":"IF(ISBLANK(RiskRegister[[#This Row],[Risk Due Date]]), \"Missing Risk Due Date\", IF(RiskRegister[[#This Row],[Risk Due Date]] < TODAY(), \"Overdue\", \"Not Overdue\"))","v":"Missing Risk Due Date"},null,{"$f":"IF(ISBLANK(RiskRegister[[#This Row],[Risk Due Date]]), \"Missing Risk Due Date\", TEXT(RiskRegister[[#This Row],[Risk Due Date]], \"YYYY-MM\"))","v":"Missing Risk Due Date"},{"$f":"IF(RiskRegister[[#This Row],[Created Date]]=\"\",\"Created Date missing\",(TEXT(RiskRegister[[#This Row],[Created Date]],\"mmm\") & \"-\" & YEAR(RiskRegister[[#This Row],[Created Date]])))","v":"Created Date missing"},{"$f":"IF(RiskRegister[[#This Row],[Risk Status]]=\"Closed\",RiskRegister[[#This Row],[Risk Close Date]],RiskRegister[[#This Row],[Risk Due Date]])","v":"00:00:00"},{"$f":"IF(RiskRegister[[#This Row],[Risk-Change-Date]]=0,DATE(2030,1,1),RiskRegister[[#This Row],[Risk-Change-Date]])","v":"2030-01-01"},{"$f":"RiskRegister[[#This Row],[Inherent Impact Level]]&\"-\"&RiskRegister[[#This Row],[Inherent Likelihood Level]]","v":"-- Select Impact ----- Select Likelihood --"},{"$f":"RiskRegister[[#This Row],[Residual Impact Level]]&\"-\"&RiskRegister[[#This Row],[Residual Likelihood Level]]","v":"-- Select Impact ----- Select Likelihood --"},"Error",{"$f":"IF(RiskRegister[[#This Row],[Risk Status]]=\"Closed\",RiskRegister[[#This Row],[Residual Impact Level]],RiskRegister[[#This Row],[Inherent Impact Level]])","v":"-- Select Impact --"},{"$f":"IF(RiskRegister[[#This Row],[Risk Status]]=\"Closed\",RiskRegister[[#This Row],[Residual Likelihood Level]],RiskRegister[[#This Row],[Inherent Likelihood Level]])","v":"-- Select Likelihood --"},{"$f":"IF(RiskRegister[[#This Row],[Risk Status]]=\"Closed\",RiskRegister[[#This Row],[Residual-I-L-Combo]],RiskRegister[[#This Row],[Inherent-I-L-Combo]])","v":"-- Select Impact ----- Select Likelihood --"},"-- Error --"]
[373,{"$nulls":5},"-- Select Risk Category --",null,"-- select department --",null,null,"-- Select Impact --",{"$f":"VLOOKUP(RiskRegister[[#This Row],[Inherent Impact Level]],'Rating factors'!$F$4:$G$9,2,FALSE)","v":"--- Error ---"},"-- Select Likelihood --",{"$f":"VLOOKUP(RiskRegister[[#This Row],[Inherent Likelihood Level]],'Rating factors'!$F$16:$G$21,2,FALSE)","v":"--- Error ---"},{"$f":"IFERROR(VLOOKUP(RiskRegister[[#This Row],[Inherent Risk Rating]],'Rating factors'!$F$30:$G$44,2,FALSE),\"-- Error --\")","v":"-- Error --"},{"$f":"IFERROR(RiskRegister[[#This Row],[Inherent Impact Rating]]*RiskRegister[[#This Row],[Inherent Likelihood Rating]],\"-- Error --\")","v":"-- Error --"},"-- Select Risk Response --",null,"-- Select Impact --",{"$f":"VLOOKUP(RiskRegister[[#This Row],[Residual Impact Level]],'Rating factors'!$F$4:$G$9,2,FALSE)","v":"--- Error ---"},"-- Select Likelihood --",{"$f":"VLOOKUP(RiskRegister[[#This Row],[Residual Likelihood Level]],'Rating factors'!$F$16:$G$21,2,FALSE)","v":"--- Error ---"},{"$f":"IFERROR(VLOOKUP(RiskRegister[[#This Row],[Residual Risk Rating]],'Rating factors'!$F$30:$G$44,2,FALSE),\"-- Error --\")","v":"-- Error --"},{"$f":"IFERROR(RiskRegister[[#This Row],[Residual Impact Rating]]*RiskRegister[[#This Row],[Residual Likelihood Rating]],\"-- Error --\")","v":"-- Error --"},"-- Select Risk Status --",{"$nulls":3},{"$f":"IF(ISBLANK(RiskRegister[[#This Row],[Risk Due Date]]), \"Missing Risk Due Date\", IF(RiskRegister[[#This Row],[Risk Due Date]] < TODAY(), \"Overdue\", \"Not Overdue\"))","v":"Missing Risk Due Date"},null,{"$f":"IF(ISBLANK(RiskRegister[[#This Row],[Risk Due Date]]), \"Missing Risk Due Date\", TEXT(RiskRegister[[#This Row],[Risk Due Date]], \"YYYY-MM\"))","v":"Missing Risk Due Date"},{"$f":"IF(RiskRegister[[#This Row],[Created Date]]=\"\",\"Created Date missing\",(TEXT(RiskRegister[[#This Row],[Created Date]],\"mmm\") & \"-\" & YEAR(RiskRegister[[#This Row],[Created Date]])))","v":"Created Date missing"},{"$f":"IF(RiskRegister[[#This Row],[Risk Status]]=\"Closed\",RiskRegister[[#This Row],[Risk Close Date]],RiskRegister[[#This Row],[Risk Due Date]])","v":"00:00:00"},{"$f":"IF(RiskRegister[[#This Row],[Risk-Change-Date]]=0,DATE(2030,1,1),RiskRegister[[#This Row],[Risk-Change-Date]])","v":"2030-01-01"},{"$f":"RiskRegister[[#This Row],[Inherent Impact Level]]&\"-\"&RiskRegister[[#This Row],[Inherent Likelihood Level]]","v":"-- Select Impact ----- Select Likelihood --"},{"$f":"RiskRegister[[#This Row],[Residual Impact Level]]&\"-\"&RiskRegister[[#This Row],[Residual Likelihood Level]]","v":"-- Select Impact ----- Select Likelihood --"},"Error",{"$f":"IF(RiskRegister[[#This Row],[Risk Status]]=\"Closed\",RiskRegister[[#This Row],[Residual Impact Level]],RiskRegister[[#This Row],[Inherent Impact Level]])","v":"-- Select Impact --"},{"$f":"IF(RiskRegister[[#This Row],[Risk Status]]=\"Closed\",RiskRegister[[#This Row],[Residual Likelihood Level]],RiskRegister[[#This Row],[Inherent Likelihood Level]])","v":"-- Select Likelihood --"},{"$f":"IF(RiskRegister[[#This Row],[Risk Status]]=\"Closed\",RiskRegister[[#This Row],[Residual-I-L-Combo]],RiskRegister[[#This Row],[Inherent-I-L-Combo]])","v":"-- Select Impact ----- Select Likelihood --"},"-- Error --"]
[374,{"$nulls":5},"-- Select Risk Category --",null,"-- select department --",null,null,"-- Select Impact --",{"$f":"VLOOKUP(RiskRegister[[#This Row],[Inherent Impact Level]],'Rating factors'!$F$4:$G$9,2,FALSE)","v":"--- Error ---"},"-- Select Likelihood --",{"$f":"VLOOKUP(RiskRegister[[#This Row],[Inherent Likelihood Level]],'Rating factors'!$F$16:$G$21,2,FALSE)","v":"--- Error ---"},{"$f":"IFERROR(VLOOKUP(RiskRegister[[#This Row],[Inherent Risk Rating]],'Rating factors'!$F$30:$G$44,2,FALSE),\"-- Error --\")","v":"-- Error --"},{"$f":"IFERROR(RiskRegister[[#This Row],[Inherent Impact Rating]]*RiskRegister[[#This Row],[Inherent Likelihood Rating]],\"-- Error --\")","v":"-- Error --"},"-- Select Risk Response --",null,"-- Select Impact --",{"$f":"VLOOKUP(RiskRegister[[#This Row],[Residual Impact Level]],'Rating factors'!$F$4:$G$9,2,FALSE)","v":"--- Error ---"},"-- Select Likelihood --",{"$f":"VLOOKUP(RiskRegister[[#This Row],[Residual Likelihood Level]],'Rating factors'!$F$16:$G$21,2,FALSE)","v":"--- Error ---"},{"$f":"IFERROR(VLOOKUP(RiskRegister[[#This Row],[Residual Risk Rating]],'Rating factors'!$F$30:$G$44,2,FALSE),\"-- Error --\")","v":"-- Error --"},{"$f":"IFERROR(RiskRegister[[#This Row],[Residual Impact Rating]]*RiskRegister[[#This Row],[Residual Likelihood Rating]],\"-- Error --\")","v":"-- Error --"},"-- Select Risk Status --",{"$nulls":3},{"$f":"IF(ISBLANK(RiskRegister[[#This Row],[Risk Due Date]]), \"Missing Risk Due Date\", IF(RiskRegister[[#This Row],[Risk Due Date]] < TODAY(), \"Overdue\", \"Not Overdue\"))","v":"Missing Risk Due Date"},null,{"$f":"IF(ISBLANK(RiskRegister[[#This Row],[Risk Due Date]]), \"Missing Risk Due Date\", TEXT(RiskRegister[[#This Row],[Risk Due Date]], \"YYYY-MM\"))","v":"Missing Risk Due Date"},{"$f":"IF(RiskRegister[[#This Row],[Created Date]]=\"\",\"Created Date missing\",(TEXT(RiskRegister[[#This Row],[Created Date]],\"mmm\") & \"-\" & YEAR(RiskRegister[[#This Row],[Created Date]])))","v":"Created Date missing"},{"$f":"IF(RiskRegister[[#This Row],[Risk Status]]=\"Closed\",RiskRegister[[#This Row],[Risk Close Date]],RiskRegister[[#This Row],[Risk Due Date]])","v":"00:00:00"},{"$f":"IF(RiskRegister[[#This Row],[Risk-Change-Date]]=0,DATE(2030,1,1),RiskRegister[[#This Row],[Risk-Change-Date]])","v":"2030-01-01"},{"$f":"RiskRegister[[#This Row],[Inherent Impact Level]]&\"-\"&RiskRegister[[#This Row],[Inherent Likelihood Level]]","v":"-- Select Impact ----- Select Likelihood --"},{"$f":"RiskRegister[[#This Row],[Residual Impact Level]]&\"-\"&RiskRegister[[#This Row],[Residual Likelihood Level]]","v":"-- Select Impact ----- Select Likelihood --"},"Error",{"$f":"IF(RiskRegister[[#This Row],[Risk Status]]=\"Closed\",RiskRegister[[#This Row],[Residual Impact Level]],RiskRegister[[#This Row],[Inherent Impact Level]])","v":"-- Select Impact --"},{"$f":"IF(RiskRegister[[#This Row],[Risk Status]]=\"Closed\",RiskRegister[[#This Row],[Residual Likelihood Level]],RiskRegister[[#This Row],[Inherent Likelihood Level]])","v":"-- Select Likelihood --"},{"$f":"IF(RiskRegister[[#This Row],[Risk Status]]=\"Closed\",RiskRegister[[#This Row],[Residual-I-L-Combo]],RiskRegister[[#This Row],[Inherent-I-L-Combo]])","v":"-- Select Impact ----- Select Likelihood --"},"-- Error --"]
[375,{"$nulls":5},"-- Select Risk Category --",null,"-- select department --",null,null,"-- Select Impact --",{"$f":"VLOOKUP(RiskRegister[[#This Row],[Inherent Impact Level]],'Rating factors'!$F$4:$G$9,2,FALSE)","v":"--- Error ---"},"-- Select Likelihood --",{"$f":"VLOOKUP(RiskRegister[[#This Row],[Inherent Likelihood Level]],'Rating factors'!$F$16:$G$21,2,FALSE)","v":"--- Error ---"},{"$f":"IFERROR(VLOOKUP(RiskRegister[[#This Row],[Inherent Risk Rating]],'Rating factors'!$F$30:$G$44,2,FALSE),\"-- Error --\")","v":"-- Error --"},{"$f":"IFERROR(RiskRegister[[#This Row],[Inherent Impact Rating]]*RiskRegister[[#This Row],[Inherent Likelihood Rating]],\"-- Error --\")","v":"-- Error --"},"-- Select Risk Response --",null,"-- Select Impact --",{"$f":"VLOOKUP(RiskRegister[[#This Row],[Residual Impact Level]],'Rating factors'!$F$4:$G$9,2,FALSE)","v":"--- Error ---"},"-- Select Likelihood --",{"$f":"VLOOKUP(RiskRegister[[#This Row],[Residual Likelihood Level]],'Rating factors'!$F$16:$G$21,2,FALSE)","v":"--- Error ---"},{"$f":"IFERROR(VLOOKUP(RiskRegister[[#This Row],[Residual Risk Rating]],'Rating factors'!$F$30:$G$44,2,FALSE),\"-- Error --\")","v":"-- Error --"},{"$f":"IFERROR(RiskRegister[[#This Row],[Residual Impact Rating]]*RiskRegister[[#This Row],[Residual Likelihood Rating]],\"-- Error --\")","v":"-- Error --"},"-- Select Risk Status --",{"$nulls":3},{"$f":"IF(ISBLANK(RiskRegister[[#This Row],[Risk Due Date]]), \"Missing Risk Due Date\", IF(RiskRegister[[#This Row],[Risk Due Date]] < TODAY(), \"Overdue\", \"Not Overdue\"))","v":"Missing Risk Due Date"},null,{"$f":"IF(ISBLANK(RiskRegister[[#This Row],[Risk Due Date]]), \"Missing Risk Due Date\", TEXT(RiskRegister[[#This Row],[Risk Due Date]], \"YYYY-MM\"))","v":"Missing Risk Due Date"},{"$f":"IF(RiskRegister[[#This Row],[Created Date]]=\"\",\"Created Date missing\",(TEXT(RiskRegister[[#This Row],[Created Date]],\"mmm\") & \"-\" & YEAR(RiskRegister[[#This Row],[Created Date]])))","v":"Created Date missing"},{"$f":"IF(RiskRegister[[#This Row],[Risk Status]]=\"Closed\",RiskRegister[[#This Row],[Risk Close Date]],RiskRegister[[#This Row],[Risk Due Date]])","v":"00:00:00"},{"$f":"IF(RiskRegister[[#This Row],[Risk-Change-Date]]=0,DATE(2030,1,1),RiskRegister[[#This Row],[Risk-Change-Date]])","v":"2030-01-01"},{"$f":"RiskRegister[[#This Row],[Inherent Impact Level]]&\"-\"&RiskRegister[[#This Row],[Inherent Likelihood Level]]","v":"-- Select Impact ----- Select Likelihood --"},{"$f":"RiskRegister[[#This Row],[Residual Impact Level]]&\"-\"&RiskRegister[[#This Row],[Residual Likelihood Level]]","v":"-- Select Impact ----- Select Likelihood --"},"Error",{"$f":"IF(RiskRegister[[#This Row],[Risk Status]]=\"Closed\",RiskRegister[[#This Row],[Residual Impact Level]],RiskRegister[[#This Row],[Inherent Impact Level]])","v":"-- Select Impact --"},{"$f":"IF(RiskRegister[[#This Row],[Risk Status]]=\"Closed\",RiskRegister[[#This Row],[Residual Likelihood Level]],RiskRegister[[#This Row],[Inherent Likelihood Level]])","v":"-- Select Likelihood --"},{"$f":"IF(RiskRegister[[#This Row],[Risk Status]]=\"Closed\",RiskRegister[[#This Row],[Residual-I-L-Combo]],RiskRegister[[#This Row],[Inherent-I-L-Combo]])","v":"-- Select Impact ----- Select Likelihood --"},"-- Error --"]
[376,{"$nulls":5},"-- Select Risk Category --",null,"-- select department --",null,null,"-- Select Impact --",{"$f":"VLOOKUP(RiskRegister[[#This Row],[Inherent Impact Level]],'Rating factors'!$F$4:$G$9,2,FALSE)","v":"--- Error ---"},"-- Select Likelihood --",{"$f":"VLOOKUP(RiskRegister[[#This Row],[Inherent Likelihood Level]],'Rating factors'!$F$16:$G$21,2,FALSE)","v":"--- Error ---"},{"$f":"IFERROR(VLOOKUP(RiskRegister[[#This Row],[Inherent Risk Rating]],'Rating factors'!$F$30:$G$44,2,FALSE),\"-- Error --\")","v":"-- Error --"},{"$f":"IFERROR(RiskRegister[[#This Row],[Inherent Impact Rating]]*RiskRegister[[#This Row],[Inherent Likelihood Rating]],\"-- Error --\")","v":"-- Error --"},"-- Select Risk Response --",null,"-- Select Impact --",{"$f":"VLOOKUP(RiskRegister[[#This Row],[Residual Impact Level]],'Rating factors'!$F$4:$G$9,2,FALSE)","v":"--- Error ---"},"-- Select Likelihood --",{"$f":"VLOOKUP(RiskRegister[[#This Row],[Residual Likelihood Level]],'Rating factors'!$F$16:$G$21,2,FALSE)","v":"--- Error ---"},{"$f":"IFERROR(VLOOKUP(RiskRegister[[#This Row],[Residual Risk Rating]],'Rating factors'!$F$30:$G$44,2,FALSE),\"-- Error --\")","v":"-- Error --"},{"$f":"IFERROR(RiskRegister[[#This Row],[Residual Impact Rating]]*RiskRegister[[#This Row],[Residual Likelihood Rating]],\"-- Error --\")","v":"-- Error --"},"-- Select Risk Status --",{"$nulls":3},{"$f":"IF(ISBLANK(RiskRegister[[#This Row],[Risk Due Date]]), \"Missing Risk Due Date\", IF(RiskRegister[[#This Row],[Risk Due Date]] < TODAY(), \"Overdue\", \"Not Overdue\"))","v":"Missing Risk Due Date"},null,{"$f":"IF(ISBLANK(RiskRegister[[#This Row],[Risk Due Date]]), \"Missing Risk Due Date\", TEXT(RiskRegister[[#This Row],[Risk Due Date]], \"YYYY-MM\"))","v":"Missing Risk Due Date"},{"$f":"IF(RiskRegister[[#This Row],[Created Date]]=\"\",\"Created Date missing\",(TEXT(RiskRegister[[#This Row],[Created Date]],\"mmm\") & \"-\" & YEAR(RiskRegister[[#This Row],[Created Date]])))","v":"Created Date missing"},{"$f":"IF(RiskRegister[[#This Row],[Risk Status]]=\"Closed\",RiskRegister[[#This Row],[Risk Close Date]],RiskRegister[[#This Row],[Risk Due Date]])","v":"00:00:00"},{"$f":"IF(RiskRegister[[#This Row],[Risk-Change-Date]]=0,DATE(2030,1,1),RiskRegister[[#This Row],[Risk-Change-Date]])","v":"2030-01-01"},{"$f":"RiskRegister[[#This Row],[Inherent Impact Level]]&\"-\"&RiskRegister[[#This Row],[Inherent Likelihood Level]]","v":"-- Select Impact ----- Select Likelihood --"},{"$f":"RiskRegister[[#This Row],[Residual Impact Level]]&\"-\"&RiskRegister[[#This Row],[Residual Likelihood Level]]","v":"-- Select Impact ----- Select Likelihood --"},"Error",{"$f":"IF(RiskRegister[[#This Row],[Risk Status]]=\"Closed\",RiskRegister[[#This Row],[Residual Impact Level]],RiskRegister[[#This Row],[Inherent Impact Level]])","v":"-- Select Impact --"},{"$f":"IF(RiskRegister[[#This Row],[Risk Status]]=\"Closed\",RiskRegister[[#This Row],[Residual Likelihood Level]],RiskRegister[[#This Row],[Inherent Likelihood Level]])","v":"-- Select Likelihood --"},{"$f":"IF(RiskRegister[[#This Row],[Risk Status]]=\"Closed\",RiskRegister[[#This Row],[Residual-I-L-Combo]],RiskRegister[[#This Row],[Inherent-I-L-Combo]])","v":"-- Select Impact ----- Select Likelihood --"},"-- Error --"]
[377,{"$nulls":5},"-- Select Risk Category --",null,"-- select department --",null,null,"-- Select Impact --",{"$f":"VLOOKUP(RiskRegister[[#This Row],[Inherent Impact Level]],'Rating factors'!$F$4:$G$9,2,FALSE)","v":"--- Error ---"},"-- Select Likelihood --",{"$f":"VLOOKUP(RiskRegister[[#This Row],[Inherent Likelihood Level]],'Rating factors'!$F$16:$G$21,2,FALSE)","v":"--- Error ---"},{"$f":"IFERROR(VLOOKUP(RiskRegister[[#This Row],[Inherent Risk Rating]],'Rating factors'!$F$30:$G$44,2,FALSE),\"-- Error --\")","v":"-- Error --"},{"$f":"IFERROR(RiskRegister[[#This Row],[Inherent Impact Rating]]*RiskRegister[[#This Row],[Inherent Likelihood Rating]],\"-- Error --\")","v":"-- Error --"},"-- Select Risk Response --",null,"-- Select Impact --",{"$f":"VLOOKUP(RiskRegister[[#This Row],[Residual Impact Level]],'Rating factors'!$F$4:$G$9,2,FALSE)","v":"--- Error ---"},"-- Select Likelihood --",{"$f":"VLOOKUP(RiskRegister[[#This Row],[Residual Likelihood Level]],'Rating factors'!$F$16:$G$21,2,FALSE)","v":"--- Error ---"},{"$f":"IFERROR(VLOOKUP(RiskRegister[[#This Row],[Residual Risk Rating]],'Rating factors'!$F$30:$G$44,2,FALSE),\"-- Error --\")","v":"-- Error --"},{"$f":"IFERROR(RiskRegister[[#This Row],[Residual Impact Rating]]*RiskRegister[[#This Row],[Residual Likelihood Rating]],\"-- Error --\")","v":"-- Error --"},"-- Select Risk Status --",{"$nulls":3},{"$f":"IF(ISBLANK(RiskRegister[[#This Row],[Risk Due Date]]), \"Missing Risk Due Date\", IF(RiskRegister[[#This Row],[Risk Due Date]] < TODAY(), \"Overdue\", \"Not Overdue\"))","v":"Missing Risk Due Date"},null,{"$f":"IF(ISBLANK(RiskRegister[[#This Row],[Risk Due Date]]), \"Missing Risk Due Date\", TEXT(RiskRegister[[#This Row],[Risk Due Date]], \"YYYY-MM\"))","v":"Missing Risk Due Date"},{"$f":"IF(RiskRegister[[#This Row],[Created Date]]=\"\",\"Created Date missing\",(TEXT(RiskRegister[[#This Row],[Created Date]],\"mmm\") & \"-\" & YEAR(RiskRegister[[#This Row],[Created Date]])))","v":"Created Date missing"},{"$f":"IF(RiskRegister[[#This Row],[Risk Status]]=\"Closed\",RiskRegister[[#This Row],[Risk Close Date]],RiskRegister[[#This Row],[Risk Due Date]])","v":"00:00:00"},{"$f":"IF(RiskRegister[[#This Row],[Risk-Change-Date]]=0,DATE(2030,1,1),RiskRegister[[#This Row],[Risk-Change-Date]])","v":"2030-01-01"},{"$f":"RiskRegister[[#This Row],[Inherent Impact Level]]&\"-\"&RiskRegister[[#This Row],[Inherent Likelihood Level]]","v":"-- Select Impact ----- Select Likelihood --"},{"$f":"RiskRegister[[#This Row],[Residual Impact Level]]&\"-\"&RiskRegister[[#This Row],[Residual Likelihood Level]]","v":"-- Select Impact ----- Select Likelihood --"},"Error",{"$f":"IF(RiskRegister[[#This Row],[Risk Status]]=\"Closed\",RiskRegister[[#This Row],[Residual Impact Level]],RiskRegister[[#This Row],[Inherent Impact Level]])","v":"-- Select Impact --"},{"$f":"IF(RiskRegister[[#This Row],[Risk Status]]=\"Closed\",RiskRegister[[#This Row],[Residual Likelihood Level]],RiskRegister[[#This Row],[Inherent Likelihood Level]])","v":"-- Select Likelihood --"},{"$f":"IF(RiskRegister[[#This Row],[Risk Status]]=\"Closed\",RiskRegister[[#This Row],[Residual-I-L-Combo]],RiskRegister[[#This Row],[Inherent-I-L-Combo]])","v":"-- Select Impact ----- Select Likelihood --"},"-- Error --"]
[378,{"$nulls":5},"-- Select Risk Category --",null,"-- select department --",null,null,"-- Select Impact --",{"$f":"VLOOKUP(RiskRegister[[#This Row],[Inherent Impact Level]],'Rating factors'!$F$4:$G$9,2,FALSE)","v":"--- Error ---"},"-- Select Likelihood --",{"$f":"VLOOKUP(RiskRegister[[#This Row],[Inherent Likelihood Level]],'Rating factors'!$F$16:$G$21,2,FALSE)","v":"--- Error ---"},{"$f":"IFERROR(VLOOKUP(RiskRegister[[#This Row],[Inherent Risk Rating]],'Rating factors'!$F$30:$G$44,2,FALSE),\"-- Error --\")","v":"-- Error --"},{"$f":"IFERROR(RiskRegister[[#This Row],[Inherent Impact Rating]]*RiskRegister[[#This Row],[Inherent Likelihood Rating]],\"-- Error --\")","v":"-- Error --"},"-- Select Risk Response --",null,"-- Select Impact --",{"$f":"VLOOKUP(RiskRegister[[#This Row],[Residual Impact Level]],'Rating factors'!$F$4:$G$9,2,FALSE)","v":"--- Error ---"},"-- Select Likelihood --",{"$f":"VLOOKUP(RiskRegister[[#This Row],[Residual Likelihood Level]],'Rating factors'!$F$16:$G$21,2,FALSE)","v":"--- Error ---"},{"$f":"IFERROR(VLOOKUP(RiskRegister[[#This Row],[Residual Risk Rating]],'Rating factors'!$F$30:$G$44,2,FALSE),\"-- Error --\")","v":"-- Error --"},{"$f":"IFERROR(RiskRegister[[#This Row],[Residual Impact Rating]]*RiskRegister[[#This Row],[Residual Likelihood Rating]],\"-- Error --\")","v":"-- Error --"},"-- Select Risk Status --",{"$nulls":3},{"$f":"IF(ISBLANK(RiskRegister[[#This Row],[Risk Due Date]]), \"Missing Risk Due Date\", IF(RiskRegister[[#This Row],[Risk Due Date]] < TODAY(), \"Overdue\", \"Not Overdue\"))","v":"Missing Risk Due Date"},null,{"$f":"IF(ISBLANK(RiskRegister[[#This Row],[Risk Due Date]]), \"Missing Risk Due Date\", TEXT(RiskRegister[[#This Row],[Risk Due Date]], \"YYYY-MM\"))","v":"Missing Risk Due Date"},{"$f":"IF(RiskRegister[[#This Row],[Created Date]]=\"\",\"Created Date missing\",(TEXT(RiskRegister[[#This Row],[Created Date]],\"mmm\") & \"-\" & YEAR(RiskRegister[[#This Row],[Created Date]])))","v":"Created Date missing"},{"$f":"IF(RiskRegister[[#This Row],[Risk Status]]=\"Closed\",RiskRegister[[#This Row],[Risk Close Date]],RiskRegister[[#This Row],[Risk Due Date]])","v":"00:00:00"},{"$f":"IF(RiskRegister[[#This Row],[Risk-Change-Date]]=0,DATE(2030,1,1),RiskRegister[[#This Row],[Risk-Change-Date]])","v":"2030-01-01"},{"$f":"RiskRegister[[#This Row],[Inherent Impact Level]]&\"-\"&RiskRegister[[#This Row],[Inherent Likelihood Level]]","v":"-- Select Impact ----- Select Likelihood --"},{"$f":"RiskRegister[[#This Row],[Residual Impact Level]]&\"-\"&RiskRegister[[#This Row],[Residual Likelihood Level]]","v":"-- Select Impact ----- Select Likelihood --"},"Error",{"$f":"IF(RiskRegister[[#This Row],[Risk Status]]=\"Closed\",RiskRegister[[#This Row],[Residual Impact Level]],RiskRegister[[#This Row],[Inherent Impact Level]])","v":"-- Select Impact --"},{"$f":"IF(RiskRegister[[#This Row],[Risk Status]]=\"Closed\",RiskRegister[[#This Row],[Residual Likelihood Level]],RiskRegister[[#This Row],[Inherent Likelihood Level]])","v":"-- Select Likelihood --"},{"$f":"IF(RiskRegister[[#This Row],[Risk Status]]=\"Closed\",RiskRegister[[#This Row],[Residual-I-L-Combo]],RiskRegister[[#This Row],[Inherent-I-L-Combo]])","v":"-- Select Impact ----- Select Likelihood --"},"-- Error --"]
[379,{"$nulls":5},"-- Select Risk Category --",null,"-- select department --",null,null,"-- Select Impact --",{"$f":"VLOOKUP(RiskRegister[[#This Row],[Inherent Impact Level]],'Rating factors'!$F$4:$G$9,2,FALSE)","v":"--- Error ---"},"-- Select Likelihood --",{"$f":"VLOOKUP(RiskRegister[[#This Row],[Inherent Likelihood Level]],'Rating factors'!$F$16:$G$21,2,FALSE)","v":"--- Error ---"},{"$f":"IFERROR(VLOOKUP(RiskRegister[[#This Row],[Inherent Risk Rating]],'Rating factors'!$F$30:$G$44,2,FALSE),\"-- Error --\")","v":"-- Error --"},{"$f":"IFERROR(RiskRegister[[#This Row],[Inherent Impact Rating]]*RiskRegister[[#This Row],[Inherent Likelihood Rating]],\"-- Error --\")","v":"-- Error --"},"-- Select Risk Response --",null,"-- Select Impact --",{"$f":"VLOOKUP(RiskRegister[[#This Row],[Residual Impact Level]],'Rating factors'!$F$4:$G$9,2,FALSE)","v":"--- Error ---"},"-- Select Likelihood --",{"$f":"VLOOKUP(RiskRegister[[#This Row],[Residual Likelihood Level]],'Rating factors'!$F$16:$G$21,2,FALSE)","v":"--- Error ---"},{"$f":"IFERROR(VLOOKUP(RiskRegister[[#This Row],[Residual Risk Rating]],'Rating factors'!$F$30:$G$44,2,FALSE),\"-- Error --\")","v":"-- Error --"},{"$f":"IFERROR(RiskRegister[[#This Row],[Residual Impact Rating]]*RiskRegister[[#This Row],[Residual Likelihood Rating]],\"-- Error --\")","v":"-- Error --"},"-- Select Risk Status --",{"$nulls":3},{"$f":"IF(ISBLANK(RiskRegister[[#This Row],[Risk Due Date]]), \"Missing Risk Due Date\", IF(RiskRegister[[#This Row],[Risk Due Date]] < TODAY(), \"Overdue\", \"Not Overdue\"))","v":"Missing Risk Due Date"},null,{"$f":"IF(ISBLANK(RiskRegister[[#This Row],[Risk Due Date]]), \"Missing Risk Due Date\", TEXT(RiskRegister[[#This Row],[Risk Due Date]], \"YYYY-MM\"))","v":"Missing Risk Due Date"},{"$f":"IF(RiskRegister[[#This Row],[Created Date]]=\"\",\"Created Date missing\",(TEXT(RiskRegister[[#This Row],[Created Date]],\"mmm\") & \"-\" & YEAR(RiskRegister[[#This Row],[Created Date]])))","v":"Created Date missing"},{"$f":"IF(RiskRegister[[#This Row],[Risk Status]]=\"Closed\",RiskRegister[[#This Row],[Risk Close Date]],RiskRegister[[#This Row],[Risk Due Date]])","v":"00:00:00"},{"$f":"IF(RiskRegister[[#This Row],[Risk-Change-Date]]=0,DATE(2030,1,1),RiskRegister[[#This Row],[Risk-Change-Date]])","v":"2030-01-01"},{"$f":"RiskRegister[[#This Row],[Inherent Impact Level]]&\"-\"&RiskRegister[[#This Row],[Inherent Likelihood Level]]","v":"-- Select Impact ----- Select Likelihood --"},{"$f":"RiskRegister[[#This Row],[Residual Impact Level]]&\"-\"&RiskRegister[[#This Row],[Residual Likelihood Level]]","v":"-- Select Impact ----- Select Likelihood --"},"Error",{"$f":"IF(RiskRegister[[#This Row],[Risk Status]]=\"Closed\",RiskRegister[[#This Row],[Residual Impact Level]],RiskRegister[[#This Row],[Inherent Impact Level]])","v":"-- Select Impact --"},{"$f":"IF(RiskRegister[[#This Row],[Risk Status]]=\"Closed\",RiskRegister[[#This Row],[Residual Likelihood Level]],RiskRegister[[#This Row],[Inherent Likelihood Level]])","v":"-- Select Likelihood --"},{"$f":"IF(RiskRegister[[#This Row],[Risk Status]]=\"Closed\",RiskRegister[[#This Row],[Residual-I-L-Combo]],RiskRegister[[#This Row],[Inherent-I-L-Combo]])","v":"-- Select Impact ----- Select Likelihood --"},"-- Error --"]
[380,{"$nulls":5},"-- Select Risk Category --",null,"-- select department --",null,null,"-- Select Impact --",{"$f":"VLOOKUP(RiskRegister[[#This Row],[Inherent Impact Level]],'Rating factors'!$F$4:$G$9,2,FALSE)","v":"--- Error ---"},"-- Select Likelihood --",{"$f":"VLOOKUP(RiskRegister[[#This Row],[Inherent Likelihood Level]],'Rating factors'!$F$16:$G$21,2,FALSE)","v":"--- Error ---"},{"$f":"IFERROR(VLOOKUP(RiskRegister[[#This Row],[Inherent Risk Rating]],'Rating factors'!$F$30:$G$44,2,FALSE),\"-- Error --\")","v":"-- Error --"},{"$f":"IFERROR(RiskRegister[[#This Row],[Inherent Impact Rating]]*RiskRegister[[#This Row],[Inherent Likelihood Rating]],\"-- Error --\")","v":"-- Error --"},"-- Select Risk Response --",null,"-- Select Impact --",{"$f":"VLOOKUP(RiskRegister[[#This Row],[Residual Impact Level]],'Rating factors'!$F$4:$G$9,2,FALSE)","v":"--- Error ---"},"-- Select Likelihood --",{"$f":"VLOOKUP(RiskRegister[[#This Row],[Residual Likelihood Level]],'Rating factors'!$F$16:$G$21,2,FALSE)","v":"--- Error ---"},{"$f":"IFERROR(VLOOKUP(RiskRegister[[#This Row],[Residual Risk Rating]],'Rating factors'!$F$30:$G$44,2,FALSE),\"-- Error --\")","v":"-- Error --"},{"$f":"IFERROR(RiskRegister[[#This Row],[Residual Impact Rating]]*RiskRegister[[#This Row],[Residual Likelihood Rating]],\"-- Error --\")","v":"-- Error --"},"-- Select Risk Status --",{"$nulls":3},{"$f":"IF(ISBLANK(RiskRegister[[#This Row],[Risk Due Date]]), \"Missing Risk Due Date\", IF(RiskRegister[[#This Row],[Risk Due Date]] < TODAY(), \"Overdue\", \"Not Overdue\"))","v":"Missing Risk Due Date"},null,{"$f":"IF(ISBLANK(RiskRegister[[#This Row],[Risk Due Date]]), \"Missing Risk Due Date\", TEXT(RiskRegister[[#This Row],[Risk Due Date]], \"YYYY-MM\"))","v":"Missing Risk Due Date"},{"$f":"IF(RiskRegister[[#This Row],[Created Date]]=\"\",\"Created Date missing\",(TEXT(RiskRegister[[#This Row],[Created Date]],\"mmm\") & \"-\" & YEAR(RiskRegister[[#This Row],[Created Date]])))","v":"Created Date missing"},{"$f":"IF(RiskRegister[[#This Row],[Risk Status]]=\"Closed\",RiskRegister[[#This Row],[Risk Close Date]],RiskRegister[[#This Row],[Risk Due Date]])","v":"00:00:00"},{"$f":"IF(RiskRegister[[#This Row],[Risk-Change-Date]]=0,DATE(2030,1,1),RiskRegister[[#This Row],[Risk-Change-Date]])","v":"2030-01-01"},{"$f":"RiskRegister[[#This Row],[Inherent Impact Level]]&\"-\"&RiskRegister[[#This Row],[Inherent Likelihood Level]]","v":"-- Select Impact ----- Select Likelihood --"},{"$f":"RiskRegister[[#This Row],[Residual Impact Level]]&\"-\"&RiskRegister[[#This Row],[Residual Likelihood Level]]","v":"-- Select Impact ----- Select Likelihood --"},"Error",{"$f":"IF(RiskRegister[[#This Row],[Risk Status]]=\"Closed\",RiskRegister[[#This Row],[Residual Impact Level]],RiskRegister[[#This Row],[Inherent Impact Level]])","v":"-- Select Impact --"},{"$f":"IF(RiskRegister[[#This Row],[Risk Status]]=\"Closed\",RiskRegister[[#This Row],[Residual Likelihood Level]],RiskRegister[[#This Row],[Inherent Likelihood Level]])","v":"-- Select Likelihood --"},{"$f":"IF(RiskRegister[[#This Row],[Risk Status]]=\"Closed\",RiskRegister[[#This Row],[Residual-I-L-Combo]],RiskRegister[[#This Row],[Inherent-I-L-Combo]])","v":"-- Select Impact ----- Select Likelihood --"},"-- Error --"]
[381,{"$nulls":5},"-- Select Risk Category --",null,"-- select department --",null,null,"-- Select Impact --",{"$f":"VLOOKUP(RiskRegister[[#This Row],[Inherent Impact Level]],'Rating factors'!$F$4:$G$9,2,FALSE)","v":"--- Error ---"},"-- Select Likelihood --",{"$f":"VLOOKUP(RiskRegister[[#This Row],[Inherent Likelihood Level]],'Rating factors'!$F$16:$G$21,2,FALSE)","v":"--- Error ---"},{"$f":"IFERROR(VLOOKUP(RiskRegister[[#This Row],[Inherent Risk Rating]],'Rating factors'!$F$30:$G$44,2,FALSE),\"-- Error --\")","v":"-- Error --"},{"$f":"IFERROR(RiskRegister[[#This Row],[Inherent Impact Rating]]*RiskRegister[[#This Row],[Inherent Likelihood Rating]],\"-- Error --\")","v":"-- Error --"},"-- Select Risk Response --",null,"-- Select Impact --",{"$f":"VLOOKUP(RiskRegister[[#This Row],[Residual Impact Level]],'Rating factors'!$F$4:$G$9,2,FALSE)","v":"--- Error ---"},"-- Select Likelihood --",{"$f":"VLOOKUP(RiskRegister[[#This Row],[Residual Likelihood Level]],'Rating factors'!$F$16:$G$21,2,FALSE)","v":"--- Error ---"},{"$f":"IFERROR(VLOOKUP(RiskRegister[[#This Row],[Residual Risk Rating]],'Rating factors'!$F$30:$G$44,2,FALSE),\"-- Error --\")","v":"-- Error --"},{"$f":"IFERROR(RiskRegister[[#This Row],[Residual Impact Rating]]*RiskRegister[[#This Row],[Residual Likelihood Rating]],\"-- Error --\")","v":"-- Error --"},"-- Select Risk Status --",{"$nulls":3},{"$f":"IF(ISBLANK(RiskRegister[[#This Row],[Risk Due Date]]), \"Missing Risk Due Date\", IF(RiskRegister[[#This Row],[Risk Due Date]] < TODAY(), \"Overdue\", \"Not Overdue\"))","v":"Missing Risk Due Date"},null,{"$f":"IF(ISBLANK(RiskRegister[[#This Row],[Risk Due Date]]), \"Missing Risk Due Date\", TEXT(RiskRegister[[#This Row],[Risk Due Date]], \"YYYY-MM\"))","v":"Missing Risk Due Date"},{"$f":"IF(RiskRegister[[#This Row],[Created Date]]=\"\",\"Created Date missing\",(TEXT(RiskRegister[[#This Row],[Created Date]],\"mmm\") & \"-\" & YEAR(RiskRegister[[#This Row],[Created Date]])))","v":"Created Date missing"},{"$f":"IF(RiskRegister[[#This Row],[Risk Status]]=\"Closed\",RiskRegister[[#This Row],[Risk Close Date]],RiskRegister[[#This Row],[Risk Due Date]])","v":"00:00:00"},{"$f":"IF(RiskRegister[[#This Row],[Risk-Change-Date]]=0,DATE(2030,1,1),RiskRegister[[#This Row],[Risk-Change-Date]])","v":"2030-01-01"},{"$f":"RiskRegister[[#This Row],[Inherent Impact Level]]&\"-\"&RiskRegister[[#This Row],[Inherent Likelihood Level]]","v":"-- Select Impact ----- Select Likelihood --"},{"$f":"RiskRegister[[#This Row],[Residual Impact Level]]&\"-\"&RiskRegister[[#This Row],[Residual Likelihood Level]]","v":"-- Select Impact ----- Select Likelihood --"},"Error",{"$f":"IF(RiskRegister[[#This Row],[Risk Status]]=\"Closed\",RiskRegister[[#This Row],[Residual Impact Level]],RiskRegister[[#This Row],[Inherent Impact Level]])","v":"-- Select Impact --"},{"$f":"IF(RiskRegister[[#This Row],[Risk Status]]=\"Closed\",RiskRegister[[#This Row],[Residual Likelihood Level]],RiskRegister[[#This Row],[Inherent Likelihood Level]])","v":"-- Select Likelihood --"},{"$f":"IF(RiskRegister[[#This Row],[Risk Status]]=\"Closed\",RiskRegister[[#This Row],[Residual-I-L-Combo]],RiskRegister[[#This Row],[Inherent-I-L-Combo]])","v":"-- Select Impact ----- Select Likelihood --"},"-- Error --"]
[382,{"$nulls":5},"-- Select Risk Category --",null,"-- select department --",null,null,"-- Select Impact --",{"$f":"VLOOKUP(RiskRegister[[#This Row],[Inherent Impact Level]],'Rating factors'!$F$4:$G$9,2,FALSE)","v":"--- Error ---"},"-- Select Likelihood --",{"$f":"VLOOKUP(RiskRegister[[#This Row],[Inherent Likelihood Level]],'Rating factors'!$F$16:$G$21,2,FALSE)","v":"--- Error ---"},{"$f":"IFERROR(VLOOKUP(RiskRegister[[#This Row],[Inherent Risk Rating]],'Rating factors'!$F$30:$G$44,2,FALSE),\"-- Error --\")","v":"-- Error --"},{"$f":"IFERROR(RiskRegister[[#This Row],[Inherent Impact Rating]]*RiskRegister[[#This Row],[Inherent Likelihood Rating]],\"-- Error --\")","v":"-- Error --"},"-- Select Risk Response --",null,"-- Select Impact --",{"$f":"VLOOKUP(RiskRegister[[#This Row],[Residual Impact Level]],'Rating factors'!$F$4:$G$9,2,FALSE)","v":"--- Error ---"},"-- Select Likelihood --",{"$f":"VLOOKUP(RiskRegister[[#This Row],[Residual Likelihood Level]],'Rating factors'!$F$16:$G$21,2,FALSE)","v":"--- Error ---"},{"$f":"IFERROR(VLOOKUP(RiskRegister[[#This Row],[Residual Risk Rating]],'Rating factors'!$F$30:$G$44,2,FALSE),\"-- Error --\")","v":"-- Error --"},{"$f":"IFERROR(RiskRegister[[#This Row],[Residual Impact Rating]]*RiskRegister[[#This Row],[Residual Likelihood Rating]],\"-- Error --\")","v":"-- Error --"},"-- Select Risk Status --",{"$nulls":3},{"$f":"IF(ISBLANK(RiskRegister[[#This Row],[Risk Due Date]]), \"Missing Risk Due Date\", IF(RiskRegister[[#This Row],[Risk Due Date]] < TODAY(), \"Overdue\", \"Not Overdue\"))","v":"Missing Risk Due Date"},null,{"$f":"IF(ISBLANK(RiskRegister[[#This Row],[Risk Due Date]]), \"Missing Risk Due Date\", TEXT(RiskRegister[[#This Row],[Risk Due Date]], \"YYYY-MM\"))","v":"Missing Risk Due Date"},{"$f":"IF(RiskRegister[[#This Row],[Created Date]]=\"\",\"Created Date missing\",(TEXT(RiskRegister[[#This Row],[Created Date]],\"mmm\") & \"-\" & YEAR(RiskRegister[[#This Row],[Created Date]])))","v":"Created Date missing"},{"$f":"IF(RiskRegister[[#This Row],[Risk Status]]=\"Closed\",RiskRegister[[#This Row],[Risk Close Date]],RiskRegister[[#This Row],[Risk Due Date]])","v":"00:00:00"},{"$f":"IF(RiskRegister[[#This Row],[Risk-Change-Date]]=0,DATE(2030,1,1),RiskRegister[[#This Row],[Risk-Change-Date]])","v":"2030-01-01"},{"$f":"RiskRegister[[#This Row],[Inherent Impact Level]]&\"-\"&RiskRegister[[#This Row],[Inherent Likelihood Level]]","v":"-- Select Impact ----- Select Likelihood --"},{"$f":"RiskRegister[[#This Row],[Residual Impact Level]]&\"-\"&RiskRegister[[#This Row],[Residual Likelihood Level]]","v":"-- Select Impact ----- Select Likelihood --"},"Error",{"$f":"IF(RiskRegister[[#This Row],[Risk Status]]=\"Closed\",RiskRegister[[#This Row],[Residual Impact Level]],RiskRegister[[#This Row],[Inherent Impact Level]])","v":"-- Select Impact --"},{"$f":"IF(RiskRegister[[#This Row],[Risk Status]]=\"Closed\",RiskRegister[[#This Row],[Residual Likelihood Level]],RiskRegister[[#This Row],[Inherent Likelihood Level]])","v":"-- Select Likelihood --"},{"$f":"IF(RiskRegister[[#This Row],[Risk Status]]=\"Closed\",RiskRegister[[#This Row],[Residual-I-L-Combo]],RiskRegister[[#This Row],[Inherent-I-L-Combo]])","v":"-- Select Impact ----- Select Likelihood --"},"-- Error --"]
[383,{"$nulls":5},"-- Select Risk Category --",null,"-- select department --",null,null,"-- Select Impact --",{"$f":"VLOOKUP(RiskRegister[[#This Row],[Inherent Impact Level]],'Rating factors'!$F$4:$G$9,2,FALSE)","v":"--- Error ---"},"-- Select Likelihood --",{"$f":"VLOOKUP(RiskRegister[[#This Row],[Inherent Likelihood Level]],'Rating factors'!$F$16:$G$21,2,FALSE)","v":"--- Error ---"},{"$f":"IFERROR(VLOOKUP(RiskRegister[[#This Row],[Inherent Risk Rating]],'Rating factors'!$F$30:$G$44,2,FALSE),\"-- Error --\")","v":"-- Error --"},{"$f":"IFERROR(RiskRegister[[#This Row],[Inherent Impact Rating]]*RiskRegister[[#This Row],[Inherent Likelihood Rating]],\"-- Error --\")","v":"-- Error --"},"-- Select Risk Response --",null,"-- Select Impact --",{"$f":"VLOOKUP(RiskRegister[[#This Row],[Residual Impact Level]],'Rating factors'!$F$4:$G$9,2,FALSE)","v":"--- Error ---"},"-- Select Likelihood --",{"$f":"VLOOKUP(RiskRegister[[#This Row],[Residual Likelihood Level]],'Rating factors'!$F$16:$G$21,2,FALSE)","v":"--- Error ---"},{"$f":"IFERROR(VLOOKUP(RiskRegister[[#This Row],[Residual Risk Rating]],'Rating factors'!$F$30:$G$44,2,FALSE),\"-- Error --\")","v":"-- Error --"},{"$f":"IFERROR(RiskRegister[[#This Row],[Residual Impact Rating]]*RiskRegister[[#This Row],[Residual Likelihood Rating]],\"-- Error --\")","v":"-- Error --"},"-- Select Risk Status --",{"$nulls":3},{"$f":"IF(ISBLANK(RiskRegister[[#This Row],[Risk Due Date]]), \"Missing Risk Due Date\", IF(RiskRegister[[#This Row],[Risk Due Date]] < TODAY(), \"Overdue\", \"Not Overdue\"))","v":"Missing Risk Due Date"},null,{"$f":"IF(ISBLANK(RiskRegister[[#This Row],[Risk Due Date]]), \"Missing Risk Due Date\", TEXT(RiskRegister[[#This Row],[Risk Due Date]], \"YYYY-MM\"))","v":"Missing Risk Due Date"},{"$f":"IF(RiskRegister[[#This Row],[Created Date]]=\"\",\"Created Date missing\",(TEXT(RiskRegister[[#This Row],[Created Date]],\"mmm\") & \"-\" & YEAR(RiskRegister[[#This Row],[Created Date]])))","v":"Created Date missing"},{"$f":"IF(RiskRegister[[#This Row],[Risk Status]]=\"Closed\",RiskRegister[[#This Row],[Risk Close Date]],RiskRegister[[#This Row],[Risk Due Date]])","v":"00:00:00"},{"$f":"IF(RiskRegister[[#This Row],[Risk-Change-Date]]=0,DATE(2030,1,1),RiskRegister[[#This Row],[Risk-Change-Date]])","v":"2030-01-01"},{"$f":"RiskRegister[[#This Row],[Inherent Impact Level]]&\"-\"&RiskRegister[[#This Row],[Inherent Likelihood Level]]","v":"-- Select Impact ----- Select Likelihood --"},{"$f":"RiskRegister[[#This Row],[Residual Impact Level]]&\"-\"&RiskRegister[[#This Row],[Residual Likelihood Level]]","v":"-- Select Impact ----- Select Likelihood --"},"Error",{"$f":"IF(RiskRegister[[#This Row],[Risk Status]]=\"Closed\",RiskRegister[[#This Row],[Residual Impact Level]],RiskRegister[[#This Row],[Inherent Impact Level]])","v":"-- Select Impact --"},{"$f":"IF(RiskRegister[[#This Row],[Risk Status]]=\"Closed\",RiskRegister[[#This Row],[Residual Likelihood Level]],RiskRegister[[#This Row],[Inherent Likelihood Level]])","v":"-- Select Likelihood --"},{"$f":"IF(RiskRegister[[#This Row],[Risk Status]]=\"Closed\",RiskRegister[[#This Row],[Residual-I-L-Combo]],RiskRegister[[#This Row],[Inherent-I-L-Combo]])","v":"-- Select Impact ----- Select Likelihood --"},"-- Error --"]
[384,{"$nulls":5},"-- Select Risk Category --",null,"-- select department --",null,null,"-- Select Impact --",{"$f":"VLOOKUP(RiskRegister[[#This Row],[Inherent Impact Level]],'Rating factors'!$F$4:$G$9,2,FALSE)","v":"--- Error ---"},"-- Select Likelihood --",{"$f":"VLOOKUP(RiskRegister[[#This Row],[Inherent Likelihood Level]],'Rating factors'!$F$16:$G$21,2,FALSE)","v":"--- Error ---"},{"$f":"IFERROR(VLOOKUP(RiskRegister[[#This Row],[Inherent Risk Rating]],'Rating factors'!$F$30:$G$44,2,FALSE),\"-- Error --\")","v":"-- Error --"},{"$f":"IFERROR(RiskRegister[[#This Row],[Inherent Impact Rating]]*RiskRegister[[#This Row],[Inherent Likelihood Rating]],\"-- Error --\")","v":"-- Error --"},"-- Select Risk Response --",null,"-- Select Impact --",{"$f":"VLOOKUP(RiskRegister[[#This Row],[Residual Impact Level]],'Rating factors'!$F$4:$G$9,2,FALSE)","v":"--- Error ---"},"-- Select Likelihood --",{"$f":"VLOOKUP(RiskRegister[[#This Row],[Residual Likelihood Level]],'Rating factors'!$F$16:$G$21,2,FALSE)","v":"--- Error ---"},{"$f":"IFERROR(VLOOKUP(RiskRegister[[#This Row],[Residual Risk Rating]],'Rating factors'!$F$30:$G$44,2,FALSE),\"-- Error --\")","v":"-- Error --"},{"$f":"IFERROR(RiskRegister[[#This Row],[Residual Impact Rating]]*RiskRegister[[#This Row],[Residual Likelihood Rating]],\"-- Error --\")","v":"-- Error --"},"-- Select Risk Status --",{"$nulls":3},{"$f":"IF(ISBLANK(RiskRegister[[#This Row],[Risk Due Date]]), \"Missing Risk Due Date\", IF(RiskRegister[[#This Row],[Risk Due Date]] < TODAY(), \"Overdue\", \"Not Overdue\"))","v":"Missing Risk Due Date"},null,{"$f":"IF(ISBLANK(RiskRegister[[#This Row],[Risk Due Date]]), \"Missing Risk Due Date\", TEXT(RiskRegister[[#This Row],[Risk Due Date]], \"YYYY-MM\"))","v":"Missing Risk Due Date"},{"$f":"IF(RiskRegister[[#This Row],[Created Date]]=\"\",\"Created Date missing\",(TEXT(RiskRegister[[#This Row],[Created Date]],\"mmm\") & \"-\" & YEAR(RiskRegister[[#This Row],[Created Date]])))","v":"Created Date missing"},{"$f":"IF(RiskRegister[[#This Row],[Risk Status]]=\"Closed\",RiskRegister[[#This Row],[Risk Close Date]],RiskRegister[[#This Row],[Risk Due Date]])","v":"00:00:00"},{"$f":"IF(RiskRegister[[#This Row],[Risk-Change-Date]]=0,DATE(2030,1,1),RiskRegister[[#This Row],[Risk-Change-Date]])","v":"2030-01-01"},{"$f":"RiskRegister[[#This Row],[Inherent Impact Level]]&\"-\"&RiskRegister[[#This Row],[Inherent Likelihood Level]]","v":"-- Select Impact ----- Select Likelihood --"},{"$f":"RiskRegister[[#This Row],[Residual Impact Level]]&\"-\"&RiskRegister[[#This Row],[Residual Likelihood Level]]","v":"-- Select Impact ----- Select Likelihood --"},"Error",{"$f":"IF(RiskRegister[[#This Row],[Risk Status]]=\"Closed\",RiskRegister[[#This Row],[Residual Impact Level]],RiskRegister[[#This Row],[Inherent Impact Level]])","v":"-- Select Impact --"},{"$f":"IF(RiskRegister[[#This Row],[Risk Status]]=\"Closed\",RiskRegister[[#This Row],[Residual Likelihood Level]],RiskRegister[[#This Row],[Inherent Likelihood Level]])","v":"-- Select Likelihood --"},{"$f":"IF(RiskRegister[[#This Row],[Risk Status]]=\"Closed\",RiskRegister[[#This Row],[Residual-I-L-Combo]],RiskRegister[[#This Row],[Inherent-I-L-Combo]])","v":"-- Select Impact ----- Select Likelihood --"},"-- Error --"]
[385,{"$nulls":5},"-- Select Risk Category --",null,"-- select department --",null,null,"-- Select Impact --",{"$f":"VLOOKUP(RiskRegister[[#This Row],[Inherent Impact Level]],'Rating factors'!$F$4:$G$9,2,FALSE)","v":"--- Error ---"},"-- Select Likelihood --",{"$f":"VLOOKUP(RiskRegister[[#This Row],[Inherent Likelihood Level]],'Rating factors'!$F$16:$G$21,2,FALSE)","v":"--- Error ---"},{"$f":"IFERROR(VLOOKUP(RiskRegister[[#This Row],[Inherent Risk Rating]],'Rating factors'!$F$30:$G$44,2,FALSE),\"-- Error --\")","v":"-- Error --"},{"$f":"IFERROR(RiskRegister[[#This Row],[Inherent Impact Rating]]*RiskRegister[[#This Row],[Inherent Likelihood Rating]],\"-- Error --\")","v":"-- Error --"},"-- Select Risk Response --",null,"-- Select Impact --",{"$f":"VLOOKUP(RiskRegister[[#This Row],[Residual Impact Level]],'Rating factors'!$F$4:$G$9,2,FALSE)","v":"--- Error ---"},"-- Select Likelihood --",{"$f":"VLOOKUP(RiskRegister[[#This Row],[Residual Likelihood Level]],'Rating factors'!$F$16:$G$21,2,FALSE)","v":"--- Error ---"},{"$f":"IFERROR(VLOOKUP(RiskRegister[[#This Row],[Residual Risk Rating]],'Rating factors'!$F$30:$G$44,2,FALSE),\"-- Error --\")","v":"-- Error --"},{"$f":"IFERROR(RiskRegister[[#This Row],[Residual Impact Rating]]*RiskRegister[[#This Row],[Residual Likelihood Rating]],\"-- Error --\")","v":"-- Error --"},"-- Select Risk Status --",{"$nulls":3},{"$f":"IF(ISBLANK(RiskRegister[[#This Row],[Risk Due Date]]), \"Missing Risk Due Date\", IF(RiskRegister[[#This Row],[Risk Due Date]] < TODAY(), \"Overdue\", \"Not Overdue\"))","v":"Missing Risk Due Date"},null,{"$f":"IF(ISBLANK(RiskRegister[[#This Row],[Risk Due Date]]), \"Missing Risk Due Date\", TEXT(RiskRegister[[#This Row],[Risk Due Date]], \"YYYY-MM\"))","v":"Missing Risk Due Date"},{"$f":"IF(RiskRegister[[#This Row],[Created Date]]=\"\",\"Created Date missing\",(TEXT(RiskRegister[[#This Row],[Created Date]],\"mmm\") & \"-\" & YEAR(RiskRegister[[#This Row],[Created Date]])))","v":"Created Date missing"},{"$f":"IF(RiskRegister[[#This Row],[Risk Status]]=\"Closed\",RiskRegister[[#This Row],[Risk Close Date]],RiskRegister[[#This Row],[Risk Due Date]])","v":"00:00:00"},{"$f":"IF(RiskRegister[[#This Row],[Risk-Change-Date]]=0,DATE(2030,1,1),RiskRegister[[#This Row],[Risk-Change-Date]])","v":"2030-01-01"},{"$f":"RiskRegister[[#This Row],[Inherent Impact Level]]&\"-\"&RiskRegister[[#This Row],[Inherent Likelihood Level]]","v":"-- Select Impact ----- Select Likelihood --"},{"$f":"RiskRegister[[#This Row],[Residual Impact Level]]&\"-\"&RiskRegister[[#This Row],[Residual Likelihood Level]]","v":"-- Select Impact ----- Select Likelihood --"},{"$f":"IF(OR(R388=\"-- Select Risk Response --\", Z388=\"-- Select Risk Status --\"), \"Error\", IF(AND(Z388=\"Closed\", R388=\"Mitigate\"), \"Yes\", \"No\"))","v":"Error"},{"$f":"IF(RiskRegister[[#This Row],[Risk Status]]=\"Closed\",RiskRegister[[#This Row],[Residual Impact Level]],RiskRegister[[#This Row],[Inherent Impact Level]])","v":"-- Select Impact --"},{"$f":"IF(RiskRegister[[#This Row],[Risk Status]]=\"Closed\",RiskRegister[[#This Row],[Residual Likelihood Level]],RiskRegister[[#This Row],[Inherent Likelihood Level]])","v":"-- Select Likelihood --"},{"$f":"IF(RiskRegister[[#This Row],[Risk Status]]=\"Closed\",RiskRegister[[#This Row],[Residual-I-L-Combo]],RiskRegister[[#This Row],[Inherent-I-L-Combo]])","v":"-- Select Impact ----- Select Likelihood --"},{"$f":"IF(Z388=\"Closed\", X388, P388)","v":"-- Error --"}]
[386,{"$nulls":5},"-- Select Risk Category --",null,"-- select department --",null,null,"-- Select Impact --",{"$f":"VLOOKUP(RiskRegister[[#This Row],[Inherent Impact Level]],'Rating factors'!$F$4:$G$9,2,FALSE)","v":"--- Error ---"},"-- Select Likelihood --",{"$f":"VLOOKUP(RiskRegister[[#This Row],[Inherent Likelihood Level]],'Rating factors'!$F$16:$G$21,2,FALSE)","v":"--- Error ---"},{"$f":"IFERROR(VLOOKUP(RiskRegister[[#This Row],[Inherent Risk Rating]],'Rating factors'!$F$30:$G$44,2,FALSE),\"-- Error --\")","v":"-- Error --"},{"$f":"IFERROR(RiskRegister[[#This Row],[Inherent Impact Rating]]*RiskRegister[[#This Row],[Inherent Likelihood Rating]],\"-- Error --\")","v":"-- Error --"},"-- Select Risk Response --",null,"-- Select Impact --",{"$f":"VLOOKUP(RiskRegister[[#This Row],[Residual Impact Level]],'Rating factors'!$F$4:$G$9,2,FALSE)","v":"--- Error ---"},"-- Select Likelihood --",{"$f":"VLOOKUP(RiskRegister[[#This Row],[Residual Likelihood Level]],'Rating factors'!$F$16:$G$21,2,FALSE)","v":"--- Error ---"},{"$f":"IFERROR(VLOOKUP(RiskRegister[[#This Row],[Residual Risk Rating]],'Rating factors'!$F$30:$G$44,2,FALSE),\"-- Error --\")","v":"-- Error --"},{"$f":"IFERROR(RiskRegister[[#This Row],[Residual Impact Rating]]*RiskRegister[[#This Row],[Residual Likelihood Rating]],\"-- Error --\")","v":"-- Error --"},"-- Select Risk Status --",{"$nulls":3},{"$f":"IF(ISBLANK(RiskRegister[[#This Row],[Risk Due Date]]), \"Missing Risk Due Date\", IF(RiskRegister[[#This Row],[Risk Due Date]] < TODAY(), \"Overdue\", \"Not Overdue\"))","v":"Missing Risk Due Date"},null,{"$f":"IF(ISBLANK(RiskRegister[[#This Row],[Risk Due Date]]), \"Missing Risk Due Date\", TEXT(RiskRegister[[#This Row],[Risk Due Date]], \"YYYY-MM\"))","v":"Missing Risk Due Date"},{"$f":"IF(RiskRegister[[#This Row],[Created Date]]=\"\",\"Created Date missing\",(TEXT(RiskRegister[[#This Row],[Created Date]],\"mmm\") & \"-\" & YEAR(RiskRegister[[#This Row],[Created Date]])))","v":"Created Date missing"},{"$f":"IF(RiskRegister[[#This Row],[Risk Status]]=\"Closed\",RiskRegister[[#This Row],[Risk Close Date]],RiskRegister[[#This Row],[Risk Due Date]])","v":"00:00:00"},{"$f":"IF(RiskRegister[[#This Row],[Risk-Change-Date]]=0,DATE(2030,1,1),RiskRegister[[#This Row],[Risk-Change-Date]])","v":"2030-01-01"},{"$f":"RiskRegister[[#This Row],[Inherent Impact Level]]&\"-\"&RiskRegister[[#This Row],[Inherent Likelihood Level]]","v":"-- Select Impact ----- Select Likelihood --"},{"$f":"RiskRegister[[#This Row],[Residual Impact Level]]&\"-\"&RiskRegister[[#This Row],[Residual Likelihood Level]]","v":"-- Select Impact ----- Select Likelihood --"},"Error",{"$f":"IF(RiskRegister[[#This Row],[Risk Status]]=\"Closed\",RiskRegister[[#This Row],[Residual Impact Level]],RiskRegister[[#This Row],[Inherent Impact Level]])","v":"-- Select Impact --"},{"$f":"IF(RiskRegister[[#This Row],[Risk Status]]=\"Closed\",RiskRegister[[#This Row],[Residual Likelihood Level]],RiskRegister[[#This Row],[Inherent Likelihood Level]])","v":"-- Select Likelihood --"},{"$f":"IF(RiskRegister[[#This Row],[Risk Status]]=\"Closed\",RiskRegister[[#This Row],[Residual-I-L-Combo]],RiskRegister[[#This Row],[Inherent-I-L-Combo]])","v":"-- Select Impact ----- Select Likelihood --"},"-- Error --"]
[387,{"$nulls":5},"-- Select Risk Category --",null,"-- select department --",null,null,"-- Select Impact --",{"$f":"VLOOKUP(RiskRegister[[#This Row],[Inherent Impact Level]],'Rating factors'!$F$4:$G$9,2,FALSE)","v":"--- Error ---"},"-- Select Likelihood --",{"$f":"VLOOKUP(RiskRegister[[#This Row],[Inherent Likelihood Level]],'Rating factors'!$F$16:$G$21,2,FALSE)","v":"--- Error ---"},{"$f":"IFERROR(VLOOKUP(RiskRegister[[#This Row],[Inherent Risk Rating]],'Rating factors'!$F$30:$G$44,2,FALSE),\"-- Error --\")","v":"-- Error --"},{"$f":"IFERROR(RiskRegister[[#This Row],[Inherent Impact Rating]]*RiskRegister[[#This Row],[Inherent Likelihood Rating]],\"-- Error --\")","v":"-- Error --"},"-- Select Risk Response --",null,"-- Select Impact --",{"$f":"VLOOKUP(RiskRegister[[#This Row],[Residual Impact Level]],'Rating factors'!$F$4:$G$9,2,FALSE)","v":"--- Error ---"},"-- Select Likelihood --",{"$f":"VLOOKUP(RiskRegister[[#This Row],[Residual Likelihood Level]],'Rating factors'!$F$16:$G$21,2,FALSE)","v":"--- Error ---"},{"$f":"IFERROR(VLOOKUP(RiskRegister[[#This Row],[Residual Risk Rating]],'Rating factors'!$F$30:$G$44,2,FALSE),\"-- Error --\")","v":"-- Error --"},{"$f":"IFERROR(RiskRegister[[#This Row],[Residual Impact Rating]]*RiskRegister[[#This Row],[Residual Likelihood Rating]],\"-- Error --\")","v":"-- Error --"},"-- Select Risk Status --",{"$nulls":3},{"$f":"IF(ISBLANK(RiskRegister[[#This Row],[Risk Due Date]]), \"Missing Risk Due Date\", IF(RiskRegister[[#This Row],[Risk Due Date]] < TODAY(), \"Overdue\", \"Not Overdue\"))","v":"Missing Risk Due Date"},null,{"$f":"IF(ISBLANK(RiskRegister[[#This Row],[Risk Due Date]]), \"Missing Risk Due Date\", TEXT(RiskRegister[[#This Row],[Risk Due Date]], \"YYYY-MM\"))","v":"Missing Risk Due Date"},{"$f":"IF(RiskRegister[[#This Row],[Created Date]]=\"\",\"Created Date missing\",(TEXT(RiskRegister[[#This Row],[Created Date]],\"mmm\") & \"-\" & YEAR(RiskRegister[[#This Row],[Created Date]])))","v":"Created Date missing"},{"$f":"IF(RiskRegister[[#This Row],[Risk Status]]=\"Closed\",RiskRegister[[#This Row],[Risk Close Date]],RiskRegister[[#This Row],[Risk Due Date]])","v":"00:00:00"},{"$f":"IF(RiskRegister[[#This Row],[Risk-Change-Date]]=0,DATE(2030,1,1),RiskRegister[[#This Row],[Risk-Change-Date]])","v":"2030-01-01"},{"$f":"RiskRegister[[#This Row],[Inherent Impact Level]]&\"-\"&RiskRegister[[#This Row],[Inherent Likelihood Level]]","v":"-- Select Impact ----- Select Likelihood --"},{"$f":"RiskRegister[[#This Row],[Residual Impact Level]]&\"-\"&RiskRegister[[#This Row],[Residual Likelihood Level]]","v":"-- Select Impact ----- Select Likelihood --"},"Error",{"$f":"IF(RiskRegister[[#This Row],[Risk Status]]=\"Closed\",RiskRegister[[#This Row],[Residual Impact Level]],RiskRegister[[#This Row],[Inherent Impact Level]])","v":"-- Select Impact --"},{"$f":"IF(RiskRegister[[#This Row],[Risk Status]]=\"Closed\",RiskRegister[[#This Row],[Residual Likelihood Level]],RiskRegister[[#This Row],[Inherent Likelihood Level]])","v":"-- Select Likelihood --"},{"$f":"IF(RiskRegister[[#This Row],[Risk Status]]=\"Closed\",RiskRegister[[#This Row],[Residual-I-L-Combo]],RiskRegister[[#This Row],[Inherent-I-L-Combo]])","v":"-- Select Impact ----- Select Likelihood --"},"-- Error --"]
[388,{"$nulls":5},"-- Select Risk Category --",null,"-- select department --",null,null,"-- Select Impact --",{"$f":"VLOOKUP(RiskRegister[[#This Row],[Inherent Impact Level]],'Rating factors'!$F$4:$G$9,2,FALSE)","v":"--- Error ---"},"-- Select Likelihood --",{"$f":"VLOOKUP(RiskRegister[[#This Row],[Inherent Likelihood Level]],'Rating factors'!$F$16:$G$21,2,FALSE)","v":"--- Error ---"},{"$f":"IFERROR(VLOOKUP(RiskRegister[[#This Row],[Inherent Risk Rating]],'Rating factors'!$F$30:$G$44,2,FALSE),\"-- Error --\")","v":"-- Error --"},{"$f":"IFERROR(RiskRegister[[#This Row],[Inherent Impact Rating]]*RiskRegister[[#This Row],[Inherent Likelihood Rating]],\"-- Error --\")","v":"-- Error --"},"-- Select Risk Response --",null,"-- Select Impact --",{"$f":"VLOOKUP(RiskRegister[[#This Row],[Residual Impact Level]],'Rating factors'!$F$4:$G$9,2,FALSE)","v":"--- Error ---"},"-- Select Likelihood --",{"$f":"VLOOKUP(RiskRegister[[#This Row],[Residual Likelihood Level]],'Rating factors'!$F$16:$G$21,2,FALSE)","v":"--- Error ---"},{"$f":"IFERROR(VLOOKUP(RiskRegister[[#This Row],[Residual Risk Rating]],'Rating factors'!$F$30:$G$44,2,FALSE),\"-- Error --\")","v":"-- Error --"},{"$f":"IFERROR(RiskRegister[[#This Row],[Residual Impact Rating]]*RiskRegister[[#This Row],[Residual Likelihood Rating]],\"-- Error --\")","v":"-- Error --"},"-- Select Risk Status --",{"$nulls":3},{"$f":"IF(ISBLANK(RiskRegister[[#This Row],[Risk Due Date]]), \"Missing Risk Due Date\", IF(RiskRegister[[#This Row],[Risk Due Date]] < TODAY(), \"Overdue\", \"Not Overdue\"))","v":"Missing Risk Due Date"},null,{"$f":"IF(ISBLANK(RiskRegister[[#This Row],[Risk Due Date]]), \"Missing Risk Due Date\", TEXT(RiskRegister[[#This Row],[Risk Due Date]], \"YYYY-MM\"))","v":"Missing Risk Due Date"},{"$f":"IF(RiskRegister[[#This Row],[Created Date]]=\"\",\"Created Date missing\",(TEXT(RiskRegister[[#This Row],[Created Date]],\"mmm\") & \"-\" & YEAR(RiskRegister[[#This Row],[Created Date]])))","v":"Created Date missing"},{"$f":"IF(RiskRegister[[#This Row],[Risk Status]]=\"Closed\",RiskRegister[[#This Row],[Risk Close Date]],RiskRegister[[#This Row],[Risk Due Date]])","v":"00:00:00"},{"$f":"IF(RiskRegister[[#This Row],[Risk-Change-Date]]=0,DATE(2030,1,1),RiskRegister[[#This Row],[Risk-Change-Date]])","v":"2030-01-01"},{"$f":"RiskRegister[[#This Row],[Inherent Impact Level]]&\"-\"&RiskRegister[[#This Row],[Inherent Likelihood Level]]","v":"-- Select Impact ----- Select Likelihood --"},{"$f":"RiskRegister[[#This Row],[Residual Impact Level]]&\"-\"&RiskRegister[[#This Row],[Residual Likelihood Level]]","v":"-- Select Impact ----- Select Likelihood --"},"Error",{"$f":"IF(RiskRegister[[#This Row],[Risk Status]]=\"Closed\",RiskRegister[[#This Row],[Residual Impact Level]],RiskRegister[[#This Row],[Inherent Impact Level]])","v":"-- Select Impact --"},{"$f":"IF(RiskRegister[[#This Row],[Risk Status]]=\"Closed\",RiskRegister[[#This Row],[Residual Likelihood Level]],RiskRegister[[#This Row],[Inherent Likelihood Level]])","v":"-- Select Likelihood --"},{"$f":"IF(RiskRegister[[#This Row],[Risk Status]]=\"Closed\",RiskRegister[[#This Row],[Residual-I-L-Combo]],RiskRegister[[#This Row],[Inherent-I-L-Combo]])","v":"-- Select Impact ----- Select Likelihood --"},"-- Error --"]
[389,{"$nulls":5},"-- Select Risk Category --",null,"-- select department --",null,null,"-- Select Impact --",{"$f":"VLOOKUP(RiskRegister[[#This Row],[Inherent Impact Level]],'Rating factors'!$F$4:$G$9,2,FALSE)","v":"--- Error ---"},"-- Select Likelihood --",{"$f":"VLOOKUP(RiskRegister[[#This Row],[Inherent Likelihood Level]],'Rating factors'!$F$16:$G$21,2,FALSE)","v":"--- Error ---"},{"$f":"IFERROR(VLOOKUP(RiskRegister[[#This Row],[Inherent Risk Rating]],'Rating factors'!$F$30:$G$44,2,FALSE),\"-- Error --\")","v":"-- Error --"},{"$f":"IFERROR(RiskRegister[[#This Row],[Inherent Impact Rating]]*RiskRegister[[#This Row],[Inherent Likelihood Rating]],\"-- Error --\")","v":"-- Error --"},"-- Select Risk Response --",null,"-- Select Impact --",{"$f":"VLOOKUP(RiskRegister[[#This Row],[Residual Impact Level]],'Rating factors'!$F$4:$G$9,2,FALSE)","v":"--- Error ---"},"-- Select Likelihood --",{"$f":"VLOOKUP(RiskRegister[[#This Row],[Residual Likelihood Level]],'Rating factors'!$F$16:$G$21,2,FALSE)","v":"--- Error ---"},{"$f":"IFERROR(VLOOKUP(RiskRegister[[#This Row],[Residual Risk Rating]],'Rating factors'!$F$30:$G$44,2,FALSE),\"-- Error --\")","v":"-- Error --"},{"$f":"IFERROR(RiskRegister[[#This Row],[Residual Impact Rating]]*RiskRegister[[#This Row],[Residual Likelihood Rating]],\"-- Error --\")","v":"-- Error --"},"-- Select Risk Status --",{"$nulls":3},{"$f":"IF(ISBLANK(RiskRegister[[#This Row],[Risk Due Date]]), \"Missing Risk Due Date\", IF(RiskRegister[[#This Row],[Risk Due Date]] < TODAY(), \"Overdue\", \"Not Overdue\"))","v":"Missing Risk Due Date"},null,{"$f":"IF(ISBLANK(RiskRegister[[#This Row],[Risk Due Date]]), \"Missing Risk Due Date\", TEXT(RiskRegister[[#This Row],[Risk Due Date]], \"YYYY-MM\"))","v":"Missing Risk Due Date"},{"$f":"IF(RiskRegister[[#This Row],[Created Date]]=\"\",\"Created Date missing\",(TEXT(RiskRegister[[#This Row],[Created Date]],\"mmm\") & \"-\" & YEAR(RiskRegister[[#This Row],[Created Date]])))","v":"Created Date missing"},{"$f":"IF(RiskRegister[[#This Row],[Risk Status]]=\"Closed\",RiskRegister[[#This Row],[Risk Close Date]],RiskRegister[[#This Row],[Risk Due Date]])","v":"00:00:00"},{"$f":"IF(RiskRegister[[#This Row],[Risk-Change-Date]]=0,DATE(2030,1,1),RiskRegister[[#This Row],[Risk-Change-Date]])","v":"2030-01-01"},{"$f":"RiskRegister[[#This Row],[Inherent Impact Level]]&\"-\"&RiskRegister[[#This Row],[Inherent Likelihood Level]]","v":"-- Select Impact ----- Select Likelihood --"},{"$f":"RiskRegister[[#This Row],[Residual Impact Level]]&\"-\"&RiskRegister[[#This Row],[Residual Likelihood Level]]","v":"-- Select Impact ----- Select Likelihood --"},"Error",{"$f":"IF(RiskRegister[[#This Row],[Risk Status]]=\"Closed\",RiskRegister[[#This Row],[Residual Impact Level]],RiskRegister[[#This Row],[Inherent Impact Level]])","v":"-- Select Impact --"},{"$f":"IF(RiskRegister[[#This Row],[Risk Status]]=\"Closed\",RiskRegister[[#This Row],[Residual Likelihood Level]],RiskRegister[[#This Row],[Inherent Likelihood Level]])","v":"-- Select Likelihood --"},{"$f":"IF(RiskRegister[[#This Row],[Risk Status]]=\"Closed\",RiskRegister[[#This Row],[Residual-I-L-Combo]],RiskRegister[[#This Row],[Inherent-I-L-Combo]])","v":"-- Select Impact ----- Select Likelihood --"},"-- Error --"]
[390,{"$nulls":5},"-- Select Risk Category --",null,"-- select department --",null,null,"-- Select Impact --",{"$f":"VLOOKUP(RiskRegister[[#This Row],[Inherent Impact Level]],'Rating factors'!$F$4:$G$9,2,FALSE)","v":"--- Error ---"},"-- Select Likelihood --",{"$f":"VLOOKUP(RiskRegister[[#This Row],[Inherent Likelihood Level]],'Rating factors'!$F$16:$G$21,2,FALSE)","v":"--- Error ---"},{"$f":"IFERROR(VLOOKUP(RiskRegister[[#This Row],[Inherent Risk Rating]],'Rating factors'!$F$30:$G$44,2,FALSE),\"-- Error --\")","v":"-- Error --"},{"$f":"IFERROR(RiskRegister[[#This Row],[Inherent Impact Rating]]*RiskRegister[[#This Row],[Inherent Likelihood Rating]],\"-- Error --\")","v":"-- Error --"},"-- Select Risk Response --",null,"-- Select Impact --",{"$f":"VLOOKUP(RiskRegister[[#This Row],[Residual Impact Level]],'Rating factors'!$F$4:$G$9,2,FALSE)","v":"--- Error ---"},"-- Select Likelihood --",{"$f":"VLOOKUP(RiskRegister[[#This Row],[Residual Likelihood Level]],'Rating factors'!$F$16:$G$21,2,FALSE)","v":"--- Error ---"},{"$f":"IFERROR(VLOOKUP(RiskRegister[[#This Row],[Residual Risk Rating]],'Rating factors'!$F$30:$G$44,2,FALSE),\"-- Error --\")","v":"-- Error --"},{"$f":"IFERROR(RiskRegister[[#This Row],[Residual Impact Rating]]*RiskRegister[[#This Row],[Residual Likelihood Rating]],\"-- Error --\")","v":"-- Error --"},"-- Select Risk Status --",{"$nulls":3},{"$f":"IF(ISBLANK(RiskRegister[[#This Row],[Risk Due Date]]), \"Missing Risk Due Date\", IF(RiskRegister[[#This Row],[Risk Due Date]] < TODAY(), \"Overdue\", \"Not Overdue\"))","v":"Missing Risk Due Date"},null,{"$f":"IF(ISBLANK(RiskRegister[[#This Row],[Risk Due Date]]), \"Missing Risk Due Date\", TEXT(RiskRegister[[#This Row],[Risk Due Date]], \"YYYY-MM\"))","v":"Missing Risk Due Date"},{"$f":"IF(RiskRegister[[#This Row],[Created Date]]=\"\",\"Created Date missing\",(TEXT(RiskRegister[[#This Row],[Created Date]],\"mmm\") & \"-\" & YEAR(RiskRegister[[#This Row],[Created Date]])))","v":"Created Date missing"},{"$f":"IF(RiskRegister[[#This Row],[Risk Status]]=\"Closed\",RiskRegister[[#This Row],[Risk Close Date]],RiskRegister[[#This Row],[Risk Due Date]])","v":"00:00:00"},{"$f":"IF(RiskRegister[[#This Row],[Risk-Change-Date]]=0,DATE(2030,1,1),RiskRegister[[#This Row],[Risk-Change-Date]])","v":"2030-01-01"},{"$f":"RiskRegister[[#This Row],[Inherent Impact Level]]&\"-\"&RiskRegister[[#This Row],[Inherent Likelihood Level]]","v":"-- Select Impact ----- Select Likelihood --"},{"$f":"RiskRegister[[#This Row],[Residual Impact Level]]&\"-\"&RiskRegister[[#This Row],[Residual Likelihood Level]]","v":"-- Select Impact ----- Select Likelihood --"},"Error",{"$f":"IF(RiskRegister[[#This Row],[Risk Status]]=\"Closed\",RiskRegister[[#This Row],[Residual Impact Level]],RiskRegister[[#This Row],[Inherent Impact Level]])","v":"-- Select Impact --"},{"$f":"IF(RiskRegister[[#This Row],[Risk Status]]=\"Closed\",RiskRegister[[#This Row],[Residual Likelihood Level]],RiskRegister[[#This Row],[Inherent Likelihood Level]])","v":"-- Select Likelihood --"},{"$f":"IF(RiskRegister[[#This Row],[Risk Status]]=\"Closed\",RiskRegister[[#This Row],[Residual-I-L-Combo]],RiskRegister[[#This Row],[Inherent-I-L-Combo]])","v":"-- Select Impact ----- Select Likelihood --"},"-- Error --"]
[391,{"$nulls":5},"-- Select Risk Category --",null,"-- select department --",null,null,"-- Select Impact --",{"$f":"VLOOKUP(RiskRegister[[#This Row],[Inherent Impact Level]],'Rating factors'!$F$4:$G$9,2,FALSE)","v":"--- Error ---"},"-- Select Likelihood --",{"$f":"VLOOKUP(RiskRegister[[#This Row],[Inherent Likelihood Level]],'Rating factors'!$F$16:$G$21,2,FALSE)","v":"--- Error ---"},{"$f":"IFERROR(VLOOKUP(RiskRegister[[#This Row],[Inherent Risk Rating]],'Rating factors'!$F$30:$G$44,2,FALSE),\"-- Error --\")","v":"-- Error --"},{"$f":"IFERROR(RiskRegister[[#This Row],[Inherent Impact Rating]]*RiskRegister[[#This Row],[Inherent Likelihood Rating]],\"-- Error --\")","v":"-- Error --"},"-- Select Risk Response --",null,"-- Select Impact --",{"$f":"VLOOKUP(RiskRegister[[#This Row],[Residual Impact Level]],'Rating factors'!$F$4:$G$9,2,FALSE)","v":"--- Error ---"},"-- Select Likelihood --",{"$f":"VLOOKUP(RiskRegister[[#This Row],[Residual Likelihood Level]],'Rating factors'!$F$16:$G$21,2,FALSE)","v":"--- Error ---"},{"$f":"IFERROR(VLOOKUP(RiskRegister[[#This Row],[Residual Risk Rating]],'Rating factors'!$F$30:$G$44,2,FALSE),\"-- Error --\")","v":"-- Error --"},{"$f":"IFERROR(RiskRegister[[#This Row],[Residual Impact Rating]]*RiskRegister[[#This Row],[Residual Likelihood Rating]],\"-- Error --\")","v":"-- Error --"},"-- Select Risk Status --",{"$nulls":3},{"$f":"IF(ISBLANK(RiskRegister[[#This Row],[Risk Due Date]]), \"Missing Risk Due Date\", IF(RiskRegister[[#This Row],[Risk Due Date]] < TODAY(), \"Overdue\", \"Not Overdue\"))","v":"Missing Risk Due Date"},null,{"$f":"IF(ISBLANK(RiskRegister[[#This Row],[Risk Due Date]]), \"Missing Risk Due Date\", TEXT(RiskRegister[[#This Row],[Risk Due Date]], \"YYYY-MM\"))","v":"Missing Risk Due Date"},{"$f":"IF(RiskRegister[[#This Row],[Created Date]]=\"\",\"Created Date missing\",(TEXT(RiskRegister[[#This Row],[Created Date]],\"mmm\") & \"-\" & YEAR(RiskRegister[[#This Row],[Created Date]])))","v":"Created Date missing"},{"$f":"IF(RiskRegister[[#This Row],[Risk Status]]=\"Closed\",RiskRegister[[#This Row],[Risk Close Date]],RiskRegister[[#This Row],[Risk Due Date]])","v":"00:00:00"},{"$f":"IF(RiskRegister[[#This Row],[Risk-Change-Date]]=0,DATE(2030,1,1),RiskRegister[[#This Row],[Risk-Change-Date]])","v":"2030-01-01"},{"$f":"RiskRegister[[#This Row],[Inherent Impact Level]]&\"-\"&RiskRegister[[#This Row],[Inherent Likelihood Level]]","v":"-- Select Impact ----- Select Likelihood --"},{"$f":"RiskRegister[[#This Row],[Residual Impact Level]]&\"-\"&RiskRegister[[#This Row],[Residual Likelihood Level]]","v":"-- Select Impact ----- Select Likelihood --"},"Error",{"$f":"IF(RiskRegister[[#This Row],[Risk Status]]=\"Closed\",RiskRegister[[#This Row],[Residual Impact Level]],RiskRegister[[#This Row],[Inherent Impact Level]])","v":"-- Select Impact --"},{"$f":"IF(RiskRegister[[#This Row],[Risk Status]]=\"Closed\",RiskRegister[[#This Row],[Residual Likelihood Level]],RiskRegister[[#This Row],[Inherent Likelihood Level]])","v":"-- Select Likelihood --"},{"$f":"IF(RiskRegister[[#This Row],[Risk Status]]=\"Closed\",RiskRegister[[#This Row],[Residual-I-L-Combo]],RiskRegister[[#This Row],[Inherent-I-L-Combo]])","v":"-- Select Impact ----- Select Likelihood --"},"-- Error --"]
[392,{"$nulls":5},"-- Select Risk Category --",null,"-- select department --",null,null,"-- Select Impact --",{"$f":"VLOOKUP(RiskRegister[[#This Row],[Inherent Impact Level]],'Rating factors'!$F$4:$G$9,2,FALSE)","v":"--- Error ---"},"-- Select Likelihood --",{"$f":"VLOOKUP(RiskRegister[[#This Row],[Inherent Likelihood Level]],'Rating factors'!$F$16:$G$21,2,FALSE)","v":"--- Error ---"},{"$f":"IFERROR(VLOOKUP(RiskRegister[[#This Row],[Inherent Risk Rating]],'Rating factors'!$F$30:$G$44,2,FALSE),\"-- Error --\")","v":"-- Error --"},{"$f":"IFERROR(RiskRegister[[#This Row],[Inherent Impact Rating]]*RiskRegister[[#This Row],[Inherent Likelihood Rating]],\"-- Error --\")","v":"-- Error --"},"-- Select Risk Response --",null,"-- Select Impact --",{"$f":"VLOOKUP(RiskRegister[[#This Row],[Residual Impact Level]],'Rating factors'!$F$4:$G$9,2,FALSE)","v":"--- Error ---"},"-- Select Likelihood --",{"$f":"VLOOKUP(RiskRegister[[#This Row],[Residual Likelihood Level]],'Rating factors'!$F$16:$G$21,2,FALSE)","v":"--- Error ---"},{"$f":"IFERROR(VLOOKUP(RiskRegister[[#This Row],[Residual Risk Rating]],'Rating factors'!$F$30:$G$44,2,FALSE),\"-- Error --\")","v":"-- Error --"},{"$f":"IFERROR(RiskRegister[[#This Row],[Residual Impact Rating]]*RiskRegister[[#This Row],[Residual Likelihood Rating]],\"-- Error --\")","v":"-- Error --"},"-- Select Risk Status --",{"$nulls":3},{"$f":"IF(ISBLANK(RiskRegister[[#This Row],[Risk Due Date]]), \"Missing Risk Due Date\", IF(RiskRegister[[#This Row],[Risk Due Date]] < TODAY(), \"Overdue\", \"Not Overdue\"))","v":"Missing Risk Due Date"},null,{"$f":"IF(ISBLANK(RiskRegister[[#This Row],[Risk Due Date]]), \"Missing Risk Due Date\", TEXT(RiskRegister[[#This Row],[Risk Due Date]], \"YYYY-MM\"))","v":"Missing Risk Due Date"},{"$f":"IF(RiskRegister[[#This Row],[Created Date]]=\"\",\"Created Date missing\",(TEXT(RiskRegister[[#This Row],[Created Date]],\"mmm\") & \"-\" & YEAR(RiskRegister[[#This Row],[Created Date]])))","v":"Created Date missing"},{"$f":"IF(RiskRegister[[#This Row],[Risk Status]]=\"Closed\",RiskRegister[[#This Row],[Risk Close Date]],RiskRegister[[#This Row],[Risk Due Date]])","v":"00:00:00"},{"$f":"IF(RiskRegister[[#This Row],[Risk-Change-Date]]=0,DATE(2030,1,1),RiskRegister[[#This Row],[Risk-Change-Date]])","v":"2030-01-01"},{"$f":"RiskRegister[[#This Row],[Inherent Impact Level]]&\"-\"&RiskRegister[[#This Row],[Inherent Likelihood Level]]","v":"-- Select Impact ----- Select Likelihood --"},{"$f":"RiskRegister[[#This Row],[Residual Impact Level]]&\"-\"&RiskRegister[[#This Row],[Residual Likelihood Level]]","v":"-- Select Impact ----- Select Likelihood --"},"Error",{"$f":"IF(RiskRegister[[#This Row],[Risk Status]]=\"Closed\",RiskRegister[[#This Row],[Residual Impact Level]],RiskRegister[[#This Row],[Inherent Impact Level]])","v":"-- Select Impact --"},{"$f":"IF(RiskRegister[[#This Row],[Risk Status]]=\"Closed\",RiskRegister[[#This Row],[Residual Likelihood Level]],RiskRegister[[#This Row],[Inherent Likelihood Level]])","v":"-- Select Likelihood --"},{"$f":"IF(RiskRegister[[#This Row],[Risk Status]]=\"Closed\",RiskRegister[[#This Row],[Residual-I-L-Combo]],RiskRegister[[#This Row],[Inherent-I-L-Combo]])","v":"-- Select Impact ----- Select Likelihood --"},"-- Error --"]
[393,{"$nulls":5},"-- Select Risk Category --",null,"-- select department --",null,null,"-- Select Impact --",{"$f":"VLOOKUP(RiskRegister[[#This Row],[Inherent Impact Level]],'Rating factors'!$F$4:$G$9,2,FALSE)","v":"--- Error ---"},"-- Select Likelihood --",{"$f":"VLOOKUP(RiskRegister[[#This Row],[Inherent Likelihood Level]],'Rating factors'!$F$16:$G$21,2,FALSE)","v":"--- Error ---"},{"$f":"IFERROR(VLOOKUP(RiskRegister[[#This Row],[Inherent Risk Rating]],'Rating factors'!$F$30:$G$44,2,FALSE),\"-- Error --\")","v":"-- Error --"},{"$f":"IFERROR(RiskRegister[[#This Row],[Inherent Impact Rating]]*RiskRegister[[#This Row],[Inherent Likelihood Rating]],\"-- Error --\")","v":"-- Error --"},"-- Select Risk Response --",null,"-- Select Impact --",{"$f":"VLOOKUP(RiskRegister[[#This Row],[Residual Impact Level]],'Rating factors'!$F$4:$G$9,2,FALSE)","v":"--- Error ---"},"-- Select Likelihood --",{"$f":"VLOOKUP(RiskRegister[[#This Row],[Residual Likelihood Level]],'Rating factors'!$F$16:$G$21,2,FALSE)","v":"--- Error ---"},{"$f":"IFERROR(VLOOKUP(RiskRegister[[#This Row],[Residual Risk Rating]],'Rating factors'!$F$30:$G$44,2,FALSE),\"-- Error --\")","v":"-- Error --"},{"$f":"IFERROR(RiskRegister[[#This Row],[Residual Impact Rating]]*RiskRegister[[#This Row],[Residual Likelihood Rating]],\"-- Error --\")","v":"-- Error --"},"-- Select Risk Status --",{"$nulls":3},{"$f":"IF(ISBLANK(RiskRegister[[#This Row],[Risk Due Date]]), \"Missing Risk Due Date\", IF(RiskRegister[[#This Row],[Risk Due Date]] < TODAY(), \"Overdue\", \"Not Overdue\"))","v":"Missing Risk Due Date"},null,{"$f":"IF(ISBLANK(RiskRegister[[#This Row],[Risk Due Date]]), \"Missing Risk Due Date\", TEXT(RiskRegister[[#This Row],[Risk Due Date]], \"YYYY-MM\"))","v":"Missing Risk Due Date"},{"$f":"IF(RiskRegister[[#This Row],[Created Date]]=\"\",\"Created Date missing\",(TEXT(RiskRegister[[#This Row],[Created Date]],\"mmm\") & \"-\" & YEAR(RiskRegister[[#This Row],[Created Date]])))","v":"Created Date missing"},{"$f":"IF(RiskRegister[[#This Row],[Risk Status]]=\"Closed\",RiskRegister[[#This Row],[Risk Close Date]],RiskRegister[[#This Row],[Risk Due Date]])","v":"00:00:00"},{"$f":"IF(RiskRegister[[#This Row],[Risk-Change-Date]]=0,DATE(2030,1,1),RiskRegister[[#This Row],[Risk-Change-Date]])","v":"2030-01-01"},{"$f":"RiskRegister[[#This Row],[Inherent Impact Level]]&\"-\"&RiskRegister[[#This Row],[Inherent Likelihood Level]]","v":"-- Select Impact ----- Select Likelihood --"},{"$f":"RiskRegister[[#This Row],[Residual Impact Level]]&\"-\"&RiskRegister[[#This Row],[Residual Likelihood Level]]","v":"-- Select Impact ----- Select Likelihood --"},"Error",{"$f":"IF(RiskRegister[[#This Row],[Risk Status]]=\"Closed\",RiskRegister[[#This Row],[Residual Impact Level]],RiskRegister[[#This Row],[Inherent Impact Level]])","v":"-- Select Impact --"},{"$f":"IF(RiskRegister[[#This Row],[Risk Status]]=\"Closed\",RiskRegister[[#This Row],[Residual Likelihood Level]],RiskRegister[[#This Row],[Inherent Likelihood Level]])","v":"-- Select Likelihood --"},{"$f":"IF(RiskRegister[[#This Row],[Risk Status]]=\"Closed\",RiskRegister[[#This Row],[Residual-I-L-Combo]],RiskRegister[[#This Row],[Inherent-I-L-Combo]])","v":"-- Select Impact ----- Select Likelihood --"},"-- Error --"]
[394,{"$nulls":5},"-- Select Risk Category --",null,"-- select department --",null,null,"-- Select Impact --",{"$f":"VLOOKUP(RiskRegister[[#This Row],[Inherent Impact Level]],'Rating factors'!$F$4:$G$9,2,FALSE)","v":"--- Error ---"},"-- Select Likelihood --",{"$f":"VLOOKUP(RiskRegister[[#This Row],[Inherent Likelihood Level]],'Rating factors'!$F$16:$G$21,2,FALSE)","v":"--- Error ---"},{"$f":"IFERROR(VLOOKUP(RiskRegister[[#This Row],[Inherent Risk Rating]],'Rating factors'!$F$30:$G$44,2,FALSE),\"-- Error --\")","v":"-- Error --"},{"$f":"IFERROR(RiskRegister[[#This Row],[Inherent Impact Rating]]*RiskRegister[[#This Row],[Inherent Likelihood Rating]],\"-- Error --\")","v":"-- Error --"},"-- Select Risk Response --",null,"-- Select Impact --",{"$f":"VLOOKUP(RiskRegister[[#This Row],[Residual Impact Level]],'Rating factors'!$F$4:$G$9,2,FALSE)","v":"--- Error ---"},"-- Select Likelihood --",{"$f":"VLOOKUP(RiskRegister[[#This Row],[Residual Likelihood Level]],'Rating factors'!$F$16:$G$21,2,FALSE)","v":"--- Error ---"},{"$f":"IFERROR(VLOOKUP(RiskRegister[[#This Row],[Residual Risk Rating]],'Rating factors'!$F$30:$G$44,2,FALSE),\"-- Error --\")","v":"-- Error --"},{"$f":"IFERROR(RiskRegister[[#This Row],[Residual Impact Rating]]*RiskRegister[[#This Row],[Residual Likelihood Rating]],\"-- Error --\")","v":"-- Error --"},"-- Select Risk Status --",{"$nulls":3},{"$f":"IF(ISBLANK(RiskRegister[[#This Row],[Risk Due Date]]), \"Missing Risk Due Date\", IF(RiskRegister[[#This Row],[Risk Due Date]] < TODAY(), \"Overdue\", \"Not Overdue\"))","v":"Missing Risk Due Date"},null,{"$f":"IF(ISBLANK(RiskRegister[[#This Row],[Risk Due Date]]), \"Missing Risk Due Date\", TEXT(RiskRegister[[#This Row],[Risk Due Date]], \"YYYY-MM\"))","v":"Missing Risk Due Date"},{"$f":"IF(RiskRegister[[#This Row],[Created Date]]=\"\",\"Created Date missing\",(TEXT(RiskRegister[[#This Row],[Created Date]],\"mmm\") & \"-\" & YEAR(RiskRegister[[#This Row],[Created Date]])))","v":"Created Date missing"},{"$f":"IF(RiskRegister[[#This Row],[Risk Status]]=\"Closed\",RiskRegister[[#This Row],[Risk Close Date]],RiskRegister[[#This Row],[Risk Due Date]])","v":"00:00:00"},{"$f":"IF(RiskRegister[[#This Row],[Risk-Change-Date]]=0,DATE(2030,1,1),RiskRegister[[#This Row],[Risk-Change-Date]])","v":"2030-01-01"},{"$f":"RiskRegister[[#This Row],[Inherent Impact Level]]&\"-\"&RiskRegister[[#This Row],[Inherent Likelihood Level]]","v":"-- Select Impact ----- Select Likelihood --"},{"$f":"RiskRegister[[#This Row],[Residual Impact Level]]&\"-\"&RiskRegister[[#This Row],[Residual Likelihood Level]]","v":"-- Select Impact ----- Select Likelihood --"},"Error",{"$f":"IF(RiskRegister[[#This Row],[Risk Status]]=\"Closed\",RiskRegister[[#This Row],[Residual Impact Level]],RiskRegister[[#This Row],[Inherent Impact Level]])","v":"-- Select Impact --"},{"$f":"IF(RiskRegister[[#This Row],[Risk Status]]=\"Closed\",RiskRegister[[#This Row],[Residual Likelihood Level]],RiskRegister[[#This Row],[Inherent Likelihood Level]])","v":"-- Select Likelihood --"},{"$f":"IF(RiskRegister[[#This Row],[Risk Status]]=\"Closed\",RiskRegister[[#This Row],[Residual-I-L-Combo]],RiskRegister[[#This Row],[Inherent-I-L-Combo]])","v":"-- Select Impact ----- Select Likelihood --"},"-- Error --"]
[395,{"$nulls":5},"-- Select Risk Category --",null,"-- select department --",null,null,"-- Select Impact --",{"$f":"VLOOKUP(RiskRegister[[#This Row],[Inherent Impact Level]],'Rating factors'!$F$4:$G$9,2,FALSE)","v":"--- Error ---"},"-- Select Likelihood --",{"$f":"VLOOKUP(RiskRegister[[#This Row],[Inherent Likelihood Level]],'Rating factors'!$F$16:$G$21,2,FALSE)","v":"--- Error ---"},{"$f":"IFERROR(VLOOKUP(RiskRegister[[#This Row],[Inherent Risk Rating]],'Rating factors'!$F$30:$G$44,2,FALSE),\"-- Error --\")","v":"-- Error --"},{"$f":"IFERROR(RiskRegister[[#This Row],[Inherent Impact Rating]]*RiskRegister[[#This Row],[Inherent Likelihood Rating]],\"-- Error --\")","v":"-- Error --"},"-- Select Risk Response --",null,"-- Select Impact --",{"$f":"VLOOKUP(RiskRegister[[#This Row],[Residual Impact Level]],'Rating factors'!$F$4:$G$9,2,FALSE)","v":"--- Error ---"},"-- Select Likelihood --",{"$f":"VLOOKUP(RiskRegister[[#This Row],[Residual Likelihood Level]],'Rating factors'!$F$16:$G$21,2,FALSE)","v":"--- Error ---"},{"$f":"IFERROR(VLOOKUP(RiskRegister[[#This Row],[Residual Risk Rating]],'Rating factors'!$F$30:$G$44,2,FALSE),\"-- Error --\")","v":"-- Error --"},{"$f":"IFERROR(RiskRegister[[#This Row],[Residual Impact Rating]]*RiskRegister[[#This Row],[Residual Likelihood Rating]],\"-- Error --\")","v":"-- Error --"},"-- Select Risk Status --",{"$nulls":3},{"$f":"IF(ISBLANK(RiskRegister[[#This Row],[Risk Due Date]]), \"Missing Risk Due Date\", IF(RiskRegister[[#This Row],[Risk Due Date]] < TODAY(), \"Overdue\", \"Not Overdue\"))","v":"Missing Risk Due Date"},null,{"$f":"IF(ISBLANK(RiskRegister[[#This Row],[Risk Due Date]]), \"Missing Risk Due Date\", TEXT(RiskRegister[[#This Row],[Risk Due Date]], \"YYYY-MM\"))","v":"Missing Risk Due Date"},{"$f":"IF(RiskRegister[[#This Row],[Created Date]]=\"\",\"Created Date missing\",(TEXT(RiskRegister[[#This Row],[Created Date]],\"mmm\") & \"-\" & YEAR(RiskRegister[[#This Row],[Created Date]])))","v":"Created Date missing"},{"$f":"IF(RiskRegister[[#This Row],[Risk Status]]=\"Closed\",RiskRegister[[#This Row],[Risk Close Date]],RiskRegister[[#This Row],[Risk Due Date]])","v":"00:00:00"},{"$f":"IF(RiskRegister[[#This Row],[Risk-Change-Date]]=0,DATE(2030,1,1),RiskRegister[[#This Row],[Risk-Change-Date]])","v":"2030-01-01"},{"$f":"RiskRegister[[#This Row],[Inherent Impact Level]]&\"-\"&RiskRegister[[#This Row],[Inherent Likelihood Level]]","v":"-- Select Impact ----- Select Likelihood --"},{"$f":"RiskRegister[[#This Row],[Residual Impact Level]]&\"-\"&RiskRegister[[#This Row],[Residual Likelihood Level]]","v":"-- Select Impact ----- Select Likelihood --"},"Error",{"$f":"IF(RiskRegister[[#This Row],[Risk Status]]=\"Closed\",RiskRegister[[#This Row],[Residual Impact Level]],RiskRegister[[#This Row],[Inherent Impact Level]])","v":"-- Select Impact --"},{"$f":"IF(RiskRegister[[#This Row],[Risk Status]]=\"Closed\",RiskRegister[[#This Row],[Residual Likelihood Level]],RiskRegister[[#This Row],[Inherent Likelihood Level]])","v":"-- Select Likelihood --"},{"$f":"IF(RiskRegister[[#This Row],[Risk Status]]=\"Closed\",RiskRegister[[#This Row],[Residual-I-L-Combo]],RiskRegister[[#This Row],[Inherent-I-L-Combo]])","v":"-- Select Impact ----- Select Likelihood --"},"-- Error --"]
[396,{"$nulls":5},"-- Select Risk Category --",null,"-- select department --",null,null,"-- Select Impact --",{"$f":"VLOOKUP(RiskRegister[[#This Row],[Inherent Impact Level]],'Rating factors'!$F$4:$G$9,2,FALSE)","v":"--- Error ---"},"-- Select Likelihood --",{"$f":"VLOOKUP(RiskRegister[[#This Row],[Inherent Likelihood Level]],'Rating factors'!$F$16:$G$21,2,FALSE)","v":"--- Error ---"},{"$f":"IFERROR(VLOOKUP(RiskRegister[[#This Row],[Inherent Risk Rating]],'Rating factors'!$F$30:$G$44,2,FALSE),\"-- Error --\")","v":"-- Error --"},{"$f":"IFERROR(RiskRegister[[#This Row],[Inherent Impact Rating]]*RiskRegister[[#This Row],[Inherent Likelihood Rating]],\"-- Error --\")","v":"-- Error --"},"-- Select Risk Response --",null,"-- Select Impact --",{"$f":"VLOOKUP(RiskRegister[[#This Row],[Residual Impact Level]],'Rating factors'!$F$4:$G$9,2,FALSE)","v":"--- Error ---"},"-- Select Likelihood --",{"$f":"VLOOKUP(RiskRegister[[#This Row],[Residual Likelihood Level]],'Rating factors'!$F$16:$G$21,2,FALSE)","v":"--- Error ---"},{"$f":"IFERROR(VLOOKUP(RiskRegister[[#This Row],[Residual Risk Rating]],'Rating factors'!$F$30:$G$44,2,FALSE),\"-- Error --\")","v":"-- Error --"},{"$f":"IFERROR(RiskRegister[[#This Row],[Residual Impact Rating]]*RiskRegister[[#This Row],[Residual Likelihood Rating]],\"-- Error --\")","v":"-- Error --"},"-- Select Risk Status --",{"$nulls":3},{"$f":"IF(ISBLANK(RiskRegister[[#This Row],[Risk Due Date]]), \"Missing Risk Due Date\", IF(RiskRegister[[#This Row],[Risk Due Date]] < TODAY(), \"Overdue\", \"Not Overdue\"))","v":"Missing Risk Due Date"},null,{"$f":"IF(ISBLANK(RiskRegister[[#This Row],[Risk Due Date]]), \"Missing Risk Due Date\", TEXT(RiskRegister[[#This Row],[Risk Due Date]], \"YYYY-MM\"))","v":"Missing Risk Due Date"},{"$f":"IF(RiskRegister[[#This Row],[Created Date]]=\"\",\"Created Date missing\",(TEXT(RiskRegister[[#This Row],[Created Date]],\"mmm\") & \"-\" & YEAR(RiskRegister[[#This Row],[Created Date]])))","v":"Created Date missing"},{"$f":"IF(RiskRegister[[#This Row],[Risk Status]]=\"Closed\",RiskRegister[[#This Row],[Risk Close Date]],RiskRegister[[#This Row],[Risk Due Date]])","v":"00:00:00"},{"$f":"IF(RiskRegister[[#This Row],[Risk-Change-Date]]=0,DATE(2030,1,1),RiskRegister[[#This Row],[Risk-Change-Date]])","v":"2030-01-01"},{"$f":"RiskRegister[[#This Row],[Inherent Impact Level]]&\"-\"&RiskRegister[[#This Row],[Inherent Likelihood Level]]","v":"-- Select Impact ----- Select Likelihood --"},{"$f":"RiskRegister[[#This Row],[Residual Impact Level]]&\"-\"&RiskRegister[[#This Row],[Residual Likelihood Level]]","v":"-- Select Impact ----- Select Likelihood --"},"Error",{"$f":"IF(RiskRegister[[#This Row],[Risk Status]]=\"Closed\",RiskRegister[[#This Row],[Residual Impact Level]],RiskRegister[[#This Row],[Inherent Impact Level]])","v":"-- Select Impact --"},{"$f":"IF(RiskRegister[[#This Row],[Risk Status]]=\"Closed\",RiskRegister[[#This Row],[Residual Likelihood Level]],RiskRegister[[#This Row],[Inherent Likelihood Level]])","v":"-- Select Likelihood --"},{"$f":"IF(RiskRegister[[#This Row],[Risk Status]]=\"Closed\",RiskRegister[[#This Row],[Residual-I-L-Combo]],RiskRegister[[#This Row],[Inherent-I-L-Combo]])","v":"-- Select Impact ----- Select Likelihood --"},"-- Error --"]
[397,{"$nulls":5},"-- Select Risk Category --",null,"-- select department --",null,null,"-- Select Impact --",{"$f":"VLOOKUP(RiskRegister[[#This Row],[Inherent Impact Level]],'Rating factors'!$F$4:$G$9,2,FALSE)","v":"--- Error ---"},"-- Select Likelihood --",{"$f":"VLOOKUP(RiskRegister[[#This Row],[Inherent Likelihood Level]],'Rating factors'!$F$16:$G$21,2,FALSE)","v":"--- Error ---"},{"$f":"IFERROR(VLOOKUP(RiskRegister[[#This Row],[Inherent Risk Rating]],'Rating factors'!$F$30:$G$44,2,FALSE),\"-- Error --\")","v":"-- Error --"},{"$f":"IFERROR(RiskRegister[[#This Row],[Inherent Impact Rating]]*RiskRegister[[#This Row],[Inherent Likelihood Rating]],\"-- Error --\")","v":"-- Error --"},"-- Select Risk Response --",null,"-- Select Impact --",{"$f":"VLOOKUP(RiskRegister[[#This Row],[Residual Impact Level]],'Rating factors'!$F$4:$G$9,2,FALSE)","v":"--- Error ---"},"-- Select Likelihood --",{"$f":"VLOOKUP(RiskRegister[[#This Row],[Residual Likelihood Level]],'Rating factors'!$F$16:$G$21,2,FALSE)","v":"--- Error ---"},{"$f":"IFERROR(VLOOKUP(RiskRegister[[#This Row],[Residual Risk Rating]],'Rating factors'!$F$30:$G$44,2,FALSE),\"-- Error --\")","v":"-- Error --"},{"$f":"IFERROR(RiskRegister[[#This Row],[Residual Impact Rating]]*RiskRegister[[#This Row],[Residual Likelihood Rating]],\"-- Error --\")","v":"-- Error --"},"-- Select Risk Status --",{"$nulls":3},{"$f":"IF(ISBLANK(RiskRegister[[#This Row],[Risk Due Date]]), \"Missing Risk Due Date\", IF(RiskRegister[[#This Row],[Risk Due Date]] < TODAY(), \"Overdue\", \"Not Overdue\"))","v":"Missing Risk Due Date"},null,{"$f":"IF(ISBLANK(RiskRegister[[#This Row],[Risk Due Date]]), \"Missing Risk Due Date\", TEXT(RiskRegister[[#This Row],[Risk Due Date]], \"YYYY-MM\"))","v":"Missing Risk Due Date"},{"$f":"IF(RiskRegister[[#This Row],[Created Date]]=\"\",\"Created Date missing\",(TEXT(RiskRegister[[#This Row],[Created Date]],\"mmm\") & \"-\" & YEAR(RiskRegister[[#This Row],[Created Date]])))","v":"Created Date missing"},{"$f":"IF(RiskRegister[[#This Row],[Risk Status]]=\"Closed\",RiskRegister[[#This Row],[Risk Close Date]],RiskRegister[[#This Row],[Risk Due Date]])","v":"00:00:00"},{"$f":"IF(RiskRegister[[#This Row],[Risk-Change-Date]]=0,DATE(2030,1,1),RiskRegister[[#This Row],[Risk-Change-Date]])","v":"2030-01-01"},{"$f":"RiskRegister[[#This Row],[Inherent Impact Level]]&\"-\"&RiskRegister[[#This Row],[Inherent Likelihood Level]]","v":"-- Select Impact ----- Select Likelihood --"},{"$f":"RiskRegister[[#This Row],[Residual Impact Level]]&\"-\"&RiskRegister[[#This Row],[Residual Likelihood Level]]","v":"-- Select Impact ----- Select Likelihood --"},"Error",{"$f":"IF(RiskRegister[[#This Row],[Risk Status]]=\"Closed\",RiskRegister[[#This Row],[Residual Impact Level]],RiskRegister[[#This Row],[Inherent Impact Level]])","v":"-- Select Impact --"},{"$f":"IF(RiskRegister[[#This Row],[Risk Status]]=\"Closed\",RiskRegister[[#This Row],[Residual Likelihood Level]],RiskRegister[[#This Row],[Inherent Likelihood Level]])","v":"-- Select Likelihood --"},{"$f":"IF(RiskRegister[[#This Row],[Risk Status]]=\"Closed\",RiskRegister[[#This Row],[Residual-I-L-Combo]],RiskRegister[[#This Row],[Inherent-I-L-Combo]])","v":"-- Select Impact ----- Select Likelihood --"},"-- Error --"]
[398,{"$nulls":5},"-- Select Risk Category --",null,"-- select department --",null,null,"-- Select Impact --",{"$f":"VLOOKUP(RiskRegister[[#This Row],[Inherent Impact Level]],'Rating factors'!$F$4:$G$9,2,FALSE)","v":"--- Error ---"},"-- Select Likelihood --",{"$f":"VLOOKUP(RiskRegister[[#This Row],[Inherent Likelihood Level]],'Rating factors'!$F$16:$G$21,2,FALSE)","v":"--- Error ---"},{"$f":"IFERROR(VLOOKUP(RiskRegister[[#This Row],[Inherent Risk Rating]],'Rating factors'!$F$30:$G$44,2,FALSE),\"-- Error --\")","v":"-- Error --"},{"$f":"IFERROR(RiskRegister[[#This Row],[Inherent Impact Rating]]*RiskRegister[[#This Row],[Inherent Likelihood Rating]],\"-- Error --\")","v":"-- Error --"},"-- Select Risk Response --",null,"-- Select Impact --",{"$f":"VLOOKUP(RiskRegister[[#This Row],[Residual Impact Level]],'Rating factors'!$F$4:$G$9,2,FALSE)","v":"--- Error ---"},"-- Select Likelihood --",{"$f":"VLOOKUP(RiskRegister[[#This Row],[Residual Likelihood Level]],'Rating factors'!$F$16:$G$21,2,FALSE)","v":"--- Error ---"},{"$f":"IFERROR(VLOOKUP(RiskRegister[[#This Row],[Residual Risk Rating]],'Rating factors'!$F$30:$G$44,2,FALSE),\"-- Error --\")","v":"-- Error --"},{"$f":"IFERROR(RiskRegister[[#This Row],[Residual Impact Rating]]*RiskRegister[[#This Row],[Residual Likelihood Rating]],\"-- Error --\")","v":"-- Error --"},"-- Select Risk Status --",{"$nulls":3},{"$f":"IF(ISBLANK(RiskRegister[[#This Row],[Risk Due Date]]), \"Missing Risk Due Date\", IF(RiskRegister[[#This Row],[Risk Due Date]] < TODAY(), \"Overdue\", \"Not Overdue\"))","v":"Missing Risk Due Date"},null,{"$f":"IF(ISBLANK(RiskRegister[[#This Row],[Risk Due Date]]), \"Missing Risk Due Date\", TEXT(RiskRegister[[#This Row],[Risk Due Date]], \"YYYY-MM\"))","v":"Missing Risk Due Date"},{"$f":"IF(RiskRegister[[#This Row],[Created Date]]=\"\",\"Created Date missing\",(TEXT(RiskRegister[[#This Row],[Created Date]],\"mmm\") & \"-\" & YEAR(RiskRegister[[#This Row],[Created Date]])))","v":"Created Date missing"},{"$f":"IF(RiskRegister[[#This Row],[Risk Status]]=\"Closed\",RiskRegister[[#This Row],[Risk Close Date]],RiskRegister[[#This Row],[Risk Due Date]])","v":"00:00:00"},{"$f":"IF(RiskRegister[[#This Row],[Risk-Change-Date]]=0,DATE(2030,1,1),RiskRegister[[#This Row],[Risk-Change-Date]])","v":"2030-01-01"},{"$f":"RiskRegister[[#This Row],[Inherent Impact Level]]&\"-\"&RiskRegister[[#This Row],[Inherent Likelihood Level]]","v":"-- Select Impact ----- Select Likelihood --"},{"$f":"RiskRegister[[#This Row],[Residual Impact Level]]&\"-\"&RiskRegister[[#This Row],[Residual Likelihood Level]]","v":"-- Select Impact ----- Select Likelihood --"},"Error",{"$f":"IF(RiskRegister[[#This Row],[Risk Status]]=\"Closed\",RiskRegister[[#This Row],[Residual Impact Level]],RiskRegister[[#This Row],[Inherent Impact Level]])","v":"-- Select Impact --"},{"$f":"IF(RiskRegister[[#This Row],[Risk Status]]=\"Closed\",RiskRegister[[#This Row],[Residual Likelihood Level]],RiskRegister[[#This Row],[Inherent Likelihood Level]])","v":"-- Select Likelihood --"},{"$f":"IF(RiskRegister[[#This Row],[Risk Status]]=\"Closed\",RiskRegister[[#This Row],[Residual-I-L-Combo]],RiskRegister[[#This Row],[Inherent-I-L-Combo]])","v":"-- Select Impact ----- Select Likelihood --"},"-- Error --"]
[399,{"$nulls":5},"-- Select Risk Category --",null,"-- select department --",null,null,"-- Select Impact --",{"$f":"VLOOKUP(RiskRegister[[#This Row],[Inherent Impact Level]],'Rating factors'!$F$4:$G$9,2,FALSE)","v":"--- Error ---"},"-- Select Likelihood --",{"$f":"VLOOKUP(RiskRegister[[#This Row],[Inherent Likelihood Level]],'Rating factors'!$F$16:$G$21,2,FALSE)","v":"--- Error ---"},{"$f":"IFERROR(VLOOKUP(RiskRegister[[#This Row],[Inherent Risk Rating]],'Rating factors'!$F$30:$G$44,2,FALSE),\"-- Error --\")","v":"-- Error --"},{"$f":"IFERROR(RiskRegister[[#This Row],[Inherent Impact Rating]]*RiskRegister[[#This Row],[Inherent Likelihood Rating]],\"-- Error --\")","v":"-- Error --"},"-- Select Risk Response --",null,"-- Select Impact --",{"$f":"VLOOKUP(RiskRegister[[#This Row],[Residual Impact Level]],'Rating factors'!$F$4:$G$9,2,FALSE)","v":"--- Error ---"},"-- Select Likelihood --",{"$f":"VLOOKUP(RiskRegister[[#This Row],[Residual Likelihood Level]],'Rating factors'!$F$16:$G$21,2,FALSE)","v":"--- Error ---"},{"$f":"IFERROR(VLOOKUP(RiskRegister[[#This Row],[Residual Risk Rating]],'Rating factors'!$F$30:$G$44,2,FALSE),\"-- Error --\")","v":"-- Error --"},{"$f":"IFERROR(RiskRegister[[#This Row],[Residual Impact Rating]]*RiskRegister[[#This Row],[Residual Likelihood Rating]],\"-- Error --\")","v":"-- Error --"},"-- Select Risk Status --",{"$nulls":3},{"$f":"IF(ISBLANK(RiskRegister[[#This Row],[Risk Due Date]]), \"Missing Risk Due Date\", IF(RiskRegister[[#This Row],[Risk Due Date]] < TODAY(), \"Overdue\", \"Not Overdue\"))","v":"Missing Risk Due Date"},null,{"$f":"IF(ISBLANK(RiskRegister[[#This Row],[Risk Due Date]]), \"Missing Risk Due Date\", TEXT(RiskRegister[[#This Row],[Risk Due Date]], \"YYYY-MM\"))","v":"Missing Risk Due Date"},{"$f":"IF(RiskRegister[[#This Row],[Created Date]]=\"\",\"Created Date missing\",(TEXT(RiskRegister[[#This Row],[Created Date]],\"mmm\") & \"-\" & YEAR(RiskRegister[[#This Row],[Created Date]])))","v":"Created Date missing"},{"$f":"IF(RiskRegister[[#This Row],[Risk Status]]=\"Closed\",RiskRegister[[#This Row],[Risk Close Date]],RiskRegister[[#This Row],[Risk Due Date]])","v":"00:00:00"},{"$f":"IF(RiskRegister[[#This Row],[Risk-Change-Date]]=0,DATE(2030,1,1),RiskRegister[[#This Row],[Risk-Change-Date]])","v":"2030-01-01"},{"$f":"RiskRegister[[#This Row],[Inherent Impact Level]]&\"-\"&RiskRegister[[#This Row],[Inherent Likelihood Level]]","v":"-- Select Impact ----- Select Likelihood --"},{"$f":"RiskRegister[[#This Row],[Residual Impact Level]]&\"-\"&RiskRegister[[#This Row],[Residual Likelihood Level]]","v":"-- Select Impact ----- Select Likelihood --"},"Error",{"$f":"IF(RiskRegister[[#This Row],[Risk Status]]=\"Closed\",RiskRegister[[#This Row],[Residual Impact Level]],RiskRegister[[#This Row],[Inherent Impact Level]])","v":"-- Select Impact --"},{"$f":"IF(RiskRegister[[#This Row],[Risk Status]]=\"Closed\",RiskRegister[[#This Row],[Residual Likelihood Level]],RiskRegister[[#This Row],[Inherent Likelihood Level]])","v":"-- Select Likelihood --"},{"$f":"IF(RiskRegister[[#This Row],[Risk Status]]=\"Closed\",RiskRegister[[#This Row],[Residual-I-L-Combo]],RiskRegister[[#This Row],[Inherent-I-L-Combo]])","v":"-- Select Impact ----- Select Likelihood --"},"-- Error --"]
[400,{"$nulls":5},"-- Select Risk Category --",null,"-- select department --",null,null,"-- Select Impact --",{"$f":"VLOOKUP(RiskRegister[[#This Row],[Inherent Impact Level]],'Rating factors'!$F$4:$G$9,2,FALSE)","v":"--- Error ---"},"-- Select Likelihood --",{"$f":"VLOOKUP(RiskRegister[[#This Row],[Inherent Likelihood Level]],'Rating factors'!$F$16:$G$21,2,FALSE)","v":"--- Error ---"},{"$f":"IFERROR(VLOOKUP(RiskRegister[[#This Row],[Inherent Risk Rating]],'Rating factors'!$F$30:$G$44,2,FALSE),\"-- Error --\")","v":"-- Error --"},{"$f":"IFERROR(RiskRegister[[#This Row],[Inherent Impact Rating]]*RiskRegister[[#This Row],[Inherent Likelihood Rating]],\"-- Error --\")","v":"-- Error --"},"-- Select Risk Response --",null,"-- Select Impact --",{"$f":"VLOOKUP(RiskRegister[[#This Row],[Residual Impact Level]],'Rating factors'!$F$4:$G$9,2,FALSE)","v":"--- Error ---"},"-- Select Likelihood --",{"$f":"VLOOKUP(RiskRegister[[#This Row],[Residual Likelihood Level]],'Rating factors'!$F$16:$G$21,2,FALSE)","v":"--- Error ---"},{"$f":"IFERROR(VLOOKUP(RiskRegister[[#This Row],[Residual Risk Rating]],'Rating factors'!$F$30:$G$44,2,FALSE),\"-- Error --\")","v":"-- Error --"},{"$f":"IFERROR(RiskRegister[[#This Row],[Residual Impact Rating]]*RiskRegister[[#This Row],[Residual Likelihood Rating]],\"-- Error --\")","v":"-- Error --"},"-- Select Risk Status --",{"$nulls":3},{"$f":"IF(ISBLANK(RiskRegister[[#This Row],[Risk Due Date]]), \"Missing Risk Due Date\", IF(RiskRegister[[#This Row],[Risk Due Date]] < TODAY(), \"Overdue\", \"Not Overdue\"))","v":"Missing Risk Due Date"},null,{"$f":"IF(ISBLANK(RiskRegister[[#This Row],[Risk Due Date]]), \"Missing Risk Due Date\", TEXT(RiskRegister[[#This Row],[Risk Due Date]], \"YYYY-MM\"))","v":"Missing Risk Due Date"},{"$f":"IF(RiskRegister[[#This Row],[Created Date]]=\"\",\"Created Date missing\",(TEXT(RiskRegister[[#This Row],[Created Date]],\"mmm\") & \"-\" & YEAR(RiskRegister[[#This Row],[Created Date]])))","v":"Created Date missing"},{"$f":"IF(RiskRegister[[#This Row],[Risk Status]]=\"Closed\",RiskRegister[[#This Row],[Risk Close Date]],RiskRegister[[#This Row],[Risk Due Date]])","v":"00:00:00"},{"$f":"IF(RiskRegister[[#This Row],[Risk-Change-Date]]=0,DATE(2030,1,1),RiskRegister[[#This Row],[Risk-Change-Date]])","v":"2030-01-01"},{"$f":"RiskRegister[[#This Row],[Inherent Impact Level]]&\"-\"&RiskRegister[[#This Row],[Inherent Likelihood Level]]","v":"-- Select Impact ----- Select Likelihood --"},{"$f":"RiskRegister[[#This Row],[Residual Impact Level]]&\"-\"&RiskRegister[[#This Row],[Residual Likelihood Level]]","v":"-- Select Impact ----- Select Likelihood --"},"Error",{"$f":"IF(RiskRegister[[#This Row],[Risk Status]]=\"Closed\",RiskRegister[[#This Row],[Residual Impact Level]],RiskRegister[[#This Row],[Inherent Impact Level]])","v":"-- Select Impact --"},{"$f":"IF(RiskRegister[[#This Row],[Risk Status]]=\"Closed\",RiskRegister[[#This Row],[Residual Likelihood Level]],RiskRegister[[#This Row],[Inherent Likelihood Level]])","v":"-- Select Likelihood --"},{"$f":"IF(RiskRegister[[#This Row],[Risk Status]]=\"Closed\",RiskRegister[[#This Row],[Residual-I-L-Combo]],RiskRegister[[#This Row],[Inherent-I-L-Combo]])","v":"-- Select Impact ----- Select Likelihood --"},"-- Error --"]
[401,{"$nulls":5},"-- Select Risk Category --",null,"-- select department --",null,null,"-- Select Impact --",{"$f":"VLOOKUP(RiskRegister[[#This Row],[Inherent Impact Level]],'Rating factors'!$F$4:$G$9,2,FALSE)","v":"--- Error ---"},"-- Select Likelihood --",{"$f":"VLOOKUP(RiskRegister[[#This Row],[Inherent Likelihood Level]],'Rating factors'!$F$16:$G$21,2,FALSE)","v":"--- Error ---"},{"$f":"IFERROR(VLOOKUP(RiskRegister[[#This Row],[Inherent Risk Rating]],'Rating factors'!$F$30:$G$44,2,FALSE),\"-- Error --\")","v":"-- Error --"},{"$f":"IFERROR(RiskRegister[[#This Row],[Inherent Impact Rating]]*RiskRegister[[#This Row],[Inherent Likelihood Rating]],\"-- Error --\")","v":"-- Error --"},"-- Select Risk Response --",null,"-- Select Impact --",{"$f":"VLOOKUP(RiskRegister[[#This Row],[Residual Impact Level]],'Rating factors'!$F$4:$G$9,2,FALSE)","v":"--- Error ---"},"-- Select Likelihood --",{"$f":"VLOOKUP(RiskRegister[[#This Row],[Residual Likelihood Level]],'Rating factors'!$F$16:$G$21,2,FALSE)","v":"--- Error ---"},{"$f":"IFERROR(VLOOKUP(RiskRegister[[#This Row],[Residual Risk Rating]],'Rating factors'!$F$30:$G$44,2,FALSE),\"-- Error --\")","v":"-- Error --"},{"$f":"IFERROR(RiskRegister[[#This Row],[Residual Impact Rating]]*RiskRegister[[#This Row],[Residual Likelihood Rating]],\"-- Error --\")","v":"-- Error --"},"-- Select Risk Status --",{"$nulls":3},{"$f":"IF(ISBLANK(RiskRegister[[#This Row],[Risk Due Date]]), \"Missing Risk Due Date\", IF(RiskRegister[[#This Row],[Risk Due Date]] < TODAY(), \"Overdue\", \"Not Overdue\"))","v":"Missing Risk Due Date"},null,{"$f":"IF(ISBLANK(RiskRegister[[#This Row],[Risk Due Date]]), \"Missing Risk Due Date\", TEXT(RiskRegister[[#This Row],[Risk Due Date]], \"YYYY-MM\"))","v":"Missing Risk Due Date"},{"$f":"IF(RiskRegister[[#This Row],[Created Date]]=\"\",\"Created Date missing\",(TEXT(RiskRegister[[#This Row],[Created Date]],\"mmm\") & \"-\" & YEAR(RiskRegister[[#This Row],[Created Date]])))","v":"Created Date missing"},{"$f":"IF(RiskRegister[[#This Row],[Risk Status]]=\"Closed\",RiskRegister[[#This Row],[Risk Close Date]],RiskRegister[[#This Row],[Risk Due Date]])","v":"00:00:00"},{"$f":"IF(RiskRegister[[#This Row],[Risk-Change-Date]]=0,DATE(2030,1,1),RiskRegister[[#This Row],[Risk-Change-Date]])","v":"2030-01-01"},{"$f":"RiskRegister[[#This Row],[Inherent Impact Level]]&\"-\"&RiskRegister[[#This Row],[Inherent Likelihood Level]]","v":"-- Select Impact ----- Select Likelihood --"},{"$f":"RiskRegister[[#This Row],[Residual Impact Level]]&\"-\"&RiskRegister[[#This Row],[Residual Likelihood Level]]","v":"-- Select Impact ----- Select Likelihood --"},"Error",{"$f":"IF(RiskRegister[[#This Row],[Risk Status]]=\"Closed\",RiskRegister[[#This Row],[Residual Impact Level]],RiskRegister[[#This Row],[Inherent Impact Level]])","v":"-- Select Impact --"},{"$f":"IF(RiskRegister[[#This Row],[Risk Status]]=\"Closed\",RiskRegister[[#This Row],[Residual Likelihood Level]],RiskRegister[[#This Row],[Inherent Likelihood Level]])","v":"-- Select Likelihood --"},{"$f":"IF(RiskRegister[[#This Row],[Risk Status]]=\"Closed\",RiskRegister[[#This Row],[Residual-I-L-Combo]],RiskRegister[[#This Row],[Inherent-I-L-Combo]])","v":"-- Select Impact ----- Select Likelihood --"},"-- Error --"]
[402,{"$nulls":5},"-- Select Risk Category --",null,"-- select department --",null,null,"-- Select Impact --",{"$f":"VLOOKUP(RiskRegister[[#This Row],[Inherent Impact Level]],'Rating factors'!$F$4:$G$9,2,FALSE)","v":"--- Error ---"},"-- Select Likelihood --",{"$f":"VLOOKUP(RiskRegister[[#This Row],[Inherent Likelihood Level]],'Rating factors'!$F$16:$G$21,2,FALSE)","v":"--- Error ---"},{"$f":"IFERROR(VLOOKUP(RiskRegister[[#This Row],[Inherent Risk Rating]],'Rating factors'!$F$30:$G$44,2,FALSE),\"-- Error --\")","v":"-- Error --"},{"$f":"IFERROR(RiskRegister[[#This Row],[Inherent Impact Rating]]*RiskRegister[[#This Row],[Inherent Likelihood Rating]],\"-- Error --\")","v":"-- Error --"},"-- Select Risk Response --",null,"-- Select Impact --",{"$f":"VLOOKUP(RiskRegister[[#This Row],[Residual Impact Level]],'Rating factors'!$F$4:$G$9,2,FALSE)","v":"--- Error ---"},"-- Select Likelihood --",{"$f":"VLOOKUP(RiskRegister[[#This Row],[Residual Likelihood Level]],'Rating factors'!$F$16:$G$21,2,FALSE)","v":"--- Error ---"},{"$f":"IFERROR(VLOOKUP(RiskRegister[[#This Row],[Residual Risk Rating]],'Rating factors'!$F$30:$G$44,2,FALSE),\"-- Error --\")","v":"-- Error --"},{"$f":"IFERROR(RiskRegister[[#This Row],[Residual Impact Rating]]*RiskRegister[[#This Row],[Residual Likelihood Rating]],\"-- Error --\")","v":"-- Error --"},"-- Select Risk Status --",{"$nulls":3},{"$f":"IF(ISBLANK(RiskRegister[[#This Row],[Risk Due Date]]), \"Missing Risk Due Date\", IF(RiskRegister[[#This Row],[Risk Due Date]] < TODAY(), \"Overdue\", \"Not Overdue\"))","v":"Missing Risk Due Date"},null,{"$f":"IF(ISBLANK(RiskRegister[[#This Row],[Risk Due Date]]), \"Missing Risk Due Date\", TEXT(RiskRegister[[#This Row],[Risk Due Date]], \"YYYY-MM\"))","v":"Missing Risk Due Date"},{"$f":"IF(RiskRegister[[#This Row],[Created Date]]=\"\",\"Created Date missing\",(TEXT(RiskRegister[[#This Row],[Created Date]],\"mmm\") & \"-\" & YEAR(RiskRegister[[#This Row],[Created Date]])))","v":"Created Date missing"},{"$f":"IF(RiskRegister[[#This Row],[Risk Status]]=\"Closed\",RiskRegister[[#This Row],[Risk Close Date]],RiskRegister[[#This Row],[Risk Due Date]])","v":"00:00:00"},{"$f":"IF(RiskRegister[[#This Row],[Risk-Change-Date]]=0,DATE(2030,1,1),RiskRegister[[#This Row],[Risk-Change-Date]])","v":"2030-01-01"},{"$f":"RiskRegister[[#This Row],[Inherent Impact Level]]&\"-\"&RiskRegister[[#This Row],[Inherent Likelihood Level]]","v":"-- Select Impact ----- Select Likelihood --"},{"$f":"RiskRegister[[#This Row],[Residual Impact Level]]&\"-\"&RiskRegister[[#This Row],[Residual Likelihood Level]]","v":"-- Select Impact ----- Select Likelihood --"},"Error",{"$f":"IF(RiskRegister[[#This Row],[Risk Status]]=\"Closed\",RiskRegister[[#This Row],[Residual Impact Level]],RiskRegister[[#This Row],[Inherent Impact Level]])","v":"-- Select Impact --"},{"$f":"IF(RiskRegister[[#This Row],[Risk Status]]=\"Closed\",RiskRegister[[#This Row],[Residual Likelihood Level]],RiskRegister[[#This Row],[Inherent Likelihood Level]])","v":"-- Select Likelihood --"},{"$f":"IF(RiskRegister[[#This Row],[Risk Status]]=\"Closed\",RiskRegister[[#This Row],[Residual-I-L-Combo]],RiskRegister[[#This Row],[Inherent-I-L-Combo]])","v":"-- Select Impact ----- Select Likelihood --"},"-- Error --"]
[403,{"$nulls":5},"-- Select Risk Category --",null,"-- select department --",null,null,"-- Select Impact --",{"$f":"VLOOKUP(RiskRegister[[#This Row],[Inherent Impact Level]],'Rating factors'!$F$4:$G$9,2,FALSE)","v":"--- Error ---"},"-- Select Likelihood --",{"$f":"VLOOKUP(RiskRegister[[#This Row],[Inherent Likelihood Level]],'Rating factors'!$F$16:$G$21,2,FALSE)","v":"--- Error ---"},{"$f":"IFERROR(VLOOKUP(RiskRegister[[#This Row],[Inherent Risk Rating]],'Rating factors'!$F$30:$G$44,2,FALSE),\"-- Error --\")","v":"-- Error --"},{"$f":"IFERROR(RiskRegister[[#This Row],[Inherent Impact Rating]]*RiskRegister[[#This Row],[Inherent Likelihood Rating]],\"-- Error --\")","v":"-- Error --"},"-- Select Risk Response --",null,"-- Select Impact --",{"$f":"VLOOKUP(RiskRegister[[#This Row],[Residual Impact Level]],'Rating factors'!$F$4:$G$9,2,FALSE)","v":"--- Error ---"},"-- Select Likelihood --",{"$f":"VLOOKUP(RiskRegister[[#This Row],[Residual Likelihood Level]],'Rating factors'!$F$16:$G$21,2,FALSE)","v":"--- Error ---"},{"$f":"IFERROR(VLOOKUP(RiskRegister[[#This Row],[Residual Risk Rating]],'Rating factors'!$F$30:$G$44,2,FALSE),\"-- Error --\")","v":"-- Error --"},{"$f":"IFERROR(RiskRegister[[#This Row],[Residual Impact Rating]]*RiskRegister[[#This Row],[Residual Likelihood Rating]],\"-- Error --\")","v":"-- Error --"},"-- Select Risk Status --",{"$nulls":3},{"$f":"IF(ISBLANK(RiskRegister[[#This Row],[Risk Due Date]]), \"Missing Risk Due Date\", IF(RiskRegister[[#This Row],[Risk Due Date]] < TODAY(), \"Overdue\", \"Not Overdue\"))","v":"Missing Risk Due Date"},null,{"$f":"IF(ISBLANK(RiskRegister[[#This Row],[Risk Due Date]]), \"Missing Risk Due Date\", TEXT(RiskRegister[[#This Row],[Risk Due Date]], \"YYYY-MM\"))","v":"Missing Risk Due Date"},{"$f":"IF(RiskRegister[[#This Row],[Created Date]]=\"\",\"Created Date missing\",(TEXT(RiskRegister[[#This Row],[Created Date]],\"mmm\") & \"-\" & YEAR(RiskRegister[[#This Row],[Created Date]])))","v":"Created Date missing"},{"$f":"IF(RiskRegister[[#This Row],[Risk Status]]=\"Closed\",RiskRegister[[#This Row],[Risk Close Date]],RiskRegister[[#This Row],[Risk Due Date]])","v":"00:00:00"},{"$f":"IF(RiskRegister[[#This Row],[Risk-Change-Date]]=0,DATE(2030,1,1),RiskRegister[[#This Row],[Risk-Change-Date]])","v":"2030-01-01"},{"$f":"RiskRegister[[#This Row],[Inherent Impact Level]]&\"-\"&RiskRegister[[#This Row],[Inherent Likelihood Level]]","v":"-- Select Impact ----- Select Likelihood --"},{"$f":"RiskRegister[[#This Row],[Residual Impact Level]]&\"-\"&RiskRegister[[#This Row],[Residual Likelihood Level]]","v":"-- Select Impact ----- Select Likelihood --"},"Error",{"$f":"IF(RiskRegister[[#This Row],[Risk Status]]=\"Closed\",RiskRegister[[#This Row],[Residual Impact Level]],RiskRegister[[#This Row],[Inherent Impact Level]])","v":"-- Select Impact --"},{"$f":"IF(RiskRegister[[#This Row],[Risk Status]]=\"Closed\",RiskRegister[[#This Row],[Residual Likelihood Level]],RiskRegister[[#This Row],[Inherent Likelihood Level]])","v":"-- Select Likelihood --"},{"$f":"IF(RiskRegister[[#This Row],[Risk Status]]=\"Closed\",RiskRegister[[#This Row],[Residual-I-L-Combo]],RiskRegister[[#This Row],[Inherent-I-L-Combo]])","v":"-- Select Impact ----- Select Likelihood --"},"-- Error --"]
[404,{"$nulls":5},"-- Select Risk Category --",null,"-- select department --",null,null,"-- Select Impact --",{"$f":"VLOOKUP(RiskRegister[[#This Row],[Inherent Impact Level]],'Rating factors'!$F$4:$G$9,2,FALSE)","v":"--- Error ---"},"-- Select Likelihood --",{"$f":"VLOOKUP(RiskRegister[[#This Row],[Inherent Likelihood Level]],'Rating factors'!$F$16:$G$21,2,FALSE)","v":"--- Error ---"},{"$f":"IFERROR(VLOOKUP(RiskRegister[[#This Row],[Inherent Risk Rating]],'Rating factors'!$F$30:$G$44,2,FALSE),\"-- Error --\")","v":"-- Error --"},{"$f":"IFERROR(RiskRegister[[#This Row],[Inherent Impact Rating]]*RiskRegister[[#This Row],[Inherent Likelihood Rating]],\"-- Error --\")","v":"-- Error --"},"-- Select Risk Response --",null,"-- Select Impact --",{"$f":"VLOOKUP(RiskRegister[[#This Row],[Residual Impact Level]],'Rating factors'!$F$4:$G$9,2,FALSE)","v":"--- Error ---"},"-- Select Likelihood --",{"$f":"VLOOKUP(RiskRegister[[#This Row],[Residual Likelihood Level]],'Rating factors'!$F$16:$G$21,2,FALSE)","v":"--- Error ---"},{"$f":"IFERROR(VLOOKUP(RiskRegister[[#This Row],[Residual Risk Rating]],'Rating factors'!$F$30:$G$44,2,FALSE),\"-- Error --\")","v":"-- Error --"},{"$f":"IFERROR(RiskRegister[[#This Row],[Residual Impact Rating]]*RiskRegister[[#This Row],[Residual Likelihood Rating]],\"-- Error --\")","v":"-- Error --"},"-- Select Risk Status --",{"$nulls":3},{"$f":"IF(ISBLANK(RiskRegister[[#This Row],[Risk Due Date]]), \"Missing Risk Due Date\", IF(RiskRegister[[#This Row],[Risk Due Date]] < TODAY(), \"Overdue\", \"Not Overdue\"))","v":"Missing Risk Due Date"},null,{"$f":"IF(ISBLANK(RiskRegister[[#This Row],[Risk Due Date]]), \"Missing Risk Due Date\", TEXT(RiskRegister[[#This Row],[Risk Due Date]], \"YYYY-MM\"))","v":"Missing Risk Due Date"},{"$f":"IF(RiskRegister[[#This Row],[Created Date]]=\"\",\"Created Date missing\",(TEXT(RiskRegister[[#This Row],[Created Date]],\"mmm\") & \"-\" & YEAR(RiskRegister[[#This Row],[Created Date]])))","v":"Created Date missing"},{"$f":"IF(RiskRegister[[#This Row],[Risk Status]]=\"Closed\",RiskRegister[[#This Row],[Risk Close Date]],RiskRegister[[#This Row],[Risk Due Date]])","v":"00:00:00"},{"$f":"IF(RiskRegister[[#This Row],[Risk-Change-Date]]=0,DATE(2030,1,1),RiskRegister[[#This Row],[Risk-Change-Date]])","v":"2030-01-01"},{"$f":"RiskRegister[[#This Row],[Inherent Impact Level]]&\"-\"&RiskRegister[[#This Row],[Inherent Likelihood Level]]","v":"-- Select Impact ----- Select Likelihood --"},{"$f":"RiskRegister[[#This Row],[Residual Impact Level]]&\"-\"&RiskRegister[[#This Row],[Residual Likelihood Level]]","v":"-- Select Impact ----- Select Likelihood --"},"Error",{"$f":"IF(RiskRegister[[#This Row],[Risk Status]]=\"Closed\",RiskRegister[[#This Row],[Residual Impact Level]],RiskRegister[[#This Row],[Inherent Impact Level]])","v":"-- Select Impact --"},{"$f":"IF(RiskRegister[[#This Row],[Risk Status]]=\"Closed\",RiskRegister[[#This Row],[Residual Likelihood Level]],RiskRegister[[#This Row],[Inherent Likelihood Level]])","v":"-- Select Likelihood --"},{"$f":"IF(RiskRegister[[#This Row],[Risk Status]]=\"Closed\",RiskRegister[[#This Row],[Residual-I-L-Combo]],RiskRegister[[#This Row],[Inherent-I-L-Combo]])","v":"-- Select Impact ----- Select Likelihood --"},"-- Error --"]
[405,{"$nulls":5},"-- Select Risk Category --",null,"-- select department --",null,null,"-- Select Impact --",{"$f":"VLOOKUP(RiskRegister[[#This Row],[Inherent Impact Level]],'Rating factors'!$F$4:$G$9,2,FALSE)","v":"--- Error ---"},"-- Select Likelihood --",{"$f":"VLOOKUP(RiskRegister[[#This Row],[Inherent Likelihood Level]],'Rating factors'!$F$16:$G$21,2,FALSE)","v":"--- Error ---"},{"$f":"IFERROR(VLOOKUP(RiskRegister[[#This Row],[Inherent Risk Rating]],'Rating factors'!$F$30:$G$44,2,FALSE),\"-- Error --\")","v":"-- Error --"},{"$f":"IFERROR(RiskRegister[[#This Row],[Inherent Impact Rating]]*RiskRegister[[#This Row],[Inherent Likelihood Rating]],\"-- Error --\")","v":"-- Error --"},"-- Select Risk Response --",null,"-- Select Impact --",{"$f":"VLOOKUP(RiskRegister[[#This Row],[Residual Impact Level]],'Rating factors'!$F$4:$G$9,2,FALSE)","v":"--- Error ---"},"-- Select Likelihood --",{"$f":"VLOOKUP(RiskRegister[[#This Row],[Residual Likelihood Level]],'Rating factors'!$F$16:$G$21,2,FALSE)","v":"--- Error ---"},{"$f":"IFERROR(VLOOKUP(RiskRegister[[#This Row],[Residual Risk Rating]],'Rating factors'!$F$30:$G$44,2,FALSE),\"-- Error --\")","v":"-- Error --"},{"$f":"IFERROR(RiskRegister[[#This Row],[Residual Impact Rating]]*RiskRegister[[#This Row],[Residual Likelihood Rating]],\"-- Error --\")","v":"-- Error --"},"-- Select Risk Status --",{"$nulls":3},{"$f":"IF(ISBLANK(RiskRegister[[#This Row],[Risk Due Date]]), \"Missing Risk Due Date\", IF(RiskRegister[[#This Row],[Risk Due Date]] < TODAY(), \"Overdue\", \"Not Overdue\"))","v":"Missing Risk Due Date"},null,{"$f":"IF(ISBLANK(RiskRegister[[#This Row],[Risk Due Date]]), \"Missing Risk Due Date\", TEXT(RiskRegister[[#This Row],[Risk Due Date]], \"YYYY-MM\"))","v":"Missing Risk Due Date"},{"$f":"IF(RiskRegister[[#This Row],[Created Date]]=\"\",\"Created Date missing\",(TEXT(RiskRegister[[#This Row],[Created Date]],\"mmm\") & \"-\" & YEAR(RiskRegister[[#This Row],[Created Date]])))","v":"Created Date missing"},{"$f":"IF(RiskRegister[[#This Row],[Risk Status]]=\"Closed\",RiskRegister[[#This Row],[Risk Close Date]],RiskRegister[[#This Row],[Risk Due Date]])","v":"00:00:00"},{"$f":"IF(RiskRegister[[#This Row],[Risk-Change-Date]]=0,DATE(2030,1,1),RiskRegister[[#This Row],[Risk-Change-Date]])","v":"2030-01-01"},{"$f":"RiskRegister[[#This Row],[Inherent Impact Level]]&\"-\"&RiskRegister[[#This Row],[Inherent Likelihood Level]]","v":"-- Select Impact ----- Select Likelihood --"},{"$f":"RiskRegister[[#This Row],[Residual Impact Level]]&\"-\"&RiskRegister[[#This Row],[Residual Likelihood Level]]","v":"-- Select Impact ----- Select Likelihood --"},"Error",{"$f":"IF(RiskRegister[[#This Row],[Risk Status]]=\"Closed\",RiskRegister[[#This Row],[Residual Impact Level]],RiskRegister[[#This Row],[Inherent Impact Level]])","v":"-- Select Impact --"},{"$f":"IF(RiskRegister[[#This Row],[Risk Status]]=\"Closed\",RiskRegister[[#This Row],[Residual Likelihood Level]],RiskRegister[[#This Row],[Inherent Likelihood Level]])","v":"-- Select Likelihood --"},{"$f":"IF(RiskRegister[[#This Row],[Risk Status]]=\"Closed\",RiskRegister[[#This Row],[Residual-I-L-Combo]],RiskRegister[[#This Row],[Inherent-I-L-Combo]])","v":"-- Select Impact ----- Select Likelihood --"},"-- Error --"]
[406,{"$nulls":5},"-- Select Risk Category --",null,"-- select department --",null,null,"-- Select Impact --",{"$f":"VLOOKUP(RiskRegister[[#This Row],[Inherent Impact Level]],'Rating factors'!$F$4:$G$9,2,FALSE)","v":"--- Error ---"},"-- Select Likelihood --",{"$f":"VLOOKUP(RiskRegister[[#This Row],[Inherent Likelihood Level]],'Rating factors'!$F$16:$G$21,2,FALSE)","v":"--- Error ---"},{"$f":"IFERROR(VLOOKUP(RiskRegister[[#This Row],[Inherent Risk Rating]],'Rating factors'!$F$30:$G$44,2,FALSE),\"-- Error --\")","v":"-- Error --"},{"$f":"IFERROR(RiskRegister[[#This Row],[Inherent Impact Rating]]*RiskRegister[[#This Row],[Inherent Likelihood Rating]],\"-- Error --\")","v":"-- Error --"},"-- Select Risk Response --",null,"-- Select Impact --",{"$f":"VLOOKUP(RiskRegister[[#This Row],[Residual Impact Level]],'Rating factors'!$F$4:$G$9,2,FALSE)","v":"--- Error ---"},"-- Select Likelihood --",{"$f":"VLOOKUP(RiskRegister[[#This Row],[Residual Likelihood Level]],'Rating factors'!$F$16:$G$21,2,FALSE)","v":"--- Error ---"},{"$f":"IFERROR(VLOOKUP(RiskRegister[[#This Row],[Residual Risk Rating]],'Rating factors'!$F$30:$G$44,2,FALSE),\"-- Error --\")","v":"-- Error --"},{"$f":"IFERROR(RiskRegister[[#This Row],[Residual Impact Rating]]*RiskRegister[[#This Row],[Residual Likelihood Rating]],\"-- Error --\")","v":"-- Error --"},"-- Select Risk Status --",{"$nulls":3},{"$f":"IF(ISBLANK(RiskRegister[[#This Row],[Risk Due Date]]), \"Missing Risk Due Date\", IF(RiskRegister[[#This Row],[Risk Due Date]] < TODAY(), \"Overdue\", \"Not Overdue\"))","v":"Missing Risk Due Date"},null,{"$f":"IF(ISBLANK(RiskRegister[[#This Row],[Risk Due Date]]), \"Missing Risk Due Date\", TEXT(RiskRegister[[#This Row],[Risk Due Date]], \"YYYY-MM\"))","v":"Missing Risk Due Date"},{"$f":"IF(RiskRegister[[#This Row],[Created Date]]=\"\",\"Created Date missing\",(TEXT(RiskRegister[[#This Row],[Created Date]],\"mmm\") & \"-\" & YEAR(RiskRegister[[#This Row],[Created Date]])))","v":"Created Date missing"},{"$f":"IF(RiskRegister[[#This Row],[Risk Status]]=\"Closed\",RiskRegister[[#This Row],[Risk Close Date]],RiskRegister[[#This Row],[Risk Due Date]])","v":"00:00:00"},{"$f":"IF(RiskRegister[[#This Row],[Risk-Change-Date]]=0,DATE(2030,1,1),RiskRegister[[#This Row],[Risk-Change-Date]])","v":"2030-01-01"},{"$f":"RiskRegister[[#This Row],[Inherent Impact Level]]&\"-\"&RiskRegister[[#This Row],[Inherent Likelihood Level]]","v":"-- Select Impact ----- Select Likelihood --"},{"$f":"RiskRegister[[#This Row],[Residual Impact Level]]&\"-\"&RiskRegister[[#This Row],[Residual Likelihood Level]]","v":"-- Select Impact ----- Select Likelihood --"},"Error",{"$f":"IF(RiskRegister[[#This Row],[Risk Status]]=\"Closed\",RiskRegister[[#This Row],[Residual Impact Level]],RiskRegister[[#This Row],[Inherent Impact Level]])","v":"-- Select Impact --"},{"$f":"IF(RiskRegister[[#This Row],[Risk Status]]=\"Closed\",RiskRegister[[#This Row],[Residual Likelihood Level]],RiskRegister[[#This Row],[Inherent Likelihood Level]])","v":"-- Select Likelihood --"},{"$f":"IF(RiskRegister[[#This Row],[Risk Status]]=\"Closed\",RiskRegister[[#This Row],[Residual-I-L-Combo]],RiskRegister[[#This Row],[Inherent-I-L-Combo]])","v":"-- Select Impact ----- Select Likelihood --"},"-- Error --"]
[407,{"$nulls":5},"-- Select Risk Category --",null,"-- select department --",null,null,"-- Select Impact --",{"$f":"VLOOKUP(RiskRegister[[#This Row],[Inherent Impact Level]],'Rating factors'!$F$4:$G$9,2,FALSE)","v":"--- Error ---"},"-- Select Likelihood --",{"$f":"VLOOKUP(RiskRegister[[#This Row],[Inherent Likelihood Level]],'Rating factors'!$F$16:$G$21,2,FALSE)","v":"--- Error ---"},{"$f":"IFERROR(VLOOKUP(RiskRegister[[#This Row],[Inherent Risk Rating]],'Rating factors'!$F$30:$G$44,2,FALSE),\"-- Error --\")","v":"-- Error --"},{"$f":"IFERROR(RiskRegister[[#This Row],[Inherent Impact Rating]]*RiskRegister[[#This Row],[Inherent Likelihood Rating]],\"-- Error --\")","v":"-- Error --"},"-- Select Risk Response --",null,"-- Select Impact --",{"$f":"VLOOKUP(RiskRegister[[#This Row],[Residual Impact Level]],'Rating factors'!$F$4:$G$9,2,FALSE)","v":"--- Error ---"},"-- Select Likelihood --",{"$f":"VLOOKUP(RiskRegister[[#This Row],[Residual Likelihood Level]],'Rating factors'!$F$16:$G$21,2,FALSE)","v":"--- Error ---"},{"$f":"IFERROR(VLOOKUP(RiskRegister[[#This Row],[Residual Risk Rating]],'Rating factors'!$F$30:$G$44,2,FALSE),\"-- Error --\")","v":"-- Error --"},{"$f":"IFERROR(RiskRegister[[#This Row],[Residual Impact Rating]]*RiskRegister[[#This Row],[Residual Likelihood Rating]],\"-- Error --\")","v":"-- Error --"},"-- Select Risk Status --",{"$nulls":3},{"$f":"IF(ISBLANK(RiskRegister[[#This Row],[Risk Due Date]]), \"Missing Risk Due Date\", IF(RiskRegister[[#This Row],[Risk Due Date]] < TODAY(), \"Overdue\", \"Not Overdue\"))","v":"Missing Risk Due Date"},null,{"$f":"IF(ISBLANK(RiskRegister[[#This Row],[Risk Due Date]]), \"Missing Risk Due Date\", TEXT(RiskRegister[[#This Row],[Risk Due Date]], \"YYYY-MM\"))","v":"Missing Risk Due Date"},{"$f":"IF(RiskRegister[[#This Row],[Created Date]]=\"\",\"Created Date missing\",(TEXT(RiskRegister[[#This Row],[Created Date]],\"mmm\") & \"-\" & YEAR(RiskRegister[[#This Row],[Created Date]])))","v":"Created Date missing"},{"$f":"IF(RiskRegister[[#This Row],[Risk Status]]=\"Closed\",RiskRegister[[#This Row],[Risk Close Date]],RiskRegister[[#This Row],[Risk Due Date]])","v":"00:00:00"},{"$f":"IF(RiskRegister[[#This Row],[Risk-Change-Date]]=0,DATE(2030,1,1),RiskRegister[[#This Row],[Risk-Change-Date]])","v":"2030-01-01"},{"$f":"RiskRegister[[#This Row],[Inherent Impact Level]]&\"-\"&RiskRegister[[#This Row],[Inherent Likelihood Level]]","v":"-- Select Impact ----- Select Likelihood --"},{"$f":"RiskRegister[[#This Row],[Residual Impact Level]]&\"-\"&RiskRegister[[#This Row],[Residual Likelihood Level]]","v":"-- Select Impact ----- Select Likelihood --"},"Error",{"$f":"IF(RiskRegister[[#This Row],[Risk Status]]=\"Closed\",RiskRegister[[#This Row],[Residual Impact Level]],RiskRegister[[#This Row],[Inherent Impact Level]])","v":"-- Select Impact --"},{"$f":"IF(RiskRegister[[#This Row],[Risk Status]]=\"Closed\",RiskRegister[[#This Row],[Residual Likelihood Level]],RiskRegister[[#This Row],[Inherent Likelihood Level]])","v":"-- Select Likelihood --"},{"$f":"IF(RiskRegister[[#This Row],[Risk Status]]=\"Closed\",RiskRegister[[#This Row],[Residual-I-L-Combo]],RiskRegister[[#This Row],[Inherent-I-L-Combo]])","v":"-- Select Impact ----- Select Likelihood --"},"-- Error --"]
[408,{"$nulls":5},"-- Select Risk Category --",null,"-- select department --",null,null,"-- Select Impact --",{"$f":"VLOOKUP(RiskRegister[[#This Row],[Inherent Impact Level]],'Rating factors'!$F$4:$G$9,2,FALSE)","v":"--- Error ---"},"-- Select Likelihood --",{"$f":"VLOOKUP(RiskRegister[[#This Row],[Inherent Likelihood Level]],'Rating factors'!$F$16:$G$21,2,FALSE)","v":"--- Error ---"},{"$f":"IFERROR(VLOOKUP(RiskRegister[[#This Row],[Inherent Risk Rating]],'Rating factors'!$F$30:$G$44,2,FALSE),\"-- Error --\")","v":"-- Error --"},{"$f":"IFERROR(RiskRegister[[#This Row],[Inherent Impact Rating]]*RiskRegister[[#This Row],[Inherent Likelihood Rating]],\"-- Error --\")","v":"-- Error --"},"-- Select Risk Response --",null,"-- Select Impact --",{"$f":"VLOOKUP(RiskRegister[[#This Row],[Residual Impact Level]],'Rating factors'!$F$4:$G$9,2,FALSE)","v":"--- Error ---"},"-- Select Likelihood --",{"$f":"VLOOKUP(RiskRegister[[#This Row],[Residual Likelihood Level]],'Rating factors'!$F$16:$G$21,2,FALSE)","v":"--- Error ---"},{"$f":"IFERROR(VLOOKUP(RiskRegister[[#This Row],[Residual Risk Rating]],'Rating factors'!$F$30:$G$44,2,FALSE),\"-- Error --\")","v":"-- Error --"},{"$f":"IFERROR(RiskRegister[[#This Row],[Residual Impact Rating]]*RiskRegister[[#This Row],[Residual Likelihood Rating]],\"-- Error --\")","v":"-- Error --"},"-- Select Risk Status --",{"$nulls":3},{"$f":"IF(ISBLANK(RiskRegister[[#This Row],[Risk Due Date]]), \"Missing Risk Due Date\", IF(RiskRegister[[#This Row],[Risk Due Date]] < TODAY(), \"Overdue\", \"Not Overdue\"))","v":"Missing Risk Due Date"},null,{"$f":"IF(ISBLANK(RiskRegister[[#This Row],[Risk Due Date]]), \"Missing Risk Due Date\", TEXT(RiskRegister[[#This Row],[Risk Due Date]], \"YYYY-MM\"))","v":"Missing Risk Due Date"},{"$f":"IF(RiskRegister[[#This Row],[Created Date]]=\"\",\"Created Date missing\",(TEXT(RiskRegister[[#This Row],[Created Date]],\"mmm\") & \"-\" & YEAR(RiskRegister[[#This Row],[Created Date]])))","v":"Created Date missing"},{"$f":"IF(RiskRegister[[#This Row],[Risk Status]]=\"Closed\",RiskRegister[[#This Row],[Risk Close Date]],RiskRegister[[#This Row],[Risk Due Date]])","v":"00:00:00"},{"$f":"IF(RiskRegister[[#This Row],[Risk-Change-Date]]=0,DATE(2030,1,1),RiskRegister[[#This Row],[Risk-Change-Date]])","v":"2030-01-01"},{"$f":"RiskRegister[[#This Row],[Inherent Impact Level]]&\"-\"&RiskRegister[[#This Row],[Inherent Likelihood Level]]","v":"-- Select Impact ----- Select Likelihood --"},{"$f":"RiskRegister[[#This Row],[Residual Impact Level]]&\"-\"&RiskRegister[[#This Row],[Residual Likelihood Level]]","v":"-- Select Impact ----- Select Likelihood --"},"Error",{"$f":"IF(RiskRegister[[#This Row],[Risk Status]]=\"Closed\",RiskRegister[[#This Row],[Residual Impact Level]],RiskRegister[[#This Row],[Inherent Impact Level]])","v":"-- Select Impact --"},{"$f":"IF(RiskRegister[[#This Row],[Risk Status]]=\"Closed\",RiskRegister[[#This Row],[Residual Likelihood Level]],RiskRegister[[#This Row],[Inherent Likelihood Level]])","v":"-- Select Likelihood --"},{"$f":"IF(RiskRegister[[#This Row],[Risk Status]]=\"Closed\",RiskRegister[[#This Row],[Residual-I-L-Combo]],RiskRegister[[#This Row],[Inherent-I-L-Combo]])","v":"-- Select Impact ----- Select Likelihood --"},"-- Error --"]
[409,{"$nulls":5},"-- Select Risk Category --",null,"-- select department --",null,null,"-- Select Impact --",{"$f":"VLOOKUP(RiskRegister[[#This Row],[Inherent Impact Level]],'Rating factors'!$F$4:$G$9,2,FALSE)","v":"--- Error ---"},"-- Select Likelihood --",{"$f":"VLOOKUP(RiskRegister[[#This Row],[Inherent Likelihood Level]],'Rating factors'!$F$16:$G$21,2,FALSE)","v":"--- Error ---"},{"$f":"IFERROR(VLOOKUP(RiskRegister[[#This Row],[Inherent Risk Rating]],'Rating factors'!$F$30:$G$44,2,FALSE),\"-- Error --\")","v":"-- Error --"},{"$f":"IFERROR(RiskRegister[[#This Row],[Inherent Impact Rating]]*RiskRegister[[#This Row],[Inherent Likelihood Rating]],\"-- Error --\")","v":"-- Error --"},"-- Select Risk Response --",null,"-- Select Impact --",{"$f":"VLOOKUP(RiskRegister[[#This Row],[Residual Impact Level]],'Rating factors'!$F$4:$G$9,2,FALSE)","v":"--- Error ---"},"-- Select Likelihood --",{"$f":"VLOOKUP(RiskRegister[[#This Row],[Residual Likelihood Level]],'Rating factors'!$F$16:$G$21,2,FALSE)","v":"--- Error ---"},{"$f":"IFERROR(VLOOKUP(RiskRegister[[#This Row],[Residual Risk Rating]],'Rating factors'!$F$30:$G$44,2,FALSE),\"-- Error --\")","v":"-- Error --"},{"$f":"IFERROR(RiskRegister[[#This Row],[Residual Impact Rating]]*RiskRegister[[#This Row],[Residual Likelihood Rating]],\"-- Error --\")","v":"-- Error --"},"-- Select Risk Status --",{"$nulls":3},{"$f":"IF(ISBLANK(RiskRegister[[#This Row],[Risk Due Date]]), \"Missing Risk Due Date\", IF(RiskRegister[[#This Row],[Risk Due Date]] < TODAY(), \"Overdue\", \"Not Overdue\"))","v":"Missing Risk Due Date"},null,{"$f":"IF(ISBLANK(RiskRegister[[#This Row],[Risk Due Date]]), \"Missing Risk Due Date\", TEXT(RiskRegister[[#This Row],[Risk Due Date]], \"YYYY-MM\"))","v":"Missing Risk Due Date"},{"$f":"IF(RiskRegister[[#This Row],[Created Date]]=\"\",\"Created Date missing\",(TEXT(RiskRegister[[#This Row],[Created Date]],\"mmm\") & \"-\" & YEAR(RiskRegister[[#This Row],[Created Date]])))","v":"Created Date missing"},{"$f":"IF(RiskRegister[[#This Row],[Risk Status]]=\"Closed\",RiskRegister[[#This Row],[Risk Close Date]],RiskRegister[[#This Row],[Risk Due Date]])","v":"00:00:00"},{"$f":"IF(RiskRegister[[#This Row],[Risk-Change-Date]]=0,DATE(2030,1,1),RiskRegister[[#This Row],[Risk-Change-Date]])","v":"2030-01-01"},{"$f":"RiskRegister[[#This Row],[Inherent Impact Level]]&\"-\"&RiskRegister[[#This Row],[Inherent Likelihood Level]]","v":"-- Select Impact ----- Select Likelihood --"},{"$f":"RiskRegister[[#This Row],[Residual Impact Level]]&\"-\"&RiskRegister[[#This Row],[Residual Likelihood Level]]","v":"-- Select Impact ----- Select Likelihood --"},"Error",{"$f":"IF(RiskRegister[[#This Row],[Risk Status]]=\"Closed\",RiskRegister[[#This Row],[Residual Impact Level]],RiskRegister[[#This Row],[Inherent Impact Level]])","v":"-- Select Impact --"},{"$f":"IF(RiskRegister[[#This Row],[Risk Status]]=\"Closed\",RiskRegister[[#This Row],[Residual Likelihood Level]],RiskRegister[[#This Row],[Inherent Likelihood Level]])","v":"-- Select Likelihood --"},{"$f":"IF(RiskRegister[[#This Row],[Risk Status]]=\"Closed\",RiskRegister[[#This Row],[Residual-I-L-Combo]],RiskRegister[[#This Row],[Inherent-I-L-Combo]])","v":"-- Select Impact ----- Select Likelihood --"},"-- Error --"]
[410,{"$nulls":5},"-- Select Risk Category --",null,"-- select department --",null,null,"-- Select Impact --",{"$f":"VLOOKUP(RiskRegister[[#This Row],[Inherent Impact Level]],'Rating factors'!$F$4:$G$9,2,FALSE)","v":"--- Error ---"},"-- Select Likelihood --",{"$f":"VLOOKUP(RiskRegister[[#This Row],[Inherent Likelihood Level]],'Rating factors'!$F$16:$G$21,2,FALSE)","v":"--- Error ---"},{"$f":"IFERROR(VLOOKUP(RiskRegister[[#This Row],[Inherent Risk Rating]],'Rating factors'!$F$30:$G$44,2,FALSE),\"-- Error --\")","v":"-- Error --"},{"$f":"IFERROR(RiskRegister[[#This Row],[Inherent Impact Rating]]*RiskRegister[[#This Row],[Inherent Likelihood Rating]],\"-- Error --\")","v":"-- Error --"},"-- Select Risk Response --",null,"-- Select Impact --",{"$f":"VLOOKUP(RiskRegister[[#This Row],[Residual Impact Level]],'Rating factors'!$F$4:$G$9,2,FALSE)","v":"--- Error ---"},"-- Select Likelihood --",{"$f":"VLOOKUP(RiskRegister[[#This Row],[Residual Likelihood Level]],'Rating factors'!$F$16:$G$21,2,FALSE)","v":"--- Error ---"},{"$f":"IFERROR(VLOOKUP(RiskRegister[[#This Row],[Residual Risk Rating]],'Rating factors'!$F$30:$G$44,2,FALSE),\"-- Error --\")","v":"-- Error --"},{"$f":"IFERROR(RiskRegister[[#This Row],[Residual Impact Rating]]*RiskRegister[[#This Row],[Residual Likelihood Rating]],\"-- Error --\")","v":"-- Error --"},"-- Select Risk Status --",{"$nulls":3},{"$f":"IF(ISBLANK(RiskRegister[[#This Row],[Risk Due Date]]), \"Missing Risk Due Date\", IF(RiskRegister[[#This Row],[Risk Due Date]] < TODAY(), \"Overdue\", \"Not Overdue\"))","v":"Missing Risk Due Date"},null,{"$f":"IF(ISBLANK(RiskRegister[[#This Row],[Risk Due Date]]), \"Missing Risk Due Date\", TEXT(RiskRegister[[#This Row],[Risk Due Date]], \"YYYY-MM\"))","v":"Missing Risk Due Date"},{"$f":"IF(RiskRegister[[#This Row],[Created Date]]=\"\",\"Created Date missing\",(TEXT(RiskRegister[[#This Row],[Created Date]],\"mmm\") & \"-\" & YEAR(RiskRegister[[#This Row],[Created Date]])))","v":"Created Date missing"},{"$f":"IF(RiskRegister[[#This Row],[Risk Status]]=\"Closed\",RiskRegister[[#This Row],[Risk Close Date]],RiskRegister[[#This Row],[Risk Due Date]])","v":"00:00:00"},{"$f":"IF(RiskRegister[[#This Row],[Risk-Change-Date]]=0,DATE(2030,1,1),RiskRegister[[#This Row],[Risk-Change-Date]])","v":"2030-01-01"},{"$f":"RiskRegister[[#This Row],[Inherent Impact Level]]&\"-\"&RiskRegister[[#This Row],[Inherent Likelihood Level]]","v":"-- Select Impact ----- Select Likelihood --"},{"$f":"RiskRegister[[#This Row],[Residual Impact Level]]&\"-\"&RiskRegister[[#This Row],[Residual Likelihood Level]]","v":"-- Select Impact ----- Select Likelihood --"},"Error",{"$f":"IF(RiskRegister[[#This Row],[Risk Status]]=\"Closed\",RiskRegister[[#This Row],[Residual Impact Level]],RiskRegister[[#This Row],[Inherent Impact Level]])","v":"-- Select Impact --"},{"$f":"IF(RiskRegister[[#This Row],[Risk Status]]=\"Closed\",RiskRegister[[#This Row],[Residual Likelihood Level]],RiskRegister[[#This Row],[Inherent Likelihood Level]])","v":"-- Select Likelihood --"},{"$f":"IF(RiskRegister[[#This Row],[Risk Status]]=\"Closed\",RiskRegister[[#This Row],[Residual-I-L-Combo]],RiskRegister[[#This Row],[Inherent-I-L-Combo]])","v":"-- Select Impact ----- Select Likelihood --"},"-- Error --"]
[411,{"$nulls":5},"-- Select Risk Category --",null,"-- select department --",null,null,"-- Select Impact --",{"$f":"VLOOKUP(RiskRegister[[#This Row],[Inherent Impact Level]],'Rating factors'!$F$4:$G$9,2,FALSE)","v":"--- Error ---"},"-- Select Likelihood --",{"$f":"VLOOKUP(RiskRegister[[#This Row],[Inherent Likelihood Level]],'Rating factors'!$F$16:$G$21,2,FALSE)","v":"--- Error ---"},{"$f":"IFERROR(VLOOKUP(RiskRegister[[#This Row],[Inherent Risk Rating]],'Rating factors'!$F$30:$G$44,2,FALSE),\"-- Error --\")","v":"-- Error --"},{"$f":"IFERROR(RiskRegister[[#This Row],[Inherent Impact Rating]]*RiskRegister[[#This Row],[Inherent Likelihood Rating]],\"-- Error --\")","v":"-- Error --"},"-- Select Risk Response --",null,"-- Select Impact --",{"$f":"VLOOKUP(RiskRegister[[#This Row],[Residual Impact Level]],'Rating factors'!$F$4:$G$9,2,FALSE)","v":"--- Error ---"},"-- Select Likelihood --",{"$f":"VLOOKUP(RiskRegister[[#This Row],[Residual Likelihood Level]],'Rating factors'!$F$16:$G$21,2,FALSE)","v":"--- Error ---"},{"$f":"IFERROR(VLOOKUP(RiskRegister[[#This Row],[Residual Risk Rating]],'Rating factors'!$F$30:$G$44,2,FALSE),\"-- Error --\")","v":"-- Error --"},{"$f":"IFERROR(RiskRegister[[#This Row],[Residual Impact Rating]]*RiskRegister[[#This Row],[Residual Likelihood Rating]],\"-- Error --\")","v":"-- Error --"},"-- Select Risk Status --",{"$nulls":3},{"$f":"IF(ISBLANK(RiskRegister[[#This Row],[Risk Due Date]]), \"Missing Risk Due Date\", IF(RiskRegister[[#This Row],[Risk Due Date]] < TODAY(), \"Overdue\", \"Not Overdue\"))","v":"Missing Risk Due Date"},null,{"$f":"IF(ISBLANK(RiskRegister[[#This Row],[Risk Due Date]]), \"Missing Risk Due Date\", TEXT(RiskRegister[[#This Row],[Risk Due Date]], \"YYYY-MM\"))","v":"Missing Risk Due Date"},{"$f":"IF(RiskRegister[[#This Row],[Created Date]]=\"\",\"Created Date missing\",(TEXT(RiskRegister[[#This Row],[Created Date]],\"mmm\") & \"-\" & YEAR(RiskRegister[[#This Row],[Created Date]])))","v":"Created Date missing"},{"$f":"IF(RiskRegister[[#This Row],[Risk Status]]=\"Closed\",RiskRegister[[#This Row],[Risk Close Date]],RiskRegister[[#This Row],[Risk Due Date]])","v":"00:00:00"},{"$f":"IF(RiskRegister[[#This Row],[Risk-Change-Date]]=0,DATE(2030,1,1),RiskRegister[[#This Row],[Risk-Change-Date]])","v":"2030-01-01"},{"$f":"RiskRegister[[#This Row],[Inherent Impact Level]]&\"-\"&RiskRegister[[#This Row],[Inherent Likelihood Level]]","v":"-- Select Impact ----- Select Likelihood --"},{"$f":"RiskRegister[[#This Row],[Residual Impact Level]]&\"-\"&RiskRegister[[#This Row],[Residual Likelihood Level]]","v":"-- Select Impact ----- Select Likelihood --"},"Error",{"$f":"IF(RiskRegister[[#This Row],[Risk Status]]=\"Closed\",RiskRegister[[#This Row],[Residual Impact Level]],RiskRegister[[#This Row],[Inherent Impact Level]])","v":"-- Select Impact --"},{"$f":"IF(RiskRegister[[#This Row],[Risk Status]]=\"Closed\",RiskRegister[[#This Row],[Residual Likelihood Level]],RiskRegister[[#This Row],[Inherent Likelihood Level]])","v":"-- Select Likelihood --"},{"$f":"IF(RiskRegister[[#This Row],[Risk Status]]=\"Closed\",RiskRegister[[#This Row],[Residual-I-L-Combo]],RiskRegister[[#This Row],[Inherent-I-L-Combo]])","v":"-- Select Impact ----- Select Likelihood --"},"-- Error --"]
[412,{"$nulls":5},"-- Select Risk Category --",null,"-- select department --",null,null,"-- Select Impact --",{"$f":"VLOOKUP(RiskRegister[[#This Row],[Inherent Impact Level]],'Rating factors'!$F$4:$G$9,2,FALSE)","v":"--- Error ---"},"-- Select Likelihood --",{"$f":"VLOOKUP(RiskRegister[[#This Row],[Inherent Likelihood Level]],'Rating factors'!$F$16:$G$21,2,FALSE)","v":"--- Error ---"},{"$f":"IFERROR(VLOOKUP(RiskRegister[[#This Row],[Inherent Risk Rating]],'Rating factors'!$F$30:$G$44,2,FALSE),\"-- Error --\")","v":"-- Error --"},{"$f":"IFERROR(RiskRegister[[#This Row],[Inherent Impact Rating]]*RiskRegister[[#This Row],[Inherent Likelihood Rating]],\"-- Error --\")","v":"-- Error --"},"-- Select Risk Response --",null,"-- Select Impact --",{"$f":"VLOOKUP(RiskRegister[[#This Row],[Residual Impact Level]],'Rating factors'!$F$4:$G$9,2,FALSE)","v":"--- Error ---"},"-- Select Likelihood --",{"$f":"VLOOKUP(RiskRegister[[#This Row],[Residual Likelihood Level]],'Rating factors'!$F$16:$G$21,2,FALSE)","v":"--- Error ---"},{"$f":"IFERROR(VLOOKUP(RiskRegister[[#This Row],[Residual Risk Rating]],'Rating factors'!$F$30:$G$44,2,FALSE),\"-- Error --\")","v":"-- Error --"},{"$f":"IFERROR(RiskRegister[[#This Row],[Residual Impact Rating]]*RiskRegister[[#This Row],[Residual Likelihood Rating]],\"-- Error --\")","v":"-- Error --"},"-- Select Risk Status --",{"$nulls":3},{"$f":"IF(ISBLANK(RiskRegister[[#This Row],[Risk Due Date]]), \"Missing Risk Due Date\", IF(RiskRegister[[#This Row],[Risk Due Date]] < TODAY(), \"Overdue\", \"Not Overdue\"))","v":"Missing Risk Due Date"},null,{"$f":"IF(ISBLANK(RiskRegister[[#This Row],[Risk Due Date]]), \"Missing Risk Due Date\", TEXT(RiskRegister[[#This Row],[Risk Due Date]], \"YYYY-MM\"))","v":"Missing Risk Due Date"},{"$f":"IF(RiskRegister[[#This Row],[Created Date]]=\"\",\"Created Date missing\",(TEXT(RiskRegister[[#This Row],[Created Date]],\"mmm\") & \"-\" & YEAR(RiskRegister[[#This Row],[Created Date]])))","v":"Created Date missing"},{"$f":"IF(RiskRegister[[#This Row],[Risk Status]]=\"Closed\",RiskRegister[[#This Row],[Risk Close Date]],RiskRegister[[#This Row],[Risk Due Date]])","v":"00:00:00"},{"$f":"IF(RiskRegister[[#This Row],[Risk-Change-Date]]=0,DATE(2030,1,1),RiskRegister[[#This Row],[Risk-Change-Date]])","v":"2030-01-01"},{"$f":"RiskRegister[[#This Row],[Inherent Impact Level]]&\"-\"&RiskRegister[[#This Row],[Inherent Likelihood Level]]","v":"-- Select Impact ----- Select Likelihood --"},{"$f":"RiskRegister[[#This Row],[Residual Impact Level]]&\"-\"&RiskRegister[[#This Row],[Residual Likelihood Level]]","v":"-- Select Impact ----- Select Likelihood --"},"Error",{"$f":"IF(RiskRegister[[#This Row],[Risk Status]]=\"Closed\",RiskRegister[[#This Row],[Residual Impact Level]],RiskRegister[[#This Row],[Inherent Impact Level]])","v":"-- Select Impact --"},{"$f":"IF(RiskRegister[[#This Row],[Risk Status]]=\"Closed\",RiskRegister[[#This Row],[Residual Likelihood Level]],RiskRegister[[#This Row],[Inherent Likelihood Level]])","v":"-- Select Likelihood --"},{"$f":"IF(RiskRegister[[#This Row],[Risk Status]]=\"Closed\",RiskRegister[[#This Row],[Residual-I-L-Combo]],RiskRegister[[#This Row],[Inherent-I-L-Combo]])","v":"-- Select Impact ----- Select Likelihood --"},"-- Error --"]
[413,{"$nulls":5},"-- Select Risk Category --",null,"-- select department --",null,null,"-- Select Impact --",{"$f":"VLOOKUP(RiskRegister[[#This Row],[Inherent Impact Level]],'Rating factors'!$F$4:$G$9,2,FALSE)","v":"--- Error ---"},"-- Select Likelihood --",{"$f":"VLOOKUP(RiskRegister[[#This Row],[Inherent Likelihood Level]],'Rating factors'!$F$16:$G$21,2,FALSE)","v":"--- Error ---"},{"$f":"IFERROR(VLOOKUP(RiskRegister[[#This Row],[Inherent Risk Rating]],'Rating factors'!$F$30:$G$44,2,FALSE),\"-- Error --\")","v":"-- Error --"},{"$f":"IFERROR(RiskRegister[[#This Row],[Inherent Impact Rating]]*RiskRegister[[#This Row],[Inherent Likelihood Rating]],\"-- Error --\")","v":"-- Error --"},"-- Select Risk Response --",null,"-- Select Impact --",{"$f":"VLOOKUP(RiskRegister[[#This Row],[Residual Impact Level]],'Rating factors'!$F$4:$G$9,2,FALSE)","v":"--- Error ---"},"-- Select Likelihood --",{"$f":"VLOOKUP(RiskRegister[[#This Row],[Residual Likelihood Level]],'Rating factors'!$F$16:$G$21,2,FALSE)","v":"--- Error ---"},{"$f":"IFERROR(VLOOKUP(RiskRegister[[#This Row],[Residual Risk Rating]],'Rating factors'!$F$30:$G$44,2,FALSE),\"-- Error --\")","v":"-- Error --"},{"$f":"IFERROR(RiskRegister[[#This Row],[Residual Impact Rating]]*RiskRegister[[#This Row],[Residual Likelihood Rating]],\"-- Error --\")","v":"-- Error --"},"-- Select Risk Status --",{"$nulls":3},{"$f":"IF(ISBLANK(RiskRegister[[#This Row],[Risk Due Date]]), \"Missing Risk Due Date\", IF(RiskRegister[[#This Row],[Risk Due Date]] < TODAY(), \"Overdue\", \"Not Overdue\"))","v":"Missing Risk Due Date"},null,{"$f":"IF(ISBLANK(RiskRegister[[#This Row],[Risk Due Date]]), \"Missing Risk Due Date\", TEXT(RiskRegister[[#This Row],[Risk Due Date]], \"YYYY-MM\"))","v":"Missing Risk Due Date"},{"$f":"IF(RiskRegister[[#This Row],[Created Date]]=\"\",\"Created Date missing\",(TEXT(RiskRegister[[#This Row],[Created Date]],\"mmm\") & \"-\" & YEAR(RiskRegister[[#This Row],[Created Date]])))","v":"Created Date missing"},{"$f":"IF(RiskRegister[[#This Row],[Risk Status]]=\"Closed\",RiskRegister[[#This Row],[Risk Close Date]],RiskRegister[[#This Row],[Risk Due Date]])","v":"00:00:00"},{"$f":"IF(RiskRegister[[#This Row],[Risk-Change-Date]]=0,DATE(2030,1,1),RiskRegister[[#This Row],[Risk-Change-Date]])","v":"2030-01-01"},{"$f":"RiskRegister[[#This Row],[Inherent Impact Level]]&\"-\"&RiskRegister[[#This Row],[Inherent Likelihood Level]]","v":"-- Select Impact ----- Select Likelihood --"},{"$f":"RiskRegister[[#This Row],[Residual Impact Level]]&\"-\"&RiskRegister[[#This Row],[Residual Likelihood Level]]","v":"-- Select Impact ----- Select Likelihood --"},"Error",{"$f":"IF(RiskRegister[[#This Row],[Risk Status]]=\"Closed\",RiskRegister[[#This Row],[Residual Impact Level]],RiskRegister[[#This Row],[Inherent Impact Level]])","v":"-- Select Impact --"},{"$f":"IF(RiskRegister[[#This Row],[Risk Status]]=\"Closed\",RiskRegister[[#This Row],[Residual Likelihood Level]],RiskRegister[[#This Row],[Inherent Likelihood Level]])","v":"-- Select Likelihood --"},{"$f":"IF(RiskRegister[[#This Row],[Risk Status]]=\"Closed\",RiskRegister[[#This Row],[Residual-I-L-Combo]],RiskRegister[[#This Row],[Inherent-I-L-Combo]])","v":"-- Select Impact ----- Select Likelihood --"},"-- Error --"]
[414,{"$nulls":5},"-- Select Risk Category --",null,"-- select department --",null,null,"-- Select Impact --",{"$f":"VLOOKUP(RiskRegister[[#This Row],[Inherent Impact Level]],'Rating factors'!$F$4:$G$9,2,FALSE)","v":"--- Error ---"},"-- Select Likelihood --",{"$f":"VLOOKUP(RiskRegister[[#This Row],[Inherent Likelihood Level]],'Rating factors'!$F$16:$G$21,2,FALSE)","v":"--- Error ---"},{"$f":"IFERROR(VLOOKUP(RiskRegister[[#This Row],[Inherent Risk Rating]],'Rating factors'!$F$30:$G$44,2,FALSE),\"-- Error --\")","v":"-- Error --"},{"$f":"IFERROR(RiskRegister[[#This Row],[Inherent Impact Rating]]*RiskRegister[[#This Row],[Inherent Likelihood Rating]],\"-- Error --\")","v":"-- Error --"},"-- Select Risk Response --",null,"-- Select Impact --",{"$f":"VLOOKUP(RiskRegister[[#This Row],[Residual Impact Level]],'Rating factors'!$F$4:$G$9,2,FALSE)","v":"--- Error ---"},"-- Select Likelihood --",{"$f":"VLOOKUP(RiskRegister[[#This Row],[Residual Likelihood Level]],'Rating factors'!$F$16:$G$21,2,FALSE)","v":"--- Error ---"},{"$f":"IFERROR(VLOOKUP(RiskRegister[[#This Row],[Residual Risk Rating]],'Rating factors'!$F$30:$G$44,2,FALSE),\"-- Error --\")","v":"-- Error --"},{"$f":"IFERROR(RiskRegister[[#This Row],[Residual Impact Rating]]*RiskRegister[[#This Row],[Residual Likelihood Rating]],\"-- Error --\")","v":"-- Error --"},"-- Select Risk Status --",{"$nulls":3},{"$f":"IF(ISBLANK(RiskRegister[[#This Row],[Risk Due Date]]), \"Missing Risk Due Date\", IF(RiskRegister[[#This Row],[Risk Due Date]] < TODAY(), \"Overdue\", \"Not Overdue\"))","v":"Missing Risk Due Date"},null,{"$f":"IF(ISBLANK(RiskRegister[[#This Row],[Risk Due Date]]), \"Missing Risk Due Date\", TEXT(RiskRegister[[#This Row],[Risk Due Date]], \"YYYY-MM\"))","v":"Missing Risk Due Date"},{"$f":"IF(RiskRegister[[#This Row],[Created Date]]=\"\",\"Created Date missing\",(TEXT(RiskRegister[[#This Row],[Created Date]],\"mmm\") & \"-\" & YEAR(RiskRegister[[#This Row],[Created Date]])))","v":"Created Date missing"},{"$f":"IF(RiskRegister[[#This Row],[Risk Status]]=\"Closed\",RiskRegister[[#This Row],[Risk Close Date]],RiskRegister[[#This Row],[Risk Due Date]])","v":"00:00:00"},{"$f":"IF(RiskRegister[[#This Row],[Risk-Change-Date]]=0,DATE(2030,1,1),RiskRegister[[#This Row],[Risk-Change-Date]])","v":"2030-01-01"},{"$f":"RiskRegister[[#This Row],[Inherent Impact Level]]&\"-\"&RiskRegister[[#This Row],[Inherent Likelihood Level]]","v":"-- Select Impact ----- Select Likelihood --"},{"$f":"RiskRegister[[#This Row],[Residual Impact Level]]&\"-\"&RiskRegister[[#This Row],[Residual Likelihood Level]]","v":"-- Select Impact ----- Select Likelihood --"},"Error",{"$f":"IF(RiskRegister[[#This Row],[Risk Status]]=\"Closed\",RiskRegister[[#This Row],[Residual Impact Level]],RiskRegister[[#This Row],[Inherent Impact Level]])","v":"-- Select Impact --"},{"$f":"IF(RiskRegister[[#This Row],[Risk Status]]=\"Closed\",RiskRegister[[#This Row],[Residual Likelihood Level]],RiskRegister[[#This Row],[Inherent Likelihood Level]])","v":"-- Select Likelihood --"},{"$f":"IF(RiskRegister[[#This Row],[Risk Status]]=\"Closed\",RiskRegister[[#This Row],[Residual-I-L-Combo]],RiskRegister[[#This Row],[Inherent-I-L-Combo]])","v":"-- Select Impact ----- Select Likelihood --"},"-- Error --"]
[415,{"$nulls":5},"-- Select Risk Category --",null,"-- select department --",null,null,"-- Select Impact --",{"$f":"VLOOKUP(RiskRegister[[#This Row],[Inherent Impact Level]],'Rating factors'!$F$4:$G$9,2,FALSE)","v":"--- Error ---"},"-- Select Likelihood --",{"$f":"VLOOKUP(RiskRegister[[#This Row],[Inherent Likelihood Level]],'Rating factors'!$F$16:$G$21,2,FALSE)","v":"--- Error ---"},{"$f":"IFERROR(VLOOKUP(RiskRegister[[#This Row],[Inherent Risk Rating]],'Rating factors'!$F$30:$G$44,2,FALSE),\"-- Error --\")","v":"-- Error --"},{"$f":"IFERROR(RiskRegister[[#This Row],[Inherent Impact Rating]]*RiskRegister[[#This Row],[Inherent Likelihood Rating]],\"-- Error --\")","v":"-- Error --"},"-- Select Risk Response --",null,"-- Select Impact --",{"$f":"VLOOKUP(RiskRegister[[#This Row],[Residual Impact Level]],'Rating factors'!$F$4:$G$9,2,FALSE)","v":"--- Error ---"},"-- Select Likelihood --",{"$f":"VLOOKUP(RiskRegister[[#This Row],[Residual Likelihood Level]],'Rating factors'!$F$16:$G$21,2,FALSE)","v":"--- Error ---"},{"$f":"IFERROR(VLOOKUP(RiskRegister[[#This Row],[Residual Risk Rating]],'Rating factors'!$F$30:$G$44,2,FALSE),\"-- Error --\")","v":"-- Error --"},{"$f":"IFERROR(RiskRegister[[#This Row],[Residual Impact Rating]]*RiskRegister[[#This Row],[Residual Likelihood Rating]],\"-- Error --\")","v":"-- Error --"},"-- Select Risk Status --",{"$nulls":3},{"$f":"IF(ISBLANK(RiskRegister[[#This Row],[Risk Due Date]]), \"Missing Risk Due Date\", IF(RiskRegister[[#This Row],[Risk Due Date]] < TODAY(), \"Overdue\", \"Not Overdue\"))","v":"Missing Risk Due Date"},null,{"$f":"IF(ISBLANK(RiskRegister[[#This Row],[Risk Due Date]]), \"Missing Risk Due Date\", TEXT(RiskRegister[[#This Row],[Risk Due Date]], \"YYYY-MM\"))","v":"Missing Risk Due Date"},{"$f":"IF(RiskRegister[[#This Row],[Created Date]]=\"\",\"Created Date missing\",(TEXT(RiskRegister[[#This Row],[Created Date]],\"mmm\") & \"-\" & YEAR(RiskRegister[[#This Row],[Created Date]])))","v":"Created Date missing"},{"$f":"IF(RiskRegister[[#This Row],[Risk Status]]=\"Closed\",RiskRegister[[#This Row],[Risk Close Date]],RiskRegister[[#This Row],[Risk Due Date]])","v":"00:00:00"},{"$f":"IF(RiskRegister[[#This Row],[Risk-Change-Date]]=0,DATE(2030,1,1),RiskRegister[[#This Row],[Risk-Change-Date]])","v":"2030-01-01"},{"$f":"RiskRegister[[#This Row],[Inherent Impact Level]]&\"-\"&RiskRegister[[#This Row],[Inherent Likelihood Level]]","v":"-- Select Impact ----- Select Likelihood --"},{"$f":"RiskRegister[[#This Row],[Residual Impact Level]]&\"-\"&RiskRegister[[#This Row],[Residual Likelihood Level]]","v":"-- Select Impact ----- Select Likelihood --"},"Error",{"$f":"IF(RiskRegister[[#This Row],[Risk Status]]=\"Closed\",RiskRegister[[#This Row],[Residual Impact Level]],RiskRegister[[#This Row],[Inherent Impact Level]])","v":"-- Select Impact --"},{"$f":"IF(RiskRegister[[#This Row],[Risk Status]]=\"Closed\",RiskRegister[[#This Row],[Residual Likelihood Level]],RiskRegister[[#This Row],[Inherent Likelihood Level]])","v":"-- Select Likelihood --"},{"$f":"IF(RiskRegister[[#This Row],[Risk Status]]=\"Closed\",RiskRegister[[#This Row],[Residual-I-L-Combo]],RiskRegister[[#This Row],[Inherent-I-L-Combo]])","v":"-- Select Impact ----- Select Likelihood --"},"-- Error --"]
[416,{"$nulls":5},"-- Select Risk Category --",null,"-- select department --",null,null,"-- Select Impact --",{"$f":"VLOOKUP(RiskRegister[[#This Row],[Inherent Impact Level]],'Rating factors'!$F$4:$G$9,2,FALSE)","v":"--- Error ---"},"-- Select Likelihood --",{"$f":"VLOOKUP(RiskRegister[[#This Row],[Inherent Likelihood Level]],'Rating factors'!$F$16:$G$21,2,FALSE)","v":"--- Error ---"},{"$f":"IFERROR(VLOOKUP(RiskRegister[[#This Row],[Inherent Risk Rating]],'Rating factors'!$F$30:$G$44,2,FALSE),\"-- Error --\")","v":"-- Error --"},{"$f":"IFERROR(RiskRegister[[#This Row],[Inherent Impact Rating]]*RiskRegister[[#This Row],[Inherent Likelihood Rating]],\"-- Error --\")","v":"-- Error --"},"-- Select Risk Response --",null,"-- Select Impact --",{"$f":"VLOOKUP(RiskRegister[[#This Row],[Residual Impact Level]],'Rating factors'!$F$4:$G$9,2,FALSE)","v":"--- Error ---"},"-- Select Likelihood --",{"$f":"VLOOKUP(RiskRegister[[#This Row],[Residual Likelihood Level]],'Rating factors'!$F$16:$G$21,2,FALSE)","v":"--- Error ---"},{"$f":"IFERROR(VLOOKUP(RiskRegister[[#This Row],[Residual Risk Rating]],'Rating factors'!$F$30:$G$44,2,FALSE),\"-- Error --\")","v":"-- Error --"},{"$f":"IFERROR(RiskRegister[[#This Row],[Residual Impact Rating]]*RiskRegister[[#This Row],[Residual Likelihood Rating]],\"-- Error --\")","v":"-- Error --"},"-- Select Risk Status --",{"$nulls":3},{"$f":"IF(ISBLANK(RiskRegister[[#This Row],[Risk Due Date]]), \"Missing Risk Due Date\", IF(RiskRegister[[#This Row],[Risk Due Date]] < TODAY(), \"Overdue\", \"Not Overdue\"))","v":"Missing Risk Due Date"},null,{"$f":"IF(ISBLANK(RiskRegister[[#This Row],[Risk Due Date]]), \"Missing Risk Due Date\", TEXT(RiskRegister[[#This Row],[Risk Due Date]], \"YYYY-MM\"))","v":"Missing Risk Due Date"},{"$f":"IF(RiskRegister[[#This Row],[Created Date]]=\"\",\"Created Date missing\",(TEXT(RiskRegister[[#This Row],[Created Date]],\"mmm\") & \"-\" & YEAR(RiskRegister[[#This Row],[Created Date]])))","v":"Created Date missing"},{"$f":"IF(RiskRegister[[#This Row],[Risk Status]]=\"Closed\",RiskRegister[[#This Row],[Risk Close Date]],RiskRegister[[#This Row],[Risk Due Date]])","v":"00:00:00"},{"$f":"IF(RiskRegister[[#This Row],[Risk-Change-Date]]=0,DATE(2030,1,1),RiskRegister[[#This Row],[Risk-Change-Date]])","v":"2030-01-01"},{"$f":"RiskRegister[[#This Row],[Inherent Impact Level]]&\"-\"&RiskRegister[[#This Row],[Inherent Likelihood Level]]","v":"-- Select Impact ----- Select Likelihood --"},{"$f":"RiskRegister[[#This Row],[Residual Impact Level]]&\"-\"&RiskRegister[[#This Row],[Residual Likelihood Level]]","v":"-- Select Impact ----- Select Likelihood --"},"Error",{"$f":"IF(RiskRegister[[#This Row],[Risk Status]]=\"Closed\",RiskRegister[[#This Row],[Residual Impact Level]],RiskRegister[[#This Row],[Inherent Impact Level]])","v":"-- Select Impact --"},{"$f":"IF(RiskRegister[[#This Row],[Risk Status]]=\"Closed\",RiskRegister[[#This Row],[Residual Likelihood Level]],RiskRegister[[#This Row],[Inherent Likelihood Level]])","v":"-- Select Likelihood --"},{"$f":"IF(RiskRegister[[#This Row],[Risk Status]]=\"Closed\",RiskRegister[[#This Row],[Residual-I-L-Combo]],RiskRegister[[#This Row],[Inherent-I-L-Combo]])","v":"-- Select Impact ----- Select Likelihood --"},"-- Error --"]
[417,{"$nulls":5},"-- Select Risk Category --",null,"-- select department --",null,null,"-- Select Impact --",{"$f":"VLOOKUP(RiskRegister[[#This Row],[Inherent Impact Level]],'Rating factors'!$F$4:$G$9,2,FALSE)","v":"--- Error ---"},"-- Select Likelihood --",{"$f":"VLOOKUP(RiskRegister[[#This Row],[Inherent Likelihood Level]],'Rating factors'!$F$16:$G$21,2,FALSE)","v":"--- Error ---"},{"$f":"IFERROR(VLOOKUP(RiskRegister[[#This Row],[Inherent Risk Rating]],'Rating factors'!$F$30:$G$44,2,FALSE),\"-- Error --\")","v":"-- Error --"},{"$f":"IFERROR(RiskRegister[[#This Row],[Inherent Impact Rating]]*RiskRegister[[#This Row],[Inherent Likelihood Rating]],\"-- Error --\")","v":"-- Error --"},"-- Select Risk Response --",null,"-- Select Impact --",{"$f":"VLOOKUP(RiskRegister[[#This Row],[Residual Impact Level]],'Rating factors'!$F$4:$G$9,2,FALSE)","v":"--- Error ---"},"-- Select Likelihood --",{"$f":"VLOOKUP(RiskRegister[[#This Row],[Residual Likelihood Level]],'Rating factors'!$F$16:$G$21,2,FALSE)","v":"--- Error ---"},{"$f":"IFERROR(VLOOKUP(RiskRegister[[#This Row],[Residual Risk Rating]],'Rating factors'!$F$30:$G$44,2,FALSE),\"-- Error --\")","v":"-- Error --"},{"$f":"IFERROR(RiskRegister[[#This Row],[Residual Impact Rating]]*RiskRegister[[#This Row],[Residual Likelihood Rating]],\"-- Error --\")","v":"-- Error --"},"-- Select Risk Status --",{"$nulls":3},{"$f":"IF(ISBLANK(RiskRegister[[#This Row],[Risk Due Date]]), \"Missing Risk Due Date\", IF(RiskRegister[[#This Row],[Risk Due Date]] < TODAY(), \"Overdue\", \"Not Overdue\"))","v":"Missing Risk Due Date"},null,{"$f":"IF(ISBLANK(RiskRegister[[#This Row],[Risk Due Date]]), \"Missing Risk Due Date\", TEXT(RiskRegister[[#This Row],[Risk Due Date]], \"YYYY-MM\"))","v":"Missing Risk Due Date"},{"$f":"IF(RiskRegister[[#This Row],[Created Date]]=\"\",\"Created Date missing\",(TEXT(RiskRegister[[#This Row],[Created Date]],\"mmm\") & \"-\" & YEAR(RiskRegister[[#This Row],[Created Date]])))","v":"Created Date missing"},{"$f":"IF(RiskRegister[[#This Row],[Risk Status]]=\"Closed\",RiskRegister[[#This Row],[Risk Close Date]],RiskRegister[[#This Row],[Risk Due Date]])","v":"00:00:00"},{"$f":"IF(RiskRegister[[#This Row],[Risk-Change-Date]]=0,DATE(2030,1,1),RiskRegister[[#This Row],[Risk-Change-Date]])","v":"2030-01-01"},{"$f":"RiskRegister[[#This Row],[Inherent Impact Level]]&\"-\"&RiskRegister[[#This Row],[Inherent Likelihood Level]]","v":"-- Select Impact ----- Select Likelihood --"},{"$f":"RiskRegister[[#This Row],[Residual Impact Level]]&\"-\"&RiskRegister[[#This Row],[Residual Likelihood Level]]","v":"-- Select Impact ----- Select Likelihood --"},"Error",{"$f":"IF(RiskRegister[[#This Row],[Risk Status]]=\"Closed\",RiskRegister[[#This Row],[Residual Impact Level]],RiskRegister[[#This Row],[Inherent Impact Level]])","v":"-- Select Impact --"},{"$f":"IF(RiskRegister[[#This Row],[Risk Status]]=\"Closed\",RiskRegister[[#This Row],[Residual Likelihood Level]],RiskRegister[[#This Row],[Inherent Likelihood Level]])","v":"-- Select Likelihood --"},{"$f":"IF(RiskRegister[[#This Row],[Risk Status]]=\"Closed\",RiskRegister[[#This Row],[Residual-I-L-Combo]],RiskRegister[[#This Row],[Inherent-I-L-Combo]])","v":"-- Select Impact ----- Select Likelihood --"},"-- Error --"]
[418,{"$nulls":5},"-- Select Risk Category --",null,"-- select department --",null,null,"-- Select Impact --",{"$f":"VLOOKUP(RiskRegister[[#This Row],[Inherent Impact Level]],'Rating factors'!$F$4:$G$9,2,FALSE)","v":"--- Error ---"},"-- Select Likelihood --",{"$f":"VLOOKUP(RiskRegister[[#This Row],[Inherent Likelihood Level]],'Rating factors'!$F$16:$G$21,2,FALSE)","v":"--- Error ---"},{"$f":"IFERROR(VLOOKUP(RiskRegister[[#This Row],[Inherent Risk Rating]],'Rating factors'!$F$30:$G$44,2,FALSE),\"-- Error --\")","v":"-- Error --"},{"$f":"IFERROR(RiskRegister[[#This Row],[Inherent Impact Rating]]*RiskRegister[[#This Row],[Inherent Likelihood Rating]],\"-- Error --\")","v":"-- Error --"},"-- Select Risk Response --",null,"-- Select Impact --",{"$f":"VLOOKUP(RiskRegister[[#This Row],[Residual Impact Level]],'Rating factors'!$F$4:$G$9,2,FALSE)","v":"--- Error ---"},"-- Select Likelihood --",{"$f":"VLOOKUP(RiskRegister[[#This Row],[Residual Likelihood Level]],'Rating factors'!$F$16:$G$21,2,FALSE)","v":"--- Error ---"},{"$f":"IFERROR(VLOOKUP(RiskRegister[[#This Row],[Residual Risk Rating]],'Rating factors'!$F$30:$G$44,2,FALSE),\"-- Error --\")","v":"-- Error --"},{"$f":"IFERROR(RiskRegister[[#This Row],[Residual Impact Rating]]*RiskRegister[[#This Row],[Residual Likelihood Rating]],\"-- Error --\")","v":"-- Error --"},"-- Select Risk Status --",{"$nulls":3},{"$f":"IF(ISBLANK(RiskRegister[[#This Row],[Risk Due Date]]), \"Missing Risk Due Date\", IF(RiskRegister[[#This Row],[Risk Due Date]] < TODAY(), \"Overdue\", \"Not Overdue\"))","v":"Missing Risk Due Date"},null,{"$f":"IF(ISBLANK(RiskRegister[[#This Row],[Risk Due Date]]), \"Missing Risk Due Date\", TEXT(RiskRegister[[#This Row],[Risk Due Date]], \"YYYY-MM\"))","v":"Missing Risk Due Date"},{"$f":"IF(RiskRegister[[#This Row],[Created Date]]=\"\",\"Created Date missing\",(TEXT(RiskRegister[[#This Row],[Created Date]],\"mmm\") & \"-\" & YEAR(RiskRegister[[#This Row],[Created Date]])))","v":"Created Date missing"},{"$f":"IF(RiskRegister[[#This Row],[Risk Status]]=\"Closed\",RiskRegister[[#This Row],[Risk Close Date]],RiskRegister[[#This Row],[Risk Due Date]])","v":"00:00:00"},{"$f":"IF(RiskRegister[[#This Row],[Risk-Change-Date]]=0,DATE(2030,1,1),RiskRegister[[#This Row],[Risk-Change-Date]])","v":"2030-01-01"},{"$f":"RiskRegister[[#This Row],[Inherent Impact Level]]&\"-\"&RiskRegister[[#This Row],[Inherent Likelihood Level]]","v":"-- Select Impact ----- Select Likelihood --"},{"$f":"RiskRegister[[#This Row],[Residual Impact Level]]&\"-\"&RiskRegister[[#This Row],[Residual Likelihood Level]]","v":"-- Select Impact ----- Select Likelihood --"},"Error",{"$f":"IF(RiskRegister[[#This Row],[Risk Status]]=\"Closed\",RiskRegister[[#This Row],[Residual Impact Level]],RiskRegister[[#This Row],[Inherent Impact Level]])","v":"-- Select Impact --"},{"$f":"IF(RiskRegister[[#This Row],[Risk Status]]=\"Closed\",RiskRegister[[#This Row],[Residual Likelihood Level]],RiskRegister[[#This Row],[Inherent Likelihood Level]])","v":"-- Select Likelihood --"},{"$f":"IF(RiskRegister[[#This Row],[Risk Status]]=\"Closed\",RiskRegister[[#This Row],[Residual-I-L-Combo]],RiskRegister[[#This Row],[Inherent-I-L-Combo]])","v":"-- Select Impact ----- Select Likelihood --"},"-- Error --"]
[419,{"$nulls":5},"-- Select Risk Category --",null,"-- select department --",null,null,"-- Select Impact --",{"$f":"VLOOKUP(RiskRegister[[#This Row],[Inherent Impact Level]],'Rating factors'!$F$4:$G$9,2,FALSE)","v":"--- Error ---"},"-- Select Likelihood --",{"$f":"VLOOKUP(RiskRegister[[#This Row],[Inherent Likelihood Level]],'Rating factors'!$F$16:$G$21,2,FALSE)","v":"--- Error ---"},{"$f":"IFERROR(VLOOKUP(RiskRegister[[#This Row],[Inherent Risk Rating]],'Rating factors'!$F$30:$G$44,2,FALSE),\"-- Error --\")","v":"-- Error --"},{"$f":"IFERROR(RiskRegister[[#This Row],[Inherent Impact Rating]]*RiskRegister[[#This Row],[Inherent Likelihood Rating]],\"-- Error --\")","v":"-- Error --"},"-- Select Risk Response --",null,"-- Select Impact --",{"$f":"VLOOKUP(RiskRegister[[#This Row],[Residual Impact Level]],'Rating factors'!$F$4:$G$9,2,FALSE)","v":"--- Error ---"},"-- Select Likelihood --",{"$f":"VLOOKUP(RiskRegister[[#This Row],[Residual Likelihood Level]],'Rating factors'!$F$16:$G$21,2,FALSE)","v":"--- Error ---"},{"$f":"IFERROR(VLOOKUP(RiskRegister[[#This Row],[Residual Risk Rating]],'Rating factors'!$F$30:$G$44,2,FALSE),\"-- Error --\")","v":"-- Error --"},{"$f":"IFERROR(RiskRegister[[#This Row],[Residual Impact Rating]]*RiskRegister[[#This Row],[Residual Likelihood Rating]],\"-- Error --\")","v":"-- Error --"},"-- Select Risk Status --",{"$nulls":3},{"$f":"IF(ISBLANK(RiskRegister[[#This Row],[Risk Due Date]]), \"Missing Risk Due Date\", IF(RiskRegister[[#This Row],[Risk Due Date]] < TODAY(), \"Overdue\", \"Not Overdue\"))","v":"Missing Risk Due Date"},null,{"$f":"IF(ISBLANK(RiskRegister[[#This Row],[Risk Due Date]]), \"Missing Risk Due Date\", TEXT(RiskRegister[[#This Row],[Risk Due Date]], \"YYYY-MM\"))","v":"Missing Risk Due Date"},{"$f":"IF(RiskRegister[[#This Row],[Created Date]]=\"\",\"Created Date missing\",(TEXT(RiskRegister[[#This Row],[Created Date]],\"mmm\") & \"-\" & YEAR(RiskRegister[[#This Row],[Created Date]])))","v":"Created Date missing"},{"$f":"IF(RiskRegister[[#This Row],[Risk Status]]=\"Closed\",RiskRegister[[#This Row],[Risk Close Date]],RiskRegister[[#This Row],[Risk Due Date]])","v":"00:00:00"},{"$f":"IF(RiskRegister[[#This Row],[Risk-Change-Date]]=0,DATE(2030,1,1),RiskRegister[[#This Row],[Risk-Change-Date]])","v":"2030-01-01"},{"$f":"RiskRegister[[#This Row],[Inherent Impact Level]]&\"-\"&RiskRegister[[#This Row],[Inherent Likelihood Level]]","v":"-- Select Impact ----- Select Likelihood --"},{"$f":"RiskRegister[[#This Row],[Residual Impact Level]]&\"-\"&RiskRegister[[#This Row],[Residual Likelihood Level]]","v":"-- Select Impact ----- Select Likelihood --"},"Error",{"$f":"IF(RiskRegister[[#This Row],[Risk Status]]=\"Closed\",RiskRegister[[#This Row],[Residual Impact Level]],RiskRegister[[#This Row],[Inherent Impact Level]])","v":"-- Select Impact --"},{"$f":"IF(RiskRegister[[#This Row],[Risk Status]]=\"Closed\",RiskRegister[[#This Row],[Residual Likelihood Level]],RiskRegister[[#This Row],[Inherent Likelihood Level]])","v":"-- Select Likelihood --"},{"$f":"IF(RiskRegister[[#This Row],[Risk Status]]=\"Closed\",RiskRegister[[#This Row],[Residual-I-L-Combo]],RiskRegister[[#This Row],[Inherent-I-L-Combo]])","v":"-- Select Impact ----- Select Likelihood --"},"-- Error --"]
[420,{"$nulls":5},"-- Select Risk Category --",null,"-- select department --",null,null,"-- Select Impact --",{"$f":"VLOOKUP(RiskRegister[[#This Row],[Inherent Impact Level]],'Rating factors'!$F$4:$G$9,2,FALSE)","v":"--- Error ---"},"-- Select Likelihood --",{"$f":"VLOOKUP(RiskRegister[[#This Row],[Inherent Likelihood Level]],'Rating factors'!$F$16:$G$21,2,FALSE)","v":"--- Error ---"},{"$f":"IFERROR(VLOOKUP(RiskRegister[[#This Row],[Inherent Risk Rating]],'Rating factors'!$F$30:$G$44,2,FALSE),\"-- Error --\")","v":"-- Error --"},{"$f":"IFERROR(RiskRegister[[#This Row],[Inherent Impact Rating]]*RiskRegister[[#This Row],[Inherent Likelihood Rating]],\"-- Error --\")","v":"-- Error --"},"-- Select Risk Response --",null,"-- Select Impact --",{"$f":"VLOOKUP(RiskRegister[[#This Row],[Residual Impact Level]],'Rating factors'!$F$4:$G$9,2,FALSE)","v":"--- Error ---"},"-- Select Likelihood --",{"$f":"VLOOKUP(RiskRegister[[#This Row],[Residual Likelihood Level]],'Rating factors'!$F$16:$G$21,2,FALSE)","v":"--- Error ---"},{"$f":"IFERROR(VLOOKUP(RiskRegister[[#This Row],[Residual Risk Rating]],'Rating factors'!$F$30:$G$44,2,FALSE),\"-- Error --\")","v":"-- Error --"},{"$f":"IFERROR(RiskRegister[[#This Row],[Residual Impact Rating]]*RiskRegister[[#This Row],[Residual Likelihood Rating]],\"-- Error --\")","v":"-- Error --"},"-- Select Risk Status --",{"$nulls":3},{"$f":"IF(ISBLANK(RiskRegister[[#This Row],[Risk Due Date]]), \"Missing Risk Due Date\", IF(RiskRegister[[#This Row],[Risk Due Date]] < TODAY(), \"Overdue\", \"Not Overdue\"))","v":"Missing Risk Due Date"},null,{"$f":"IF(ISBLANK(RiskRegister[[#This Row],[Risk Due Date]]), \"Missing Risk Due Date\", TEXT(RiskRegister[[#This Row],[Risk Due Date]], \"YYYY-MM\"))","v":"Missing Risk Due Date"},{"$f":"IF(RiskRegister[[#This Row],[Created Date]]=\"\",\"Created Date missing\",(TEXT(RiskRegister[[#This Row],[Created Date]],\"mmm\") & \"-\" & YEAR(RiskRegister[[#This Row],[Created Date]])))","v":"Created Date missing"},{"$f":"IF(RiskRegister[[#This Row],[Risk Status]]=\"Closed\",RiskRegister[[#This Row],[Risk Close Date]],RiskRegister[[#This Row],[Risk Due Date]])","v":"00:00:00"},{"$f":"IF(RiskRegister[[#This Row],[Risk-Change-Date]]=0,DATE(2030,1,1),RiskRegister[[#This Row],[Risk-Change-Date]])","v":"2030-01-01"},{"$f":"RiskRegister[[#This Row],[Inherent Impact Level]]&\"-\"&RiskRegister[[#This Row],[Inherent Likelihood Level]]","v":"-- Select Impact ----- Select Likelihood --"},{"$f":"RiskRegister[[#This Row],[Residual Impact Level]]&\"-\"&RiskRegister[[#This Row],[Residual Likelihood Level]]","v":"-- Select Impact ----- Select Likelihood --"},"Error",{"$f":"IF(RiskRegister[[#This Row],[Risk Status]]=\"Closed\",RiskRegister[[#This Row],[Residual Impact Level]],RiskRegister[[#This Row],[Inherent Impact Level]])","v":"-- Select Impact --"},{"$f":"IF(RiskRegister[[#This Row],[Risk Status]]=\"Closed\",RiskRegister[[#This Row],[Residual Likelihood Level]],RiskRegister[[#This Row],[Inherent Likelihood Level]])","v":"-- Select Likelihood --"},{"$f":"IF(RiskRegister[[#This Row],[Risk Status]]=\"Closed\",RiskRegister[[#This Row],[Residual-I-L-Combo]],RiskRegister[[#This Row],[Inherent-I-L-Combo]])","v":"-- Select Impact ----- Select Likelihood --"},"-- Error --"]
[421,{"$nulls":5},"-- Select Risk Category --",null,"-- select department --",null,null,"-- Select Impact --",{"$f":"VLOOKUP(RiskRegister[[#This Row],[Inherent Impact Level]],'Rating factors'!$F$4:$G$9,2,FALSE)","v":"--- Error ---"},"-- Select Likelihood --",{"$f":"VLOOKUP(RiskRegister[[#This Row],[Inherent Likelihood Level]],'Rating factors'!$F$16:$G$21,2,FALSE)","v":"--- Error ---"},{"$f":"IFERROR(VLOOKUP(RiskRegister[[#This Row],[Inherent Risk Rating]],'Rating factors'!$F$30:$G$44,2,FALSE),\"-- Error --\")","v":"-- Error --"},{"$f":"IFERROR(RiskRegister[[#This Row],[Inherent Impact Rating]]*RiskRegister[[#This Row],[Inherent Likelihood Rating]],\"-- Error --\")","v":"-- Error --"},"-- Select Risk Response --",null,"-- Select Impact --",{"$f":"VLOOKUP(RiskRegister[[#This Row],[Residual Impact Level]],'Rating factors'!$F$4:$G$9,2,FALSE)","v":"--- Error ---"},"-- Select Likelihood --",{"$f":"VLOOKUP(RiskRegister[[#This Row],[Residual Likelihood Level]],'Rating factors'!$F$16:$G$21,2,FALSE)","v":"--- Error ---"},{"$f":"IFERROR(VLOOKUP(RiskRegister[[#This Row],[Residual Risk Rating]],'Rating factors'!$F$30:$G$44,2,FALSE),\"-- Error --\")","v":"-- Error --"},{"$f":"IFERROR(RiskRegister[[#This Row],[Residual Impact Rating]]*RiskRegister[[#This Row],[Residual Likelihood Rating]],\"-- Error --\")","v":"-- Error --"},"-- Select Risk Status --",{"$nulls":3},{"$f":"IF(ISBLANK(RiskRegister[[#This Row],[Risk Due Date]]), \"Missing Risk Due Date\", IF(RiskRegister[[#This Row],[Risk Due Date]] < TODAY(), \"Overdue\", \"Not Overdue\"))","v":"Missing Risk Due Date"},null,{"$f":"IF(ISBLANK(RiskRegister[[#This Row],[Risk Due Date]]), \"Missing Risk Due Date\", TEXT(RiskRegister[[#This Row],[Risk Due Date]], \"YYYY-MM\"))","v":"Missing Risk Due Date"},{"$f":"IF(RiskRegister[[#This Row],[Created Date]]=\"\",\"Created Date missing\",(TEXT(RiskRegister[[#This Row],[Created Date]],\"mmm\") & \"-\" & YEAR(RiskRegister[[#This Row],[Created Date]])))","v":"Created Date missing"},{"$f":"IF(RiskRegister[[#This Row],[Risk Status]]=\"Closed\",RiskRegister[[#This Row],[Risk Close Date]],RiskRegister[[#This Row],[Risk Due Date]])","v":"00:00:00"},{"$f":"IF(RiskRegister[[#This Row],[Risk-Change-Date]]=0,DATE(2030,1,1),RiskRegister[[#This Row],[Risk-Change-Date]])","v":"2030-01-01"},{"$f":"RiskRegister[[#This Row],[Inherent Impact Level]]&\"-\"&RiskRegister[[#This Row],[Inherent Likelihood Level]]","v":"-- Select Impact ----- Select Likelihood --"},{"$f":"RiskRegister[[#This Row],[Residual Impact Level]]&\"-\"&RiskRegister[[#This Row],[Residual Likelihood Level]]","v":"-- Select Impact ----- Select Likelihood --"},"Error",{"$f":"IF(RiskRegister[[#This Row],[Risk Status]]=\"Closed\",RiskRegister[[#This Row],[Residual Impact Level]],RiskRegister[[#This Row],[Inherent Impact Level]])","v":"-- Select Impact --"},{"$f":"IF(RiskRegister[[#This Row],[Risk Status]]=\"Closed\",RiskRegister[[#This Row],[Residual Likelihood Level]],RiskRegister[[#This Row],[Inherent Likelihood Level]])","v":"-- Select Likelihood --"},{"$f":"IF(RiskRegister[[#This Row],[Risk Status]]=\"Closed\",RiskRegister[[#This Row],[Residual-I-L-Combo]],RiskRegister[[#This Row],[Inherent-I-L-Combo]])","v":"-- Select Impact ----- Select Likelihood --"},"-- Error --"]
[422,{"$nulls":5},"-- Select Risk Category --",null,"-- select department --",null,null,"-- Select Impact --",{"$f":"VLOOKUP(RiskRegister[[#This Row],[Inherent Impact Level]],'Rating factors'!$F$4:$G$9,2,FALSE)","v":"--- Error ---"},"-- Select Likelihood --",{"$f":"VLOOKUP(RiskRegister[[#This Row],[Inherent Likelihood Level]],'Rating factors'!$F$16:$G$21,2,FALSE)","v":"--- Error ---"},{"$f":"IFERROR(VLOOKUP(RiskRegister[[#This Row],[Inherent Risk Rating]],'Rating factors'!$F$30:$G$44,2,FALSE),\"-- Error --\")","v":"-- Error --"},{"$f":"IFERROR(RiskRegister[[#This Row],[Inherent Impact Rating]]*RiskRegister[[#This Row],[Inherent Likelihood Rating]],\"-- Error --\")","v":"-- Error --"},"-- Select Risk Response --",null,"-- Select Impact --",{"$f":"VLOOKUP(RiskRegister[[#This Row],[Residual Impact Level]],'Rating factors'!$F$4:$G$9,2,FALSE)","v":"--- Error ---"},"-- Select Likelihood --",{"$f":"VLOOKUP(RiskRegister[[#This Row],[Residual Likelihood Level]],'Rating factors'!$F$16:$G$21,2,FALSE)","v":"--- Error ---"},{"$f":"IFERROR(VLOOKUP(RiskRegister[[#This Row],[Residual Risk Rating]],'Rating factors'!$F$30:$G$44,2,FALSE),\"-- Error --\")","v":"-- Error --"},{"$f":"IFERROR(RiskRegister[[#This Row],[Residual Impact Rating]]*RiskRegister[[#This Row],[Residual Likelihood Rating]],\"-- Error --\")","v":"-- Error --"},"-- Select Risk Status --",{"$nulls":3},{"$f":"IF(ISBLANK(RiskRegister[[#This Row],[Risk Due Date]]), \"Missing Risk Due Date\", IF(RiskRegister[[#This Row],[Risk Due Date]] < TODAY(), \"Overdue\", \"Not Overdue\"))","v":"Missing Risk Due Date"},null,{"$f":"IF(ISBLANK(RiskRegister[[#This Row],[Risk Due Date]]), \"Missing Risk Due Date\", TEXT(RiskRegister[[#This Row],[Risk Due Date]], \"YYYY-MM\"))","v":"Missing Risk Due Date"},{"$f":"IF(RiskRegister[[#This Row],[Created Date]]=\"\",\"Created Date missing\",(TEXT(RiskRegister[[#This Row],[Created Date]],\"mmm\") & \"-\" & YEAR(RiskRegister[[#This Row],[Created Date]])))","v":"Created Date missing"},{"$f":"IF(RiskRegister[[#This Row],[Risk Status]]=\"Closed\",RiskRegister[[#This Row],[Risk Close Date]],RiskRegister[[#This Row],[Risk Due Date]])","v":"00:00:00"},{"$f":"IF(RiskRegister[[#This Row],[Risk-Change-Date]]=0,DATE(2030,1,1),RiskRegister[[#This Row],[Risk-Change-Date]])","v":"2030-01-01"},{"$f":"RiskRegister[[#This Row],[Inherent Impact Level]]&\"-\"&RiskRegister[[#This Row],[Inherent Likelihood Level]]","v":"-- Select Impact ----- Select Likelihood --"},{"$f":"RiskRegister[[#This Row],[Residual Impact Level]]&\"-\"&RiskRegister[[#This Row],[Residual Likelihood Level]]","v":"-- Select Impact ----- Select Likelihood --"},"Error",{"$f":"IF(RiskRegister[[#This Row],[Risk Status]]=\"Closed\",RiskRegister[[#This Row],[Residual Impact Level]],RiskRegister[[#This Row],[Inherent Impact Level]])","v":"-- Select Impact --"},{"$f":"IF(RiskRegister[[#This Row],[Risk Status]]=\"Closed\",RiskRegister[[#This Row],[Residual Likelihood Level]],RiskRegister[[#This Row],[Inherent Likelihood Level]])","v":"-- Select Likelihood --"},{"$f":"IF(RiskRegister[[#This Row],[Risk Status]]=\"Closed\",RiskRegister[[#This Row],[Residual-I-L-Combo]],RiskRegister[[#This Row],[Inherent-I-L-Combo]])","v":"-- Select Impact ----- Select Likelihood --"},"-- Error --"]
[423,{"$nulls":5},"-- Select Risk Category --",null,"-- select department --",null,null,"-- Select Impact --",{"$f":"VLOOKUP(RiskRegister[[#This Row],[Inherent Impact Level]],'Rating factors'!$F$4:$G$9,2,FALSE)","v":"--- Error ---"},"-- Select Likelihood --",{"$f":"VLOOKUP(RiskRegister[[#This Row],[Inherent Likelihood Level]],'Rating factors'!$F$16:$G$21,2,FALSE)","v":"--- Error ---"},{"$f":"IFERROR(VLOOKUP(RiskRegister[[#This Row],[Inherent Risk Rating]],'Rating factors'!$F$30:$G$44,2,FALSE),\"-- Error --\")","v":"-- Error --"},{"$f":"IFERROR(RiskRegister[[#This Row],[Inherent Impact Rating]]*RiskRegister[[#This Row],[Inherent Likelihood Rating]],\"-- Error --\")","v":"-- Error --"},"-- Select Risk Response --",null,"-- Select Impact --",{"$f":"VLOOKUP(RiskRegister[[#This Row],[Residual Impact Level]],'Rating factors'!$F$4:$G$9,2,FALSE)","v":"--- Error ---"},"-- Select Likelihood --",{"$f":"VLOOKUP(RiskRegister[[#This Row],[Residual Likelihood Level]],'Rating factors'!$F$16:$G$21,2,FALSE)","v":"--- Error ---"},{"$f":"IFERROR(VLOOKUP(RiskRegister[[#This Row],[Residual Risk Rating]],'Rating factors'!$F$30:$G$44,2,FALSE),\"-- Error --\")","v":"-- Error --"},{"$f":"IFERROR(RiskRegister[[#This Row],[Residual Impact Rating]]*RiskRegister[[#This Row],[Residual Likelihood Rating]],\"-- Error --\")","v":"-- Error --"},"-- Select Risk Status --",{"$nulls":3},{"$f":"IF(ISBLANK(RiskRegister[[#This Row],[Risk Due Date]]), \"Missing Risk Due Date\", IF(RiskRegister[[#This Row],[Risk Due Date]] < TODAY(), \"Overdue\", \"Not Overdue\"))","v":"Missing Risk Due Date"},null,{"$f":"IF(ISBLANK(RiskRegister[[#This Row],[Risk Due Date]]), \"Missing Risk Due Date\", TEXT(RiskRegister[[#This Row],[Risk Due Date]], \"YYYY-MM\"))","v":"Missing Risk Due Date"},{"$f":"IF(RiskRegister[[#This Row],[Created Date]]=\"\",\"Created Date missing\",(TEXT(RiskRegister[[#This Row],[Created Date]],\"mmm\") & \"-\" & YEAR(RiskRegister[[#This Row],[Created Date]])))","v":"Created Date missing"},{"$f":"IF(RiskRegister[[#This Row],[Risk Status]]=\"Closed\",RiskRegister[[#This Row],[Risk Close Date]],RiskRegister[[#This Row],[Risk Due Date]])","v":"00:00:00"},{"$f":"IF(RiskRegister[[#This Row],[Risk-Change-Date]]=0,DATE(2030,1,1),RiskRegister[[#This Row],[Risk-Change-Date]])","v":"2030-01-01"},{"$f":"RiskRegister[[#This Row],[Inherent Impact Level]]&\"-\"&RiskRegister[[#This Row],[Inherent Likelihood Level]]","v":"-- Select Impact ----- Select Likelihood --"},{"$f":"RiskRegister[[#This Row],[Residual Impact Level]]&\"-\"&RiskRegister[[#This Row],[Residual Likelihood Level]]","v":"-- Select Impact ----- Select Likelihood --"},"Error",{"$f":"IF(RiskRegister[[#This Row],[Risk Status]]=\"Closed\",RiskRegister[[#This Row],[Residual Impact Level]],RiskRegister[[#This Row],[Inherent Impact Level]])","v":"-- Select Impact --"},{"$f":"IF(RiskRegister[[#This Row],[Risk Status]]=\"Closed\",RiskRegister[[#This Row],[Residual Likelihood Level]],RiskRegister[[#This Row],[Inherent Likelihood Level]])","v":"-- Select Likelihood --"},{"$f":"IF(RiskRegister[[#This Row],[Risk Status]]=\"Closed\",RiskRegister[[#This Row],[Residual-I-L-Combo]],RiskRegister[[#This Row],[Inherent-I-L-Combo]])","v":"-- Select Impact ----- Select Likelihood --"},"-- Error --"]
[424,{"$nulls":5},"-- Select Risk Category --",null,"-- select department --",null,null,"-- Select Impact --",{"$f":"VLOOKUP(RiskRegister[[#This Row],[Inherent Impact Level]],'Rating factors'!$F$4:$G$9,2,FALSE)","v":"--- Error ---"},"-- Select Likelihood --",{"$f":"VLOOKUP(RiskRegister[[#This Row],[Inherent Likelihood Level]],'Rating factors'!$F$16:$G$21,2,FALSE)","v":"--- Error ---"},{"$f":"IFERROR(VLOOKUP(RiskRegister[[#This Row],[Inherent Risk Rating]],'Rating factors'!$F$30:$G$44,2,FALSE),\"-- Error --\")","v":"-- Error --"},{"$f":"IFERROR(RiskRegister[[#This Row],[Inherent Impact Rating]]*RiskRegister[[#This Row],[Inherent Likelihood Rating]],\"-- Error --\")","v":"-- Error --"},"-- Select Risk Response --",null,"-- Select Impact --",{"$f":"VLOOKUP(RiskRegister[[#This Row],[Residual Impact Level]],'Rating factors'!$F$4:$G$9,2,FALSE)","v":"--- Error ---"},"-- Select Likelihood --",{"$f":"VLOOKUP(RiskRegister[[#This Row],[Residual Likelihood Level]],'Rating factors'!$F$16:$G$21,2,FALSE)","v":"--- Error ---"},{"$f":"IFERROR(VLOOKUP(RiskRegister[[#This Row],[Residual Risk Rating]],'Rating factors'!$F$30:$G$44,2,FALSE),\"-- Error --\")","v":"-- Error --"},{"$f":"IFERROR(RiskRegister[[#This Row],[Residual Impact Rating]]*RiskRegister[[#This Row],[Residual Likelihood Rating]],\"-- Error --\")","v":"-- Error --"},"-- Select Risk Status --",{"$nulls":3},{"$f":"IF(ISBLANK(RiskRegister[[#This Row],[Risk Due Date]]), \"Missing Risk Due Date\", IF(RiskRegister[[#This Row],[Risk Due Date]] < TODAY(), \"Overdue\", \"Not Overdue\"))","v":"Missing Risk Due Date"},null,{"$f":"IF(ISBLANK(RiskRegister[[#This Row],[Risk Due Date]]), \"Missing Risk Due Date\", TEXT(RiskRegister[[#This Row],[Risk Due Date]], \"YYYY-MM\"))","v":"Missing Risk Due Date"},{"$f":"IF(RiskRegister[[#This Row],[Created Date]]=\"\",\"Created Date missing\",(TEXT(RiskRegister[[#This Row],[Created Date]],\"mmm\") & \"-\" & YEAR(RiskRegister[[#This Row],[Created Date]])))","v":"Created Date missing"},{"$f":"IF(RiskRegister[[#This Row],[Risk Status]]=\"Closed\",RiskRegister[[#This Row],[Risk Close Date]],RiskRegister[[#This Row],[Risk Due Date]])","v":"00:00:00"},{"$f":"IF(RiskRegister[[#This Row],[Risk-Change-Date]]=0,DATE(2030,1,1),RiskRegister[[#This Row],[Risk-Change-Date]])","v":"2030-01-01"},{"$f":"RiskRegister[[#This Row],[Inherent Impact Level]]&\"-\"&RiskRegister[[#This Row],[Inherent Likelihood Level]]","v":"-- Select Impact ----- Select Likelihood --"},{"$f":"RiskRegister[[#This Row],[Residual Impact Level]]&\"-\"&RiskRegister[[#This Row],[Residual Likelihood Level]]","v":"-- Select Impact ----- Select Likelihood --"},"Error",{"$f":"IF(RiskRegister[[#This Row],[Risk Status]]=\"Closed\",RiskRegister[[#This Row],[Residual Impact Level]],RiskRegister[[#This Row],[Inherent Impact Level]])","v":"-- Select Impact --"},{"$f":"IF(RiskRegister[[#This Row],[Risk Status]]=\"Closed\",RiskRegister[[#This Row],[Residual Likelihood Level]],RiskRegister[[#This Row],[Inherent Likelihood Level]])","v":"-- Select Likelihood --"},{"$f":"IF(RiskRegister[[#This Row],[Risk Status]]=\"Closed\",RiskRegister[[#This Row],[Residual-I-L-Combo]],RiskRegister[[#This Row],[Inherent-I-L-Combo]])","v":"-- Select Impact ----- Select Likelihood --"},"-- Error --"]
[425,{"$nulls":5},"-- Select Risk Category --",null,"-- select department --",null,null,"-- Select Impact --",{"$f":"VLOOKUP(RiskRegister[[#This Row],[Inherent Impact Level]],'Rating factors'!$F$4:$G$9,2,FALSE)","v":"--- Error ---"},"-- Select Likelihood --",{"$f":"VLOOKUP(RiskRegister[[#This Row],[Inherent Likelihood Level]],'Rating factors'!$F$16:$G$21,2,FALSE)","v":"--- Error ---"},{"$f":"IFERROR(VLOOKUP(RiskRegister[[#This Row],[Inherent Risk Rating]],'Rating factors'!$F$30:$G$44,2,FALSE),\"-- Error --\")","v":"-- Error --"},{"$f":"IFERROR(RiskRegister[[#This Row],[Inherent Impact Rating]]*RiskRegister[[#This Row],[Inherent Likelihood Rating]],\"-- Error --\")","v":"-- Error --"},"-- Select Risk Response --",null,"-- Select Impact --",{"$f":"VLOOKUP(RiskRegister[[#This Row],[Residual Impact Level]],'Rating factors'!$F$4:$G$9,2,FALSE)","v":"--- Error ---"},"-- Select Likelihood --",{"$f":"VLOOKUP(RiskRegister[[#This Row],[Residual Likelihood Level]],'Rating factors'!$F$16:$G$21,2,FALSE)","v":"--- Error ---"},{"$f":"IFERROR(VLOOKUP(RiskRegister[[#This Row],[Residual Risk Rating]],'Rating factors'!$F$30:$G$44,2,FALSE),\"-- Error --\")","v":"-- Error --"},{"$f":"IFERROR(RiskRegister[[#This Row],[Residual Impact Rating]]*RiskRegister[[#This Row],[Residual Likelihood Rating]],\"-- Error --\")","v":"-- Error --"},"-- Select Risk Status --",{"$nulls":3},{"$f":"IF(ISBLANK(RiskRegister[[#This Row],[Risk Due Date]]), \"Missing Risk Due Date\", IF(RiskRegister[[#This Row],[Risk Due Date]] < TODAY(), \"Overdue\", \"Not Overdue\"))","v":"Missing Risk Due Date"},null,{"$f":"IF(ISBLANK(RiskRegister[[#This Row],[Risk Due Date]]), \"Missing Risk Due Date\", TEXT(RiskRegister[[#This Row],[Risk Due Date]], \"YYYY-MM\"))","v":"Missing Risk Due Date"},{"$f":"IF(RiskRegister[[#This Row],[Created Date]]=\"\",\"Created Date missing\",(TEXT(RiskRegister[[#This Row],[Created Date]],\"mmm\") & \"-\" & YEAR(RiskRegister[[#This Row],[Created Date]])))","v":"Created Date missing"},{"$f":"IF(RiskRegister[[#This Row],[Risk Status]]=\"Closed\",RiskRegister[[#This Row],[Risk Close Date]],RiskRegister[[#This Row],[Risk Due Date]])","v":"00:00:00"},{"$f":"IF(RiskRegister[[#This Row],[Risk-Change-Date]]=0,DATE(2030,1,1),RiskRegister[[#This Row],[Risk-Change-Date]])","v":"2030-01-01"},{"$f":"RiskRegister[[#This Row],[Inherent Impact Level]]&\"-\"&RiskRegister[[#This Row],[Inherent Likelihood Level]]","v":"-- Select Impact ----- Select Likelihood --"},{"$f":"RiskRegister[[#This Row],[Residual Impact Level]]&\"-\"&RiskRegister[[#This Row],[Residual Likelihood Level]]","v":"-- Select Impact ----- Select Likelihood --"},"Error",{"$f":"IF(RiskRegister[[#This Row],[Risk Status]]=\"Closed\",RiskRegister[[#This Row],[Residual Impact Level]],RiskRegister[[#This Row],[Inherent Impact Level]])","v":"-- Select Impact --"},{"$f":"IF(RiskRegister[[#This Row],[Risk Status]]=\"Closed\",RiskRegister[[#This Row],[Residual Likelihood Level]],RiskRegister[[#This Row],[Inherent Likelihood Level]])","v":"-- Select Likelihood --"},{"$f":"IF(RiskRegister[[#This Row],[Risk Status]]=\"Closed\",RiskRegister[[#This Row],[Residual-I-L-Combo]],RiskRegister[[#This Row],[Inherent-I-L-Combo]])","v":"-- Select Impact ----- Select Likelihood --"},"-- Error --"]
[426,{"$nulls":5},"-- Select Risk Category --",null,"-- select department --",null,null,"-- Select Impact --",{"$f":"VLOOKUP(RiskRegister[[#This Row],[Inherent Impact Level]],'Rating factors'!$F$4:$G$9,2,FALSE)","v":"--- Error ---"},"-- Select Likelihood --",{"$f":"VLOOKUP(RiskRegister[[#This Row],[Inherent Likelihood Level]],'Rating factors'!$F$16:$G$21,2,FALSE)","v":"--- Error ---"},{"$f":"IFERROR(VLOOKUP(RiskRegister[[#This Row],[Inherent Risk Rating]],'Rating factors'!$F$30:$G$44,2,FALSE),\"-- Error --\")","v":"-- Error --"},{"$f":"IFERROR(RiskRegister[[#This Row],[Inherent Impact Rating]]*RiskRegister[[#This Row],[Inherent Likelihood Rating]],\"-- Error --\")","v":"-- Error --"},"-- Select Risk Response --",null,"-- Select Impact --",{"$f":"VLOOKUP(RiskRegister[[#This Row],[Residual Impact Level]],'Rating factors'!$F$4:$G$9,2,FALSE)","v":"--- Error ---"},"-- Select Likelihood --",{"$f":"VLOOKUP(RiskRegister[[#This Row],[Residual Likelihood Level]],'Rating factors'!$F$16:$G$21,2,FALSE)","v":"--- Error ---"},{"$f":"IFERROR(VLOOKUP(RiskRegister[[#This Row],[Residual Risk Rating]],'Rating factors'!$F$30:$G$44,2,FALSE),\"-- Error --\")","v":"-- Error --"},{"$f":"IFERROR(RiskRegister[[#This Row],[Residual Impact Rating]]*RiskRegister[[#This Row],[Residual Likelihood Rating]],\"-- Error --\")","v":"-- Error --"},"-- Select Risk Status --",{"$nulls":3},{"$f":"IF(ISBLANK(RiskRegister[[#This Row],[Risk Due Date]]), \"Missing Risk Due Date\", IF(RiskRegister[[#This Row],[Risk Due Date]] < TODAY(), \"Overdue\", \"Not Overdue\"))","v":"Missing Risk Due Date"},null,{"$f":"IF(ISBLANK(RiskRegister[[#This Row],[Risk Due Date]]), \"Missing Risk Due Date\", TEXT(RiskRegister[[#This Row],[Risk Due Date]], \"YYYY-MM\"))","v":"Missing Risk Due Date"},{"$f":"IF(RiskRegister[[#This Row],[Created Date]]=\"\",\"Created Date missing\",(TEXT(RiskRegister[[#This Row],[Created Date]],\"mmm\") & \"-\" & YEAR(RiskRegister[[#This Row],[Created Date]])))","v":"Created Date missing"},{"$f":"IF(RiskRegister[[#This Row],[Risk Status]]=\"Closed\",RiskRegister[[#This Row],[Risk Close Date]],RiskRegister[[#This Row],[Risk Due Date]])","v":"00:00:00"},{"$f":"IF(RiskRegister[[#This Row],[Risk-Change-Date]]=0,DATE(2030,1,1),RiskRegister[[#This Row],[Risk-Change-Date]])","v":"2030-01-01"},{"$f":"RiskRegister[[#This Row],[Inherent Impact Level]]&\"-\"&RiskRegister[[#This Row],[Inherent Likelihood Level]]","v":"-- Select Impact ----- Select Likelihood --"},{"$f":"RiskRegister[[#This Row],[Residual Impact Level]]&\"-\"&RiskRegister[[#This Row],[Residual Likelihood Level]]","v":"-- Select Impact ----- Select Likelihood --"},"Error",{"$f":"IF(RiskRegister[[#This Row],[Risk Status]]=\"Closed\",RiskRegister[[#This Row],[Residual Impact Level]],RiskRegister[[#This Row],[Inherent Impact Level]])","v":"-- Select Impact --"},{"$f":"IF(RiskRegister[[#This Row],[Risk Status]]=\"Closed\",RiskRegister[[#This Row],[Residual Likelihood Level]],RiskRegister[[#This Row],[Inherent Likelihood Level]])","v":"-- Select Likelihood --"},{"$f":"IF(RiskRegister[[#This Row],[Risk Status]]=\"Closed\",RiskRegister[[#This Row],[Residual-I-L-Combo]],RiskRegister[[#This Row],[Inherent-I-L-Combo]])","v":"-- Select Impact ----- Select Likelihood --"},"-- Error --"]
[427,{"$nulls":5},"-- Select Risk Category --",null,"-- select department --",null,null,"-- Select Impact --",{"$f":"VLOOKUP(RiskRegister[[#This Row],[Inherent Impact Level]],'Rating factors'!$F$4:$G$9,2,FALSE)","v":"--- Error ---"},"-- Select Likelihood --",{"$f":"VLOOKUP(RiskRegister[[#This Row],[Inherent Likelihood Level]],'Rating factors'!$F$16:$G$21,2,FALSE)","v":"--- Error ---"},{"$f":"IFERROR(VLOOKUP(RiskRegister[[#This Row],[Inherent Risk Rating]],'Rating factors'!$F$30:$G$44,2,FALSE),\"-- Error --\")","v":"-- Error --"},{"$f":"IFERROR(RiskRegister[[#This Row],[Inherent Impact Rating]]*RiskRegister[[#This Row],[Inherent Likelihood Rating]],\"-- Error --\")","v":"-- Error --"},"-- Select Risk Response --",null,"-- Select Impact --",{"$f":"VLOOKUP(RiskRegister[[#This Row],[Residual Impact Level]],'Rating factors'!$F$4:$G$9,2,FALSE)","v":"--- Error ---"},"-- Select Likelihood --",{"$f":"VLOOKUP(RiskRegister[[#This Row],[Residual Likelihood Level]],'Rating factors'!$F$16:$G$21,2,FALSE)","v":"--- Error ---"},{"$f":"IFERROR(VLOOKUP(RiskRegister[[#This Row],[Residual Risk Rating]],'Rating factors'!$F$30:$G$44,2,FALSE),\"-- Error --\")","v":"-- Error --"},{"$f":"IFERROR(RiskRegister[[#This Row],[Residual Impact Rating]]*RiskRegister[[#This Row],[Residual Likelihood Rating]],\"-- Error --\")","v":"-- Error --"},"-- Select Risk Status --",{"$nulls":3},{"$f":"IF(ISBLANK(RiskRegister[[#This Row],[Risk Due Date]]), \"Missing Risk Due Date\", IF(RiskRegister[[#This Row],[Risk Due Date]] < TODAY(), \"Overdue\", \"Not Overdue\"))","v":"Missing Risk Due Date"},null,{"$f":"IF(ISBLANK(RiskRegister[[#This Row],[Risk Due Date]]), \"Missing Risk Due Date\", TEXT(RiskRegister[[#This Row],[Risk Due Date]], \"YYYY-MM\"))","v":"Missing Risk Due Date"},{"$f":"IF(RiskRegister[[#This Row],[Created Date]]=\"\",\"Created Date missing\",(TEXT(RiskRegister[[#This Row],[Created Date]],\"mmm\") & \"-\" & YEAR(RiskRegister[[#This Row],[Created Date]])))","v":"Created Date missing"},{"$f":"IF(RiskRegister[[#This Row],[Risk Status]]=\"Closed\",RiskRegister[[#This Row],[Risk Close Date]],RiskRegister[[#This Row],[Risk Due Date]])","v":"00:00:00"},{"$f":"IF(RiskRegister[[#This Row],[Risk-Change-Date]]=0,DATE(2030,1,1),RiskRegister[[#This Row],[Risk-Change-Date]])","v":"2030-01-01"},{"$f":"RiskRegister[[#This Row],[Inherent Impact Level]]&\"-\"&RiskRegister[[#This Row],[Inherent Likelihood Level]]","v":"-- Select Impact ----- Select Likelihood --"},{"$f":"RiskRegister[[#This Row],[Residual Impact Level]]&\"-\"&RiskRegister[[#This Row],[Residual Likelihood Level]]","v":"-- Select Impact ----- Select Likelihood --"},"Error",{"$f":"IF(RiskRegister[[#This Row],[Risk Status]]=\"Closed\",RiskRegister[[#This Row],[Residual Impact Level]],RiskRegister[[#This Row],[Inherent Impact Level]])","v":"-- Select Impact --"},{"$f":"IF(RiskRegister[[#This Row],[Risk Status]]=\"Closed\",RiskRegister[[#This Row],[Residual Likelihood Level]],RiskRegister[[#This Row],[Inherent Likelihood Level]])","v":"-- Select Likelihood --"},{"$f":"IF(RiskRegister[[#This Row],[Risk Status]]=\"Closed\",RiskRegister[[#This Row],[Residual-I-L-Combo]],RiskRegister[[#This Row],[Inherent-I-L-Combo]])","v":"-- Select Impact ----- Select Likelihood --"},"-- Error --"]
[428,{"$nulls":5},"-- Select Risk Category --",null,"-- select department --",null,null,"-- Select Impact --",{"$f":"VLOOKUP(RiskRegister[[#This Row],[Inherent Impact Level]],'Rating factors'!$F$4:$G$9,2,FALSE)","v":"--- Error ---"},"-- Select Likelihood --",{"$f":"VLOOKUP(RiskRegister[[#This Row],[Inherent Likelihood Level]],'Rating factors'!$F$16:$G$21,2,FALSE)","v":"--- Error ---"},{"$f":"IFERROR(VLOOKUP(RiskRegister[[#This Row],[Inherent Risk Rating]],'Rating factors'!$F$30:$G$44,2,FALSE),\"-- Error --\")","v":"-- Error --"},{"$f":"IFERROR(RiskRegister[[#This Row],[Inherent Impact Rating]]*RiskRegister[[#This Row],[Inherent Likelihood Rating]],\"-- Error --\")","v":"-- Error --"},"-- Select Risk Response --",null,"-- Select Impact --",{"$f":"VLOOKUP(RiskRegister[[#This Row],[Residual Impact Level]],'Rating factors'!$F$4:$G$9,2,FALSE)","v":"--- Error ---"},"-- Select Likelihood --",{"$f":"VLOOKUP(RiskRegister[[#This Row],[Residual Likelihood Level]],'Rating factors'!$F$16:$G$21,2,FALSE)","v":"--- Error ---"},{"$f":"IFERROR(VLOOKUP(RiskRegister[[#This Row],[Residual Risk Rating]],'Rating factors'!$F$30:$G$44,2,FALSE),\"-- Error --\")","v":"-- Error --"},{"$f":"IFERROR(RiskRegister[[#This Row],[Residual Impact Rating]]*RiskRegister[[#This Row],[Residual Likelihood Rating]],\"-- Error --\")","v":"-- Error --"},"-- Select Risk Status --",{"$nulls":3},{"$f":"IF(ISBLANK(RiskRegister[[#This Row],[Risk Due Date]]), \"Missing Risk Due Date\", IF(RiskRegister[[#This Row],[Risk Due Date]] < TODAY(), \"Overdue\", \"Not Overdue\"))","v":"Missing Risk Due Date"},null,{"$f":"IF(ISBLANK(RiskRegister[[#This Row],[Risk Due Date]]), \"Missing Risk Due Date\", TEXT(RiskRegister[[#This Row],[Risk Due Date]], \"YYYY-MM\"))","v":"Missing Risk Due Date"},{"$f":"IF(RiskRegister[[#This Row],[Created Date]]=\"\",\"Created Date missing\",(TEXT(RiskRegister[[#This Row],[Created Date]],\"mmm\") & \"-\" & YEAR(RiskRegister[[#This Row],[Created Date]])))","v":"Created Date missing"},{"$f":"IF(RiskRegister[[#This Row],[Risk Status]]=\"Closed\",RiskRegister[[#This Row],[Risk Close Date]],RiskRegister[[#This Row],[Risk Due Date]])","v":"00:00:00"},{"$f":"IF(RiskRegister[[#This Row],[Risk-Change-Date]]=0,DATE(2030,1,1),RiskRegister[[#This Row],[Risk-Change-Date]])","v":"2030-01-01"},{"$f":"RiskRegister[[#This Row],[Inherent Impact Level]]&\"-\"&RiskRegister[[#This Row],[Inherent Likelihood Level]]","v":"-- Select Impact ----- Select Likelihood --"},{"$f":"RiskRegister[[#This Row],[Residual Impact Level]]&\"-\"&RiskRegister[[#This Row],[Residual Likelihood Level]]","v":"-- Select Impact ----- Select Likelihood --"},"Error",{"$f":"IF(RiskRegister[[#This Row],[Risk Status]]=\"Closed\",RiskRegister[[#This Row],[Residual Impact Level]],RiskRegister[[#This Row],[Inherent Impact Level]])","v":"-- Select Impact --"},{"$f":"IF(RiskRegister[[#This Row],[Risk Status]]=\"Closed\",RiskRegister[[#This Row],[Residual Likelihood Level]],RiskRegister[[#This Row],[Inherent Likelihood Level]])","v":"-- Select Likelihood --"},{"$f":"IF(RiskRegister[[#This Row],[Risk Status]]=\"Closed\",RiskRegister[[#This Row],[Residual-I-L-Combo]],RiskRegister[[#This Row],[Inherent-I-L-Combo]])","v":"-- Select Impact ----- Select Likelihood --"},"-- Error --"]
[429,{"$nulls":5},"-- Select Risk Category --",null,"-- select department --",null,null,"-- Select Impact --",{"$f":"VLOOKUP(RiskRegister[[#This Row],[Inherent Impact Level]],'Rating factors'!$F$4:$G$9,2,FALSE)","v":"--- Error ---"},"-- Select Likelihood --",{"$f":"VLOOKUP(RiskRegister[[#This Row],[Inherent Likelihood Level]],'Rating factors'!$F$16:$G$21,2,FALSE)","v":"--- Error ---"},{"$f":"IFERROR(VLOOKUP(RiskRegister[[#This Row],[Inherent Risk Rating]],'Rating factors'!$F$30:$G$44,2,FALSE),\"-- Error --\")","v":"-- Error --"},{"$f":"IFERROR(RiskRegister[[#This Row],[Inherent Impact Rating]]*RiskRegister[[#This Row],[Inherent Likelihood Rating]],\"-- Error --\")","v":"-- Error --"},"-- Select Risk Response --",null,"-- Select Impact --",{"$f":"VLOOKUP(RiskRegister[[#This Row],[Residual Impact Level]],'Rating factors'!$F$4:$G$9,2,FALSE)","v":"--- Error ---"},"-- Select Likelihood --",{"$f":"VLOOKUP(RiskRegister[[#This Row],[Residual Likelihood Level]],'Rating factors'!$F$16:$G$21,2,FALSE)","v":"--- Error ---"},{"$f":"IFERROR(VLOOKUP(RiskRegister[[#This Row],[Residual Risk Rating]],'Rating factors'!$F$30:$G$44,2,FALSE),\"-- Error --\")","v":"-- Error --"},{"$f":"IFERROR(RiskRegister[[#This Row],[Residual Impact Rating]]*RiskRegister[[#This Row],[Residual Likelihood Rating]],\"-- Error --\")","v":"-- Error --"},"-- Select Risk Status --",{"$nulls":3},{"$f":"IF(ISBLANK(RiskRegister[[#This Row],[Risk Due Date]]), \"Missing Risk Due Date\", IF(RiskRegister[[#This Row],[Risk Due Date]] < TODAY(), \"Overdue\", \"Not Overdue\"))","v":"Missing Risk Due Date"},null,{"$f":"IF(ISBLANK(RiskRegister[[#This Row],[Risk Due Date]]), \"Missing Risk Due Date\", TEXT(RiskRegister[[#This Row],[Risk Due Date]], \"YYYY-MM\"))","v":"Missing Risk Due Date"},{"$f":"IF(RiskRegister[[#This Row],[Created Date]]=\"\",\"Created Date missing\",(TEXT(RiskRegister[[#This Row],[Created Date]],\"mmm\") & \"-\" & YEAR(RiskRegister[[#This Row],[Created Date]])))","v":"Created Date missing"},{"$f":"IF(RiskRegister[[#This Row],[Risk Status]]=\"Closed\",RiskRegister[[#This Row],[Risk Close Date]],RiskRegister[[#This Row],[Risk Due Date]])","v":"00:00:00"},{"$f":"IF(RiskRegister[[#This Row],[Risk-Change-Date]]=0,DATE(2030,1,1),RiskRegister[[#This Row],[Risk-Change-Date]])","v":"2030-01-01"},{"$f":"RiskRegister[[#This Row],[Inherent Impact Level]]&\"-\"&RiskRegister[[#This Row],[Inherent Likelihood Level]]","v":"-- Select Impact ----- Select Likelihood --"},{"$f":"RiskRegister[[#This Row],[Residual Impact Level]]&\"-\"&RiskRegister[[#This Row],[Residual Likelihood Level]]","v":"-- Select Impact ----- Select Likelihood --"},"Error",{"$f":"IF(RiskRegister[[#This Row],[Risk Status]]=\"Closed\",RiskRegister[[#This Row],[Residual Impact Level]],RiskRegister[[#This Row],[Inherent Impact Level]])","v":"-- Select Impact --"},{"$f":"IF(RiskRegister[[#This Row],[Risk Status]]=\"Closed\",RiskRegister[[#This Row],[Residual Likelihood Level]],RiskRegister[[#This Row],[Inherent Likelihood Level]])","v":"-- Select Likelihood --"},{"$f":"IF(RiskRegister[[#This Row],[Risk Status]]=\"Closed\",RiskRegister[[#This Row],[Residual-I-L-Combo]],RiskRegister[[#This Row],[Inherent-I-L-Combo]])","v":"-- Select Impact ----- Select Likelihood --"},"-- Error --"]
[430,{"$nulls":5},"-- Select Risk Category --",null,"-- select department --",null,null,"-- Select Impact --",{"$f":"VLOOKUP(RiskRegister[[#This Row],[Inherent Impact Level]],'Rating factors'!$F$4:$G$9,2,FALSE)","v":"--- Error ---"},"-- Select Likelihood --",{"$f":"VLOOKUP(RiskRegister[[#This Row],[Inherent Likelihood Level]],'Rating factors'!$F$16:$G$21,2,FALSE)","v":"--- Error ---"},{"$f":"IFERROR(VLOOKUP(RiskRegister[[#This Row],[Inherent Risk Rating]],'Rating factors'!$F$30:$G$44,2,FALSE),\"-- Error --\")","v":"-- Error --"},{"$f":"IFERROR(RiskRegister[[#This Row],[Inherent Impact Rating]]*RiskRegister[[#This Row],[Inherent Likelihood Rating]],\"-- Error --\")","v":"-- Error --"},"-- Select Risk Response --",null,"-- Select Impact --",{"$f":"VLOOKUP(RiskRegister[[#This Row],[Residual Impact Level]],'Rating factors'!$F$4:$G$9,2,FALSE)","v":"--- Error ---"},"-- Select Likelihood --",{"$f":"VLOOKUP(RiskRegister[[#This Row],[Residual Likelihood Level]],'Rating factors'!$F$16:$G$21,2,FALSE)","v":"--- Error ---"},{"$f":"IFERROR(VLOOKUP(RiskRegister[[#This Row],[Residual Risk Rating]],'Rating factors'!$F$30:$G$44,2,FALSE),\"-- Error --\")","v":"-- Error --"},{"$f":"IFERROR(RiskRegister[[#This Row],[Residual Impact Rating]]*RiskRegister[[#This Row],[Residual Likelihood Rating]],\"-- Error --\")","v":"-- Error --"},"-- Select Risk Status --",{"$nulls":3},{"$f":"IF(ISBLANK(RiskRegister[[#This Row],[Risk Due Date]]), \"Missing Risk Due Date\", IF(RiskRegister[[#This Row],[Risk Due Date]] < TODAY(), \"Overdue\", \"Not Overdue\"))","v":"Missing Risk Due Date"},null,{"$f":"IF(ISBLANK(RiskRegister[[#This Row],[Risk Due Date]]), \"Missing Risk Due Date\", TEXT(RiskRegister[[#This Row],[Risk Due Date]], \"YYYY-MM\"))","v":"Missing Risk Due Date"},{"$f":"IF(RiskRegister[[#This Row],[Created Date]]=\"\",\"Created Date missing\",(TEXT(RiskRegister[[#This Row],[Created Date]],\"mmm\") & \"-\" & YEAR(RiskRegister[[#This Row],[Created Date]])))","v":"Created Date missing"},{"$f":"IF(RiskRegister[[#This Row],[Risk Status]]=\"Closed\",RiskRegister[[#This Row],[Risk Close Date]],RiskRegister[[#This Row],[Risk Due Date]])","v":"00:00:00"},{"$f":"IF(RiskRegister[[#This Row],[Risk-Change-Date]]=0,DATE(2030,1,1),RiskRegister[[#This Row],[Risk-Change-Date]])","v":"2030-01-01"},{"$f":"RiskRegister[[#This Row],[Inherent Impact Level]]&\"-\"&RiskRegister[[#This Row],[Inherent Likelihood Level]]","v":"-- Select Impact ----- Select Likelihood --"},{"$f":"RiskRegister[[#This Row],[Residual Impact Level]]&\"-\"&RiskRegister[[#This Row],[Residual Likelihood Level]]","v":"-- Select Impact ----- Select Likelihood --"},"Error",{"$f":"IF(RiskRegister[[#This Row],[Risk Status]]=\"Closed\",RiskRegister[[#This Row],[Residual Impact Level]],RiskRegister[[#This Row],[Inherent Impact Level]])","v":"-- Select Impact --"},{"$f":"IF(RiskRegister[[#This Row],[Risk Status]]=\"Closed\",RiskRegister[[#This Row],[Residual Likelihood Level]],RiskRegister[[#This Row],[Inherent Likelihood Level]])","v":"-- Select Likelihood --"},{"$f":"IF(RiskRegister[[#This Row],[Risk Status]]=\"Closed\",RiskRegister[[#This Row],[Residual-I-L-Combo]],RiskRegister[[#This Row],[Inherent-I-L-Combo]])","v":"-- Select Impact ----- Select Likelihood --"},"-- Error --"]
[431,{"$nulls":5},"-- Select Risk Category --",null,"-- select department --",null,null,"-- Select Impact --",{"$f":"VLOOKUP(RiskRegister[[#This Row],[Inherent Impact Level]],'Rating factors'!$F$4:$G$9,2,FALSE)","v":"--- Error ---"},"-- Select Likelihood --",{"$f":"VLOOKUP(RiskRegister[[#This Row],[Inherent Likelihood Level]],'Rating factors'!$F$16:$G$21,2,FALSE)","v":"--- Error ---"},{"$f":"IFERROR(VLOOKUP(RiskRegister[[#This Row],[Inherent Risk Rating]],'Rating factors'!$F$30:$G$44,2,FALSE),\"-- Error --\")","v":"-- Error --"},{"$f":"IFERROR(RiskRegister[[#This Row],[Inherent Impact Rating]]*RiskRegister[[#This Row],[Inherent Likelihood Rating]],\"-- Error --\")","v":"-- Error --"},"-- Select Risk Response --",null,"-- Select Impact --",{"$f":"VLOOKUP(RiskRegister[[#This Row],[Residual Impact Level]],'Rating factors'!$F$4:$G$9,2,FALSE)","v":"--- Error ---"},"-- Select Likelihood --",{"$f":"VLOOKUP(RiskRegister[[#This Row],[Residual Likelihood Level]],'Rating factors'!$F$16:$G$21,2,FALSE)","v":"--- Error ---"},{"$f":"IFERROR(VLOOKUP(RiskRegister[[#This Row],[Residual Risk Rating]],'Rating factors'!$F$30:$G$44,2,FALSE),\"-- Error --\")","v":"-- Error --"},{"$f":"IFERROR(RiskRegister[[#This Row],[Residual Impact Rating]]*RiskRegister[[#This Row],[Residual Likelihood Rating]],\"-- Error --\")","v":"-- Error --"},"-- Select Risk Status --",{"$nulls":3},{"$f":"IF(ISBLANK(RiskRegister[[#This Row],[Risk Due Date]]), \"Missing Risk Due Date\", IF(RiskRegister[[#This Row],[Risk Due Date]] < TODAY(), \"Overdue\", \"Not Overdue\"))","v":"Missing Risk Due Date"},null,{"$f":"IF(ISBLANK(RiskRegister[[#This Row],[Risk Due Date]]), \"Missing Risk Due Date\", TEXT(RiskRegister[[#This Row],[Risk Due Date]], \"YYYY-MM\"))","v":"Missing Risk Due Date"},{"$f":"IF(RiskRegister[[#This Row],[Created Date]]=\"\",\"Created Date missing\",(TEXT(RiskRegister[[#This Row],[Created Date]],\"mmm\") & \"-\" & YEAR(RiskRegister[[#This Row],[Created Date]])))","v":"Created Date missing"},{"$f":"IF(RiskRegister[[#This Row],[Risk Status]]=\"Closed\",RiskRegister[[#This Row],[Risk Close Date]],RiskRegister[[#This Row],[Risk Due Date]])","v":"00:00:00"},{"$f":"IF(RiskRegister[[#This Row],[Risk-Change-Date]]=0,DATE(2030,1,1),RiskRegister[[#This Row],[Risk-Change-Date]])","v":"2030-01-01"},{"$f":"RiskRegister[[#This Row],[Inherent Impact Level]]&\"-\"&RiskRegister[[#This Row],[Inherent Likelihood Level]]","v":"-- Select Impact ----- Select Likelihood --"},{"$f":"RiskRegister[[#This Row],[Residual Impact Level]]&\"-\"&RiskRegister[[#This Row],[Residual Likelihood Level]]","v":"-- Select Impact ----- Select Likelihood --"},"Error",{"$f":"IF(RiskRegister[[#This Row],[Risk Status]]=\"Closed\",RiskRegister[[#This Row],[Residual Impact Level]],RiskRegister[[#This Row],[Inherent Impact Level]])","v":"-- Select Impact --"},{"$f":"IF(RiskRegister[[#This Row],[Risk Status]]=\"Closed\",RiskRegister[[#This Row],[Residual Likelihood Level]],RiskRegister[[#This Row],[Inherent Likelihood Level]])","v":"-- Select Likelihood --"},{"$f":"IF(RiskRegister[[#This Row],[Risk Status]]=\"Closed\",RiskRegister[[#This Row],[Residual-I-L-Combo]],RiskRegister[[#This Row],[Inherent-I-L-Combo]])","v":"-- Select Impact ----- Select Likelihood --"},"-- Error --"]
[432,{"$nulls":5},"-- Select Risk Category --",null,"-- select department --",null,null,"-- Select Impact --",{"$f":"VLOOKUP(RiskRegister[[#This Row],[Inherent Impact Level]],'Rating factors'!$F$4:$G$9,2,FALSE)","v":"--- Error ---"},"-- Select Likelihood --",{"$f":"VLOOKUP(RiskRegister[[#This Row],[Inherent Likelihood Level]],'Rating factors'!$F$16:$G$21,2,FALSE)","v":"--- Error ---"},{"$f":"IFERROR(VLOOKUP(RiskRegister[[#This Row],[Inherent Risk Rating]],'Rating factors'!$F$30:$G$44,2,FALSE),\"-- Error --\")","v":"-- Error --"},{"$f":"IFERROR(RiskRegister[[#This Row],[Inherent Impact Rating]]*RiskRegister[[#This Row],[Inherent Likelihood Rating]],\"-- Error --\")","v":"-- Error --"},"-- Select Risk Response --",null,"-- Select Impact --",{"$f":"VLOOKUP(RiskRegister[[#This Row],[Residual Impact Level]],'Rating factors'!$F$4:$G$9,2,FALSE)","v":"--- Error ---"},"-- Select Likelihood --",{"$f":"VLOOKUP(RiskRegister[[#This Row],[Residual Likelihood Level]],'Rating factors'!$F$16:$G$21,2,FALSE)","v":"--- Error ---"},{"$f":"IFERROR(VLOOKUP(RiskRegister[[#This Row],[Residual Risk Rating]],'Rating factors'!$F$30:$G$44,2,FALSE),\"-- Error --\")","v":"-- Error --"},{"$f":"IFERROR(RiskRegister[[#This Row],[Residual Impact Rating]]*RiskRegister[[#This Row],[Residual Likelihood Rating]],\"-- Error --\")","v":"-- Error --"},"-- Select Risk Status --",{"$nulls":3},{"$f":"IF(ISBLANK(RiskRegister[[#This Row],[Risk Due Date]]), \"Missing Risk Due Date\", IF(RiskRegister[[#This Row],[Risk Due Date]] < TODAY(), \"Overdue\", \"Not Overdue\"))","v":"Missing Risk Due Date"},null,{"$f":"IF(ISBLANK(RiskRegister[[#This Row],[Risk Due Date]]), \"Missing Risk Due Date\", TEXT(RiskRegister[[#This Row],[Risk Due Date]], \"YYYY-MM\"))","v":"Missing Risk Due Date"},{"$f":"IF(RiskRegister[[#This Row],[Created Date]]=\"\",\"Created Date missing\",(TEXT(RiskRegister[[#This Row],[Created Date]],\"mmm\") & \"-\" & YEAR(RiskRegister[[#This Row],[Created Date]])))","v":"Created Date missing"},{"$f":"IF(RiskRegister[[#This Row],[Risk Status]]=\"Closed\",RiskRegister[[#This Row],[Risk Close Date]],RiskRegister[[#This Row],[Risk Due Date]])","v":"00:00:00"},{"$f":"IF(RiskRegister[[#This Row],[Risk-Change-Date]]=0,DATE(2030,1,1),RiskRegister[[#This Row],[Risk-Change-Date]])","v":"2030-01-01"},{"$f":"RiskRegister[[#This Row],[Inherent Impact Level]]&\"-\"&RiskRegister[[#This Row],[Inherent Likelihood Level]]","v":"-- Select Impact ----- Select Likelihood --"},{"$f":"RiskRegister[[#This Row],[Residual Impact Level]]&\"-\"&RiskRegister[[#This Row],[Residual Likelihood Level]]","v":"-- Select Impact ----- Select Likelihood --"},"Error",{"$f":"IF(RiskRegister[[#This Row],[Risk Status]]=\"Closed\",RiskRegister[[#This Row],[Residual Impact Level]],RiskRegister[[#This Row],[Inherent Impact Level]])","v":"-- Select Impact --"},{"$f":"IF(RiskRegister[[#This Row],[Risk Status]]=\"Closed\",RiskRegister[[#This Row],[Residual Likelihood Level]],RiskRegister[[#This Row],[Inherent Likelihood Level]])","v":"-- Select Likelihood --"},{"$f":"IF(RiskRegister[[#This Row],[Risk Status]]=\"Closed\",RiskRegister[[#This Row],[Residual-I-L-Combo]],RiskRegister[[#This Row],[Inherent-I-L-Combo]])","v":"-- Select Impact ----- Select Likelihood --"},"-- Error --"]
[433,{"$nulls":5},"-- Select Risk Category --",null,"-- select department --",null,null,"-- Select Impact --",{"$f":"VLOOKUP(RiskRegister[[#This Row],[Inherent Impact Level]],'Rating factors'!$F$4:$G$9,2,FALSE)","v":"--- Error ---"},"-- Select Likelihood --",{"$f":"VLOOKUP(RiskRegister[[#This Row],[Inherent Likelihood Level]],'Rating factors'!$F$16:$G$21,2,FALSE)","v":"--- Error ---"},{"$f":"IFERROR(VLOOKUP(RiskRegister[[#This Row],[Inherent Risk Rating]],'Rating factors'!$F$30:$G$44,2,FALSE),\"-- Error --\")","v":"-- Error --"},{"$f":"IFERROR(RiskRegister[[#This Row],[Inherent Impact Rating]]*RiskRegister[[#This Row],[Inherent Likelihood Rating]],\"-- Error --\")","v":"-- Error --"},"-- Select Risk Response --",null,"-- Select Impact --",{"$f":"VLOOKUP(RiskRegister[[#This Row],[Residual Impact Level]],'Rating factors'!$F$4:$G$9,2,FALSE)","v":"--- Error ---"},"-- Select Likelihood --",{"$f":"VLOOKUP(RiskRegister[[#This Row],[Residual Likelihood Level]],'Rating factors'!$F$16:$G$21,2,FALSE)","v":"--- Error ---"},{"$f":"IFERROR(VLOOKUP(RiskRegister[[#This Row],[Residual Risk Rating]],'Rating factors'!$F$30:$G$44,2,FALSE),\"-- Error --\")","v":"-- Error --"},{"$f":"IFERROR(RiskRegister[[#This Row],[Residual Impact Rating]]*RiskRegister[[#This Row],[Residual Likelihood Rating]],\"-- Error --\")","v":"-- Error --"},"-- Select Risk Status --",{"$nulls":3},{"$f":"IF(ISBLANK(RiskRegister[[#This Row],[Risk Due Date]]), \"Missing Risk Due Date\", IF(RiskRegister[[#This Row],[Risk Due Date]] < TODAY(), \"Overdue\", \"Not Overdue\"))","v":"Missing Risk Due Date"},null,{"$f":"IF(ISBLANK(RiskRegister[[#This Row],[Risk Due Date]]), \"Missing Risk Due Date\", TEXT(RiskRegister[[#This Row],[Risk Due Date]], \"YYYY-MM\"))","v":"Missing Risk Due Date"},{"$f":"IF(RiskRegister[[#This Row],[Created Date]]=\"\",\"Created Date missing\",(TEXT(RiskRegister[[#This Row],[Created Date]],\"mmm\") & \"-\" & YEAR(RiskRegister[[#This Row],[Created Date]])))","v":"Created Date missing"},{"$f":"IF(RiskRegister[[#This Row],[Risk Status]]=\"Closed\",RiskRegister[[#This Row],[Risk Close Date]],RiskRegister[[#This Row],[Risk Due Date]])","v":"00:00:00"},{"$f":"IF(RiskRegister[[#This Row],[Risk-Change-Date]]=0,DATE(2030,1,1),RiskRegister[[#This Row],[Risk-Change-Date]])","v":"2030-01-01"},{"$f":"RiskRegister[[#This Row],[Inherent Impact Level]]&\"-\"&RiskRegister[[#This Row],[Inherent Likelihood Level]]","v":"-- Select Impact ----- Select Likelihood --"},{"$f":"RiskRegister[[#This Row],[Residual Impact Level]]&\"-\"&RiskRegister[[#This Row],[Residual Likelihood Level]]","v":"-- Select Impact ----- Select Likelihood --"},"Error",{"$f":"IF(RiskRegister[[#This Row],[Risk Status]]=\"Closed\",RiskRegister[[#This Row],[Residual Impact Level]],RiskRegister[[#This Row],[Inherent Impact Level]])","v":"-- Select Impact --"},{"$f":"IF(RiskRegister[[#This Row],[Risk Status]]=\"Closed\",RiskRegister[[#This Row],[Residual Likelihood Level]],RiskRegister[[#This Row],[Inherent Likelihood Level]])","v":"-- Select Likelihood --"},{"$f":"IF(RiskRegister[[#This Row],[Risk Status]]=\"Closed\",RiskRegister[[#This Row],[Residual-I-L-Combo]],RiskRegister[[#This Row],[Inherent-I-L-Combo]])","v":"-- Select Impact ----- Select Likelihood --"},"-- Error --"]
[434,{"$nulls":5},"-- Select Risk Category --",null,"-- select department --",null,null,"-- Select Impact --",{"$f":"VLOOKUP(RiskRegister[[#This Row],[Inherent Impact Level]],'Rating factors'!$F$4:$G$9,2,FALSE)","v":"--- Error ---"},"-- Select Likelihood --",{"$f":"VLOOKUP(RiskRegister[[#This Row],[Inherent Likelihood Level]],'Rating factors'!$F$16:$G$21,2,FALSE)","v":"--- Error ---"},{"$f":"IFERROR(VLOOKUP(RiskRegister[[#This Row],[Inherent Risk Rating]],'Rating factors'!$F$30:$G$44,2,FALSE),\"-- Error --\")","v":"-- Error --"},{"$f":"IFERROR(RiskRegister[[#This Row],[Inherent Impact Rating]]*RiskRegister[[#This Row],[Inherent Likelihood Rating]],\"-- Error --\")","v":"-- Error --"},"-- Select Risk Response --",null,"-- Select Impact --",{"$f":"VLOOKUP(RiskRegister[[#This Row],[Residual Impact Level]],'Rating factors'!$F$4:$G$9,2,FALSE)","v":"--- Error ---"},"-- Select Likelihood --",{"$f":"VLOOKUP(RiskRegister[[#This Row],[Residual Likelihood Level]],'Rating factors'!$F$16:$G$21,2,FALSE)","v":"--- Error ---"},{"$f":"IFERROR(VLOOKUP(RiskRegister[[#This Row],[Residual Risk Rating]],'Rating factors'!$F$30:$G$44,2,FALSE),\"-- Error --\")","v":"-- Error --"},{"$f":"IFERROR(RiskRegister[[#This Row],[Residual Impact Rating]]*RiskRegister[[#This Row],[Residual Likelihood Rating]],\"-- Error --\")","v":"-- Error --"},"-- Select Risk Status --",{"$nulls":3},{"$f":"IF(ISBLANK(RiskRegister[[#This Row],[Risk Due Date]]), \"Missing Risk Due Date\", IF(RiskRegister[[#This Row],[Risk Due Date]] < TODAY(), \"Overdue\", \"Not Overdue\"))","v":"Missing Risk Due Date"},null,{"$f":"IF(ISBLANK(RiskRegister[[#This Row],[Risk Due Date]]), \"Missing Risk Due Date\", TEXT(RiskRegister[[#This Row],[Risk Due Date]], \"YYYY-MM\"))","v":"Missing Risk Due Date"},{"$f":"IF(RiskRegister[[#This Row],[Created Date]]=\"\",\"Created Date missing\",(TEXT(RiskRegister[[#This Row],[Created Date]],\"mmm\") & \"-\" & YEAR(RiskRegister[[#This Row],[Created Date]])))","v":"Created Date missing"},{"$f":"IF(RiskRegister[[#This Row],[Risk Status]]=\"Closed\",RiskRegister[[#This Row],[Risk Close Date]],RiskRegister[[#This Row],[Risk Due Date]])","v":"00:00:00"},{"$f":"IF(RiskRegister[[#This Row],[Risk-Change-Date]]=0,DATE(2030,1,1),RiskRegister[[#This Row],[Risk-Change-Date]])","v":"2030-01-01"},{"$f":"RiskRegister[[#This Row],[Inherent Impact Level]]&\"-\"&RiskRegister[[#This Row],[Inherent Likelihood Level]]","v":"-- Select Impact ----- Select Likelihood --"},{"$f":"RiskRegister[[#This Row],[Residual Impact Level]]&\"-\"&RiskRegister[[#This Row],[Residual Likelihood Level]]","v":"-- Select Impact ----- Select Likelihood --"},"Error",{"$f":"IF(RiskRegister[[#This Row],[Risk Status]]=\"Closed\",RiskRegister[[#This Row],[Residual Impact Level]],RiskRegister[[#This Row],[Inherent Impact Level]])","v":"-- Select Impact --"},{"$f":"IF(RiskRegister[[#This Row],[Risk Status]]=\"Closed\",RiskRegister[[#This Row],[Residual Likelihood Level]],RiskRegister[[#This Row],[Inherent Likelihood Level]])","v":"-- Select Likelihood --"},{"$f":"IF(RiskRegister[[#This Row],[Risk Status]]=\"Closed\",RiskRegister[[#This Row],[Residual-I-L-Combo]],RiskRegister[[#This Row],[Inherent-I-L-Combo]])","v":"-- Select Impact ----- Select Likelihood --"},"-- Error --"]
[435,{"$nulls":5},"-- Select Risk Category --",null,"-- select department --",null,null,"-- Select Impact --",{"$f":"VLOOKUP(RiskRegister[[#This Row],[Inherent Impact Level]],'Rating factors'!$F$4:$G$9,2,FALSE)","v":"--- Error ---"},"-- Select Likelihood --",{"$f":"VLOOKUP(RiskRegister[[#This Row],[Inherent Likelihood Level]],'Rating factors'!$F$16:$G$21,2,FALSE)","v":"--- Error ---"},{"$f":"IFERROR(VLOOKUP(RiskRegister[[#This Row],[Inherent Risk Rating]],'Rating factors'!$F$30:$G$44,2,FALSE),\"-- Error --\")","v":"-- Error --"},{"$f":"IFERROR(RiskRegister[[#This Row],[Inherent Impact Rating]]*RiskRegister[[#This Row],[Inherent Likelihood Rating]],\"-- Error --\")","v":"-- Error --"},"-- Select Risk Response --",null,"-- Select Impact --",{"$f":"VLOOKUP(RiskRegister[[#This Row],[Residual Impact Level]],'Rating factors'!$F$4:$G$9,2,FALSE)","v":"--- Error ---"},"-- Select Likelihood --",{"$f":"VLOOKUP(RiskRegister[[#This Row],[Residual Likelihood Level]],'Rating factors'!$F$16:$G$21,2,FALSE)","v":"--- Error ---"},{"$f":"IFERROR(VLOOKUP(RiskRegister[[#This Row],[Residual Risk Rating]],'Rating factors'!$F$30:$G$44,2,FALSE),\"-- Error --\")","v":"-- Error --"},{"$f":"IFERROR(RiskRegister[[#This Row],[Residual Impact Rating]]*RiskRegister[[#This Row],[Residual Likelihood Rating]],\"-- Error --\")","v":"-- Error --"},"-- Select Risk Status --",{"$nulls":3},{"$f":"IF(ISBLANK(RiskRegister[[#This Row],[Risk Due Date]]), \"Missing Risk Due Date\", IF(RiskRegister[[#This Row],[Risk Due Date]] < TODAY(), \"Overdue\", \"Not Overdue\"))","v":"Missing Risk Due Date"},null,{"$f":"IF(ISBLANK(RiskRegister[[#This Row],[Risk Due Date]]), \"Missing Risk Due Date\", TEXT(RiskRegister[[#This Row],[Risk Due Date]], \"YYYY-MM\"))","v":"Missing Risk Due Date"},{"$f":"IF(RiskRegister[[#This Row],[Created Date]]=\"\",\"Created Date missing\",(TEXT(RiskRegister[[#This Row],[Created Date]],\"mmm\") & \"-\" & YEAR(RiskRegister[[#This Row],[Created Date]])))","v":"Created Date missing"},{"$f":"IF(RiskRegister[[#This Row],[Risk Status]]=\"Closed\",RiskRegister[[#This Row],[Risk Close Date]],RiskRegister[[#This Row],[Risk Due Date]])","v":"00:00:00"},{"$f":"IF(RiskRegister[[#This Row],[Risk-Change-Date]]=0,DATE(2030,1,1),RiskRegister[[#This Row],[Risk-Change-Date]])","v":"2030-01-01"},{"$f":"RiskRegister[[#This Row],[Inherent Impact Level]]&\"-\"&RiskRegister[[#This Row],[Inherent Likelihood Level]]","v":"-- Select Impact ----- Select Likelihood --"},{"$f":"RiskRegister[[#This Row],[Residual Impact Level]]&\"-\"&RiskRegister[[#This Row],[Residual Likelihood Level]]","v":"-- Select Impact ----- Select Likelihood --"},"Error",{"$f":"IF(RiskRegister[[#This Row],[Risk Status]]=\"Closed\",RiskRegister[[#This Row],[Residual Impact Level]],RiskRegister[[#This Row],[Inherent Impact Level]])","v":"-- Select Impact --"},{"$f":"IF(RiskRegister[[#This Row],[Risk Status]]=\"Closed\",RiskRegister[[#This Row],[Residual Likelihood Level]],RiskRegister[[#This Row],[Inherent Likelihood Level]])","v":"-- Select Likelihood --"},{"$f":"IF(RiskRegister[[#This Row],[Risk Status]]=\"Closed\",RiskRegister[[#This Row],[Residual-I-L-Combo]],RiskRegister[[#This Row],[Inherent-I-L-Combo]])","v":"-- Select Impact ----- Select Likelihood --"},"-- Error --"]
[436,{"$nulls":5},"-- Select Risk Category --",null,"-- select department --",null,null,"-- Select Impact --",{"$f":"VLOOKUP(RiskRegister[[#This Row],[Inherent Impact Level]],'Rating factors'!$F$4:$G$9,2,FALSE)","v":"--- Error ---"},"-- Select Likelihood --",{"$f":"VLOOKUP(RiskRegister[[#This Row],[Inherent Likelihood Level]],'Rating factors'!$F$16:$G$21,2,FALSE)","v":"--- Error ---"},{"$f":"IFERROR(VLOOKUP(RiskRegister[[#This Row],[Inherent Risk Rating]],'Rating factors'!$F$30:$G$44,2,FALSE),\"-- Error --\")","v":"-- Error --"},{"$f":"IFERROR(RiskRegister[[#This Row],[Inherent Impact Rating]]*RiskRegister[[#This Row],[Inherent Likelihood Rating]],\"-- Error --\")","v":"-- Error --"},"-- Select Risk Response --",null,"-- Select Impact --",{"$f":"VLOOKUP(RiskRegister[[#This Row],[Residual Impact Level]],'Rating factors'!$F$4:$G$9,2,FALSE)","v":"--- Error ---"},"-- Select Likelihood --",{"$f":"VLOOKUP(RiskRegister[[#This Row],[Residual Likelihood Level]],'Rating factors'!$F$16:$G$21,2,FALSE)","v":"--- Error ---"},{"$f":"IFERROR(VLOOKUP(RiskRegister[[#This Row],[Residual Risk Rating]],'Rating factors'!$F$30:$G$44,2,FALSE),\"-- Error --\")","v":"-- Error --"},{"$f":"IFERROR(RiskRegister[[#This Row],[Residual Impact Rating]]*RiskRegister[[#This Row],[Residual Likelihood Rating]],\"-- Error --\")","v":"-- Error --"},"-- Select Risk Status --",{"$nulls":3},{"$f":"IF(ISBLANK(RiskRegister[[#This Row],[Risk Due Date]]), \"Missing Risk Due Date\", IF(RiskRegister[[#This Row],[Risk Due Date]] < TODAY(), \"Overdue\", \"Not Overdue\"))","v":"Missing Risk Due Date"},null,{"$f":"IF(ISBLANK(RiskRegister[[#This Row],[Risk Due Date]]), \"Missing Risk Due Date\", TEXT(RiskRegister[[#This Row],[Risk Due Date]], \"YYYY-MM\"))","v":"Missing Risk Due Date"},{"$f":"IF(RiskRegister[[#This Row],[Created Date]]=\"\",\"Created Date missing\",(TEXT(RiskRegister[[#This Row],[Created Date]],\"mmm\") & \"-\" & YEAR(RiskRegister[[#This Row],[Created Date]])))","v":"Created Date missing"},{"$f":"IF(RiskRegister[[#This Row],[Risk Status]]=\"Closed\",RiskRegister[[#This Row],[Risk Close Date]],RiskRegister[[#This Row],[Risk Due Date]])","v":"00:00:00"},{"$f":"IF(RiskRegister[[#This Row],[Risk-Change-Date]]=0,DATE(2030,1,1),RiskRegister[[#This Row],[Risk-Change-Date]])","v":"2030-01-01"},{"$f":"RiskRegister[[#This Row],[Inherent Impact Level]]&\"-\"&RiskRegister[[#This Row],[Inherent Likelihood Level]]","v":"-- Select Impact ----- Select Likelihood --"},{"$f":"RiskRegister[[#This Row],[Residual Impact Level]]&\"-\"&RiskRegister[[#This Row],[Residual Likelihood Level]]","v":"-- Select Impact ----- Select Likelihood --"},"Error",{"$f":"IF(RiskRegister[[#This Row],[Risk Status]]=\"Closed\",RiskRegister[[#This Row],[Residual Impact Level]],RiskRegister[[#This Row],[Inherent Impact Level]])","v":"-- Select Impact --"},{"$f":"IF(RiskRegister[[#This Row],[Risk Status]]=\"Closed\",RiskRegister[[#This Row],[Residual Likelihood Level]],RiskRegister[[#This Row],[Inherent Likelihood Level]])","v":"-- Select Likelihood --"},{"$f":"IF(RiskRegister[[#This Row],[Risk Status]]=\"Closed\",RiskRegister[[#This Row],[Residual-I-L-Combo]],RiskRegister[[#This Row],[Inherent-I-L-Combo]])","v":"-- Select Impact ----- Select Likelihood --"},"-- Error --"]
[437,{"$nulls":5},"-- Select Risk Category --",null,"-- select department --",null,null,"-- Select Impact --",{"$f":"VLOOKUP(RiskRegister[[#This Row],[Inherent Impact Level]],'Rating factors'!$F$4:$G$9,2,FALSE)","v":"--- Error ---"},"-- Select Likelihood --",{"$f":"VLOOKUP(RiskRegister[[#This Row],[Inherent Likelihood Level]],'Rating factors'!$F$16:$G$21,2,FALSE)","v":"--- Error ---"},{"$f":"IFERROR(VLOOKUP(RiskRegister[[#This Row],[Inherent Risk Rating]],'Rating factors'!$F$30:$G$44,2,FALSE),\"-- Error --\")","v":"-- Error --"},{"$f":"IFERROR(RiskRegister[[#This Row],[Inherent Impact Rating]]*RiskRegister[[#This Row],[Inherent Likelihood Rating]],\"-- Error --\")","v":"-- Error --"},"-- Select Risk Response --",null,"-- Select Impact --",{"$f":"VLOOKUP(RiskRegister[[#This Row],[Residual Impact Level]],'Rating factors'!$F$4:$G$9,2,FALSE)","v":"--- Error ---"},"-- Select Likelihood --",{"$f":"VLOOKUP(RiskRegister[[#This Row],[Residual Likelihood Level]],'Rating factors'!$F$16:$G$21,2,FALSE)","v":"--- Error ---"},{"$f":"IFERROR(VLOOKUP(RiskRegister[[#This Row],[Residual Risk Rating]],'Rating factors'!$F$30:$G$44,2,FALSE),\"-- Error --\")","v":"-- Error --"},{"$f":"IFERROR(RiskRegister[[#This Row],[Residual Impact Rating]]*RiskRegister[[#This Row],[Residual Likelihood Rating]],\"-- Error --\")","v":"-- Error --"},"-- Select Risk Status --",{"$nulls":3},{"$f":"IF(ISBLANK(RiskRegister[[#This Row],[Risk Due Date]]), \"Missing Risk Due Date\", IF(RiskRegister[[#This Row],[Risk Due Date]] < TODAY(), \"Overdue\", \"Not Overdue\"))","v":"Missing Risk Due Date"},null,{"$f":"IF(ISBLANK(RiskRegister[[#This Row],[Risk Due Date]]), \"Missing Risk Due Date\", TEXT(RiskRegister[[#This Row],[Risk Due Date]], \"YYYY-MM\"))","v":"Missing Risk Due Date"},{"$f":"IF(RiskRegister[[#This Row],[Created Date]]=\"\",\"Created Date missing\",(TEXT(RiskRegister[[#This Row],[Created Date]],\"mmm\") & \"-\" & YEAR(RiskRegister[[#This Row],[Created Date]])))","v":"Created Date missing"},{"$f":"IF(RiskRegister[[#This Row],[Risk Status]]=\"Closed\",RiskRegister[[#This Row],[Risk Close Date]],RiskRegister[[#This Row],[Risk Due Date]])","v":"00:00:00"},{"$f":"IF(RiskRegister[[#This Row],[Risk-Change-Date]]=0,DATE(2030,1,1),RiskRegister[[#This Row],[Risk-Change-Date]])","v":"2030-01-01"},{"$f":"RiskRegister[[#This Row],[Inherent Impact Level]]&\"-\"&RiskRegister[[#This Row],[Inherent Likelihood Level]]","v":"-- Select Impact ----- Select Likelihood --"},{"$f":"RiskRegister[[#This Row],[Residual Impact Level]]&\"-\"&RiskRegister[[#This Row],[Residual Likelihood Level]]","v":"-- Select Impact ----- Select Likelihood --"},"Error",{"$f":"IF(RiskRegister[[#This Row],[Risk Status]]=\"Closed\",RiskRegister[[#This Row],[Residual Impact Level]],RiskRegister[[#This Row],[Inherent Impact Level]])","v":"-- Select Impact --"},{"$f":"IF(RiskRegister[[#This Row],[Risk Status]]=\"Closed\",RiskRegister[[#This Row],[Residual Likelihood Level]],RiskRegister[[#This Row],[Inherent Likelihood Level]])","v":"-- Select Likelihood --"},{"$f":"IF(RiskRegister[[#This Row],[Risk Status]]=\"Closed\",RiskRegister[[#This Row],[Residual-I-L-Combo]],RiskRegister[[#This Row],[Inherent-I-L-Combo]])","v":"-- Select Impact ----- Select Likelihood --"},"-- Error --"]
[438,{"$nulls":5},"-- Select Risk Category --",null,"-- select department --",null,null,"-- Select Impact --",{"$f":"VLOOKUP(RiskRegister[[#This Row],[Inherent Impact Level]],'Rating factors'!$F$4:$G$9,2,FALSE)","v":"--- Error ---"},"-- Select Likelihood --",{"$f":"VLOOKUP(RiskRegister[[#This Row],[Inherent Likelihood Level]],'Rating factors'!$F$16:$G$21,2,FALSE)","v":"--- Error ---"},{"$f":"IFERROR(VLOOKUP(RiskRegister[[#This Row],[Inherent Risk Rating]],'Rating factors'!$F$30:$G$44,2,FALSE),\"-- Error --\")","v":"-- Error --"},{"$f":"IFERROR(RiskRegister[[#This Row],[Inherent Impact Rating]]*RiskRegister[[#This Row],[Inherent Likelihood Rating]],\"-- Error --\")","v":"-- Error --"},"-- Select Risk Response --",null,"-- Select Impact --",{"$f":"VLOOKUP(RiskRegister[[#This Row],[Residual Impact Level]],'Rating factors'!$F$4:$G$9,2,FALSE)","v":"--- Error ---"},"-- Select Likelihood --",{"$f":"VLOOKUP(RiskRegister[[#This Row],[Residual Likelihood Level]],'Rating factors'!$F$16:$G$21,2,FALSE)","v":"--- Error ---"},{"$f":"IFERROR(VLOOKUP(RiskRegister[[#This Row],[Residual Risk Rating]],'Rating factors'!$F$30:$G$44,2,FALSE),\"-- Error --\")","v":"-- Error --"},{"$f":"IFERROR(RiskRegister[[#This Row],[Residual Impact Rating]]*RiskRegister[[#This Row],[Residual Likelihood Rating]],\"-- Error --\")","v":"-- Error --"},"-- Select Risk Status --",{"$nulls":3},{"$f":"IF(ISBLANK(RiskRegister[[#This Row],[Risk Due Date]]), \"Missing Risk Due Date\", IF(RiskRegister[[#This Row],[Risk Due Date]] < TODAY(), \"Overdue\", \"Not Overdue\"))","v":"Missing Risk Due Date"},null,{"$f":"IF(ISBLANK(RiskRegister[[#This Row],[Risk Due Date]]), \"Missing Risk Due Date\", TEXT(RiskRegister[[#This Row],[Risk Due Date]], \"YYYY-MM\"))","v":"Missing Risk Due Date"},{"$f":"IF(RiskRegister[[#This Row],[Created Date]]=\"\",\"Created Date missing\",(TEXT(RiskRegister[[#This Row],[Created Date]],\"mmm\") & \"-\" & YEAR(RiskRegister[[#This Row],[Created Date]])))","v":"Created Date missing"},{"$f":"IF(RiskRegister[[#This Row],[Risk Status]]=\"Closed\",RiskRegister[[#This Row],[Risk Close Date]],RiskRegister[[#This Row],[Risk Due Date]])","v":"00:00:00"},{"$f":"IF(RiskRegister[[#This Row],[Risk-Change-Date]]=0,DATE(2030,1,1),RiskRegister[[#This Row],[Risk-Change-Date]])","v":"2030-01-01"},{"$f":"RiskRegister[[#This Row],[Inherent Impact Level]]&\"-\"&RiskRegister[[#This Row],[Inherent Likelihood Level]]","v":"-- Select Impact ----- Select Likelihood --"},{"$f":"RiskRegister[[#This Row],[Residual Impact Level]]&\"-\"&RiskRegister[[#This Row],[Residual Likelihood Level]]","v":"-- Select Impact ----- Select Likelihood --"},"Error",{"$f":"IF(RiskRegister[[#This Row],[Risk Status]]=\"Closed\",RiskRegister[[#This Row],[Residual Impact Level]],RiskRegister[[#This Row],[Inherent Impact Level]])","v":"-- Select Impact --"},{"$f":"IF(RiskRegister[[#This Row],[Risk Status]]=\"Closed\",RiskRegister[[#This Row],[Residual Likelihood Level]],RiskRegister[[#This Row],[Inherent Likelihood Level]])","v":"-- Select Likelihood --"},{"$f":"IF(RiskRegister[[#This Row],[Risk Status]]=\"Closed\",RiskRegister[[#This Row],[Residual-I-L-Combo]],RiskRegister[[#This Row],[Inherent-I-L-Combo]])","v":"-- Select Impact ----- Select Likelihood --"},"-- Error --"]
[439,{"$nulls":5},"-- Select Risk Category --",null,"-- select department --",null,null,"-- Select Impact --",{"$f":"VLOOKUP(RiskRegister[[#This Row],[Inherent Impact Level]],'Rating factors'!$F$4:$G$9,2,FALSE)","v":"--- Error ---"},"-- Select Likelihood --",{"$f":"VLOOKUP(RiskRegister[[#This Row],[Inherent Likelihood Level]],'Rating factors'!$F$16:$G$21,2,FALSE)","v":"--- Error ---"},{"$f":"IFERROR(VLOOKUP(RiskRegister[[#This Row],[Inherent Risk Rating]],'Rating factors'!$F$30:$G$44,2,FALSE),\"-- Error --\")","v":"-- Error --"},{"$f":"IFERROR(RiskRegister[[#This Row],[Inherent Impact Rating]]*RiskRegister[[#This Row],[Inherent Likelihood Rating]],\"-- Error --\")","v":"-- Error --"},"-- Select Risk Response --",null,"-- Select Impact --",{"$f":"VLOOKUP(RiskRegister[[#This Row],[Residual Impact Level]],'Rating factors'!$F$4:$G$9,2,FALSE)","v":"--- Error ---"},"-- Select Likelihood --",{"$f":"VLOOKUP(RiskRegister[[#This Row],[Residual Likelihood Level]],'Rating factors'!$F$16:$G$21,2,FALSE)","v":"--- Error ---"},{"$f":"IFERROR(VLOOKUP(RiskRegister[[#This Row],[Residual Risk Rating]],'Rating factors'!$F$30:$G$44,2,FALSE),\"-- Error --\")","v":"-- Error --"},{"$f":"IFERROR(RiskRegister[[#This Row],[Residual Impact Rating]]*RiskRegister[[#This Row],[Residual Likelihood Rating]],\"-- Error --\")","v":"-- Error --"},"-- Select Risk Status --",{"$nulls":3},{"$f":"IF(ISBLANK(RiskRegister[[#This Row],[Risk Due Date]]), \"Missing Risk Due Date\", IF(RiskRegister[[#This Row],[Risk Due Date]] < TODAY(), \"Overdue\", \"Not Overdue\"))","v":"Missing Risk Due Date"},null,{"$f":"IF(ISBLANK(RiskRegister[[#This Row],[Risk Due Date]]), \"Missing Risk Due Date\", TEXT(RiskRegister[[#This Row],[Risk Due Date]], \"YYYY-MM\"))","v":"Missing Risk Due Date"},{"$f":"IF(RiskRegister[[#This Row],[Created Date]]=\"\",\"Created Date missing\",(TEXT(RiskRegister[[#This Row],[Created Date]],\"mmm\") & \"-\" & YEAR(RiskRegister[[#This Row],[Created Date]])))","v":"Created Date missing"},{"$f":"IF(RiskRegister[[#This Row],[Risk Status]]=\"Closed\",RiskRegister[[#This Row],[Risk Close Date]],RiskRegister[[#This Row],[Risk Due Date]])","v":"00:00:00"},{"$f":"IF(RiskRegister[[#This Row],[Risk-Change-Date]]=0,DATE(2030,1,1),RiskRegister[[#This Row],[Risk-Change-Date]])","v":"2030-01-01"},{"$f":"RiskRegister[[#This Row],[Inherent Impact Level]]&\"-\"&RiskRegister[[#This Row],[Inherent Likelihood Level]]","v":"-- Select Impact ----- Select Likelihood --"},{"$f":"RiskRegister[[#This Row],[Residual Impact Level]]&\"-\"&RiskRegister[[#This Row],[Residual Likelihood Level]]","v":"-- Select Impact ----- Select Likelihood --"},"Error",{"$f":"IF(RiskRegister[[#This Row],[Risk Status]]=\"Closed\",RiskRegister[[#This Row],[Residual Impact Level]],RiskRegister[[#This Row],[Inherent Impact Level]])","v":"-- Select Impact --"},{"$f":"IF(RiskRegister[[#This Row],[Risk Status]]=\"Closed\",RiskRegister[[#This Row],[Residual Likelihood Level]],RiskRegister[[#This Row],[Inherent Likelihood Level]])","v":"-- Select Likelihood --"},{"$f":"IF(RiskRegister[[#This Row],[Risk Status]]=\"Closed\",RiskRegister[[#This Row],[Residual-I-L-Combo]],RiskRegister[[#This Row],[Inherent-I-L-Combo]])","v":"-- Select Impact ----- Select Likelihood --"},"-- Error --"]
[440,{"$nulls":5},"-- Select Risk Category --",null,"-- select department --",null,null,"-- Select Impact --",{"$f":"VLOOKUP(RiskRegister[[#This Row],[Inherent Impact Level]],'Rating factors'!$F$4:$G$9,2,FALSE)","v":"--- Error ---"},"-- Select Likelihood --",{"$f":"VLOOKUP(RiskRegister[[#This Row],[Inherent Likelihood Level]],'Rating factors'!$F$16:$G$21,2,FALSE)","v":"--- Error ---"},{"$f":"IFERROR(VLOOKUP(RiskRegister[[#This Row],[Inherent Risk Rating]],'Rating factors'!$F$30:$G$44,2,FALSE),\"-- Error --\")","v":"-- Error --"},{"$f":"IFERROR(RiskRegister[[#This Row],[Inherent Impact Rating]]*RiskRegister[[#This Row],[Inherent Likelihood Rating]],\"-- Error --\")","v":"-- Error --"},"-- Select Risk Response --",null,"-- Select Impact --",{"$f":"VLOOKUP(RiskRegister[[#This Row],[Residual Impact Level]],'Rating factors'!$F$4:$G$9,2,FALSE)","v":"--- Error ---"},"-- Select Likelihood --",{"$f":"VLOOKUP(RiskRegister[[#This Row],[Residual Likelihood Level]],'Rating factors'!$F$16:$G$21,2,FALSE)","v":"--- Error ---"},{"$f":"IFERROR(VLOOKUP(RiskRegister[[#This Row],[Residual Risk Rating]],'Rating factors'!$F$30:$G$44,2,FALSE),\"-- Error --\")","v":"-- Error --"},{"$f":"IFERROR(RiskRegister[[#This Row],[Residual Impact Rating]]*RiskRegister[[#This Row],[Residual Likelihood Rating]],\"-- Error --\")","v":"-- Error --"},"-- Select Risk Status --",{"$nulls":3},{"$f":"IF(ISBLANK(RiskRegister[[#This Row],[Risk Due Date]]), \"Missing Risk Due Date\", IF(RiskRegister[[#This Row],[Risk Due Date]] < TODAY(), \"Overdue\", \"Not Overdue\"))","v":"Missing Risk Due Date"},null,{"$f":"IF(ISBLANK(RiskRegister[[#This Row],[Risk Due Date]]), \"Missing Risk Due Date\", TEXT(RiskRegister[[#This Row],[Risk Due Date]], \"YYYY-MM\"))","v":"Missing Risk Due Date"},{"$f":"IF(RiskRegister[[#This Row],[Created Date]]=\"\",\"Created Date missing\",(TEXT(RiskRegister[[#This Row],[Created Date]],\"mmm\") & \"-\" & YEAR(RiskRegister[[#This Row],[Created Date]])))","v":"Created Date missing"},{"$f":"IF(RiskRegister[[#This Row],[Risk Status]]=\"Closed\",RiskRegister[[#This Row],[Risk Close Date]],RiskRegister[[#This Row],[Risk Due Date]])","v":"00:00:00"},{"$f":"IF(RiskRegister[[#This Row],[Risk-Change-Date]]=0,DATE(2030,1,1),RiskRegister[[#This Row],[Risk-Change-Date]])","v":"2030-01-01"},{"$f":"RiskRegister[[#This Row],[Inherent Impact Level]]&\"-\"&RiskRegister[[#This Row],[Inherent Likelihood Level]]","v":"-- Select Impact ----- Select Likelihood --"},{"$f":"RiskRegister[[#This Row],[Residual Impact Level]]&\"-\"&RiskRegister[[#This Row],[Residual Likelihood Level]]","v":"-- Select Impact ----- Select Likelihood --"},"Error",{"$f":"IF(RiskRegister[[#This Row],[Risk Status]]=\"Closed\",RiskRegister[[#This Row],[Residual Impact Level]],RiskRegister[[#This Row],[Inherent Impact Level]])","v":"-- Select Impact --"},{"$f":"IF(RiskRegister[[#This Row],[Risk Status]]=\"Closed\",RiskRegister[[#This Row],[Residual Likelihood Level]],RiskRegister[[#This Row],[Inherent Likelihood Level]])","v":"-- Select Likelihood --"},{"$f":"IF(RiskRegister[[#This Row],[Risk Status]]=\"Closed\",RiskRegister[[#This Row],[Residual-I-L-Combo]],RiskRegister[[#This Row],[Inherent-I-L-Combo]])","v":"-- Select Impact ----- Select Likelihood --"},"-- Error --"]
[441,{"$nulls":5},"-- Select Risk Category --",null,"-- select department --",null,null,"-- Select Impact --",{"$f":"VLOOKUP(RiskRegister[[#This Row],[Inherent Impact Level]],'Rating factors'!$F$4:$G$9,2,FALSE)","v":"--- Error ---"},"-- Select Likelihood --",{"$f":"VLOOKUP(RiskRegister[[#This Row],[Inherent Likelihood Level]],'Rating factors'!$F$16:$G$21,2,FALSE)","v":"--- Error ---"},{"$f":"IFERROR(VLOOKUP(RiskRegister[[#This Row],[Inherent Risk Rating]],'Rating factors'!$F$30:$G$44,2,FALSE),\"-- Error --\")","v":"-- Error --"},{"$f":"IFERROR(RiskRegister[[#This Row],[Inherent Impact Rating]]*RiskRegister[[#This Row],[Inherent Likelihood Rating]],\"-- Error --\")","v":"-- Error --"},"-- Select Risk Response --",null,"-- Select Impact --",{"$f":"VLOOKUP(RiskRegister[[#This Row],[Residual Impact Level]],'Rating factors'!$F$4:$G$9,2,FALSE)","v":"--- Error ---"},"-- Select Likelihood --",{"$f":"VLOOKUP(RiskRegister[[#This Row],[Residual Likelihood Level]],'Rating factors'!$F$16:$G$21,2,FALSE)","v":"--- Error ---"},{"$f":"IFERROR(VLOOKUP(RiskRegister[[#This Row],[Residual Risk Rating]],'Rating factors'!$F$30:$G$44,2,FALSE),\"-- Error --\")","v":"-- Error --"},{"$f":"IFERROR(RiskRegister[[#This Row],[Residual Impact Rating]]*RiskRegister[[#This Row],[Residual Likelihood Rating]],\"-- Error --\")","v":"-- Error --"},"-- Select Risk Status --",{"$nulls":3},{"$f":"IF(ISBLANK(RiskRegister[[#This Row],[Risk Due Date]]), \"Missing Risk Due Date\", IF(RiskRegister[[#This Row],[Risk Due Date]] < TODAY(), \"Overdue\", \"Not Overdue\"))","v":"Missing Risk Due Date"},null,{"$f":"IF(ISBLANK(RiskRegister[[#This Row],[Risk Due Date]]), \"Missing Risk Due Date\", TEXT(RiskRegister[[#This Row],[Risk Due Date]], \"YYYY-MM\"))","v":"Missing Risk Due Date"},{"$f":"IF(RiskRegister[[#This Row],[Created Date]]=\"\",\"Created Date missing\",(TEXT(RiskRegister[[#This Row],[Created Date]],\"mmm\") & \"-\" & YEAR(RiskRegister[[#This Row],[Created Date]])))","v":"Created Date missing"},{"$f":"IF(RiskRegister[[#This Row],[Risk Status]]=\"Closed\",RiskRegister[[#This Row],[Risk Close Date]],RiskRegister[[#This Row],[Risk Due Date]])","v":"00:00:00"},{"$f":"IF(RiskRegister[[#This Row],[Risk-Change-Date]]=0,DATE(2030,1,1),RiskRegister[[#This Row],[Risk-Change-Date]])","v":"2030-01-01"},{"$f":"RiskRegister[[#This Row],[Inherent Impact Level]]&\"-\"&RiskRegister[[#This Row],[Inherent Likelihood Level]]","v":"-- Select Impact ----- Select Likelihood --"},{"$f":"RiskRegister[[#This Row],[Residual Impact Level]]&\"-\"&RiskRegister[[#This Row],[Residual Likelihood Level]]","v":"-- Select Impact ----- Select Likelihood --"},"Error",{"$f":"IF(RiskRegister[[#This Row],[Risk Status]]=\"Closed\",RiskRegister[[#This Row],[Residual Impact Level]],RiskRegister[[#This Row],[Inherent Impact Level]])","v":"-- Select Impact --"},{"$f":"IF(RiskRegister[[#This Row],[Risk Status]]=\"Closed\",RiskRegister[[#This Row],[Residual Likelihood Level]],RiskRegister[[#This Row],[Inherent Likelihood Level]])","v":"-- Select Likelihood --"},{"$f":"IF(RiskRegister[[#This Row],[Risk Status]]=\"Closed\",RiskRegister[[#This Row],[Residual-I-L-Combo]],RiskRegister[[#This Row],[Inherent-I-L-Combo]])","v":"-- Select Impact ----- Select Likelihood --"},"-- Error --"]
[442,{"$nulls":5},"-- Select Risk Category --",null,"-- select department --",null,null,"-- Select Impact --",{"$f":"VLOOKUP(RiskRegister[[#This Row],[Inherent Impact Level]],'Rating factors'!$F$4:$G$9,2,FALSE)","v":"--- Error ---"},"-- Select Likelihood --",{"$f":"VLOOKUP(RiskRegister[[#This Row],[Inherent Likelihood Level]],'Rating factors'!$F$16:$G$21,2,FALSE)","v":"--- Error ---"},{"$f":"IFERROR(VLOOKUP(RiskRegister[[#This Row],[Inherent Risk Rating]],'Rating factors'!$F$30:$G$44,2,FALSE),\"-- Error --\")","v":"-- Error --"},{"$f":"IFERROR(RiskRegister[[#This Row],[Inherent Impact Rating]]*RiskRegister[[#This Row],[Inherent Likelihood Rating]],\"-- Error --\")","v":"-- Error --"},"-- Select Risk Response --",null,"-- Select Impact --",{"$f":"VLOOKUP(RiskRegister[[#This Row],[Residual Impact Level]],'Rating factors'!$F$4:$G$9,2,FALSE)","v":"--- Error ---"},"-- Select Likelihood --",{"$f":"VLOOKUP(RiskRegister[[#This Row],[Residual Likelihood Level]],'Rating factors'!$F$16:$G$21,2,FALSE)","v":"--- Error ---"},{"$f":"IFERROR(VLOOKUP(RiskRegister[[#This Row],[Residual Risk Rating]],'Rating factors'!$F$30:$G$44,2,FALSE),\"-- Error --\")","v":"-- Error --"},{"$f":"IFERROR(RiskRegister[[#This Row],[Residual Impact Rating]]*RiskRegister[[#This Row],[Residual Likelihood Rating]],\"-- Error --\")","v":"-- Error --"},"-- Select Risk Status --",{"$nulls":3},{"$f":"IF(ISBLANK(RiskRegister[[#This Row],[Risk Due Date]]), \"Missing Risk Due Date\", IF(RiskRegister[[#This Row],[Risk Due Date]] < TODAY(), \"Overdue\", \"Not Overdue\"))","v":"Missing Risk Due Date"},null,{"$f":"IF(ISBLANK(RiskRegister[[#This Row],[Risk Due Date]]), \"Missing Risk Due Date\", TEXT(RiskRegister[[#This Row],[Risk Due Date]], \"YYYY-MM\"))","v":"Missing Risk Due Date"},{"$f":"IF(RiskRegister[[#This Row],[Created Date]]=\"\",\"Created Date missing\",(TEXT(RiskRegister[[#This Row],[Created Date]],\"mmm\") & \"-\" & YEAR(RiskRegister[[#This Row],[Created Date]])))","v":"Created Date missing"},{"$f":"IF(RiskRegister[[#This Row],[Risk Status]]=\"Closed\",RiskRegister[[#This Row],[Risk Close Date]],RiskRegister[[#This Row],[Risk Due Date]])","v":"00:00:00"},{"$f":"IF(RiskRegister[[#This Row],[Risk-Change-Date]]=0,DATE(2030,1,1),RiskRegister[[#This Row],[Risk-Change-Date]])","v":"2030-01-01"},{"$f":"RiskRegister[[#This Row],[Inherent Impact Level]]&\"-\"&RiskRegister[[#This Row],[Inherent Likelihood Level]]","v":"-- Select Impact ----- Select Likelihood --"},{"$f":"RiskRegister[[#This Row],[Residual Impact Level]]&\"-\"&RiskRegister[[#This Row],[Residual Likelihood Level]]","v":"-- Select Impact ----- Select Likelihood --"},"Error",{"$f":"IF(RiskRegister[[#This Row],[Risk Status]]=\"Closed\",RiskRegister[[#This Row],[Residual Impact Level]],RiskRegister[[#This Row],[Inherent Impact Level]])","v":"-- Select Impact --"},{"$f":"IF(RiskRegister[[#This Row],[Risk Status]]=\"Closed\",RiskRegister[[#This Row],[Residual Likelihood Level]],RiskRegister[[#This Row],[Inherent Likelihood Level]])","v":"-- Select Likelihood --"},{"$f":"IF(RiskRegister[[#This Row],[Risk Status]]=\"Closed\",RiskRegister[[#This Row],[Residual-I-L-Combo]],RiskRegister[[#This Row],[Inherent-I-L-Combo]])","v":"-- Select Impact ----- Select Likelihood --"},"-- Error --"]
[443,{"$nulls":5},"-- Select Risk Category --",null,"-- select department --",null,null,"-- Select Impact --",{"$f":"VLOOKUP(RiskRegister[[#This Row],[Inherent Impact Level]],'Rating factors'!$F$4:$G$9,2,FALSE)","v":"--- Error ---"},"-- Select Likelihood --",{"$f":"VLOOKUP(RiskRegister[[#This Row],[Inherent Likelihood Level]],'Rating factors'!$F$16:$G$21,2,FALSE)","v":"--- Error ---"},{"$f":"IFERROR(VLOOKUP(RiskRegister[[#This Row],[Inherent Risk Rating]],'Rating factors'!$F$30:$G$44,2,FALSE),\"-- Error --\")","v":"-- Error --"},{"$f":"IFERROR(RiskRegister[[#This Row],[Inherent Impact Rating]]*RiskRegister[[#This Row],[Inherent Likelihood Rating]],\"-- Error --\")","v":"-- Error --"},"-- Select Risk Response --",null,"-- Select Impact --",{"$f":"VLOOKUP(RiskRegister[[#This Row],[Residual Impact Level]],'Rating factors'!$F$4:$G$9,2,FALSE)","v":"--- Error ---"},"-- Select Likelihood --",{"$f":"VLOOKUP(RiskRegister[[#This Row],[Residual Likelihood Level]],'Rating factors'!$F$16:$G$21,2,FALSE)","v":"--- Error ---"},{"$f":"IFERROR(VLOOKUP(RiskRegister[[#This Row],[Residual Risk Rating]],'Rating factors'!$F$30:$G$44,2,FALSE),\"-- Error --\")","v":"-- Error --"},{"$f":"IFERROR(RiskRegister[[#This Row],[Residual Impact Rating]]*RiskRegister[[#This Row],[Residual Likelihood Rating]],\"-- Error --\")","v":"-- Error --"},"-- Select Risk Status --",{"$nulls":3},{"$f":"IF(ISBLANK(RiskRegister[[#This Row],[Risk Due Date]]), \"Missing Risk Due Date\", IF(RiskRegister[[#This Row],[Risk Due Date]] < TODAY(), \"Overdue\", \"Not Overdue\"))","v":"Missing Risk Due Date"},null,{"$f":"IF(ISBLANK(RiskRegister[[#This Row],[Risk Due Date]]), \"Missing Risk Due Date\", TEXT(RiskRegister[[#This Row],[Risk Due Date]], \"YYYY-MM\"))","v":"Missing Risk Due Date"},{"$f":"IF(RiskRegister[[#This Row],[Created Date]]=\"\",\"Created Date missing\",(TEXT(RiskRegister[[#This Row],[Created Date]],\"mmm\") & \"-\" & YEAR(RiskRegister[[#This Row],[Created Date]])))","v":"Created Date missing"},{"$f":"IF(RiskRegister[[#This Row],[Risk Status]]=\"Closed\",RiskRegister[[#This Row],[Risk Close Date]],RiskRegister[[#This Row],[Risk Due Date]])","v":"00:00:00"},{"$f":"IF(RiskRegister[[#This Row],[Risk-Change-Date]]=0,DATE(2030,1,1),RiskRegister[[#This Row],[Risk-Change-Date]])","v":"2030-01-01"},{"$f":"RiskRegister[[#This Row],[Inherent Impact Level]]&\"-\"&RiskRegister[[#This Row],[Inherent Likelihood Level]]","v":"-- Select Impact ----- Select Likelihood --"},{"$f":"RiskRegister[[#This Row],[Residual Impact Level]]&\"-\"&RiskRegister[[#This Row],[Residual Likelihood Level]]","v":"-- Select Impact ----- Select Likelihood --"},"Error",{"$f":"IF(RiskRegister[[#This Row],[Risk Status]]=\"Closed\",RiskRegister[[#This Row],[Residual Impact Level]],RiskRegister[[#This Row],[Inherent Impact Level]])","v":"-- Select Impact --"},{"$f":"IF(RiskRegister[[#This Row],[Risk Status]]=\"Closed\",RiskRegister[[#This Row],[Residual Likelihood Level]],RiskRegister[[#This Row],[Inherent Likelihood Level]])","v":"-- Select Likelihood --"},{"$f":"IF(RiskRegister[[#This Row],[Risk Status]]=\"Closed\",RiskRegister[[#This Row],[Residual-I-L-Combo]],RiskRegister[[#This Row],[Inherent-I-L-Combo]])","v":"-- Select Impact ----- Select Likelihood --"},"-- Error --"]
[444,{"$nulls":5},"-- Select Risk Category --",null,"-- select department --",null,null,"-- Select Impact --",{"$f":"VLOOKUP(RiskRegister[[#This Row],[Inherent Impact Level]],'Rating factors'!$F$4:$G$9,2,FALSE)","v":"--- Error ---"},"-- Select Likelihood --",{"$f":"VLOOKUP(RiskRegister[[#This Row],[Inherent Likelihood Level]],'Rating factors'!$F$16:$G$21,2,FALSE)","v":"--- Error ---"},{"$f":"IFERROR(VLOOKUP(RiskRegister[[#This Row],[Inherent Risk Rating]],'Rating factors'!$F$30:$G$44,2,FALSE),\"-- Error --\")","v":"-- Error --"},{"$f":"IFERROR(RiskRegister[[#This Row],[Inherent Impact Rating]]*RiskRegister[[#This Row],[Inherent Likelihood Rating]],\"-- Error --\")","v":"-- Error --"},"-- Select Risk Response --",null,"-- Select Impact --",{"$f":"VLOOKUP(RiskRegister[[#This Row],[Residual Impact Level]],'Rating factors'!$F$4:$G$9,2,FALSE)","v":"--- Error ---"},"-- Select Likelihood --",{"$f":"VLOOKUP(RiskRegister[[#This Row],[Residual Likelihood Level]],'Rating factors'!$F$16:$G$21,2,FALSE)","v":"--- Error ---"},{"$f":"IFERROR(VLOOKUP(RiskRegister[[#This Row],[Residual Risk Rating]],'Rating factors'!$F$30:$G$44,2,FALSE),\"-- Error --\")","v":"-- Error --"},{"$f":"IFERROR(RiskRegister[[#This Row],[Residual Impact Rating]]*RiskRegister[[#This Row],[Residual Likelihood Rating]],\"-- Error --\")","v":"-- Error --"},"-- Select Risk Status --",{"$nulls":3},{"$f":"IF(ISBLANK(RiskRegister[[#This Row],[Risk Due Date]]), \"Missing Risk Due Date\", IF(RiskRegister[[#This Row],[Risk Due Date]] < TODAY(), \"Overdue\", \"Not Overdue\"))","v":"Missing Risk Due Date"},null,{"$f":"IF(ISBLANK(RiskRegister[[#This Row],[Risk Due Date]]), \"Missing Risk Due Date\", TEXT(RiskRegister[[#This Row],[Risk Due Date]], \"YYYY-MM\"))","v":"Missing Risk Due Date"},{"$f":"IF(RiskRegister[[#This Row],[Created Date]]=\"\",\"Created Date missing\",(TEXT(RiskRegister[[#This Row],[Created Date]],\"mmm\") & \"-\" & YEAR(RiskRegister[[#This Row],[Created Date]])))","v":"Created Date missing"},{"$f":"IF(RiskRegister[[#This Row],[Risk Status]]=\"Closed\",RiskRegister[[#This Row],[Risk Close Date]],RiskRegister[[#This Row],[Risk Due Date]])","v":"00:00:00"},{"$f":"IF(RiskRegister[[#This Row],[Risk-Change-Date]]=0,DATE(2030,1,1),RiskRegister[[#This Row],[Risk-Change-Date]])","v":"2030-01-01"},{"$f":"RiskRegister[[#This Row],[Inherent Impact Level]]&\"-\"&RiskRegister[[#This Row],[Inherent Likelihood Level]]","v":"-- Select Impact ----- Select Likelihood --"},{"$f":"RiskRegister[[#This Row],[Residual Impact Level]]&\"-\"&RiskRegister[[#This Row],[Residual Likelihood Level]]","v":"-- Select Impact ----- Select Likelihood --"},"Error",{"$f":"IF(RiskRegister[[#This Row],[Risk Status]]=\"Closed\",RiskRegister[[#This Row],[Residual Impact Level]],RiskRegister[[#This Row],[Inherent Impact Level]])","v":"-- Select Impact --"},{"$f":"IF(RiskRegister[[#This Row],[Risk Status]]=\"Closed\",RiskRegister[[#This Row],[Residual Likelihood Level]],RiskRegister[[#This Row],[Inherent Likelihood Level]])","v":"-- Select Likelihood --"},{"$f":"IF(RiskRegister[[#This Row],[Risk Status]]=\"Closed\",RiskRegister[[#This Row],[Residual-I-L-Combo]],RiskRegister[[#This Row],[Inherent-I-L-Combo]])","v":"-- Select Impact ----- Select Likelihood --"},"-- Error --"]
[445,{"$nulls":5},"-- Select Risk Category --",null,"-- select department --",null,null,"-- Select Impact --",{"$f":"VLOOKUP(RiskRegister[[#This Row],[Inherent Impact Level]],'Rating factors'!$F$4:$G$9,2,FALSE)","v":"--- Error ---"},"-- Select Likelihood --",{"$f":"VLOOKUP(RiskRegister[[#This Row],[Inherent Likelihood Level]],'Rating factors'!$F$16:$G$21,2,FALSE)","v":"--- Error ---"},{"$f":"IFERROR(VLOOKUP(RiskRegister[[#This Row],[Inherent Risk Rating]],'Rating factors'!$F$30:$G$44,2,FALSE),\"-- Error --\")","v":"-- Error --"},{"$f":"IFERROR(RiskRegister[[#This Row],[Inherent Impact Rating]]*RiskRegister[[#This Row],[Inherent Likelihood Rating]],\"-- Error --\")","v":"-- Error --"},"-- Select Risk Response --",null,"-- Select Impact --",{"$f":"VLOOKUP(RiskRegister[[#This Row],[Residual Impact Level]],'Rating factors'!$F$4:$G$9,2,FALSE)","v":"--- Error ---"},"-- Select Likelihood --",{"$f":"VLOOKUP(RiskRegister[[#This Row],[Residual Likelihood Level]],'Rating factors'!$F$16:$G$21,2,FALSE)","v":"--- Error ---"},{"$f":"IFERROR(VLOOKUP(RiskRegister[[#This Row],[Residual Risk Rating]],'Rating factors'!$F$30:$G$44,2,FALSE),\"-- Error --\")","v":"-- Error --"},{"$f":"IFERROR(RiskRegister[[#This Row],[Residual Impact Rating]]*RiskRegister[[#This Row],[Residual Likelihood Rating]],\"-- Error --\")","v":"-- Error --"},"-- Select Risk Status --",{"$nulls":3},{"$f":"IF(ISBLANK(RiskRegister[[#This Row],[Risk Due Date]]), \"Missing Risk Due Date\", IF(RiskRegister[[#This Row],[Risk Due Date]] < TODAY(), \"Overdue\", \"Not Overdue\"))","v":"Missing Risk Due Date"},null,{"$f":"IF(ISBLANK(RiskRegister[[#This Row],[Risk Due Date]]), \"Missing Risk Due Date\", TEXT(RiskRegister[[#This Row],[Risk Due Date]], \"YYYY-MM\"))","v":"Missing Risk Due Date"},{"$f":"IF(RiskRegister[[#This Row],[Created Date]]=\"\",\"Created Date missing\",(TEXT(RiskRegister[[#This Row],[Created Date]],\"mmm\") & \"-\" & YEAR(RiskRegister[[#This Row],[Created Date]])))","v":"Created Date missing"},{"$f":"IF(RiskRegister[[#This Row],[Risk Status]]=\"Closed\",RiskRegister[[#This Row],[Risk Close Date]],RiskRegister[[#This Row],[Risk Due Date]])","v":"00:00:00"},{"$f":"IF(RiskRegister[[#This Row],[Risk-Change-Date]]=0,DATE(2030,1,1),RiskRegister[[#This Row],[Risk-Change-Date]])","v":"2030-01-01"},{"$f":"RiskRegister[[#This Row],[Inherent Impact Level]]&\"-\"&RiskRegister[[#This Row],[Inherent Likelihood Level]]","v":"-- Select Impact ----- Select Likelihood --"},{"$f":"RiskRegister[[#This Row],[Residual Impact Level]]&\"-\"&RiskRegister[[#This Row],[Residual Likelihood Level]]","v":"-- Select Impact ----- Select Likelihood --"},"Error",{"$f":"IF(RiskRegister[[#This Row],[Risk Status]]=\"Closed\",RiskRegister[[#This Row],[Residual Impact Level]],RiskRegister[[#This Row],[Inherent Impact Level]])","v":"-- Select Impact --"},{"$f":"IF(RiskRegister[[#This Row],[Risk Status]]=\"Closed\",RiskRegister[[#This Row],[Residual Likelihood Level]],RiskRegister[[#This Row],[Inherent Likelihood Level]])","v":"-- Select Likelihood --"},{"$f":"IF(RiskRegister[[#This Row],[Risk Status]]=\"Closed\",RiskRegister[[#This Row],[Residual-I-L-Combo]],RiskRegister[[#This Row],[Inherent-I-L-Combo]])","v":"-- Select Impact ----- Select Likelihood --"},"-- Error --"]
[446,{"$nulls":5},"-- Select Risk Category --",null,"-- select department --",null,null,"-- Select Impact --",{"$f":"VLOOKUP(RiskRegister[[#This Row],[Inherent Impact Level]],'Rating factors'!$F$4:$G$9,2,FALSE)","v":"--- Error ---"},"-- Select Likelihood --",{"$f":"VLOOKUP(RiskRegister[[#This Row],[Inherent Likelihood Level]],'Rating factors'!$F$16:$G$21,2,FALSE)","v":"--- Error ---"},{"$f":"IFERROR(VLOOKUP(RiskRegister[[#This Row],[Inherent Risk Rating]],'Rating factors'!$F$30:$G$44,2,FALSE),\"-- Error --\")","v":"-- Error --"},{"$f":"IFERROR(RiskRegister[[#This Row],[Inherent Impact Rating]]*RiskRegister[[#This Row],[Inherent Likelihood Rating]],\"-- Error --\")","v":"-- Error --"},"-- Select Risk Response --",null,"-- Select Impact --",{"$f":"VLOOKUP(RiskRegister[[#This Row],[Residual Impact Level]],'Rating factors'!$F$4:$G$9,2,FALSE)","v":"--- Error ---"},"-- Select Likelihood --",{"$f":"VLOOKUP(RiskRegister[[#This Row],[Residual Likelihood Level]],'Rating factors'!$F$16:$G$21,2,FALSE)","v":"--- Error ---"},{"$f":"IFERROR(VLOOKUP(RiskRegister[[#This Row],[Residual Risk Rating]],'Rating factors'!$F$30:$G$44,2,FALSE),\"-- Error --\")","v":"-- Error --"},{"$f":"IFERROR(RiskRegister[[#This Row],[Residual Impact Rating]]*RiskRegister[[#This Row],[Residual Likelihood Rating]],\"-- Error --\")","v":"-- Error --"},"-- Select Risk Status --",{"$nulls":3},{"$f":"IF(ISBLANK(RiskRegister[[#This Row],[Risk Due Date]]), \"Missing Risk Due Date\", IF(RiskRegister[[#This Row],[Risk Due Date]] < TODAY(), \"Overdue\", \"Not Overdue\"))","v":"Missing Risk Due Date"},null,{"$f":"IF(ISBLANK(RiskRegister[[#This Row],[Risk Due Date]]), \"Missing Risk Due Date\", TEXT(RiskRegister[[#This Row],[Risk Due Date]], \"YYYY-MM\"))","v":"Missing Risk Due Date"},{"$f":"IF(RiskRegister[[#This Row],[Created Date]]=\"\",\"Created Date missing\",(TEXT(RiskRegister[[#This Row],[Created Date]],\"mmm\") & \"-\" & YEAR(RiskRegister[[#This Row],[Created Date]])))","v":"Created Date missing"},{"$f":"IF(RiskRegister[[#This Row],[Risk Status]]=\"Closed\",RiskRegister[[#This Row],[Risk Close Date]],RiskRegister[[#This Row],[Risk Due Date]])","v":"00:00:00"},{"$f":"IF(RiskRegister[[#This Row],[Risk-Change-Date]]=0,DATE(2030,1,1),RiskRegister[[#This Row],[Risk-Change-Date]])","v":"2030-01-01"},{"$f":"RiskRegister[[#This Row],[Inherent Impact Level]]&\"-\"&RiskRegister[[#This Row],[Inherent Likelihood Level]]","v":"-- Select Impact ----- Select Likelihood --"},{"$f":"RiskRegister[[#This Row],[Residual Impact Level]]&\"-\"&RiskRegister[[#This Row],[Residual Likelihood Level]]","v":"-- Select Impact ----- Select Likelihood --"},"Error",{"$f":"IF(RiskRegister[[#This Row],[Risk Status]]=\"Closed\",RiskRegister[[#This Row],[Residual Impact Level]],RiskRegister[[#This Row],[Inherent Impact Level]])","v":"-- Select Impact --"},{"$f":"IF(RiskRegister[[#This Row],[Risk Status]]=\"Closed\",RiskRegister[[#This Row],[Residual Likelihood Level]],RiskRegister[[#This Row],[Inherent Likelihood Level]])","v":"-- Select Likelihood --"},{"$f":"IF(RiskRegister[[#This Row],[Risk Status]]=\"Closed\",RiskRegister[[#This Row],[Residual-I-L-Combo]],RiskRegister[[#This Row],[Inherent-I-L-Combo]])","v":"-- Select Impact ----- Select Likelihood --"},"-- Error --"]
[447,{"$nulls":5},"-- Select Risk Category --",null,"-- select department --",null,null,"-- Select Impact --",{"$f":"VLOOKUP(RiskRegister[[#This Row],[Inherent Impact Level]],'Rating factors'!$F$4:$G$9,2,FALSE)","v":"--- Error ---"},"-- Select Likelihood --",{"$f":"VLOOKUP(RiskRegister[[#This Row],[Inherent Likelihood Level]],'Rating factors'!$F$16:$G$21,2,FALSE)","v":"--- Error ---"},{"$f":"IFERROR(VLOOKUP(RiskRegister[[#This Row],[Inherent Risk Rating]],'Rating factors'!$F$30:$G$44,2,FALSE),\"-- Error --\")","v":"-- Error --"},{"$f":"IFERROR(RiskRegister[[#This Row],[Inherent Impact Rating]]*RiskRegister[[#This Row],[Inherent Likelihood Rating]],\"-- Error --\")","v":"-- Error --"},"-- Select Risk Response --",null,"-- Select Impact --",{"$f":"VLOOKUP(RiskRegister[[#This Row],[Residual Impact Level]],'Rating factors'!$F$4:$G$9,2,FALSE)","v":"--- Error ---"},"-- Select Likelihood --",{"$f":"VLOOKUP(RiskRegister[[#This Row],[Residual Likelihood Level]],'Rating factors'!$F$16:$G$21,2,FALSE)","v":"--- Error ---"},{"$f":"IFERROR(VLOOKUP(RiskRegister[[#This Row],[Residual Risk Rating]],'Rating factors'!$F$30:$G$44,2,FALSE),\"-- Error --\")","v":"-- Error --"},{"$f":"IFERROR(RiskRegister[[#This Row],[Residual Impact Rating]]*RiskRegister[[#This Row],[Residual Likelihood Rating]],\"-- Error --\")","v":"-- Error --"},"-- Select Risk Status --",{"$nulls":3},{"$f":"IF(ISBLANK(RiskRegister[[#This Row],[Risk Due Date]]), \"Missing Risk Due Date\", IF(RiskRegister[[#This Row],[Risk Due Date]] < TODAY(), \"Overdue\", \"Not Overdue\"))","v":"Missing Risk Due Date"},null,{"$f":"IF(ISBLANK(RiskRegister[[#This Row],[Risk Due Date]]), \"Missing Risk Due Date\", TEXT(RiskRegister[[#This Row],[Risk Due Date]], \"YYYY-MM\"))","v":"Missing Risk Due Date"},{"$f":"IF(RiskRegister[[#This Row],[Created Date]]=\"\",\"Created Date missing\",(TEXT(RiskRegister[[#This Row],[Created Date]],\"mmm\") & \"-\" & YEAR(RiskRegister[[#This Row],[Created Date]])))","v":"Created Date missing"},{"$f":"IF(RiskRegister[[#This Row],[Risk Status]]=\"Closed\",RiskRegister[[#This Row],[Risk Close Date]],RiskRegister[[#This Row],[Risk Due Date]])","v":"00:00:00"},{"$f":"IF(RiskRegister[[#This Row],[Risk-Change-Date]]=0,DATE(2030,1,1),RiskRegister[[#This Row],[Risk-Change-Date]])","v":"2030-01-01"},{"$f":"RiskRegister[[#This Row],[Inherent Impact Level]]&\"-\"&RiskRegister[[#This Row],[Inherent Likelihood Level]]","v":"-- Select Impact ----- Select Likelihood --"},{"$f":"RiskRegister[[#This Row],[Residual Impact Level]]&\"-\"&RiskRegister[[#This Row],[Residual Likelihood Level]]","v":"-- Select Impact ----- Select Likelihood --"},"Error",{"$f":"IF(RiskRegister[[#This Row],[Risk Status]]=\"Closed\",RiskRegister[[#This Row],[Residual Impact Level]],RiskRegister[[#This Row],[Inherent Impact Level]])","v":"-- Select Impact --"},{"$f":"IF(RiskRegister[[#This Row],[Risk Status]]=\"Closed\",RiskRegister[[#This Row],[Residual Likelihood Level]],RiskRegister[[#This Row],[Inherent Likelihood Level]])","v":"-- Select Likelihood --"},{"$f":"IF(RiskRegister[[#This Row],[Risk Status]]=\"Closed\",RiskRegister[[#This Row],[Residual-I-L-Combo]],RiskRegister[[#This Row],[Inherent-I-L-Combo]])","v":"-- Select Impact ----- Select Likelihood --"},"-- Error --"]
[448,{"$nulls":5},"-- Select Risk Category --",null,"-- select department --",null,null,"-- Select Impact --",{"$f":"VLOOKUP(RiskRegister[[#This Row],[Inherent Impact Level]],'Rating factors'!$F$4:$G$9,2,FALSE)","v":"--- Error ---"},"-- Select Likelihood --",{"$f":"VLOOKUP(RiskRegister[[#This Row],[Inherent Likelihood Level]],'Rating factors'!$F$16:$G$21,2,FALSE)","v":"--- Error ---"},{"$f":"IFERROR(VLOOKUP(RiskRegister[[#This Row],[Inherent Risk Rating]],'Rating factors'!$F$30:$G$44,2,FALSE),\"-- Error --\")","v":"-- Error --"},{"$f":"IFERROR(RiskRegister[[#This Row],[Inherent Impact Rating]]*RiskRegister[[#This Row],[Inherent Likelihood Rating]],\"-- Error --\")","v":"-- Error --"},"-- Select Risk Response --",null,"-- Select Impact --",{"$f":"VLOOKUP(RiskRegister[[#This Row],[Residual Impact Level]],'Rating factors'!$F$4:$G$9,2,FALSE)","v":"--- Error ---"},"-- Select Likelihood --",{"$f":"VLOOKUP(RiskRegister[[#This Row],[Residual Likelihood Level]],'Rating factors'!$F$16:$G$21,2,FALSE)","v":"--- Error ---"},{"$f":"IFERROR(VLOOKUP(RiskRegister[[#This Row],[Residual Risk Rating]],'Rating factors'!$F$30:$G$44,2,FALSE),\"-- Error --\")","v":"-- Error --"},{"$f":"IFERROR(RiskRegister[[#This Row],[Residual Impact Rating]]*RiskRegister[[#This Row],[Residual Likelihood Rating]],\"-- Error --\")","v":"-- Error --"},"-- Select Risk Status --",{"$nulls":3},{"$f":"IF(ISBLANK(RiskRegister[[#This Row],[Risk Due Date]]), \"Missing Risk Due Date\", IF(RiskRegister[[#This Row],[Risk Due Date]] < TODAY(), \"Overdue\", \"Not Overdue\"))","v":"Missing Risk Due Date"},null,{"$f":"IF(ISBLANK(RiskRegister[[#This Row],[Risk Due Date]]), \"Missing Risk Due Date\", TEXT(RiskRegister[[#This Row],[Risk Due Date]], \"YYYY-MM\"))","v":"Missing Risk Due Date"},{"$f":"IF(RiskRegister[[#This Row],[Created Date]]=\"\",\"Created Date missing\",(TEXT(RiskRegister[[#This Row],[Created Date]],\"mmm\") & \"-\" & YEAR(RiskRegister[[#This Row],[Created Date]])))","v":"Created Date missing"},{"$f":"IF(RiskRegister[[#This Row],[Risk Status]]=\"Closed\",RiskRegister[[#This Row],[Risk Close Date]],RiskRegister[[#This Row],[Risk Due Date]])","v":"00:00:00"},{"$f":"IF(RiskRegister[[#This Row],[Risk-Change-Date]]=0,DATE(2030,1,1),RiskRegister[[#This Row],[Risk-Change-Date]])","v":"2030-01-01"},{"$f":"RiskRegister[[#This Row],[Inherent Impact Level]]&\"-\"&RiskRegister[[#This Row],[Inherent Likelihood Level]]","v":"-- Select Impact ----- Select Likelihood --"},{"$f":"RiskRegister[[#This Row],[Residual Impact Level]]&\"-\"&RiskRegister[[#This Row],[Residual Likelihood Level]]","v":"-- Select Impact ----- Select Likelihood --"},"Error",{"$f":"IF(RiskRegister[[#This Row],[Risk Status]]=\"Closed\",RiskRegister[[#This Row],[Residual Impact Level]],RiskRegister[[#This Row],[Inherent Impact Level]])","v":"-- Select Impact --"},{"$f":"IF(RiskRegister[[#This Row],[Risk Status]]=\"Closed\",RiskRegister[[#This Row],[Residual Likelihood Level]],RiskRegister[[#This Row],[Inherent Likelihood Level]])","v":"-- Select Likelihood --"},{"$f":"IF(RiskRegister[[#This Row],[Risk Status]]=\"Closed\",RiskRegister[[#This Row],[Residual-I-L-Combo]],RiskRegister[[#This Row],[Inherent-I-L-Combo]])","v":"-- Select Impact ----- Select Likelihood --"},"-- Error --"]
[449,{"$nulls":5},"-- Select Risk Category --",null,"-- select department --",null,null,"-- Select Impact --",{"$f":"VLOOKUP(RiskRegister[[#This Row],[Inherent Impact Level]],'Rating factors'!$F$4:$G$9,2,FALSE)","v":"--- Error ---"},"-- Select Likelihood --",{"$f":"VLOOKUP(RiskRegister[[#This Row],[Inherent Likelihood Level]],'Rating factors'!$F$16:$G$21,2,FALSE)","v":"--- Error ---"},{"$f":"IFERROR(VLOOKUP(RiskRegister[[#This Row],[Inherent Risk Rating]],'Rating factors'!$F$30:$G$44,2,FALSE),\"-- Error --\")","v":"-- Error --"},{"$f":"IFERROR(RiskRegister[[#This Row],[Inherent Impact Rating]]*RiskRegister[[#This Row],[Inherent Likelihood Rating]],\"-- Error --\")","v":"-- Error --"},"-- Select Risk Response --",null,"-- Select Impact --",{"$f":"VLOOKUP(RiskRegister[[#This Row],[Residual Impact Level]],'Rating factors'!$F$4:$G$9,2,FALSE)","v":"--- Error ---"},"-- Select Likelihood --",{"$f":"VLOOKUP(RiskRegister[[#This Row],[Residual Likelihood Level]],'Rating factors'!$F$16:$G$21,2,FALSE)","v":"--- Error ---"},{"$f":"IFERROR(VLOOKUP(RiskRegister[[#This Row],[Residual Risk Rating]],'Rating factors'!$F$30:$G$44,2,FALSE),\"-- Error --\")","v":"-- Error --"},{"$f":"IFERROR(RiskRegister[[#This Row],[Residual Impact Rating]]*RiskRegister[[#This Row],[Residual Likelihood Rating]],\"-- Error --\")","v":"-- Error --"},"-- Select Risk Status --",{"$nulls":3},{"$f":"IF(ISBLANK(RiskRegister[[#This Row],[Risk Due Date]]), \"Missing Risk Due Date\", IF(RiskRegister[[#This Row],[Risk Due Date]] < TODAY(), \"Overdue\", \"Not Overdue\"))","v":"Missing Risk Due Date"},null,{"$f":"IF(ISBLANK(RiskRegister[[#This Row],[Risk Due Date]]), \"Missing Risk Due Date\", TEXT(RiskRegister[[#This Row],[Risk Due Date]], \"YYYY-MM\"))","v":"Missing Risk Due Date"},{"$f":"IF(RiskRegister[[#This Row],[Created Date]]=\"\",\"Created Date missing\",(TEXT(RiskRegister[[#This Row],[Created Date]],\"mmm\") & \"-\" & YEAR(RiskRegister[[#This Row],[Created Date]])))","v":"Created Date missing"},{"$f":"IF(RiskRegister[[#This Row],[Risk Status]]=\"Closed\",RiskRegister[[#This Row],[Risk Close Date]],RiskRegister[[#This Row],[Risk Due Date]])","v":"00:00:00"},{"$f":"IF(RiskRegister[[#This Row],[Risk-Change-Date]]=0,DATE(2030,1,1),RiskRegister[[#This Row],[Risk-Change-Date]])","v":"2030-01-01"},{"$f":"RiskRegister[[#This Row],[Inherent Impact Level]]&\"-\"&RiskRegister[[#This Row],[Inherent Likelihood Level]]","v":"-- Select Impact ----- Select Likelihood --"},{"$f":"RiskRegister[[#This Row],[Residual Impact Level]]&\"-\"&RiskRegister[[#This Row],[Residual Likelihood Level]]","v":"-- Select Impact ----- Select Likelihood --"},{"$f":"IF(OR(R452=\"-- Select Risk Response --\", Z452=\"-- Select Risk Status --\"), \"Error\", IF(AND(Z452=\"Closed\", R452=\"Mitigate\"), \"Yes\", \"No\"))","v":"Error"},{"$f":"IF(RiskRegister[[#This Row],[Risk Status]]=\"Closed\",RiskRegister[[#This Row],[Residual Impact Level]],RiskRegister[[#This Row],[Inherent Impact Level]])","v":"-- Select Impact --"},{"$f":"IF(RiskRegister[[#This Row],[Risk Status]]=\"Closed\",RiskRegister[[#This Row],[Residual Likelihood Level]],RiskRegister[[#This Row],[Inherent Likelihood Level]])","v":"-- Select Likelihood --"},{"$f":"IF(RiskRegister[[#This Row],[Risk Status]]=\"Closed\",RiskRegister[[#This Row],[Residual-I-L-Combo]],RiskRegister[[#This Row],[Inherent-I-L-Combo]])","v":"-- Select Impact ----- Select Likelihood --"},{"$f":"IF(Z452=\"Closed\", X452, P452)","v":"-- Error --"}]
[450,{"$nulls":5},"-- Select Risk Category --",null,"-- select department --",null,null,"-- Select Impact --",{"$f":"VLOOKUP(RiskRegister[[#This Row],[Inherent Impact Level]],'Rating factors'!$F$4:$G$9,2,FALSE)","v":"--- Error ---"},"-- Select Likelihood --",{"$f":"VLOOKUP(RiskRegister[[#This Row],[Inherent Likelihood Level]],'Rating factors'!$F$16:$G$21,2,FALSE)","v":"--- Error ---"},{"$f":"IFERROR(VLOOKUP(RiskRegister[[#This Row],[Inherent Risk Rating]],'Rating factors'!$F$30:$G$44,2,FALSE),\"-- Error --\")","v":"-- Error --"},{"$f":"IFERROR(RiskRegister[[#This Row],[Inherent Impact Rating]]*RiskRegister[[#This Row],[Inherent Likelihood Rating]],\"-- Error --\")","v":"-- Error --"},"-- Select Risk Response --",null,"-- Select Impact --",{"$f":"VLOOKUP(RiskRegister[[#This Row],[Residual Impact Level]],'Rating factors'!$F$4:$G$9,2,FALSE)","v":"--- Error ---"},"-- Select Likelihood --",{"$f":"VLOOKUP(RiskRegister[[#This Row],[Residual Likelihood Level]],'Rating factors'!$F$16:$G$21,2,FALSE)","v":"--- Error ---"},{"$f":"IFERROR(VLOOKUP(RiskRegister[[#This Row],[Residual Risk Rating]],'Rating factors'!$F$30:$G$44,2,FALSE),\"-- Error --\")","v":"-- Error --"},{"$f":"IFERROR(RiskRegister[[#This Row],[Residual Impact Rating]]*RiskRegister[[#This Row],[Residual Likelihood Rating]],\"-- Error --\")","v":"-- Error --"},"-- Select Risk Status --",{"$nulls":3},{"$f":"IF(ISBLANK(RiskRegister[[#This Row],[Risk Due Date]]), \"Missing Risk Due Date\", IF(RiskRegister[[#This Row],[Risk Due Date]] < TODAY(), \"Overdue\", \"Not Overdue\"))","v":"Missing Risk Due Date"},null,{"$f":"IF(ISBLANK(RiskRegister[[#This Row],[Risk Due Date]]), \"Missing Risk Due Date\", TEXT(RiskRegister[[#This Row],[Risk Due Date]], \"YYYY-MM\"))","v":"Missing Risk Due Date"},{"$f":"IF(RiskRegister[[#This Row],[Created Date]]=\"\",\"Created Date missing\",(TEXT(RiskRegister[[#This Row],[Created Date]],\"mmm\") & \"-\" & YEAR(RiskRegister[[#This Row],[Created Date]])))","v":"Created Date missing"},{"$f":"IF(RiskRegister[[#This Row],[Risk Status]]=\"Closed\",RiskRegister[[#This Row],[Risk Close Date]],RiskRegister[[#This Row],[Risk Due Date]])","v":"00:00:00"},{"$f":"IF(RiskRegister[[#This Row],[Risk-Change-Date]]=0,DATE(2030,1,1),RiskRegister[[#This Row],[Risk-Change-Date]])","v":"2030-01-01"},{"$f":"RiskRegister[[#This Row],[Inherent Impact Level]]&\"-\"&RiskRegister[[#This Row],[Inherent Likelihood Level]]","v":"-- Select Impact ----- Select Likelihood --"},{"$f":"RiskRegister[[#This Row],[Residual Impact Level]]&\"-\"&RiskRegister[[#This Row],[Residual Likelihood Level]]","v":"-- Select Impact ----- Select Likelihood --"},"Error",{"$f":"IF(RiskRegister[[#This Row],[Risk Status]]=\"Closed\",RiskRegister[[#This Row],[Residual Impact Level]],RiskRegister[[#This Row],[Inherent Impact Level]])","v":"-- Select Impact --"},{"$f":"IF(RiskRegister[[#This Row],[Risk Status]]=\"Closed\",RiskRegister[[#This Row],[Residual Likelihood Level]],RiskRegister[[#This Row],[Inherent Likelihood Level]])","v":"-- Select Likelihood --"},{"$f":"IF(RiskRegister[[#This Row],[Risk Status]]=\"Closed\",RiskRegister[[#This Row],[Residual-I-L-Combo]],RiskRegister[[#This Row],[Inherent-I-L-Combo]])","v":"-- Select Impact ----- Select Likelihood --"},"-- Error --"]
[451,{"$nulls":5},"-- Select Risk Category --",null,"-- select department --",null,null,"-- Select Impact --",{"$f":"VLOOKUP(RiskRegister[[#This Row],[Inherent Impact Level]],'Rating factors'!$F$4:$G$9,2,FALSE)","v":"--- Error ---"},"-- Select Likelihood --",{"$f":"VLOOKUP(RiskRegister[[#This Row],[Inherent Likelihood Level]],'Rating factors'!$F$16:$G$21,2,FALSE)","v":"--- Error ---"},{"$f":"IFERROR(VLOOKUP(RiskRegister[[#This Row],[Inherent Risk Rating]],'Rating factors'!$F$30:$G$44,2,FALSE),\"-- Error --\")","v":"-- Error --"},{"$f":"IFERROR(RiskRegister[[#This Row],[Inherent Impact Rating]]*RiskRegister[[#This Row],[Inherent Likelihood Rating]],\"-- Error --\")","v":"-- Error --"},"-- Select Risk Response --",null,"-- Select Impact --",{"$f":"VLOOKUP(RiskRegister[[#This Row],[Residual Impact Level]],'Rating factors'!$F$4:$G$9,2,FALSE)","v":"--- Error ---"},"-- Select Likelihood --",{"$f":"VLOOKUP(RiskRegister[[#This Row],[Residual Likelihood Level]],'Rating factors'!$F$16:$G$21,2,FALSE)","v":"--- Error ---"},{"$f":"IFERROR(VLOOKUP(RiskRegister[[#This Row],[Residual Risk Rating]],'Rating factors'!$F$30:$G$44,2,FALSE),\"-- Error --\")","v":"-- Error --"},{"$f":"IFERROR(RiskRegister[[#This Row],[Residual Impact Rating]]*RiskRegister[[#This Row],[Residual Likelihood Rating]],\"-- Error --\")","v":"-- Error --"},"-- Select Risk Status --",{"$nulls":3},{"$f":"IF(ISBLANK(RiskRegister[[#This Row],[Risk Due Date]]), \"Missing Risk Due Date\", IF(RiskRegister[[#This Row],[Risk Due Date]] < TODAY(), \"Overdue\", \"Not Overdue\"))","v":"Missing Risk Due Date"},null,{"$f":"IF(ISBLANK(RiskRegister[[#This Row],[Risk Due Date]]), \"Missing Risk Due Date\", TEXT(RiskRegister[[#This Row],[Risk Due Date]], \"YYYY-MM\"))","v":"Missing Risk Due Date"},{"$f":"IF(RiskRegister[[#This Row],[Created Date]]=\"\",\"Created Date missing\",(TEXT(RiskRegister[[#This Row],[Created Date]],\"mmm\") & \"-\" & YEAR(RiskRegister[[#This Row],[Created Date]])))","v":"Created Date missing"},{"$f":"IF(RiskRegister[[#This Row],[Risk Status]]=\"Closed\",RiskRegister[[#This Row],[Risk Close Date]],RiskRegister[[#This Row],[Risk Due Date]])","v":"00:00:00"},{"$f":"IF(RiskRegister[[#This Row],[Risk-Change-Date]]=0,DATE(2030,1,1),RiskRegister[[#This Row],[Risk-Change-Date]])","v":"2030-01-01"},{"$f":"RiskRegister[[#This Row],[Inherent Impact Level]]&\"-\"&RiskRegister[[#This Row],[Inherent Likelihood Level]]","v":"-- Select Impact ----- Select Likelihood --"},{"$f":"RiskRegister[[#This Row],[Residual Impact Level]]&\"-\"&RiskRegister[[#This Row],[Residual Likelihood Level]]","v":"-- Select Impact ----- Select Likelihood --"},"Error",{"$f":"IF(RiskRegister[[#This Row],[Risk Status]]=\"Closed\",RiskRegister[[#This Row],[Residual Impact Level]],RiskRegister[[#This Row],[Inherent Impact Level]])","v":"-- Select Impact --"},{"$f":"IF(RiskRegister[[#This Row],[Risk Status]]=\"Closed\",RiskRegister[[#This Row],[Residual Likelihood Level]],RiskRegister[[#This Row],[Inherent Likelihood Level]])","v":"-- Select Likelihood --"},{"$f":"IF(RiskRegister[[#This Row],[Risk Status]]=\"Closed\",RiskRegister[[#This Row],[Residual-I-L-Combo]],RiskRegister[[#This Row],[Inherent-I-L-Combo]])","v":"-- Select Impact ----- Select Likelihood --"},"-- Error --"]
[452,{"$nulls":5},"-- Select Risk Category --",null,"-- select department --",null,null,"-- Select Impact --",{"$f":"VLOOKUP(RiskRegister[[#This Row],[Inherent Impact Level]],'Rating factors'!$F$4:$G$9,2,FALSE)","v":"--- Error ---"},"-- Select Likelihood --",{"$f":"VLOOKUP(RiskRegister[[#This Row],[Inherent Likelihood Level]],'Rating factors'!$F$16:$G$21,2,FALSE)","v":"--- Error ---"},{"$f":"IFERROR(VLOOKUP(RiskRegister[[#This Row],[Inherent Risk Rating]],'Rating factors'!$F$30:$G$44,2,FALSE),\"-- Error --\")","v":"-- Error --"},{"$f":"IFERROR(RiskRegister[[#This Row],[Inherent Impact Rating]]*RiskRegister[[#This Row],[Inherent Likelihood Rating]],\"-- Error --\")","v":"-- Error --"},"-- Select Risk Response --",null,"-- Select Impact --",{"$f":"VLOOKUP(RiskRegister[[#This Row],[Residual Impact Level]],'Rating factors'!$F$4:$G$9,2,FALSE)","v":"--- Error ---"},"-- Select Likelihood --",{"$f":"VLOOKUP(RiskRegister[[#This Row],[Residual Likelihood Level]],'Rating factors'!$F$16:$G$21,2,FALSE)","v":"--- Error ---"},{"$f":"IFERROR(VLOOKUP(RiskRegister[[#This Row],[Residual Risk Rating]],'Rating factors'!$F$30:$G$44,2,FALSE),\"-- Error --\")","v":"-- Error --"},{"$f":"IFERROR(RiskRegister[[#This Row],[Residual Impact Rating]]*RiskRegister[[#This Row],[Residual Likelihood Rating]],\"-- Error --\")","v":"-- Error --"},"-- Select Risk Status --",{"$nulls":3},{"$f":"IF(ISBLANK(RiskRegister[[#This Row],[Risk Due Date]]), \"Missing Risk Due Date\", IF(RiskRegister[[#This Row],[Risk Due Date]] < TODAY(), \"Overdue\", \"Not Overdue\"))","v":"Missing Risk Due Date"},null,{"$f":"IF(ISBLANK(RiskRegister[[#This Row],[Risk Due Date]]), \"Missing Risk Due Date\", TEXT(RiskRegister[[#This Row],[Risk Due Date]], \"YYYY-MM\"))","v":"Missing Risk Due Date"},{"$f":"IF(RiskRegister[[#This Row],[Created Date]]=\"\",\"Created Date missing\",(TEXT(RiskRegister[[#This Row],[Created Date]],\"mmm\") & \"-\" & YEAR(RiskRegister[[#This Row],[Created Date]])))","v":"Created Date missing"},{"$f":"IF(RiskRegister[[#This Row],[Risk Status]]=\"Closed\",RiskRegister[[#This Row],[Risk Close Date]],RiskRegister[[#This Row],[Risk Due Date]])","v":"00:00:00"},{"$f":"IF(RiskRegister[[#This Row],[Risk-Change-Date]]=0,DATE(2030,1,1),RiskRegister[[#This Row],[Risk-Change-Date]])","v":"2030-01-01"},{"$f":"RiskRegister[[#This Row],[Inherent Impact Level]]&\"-\"&RiskRegister[[#This Row],[Inherent Likelihood Level]]","v":"-- Select Impact ----- Select Likelihood --"},{"$f":"RiskRegister[[#This Row],[Residual Impact Level]]&\"-\"&RiskRegister[[#This Row],[Residual Likelihood Level]]","v":"-- Select Impact ----- Select Likelihood --"},"Error",{"$f":"IF(RiskRegister[[#This Row],[Risk Status]]=\"Closed\",RiskRegister[[#This Row],[Residual Impact Level]],RiskRegister[[#This Row],[Inherent Impact Level]])","v":"-- Select Impact --"},{"$f":"IF(RiskRegister[[#This Row],[Risk Status]]=\"Closed\",RiskRegister[[#This Row],[Residual Likelihood Level]],RiskRegister[[#This Row],[Inherent Likelihood Level]])","v":"-- Select Likelihood --"},{"$f":"IF(RiskRegister[[#This Row],[Risk Status]]=\"Closed\",RiskRegister[[#This Row],[Residual-I-L-Combo]],RiskRegister[[#This Row],[Inherent-I-L-Combo]])","v":"-- Select Impact ----- Select Likelihood --"},"-- Error --"]
[453,{"$nulls":5},"-- Select Risk Category --",null,"-- select department --",null,null,"-- Select Impact --",{"$f":"VLOOKUP(RiskRegister[[#This Row],[Inherent Impact Level]],'Rating factors'!$F$4:$G$9,2,FALSE)","v":"--- Error ---"},"-- Select Likelihood --",{"$f":"VLOOKUP(RiskRegister[[#This Row],[Inherent Likelihood Level]],'Rating factors'!$F$16:$G$21,2,FALSE)","v":"--- Error ---"},{"$f":"IFERROR(VLOOKUP(RiskRegister[[#This Row],[Inherent Risk Rating]],'Rating factors'!$F$30:$G$44,2,FALSE),\"-- Error --\")","v":"-- Error --"},{"$f":"IFERROR(RiskRegister[[#This Row],[Inherent Impact Rating]]*RiskRegister[[#This Row],[Inherent Likelihood Rating]],\"-- Error --\")","v":"-- Error --"},"-- Select Risk Response --",null,"-- Select Impact --",{"$f":"VLOOKUP(RiskRegister[[#This Row],[Residual Impact Level]],'Rating factors'!$F$4:$G$9,2,FALSE)","v":"--- Error ---"},"-- Select Likelihood --",{"$f":"VLOOKUP(RiskRegister[[#This Row],[Residual Likelihood Level]],'Rating factors'!$F$16:$G$21,2,FALSE)","v":"--- Error ---"},{"$f":"IFERROR(VLOOKUP(RiskRegister[[#This Row],[Residual Risk Rating]],'Rating factors'!$F$30:$G$44,2,FALSE),\"-- Error --\")","v":"-- Error --"},{"$f":"IFERROR(RiskRegister[[#This Row],[Residual Impact Rating]]*RiskRegister[[#This Row],[Residual Likelihood Rating]],\"-- Error --\")","v":"-- Error --"},"-- Select Risk Status --",{"$nulls":3},{"$f":"IF(ISBLANK(RiskRegister[[#This Row],[Risk Due Date]]), \"Missing Risk Due Date\", IF(RiskRegister[[#This Row],[Risk Due Date]] < TODAY(), \"Overdue\", \"Not Overdue\"))","v":"Missing Risk Due Date"},null,{"$f":"IF(ISBLANK(RiskRegister[[#This Row],[Risk Due Date]]), \"Missing Risk Due Date\", TEXT(RiskRegister[[#This Row],[Risk Due Date]], \"YYYY-MM\"))","v":"Missing Risk Due Date"},{"$f":"IF(RiskRegister[[#This Row],[Created Date]]=\"\",\"Created Date missing\",(TEXT(RiskRegister[[#This Row],[Created Date]],\"mmm\") & \"-\" & YEAR(RiskRegister[[#This Row],[Created Date]])))","v":"Created Date missing"},{"$f":"IF(RiskRegister[[#This Row],[Risk Status]]=\"Closed\",RiskRegister[[#This Row],[Risk Close Date]],RiskRegister[[#This Row],[Risk Due Date]])","v":"00:00:00"},{"$f":"IF(RiskRegister[[#This Row],[Risk-Change-Date]]=0,DATE(2030,1,1),RiskRegister[[#This Row],[Risk-Change-Date]])","v":"2030-01-01"},{"$f":"RiskRegister[[#This Row],[Inherent Impact Level]]&\"-\"&RiskRegister[[#This Row],[Inherent Likelihood Level]]","v":"-- Select Impact ----- Select Likelihood --"},{"$f":"RiskRegister[[#This Row],[Residual Impact Level]]&\"-\"&RiskRegister[[#This Row],[Residual Likelihood Level]]","v":"-- Select Impact ----- Select Likelihood --"},"Error",{"$f":"IF(RiskRegister[[#This Row],[Risk Status]]=\"Closed\",RiskRegister[[#This Row],[Residual Impact Level]],RiskRegister[[#This Row],[Inherent Impact Level]])","v":"-- Select Impact --"},{"$f":"IF(RiskRegister[[#This Row],[Risk Status]]=\"Closed\",RiskRegister[[#This Row],[Residual Likelihood Level]],RiskRegister[[#This Row],[Inherent Likelihood Level]])","v":"-- Select Likelihood --"},{"$f":"IF(RiskRegister[[#This Row],[Risk Status]]=\"Closed\",RiskRegister[[#This Row],[Residual-I-L-Combo]],RiskRegister[[#This Row],[Inherent-I-L-Combo]])","v":"-- Select Impact ----- Select Likelihood --"},"-- Error --"]
[454,{"$nulls":5},"-- Select Risk Category --",null,"-- select department --",null,null,"-- Select Impact --",{"$f":"VLOOKUP(RiskRegister[[#This Row],[Inherent Impact Level]],'Rating factors'!$F$4:$G$9,2,FALSE)","v":"--- Error ---"},"-- Select Likelihood --",{"$f":"VLOOKUP(RiskRegister[[#This Row],[Inherent Likelihood Level]],'Rating factors'!$F$16:$G$21,2,FALSE)","v":"--- Error ---"},{"$f":"IFERROR(VLOOKUP(RiskRegister[[#This Row],[Inherent Risk Rating]],'Rating factors'!$F$30:$G$44,2,FALSE),\"-- Error --\")","v":"-- Error --"},{"$f":"IFERROR(RiskRegister[[#This Row],[Inherent Impact Rating]]*RiskRegister[[#This Row],[Inherent Likelihood Rating]],\"-- Error --\")","v":"-- Error --"},"-- Select Risk Response --",null,"-- Select Impact --",{"$f":"VLOOKUP(RiskRegister[[#This Row],[Residual Impact Level]],'Rating factors'!$F$4:$G$9,2,FALSE)","v":"--- Error ---"},"-- Select Likelihood --",{"$f":"VLOOKUP(RiskRegister[[#This Row],[Residual Likelihood Level]],'Rating factors'!$F$16:$G$21,2,FALSE)","v":"--- Error ---"},{"$f":"IFERROR(VLOOKUP(RiskRegister[[#This Row],[Residual Risk Rating]],'Rating factors'!$F$30:$G$44,2,FALSE),\"-- Error --\")","v":"-- Error --"},{"$f":"IFERROR(RiskRegister[[#This Row],[Residual Impact Rating]]*RiskRegister[[#This Row],[Residual Likelihood Rating]],\"-- Error --\")","v":"-- Error --"},"-- Select Risk Status --",{"$nulls":3},{"$f":"IF(ISBLANK(RiskRegister[[#This Row],[Risk Due Date]]), \"Missing Risk Due Date\", IF(RiskRegister[[#This Row],[Risk Due Date]] < TODAY(), \"Overdue\", \"Not Overdue\"))","v":"Missing Risk Due Date"},null,{"$f":"IF(ISBLANK(RiskRegister[[#This Row],[Risk Due Date]]), \"Missing Risk Due Date\", TEXT(RiskRegister[[#This Row],[Risk Due Date]], \"YYYY-MM\"))","v":"Missing Risk Due Date"},{"$f":"IF(RiskRegister[[#This Row],[Created Date]]=\"\",\"Created Date missing\",(TEXT(RiskRegister[[#This Row],[Created Date]],\"mmm\") & \"-\" & YEAR(RiskRegister[[#This Row],[Created Date]])))","v":"Created Date missing"},{"$f":"IF(RiskRegister[[#This Row],[Risk Status]]=\"Closed\",RiskRegister[[#This Row],[Risk Close Date]],RiskRegister[[#This Row],[Risk Due Date]])","v":"00:00:00"},{"$f":"IF(RiskRegister[[#This Row],[Risk-Change-Date]]=0,DATE(2030,1,1),RiskRegister[[#This Row],[Risk-Change-Date]])","v":"2030-01-01"},{"$f":"RiskRegister[[#This Row],[Inherent Impact Level]]&\"-\"&RiskRegister[[#This Row],[Inherent Likelihood Level]]","v":"-- Select Impact ----- Select Likelihood --"},{"$f":"RiskRegister[[#This Row],[Residual Impact Level]]&\"-\"&RiskRegister[[#This Row],[Residual Likelihood Level]]","v":"-- Select Impact ----- Select Likelihood --"},"Error",{"$f":"IF(RiskRegister[[#This Row],[Risk Status]]=\"Closed\",RiskRegister[[#This Row],[Residual Impact Level]],RiskRegister[[#This Row],[Inherent Impact Level]])","v":"-- Select Impact --"},{"$f":"IF(RiskRegister[[#This Row],[Risk Status]]=\"Closed\",RiskRegister[[#This Row],[Residual Likelihood Level]],RiskRegister[[#This Row],[Inherent Likelihood Level]])","v":"-- Select Likelihood --"},{"$f":"IF(RiskRegister[[#This Row],[Risk Status]]=\"Closed\",RiskRegister[[#This Row],[Residual-I-L-Combo]],RiskRegister[[#This Row],[Inherent-I-L-Combo]])","v":"-- Select Impact ----- Select Likelihood --"},"-- Error --"]
[455,{"$nulls":5},"-- Select Risk Category --",null,"-- select department --",null,null,"-- Select Impact --",{"$f":"VLOOKUP(RiskRegister[[#This Row],[Inherent Impact Level]],'Rating factors'!$F$4:$G$9,2,FALSE)","v":"--- Error ---"},"-- Select Likelihood --",{"$f":"VLOOKUP(RiskRegister[[#This Row],[Inherent Likelihood Level]],'Rating factors'!$F$16:$G$21,2,FALSE)","v":"--- Error ---"},{"$f":"IFERROR(VLOOKUP(RiskRegister[[#This Row],[Inherent Risk Rating]],'Rating factors'!$F$30:$G$44,2,FALSE),\"-- Error --\")","v":"-- Error --"},{"$f":"IFERROR(RiskRegister[[#This Row],[Inherent Impact Rating]]*RiskRegister[[#This Row],[Inherent Likelihood Rating]],\"-- Error --\")","v":"-- Error --"},"-- Select Risk Response --",null,"-- Select Impact --",{"$f":"VLOOKUP(RiskRegister[[#This Row],[Residual Impact Level]],'Rating factors'!$F$4:$G$9,2,FALSE)","v":"--- Error ---"},"-- Select Likelihood --",{"$f":"VLOOKUP(RiskRegister[[#This Row],[Residual Likelihood Level]],'Rating factors'!$F$16:$G$21,2,FALSE)","v":"--- Error ---"},{"$f":"IFERROR(VLOOKUP(RiskRegister[[#This Row],[Residual Risk Rating]],'Rating factors'!$F$30:$G$44,2,FALSE),\"-- Error --\")","v":"-- Error --"},{"$f":"IFERROR(RiskRegister[[#This Row],[Residual Impact Rating]]*RiskRegister[[#This Row],[Residual Likelihood Rating]],\"-- Error --\")","v":"-- Error --"},"-- Select Risk Status --",{"$nulls":3},{"$f":"IF(ISBLANK(RiskRegister[[#This Row],[Risk Due Date]]), \"Missing Risk Due Date\", IF(RiskRegister[[#This Row],[Risk Due Date]] < TODAY(), \"Overdue\", \"Not Overdue\"))","v":"Missing Risk Due Date"},null,{"$f":"IF(ISBLANK(RiskRegister[[#This Row],[Risk Due Date]]), \"Missing Risk Due Date\", TEXT(RiskRegister[[#This Row],[Risk Due Date]], \"YYYY-MM\"))","v":"Missing Risk Due Date"},{"$f":"IF(RiskRegister[[#This Row],[Created Date]]=\"\",\"Created Date missing\",(TEXT(RiskRegister[[#This Row],[Created Date]],\"mmm\") & \"-\" & YEAR(RiskRegister[[#This Row],[Created Date]])))","v":"Created Date missing"},{"$f":"IF(RiskRegister[[#This Row],[Risk Status]]=\"Closed\",RiskRegister[[#This Row],[Risk Close Date]],RiskRegister[[#This Row],[Risk Due Date]])","v":"00:00:00"},{"$f":"IF(RiskRegister[[#This Row],[Risk-Change-Date]]=0,DATE(2030,1,1),RiskRegister[[#This Row],[Risk-Change-Date]])","v":"2030-01-01"},{"$f":"RiskRegister[[#This Row],[Inherent Impact Level]]&\"-\"&RiskRegister[[#This Row],[Inherent Likelihood Level]]","v":"-- Select Impact ----- Select Likelihood --"},{"$f":"RiskRegister[[#This Row],[Residual Impact Level]]&\"-\"&RiskRegister[[#This Row],[Residual Likelihood Level]]","v":"-- Select Impact ----- Select Likelihood --"},"Error",{"$f":"IF(RiskRegister[[#This Row],[Risk Status]]=\"Closed\",RiskRegister[[#This Row],[Residual Impact Level]],RiskRegister[[#This Row],[Inherent Impact Level]])","v":"-- Select Impact --"},{"$f":"IF(RiskRegister[[#This Row],[Risk Status]]=\"Closed\",RiskRegister[[#This Row],[Residual Likelihood Level]],RiskRegister[[#This Row],[Inherent Likelihood Level]])","v":"-- Select Likelihood --"},{"$f":"IF(RiskRegister[[#This Row],[Risk Status]]=\"Closed\",RiskRegister[[#This Row],[Residual-I-L-Combo]],RiskRegister[[#This Row],[Inherent-I-L-Combo]])","v":"-- Select Impact ----- Select Likelihood --"},"-- Error --"]
[456,{"$nulls":5},"-- Select Risk Category --",null,"-- select department --",null,null,"-- Select Impact --",{"$f":"VLOOKUP(RiskRegister[[#This Row],[Inherent Impact Level]],'Rating factors'!$F$4:$G$9,2,FALSE)","v":"--- Error ---"},"-- Select Likelihood --",{"$f":"VLOOKUP(RiskRegister[[#This Row],[Inherent Likelihood Level]],'Rating factors'!$F$16:$G$21,2,FALSE)","v":"--- Error ---"},{"$f":"IFERROR(VLOOKUP(RiskRegister[[#This Row],[Inherent Risk Rating]],'Rating factors'!$F$30:$G$44,2,FALSE),\"-- Error --\")","v":"-- Error --"},{"$f":"IFERROR(RiskRegister[[#This Row],[Inherent Impact Rating]]*RiskRegister[[#This Row],[Inherent Likelihood Rating]],\"-- Error --\")","v":"-- Error --"},"-- Select Risk Response --",null,"-- Select Impact --",{"$f":"VLOOKUP(RiskRegister[[#This Row],[Residual Impact Level]],'Rating factors'!$F$4:$G$9,2,FALSE)","v":"--- Error ---"},"-- Select Likelihood --",{"$f":"VLOOKUP(RiskRegister[[#This Row],[Residual Likelihood Level]],'Rating factors'!$F$16:$G$21,2,FALSE)","v":"--- Error ---"},{"$f":"IFERROR(VLOOKUP(RiskRegister[[#This Row],[Residual Risk Rating]],'Rating factors'!$F$30:$G$44,2,FALSE),\"-- Error --\")","v":"-- Error --"},{"$f":"IFERROR(RiskRegister[[#This Row],[Residual Impact Rating]]*RiskRegister[[#This Row],[Residual Likelihood Rating]],\"-- Error --\")","v":"-- Error --"},"-- Select Risk Status --",{"$nulls":3},{"$f":"IF(ISBLANK(RiskRegister[[#This Row],[Risk Due Date]]), \"Missing Risk Due Date\", IF(RiskRegister[[#This Row],[Risk Due Date]] < TODAY(), \"Overdue\", \"Not Overdue\"))","v":"Missing Risk Due Date"},null,{"$f":"IF(ISBLANK(RiskRegister[[#This Row],[Risk Due Date]]), \"Missing Risk Due Date\", TEXT(RiskRegister[[#This Row],[Risk Due Date]], \"YYYY-MM\"))","v":"Missing Risk Due Date"},{"$f":"IF(RiskRegister[[#This Row],[Created Date]]=\"\",\"Created Date missing\",(TEXT(RiskRegister[[#This Row],[Created Date]],\"mmm\") & \"-\" & YEAR(RiskRegister[[#This Row],[Created Date]])))","v":"Created Date missing"},{"$f":"IF(RiskRegister[[#This Row],[Risk Status]]=\"Closed\",RiskRegister[[#This Row],[Risk Close Date]],RiskRegister[[#This Row],[Risk Due Date]])","v":"00:00:00"},{"$f":"IF(RiskRegister[[#This Row],[Risk-Change-Date]]=0,DATE(2030,1,1),RiskRegister[[#This Row],[Risk-Change-Date]])","v":"2030-01-01"},{"$f":"RiskRegister[[#This Row],[Inherent Impact Level]]&\"-\"&RiskRegister[[#This Row],[Inherent Likelihood Level]]","v":"-- Select Impact ----- Select Likelihood --"},{"$f":"RiskRegister[[#This Row],[Residual Impact Level]]&\"-\"&RiskRegister[[#This Row],[Residual Likelihood Level]]","v":"-- Select Impact ----- Select Likelihood --"},"Error",{"$f":"IF(RiskRegister[[#This Row],[Risk Status]]=\"Closed\",RiskRegister[[#This Row],[Residual Impact Level]],RiskRegister[[#This Row],[Inherent Impact Level]])","v":"-- Select Impact --"},{"$f":"IF(RiskRegister[[#This Row],[Risk Status]]=\"Closed\",RiskRegister[[#This Row],[Residual Likelihood Level]],RiskRegister[[#This Row],[Inherent Likelihood Level]])","v":"-- Select Likelihood --"},{"$f":"IF(RiskRegister[[#This Row],[Risk Status]]=\"Closed\",RiskRegister[[#This Row],[Residual-I-L-Combo]],RiskRegister[[#This Row],[Inherent-I-L-Combo]])","v":"-- Select Impact ----- Select Likelihood --"},"-- Error --"]
[457,{"$nulls":5},"-- Select Risk Category --",null,"-- select department --",null,null,"-- Select Impact --",{"$f":"VLOOKUP(RiskRegister[[#This Row],[Inherent Impact Level]],'Rating factors'!$F$4:$G$9,2,FALSE)","v":"--- Error ---"},"-- Select Likelihood --",{"$f":"VLOOKUP(RiskRegister[[#This Row],[Inherent Likelihood Level]],'Rating factors'!$F$16:$G$21,2,FALSE)","v":"--- Error ---"},{"$f":"IFERROR(VLOOKUP(RiskRegister[[#This Row],[Inherent Risk Rating]],'Rating factors'!$F$30:$G$44,2,FALSE),\"-- Error --\")","v":"-- Error --"},{"$f":"IFERROR(RiskRegister[[#This Row],[Inherent Impact Rating]]*RiskRegister[[#This Row],[Inherent Likelihood Rating]],\"-- Error --\")","v":"-- Error --"},"-- Select Risk Response --",null,"-- Select Impact --",{"$f":"VLOOKUP(RiskRegister[[#This Row],[Residual Impact Level]],'Rating factors'!$F$4:$G$9,2,FALSE)","v":"--- Error ---"},"-- Select Likelihood --",{"$f":"VLOOKUP(RiskRegister[[#This Row],[Residual Likelihood Level]],'Rating factors'!$F$16:$G$21,2,FALSE)","v":"--- Error ---"},{"$f":"IFERROR(VLOOKUP(RiskRegister[[#This Row],[Residual Risk Rating]],'Rating factors'!$F$30:$G$44,2,FALSE),\"-- Error --\")","v":"-- Error --"},{"$f":"IFERROR(RiskRegister[[#This Row],[Residual Impact Rating]]*RiskRegister[[#This Row],[Residual Likelihood Rating]],\"-- Error --\")","v":"-- Error --"},"-- Select Risk Status --",{"$nulls":3},{"$f":"IF(ISBLANK(RiskRegister[[#This Row],[Risk Due Date]]), \"Missing Risk Due Date\", IF(RiskRegister[[#This Row],[Risk Due Date]] < TODAY(), \"Overdue\", \"Not Overdue\"))","v":"Missing Risk Due Date"},null,{"$f":"IF(ISBLANK(RiskRegister[[#This Row],[Risk Due Date]]), \"Missing Risk Due Date\", TEXT(RiskRegister[[#This Row],[Risk Due Date]], \"YYYY-MM\"))","v":"Missing Risk Due Date"},{"$f":"IF(RiskRegister[[#This Row],[Created Date]]=\"\",\"Created Date missing\",(TEXT(RiskRegister[[#This Row],[Created Date]],\"mmm\") & \"-\" & YEAR(RiskRegister[[#This Row],[Created Date]])))","v":"Created Date missing"},{"$f":"IF(RiskRegister[[#This Row],[Risk Status]]=\"Closed\",RiskRegister[[#This Row],[Risk Close Date]],RiskRegister[[#This Row],[Risk Due Date]])","v":"00:00:00"},{"$f":"IF(RiskRegister[[#This Row],[Risk-Change-Date]]=0,DATE(2030,1,1),RiskRegister[[#This Row],[Risk-Change-Date]])","v":"2030-01-01"},{"$f":"RiskRegister[[#This Row],[Inherent Impact Level]]&\"-\"&RiskRegister[[#This Row],[Inherent Likelihood Level]]","v":"-- Select Impact ----- Select Likelihood --"},{"$f":"RiskRegister[[#This Row],[Residual Impact Level]]&\"-\"&RiskRegister[[#This Row],[Residual Likelihood Level]]","v":"-- Select Impact ----- Select Likelihood --"},"Error",{"$f":"IF(RiskRegister[[#This Row],[Risk Status]]=\"Closed\",RiskRegister[[#This Row],[Residual Impact Level]],RiskRegister[[#This Row],[Inherent Impact Level]])","v":"-- Select Impact --"},{"$f":"IF(RiskRegister[[#This Row],[Risk Status]]=\"Closed\",RiskRegister[[#This Row],[Residual Likelihood Level]],RiskRegister[[#This Row],[Inherent Likelihood Level]])","v":"-- Select Likelihood --"},{"$f":"IF(RiskRegister[[#This Row],[Risk Status]]=\"Closed\",RiskRegister[[#This Row],[Residual-I-L-Combo]],RiskRegister[[#This Row],[Inherent-I-L-Combo]])","v":"-- Select Impact ----- Select Likelihood --"},"-- Error --"]
[458,{"$nulls":5},"-- Select Risk Category --",null,"-- select department --",null,null,"-- Select Impact --",{"$f":"VLOOKUP(RiskRegister[[#This Row],[Inherent Impact Level]],'Rating factors'!$F$4:$G$9,2,FALSE)","v":"--- Error ---"},"-- Select Likelihood --",{"$f":"VLOOKUP(RiskRegister[[#This Row],[Inherent Likelihood Level]],'Rating factors'!$F$16:$G$21,2,FALSE)","v":"--- Error ---"},{"$f":"IFERROR(VLOOKUP(RiskRegister[[#This Row],[Inherent Risk Rating]],'Rating factors'!$F$30:$G$44,2,FALSE),\"-- Error --\")","v":"-- Error --"},{"$f":"IFERROR(RiskRegister[[#This Row],[Inherent Impact Rating]]*RiskRegister[[#This Row],[Inherent Likelihood Rating]],\"-- Error --\")","v":"-- Error --"},"-- Select Risk Response --",null,"-- Select Impact --",{"$f":"VLOOKUP(RiskRegister[[#This Row],[Residual Impact Level]],'Rating factors'!$F$4:$G$9,2,FALSE)","v":"--- Error ---"},"-- Select Likelihood --",{"$f":"VLOOKUP(RiskRegister[[#This Row],[Residual Likelihood Level]],'Rating factors'!$F$16:$G$21,2,FALSE)","v":"--- Error ---"},{"$f":"IFERROR(VLOOKUP(RiskRegister[[#This Row],[Residual Risk Rating]],'Rating factors'!$F$30:$G$44,2,FALSE),\"-- Error --\")","v":"-- Error --"},{"$f":"IFERROR(RiskRegister[[#This Row],[Residual Impact Rating]]*RiskRegister[[#This Row],[Residual Likelihood Rating]],\"-- Error --\")","v":"-- Error --"},"-- Select Risk Status --",{"$nulls":3},{"$f":"IF(ISBLANK(RiskRegister[[#This Row],[Risk Due Date]]), \"Missing Risk Due Date\", IF(RiskRegister[[#This Row],[Risk Due Date]] < TODAY(), \"Overdue\", \"Not Overdue\"))","v":"Missing Risk Due Date"},null,{"$f":"IF(ISBLANK(RiskRegister[[#This Row],[Risk Due Date]]), \"Missing Risk Due Date\", TEXT(RiskRegister[[#This Row],[Risk Due Date]], \"YYYY-MM\"))","v":"Missing Risk Due Date"},{"$f":"IF(RiskRegister[[#This Row],[Created Date]]=\"\",\"Created Date missing\",(TEXT(RiskRegister[[#This Row],[Created Date]],\"mmm\") & \"-\" & YEAR(RiskRegister[[#This Row],[Created Date]])))","v":"Created Date missing"},{"$f":"IF(RiskRegister[[#This Row],[Risk Status]]=\"Closed\",RiskRegister[[#This Row],[Risk Close Date]],RiskRegister[[#This Row],[Risk Due Date]])","v":"00:00:00"},{"$f":"IF(RiskRegister[[#This Row],[Risk-Change-Date]]=0,DATE(2030,1,1),RiskRegister[[#This Row],[Risk-Change-Date]])","v":"2030-01-01"},{"$f":"RiskRegister[[#This Row],[Inherent Impact Level]]&\"-\"&RiskRegister[[#This Row],[Inherent Likelihood Level]]","v":"-- Select Impact ----- Select Likelihood --"},{"$f":"RiskRegister[[#This Row],[Residual Impact Level]]&\"-\"&RiskRegister[[#This Row],[Residual Likelihood Level]]","v":"-- Select Impact ----- Select Likelihood --"},"Error",{"$f":"IF(RiskRegister[[#This Row],[Risk Status]]=\"Closed\",RiskRegister[[#This Row],[Residual Impact Level]],RiskRegister[[#This Row],[Inherent Impact Level]])","v":"-- Select Impact --"},{"$f":"IF(RiskRegister[[#This Row],[Risk Status]]=\"Closed\",RiskRegister[[#This Row],[Residual Likelihood Level]],RiskRegister[[#This Row],[Inherent Likelihood Level]])","v":"-- Select Likelihood --"},{"$f":"IF(RiskRegister[[#This Row],[Risk Status]]=\"Closed\",RiskRegister[[#This Row],[Residual-I-L-Combo]],RiskRegister[[#This Row],[Inherent-I-L-Combo]])","v":"-- Select Impact ----- Select Likelihood --"},"-- Error --"]
[459,{"$nulls":5},"-- Select Risk Category --",null,"-- select department --",null,null,"-- Select Impact --",{"$f":"VLOOKUP(RiskRegister[[#This Row],[Inherent Impact Level]],'Rating factors'!$F$4:$G$9,2,FALSE)","v":"--- Error ---"},"-- Select Likelihood --",{"$f":"VLOOKUP(RiskRegister[[#This Row],[Inherent Likelihood Level]],'Rating factors'!$F$16:$G$21,2,FALSE)","v":"--- Error ---"},{"$f":"IFERROR(VLOOKUP(RiskRegister[[#This Row],[Inherent Risk Rating]],'Rating factors'!$F$30:$G$44,2,FALSE),\"-- Error --\")","v":"-- Error --"},{"$f":"IFERROR(RiskRegister[[#This Row],[Inherent Impact Rating]]*RiskRegister[[#This Row],[Inherent Likelihood Rating]],\"-- Error --\")","v":"-- Error --"},"-- Select Risk Response --",null,"-- Select Impact --",{"$f":"VLOOKUP(RiskRegister[[#This Row],[Residual Impact Level]],'Rating factors'!$F$4:$G$9,2,FALSE)","v":"--- Error ---"},"-- Select Likelihood --",{"$f":"VLOOKUP(RiskRegister[[#This Row],[Residual Likelihood Level]],'Rating factors'!$F$16:$G$21,2,FALSE)","v":"--- Error ---"},{"$f":"IFERROR(VLOOKUP(RiskRegister[[#This Row],[Residual Risk Rating]],'Rating factors'!$F$30:$G$44,2,FALSE),\"-- Error --\")","v":"-- Error --"},{"$f":"IFERROR(RiskRegister[[#This Row],[Residual Impact Rating]]*RiskRegister[[#This Row],[Residual Likelihood Rating]],\"-- Error --\")","v":"-- Error --"},"-- Select Risk Status --",{"$nulls":3},{"$f":"IF(ISBLANK(RiskRegister[[#This Row],[Risk Due Date]]), \"Missing Risk Due Date\", IF(RiskRegister[[#This Row],[Risk Due Date]] < TODAY(), \"Overdue\", \"Not Overdue\"))","v":"Missing Risk Due Date"},null,{"$f":"IF(ISBLANK(RiskRegister[[#This Row],[Risk Due Date]]), \"Missing Risk Due Date\", TEXT(RiskRegister[[#This Row],[Risk Due Date]], \"YYYY-MM\"))","v":"Missing Risk Due Date"},{"$f":"IF(RiskRegister[[#This Row],[Created Date]]=\"\",\"Created Date missing\",(TEXT(RiskRegister[[#This Row],[Created Date]],\"mmm\") & \"-\" & YEAR(RiskRegister[[#This Row],[Created Date]])))","v":"Created Date missing"},{"$f":"IF(RiskRegister[[#This Row],[Risk Status]]=\"Closed\",RiskRegister[[#This Row],[Risk Close Date]],RiskRegister[[#This Row],[Risk Due Date]])","v":"00:00:00"},{"$f":"IF(RiskRegister[[#This Row],[Risk-Change-Date]]=0,DATE(2030,1,1),RiskRegister[[#This Row],[Risk-Change-Date]])","v":"2030-01-01"},{"$f":"RiskRegister[[#This Row],[Inherent Impact Level]]&\"-\"&RiskRegister[[#This Row],[Inherent Likelihood Level]]","v":"-- Select Impact ----- Select Likelihood --"},{"$f":"RiskRegister[[#This Row],[Residual Impact Level]]&\"-\"&RiskRegister[[#This Row],[Residual Likelihood Level]]","v":"-- Select Impact ----- Select Likelihood --"},"Error",{"$f":"IF(RiskRegister[[#This Row],[Risk Status]]=\"Closed\",RiskRegister[[#This Row],[Residual Impact Level]],RiskRegister[[#This Row],[Inherent Impact Level]])","v":"-- Select Impact --"},{"$f":"IF(RiskRegister[[#This Row],[Risk Status]]=\"Closed\",RiskRegister[[#This Row],[Residual Likelihood Level]],RiskRegister[[#This Row],[Inherent Likelihood Level]])","v":"-- Select Likelihood --"},{"$f":"IF(RiskRegister[[#This Row],[Risk Status]]=\"Closed\",RiskRegister[[#This Row],[Residual-I-L-Combo]],RiskRegister[[#This Row],[Inherent-I-L-Combo]])","v":"-- Select Impact ----- Select Likelihood --"},"-- Error --"]
[460,{"$nulls":5},"-- Select Risk Category --",null,"-- select department --",null,null,"-- Select Impact --",{"$f":"VLOOKUP(RiskRegister[[#This Row],[Inherent Impact Level]],'Rating factors'!$F$4:$G$9,2,FALSE)","v":"--- Error ---"},"-- Select Likelihood --",{"$f":"VLOOKUP(RiskRegister[[#This Row],[Inherent Likelihood Level]],'Rating factors'!$F$16:$G$21,2,FALSE)","v":"--- Error ---"},{"$f":"IFERROR(VLOOKUP(RiskRegister[[#This Row],[Inherent Risk Rating]],'Rating factors'!$F$30:$G$44,2,FALSE),\"-- Error --\")","v":"-- Error --"},{"$f":"IFERROR(RiskRegister[[#This Row],[Inherent Impact Rating]]*RiskRegister[[#This Row],[Inherent Likelihood Rating]],\"-- Error --\")","v":"-- Error --"},"-- Select Risk Response --",null,"-- Select Impact --",{"$f":"VLOOKUP(RiskRegister[[#This Row],[Residual Impact Level]],'Rating factors'!$F$4:$G$9,2,FALSE)","v":"--- Error ---"},"-- Select Likelihood --",{"$f":"VLOOKUP(RiskRegister[[#This Row],[Residual Likelihood Level]],'Rating factors'!$F$16:$G$21,2,FALSE)","v":"--- Error ---"},{"$f":"IFERROR(VLOOKUP(RiskRegister[[#This Row],[Residual Risk Rating]],'Rating factors'!$F$30:$G$44,2,FALSE),\"-- Error --\")","v":"-- Error --"},{"$f":"IFERROR(RiskRegister[[#This Row],[Residual Impact Rating]]*RiskRegister[[#This Row],[Residual Likelihood Rating]],\"-- Error --\")","v":"-- Error --"},"-- Select Risk Status --",{"$nulls":3},{"$f":"IF(ISBLANK(RiskRegister[[#This Row],[Risk Due Date]]), \"Missing Risk Due Date\", IF(RiskRegister[[#This Row],[Risk Due Date]] < TODAY(), \"Overdue\", \"Not Overdue\"))","v":"Missing Risk Due Date"},null,{"$f":"IF(ISBLANK(RiskRegister[[#This Row],[Risk Due Date]]), \"Missing Risk Due Date\", TEXT(RiskRegister[[#This Row],[Risk Due Date]], \"YYYY-MM\"))","v":"Missing Risk Due Date"},{"$f":"IF(RiskRegister[[#This Row],[Created Date]]=\"\",\"Created Date missing\",(TEXT(RiskRegister[[#This Row],[Created Date]],\"mmm\") & \"-\" & YEAR(RiskRegister[[#This Row],[Created Date]])))","v":"Created Date missing"},{"$f":"IF(RiskRegister[[#This Row],[Risk Status]]=\"Closed\",RiskRegister[[#This Row],[Risk Close Date]],RiskRegister[[#This Row],[Risk Due Date]])","v":"00:00:00"},{"$f":"IF(RiskRegister[[#This Row],[Risk-Change-Date]]=0,DATE(2030,1,1),RiskRegister[[#This Row],[Risk-Change-Date]])","v":"2030-01-01"},{"$f":"RiskRegister[[#This Row],[Inherent Impact Level]]&\"-\"&RiskRegister[[#This Row],[Inherent Likelihood Level]]","v":"-- Select Impact ----- Select Likelihood --"},{"$f":"RiskRegister[[#This Row],[Residual Impact Level]]&\"-\"&RiskRegister[[#This Row],[Residual Likelihood Level]]","v":"-- Select Impact ----- Select Likelihood --"},"Error",{"$f":"IF(RiskRegister[[#This Row],[Risk Status]]=\"Closed\",RiskRegister[[#This Row],[Residual Impact Level]],RiskRegister[[#This Row],[Inherent Impact Level]])","v":"-- Select Impact --"},{"$f":"IF(RiskRegister[[#This Row],[Risk Status]]=\"Closed\",RiskRegister[[#This Row],[Residual Likelihood Level]],RiskRegister[[#This Row],[Inherent Likelihood Level]])","v":"-- Select Likelihood --"},{"$f":"IF(RiskRegister[[#This Row],[Risk Status]]=\"Closed\",RiskRegister[[#This Row],[Residual-I-L-Combo]],RiskRegister[[#This Row],[Inherent-I-L-Combo]])","v":"-- Select Impact ----- Select Likelihood --"},"-- Error --"]
[461,{"$nulls":5},"-- Select Risk Category --",null,"-- select department --",null,null,"-- Select Impact --",{"$f":"VLOOKUP(RiskRegister[[#This Row],[Inherent Impact Level]],'Rating factors'!$F$4:$G$9,2,FALSE)","v":"--- Error ---"},"-- Select Likelihood --",{"$f":"VLOOKUP(RiskRegister[[#This Row],[Inherent Likelihood Level]],'Rating factors'!$F$16:$G$21,2,FALSE)","v":"--- Error ---"},{"$f":"IFERROR(VLOOKUP(RiskRegister[[#This Row],[Inherent Risk Rating]],'Rating factors'!$F$30:$G$44,2,FALSE),\"-- Error --\")","v":"-- Error --"},{"$f":"IFERROR(RiskRegister[[#This Row],[Inherent Impact Rating]]*RiskRegister[[#This Row],[Inherent Likelihood Rating]],\"-- Error --\")","v":"-- Error --"},"-- Select Risk Response --",null,"-- Select Impact --",{"$f":"VLOOKUP(RiskRegister[[#This Row],[Residual Impact Level]],'Rating factors'!$F$4:$G$9,2,FALSE)","v":"--- Error ---"},"-- Select Likelihood --",{"$f":"VLOOKUP(RiskRegister[[#This Row],[Residual Likelihood Level]],'Rating factors'!$F$16:$G$21,2,FALSE)","v":"--- Error ---"},{"$f":"IFERROR(VLOOKUP(RiskRegister[[#This Row],[Residual Risk Rating]],'Rating factors'!$F$30:$G$44,2,FALSE),\"-- Error --\")","v":"-- Error --"},{"$f":"IFERROR(RiskRegister[[#This Row],[Residual Impact Rating]]*RiskRegister[[#This Row],[Residual Likelihood Rating]],\"-- Error --\")","v":"-- Error --"},"-- Select Risk Status --",{"$nulls":3},{"$f":"IF(ISBLANK(RiskRegister[[#This Row],[Risk Due Date]]), \"Missing Risk Due Date\", IF(RiskRegister[[#This Row],[Risk Due Date]] < TODAY(), \"Overdue\", \"Not Overdue\"))","v":"Missing Risk Due Date"},null,{"$f":"IF(ISBLANK(RiskRegister[[#This Row],[Risk Due Date]]), \"Missing Risk Due Date\", TEXT(RiskRegister[[#This Row],[Risk Due Date]], \"YYYY-MM\"))","v":"Missing Risk Due Date"},{"$f":"IF(RiskRegister[[#This Row],[Created Date]]=\"\",\"Created Date missing\",(TEXT(RiskRegister[[#This Row],[Created Date]],\"mmm\") & \"-\" & YEAR(RiskRegister[[#This Row],[Created Date]])))","v":"Created Date missing"},{"$f":"IF(RiskRegister[[#This Row],[Risk Status]]=\"Closed\",RiskRegister[[#This Row],[Risk Close Date]],RiskRegister[[#This Row],[Risk Due Date]])","v":"00:00:00"},{"$f":"IF(RiskRegister[[#This Row],[Risk-Change-Date]]=0,DATE(2030,1,1),RiskRegister[[#This Row],[Risk-Change-Date]])","v":"2030-01-01"},{"$f":"RiskRegister[[#This Row],[Inherent Impact Level]]&\"-\"&RiskRegister[[#This Row],[Inherent Likelihood Level]]","v":"-- Select Impact ----- Select Likelihood --"},{"$f":"RiskRegister[[#This Row],[Residual Impact Level]]&\"-\"&RiskRegister[[#This Row],[Residual Likelihood Level]]","v":"-- Select Impact ----- Select Likelihood --"},"Error",{"$f":"IF(RiskRegister[[#This Row],[Risk Status]]=\"Closed\",RiskRegister[[#This Row],[Residual Impact Level]],RiskRegister[[#This Row],[Inherent Impact Level]])","v":"-- Select Impact --"},{"$f":"IF(RiskRegister[[#This Row],[Risk Status]]=\"Closed\",RiskRegister[[#This Row],[Residual Likelihood Level]],RiskRegister[[#This Row],[Inherent Likelihood Level]])","v":"-- Select Likelihood --"},{"$f":"IF(RiskRegister[[#This Row],[Risk Status]]=\"Closed\",RiskRegister[[#This Row],[Residual-I-L-Combo]],RiskRegister[[#This Row],[Inherent-I-L-Combo]])","v":"-- Select Impact ----- Select Likelihood --"},"-- Error --"]
[462,{"$nulls":5},"-- Select Risk Category --",null,"-- select department --",null,null,"-- Select Impact --",{"$f":"VLOOKUP(RiskRegister[[#This Row],[Inherent Impact Level]],'Rating factors'!$F$4:$G$9,2,FALSE)","v":"--- Error ---"},"-- Select Likelihood --",{"$f":"VLOOKUP(RiskRegister[[#This Row],[Inherent Likelihood Level]],'Rating factors'!$F$16:$G$21,2,FALSE)","v":"--- Error ---"},{"$f":"IFERROR(VLOOKUP(RiskRegister[[#This Row],[Inherent Risk Rating]],'Rating factors'!$F$30:$G$44,2,FALSE),\"-- Error --\")","v":"-- Error --"},{"$f":"IFERROR(RiskRegister[[#This Row],[Inherent Impact Rating]]*RiskRegister[[#This Row],[Inherent Likelihood Rating]],\"-- Error --\")","v":"-- Error --"},"-- Select Risk Response --",null,"-- Select Impact --",{"$f":"VLOOKUP(RiskRegister[[#This Row],[Residual Impact Level]],'Rating factors'!$F$4:$G$9,2,FALSE)","v":"--- Error ---"},"-- Select Likelihood --",{"$f":"VLOOKUP(RiskRegister[[#This Row],[Residual Likelihood Level]],'Rating factors'!$F$16:$G$21,2,FALSE)","v":"--- Error ---"},{"$f":"IFERROR(VLOOKUP(RiskRegister[[#This Row],[Residual Risk Rating]],'Rating factors'!$F$30:$G$44,2,FALSE),\"-- Error --\")","v":"-- Error --"},{"$f":"IFERROR(RiskRegister[[#This Row],[Residual Impact Rating]]*RiskRegister[[#This Row],[Residual Likelihood Rating]],\"-- Error --\")","v":"-- Error --"},"-- Select Risk Status --",{"$nulls":3},{"$f":"IF(ISBLANK(RiskRegister[[#This Row],[Risk Due Date]]), \"Missing Risk Due Date\", IF(RiskRegister[[#This Row],[Risk Due Date]] < TODAY(), \"Overdue\", \"Not Overdue\"))","v":"Missing Risk Due Date"},null,{"$f":"IF(ISBLANK(RiskRegister[[#This Row],[Risk Due Date]]), \"Missing Risk Due Date\", TEXT(RiskRegister[[#This Row],[Risk Due Date]], \"YYYY-MM\"))","v":"Missing Risk Due Date"},{"$f":"IF(RiskRegister[[#This Row],[Created Date]]=\"\",\"Created Date missing\",(TEXT(RiskRegister[[#This Row],[Created Date]],\"mmm\") & \"-\" & YEAR(RiskRegister[[#This Row],[Created Date]])))","v":"Created Date missing"},{"$f":"IF(RiskRegister[[#This Row],[Risk Status]]=\"Closed\",RiskRegister[[#This Row],[Risk Close Date]],RiskRegister[[#This Row],[Risk Due Date]])","v":"00:00:00"},{"$f":"IF(RiskRegister[[#This Row],[Risk-Change-Date]]=0,DATE(2030,1,1),RiskRegister[[#This Row],[Risk-Change-Date]])","v":"2030-01-01"},{"$f":"RiskRegister[[#This Row],[Inherent Impact Level]]&\"-\"&RiskRegister[[#This Row],[Inherent Likelihood Level]]","v":"-- Select Impact ----- Select Likelihood --"},{"$f":"RiskRegister[[#This Row],[Residual Impact Level]]&\"-\"&RiskRegister[[#This Row],[Residual Likelihood Level]]","v":"-- Select Impact ----- Select Likelihood --"},"Error",{"$f":"IF(RiskRegister[[#This Row],[Risk Status]]=\"Closed\",RiskRegister[[#This Row],[Residual Impact Level]],RiskRegister[[#This Row],[Inherent Impact Level]])","v":"-- Select Impact --"},{"$f":"IF(RiskRegister[[#This Row],[Risk Status]]=\"Closed\",RiskRegister[[#This Row],[Residual Likelihood Level]],RiskRegister[[#This Row],[Inherent Likelihood Level]])","v":"-- Select Likelihood --"},{"$f":"IF(RiskRegister[[#This Row],[Risk Status]]=\"Closed\",RiskRegister[[#This Row],[Residual-I-L-Combo]],RiskRegister[[#This Row],[Inherent-I-L-Combo]])","v":"-- Select Impact ----- Select Likelihood --"},"-- Error --"]
[463,{"$nulls":5},"-- Select Risk Category --",null,"-- select department --",null,null,"-- Select Impact --",{"$f":"VLOOKUP(RiskRegister[[#This Row],[Inherent Impact Level]],'Rating factors'!$F$4:$G$9,2,FALSE)","v":"--- Error ---"},"-- Select Likelihood --",{"$f":"VLOOKUP(RiskRegister[[#This Row],[Inherent Likelihood Level]],'Rating factors'!$F$16:$G$21,2,FALSE)","v":"--- Error ---"},{"$f":"IFERROR(VLOOKUP(RiskRegister[[#This Row],[Inherent Risk Rating]],'Rating factors'!$F$30:$G$44,2,FALSE),\"-- Error --\")","v":"-- Error --"},{"$f":"IFERROR(RiskRegister[[#This Row],[Inherent Impact Rating]]*RiskRegister[[#This Row],[Inherent Likelihood Rating]],\"-- Error --\")","v":"-- Error --"},"-- Select Risk Response --",null,"-- Select Impact --",{"$f":"VLOOKUP(RiskRegister[[#This Row],[Residual Impact Level]],'Rating factors'!$F$4:$G$9,2,FALSE)","v":"--- Error ---"},"-- Select Likelihood --",{"$f":"VLOOKUP(RiskRegister[[#This Row],[Residual Likelihood Level]],'Rating factors'!$F$16:$G$21,2,FALSE)","v":"--- Error ---"},{"$f":"IFERROR(VLOOKUP(RiskRegister[[#This Row],[Residual Risk Rating]],'Rating factors'!$F$30:$G$44,2,FALSE),\"-- Error --\")","v":"-- Error --"},{"$f":"IFERROR(RiskRegister[[#This Row],[Residual Impact Rating]]*RiskRegister[[#This Row],[Residual Likelihood Rating]],\"-- Error --\")","v":"-- Error --"},"-- Select Risk Status --",{"$nulls":3},{"$f":"IF(ISBLANK(RiskRegister[[#This Row],[Risk Due Date]]), \"Missing Risk Due Date\", IF(RiskRegister[[#This Row],[Risk Due Date]] < TODAY(), \"Overdue\", \"Not Overdue\"))","v":"Missing Risk Due Date"},null,{"$f":"IF(ISBLANK(RiskRegister[[#This Row],[Risk Due Date]]), \"Missing Risk Due Date\", TEXT(RiskRegister[[#This Row],[Risk Due Date]], \"YYYY-MM\"))","v":"Missing Risk Due Date"},{"$f":"IF(RiskRegister[[#This Row],[Created Date]]=\"\",\"Created Date missing\",(TEXT(RiskRegister[[#This Row],[Created Date]],\"mmm\") & \"-\" & YEAR(RiskRegister[[#This Row],[Created Date]])))","v":"Created Date missing"},{"$f":"IF(RiskRegister[[#This Row],[Risk Status]]=\"Closed\",RiskRegister[[#This Row],[Risk Close Date]],RiskRegister[[#This Row],[Risk Due Date]])","v":"00:00:00"},{"$f":"IF(RiskRegister[[#This Row],[Risk-Change-Date]]=0,DATE(2030,1,1),RiskRegister[[#This Row],[Risk-Change-Date]])","v":"2030-01-01"},{"$f":"RiskRegister[[#This Row],[Inherent Impact Level]]&\"-\"&RiskRegister[[#This Row],[Inherent Likelihood Level]]","v":"-- Select Impact ----- Select Likelihood --"},{"$f":"RiskRegister[[#This Row],[Residual Impact Level]]&\"-\"&RiskRegister[[#This Row],[Residual Likelihood Level]]","v":"-- Select Impact ----- Select Likelihood --"},"Error",{"$f":"IF(RiskRegister[[#This Row],[Risk Status]]=\"Closed\",RiskRegister[[#This Row],[Residual Impact Level]],RiskRegister[[#This Row],[Inherent Impact Level]])","v":"-- Select Impact --"},{"$f":"IF(RiskRegister[[#This Row],[Risk Status]]=\"Closed\",RiskRegister[[#This Row],[Residual Likelihood Level]],RiskRegister[[#This Row],[Inherent Likelihood Level]])","v":"-- Select Likelihood --"},{"$f":"IF(RiskRegister[[#This Row],[Risk Status]]=\"Closed\",RiskRegister[[#This Row],[Residual-I-L-Combo]],RiskRegister[[#This Row],[Inherent-I-L-Combo]])","v":"-- Select Impact ----- Select Likelihood --"},"-- Error --"]
[464,{"$nulls":5},"-- Select Risk Category --",null,"-- select department --",null,null,"-- Select Impact --",{"$f":"VLOOKUP(RiskRegister[[#This Row],[Inherent Impact Level]],'Rating factors'!$F$4:$G$9,2,FALSE)","v":"--- Error ---"},"-- Select Likelihood --",{"$f":"VLOOKUP(RiskRegister[[#This Row],[Inherent Likelihood Level]],'Rating factors'!$F$16:$G$21,2,FALSE)","v":"--- Error ---"},{"$f":"IFERROR(VLOOKUP(RiskRegister[[#This Row],[Inherent Risk Rating]],'Rating factors'!$F$30:$G$44,2,FALSE),\"-- Error --\")","v":"-- Error --"},{"$f":"IFERROR(RiskRegister[[#This Row],[Inherent Impact Rating]]*RiskRegister[[#This Row],[Inherent Likelihood Rating]],\"-- Error --\")","v":"-- Error --"},"-- Select Risk Response --",null,"-- Select Impact --",{"$f":"VLOOKUP(RiskRegister[[#This Row],[Residual Impact Level]],'Rating factors'!$F$4:$G$9,2,FALSE)","v":"--- Error ---"},"-- Select Likelihood --",{"$f":"VLOOKUP(RiskRegister[[#This Row],[Residual Likelihood Level]],'Rating factors'!$F$16:$G$21,2,FALSE)","v":"--- Error ---"},{"$f":"IFERROR(VLOOKUP(RiskRegister[[#This Row],[Residual Risk Rating]],'Rating factors'!$F$30:$G$44,2,FALSE),\"-- Error --\")","v":"-- Error --"},{"$f":"IFERROR(RiskRegister[[#This Row],[Residual Impact Rating]]*RiskRegister[[#This Row],[Residual Likelihood Rating]],\"-- Error --\")","v":"-- Error --"},"-- Select Risk Status --",{"$nulls":3},{"$f":"IF(ISBLANK(RiskRegister[[#This Row],[Risk Due Date]]), \"Missing Risk Due Date\", IF(RiskRegister[[#This Row],[Risk Due Date]] < TODAY(), \"Overdue\", \"Not Overdue\"))","v":"Missing Risk Due Date"},null,{"$f":"IF(ISBLANK(RiskRegister[[#This Row],[Risk Due Date]]), \"Missing Risk Due Date\", TEXT(RiskRegister[[#This Row],[Risk Due Date]], \"YYYY-MM\"))","v":"Missing Risk Due Date"},{"$f":"IF(RiskRegister[[#This Row],[Created Date]]=\"\",\"Created Date missing\",(TEXT(RiskRegister[[#This Row],[Created Date]],\"mmm\") & \"-\" & YEAR(RiskRegister[[#This Row],[Created Date]])))","v":"Created Date missing"},{"$f":"IF(RiskRegister[[#This Row],[Risk Status]]=\"Closed\",RiskRegister[[#This Row],[Risk Close Date]],RiskRegister[[#This Row],[Risk Due Date]])","v":"00:00:00"},{"$f":"IF(RiskRegister[[#This Row],[Risk-Change-Date]]=0,DATE(2030,1,1),RiskRegister[[#This Row],[Risk-Change-Date]])","v":"2030-01-01"},{"$f":"RiskRegister[[#This Row],[Inherent Impact Level]]&\"-\"&RiskRegister[[#This Row],[Inherent Likelihood Level]]","v":"-- Select Impact ----- Select Likelihood --"},{"$f":"RiskRegister[[#This Row],[Residual Impact Level]]&\"-\"&RiskRegister[[#This Row],[Residual Likelihood Level]]","v":"-- Select Impact ----- Select Likelihood --"},"Error",{"$f":"IF(RiskRegister[[#This Row],[Risk Status]]=\"Closed\",RiskRegister[[#This Row],[Residual Impact Level]],RiskRegister[[#This Row],[Inherent Impact Level]])","v":"-- Select Impact --"},{"$f":"IF(RiskRegister[[#This Row],[Risk Status]]=\"Closed\",RiskRegister[[#This Row],[Residual Likelihood Level]],RiskRegister[[#This Row],[Inherent Likelihood Level]])","v":"-- Select Likelihood --"},{"$f":"IF(RiskRegister[[#This Row],[Risk Status]]=\"Closed\",RiskRegister[[#This Row],[Residual-I-L-Combo]],RiskRegister[[#This Row],[Inherent-I-L-Combo]])","v":"-- Select Impact ----- Select Likelihood --"},"-- Error --"]
[465,{"$nulls":5},"-- Select Risk Category --",null,"-- select department --",null,null,"-- Select Impact --",{"$f":"VLOOKUP(RiskRegister[[#This Row],[Inherent Impact Level]],'Rating factors'!$F$4:$G$9,2,FALSE)","v":"--- Error ---"},"-- Select Likelihood --",{"$f":"VLOOKUP(RiskRegister[[#This Row],[Inherent Likelihood Level]],'Rating factors'!$F$16:$G$21,2,FALSE)","v":"--- Error ---"},{"$f":"IFERROR(VLOOKUP(RiskRegister[[#This Row],[Inherent Risk Rating]],'Rating factors'!$F$30:$G$44,2,FALSE),\"-- Error --\")","v":"-- Error --"},{"$f":"IFERROR(RiskRegister[[#This Row],[Inherent Impact Rating]]*RiskRegister[[#This Row],[Inherent Likelihood Rating]],\"-- Error --\")","v":"-- Error --"},"-- Select Risk Response --",null,"-- Select Impact --",{"$f":"VLOOKUP(RiskRegister[[#This Row],[Residual Impact Level]],'Rating factors'!$F$4:$G$9,2,FALSE)","v":"--- Error ---"},"-- Select Likelihood --",{"$f":"VLOOKUP(RiskRegister[[#This Row],[Residual Likelihood Level]],'Rating factors'!$F$16:$G$21,2,FALSE)","v":"--- Error ---"},{"$f":"IFERROR(VLOOKUP(RiskRegister[[#This Row],[Residual Risk Rating]],'Rating factors'!$F$30:$G$44,2,FALSE),\"-- Error --\")","v":"-- Error --"},{"$f":"IFERROR(RiskRegister[[#This Row],[Residual Impact Rating]]*RiskRegister[[#This Row],[Residual Likelihood Rating]],\"-- Error --\")","v":"-- Error --"},"-- Select Risk Status --",{"$nulls":3},{"$f":"IF(ISBLANK(RiskRegister[[#This Row],[Risk Due Date]]), \"Missing Risk Due Date\", IF(RiskRegister[[#This Row],[Risk Due Date]] < TODAY(), \"Overdue\", \"Not Overdue\"))","v":"Missing Risk Due Date"},null,{"$f":"IF(ISBLANK(RiskRegister[[#This Row],[Risk Due Date]]), \"Missing Risk Due Date\", TEXT(RiskRegister[[#This Row],[Risk Due Date]], \"YYYY-MM\"))","v":"Missing Risk Due Date"},{"$f":"IF(RiskRegister[[#This Row],[Created Date]]=\"\",\"Created Date missing\",(TEXT(RiskRegister[[#This Row],[Created Date]],\"mmm\") & \"-\" & YEAR(RiskRegister[[#This Row],[Created Date]])))","v":"Created Date missing"},{"$f":"IF(RiskRegister[[#This Row],[Risk Status]]=\"Closed\",RiskRegister[[#This Row],[Risk Close Date]],RiskRegister[[#This Row],[Risk Due Date]])","v":"00:00:00"},{"$f":"IF(RiskRegister[[#This Row],[Risk-Change-Date]]=0,DATE(2030,1,1),RiskRegister[[#This Row],[Risk-Change-Date]])","v":"2030-01-01"},{"$f":"RiskRegister[[#This Row],[Inherent Impact Level]]&\"-\"&RiskRegister[[#This Row],[Inherent Likelihood Level]]","v":"-- Select Impact ----- Select Likelihood --"},{"$f":"RiskRegister[[#This Row],[Residual Impact Level]]&\"-\"&RiskRegister[[#This Row],[Residual Likelihood Level]]","v":"-- Select Impact ----- Select Likelihood --"},"Error",{"$f":"IF(RiskRegister[[#This Row],[Risk Status]]=\"Closed\",RiskRegister[[#This Row],[Residual Impact Level]],RiskRegister[[#This Row],[Inherent Impact Level]])","v":"-- Select Impact --"},{"$f":"IF(RiskRegister[[#This Row],[Risk Status]]=\"Closed\",RiskRegister[[#This Row],[Residual Likelihood Level]],RiskRegister[[#This Row],[Inherent Likelihood Level]])","v":"-- Select Likelihood --"},{"$f":"IF(RiskRegister[[#This Row],[Risk Status]]=\"Closed\",RiskRegister[[#This Row],[Residual-I-L-Combo]],RiskRegister[[#This Row],[Inherent-I-L-Combo]])","v":"-- Select Impact ----- Select Likelihood --"},"-- Error --"]
[466,{"$nulls":5},"-- Select Risk Category --",null,"-- select department --",null,null,"-- Select Impact --",{"$f":"VLOOKUP(RiskRegister[[#This Row],[Inherent Impact Level]],'Rating factors'!$F$4:$G$9,2,FALSE)","v":"--- Error ---"},"-- Select Likelihood --",{"$f":"VLOOKUP(RiskRegister[[#This Row],[Inherent Likelihood Level]],'Rating factors'!$F$16:$G$21,2,FALSE)","v":"--- Error ---"},{"$f":"IFERROR(VLOOKUP(RiskRegister[[#This Row],[Inherent Risk Rating]],'Rating factors'!$F$30:$G$44,2,FALSE),\"-- Error --\")","v":"-- Error --"},{"$f":"IFERROR(RiskRegister[[#This Row],[Inherent Impact Rating]]*RiskRegister[[#This Row],[Inherent Likelihood Rating]],\"-- Error --\")","v":"-- Error --"},"-- Select Risk Response --",null,"-- Select Impact --",{"$f":"VLOOKUP(RiskRegister[[#This Row],[Residual Impact Level]],'Rating factors'!$F$4:$G$9,2,FALSE)","v":"--- Error ---"},"-- Select Likelihood --",{"$f":"VLOOKUP(RiskRegister[[#This Row],[Residual Likelihood Level]],'Rating factors'!$F$16:$G$21,2,FALSE)","v":"--- Error ---"},{"$f":"IFERROR(VLOOKUP(RiskRegister[[#This Row],[Residual Risk Rating]],'Rating factors'!$F$30:$G$44,2,FALSE),\"-- Error --\")","v":"-- Error --"},{"$f":"IFERROR(RiskRegister[[#This Row],[Residual Impact Rating]]*RiskRegister[[#This Row],[Residual Likelihood Rating]],\"-- Error --\")","v":"-- Error --"},"-- Select Risk Status --",{"$nulls":3},{"$f":"IF(ISBLANK(RiskRegister[[#This Row],[Risk Due Date]]), \"Missing Risk Due Date\", IF(RiskRegister[[#This Row],[Risk Due Date]] < TODAY(), \"Overdue\", \"Not Overdue\"))","v":"Missing Risk Due Date"},null,{"$f":"IF(ISBLANK(RiskRegister[[#This Row],[Risk Due Date]]), \"Missing Risk Due Date\", TEXT(RiskRegister[[#This Row],[Risk Due Date]], \"YYYY-MM\"))","v":"Missing Risk Due Date"},{"$f":"IF(RiskRegister[[#This Row],[Created Date]]=\"\",\"Created Date missing\",(TEXT(RiskRegister[[#This Row],[Created Date]],\"mmm\") & \"-\" & YEAR(RiskRegister[[#This Row],[Created Date]])))","v":"Created Date missing"},{"$f":"IF(RiskRegister[[#This Row],[Risk Status]]=\"Closed\",RiskRegister[[#This Row],[Risk Close Date]],RiskRegister[[#This Row],[Risk Due Date]])","v":"00:00:00"},{"$f":"IF(RiskRegister[[#This Row],[Risk-Change-Date]]=0,DATE(2030,1,1),RiskRegister[[#This Row],[Risk-Change-Date]])","v":"2030-01-01"},{"$f":"RiskRegister[[#This Row],[Inherent Impact Level]]&\"-\"&RiskRegister[[#This Row],[Inherent Likelihood Level]]","v":"-- Select Impact ----- Select Likelihood --"},{"$f":"RiskRegister[[#This Row],[Residual Impact Level]]&\"-\"&RiskRegister[[#This Row],[Residual Likelihood Level]]","v":"-- Select Impact ----- Select Likelihood --"},"Error",{"$f":"IF(RiskRegister[[#This Row],[Risk Status]]=\"Closed\",RiskRegister[[#This Row],[Residual Impact Level]],RiskRegister[[#This Row],[Inherent Impact Level]])","v":"-- Select Impact --"},{"$f":"IF(RiskRegister[[#This Row],[Risk Status]]=\"Closed\",RiskRegister[[#This Row],[Residual Likelihood Level]],RiskRegister[[#This Row],[Inherent Likelihood Level]])","v":"-- Select Likelihood --"},{"$f":"IF(RiskRegister[[#This Row],[Risk Status]]=\"Closed\",RiskRegister[[#This Row],[Residual-I-L-Combo]],RiskRegister[[#This Row],[Inherent-I-L-Combo]])","v":"-- Select Impact ----- Select Likelihood --"},"-- Error --"]
[467,{"$nulls":5},"-- Select Risk Category --",null,"-- select department --",null,null,"-- Select Impact --",{"$f":"VLOOKUP(RiskRegister[[#This Row],[Inherent Impact Level]],'Rating factors'!$F$4:$G$9,2,FALSE)","v":"--- Error ---"},"-- Select Likelihood --",{"$f":"VLOOKUP(RiskRegister[[#This Row],[Inherent Likelihood Level]],'Rating factors'!$F$16:$G$21,2,FALSE)","v":"--- Error ---"},{"$f":"IFERROR(VLOOKUP(RiskRegister[[#This Row],[Inherent Risk Rating]],'Rating factors'!$F$30:$G$44,2,FALSE),\"-- Error --\")","v":"-- Error --"},{"$f":"IFERROR(RiskRegister[[#This Row],[Inherent Impact Rating]]*RiskRegister[[#This Row],[Inherent Likelihood Rating]],\"-- Error --\")","v":"-- Error --"},"-- Select Risk Response --",null,"-- Select Impact --",{"$f":"VLOOKUP(RiskRegister[[#This Row],[Residual Impact Level]],'Rating factors'!$F$4:$G$9,2,FALSE)","v":"--- Error ---"},"-- Select Likelihood --",{"$f":"VLOOKUP(RiskRegister[[#This Row],[Residual Likelihood Level]],'Rating factors'!$F$16:$G$21,2,FALSE)","v":"--- Error ---"},{"$f":"IFERROR(VLOOKUP(RiskRegister[[#This Row],[Residual Risk Rating]],'Rating factors'!$F$30:$G$44,2,FALSE),\"-- Error --\")","v":"-- Error --"},{"$f":"IFERROR(RiskRegister[[#This Row],[Residual Impact Rating]]*RiskRegister[[#This Row],[Residual Likelihood Rating]],\"-- Error --\")","v":"-- Error --"},"-- Select Risk Status --",{"$nulls":3},{"$f":"IF(ISBLANK(RiskRegister[[#This Row],[Risk Due Date]]), \"Missing Risk Due Date\", IF(RiskRegister[[#This Row],[Risk Due Date]] < TODAY(), \"Overdue\", \"Not Overdue\"))","v":"Missing Risk Due Date"},null,{"$f":"IF(ISBLANK(RiskRegister[[#This Row],[Risk Due Date]]), \"Missing Risk Due Date\", TEXT(RiskRegister[[#This Row],[Risk Due Date]], \"YYYY-MM\"))","v":"Missing Risk Due Date"},{"$f":"IF(RiskRegister[[#This Row],[Created Date]]=\"\",\"Created Date missing\",(TEXT(RiskRegister[[#This Row],[Created Date]],\"mmm\") & \"-\" & YEAR(RiskRegister[[#This Row],[Created Date]])))","v":"Created Date missing"},{"$f":"IF(RiskRegister[[#This Row],[Risk Status]]=\"Closed\",RiskRegister[[#This Row],[Risk Close Date]],RiskRegister[[#This Row],[Risk Due Date]])","v":"00:00:00"},{"$f":"IF(RiskRegister[[#This Row],[Risk-Change-Date]]=0,DATE(2030,1,1),RiskRegister[[#This Row],[Risk-Change-Date]])","v":"2030-01-01"},{"$f":"RiskRegister[[#This Row],[Inherent Impact Level]]&\"-\"&RiskRegister[[#This Row],[Inherent Likelihood Level]]","v":"-- Select Impact ----- Select Likelihood --"},{"$f":"RiskRegister[[#This Row],[Residual Impact Level]]&\"-\"&RiskRegister[[#This Row],[Residual Likelihood Level]]","v":"-- Select Impact ----- Select Likelihood --"},"Error",{"$f":"IF(RiskRegister[[#This Row],[Risk Status]]=\"Closed\",RiskRegister[[#This Row],[Residual Impact Level]],RiskRegister[[#This Row],[Inherent Impact Level]])","v":"-- Select Impact --"},{"$f":"IF(RiskRegister[[#This Row],[Risk Status]]=\"Closed\",RiskRegister[[#This Row],[Residual Likelihood Level]],RiskRegister[[#This Row],[Inherent Likelihood Level]])","v":"-- Select Likelihood --"},{"$f":"IF(RiskRegister[[#This Row],[Risk Status]]=\"Closed\",RiskRegister[[#This Row],[Residual-I-L-Combo]],RiskRegister[[#This Row],[Inherent-I-L-Combo]])","v":"-- Select Impact ----- Select Likelihood --"},"-- Error --"]
[468,{"$nulls":5},"-- Select Risk Category --",null,"-- select department --",null,null,"-- Select Impact --",{"$f":"VLOOKUP(RiskRegister[[#This Row],[Inherent Impact Level]],'Rating factors'!$F$4:$G$9,2,FALSE)","v":"--- Error ---"},"-- Select Likelihood --",{"$f":"VLOOKUP(RiskRegister[[#This Row],[Inherent Likelihood Level]],'Rating factors'!$F$16:$G$21,2,FALSE)","v":"--- Error ---"},{"$f":"IFERROR(VLOOKUP(RiskRegister[[#This Row],[Inherent Risk Rating]],'Rating factors'!$F$30:$G$44,2,FALSE),\"-- Error --\")","v":"-- Error --"},{"$f":"IFERROR(RiskRegister[[#This Row],[Inherent Impact Rating]]*RiskRegister[[#This Row],[Inherent Likelihood Rating]],\"-- Error --\")","v":"-- Error --"},"-- Select Risk Response --",null,"-- Select Impact --",{"$f":"VLOOKUP(RiskRegister[[#This Row],[Residual Impact Level]],'Rating factors'!$F$4:$G$9,2,FALSE)","v":"--- Error ---"},"-- Select Likelihood --",{"$f":"VLOOKUP(RiskRegister[[#This Row],[Residual Likelihood Level]],'Rating factors'!$F$16:$G$21,2,FALSE)","v":"--- Error ---"},{"$f":"IFERROR(VLOOKUP(RiskRegister[[#This Row],[Residual Risk Rating]],'Rating factors'!$F$30:$G$44,2,FALSE),\"-- Error --\")","v":"-- Error --"},{"$f":"IFERROR(RiskRegister[[#This Row],[Residual Impact Rating]]*RiskRegister[[#This Row],[Residual Likelihood Rating]],\"-- Error --\")","v":"-- Error --"},"-- Select Risk Status --",{"$nulls":3},{"$f":"IF(ISBLANK(RiskRegister[[#This Row],[Risk Due Date]]), \"Missing Risk Due Date\", IF(RiskRegister[[#This Row],[Risk Due Date]] < TODAY(), \"Overdue\", \"Not Overdue\"))","v":"Missing Risk Due Date"},null,{"$f":"IF(ISBLANK(RiskRegister[[#This Row],[Risk Due Date]]), \"Missing Risk Due Date\", TEXT(RiskRegister[[#This Row],[Risk Due Date]], \"YYYY-MM\"))","v":"Missing Risk Due Date"},{"$f":"IF(RiskRegister[[#This Row],[Created Date]]=\"\",\"Created Date missing\",(TEXT(RiskRegister[[#This Row],[Created Date]],\"mmm\") & \"-\" & YEAR(RiskRegister[[#This Row],[Created Date]])))","v":"Created Date missing"},{"$f":"IF(RiskRegister[[#This Row],[Risk Status]]=\"Closed\",RiskRegister[[#This Row],[Risk Close Date]],RiskRegister[[#This Row],[Risk Due Date]])","v":"00:00:00"},{"$f":"IF(RiskRegister[[#This Row],[Risk-Change-Date]]=0,DATE(2030,1,1),RiskRegister[[#This Row],[Risk-Change-Date]])","v":"2030-01-01"},{"$f":"RiskRegister[[#This Row],[Inherent Impact Level]]&\"-\"&RiskRegister[[#This Row],[Inherent Likelihood Level]]","v":"-- Select Impact ----- Select Likelihood --"},{"$f":"RiskRegister[[#This Row],[Residual Impact Level]]&\"-\"&RiskRegister[[#This Row],[Residual Likelihood Level]]","v":"-- Select Impact ----- Select Likelihood --"},"Error",{"$f":"IF(RiskRegister[[#This Row],[Risk Status]]=\"Closed\",RiskRegister[[#This Row],[Residual Impact Level]],RiskRegister[[#This Row],[Inherent Impact Level]])","v":"-- Select Impact --"},{"$f":"IF(RiskRegister[[#This Row],[Risk Status]]=\"Closed\",RiskRegister[[#This Row],[Residual Likelihood Level]],RiskRegister[[#This Row],[Inherent Likelihood Level]])","v":"-- Select Likelihood --"},{"$f":"IF(RiskRegister[[#This Row],[Risk Status]]=\"Closed\",RiskRegister[[#This Row],[Residual-I-L-Combo]],RiskRegister[[#This Row],[Inherent-I-L-Combo]])","v":"-- Select Impact ----- Select Likelihood --"},"-- Error --"]
[469,{"$nulls":5},"-- Select Risk Category --",null,"-- select department --",null,null,"-- Select Impact --",{"$f":"VLOOKUP(RiskRegister[[#This Row],[Inherent Impact Level]],'Rating factors'!$F$4:$G$9,2,FALSE)","v":"--- Error ---"},"-- Select Likelihood --",{"$f":"VLOOKUP(RiskRegister[[#This Row],[Inherent Likelihood Level]],'Rating factors'!$F$16:$G$21,2,FALSE)","v":"--- Error ---"},{"$f":"IFERROR(VLOOKUP(RiskRegister[[#This Row],[Inherent Risk Rating]],'Rating factors'!$F$30:$G$44,2,FALSE),\"-- Error --\")","v":"-- Error --"},{"$f":"IFERROR(RiskRegister[[#This Row],[Inherent Impact Rating]]*RiskRegister[[#This Row],[Inherent Likelihood Rating]],\"-- Error --\")","v":"-- Error --"},"-- Select Risk Response --",null,"-- Select Impact --",{"$f":"VLOOKUP(RiskRegister[[#This Row],[Residual Impact Level]],'Rating factors'!$F$4:$G$9,2,FALSE)","v":"--- Error ---"},"-- Select Likelihood --",{"$f":"VLOOKUP(RiskRegister[[#This Row],[Residual Likelihood Level]],'Rating factors'!$F$16:$G$21,2,FALSE)","v":"--- Error ---"},{"$f":"IFERROR(VLOOKUP(RiskRegister[[#This Row],[Residual Risk Rating]],'Rating factors'!$F$30:$G$44,2,FALSE),\"-- Error --\")","v":"-- Error --"},{"$f":"IFERROR(RiskRegister[[#This Row],[Residual Impact Rating]]*RiskRegister[[#This Row],[Residual Likelihood Rating]],\"-- Error --\")","v":"-- Error --"},"-- Select Risk Status --",{"$nulls":3},{"$f":"IF(ISBLANK(RiskRegister[[#This Row],[Risk Due Date]]), \"Missing Risk Due Date\", IF(RiskRegister[[#This Row],[Risk Due Date]] < TODAY(), \"Overdue\", \"Not Overdue\"))","v":"Missing Risk Due Date"},null,{"$f":"IF(ISBLANK(RiskRegister[[#This Row],[Risk Due Date]]), \"Missing Risk Due Date\", TEXT(RiskRegister[[#This Row],[Risk Due Date]], \"YYYY-MM\"))","v":"Missing Risk Due Date"},{"$f":"IF(RiskRegister[[#This Row],[Created Date]]=\"\",\"Created Date missing\",(TEXT(RiskRegister[[#This Row],[Created Date]],\"mmm\") & \"-\" & YEAR(RiskRegister[[#This Row],[Created Date]])))","v":"Created Date missing"},{"$f":"IF(RiskRegister[[#This Row],[Risk Status]]=\"Closed\",RiskRegister[[#This Row],[Risk Close Date]],RiskRegister[[#This Row],[Risk Due Date]])","v":"00:00:00"},{"$f":"IF(RiskRegister[[#This Row],[Risk-Change-Date]]=0,DATE(2030,1,1),RiskRegister[[#This Row],[Risk-Change-Date]])","v":"2030-01-01"},{"$f":"RiskRegister[[#This Row],[Inherent Impact Level]]&\"-\"&RiskRegister[[#This Row],[Inherent Likelihood Level]]","v":"-- Select Impact ----- Select Likelihood --"},{"$f":"RiskRegister[[#This Row],[Residual Impact Level]]&\"-\"&RiskRegister[[#This Row],[Residual Likelihood Level]]","v":"-- Select Impact ----- Select Likelihood --"},"Error",{"$f":"IF(RiskRegister[[#This Row],[Risk Status]]=\"Closed\",RiskRegister[[#This Row],[Residual Impact Level]],RiskRegister[[#This Row],[Inherent Impact Level]])","v":"-- Select Impact --"},{"$f":"IF(RiskRegister[[#This Row],[Risk Status]]=\"Closed\",RiskRegister[[#This Row],[Residual Likelihood Level]],RiskRegister[[#This Row],[Inherent Likelihood Level]])","v":"-- Select Likelihood --"},{"$f":"IF(RiskRegister[[#This Row],[Risk Status]]=\"Closed\",RiskRegister[[#This Row],[Residual-I-L-Combo]],RiskRegister[[#This Row],[Inherent-I-L-Combo]])","v":"-- Select Impact ----- Select Likelihood --"},"-- Error --"]
[470,{"$nulls":5},"-- Select Risk Category --",null,"-- select department --",null,null,"-- Select Impact --",{"$f":"VLOOKUP(RiskRegister[[#This Row],[Inherent Impact Level]],'Rating factors'!$F$4:$G$9,2,FALSE)","v":"--- Error ---"},"-- Select Likelihood --",{"$f":"VLOOKUP(RiskRegister[[#This Row],[Inherent Likelihood Level]],'Rating factors'!$F$16:$G$21,2,FALSE)","v":"--- Error ---"},{"$f":"IFERROR(VLOOKUP(RiskRegister[[#This Row],[Inherent Risk Rating]],'Rating factors'!$F$30:$G$44,2,FALSE),\"-- Error --\")","v":"-- Error --"},{"$f":"IFERROR(RiskRegister[[#This Row],[Inherent Impact Rating]]*RiskRegister[[#This Row],[Inherent Likelihood Rating]],\"-- Error --\")","v":"-- Error --"},"-- Select Risk Response --",null,"-- Select Impact --",{"$f":"VLOOKUP(RiskRegister[[#This Row],[Residual Impact Level]],'Rating factors'!$F$4:$G$9,2,FALSE)","v":"--- Error ---"},"-- Select Likelihood --",{"$f":"VLOOKUP(RiskRegister[[#This Row],[Residual Likelihood Level]],'Rating factors'!$F$16:$G$21,2,FALSE)","v":"--- Error ---"},{"$f":"IFERROR(VLOOKUP(RiskRegister[[#This Row],[Residual Risk Rating]],'Rating factors'!$F$30:$G$44,2,FALSE),\"-- Error --\")","v":"-- Error --"},{"$f":"IFERROR(RiskRegister[[#This Row],[Residual Impact Rating]]*RiskRegister[[#This Row],[Residual Likelihood Rating]],\"-- Error --\")","v":"-- Error --"},"-- Select Risk Status --",{"$nulls":3},{"$f":"IF(ISBLANK(RiskRegister[[#This Row],[Risk Due Date]]), \"Missing Risk Due Date\", IF(RiskRegister[[#This Row],[Risk Due Date]] < TODAY(), \"Overdue\", \"Not Overdue\"))","v":"Missing Risk Due Date"},null,{"$f":"IF(ISBLANK(RiskRegister[[#This Row],[Risk Due Date]]), \"Missing Risk Due Date\", TEXT(RiskRegister[[#This Row],[Risk Due Date]], \"YYYY-MM\"))","v":"Missing Risk Due Date"},{"$f":"IF(RiskRegister[[#This Row],[Created Date]]=\"\",\"Created Date missing\",(TEXT(RiskRegister[[#This Row],[Created Date]],\"mmm\") & \"-\" & YEAR(RiskRegister[[#This Row],[Created Date]])))","v":"Created Date missing"},{"$f":"IF(RiskRegister[[#This Row],[Risk Status]]=\"Closed\",RiskRegister[[#This Row],[Risk Close Date]],RiskRegister[[#This Row],[Risk Due Date]])","v":"00:00:00"},{"$f":"IF(RiskRegister[[#This Row],[Risk-Change-Date]]=0,DATE(2030,1,1),RiskRegister[[#This Row],[Risk-Change-Date]])","v":"2030-01-01"},{"$f":"RiskRegister[[#This Row],[Inherent Impact Level]]&\"-\"&RiskRegister[[#This Row],[Inherent Likelihood Level]]","v":"-- Select Impact ----- Select Likelihood --"},{"$f":"RiskRegister[[#This Row],[Residual Impact Level]]&\"-\"&RiskRegister[[#This Row],[Residual Likelihood Level]]","v":"-- Select Impact ----- Select Likelihood --"},"Error",{"$f":"IF(RiskRegister[[#This Row],[Risk Status]]=\"Closed\",RiskRegister[[#This Row],[Residual Impact Level]],RiskRegister[[#This Row],[Inherent Impact Level]])","v":"-- Select Impact --"},{"$f":"IF(RiskRegister[[#This Row],[Risk Status]]=\"Closed\",RiskRegister[[#This Row],[Residual Likelihood Level]],RiskRegister[[#This Row],[Inherent Likelihood Level]])","v":"-- Select Likelihood --"},{"$f":"IF(RiskRegister[[#This Row],[Risk Status]]=\"Closed\",RiskRegister[[#This Row],[Residual-I-L-Combo]],RiskRegister[[#This Row],[Inherent-I-L-Combo]])","v":"-- Select Impact ----- Select Likelihood --"},"-- Error --"]
[471,{"$nulls":5},"-- Select Risk Category --",null,"-- select department --",null,null,"-- Select Impact --",{"$f":"VLOOKUP(RiskRegister[[#This Row],[Inherent Impact Level]],'Rating factors'!$F$4:$G$9,2,FALSE)","v":"--- Error ---"},"-- Select Likelihood --",{"$f":"VLOOKUP(RiskRegister[[#This Row],[Inherent Likelihood Level]],'Rating factors'!$F$16:$G$21,2,FALSE)","v":"--- Error ---"},{"$f":"IFERROR(VLOOKUP(RiskRegister[[#This Row],[Inherent Risk Rating]],'Rating factors'!$F$30:$G$44,2,FALSE),\"-- Error --\")","v":"-- Error --"},{"$f":"IFERROR(RiskRegister[[#This Row],[Inherent Impact Rating]]*RiskRegister[[#This Row],[Inherent Likelihood Rating]],\"-- Error --\")","v":"-- Error --"},"-- Select Risk Response --",null,"-- Select Impact --",{"$f":"VLOOKUP(RiskRegister[[#This Row],[Residual Impact Level]],'Rating factors'!$F$4:$G$9,2,FALSE)","v":"--- Error ---"},"-- Select Likelihood --",{"$f":"VLOOKUP(RiskRegister[[#This Row],[Residual Likelihood Level]],'Rating factors'!$F$16:$G$21,2,FALSE)","v":"--- Error ---"},{"$f":"IFERROR(VLOOKUP(RiskRegister[[#This Row],[Residual Risk Rating]],'Rating factors'!$F$30:$G$44,2,FALSE),\"-- Error --\")","v":"-- Error --"},{"$f":"IFERROR(RiskRegister[[#This Row],[Residual Impact Rating]]*RiskRegister[[#This Row],[Residual Likelihood Rating]],\"-- Error --\")","v":"-- Error --"},"-- Select Risk Status --",{"$nulls":3},{"$f":"IF(ISBLANK(RiskRegister[[#This Row],[Risk Due Date]]), \"Missing Risk Due Date\", IF(RiskRegister[[#This Row],[Risk Due Date]] < TODAY(), \"Overdue\", \"Not Overdue\"))","v":"Missing Risk Due Date"},null,{"$f":"IF(ISBLANK(RiskRegister[[#This Row],[Risk Due Date]]), \"Missing Risk Due Date\", TEXT(RiskRegister[[#This Row],[Risk Due Date]], \"YYYY-MM\"))","v":"Missing Risk Due Date"},{"$f":"IF(RiskRegister[[#This Row],[Created Date]]=\"\",\"Created Date missing\",(TEXT(RiskRegister[[#This Row],[Created Date]],\"mmm\") & \"-\" & YEAR(RiskRegister[[#This Row],[Created Date]])))","v":"Created Date missing"},{"$f":"IF(RiskRegister[[#This Row],[Risk Status]]=\"Closed\",RiskRegister[[#This Row],[Risk Close Date]],RiskRegister[[#This Row],[Risk Due Date]])","v":"00:00:00"},{"$f":"IF(RiskRegister[[#This Row],[Risk-Change-Date]]=0,DATE(2030,1,1),RiskRegister[[#This Row],[Risk-Change-Date]])","v":"2030-01-01"},{"$f":"RiskRegister[[#This Row],[Inherent Impact Level]]&\"-\"&RiskRegister[[#This Row],[Inherent Likelihood Level]]","v":"-- Select Impact ----- Select Likelihood --"},{"$f":"RiskRegister[[#This Row],[Residual Impact Level]]&\"-\"&RiskRegister[[#This Row],[Residual Likelihood Level]]","v":"-- Select Impact ----- Select Likelihood --"},"Error",{"$f":"IF(RiskRegister[[#This Row],[Risk Status]]=\"Closed\",RiskRegister[[#This Row],[Residual Impact Level]],RiskRegister[[#This Row],[Inherent Impact Level]])","v":"-- Select Impact --"},{"$f":"IF(RiskRegister[[#This Row],[Risk Status]]=\"Closed\",RiskRegister[[#This Row],[Residual Likelihood Level]],RiskRegister[[#This Row],[Inherent Likelihood Level]])","v":"-- Select Likelihood --"},{"$f":"IF(RiskRegister[[#This Row],[Risk Status]]=\"Closed\",RiskRegister[[#This Row],[Residual-I-L-Combo]],RiskRegister[[#This Row],[Inherent-I-L-Combo]])","v":"-- Select Impact ----- Select Likelihood --"},"-- Error --"]
[472,{"$nulls":5},"-- Select Risk Category --",null,"-- select department --",null,null,"-- Select Impact --",{"$f":"VLOOKUP(RiskRegister[[#This Row],[Inherent Impact Level]],'Rating factors'!$F$4:$G$9,2,FALSE)","v":"--- Error ---"},"-- Select Likelihood --",{"$f":"VLOOKUP(RiskRegister[[#This Row],[Inherent Likelihood Level]],'Rating factors'!$F$16:$G$21,2,FALSE)","v":"--- Error ---"},{"$f":"IFERROR(VLOOKUP(RiskRegister[[#This Row],[Inherent Risk Rating]],'Rating factors'!$F$30:$G$44,2,FALSE),\"-- Error --\")","v":"-- Error --"},{"$f":"IFERROR(RiskRegister[[#This Row],[Inherent Impact Rating]]*RiskRegister[[#This Row],[Inherent Likelihood Rating]],\"-- Error --\")","v":"-- Error --"},"-- Select Risk Response --",null,"-- Select Impact --",{"$f":"VLOOKUP(RiskRegister[[#This Row],[Residual Impact Level]],'Rating factors'!$F$4:$G$9,2,FALSE)","v":"--- Error ---"},"-- Select Likelihood --",{"$f":"VLOOKUP(RiskRegister[[#This Row],[Residual Likelihood Level]],'Rating factors'!$F$16:$G$21,2,FALSE)","v":"--- Error ---"},{"$f":"IFERROR(VLOOKUP(RiskRegister[[#This Row],[Residual Risk Rating]],'Rating factors'!$F$30:$G$44,2,FALSE),\"-- Error --\")","v":"-- Error --"},{"$f":"IFERROR(RiskRegister[[#This Row],[Residual Impact Rating]]*RiskRegister[[#This Row],[Residual Likelihood Rating]],\"-- Error --\")","v":"-- Error --"},"-- Select Risk Status --",{"$nulls":3},{"$f":"IF(ISBLANK(RiskRegister[[#This Row],[Risk Due Date]]), \"Missing Risk Due Date\", IF(RiskRegister[[#This Row],[Risk Due Date]] < TODAY(), \"Overdue\", \"Not Overdue\"))","v":"Missing Risk Due Date"},null,{"$f":"IF(ISBLANK(RiskRegister[[#This Row],[Risk Due Date]]), \"Missing Risk Due Date\", TEXT(RiskRegister[[#This Row],[Risk Due Date]], \"YYYY-MM\"))","v":"Missing Risk Due Date"},{"$f":"IF(RiskRegister[[#This Row],[Created Date]]=\"\",\"Created Date missing\",(TEXT(RiskRegister[[#This Row],[Created Date]],\"mmm\") & \"-\" & YEAR(RiskRegister[[#This Row],[Created Date]])))","v":"Created Date missing"},{"$f":"IF(RiskRegister[[#This Row],[Risk Status]]=\"Closed\",RiskRegister[[#This Row],[Risk Close Date]],RiskRegister[[#This Row],[Risk Due Date]])","v":"00:00:00"},{"$f":"IF(RiskRegister[[#This Row],[Risk-Change-Date]]=0,DATE(2030,1,1),RiskRegister[[#This Row],[Risk-Change-Date]])","v":"2030-01-01"},{"$f":"RiskRegister[[#This Row],[Inherent Impact Level]]&\"-\"&RiskRegister[[#This Row],[Inherent Likelihood Level]]","v":"-- Select Impact ----- Select Likelihood --"},{"$f":"RiskRegister[[#This Row],[Residual Impact Level]]&\"-\"&RiskRegister[[#This Row],[Residual Likelihood Level]]","v":"-- Select Impact ----- Select Likelihood --"},"Error",{"$f":"IF(RiskRegister[[#This Row],[Risk Status]]=\"Closed\",RiskRegister[[#This Row],[Residual Impact Level]],RiskRegister[[#This Row],[Inherent Impact Level]])","v":"-- Select Impact --"},{"$f":"IF(RiskRegister[[#This Row],[Risk Status]]=\"Closed\",RiskRegister[[#This Row],[Residual Likelihood Level]],RiskRegister[[#This Row],[Inherent Likelihood Level]])","v":"-- Select Likelihood --"},{"$f":"IF(RiskRegister[[#This Row],[Risk Status]]=\"Closed\",RiskRegister[[#This Row],[Residual-I-L-Combo]],RiskRegister[[#This Row],[Inherent-I-L-Combo]])","v":"-- Select Impact ----- Select Likelihood --"},"-- Error --"]
[473,{"$nulls":5},"-- Select Risk Category --",null,"-- select department --",null,null,"-- Select Impact --",{"$f":"VLOOKUP(RiskRegister[[#This Row],[Inherent Impact Level]],'Rating factors'!$F$4:$G$9,2,FALSE)","v":"--- Error ---"},"-- Select Likelihood --",{"$f":"VLOOKUP(RiskRegister[[#This Row],[Inherent Likelihood Level]],'Rating factors'!$F$16:$G$21,2,FALSE)","v":"--- Error ---"},{"$f":"IFERROR(VLOOKUP(RiskRegister[[#This Row],[Inherent Risk Rating]],'Rating factors'!$F$30:$G$44,2,FALSE),\"-- Error --\")","v":"-- Error --"},{"$f":"IFERROR(RiskRegister[[#This Row],[Inherent Impact Rating]]*RiskRegister[[#This Row],[Inherent Likelihood Rating]],\"-- Error --\")","v":"-- Error --"},"-- Select Risk Response --",null,"-- Select Impact --",{"$f":"VLOOKUP(RiskRegister[[#This Row],[Residual Impact Level]],'Rating factors'!$F$4:$G$9,2,FALSE)","v":"--- Error ---"},"-- Select Likelihood --",{"$f":"VLOOKUP(RiskRegister[[#This Row],[Residual Likelihood Level]],'Rating factors'!$F$16:$G$21,2,FALSE)","v":"--- Error ---"},{"$f":"IFERROR(VLOOKUP(RiskRegister[[#This Row],[Residual Risk Rating]],'Rating factors'!$F$30:$G$44,2,FALSE),\"-- Error --\")","v":"-- Error --"},{"$f":"IFERROR(RiskRegister[[#This Row],[Residual Impact Rating]]*RiskRegister[[#This Row],[Residual Likelihood Rating]],\"-- Error --\")","v":"-- Error --"},"-- Select Risk Status --",{"$nulls":3},{"$f":"IF(ISBLANK(RiskRegister[[#This Row],[Risk Due Date]]), \"Missing Risk Due Date\", IF(RiskRegister[[#This Row],[Risk Due Date]] < TODAY(), \"Overdue\", \"Not Overdue\"))","v":"Missing Risk Due Date"},null,{"$f":"IF(ISBLANK(RiskRegister[[#This Row],[Risk Due Date]]), \"Missing Risk Due Date\", TEXT(RiskRegister[[#This Row],[Risk Due Date]], \"YYYY-MM\"))","v":"Missing Risk Due Date"},{"$f":"IF(RiskRegister[[#This Row],[Created Date]]=\"\",\"Created Date missing\",(TEXT(RiskRegister[[#This Row],[Created Date]],\"mmm\") & \"-\" & YEAR(RiskRegister[[#This Row],[Created Date]])))","v":"Created Date missing"},{"$f":"IF(RiskRegister[[#This Row],[Risk Status]]=\"Closed\",RiskRegister[[#This Row],[Risk Close Date]],RiskRegister[[#This Row],[Risk Due Date]])","v":"00:00:00"},{"$f":"IF(RiskRegister[[#This Row],[Risk-Change-Date]]=0,DATE(2030,1,1),RiskRegister[[#This Row],[Risk-Change-Date]])","v":"2030-01-01"},{"$f":"RiskRegister[[#This Row],[Inherent Impact Level]]&\"-\"&RiskRegister[[#This Row],[Inherent Likelihood Level]]","v":"-- Select Impact ----- Select Likelihood --"},{"$f":"RiskRegister[[#This Row],[Residual Impact Level]]&\"-\"&RiskRegister[[#This Row],[Residual Likelihood Level]]","v":"-- Select Impact ----- Select Likelihood --"},"Error",{"$f":"IF(RiskRegister[[#This Row],[Risk Status]]=\"Closed\",RiskRegister[[#This Row],[Residual Impact Level]],RiskRegister[[#This Row],[Inherent Impact Level]])","v":"-- Select Impact --"},{"$f":"IF(RiskRegister[[#This Row],[Risk Status]]=\"Closed\",RiskRegister[[#This Row],[Residual Likelihood Level]],RiskRegister[[#This Row],[Inherent Likelihood Level]])","v":"-- Select Likelihood --"},{"$f":"IF(RiskRegister[[#This Row],[Risk Status]]=\"Closed\",RiskRegister[[#This Row],[Residual-I-L-Combo]],RiskRegister[[#This Row],[Inherent-I-L-Combo]])","v":"-- Select Impact ----- Select Likelihood --"},"-- Error --"]
[474,{"$nulls":5},"-- Select Risk Category --",null,"-- select department --",null,null,"-- Select Impact --",{"$f":"VLOOKUP(RiskRegister[[#This Row],[Inherent Impact Level]],'Rating factors'!$F$4:$G$9,2,FALSE)","v":"--- Error ---"},"-- Select Likelihood --",{"$f":"VLOOKUP(RiskRegister[[#This Row],[Inherent Likelihood Level]],'Rating factors'!$F$16:$G$21,2,FALSE)","v":"--- Error ---"},{"$f":"IFERROR(VLOOKUP(RiskRegister[[#This Row],[Inherent Risk Rating]],'Rating factors'!$F$30:$G$44,2,FALSE),\"-- Error --\")","v":"-- Error --"},{"$f":"IFERROR(RiskRegister[[#This Row],[Inherent Impact Rating]]*RiskRegister[[#This Row],[Inherent Likelihood Rating]],\"-- Error --\")","v":"-- Error --"},"-- Select Risk Response --",null,"-- Select Impact --",{"$f":"VLOOKUP(RiskRegister[[#This Row],[Residual Impact Level]],'Rating factors'!$F$4:$G$9,2,FALSE)","v":"--- Error ---"},"-- Select Likelihood --",{"$f":"VLOOKUP(RiskRegister[[#This Row],[Residual Likelihood Level]],'Rating factors'!$F$16:$G$21,2,FALSE)","v":"--- Error ---"},{"$f":"IFERROR(VLOOKUP(RiskRegister[[#This Row],[Residual Risk Rating]],'Rating factors'!$F$30:$G$44,2,FALSE),\"-- Error --\")","v":"-- Error --"},{"$f":"IFERROR(RiskRegister[[#This Row],[Residual Impact Rating]]*RiskRegister[[#This Row],[Residual Likelihood Rating]],\"-- Error --\")","v":"-- Error --"},"-- Select Risk Status --",{"$nulls":3},{"$f":"IF(ISBLANK(RiskRegister[[#This Row],[Risk Due Date]]), \"Missing Risk Due Date\", IF(RiskRegister[[#This Row],[Risk Due Date]] < TODAY(), \"Overdue\", \"Not Overdue\"))","v":"Missing Risk Due Date"},null,{"$f":"IF(ISBLANK(RiskRegister[[#This Row],[Risk Due Date]]), \"Missing Risk Due Date\", TEXT(RiskRegister[[#This Row],[Risk Due Date]], \"YYYY-MM\"))","v":"Missing Risk Due Date"},{"$f":"IF(RiskRegister[[#This Row],[Created Date]]=\"\",\"Created Date missing\",(TEXT(RiskRegister[[#This Row],[Created Date]],\"mmm\") & \"-\" & YEAR(RiskRegister[[#This Row],[Created Date]])))","v":"Created Date missing"},{"$f":"IF(RiskRegister[[#This Row],[Risk Status]]=\"Closed\",RiskRegister[[#This Row],[Risk Close Date]],RiskRegister[[#This Row],[Risk Due Date]])","v":"00:00:00"},{"$f":"IF(RiskRegister[[#This Row],[Risk-Change-Date]]=0,DATE(2030,1,1),RiskRegister[[#This Row],[Risk-Change-Date]])","v":"2030-01-01"},{"$f":"RiskRegister[[#This Row],[Inherent Impact Level]]&\"-\"&RiskRegister[[#This Row],[Inherent Likelihood Level]]","v":"-- Select Impact ----- Select Likelihood --"},{"$f":"RiskRegister[[#This Row],[Residual Impact Level]]&\"-\"&RiskRegister[[#This Row],[Residual Likelihood Level]]","v":"-- Select Impact ----- Select Likelihood --"},"Error",{"$f":"IF(RiskRegister[[#This Row],[Risk Status]]=\"Closed\",RiskRegister[[#This Row],[Residual Impact Level]],RiskRegister[[#This Row],[Inherent Impact Level]])","v":"-- Select Impact --"},{"$f":"IF(RiskRegister[[#This Row],[Risk Status]]=\"Closed\",RiskRegister[[#This Row],[Residual Likelihood Level]],RiskRegister[[#This Row],[Inherent Likelihood Level]])","v":"-- Select Likelihood --"},{"$f":"IF(RiskRegister[[#This Row],[Risk Status]]=\"Closed\",RiskRegister[[#This Row],[Residual-I-L-Combo]],RiskRegister[[#This Row],[Inherent-I-L-Combo]])","v":"-- Select Impact ----- Select Likelihood --"},"-- Error --"]
[475,{"$nulls":5},"-- Select Risk Category --",null,"-- select department --",null,null,"-- Select Impact --",{"$f":"VLOOKUP(RiskRegister[[#This Row],[Inherent Impact Level]],'Rating factors'!$F$4:$G$9,2,FALSE)","v":"--- Error ---"},"-- Select Likelihood --",{"$f":"VLOOKUP(RiskRegister[[#This Row],[Inherent Likelihood Level]],'Rating factors'!$F$16:$G$21,2,FALSE)","v":"--- Error ---"},{"$f":"IFERROR(VLOOKUP(RiskRegister[[#This Row],[Inherent Risk Rating]],'Rating factors'!$F$30:$G$44,2,FALSE),\"-- Error --\")","v":"-- Error --"},{"$f":"IFERROR(RiskRegister[[#This Row],[Inherent Impact Rating]]*RiskRegister[[#This Row],[Inherent Likelihood Rating]],\"-- Error --\")","v":"-- Error --"},"-- Select Risk Response --",null,"-- Select Impact --",{"$f":"VLOOKUP(RiskRegister[[#This Row],[Residual Impact Level]],'Rating factors'!$F$4:$G$9,2,FALSE)","v":"--- Error ---"},"-- Select Likelihood --",{"$f":"VLOOKUP(RiskRegister[[#This Row],[Residual Likelihood Level]],'Rating factors'!$F$16:$G$21,2,FALSE)","v":"--- Error ---"},{"$f":"IFERROR(VLOOKUP(RiskRegister[[#This Row],[Residual Risk Rating]],'Rating factors'!$F$30:$G$44,2,FALSE),\"-- Error --\")","v":"-- Error --"},{"$f":"IFERROR(RiskRegister[[#This Row],[Residual Impact Rating]]*RiskRegister[[#This Row],[Residual Likelihood Rating]],\"-- Error --\")","v":"-- Error --"},"-- Select Risk Status --",{"$nulls":3},{"$f":"IF(ISBLANK(RiskRegister[[#This Row],[Risk Due Date]]), \"Missing Risk Due Date\", IF(RiskRegister[[#This Row],[Risk Due Date]] < TODAY(), \"Overdue\", \"Not Overdue\"))","v":"Missing Risk Due Date"},null,{"$f":"IF(ISBLANK(RiskRegister[[#This Row],[Risk Due Date]]), \"Missing Risk Due Date\", TEXT(RiskRegister[[#This Row],[Risk Due Date]], \"YYYY-MM\"))","v":"Missing Risk Due Date"},{"$f":"IF(RiskRegister[[#This Row],[Created Date]]=\"\",\"Created Date missing\",(TEXT(RiskRegister[[#This Row],[Created Date]],\"mmm\") & \"-\" & YEAR(RiskRegister[[#This Row],[Created Date]])))","v":"Created Date missing"},{"$f":"IF(RiskRegister[[#This Row],[Risk Status]]=\"Closed\",RiskRegister[[#This Row],[Risk Close Date]],RiskRegister[[#This Row],[Risk Due Date]])","v":"00:00:00"},{"$f":"IF(RiskRegister[[#This Row],[Risk-Change-Date]]=0,DATE(2030,1,1),RiskRegister[[#This Row],[Risk-Change-Date]])","v":"2030-01-01"},{"$f":"RiskRegister[[#This Row],[Inherent Impact Level]]&\"-\"&RiskRegister[[#This Row],[Inherent Likelihood Level]]","v":"-- Select Impact ----- Select Likelihood --"},{"$f":"RiskRegister[[#This Row],[Residual Impact Level]]&\"-\"&RiskRegister[[#This Row],[Residual Likelihood Level]]","v":"-- Select Impact ----- Select Likelihood --"},"Error",{"$f":"IF(RiskRegister[[#This Row],[Risk Status]]=\"Closed\",RiskRegister[[#This Row],[Residual Impact Level]],RiskRegister[[#This Row],[Inherent Impact Level]])","v":"-- Select Impact --"},{"$f":"IF(RiskRegister[[#This Row],[Risk Status]]=\"Closed\",RiskRegister[[#This Row],[Residual Likelihood Level]],RiskRegister[[#This Row],[Inherent Likelihood Level]])","v":"-- Select Likelihood --"},{"$f":"IF(RiskRegister[[#This Row],[Risk Status]]=\"Closed\",RiskRegister[[#This Row],[Residual-I-L-Combo]],RiskRegister[[#This Row],[Inherent-I-L-Combo]])","v":"-- Select Impact ----- Select Likelihood --"},"-- Error --"]
[476,{"$nulls":5},"-- Select Risk Category --",null,"-- select department --",null,null,"-- Select Impact --",{"$f":"VLOOKUP(RiskRegister[[#This Row],[Inherent Impact Level]],'Rating factors'!$F$4:$G$9,2,FALSE)","v":"--- Error ---"},"-- Select Likelihood --",{"$f":"VLOOKUP(RiskRegister[[#This Row],[Inherent Likelihood Level]],'Rating factors'!$F$16:$G$21,2,FALSE)","v":"--- Error ---"},{"$f":"IFERROR(VLOOKUP(RiskRegister[[#This Row],[Inherent Risk Rating]],'Rating factors'!$F$30:$G$44,2,FALSE),\"-- Error --\")","v":"-- Error --"},{"$f":"IFERROR(RiskRegister[[#This Row],[Inherent Impact Rating]]*RiskRegister[[#This Row],[Inherent Likelihood Rating]],\"-- Error --\")","v":"-- Error --"},"-- Select Risk Response --",null,"-- Select Impact --",{"$f":"VLOOKUP(RiskRegister[[#This Row],[Residual Impact Level]],'Rating factors'!$F$4:$G$9,2,FALSE)","v":"--- Error ---"},"-- Select Likelihood --",{"$f":"VLOOKUP(RiskRegister[[#This Row],[Residual Likelihood Level]],'Rating factors'!$F$16:$G$21,2,FALSE)","v":"--- Error ---"},{"$f":"IFERROR(VLOOKUP(RiskRegister[[#This Row],[Residual Risk Rating]],'Rating factors'!$F$30:$G$44,2,FALSE),\"-- Error --\")","v":"-- Error --"},{"$f":"IFERROR(RiskRegister[[#This Row],[Residual Impact Rating]]*RiskRegister[[#This Row],[Residual Likelihood Rating]],\"-- Error --\")","v":"-- Error --"},"-- Select Risk Status --",{"$nulls":3},{"$f":"IF(ISBLANK(RiskRegister[[#This Row],[Risk Due Date]]), \"Missing Risk Due Date\", IF(RiskRegister[[#This Row],[Risk Due Date]] < TODAY(), \"Overdue\", \"Not Overdue\"))","v":"Missing Risk Due Date"},null,{"$f":"IF(ISBLANK(RiskRegister[[#This Row],[Risk Due Date]]), \"Missing Risk Due Date\", TEXT(RiskRegister[[#This Row],[Risk Due Date]], \"YYYY-MM\"))","v":"Missing Risk Due Date"},{"$f":"IF(RiskRegister[[#This Row],[Created Date]]=\"\",\"Created Date missing\",(TEXT(RiskRegister[[#This Row],[Created Date]],\"mmm\") & \"-\" & YEAR(RiskRegister[[#This Row],[Created Date]])))","v":"Created Date missing"},{"$f":"IF(RiskRegister[[#This Row],[Risk Status]]=\"Closed\",RiskRegister[[#This Row],[Risk Close Date]],RiskRegister[[#This Row],[Risk Due Date]])","v":"00:00:00"},{"$f":"IF(RiskRegister[[#This Row],[Risk-Change-Date]]=0,DATE(2030,1,1),RiskRegister[[#This Row],[Risk-Change-Date]])","v":"2030-01-01"},{"$f":"RiskRegister[[#This Row],[Inherent Impact Level]]&\"-\"&RiskRegister[[#This Row],[Inherent Likelihood Level]]","v":"-- Select Impact ----- Select Likelihood --"},{"$f":"RiskRegister[[#This Row],[Residual Impact Level]]&\"-\"&RiskRegister[[#This Row],[Residual Likelihood Level]]","v":"-- Select Impact ----- Select Likelihood --"},"Error",{"$f":"IF(RiskRegister[[#This Row],[Risk Status]]=\"Closed\",RiskRegister[[#This Row],[Residual Impact Level]],RiskRegister[[#This Row],[Inherent Impact Level]])","v":"-- Select Impact --"},{"$f":"IF(RiskRegister[[#This Row],[Risk Status]]=\"Closed\",RiskRegister[[#This Row],[Residual Likelihood Level]],RiskRegister[[#This Row],[Inherent Likelihood Level]])","v":"-- Select Likelihood --"},{"$f":"IF(RiskRegister[[#This Row],[Risk Status]]=\"Closed\",RiskRegister[[#This Row],[Residual-I-L-Combo]],RiskRegister[[#This Row],[Inherent-I-L-Combo]])","v":"-- Select Impact ----- Select Likelihood --"},"-- Error --"]
[477,{"$nulls":5},"-- Select Risk Category --",null,"-- select department --",null,null,"-- Select Impact --",{"$f":"VLOOKUP(RiskRegister[[#This Row],[Inherent Impact Level]],'Rating factors'!$F$4:$G$9,2,FALSE)","v":"--- Error ---"},"-- Select Likelihood --",{"$f":"VLOOKUP(RiskRegister[[#This Row],[Inherent Likelihood Level]],'Rating factors'!$F$16:$G$21,2,FALSE)","v":"--- Error ---"},{"$f":"IFERROR(VLOOKUP(RiskRegister[[#This Row],[Inherent Risk Rating]],'Rating factors'!$F$30:$G$44,2,FALSE),\"-- Error --\")","v":"-- Error --"},{"$f":"IFERROR(RiskRegister[[#This Row],[Inherent Impact Rating]]*RiskRegister[[#This Row],[Inherent Likelihood Rating]],\"-- Error --\")","v":"-- Error --"},"-- Select Risk Response --",null,"-- Select Impact --",{"$f":"VLOOKUP(RiskRegister[[#This Row],[Residual Impact Level]],'Rating factors'!$F$4:$G$9,2,FALSE)","v":"--- Error ---"},"-- Select Likelihood --",{"$f":"VLOOKUP(RiskRegister[[#This Row],[Residual Likelihood Level]],'Rating factors'!$F$16:$G$21,2,FALSE)","v":"--- Error ---"},{"$f":"IFERROR(VLOOKUP(RiskRegister[[#This Row],[Residual Risk Rating]],'Rating factors'!$F$30:$G$44,2,FALSE),\"-- Error --\")","v":"-- Error --"},{"$f":"IFERROR(RiskRegister[[#This Row],[Residual Impact Rating]]*RiskRegister[[#This Row],[Residual Likelihood Rating]],\"-- Error --\")","v":"-- Error --"},"-- Select Risk Status --",{"$nulls":3},{"$f":"IF(ISBLANK(RiskRegister[[#This Row],[Risk Due Date]]), \"Missing Risk Due Date\", IF(RiskRegister[[#This Row],[Risk Due Date]] < TODAY(), \"Overdue\", \"Not Overdue\"))","v":"Missing Risk Due Date"},null,{"$f":"IF(ISBLANK(RiskRegister[[#This Row],[Risk Due Date]]), \"Missing Risk Due Date\", TEXT(RiskRegister[[#This Row],[Risk Due Date]], \"YYYY-MM\"))","v":"Missing Risk Due Date"},{"$f":"IF(RiskRegister[[#This Row],[Created Date]]=\"\",\"Created Date missing\",(TEXT(RiskRegister[[#This Row],[Created Date]],\"mmm\") & \"-\" & YEAR(RiskRegister[[#This Row],[Created Date]])))","v":"Created Date missing"},{"$f":"IF(RiskRegister[[#This Row],[Risk Status]]=\"Closed\",RiskRegister[[#This Row],[Risk Close Date]],RiskRegister[[#This Row],[Risk Due Date]])","v":"00:00:00"},{"$f":"IF(RiskRegister[[#This Row],[Risk-Change-Date]]=0,DATE(2030,1,1),RiskRegister[[#This Row],[Risk-Change-Date]])","v":"2030-01-01"},{"$f":"RiskRegister[[#This Row],[Inherent Impact Level]]&\"-\"&RiskRegister[[#This Row],[Inherent Likelihood Level]]","v":"-- Select Impact ----- Select Likelihood --"},{"$f":"RiskRegister[[#This Row],[Residual Impact Level]]&\"-\"&RiskRegister[[#This Row],[Residual Likelihood Level]]","v":"-- Select Impact ----- Select Likelihood --"},"Error",{"$f":"IF(RiskRegister[[#This Row],[Risk Status]]=\"Closed\",RiskRegister[[#This Row],[Residual Impact Level]],RiskRegister[[#This Row],[Inherent Impact Level]])","v":"-- Select Impact --"},{"$f":"IF(RiskRegister[[#This Row],[Risk Status]]=\"Closed\",RiskRegister[[#This Row],[Residual Likelihood Level]],RiskRegister[[#This Row],[Inherent Likelihood Level]])","v":"-- Select Likelihood --"},{"$f":"IF(RiskRegister[[#This Row],[Risk Status]]=\"Closed\",RiskRegister[[#This Row],[Residual-I-L-Combo]],RiskRegister[[#This Row],[Inherent-I-L-Combo]])","v":"-- Select Impact ----- Select Likelihood --"},"-- Error --"]
[478,{"$nulls":5},"-- Select Risk Category --",null,"-- select department --",null,null,"-- Select Impact --",{"$f":"VLOOKUP(RiskRegister[[#This Row],[Inherent Impact Level]],'Rating factors'!$F$4:$G$9,2,FALSE)","v":"--- Error ---"},"-- Select Likelihood --",{"$f":"VLOOKUP(RiskRegister[[#This Row],[Inherent Likelihood Level]],'Rating factors'!$F$16:$G$21,2,FALSE)","v":"--- Error ---"},{"$f":"IFERROR(VLOOKUP(RiskRegister[[#This Row],[Inherent Risk Rating]],'Rating factors'!$F$30:$G$44,2,FALSE),\"-- Error --\")","v":"-- Error --"},{"$f":"IFERROR(RiskRegister[[#This Row],[Inherent Impact Rating]]*RiskRegister[[#This Row],[Inherent Likelihood Rating]],\"-- Error --\")","v":"-- Error --"},"-- Select Risk Response --",null,"-- Select Impact --",{"$f":"VLOOKUP(RiskRegister[[#This Row],[Residual Impact Level]],'Rating factors'!$F$4:$G$9,2,FALSE)","v":"--- Error ---"},"-- Select Likelihood --",{"$f":"VLOOKUP(RiskRegister[[#This Row],[Residual Likelihood Level]],'Rating factors'!$F$16:$G$21,2,FALSE)","v":"--- Error ---"},{"$f":"IFERROR(VLOOKUP(RiskRegister[[#This Row],[Residual Risk Rating]],'Rating factors'!$F$30:$G$44,2,FALSE),\"-- Error --\")","v":"-- Error --"},{"$f":"IFERROR(RiskRegister[[#This Row],[Residual Impact Rating]]*RiskRegister[[#This Row],[Residual Likelihood Rating]],\"-- Error --\")","v":"-- Error --"},"-- Select Risk Status --",{"$nulls":3},{"$f":"IF(ISBLANK(RiskRegister[[#This Row],[Risk Due Date]]), \"Missing Risk Due Date\", IF(RiskRegister[[#This Row],[Risk Due Date]] < TODAY(), \"Overdue\", \"Not Overdue\"))","v":"Missing Risk Due Date"},null,{"$f":"IF(ISBLANK(RiskRegister[[#This Row],[Risk Due Date]]), \"Missing Risk Due Date\", TEXT(RiskRegister[[#This Row],[Risk Due Date]], \"YYYY-MM\"))","v":"Missing Risk Due Date"},{"$f":"IF(RiskRegister[[#This Row],[Created Date]]=\"\",\"Created Date missing\",(TEXT(RiskRegister[[#This Row],[Created Date]],\"mmm\") & \"-\" & YEAR(RiskRegister[[#This Row],[Created Date]])))","v":"Created Date missing"},{"$f":"IF(RiskRegister[[#This Row],[Risk Status]]=\"Closed\",RiskRegister[[#This Row],[Risk Close Date]],RiskRegister[[#This Row],[Risk Due Date]])","v":"00:00:00"},{"$f":"IF(RiskRegister[[#This Row],[Risk-Change-Date]]=0,DATE(2030,1,1),RiskRegister[[#This Row],[Risk-Change-Date]])","v":"2030-01-01"},{"$f":"RiskRegister[[#This Row],[Inherent Impact Level]]&\"-\"&RiskRegister[[#This Row],[Inherent Likelihood Level]]","v":"-- Select Impact ----- Select Likelihood --"},{"$f":"RiskRegister[[#This Row],[Residual Impact Level]]&\"-\"&RiskRegister[[#This Row],[Residual Likelihood Level]]","v":"-- Select Impact ----- Select Likelihood --"},"Error",{"$f":"IF(RiskRegister[[#This Row],[Risk Status]]=\"Closed\",RiskRegister[[#This Row],[Residual Impact Level]],RiskRegister[[#This Row],[Inherent Impact Level]])","v":"-- Select Impact --"},{"$f":"IF(RiskRegister[[#This Row],[Risk Status]]=\"Closed\",RiskRegister[[#This Row],[Residual Likelihood Level]],RiskRegister[[#This Row],[Inherent Likelihood Level]])","v":"-- Select Likelihood --"},{"$f":"IF(RiskRegister[[#This Row],[Risk Status]]=\"Closed\",RiskRegister[[#This Row],[Residual-I-L-Combo]],RiskRegister[[#This Row],[Inherent-I-L-Combo]])","v":"-- Select Impact ----- Select Likelihood --"},"-- Error --"]
[479,{"$nulls":5},"-- Select Risk Category --",null,"-- select department --",null,null,"-- Select Impact --",{"$f":"VLOOKUP(RiskRegister[[#This Row],[Inherent Impact Level]],'Rating factors'!$F$4:$G$9,2,FALSE)","v":"--- Error ---"},"-- Select Likelihood --",{"$f":"VLOOKUP(RiskRegister[[#This Row],[Inherent Likelihood Level]],'Rating factors'!$F$16:$G$21,2,FALSE)","v":"--- Error ---"},{"$f":"IFERROR(VLOOKUP(RiskRegister[[#This Row],[Inherent Risk Rating]],'Rating factors'!$F$30:$G$44,2,FALSE),\"-- Error --\")","v":"-- Error --"},{"$f":"IFERROR(RiskRegister[[#This Row],[Inherent Impact Rating]]*RiskRegister[[#This Row],[Inherent Likelihood Rating]],\"-- Error --\")","v":"-- Error --"},"-- Select Risk Response --",null,"-- Select Impact --",{"$f":"VLOOKUP(RiskRegister[[#This Row],[Residual Impact Level]],'Rating factors'!$F$4:$G$9,2,FALSE)","v":"--- Error ---"},"-- Select Likelihood --",{"$f":"VLOOKUP(RiskRegister[[#This Row],[Residual Likelihood Level]],'Rating factors'!$F$16:$G$21,2,FALSE)","v":"--- Error ---"},{"$f":"IFERROR(VLOOKUP(RiskRegister[[#This Row],[Residual Risk Rating]],'Rating factors'!$F$30:$G$44,2,FALSE),\"-- Error --\")","v":"-- Error --"},{"$f":"IFERROR(RiskRegister[[#This Row],[Residual Impact Rating]]*RiskRegister[[#This Row],[Residual Likelihood Rating]],\"-- Error --\")","v":"-- Error --"},"-- Select Risk Status --",{"$nulls":3},{"$f":"IF(ISBLANK(RiskRegister[[#This Row],[Risk Due Date]]), \"Missing Risk Due Date\", IF(RiskRegister[[#This Row],[Risk Due Date]] < TODAY(), \"Overdue\", \"Not Overdue\"))","v":"Missing Risk Due Date"},null,{"$f":"IF(ISBLANK(RiskRegister[[#This Row],[Risk Due Date]]), \"Missing Risk Due Date\", TEXT(RiskRegister[[#This Row],[Risk Due Date]], \"YYYY-MM\"))","v":"Missing Risk Due Date"},{"$f":"IF(RiskRegister[[#This Row],[Created Date]]=\"\",\"Created Date missing\",(TEXT(RiskRegister[[#This Row],[Created Date]],\"mmm\") & \"-\" & YEAR(RiskRegister[[#This Row],[Created Date]])))","v":"Created Date missing"},{"$f":"IF(RiskRegister[[#This Row],[Risk Status]]=\"Closed\",RiskRegister[[#This Row],[Risk Close Date]],RiskRegister[[#This Row],[Risk Due Date]])","v":"00:00:00"},{"$f":"IF(RiskRegister[[#This Row],[Risk-Change-Date]]=0,DATE(2030,1,1),RiskRegister[[#This Row],[Risk-Change-Date]])","v":"2030-01-01"},{"$f":"RiskRegister[[#This Row],[Inherent Impact Level]]&\"-\"&RiskRegister[[#This Row],[Inherent Likelihood Level]]","v":"-- Select Impact ----- Select Likelihood --"},{"$f":"RiskRegister[[#This Row],[Residual Impact Level]]&\"-\"&RiskRegister[[#This Row],[Residual Likelihood Level]]","v":"-- Select Impact ----- Select Likelihood --"},"Error",{"$f":"IF(RiskRegister[[#This Row],[Risk Status]]=\"Closed\",RiskRegister[[#This Row],[Residual Impact Level]],RiskRegister[[#This Row],[Inherent Impact Level]])","v":"-- Select Impact --"},{"$f":"IF(RiskRegister[[#This Row],[Risk Status]]=\"Closed\",RiskRegister[[#This Row],[Residual Likelihood Level]],RiskRegister[[#This Row],[Inherent Likelihood Level]])","v":"-- Select Likelihood --"},{"$f":"IF(RiskRegister[[#This Row],[Risk Status]]=\"Closed\",RiskRegister[[#This Row],[Residual-I-L-Combo]],RiskRegister[[#This Row],[Inherent-I-L-Combo]])","v":"-- Select Impact ----- Select Likelihood --"},"-- Error --"]
[480,{"$nulls":5},"-- Select Risk Category --",null,"-- select department --",null,null,"-- Select Impact --",{"$f":"VLOOKUP(RiskRegister[[#This Row],[Inherent Impact Level]],'Rating factors'!$F$4:$G$9,2,FALSE)","v":"--- Error ---"},"-- Select Likelihood --",{"$f":"VLOOKUP(RiskRegister[[#This Row],[Inherent Likelihood Level]],'Rating factors'!$F$16:$G$21,2,FALSE)","v":"--- Error ---"},{"$f":"IFERROR(VLOOKUP(RiskRegister[[#This Row],[Inherent Risk Rating]],'Rating factors'!$F$30:$G$44,2,FALSE),\"-- Error --\")","v":"-- Error --"},{"$f":"IFERROR(RiskRegister[[#This Row],[Inherent Impact Rating]]*RiskRegister[[#This Row],[Inherent Likelihood Rating]],\"-- Error --\")","v":"-- Error --"},"-- Select Risk Response --",null,"-- Select Impact --",{"$f":"VLOOKUP(RiskRegister[[#This Row],[Residual Impact Level]],'Rating factors'!$F$4:$G$9,2,FALSE)","v":"--- Error ---"},"-- Select Likelihood --",{"$f":"VLOOKUP(RiskRegister[[#This Row],[Residual Likelihood Level]],'Rating factors'!$F$16:$G$21,2,FALSE)","v":"--- Error ---"},{"$f":"IFERROR(VLOOKUP(RiskRegister[[#This Row],[Residual Risk Rating]],'Rating factors'!$F$30:$G$44,2,FALSE),\"-- Error --\")","v":"-- Error --"},{"$f":"IFERROR(RiskRegister[[#This Row],[Residual Impact Rating]]*RiskRegister[[#This Row],[Residual Likelihood Rating]],\"-- Error --\")","v":"-- Error --"},"-- Select Risk Status --",{"$nulls":3},{"$f":"IF(ISBLANK(RiskRegister[[#This Row],[Risk Due Date]]), \"Missing Risk Due Date\", IF(RiskRegister[[#This Row],[Risk Due Date]] < TODAY(), \"Overdue\", \"Not Overdue\"))","v":"Missing Risk Due Date"},null,{"$f":"IF(ISBLANK(RiskRegister[[#This Row],[Risk Due Date]]), \"Missing Risk Due Date\", TEXT(RiskRegister[[#This Row],[Risk Due Date]], \"YYYY-MM\"))","v":"Missing Risk Due Date"},{"$f":"IF(RiskRegister[[#This Row],[Created Date]]=\"\",\"Created Date missing\",(TEXT(RiskRegister[[#This Row],[Created Date]],\"mmm\") & \"-\" & YEAR(RiskRegister[[#This Row],[Created Date]])))","v":"Created Date missing"},{"$f":"IF(RiskRegister[[#This Row],[Risk Status]]=\"Closed\",RiskRegister[[#This Row],[Risk Close Date]],RiskRegister[[#This Row],[Risk Due Date]])","v":"00:00:00"},{"$f":"IF(RiskRegister[[#This Row],[Risk-Change-Date]]=0,DATE(2030,1,1),RiskRegister[[#This Row],[Risk-Change-Date]])","v":"2030-01-01"},{"$f":"RiskRegister[[#This Row],[Inherent Impact Level]]&\"-\"&RiskRegister[[#This Row],[Inherent Likelihood Level]]","v":"-- Select Impact ----- Select Likelihood --"},{"$f":"RiskRegister[[#This Row],[Residual Impact Level]]&\"-\"&RiskRegister[[#This Row],[Residual Likelihood Level]]","v":"-- Select Impact ----- Select Likelihood --"},"Error",{"$f":"IF(RiskRegister[[#This Row],[Risk Status]]=\"Closed\",RiskRegister[[#This Row],[Residual Impact Level]],RiskRegister[[#This Row],[Inherent Impact Level]])","v":"-- Select Impact --"},{"$f":"IF(RiskRegister[[#This Row],[Risk Status]]=\"Closed\",RiskRegister[[#This Row],[Residual Likelihood Level]],RiskRegister[[#This Row],[Inherent Likelihood Level]])","v":"-- Select Likelihood --"},{"$f":"IF(RiskRegister[[#This Row],[Risk Status]]=\"Closed\",RiskRegister[[#This Row],[Residual-I-L-Combo]],RiskRegister[[#This Row],[Inherent-I-L-Combo]])","v":"-- Select Impact ----- Select Likelihood --"},"-- Error --"]
[481,{"$nulls":5},"-- Select Risk Category --",null,"-- select department --",null,null,"-- Select Impact --",{"$f":"VLOOKUP(RiskRegister[[#This Row],[Inherent Impact Level]],'Rating factors'!$F$4:$G$9,2,FALSE)","v":"--- Error ---"},"-- Select Likelihood --",{"$f":"VLOOKUP(RiskRegister[[#This Row],[Inherent Likelihood Level]],'Rating factors'!$F$16:$G$21,2,FALSE)","v":"--- Error ---"},{"$f":"IFERROR(VLOOKUP(RiskRegister[[#This Row],[Inherent Risk Rating]],'Rating factors'!$F$30:$G$44,2,FALSE),\"-- Error --\")","v":"-- Error --"},{"$f":"IFERROR(RiskRegister[[#This Row],[Inherent Impact Rating]]*RiskRegister[[#This Row],[Inherent Likelihood Rating]],\"-- Error --\")","v":"-- Error --"},"-- Select Risk Response --",null,"-- Select Impact --",{"$f":"VLOOKUP(RiskRegister[[#This Row],[Residual Impact Level]],'Rating factors'!$F$4:$G$9,2,FALSE)","v":"--- Error ---"},"-- Select Likelihood --",{"$f":"VLOOKUP(RiskRegister[[#This Row],[Residual Likelihood Level]],'Rating factors'!$F$16:$G$21,2,FALSE)","v":"--- Error ---"},{"$f":"IFERROR(VLOOKUP(RiskRegister[[#This Row],[Residual Risk Rating]],'Rating factors'!$F$30:$G$44,2,FALSE),\"-- Error --\")","v":"-- Error --"},{"$f":"IFERROR(RiskRegister[[#This Row],[Residual Impact Rating]]*RiskRegister[[#This Row],[Residual Likelihood Rating]],\"-- Error --\")","v":"-- Error --"},"-- Select Risk Status --",{"$nulls":3},{"$f":"IF(ISBLANK(RiskRegister[[#This Row],[Risk Due Date]]), \"Missing Risk Due Date\", IF(RiskRegister[[#This Row],[Risk Due Date]] < TODAY(), \"Overdue\", \"Not Overdue\"))","v":"Missing Risk Due Date"},null,{"$f":"IF(ISBLANK(RiskRegister[[#This Row],[Risk Due Date]]), \"Missing Risk Due Date\", TEXT(RiskRegister[[#This Row],[Risk Due Date]], \"YYYY-MM\"))","v":"Missing Risk Due Date"},{"$f":"IF(RiskRegister[[#This Row],[Created Date]]=\"\",\"Created Date missing\",(TEXT(RiskRegister[[#This Row],[Created Date]],\"mmm\") & \"-\" & YEAR(RiskRegister[[#This Row],[Created Date]])))","v":"Created Date missing"},{"$f":"IF(RiskRegister[[#This Row],[Risk Status]]=\"Closed\",RiskRegister[[#This Row],[Risk Close Date]],RiskRegister[[#This Row],[Risk Due Date]])","v":"00:00:00"},{"$f":"IF(RiskRegister[[#This Row],[Risk-Change-Date]]=0,DATE(2030,1,1),RiskRegister[[#This Row],[Risk-Change-Date]])","v":"2030-01-01"},{"$f":"RiskRegister[[#This Row],[Inherent Impact Level]]&\"-\"&RiskRegister[[#This Row],[Inherent Likelihood Level]]","v":"-- Select Impact ----- Select Likelihood --"},{"$f":"RiskRegister[[#This Row],[Residual Impact Level]]&\"-\"&RiskRegister[[#This Row],[Residual Likelihood Level]]","v":"-- Select Impact ----- Select Likelihood --"},"Error",{"$f":"IF(RiskRegister[[#This Row],[Risk Status]]=\"Closed\",RiskRegister[[#This Row],[Residual Impact Level]],RiskRegister[[#This Row],[Inherent Impact Level]])","v":"-- Select Impact --"},{"$f":"IF(RiskRegister[[#This Row],[Risk Status]]=\"Closed\",RiskRegister[[#This Row],[Residual Likelihood Level]],RiskRegister[[#This Row],[Inherent Likelihood Level]])","v":"-- Select Likelihood --"},{"$f":"IF(RiskRegister[[#This Row],[Risk Status]]=\"Closed\",RiskRegister[[#This Row],[Residual-I-L-Combo]],RiskRegister[[#This Row],[Inherent-I-L-Combo]])","v":"-- Select Impact ----- Select Likelihood --"},"-- Error --"]
[482,{"$nulls":5},"-- Select Risk Category --",null,"-- select department --",null,null,"-- Select Impact --",{"$f":"VLOOKUP(RiskRegister[[#This Row],[Inherent Impact Level]],'Rating factors'!$F$4:$G$9,2,FALSE)","v":"--- Error ---"},"-- Select Likelihood --",{"$f":"VLOOKUP(RiskRegister[[#This Row],[Inherent Likelihood Level]],'Rating factors'!$F$16:$G$21,2,FALSE)","v":"--- Error ---"},{"$f":"IFERROR(VLOOKUP(RiskRegister[[#This Row],[Inherent Risk Rating]],'Rating factors'!$F$30:$G$44,2,FALSE),\"-- Error --\")","v":"-- Error --"},{"$f":"IFERROR(RiskRegister[[#This Row],[Inherent Impact Rating]]*RiskRegister[[#This Row],[Inherent Likelihood Rating]],\"-- Error --\")","v":"-- Error --"},"-- Select Risk Response --",null,"-- Select Impact --",{"$f":"VLOOKUP(RiskRegister[[#This Row],[Residual Impact Level]],'Rating factors'!$F$4:$G$9,2,FALSE)","v":"--- Error ---"},"-- Select Likelihood --",{"$f":"VLOOKUP(RiskRegister[[#This Row],[Residual Likelihood Level]],'Rating factors'!$F$16:$G$21,2,FALSE)","v":"--- Error ---"},{"$f":"IFERROR(VLOOKUP(RiskRegister[[#This Row],[Residual Risk Rating]],'Rating factors'!$F$30:$G$44,2,FALSE),\"-- Error --\")","v":"-- Error --"},{"$f":"IFERROR(RiskRegister[[#This Row],[Residual Impact Rating]]*RiskRegister[[#This Row],[Residual Likelihood Rating]],\"-- Error --\")","v":"-- Error --"},"-- Select Risk Status --",{"$nulls":3},{"$f":"IF(ISBLANK(RiskRegister[[#This Row],[Risk Due Date]]), \"Missing Risk Due Date\", IF(RiskRegister[[#This Row],[Risk Due Date]] < TODAY(), \"Overdue\", \"Not Overdue\"))","v":"Missing Risk Due Date"},null,{"$f":"IF(ISBLANK(RiskRegister[[#This Row],[Risk Due Date]]), \"Missing Risk Due Date\", TEXT(RiskRegister[[#This Row],[Risk Due Date]], \"YYYY-MM\"))","v":"Missing Risk Due Date"},{"$f":"IF(RiskRegister[[#This Row],[Created Date]]=\"\",\"Created Date missing\",(TEXT(RiskRegister[[#This Row],[Created Date]],\"mmm\") & \"-\" & YEAR(RiskRegister[[#This Row],[Created Date]])))","v":"Created Date missing"},{"$f":"IF(RiskRegister[[#This Row],[Risk Status]]=\"Closed\",RiskRegister[[#This Row],[Risk Close Date]],RiskRegister[[#This Row],[Risk Due Date]])","v":"00:00:00"},{"$f":"IF(RiskRegister[[#This Row],[Risk-Change-Date]]=0,DATE(2030,1,1),RiskRegister[[#This Row],[Risk-Change-Date]])","v":"2030-01-01"},{"$f":"RiskRegister[[#This Row],[Inherent Impact Level]]&\"-\"&RiskRegister[[#This Row],[Inherent Likelihood Level]]","v":"-- Select Impact ----- Select Likelihood --"},{"$f":"RiskRegister[[#This Row],[Residual Impact Level]]&\"-\"&RiskRegister[[#This Row],[Residual Likelihood Level]]","v":"-- Select Impact ----- Select Likelihood --"},"Error",{"$f":"IF(RiskRegister[[#This Row],[Risk Status]]=\"Closed\",RiskRegister[[#This Row],[Residual Impact Level]],RiskRegister[[#This Row],[Inherent Impact Level]])","v":"-- Select Impact --"},{"$f":"IF(RiskRegister[[#This Row],[Risk Status]]=\"Closed\",RiskRegister[[#This Row],[Residual Likelihood Level]],RiskRegister[[#This Row],[Inherent Likelihood Level]])","v":"-- Select Likelihood --"},{"$f":"IF(RiskRegister[[#This Row],[Risk Status]]=\"Closed\",RiskRegister[[#This Row],[Residual-I-L-Combo]],RiskRegister[[#This Row],[Inherent-I-L-Combo]])","v":"-- Select Impact ----- Select Likelihood --"},"-- Error --"]
[483,{"$nulls":5},"-- Select Risk Category --",null,"-- select department --",null,null,"-- Select Impact --",{"$f":"VLOOKUP(RiskRegister[[#This Row],[Inherent Impact Level]],'Rating factors'!$F$4:$G$9,2,FALSE)","v":"--- Error ---"},"-- Select Likelihood --",{"$f":"VLOOKUP(RiskRegister[[#This Row],[Inherent Likelihood Level]],'Rating factors'!$F$16:$G$21,2,FALSE)","v":"--- Error ---"},{"$f":"IFERROR(VLOOKUP(RiskRegister[[#This Row],[Inherent Risk Rating]],'Rating factors'!$F$30:$G$44,2,FALSE),\"-- Error --\")","v":"-- Error --"},{"$f":"IFERROR(RiskRegister[[#This Row],[Inherent Impact Rating]]*RiskRegister[[#This Row],[Inherent Likelihood Rating]],\"-- Error --\")","v":"-- Error --"},"-- Select Risk Response --",null,"-- Select Impact --",{"$f":"VLOOKUP(RiskRegister[[#This Row],[Residual Impact Level]],'Rating factors'!$F$4:$G$9,2,FALSE)","v":"--- Error ---"},"-- Select Likelihood --",{"$f":"VLOOKUP(RiskRegister[[#This Row],[Residual Likelihood Level]],'Rating factors'!$F$16:$G$21,2,FALSE)","v":"--- Error ---"},{"$f":"IFERROR(VLOOKUP(RiskRegister[[#This Row],[Residual Risk Rating]],'Rating factors'!$F$30:$G$44,2,FALSE),\"-- Error --\")","v":"-- Error --"},{"$f":"IFERROR(RiskRegister[[#This Row],[Residual Impact Rating]]*RiskRegister[[#This Row],[Residual Likelihood Rating]],\"-- Error --\")","v":"-- Error --"},"-- Select Risk Status --",{"$nulls":3},{"$f":"IF(ISBLANK(RiskRegister[[#This Row],[Risk Due Date]]), \"Missing Risk Due Date\", IF(RiskRegister[[#This Row],[Risk Due Date]] < TODAY(), \"Overdue\", \"Not Overdue\"))","v":"Missing Risk Due Date"},null,{"$f":"IF(ISBLANK(RiskRegister[[#This Row],[Risk Due Date]]), \"Missing Risk Due Date\", TEXT(RiskRegister[[#This Row],[Risk Due Date]], \"YYYY-MM\"))","v":"Missing Risk Due Date"},{"$f":"IF(RiskRegister[[#This Row],[Created Date]]=\"\",\"Created Date missing\",(TEXT(RiskRegister[[#This Row],[Created Date]],\"mmm\") & \"-\" & YEAR(RiskRegister[[#This Row],[Created Date]])))","v":"Created Date missing"},{"$f":"IF(RiskRegister[[#This Row],[Risk Status]]=\"Closed\",RiskRegister[[#This Row],[Risk Close Date]],RiskRegister[[#This Row],[Risk Due Date]])","v":"00:00:00"},{"$f":"IF(RiskRegister[[#This Row],[Risk-Change-Date]]=0,DATE(2030,1,1),RiskRegister[[#This Row],[Risk-Change-Date]])","v":"2030-01-01"},{"$f":"RiskRegister[[#This Row],[Inherent Impact Level]]&\"-\"&RiskRegister[[#This Row],[Inherent Likelihood Level]]","v":"-- Select Impact ----- Select Likelihood --"},{"$f":"RiskRegister[[#This Row],[Residual Impact Level]]&\"-\"&RiskRegister[[#This Row],[Residual Likelihood Level]]","v":"-- Select Impact ----- Select Likelihood --"},"Error",{"$f":"IF(RiskRegister[[#This Row],[Risk Status]]=\"Closed\",RiskRegister[[#This Row],[Residual Impact Level]],RiskRegister[[#This Row],[Inherent Impact Level]])","v":"-- Select Impact --"},{"$f":"IF(RiskRegister[[#This Row],[Risk Status]]=\"Closed\",RiskRegister[[#This Row],[Residual Likelihood Level]],RiskRegister[[#This Row],[Inherent Likelihood Level]])","v":"-- Select Likelihood --"},{"$f":"IF(RiskRegister[[#This Row],[Risk Status]]=\"Closed\",RiskRegister[[#This Row],[Residual-I-L-Combo]],RiskRegister[[#This Row],[Inherent-I-L-Combo]])","v":"-- Select Impact ----- Select Likelihood --"},"-- Error --"]
[484,{"$nulls":5},"-- Select Risk Category --",null,"-- select department --",null,null,"-- Select Impact --",{"$f":"VLOOKUP(RiskRegister[[#This Row],[Inherent Impact Level]],'Rating factors'!$F$4:$G$9,2,FALSE)","v":"--- Error ---"},"-- Select Likelihood --",{"$f":"VLOOKUP(RiskRegister[[#This Row],[Inherent Likelihood Level]],'Rating factors'!$F$16:$G$21,2,FALSE)","v":"--- Error ---"},{"$f":"IFERROR(VLOOKUP(RiskRegister[[#This Row],[Inherent Risk Rating]],'Rating factors'!$F$30:$G$44,2,FALSE),\"-- Error --\")","v":"-- Error --"},{"$f":"IFERROR(RiskRegister[[#This Row],[Inherent Impact Rating]]*RiskRegister[[#This Row],[Inherent Likelihood Rating]],\"-- Error --\")","v":"-- Error --"},"-- Select Risk Response --",null,"-- Select Impact --",{"$f":"VLOOKUP(RiskRegister[[#This Row],[Residual Impact Level]],'Rating factors'!$F$4:$G$9,2,FALSE)","v":"--- Error ---"},"-- Select Likelihood --",{"$f":"VLOOKUP(RiskRegister[[#This Row],[Residual Likelihood Level]],'Rating factors'!$F$16:$G$21,2,FALSE)","v":"--- Error ---"},{"$f":"IFERROR(VLOOKUP(RiskRegister[[#This Row],[Residual Risk Rating]],'Rating factors'!$F$30:$G$44,2,FALSE),\"-- Error --\")","v":"-- Error --"},{"$f":"IFERROR(RiskRegister[[#This Row],[Residual Impact Rating]]*RiskRegister[[#This Row],[Residual Likelihood Rating]],\"-- Error --\")","v":"-- Error --"},"-- Select Risk Status --",{"$nulls":3},{"$f":"IF(ISBLANK(RiskRegister[[#This Row],[Risk Due Date]]), \"Missing Risk Due Date\", IF(RiskRegister[[#This Row],[Risk Due Date]] < TODAY(), \"Overdue\", \"Not Overdue\"))","v":"Missing Risk Due Date"},null,{"$f":"IF(ISBLANK(RiskRegister[[#This Row],[Risk Due Date]]), \"Missing Risk Due Date\", TEXT(RiskRegister[[#This Row],[Risk Due Date]], \"YYYY-MM\"))","v":"Missing Risk Due Date"},{"$f":"IF(RiskRegister[[#This Row],[Created Date]]=\"\",\"Created Date missing\",(TEXT(RiskRegister[[#This Row],[Created Date]],\"mmm\") & \"-\" & YEAR(RiskRegister[[#This Row],[Created Date]])))","v":"Created Date missing"},{"$f":"IF(RiskRegister[[#This Row],[Risk Status]]=\"Closed\",RiskRegister[[#This Row],[Risk Close Date]],RiskRegister[[#This Row],[Risk Due Date]])","v":"00:00:00"},{"$f":"IF(RiskRegister[[#This Row],[Risk-Change-Date]]=0,DATE(2030,1,1),RiskRegister[[#This Row],[Risk-Change-Date]])","v":"2030-01-01"},{"$f":"RiskRegister[[#This Row],[Inherent Impact Level]]&\"-\"&RiskRegister[[#This Row],[Inherent Likelihood Level]]","v":"-- Select Impact ----- Select Likelihood --"},{"$f":"RiskRegister[[#This Row],[Residual Impact Level]]&\"-\"&RiskRegister[[#This Row],[Residual Likelihood Level]]","v":"-- Select Impact ----- Select Likelihood --"},"Error",{"$f":"IF(RiskRegister[[#This Row],[Risk Status]]=\"Closed\",RiskRegister[[#This Row],[Residual Impact Level]],RiskRegister[[#This Row],[Inherent Impact Level]])","v":"-- Select Impact --"},{"$f":"IF(RiskRegister[[#This Row],[Risk Status]]=\"Closed\",RiskRegister[[#This Row],[Residual Likelihood Level]],RiskRegister[[#This Row],[Inherent Likelihood Level]])","v":"-- Select Likelihood --"},{"$f":"IF(RiskRegister[[#This Row],[Risk Status]]=\"Closed\",RiskRegister[[#This Row],[Residual-I-L-Combo]],RiskRegister[[#This Row],[Inherent-I-L-Combo]])","v":"-- Select Impact ----- Select Likelihood --"},"-- Error --"]
[485,{"$nulls":5},"-- Select Risk Category --",null,"-- select department --",null,null,"-- Select Impact --",{"$f":"VLOOKUP(RiskRegister[[#This Row],[Inherent Impact Level]],'Rating factors'!$F$4:$G$9,2,FALSE)","v":"--- Error ---"},"-- Select Likelihood --",{"$f":"VLOOKUP(RiskRegister[[#This Row],[Inherent Likelihood Level]],'Rating factors'!$F$16:$G$21,2,FALSE)","v":"--- Error ---"},{"$f":"IFERROR(VLOOKUP(RiskRegister[[#This Row],[Inherent Risk Rating]],'Rating factors'!$F$30:$G$44,2,FALSE),\"-- Error --\")","v":"-- Error --"},{"$f":"IFERROR(RiskRegister[[#This Row],[Inherent Impact Rating]]*RiskRegister[[#This Row],[Inherent Likelihood Rating]],\"-- Error --\")","v":"-- Error --"},"-- Select Risk Response --",null,"-- Select Impact --",{"$f":"VLOOKUP(RiskRegister[[#This Row],[Residual Impact Level]],'Rating factors'!$F$4:$G$9,2,FALSE)","v":"--- Error ---"},"-- Select Likelihood --",{"$f":"VLOOKUP(RiskRegister[[#This Row],[Residual Likelihood Level]],'Rating factors'!$F$16:$G$21,2,FALSE)","v":"--- Error ---"},{"$f":"IFERROR(VLOOKUP(RiskRegister[[#This Row],[Residual Risk Rating]],'Rating factors'!$F$30:$G$44,2,FALSE),\"-- Error --\")","v":"-- Error --"},{"$f":"IFERROR(RiskRegister[[#This Row],[Residual Impact Rating]]*RiskRegister[[#This Row],[Residual Likelihood Rating]],\"-- Error --\")","v":"-- Error --"},"-- Select Risk Status --",{"$nulls":3},{"$f":"IF(ISBLANK(RiskRegister[[#This Row],[Risk Due Date]]), \"Missing Risk Due Date\", IF(RiskRegister[[#This Row],[Risk Due Date]] < TODAY(), \"Overdue\", \"Not Overdue\"))","v":"Missing Risk Due Date"},null,{"$f":"IF(ISBLANK(RiskRegister[[#This Row],[Risk Due Date]]), \"Missing Risk Due Date\", TEXT(RiskRegister[[#This Row],[Risk Due Date]], \"YYYY-MM\"))","v":"Missing Risk Due Date"},{"$f":"IF(RiskRegister[[#This Row],[Created Date]]=\"\",\"Created Date missing\",(TEXT(RiskRegister[[#This Row],[Created Date]],\"mmm\") & \"-\" & YEAR(RiskRegister[[#This Row],[Created Date]])))","v":"Created Date missing"},{"$f":"IF(RiskRegister[[#This Row],[Risk Status]]=\"Closed\",RiskRegister[[#This Row],[Risk Close Date]],RiskRegister[[#This Row],[Risk Due Date]])","v":"00:00:00"},{"$f":"IF(RiskRegister[[#This Row],[Risk-Change-Date]]=0,DATE(2030,1,1),RiskRegister[[#This Row],[Risk-Change-Date]])","v":"2030-01-01"},{"$f":"RiskRegister[[#This Row],[Inherent Impact Level]]&\"-\"&RiskRegister[[#This Row],[Inherent Likelihood Level]]","v":"-- Select Impact ----- Select Likelihood --"},{"$f":"RiskRegister[[#This Row],[Residual Impact Level]]&\"-\"&RiskRegister[[#This Row],[Residual Likelihood Level]]","v":"-- Select Impact ----- Select Likelihood --"},"Error",{"$f":"IF(RiskRegister[[#This Row],[Risk Status]]=\"Closed\",RiskRegister[[#This Row],[Residual Impact Level]],RiskRegister[[#This Row],[Inherent Impact Level]])","v":"-- Select Impact --"},{"$f":"IF(RiskRegister[[#This Row],[Risk Status]]=\"Closed\",RiskRegister[[#This Row],[Residual Likelihood Level]],RiskRegister[[#This Row],[Inherent Likelihood Level]])","v":"-- Select Likelihood --"},{"$f":"IF(RiskRegister[[#This Row],[Risk Status]]=\"Closed\",RiskRegister[[#This Row],[Residual-I-L-Combo]],RiskRegister[[#This Row],[Inherent-I-L-Combo]])","v":"-- Select Impact ----- Select Likelihood --"},"-- Error --"]
[486,{"$nulls":5},"-- Select Risk Category --",null,"-- select department --",null,null,"-- Select Impact --",{"$f":"VLOOKUP(RiskRegister[[#This Row],[Inherent Impact Level]],'Rating factors'!$F$4:$G$9,2,FALSE)","v":"--- Error ---"},"-- Select Likelihood --",{"$f":"VLOOKUP(RiskRegister[[#This Row],[Inherent Likelihood Level]],'Rating factors'!$F$16:$G$21,2,FALSE)","v":"--- Error ---"},{"$f":"IFERROR(VLOOKUP(RiskRegister[[#This Row],[Inherent Risk Rating]],'Rating factors'!$F$30:$G$44,2,FALSE),\"-- Error --\")","v":"-- Error --"},{"$f":"IFERROR(RiskRegister[[#This Row],[Inherent Impact Rating]]*RiskRegister[[#This Row],[Inherent Likelihood Rating]],\"-- Error --\")","v":"-- Error --"},"-- Select Risk Response --",null,"-- Select Impact --",{"$f":"VLOOKUP(RiskRegister[[#This Row],[Residual Impact Level]],'Rating factors'!$F$4:$G$9,2,FALSE)","v":"--- Error ---"},"-- Select Likelihood --",{"$f":"VLOOKUP(RiskRegister[[#This Row],[Residual Likelihood Level]],'Rating factors'!$F$16:$G$21,2,FALSE)","v":"--- Error ---"},{"$f":"IFERROR(VLOOKUP(RiskRegister[[#This Row],[Residual Risk Rating]],'Rating factors'!$F$30:$G$44,2,FALSE),\"-- Error --\")","v":"-- Error --"},{"$f":"IFERROR(RiskRegister[[#This Row],[Residual Impact Rating]]*RiskRegister[[#This Row],[Residual Likelihood Rating]],\"-- Error --\")","v":"-- Error --"},"-- Select Risk Status --",{"$nulls":3},{"$f":"IF(ISBLANK(RiskRegister[[#This Row],[Risk Due Date]]), \"Missing Risk Due Date\", IF(RiskRegister[[#This Row],[Risk Due Date]] < TODAY(), \"Overdue\", \"Not Overdue\"))","v":"Missing Risk Due Date"},null,{"$f":"IF(ISBLANK(RiskRegister[[#This Row],[Risk Due Date]]), \"Missing Risk Due Date\", TEXT(RiskRegister[[#This Row],[Risk Due Date]], \"YYYY-MM\"))","v":"Missing Risk Due Date"},{"$f":"IF(RiskRegister[[#This Row],[Created Date]]=\"\",\"Created Date missing\",(TEXT(RiskRegister[[#This Row],[Created Date]],\"mmm\") & \"-\" & YEAR(RiskRegister[[#This Row],[Created Date]])))","v":"Created Date missing"},{"$f":"IF(RiskRegister[[#This Row],[Risk Status]]=\"Closed\",RiskRegister[[#This Row],[Risk Close Date]],RiskRegister[[#This Row],[Risk Due Date]])","v":"00:00:00"},{"$f":"IF(RiskRegister[[#This Row],[Risk-Change-Date]]=0,DATE(2030,1,1),RiskRegister[[#This Row],[Risk-Change-Date]])","v":"2030-01-01"},{"$f":"RiskRegister[[#This Row],[Inherent Impact Level]]&\"-\"&RiskRegister[[#This Row],[Inherent Likelihood Level]]","v":"-- Select Impact ----- Select Likelihood --"},{"$f":"RiskRegister[[#This Row],[Residual Impact Level]]&\"-\"&RiskRegister[[#This Row],[Residual Likelihood Level]]","v":"-- Select Impact ----- Select Likelihood --"},"Error",{"$f":"IF(RiskRegister[[#This Row],[Risk Status]]=\"Closed\",RiskRegister[[#This Row],[Residual Impact Level]],RiskRegister[[#This Row],[Inherent Impact Level]])","v":"-- Select Impact --"},{"$f":"IF(RiskRegister[[#This Row],[Risk Status]]=\"Closed\",RiskRegister[[#This Row],[Residual Likelihood Level]],RiskRegister[[#This Row],[Inherent Likelihood Level]])","v":"-- Select Likelihood --"},{"$f":"IF(RiskRegister[[#This Row],[Risk Status]]=\"Closed\",RiskRegister[[#This Row],[Residual-I-L-Combo]],RiskRegister[[#This Row],[Inherent-I-L-Combo]])","v":"-- Select Impact ----- Select Likelihood --"},"-- Error --"]
[487,{"$nulls":5},"-- Select Risk Category --",null,"-- select department --",null,null,"-- Select Impact --",{"$f":"VLOOKUP(RiskRegister[[#This Row],[Inherent Impact Level]],'Rating factors'!$F$4:$G$9,2,FALSE)","v":"--- Error ---"},"-- Select Likelihood --",{"$f":"VLOOKUP(RiskRegister[[#This Row],[Inherent Likelihood Level]],'Rating factors'!$F$16:$G$21,2,FALSE)","v":"--- Error ---"},{"$f":"IFERROR(VLOOKUP(RiskRegister[[#This Row],[Inherent Risk Rating]],'Rating factors'!$F$30:$G$44,2,FALSE),\"-- Error --\")","v":"-- Error --"},{"$f":"IFERROR(RiskRegister[[#This Row],[Inherent Impact Rating]]*RiskRegister[[#This Row],[Inherent Likelihood Rating]],\"-- Error --\")","v":"-- Error --"},"-- Select Risk Response --",null,"-- Select Impact --",{"$f":"VLOOKUP(RiskRegister[[#This Row],[Residual Impact Level]],'Rating factors'!$F$4:$G$9,2,FALSE)","v":"--- Error ---"},"-- Select Likelihood --",{"$f":"VLOOKUP(RiskRegister[[#This Row],[Residual Likelihood Level]],'Rating factors'!$F$16:$G$21,2,FALSE)","v":"--- Error ---"},{"$f":"IFERROR(VLOOKUP(RiskRegister[[#This Row],[Residual Risk Rating]],'Rating factors'!$F$30:$G$44,2,FALSE),\"-- Error --\")","v":"-- Error --"},{"$f":"IFERROR(RiskRegister[[#This Row],[Residual Impact Rating]]*RiskRegister[[#This Row],[Residual Likelihood Rating]],\"-- Error --\")","v":"-- Error --"},"-- Select Risk Status --",{"$nulls":3},{"$f":"IF(ISBLANK(RiskRegister[[#This Row],[Risk Due Date]]), \"Missing Risk Due Date\", IF(RiskRegister[[#This Row],[Risk Due Date]] < TODAY(), \"Overdue\", \"Not Overdue\"))","v":"Missing Risk Due Date"},null,{"$f":"IF(ISBLANK(RiskRegister[[#This Row],[Risk Due Date]]), \"Missing Risk Due Date\", TEXT(RiskRegister[[#This Row],[Risk Due Date]], \"YYYY-MM\"))","v":"Missing Risk Due Date"},{"$f":"IF(RiskRegister[[#This Row],[Created Date]]=\"\",\"Created Date missing\",(TEXT(RiskRegister[[#This Row],[Created Date]],\"mmm\") & \"-\" & YEAR(RiskRegister[[#This Row],[Created Date]])))","v":"Created Date missing"},{"$f":"IF(RiskRegister[[#This Row],[Risk Status]]=\"Closed\",RiskRegister[[#This Row],[Risk Close Date]],RiskRegister[[#This Row],[Risk Due Date]])","v":"00:00:00"},{"$f":"IF(RiskRegister[[#This Row],[Risk-Change-Date]]=0,DATE(2030,1,1),RiskRegister[[#This Row],[Risk-Change-Date]])","v":"2030-01-01"},{"$f":"RiskRegister[[#This Row],[Inherent Impact Level]]&\"-\"&RiskRegister[[#This Row],[Inherent Likelihood Level]]","v":"-- Select Impact ----- Select Likelihood --"},{"$f":"RiskRegister[[#This Row],[Residual Impact Level]]&\"-\"&RiskRegister[[#This Row],[Residual Likelihood Level]]","v":"-- Select Impact ----- Select Likelihood --"},"Error",{"$f":"IF(RiskRegister[[#This Row],[Risk Status]]=\"Closed\",RiskRegister[[#This Row],[Residual Impact Level]],RiskRegister[[#This Row],[Inherent Impact Level]])","v":"-- Select Impact --"},{"$f":"IF(RiskRegister[[#This Row],[Risk Status]]=\"Closed\",RiskRegister[[#This Row],[Residual Likelihood Level]],RiskRegister[[#This Row],[Inherent Likelihood Level]])","v":"-- Select Likelihood --"},{"$f":"IF(RiskRegister[[#This Row],[Risk Status]]=\"Closed\",RiskRegister[[#This Row],[Residual-I-L-Combo]],RiskRegister[[#This Row],[Inherent-I-L-Combo]])","v":"-- Select Impact ----- Select Likelihood --"},"-- Error --"]
[488,{"$nulls":5},"-- Select Risk Category --",null,"-- select department --",null,null,"-- Select Impact --",{"$f":"VLOOKUP(RiskRegister[[#This Row],[Inherent Impact Level]],'Rating factors'!$F$4:$G$9,2,FALSE)","v":"--- Error ---"},"-- Select Likelihood --",{"$f":"VLOOKUP(RiskRegister[[#This Row],[Inherent Likelihood Level]],'Rating factors'!$F$16:$G$21,2,FALSE)","v":"--- Error ---"},{"$f":"IFERROR(VLOOKUP(RiskRegister[[#This Row],[Inherent Risk Rating]],'Rating factors'!$F$30:$G$44,2,FALSE),\"-- Error --\")","v":"-- Error --"},{"$f":"IFERROR(RiskRegister[[#This Row],[Inherent Impact Rating]]*RiskRegister[[#This Row],[Inherent Likelihood Rating]],\"-- Error --\")","v":"-- Error --"},"-- Select Risk Response --",null,"-- Select Impact --",{"$f":"VLOOKUP(RiskRegister[[#This Row],[Residual Impact Level]],'Rating factors'!$F$4:$G$9,2,FALSE)","v":"--- Error ---"},"-- Select Likelihood --",{"$f":"VLOOKUP(RiskRegister[[#This Row],[Residual Likelihood Level]],'Rating factors'!$F$16:$G$21,2,FALSE)","v":"--- Error ---"},{"$f":"IFERROR(VLOOKUP(RiskRegister[[#This Row],[Residual Risk Rating]],'Rating factors'!$F$30:$G$44,2,FALSE),\"-- Error --\")","v":"-- Error --"},{"$f":"IFERROR(RiskRegister[[#This Row],[Residual Impact Rating]]*RiskRegister[[#This Row],[Residual Likelihood Rating]],\"-- Error --\")","v":"-- Error --"},"-- Select Risk Status --",{"$nulls":3},{"$f":"IF(ISBLANK(RiskRegister[[#This Row],[Risk Due Date]]), \"Missing Risk Due Date\", IF(RiskRegister[[#This Row],[Risk Due Date]] < TODAY(), \"Overdue\", \"Not Overdue\"))","v":"Missing Risk Due Date"},null,{"$f":"IF(ISBLANK(RiskRegister[[#This Row],[Risk Due Date]]), \"Missing Risk Due Date\", TEXT(RiskRegister[[#This Row],[Risk Due Date]], \"YYYY-MM\"))","v":"Missing Risk Due Date"},{"$f":"IF(RiskRegister[[#This Row],[Created Date]]=\"\",\"Created Date missing\",(TEXT(RiskRegister[[#This Row],[Created Date]],\"mmm\") & \"-\" & YEAR(RiskRegister[[#This Row],[Created Date]])))","v":"Created Date missing"},{"$f":"IF(RiskRegister[[#This Row],[Risk Status]]=\"Closed\",RiskRegister[[#This Row],[Risk Close Date]],RiskRegister[[#This Row],[Risk Due Date]])","v":"00:00:00"},{"$f":"IF(RiskRegister[[#This Row],[Risk-Change-Date]]=0,DATE(2030,1,1),RiskRegister[[#This Row],[Risk-Change-Date]])","v":"2030-01-01"},{"$f":"RiskRegister[[#This Row],[Inherent Impact Level]]&\"-\"&RiskRegister[[#This Row],[Inherent Likelihood Level]]","v":"-- Select Impact ----- Select Likelihood --"},{"$f":"RiskRegister[[#This Row],[Residual Impact Level]]&\"-\"&RiskRegister[[#This Row],[Residual Likelihood Level]]","v":"-- Select Impact ----- Select Likelihood --"},"Error",{"$f":"IF(RiskRegister[[#This Row],[Risk Status]]=\"Closed\",RiskRegister[[#This Row],[Residual Impact Level]],RiskRegister[[#This Row],[Inherent Impact Level]])","v":"-- Select Impact --"},{"$f":"IF(RiskRegister[[#This Row],[Risk Status]]=\"Closed\",RiskRegister[[#This Row],[Residual Likelihood Level]],RiskRegister[[#This Row],[Inherent Likelihood Level]])","v":"-- Select Likelihood --"},{"$f":"IF(RiskRegister[[#This Row],[Risk Status]]=\"Closed\",RiskRegister[[#This Row],[Residual-I-L-Combo]],RiskRegister[[#This Row],[Inherent-I-L-Combo]])","v":"-- Select Impact ----- Select Likelihood --"},"-- Error --"]
[489,{"$nulls":5},"-- Select Risk Category --",null,"-- select department --",null,null,"-- Select Impact --",{"$f":"VLOOKUP(RiskRegister[[#This Row],[Inherent Impact Level]],'Rating factors'!$F$4:$G$9,2,FALSE)","v":"--- Error ---"},"-- Select Likelihood --",{"$f":"VLOOKUP(RiskRegister[[#This Row],[Inherent Likelihood Level]],'Rating factors'!$F$16:$G$21,2,FALSE)","v":"--- Error ---"},{"$f":"IFERROR(VLOOKUP(RiskRegister[[#This Row],[Inherent Risk Rating]],'Rating factors'!$F$30:$G$44,2,FALSE),\"-- Error --\")","v":"-- Error --"},{"$f":"IFERROR(RiskRegister[[#This Row],[Inherent Impact Rating]]*RiskRegister[[#This Row],[Inherent Likelihood Rating]],\"-- Error --\")","v":"-- Error --"},"-- Select Risk Response --",null,"-- Select Impact --",{"$f":"VLOOKUP(RiskRegister[[#This Row],[Residual Impact Level]],'Rating factors'!$F$4:$G$9,2,FALSE)","v":"--- Error ---"},"-- Select Likelihood --",{"$f":"VLOOKUP(RiskRegister[[#This Row],[Residual Likelihood Level]],'Rating factors'!$F$16:$G$21,2,FALSE)","v":"--- Error ---"},{"$f":"IFERROR(VLOOKUP(RiskRegister[[#This Row],[Residual Risk Rating]],'Rating factors'!$F$30:$G$44,2,FALSE),\"-- Error --\")","v":"-- Error --"},{"$f":"IFERROR(RiskRegister[[#This Row],[Residual Impact Rating]]*RiskRegister[[#This Row],[Residual Likelihood Rating]],\"-- Error --\")","v":"-- Error --"},"-- Select Risk Status --",{"$nulls":3},{"$f":"IF(ISBLANK(RiskRegister[[#This Row],[Risk Due Date]]), \"Missing Risk Due Date\", IF(RiskRegister[[#This Row],[Risk Due Date]] < TODAY(), \"Overdue\", \"Not Overdue\"))","v":"Missing Risk Due Date"},null,{"$f":"IF(ISBLANK(RiskRegister[[#This Row],[Risk Due Date]]), \"Missing Risk Due Date\", TEXT(RiskRegister[[#This Row],[Risk Due Date]], \"YYYY-MM\"))","v":"Missing Risk Due Date"},{"$f":"IF(RiskRegister[[#This Row],[Created Date]]=\"\",\"Created Date missing\",(TEXT(RiskRegister[[#This Row],[Created Date]],\"mmm\") & \"-\" & YEAR(RiskRegister[[#This Row],[Created Date]])))","v":"Created Date missing"},{"$f":"IF(RiskRegister[[#This Row],[Risk Status]]=\"Closed\",RiskRegister[[#This Row],[Risk Close Date]],RiskRegister[[#This Row],[Risk Due Date]])","v":"00:00:00"},{"$f":"IF(RiskRegister[[#This Row],[Risk-Change-Date]]=0,DATE(2030,1,1),RiskRegister[[#This Row],[Risk-Change-Date]])","v":"2030-01-01"},{"$f":"RiskRegister[[#This Row],[Inherent Impact Level]]&\"-\"&RiskRegister[[#This Row],[Inherent Likelihood Level]]","v":"-- Select Impact ----- Select Likelihood --"},{"$f":"RiskRegister[[#This Row],[Residual Impact Level]]&\"-\"&RiskRegister[[#This Row],[Residual Likelihood Level]]","v":"-- Select Impact ----- Select Likelihood --"},"Error",{"$f":"IF(RiskRegister[[#This Row],[Risk Status]]=\"Closed\",RiskRegister[[#This Row],[Residual Impact Level]],RiskRegister[[#This Row],[Inherent Impact Level]])","v":"-- Select Impact --"},{"$f":"IF(RiskRegister[[#This Row],[Risk Status]]=\"Closed\",RiskRegister[[#This Row],[Residual Likelihood Level]],RiskRegister[[#This Row],[Inherent Likelihood Level]])","v":"-- Select Likelihood --"},{"$f":"IF(RiskRegister[[#This Row],[Risk Status]]=\"Closed\",RiskRegister[[#This Row],[Residual-I-L-Combo]],RiskRegister[[#This Row],[Inherent-I-L-Combo]])","v":"-- Select Impact ----- Select Likelihood --"},"-- Error --"]
[490,{"$nulls":5},"-- Select Risk Category --",null,"-- select department --",null,null,"-- Select Impact --",{"$f":"VLOOKUP(RiskRegister[[#This Row],[Inherent Impact Level]],'Rating factors'!$F$4:$G$9,2,FALSE)","v":"--- Error ---"},"-- Select Likelihood --",{"$f":"VLOOKUP(RiskRegister[[#This Row],[Inherent Likelihood Level]],'Rating factors'!$F$16:$G$21,2,FALSE)","v":"--- Error ---"},{"$f":"IFERROR(VLOOKUP(RiskRegister[[#This Row],[Inherent Risk Rating]],'Rating factors'!$F$30:$G$44,2,FALSE),\"-- Error --\")","v":"-- Error --"},{"$f":"IFERROR(RiskRegister[[#This Row],[Inherent Impact Rating]]*RiskRegister[[#This Row],[Inherent Likelihood Rating]],\"-- Error --\")","v":"-- Error --"},"-- Select Risk Response --",null,"-- Select Impact --",{"$f":"VLOOKUP(RiskRegister[[#This Row],[Residual Impact Level]],'Rating factors'!$F$4:$G$9,2,FALSE)","v":"--- Error ---"},"-- Select Likelihood --",{"$f":"VLOOKUP(RiskRegister[[#This Row],[Residual Likelihood Level]],'Rating factors'!$F$16:$G$21,2,FALSE)","v":"--- Error ---"},{"$f":"IFERROR(VLOOKUP(RiskRegister[[#This Row],[Residual Risk Rating]],'Rating factors'!$F$30:$G$44,2,FALSE),\"-- Error --\")","v":"-- Error --"},{"$f":"IFERROR(RiskRegister[[#This Row],[Residual Impact Rating]]*RiskRegister[[#This Row],[Residual Likelihood Rating]],\"-- Error --\")","v":"-- Error --"},"-- Select Risk Status --",{"$nulls":3},{"$f":"IF(ISBLANK(RiskRegister[[#This Row],[Risk Due Date]]), \"Missing Risk Due Date\", IF(RiskRegister[[#This Row],[Risk Due Date]] < TODAY(), \"Overdue\", \"Not Overdue\"))","v":"Missing Risk Due Date"},null,{"$f":"IF(ISBLANK(RiskRegister[[#This Row],[Risk Due Date]]), \"Missing Risk Due Date\", TEXT(RiskRegister[[#This Row],[Risk Due Date]], \"YYYY-MM\"))","v":"Missing Risk Due Date"},{"$f":"IF(RiskRegister[[#This Row],[Created Date]]=\"\",\"Created Date missing\",(TEXT(RiskRegister[[#This Row],[Created Date]],\"mmm\") & \"-\" & YEAR(RiskRegister[[#This Row],[Created Date]])))","v":"Created Date missing"},{"$f":"IF(RiskRegister[[#This Row],[Risk Status]]=\"Closed\",RiskRegister[[#This Row],[Risk Close Date]],RiskRegister[[#This Row],[Risk Due Date]])","v":"00:00:00"},{"$f":"IF(RiskRegister[[#This Row],[Risk-Change-Date]]=0,DATE(2030,1,1),RiskRegister[[#This Row],[Risk-Change-Date]])","v":"2030-01-01"},{"$f":"RiskRegister[[#This Row],[Inherent Impact Level]]&\"-\"&RiskRegister[[#This Row],[Inherent Likelihood Level]]","v":"-- Select Impact ----- Select Likelihood --"},{"$f":"RiskRegister[[#This Row],[Residual Impact Level]]&\"-\"&RiskRegister[[#This Row],[Residual Likelihood Level]]","v":"-- Select Impact ----- Select Likelihood --"},"Error",{"$f":"IF(RiskRegister[[#This Row],[Risk Status]]=\"Closed\",RiskRegister[[#This Row],[Residual Impact Level]],RiskRegister[[#This Row],[Inherent Impact Level]])","v":"-- Select Impact --"},{"$f":"IF(RiskRegister[[#This Row],[Risk Status]]=\"Closed\",RiskRegister[[#This Row],[Residual Likelihood Level]],RiskRegister[[#This Row],[Inherent Likelihood Level]])","v":"-- Select Likelihood --"},{"$f":"IF(RiskRegister[[#This Row],[Risk Status]]=\"Closed\",RiskRegister[[#This Row],[Residual-I-L-Combo]],RiskRegister[[#This Row],[Inherent-I-L-Combo]])","v":"-- Select Impact ----- Select Likelihood --"},"-- Error --"]
[491,{"$nulls":5},"-- Select Risk Category --",null,"-- select department --",null,null,"-- Select Impact --",{"$f":"VLOOKUP(RiskRegister[[#This Row],[Inherent Impact Level]],'Rating factors'!$F$4:$G$9,2,FALSE)","v":"--- Error ---"},"-- Select Likelihood --",{"$f":"VLOOKUP(RiskRegister[[#This Row],[Inherent Likelihood Level]],'Rating factors'!$F$16:$G$21,2,FALSE)","v":"--- Error ---"},{"$f":"IFERROR(VLOOKUP(RiskRegister[[#This Row],[Inherent Risk Rating]],'Rating factors'!$F$30:$G$44,2,FALSE),\"-- Error --\")","v":"-- Error --"},{"$f":"IFERROR(RiskRegister[[#This Row],[Inherent Impact Rating]]*RiskRegister[[#This Row],[Inherent Likelihood Rating]],\"-- Error --\")","v":"-- Error --"},"-- Select Risk Response --",null,"-- Select Impact --",{"$f":"VLOOKUP(RiskRegister[[#This Row],[Residual Impact Level]],'Rating factors'!$F$4:$G$9,2,FALSE)","v":"--- Error ---"},"-- Select Likelihood --",{"$f":"VLOOKUP(RiskRegister[[#This Row],[Residual Likelihood Level]],'Rating factors'!$F$16:$G$21,2,FALSE)","v":"--- Error ---"},{"$f":"IFERROR(VLOOKUP(RiskRegister[[#This Row],[Residual Risk Rating]],'Rating factors'!$F$30:$G$44,2,FALSE),\"-- Error --\")","v":"-- Error --"},{"$f":"IFERROR(RiskRegister[[#This Row],[Residual Impact Rating]]*RiskRegister[[#This Row],[Residual Likelihood Rating]],\"-- Error --\")","v":"-- Error --"},"-- Select Risk Status --",{"$nulls":3},{"$f":"IF(ISBLANK(RiskRegister[[#This Row],[Risk Due Date]]), \"Missing Risk Due Date\", IF(RiskRegister[[#This Row],[Risk Due Date]] < TODAY(), \"Overdue\", \"Not Overdue\"))","v":"Missing Risk Due Date"},null,{"$f":"IF(ISBLANK(RiskRegister[[#This Row],[Risk Due Date]]), \"Missing Risk Due Date\", TEXT(RiskRegister[[#This Row],[Risk Due Date]], \"YYYY-MM\"))","v":"Missing Risk Due Date"},{"$f":"IF(RiskRegister[[#This Row],[Created Date]]=\"\",\"Created Date missing\",(TEXT(RiskRegister[[#This Row],[Created Date]],\"mmm\") & \"-\" & YEAR(RiskRegister[[#This Row],[Created Date]])))","v":"Created Date missing"},{"$f":"IF(RiskRegister[[#This Row],[Risk Status]]=\"Closed\",RiskRegister[[#This Row],[Risk Close Date]],RiskRegister[[#This Row],[Risk Due Date]])","v":"00:00:00"},{"$f":"IF(RiskRegister[[#This Row],[Risk-Change-Date]]=0,DATE(2030,1,1),RiskRegister[[#This Row],[Risk-Change-Date]])","v":"2030-01-01"},{"$f":"RiskRegister[[#This Row],[Inherent Impact Level]]&\"-\"&RiskRegister[[#This Row],[Inherent Likelihood Level]]","v":"-- Select Impact ----- Select Likelihood --"},{"$f":"RiskRegister[[#This Row],[Residual Impact Level]]&\"-\"&RiskRegister[[#This Row],[Residual Likelihood Level]]","v":"-- Select Impact ----- Select Likelihood --"},"Error",{"$f":"IF(RiskRegister[[#This Row],[Risk Status]]=\"Closed\",RiskRegister[[#This Row],[Residual Impact Level]],RiskRegister[[#This Row],[Inherent Impact Level]])","v":"-- Select Impact --"},{"$f":"IF(RiskRegister[[#This Row],[Risk Status]]=\"Closed\",RiskRegister[[#This Row],[Residual Likelihood Level]],RiskRegister[[#This Row],[Inherent Likelihood Level]])","v":"-- Select Likelihood --"},{"$f":"IF(RiskRegister[[#This Row],[Risk Status]]=\"Closed\",RiskRegister[[#This Row],[Residual-I-L-Combo]],RiskRegister[[#This Row],[Inherent-I-L-Combo]])","v":"-- Select Impact ----- Select Likelihood --"},"-- Error --"]
[492,{"$nulls":5},"-- Select Risk Category --",null,"-- select department --",null,null,"-- Select Impact --",{"$f":"VLOOKUP(RiskRegister[[#This Row],[Inherent Impact Level]],'Rating factors'!$F$4:$G$9,2,FALSE)","v":"--- Error ---"},"-- Select Likelihood --",{"$f":"VLOOKUP(RiskRegister[[#This Row],[Inherent Likelihood Level]],'Rating factors'!$F$16:$G$21,2,FALSE)","v":"--- Error ---"},{"$f":"IFERROR(VLOOKUP(RiskRegister[[#This Row],[Inherent Risk Rating]],'Rating factors'!$F$30:$G$44,2,FALSE),\"-- Error --\")","v":"-- Error --"},{"$f":"IFERROR(RiskRegister[[#This Row],[Inherent Impact Rating]]*RiskRegister[[#This Row],[Inherent Likelihood Rating]],\"-- Error --\")","v":"-- Error --"},"-- Select Risk Response --",null,"-- Select Impact --",{"$f":"VLOOKUP(RiskRegister[[#This Row],[Residual Impact Level]],'Rating factors'!$F$4:$G$9,2,FALSE)","v":"--- Error ---"},"-- Select Likelihood --",{"$f":"VLOOKUP(RiskRegister[[#This Row],[Residual Likelihood Level]],'Rating factors'!$F$16:$G$21,2,FALSE)","v":"--- Error ---"},{"$f":"IFERROR(VLOOKUP(RiskRegister[[#This Row],[Residual Risk Rating]],'Rating factors'!$F$30:$G$44,2,FALSE),\"-- Error --\")","v":"-- Error --"},{"$f":"IFERROR(RiskRegister[[#This Row],[Residual Impact Rating]]*RiskRegister[[#This Row],[Residual Likelihood Rating]],\"-- Error --\")","v":"-- Error --"},"-- Select Risk Status --",{"$nulls":3},{"$f":"IF(ISBLANK(RiskRegister[[#This Row],[Risk Due Date]]), \"Missing Risk Due Date\", IF(RiskRegister[[#This Row],[Risk Due Date]] < TODAY(), \"Overdue\", \"Not Overdue\"))","v":"Missing Risk Due Date"},null,{"$f":"IF(ISBLANK(RiskRegister[[#This Row],[Risk Due Date]]), \"Missing Risk Due Date\", TEXT(RiskRegister[[#This Row],[Risk Due Date]], \"YYYY-MM\"))","v":"Missing Risk Due Date"},{"$f":"IF(RiskRegister[[#This Row],[Created Date]]=\"\",\"Created Date missing\",(TEXT(RiskRegister[[#This Row],[Created Date]],\"mmm\") & \"-\" & YEAR(RiskRegister[[#This Row],[Created Date]])))","v":"Created Date missing"},{"$f":"IF(RiskRegister[[#This Row],[Risk Status]]=\"Closed\",RiskRegister[[#This Row],[Risk Close Date]],RiskRegister[[#This Row],[Risk Due Date]])","v":"00:00:00"},{"$f":"IF(RiskRegister[[#This Row],[Risk-Change-Date]]=0,DATE(2030,1,1),RiskRegister[[#This Row],[Risk-Change-Date]])","v":"2030-01-01"},{"$f":"RiskRegister[[#This Row],[Inherent Impact Level]]&\"-\"&RiskRegister[[#This Row],[Inherent Likelihood Level]]","v":"-- Select Impact ----- Select Likelihood --"},{"$f":"RiskRegister[[#This Row],[Residual Impact Level]]&\"-\"&RiskRegister[[#This Row],[Residual Likelihood Level]]","v":"-- Select Impact ----- Select Likelihood --"},"Error",{"$f":"IF(RiskRegister[[#This Row],[Risk Status]]=\"Closed\",RiskRegister[[#This Row],[Residual Impact Level]],RiskRegister[[#This Row],[Inherent Impact Level]])","v":"-- Select Impact --"},{"$f":"IF(RiskRegister[[#This Row],[Risk Status]]=\"Closed\",RiskRegister[[#This Row],[Residual Likelihood Level]],RiskRegister[[#This Row],[Inherent Likelihood Level]])","v":"-- Select Likelihood --"},{"$f":"IF(RiskRegister[[#This Row],[Risk Status]]=\"Closed\",RiskRegister[[#This Row],[Residual-I-L-Combo]],RiskRegister[[#This Row],[Inherent-I-L-Combo]])","v":"-- Select Impact ----- Select Likelihood --"},"-- Error --"]
[493,{"$nulls":5},"-- Select Risk Category --",null,"-- select department --",null,null,"-- Select Impact --",{"$f":"VLOOKUP(RiskRegister[[#This Row],[Inherent Impact Level]],'Rating factors'!$F$4:$G$9,2,FALSE)","v":"--- Error ---"},"-- Select Likelihood --",{"$f":"VLOOKUP(RiskRegister[[#This Row],[Inherent Likelihood Level]],'Rating factors'!$F$16:$G$21,2,FALSE)","v":"--- Error ---"},{"$f":"IFERROR(VLOOKUP(RiskRegister[[#This Row],[Inherent Risk Rating]],'Rating factors'!$F$30:$G$44,2,FALSE),\"-- Error --\")","v":"-- Error --"},{"$f":"IFERROR(RiskRegister[[#This Row],[Inherent Impact Rating]]*RiskRegister[[#This Row],[Inherent Likelihood Rating]],\"-- Error --\")","v":"-- Error --"},"-- Select Risk Response --",null,"-- Select Impact --",{"$f":"VLOOKUP(RiskRegister[[#This Row],[Residual Impact Level]],'Rating factors'!$F$4:$G$9,2,FALSE)","v":"--- Error ---"},"-- Select Likelihood --",{"$f":"VLOOKUP(RiskRegister[[#This Row],[Residual Likelihood Level]],'Rating factors'!$F$16:$G$21,2,FALSE)","v":"--- Error ---"},{"$f":"IFERROR(VLOOKUP(RiskRegister[[#This Row],[Residual Risk Rating]],'Rating factors'!$F$30:$G$44,2,FALSE),\"-- Error --\")","v":"-- Error --"},{"$f":"IFERROR(RiskRegister[[#This Row],[Residual Impact Rating]]*RiskRegister[[#This Row],[Residual Likelihood Rating]],\"-- Error --\")","v":"-- Error --"},"-- Select Risk Status --",{"$nulls":3},{"$f":"IF(ISBLANK(RiskRegister[[#This Row],[Risk Due Date]]), \"Missing Risk Due Date\", IF(RiskRegister[[#This Row],[Risk Due Date]] < TODAY(), \"Overdue\", \"Not Overdue\"))","v":"Missing Risk Due Date"},null,{"$f":"IF(ISBLANK(RiskRegister[[#This Row],[Risk Due Date]]), \"Missing Risk Due Date\", TEXT(RiskRegister[[#This Row],[Risk Due Date]], \"YYYY-MM\"))","v":"Missing Risk Due Date"},{"$f":"IF(RiskRegister[[#This Row],[Created Date]]=\"\",\"Created Date missing\",(TEXT(RiskRegister[[#This Row],[Created Date]],\"mmm\") & \"-\" & YEAR(RiskRegister[[#This Row],[Created Date]])))","v":"Created Date missing"},{"$f":"IF(RiskRegister[[#This Row],[Risk Status]]=\"Closed\",RiskRegister[[#This Row],[Risk Close Date]],RiskRegister[[#This Row],[Risk Due Date]])","v":"00:00:00"},{"$f":"IF(RiskRegister[[#This Row],[Risk-Change-Date]]=0,DATE(2030,1,1),RiskRegister[[#This Row],[Risk-Change-Date]])","v":"2030-01-01"},{"$f":"RiskRegister[[#This Row],[Inherent Impact Level]]&\"-\"&RiskRegister[[#This Row],[Inherent Likelihood Level]]","v":"-- Select Impact ----- Select Likelihood --"},{"$f":"RiskRegister[[#This Row],[Residual Impact Level]]&\"-\"&RiskRegister[[#This Row],[Residual Likelihood Level]]","v":"-- Select Impact ----- Select Likelihood --"},"Error",{"$f":"IF(RiskRegister[[#This Row],[Risk Status]]=\"Closed\",RiskRegister[[#This Row],[Residual Impact Level]],RiskRegister[[#This Row],[Inherent Impact Level]])","v":"-- Select Impact --"},{"$f":"IF(RiskRegister[[#This Row],[Risk Status]]=\"Closed\",RiskRegister[[#This Row],[Residual Likelihood Level]],RiskRegister[[#This Row],[Inherent Likelihood Level]])","v":"-- Select Likelihood --"},{"$f":"IF(RiskRegister[[#This Row],[Risk Status]]=\"Closed\",RiskRegister[[#This Row],[Residual-I-L-Combo]],RiskRegister[[#This Row],[Inherent-I-L-Combo]])","v":"-- Select Impact ----- Select Likelihood --"},"-- Error --"]
[494,{"$nulls":5},"-- Select Risk Category --",null,"-- select department --",null,null,"-- Select Impact --",{"$f":"VLOOKUP(RiskRegister[[#This Row],[Inherent Impact Level]],'Rating factors'!$F$4:$G$9,2,FALSE)","v":"--- Error ---"},"-- Select Likelihood --",{"$f":"VLOOKUP(RiskRegister[[#This Row],[Inherent Likelihood Level]],'Rating factors'!$F$16:$G$21,2,FALSE)","v":"--- Error ---"},{"$f":"IFERROR(VLOOKUP(RiskRegister[[#This Row],[Inherent Risk Rating]],'Rating factors'!$F$30:$G$44,2,FALSE),\"-- Error --\")","v":"-- Error --"},{"$f":"IFERROR(RiskRegister[[#This Row],[Inherent Impact Rating]]*RiskRegister[[#This Row],[Inherent Likelihood Rating]],\"-- Error --\")","v":"-- Error --"},"-- Select Risk Response --",null,"-- Select Impact --",{"$f":"VLOOKUP(RiskRegister[[#This Row],[Residual Impact Level]],'Rating factors'!$F$4:$G$9,2,FALSE)","v":"--- Error ---"},"-- Select Likelihood --",{"$f":"VLOOKUP(RiskRegister[[#This Row],[Residual Likelihood Level]],'Rating factors'!$F$16:$G$21,2,FALSE)","v":"--- Error ---"},{"$f":"IFERROR(VLOOKUP(RiskRegister[[#This Row],[Residual Risk Rating]],'Rating factors'!$F$30:$G$44,2,FALSE),\"-- Error --\")","v":"-- Error --"},{"$f":"IFERROR(RiskRegister[[#This Row],[Residual Impact Rating]]*RiskRegister[[#This Row],[Residual Likelihood Rating]],\"-- Error --\")","v":"-- Error --"},"-- Select Risk Status --",{"$nulls":3},{"$f":"IF(ISBLANK(RiskRegister[[#This Row],[Risk Due Date]]), \"Missing Risk Due Date\", IF(RiskRegister[[#This Row],[Risk Due Date]] < TODAY(), \"Overdue\", \"Not Overdue\"))","v":"Missing Risk Due Date"},null,{"$f":"IF(ISBLANK(RiskRegister[[#This Row],[Risk Due Date]]), \"Missing Risk Due Date\", TEXT(RiskRegister[[#This Row],[Risk Due Date]], \"YYYY-MM\"))","v":"Missing Risk Due Date"},{"$f":"IF(RiskRegister[[#This Row],[Created Date]]=\"\",\"Created Date missing\",(TEXT(RiskRegister[[#This Row],[Created Date]],\"mmm\") & \"-\" & YEAR(RiskRegister[[#This Row],[Created Date]])))","v":"Created Date missing"},{"$f":"IF(RiskRegister[[#This Row],[Risk Status]]=\"Closed\",RiskRegister[[#This Row],[Risk Close Date]],RiskRegister[[#This Row],[Risk Due Date]])","v":"00:00:00"},{"$f":"IF(RiskRegister[[#This Row],[Risk-Change-Date]]=0,DATE(2030,1,1),RiskRegister[[#This Row],[Risk-Change-Date]])","v":"2030-01-01"},{"$f":"RiskRegister[[#This Row],[Inherent Impact Level]]&\"-\"&RiskRegister[[#This Row],[Inherent Likelihood Level]]","v":"-- Select Impact ----- Select Likelihood --"},{"$f":"RiskRegister[[#This Row],[Residual Impact Level]]&\"-\"&RiskRegister[[#This Row],[Residual Likelihood Level]]","v":"-- Select Impact ----- Select Likelihood --"},"Error",{"$f":"IF(RiskRegister[[#This Row],[Risk Status]]=\"Closed\",RiskRegister[[#This Row],[Residual Impact Level]],RiskRegister[[#This Row],[Inherent Impact Level]])","v":"-- Select Impact --"},{"$f":"IF(RiskRegister[[#This Row],[Risk Status]]=\"Closed\",RiskRegister[[#This Row],[Residual Likelihood Level]],RiskRegister[[#This Row],[Inherent Likelihood Level]])","v":"-- Select Likelihood --"},{"$f":"IF(RiskRegister[[#This Row],[Risk Status]]=\"Closed\",RiskRegister[[#This Row],[Residual-I-L-Combo]],RiskRegister[[#This Row],[Inherent-I-L-Combo]])","v":"-- Select Impact ----- Select Likelihood --"},"-- Error --"]
[495,{"$nulls":5},"-- Select Risk Category --",null,"-- select department --",null,null,"-- Select Impact --",{"$f":"VLOOKUP(RiskRegister[[#This Row],[Inherent Impact Level]],'Rating factors'!$F$4:$G$9,2,FALSE)","v":"--- Error ---"},"-- Select Likelihood --",{"$f":"VLOOKUP(RiskRegister[[#This Row],[Inherent Likelihood Level]],'Rating factors'!$F$16:$G$21,2,FALSE)","v":"--- Error ---"},{"$f":"IFERROR(VLOOKUP(RiskRegister[[#This Row],[Inherent Risk Rating]],'Rating factors'!$F$30:$G$44,2,FALSE),\"-- Error --\")","v":"-- Error --"},{"$f":"IFERROR(RiskRegister[[#This Row],[Inherent Impact Rating]]*RiskRegister[[#This Row],[Inherent Likelihood Rating]],\"-- Error --\")","v":"-- Error --"},"-- Select Risk Response --",null,"-- Select Impact --",{"$f":"VLOOKUP(RiskRegister[[#This Row],[Residual Impact Level]],'Rating factors'!$F$4:$G$9,2,FALSE)","v":"--- Error ---"},"-- Select Likelihood --",{"$f":"VLOOKUP(RiskRegister[[#This Row],[Residual Likelihood Level]],'Rating factors'!$F$16:$G$21,2,FALSE)","v":"--- Error ---"},{"$f":"IFERROR(VLOOKUP(RiskRegister[[#This Row],[Residual Risk Rating]],'Rating factors'!$F$30:$G$44,2,FALSE),\"-- Error --\")","v":"-- Error --"},{"$f":"IFERROR(RiskRegister[[#This Row],[Residual Impact Rating]]*RiskRegister[[#This Row],[Residual Likelihood Rating]],\"-- Error --\")","v":"-- Error --"},"-- Select Risk Status --",{"$nulls":3},{"$f":"IF(ISBLANK(RiskRegister[[#This Row],[Risk Due Date]]), \"Missing Risk Due Date\", IF(RiskRegister[[#This Row],[Risk Due Date]] < TODAY(), \"Overdue\", \"Not Overdue\"))","v":"Missing Risk Due Date"},null,{"$f":"IF(ISBLANK(RiskRegister[[#This Row],[Risk Due Date]]), \"Missing Risk Due Date\", TEXT(RiskRegister[[#This Row],[Risk Due Date]], \"YYYY-MM\"))","v":"Missing Risk Due Date"},{"$f":"IF(RiskRegister[[#This Row],[Created Date]]=\"\",\"Created Date missing\",(TEXT(RiskRegister[[#This Row],[Created Date]],\"mmm\") & \"-\" & YEAR(RiskRegister[[#This Row],[Created Date]])))","v":"Created Date missing"},{"$f":"IF(RiskRegister[[#This Row],[Risk Status]]=\"Closed\",RiskRegister[[#This Row],[Risk Close Date]],RiskRegister[[#This Row],[Risk Due Date]])","v":"00:00:00"},{"$f":"IF(RiskRegister[[#This Row],[Risk-Change-Date]]=0,DATE(2030,1,1),RiskRegister[[#This Row],[Risk-Change-Date]])","v":"2030-01-01"},{"$f":"RiskRegister[[#This Row],[Inherent Impact Level]]&\"-\"&RiskRegister[[#This Row],[Inherent Likelihood Level]]","v":"-- Select Impact ----- Select Likelihood --"},{"$f":"RiskRegister[[#This Row],[Residual Impact Level]]&\"-\"&RiskRegister[[#This Row],[Residual Likelihood Level]]","v":"-- Select Impact ----- Select Likelihood --"},"Error",{"$f":"IF(RiskRegister[[#This Row],[Risk Status]]=\"Closed\",RiskRegister[[#This Row],[Residual Impact Level]],RiskRegister[[#This Row],[Inherent Impact Level]])","v":"-- Select Impact --"},{"$f":"IF(RiskRegister[[#This Row],[Risk Status]]=\"Closed\",RiskRegister[[#This Row],[Residual Likelihood Level]],RiskRegister[[#This Row],[Inherent Likelihood Level]])","v":"-- Select Likelihood --"},{"$f":"IF(RiskRegister[[#This Row],[Risk Status]]=\"Closed\",RiskRegister[[#This Row],[Residual-I-L-Combo]],RiskRegister[[#This Row],[Inherent-I-L-Combo]])","v":"-- Select Impact ----- Select Likelihood --"},"-- Error --"]
[496,{"$nulls":5},"-- Select Risk Category --",null,"-- select department --",null,null,"-- Select Impact --",{"$f":"VLOOKUP(RiskRegister[[#This Row],[Inherent Impact Level]],'Rating factors'!$F$4:$G$9,2,FALSE)","v":"--- Error ---"},"-- Select Likelihood --",{"$f":"VLOOKUP(RiskRegister[[#This Row],[Inherent Likelihood Level]],'Rating factors'!$F$16:$G$21,2,FALSE)","v":"--- Error ---"},{"$f":"IFERROR(VLOOKUP(RiskRegister[[#This Row],[Inherent Risk Rating]],'Rating factors'!$F$30:$G$44,2,FALSE),\"-- Error --\")","v":"-- Error --"},{"$f":"IFERROR(RiskRegister[[#This Row],[Inherent Impact Rating]]*RiskRegister[[#This Row],[Inherent Likelihood Rating]],\"-- Error --\")","v":"-- Error --"},"-- Select Risk Response --",null,"-- Select Impact --",{"$f":"VLOOKUP(RiskRegister[[#This Row],[Residual Impact Level]],'Rating factors'!$F$4:$G$9,2,FALSE)","v":"--- Error ---"},"-- Select Likelihood --",{"$f":"VLOOKUP(RiskRegister[[#This Row],[Residual Likelihood Level]],'Rating factors'!$F$16:$G$21,2,FALSE)","v":"--- Error ---"},{"$f":"IFERROR(VLOOKUP(RiskRegister[[#This Row],[Residual Risk Rating]],'Rating factors'!$F$30:$G$44,2,FALSE),\"-- Error --\")","v":"-- Error --"},{"$f":"IFERROR(RiskRegister[[#This Row],[Residual Impact Rating]]*RiskRegister[[#This Row],[Residual Likelihood Rating]],\"-- Error --\")","v":"-- Error --"},"-- Select Risk Status --",{"$nulls":3},{"$f":"IF(ISBLANK(RiskRegister[[#This Row],[Risk Due Date]]), \"Missing Risk Due Date\", IF(RiskRegister[[#This Row],[Risk Due Date]] < TODAY(), \"Overdue\", \"Not Overdue\"))","v":"Missing Risk Due Date"},null,{"$f":"IF(ISBLANK(RiskRegister[[#This Row],[Risk Due Date]]), \"Missing Risk Due Date\", TEXT(RiskRegister[[#This Row],[Risk Due Date]], \"YYYY-MM\"))","v":"Missing Risk Due Date"},{"$f":"IF(RiskRegister[[#This Row],[Created Date]]=\"\",\"Created Date missing\",(TEXT(RiskRegister[[#This Row],[Created Date]],\"mmm\") & \"-\" & YEAR(RiskRegister[[#This Row],[Created Date]])))","v":"Created Date missing"},{"$f":"IF(RiskRegister[[#This Row],[Risk Status]]=\"Closed\",RiskRegister[[#This Row],[Risk Close Date]],RiskRegister[[#This Row],[Risk Due Date]])","v":"00:00:00"},{"$f":"IF(RiskRegister[[#This Row],[Risk-Change-Date]]=0,DATE(2030,1,1),RiskRegister[[#This Row],[Risk-Change-Date]])","v":"2030-01-01"},{"$f":"RiskRegister[[#This Row],[Inherent Impact Level]]&\"-\"&RiskRegister[[#This Row],[Inherent Likelihood Level]]","v":"-- Select Impact ----- Select Likelihood --"},{"$f":"RiskRegister[[#This Row],[Residual Impact Level]]&\"-\"&RiskRegister[[#This Row],[Residual Likelihood Level]]","v":"-- Select Impact ----- Select Likelihood --"},"Error",{"$f":"IF(RiskRegister[[#This Row],[Risk Status]]=\"Closed\",RiskRegister[[#This Row],[Residual Impact Level]],RiskRegister[[#This Row],[Inherent Impact Level]])","v":"-- Select Impact --"},{"$f":"IF(RiskRegister[[#This Row],[Risk Status]]=\"Closed\",RiskRegister[[#This Row],[Residual Likelihood Level]],RiskRegister[[#This Row],[Inherent Likelihood Level]])","v":"-- Select Likelihood --"},{"$f":"IF(RiskRegister[[#This Row],[Risk Status]]=\"Closed\",RiskRegister[[#This Row],[Residual-I-L-Combo]],RiskRegister[[#This Row],[Inherent-I-L-Combo]])","v":"-- Select Impact ----- Select Likelihood --"},"-- Error --"]
[497,{"$nulls":5},"-- Select Risk Category --",null,"-- select department --",null,null,"-- Select Impact --",{"$f":"VLOOKUP(RiskRegister[[#This Row],[Inherent Impact Level]],'Rating factors'!$F$4:$G$9,2,FALSE)","v":"--- Error ---"},"-- Select Likelihood --",{"$f":"VLOOKUP(RiskRegister[[#This Row],[Inherent Likelihood Level]],'Rating factors'!$F$16:$G$21,2,FALSE)","v":"--- Error ---"},{"$f":"IFERROR(VLOOKUP(RiskRegister[[#This Row],[Inherent Risk Rating]],'Rating factors'!$F$30:$G$44,2,FALSE),\"-- Error --\")","v":"-- Error --"},{"$f":"IFERROR(RiskRegister[[#This Row],[Inherent Impact Rating]]*RiskRegister[[#This Row],[Inherent Likelihood Rating]],\"-- Error --\")","v":"-- Error --"},"-- Select Risk Response --",null,"-- Select Impact --",{"$f":"VLOOKUP(RiskRegister[[#This Row],[Residual Impact Level]],'Rating factors'!$F$4:$G$9,2,FALSE)","v":"--- Error ---"},"-- Select Likelihood --",{"$f":"VLOOKUP(RiskRegister[[#This Row],[Residual Likelihood Level]],'Rating factors'!$F$16:$G$21,2,FALSE)","v":"--- Error ---"},{"$f":"IFERROR(VLOOKUP(RiskRegister[[#This Row],[Residual Risk Rating]],'Rating factors'!$F$30:$G$44,2,FALSE),\"-- Error --\")","v":"-- Error --"},{"$f":"IFERROR(RiskRegister[[#This Row],[Residual Impact Rating]]*RiskRegister[[#This Row],[Residual Likelihood Rating]],\"-- Error --\")","v":"-- Error --"},"-- Select Risk Status --",{"$nulls":3},{"$f":"IF(ISBLANK(RiskRegister[[#This Row],[Risk Due Date]]), \"Missing Risk Due Date\", IF(RiskRegister[[#This Row],[Risk Due Date]] < TODAY(), \"Overdue\", \"Not Overdue\"))","v":"Missing Risk Due Date"},null,{"$f":"IF(ISBLANK(RiskRegister[[#This Row],[Risk Due Date]]), \"Missing Risk Due Date\", TEXT(RiskRegister[[#This Row],[Risk Due Date]], \"YYYY-MM\"))","v":"Missing Risk Due Date"},{"$f":"IF(RiskRegister[[#This Row],[Created Date]]=\"\",\"Created Date missing\",(TEXT(RiskRegister[[#This Row],[Created Date]],\"mmm\") & \"-\" & YEAR(RiskRegister[[#This Row],[Created Date]])))","v":"Created Date missing"},{"$f":"IF(RiskRegister[[#This Row],[Risk Status]]=\"Closed\",RiskRegister[[#This Row],[Risk Close Date]],RiskRegister[[#This Row],[Risk Due Date]])","v":"00:00:00"},{"$f":"IF(RiskRegister[[#This Row],[Risk-Change-Date]]=0,DATE(2030,1,1),RiskRegister[[#This Row],[Risk-Change-Date]])","v":"2030-01-01"},{"$f":"RiskRegister[[#This Row],[Inherent Impact Level]]&\"-\"&RiskRegister[[#This Row],[Inherent Likelihood Level]]","v":"-- Select Impact ----- Select Likelihood --"},{"$f":"RiskRegister[[#This Row],[Residual Impact Level]]&\"-\"&RiskRegister[[#This Row],[Residual Likelihood Level]]","v":"-- Select Impact ----- Select Likelihood --"},"Error",{"$f":"IF(RiskRegister[[#This Row],[Risk Status]]=\"Closed\",RiskRegister[[#This Row],[Residual Impact Level]],RiskRegister[[#This Row],[Inherent Impact Level]])","v":"-- Select Impact --"},{"$f":"IF(RiskRegister[[#This Row],[Risk Status]]=\"Closed\",RiskRegister[[#This Row],[Residual Likelihood Level]],RiskRegister[[#This Row],[Inherent Likelihood Level]])","v":"-- Select Likelihood --"},{"$f":"IF(RiskRegister[[#This Row],[Risk Status]]=\"Closed\",RiskRegister[[#This Row],[Residual-I-L-Combo]],RiskRegister[[#This Row],[Inherent-I-L-Combo]])","v":"-- Select Impact ----- Select Likelihood --"},"-- Error --"]
[498,{"$nulls":5},"-- Select Risk Category --",null,"-- select department --",null,null,"-- Select Impact --",{"$f":"VLOOKUP(RiskRegister[[#This Row],[Inherent Impact Level]],'Rating factors'!$F$4:$G$9,2,FALSE)","v":"--- Error ---"},"-- Select Likelihood --",{"$f":"VLOOKUP(RiskRegister[[#This Row],[Inherent Likelihood Level]],'Rating factors'!$F$16:$G$21,2,FALSE)","v":"--- Error ---"},{"$f":"IFERROR(VLOOKUP(RiskRegister[[#This Row],[Inherent Risk Rating]],'Rating factors'!$F$30:$G$44,2,FALSE),\"-- Error --\")","v":"-- Error --"},{"$f":"IFERROR(RiskRegister[[#This Row],[Inherent Impact Rating]]*RiskRegister[[#This Row],[Inherent Likelihood Rating]],\"-- Error --\")","v":"-- Error --"},"-- Select Risk Response --",null,"-- Select Impact --",{"$f":"VLOOKUP(RiskRegister[[#This Row],[Residual Impact Level]],'Rating factors'!$F$4:$G$9,2,FALSE)","v":"--- Error ---"},"-- Select Likelihood --",{"$f":"VLOOKUP(RiskRegister[[#This Row],[Residual Likelihood Level]],'Rating factors'!$F$16:$G$21,2,FALSE)","v":"--- Error ---"},{"$f":"IFERROR(VLOOKUP(RiskRegister[[#This Row],[Residual Risk Rating]],'Rating factors'!$F$30:$G$44,2,FALSE),\"-- Error --\")","v":"-- Error --"},{"$f":"IFERROR(RiskRegister[[#This Row],[Residual Impact Rating]]*RiskRegister[[#This Row],[Residual Likelihood Rating]],\"-- Error --\")","v":"-- Error --"},"-- Select Risk Status --",{"$nulls":3},{"$f":"IF(ISBLANK(RiskRegister[[#This Row],[Risk Due Date]]), \"Missing Risk Due Date\", IF(RiskRegister[[#This Row],[Risk Due Date]] < TODAY(), \"Overdue\", \"Not Overdue\"))","v":"Missing Risk Due Date"},null,{"$f":"IF(ISBLANK(RiskRegister[[#This Row],[Risk Due Date]]), \"Missing Risk Due Date\", TEXT(RiskRegister[[#This Row],[Risk Due Date]], \"YYYY-MM\"))","v":"Missing Risk Due Date"},{"$f":"IF(RiskRegister[[#This Row],[Created Date]]=\"\",\"Created Date missing\",(TEXT(RiskRegister[[#This Row],[Created Date]],\"mmm\") & \"-\" & YEAR(RiskRegister[[#This Row],[Created Date]])))","v":"Created Date missing"},{"$f":"IF(RiskRegister[[#This Row],[Risk Status]]=\"Closed\",RiskRegister[[#This Row],[Risk Close Date]],RiskRegister[[#This Row],[Risk Due Date]])","v":"00:00:00"},{"$f":"IF(RiskRegister[[#This Row],[Risk-Change-Date]]=0,DATE(2030,1,1),RiskRegister[[#This Row],[Risk-Change-Date]])","v":"2030-01-01"},{"$f":"RiskRegister[[#This Row],[Inherent Impact Level]]&\"-\"&RiskRegister[[#This Row],[Inherent Likelihood Level]]","v":"-- Select Impact ----- Select Likelihood --"},{"$f":"RiskRegister[[#This Row],[Residual Impact Level]]&\"-\"&RiskRegister[[#This Row],[Residual Likelihood Level]]","v":"-- Select Impact ----- Select Likelihood --"},"Error",{"$f":"IF(RiskRegister[[#This Row],[Risk Status]]=\"Closed\",RiskRegister[[#This Row],[Residual Impact Level]],RiskRegister[[#This Row],[Inherent Impact Level]])","v":"-- Select Impact --"},{"$f":"IF(RiskRegister[[#This Row],[Risk Status]]=\"Closed\",RiskRegister[[#This Row],[Residual Likelihood Level]],RiskRegister[[#This Row],[Inherent Likelihood Level]])","v":"-- Select Likelihood --"},{"$f":"IF(RiskRegister[[#This Row],[Risk Status]]=\"Closed\",RiskRegister[[#This Row],[Residual-I-L-Combo]],RiskRegister[[#This Row],[Inherent-I-L-Combo]])","v":"-- Select Impact ----- Select Likelihood --"},"-- Error --"]
[499,{"$nulls":5},"-- Select Risk Category --",null,"-- select department --",null,null,"-- Select Impact --",{"$f":"VLOOKUP(RiskRegister[[#This Row],[Inherent Impact Level]],'Rating factors'!$F$4:$G$9,2,FALSE)","v":"--- Error ---"},"-- Select Likelihood --",{"$f":"VLOOKUP(RiskRegister[[#This Row],[Inherent Likelihood Level]],'Rating factors'!$F$16:$G$21,2,FALSE)","v":"--- Error ---"},{"$f":"IFERROR(VLOOKUP(RiskRegister[[#This Row],[Inherent Risk Rating]],'Rating factors'!$F$30:$G$44,2,FALSE),\"-- Error --\")","v":"-- Error --"},{"$f":"IFERROR(RiskRegister[[#This Row],[Inherent Impact Rating]]*RiskRegister[[#This Row],[Inherent Likelihood Rating]],\"-- Error --\")","v":"-- Error --"},"-- Select Risk Response --",null,"-- Select Impact --",{"$f":"VLOOKUP(RiskRegister[[#This Row],[Residual Impact Level]],'Rating factors'!$F$4:$G$9,2,FALSE)","v":"--- Error ---"},"-- Select Likelihood --",{"$f":"VLOOKUP(RiskRegister[[#This Row],[Residual Likelihood Level]],'Rating factors'!$F$16:$G$21,2,FALSE)","v":"--- Error ---"},{"$f":"IFERROR(VLOOKUP(RiskRegister[[#This Row],[Residual Risk Rating]],'Rating factors'!$F$30:$G$44,2,FALSE),\"-- Error --\")","v":"-- Error --"},{"$f":"IFERROR(RiskRegister[[#This Row],[Residual Impact Rating]]*RiskRegister[[#This Row],[Residual Likelihood Rating]],\"-- Error --\")","v":"-- Error --"},"-- Select Risk Status --",{"$nulls":3},{"$f":"IF(ISBLANK(RiskRegister[[#This Row],[Risk Due Date]]), \"Missing Risk Due Date\", IF(RiskRegister[[#This Row],[Risk Due Date]] < TODAY(), \"Overdue\", \"Not Overdue\"))","v":"Missing Risk Due Date"},null,{"$f":"IF(ISBLANK(RiskRegister[[#This Row],[Risk Due Date]]), \"Missing Risk Due Date\", TEXT(RiskRegister[[#This Row],[Risk Due Date]], \"YYYY-MM\"))","v":"Missing Risk Due Date"},{"$f":"IF(RiskRegister[[#This Row],[Created Date]]=\"\",\"Created Date missing\",(TEXT(RiskRegister[[#This Row],[Created Date]],\"mmm\") & \"-\" & YEAR(RiskRegister[[#This Row],[Created Date]])))","v":"Created Date missing"},{"$f":"IF(RiskRegister[[#This Row],[Risk Status]]=\"Closed\",RiskRegister[[#This Row],[Risk Close Date]],RiskRegister[[#This Row],[Risk Due Date]])","v":"00:00:00"},{"$f":"IF(RiskRegister[[#This Row],[Risk-Change-Date]]=0,DATE(2030,1,1),RiskRegister[[#This Row],[Risk-Change-Date]])","v":"2030-01-01"},{"$f":"RiskRegister[[#This Row],[Inherent Impact Level]]&\"-\"&RiskRegister[[#This Row],[Inherent Likelihood Level]]","v":"-- Select Impact ----- Select Likelihood --"},{"$f":"RiskRegister[[#This Row],[Residual Impact Level]]&\"-\"&RiskRegister[[#This Row],[Residual Likelihood Level]]","v":"-- Select Impact ----- Select Likelihood --"},"Error",{"$f":"IF(RiskRegister[[#This Row],[Risk Status]]=\"Closed\",RiskRegister[[#This Row],[Residual Impact Level]],RiskRegister[[#This Row],[Inherent Impact Level]])","v":"-- Select Impact --"},{"$f":"IF(RiskRegister[[#This Row],[Risk Status]]=\"Closed\",RiskRegister[[#This Row],[Residual Likelihood Level]],RiskRegister[[#This Row],[Inherent Likelihood Level]])","v":"-- Select Likelihood --"},{"$f":"IF(RiskRegister[[#This Row],[Risk Status]]=\"Closed\",RiskRegister[[#This Row],[Residual-I-L-Combo]],RiskRegister[[#This Row],[Inherent-I-L-Combo]])","v":"-- Select Impact ----- Select Likelihood --"},"-- Error --"]
[500,{"$nulls":5},"-- Select Risk Category --",null,"-- select department --",null,null,"-- Select Impact --",{"$f":"VLOOKUP(RiskRegister[[#This Row],[Inherent Impact Level]],'Rating factors'!$F$4:$G$9,2,FALSE)","v":"--- Error ---"},"-- Select Likelihood --",{"$f":"VLOOKUP(RiskRegister[[#This Row],[Inherent Likelihood Level]],'Rating factors'!$F$16:$G$21,2,FALSE)","v":"--- Error ---"},{"$f":"IFERROR(VLOOKUP(RiskRegister[[#This Row],[Inherent Risk Rating]],'Rating factors'!$F$30:$G$44,2,FALSE),\"-- Error --\")","v":"-- Error --"},{"$f":"IFERROR(RiskRegister[[#This Row],[Inherent Impact Rating]]*RiskRegister[[#This Row],[Inherent Likelihood Rating]],\"-- Error --\")","v":"-- Error --"},"-- Select Risk Response --",null,"-- Select Impact --",{"$f":"VLOOKUP(RiskRegister[[#This Row],[Residual Impact Level]],'Rating factors'!$F$4:$G$9,2,FALSE)","v":"--- Error ---"},"-- Select Likelihood --",{"$f":"VLOOKUP(RiskRegister[[#This Row],[Residual Likelihood Level]],'Rating factors'!$F$16:$G$21,2,FALSE)","v":"--- Error ---"},{"$f":"IFERROR(VLOOKUP(RiskRegister[[#This Row],[Residual Risk Rating]],'Rating factors'!$F$30:$G$44,2,FALSE),\"-- Error --\")","v":"-- Error --"},{"$f":"IFERROR(RiskRegister[[#This Row],[Residual Impact Rating]]*RiskRegister[[#This Row],[Residual Likelihood Rating]],\"-- Error --\")","v":"-- Error --"},"-- Select Risk Status --",{"$nulls":3},{"$f":"IF(ISBLANK(RiskRegister[[#This Row],[Risk Due Date]]), \"Missing Risk Due Date\", IF(RiskRegister[[#This Row],[Risk Due Date]] < TODAY(), \"Overdue\", \"Not Overdue\"))","v":"Missing Risk Due Date"},null,{"$f":"IF(ISBLANK(RiskRegister[[#This Row],[Risk Due Date]]), \"Missing Risk Due Date\", TEXT(RiskRegister[[#This Row],[Risk Due Date]], \"YYYY-MM\"))","v":"Missing Risk Due Date"},{"$f":"IF(RiskRegister[[#This Row],[Created Date]]=\"\",\"Created Date missing\",(TEXT(RiskRegister[[#This Row],[Created Date]],\"mmm\") & \"-\" & YEAR(RiskRegister[[#This Row],[Created Date]])))","v":"Created Date missing"},{"$f":"IF(RiskRegister[[#This Row],[Risk Status]]=\"Closed\",RiskRegister[[#This Row],[Risk Close Date]],RiskRegister[[#This Row],[Risk Due Date]])","v":"00:00:00"},{"$f":"IF(RiskRegister[[#This Row],[Risk-Change-Date]]=0,DATE(2030,1,1),RiskRegister[[#This Row],[Risk-Change-Date]])","v":"2030-01-01"},{"$f":"RiskRegister[[#This Row],[Inherent Impact Level]]&\"-\"&RiskRegister[[#This Row],[Inherent Likelihood Level]]","v":"-- Select Impact ----- Select Likelihood --"},{"$f":"RiskRegister[[#This Row],[Residual Impact Level]]&\"-\"&RiskRegister[[#This Row],[Residual Likelihood Level]]","v":"-- Select Impact ----- Select Likelihood --"},"Error",{"$f":"IF(RiskRegister[[#This Row],[Risk Status]]=\"Closed\",RiskRegister[[#This Row],[Residual Impact Level]],RiskRegister[[#This Row],[Inherent Impact Level]])","v":"-- Select Impact --"},{"$f":"IF(RiskRegister[[#This Row],[Risk Status]]=\"Closed\",RiskRegister[[#This Row],[Residual Likelihood Level]],RiskRegister[[#This Row],[Inherent Likelihood Level]])","v":"-- Select Likelihood --"},{"$f":"IF(RiskRegister[[#This Row],[Risk Status]]=\"Closed\",RiskRegister[[#This Row],[Residual-I-L-Combo]],RiskRegister[[#This Row],[Inherent-I-L-Combo]])","v":"-- Select Impact ----- Select Likelihood --"},"-- Error --"]
[501,{"$nulls":5},"-- Select Risk Category --",null,"-- select department --",null,null,"-- Select Impact --",{"$f":"VLOOKUP(RiskRegister[[#This Row],[Inherent Impact Level]],'Rating factors'!$F$4:$G$9,2,FALSE)","v":"--- Error ---"},"-- Select Likelihood --",{"$f":"VLOOKUP(RiskRegister[[#This Row],[Inherent Likelihood Level]],'Rating factors'!$F$16:$G$21,2,FALSE)","v":"--- Error ---"},{"$f":"IFERROR(VLOOKUP(RiskRegister[[#This Row],[Inherent Risk Rating]],'Rating factors'!$F$30:$G$44,2,FALSE),\"-- Error --\")","v":"-- Error --"},{"$f":"IFERROR(RiskRegister[[#This Row],[Inherent Impact Rating]]*RiskRegister[[#This Row],[Inherent Likelihood Rating]],\"-- Error --\")","v":"-- Error --"},"-- Select Risk Response --",null,"-- Select Impact --",{"$f":"VLOOKUP(RiskRegister[[#This Row],[Residual Impact Level]],'Rating factors'!$F$4:$G$9,2,FALSE)","v":"--- Error ---"},"-- Select Likelihood --",{"$f":"VLOOKUP(RiskRegister[[#This Row],[Residual Likelihood Level]],'Rating factors'!$F$16:$G$21,2,FALSE)","v":"--- Error ---"},{"$f":"IFERROR(VLOOKUP(RiskRegister[[#This Row],[Residual Risk Rating]],'Rating factors'!$F$30:$G$44,2,FALSE),\"-- Error --\")","v":"-- Error --"},{"$f":"IFERROR(RiskRegister[[#This Row],[Residual Impact Rating]]*RiskRegister[[#This Row],[Residual Likelihood Rating]],\"-- Error --\")","v":"-- Error --"},"-- Select Risk Status --",{"$nulls":3},{"$f":"IF(ISBLANK(RiskRegister[[#This Row],[Risk Due Date]]), \"Missing Risk Due Date\", IF(RiskRegister[[#This Row],[Risk Due Date]] < TODAY(), \"Overdue\", \"Not Overdue\"))","v":"Missing Risk Due Date"},null,{"$f":"IF(ISBLANK(RiskRegister[[#This Row],[Risk Due Date]]), \"Missing Risk Due Date\", TEXT(RiskRegister[[#This Row],[Risk Due Date]], \"YYYY-MM\"))","v":"Missing Risk Due Date"},{"$f":"IF(RiskRegister[[#This Row],[Created Date]]=\"\",\"Created Date missing\",(TEXT(RiskRegister[[#This Row],[Created Date]],\"mmm\") & \"-\" & YEAR(RiskRegister[[#This Row],[Created Date]])))","v":"Created Date missing"},{"$f":"IF(RiskRegister[[#This Row],[Risk Status]]=\"Closed\",RiskRegister[[#This Row],[Risk Close Date]],RiskRegister[[#This Row],[Risk Due Date]])","v":"00:00:00"},{"$f":"IF(RiskRegister[[#This Row],[Risk-Change-Date]]=0,DATE(2030,1,1),RiskRegister[[#This Row],[Risk-Change-Date]])","v":"2030-01-01"},{"$f":"RiskRegister[[#This Row],[Inherent Impact Level]]&\"-\"&RiskRegister[[#This Row],[Inherent Likelihood Level]]","v":"-- Select Impact ----- Select Likelihood --"},{"$f":"RiskRegister[[#This Row],[Residual Impact Level]]&\"-\"&RiskRegister[[#This Row],[Residual Likelihood Level]]","v":"-- Select Impact ----- Select Likelihood --"},"Error",{"$f":"IF(RiskRegister[[#This Row],[Risk Status]]=\"Closed\",RiskRegister[[#This Row],[Residual Impact Level]],RiskRegister[[#This Row],[Inherent Impact Level]])","v":"-- Select Impact --"},{"$f":"IF(RiskRegister[[#This Row],[Risk Status]]=\"Closed\",RiskRegister[[#This Row],[Residual Likelihood Level]],RiskRegister[[#This Row],[Inherent Likelihood Level]])","v":"-- Select Likelihood --"},{"$f":"IF(RiskRegister[[#This Row],[Risk Status]]=\"Closed\",RiskRegister[[#This Row],[Residual-I-L-Combo]],RiskRegister[[#This Row],[Inherent-I-L-Combo]])","v":"-- Select Impact ----- Select Likelihood --"},"-- Error --"]
[502,{"$nulls":5},"-- Select Risk Category --",null,"-- select department --",null,null,"-- Select Impact --",{"$f":"VLOOKUP(RiskRegister[[#This Row],[Inherent Impact Level]],'Rating factors'!$F$4:$G$9,2,FALSE)","v":"--- Error ---"},"-- Select Likelihood --",{"$f":"VLOOKUP(RiskRegister[[#This Row],[Inherent Likelihood Level]],'Rating factors'!$F$16:$G$21,2,FALSE)","v":"--- Error ---"},{"$f":"IFERROR(VLOOKUP(RiskRegister[[#This Row],[Inherent Risk Rating]],'Rating factors'!$F$30:$G$44,2,FALSE),\"-- Error --\")","v":"-- Error --"},{"$f":"IFERROR(RiskRegister[[#This Row],[Inherent Impact Rating]]*RiskRegister[[#This Row],[Inherent Likelihood Rating]],\"-- Error --\")","v":"-- Error --"},"-- Select Risk Response --",null,"-- Select Impact --",{"$f":"VLOOKUP(RiskRegister[[#This Row],[Residual Impact Level]],'Rating factors'!$F$4:$G$9,2,FALSE)","v":"--- Error ---"},"-- Select Likelihood --",{"$f":"VLOOKUP(RiskRegister[[#This Row],[Residual Likelihood Level]],'Rating factors'!$F$16:$G$21,2,FALSE)","v":"--- Error ---"},{"$f":"IFERROR(VLOOKUP(RiskRegister[[#This Row],[Residual Risk Rating]],'Rating factors'!$F$30:$G$44,2,FALSE),\"-- Error --\")","v":"-- Error --"},{"$f":"IFERROR(RiskRegister[[#This Row],[Residual Impact Rating]]*RiskRegister[[#This Row],[Residual Likelihood Rating]],\"-- Error --\")","v":"-- Error --"},"-- Select Risk Status --",{"$nulls":3},{"$f":"IF(ISBLANK(RiskRegister[[#This Row],[Risk Due Date]]), \"Missing Risk Due Date\", IF(RiskRegister[[#This Row],[Risk Due Date]] < TODAY(), \"Overdue\", \"Not Overdue\"))","v":"Missing Risk Due Date"},null,{"$f":"IF(ISBLANK(RiskRegister[[#This Row],[Risk Due Date]]), \"Missing Risk Due Date\", TEXT(RiskRegister[[#This Row],[Risk Due Date]], \"YYYY-MM\"))","v":"Missing Risk Due Date"},{"$f":"IF(RiskRegister[[#This Row],[Created Date]]=\"\",\"Created Date missing\",(TEXT(RiskRegister[[#This Row],[Created Date]],\"mmm\") & \"-\" & YEAR(RiskRegister[[#This Row],[Created Date]])))","v":"Created Date missing"},{"$f":"IF(RiskRegister[[#This Row],[Risk Status]]=\"Closed\",RiskRegister[[#This Row],[Risk Close Date]],RiskRegister[[#This Row],[Risk Due Date]])","v":"00:00:00"},{"$f":"IF(RiskRegister[[#This Row],[Risk-Change-Date]]=0,DATE(2030,1,1),RiskRegister[[#This Row],[Risk-Change-Date]])","v":"2030-01-01"},{"$f":"RiskRegister[[#This Row],[Inherent Impact Level]]&\"-\"&RiskRegister[[#This Row],[Inherent Likelihood Level]]","v":"-- Select Impact ----- Select Likelihood --"},{"$f":"RiskRegister[[#This Row],[Residual Impact Level]]&\"-\"&RiskRegister[[#This Row],[Residual Likelihood Level]]","v":"-- Select Impact ----- Select Likelihood --"},"Error",{"$f":"IF(RiskRegister[[#This Row],[Risk Status]]=\"Closed\",RiskRegister[[#This Row],[Residual Impact Level]],RiskRegister[[#This Row],[Inherent Impact Level]])","v":"-- Select Impact --"},{"$f":"IF(RiskRegister[[#This Row],[Risk Status]]=\"Closed\",RiskRegister[[#This Row],[Residual Likelihood Level]],RiskRegister[[#This Row],[Inherent Likelihood Level]])","v":"-- Select Likelihood --"},{"$f":"IF(RiskRegister[[#This Row],[Risk Status]]=\"Closed\",RiskRegister[[#This Row],[Residual-I-L-Combo]],RiskRegister[[#This Row],[Inherent-I-L-Combo]])","v":"-- Select Impact ----- Select Likelihood --"},"-- Error --"]
[503,{"$nulls":5},"-- Select Risk Category --",null,"-- select department --",null,null,"-- Select Impact --",{"$f":"VLOOKUP(RiskRegister[[#This Row],[Inherent Impact Level]],'Rating factors'!$F$4:$G$9,2,FALSE)","v":"--- Error ---"},"-- Select Likelihood --",{"$f":"VLOOKUP(RiskRegister[[#This Row],[Inherent Likelihood Level]],'Rating factors'!$F$16:$G$21,2,FALSE)","v":"--- Error ---"},{"$f":"IFERROR(VLOOKUP(RiskRegister[[#This Row],[Inherent Risk Rating]],'Rating factors'!$F$30:$G$44,2,FALSE),\"-- Error --\")","v":"-- Error --"},{"$f":"IFERROR(RiskRegister[[#This Row],[Inherent Impact Rating]]*RiskRegister[[#This Row],[Inherent Likelihood Rating]],\"-- Error --\")","v":"-- Error --"},"-- Select Risk Response --",null,"-- Select Impact --",{"$f":"VLOOKUP(RiskRegister[[#This Row],[Residual Impact Level]],'Rating factors'!$F$4:$G$9,2,FALSE)","v":"--- Error ---"},"-- Select Likelihood --",{"$f":"VLOOKUP(RiskRegister[[#This Row],[Residual Likelihood Level]],'Rating factors'!$F$16:$G$21,2,FALSE)","v":"--- Error ---"},{"$f":"IFERROR(VLOOKUP(RiskRegister[[#This Row],[Residual Risk Rating]],'Rating factors'!$F$30:$G$44,2,FALSE),\"-- Error --\")","v":"-- Error --"},{"$f":"IFERROR(RiskRegister[[#This Row],[Residual Impact Rating]]*RiskRegister[[#This Row],[Residual Likelihood Rating]],\"-- Error --\")","v":"-- Error --"},"-- Select Risk Status --",{"$nulls":3},{"$f":"IF(ISBLANK(RiskRegister[[#This Row],[Risk Due Date]]), \"Missing Risk Due Date\", IF(RiskRegister[[#This Row],[Risk Due Date]] < TODAY(), \"Overdue\", \"Not Overdue\"))","v":"Missing Risk Due Date"},null,{"$f":"IF(ISBLANK(RiskRegister[[#This Row],[Risk Due Date]]), \"Missing Risk Due Date\", TEXT(RiskRegister[[#This Row],[Risk Due Date]], \"YYYY-MM\"))","v":"Missing Risk Due Date"},{"$f":"IF(RiskRegister[[#This Row],[Created Date]]=\"\",\"Created Date missing\",(TEXT(RiskRegister[[#This Row],[Created Date]],\"mmm\") & \"-\" & YEAR(RiskRegister[[#This Row],[Created Date]])))","v":"Created Date missing"},{"$f":"IF(RiskRegister[[#This Row],[Risk Status]]=\"Closed\",RiskRegister[[#This Row],[Risk Close Date]],RiskRegister[[#This Row],[Risk Due Date]])","v":"00:00:00"},{"$f":"IF(RiskRegister[[#This Row],[Risk-Change-Date]]=0,DATE(2030,1,1),RiskRegister[[#This Row],[Risk-Change-Date]])","v":"2030-01-01"},{"$f":"RiskRegister[[#This Row],[Inherent Impact Level]]&\"-\"&RiskRegister[[#This Row],[Inherent Likelihood Level]]","v":"-- Select Impact ----- Select Likelihood --"},{"$f":"RiskRegister[[#This Row],[Residual Impact Level]]&\"-\"&RiskRegister[[#This Row],[Residual Likelihood Level]]","v":"-- Select Impact ----- Select Likelihood --"},"Error",{"$f":"IF(RiskRegister[[#This Row],[Risk Status]]=\"Closed\",RiskRegister[[#This Row],[Residual Impact Level]],RiskRegister[[#This Row],[Inherent Impact Level]])","v":"-- Select Impact --"},{"$f":"IF(RiskRegister[[#This Row],[Risk Status]]=\"Closed\",RiskRegister[[#This Row],[Residual Likelihood Level]],RiskRegister[[#This Row],[Inherent Likelihood Level]])","v":"-- Select Likelihood --"},{"$f":"IF(RiskRegister[[#This Row],[Risk Status]]=\"Closed\",RiskRegister[[#This Row],[Residual-I-L-Combo]],RiskRegister[[#This Row],[Inherent-I-L-Combo]])","v":"-- Select Impact ----- Select Likelihood --"},"-- Error --"]
[504,{"$nulls":5},"-- Select Risk Category --",null,"-- select department --",null,null,"-- Select Impact --",{"$f":"VLOOKUP(RiskRegister[[#This Row],[Inherent Impact Level]],'Rating factors'!$F$4:$G$9,2,FALSE)","v":"--- Error ---"},"-- Select Likelihood --",{"$f":"VLOOKUP(RiskRegister[[#This Row],[Inherent Likelihood Level]],'Rating factors'!$F$16:$G$21,2,FALSE)","v":"--- Error ---"},{"$f":"IFERROR(VLOOKUP(RiskRegister[[#This Row],[Inherent Risk Rating]],'Rating factors'!$F$30:$G$44,2,FALSE),\"-- Error --\")","v":"-- Error --"},{"$f":"IFERROR(RiskRegister[[#This Row],[Inherent Impact Rating]]*RiskRegister[[#This Row],[Inherent Likelihood Rating]],\"-- Error --\")","v":"-- Error --"},"-- Select Risk Response --",null,"-- Select Impact --",{"$f":"VLOOKUP(RiskRegister[[#This Row],[Residual Impact Level]],'Rating factors'!$F$4:$G$9,2,FALSE)","v":"--- Error ---"},"-- Select Likelihood --",{"$f":"VLOOKUP(RiskRegister[[#This Row],[Residual Likelihood Level]],'Rating factors'!$F$16:$G$21,2,FALSE)","v":"--- Error ---"},{"$f":"IFERROR(VLOOKUP(RiskRegister[[#This Row],[Residual Risk Rating]],'Rating factors'!$F$30:$G$44,2,FALSE),\"-- Error --\")","v":"-- Error --"},{"$f":"IFERROR(RiskRegister[[#This Row],[Residual Impact Rating]]*RiskRegister[[#This Row],[Residual Likelihood Rating]],\"-- Error --\")","v":"-- Error --"},"-- Select Risk Status --",{"$nulls":3},{"$f":"IF(ISBLANK(RiskRegister[[#This Row],[Risk Due Date]]), \"Missing Risk Due Date\", IF(RiskRegister[[#This Row],[Risk Due Date]] < TODAY(), \"Overdue\", \"Not Overdue\"))","v":"Missing Risk Due Date"},null,{"$f":"IF(ISBLANK(RiskRegister[[#This Row],[Risk Due Date]]), \"Missing Risk Due Date\", TEXT(RiskRegister[[#This Row],[Risk Due Date]], \"YYYY-MM\"))","v":"Missing Risk Due Date"},{"$f":"IF(RiskRegister[[#This Row],[Created Date]]=\"\",\"Created Date missing\",(TEXT(RiskRegister[[#This Row],[Created Date]],\"mmm\") & \"-\" & YEAR(RiskRegister[[#This Row],[Created Date]])))","v":"Created Date missing"},{"$f":"IF(RiskRegister[[#This Row],[Risk Status]]=\"Closed\",RiskRegister[[#This Row],[Risk Close Date]],RiskRegister[[#This Row],[Risk Due Date]])","v":"00:00:00"},{"$f":"IF(RiskRegister[[#This Row],[Risk-Change-Date]]=0,DATE(2030,1,1),RiskRegister[[#This Row],[Risk-Change-Date]])","v":"2030-01-01"},{"$f":"RiskRegister[[#This Row],[Inherent Impact Level]]&\"-\"&RiskRegister[[#This Row],[Inherent Likelihood Level]]","v":"-- Select Impact ----- Select Likelihood --"},{"$f":"RiskRegister[[#This Row],[Residual Impact Level]]&\"-\"&RiskRegister[[#This Row],[Residual Likelihood Level]]","v":"-- Select Impact ----- Select Likelihood --"},"Error",{"$f":"IF(RiskRegister[[#This Row],[Risk Status]]=\"Closed\",RiskRegister[[#This Row],[Residual Impact Level]],RiskRegister[[#This Row],[Inherent Impact Level]])","v":"-- Select Impact --"},{"$f":"IF(RiskRegister[[#This Row],[Risk Status]]=\"Closed\",RiskRegister[[#This Row],[Residual Likelihood Level]],RiskRegister[[#This Row],[Inherent Likelihood Level]])","v":"-- Select Likelihood --"},{"$f":"IF(RiskRegister[[#This Row],[Risk Status]]=\"Closed\",RiskRegister[[#This Row],[Residual-I-L-Combo]],RiskRegister[[#This Row],[Inherent-I-L-Combo]])","v":"-- Select Impact ----- Select Likelihood --"},"-- Error --"]
[505,{"$nulls":5},"-- Select Risk Category --",null,"-- select department --",null,null,"-- Select Impact --",{"$f":"VLOOKUP(RiskRegister[[#This Row],[Inherent Impact Level]],'Rating factors'!$F$4:$G$9,2,FALSE)","v":"--- Error ---"},"-- Select Likelihood --",{"$f":"VLOOKUP(RiskRegister[[#This Row],[Inherent Likelihood Level]],'Rating factors'!$F$16:$G$21,2,FALSE)","v":"--- Error ---"},{"$f":"IFERROR(VLOOKUP(RiskRegister[[#This Row],[Inherent Risk Rating]],'Rating factors'!$F$30:$G$44,2,FALSE),\"-- Error --\")","v":"-- Error --"},{"$f":"IFERROR(RiskRegister[[#This Row],[Inherent Impact Rating]]*RiskRegister[[#This Row],[Inherent Likelihood Rating]],\"-- Error --\")","v":"-- Error --"},"-- Select Risk Response --",null,"-- Select Impact --",{"$f":"VLOOKUP(RiskRegister[[#This Row],[Residual Impact Level]],'Rating factors'!$F$4:$G$9,2,FALSE)","v":"--- Error ---"},"-- Select Likelihood --",{"$f":"VLOOKUP(RiskRegister[[#This Row],[Residual Likelihood Level]],'Rating factors'!$F$16:$G$21,2,FALSE)","v":"--- Error ---"},{"$f":"IFERROR(VLOOKUP(RiskRegister[[#This Row],[Residual Risk Rating]],'Rating factors'!$F$30:$G$44,2,FALSE),\"-- Error --\")","v":"-- Error --"},{"$f":"IFERROR(RiskRegister[[#This Row],[Residual Impact Rating]]*RiskRegister[[#This Row],[Residual Likelihood Rating]],\"-- Error --\")","v":"-- Error --"},"-- Select Risk Status --",{"$nulls":3},{"$f":"IF(ISBLANK(RiskRegister[[#This Row],[Risk Due Date]]), \"Missing Risk Due Date\", IF(RiskRegister[[#This Row],[Risk Due Date]] < TODAY(), \"Overdue\", \"Not Overdue\"))","v":"Missing Risk Due Date"},null,{"$f":"IF(ISBLANK(RiskRegister[[#This Row],[Risk Due Date]]), \"Missing Risk Due Date\", TEXT(RiskRegister[[#This Row],[Risk Due Date]], \"YYYY-MM\"))","v":"Missing Risk Due Date"},{"$f":"IF(RiskRegister[[#This Row],[Created Date]]=\"\",\"Created Date missing\",(TEXT(RiskRegister[[#This Row],[Created Date]],\"mmm\") & \"-\" & YEAR(RiskRegister[[#This Row],[Created Date]])))","v":"Created Date missing"},{"$f":"IF(RiskRegister[[#This Row],[Risk Status]]=\"Closed\",RiskRegister[[#This Row],[Risk Close Date]],RiskRegister[[#This Row],[Risk Due Date]])","v":"00:00:00"},{"$f":"IF(RiskRegister[[#This Row],[Risk-Change-Date]]=0,DATE(2030,1,1),RiskRegister[[#This Row],[Risk-Change-Date]])","v":"2030-01-01"},{"$f":"RiskRegister[[#This Row],[Inherent Impact Level]]&\"-\"&RiskRegister[[#This Row],[Inherent Likelihood Level]]","v":"-- Select Impact ----- Select Likelihood --"},{"$f":"RiskRegister[[#This Row],[Residual Impact Level]]&\"-\"&RiskRegister[[#This Row],[Residual Likelihood Level]]","v":"-- Select Impact ----- Select Likelihood --"},"Error",{"$f":"IF(RiskRegister[[#This Row],[Risk Status]]=\"Closed\",RiskRegister[[#This Row],[Residual Impact Level]],RiskRegister[[#This Row],[Inherent Impact Level]])","v":"-- Select Impact --"},{"$f":"IF(RiskRegister[[#This Row],[Risk Status]]=\"Closed\",RiskRegister[[#This Row],[Residual Likelihood Level]],RiskRegister[[#This Row],[Inherent Likelihood Level]])","v":"-- Select Likelihood --"},{"$f":"IF(RiskRegister[[#This Row],[Risk Status]]=\"Closed\",RiskRegister[[#This Row],[Residual-I-L-Combo]],RiskRegister[[#This Row],[Inherent-I-L-Combo]])","v":"-- Select Impact ----- Select Likelihood --"},"-- Error --"]
[506,{"$nulls":5},"-- Select Risk Category --",null,"-- select department --",null,null,"-- Select Impact --",{"$f":"VLOOKUP(RiskRegister[[#This Row],[Inherent Impact Level]],'Rating factors'!$F$4:$G$9,2,FALSE)","v":"--- Error ---"},"-- Select Likelihood --",{"$f":"VLOOKUP(RiskRegister[[#This Row],[Inherent Likelihood Level]],'Rating factors'!$F$16:$G$21,2,FALSE)","v":"--- Error ---"},{"$f":"IFERROR(VLOOKUP(RiskRegister[[#This Row],[Inherent Risk Rating]],'Rating factors'!$F$30:$G$44,2,FALSE),\"-- Error --\")","v":"-- Error --"},{"$f":"IFERROR(RiskRegister[[#This Row],[Inherent Impact Rating]]*RiskRegister[[#This Row],[Inherent Likelihood Rating]],\"-- Error --\")","v":"-- Error --"},"-- Select Risk Response --",null,"-- Select Impact --",{"$f":"VLOOKUP(RiskRegister[[#This Row],[Residual Impact Level]],'Rating factors'!$F$4:$G$9,2,FALSE)","v":"--- Error ---"},"-- Select Likelihood --",{"$f":"VLOOKUP(RiskRegister[[#This Row],[Residual Likelihood Level]],'Rating factors'!$F$16:$G$21,2,FALSE)","v":"--- Error ---"},{"$f":"IFERROR(VLOOKUP(RiskRegister[[#This Row],[Residual Risk Rating]],'Rating factors'!$F$30:$G$44,2,FALSE),\"-- Error --\")","v":"-- Error --"},{"$f":"IFERROR(RiskRegister[[#This Row],[Residual Impact Rating]]*RiskRegister[[#This Row],[Residual Likelihood Rating]],\"-- Error --\")","v":"-- Error --"},"-- Select Risk Status --",{"$nulls":3},{"$f":"IF(ISBLANK(RiskRegister[[#This Row],[Risk Due Date]]), \"Missing Risk Due Date\", IF(RiskRegister[[#This Row],[Risk Due Date]] < TODAY(), \"Overdue\", \"Not Overdue\"))","v":"Missing Risk Due Date"},null,{"$f":"IF(ISBLANK(RiskRegister[[#This Row],[Risk Due Date]]), \"Missing Risk Due Date\", TEXT(RiskRegister[[#This Row],[Risk Due Date]], \"YYYY-MM\"))","v":"Missing Risk Due Date"},{"$f":"IF(RiskRegister[[#This Row],[Created Date]]=\"\",\"Created Date missing\",(TEXT(RiskRegister[[#This Row],[Created Date]],\"mmm\") & \"-\" & YEAR(RiskRegister[[#This Row],[Created Date]])))","v":"Created Date missing"},{"$f":"IF(RiskRegister[[#This Row],[Risk Status]]=\"Closed\",RiskRegister[[#This Row],[Risk Close Date]],RiskRegister[[#This Row],[Risk Due Date]])","v":"00:00:00"},{"$f":"IF(RiskRegister[[#This Row],[Risk-Change-Date]]=0,DATE(2030,1,1),RiskRegister[[#This Row],[Risk-Change-Date]])","v":"2030-01-01"},{"$f":"RiskRegister[[#This Row],[Inherent Impact Level]]&\"-\"&RiskRegister[[#This Row],[Inherent Likelihood Level]]","v":"-- Select Impact ----- Select Likelihood --"},{"$f":"RiskRegister[[#This Row],[Residual Impact Level]]&\"-\"&RiskRegister[[#This Row],[Residual Likelihood Level]]","v":"-- Select Impact ----- Select Likelihood --"},"Error",{"$f":"IF(RiskRegister[[#This Row],[Risk Status]]=\"Closed\",RiskRegister[[#This Row],[Residual Impact Level]],RiskRegister[[#This Row],[Inherent Impact Level]])","v":"-- Select Impact --"},{"$f":"IF(RiskRegister[[#This Row],[Risk Status]]=\"Closed\",RiskRegister[[#This Row],[Residual Likelihood Level]],RiskRegister[[#This Row],[Inherent Likelihood Level]])","v":"-- Select Likelihood --"},{"$f":"IF(RiskRegister[[#This Row],[Risk Status]]=\"Closed\",RiskRegister[[#This Row],[Residual-I-L-Combo]],RiskRegister[[#This Row],[Inherent-I-L-Combo]])","v":"-- Select Impact ----- Select Likelihood --"},"-- Error --"]
[507,{"$nulls":5},"-- Select Risk Category --",null,"-- select department --",null,null,"-- Select Impact --",{"$f":"VLOOKUP(RiskRegister[[#This Row],[Inherent Impact Level]],'Rating factors'!$F$4:$G$9,2,FALSE)","v":"--- Error ---"},"-- Select Likelihood --",{"$f":"VLOOKUP(RiskRegister[[#This Row],[Inherent Likelihood Level]],'Rating factors'!$F$16:$G$21,2,FALSE)","v":"--- Error ---"},{"$f":"IFERROR(VLOOKUP(RiskRegister[[#This Row],[Inherent Risk Rating]],'Rating factors'!$F$30:$G$44,2,FALSE),\"-- Error --\")","v":"-- Error --"},{"$f":"IFERROR(RiskRegister[[#This Row],[Inherent Impact Rating]]*RiskRegister[[#This Row],[Inherent Likelihood Rating]],\"-- Error --\")","v":"-- Error --"},"-- Select Risk Response --",null,"-- Select Impact --",{"$f":"VLOOKUP(RiskRegister[[#This Row],[Residual Impact Level]],'Rating factors'!$F$4:$G$9,2,FALSE)","v":"--- Error ---"},"-- Select Likelihood --",{"$f":"VLOOKUP(RiskRegister[[#This Row],[Residual Likelihood Level]],'Rating factors'!$F$16:$G$21,2,FALSE)","v":"--- Error ---"},{"$f":"IFERROR(VLOOKUP(RiskRegister[[#This Row],[Residual Risk Rating]],'Rating factors'!$F$30:$G$44,2,FALSE),\"-- Error --\")","v":"-- Error --"},{"$f":"IFERROR(RiskRegister[[#This Row],[Residual Impact Rating]]*RiskRegister[[#This Row],[Residual Likelihood Rating]],\"-- Error --\")","v":"-- Error --"},"-- Select Risk Status --",{"$nulls":3},{"$f":"IF(ISBLANK(RiskRegister[[#This Row],[Risk Due Date]]), \"Missing Risk Due Date\", IF(RiskRegister[[#This Row],[Risk Due Date]] < TODAY(), \"Overdue\", \"Not Overdue\"))","v":"Missing Risk Due Date"},null,{"$f":"IF(ISBLANK(RiskRegister[[#This Row],[Risk Due Date]]), \"Missing Risk Due Date\", TEXT(RiskRegister[[#This Row],[Risk Due Date]], \"YYYY-MM\"))","v":"Missing Risk Due Date"},{"$f":"IF(RiskRegister[[#This Row],[Created Date]]=\"\",\"Created Date missing\",(TEXT(RiskRegister[[#This Row],[Created Date]],\"mmm\") & \"-\" & YEAR(RiskRegister[[#This Row],[Created Date]])))","v":"Created Date missing"},{"$f":"IF(RiskRegister[[#This Row],[Risk Status]]=\"Closed\",RiskRegister[[#This Row],[Risk Close Date]],RiskRegister[[#This Row],[Risk Due Date]])","v":"00:00:00"},{"$f":"IF(RiskRegister[[#This Row],[Risk-Change-Date]]=0,DATE(2030,1,1),RiskRegister[[#This Row],[Risk-Change-Date]])","v":"2030-01-01"},{"$f":"RiskRegister[[#This Row],[Inherent Impact Level]]&\"-\"&RiskRegister[[#This Row],[Inherent Likelihood Level]]","v":"-- Select Impact ----- Select Likelihood --"},{"$f":"RiskRegister[[#This Row],[Residual Impact Level]]&\"-\"&RiskRegister[[#This Row],[Residual Likelihood Level]]","v":"-- Select Impact ----- Select Likelihood --"},"Error",{"$f":"IF(RiskRegister[[#This Row],[Risk Status]]=\"Closed\",RiskRegister[[#This Row],[Residual Impact Level]],RiskRegister[[#This Row],[Inherent Impact Level]])","v":"-- Select Impact --"},{"$f":"IF(RiskRegister[[#This Row],[Risk Status]]=\"Closed\",RiskRegister[[#This Row],[Residual Likelihood Level]],RiskRegister[[#This Row],[Inherent Likelihood Level]])","v":"-- Select Likelihood --"},{"$f":"IF(RiskRegister[[#This Row],[Risk Status]]=\"Closed\",RiskRegister[[#This Row],[Residual-I-L-Combo]],RiskRegister[[#This Row],[Inherent-I-L-Combo]])","v":"-- Select Impact ----- Select Likelihood --"},"-- Error --"]
[508,{"$nulls":5},"-- Select Risk Category --",null,"-- select department --",null,null,"-- Select Impact --",{"$f":"VLOOKUP(RiskRegister[[#This Row],[Inherent Impact Level]],'Rating factors'!$F$4:$G$9,2,FALSE)","v":"--- Error ---"},"-- Select Likelihood --",{"$f":"VLOOKUP(RiskRegister[[#This Row],[Inherent Likelihood Level]],'Rating factors'!$F$16:$G$21,2,FALSE)","v":"--- Error ---"},{"$f":"IFERROR(VLOOKUP(RiskRegister[[#This Row],[Inherent Risk Rating]],'Rating factors'!$F$30:$G$44,2,FALSE),\"-- Error --\")","v":"-- Error --"},{"$f":"IFERROR(RiskRegister[[#This Row],[Inherent Impact Rating]]*RiskRegister[[#This Row],[Inherent Likelihood Rating]],\"-- Error --\")","v":"-- Error --"},"-- Select Risk Response --",null,"-- Select Impact --",{"$f":"VLOOKUP(RiskRegister[[#This Row],[Residual Impact Level]],'Rating factors'!$F$4:$G$9,2,FALSE)","v":"--- Error ---"},"-- Select Likelihood --",{"$f":"VLOOKUP(RiskRegister[[#This Row],[Residual Likelihood Level]],'Rating factors'!$F$16:$G$21,2,FALSE)","v":"--- Error ---"},{"$f":"IFERROR(VLOOKUP(RiskRegister[[#This Row],[Residual Risk Rating]],'Rating factors'!$F$30:$G$44,2,FALSE),\"-- Error --\")","v":"-- Error --"},{"$f":"IFERROR(RiskRegister[[#This Row],[Residual Impact Rating]]*RiskRegister[[#This Row],[Residual Likelihood Rating]],\"-- Error --\")","v":"-- Error --"},"-- Select Risk Status --",{"$nulls":3},{"$f":"IF(ISBLANK(RiskRegister[[#This Row],[Risk Due Date]]), \"Missing Risk Due Date\", IF(RiskRegister[[#This Row],[Risk Due Date]] < TODAY(), \"Overdue\", \"Not Overdue\"))","v":"Missing Risk Due Date"},null,{"$f":"IF(ISBLANK(RiskRegister[[#This Row],[Risk Due Date]]), \"Missing Risk Due Date\", TEXT(RiskRegister[[#This Row],[Risk Due Date]], \"YYYY-MM\"))","v":"Missing Risk Due Date"},{"$f":"IF(RiskRegister[[#This Row],[Created Date]]=\"\",\"Created Date missing\",(TEXT(RiskRegister[[#This Row],[Created Date]],\"mmm\") & \"-\" & YEAR(RiskRegister[[#This Row],[Created Date]])))","v":"Created Date missing"},{"$f":"IF(RiskRegister[[#This Row],[Risk Status]]=\"Closed\",RiskRegister[[#This Row],[Risk Close Date]],RiskRegister[[#This Row],[Risk Due Date]])","v":"00:00:00"},{"$f":"IF(RiskRegister[[#This Row],[Risk-Change-Date]]=0,DATE(2030,1,1),RiskRegister[[#This Row],[Risk-Change-Date]])","v":"2030-01-01"},{"$f":"RiskRegister[[#This Row],[Inherent Impact Level]]&\"-\"&RiskRegister[[#This Row],[Inherent Likelihood Level]]","v":"-- Select Impact ----- Select Likelihood --"},{"$f":"RiskRegister[[#This Row],[Residual Impact Level]]&\"-\"&RiskRegister[[#This Row],[Residual Likelihood Level]]","v":"-- Select Impact ----- Select Likelihood --"},"Error",{"$f":"IF(RiskRegister[[#This Row],[Risk Status]]=\"Closed\",RiskRegister[[#This Row],[Residual Impact Level]],RiskRegister[[#This Row],[Inherent Impact Level]])","v":"-- Select Impact --"},{"$f":"IF(RiskRegister[[#This Row],[Risk Status]]=\"Closed\",RiskRegister[[#This Row],[Residual Likelihood Level]],RiskRegister[[#This Row],[Inherent Likelihood Level]])","v":"-- Select Likelihood --"},{"$f":"IF(RiskRegister[[#This Row],[Risk Status]]=\"Closed\",RiskRegister[[#This Row],[Residual-I-L-Combo]],RiskRegister[[#This Row],[Inherent-I-L-Combo]])","v":"-- Select Impact ----- Select Likelihood --"},"-- Error --"]
[509,{"$nulls":5},"-- Select Risk Category --",null,"-- select department --",null,null,"-- Select Impact --",{"$f":"VLOOKUP(RiskRegister[[#This Row],[Inherent Impact Level]],'Rating factors'!$F$4:$G$9,2,FALSE)","v":"--- Error ---"},"-- Select Likelihood --",{"$f":"VLOOKUP(RiskRegister[[#This Row],[Inherent Likelihood Level]],'Rating factors'!$F$16:$G$21,2,FALSE)","v":"--- Error ---"},{"$f":"IFERROR(VLOOKUP(RiskRegister[[#This Row],[Inherent Risk Rating]],'Rating factors'!$F$30:$G$44,2,FALSE),\"-- Error --\")","v":"-- Error --"},{"$f":"IFERROR(RiskRegister[[#This Row],[Inherent Impact Rating]]*RiskRegister[[#This Row],[Inherent Likelihood Rating]],\"-- Error --\")","v":"-- Error --"},"-- Select Risk Response --",null,"-- Select Impact --",{"$f":"VLOOKUP(RiskRegister[[#This Row],[Residual Impact Level]],'Rating factors'!$F$4:$G$9,2,FALSE)","v":"--- Error ---"},"-- Select Likelihood --",{"$f":"VLOOKUP(RiskRegister[[#This Row],[Residual Likelihood Level]],'Rating factors'!$F$16:$G$21,2,FALSE)","v":"--- Error ---"},{"$f":"IFERROR(VLOOKUP(RiskRegister[[#This Row],[Residual Risk Rating]],'Rating factors'!$F$30:$G$44,2,FALSE),\"-- Error --\")","v":"-- Error --"},{"$f":"IFERROR(RiskRegister[[#This Row],[Residual Impact Rating]]*RiskRegister[[#This Row],[Residual Likelihood Rating]],\"-- Error --\")","v":"-- Error --"},"-- Select Risk Status --",{"$nulls":3},{"$f":"IF(ISBLANK(RiskRegister[[#This Row],[Risk Due Date]]), \"Missing Risk Due Date\", IF(RiskRegister[[#This Row],[Risk Due Date]] < TODAY(), \"Overdue\", \"Not Overdue\"))","v":"Missing Risk Due Date"},null,{"$f":"IF(ISBLANK(RiskRegister[[#This Row],[Risk Due Date]]), \"Missing Risk Due Date\", TEXT(RiskRegister[[#This Row],[Risk Due Date]], \"YYYY-MM\"))","v":"Missing Risk Due Date"},{"$f":"IF(RiskRegister[[#This Row],[Created Date]]=\"\",\"Created Date missing\",(TEXT(RiskRegister[[#This Row],[Created Date]],\"mmm\") & \"-\" & YEAR(RiskRegister[[#This Row],[Created Date]])))","v":"Created Date missing"},{"$f":"IF(RiskRegister[[#This Row],[Risk Status]]=\"Closed\",RiskRegister[[#This Row],[Risk Close Date]],RiskRegister[[#This Row],[Risk Due Date]])","v":"00:00:00"},{"$f":"IF(RiskRegister[[#This Row],[Risk-Change-Date]]=0,DATE(2030,1,1),RiskRegister[[#This Row],[Risk-Change-Date]])","v":"2030-01-01"},{"$f":"RiskRegister[[#This Row],[Inherent Impact Level]]&\"-\"&RiskRegister[[#This Row],[Inherent Likelihood Level]]","v":"-- Select Impact ----- Select Likelihood --"},{"$f":"RiskRegister[[#This Row],[Residual Impact Level]]&\"-\"&RiskRegister[[#This Row],[Residual Likelihood Level]]","v":"-- Select Impact ----- Select Likelihood --"},"Error",{"$f":"IF(RiskRegister[[#This Row],[Risk Status]]=\"Closed\",RiskRegister[[#This Row],[Residual Impact Level]],RiskRegister[[#This Row],[Inherent Impact Level]])","v":"-- Select Impact --"},{"$f":"IF(RiskRegister[[#This Row],[Risk Status]]=\"Closed\",RiskRegister[[#This Row],[Residual Likelihood Level]],RiskRegister[[#This Row],[Inherent Likelihood Level]])","v":"-- Select Likelihood --"},{"$f":"IF(RiskRegister[[#This Row],[Risk Status]]=\"Closed\",RiskRegister[[#This Row],[Residual-I-L-Combo]],RiskRegister[[#This Row],[Inherent-I-L-Combo]])","v":"-- Select Impact ----- Select Likelihood --"},"-- Error --"]
[510,{"$nulls":5},"-- Select Risk Category --",null,"-- select department --",null,null,"-- Select Impact --",{"$f":"VLOOKUP(RiskRegister[[#This Row],[Inherent Impact Level]],'Rating factors'!$F$4:$G$9,2,FALSE)","v":"--- Error ---"},"-- Select Likelihood --",{"$f":"VLOOKUP(RiskRegister[[#This Row],[Inherent Likelihood Level]],'Rating factors'!$F$16:$G$21,2,FALSE)","v":"--- Error ---"},{"$f":"IFERROR(VLOOKUP(RiskRegister[[#This Row],[Inherent Risk Rating]],'Rating factors'!$F$30:$G$44,2,FALSE),\"-- Error --\")","v":"-- Error --"},{"$f":"IFERROR(RiskRegister[[#This Row],[Inherent Impact Rating]]*RiskRegister[[#This Row],[Inherent Likelihood Rating]],\"-- Error --\")","v":"-- Error --"},"-- Select Risk Response --",null,"-- Select Impact --",{"$f":"VLOOKUP(RiskRegister[[#This Row],[Residual Impact Level]],'Rating factors'!$F$4:$G$9,2,FALSE)","v":"--- Error ---"},"-- Select Likelihood --",{"$f":"VLOOKUP(RiskRegister[[#This Row],[Residual Likelihood Level]],'Rating factors'!$F$16:$G$21,2,FALSE)","v":"--- Error ---"},{"$f":"IFERROR(VLOOKUP(RiskRegister[[#This Row],[Residual Risk Rating]],'Rating factors'!$F$30:$G$44,2,FALSE),\"-- Error --\")","v":"-- Error --"},{"$f":"IFERROR(RiskRegister[[#This Row],[Residual Impact Rating]]*RiskRegister[[#This Row],[Residual Likelihood Rating]],\"-- Error --\")","v":"-- Error --"},"-- Select Risk Status --",{"$nulls":3},{"$f":"IF(ISBLANK(RiskRegister[[#This Row],[Risk Due Date]]), \"Missing Risk Due Date\", IF(RiskRegister[[#This Row],[Risk Due Date]] < TODAY(), \"Overdue\", \"Not Overdue\"))","v":"Missing Risk Due Date"},null,{"$f":"IF(ISBLANK(RiskRegister[[#This Row],[Risk Due Date]]), \"Missing Risk Due Date\", TEXT(RiskRegister[[#This Row],[Risk Due Date]], \"YYYY-MM\"))","v":"Missing Risk Due Date"},{"$f":"IF(RiskRegister[[#This Row],[Created Date]]=\"\",\"Created Date missing\",(TEXT(RiskRegister[[#This Row],[Created Date]],\"mmm\") & \"-\" & YEAR(RiskRegister[[#This Row],[Created Date]])))","v":"Created Date missing"},{"$f":"IF(RiskRegister[[#This Row],[Risk Status]]=\"Closed\",RiskRegister[[#This Row],[Risk Close Date]],RiskRegister[[#This Row],[Risk Due Date]])","v":"00:00:00"},{"$f":"IF(RiskRegister[[#This Row],[Risk-Change-Date]]=0,DATE(2030,1,1),RiskRegister[[#This Row],[Risk-Change-Date]])","v":"2030-01-01"},{"$f":"RiskRegister[[#This Row],[Inherent Impact Level]]&\"-\"&RiskRegister[[#This Row],[Inherent Likelihood Level]]","v":"-- Select Impact ----- Select Likelihood --"},{"$f":"RiskRegister[[#This Row],[Residual Impact Level]]&\"-\"&RiskRegister[[#This Row],[Residual Likelihood Level]]","v":"-- Select Impact ----- Select Likelihood --"},"Error",{"$f":"IF(RiskRegister[[#This Row],[Risk Status]]=\"Closed\",RiskRegister[[#This Row],[Residual Impact Level]],RiskRegister[[#This Row],[Inherent Impact Level]])","v":"-- Select Impact --"},{"$f":"IF(RiskRegister[[#This Row],[Risk Status]]=\"Closed\",RiskRegister[[#This Row],[Residual Likelihood Level]],RiskRegister[[#This Row],[Inherent Likelihood Level]])","v":"-- Select Likelihood --"},{"$f":"IF(RiskRegister[[#This Row],[Risk Status]]=\"Closed\",RiskRegister[[#This Row],[Residual-I-L-Combo]],RiskRegister[[#This Row],[Inherent-I-L-Combo]])","v":"-- Select Impact ----- Select Likelihood --"},"-- Error --"]
[511,{"$nulls":5},"-- Select Risk Category --",null,"-- select department --",null,null,"-- Select Impact --",{"$f":"VLOOKUP(RiskRegister[[#This Row],[Inherent Impact Level]],'Rating factors'!$F$4:$G$9,2,FALSE)","v":"--- Error ---"},"-- Select Likelihood --",{"$f":"VLOOKUP(RiskRegister[[#This Row],[Inherent Likelihood Level]],'Rating factors'!$F$16:$G$21,2,FALSE)","v":"--- Error ---"},{"$f":"IFERROR(VLOOKUP(RiskRegister[[#This Row],[Inherent Risk Rating]],'Rating factors'!$F$30:$G$44,2,FALSE),\"-- Error --\")","v":"-- Error --"},{"$f":"IFERROR(RiskRegister[[#This Row],[Inherent Impact Rating]]*RiskRegister[[#This Row],[Inherent Likelihood Rating]],\"-- Error --\")","v":"-- Error --"},"-- Select Risk Response --",null,"-- Select Impact --",{"$f":"VLOOKUP(RiskRegister[[#This Row],[Residual Impact Level]],'Rating factors'!$F$4:$G$9,2,FALSE)","v":"--- Error ---"},"-- Select Likelihood --",{"$f":"VLOOKUP(RiskRegister[[#This Row],[Residual Likelihood Level]],'Rating factors'!$F$16:$G$21,2,FALSE)","v":"--- Error ---"},{"$f":"IFERROR(VLOOKUP(RiskRegister[[#This Row],[Residual Risk Rating]],'Rating factors'!$F$30:$G$44,2,FALSE),\"-- Error --\")","v":"-- Error --"},{"$f":"IFERROR(RiskRegister[[#This Row],[Residual Impact Rating]]*RiskRegister[[#This Row],[Residual Likelihood Rating]],\"-- Error --\")","v":"-- Error --"},"-- Select Risk Status --",{"$nulls":3},{"$f":"IF(ISBLANK(RiskRegister[[#This Row],[Risk Due Date]]), \"Missing Risk Due Date\", IF(RiskRegister[[#This Row],[Risk Due Date]] < TODAY(), \"Overdue\", \"Not Overdue\"))","v":"Missing Risk Due Date"},null,{"$f":"IF(ISBLANK(RiskRegister[[#This Row],[Risk Due Date]]), \"Missing Risk Due Date\", TEXT(RiskRegister[[#This Row],[Risk Due Date]], \"YYYY-MM\"))","v":"Missing Risk Due Date"},{"$f":"IF(RiskRegister[[#This Row],[Created Date]]=\"\",\"Created Date missing\",(TEXT(RiskRegister[[#This Row],[Created Date]],\"mmm\") & \"-\" & YEAR(RiskRegister[[#This Row],[Created Date]])))","v":"Created Date missing"},{"$f":"IF(RiskRegister[[#This Row],[Risk Status]]=\"Closed\",RiskRegister[[#This Row],[Risk Close Date]],RiskRegister[[#This Row],[Risk Due Date]])","v":"00:00:00"},{"$f":"IF(RiskRegister[[#This Row],[Risk-Change-Date]]=0,DATE(2030,1,1),RiskRegister[[#This Row],[Risk-Change-Date]])","v":"2030-01-01"},{"$f":"RiskRegister[[#This Row],[Inherent Impact Level]]&\"-\"&RiskRegister[[#This Row],[Inherent Likelihood Level]]","v":"-- Select Impact ----- Select Likelihood --"},{"$f":"RiskRegister[[#This Row],[Residual Impact Level]]&\"-\"&RiskRegister[[#This Row],[Residual Likelihood Level]]","v":"-- Select Impact ----- Select Likelihood --"},"Error",{"$f":"IF(RiskRegister[[#This Row],[Risk Status]]=\"Closed\",RiskRegister[[#This Row],[Residual Impact Level]],RiskRegister[[#This Row],[Inherent Impact Level]])","v":"-- Select Impact --"},{"$f":"IF(RiskRegister[[#This Row],[Risk Status]]=\"Closed\",RiskRegister[[#This Row],[Residual Likelihood Level]],RiskRegister[[#This Row],[Inherent Likelihood Level]])","v":"-- Select Likelihood --"},{"$f":"IF(RiskRegister[[#This Row],[Risk Status]]=\"Closed\",RiskRegister[[#This Row],[Residual-I-L-Combo]],RiskRegister[[#This Row],[Inherent-I-L-Combo]])","v":"-- Select Impact ----- Select Likelihood --"},"-- Error --"]
[512,{"$nulls":5},"-- Select Risk Category --",null,"-- select department --",null,null,"-- Select Impact --",{"$f":"VLOOKUP(RiskRegister[[#This Row],[Inherent Impact Level]],'Rating factors'!$F$4:$G$9,2,FALSE)","v":"--- Error ---"},"-- Select Likelihood --",{"$f":"VLOOKUP(RiskRegister[[#This Row],[Inherent Likelihood Level]],'Rating factors'!$F$16:$G$21,2,FALSE)","v":"--- Error ---"},{"$f":"IFERROR(VLOOKUP(RiskRegister[[#This Row],[Inherent Risk Rating]],'Rating factors'!$F$30:$G$44,2,FALSE),\"-- Error --\")","v":"-- Error --"},{"$f":"IFERROR(RiskRegister[[#This Row],[Inherent Impact Rating]]*RiskRegister[[#This Row],[Inherent Likelihood Rating]],\"-- Error --\")","v":"-- Error --"},"-- Select Risk Response --",null,"-- Select Impact --",{"$f":"VLOOKUP(RiskRegister[[#This Row],[Residual Impact Level]],'Rating factors'!$F$4:$G$9,2,FALSE)","v":"--- Error ---"},"-- Select Likelihood --",{"$f":"VLOOKUP(RiskRegister[[#This Row],[Residual Likelihood Level]],'Rating factors'!$F$16:$G$21,2,FALSE)","v":"--- Error ---"},{"$f":"IFERROR(VLOOKUP(RiskRegister[[#This Row],[Residual Risk Rating]],'Rating factors'!$F$30:$G$44,2,FALSE),\"-- Error --\")","v":"-- Error --"},{"$f":"IFERROR(RiskRegister[[#This Row],[Residual Impact Rating]]*RiskRegister[[#This Row],[Residual Likelihood Rating]],\"-- Error --\")","v":"-- Error --"},"-- Select Risk Status --",{"$nulls":3},{"$f":"IF(ISBLANK(RiskRegister[[#This Row],[Risk Due Date]]), \"Missing Risk Due Date\", IF(RiskRegister[[#This Row],[Risk Due Date]] < TODAY(), \"Overdue\", \"Not Overdue\"))","v":"Missing Risk Due Date"},null,{"$f":"IF(ISBLANK(RiskRegister[[#This Row],[Risk Due Date]]), \"Missing Risk Due Date\", TEXT(RiskRegister[[#This Row],[Risk Due Date]], \"YYYY-MM\"))","v":"Missing Risk Due Date"},{"$f":"IF(RiskRegister[[#This Row],[Created Date]]=\"\",\"Created Date missing\",(TEXT(RiskRegister[[#This Row],[Created Date]],\"mmm\") & \"-\" & YEAR(RiskRegister[[#This Row],[Created Date]])))","v":"Created Date missing"},{"$f":"IF(RiskRegister[[#This Row],[Risk Status]]=\"Closed\",RiskRegister[[#This Row],[Risk Close Date]],RiskRegister[[#This Row],[Risk Due Date]])","v":"00:00:00"},{"$f":"IF(RiskRegister[[#This Row],[Risk-Change-Date]]=0,DATE(2030,1,1),RiskRegister[[#This Row],[Risk-Change-Date]])","v":"2030-01-01"},{"$f":"RiskRegister[[#This Row],[Inherent Impact Level]]&\"-\"&RiskRegister[[#This Row],[Inherent Likelihood Level]]","v":"-- Select Impact ----- Select Likelihood --"},{"$f":"RiskRegister[[#This Row],[Residual Impact Level]]&\"-\"&RiskRegister[[#This Row],[Residual Likelihood Level]]","v":"-- Select Impact ----- Select Likelihood --"},"Error",{"$f":"IF(RiskRegister[[#This Row],[Risk Status]]=\"Closed\",RiskRegister[[#This Row],[Residual Impact Level]],RiskRegister[[#This Row],[Inherent Impact Level]])","v":"-- Select Impact --"},{"$f":"IF(RiskRegister[[#This Row],[Risk Status]]=\"Closed\",RiskRegister[[#This Row],[Residual Likelihood Level]],RiskRegister[[#This Row],[Inherent Likelihood Level]])","v":"-- Select Likelihood --"},{"$f":"IF(RiskRegister[[#This Row],[Risk Status]]=\"Closed\",RiskRegister[[#This Row],[Residual-I-L-Combo]],RiskRegister[[#This Row],[Inherent-I-L-Combo]])","v":"-- Select Impact ----- Select Likelihood --"},"-- Error --"]
[513,{"$nulls":5},"-- Select Risk Category --",null,"-- select department --",null,null,"-- Select Impact --",{"$f":"VLOOKUP(RiskRegister[[#This Row],[Inherent Impact Level]],'Rating factors'!$F$4:$G$9,2,FALSE)","v":"--- Error ---"},"-- Select Likelihood --",{"$f":"VLOOKUP(RiskRegister[[#This Row],[Inherent Likelihood Level]],'Rating factors'!$F$16:$G$21,2,FALSE)","v":"--- Error ---"},{"$f":"IFERROR(VLOOKUP(RiskRegister[[#This Row],[Inherent Risk Rating]],'Rating factors'!$F$30:$G$44,2,FALSE),\"-- Error --\")","v":"-- Error --"},{"$f":"IFERROR(RiskRegister[[#This Row],[Inherent Impact Rating]]*RiskRegister[[#This Row],[Inherent Likelihood Rating]],\"-- Error --\")","v":"-- Error --"},"-- Select Risk Response --",null,"-- Select Impact --",{"$f":"VLOOKUP(RiskRegister[[#This Row],[Residual Impact Level]],'Rating factors'!$F$4:$G$9,2,FALSE)","v":"--- Error ---"},"-- Select Likelihood --",{"$f":"VLOOKUP(RiskRegister[[#This Row],[Residual Likelihood Level]],'Rating factors'!$F$16:$G$21,2,FALSE)","v":"--- Error ---"},{"$f":"IFERROR(VLOOKUP(RiskRegister[[#This Row],[Residual Risk Rating]],'Rating factors'!$F$30:$G$44,2,FALSE),\"-- Error --\")","v":"-- Error --"},{"$f":"IFERROR(RiskRegister[[#This Row],[Residual Impact Rating]]*RiskRegister[[#This Row],[Residual Likelihood Rating]],\"-- Error --\")","v":"-- Error --"},"-- Select Risk Status --",{"$nulls":3},{"$f":"IF(ISBLANK(RiskRegister[[#This Row],[Risk Due Date]]), \"Missing Risk Due Date\", IF(RiskRegister[[#This Row],[Risk Due Date]] < TODAY(), \"Overdue\", \"Not Overdue\"))","v":"Missing Risk Due Date"},null,{"$f":"IF(ISBLANK(RiskRegister[[#This Row],[Risk Due Date]]), \"Missing Risk Due Date\", TEXT(RiskRegister[[#This Row],[Risk Due Date]], \"YYYY-MM\"))","v":"Missing Risk Due Date"},{"$f":"IF(RiskRegister[[#This Row],[Created Date]]=\"\",\"Created Date missing\",(TEXT(RiskRegister[[#This Row],[Created Date]],\"mmm\") & \"-\" & YEAR(RiskRegister[[#This Row],[Created Date]])))","v":"Created Date missing"},{"$f":"IF(RiskRegister[[#This Row],[Risk Status]]=\"Closed\",RiskRegister[[#This Row],[Risk Close Date]],RiskRegister[[#This Row],[Risk Due Date]])","v":"00:00:00"},{"$f":"IF(RiskRegister[[#This Row],[Risk-Change-Date]]=0,DATE(2030,1,1),RiskRegister[[#This Row],[Risk-Change-Date]])","v":"2030-01-01"},{"$f":"RiskRegister[[#This Row],[Inherent Impact Level]]&\"-\"&RiskRegister[[#This Row],[Inherent Likelihood Level]]","v":"-- Select Impact ----- Select Likelihood --"},{"$f":"RiskRegister[[#This Row],[Residual Impact Level]]&\"-\"&RiskRegister[[#This Row],[Residual Likelihood Level]]","v":"-- Select Impact ----- Select Likelihood --"},{"$f":"IF(OR(R516=\"-- Select Risk Response --\", Z516=\"-- Select Risk Status --\"), \"Error\", IF(AND(Z516=\"Closed\", R516=\"Mitigate\"), \"Yes\", \"No\"))","v":"Error"},{"$f":"IF(RiskRegister[[#This Row],[Risk Status]]=\"Closed\",RiskRegister[[#This Row],[Residual Impact Level]],RiskRegister[[#This Row],[Inherent Impact Level]])","v":"-- Select Impact --"},{"$f":"IF(RiskRegister[[#This Row],[Risk Status]]=\"Closed\",RiskRegister[[#This Row],[Residual Likelihood Level]],RiskRegister[[#This Row],[Inherent Likelihood Level]])","v":"-- Select Likelihood --"},{"$f":"IF(RiskRegister[[#This Row],[Risk Status]]=\"Closed\",RiskRegister[[#This Row],[Residual-I-L-Combo]],RiskRegister[[#This Row],[Inherent-I-L-Combo]])","v":"-- Select Impact ----- Select Likelihood --"},{"$f":"IF(Z516=\"Closed\", X516, P516)","v":"-- Error --"}]
[514,{"$nulls":5},"-- Select Risk Category --",null,"-- select department --",null,null,"-- Select Impact --",{"$f":"VLOOKUP(RiskRegister[[#This Row],[Inherent Impact Level]],'Rating factors'!$F$4:$G$9,2,FALSE)","v":"--- Error ---"},"-- Select Likelihood --",{"$f":"VLOOKUP(RiskRegister[[#This Row],[Inherent Likelihood Level]],'Rating factors'!$F$16:$G$21,2,FALSE)","v":"--- Error ---"},{"$f":"IFERROR(VLOOKUP(RiskRegister[[#This Row],[Inherent Risk Rating]],'Rating factors'!$F$30:$G$44,2,FALSE),\"-- Error --\")","v":"-- Error --"},{"$f":"IFERROR(RiskRegister[[#This Row],[Inherent Impact Rating]]*RiskRegister[[#This Row],[Inherent Likelihood Rating]],\"-- Error --\")","v":"-- Error --"},"-- Select Risk Response --",null,"-- Select Impact --",{"$f":"VLOOKUP(RiskRegister[[#This Row],[Residual Impact Level]],'Rating factors'!$F$4:$G$9,2,FALSE)","v":"--- Error ---"},"-- Select Likelihood --",{"$f":"VLOOKUP(RiskRegister[[#This Row],[Residual Likelihood Level]],'Rating factors'!$F$16:$G$21,2,FALSE)","v":"--- Error ---"},{"$f":"IFERROR(VLOOKUP(RiskRegister[[#This Row],[Residual Risk Rating]],'Rating factors'!$F$30:$G$44,2,FALSE),\"-- Error --\")","v":"-- Error --"},{"$f":"IFERROR(RiskRegister[[#This Row],[Residual Impact Rating]]*RiskRegister[[#This Row],[Residual Likelihood Rating]],\"-- Error --\")","v":"-- Error --"},"-- Select Risk Status --",{"$nulls":3},{"$f":"IF(ISBLANK(RiskRegister[[#This Row],[Risk Due Date]]), \"Missing Risk Due Date\", IF(RiskRegister[[#This Row],[Risk Due Date]] < TODAY(), \"Overdue\", \"Not Overdue\"))","v":"Missing Risk Due Date"},null,{"$f":"IF(ISBLANK(RiskRegister[[#This Row],[Risk Due Date]]), \"Missing Risk Due Date\", TEXT(RiskRegister[[#This Row],[Risk Due Date]], \"YYYY-MM\"))","v":"Missing Risk Due Date"},{"$f":"IF(RiskRegister[[#This Row],[Created Date]]=\"\",\"Created Date missing\",(TEXT(RiskRegister[[#This Row],[Created Date]],\"mmm\") & \"-\" & YEAR(RiskRegister[[#This Row],[Created Date]])))","v":"Created Date missing"},{"$f":"IF(RiskRegister[[#This Row],[Risk Status]]=\"Closed\",RiskRegister[[#This Row],[Risk Close Date]],RiskRegister[[#This Row],[Risk Due Date]])","v":"00:00:00"},{"$f":"IF(RiskRegister[[#This Row],[Risk-Change-Date]]=0,DATE(2030,1,1),RiskRegister[[#This Row],[Risk-Change-Date]])","v":"2030-01-01"},{"$f":"RiskRegister[[#This Row],[Inherent Impact Level]]&\"-\"&RiskRegister[[#This Row],[Inherent Likelihood Level]]","v":"-- Select Impact ----- Select Likelihood --"},{"$f":"RiskRegister[[#This Row],[Residual Impact Level]]&\"-\"&RiskRegister[[#This Row],[Residual Likelihood Level]]","v":"-- Select Impact ----- Select Likelihood --"},"Error",{"$f":"IF(RiskRegister[[#This Row],[Risk Status]]=\"Closed\",RiskRegister[[#This Row],[Residual Impact Level]],RiskRegister[[#This Row],[Inherent Impact Level]])","v":"-- Select Impact --"},{"$f":"IF(RiskRegister[[#This Row],[Risk Status]]=\"Closed\",RiskRegister[[#This Row],[Residual Likelihood Level]],RiskRegister[[#This Row],[Inherent Likelihood Level]])","v":"-- Select Likelihood --"},{"$f":"IF(RiskRegister[[#This Row],[Risk Status]]=\"Closed\",RiskRegister[[#This Row],[Residual-I-L-Combo]],RiskRegister[[#This Row],[Inherent-I-L-Combo]])","v":"-- Select Impact ----- Select Likelihood --"},"-- Error --"]
[515,{"$nulls":5},"-- Select Risk Category --",null,"-- select department --",null,null,"-- Select Impact --",{"$f":"VLOOKUP(RiskRegister[[#This Row],[Inherent Impact Level]],'Rating factors'!$F$4:$G$9,2,FALSE)","v":"--- Error ---"},"-- Select Likelihood --",{"$f":"VLOOKUP(RiskRegister[[#This Row],[Inherent Likelihood Level]],'Rating factors'!$F$16:$G$21,2,FALSE)","v":"--- Error ---"},{"$f":"IFERROR(VLOOKUP(RiskRegister[[#This Row],[Inherent Risk Rating]],'Rating factors'!$F$30:$G$44,2,FALSE),\"-- Error --\")","v":"-- Error --"},{"$f":"IFERROR(RiskRegister[[#This Row],[Inherent Impact Rating]]*RiskRegister[[#This Row],[Inherent Likelihood Rating]],\"-- Error --\")","v":"-- Error --"},"-- Select Risk Response --",null,"-- Select Impact --",{"$f":"VLOOKUP(RiskRegister[[#This Row],[Residual Impact Level]],'Rating factors'!$F$4:$G$9,2,FALSE)","v":"--- Error ---"},"-- Select Likelihood --",{"$f":"VLOOKUP(RiskRegister[[#This Row],[Residual Likelihood Level]],'Rating factors'!$F$16:$G$21,2,FALSE)","v":"--- Error ---"},{"$f":"IFERROR(VLOOKUP(RiskRegister[[#This Row],[Residual Risk Rating]],'Rating factors'!$F$30:$G$44,2,FALSE),\"-- Error --\")","v":"-- Error --"},{"$f":"IFERROR(RiskRegister[[#This Row],[Residual Impact Rating]]*RiskRegister[[#This Row],[Residual Likelihood Rating]],\"-- Error --\")","v":"-- Error --"},"-- Select Risk Status --",{"$nulls":3},{"$f":"IF(ISBLANK(RiskRegister[[#This Row],[Risk Due Date]]), \"Missing Risk Due Date\", IF(RiskRegister[[#This Row],[Risk Due Date]] < TODAY(), \"Overdue\", \"Not Overdue\"))","v":"Missing Risk Due Date"},null,{"$f":"IF(ISBLANK(RiskRegister[[#This Row],[Risk Due Date]]), \"Missing Risk Due Date\", TEXT(RiskRegister[[#This Row],[Risk Due Date]], \"YYYY-MM\"))","v":"Missing Risk Due Date"},{"$f":"IF(RiskRegister[[#This Row],[Created Date]]=\"\",\"Created Date missing\",(TEXT(RiskRegister[[#This Row],[Created Date]],\"mmm\") & \"-\" & YEAR(RiskRegister[[#This Row],[Created Date]])))","v":"Created Date missing"},{"$f":"IF(RiskRegister[[#This Row],[Risk Status]]=\"Closed\",RiskRegister[[#This Row],[Risk Close Date]],RiskRegister[[#This Row],[Risk Due Date]])","v":"00:00:00"},{"$f":"IF(RiskRegister[[#This Row],[Risk-Change-Date]]=0,DATE(2030,1,1),RiskRegister[[#This Row],[Risk-Change-Date]])","v":"2030-01-01"},{"$f":"RiskRegister[[#This Row],[Inherent Impact Level]]&\"-\"&RiskRegister[[#This Row],[Inherent Likelihood Level]]","v":"-- Select Impact ----- Select Likelihood --"},{"$f":"RiskRegister[[#This Row],[Residual Impact Level]]&\"-\"&RiskRegister[[#This Row],[Residual Likelihood Level]]","v":"-- Select Impact ----- Select Likelihood --"},"Error",{"$f":"IF(RiskRegister[[#This Row],[Risk Status]]=\"Closed\",RiskRegister[[#This Row],[Residual Impact Level]],RiskRegister[[#This Row],[Inherent Impact Level]])","v":"-- Select Impact --"},{"$f":"IF(RiskRegister[[#This Row],[Risk Status]]=\"Closed\",RiskRegister[[#This Row],[Residual Likelihood Level]],RiskRegister[[#This Row],[Inherent Likelihood Level]])","v":"-- Select Likelihood --"},{"$f":"IF(RiskRegister[[#This Row],[Risk Status]]=\"Closed\",RiskRegister[[#This Row],[Residual-I-L-Combo]],RiskRegister[[#This Row],[Inherent-I-L-Combo]])","v":"-- Select Impact ----- Select Likelihood --"},"-- Error --"]
[516,{"$nulls":5},"-- Select Risk Category --",null,"-- select department --",null,null,"-- Select Impact --",{"$f":"VLOOKUP(RiskRegister[[#This Row],[Inherent Impact Level]],'Rating factors'!$F$4:$G$9,2,FALSE)","v":"--- Error ---"},"-- Select Likelihood --",{"$f":"VLOOKUP(RiskRegister[[#This Row],[Inherent Likelihood Level]],'Rating factors'!$F$16:$G$21,2,FALSE)","v":"--- Error ---"},{"$f":"IFERROR(VLOOKUP(RiskRegister[[#This Row],[Inherent Risk Rating]],'Rating factors'!$F$30:$G$44,2,FALSE),\"-- Error --\")","v":"-- Error --"},{"$f":"IFERROR(RiskRegister[[#This Row],[Inherent Impact Rating]]*RiskRegister[[#This Row],[Inherent Likelihood Rating]],\"-- Error --\")","v":"-- Error --"},"-- Select Risk Response --",null,"-- Select Impact --",{"$f":"VLOOKUP(RiskRegister[[#This Row],[Residual Impact Level]],'Rating factors'!$F$4:$G$9,2,FALSE)","v":"--- Error ---"},"-- Select Likelihood --",{"$f":"VLOOKUP(RiskRegister[[#This Row],[Residual Likelihood Level]],'Rating factors'!$F$16:$G$21,2,FALSE)","v":"--- Error ---"},{"$f":"IFERROR(VLOOKUP(RiskRegister[[#This Row],[Residual Risk Rating]],'Rating factors'!$F$30:$G$44,2,FALSE),\"-- Error --\")","v":"-- Error --"},{"$f":"IFERROR(RiskRegister[[#This Row],[Residual Impact Rating]]*RiskRegister[[#This Row],[Residual Likelihood Rating]],\"-- Error --\")","v":"-- Error --"},"-- Select Risk Status --",{"$nulls":3},{"$f":"IF(ISBLANK(RiskRegister[[#This Row],[Risk Due Date]]), \"Missing Risk Due Date\", IF(RiskRegister[[#This Row],[Risk Due Date]] < TODAY(), \"Overdue\", \"Not Overdue\"))","v":"Missing Risk Due Date"},null,{"$f":"IF(ISBLANK(RiskRegister[[#This Row],[Risk Due Date]]), \"Missing Risk Due Date\", TEXT(RiskRegister[[#This Row],[Risk Due Date]], \"YYYY-MM\"))","v":"Missing Risk Due Date"},{"$f":"IF(RiskRegister[[#This Row],[Created Date]]=\"\",\"Created Date missing\",(TEXT(RiskRegister[[#This Row],[Created Date]],\"mmm\") & \"-\" & YEAR(RiskRegister[[#This Row],[Created Date]])))","v":"Created Date missing"},{"$f":"IF(RiskRegister[[#This Row],[Risk Status]]=\"Closed\",RiskRegister[[#This Row],[Risk Close Date]],RiskRegister[[#This Row],[Risk Due Date]])","v":"00:00:00"},{"$f":"IF(RiskRegister[[#This Row],[Risk-Change-Date]]=0,DATE(2030,1,1),RiskRegister[[#This Row],[Risk-Change-Date]])","v":"2030-01-01"},{"$f":"RiskRegister[[#This Row],[Inherent Impact Level]]&\"-\"&RiskRegister[[#This Row],[Inherent Likelihood Level]]","v":"-- Select Impact ----- Select Likelihood --"},{"$f":"RiskRegister[[#This Row],[Residual Impact Level]]&\"-\"&RiskRegister[[#This Row],[Residual Likelihood Level]]","v":"-- Select Impact ----- Select Likelihood --"},"Error",{"$f":"IF(RiskRegister[[#This Row],[Risk Status]]=\"Closed\",RiskRegister[[#This Row],[Residual Impact Level]],RiskRegister[[#This Row],[Inherent Impact Level]])","v":"-- Select Impact --"},{"$f":"IF(RiskRegister[[#This Row],[Risk Status]]=\"Closed\",RiskRegister[[#This Row],[Residual Likelihood Level]],RiskRegister[[#This Row],[Inherent Likelihood Level]])","v":"-- Select Likelihood --"},{"$f":"IF(RiskRegister[[#This Row],[Risk Status]]=\"Closed\",RiskRegister[[#This Row],[Residual-I-L-Combo]],RiskRegister[[#This Row],[Inherent-I-L-Combo]])","v":"-- Select Impact ----- Select Likelihood --"},"-- Error --"]
[517,{"$nulls":5},"-- Select Risk Category --",null,"-- select department --",null,null,"-- Select Impact --",{"$f":"VLOOKUP(RiskRegister[[#This Row],[Inherent Impact Level]],'Rating factors'!$F$4:$G$9,2,FALSE)","v":"--- Error ---"},"-- Select Likelihood --",{"$f":"VLOOKUP(RiskRegister[[#This Row],[Inherent Likelihood Level]],'Rating factors'!$F$16:$G$21,2,FALSE)","v":"--- Error ---"},{"$f":"IFERROR(VLOOKUP(RiskRegister[[#This Row],[Inherent Risk Rating]],'Rating factors'!$F$30:$G$44,2,FALSE),\"-- Error --\")","v":"-- Error --"},{"$f":"IFERROR(RiskRegister[[#This Row],[Inherent Impact Rating]]*RiskRegister[[#This Row],[Inherent Likelihood Rating]],\"-- Error --\")","v":"-- Error --"},"-- Select Risk Response --",null,"-- Select Impact --",{"$f":"VLOOKUP(RiskRegister[[#This Row],[Residual Impact Level]],'Rating factors'!$F$4:$G$9,2,FALSE)","v":"--- Error ---"},"-- Select Likelihood --",{"$f":"VLOOKUP(RiskRegister[[#This Row],[Residual Likelihood Level]],'Rating factors'!$F$16:$G$21,2,FALSE)","v":"--- Error ---"},{"$f":"IFERROR(VLOOKUP(RiskRegister[[#This Row],[Residual Risk Rating]],'Rating factors'!$F$30:$G$44,2,FALSE),\"-- Error --\")","v":"-- Error --"},{"$f":"IFERROR(RiskRegister[[#This Row],[Residual Impact Rating]]*RiskRegister[[#This Row],[Residual Likelihood Rating]],\"-- Error --\")","v":"-- Error --"},"-- Select Risk Status --",{"$nulls":3},{"$f":"IF(ISBLANK(RiskRegister[[#This Row],[Risk Due Date]]), \"Missing Risk Due Date\", IF(RiskRegister[[#This Row],[Risk Due Date]] < TODAY(), \"Overdue\", \"Not Overdue\"))","v":"Missing Risk Due Date"},null,{"$f":"IF(ISBLANK(RiskRegister[[#This Row],[Risk Due Date]]), \"Missing Risk Due Date\", TEXT(RiskRegister[[#This Row],[Risk Due Date]], \"YYYY-MM\"))","v":"Missing Risk Due Date"},{"$f":"IF(RiskRegister[[#This Row],[Created Date]]=\"\",\"Created Date missing\",(TEXT(RiskRegister[[#This Row],[Created Date]],\"mmm\") & \"-\" & YEAR(RiskRegister[[#This Row],[Created Date]])))","v":"Created Date missing"},{"$f":"IF(RiskRegister[[#This Row],[Risk Status]]=\"Closed\",RiskRegister[[#This Row],[Risk Close Date]],RiskRegister[[#This Row],[Risk Due Date]])","v":"00:00:00"},{"$f":"IF(RiskRegister[[#This Row],[Risk-Change-Date]]=0,DATE(2030,1,1),RiskRegister[[#This Row],[Risk-Change-Date]])","v":"2030-01-01"},{"$f":"RiskRegister[[#This Row],[Inherent Impact Level]]&\"-\"&RiskRegister[[#This Row],[Inherent Likelihood Level]]","v":"-- Select Impact ----- Select Likelihood --"},{"$f":"RiskRegister[[#This Row],[Residual Impact Level]]&\"-\"&RiskRegister[[#This Row],[Residual Likelihood Level]]","v":"-- Select Impact ----- Select Likelihood --"},"Error",{"$f":"IF(RiskRegister[[#This Row],[Risk Status]]=\"Closed\",RiskRegister[[#This Row],[Residual Impact Level]],RiskRegister[[#This Row],[Inherent Impact Level]])","v":"-- Select Impact --"},{"$f":"IF(RiskRegister[[#This Row],[Risk Status]]=\"Closed\",RiskRegister[[#This Row],[Residual Likelihood Level]],RiskRegister[[#This Row],[Inherent Likelihood Level]])","v":"-- Select Likelihood --"},{"$f":"IF(RiskRegister[[#This Row],[Risk Status]]=\"Closed\",RiskRegister[[#This Row],[Residual-I-L-Combo]],RiskRegister[[#This Row],[Inherent-I-L-Combo]])","v":"-- Select Impact ----- Select Likelihood --"},"-- Error --"]
[518,{"$nulls":5},"-- Select Risk Category --",null,"-- select department --",null,null,"-- Select Impact --",{"$f":"VLOOKUP(RiskRegister[[#This Row],[Inherent Impact Level]],'Rating factors'!$F$4:$G$9,2,FALSE)","v":"--- Error ---"},"-- Select Likelihood --",{"$f":"VLOOKUP(RiskRegister[[#This Row],[Inherent Likelihood Level]],'Rating factors'!$F$16:$G$21,2,FALSE)","v":"--- Error ---"},{"$f":"IFERROR(VLOOKUP(RiskRegister[[#This Row],[Inherent Risk Rating]],'Rating factors'!$F$30:$G$44,2,FALSE),\"-- Error --\")","v":"-- Error --"},{"$f":"IFERROR(RiskRegister[[#This Row],[Inherent Impact Rating]]*RiskRegister[[#This Row],[Inherent Likelihood Rating]],\"-- Error --\")","v":"-- Error --"},"-- Select Risk Response --",null,"-- Select Impact --",{"$f":"VLOOKUP(RiskRegister[[#This Row],[Residual Impact Level]],'Rating factors'!$F$4:$G$9,2,FALSE)","v":"--- Error ---"},"-- Select Likelihood --",{"$f":"VLOOKUP(RiskRegister[[#This Row],[Residual Likelihood Level]],'Rating factors'!$F$16:$G$21,2,FALSE)","v":"--- Error ---"},{"$f":"IFERROR(VLOOKUP(RiskRegister[[#This Row],[Residual Risk Rating]],'Rating factors'!$F$30:$G$44,2,FALSE),\"-- Error --\")","v":"-- Error --"},{"$f":"IFERROR(RiskRegister[[#This Row],[Residual Impact Rating]]*RiskRegister[[#This Row],[Residual Likelihood Rating]],\"-- Error --\")","v":"-- Error --"},"-- Select Risk Status --",{"$nulls":3},{"$f":"IF(ISBLANK(RiskRegister[[#This Row],[Risk Due Date]]), \"Missing Risk Due Date\", IF(RiskRegister[[#This Row],[Risk Due Date]] < TODAY(), \"Overdue\", \"Not Overdue\"))","v":"Missing Risk Due Date"},null,{"$f":"IF(ISBLANK(RiskRegister[[#This Row],[Risk Due Date]]), \"Missing Risk Due Date\", TEXT(RiskRegister[[#This Row],[Risk Due Date]], \"YYYY-MM\"))","v":"Missing Risk Due Date"},{"$f":"IF(RiskRegister[[#This Row],[Created Date]]=\"\",\"Created Date missing\",(TEXT(RiskRegister[[#This Row],[Created Date]],\"mmm\") & \"-\" & YEAR(RiskRegister[[#This Row],[Created Date]])))","v":"Created Date missing"},{"$f":"IF(RiskRegister[[#This Row],[Risk Status]]=\"Closed\",RiskRegister[[#This Row],[Risk Close Date]],RiskRegister[[#This Row],[Risk Due Date]])","v":"00:00:00"},{"$f":"IF(RiskRegister[[#This Row],[Risk-Change-Date]]=0,DATE(2030,1,1),RiskRegister[[#This Row],[Risk-Change-Date]])","v":"2030-01-01"},{"$f":"RiskRegister[[#This Row],[Inherent Impact Level]]&\"-\"&RiskRegister[[#This Row],[Inherent Likelihood Level]]","v":"-- Select Impact ----- Select Likelihood --"},{"$f":"RiskRegister[[#This Row],[Residual Impact Level]]&\"-\"&RiskRegister[[#This Row],[Residual Likelihood Level]]","v":"-- Select Impact ----- Select Likelihood --"},"Error",{"$f":"IF(RiskRegister[[#This Row],[Risk Status]]=\"Closed\",RiskRegister[[#This Row],[Residual Impact Level]],RiskRegister[[#This Row],[Inherent Impact Level]])","v":"-- Select Impact --"},{"$f":"IF(RiskRegister[[#This Row],[Risk Status]]=\"Closed\",RiskRegister[[#This Row],[Residual Likelihood Level]],RiskRegister[[#This Row],[Inherent Likelihood Level]])","v":"-- Select Likelihood --"},{"$f":"IF(RiskRegister[[#This Row],[Risk Status]]=\"Closed\",RiskRegister[[#This Row],[Residual-I-L-Combo]],RiskRegister[[#This Row],[Inherent-I-L-Combo]])","v":"-- Select Impact ----- Select Likelihood --"},"-- Error --"]
[519,{"$nulls":5},"-- Select Risk Category --",null,"-- select department --",null,null,"-- Select Impact --",{"$f":"VLOOKUP(RiskRegister[[#This Row],[Inherent Impact Level]],'Rating factors'!$F$4:$G$9,2,FALSE)","v":"--- Error ---"},"-- Select Likelihood --",{"$f":"VLOOKUP(RiskRegister[[#This Row],[Inherent Likelihood Level]],'Rating factors'!$F$16:$G$21,2,FALSE)","v":"--- Error ---"},{"$f":"IFERROR(VLOOKUP(RiskRegister[[#This Row],[Inherent Risk Rating]],'Rating factors'!$F$30:$G$44,2,FALSE),\"-- Error --\")","v":"-- Error --"},{"$f":"IFERROR(RiskRegister[[#This Row],[Inherent Impact Rating]]*RiskRegister[[#This Row],[Inherent Likelihood Rating]],\"-- Error --\")","v":"-- Error --"},"-- Select Risk Response --",null,"-- Select Impact --",{"$f":"VLOOKUP(RiskRegister[[#This Row],[Residual Impact Level]],'Rating factors'!$F$4:$G$9,2,FALSE)","v":"--- Error ---"},"-- Select Likelihood --",{"$f":"VLOOKUP(RiskRegister[[#This Row],[Residual Likelihood Level]],'Rating factors'!$F$16:$G$21,2,FALSE)","v":"--- Error ---"},{"$f":"IFERROR(VLOOKUP(RiskRegister[[#This Row],[Residual Risk Rating]],'Rating factors'!$F$30:$G$44,2,FALSE),\"-- Error --\")","v":"-- Error --"},{"$f":"IFERROR(RiskRegister[[#This Row],[Residual Impact Rating]]*RiskRegister[[#This Row],[Residual Likelihood Rating]],\"-- Error --\")","v":"-- Error --"},"-- Select Risk Status --",{"$nulls":3},{"$f":"IF(ISBLANK(RiskRegister[[#This Row],[Risk Due Date]]), \"Missing Risk Due Date\", IF(RiskRegister[[#This Row],[Risk Due Date]] < TODAY(), \"Overdue\", \"Not Overdue\"))","v":"Missing Risk Due Date"},null,{"$f":"IF(ISBLANK(RiskRegister[[#This Row],[Risk Due Date]]), \"Missing Risk Due Date\", TEXT(RiskRegister[[#This Row],[Risk Due Date]], \"YYYY-MM\"))","v":"Missing Risk Due Date"},{"$f":"IF(RiskRegister[[#This Row],[Created Date]]=\"\",\"Created Date missing\",(TEXT(RiskRegister[[#This Row],[Created Date]],\"mmm\") & \"-\" & YEAR(RiskRegister[[#This Row],[Created Date]])))","v":"Created Date missing"},{"$f":"IF(RiskRegister[[#This Row],[Risk Status]]=\"Closed\",RiskRegister[[#This Row],[Risk Close Date]],RiskRegister[[#This Row],[Risk Due Date]])","v":"00:00:00"},{"$f":"IF(RiskRegister[[#This Row],[Risk-Change-Date]]=0,DATE(2030,1,1),RiskRegister[[#This Row],[Risk-Change-Date]])","v":"2030-01-01"},{"$f":"RiskRegister[[#This Row],[Inherent Impact Level]]&\"-\"&RiskRegister[[#This Row],[Inherent Likelihood Level]]","v":"-- Select Impact ----- Select Likelihood --"},{"$f":"RiskRegister[[#This Row],[Residual Impact Level]]&\"-\"&RiskRegister[[#This Row],[Residual Likelihood Level]]","v":"-- Select Impact ----- Select Likelihood --"},"Error",{"$f":"IF(RiskRegister[[#This Row],[Risk Status]]=\"Closed\",RiskRegister[[#This Row],[Residual Impact Level]],RiskRegister[[#This Row],[Inherent Impact Level]])","v":"-- Select Impact --"},{"$f":"IF(RiskRegister[[#This Row],[Risk Status]]=\"Closed\",RiskRegister[[#This Row],[Residual Likelihood Level]],RiskRegister[[#This Row],[Inherent Likelihood Level]])","v":"-- Select Likelihood --"},{"$f":"IF(RiskRegister[[#This Row],[Risk Status]]=\"Closed\",RiskRegister[[#This Row],[Residual-I-L-Combo]],RiskRegister[[#This Row],[Inherent-I-L-Combo]])","v":"-- Select Impact ----- Select Likelihood --"},"-- Error --"]
[520,{"$nulls":5},"-- Select Risk Category --",null,"-- select department --",null,null,"-- Select Impact --",{"$f":"VLOOKUP(RiskRegister[[#This Row],[Inherent Impact Level]],'Rating factors'!$F$4:$G$9,2,FALSE)","v":"--- Error ---"},"-- Select Likelihood --",{"$f":"VLOOKUP(RiskRegister[[#This Row],[Inherent Likelihood Level]],'Rating factors'!$F$16:$G$21,2,FALSE)","v":"--- Error ---"},{"$f":"IFERROR(VLOOKUP(RiskRegister[[#This Row],[Inherent Risk Rating]],'Rating factors'!$F$30:$G$44,2,FALSE),\"-- Error --\")","v":"-- Error --"},{"$f":"IFERROR(RiskRegister[[#This Row],[Inherent Impact Rating]]*RiskRegister[[#This Row],[Inherent Likelihood Rating]],\"-- Error --\")","v":"-- Error --"},"-- Select Risk Response --",null,"-- Select Impact --",{"$f":"VLOOKUP(RiskRegister[[#This Row],[Residual Impact Level]],'Rating factors'!$F$4:$G$9,2,FALSE)","v":"--- Error ---"},"-- Select Likelihood --",{"$f":"VLOOKUP(RiskRegister[[#This Row],[Residual Likelihood Level]],'Rating factors'!$F$16:$G$21,2,FALSE)","v":"--- Error ---"},{"$f":"IFERROR(VLOOKUP(RiskRegister[[#This Row],[Residual Risk Rating]],'Rating factors'!$F$30:$G$44,2,FALSE),\"-- Error --\")","v":"-- Error --"},{"$f":"IFERROR(RiskRegister[[#This Row],[Residual Impact Rating]]*RiskRegister[[#This Row],[Residual Likelihood Rating]],\"-- Error --\")","v":"-- Error --"},"-- Select Risk Status --",{"$nulls":3},{"$f":"IF(ISBLANK(RiskRegister[[#This Row],[Risk Due Date]]), \"Missing Risk Due Date\", IF(RiskRegister[[#This Row],[Risk Due Date]] < TODAY(), \"Overdue\", \"Not Overdue\"))","v":"Missing Risk Due Date"},null,{"$f":"IF(ISBLANK(RiskRegister[[#This Row],[Risk Due Date]]), \"Missing Risk Due Date\", TEXT(RiskRegister[[#This Row],[Risk Due Date]], \"YYYY-MM\"))","v":"Missing Risk Due Date"},{"$f":"IF(RiskRegister[[#This Row],[Created Date]]=\"\",\"Created Date missing\",(TEXT(RiskRegister[[#This Row],[Created Date]],\"mmm\") & \"-\" & YEAR(RiskRegister[[#This Row],[Created Date]])))","v":"Created Date missing"},{"$f":"IF(RiskRegister[[#This Row],[Risk Status]]=\"Closed\",RiskRegister[[#This Row],[Risk Close Date]],RiskRegister[[#This Row],[Risk Due Date]])","v":"00:00:00"},{"$f":"IF(RiskRegister[[#This Row],[Risk-Change-Date]]=0,DATE(2030,1,1),RiskRegister[[#This Row],[Risk-Change-Date]])","v":"2030-01-01"},{"$f":"RiskRegister[[#This Row],[Inherent Impact Level]]&\"-\"&RiskRegister[[#This Row],[Inherent Likelihood Level]]","v":"-- Select Impact ----- Select Likelihood --"},{"$f":"RiskRegister[[#This Row],[Residual Impact Level]]&\"-\"&RiskRegister[[#This Row],[Residual Likelihood Level]]","v":"-- Select Impact ----- Select Likelihood --"},"Error",{"$f":"IF(RiskRegister[[#This Row],[Risk Status]]=\"Closed\",RiskRegister[[#This Row],[Residual Impact Level]],RiskRegister[[#This Row],[Inherent Impact Level]])","v":"-- Select Impact --"},{"$f":"IF(RiskRegister[[#This Row],[Risk Status]]=\"Closed\",RiskRegister[[#This Row],[Residual Likelihood Level]],RiskRegister[[#This Row],[Inherent Likelihood Level]])","v":"-- Select Likelihood --"},{"$f":"IF(RiskRegister[[#This Row],[Risk Status]]=\"Closed\",RiskRegister[[#This Row],[Residual-I-L-Combo]],RiskRegister[[#This Row],[Inherent-I-L-Combo]])","v":"-- Select Impact ----- Select Likelihood --"},"-- Error --"]
[521,{"$nulls":5},"-- Select Risk Category --",null,"-- select department --",null,null,"-- Select Impact --",{"$f":"VLOOKUP(RiskRegister[[#This Row],[Inherent Impact Level]],'Rating factors'!$F$4:$G$9,2,FALSE)","v":"--- Error ---"},"-- Select Likelihood --",{"$f":"VLOOKUP(RiskRegister[[#This Row],[Inherent Likelihood Level]],'Rating factors'!$F$16:$G$21,2,FALSE)","v":"--- Error ---"},{"$f":"IFERROR(VLOOKUP(RiskRegister[[#This Row],[Inherent Risk Rating]],'Rating factors'!$F$30:$G$44,2,FALSE),\"-- Error --\")","v":"-- Error --"},{"$f":"IFERROR(RiskRegister[[#This Row],[Inherent Impact Rating]]*RiskRegister[[#This Row],[Inherent Likelihood Rating]],\"-- Error --\")","v":"-- Error --"},"-- Select Risk Response --",null,"-- Select Impact --",{"$f":"VLOOKUP(RiskRegister[[#This Row],[Residual Impact Level]],'Rating factors'!$F$4:$G$9,2,FALSE)","v":"--- Error ---"},"-- Select Likelihood --",{"$f":"VLOOKUP(RiskRegister[[#This Row],[Residual Likelihood Level]],'Rating factors'!$F$16:$G$21,2,FALSE)","v":"--- Error ---"},{"$f":"IFERROR(VLOOKUP(RiskRegister[[#This Row],[Residual Risk Rating]],'Rating factors'!$F$30:$G$44,2,FALSE),\"-- Error --\")","v":"-- Error --"},{"$f":"IFERROR(RiskRegister[[#This Row],[Residual Impact Rating]]*RiskRegister[[#This Row],[Residual Likelihood Rating]],\"-- Error --\")","v":"-- Error --"},"-- Select Risk Status --",{"$nulls":3},{"$f":"IF(ISBLANK(RiskRegister[[#This Row],[Risk Due Date]]), \"Missing Risk Due Date\", IF(RiskRegister[[#This Row],[Risk Due Date]] < TODAY(), \"Overdue\", \"Not Overdue\"))","v":"Missing Risk Due Date"},null,{"$f":"IF(ISBLANK(RiskRegister[[#This Row],[Risk Due Date]]), \"Missing Risk Due Date\", TEXT(RiskRegister[[#This Row],[Risk Due Date]], \"YYYY-MM\"))","v":"Missing Risk Due Date"},{"$f":"IF(RiskRegister[[#This Row],[Created Date]]=\"\",\"Created Date missing\",(TEXT(RiskRegister[[#This Row],[Created Date]],\"mmm\") & \"-\" & YEAR(RiskRegister[[#This Row],[Created Date]])))","v":"Created Date missing"},{"$f":"IF(RiskRegister[[#This Row],[Risk Status]]=\"Closed\",RiskRegister[[#This Row],[Risk Close Date]],RiskRegister[[#This Row],[Risk Due Date]])","v":"00:00:00"},{"$f":"IF(RiskRegister[[#This Row],[Risk-Change-Date]]=0,DATE(2030,1,1),RiskRegister[[#This Row],[Risk-Change-Date]])","v":"2030-01-01"},{"$f":"RiskRegister[[#This Row],[Inherent Impact Level]]&\"-\"&RiskRegister[[#This Row],[Inherent Likelihood Level]]","v":"-- Select Impact ----- Select Likelihood --"},{"$f":"RiskRegister[[#This Row],[Residual Impact Level]]&\"-\"&RiskRegister[[#This Row],[Residual Likelihood Level]]","v":"-- Select Impact ----- Select Likelihood --"},"Error",{"$f":"IF(RiskRegister[[#This Row],[Risk Status]]=\"Closed\",RiskRegister[[#This Row],[Residual Impact Level]],RiskRegister[[#This Row],[Inherent Impact Level]])","v":"-- Select Impact --"},{"$f":"IF(RiskRegister[[#This Row],[Risk Status]]=\"Closed\",RiskRegister[[#This Row],[Residual Likelihood Level]],RiskRegister[[#This Row],[Inherent Likelihood Level]])","v":"-- Select Likelihood --"},{"$f":"IF(RiskRegister[[#This Row],[Risk Status]]=\"Closed\",RiskRegister[[#This Row],[Residual-I-L-Combo]],RiskRegister[[#This Row],[Inherent-I-L-Combo]])","v":"-- Select Impact ----- Select Likelihood --"},"-- Error --"]
[522,{"$nulls":5},"-- Select Risk Category --",null,"-- select department --",null,null,"-- Select Impact --",{"$f":"VLOOKUP(RiskRegister[[#This Row],[Inherent Impact Level]],'Rating factors'!$F$4:$G$9,2,FALSE)","v":"--- Error ---"},"-- Select Likelihood --",{"$f":"VLOOKUP(RiskRegister[[#This Row],[Inherent Likelihood Level]],'Rating factors'!$F$16:$G$21,2,FALSE)","v":"--- Error ---"},{"$f":"IFERROR(VLOOKUP(RiskRegister[[#This Row],[Inherent Risk Rating]],'Rating factors'!$F$30:$G$44,2,FALSE),\"-- Error --\")","v":"-- Error --"},{"$f":"IFERROR(RiskRegister[[#This Row],[Inherent Impact Rating]]*RiskRegister[[#This Row],[Inherent Likelihood Rating]],\"-- Error --\")","v":"-- Error --"},"-- Select Risk Response --",null,"-- Select Impact --",{"$f":"VLOOKUP(RiskRegister[[#This Row],[Residual Impact Level]],'Rating factors'!$F$4:$G$9,2,FALSE)","v":"--- Error ---"},"-- Select Likelihood --",{"$f":"VLOOKUP(RiskRegister[[#This Row],[Residual Likelihood Level]],'Rating factors'!$F$16:$G$21,2,FALSE)","v":"--- Error ---"},{"$f":"IFERROR(VLOOKUP(RiskRegister[[#This Row],[Residual Risk Rating]],'Rating factors'!$F$30:$G$44,2,FALSE),\"-- Error --\")","v":"-- Error --"},{"$f":"IFERROR(RiskRegister[[#This Row],[Residual Impact Rating]]*RiskRegister[[#This Row],[Residual Likelihood Rating]],\"-- Error --\")","v":"-- Error --"},"-- Select Risk Status --",{"$nulls":3},{"$f":"IF(ISBLANK(RiskRegister[[#This Row],[Risk Due Date]]), \"Missing Risk Due Date\", IF(RiskRegister[[#This Row],[Risk Due Date]] < TODAY(), \"Overdue\", \"Not Overdue\"))","v":"Missing Risk Due Date"},null,{"$f":"IF(ISBLANK(RiskRegister[[#This Row],[Risk Due Date]]), \"Missing Risk Due Date\", TEXT(RiskRegister[[#This Row],[Risk Due Date]], \"YYYY-MM\"))","v":"Missing Risk Due Date"},{"$f":"IF(RiskRegister[[#This Row],[Created Date]]=\"\",\"Created Date missing\",(TEXT(RiskRegister[[#This Row],[Created Date]],\"mmm\") & \"-\" & YEAR(RiskRegister[[#This Row],[Created Date]])))","v":"Created Date missing"},{"$f":"IF(RiskRegister[[#This Row],[Risk Status]]=\"Closed\",RiskRegister[[#This Row],[Risk Close Date]],RiskRegister[[#This Row],[Risk Due Date]])","v":"00:00:00"},{"$f":"IF(RiskRegister[[#This Row],[Risk-Change-Date]]=0,DATE(2030,1,1),RiskRegister[[#This Row],[Risk-Change-Date]])","v":"2030-01-01"},{"$f":"RiskRegister[[#This Row],[Inherent Impact Level]]&\"-\"&RiskRegister[[#This Row],[Inherent Likelihood Level]]","v":"-- Select Impact ----- Select Likelihood --"},{"$f":"RiskRegister[[#This Row],[Residual Impact Level]]&\"-\"&RiskRegister[[#This Row],[Residual Likelihood Level]]","v":"-- Select Impact ----- Select Likelihood --"},"Error",{"$f":"IF(RiskRegister[[#This Row],[Risk Status]]=\"Closed\",RiskRegister[[#This Row],[Residual Impact Level]],RiskRegister[[#This Row],[Inherent Impact Level]])","v":"-- Select Impact --"},{"$f":"IF(RiskRegister[[#This Row],[Risk Status]]=\"Closed\",RiskRegister[[#This Row],[Residual Likelihood Level]],RiskRegister[[#This Row],[Inherent Likelihood Level]])","v":"-- Select Likelihood --"},{"$f":"IF(RiskRegister[[#This Row],[Risk Status]]=\"Closed\",RiskRegister[[#This Row],[Residual-I-L-Combo]],RiskRegister[[#This Row],[Inherent-I-L-Combo]])","v":"-- Select Impact ----- Select Likelihood --"},"-- Error --"]
[523,{"$nulls":5},"-- Select Risk Category --",null,"-- select department --",null,null,"-- Select Impact --",{"$f":"VLOOKUP(RiskRegister[[#This Row],[Inherent Impact Level]],'Rating factors'!$F$4:$G$9,2,FALSE)","v":"--- Error ---"},"-- Select Likelihood --",{"$f":"VLOOKUP(RiskRegister[[#This Row],[Inherent Likelihood Level]],'Rating factors'!$F$16:$G$21,2,FALSE)","v":"--- Error ---"},{"$f":"IFERROR(VLOOKUP(RiskRegister[[#This Row],[Inherent Risk Rating]],'Rating factors'!$F$30:$G$44,2,FALSE),\"-- Error --\")","v":"-- Error --"},{"$f":"IFERROR(RiskRegister[[#This Row],[Inherent Impact Rating]]*RiskRegister[[#This Row],[Inherent Likelihood Rating]],\"-- Error --\")","v":"-- Error --"},"-- Select Risk Response --",null,"-- Select Impact --",{"$f":"VLOOKUP(RiskRegister[[#This Row],[Residual Impact Level]],'Rating factors'!$F$4:$G$9,2,FALSE)","v":"--- Error ---"},"-- Select Likelihood --",{"$f":"VLOOKUP(RiskRegister[[#This Row],[Residual Likelihood Level]],'Rating factors'!$F$16:$G$21,2,FALSE)","v":"--- Error ---"},{"$f":"IFERROR(VLOOKUP(RiskRegister[[#This Row],[Residual Risk Rating]],'Rating factors'!$F$30:$G$44,2,FALSE),\"-- Error --\")","v":"-- Error --"},{"$f":"IFERROR(RiskRegister[[#This Row],[Residual Impact Rating]]*RiskRegister[[#This Row],[Residual Likelihood Rating]],\"-- Error --\")","v":"-- Error --"},"-- Select Risk Status --",{"$nulls":3},{"$f":"IF(ISBLANK(RiskRegister[[#This Row],[Risk Due Date]]), \"Missing Risk Due Date\", IF(RiskRegister[[#This Row],[Risk Due Date]] < TODAY(), \"Overdue\", \"Not Overdue\"))","v":"Missing Risk Due Date"},null,{"$f":"IF(ISBLANK(RiskRegister[[#This Row],[Risk Due Date]]), \"Missing Risk Due Date\", TEXT(RiskRegister[[#This Row],[Risk Due Date]], \"YYYY-MM\"))","v":"Missing Risk Due Date"},{"$f":"IF(RiskRegister[[#This Row],[Created Date]]=\"\",\"Created Date missing\",(TEXT(RiskRegister[[#This Row],[Created Date]],\"mmm\") & \"-\" & YEAR(RiskRegister[[#This Row],[Created Date]])))","v":"Created Date missing"},{"$f":"IF(RiskRegister[[#This Row],[Risk Status]]=\"Closed\",RiskRegister[[#This Row],[Risk Close Date]],RiskRegister[[#This Row],[Risk Due Date]])","v":"00:00:00"},{"$f":"IF(RiskRegister[[#This Row],[Risk-Change-Date]]=0,DATE(2030,1,1),RiskRegister[[#This Row],[Risk-Change-Date]])","v":"2030-01-01"},{"$f":"RiskRegister[[#This Row],[Inherent Impact Level]]&\"-\"&RiskRegister[[#This Row],[Inherent Likelihood Level]]","v":"-- Select Impact ----- Select Likelihood --"},{"$f":"RiskRegister[[#This Row],[Residual Impact Level]]&\"-\"&RiskRegister[[#This Row],[Residual Likelihood Level]]","v":"-- Select Impact ----- Select Likelihood --"},"Error",{"$f":"IF(RiskRegister[[#This Row],[Risk Status]]=\"Closed\",RiskRegister[[#This Row],[Residual Impact Level]],RiskRegister[[#This Row],[Inherent Impact Level]])","v":"-- Select Impact --"},{"$f":"IF(RiskRegister[[#This Row],[Risk Status]]=\"Closed\",RiskRegister[[#This Row],[Residual Likelihood Level]],RiskRegister[[#This Row],[Inherent Likelihood Level]])","v":"-- Select Likelihood --"},{"$f":"IF(RiskRegister[[#This Row],[Risk Status]]=\"Closed\",RiskRegister[[#This Row],[Residual-I-L-Combo]],RiskRegister[[#This Row],[Inherent-I-L-Combo]])","v":"-- Select Impact ----- Select Likelihood --"},"-- Error --"]
[524,{"$nulls":5},"-- Select Risk Category --",null,"-- select department --",null,null,"-- Select Impact --",{"$f":"VLOOKUP(RiskRegister[[#This Row],[Inherent Impact Level]],'Rating factors'!$F$4:$G$9,2,FALSE)","v":"--- Error ---"},"-- Select Likelihood --",{"$f":"VLOOKUP(RiskRegister[[#This Row],[Inherent Likelihood Level]],'Rating factors'!$F$16:$G$21,2,FALSE)","v":"--- Error ---"},{"$f":"IFERROR(VLOOKUP(RiskRegister[[#This Row],[Inherent Risk Rating]],'Rating factors'!$F$30:$G$44,2,FALSE),\"-- Error --\")","v":"-- Error --"},{"$f":"IFERROR(RiskRegister[[#This Row],[Inherent Impact Rating]]*RiskRegister[[#This Row],[Inherent Likelihood Rating]],\"-- Error --\")","v":"-- Error --"},"-- Select Risk Response --",null,"-- Select Impact --",{"$f":"VLOOKUP(RiskRegister[[#This Row],[Residual Impact Level]],'Rating factors'!$F$4:$G$9,2,FALSE)","v":"--- Error ---"},"-- Select Likelihood --",{"$f":"VLOOKUP(RiskRegister[[#This Row],[Residual Likelihood Level]],'Rating factors'!$F$16:$G$21,2,FALSE)","v":"--- Error ---"},{"$f":"IFERROR(VLOOKUP(RiskRegister[[#This Row],[Residual Risk Rating]],'Rating factors'!$F$30:$G$44,2,FALSE),\"-- Error --\")","v":"-- Error --"},{"$f":"IFERROR(RiskRegister[[#This Row],[Residual Impact Rating]]*RiskRegister[[#This Row],[Residual Likelihood Rating]],\"-- Error --\")","v":"-- Error --"},"-- Select Risk Status --",{"$nulls":3},{"$f":"IF(ISBLANK(RiskRegister[[#This Row],[Risk Due Date]]), \"Missing Risk Due Date\", IF(RiskRegister[[#This Row],[Risk Due Date]] < TODAY(), \"Overdue\", \"Not Overdue\"))","v":"Missing Risk Due Date"},null,{"$f":"IF(ISBLANK(RiskRegister[[#This Row],[Risk Due Date]]), \"Missing Risk Due Date\", TEXT(RiskRegister[[#This Row],[Risk Due Date]], \"YYYY-MM\"))","v":"Missing Risk Due Date"},{"$f":"IF(RiskRegister[[#This Row],[Created Date]]=\"\",\"Created Date missing\",(TEXT(RiskRegister[[#This Row],[Created Date]],\"mmm\") & \"-\" & YEAR(RiskRegister[[#This Row],[Created Date]])))","v":"Created Date missing"},{"$f":"IF(RiskRegister[[#This Row],[Risk Status]]=\"Closed\",RiskRegister[[#This Row],[Risk Close Date]],RiskRegister[[#This Row],[Risk Due Date]])","v":"00:00:00"},{"$f":"IF(RiskRegister[[#This Row],[Risk-Change-Date]]=0,DATE(2030,1,1),RiskRegister[[#This Row],[Risk-Change-Date]])","v":"2030-01-01"},{"$f":"RiskRegister[[#This Row],[Inherent Impact Level]]&\"-\"&RiskRegister[[#This Row],[Inherent Likelihood Level]]","v":"-- Select Impact ----- Select Likelihood --"},{"$f":"RiskRegister[[#This Row],[Residual Impact Level]]&\"-\"&RiskRegister[[#This Row],[Residual Likelihood Level]]","v":"-- Select Impact ----- Select Likelihood --"},"Error",{"$f":"IF(RiskRegister[[#This Row],[Risk Status]]=\"Closed\",RiskRegister[[#This Row],[Residual Impact Level]],RiskRegister[[#This Row],[Inherent Impact Level]])","v":"-- Select Impact --"},{"$f":"IF(RiskRegister[[#This Row],[Risk Status]]=\"Closed\",RiskRegister[[#This Row],[Residual Likelihood Level]],RiskRegister[[#This Row],[Inherent Likelihood Level]])","v":"-- Select Likelihood --"},{"$f":"IF(RiskRegister[[#This Row],[Risk Status]]=\"Closed\",RiskRegister[[#This Row],[Residual-I-L-Combo]],RiskRegister[[#This Row],[Inherent-I-L-Combo]])","v":"-- Select Impact ----- Select Likelihood --"},"-- Error --"]
[525,{"$nulls":5},"-- Select Risk Category --",null,"-- select department --",null,null,"-- Select Impact --",{"$f":"VLOOKUP(RiskRegister[[#This Row],[Inherent Impact Level]],'Rating factors'!$F$4:$G$9,2,FALSE)","v":"--- Error ---"},"-- Select Likelihood --",{"$f":"VLOOKUP(RiskRegister[[#This Row],[Inherent Likelihood Level]],'Rating factors'!$F$16:$G$21,2,FALSE)","v":"--- Error ---"},{"$f":"IFERROR(VLOOKUP(RiskRegister[[#This Row],[Inherent Risk Rating]],'Rating factors'!$F$30:$G$44,2,FALSE),\"-- Error --\")","v":"-- Error --"},{"$f":"IFERROR(RiskRegister[[#This Row],[Inherent Impact Rating]]*RiskRegister[[#This Row],[Inherent Likelihood Rating]],\"-- Error --\")","v":"-- Error --"},"-- Select Risk Response --",null,"-- Select Impact --",{"$f":"VLOOKUP(RiskRegister[[#This Row],[Residual Impact Level]],'Rating factors'!$F$4:$G$9,2,FALSE)","v":"--- Error ---"},"-- Select Likelihood --",{"$f":"VLOOKUP(RiskRegister[[#This Row],[Residual Likelihood Level]],'Rating factors'!$F$16:$G$21,2,FALSE)","v":"--- Error ---"},{"$f":"IFERROR(VLOOKUP(RiskRegister[[#This Row],[Residual Risk Rating]],'Rating factors'!$F$30:$G$44,2,FALSE),\"-- Error --\")","v":"-- Error --"},{"$f":"IFERROR(RiskRegister[[#This Row],[Residual Impact Rating]]*RiskRegister[[#This Row],[Residual Likelihood Rating]],\"-- Error --\")","v":"-- Error --"},"-- Select Risk Status --",{"$nulls":3},{"$f":"IF(ISBLANK(RiskRegister[[#This Row],[Risk Due Date]]), \"Missing Risk Due Date\", IF(RiskRegister[[#This Row],[Risk Due Date]] < TODAY(), \"Overdue\", \"Not Overdue\"))","v":"Missing Risk Due Date"},null,{"$f":"IF(ISBLANK(RiskRegister[[#This Row],[Risk Due Date]]), \"Missing Risk Due Date\", TEXT(RiskRegister[[#This Row],[Risk Due Date]], \"YYYY-MM\"))","v":"Missing Risk Due Date"},{"$f":"IF(RiskRegister[[#This Row],[Created Date]]=\"\",\"Created Date missing\",(TEXT(RiskRegister[[#This Row],[Created Date]],\"mmm\") & \"-\" & YEAR(RiskRegister[[#This Row],[Created Date]])))","v":"Created Date missing"},{"$f":"IF(RiskRegister[[#This Row],[Risk Status]]=\"Closed\",RiskRegister[[#This Row],[Risk Close Date]],RiskRegister[[#This Row],[Risk Due Date]])","v":"00:00:00"},{"$f":"IF(RiskRegister[[#This Row],[Risk-Change-Date]]=0,DATE(2030,1,1),RiskRegister[[#This Row],[Risk-Change-Date]])","v":"2030-01-01"},{"$f":"RiskRegister[[#This Row],[Inherent Impact Level]]&\"-\"&RiskRegister[[#This Row],[Inherent Likelihood Level]]","v":"-- Select Impact ----- Select Likelihood --"},{"$f":"RiskRegister[[#This Row],[Residual Impact Level]]&\"-\"&RiskRegister[[#This Row],[Residual Likelihood Level]]","v":"-- Select Impact ----- Select Likelihood --"},"Error",{"$f":"IF(RiskRegister[[#This Row],[Risk Status]]=\"Closed\",RiskRegister[[#This Row],[Residual Impact Level]],RiskRegister[[#This Row],[Inherent Impact Level]])","v":"-- Select Impact --"},{"$f":"IF(RiskRegister[[#This Row],[Risk Status]]=\"Closed\",RiskRegister[[#This Row],[Residual Likelihood Level]],RiskRegister[[#This Row],[Inherent Likelihood Level]])","v":"-- Select Likelihood --"},{"$f":"IF(RiskRegister[[#This Row],[Risk Status]]=\"Closed\",RiskRegister[[#This Row],[Residual-I-L-Combo]],RiskRegister[[#This Row],[Inherent-I-L-Combo]])","v":"-- Select Impact ----- Select Likelihood --"},"-- Error --"]
[526,{"$nulls":5},"-- Select Risk Category --",null,"-- select department --",null,null,"-- Select Impact --",{"$f":"VLOOKUP(RiskRegister[[#This Row],[Inherent Impact Level]],'Rating factors'!$F$4:$G$9,2,FALSE)","v":"--- Error ---"},"-- Select Likelihood --",{"$f":"VLOOKUP(RiskRegister[[#This Row],[Inherent Likelihood Level]],'Rating factors'!$F$16:$G$21,2,FALSE)","v":"--- Error ---"},{"$f":"IFERROR(VLOOKUP(RiskRegister[[#This Row],[Inherent Risk Rating]],'Rating factors'!$F$30:$G$44,2,FALSE),\"-- Error --\")","v":"-- Error --"},{"$f":"IFERROR(RiskRegister[[#This Row],[Inherent Impact Rating]]*RiskRegister[[#This Row],[Inherent Likelihood Rating]],\"-- Error --\")","v":"-- Error --"},"-- Select Risk Response --",null,"-- Select Impact --",{"$f":"VLOOKUP(RiskRegister[[#This Row],[Residual Impact Level]],'Rating factors'!$F$4:$G$9,2,FALSE)","v":"--- Error ---"},"-- Select Likelihood --",{"$f":"VLOOKUP(RiskRegister[[#This Row],[Residual Likelihood Level]],'Rating factors'!$F$16:$G$21,2,FALSE)","v":"--- Error ---"},{"$f":"IFERROR(VLOOKUP(RiskRegister[[#This Row],[Residual Risk Rating]],'Rating factors'!$F$30:$G$44,2,FALSE),\"-- Error --\")","v":"-- Error --"},{"$f":"IFERROR(RiskRegister[[#This Row],[Residual Impact Rating]]*RiskRegister[[#This Row],[Residual Likelihood Rating]],\"-- Error --\")","v":"-- Error --"},"-- Select Risk Status --",{"$nulls":3},{"$f":"IF(ISBLANK(RiskRegister[[#This Row],[Risk Due Date]]), \"Missing Risk Due Date\", IF(RiskRegister[[#This Row],[Risk Due Date]] < TODAY(), \"Overdue\", \"Not Overdue\"))","v":"Missing Risk Due Date"},null,{"$f":"IF(ISBLANK(RiskRegister[[#This Row],[Risk Due Date]]), \"Missing Risk Due Date\", TEXT(RiskRegister[[#This Row],[Risk Due Date]], \"YYYY-MM\"))","v":"Missing Risk Due Date"},{"$f":"IF(RiskRegister[[#This Row],[Created Date]]=\"\",\"Created Date missing\",(TEXT(RiskRegister[[#This Row],[Created Date]],\"mmm\") & \"-\" & YEAR(RiskRegister[[#This Row],[Created Date]])))","v":"Created Date missing"},{"$f":"IF(RiskRegister[[#This Row],[Risk Status]]=\"Closed\",RiskRegister[[#This Row],[Risk Close Date]],RiskRegister[[#This Row],[Risk Due Date]])","v":"00:00:00"},{"$f":"IF(RiskRegister[[#This Row],[Risk-Change-Date]]=0,DATE(2030,1,1),RiskRegister[[#This Row],[Risk-Change-Date]])","v":"2030-01-01"},{"$f":"RiskRegister[[#This Row],[Inherent Impact Level]]&\"-\"&RiskRegister[[#This Row],[Inherent Likelihood Level]]","v":"-- Select Impact ----- Select Likelihood --"},{"$f":"RiskRegister[[#This Row],[Residual Impact Level]]&\"-\"&RiskRegister[[#This Row],[Residual Likelihood Level]]","v":"-- Select Impact ----- Select Likelihood --"},"Error",{"$f":"IF(RiskRegister[[#This Row],[Risk Status]]=\"Closed\",RiskRegister[[#This Row],[Residual Impact Level]],RiskRegister[[#This Row],[Inherent Impact Level]])","v":"-- Select Impact --"},{"$f":"IF(RiskRegister[[#This Row],[Risk Status]]=\"Closed\",RiskRegister[[#This Row],[Residual Likelihood Level]],RiskRegister[[#This Row],[Inherent Likelihood Level]])","v":"-- Select Likelihood --"},{"$f":"IF(RiskRegister[[#This Row],[Risk Status]]=\"Closed\",RiskRegister[[#This Row],[Residual-I-L-Combo]],RiskRegister[[#This Row],[Inherent-I-L-Combo]])","v":"-- Select Impact ----- Select Likelihood --"},"-- Error --"]
[527,{"$nulls":5},"-- Select Risk Category --",null,"-- select department --",null,null,"-- Select Impact --",{"$f":"VLOOKUP(RiskRegister[[#This Row],[Inherent Impact Level]],'Rating factors'!$F$4:$G$9,2,FALSE)","v":"--- Error ---"},"-- Select Likelihood --",{"$f":"VLOOKUP(RiskRegister[[#This Row],[Inherent Likelihood Level]],'Rating factors'!$F$16:$G$21,2,FALSE)","v":"--- Error ---"},{"$f":"IFERROR(VLOOKUP(RiskRegister[[#This Row],[Inherent Risk Rating]],'Rating factors'!$F$30:$G$44,2,FALSE),\"-- Error --\")","v":"-- Error --"},{"$f":"IFERROR(RiskRegister[[#This Row],[Inherent Impact Rating]]*RiskRegister[[#This Row],[Inherent Likelihood Rating]],\"-- Error --\")","v":"-- Error --"},"-- Select Risk Response --",null,"-- Select Impact --",{"$f":"VLOOKUP(RiskRegister[[#This Row],[Residual Impact Level]],'Rating factors'!$F$4:$G$9,2,FALSE)","v":"--- Error ---"},"-- Select Likelihood --",{"$f":"VLOOKUP(RiskRegister[[#This Row],[Residual Likelihood Level]],'Rating factors'!$F$16:$G$21,2,FALSE)","v":"--- Error ---"},{"$f":"IFERROR(VLOOKUP(RiskRegister[[#This Row],[Residual Risk Rating]],'Rating factors'!$F$30:$G$44,2,FALSE),\"-- Error --\")","v":"-- Error --"},{"$f":"IFERROR(RiskRegister[[#This Row],[Residual Impact Rating]]*RiskRegister[[#This Row],[Residual Likelihood Rating]],\"-- Error --\")","v":"-- Error --"},"-- Select Risk Status --",{"$nulls":3},{"$f":"IF(ISBLANK(RiskRegister[[#This Row],[Risk Due Date]]), \"Missing Risk Due Date\", IF(RiskRegister[[#This Row],[Risk Due Date]] < TODAY(), \"Overdue\", \"Not Overdue\"))","v":"Missing Risk Due Date"},null,{"$f":"IF(ISBLANK(RiskRegister[[#This Row],[Risk Due Date]]), \"Missing Risk Due Date\", TEXT(RiskRegister[[#This Row],[Risk Due Date]], \"YYYY-MM\"))","v":"Missing Risk Due Date"},{"$f":"IF(RiskRegister[[#This Row],[Created Date]]=\"\",\"Created Date missing\",(TEXT(RiskRegister[[#This Row],[Created Date]],\"mmm\") & \"-\" & YEAR(RiskRegister[[#This Row],[Created Date]])))","v":"Created Date missing"},{"$f":"IF(RiskRegister[[#This Row],[Risk Status]]=\"Closed\",RiskRegister[[#This Row],[Risk Close Date]],RiskRegister[[#This Row],[Risk Due Date]])","v":"00:00:00"},{"$f":"IF(RiskRegister[[#This Row],[Risk-Change-Date]]=0,DATE(2030,1,1),RiskRegister[[#This Row],[Risk-Change-Date]])","v":"2030-01-01"},{"$f":"RiskRegister[[#This Row],[Inherent Impact Level]]&\"-\"&RiskRegister[[#This Row],[Inherent Likelihood Level]]","v":"-- Select Impact ----- Select Likelihood --"},{"$f":"RiskRegister[[#This Row],[Residual Impact Level]]&\"-\"&RiskRegister[[#This Row],[Residual Likelihood Level]]","v":"-- Select Impact ----- Select Likelihood --"},"Error",{"$f":"IF(RiskRegister[[#This Row],[Risk Status]]=\"Closed\",RiskRegister[[#This Row],[Residual Impact Level]],RiskRegister[[#This Row],[Inherent Impact Level]])","v":"-- Select Impact --"},{"$f":"IF(RiskRegister[[#This Row],[Risk Status]]=\"Closed\",RiskRegister[[#This Row],[Residual Likelihood Level]],RiskRegister[[#This Row],[Inherent Likelihood Level]])","v":"-- Select Likelihood --"},{"$f":"IF(RiskRegister[[#This Row],[Risk Status]]=\"Closed\",RiskRegister[[#This Row],[Residual-I-L-Combo]],RiskRegister[[#This Row],[Inherent-I-L-Combo]])","v":"-- Select Impact ----- Select Likelihood --"},"-- Error --"]
[528,{"$nulls":5},"-- Select Risk Category --",null,"-- select department --",null,null,"-- Select Impact --",{"$f":"VLOOKUP(RiskRegister[[#This Row],[Inherent Impact Level]],'Rating factors'!$F$4:$G$9,2,FALSE)","v":"--- Error ---"},"-- Select Likelihood --",{"$f":"VLOOKUP(RiskRegister[[#This Row],[Inherent Likelihood Level]],'Rating factors'!$F$16:$G$21,2,FALSE)","v":"--- Error ---"},{"$f":"IFERROR(VLOOKUP(RiskRegister[[#This Row],[Inherent Risk Rating]],'Rating factors'!$F$30:$G$44,2,FALSE),\"-- Error --\")","v":"-- Error --"},{"$f":"IFERROR(RiskRegister[[#This Row],[Inherent Impact Rating]]*RiskRegister[[#This Row],[Inherent Likelihood Rating]],\"-- Error --\")","v":"-- Error --"},"-- Select Risk Response --",null,"-- Select Impact --",{"$f":"VLOOKUP(RiskRegister[[#This Row],[Residual Impact Level]],'Rating factors'!$F$4:$G$9,2,FALSE)","v":"--- Error ---"},"-- Select Likelihood --",{"$f":"VLOOKUP(RiskRegister[[#This Row],[Residual Likelihood Level]],'Rating factors'!$F$16:$G$21,2,FALSE)","v":"--- Error ---"},{"$f":"IFERROR(VLOOKUP(RiskRegister[[#This Row],[Residual Risk Rating]],'Rating factors'!$F$30:$G$44,2,FALSE),\"-- Error --\")","v":"-- Error --"},{"$f":"IFERROR(RiskRegister[[#This Row],[Residual Impact Rating]]*RiskRegister[[#This Row],[Residual Likelihood Rating]],\"-- Error --\")","v":"-- Error --"},"-- Select Risk Status --",{"$nulls":3},{"$f":"IF(ISBLANK(RiskRegister[[#This Row],[Risk Due Date]]), \"Missing Risk Due Date\", IF(RiskRegister[[#This Row],[Risk Due Date]] < TODAY(), \"Overdue\", \"Not Overdue\"))","v":"Missing Risk Due Date"},null,{"$f":"IF(ISBLANK(RiskRegister[[#This Row],[Risk Due Date]]), \"Missing Risk Due Date\", TEXT(RiskRegister[[#This Row],[Risk Due Date]], \"YYYY-MM\"))","v":"Missing Risk Due Date"},{"$f":"IF(RiskRegister[[#This Row],[Created Date]]=\"\",\"Created Date missing\",(TEXT(RiskRegister[[#This Row],[Created Date]],\"mmm\") & \"-\" & YEAR(RiskRegister[[#This Row],[Created Date]])))","v":"Created Date missing"},{"$f":"IF(RiskRegister[[#This Row],[Risk Status]]=\"Closed\",RiskRegister[[#This Row],[Risk Close Date]],RiskRegister[[#This Row],[Risk Due Date]])","v":"00:00:00"},{"$f":"IF(RiskRegister[[#This Row],[Risk-Change-Date]]=0,DATE(2030,1,1),RiskRegister[[#This Row],[Risk-Change-Date]])","v":"2030-01-01"},{"$f":"RiskRegister[[#This Row],[Inherent Impact Level]]&\"-\"&RiskRegister[[#This Row],[Inherent Likelihood Level]]","v":"-- Select Impact ----- Select Likelihood --"},{"$f":"RiskRegister[[#This Row],[Residual Impact Level]]&\"-\"&RiskRegister[[#This Row],[Residual Likelihood Level]]","v":"-- Select Impact ----- Select Likelihood --"},"Error",{"$f":"IF(RiskRegister[[#This Row],[Risk Status]]=\"Closed\",RiskRegister[[#This Row],[Residual Impact Level]],RiskRegister[[#This Row],[Inherent Impact Level]])","v":"-- Select Impact --"},{"$f":"IF(RiskRegister[[#This Row],[Risk Status]]=\"Closed\",RiskRegister[[#This Row],[Residual Likelihood Level]],RiskRegister[[#This Row],[Inherent Likelihood Level]])","v":"-- Select Likelihood --"},{"$f":"IF(RiskRegister[[#This Row],[Risk Status]]=\"Closed\",RiskRegister[[#This Row],[Residual-I-L-Combo]],RiskRegister[[#This Row],[Inherent-I-L-Combo]])","v":"-- Select Impact ----- Select Likelihood --"},"-- Error --"]
[529,{"$nulls":5},"-- Select Risk Category --",null,"-- select department --",null,null,"-- Select Impact --",{"$f":"VLOOKUP(RiskRegister[[#This Row],[Inherent Impact Level]],'Rating factors'!$F$4:$G$9,2,FALSE)","v":"--- Error ---"},"-- Select Likelihood --",{"$f":"VLOOKUP(RiskRegister[[#This Row],[Inherent Likelihood Level]],'Rating factors'!$F$16:$G$21,2,FALSE)","v":"--- Error ---"},{"$f":"IFERROR(VLOOKUP(RiskRegister[[#This Row],[Inherent Risk Rating]],'Rating factors'!$F$30:$G$44,2,FALSE),\"-- Error --\")","v":"-- Error --"},{"$f":"IFERROR(RiskRegister[[#This Row],[Inherent Impact Rating]]*RiskRegister[[#This Row],[Inherent Likelihood Rating]],\"-- Error --\")","v":"-- Error --"},"-- Select Risk Response --",null,"-- Select Impact --",{"$f":"VLOOKUP(RiskRegister[[#This Row],[Residual Impact Level]],'Rating factors'!$F$4:$G$9,2,FALSE)","v":"--- Error ---"},"-- Select Likelihood --",{"$f":"VLOOKUP(RiskRegister[[#This Row],[Residual Likelihood Level]],'Rating factors'!$F$16:$G$21,2,FALSE)","v":"--- Error ---"},{"$f":"IFERROR(VLOOKUP(RiskRegister[[#This Row],[Residual Risk Rating]],'Rating factors'!$F$30:$G$44,2,FALSE),\"-- Error --\")","v":"-- Error --"},{"$f":"IFERROR(RiskRegister[[#This Row],[Residual Impact Rating]]*RiskRegister[[#This Row],[Residual Likelihood Rating]],\"-- Error --\")","v":"-- Error --"},"-- Select Risk Status --",{"$nulls":3},{"$f":"IF(ISBLANK(RiskRegister[[#This Row],[Risk Due Date]]), \"Missing Risk Due Date\", IF(RiskRegister[[#This Row],[Risk Due Date]] < TODAY(), \"Overdue\", \"Not Overdue\"))","v":"Missing Risk Due Date"},null,{"$f":"IF(ISBLANK(RiskRegister[[#This Row],[Risk Due Date]]), \"Missing Risk Due Date\", TEXT(RiskRegister[[#This Row],[Risk Due Date]], \"YYYY-MM\"))","v":"Missing Risk Due Date"},{"$f":"IF(RiskRegister[[#This Row],[Created Date]]=\"\",\"Created Date missing\",(TEXT(RiskRegister[[#This Row],[Created Date]],\"mmm\") & \"-\" & YEAR(RiskRegister[[#This Row],[Created Date]])))","v":"Created Date missing"},{"$f":"IF(RiskRegister[[#This Row],[Risk Status]]=\"Closed\",RiskRegister[[#This Row],[Risk Close Date]],RiskRegister[[#This Row],[Risk Due Date]])","v":"00:00:00"},{"$f":"IF(RiskRegister[[#This Row],[Risk-Change-Date]]=0,DATE(2030,1,1),RiskRegister[[#This Row],[Risk-Change-Date]])","v":"2030-01-01"},{"$f":"RiskRegister[[#This Row],[Inherent Impact Level]]&\"-\"&RiskRegister[[#This Row],[Inherent Likelihood Level]]","v":"-- Select Impact ----- Select Likelihood --"},{"$f":"RiskRegister[[#This Row],[Residual Impact Level]]&\"-\"&RiskRegister[[#This Row],[Residual Likelihood Level]]","v":"-- Select Impact ----- Select Likelihood --"},"Error",{"$f":"IF(RiskRegister[[#This Row],[Risk Status]]=\"Closed\",RiskRegister[[#This Row],[Residual Impact Level]],RiskRegister[[#This Row],[Inherent Impact Level]])","v":"-- Select Impact --"},{"$f":"IF(RiskRegister[[#This Row],[Risk Status]]=\"Closed\",RiskRegister[[#This Row],[Residual Likelihood Level]],RiskRegister[[#This Row],[Inherent Likelihood Level]])","v":"-- Select Likelihood --"},{"$f":"IF(RiskRegister[[#This Row],[Risk Status]]=\"Closed\",RiskRegister[[#This Row],[Residual-I-L-Combo]],RiskRegister[[#This Row],[Inherent-I-L-Combo]])","v":"-- Select Impact ----- Select Likelihood --"},"-- Error --"]
[530,{"$nulls":5},"-- Select Risk Category --",null,"-- select department --",null,null,"-- Select Impact --",{"$f":"VLOOKUP(RiskRegister[[#This Row],[Inherent Impact Level]],'Rating factors'!$F$4:$G$9,2,FALSE)","v":"--- Error ---"},"-- Select Likelihood --",{"$f":"VLOOKUP(RiskRegister[[#This Row],[Inherent Likelihood Level]],'Rating factors'!$F$16:$G$21,2,FALSE)","v":"--- Error ---"},{"$f":"IFERROR(VLOOKUP(RiskRegister[[#This Row],[Inherent Risk Rating]],'Rating factors'!$F$30:$G$44,2,FALSE),\"-- Error --\")","v":"-- Error --"},{"$f":"IFERROR(RiskRegister[[#This Row],[Inherent Impact Rating]]*RiskRegister[[#This Row],[Inherent Likelihood Rating]],\"-- Error --\")","v":"-- Error --"},"-- Select Risk Response --",null,"-- Select Impact --",{"$f":"VLOOKUP(RiskRegister[[#This Row],[Residual Impact Level]],'Rating factors'!$F$4:$G$9,2,FALSE)","v":"--- Error ---"},"-- Select Likelihood --",{"$f":"VLOOKUP(RiskRegister[[#This Row],[Residual Likelihood Level]],'Rating factors'!$F$16:$G$21,2,FALSE)","v":"--- Error ---"},{"$f":"IFERROR(VLOOKUP(RiskRegister[[#This Row],[Residual Risk Rating]],'Rating factors'!$F$30:$G$44,2,FALSE),\"-- Error --\")","v":"-- Error --"},{"$f":"IFERROR(RiskRegister[[#This Row],[Residual Impact Rating]]*RiskRegister[[#This Row],[Residual Likelihood Rating]],\"-- Error --\")","v":"-- Error --"},"-- Select Risk Status --",{"$nulls":3},{"$f":"IF(ISBLANK(RiskRegister[[#This Row],[Risk Due Date]]), \"Missing Risk Due Date\", IF(RiskRegister[[#This Row],[Risk Due Date]] < TODAY(), \"Overdue\", \"Not Overdue\"))","v":"Missing Risk Due Date"},null,{"$f":"IF(ISBLANK(RiskRegister[[#This Row],[Risk Due Date]]), \"Missing Risk Due Date\", TEXT(RiskRegister[[#This Row],[Risk Due Date]], \"YYYY-MM\"))","v":"Missing Risk Due Date"},{"$f":"IF(RiskRegister[[#This Row],[Created Date]]=\"\",\"Created Date missing\",(TEXT(RiskRegister[[#This Row],[Created Date]],\"mmm\") & \"-\" & YEAR(RiskRegister[[#This Row],[Created Date]])))","v":"Created Date missing"},{"$f":"IF(RiskRegister[[#This Row],[Risk Status]]=\"Closed\",RiskRegister[[#This Row],[Risk Close Date]],RiskRegister[[#This Row],[Risk Due Date]])","v":"00:00:00"},{"$f":"IF(RiskRegister[[#This Row],[Risk-Change-Date]]=0,DATE(2030,1,1),RiskRegister[[#This Row],[Risk-Change-Date]])","v":"2030-01-01"},{"$f":"RiskRegister[[#This Row],[Inherent Impact Level]]&\"-\"&RiskRegister[[#This Row],[Inherent Likelihood Level]]","v":"-- Select Impact ----- Select Likelihood --"},{"$f":"RiskRegister[[#This Row],[Residual Impact Level]]&\"-\"&RiskRegister[[#This Row],[Residual Likelihood Level]]","v":"-- Select Impact ----- Select Likelihood --"},"Error",{"$f":"IF(RiskRegister[[#This Row],[Risk Status]]=\"Closed\",RiskRegister[[#This Row],[Residual Impact Level]],RiskRegister[[#This Row],[Inherent Impact Level]])","v":"-- Select Impact --"},{"$f":"IF(RiskRegister[[#This Row],[Risk Status]]=\"Closed\",RiskRegister[[#This Row],[Residual Likelihood Level]],RiskRegister[[#This Row],[Inherent Likelihood Level]])","v":"-- Select Likelihood --"},{"$f":"IF(RiskRegister[[#This Row],[Risk Status]]=\"Closed\",RiskRegister[[#This Row],[Residual-I-L-Combo]],RiskRegister[[#This Row],[Inherent-I-L-Combo]])","v":"-- Select Impact ----- Select Likelihood --"},"-- Error --"]
[531,{"$nulls":5},"-- Select Risk Category --",null,"-- select department --",null,null,"-- Select Impact --",{"$f":"VLOOKUP(RiskRegister[[#This Row],[Inherent Impact Level]],'Rating factors'!$F$4:$G$9,2,FALSE)","v":"--- Error ---"},"-- Select Likelihood --",{"$f":"VLOOKUP(RiskRegister[[#This Row],[Inherent Likelihood Level]],'Rating factors'!$F$16:$G$21,2,FALSE)","v":"--- Error ---"},{"$f":"IFERROR(VLOOKUP(RiskRegister[[#This Row],[Inherent Risk Rating]],'Rating factors'!$F$30:$G$44,2,FALSE),\"-- Error --\")","v":"-- Error --"},{"$f":"IFERROR(RiskRegister[[#This Row],[Inherent Impact Rating]]*RiskRegister[[#This Row],[Inherent Likelihood Rating]],\"-- Error --\")","v":"-- Error --"},"-- Select Risk Response --",null,"-- Select Impact --",{"$f":"VLOOKUP(RiskRegister[[#This Row],[Residual Impact Level]],'Rating factors'!$F$4:$G$9,2,FALSE)","v":"--- Error ---"},"-- Select Likelihood --",{"$f":"VLOOKUP(RiskRegister[[#This Row],[Residual Likelihood Level]],'Rating factors'!$F$16:$G$21,2,FALSE)","v":"--- Error ---"},{"$f":"IFERROR(VLOOKUP(RiskRegister[[#This Row],[Residual Risk Rating]],'Rating factors'!$F$30:$G$44,2,FALSE),\"-- Error --\")","v":"-- Error --"},{"$f":"IFERROR(RiskRegister[[#This Row],[Residual Impact Rating]]*RiskRegister[[#This Row],[Residual Likelihood Rating]],\"-- Error --\")","v":"-- Error --"},"-- Select Risk Status --",{"$nulls":3},{"$f":"IF(ISBLANK(RiskRegister[[#This Row],[Risk Due Date]]), \"Missing Risk Due Date\", IF(RiskRegister[[#This Row],[Risk Due Date]] < TODAY(), \"Overdue\", \"Not Overdue\"))","v":"Missing Risk Due Date"},null,{"$f":"IF(ISBLANK(RiskRegister[[#This Row],[Risk Due Date]]), \"Missing Risk Due Date\", TEXT(RiskRegister[[#This Row],[Risk Due Date]], \"YYYY-MM\"))","v":"Missing Risk Due Date"},{"$f":"IF(RiskRegister[[#This Row],[Created Date]]=\"\",\"Created Date missing\",(TEXT(RiskRegister[[#This Row],[Created Date]],\"mmm\") & \"-\" & YEAR(RiskRegister[[#This Row],[Created Date]])))","v":"Created Date missing"},{"$f":"IF(RiskRegister[[#This Row],[Risk Status]]=\"Closed\",RiskRegister[[#This Row],[Risk Close Date]],RiskRegister[[#This Row],[Risk Due Date]])","v":"00:00:00"},{"$f":"IF(RiskRegister[[#This Row],[Risk-Change-Date]]=0,DATE(2030,1,1),RiskRegister[[#This Row],[Risk-Change-Date]])","v":"2030-01-01"},{"$f":"RiskRegister[[#This Row],[Inherent Impact Level]]&\"-\"&RiskRegister[[#This Row],[Inherent Likelihood Level]]","v":"-- Select Impact ----- Select Likelihood --"},{"$f":"RiskRegister[[#This Row],[Residual Impact Level]]&\"-\"&RiskRegister[[#This Row],[Residual Likelihood Level]]","v":"-- Select Impact ----- Select Likelihood --"},"Error",{"$f":"IF(RiskRegister[[#This Row],[Risk Status]]=\"Closed\",RiskRegister[[#This Row],[Residual Impact Level]],RiskRegister[[#This Row],[Inherent Impact Level]])","v":"-- Select Impact --"},{"$f":"IF(RiskRegister[[#This Row],[Risk Status]]=\"Closed\",RiskRegister[[#This Row],[Residual Likelihood Level]],RiskRegister[[#This Row],[Inherent Likelihood Level]])","v":"-- Select Likelihood --"},{"$f":"IF(RiskRegister[[#This Row],[Risk Status]]=\"Closed\",RiskRegister[[#This Row],[Residual-I-L-Combo]],RiskRegister[[#This Row],[Inherent-I-L-Combo]])","v":"-- Select Impact ----- Select Likelihood --"},"-- Error --"]
[532,{"$nulls":5},"-- Select Risk Category --",null,"-- select department --",null,null,"-- Select Impact --",{"$f":"VLOOKUP(RiskRegister[[#This Row],[Inherent Impact Level]],'Rating factors'!$F$4:$G$9,2,FALSE)","v":"--- Error ---"},"-- Select Likelihood --",{"$f":"VLOOKUP(RiskRegister[[#This Row],[Inherent Likelihood Level]],'Rating factors'!$F$16:$G$21,2,FALSE)","v":"--- Error ---"},{"$f":"IFERROR(VLOOKUP(RiskRegister[[#This Row],[Inherent Risk Rating]],'Rating factors'!$F$30:$G$44,2,FALSE),\"-- Error --\")","v":"-- Error --"},{"$f":"IFERROR(RiskRegister[[#This Row],[Inherent Impact Rating]]*RiskRegister[[#This Row],[Inherent Likelihood Rating]],\"-- Error --\")","v":"-- Error --"},"-- Select Risk Response --",null,"-- Select Impact --",{"$f":"VLOOKUP(RiskRegister[[#This Row],[Residual Impact Level]],'Rating factors'!$F$4:$G$9,2,FALSE)","v":"--- Error ---"},"-- Select Likelihood --",{"$f":"VLOOKUP(RiskRegister[[#This Row],[Residual Likelihood Level]],'Rating factors'!$F$16:$G$21,2,FALSE)","v":"--- Error ---"},{"$f":"IFERROR(VLOOKUP(RiskRegister[[#This Row],[Residual Risk Rating]],'Rating factors'!$F$30:$G$44,2,FALSE),\"-- Error --\")","v":"-- Error --"},{"$f":"IFERROR(RiskRegister[[#This Row],[Residual Impact Rating]]*RiskRegister[[#This Row],[Residual Likelihood Rating]],\"-- Error --\")","v":"-- Error --"},"-- Select Risk Status --",{"$nulls":3},{"$f":"IF(ISBLANK(RiskRegister[[#This Row],[Risk Due Date]]), \"Missing Risk Due Date\", IF(RiskRegister[[#This Row],[Risk Due Date]] < TODAY(), \"Overdue\", \"Not Overdue\"))","v":"Missing Risk Due Date"},null,{"$f":"IF(ISBLANK(RiskRegister[[#This Row],[Risk Due Date]]), \"Missing Risk Due Date\", TEXT(RiskRegister[[#This Row],[Risk Due Date]], \"YYYY-MM\"))","v":"Missing Risk Due Date"},{"$f":"IF(RiskRegister[[#This Row],[Created Date]]=\"\",\"Created Date missing\",(TEXT(RiskRegister[[#This Row],[Created Date]],\"mmm\") & \"-\" & YEAR(RiskRegister[[#This Row],[Created Date]])))","v":"Created Date missing"},{"$f":"IF(RiskRegister[[#This Row],[Risk Status]]=\"Closed\",RiskRegister[[#This Row],[Risk Close Date]],RiskRegister[[#This Row],[Risk Due Date]])","v":"00:00:00"},{"$f":"IF(RiskRegister[[#This Row],[Risk-Change-Date]]=0,DATE(2030,1,1),RiskRegister[[#This Row],[Risk-Change-Date]])","v":"2030-01-01"},{"$f":"RiskRegister[[#This Row],[Inherent Impact Level]]&\"-\"&RiskRegister[[#This Row],[Inherent Likelihood Level]]","v":"-- Select Impact ----- Select Likelihood --"},{"$f":"RiskRegister[[#This Row],[Residual Impact Level]]&\"-\"&RiskRegister[[#This Row],[Residual Likelihood Level]]","v":"-- Select Impact ----- Select Likelihood --"},"Error",{"$f":"IF(RiskRegister[[#This Row],[Risk Status]]=\"Closed\",RiskRegister[[#This Row],[Residual Impact Level]],RiskRegister[[#This Row],[Inherent Impact Level]])","v":"-- Select Impact --"},{"$f":"IF(RiskRegister[[#This Row],[Risk Status]]=\"Closed\",RiskRegister[[#This Row],[Residual Likelihood Level]],RiskRegister[[#This Row],[Inherent Likelihood Level]])","v":"-- Select Likelihood --"},{"$f":"IF(RiskRegister[[#This Row],[Risk Status]]=\"Closed\",RiskRegister[[#This Row],[Residual-I-L-Combo]],RiskRegister[[#This Row],[Inherent-I-L-Combo]])","v":"-- Select Impact ----- Select Likelihood --"},"-- Error --"]
[533,{"$nulls":5},"-- Select Risk Category --",null,"-- select department --",null,null,"-- Select Impact --",{"$f":"VLOOKUP(RiskRegister[[#This Row],[Inherent Impact Level]],'Rating factors'!$F$4:$G$9,2,FALSE)","v":"--- Error ---"},"-- Select Likelihood --",{"$f":"VLOOKUP(RiskRegister[[#This Row],[Inherent Likelihood Level]],'Rating factors'!$F$16:$G$21,2,FALSE)","v":"--- Error ---"},{"$f":"IFERROR(VLOOKUP(RiskRegister[[#This Row],[Inherent Risk Rating]],'Rating factors'!$F$30:$G$44,2,FALSE),\"-- Error --\")","v":"-- Error --"},{"$f":"IFERROR(RiskRegister[[#This Row],[Inherent Impact Rating]]*RiskRegister[[#This Row],[Inherent Likelihood Rating]],\"-- Error --\")","v":"-- Error --"},"-- Select Risk Response --",null,"-- Select Impact --",{"$f":"VLOOKUP(RiskRegister[[#This Row],[Residual Impact Level]],'Rating factors'!$F$4:$G$9,2,FALSE)","v":"--- Error ---"},"-- Select Likelihood --",{"$f":"VLOOKUP(RiskRegister[[#This Row],[Residual Likelihood Level]],'Rating factors'!$F$16:$G$21,2,FALSE)","v":"--- Error ---"},{"$f":"IFERROR(VLOOKUP(RiskRegister[[#This Row],[Residual Risk Rating]],'Rating factors'!$F$30:$G$44,2,FALSE),\"-- Error --\")","v":"-- Error --"},{"$f":"IFERROR(RiskRegister[[#This Row],[Residual Impact Rating]]*RiskRegister[[#This Row],[Residual Likelihood Rating]],\"-- Error --\")","v":"-- Error --"},"-- Select Risk Status --",{"$nulls":3},{"$f":"IF(ISBLANK(RiskRegister[[#This Row],[Risk Due Date]]), \"Missing Risk Due Date\", IF(RiskRegister[[#This Row],[Risk Due Date]] < TODAY(), \"Overdue\", \"Not Overdue\"))","v":"Missing Risk Due Date"},null,{"$f":"IF(ISBLANK(RiskRegister[[#This Row],[Risk Due Date]]), \"Missing Risk Due Date\", TEXT(RiskRegister[[#This Row],[Risk Due Date]], \"YYYY-MM\"))","v":"Missing Risk Due Date"},{"$f":"IF(RiskRegister[[#This Row],[Created Date]]=\"\",\"Created Date missing\",(TEXT(RiskRegister[[#This Row],[Created Date]],\"mmm\") & \"-\" & YEAR(RiskRegister[[#This Row],[Created Date]])))","v":"Created Date missing"},{"$f":"IF(RiskRegister[[#This Row],[Risk Status]]=\"Closed\",RiskRegister[[#This Row],[Risk Close Date]],RiskRegister[[#This Row],[Risk Due Date]])","v":"00:00:00"},{"$f":"IF(RiskRegister[[#This Row],[Risk-Change-Date]]=0,DATE(2030,1,1),RiskRegister[[#This Row],[Risk-Change-Date]])","v":"2030-01-01"},{"$f":"RiskRegister[[#This Row],[Inherent Impact Level]]&\"-\"&RiskRegister[[#This Row],[Inherent Likelihood Level]]","v":"-- Select Impact ----- Select Likelihood --"},{"$f":"RiskRegister[[#This Row],[Residual Impact Level]]&\"-\"&RiskRegister[[#This Row],[Residual Likelihood Level]]","v":"-- Select Impact ----- Select Likelihood --"},"Error",{"$f":"IF(RiskRegister[[#This Row],[Risk Status]]=\"Closed\",RiskRegister[[#This Row],[Residual Impact Level]],RiskRegister[[#This Row],[Inherent Impact Level]])","v":"-- Select Impact --"},{"$f":"IF(RiskRegister[[#This Row],[Risk Status]]=\"Closed\",RiskRegister[[#This Row],[Residual Likelihood Level]],RiskRegister[[#This Row],[Inherent Likelihood Level]])","v":"-- Select Likelihood --"},{"$f":"IF(RiskRegister[[#This Row],[Risk Status]]=\"Closed\",RiskRegister[[#This Row],[Residual-I-L-Combo]],RiskRegister[[#This Row],[Inherent-I-L-Combo]])","v":"-- Select Impact ----- Select Likelihood --"},"-- Error --"]
[534,{"$nulls":5},"-- Select Risk Category --",null,"-- select department --",null,null,"-- Select Impact --",{"$f":"VLOOKUP(RiskRegister[[#This Row],[Inherent Impact Level]],'Rating factors'!$F$4:$G$9,2,FALSE)","v":"--- Error ---"},"-- Select Likelihood --",{"$f":"VLOOKUP(RiskRegister[[#This Row],[Inherent Likelihood Level]],'Rating factors'!$F$16:$G$21,2,FALSE)","v":"--- Error ---"},{"$f":"IFERROR(VLOOKUP(RiskRegister[[#This Row],[Inherent Risk Rating]],'Rating factors'!$F$30:$G$44,2,FALSE),\"-- Error --\")","v":"-- Error --"},{"$f":"IFERROR(RiskRegister[[#This Row],[Inherent Impact Rating]]*RiskRegister[[#This Row],[Inherent Likelihood Rating]],\"-- Error --\")","v":"-- Error --"},"-- Select Risk Response --",null,"-- Select Impact --",{"$f":"VLOOKUP(RiskRegister[[#This Row],[Residual Impact Level]],'Rating factors'!$F$4:$G$9,2,FALSE)","v":"--- Error ---"},"-- Select Likelihood --",{"$f":"VLOOKUP(RiskRegister[[#This Row],[Residual Likelihood Level]],'Rating factors'!$F$16:$G$21,2,FALSE)","v":"--- Error ---"},{"$f":"IFERROR(VLOOKUP(RiskRegister[[#This Row],[Residual Risk Rating]],'Rating factors'!$F$30:$G$44,2,FALSE),\"-- Error --\")","v":"-- Error --"},{"$f":"IFERROR(RiskRegister[[#This Row],[Residual Impact Rating]]*RiskRegister[[#This Row],[Residual Likelihood Rating]],\"-- Error --\")","v":"-- Error --"},"-- Select Risk Status --",{"$nulls":3},{"$f":"IF(ISBLANK(RiskRegister[[#This Row],[Risk Due Date]]), \"Missing Risk Due Date\", IF(RiskRegister[[#This Row],[Risk Due Date]] < TODAY(), \"Overdue\", \"Not Overdue\"))","v":"Missing Risk Due Date"},null,{"$f":"IF(ISBLANK(RiskRegister[[#This Row],[Risk Due Date]]), \"Missing Risk Due Date\", TEXT(RiskRegister[[#This Row],[Risk Due Date]], \"YYYY-MM\"))","v":"Missing Risk Due Date"},{"$f":"IF(RiskRegister[[#This Row],[Created Date]]=\"\",\"Created Date missing\",(TEXT(RiskRegister[[#This Row],[Created Date]],\"mmm\") & \"-\" & YEAR(RiskRegister[[#This Row],[Created Date]])))","v":"Created Date missing"},{"$f":"IF(RiskRegister[[#This Row],[Risk Status]]=\"Closed\",RiskRegister[[#This Row],[Risk Close Date]],RiskRegister[[#This Row],[Risk Due Date]])","v":"00:00:00"},{"$f":"IF(RiskRegister[[#This Row],[Risk-Change-Date]]=0,DATE(2030,1,1),RiskRegister[[#This Row],[Risk-Change-Date]])","v":"2030-01-01"},{"$f":"RiskRegister[[#This Row],[Inherent Impact Level]]&\"-\"&RiskRegister[[#This Row],[Inherent Likelihood Level]]","v":"-- Select Impact ----- Select Likelihood --"},{"$f":"RiskRegister[[#This Row],[Residual Impact Level]]&\"-\"&RiskRegister[[#This Row],[Residual Likelihood Level]]","v":"-- Select Impact ----- Select Likelihood --"},"Error",{"$f":"IF(RiskRegister[[#This Row],[Risk Status]]=\"Closed\",RiskRegister[[#This Row],[Residual Impact Level]],RiskRegister[[#This Row],[Inherent Impact Level]])","v":"-- Select Impact --"},{"$f":"IF(RiskRegister[[#This Row],[Risk Status]]=\"Closed\",RiskRegister[[#This Row],[Residual Likelihood Level]],RiskRegister[[#This Row],[Inherent Likelihood Level]])","v":"-- Select Likelihood --"},{"$f":"IF(RiskRegister[[#This Row],[Risk Status]]=\"Closed\",RiskRegister[[#This Row],[Residual-I-L-Combo]],RiskRegister[[#This Row],[Inherent-I-L-Combo]])","v":"-- Select Impact ----- Select Likelihood --"},"-- Error --"]
[535,{"$nulls":5},"-- Select Risk Category --",null,"-- select department --",null,null,"-- Select Impact --",{"$f":"VLOOKUP(RiskRegister[[#This Row],[Inherent Impact Level]],'Rating factors'!$F$4:$G$9,2,FALSE)","v":"--- Error ---"},"-- Select Likelihood --",{"$f":"VLOOKUP(RiskRegister[[#This Row],[Inherent Likelihood Level]],'Rating factors'!$F$16:$G$21,2,FALSE)","v":"--- Error ---"},{"$f":"IFERROR(VLOOKUP(RiskRegister[[#This Row],[Inherent Risk Rating]],'Rating factors'!$F$30:$G$44,2,FALSE),\"-- Error --\")","v":"-- Error --"},{"$f":"IFERROR(RiskRegister[[#This Row],[Inherent Impact Rating]]*RiskRegister[[#This Row],[Inherent Likelihood Rating]],\"-- Error --\")","v":"-- Error --"},"-- Select Risk Response --",null,"-- Select Impact --",{"$f":"VLOOKUP(RiskRegister[[#This Row],[Residual Impact Level]],'Rating factors'!$F$4:$G$9,2,FALSE)","v":"--- Error ---"},"-- Select Likelihood --",{"$f":"VLOOKUP(RiskRegister[[#This Row],[Residual Likelihood Level]],'Rating factors'!$F$16:$G$21,2,FALSE)","v":"--- Error ---"},{"$f":"IFERROR(VLOOKUP(RiskRegister[[#This Row],[Residual Risk Rating]],'Rating factors'!$F$30:$G$44,2,FALSE),\"-- Error --\")","v":"-- Error --"},{"$f":"IFERROR(RiskRegister[[#This Row],[Residual Impact Rating]]*RiskRegister[[#This Row],[Residual Likelihood Rating]],\"-- Error --\")","v":"-- Error --"},"-- Select Risk Status --",{"$nulls":3},{"$f":"IF(ISBLANK(RiskRegister[[#This Row],[Risk Due Date]]), \"Missing Risk Due Date\", IF(RiskRegister[[#This Row],[Risk Due Date]] < TODAY(), \"Overdue\", \"Not Overdue\"))","v":"Missing Risk Due Date"},null,{"$f":"IF(ISBLANK(RiskRegister[[#This Row],[Risk Due Date]]), \"Missing Risk Due Date\", TEXT(RiskRegister[[#This Row],[Risk Due Date]], \"YYYY-MM\"))","v":"Missing Risk Due Date"},{"$f":"IF(RiskRegister[[#This Row],[Created Date]]=\"\",\"Created Date missing\",(TEXT(RiskRegister[[#This Row],[Created Date]],\"mmm\") & \"-\" & YEAR(RiskRegister[[#This Row],[Created Date]])))","v":"Created Date missing"},{"$f":"IF(RiskRegister[[#This Row],[Risk Status]]=\"Closed\",RiskRegister[[#This Row],[Risk Close Date]],RiskRegister[[#This Row],[Risk Due Date]])","v":"00:00:00"},{"$f":"IF(RiskRegister[[#This Row],[Risk-Change-Date]]=0,DATE(2030,1,1),RiskRegister[[#This Row],[Risk-Change-Date]])","v":"2030-01-01"},{"$f":"RiskRegister[[#This Row],[Inherent Impact Level]]&\"-\"&RiskRegister[[#This Row],[Inherent Likelihood Level]]","v":"-- Select Impact ----- Select Likelihood --"},{"$f":"RiskRegister[[#This Row],[Residual Impact Level]]&\"-\"&RiskRegister[[#This Row],[Residual Likelihood Level]]","v":"-- Select Impact ----- Select Likelihood --"},"Error",{"$f":"IF(RiskRegister[[#This Row],[Risk Status]]=\"Closed\",RiskRegister[[#This Row],[Residual Impact Level]],RiskRegister[[#This Row],[Inherent Impact Level]])","v":"-- Select Impact --"},{"$f":"IF(RiskRegister[[#This Row],[Risk Status]]=\"Closed\",RiskRegister[[#This Row],[Residual Likelihood Level]],RiskRegister[[#This Row],[Inherent Likelihood Level]])","v":"-- Select Likelihood --"},{"$f":"IF(RiskRegister[[#This Row],[Risk Status]]=\"Closed\",RiskRegister[[#This Row],[Residual-I-L-Combo]],RiskRegister[[#This Row],[Inherent-I-L-Combo]])","v":"-- Select Impact ----- Select Likelihood --"},"-- Error --"]
[536,{"$nulls":5},"-- Select Risk Category --",null,"-- select department --",null,null,"-- Select Impact --",{"$f":"VLOOKUP(RiskRegister[[#This Row],[Inherent Impact Level]],'Rating factors'!$F$4:$G$9,2,FALSE)","v":"--- Error ---"},"-- Select Likelihood --",{"$f":"VLOOKUP(RiskRegister[[#This Row],[Inherent Likelihood Level]],'Rating factors'!$F$16:$G$21,2,FALSE)","v":"--- Error ---"},{"$f":"IFERROR(VLOOKUP(RiskRegister[[#This Row],[Inherent Risk Rating]],'Rating factors'!$F$30:$G$44,2,FALSE),\"-- Error --\")","v":"-- Error --"},{"$f":"IFERROR(RiskRegister[[#This Row],[Inherent Impact Rating]]*RiskRegister[[#This Row],[Inherent Likelihood Rating]],\"-- Error --\")","v":"-- Error --"},"-- Select Risk Response --",null,"-- Select Impact --",{"$f":"VLOOKUP(RiskRegister[[#This Row],[Residual Impact Level]],'Rating factors'!$F$4:$G$9,2,FALSE)","v":"--- Error ---"},"-- Select Likelihood --",{"$f":"VLOOKUP(RiskRegister[[#This Row],[Residual Likelihood Level]],'Rating factors'!$F$16:$G$21,2,FALSE)","v":"--- Error ---"},{"$f":"IFERROR(VLOOKUP(RiskRegister[[#This Row],[Residual Risk Rating]],'Rating factors'!$F$30:$G$44,2,FALSE),\"-- Error --\")","v":"-- Error --"},{"$f":"IFERROR(RiskRegister[[#This Row],[Residual Impact Rating]]*RiskRegister[[#This Row],[Residual Likelihood Rating]],\"-- Error --\")","v":"-- Error --"},"-- Select Risk Status --",{"$nulls":3},{"$f":"IF(ISBLANK(RiskRegister[[#This Row],[Risk Due Date]]), \"Missing Risk Due Date\", IF(RiskRegister[[#This Row],[Risk Due Date]] < TODAY(), \"Overdue\", \"Not Overdue\"))","v":"Missing Risk Due Date"},null,{"$f":"IF(ISBLANK(RiskRegister[[#This Row],[Risk Due Date]]), \"Missing Risk Due Date\", TEXT(RiskRegister[[#This Row],[Risk Due Date]], \"YYYY-MM\"))","v":"Missing Risk Due Date"},{"$f":"IF(RiskRegister[[#This Row],[Created Date]]=\"\",\"Created Date missing\",(TEXT(RiskRegister[[#This Row],[Created Date]],\"mmm\") & \"-\" & YEAR(RiskRegister[[#This Row],[Created Date]])))","v":"Created Date missing"},{"$f":"IF(RiskRegister[[#This Row],[Risk Status]]=\"Closed\",RiskRegister[[#This Row],[Risk Close Date]],RiskRegister[[#This Row],[Risk Due Date]])","v":"00:00:00"},{"$f":"IF(RiskRegister[[#This Row],[Risk-Change-Date]]=0,DATE(2030,1,1),RiskRegister[[#This Row],[Risk-Change-Date]])","v":"2030-01-01"},{"$f":"RiskRegister[[#This Row],[Inherent Impact Level]]&\"-\"&RiskRegister[[#This Row],[Inherent Likelihood Level]]","v":"-- Select Impact ----- Select Likelihood --"},{"$f":"RiskRegister[[#This Row],[Residual Impact Level]]&\"-\"&RiskRegister[[#This Row],[Residual Likelihood Level]]","v":"-- Select Impact ----- Select Likelihood --"},"Error",{"$f":"IF(RiskRegister[[#This Row],[Risk Status]]=\"Closed\",RiskRegister[[#This Row],[Residual Impact Level]],RiskRegister[[#This Row],[Inherent Impact Level]])","v":"-- Select Impact --"},{"$f":"IF(RiskRegister[[#This Row],[Risk Status]]=\"Closed\",RiskRegister[[#This Row],[Residual Likelihood Level]],RiskRegister[[#This Row],[Inherent Likelihood Level]])","v":"-- Select Likelihood --"},{"$f":"IF(RiskRegister[[#This Row],[Risk Status]]=\"Closed\",RiskRegister[[#This Row],[Residual-I-L-Combo]],RiskRegister[[#This Row],[Inherent-I-L-Combo]])","v":"-- Select Impact ----- Select Likelihood --"},"-- Error --"]
[537,{"$nulls":5},"-- Select Risk Category --",null,"-- select department --",null,null,"-- Select Impact --",{"$f":"VLOOKUP(RiskRegister[[#This Row],[Inherent Impact Level]],'Rating factors'!$F$4:$G$9,2,FALSE)","v":"--- Error ---"},"-- Select Likelihood --",{"$f":"VLOOKUP(RiskRegister[[#This Row],[Inherent Likelihood Level]],'Rating factors'!$F$16:$G$21,2,FALSE)","v":"--- Error ---"},{"$f":"IFERROR(VLOOKUP(RiskRegister[[#This Row],[Inherent Risk Rating]],'Rating factors'!$F$30:$G$44,2,FALSE),\"-- Error --\")","v":"-- Error --"},{"$f":"IFERROR(RiskRegister[[#This Row],[Inherent Impact Rating]]*RiskRegister[[#This Row],[Inherent Likelihood Rating]],\"-- Error --\")","v":"-- Error --"},"-- Select Risk Response --",null,"-- Select Impact --",{"$f":"VLOOKUP(RiskRegister[[#This Row],[Residual Impact Level]],'Rating factors'!$F$4:$G$9,2,FALSE)","v":"--- Error ---"},"-- Select Likelihood --",{"$f":"VLOOKUP(RiskRegister[[#This Row],[Residual Likelihood Level]],'Rating factors'!$F$16:$G$21,2,FALSE)","v":"--- Error ---"},{"$f":"IFERROR(VLOOKUP(RiskRegister[[#This Row],[Residual Risk Rating]],'Rating factors'!$F$30:$G$44,2,FALSE),\"-- Error --\")","v":"-- Error --"},{"$f":"IFERROR(RiskRegister[[#This Row],[Residual Impact Rating]]*RiskRegister[[#This Row],[Residual Likelihood Rating]],\"-- Error --\")","v":"-- Error --"},"-- Select Risk Status --",{"$nulls":3},{"$f":"IF(ISBLANK(RiskRegister[[#This Row],[Risk Due Date]]), \"Missing Risk Due Date\", IF(RiskRegister[[#This Row],[Risk Due Date]] < TODAY(), \"Overdue\", \"Not Overdue\"))","v":"Missing Risk Due Date"},null,{"$f":"IF(ISBLANK(RiskRegister[[#This Row],[Risk Due Date]]), \"Missing Risk Due Date\", TEXT(RiskRegister[[#This Row],[Risk Due Date]], \"YYYY-MM\"))","v":"Missing Risk Due Date"},{"$f":"IF(RiskRegister[[#This Row],[Created Date]]=\"\",\"Created Date missing\",(TEXT(RiskRegister[[#This Row],[Created Date]],\"mmm\") & \"-\" & YEAR(RiskRegister[[#This Row],[Created Date]])))","v":"Created Date missing"},{"$f":"IF(RiskRegister[[#This Row],[Risk Status]]=\"Closed\",RiskRegister[[#This Row],[Risk Close Date]],RiskRegister[[#This Row],[Risk Due Date]])","v":"00:00:00"},{"$f":"IF(RiskRegister[[#This Row],[Risk-Change-Date]]=0,DATE(2030,1,1),RiskRegister[[#This Row],[Risk-Change-Date]])","v":"2030-01-01"},{"$f":"RiskRegister[[#This Row],[Inherent Impact Level]]&\"-\"&RiskRegister[[#This Row],[Inherent Likelihood Level]]","v":"-- Select Impact ----- Select Likelihood --"},{"$f":"RiskRegister[[#This Row],[Residual Impact Level]]&\"-\"&RiskRegister[[#This Row],[Residual Likelihood Level]]","v":"-- Select Impact ----- Select Likelihood --"},"Error",{"$f":"IF(RiskRegister[[#This Row],[Risk Status]]=\"Closed\",RiskRegister[[#This Row],[Residual Impact Level]],RiskRegister[[#This Row],[Inherent Impact Level]])","v":"-- Select Impact --"},{"$f":"IF(RiskRegister[[#This Row],[Risk Status]]=\"Closed\",RiskRegister[[#This Row],[Residual Likelihood Level]],RiskRegister[[#This Row],[Inherent Likelihood Level]])","v":"-- Select Likelihood --"},{"$f":"IF(RiskRegister[[#This Row],[Risk Status]]=\"Closed\",RiskRegister[[#This Row],[Residual-I-L-Combo]],RiskRegister[[#This Row],[Inherent-I-L-Combo]])","v":"-- Select Impact ----- Select Likelihood --"},"-- Error --"]
[538,{"$nulls":5},"-- Select Risk Category --",null,"-- select department --",null,null,"-- Select Impact --",{"$f":"VLOOKUP(RiskRegister[[#This Row],[Inherent Impact Level]],'Rating factors'!$F$4:$G$9,2,FALSE)","v":"--- Error ---"},"-- Select Likelihood --",{"$f":"VLOOKUP(RiskRegister[[#This Row],[Inherent Likelihood Level]],'Rating factors'!$F$16:$G$21,2,FALSE)","v":"--- Error ---"},{"$f":"IFERROR(VLOOKUP(RiskRegister[[#This Row],[Inherent Risk Rating]],'Rating factors'!$F$30:$G$44,2,FALSE),\"-- Error --\")","v":"-- Error --"},{"$f":"IFERROR(RiskRegister[[#This Row],[Inherent Impact Rating]]*RiskRegister[[#This Row],[Inherent Likelihood Rating]],\"-- Error --\")","v":"-- Error --"},"-- Select Risk Response --",null,"-- Select Impact --",{"$f":"VLOOKUP(RiskRegister[[#This Row],[Residual Impact Level]],'Rating factors'!$F$4:$G$9,2,FALSE)","v":"--- Error ---"},"-- Select Likelihood --",{"$f":"VLOOKUP(RiskRegister[[#This Row],[Residual Likelihood Level]],'Rating factors'!$F$16:$G$21,2,FALSE)","v":"--- Error ---"},{"$f":"IFERROR(VLOOKUP(RiskRegister[[#This Row],[Residual Risk Rating]],'Rating factors'!$F$30:$G$44,2,FALSE),\"-- Error --\")","v":"-- Error --"},{"$f":"IFERROR(RiskRegister[[#This Row],[Residual Impact Rating]]*RiskRegister[[#This Row],[Residual Likelihood Rating]],\"-- Error --\")","v":"-- Error --"},"-- Select Risk Status --",{"$nulls":3},{"$f":"IF(ISBLANK(RiskRegister[[#This Row],[Risk Due Date]]), \"Missing Risk Due Date\", IF(RiskRegister[[#This Row],[Risk Due Date]] < TODAY(), \"Overdue\", \"Not Overdue\"))","v":"Missing Risk Due Date"},null,{"$f":"IF(ISBLANK(RiskRegister[[#This Row],[Risk Due Date]]), \"Missing Risk Due Date\", TEXT(RiskRegister[[#This Row],[Risk Due Date]], \"YYYY-MM\"))","v":"Missing Risk Due Date"},{"$f":"IF(RiskRegister[[#This Row],[Created Date]]=\"\",\"Created Date missing\",(TEXT(RiskRegister[[#This Row],[Created Date]],\"mmm\") & \"-\" & YEAR(RiskRegister[[#This Row],[Created Date]])))","v":"Created Date missing"},{"$f":"IF(RiskRegister[[#This Row],[Risk Status]]=\"Closed\",RiskRegister[[#This Row],[Risk Close Date]],RiskRegister[[#This Row],[Risk Due Date]])","v":"00:00:00"},{"$f":"IF(RiskRegister[[#This Row],[Risk-Change-Date]]=0,DATE(2030,1,1),RiskRegister[[#This Row],[Risk-Change-Date]])","v":"2030-01-01"},{"$f":"RiskRegister[[#This Row],[Inherent Impact Level]]&\"-\"&RiskRegister[[#This Row],[Inherent Likelihood Level]]","v":"-- Select Impact ----- Select Likelihood --"},{"$f":"RiskRegister[[#This Row],[Residual Impact Level]]&\"-\"&RiskRegister[[#This Row],[Residual Likelihood Level]]","v":"-- Select Impact ----- Select Likelihood --"},"Error",{"$f":"IF(RiskRegister[[#This Row],[Risk Status]]=\"Closed\",RiskRegister[[#This Row],[Residual Impact Level]],RiskRegister[[#This Row],[Inherent Impact Level]])","v":"-- Select Impact --"},{"$f":"IF(RiskRegister[[#This Row],[Risk Status]]=\"Closed\",RiskRegister[[#This Row],[Residual Likelihood Level]],RiskRegister[[#This Row],[Inherent Likelihood Level]])","v":"-- Select Likelihood --"},{"$f":"IF(RiskRegister[[#This Row],[Risk Status]]=\"Closed\",RiskRegister[[#This Row],[Residual-I-L-Combo]],RiskRegister[[#This Row],[Inherent-I-L-Combo]])","v":"-- Select Impact ----- Select Likelihood --"},"-- Error --"]
[539,{"$nulls":5},"-- Select Risk Category --",null,"-- select department --",null,null,"-- Select Impact --",{"$f":"VLOOKUP(RiskRegister[[#This Row],[Inherent Impact Level]],'Rating factors'!$F$4:$G$9,2,FALSE)","v":"--- Error ---"},"-- Select Likelihood --",{"$f":"VLOOKUP(RiskRegister[[#This Row],[Inherent Likelihood Level]],'Rating factors'!$F$16:$G$21,2,FALSE)","v":"--- Error ---"},{"$f":"IFERROR(VLOOKUP(RiskRegister[[#This Row],[Inherent Risk Rating]],'Rating factors'!$F$30:$G$44,2,FALSE),\"-- Error --\")","v":"-- Error --"},{"$f":"IFERROR(RiskRegister[[#This Row],[Inherent Impact Rating]]*RiskRegister[[#This Row],[Inherent Likelihood Rating]],\"-- Error --\")","v":"-- Error --"},"-- Select Risk Response --",null,"-- Select Impact --",{"$f":"VLOOKUP(RiskRegister[[#This Row],[Residual Impact Level]],'Rating factors'!$F$4:$G$9,2,FALSE)","v":"--- Error ---"},"-- Select Likelihood --",{"$f":"VLOOKUP(RiskRegister[[#This Row],[Residual Likelihood Level]],'Rating factors'!$F$16:$G$21,2,FALSE)","v":"--- Error ---"},{"$f":"IFERROR(VLOOKUP(RiskRegister[[#This Row],[Residual Risk Rating]],'Rating factors'!$F$30:$G$44,2,FALSE),\"-- Error --\")","v":"-- Error --"},{"$f":"IFERROR(RiskRegister[[#This Row],[Residual Impact Rating]]*RiskRegister[[#This Row],[Residual Likelihood Rating]],\"-- Error --\")","v":"-- Error --"},"-- Select Risk Status --",{"$nulls":3},{"$f":"IF(ISBLANK(RiskRegister[[#This Row],[Risk Due Date]]), \"Missing Risk Due Date\", IF(RiskRegister[[#This Row],[Risk Due Date]] < TODAY(), \"Overdue\", \"Not Overdue\"))","v":"Missing Risk Due Date"},null,{"$f":"IF(ISBLANK(RiskRegister[[#This Row],[Risk Due Date]]), \"Missing Risk Due Date\", TEXT(RiskRegister[[#This Row],[Risk Due Date]], \"YYYY-MM\"))","v":"Missing Risk Due Date"},{"$f":"IF(RiskRegister[[#This Row],[Created Date]]=\"\",\"Created Date missing\",(TEXT(RiskRegister[[#This Row],[Created Date]],\"mmm\") & \"-\" & YEAR(RiskRegister[[#This Row],[Created Date]])))","v":"Created Date missing"},{"$f":"IF(RiskRegister[[#This Row],[Risk Status]]=\"Closed\",RiskRegister[[#This Row],[Risk Close Date]],RiskRegister[[#This Row],[Risk Due Date]])","v":"00:00:00"},{"$f":"IF(RiskRegister[[#This Row],[Risk-Change-Date]]=0,DATE(2030,1,1),RiskRegister[[#This Row],[Risk-Change-Date]])","v":"2030-01-01"},{"$f":"RiskRegister[[#This Row],[Inherent Impact Level]]&\"-\"&RiskRegister[[#This Row],[Inherent Likelihood Level]]","v":"-- Select Impact ----- Select Likelihood --"},{"$f":"RiskRegister[[#This Row],[Residual Impact Level]]&\"-\"&RiskRegister[[#This Row],[Residual Likelihood Level]]","v":"-- Select Impact ----- Select Likelihood --"},"Error",{"$f":"IF(RiskRegister[[#This Row],[Risk Status]]=\"Closed\",RiskRegister[[#This Row],[Residual Impact Level]],RiskRegister[[#This Row],[Inherent Impact Level]])","v":"-- Select Impact --"},{"$f":"IF(RiskRegister[[#This Row],[Risk Status]]=\"Closed\",RiskRegister[[#This Row],[Residual Likelihood Level]],RiskRegister[[#This Row],[Inherent Likelihood Level]])","v":"-- Select Likelihood --"},{"$f":"IF(RiskRegister[[#This Row],[Risk Status]]=\"Closed\",RiskRegister[[#This Row],[Residual-I-L-Combo]],RiskRegister[[#This Row],[Inherent-I-L-Combo]])","v":"-- Select Impact ----- Select Likelihood --"},"-- Error --"]
[540,{"$nulls":5},"-- Select Risk Category --",null,"-- select department --",null,null,"-- Select Impact --",{"$f":"VLOOKUP(RiskRegister[[#This Row],[Inherent Impact Level]],'Rating factors'!$F$4:$G$9,2,FALSE)","v":"--- Error ---"},"-- Select Likelihood --",{"$f":"VLOOKUP(RiskRegister[[#This Row],[Inherent Likelihood Level]],'Rating factors'!$F$16:$G$21,2,FALSE)","v":"--- Error ---"},{"$f":"IFERROR(VLOOKUP(RiskRegister[[#This Row],[Inherent Risk Rating]],'Rating factors'!$F$30:$G$44,2,FALSE),\"-- Error --\")","v":"-- Error --"},{"$f":"IFERROR(RiskRegister[[#This Row],[Inherent Impact Rating]]*RiskRegister[[#This Row],[Inherent Likelihood Rating]],\"-- Error --\")","v":"-- Error --"},"-- Select Risk Response --",null,"-- Select Impact --",{"$f":"VLOOKUP(RiskRegister[[#This Row],[Residual Impact Level]],'Rating factors'!$F$4:$G$9,2,FALSE)","v":"--- Error ---"},"-- Select Likelihood --",{"$f":"VLOOKUP(RiskRegister[[#This Row],[Residual Likelihood Level]],'Rating factors'!$F$16:$G$21,2,FALSE)","v":"--- Error ---"},{"$f":"IFERROR(VLOOKUP(RiskRegister[[#This Row],[Residual Risk Rating]],'Rating factors'!$F$30:$G$44,2,FALSE),\"-- Error --\")","v":"-- Error --"},{"$f":"IFERROR(RiskRegister[[#This Row],[Residual Impact Rating]]*RiskRegister[[#This Row],[Residual Likelihood Rating]],\"-- Error --\")","v":"-- Error --"},"-- Select Risk Status --",{"$nulls":3},{"$f":"IF(ISBLANK(RiskRegister[[#This Row],[Risk Due Date]]), \"Missing Risk Due Date\", IF(RiskRegister[[#This Row],[Risk Due Date]] < TODAY(), \"Overdue\", \"Not Overdue\"))","v":"Missing Risk Due Date"},null,{"$f":"IF(ISBLANK(RiskRegister[[#This Row],[Risk Due Date]]), \"Missing Risk Due Date\", TEXT(RiskRegister[[#This Row],[Risk Due Date]], \"YYYY-MM\"))","v":"Missing Risk Due Date"},{"$f":"IF(RiskRegister[[#This Row],[Created Date]]=\"\",\"Created Date missing\",(TEXT(RiskRegister[[#This Row],[Created Date]],\"mmm\") & \"-\" & YEAR(RiskRegister[[#This Row],[Created Date]])))","v":"Created Date missing"},{"$f":"IF(RiskRegister[[#This Row],[Risk Status]]=\"Closed\",RiskRegister[[#This Row],[Risk Close Date]],RiskRegister[[#This Row],[Risk Due Date]])","v":"00:00:00"},{"$f":"IF(RiskRegister[[#This Row],[Risk-Change-Date]]=0,DATE(2030,1,1),RiskRegister[[#This Row],[Risk-Change-Date]])","v":"2030-01-01"},{"$f":"RiskRegister[[#This Row],[Inherent Impact Level]]&\"-\"&RiskRegister[[#This Row],[Inherent Likelihood Level]]","v":"-- Select Impact ----- Select Likelihood --"},{"$f":"RiskRegister[[#This Row],[Residual Impact Level]]&\"-\"&RiskRegister[[#This Row],[Residual Likelihood Level]]","v":"-- Select Impact ----- Select Likelihood --"},"Error",{"$f":"IF(RiskRegister[[#This Row],[Risk Status]]=\"Closed\",RiskRegister[[#This Row],[Residual Impact Level]],RiskRegister[[#This Row],[Inherent Impact Level]])","v":"-- Select Impact --"},{"$f":"IF(RiskRegister[[#This Row],[Risk Status]]=\"Closed\",RiskRegister[[#This Row],[Residual Likelihood Level]],RiskRegister[[#This Row],[Inherent Likelihood Level]])","v":"-- Select Likelihood --"},{"$f":"IF(RiskRegister[[#This Row],[Risk Status]]=\"Closed\",RiskRegister[[#This Row],[Residual-I-L-Combo]],RiskRegister[[#This Row],[Inherent-I-L-Combo]])","v":"-- Select Impact ----- Select Likelihood --"},"-- Error --"]
[541,{"$nulls":5},"-- Select Risk Category --",null,"-- select department --",null,null,"-- Select Impact --",{"$f":"VLOOKUP(RiskRegister[[#This Row],[Inherent Impact Level]],'Rating factors'!$F$4:$G$9,2,FALSE)","v":"--- Error ---"},"-- Select Likelihood --",{"$f":"VLOOKUP(RiskRegister[[#This Row],[Inherent Likelihood Level]],'Rating factors'!$F$16:$G$21,2,FALSE)","v":"--- Error ---"},{"$f":"IFERROR(VLOOKUP(RiskRegister[[#This Row],[Inherent Risk Rating]],'Rating factors'!$F$30:$G$44,2,FALSE),\"-- Error --\")","v":"-- Error --"},{"$f":"IFERROR(RiskRegister[[#This Row],[Inherent Impact Rating]]*RiskRegister[[#This Row],[Inherent Likelihood Rating]],\"-- Error --\")","v":"-- Error --"},"-- Select Risk Response --",null,"-- Select Impact --",{"$f":"VLOOKUP(RiskRegister[[#This Row],[Residual Impact Level]],'Rating factors'!$F$4:$G$9,2,FALSE)","v":"--- Error ---"},"-- Select Likelihood --",{"$f":"VLOOKUP(RiskRegister[[#This Row],[Residual Likelihood Level]],'Rating factors'!$F$16:$G$21,2,FALSE)","v":"--- Error ---"},{"$f":"IFERROR(VLOOKUP(RiskRegister[[#This Row],[Residual Risk Rating]],'Rating factors'!$F$30:$G$44,2,FALSE),\"-- Error --\")","v":"-- Error --"},{"$f":"IFERROR(RiskRegister[[#This Row],[Residual Impact Rating]]*RiskRegister[[#This Row],[Residual Likelihood Rating]],\"-- Error --\")","v":"-- Error --"},"-- Select Risk Status --",{"$nulls":3},{"$f":"IF(ISBLANK(RiskRegister[[#This Row],[Risk Due Date]]), \"Missing Risk Due Date\", IF(RiskRegister[[#This Row],[Risk Due Date]] < TODAY(), \"Overdue\", \"Not Overdue\"))","v":"Missing Risk Due Date"},null,{"$f":"IF(ISBLANK(RiskRegister[[#This Row],[Risk Due Date]]), \"Missing Risk Due Date\", TEXT(RiskRegister[[#This Row],[Risk Due Date]], \"YYYY-MM\"))","v":"Missing Risk Due Date"},{"$f":"IF(RiskRegister[[#This Row],[Created Date]]=\"\",\"Created Date missing\",(TEXT(RiskRegister[[#This Row],[Created Date]],\"mmm\") & \"-\" & YEAR(RiskRegister[[#This Row],[Created Date]])))","v":"Created Date missing"},{"$f":"IF(RiskRegister[[#This Row],[Risk Status]]=\"Closed\",RiskRegister[[#This Row],[Risk Close Date]],RiskRegister[[#This Row],[Risk Due Date]])","v":"00:00:00"},{"$f":"IF(RiskRegister[[#This Row],[Risk-Change-Date]]=0,DATE(2030,1,1),RiskRegister[[#This Row],[Risk-Change-Date]])","v":"2030-01-01"},{"$f":"RiskRegister[[#This Row],[Inherent Impact Level]]&\"-\"&RiskRegister[[#This Row],[Inherent Likelihood Level]]","v":"-- Select Impact ----- Select Likelihood --"},{"$f":"RiskRegister[[#This Row],[Residual Impact Level]]&\"-\"&RiskRegister[[#This Row],[Residual Likelihood Level]]","v":"-- Select Impact ----- Select Likelihood --"},"Error",{"$f":"IF(RiskRegister[[#This Row],[Risk Status]]=\"Closed\",RiskRegister[[#This Row],[Residual Impact Level]],RiskRegister[[#This Row],[Inherent Impact Level]])","v":"-- Select Impact --"},{"$f":"IF(RiskRegister[[#This Row],[Risk Status]]=\"Closed\",RiskRegister[[#This Row],[Residual Likelihood Level]],RiskRegister[[#This Row],[Inherent Likelihood Level]])","v":"-- Select Likelihood --"},{"$f":"IF(RiskRegister[[#This Row],[Risk Status]]=\"Closed\",RiskRegister[[#This Row],[Residual-I-L-Combo]],RiskRegister[[#This Row],[Inherent-I-L-Combo]])","v":"-- Select Impact ----- Select Likelihood --"},"-- Error --"]
[542,{"$nulls":5},"-- Select Risk Category --",null,"-- select department --",null,null,"-- Select Impact --",{"$f":"VLOOKUP(RiskRegister[[#This Row],[Inherent Impact Level]],'Rating factors'!$F$4:$G$9,2,FALSE)","v":"--- Error ---"},"-- Select Likelihood --",{"$f":"VLOOKUP(RiskRegister[[#This Row],[Inherent Likelihood Level]],'Rating factors'!$F$16:$G$21,2,FALSE)","v":"--- Error ---"},{"$f":"IFERROR(VLOOKUP(RiskRegister[[#This Row],[Inherent Risk Rating]],'Rating factors'!$F$30:$G$44,2,FALSE),\"-- Error --\")","v":"-- Error --"},{"$f":"IFERROR(RiskRegister[[#This Row],[Inherent Impact Rating]]*RiskRegister[[#This Row],[Inherent Likelihood Rating]],\"-- Error --\")","v":"-- Error --"},"-- Select Risk Response --",null,"-- Select Impact --",{"$f":"VLOOKUP(RiskRegister[[#This Row],[Residual Impact Level]],'Rating factors'!$F$4:$G$9,2,FALSE)","v":"--- Error ---"},"-- Select Likelihood --",{"$f":"VLOOKUP(RiskRegister[[#This Row],[Residual Likelihood Level]],'Rating factors'!$F$16:$G$21,2,FALSE)","v":"--- Error ---"},{"$f":"IFERROR(VLOOKUP(RiskRegister[[#This Row],[Residual Risk Rating]],'Rating factors'!$F$30:$G$44,2,FALSE),\"-- Error --\")","v":"-- Error --"},{"$f":"IFERROR(RiskRegister[[#This Row],[Residual Impact Rating]]*RiskRegister[[#This Row],[Residual Likelihood Rating]],\"-- Error --\")","v":"-- Error --"},"-- Select Risk Status --",{"$nulls":3},{"$f":"IF(ISBLANK(RiskRegister[[#This Row],[Risk Due Date]]), \"Missing Risk Due Date\", IF(RiskRegister[[#This Row],[Risk Due Date]] < TODAY(), \"Overdue\", \"Not Overdue\"))","v":"Missing Risk Due Date"},null,{"$f":"IF(ISBLANK(RiskRegister[[#This Row],[Risk Due Date]]), \"Missing Risk Due Date\", TEXT(RiskRegister[[#This Row],[Risk Due Date]], \"YYYY-MM\"))","v":"Missing Risk Due Date"},{"$f":"IF(RiskRegister[[#This Row],[Created Date]]=\"\",\"Created Date missing\",(TEXT(RiskRegister[[#This Row],[Created Date]],\"mmm\") & \"-\" & YEAR(RiskRegister[[#This Row],[Created Date]])))","v":"Created Date missing"},{"$f":"IF(RiskRegister[[#This Row],[Risk Status]]=\"Closed\",RiskRegister[[#This Row],[Risk Close Date]],RiskRegister[[#This Row],[Risk Due Date]])","v":"00:00:00"},{"$f":"IF(RiskRegister[[#This Row],[Risk-Change-Date]]=0,DATE(2030,1,1),RiskRegister[[#This Row],[Risk-Change-Date]])","v":"2030-01-01"},{"$f":"RiskRegister[[#This Row],[Inherent Impact Level]]&\"-\"&RiskRegister[[#This Row],[Inherent Likelihood Level]]","v":"-- Select Impact ----- Select Likelihood --"},{"$f":"RiskRegister[[#This Row],[Residual Impact Level]]&\"-\"&RiskRegister[[#This Row],[Residual Likelihood Level]]","v":"-- Select Impact ----- Select Likelihood --"},"Error",{"$f":"IF(RiskRegister[[#This Row],[Risk Status]]=\"Closed\",RiskRegister[[#This Row],[Residual Impact Level]],RiskRegister[[#This Row],[Inherent Impact Level]])","v":"-- Select Impact --"},{"$f":"IF(RiskRegister[[#This Row],[Risk Status]]=\"Closed\",RiskRegister[[#This Row],[Residual Likelihood Level]],RiskRegister[[#This Row],[Inherent Likelihood Level]])","v":"-- Select Likelihood --"},{"$f":"IF(RiskRegister[[#This Row],[Risk Status]]=\"Closed\",RiskRegister[[#This Row],[Residual-I-L-Combo]],RiskRegister[[#This Row],[Inherent-I-L-Combo]])","v":"-- Select Impact ----- Select Likelihood --"},"-- Error --"]
[543,{"$nulls":5},"-- Select Risk Category --",null,"-- select department --",null,null,"-- Select Impact --",{"$f":"VLOOKUP(RiskRegister[[#This Row],[Inherent Impact Level]],'Rating factors'!$F$4:$G$9,2,FALSE)","v":"--- Error ---"},"-- Select Likelihood --",{"$f":"VLOOKUP(RiskRegister[[#This Row],[Inherent Likelihood Level]],'Rating factors'!$F$16:$G$21,2,FALSE)","v":"--- Error ---"},{"$f":"IFERROR(VLOOKUP(RiskRegister[[#This Row],[Inherent Risk Rating]],'Rating factors'!$F$30:$G$44,2,FALSE),\"-- Error --\")","v":"-- Error --"},{"$f":"IFERROR(RiskRegister[[#This Row],[Inherent Impact Rating]]*RiskRegister[[#This Row],[Inherent Likelihood Rating]],\"-- Error --\")","v":"-- Error --"},"-- Select Risk Response --",null,"-- Select Impact --",{"$f":"VLOOKUP(RiskRegister[[#This Row],[Residual Impact Level]],'Rating factors'!$F$4:$G$9,2,FALSE)","v":"--- Error ---"},"-- Select Likelihood --",{"$f":"VLOOKUP(RiskRegister[[#This Row],[Residual Likelihood Level]],'Rating factors'!$F$16:$G$21,2,FALSE)","v":"--- Error ---"},{"$f":"IFERROR(VLOOKUP(RiskRegister[[#This Row],[Residual Risk Rating]],'Rating factors'!$F$30:$G$44,2,FALSE),\"-- Error --\")","v":"-- Error --"},{"$f":"IFERROR(RiskRegister[[#This Row],[Residual Impact Rating]]*RiskRegister[[#This Row],[Residual Likelihood Rating]],\"-- Error --\")","v":"-- Error --"},"-- Select Risk Status --",{"$nulls":3},{"$f":"IF(ISBLANK(RiskRegister[[#This Row],[Risk Due Date]]), \"Missing Risk Due Date\", IF(RiskRegister[[#This Row],[Risk Due Date]] < TODAY(), \"Overdue\", \"Not Overdue\"))","v":"Missing Risk Due Date"},null,{"$f":"IF(ISBLANK(RiskRegister[[#This Row],[Risk Due Date]]), \"Missing Risk Due Date\", TEXT(RiskRegister[[#This Row],[Risk Due Date]], \"YYYY-MM\"))","v":"Missing Risk Due Date"},{"$f":"IF(RiskRegister[[#This Row],[Created Date]]=\"\",\"Created Date missing\",(TEXT(RiskRegister[[#This Row],[Created Date]],\"mmm\") & \"-\" & YEAR(RiskRegister[[#This Row],[Created Date]])))","v":"Created Date missing"},{"$f":"IF(RiskRegister[[#This Row],[Risk Status]]=\"Closed\",RiskRegister[[#This Row],[Risk Close Date]],RiskRegister[[#This Row],[Risk Due Date]])","v":"00:00:00"},{"$f":"IF(RiskRegister[[#This Row],[Risk-Change-Date]]=0,DATE(2030,1,1),RiskRegister[[#This Row],[Risk-Change-Date]])","v":"2030-01-01"},{"$f":"RiskRegister[[#This Row],[Inherent Impact Level]]&\"-\"&RiskRegister[[#This Row],[Inherent Likelihood Level]]","v":"-- Select Impact ----- Select Likelihood --"},{"$f":"RiskRegister[[#This Row],[Residual Impact Level]]&\"-\"&RiskRegister[[#This Row],[Residual Likelihood Level]]","v":"-- Select Impact ----- Select Likelihood --"},"Error",{"$f":"IF(RiskRegister[[#This Row],[Risk Status]]=\"Closed\",RiskRegister[[#This Row],[Residual Impact Level]],RiskRegister[[#This Row],[Inherent Impact Level]])","v":"-- Select Impact --"},{"$f":"IF(RiskRegister[[#This Row],[Risk Status]]=\"Closed\",RiskRegister[[#This Row],[Residual Likelihood Level]],RiskRegister[[#This Row],[Inherent Likelihood Level]])","v":"-- Select Likelihood --"},{"$f":"IF(RiskRegister[[#This Row],[Risk Status]]=\"Closed\",RiskRegister[[#This Row],[Residual-I-L-Combo]],RiskRegister[[#This Row],[Inherent-I-L-Combo]])","v":"-- Select Impact ----- Select Likelihood --"},"-- Error --"]
[544,{"$nulls":5},"-- Select Risk Category --",null,"-- select department --",null,null,"-- Select Impact --",{"$f":"VLOOKUP(RiskRegister[[#This Row],[Inherent Impact Level]],'Rating factors'!$F$4:$G$9,2,FALSE)","v":"--- Error ---"},"-- Select Likelihood --",{"$f":"VLOOKUP(RiskRegister[[#This Row],[Inherent Likelihood Level]],'Rating factors'!$F$16:$G$21,2,FALSE)","v":"--- Error ---"},{"$f":"IFERROR(VLOOKUP(RiskRegister[[#This Row],[Inherent Risk Rating]],'Rating factors'!$F$30:$G$44,2,FALSE),\"-- Error --\")","v":"-- Error --"},{"$f":"IFERROR(RiskRegister[[#This Row],[Inherent Impact Rating]]*RiskRegister[[#This Row],[Inherent Likelihood Rating]],\"-- Error --\")","v":"-- Error --"},"-- Select Risk Response --",null,"-- Select Impact --",{"$f":"VLOOKUP(RiskRegister[[#This Row],[Residual Impact Level]],'Rating factors'!$F$4:$G$9,2,FALSE)","v":"--- Error ---"},"-- Select Likelihood --",{"$f":"VLOOKUP(RiskRegister[[#This Row],[Residual Likelihood Level]],'Rating factors'!$F$16:$G$21,2,FALSE)","v":"--- Error ---"},{"$f":"IFERROR(VLOOKUP(RiskRegister[[#This Row],[Residual Risk Rating]],'Rating factors'!$F$30:$G$44,2,FALSE),\"-- Error --\")","v":"-- Error --"},{"$f":"IFERROR(RiskRegister[[#This Row],[Residual Impact Rating]]*RiskRegister[[#This Row],[Residual Likelihood Rating]],\"-- Error --\")","v":"-- Error --"},"-- Select Risk Status --",{"$nulls":3},{"$f":"IF(ISBLANK(RiskRegister[[#This Row],[Risk Due Date]]), \"Missing Risk Due Date\", IF(RiskRegister[[#This Row],[Risk Due Date]] < TODAY(), \"Overdue\", \"Not Overdue\"))","v":"Missing Risk Due Date"},null,{"$f":"IF(ISBLANK(RiskRegister[[#This Row],[Risk Due Date]]), \"Missing Risk Due Date\", TEXT(RiskRegister[[#This Row],[Risk Due Date]], \"YYYY-MM\"))","v":"Missing Risk Due Date"},{"$f":"IF(RiskRegister[[#This Row],[Created Date]]=\"\",\"Created Date missing\",(TEXT(RiskRegister[[#This Row],[Created Date]],\"mmm\") & \"-\" & YEAR(RiskRegister[[#This Row],[Created Date]])))","v":"Created Date missing"},{"$f":"IF(RiskRegister[[#This Row],[Risk Status]]=\"Closed\",RiskRegister[[#This Row],[Risk Close Date]],RiskRegister[[#This Row],[Risk Due Date]])","v":"00:00:00"},{"$f":"IF(RiskRegister[[#This Row],[Risk-Change-Date]]=0,DATE(2030,1,1),RiskRegister[[#This Row],[Risk-Change-Date]])","v":"2030-01-01"},{"$f":"RiskRegister[[#This Row],[Inherent Impact Level]]&\"-\"&RiskRegister[[#This Row],[Inherent Likelihood Level]]","v":"-- Select Impact ----- Select Likelihood --"},{"$f":"RiskRegister[[#This Row],[Residual Impact Level]]&\"-\"&RiskRegister[[#This Row],[Residual Likelihood Level]]","v":"-- Select Impact ----- Select Likelihood --"},"Error",{"$f":"IF(RiskRegister[[#This Row],[Risk Status]]=\"Closed\",RiskRegister[[#This Row],[Residual Impact Level]],RiskRegister[[#This Row],[Inherent Impact Level]])","v":"-- Select Impact --"},{"$f":"IF(RiskRegister[[#This Row],[Risk Status]]=\"Closed\",RiskRegister[[#This Row],[Residual Likelihood Level]],RiskRegister[[#This Row],[Inherent Likelihood Level]])","v":"-- Select Likelihood --"},{"$f":"IF(RiskRegister[[#This Row],[Risk Status]]=\"Closed\",RiskRegister[[#This Row],[Residual-I-L-Combo]],RiskRegister[[#This Row],[Inherent-I-L-Combo]])","v":"-- Select Impact ----- Select Likelihood --"},"-- Error --"]
[545,{"$nulls":5},"-- Select Risk Category --",null,"-- select department --",null,null,"-- Select Impact --",{"$f":"VLOOKUP(RiskRegister[[#This Row],[Inherent Impact Level]],'Rating factors'!$F$4:$G$9,2,FALSE)","v":"--- Error ---"},"-- Select Likelihood --",{"$f":"VLOOKUP(RiskRegister[[#This Row],[Inherent Likelihood Level]],'Rating factors'!$F$16:$G$21,2,FALSE)","v":"--- Error ---"},{"$f":"IFERROR(VLOOKUP(RiskRegister[[#This Row],[Inherent Risk Rating]],'Rating factors'!$F$30:$G$44,2,FALSE),\"-- Error --\")","v":"-- Error --"},{"$f":"IFERROR(RiskRegister[[#This Row],[Inherent Impact Rating]]*RiskRegister[[#This Row],[Inherent Likelihood Rating]],\"-- Error --\")","v":"-- Error --"},"-- Select Risk Response --",null,"-- Select Impact --",{"$f":"VLOOKUP(RiskRegister[[#This Row],[Residual Impact Level]],'Rating factors'!$F$4:$G$9,2,FALSE)","v":"--- Error ---"},"-- Select Likelihood --",{"$f":"VLOOKUP(RiskRegister[[#This Row],[Residual Likelihood Level]],'Rating factors'!$F$16:$G$21,2,FALSE)","v":"--- Error ---"},{"$f":"IFERROR(VLOOKUP(RiskRegister[[#This Row],[Residual Risk Rating]],'Rating factors'!$F$30:$G$44,2,FALSE),\"-- Error --\")","v":"-- Error --"},{"$f":"IFERROR(RiskRegister[[#This Row],[Residual Impact Rating]]*RiskRegister[[#This Row],[Residual Likelihood Rating]],\"-- Error --\")","v":"-- Error --"},"-- Select Risk Status --",{"$nulls":3},{"$f":"IF(ISBLANK(RiskRegister[[#This Row],[Risk Due Date]]), \"Missing Risk Due Date\", IF(RiskRegister[[#This Row],[Risk Due Date]] < TODAY(), \"Overdue\", \"Not Overdue\"))","v":"Missing Risk Due Date"},null,{"$f":"IF(ISBLANK(RiskRegister[[#This Row],[Risk Due Date]]), \"Missing Risk Due Date\", TEXT(RiskRegister[[#This Row],[Risk Due Date]], \"YYYY-MM\"))","v":"Missing Risk Due Date"},{"$f":"IF(RiskRegister[[#This Row],[Created Date]]=\"\",\"Created Date missing\",(TEXT(RiskRegister[[#This Row],[Created Date]],\"mmm\") & \"-\" & YEAR(RiskRegister[[#This Row],[Created Date]])))","v":"Created Date missing"},{"$f":"IF(RiskRegister[[#This Row],[Risk Status]]=\"Closed\",RiskRegister[[#This Row],[Risk Close Date]],RiskRegister[[#This Row],[Risk Due Date]])","v":"00:00:00"},{"$f":"IF(RiskRegister[[#This Row],[Risk-Change-Date]]=0,DATE(2030,1,1),RiskRegister[[#This Row],[Risk-Change-Date]])","v":"2030-01-01"},{"$f":"RiskRegister[[#This Row],[Inherent Impact Level]]&\"-\"&RiskRegister[[#This Row],[Inherent Likelihood Level]]","v":"-- Select Impact ----- Select Likelihood --"},{"$f":"RiskRegister[[#This Row],[Residual Impact Level]]&\"-\"&RiskRegister[[#This Row],[Residual Likelihood Level]]","v":"-- Select Impact ----- Select Likelihood --"},"Error",{"$f":"IF(RiskRegister[[#This Row],[Risk Status]]=\"Closed\",RiskRegister[[#This Row],[Residual Impact Level]],RiskRegister[[#This Row],[Inherent Impact Level]])","v":"-- Select Impact --"},{"$f":"IF(RiskRegister[[#This Row],[Risk Status]]=\"Closed\",RiskRegister[[#This Row],[Residual Likelihood Level]],RiskRegister[[#This Row],[Inherent Likelihood Level]])","v":"-- Select Likelihood --"},{"$f":"IF(RiskRegister[[#This Row],[Risk Status]]=\"Closed\",RiskRegister[[#This Row],[Residual-I-L-Combo]],RiskRegister[[#This Row],[Inherent-I-L-Combo]])","v":"-- Select Impact ----- Select Likelihood --"},"-- Error --"]
[546,{"$nulls":5},"-- Select Risk Category --",null,"-- select department --",null,null,"-- Select Impact --",{"$f":"VLOOKUP(RiskRegister[[#This Row],[Inherent Impact Level]],'Rating factors'!$F$4:$G$9,2,FALSE)","v":"--- Error ---"},"-- Select Likelihood --",{"$f":"VLOOKUP(RiskRegister[[#This Row],[Inherent Likelihood Level]],'Rating factors'!$F$16:$G$21,2,FALSE)","v":"--- Error ---"},{"$f":"IFERROR(VLOOKUP(RiskRegister[[#This Row],[Inherent Risk Rating]],'Rating factors'!$F$30:$G$44,2,FALSE),\"-- Error --\")","v":"-- Error --"},{"$f":"IFERROR(RiskRegister[[#This Row],[Inherent Impact Rating]]*RiskRegister[[#This Row],[Inherent Likelihood Rating]],\"-- Error --\")","v":"-- Error --"},"-- Select Risk Response --",null,"-- Select Impact --",{"$f":"VLOOKUP(RiskRegister[[#This Row],[Residual Impact Level]],'Rating factors'!$F$4:$G$9,2,FALSE)","v":"--- Error ---"},"-- Select Likelihood --",{"$f":"VLOOKUP(RiskRegister[[#This Row],[Residual Likelihood Level]],'Rating factors'!$F$16:$G$21,2,FALSE)","v":"--- Error ---"},{"$f":"IFERROR(VLOOKUP(RiskRegister[[#This Row],[Residual Risk Rating]],'Rating factors'!$F$30:$G$44,2,FALSE),\"-- Error --\")","v":"-- Error --"},{"$f":"IFERROR(RiskRegister[[#This Row],[Residual Impact Rating]]*RiskRegister[[#This Row],[Residual Likelihood Rating]],\"-- Error --\")","v":"-- Error --"},"-- Select Risk Status --",{"$nulls":3},{"$f":"IF(ISBLANK(RiskRegister[[#This Row],[Risk Due Date]]), \"Missing Risk Due Date\", IF(RiskRegister[[#This Row],[Risk Due Date]] < TODAY(), \"Overdue\", \"Not Overdue\"))","v":"Missing Risk Due Date"},null,{"$f":"IF(ISBLANK(RiskRegister[[#This Row],[Risk Due Date]]), \"Missing Risk Due Date\", TEXT(RiskRegister[[#This Row],[Risk Due Date]], \"YYYY-MM\"))","v":"Missing Risk Due Date"},{"$f":"IF(RiskRegister[[#This Row],[Created Date]]=\"\",\"Created Date missing\",(TEXT(RiskRegister[[#This Row],[Created Date]],\"mmm\") & \"-\" & YEAR(RiskRegister[[#This Row],[Created Date]])))","v":"Created Date missing"},{"$f":"IF(RiskRegister[[#This Row],[Risk Status]]=\"Closed\",RiskRegister[[#This Row],[Risk Close Date]],RiskRegister[[#This Row],[Risk Due Date]])","v":"00:00:00"},{"$f":"IF(RiskRegister[[#This Row],[Risk-Change-Date]]=0,DATE(2030,1,1),RiskRegister[[#This Row],[Risk-Change-Date]])","v":"2030-01-01"},{"$f":"RiskRegister[[#This Row],[Inherent Impact Level]]&\"-\"&RiskRegister[[#This Row],[Inherent Likelihood Level]]","v":"-- Select Impact ----- Select Likelihood --"},{"$f":"RiskRegister[[#This Row],[Residual Impact Level]]&\"-\"&RiskRegister[[#This Row],[Residual Likelihood Level]]","v":"-- Select Impact ----- Select Likelihood --"},"Error",{"$f":"IF(RiskRegister[[#This Row],[Risk Status]]=\"Closed\",RiskRegister[[#This Row],[Residual Impact Level]],RiskRegister[[#This Row],[Inherent Impact Level]])","v":"-- Select Impact --"},{"$f":"IF(RiskRegister[[#This Row],[Risk Status]]=\"Closed\",RiskRegister[[#This Row],[Residual Likelihood Level]],RiskRegister[[#This Row],[Inherent Likelihood Level]])","v":"-- Select Likelihood --"},{"$f":"IF(RiskRegister[[#This Row],[Risk Status]]=\"Closed\",RiskRegister[[#This Row],[Residual-I-L-Combo]],RiskRegister[[#This Row],[Inherent-I-L-Combo]])","v":"-- Select Impact ----- Select Likelihood --"},"-- Error --"]
[547,{"$nulls":5},"-- Select Risk Category --",null,"-- select department --",null,null,"-- Select Impact --",{"$f":"VLOOKUP(RiskRegister[[#This Row],[Inherent Impact Level]],'Rating factors'!$F$4:$G$9,2,FALSE)","v":"--- Error ---"},"-- Select Likelihood --",{"$f":"VLOOKUP(RiskRegister[[#This Row],[Inherent Likelihood Level]],'Rating factors'!$F$16:$G$21,2,FALSE)","v":"--- Error ---"},{"$f":"IFERROR(VLOOKUP(RiskRegister[[#This Row],[Inherent Risk Rating]],'Rating factors'!$F$30:$G$44,2,FALSE),\"-- Error --\")","v":"-- Error --"},{"$f":"IFERROR(RiskRegister[[#This Row],[Inherent Impact Rating]]*RiskRegister[[#This Row],[Inherent Likelihood Rating]],\"-- Error --\")","v":"-- Error --"},"-- Select Risk Response --",null,"-- Select Impact --",{"$f":"VLOOKUP(RiskRegister[[#This Row],[Residual Impact Level]],'Rating factors'!$F$4:$G$9,2,FALSE)","v":"--- Error ---"},"-- Select Likelihood --",{"$f":"VLOOKUP(RiskRegister[[#This Row],[Residual Likelihood Level]],'Rating factors'!$F$16:$G$21,2,FALSE)","v":"--- Error ---"},{"$f":"IFERROR(VLOOKUP(RiskRegister[[#This Row],[Residual Risk Rating]],'Rating factors'!$F$30:$G$44,2,FALSE),\"-- Error --\")","v":"-- Error --"},{"$f":"IFERROR(RiskRegister[[#This Row],[Residual Impact Rating]]*RiskRegister[[#This Row],[Residual Likelihood Rating]],\"-- Error --\")","v":"-- Error --"},"-- Select Risk Status --",{"$nulls":3},{"$f":"IF(ISBLANK(RiskRegister[[#This Row],[Risk Due Date]]), \"Missing Risk Due Date\", IF(RiskRegister[[#This Row],[Risk Due Date]] < TODAY(), \"Overdue\", \"Not Overdue\"))","v":"Missing Risk Due Date"},null,{"$f":"IF(ISBLANK(RiskRegister[[#This Row],[Risk Due Date]]), \"Missing Risk Due Date\", TEXT(RiskRegister[[#This Row],[Risk Due Date]], \"YYYY-MM\"))","v":"Missing Risk Due Date"},{"$f":"IF(RiskRegister[[#This Row],[Created Date]]=\"\",\"Created Date missing\",(TEXT(RiskRegister[[#This Row],[Created Date]],\"mmm\") & \"-\" & YEAR(RiskRegister[[#This Row],[Created Date]])))","v":"Created Date missing"},{"$f":"IF(RiskRegister[[#This Row],[Risk Status]]=\"Closed\",RiskRegister[[#This Row],[Risk Close Date]],RiskRegister[[#This Row],[Risk Due Date]])","v":"00:00:00"},{"$f":"IF(RiskRegister[[#This Row],[Risk-Change-Date]]=0,DATE(2030,1,1),RiskRegister[[#This Row],[Risk-Change-Date]])","v":"2030-01-01"},{"$f":"RiskRegister[[#This Row],[Inherent Impact Level]]&\"-\"&RiskRegister[[#This Row],[Inherent Likelihood Level]]","v":"-- Select Impact ----- Select Likelihood --"},{"$f":"RiskRegister[[#This Row],[Residual Impact Level]]&\"-\"&RiskRegister[[#This Row],[Residual Likelihood Level]]","v":"-- Select Impact ----- Select Likelihood --"},"Error",{"$f":"IF(RiskRegister[[#This Row],[Risk Status]]=\"Closed\",RiskRegister[[#This Row],[Residual Impact Level]],RiskRegister[[#This Row],[Inherent Impact Level]])","v":"-- Select Impact --"},{"$f":"IF(RiskRegister[[#This Row],[Risk Status]]=\"Closed\",RiskRegister[[#This Row],[Residual Likelihood Level]],RiskRegister[[#This Row],[Inherent Likelihood Level]])","v":"-- Select Likelihood --"},{"$f":"IF(RiskRegister[[#This Row],[Risk Status]]=\"Closed\",RiskRegister[[#This Row],[Residual-I-L-Combo]],RiskRegister[[#This Row],[Inherent-I-L-Combo]])","v":"-- Select Impact ----- Select Likelihood --"},"-- Error --"]
[548,{"$nulls":5},"-- Select Risk Category --",null,"-- select department --",null,null,"-- Select Impact --",{"$f":"VLOOKUP(RiskRegister[[#This Row],[Inherent Impact Level]],'Rating factors'!$F$4:$G$9,2,FALSE)","v":"--- Error ---"},"-- Select Likelihood --",{"$f":"VLOOKUP(RiskRegister[[#This Row],[Inherent Likelihood Level]],'Rating factors'!$F$16:$G$21,2,FALSE)","v":"--- Error ---"},{"$f":"IFERROR(VLOOKUP(RiskRegister[[#This Row],[Inherent Risk Rating]],'Rating factors'!$F$30:$G$44,2,FALSE),\"-- Error --\")","v":"-- Error --"},{"$f":"IFERROR(RiskRegister[[#This Row],[Inherent Impact Rating]]*RiskRegister[[#This Row],[Inherent Likelihood Rating]],\"-- Error --\")","v":"-- Error --"},"-- Select Risk Response --",null,"-- Select Impact --",{"$f":"VLOOKUP(RiskRegister[[#This Row],[Residual Impact Level]],'Rating factors'!$F$4:$G$9,2,FALSE)","v":"--- Error ---"},"-- Select Likelihood --",{"$f":"VLOOKUP(RiskRegister[[#This Row],[Residual Likelihood Level]],'Rating factors'!$F$16:$G$21,2,FALSE)","v":"--- Error ---"},{"$f":"IFERROR(VLOOKUP(RiskRegister[[#This Row],[Residual Risk Rating]],'Rating factors'!$F$30:$G$44,2,FALSE),\"-- Error --\")","v":"-- Error --"},{"$f":"IFERROR(RiskRegister[[#This Row],[Residual Impact Rating]]*RiskRegister[[#This Row],[Residual Likelihood Rating]],\"-- Error --\")","v":"-- Error --"},"-- Select Risk Status --",{"$nulls":3},{"$f":"IF(ISBLANK(RiskRegister[[#This Row],[Risk Due Date]]), \"Missing Risk Due Date\", IF(RiskRegister[[#This Row],[Risk Due Date]] < TODAY(), \"Overdue\", \"Not Overdue\"))","v":"Missing Risk Due Date"},null,{"$f":"IF(ISBLANK(RiskRegister[[#This Row],[Risk Due Date]]), \"Missing Risk Due Date\", TEXT(RiskRegister[[#This Row],[Risk Due Date]], \"YYYY-MM\"))","v":"Missing Risk Due Date"},{"$f":"IF(RiskRegister[[#This Row],[Created Date]]=\"\",\"Created Date missing\",(TEXT(RiskRegister[[#This Row],[Created Date]],\"mmm\") & \"-\" & YEAR(RiskRegister[[#This Row],[Created Date]])))","v":"Created Date missing"},{"$f":"IF(RiskRegister[[#This Row],[Risk Status]]=\"Closed\",RiskRegister[[#This Row],[Risk Close Date]],RiskRegister[[#This Row],[Risk Due Date]])","v":"00:00:00"},{"$f":"IF(RiskRegister[[#This Row],[Risk-Change-Date]]=0,DATE(2030,1,1),RiskRegister[[#This Row],[Risk-Change-Date]])","v":"2030-01-01"},{"$f":"RiskRegister[[#This Row],[Inherent Impact Level]]&\"-\"&RiskRegister[[#This Row],[Inherent Likelihood Level]]","v":"-- Select Impact ----- Select Likelihood --"},{"$f":"RiskRegister[[#This Row],[Residual Impact Level]]&\"-\"&RiskRegister[[#This Row],[Residual Likelihood Level]]","v":"-- Select Impact ----- Select Likelihood --"},"Error",{"$f":"IF(RiskRegister[[#This Row],[Risk Status]]=\"Closed\",RiskRegister[[#This Row],[Residual Impact Level]],RiskRegister[[#This Row],[Inherent Impact Level]])","v":"-- Select Impact --"},{"$f":"IF(RiskRegister[[#This Row],[Risk Status]]=\"Closed\",RiskRegister[[#This Row],[Residual Likelihood Level]],RiskRegister[[#This Row],[Inherent Likelihood Level]])","v":"-- Select Likelihood --"},{"$f":"IF(RiskRegister[[#This Row],[Risk Status]]=\"Closed\",RiskRegister[[#This Row],[Residual-I-L-Combo]],RiskRegister[[#This Row],[Inherent-I-L-Combo]])","v":"-- Select Impact ----- Select Likelihood --"},"-- Error --"]
[549,{"$nulls":5},"-- Select Risk Category --",null,"-- select department --",null,null,"-- Select Impact --",{"$f":"VLOOKUP(RiskRegister[[#This Row],[Inherent Impact Level]],'Rating factors'!$F$4:$G$9,2,FALSE)","v":"--- Error ---"},"-- Select Likelihood --",{"$f":"VLOOKUP(RiskRegister[[#This Row],[Inherent Likelihood Level]],'Rating factors'!$F$16:$G$21,2,FALSE)","v":"--- Error ---"},{"$f":"IFERROR(VLOOKUP(RiskRegister[[#This Row],[Inherent Risk Rating]],'Rating factors'!$F$30:$G$44,2,FALSE),\"-- Error --\")","v":"-- Error --"},{"$f":"IFERROR(RiskRegister[[#This Row],[Inherent Impact Rating]]*RiskRegister[[#This Row],[Inherent Likelihood Rating]],\"-- Error --\")","v":"-- Error --"},"-- Select Risk Response --",null,"-- Select Impact --",{"$f":"VLOOKUP(RiskRegister[[#This Row],[Residual Impact Level]],'Rating factors'!$F$4:$G$9,2,FALSE)","v":"--- Error ---"},"-- Select Likelihood --",{"$f":"VLOOKUP(RiskRegister[[#This Row],[Residual Likelihood Level]],'Rating factors'!$F$16:$G$21,2,FALSE)","v":"--- Error ---"},{"$f":"IFERROR(VLOOKUP(RiskRegister[[#This Row],[Residual Risk Rating]],'Rating factors'!$F$30:$G$44,2,FALSE),\"-- Error --\")","v":"-- Error --"},{"$f":"IFERROR(RiskRegister[[#This Row],[Residual Impact Rating]]*RiskRegister[[#This Row],[Residual Likelihood Rating]],\"-- Error --\")","v":"-- Error --"},"-- Select Risk Status --",{"$nulls":3},{"$f":"IF(ISBLANK(RiskRegister[[#This Row],[Risk Due Date]]), \"Missing Risk Due Date\", IF(RiskRegister[[#This Row],[Risk Due Date]] < TODAY(), \"Overdue\", \"Not Overdue\"))","v":"Missing Risk Due Date"},null,{"$f":"IF(ISBLANK(RiskRegister[[#This Row],[Risk Due Date]]), \"Missing Risk Due Date\", TEXT(RiskRegister[[#This Row],[Risk Due Date]], \"YYYY-MM\"))","v":"Missing Risk Due Date"},{"$f":"IF(RiskRegister[[#This Row],[Created Date]]=\"\",\"Created Date missing\",(TEXT(RiskRegister[[#This Row],[Created Date]],\"mmm\") & \"-\" & YEAR(RiskRegister[[#This Row],[Created Date]])))","v":"Created Date missing"},{"$f":"IF(RiskRegister[[#This Row],[Risk Status]]=\"Closed\",RiskRegister[[#This Row],[Risk Close Date]],RiskRegister[[#This Row],[Risk Due Date]])","v":"00:00:00"},{"$f":"IF(RiskRegister[[#This Row],[Risk-Change-Date]]=0,DATE(2030,1,1),RiskRegister[[#This Row],[Risk-Change-Date]])","v":"2030-01-01"},{"$f":"RiskRegister[[#This Row],[Inherent Impact Level]]&\"-\"&RiskRegister[[#This Row],[Inherent Likelihood Level]]","v":"-- Select Impact ----- Select Likelihood --"},{"$f":"RiskRegister[[#This Row],[Residual Impact Level]]&\"-\"&RiskRegister[[#This Row],[Residual Likelihood Level]]","v":"-- Select Impact ----- Select Likelihood --"},"Error",{"$f":"IF(RiskRegister[[#This Row],[Risk Status]]=\"Closed\",RiskRegister[[#This Row],[Residual Impact Level]],RiskRegister[[#This Row],[Inherent Impact Level]])","v":"-- Select Impact --"},{"$f":"IF(RiskRegister[[#This Row],[Risk Status]]=\"Closed\",RiskRegister[[#This Row],[Residual Likelihood Level]],RiskRegister[[#This Row],[Inherent Likelihood Level]])","v":"-- Select Likelihood --"},{"$f":"IF(RiskRegister[[#This Row],[Risk Status]]=\"Closed\",RiskRegister[[#This Row],[Residual-I-L-Combo]],RiskRegister[[#This Row],[Inherent-I-L-Combo]])","v":"-- Select Impact ----- Select Likelihood --"},"-- Error --"]
[550,{"$nulls":5},"-- Select Risk Category --",null,"-- select department --",null,null,"-- Select Impact --",{"$f":"VLOOKUP(RiskRegister[[#This Row],[Inherent Impact Level]],'Rating factors'!$F$4:$G$9,2,FALSE)","v":"--- Error ---"},"-- Select Likelihood --",{"$f":"VLOOKUP(RiskRegister[[#This Row],[Inherent Likelihood Level]],'Rating factors'!$F$16:$G$21,2,FALSE)","v":"--- Error ---"},{"$f":"IFERROR(VLOOKUP(RiskRegister[[#This Row],[Inherent Risk Rating]],'Rating factors'!$F$30:$G$44,2,FALSE),\"-- Error --\")","v":"-- Error --"},{"$f":"IFERROR(RiskRegister[[#This Row],[Inherent Impact Rating]]*RiskRegister[[#This Row],[Inherent Likelihood Rating]],\"-- Error --\")","v":"-- Error --"},"-- Select Risk Response --",null,"-- Select Impact --",{"$f":"VLOOKUP(RiskRegister[[#This Row],[Residual Impact Level]],'Rating factors'!$F$4:$G$9,2,FALSE)","v":"--- Error ---"},"-- Select Likelihood --",{"$f":"VLOOKUP(RiskRegister[[#This Row],[Residual Likelihood Level]],'Rating factors'!$F$16:$G$21,2,FALSE)","v":"--- Error ---"},{"$f":"IFERROR(VLOOKUP(RiskRegister[[#This Row],[Residual Risk Rating]],'Rating factors'!$F$30:$G$44,2,FALSE),\"-- Error --\")","v":"-- Error --"},{"$f":"IFERROR(RiskRegister[[#This Row],[Residual Impact Rating]]*RiskRegister[[#This Row],[Residual Likelihood Rating]],\"-- Error --\")","v":"-- Error --"},"-- Select Risk Status --",{"$nulls":3},{"$f":"IF(ISBLANK(RiskRegister[[#This Row],[Risk Due Date]]), \"Missing Risk Due Date\", IF(RiskRegister[[#This Row],[Risk Due Date]] < TODAY(), \"Overdue\", \"Not Overdue\"))","v":"Missing Risk Due Date"},null,{"$f":"IF(ISBLANK(RiskRegister[[#This Row],[Risk Due Date]]), \"Missing Risk Due Date\", TEXT(RiskRegister[[#This Row],[Risk Due Date]], \"YYYY-MM\"))","v":"Missing Risk Due Date"},{"$f":"IF(RiskRegister[[#This Row],[Created Date]]=\"\",\"Created Date missing\",(TEXT(RiskRegister[[#This Row],[Created Date]],\"mmm\") & \"-\" & YEAR(RiskRegister[[#This Row],[Created Date]])))","v":"Created Date missing"},{"$f":"IF(RiskRegister[[#This Row],[Risk Status]]=\"Closed\",RiskRegister[[#This Row],[Risk Close Date]],RiskRegister[[#This Row],[Risk Due Date]])","v":"00:00:00"},{"$f":"IF(RiskRegister[[#This Row],[Risk-Change-Date]]=0,DATE(2030,1,1),RiskRegister[[#This Row],[Risk-Change-Date]])","v":"2030-01-01"},{"$f":"RiskRegister[[#This Row],[Inherent Impact Level]]&\"-\"&RiskRegister[[#This Row],[Inherent Likelihood Level]]","v":"-- Select Impact ----- Select Likelihood --"},{"$f":"RiskRegister[[#This Row],[Residual Impact Level]]&\"-\"&RiskRegister[[#This Row],[Residual Likelihood Level]]","v":"-- Select Impact ----- Select Likelihood --"},"Error",{"$f":"IF(RiskRegister[[#This Row],[Risk Status]]=\"Closed\",RiskRegister[[#This Row],[Residual Impact Level]],RiskRegister[[#This Row],[Inherent Impact Level]])","v":"-- Select Impact --"},{"$f":"IF(RiskRegister[[#This Row],[Risk Status]]=\"Closed\",RiskRegister[[#This Row],[Residual Likelihood Level]],RiskRegister[[#This Row],[Inherent Likelihood Level]])","v":"-- Select Likelihood --"},{"$f":"IF(RiskRegister[[#This Row],[Risk Status]]=\"Closed\",RiskRegister[[#This Row],[Residual-I-L-Combo]],RiskRegister[[#This Row],[Inherent-I-L-Combo]])","v":"-- Select Impact ----- Select Likelihood --"},"-- Error --"]
[551,{"$nulls":5},"-- Select Risk Category --",null,"-- select department --",null,null,"-- Select Impact --",{"$f":"VLOOKUP(RiskRegister[[#This Row],[Inherent Impact Level]],'Rating factors'!$F$4:$G$9,2,FALSE)","v":"--- Error ---"},"-- Select Likelihood --",{"$f":"VLOOKUP(RiskRegister[[#This Row],[Inherent Likelihood Level]],'Rating factors'!$F$16:$G$21,2,FALSE)","v":"--- Error ---"},{"$f":"IFERROR(VLOOKUP(RiskRegister[[#This Row],[Inherent Risk Rating]],'Rating factors'!$F$30:$G$44,2,FALSE),\"-- Error --\")","v":"-- Error --"},{"$f":"IFERROR(RiskRegister[[#This Row],[Inherent Impact Rating]]*RiskRegister[[#This Row],[Inherent Likelihood Rating]],\"-- Error --\")","v":"-- Error --"},"-- Select Risk Response --",null,"-- Select Impact --",{"$f":"VLOOKUP(RiskRegister[[#This Row],[Residual Impact Level]],'Rating factors'!$F$4:$G$9,2,FALSE)","v":"--- Error ---"},"-- Select Likelihood --",{"$f":"VLOOKUP(RiskRegister[[#This Row],[Residual Likelihood Level]],'Rating factors'!$F$16:$G$21,2,FALSE)","v":"--- Error ---"},{"$f":"IFERROR(VLOOKUP(RiskRegister[[#This Row],[Residual Risk Rating]],'Rating factors'!$F$30:$G$44,2,FALSE),\"-- Error --\")","v":"-- Error --"},{"$f":"IFERROR(RiskRegister[[#This Row],[Residual Impact Rating]]*RiskRegister[[#This Row],[Residual Likelihood Rating]],\"-- Error --\")","v":"-- Error --"},"-- Select Risk Status --",{"$nulls":3},{"$f":"IF(ISBLANK(RiskRegister[[#This Row],[Risk Due Date]]), \"Missing Risk Due Date\", IF(RiskRegister[[#This Row],[Risk Due Date]] < TODAY(), \"Overdue\", \"Not Overdue\"))","v":"Missing Risk Due Date"},null,{"$f":"IF(ISBLANK(RiskRegister[[#This Row],[Risk Due Date]]), \"Missing Risk Due Date\", TEXT(RiskRegister[[#This Row],[Risk Due Date]], \"YYYY-MM\"))","v":"Missing Risk Due Date"},{"$f":"IF(RiskRegister[[#This Row],[Created Date]]=\"\",\"Created Date missing\",(TEXT(RiskRegister[[#This Row],[Created Date]],\"mmm\") & \"-\" & YEAR(RiskRegister[[#This Row],[Created Date]])))","v":"Created Date missing"},{"$f":"IF(RiskRegister[[#This Row],[Risk Status]]=\"Closed\",RiskRegister[[#This Row],[Risk Close Date]],RiskRegister[[#This Row],[Risk Due Date]])","v":"00:00:00"},{"$f":"IF(RiskRegister[[#This Row],[Risk-Change-Date]]=0,DATE(2030,1,1),RiskRegister[[#This Row],[Risk-Change-Date]])","v":"2030-01-01"},{"$f":"RiskRegister[[#This Row],[Inherent Impact Level]]&\"-\"&RiskRegister[[#This Row],[Inherent Likelihood Level]]","v":"-- Select Impact ----- Select Likelihood --"},{"$f":"RiskRegister[[#This Row],[Residual Impact Level]]&\"-\"&RiskRegister[[#This Row],[Residual Likelihood Level]]","v":"-- Select Impact ----- Select Likelihood --"},"Error",{"$f":"IF(RiskRegister[[#This Row],[Risk Status]]=\"Closed\",RiskRegister[[#This Row],[Residual Impact Level]],RiskRegister[[#This Row],[Inherent Impact Level]])","v":"-- Select Impact --"},{"$f":"IF(RiskRegister[[#This Row],[Risk Status]]=\"Closed\",RiskRegister[[#This Row],[Residual Likelihood Level]],RiskRegister[[#This Row],[Inherent Likelihood Level]])","v":"-- Select Likelihood --"},{"$f":"IF(RiskRegister[[#This Row],[Risk Status]]=\"Closed\",RiskRegister[[#This Row],[Residual-I-L-Combo]],RiskRegister[[#This Row],[Inherent-I-L-Combo]])","v":"-- Select Impact ----- Select Likelihood --"},"-- Error --"]
[552,{"$nulls":5},"-- Select Risk Category --",null,"-- select department --",null,null,"-- Select Impact --",{"$f":"VLOOKUP(RiskRegister[[#This Row],[Inherent Impact Level]],'Rating factors'!$F$4:$G$9,2,FALSE)","v":"--- Error ---"},"-- Select Likelihood --",{"$f":"VLOOKUP(RiskRegister[[#This Row],[Inherent Likelihood Level]],'Rating factors'!$F$16:$G$21,2,FALSE)","v":"--- Error ---"},{"$f":"IFERROR(VLOOKUP(RiskRegister[[#This Row],[Inherent Risk Rating]],'Rating factors'!$F$30:$G$44,2,FALSE),\"-- Error --\")","v":"-- Error --"},{"$f":"IFERROR(RiskRegister[[#This Row],[Inherent Impact Rating]]*RiskRegister[[#This Row],[Inherent Likelihood Rating]],\"-- Error --\")","v":"-- Error --"},"-- Select Risk Response --",null,"-- Select Impact --",{"$f":"VLOOKUP(RiskRegister[[#This Row],[Residual Impact Level]],'Rating factors'!$F$4:$G$9,2,FALSE)","v":"--- Error ---"},"-- Select Likelihood --",{"$f":"VLOOKUP(RiskRegister[[#This Row],[Residual Likelihood Level]],'Rating factors'!$F$16:$G$21,2,FALSE)","v":"--- Error ---"},{"$f":"IFERROR(VLOOKUP(RiskRegister[[#This Row],[Residual Risk Rating]],'Rating factors'!$F$30:$G$44,2,FALSE),\"-- Error --\")","v":"-- Error --"},{"$f":"IFERROR(RiskRegister[[#This Row],[Residual Impact Rating]]*RiskRegister[[#This Row],[Residual Likelihood Rating]],\"-- Error --\")","v":"-- Error --"},"-- Select Risk Status --",{"$nulls":3},{"$f":"IF(ISBLANK(RiskRegister[[#This Row],[Risk Due Date]]), \"Missing Risk Due Date\", IF(RiskRegister[[#This Row],[Risk Due Date]] < TODAY(), \"Overdue\", \"Not Overdue\"))","v":"Missing Risk Due Date"},null,{"$f":"IF(ISBLANK(RiskRegister[[#This Row],[Risk Due Date]]), \"Missing Risk Due Date\", TEXT(RiskRegister[[#This Row],[Risk Due Date]], \"YYYY-MM\"))","v":"Missing Risk Due Date"},{"$f":"IF(RiskRegister[[#This Row],[Created Date]]=\"\",\"Created Date missing\",(TEXT(RiskRegister[[#This Row],[Created Date]],\"mmm\") & \"-\" & YEAR(RiskRegister[[#This Row],[Created Date]])))","v":"Created Date missing"},{"$f":"IF(RiskRegister[[#This Row],[Risk Status]]=\"Closed\",RiskRegister[[#This Row],[Risk Close Date]],RiskRegister[[#This Row],[Risk Due Date]])","v":"00:00:00"},{"$f":"IF(RiskRegister[[#This Row],[Risk-Change-Date]]=0,DATE(2030,1,1),RiskRegister[[#This Row],[Risk-Change-Date]])","v":"2030-01-01"},{"$f":"RiskRegister[[#This Row],[Inherent Impact Level]]&\"-\"&RiskRegister[[#This Row],[Inherent Likelihood Level]]","v":"-- Select Impact ----- Select Likelihood --"},{"$f":"RiskRegister[[#This Row],[Residual Impact Level]]&\"-\"&RiskRegister[[#This Row],[Residual Likelihood Level]]","v":"-- Select Impact ----- Select Likelihood --"},"Error",{"$f":"IF(RiskRegister[[#This Row],[Risk Status]]=\"Closed\",RiskRegister[[#This Row],[Residual Impact Level]],RiskRegister[[#This Row],[Inherent Impact Level]])","v":"-- Select Impact --"},{"$f":"IF(RiskRegister[[#This Row],[Risk Status]]=\"Closed\",RiskRegister[[#This Row],[Residual Likelihood Level]],RiskRegister[[#This Row],[Inherent Likelihood Level]])","v":"-- Select Likelihood --"},{"$f":"IF(RiskRegister[[#This Row],[Risk Status]]=\"Closed\",RiskRegister[[#This Row],[Residual-I-L-Combo]],RiskRegister[[#This Row],[Inherent-I-L-Combo]])","v":"-- Select Impact ----- Select Likelihood --"},"-- Error --"]
[553,{"$nulls":5},"-- Select Risk Category --",null,"-- select department --",null,null,"-- Select Impact --",{"$f":"VLOOKUP(RiskRegister[[#This Row],[Inherent Impact Level]],'Rating factors'!$F$4:$G$9,2,FALSE)","v":"--- Error ---"},"-- Select Likelihood --",{"$f":"VLOOKUP(RiskRegister[[#This Row],[Inherent Likelihood Level]],'Rating factors'!$F$16:$G$21,2,FALSE)","v":"--- Error ---"},{"$f":"IFERROR(VLOOKUP(RiskRegister[[#This Row],[Inherent Risk Rating]],'Rating factors'!$F$30:$G$44,2,FALSE),\"-- Error --\")","v":"-- Error --"},{"$f":"IFERROR(RiskRegister[[#This Row],[Inherent Impact Rating]]*RiskRegister[[#This Row],[Inherent Likelihood Rating]],\"-- Error --\")","v":"-- Error --"},"-- Select Risk Response --",null,"-- Select Impact --",{"$f":"VLOOKUP(RiskRegister[[#This Row],[Residual Impact Level]],'Rating factors'!$F$4:$G$9,2,FALSE)","v":"--- Error ---"},"-- Select Likelihood --",{"$f":"VLOOKUP(RiskRegister[[#This Row],[Residual Likelihood Level]],'Rating factors'!$F$16:$G$21,2,FALSE)","v":"--- Error ---"},{"$f":"IFERROR(VLOOKUP(RiskRegister[[#This Row],[Residual Risk Rating]],'Rating factors'!$F$30:$G$44,2,FALSE),\"-- Error --\")","v":"-- Error --"},{"$f":"IFERROR(RiskRegister[[#This Row],[Residual Impact Rating]]*RiskRegister[[#This Row],[Residual Likelihood Rating]],\"-- Error --\")","v":"-- Error --"},"-- Select Risk Status --",{"$nulls":3},{"$f":"IF(ISBLANK(RiskRegister[[#This Row],[Risk Due Date]]), \"Missing Risk Due Date\", IF(RiskRegister[[#This Row],[Risk Due Date]] < TODAY(), \"Overdue\", \"Not Overdue\"))","v":"Missing Risk Due Date"},null,{"$f":"IF(ISBLANK(RiskRegister[[#This Row],[Risk Due Date]]), \"Missing Risk Due Date\", TEXT(RiskRegister[[#This Row],[Risk Due Date]], \"YYYY-MM\"))","v":"Missing Risk Due Date"},{"$f":"IF(RiskRegister[[#This Row],[Created Date]]=\"\",\"Created Date missing\",(TEXT(RiskRegister[[#This Row],[Created Date]],\"mmm\") & \"-\" & YEAR(RiskRegister[[#This Row],[Created Date]])))","v":"Created Date missing"},{"$f":"IF(RiskRegister[[#This Row],[Risk Status]]=\"Closed\",RiskRegister[[#This Row],[Risk Close Date]],RiskRegister[[#This Row],[Risk Due Date]])","v":"00:00:00"},{"$f":"IF(RiskRegister[[#This Row],[Risk-Change-Date]]=0,DATE(2030,1,1),RiskRegister[[#This Row],[Risk-Change-Date]])","v":"2030-01-01"},{"$f":"RiskRegister[[#This Row],[Inherent Impact Level]]&\"-\"&RiskRegister[[#This Row],[Inherent Likelihood Level]]","v":"-- Select Impact ----- Select Likelihood --"},{"$f":"RiskRegister[[#This Row],[Residual Impact Level]]&\"-\"&RiskRegister[[#This Row],[Residual Likelihood Level]]","v":"-- Select Impact ----- Select Likelihood --"},"Error",{"$f":"IF(RiskRegister[[#This Row],[Risk Status]]=\"Closed\",RiskRegister[[#This Row],[Residual Impact Level]],RiskRegister[[#This Row],[Inherent Impact Level]])","v":"-- Select Impact --"},{"$f":"IF(RiskRegister[[#This Row],[Risk Status]]=\"Closed\",RiskRegister[[#This Row],[Residual Likelihood Level]],RiskRegister[[#This Row],[Inherent Likelihood Level]])","v":"-- Select Likelihood --"},{"$f":"IF(RiskRegister[[#This Row],[Risk Status]]=\"Closed\",RiskRegister[[#This Row],[Residual-I-L-Combo]],RiskRegister[[#This Row],[Inherent-I-L-Combo]])","v":"-- Select Impact ----- Select Likelihood --"},"-- Error --"]
[554,{"$nulls":5},"-- Select Risk Category --",null,"-- select department --",null,null,"-- Select Impact --",{"$f":"VLOOKUP(RiskRegister[[#This Row],[Inherent Impact Level]],'Rating factors'!$F$4:$G$9,2,FALSE)","v":"--- Error ---"},"-- Select Likelihood --",{"$f":"VLOOKUP(RiskRegister[[#This Row],[Inherent Likelihood Level]],'Rating factors'!$F$16:$G$21,2,FALSE)","v":"--- Error ---"},{"$f":"IFERROR(VLOOKUP(RiskRegister[[#This Row],[Inherent Risk Rating]],'Rating factors'!$F$30:$G$44,2,FALSE),\"-- Error --\")","v":"-- Error --"},{"$f":"IFERROR(RiskRegister[[#This Row],[Inherent Impact Rating]]*RiskRegister[[#This Row],[Inherent Likelihood Rating]],\"-- Error --\")","v":"-- Error --"},"-- Select Risk Response --",null,"-- Select Impact --",{"$f":"VLOOKUP(RiskRegister[[#This Row],[Residual Impact Level]],'Rating factors'!$F$4:$G$9,2,FALSE)","v":"--- Error ---"},"-- Select Likelihood --",{"$f":"VLOOKUP(RiskRegister[[#This Row],[Residual Likelihood Level]],'Rating factors'!$F$16:$G$21,2,FALSE)","v":"--- Error ---"},{"$f":"IFERROR(VLOOKUP(RiskRegister[[#This Row],[Residual Risk Rating]],'Rating factors'!$F$30:$G$44,2,FALSE),\"-- Error --\")","v":"-- Error --"},{"$f":"IFERROR(RiskRegister[[#This Row],[Residual Impact Rating]]*RiskRegister[[#This Row],[Residual Likelihood Rating]],\"-- Error --\")","v":"-- Error --"},"-- Select Risk Status --",{"$nulls":3},{"$f":"IF(ISBLANK(RiskRegister[[#This Row],[Risk Due Date]]), \"Missing Risk Due Date\", IF(RiskRegister[[#This Row],[Risk Due Date]] < TODAY(), \"Overdue\", \"Not Overdue\"))","v":"Missing Risk Due Date"},null,{"$f":"IF(ISBLANK(RiskRegister[[#This Row],[Risk Due Date]]), \"Missing Risk Due Date\", TEXT(RiskRegister[[#This Row],[Risk Due Date]], \"YYYY-MM\"))","v":"Missing Risk Due Date"},{"$f":"IF(RiskRegister[[#This Row],[Created Date]]=\"\",\"Created Date missing\",(TEXT(RiskRegister[[#This Row],[Created Date]],\"mmm\") & \"-\" & YEAR(RiskRegister[[#This Row],[Created Date]])))","v":"Created Date missing"},{"$f":"IF(RiskRegister[[#This Row],[Risk Status]]=\"Closed\",RiskRegister[[#This Row],[Risk Close Date]],RiskRegister[[#This Row],[Risk Due Date]])","v":"00:00:00"},{"$f":"IF(RiskRegister[[#This Row],[Risk-Change-Date]]=0,DATE(2030,1,1),RiskRegister[[#This Row],[Risk-Change-Date]])","v":"2030-01-01"},{"$f":"RiskRegister[[#This Row],[Inherent Impact Level]]&\"-\"&RiskRegister[[#This Row],[Inherent Likelihood Level]]","v":"-- Select Impact ----- Select Likelihood --"},{"$f":"RiskRegister[[#This Row],[Residual Impact Level]]&\"-\"&RiskRegister[[#This Row],[Residual Likelihood Level]]","v":"-- Select Impact ----- Select Likelihood --"},"Error",{"$f":"IF(RiskRegister[[#This Row],[Risk Status]]=\"Closed\",RiskRegister[[#This Row],[Residual Impact Level]],RiskRegister[[#This Row],[Inherent Impact Level]])","v":"-- Select Impact --"},{"$f":"IF(RiskRegister[[#This Row],[Risk Status]]=\"Closed\",RiskRegister[[#This Row],[Residual Likelihood Level]],RiskRegister[[#This Row],[Inherent Likelihood Level]])","v":"-- Select Likelihood --"},{"$f":"IF(RiskRegister[[#This Row],[Risk Status]]=\"Closed\",RiskRegister[[#This Row],[Residual-I-L-Combo]],RiskRegister[[#This Row],[Inherent-I-L-Combo]])","v":"-- Select Impact ----- Select Likelihood --"},"-- Error --"]
[555,{"$nulls":5},"-- Select Risk Category --",null,"-- select department --",null,null,"-- Select Impact --",{"$f":"VLOOKUP(RiskRegister[[#This Row],[Inherent Impact Level]],'Rating factors'!$F$4:$G$9,2,FALSE)","v":"--- Error ---"},"-- Select Likelihood --",{"$f":"VLOOKUP(RiskRegister[[#This Row],[Inherent Likelihood Level]],'Rating factors'!$F$16:$G$21,2,FALSE)","v":"--- Error ---"},{"$f":"IFERROR(VLOOKUP(RiskRegister[[#This Row],[Inherent Risk Rating]],'Rating factors'!$F$30:$G$44,2,FALSE),\"-- Error --\")","v":"-- Error --"},{"$f":"IFERROR(RiskRegister[[#This Row],[Inherent Impact Rating]]*RiskRegister[[#This Row],[Inherent Likelihood Rating]],\"-- Error --\")","v":"-- Error --"},"-- Select Risk Response --",null,"-- Select Impact --",{"$f":"VLOOKUP(RiskRegister[[#This Row],[Residual Impact Level]],'Rating factors'!$F$4:$G$9,2,FALSE)","v":"--- Error ---"},"-- Select Likelihood --",{"$f":"VLOOKUP(RiskRegister[[#This Row],[Residual Likelihood Level]],'Rating factors'!$F$16:$G$21,2,FALSE)","v":"--- Error ---"},{"$f":"IFERROR(VLOOKUP(RiskRegister[[#This Row],[Residual Risk Rating]],'Rating factors'!$F$30:$G$44,2,FALSE),\"-- Error --\")","v":"-- Error --"},{"$f":"IFERROR(RiskRegister[[#This Row],[Residual Impact Rating]]*RiskRegister[[#This Row],[Residual Likelihood Rating]],\"-- Error --\")","v":"-- Error --"},"-- Select Risk Status --",{"$nulls":3},{"$f":"IF(ISBLANK(RiskRegister[[#This Row],[Risk Due Date]]), \"Missing Risk Due Date\", IF(RiskRegister[[#This Row],[Risk Due Date]] < TODAY(), \"Overdue\", \"Not Overdue\"))","v":"Missing Risk Due Date"},null,{"$f":"IF(ISBLANK(RiskRegister[[#This Row],[Risk Due Date]]), \"Missing Risk Due Date\", TEXT(RiskRegister[[#This Row],[Risk Due Date]], \"YYYY-MM\"))","v":"Missing Risk Due Date"},{"$f":"IF(RiskRegister[[#This Row],[Created Date]]=\"\",\"Created Date missing\",(TEXT(RiskRegister[[#This Row],[Created Date]],\"mmm\") & \"-\" & YEAR(RiskRegister[[#This Row],[Created Date]])))","v":"Created Date missing"},{"$f":"IF(RiskRegister[[#This Row],[Risk Status]]=\"Closed\",RiskRegister[[#This Row],[Risk Close Date]],RiskRegister[[#This Row],[Risk Due Date]])","v":"00:00:00"},{"$f":"IF(RiskRegister[[#This Row],[Risk-Change-Date]]=0,DATE(2030,1,1),RiskRegister[[#This Row],[Risk-Change-Date]])","v":"2030-01-01"},{"$f":"RiskRegister[[#This Row],[Inherent Impact Level]]&\"-\"&RiskRegister[[#This Row],[Inherent Likelihood Level]]","v":"-- Select Impact ----- Select Likelihood --"},{"$f":"RiskRegister[[#This Row],[Residual Impact Level]]&\"-\"&RiskRegister[[#This Row],[Residual Likelihood Level]]","v":"-- Select Impact ----- Select Likelihood --"},"Error",{"$f":"IF(RiskRegister[[#This Row],[Risk Status]]=\"Closed\",RiskRegister[[#This Row],[Residual Impact Level]],RiskRegister[[#This Row],[Inherent Impact Level]])","v":"-- Select Impact --"},{"$f":"IF(RiskRegister[[#This Row],[Risk Status]]=\"Closed\",RiskRegister[[#This Row],[Residual Likelihood Level]],RiskRegister[[#This Row],[Inherent Likelihood Level]])","v":"-- Select Likelihood --"},{"$f":"IF(RiskRegister[[#This Row],[Risk Status]]=\"Closed\",RiskRegister[[#This Row],[Residual-I-L-Combo]],RiskRegister[[#This Row],[Inherent-I-L-Combo]])","v":"-- Select Impact ----- Select Likelihood --"},"-- Error --"]
[556,{"$nulls":5},"-- Select Risk Category --",null,"-- select department --",null,null,"-- Select Impact --",{"$f":"VLOOKUP(RiskRegister[[#This Row],[Inherent Impact Level]],'Rating factors'!$F$4:$G$9,2,FALSE)","v":"--- Error ---"},"-- Select Likelihood --",{"$f":"VLOOKUP(RiskRegister[[#This Row],[Inherent Likelihood Level]],'Rating factors'!$F$16:$G$21,2,FALSE)","v":"--- Error ---"},{"$f":"IFERROR(VLOOKUP(RiskRegister[[#This Row],[Inherent Risk Rating]],'Rating factors'!$F$30:$G$44,2,FALSE),\"-- Error --\")","v":"-- Error --"},{"$f":"IFERROR(RiskRegister[[#This Row],[Inherent Impact Rating]]*RiskRegister[[#This Row],[Inherent Likelihood Rating]],\"-- Error --\")","v":"-- Error --"},"-- Select Risk Response --",null,"-- Select Impact --",{"$f":"VLOOKUP(RiskRegister[[#This Row],[Residual Impact Level]],'Rating factors'!$F$4:$G$9,2,FALSE)","v":"--- Error ---"},"-- Select Likelihood --",{"$f":"VLOOKUP(RiskRegister[[#This Row],[Residual Likelihood Level]],'Rating factors'!$F$16:$G$21,2,FALSE)","v":"--- Error ---"},{"$f":"IFERROR(VLOOKUP(RiskRegister[[#This Row],[Residual Risk Rating]],'Rating factors'!$F$30:$G$44,2,FALSE),\"-- Error --\")","v":"-- Error --"},{"$f":"IFERROR(RiskRegister[[#This Row],[Residual Impact Rating]]*RiskRegister[[#This Row],[Residual Likelihood Rating]],\"-- Error --\")","v":"-- Error --"},"-- Select Risk Status --",{"$nulls":3},{"$f":"IF(ISBLANK(RiskRegister[[#This Row],[Risk Due Date]]), \"Missing Risk Due Date\", IF(RiskRegister[[#This Row],[Risk Due Date]] < TODAY(), \"Overdue\", \"Not Overdue\"))","v":"Missing Risk Due Date"},null,{"$f":"IF(ISBLANK(RiskRegister[[#This Row],[Risk Due Date]]), \"Missing Risk Due Date\", TEXT(RiskRegister[[#This Row],[Risk Due Date]], \"YYYY-MM\"))","v":"Missing Risk Due Date"},{"$f":"IF(RiskRegister[[#This Row],[Created Date]]=\"\",\"Created Date missing\",(TEXT(RiskRegister[[#This Row],[Created Date]],\"mmm\") & \"-\" & YEAR(RiskRegister[[#This Row],[Created Date]])))","v":"Created Date missing"},{"$f":"IF(RiskRegister[[#This Row],[Risk Status]]=\"Closed\",RiskRegister[[#This Row],[Risk Close Date]],RiskRegister[[#This Row],[Risk Due Date]])","v":"00:00:00"},{"$f":"IF(RiskRegister[[#This Row],[Risk-Change-Date]]=0,DATE(2030,1,1),RiskRegister[[#This Row],[Risk-Change-Date]])","v":"2030-01-01"},{"$f":"RiskRegister[[#This Row],[Inherent Impact Level]]&\"-\"&RiskRegister[[#This Row],[Inherent Likelihood Level]]","v":"-- Select Impact ----- Select Likelihood --"},{"$f":"RiskRegister[[#This Row],[Residual Impact Level]]&\"-\"&RiskRegister[[#This Row],[Residual Likelihood Level]]","v":"-- Select Impact ----- Select Likelihood --"},"Error",{"$f":"IF(RiskRegister[[#This Row],[Risk Status]]=\"Closed\",RiskRegister[[#This Row],[Residual Impact Level]],RiskRegister[[#This Row],[Inherent Impact Level]])","v":"-- Select Impact --"},{"$f":"IF(RiskRegister[[#This Row],[Risk Status]]=\"Closed\",RiskRegister[[#This Row],[Residual Likelihood Level]],RiskRegister[[#This Row],[Inherent Likelihood Level]])","v":"-- Select Likelihood --"},{"$f":"IF(RiskRegister[[#This Row],[Risk Status]]=\"Closed\",RiskRegister[[#This Row],[Residual-I-L-Combo]],RiskRegister[[#This Row],[Inherent-I-L-Combo]])","v":"-- Select Impact ----- Select Likelihood --"},"-- Error --"]
[557,{"$nulls":5},"-- Select Risk Category --",null,"-- select department --",null,null,"-- Select Impact --",{"$f":"VLOOKUP(RiskRegister[[#This Row],[Inherent Impact Level]],'Rating factors'!$F$4:$G$9,2,FALSE)","v":"--- Error ---"},"-- Select Likelihood --",{"$f":"VLOOKUP(RiskRegister[[#This Row],[Inherent Likelihood Level]],'Rating factors'!$F$16:$G$21,2,FALSE)","v":"--- Error ---"},{"$f":"IFERROR(VLOOKUP(RiskRegister[[#This Row],[Inherent Risk Rating]],'Rating factors'!$F$30:$G$44,2,FALSE),\"-- Error --\")","v":"-- Error --"},{"$f":"IFERROR(RiskRegister[[#This Row],[Inherent Impact Rating]]*RiskRegister[[#This Row],[Inherent Likelihood Rating]],\"-- Error --\")","v":"-- Error --"},"-- Select Risk Response --",null,"-- Select Impact --",{"$f":"VLOOKUP(RiskRegister[[#This Row],[Residual Impact Level]],'Rating factors'!$F$4:$G$9,2,FALSE)","v":"--- Error ---"},"-- Select Likelihood --",{"$f":"VLOOKUP(RiskRegister[[#This Row],[Residual Likelihood Level]],'Rating factors'!$F$16:$G$21,2,FALSE)","v":"--- Error ---"},{"$f":"IFERROR(VLOOKUP(RiskRegister[[#This Row],[Residual Risk Rating]],'Rating factors'!$F$30:$G$44,2,FALSE),\"-- Error --\")","v":"-- Error --"},{"$f":"IFERROR(RiskRegister[[#This Row],[Residual Impact Rating]]*RiskRegister[[#This Row],[Residual Likelihood Rating]],\"-- Error --\")","v":"-- Error --"},"-- Select Risk Status --",{"$nulls":3},{"$f":"IF(ISBLANK(RiskRegister[[#This Row],[Risk Due Date]]), \"Missing Risk Due Date\", IF(RiskRegister[[#This Row],[Risk Due Date]] < TODAY(), \"Overdue\", \"Not Overdue\"))","v":"Missing Risk Due Date"},null,{"$f":"IF(ISBLANK(RiskRegister[[#This Row],[Risk Due Date]]), \"Missing Risk Due Date\", TEXT(RiskRegister[[#This Row],[Risk Due Date]], \"YYYY-MM\"))","v":"Missing Risk Due Date"},{"$f":"IF(RiskRegister[[#This Row],[Created Date]]=\"\",\"Created Date missing\",(TEXT(RiskRegister[[#This Row],[Created Date]],\"mmm\") & \"-\" & YEAR(RiskRegister[[#This Row],[Created Date]])))","v":"Created Date missing"},{"$f":"IF(RiskRegister[[#This Row],[Risk Status]]=\"Closed\",RiskRegister[[#This Row],[Risk Close Date]],RiskRegister[[#This Row],[Risk Due Date]])","v":"00:00:00"},{"$f":"IF(RiskRegister[[#This Row],[Risk-Change-Date]]=0,DATE(2030,1,1),RiskRegister[[#This Row],[Risk-Change-Date]])","v":"2030-01-01"},{"$f":"RiskRegister[[#This Row],[Inherent Impact Level]]&\"-\"&RiskRegister[[#This Row],[Inherent Likelihood Level]]","v":"-- Select Impact ----- Select Likelihood --"},{"$f":"RiskRegister[[#This Row],[Residual Impact Level]]&\"-\"&RiskRegister[[#This Row],[Residual Likelihood Level]]","v":"-- Select Impact ----- Select Likelihood --"},"Error",{"$f":"IF(RiskRegister[[#This Row],[Risk Status]]=\"Closed\",RiskRegister[[#This Row],[Residual Impact Level]],RiskRegister[[#This Row],[Inherent Impact Level]])","v":"-- Select Impact --"},{"$f":"IF(RiskRegister[[#This Row],[Risk Status]]=\"Closed\",RiskRegister[[#This Row],[Residual Likelihood Level]],RiskRegister[[#This Row],[Inherent Likelihood Level]])","v":"-- Select Likelihood --"},{"$f":"IF(RiskRegister[[#This Row],[Risk Status]]=\"Closed\",RiskRegister[[#This Row],[Residual-I-L-Combo]],RiskRegister[[#This Row],[Inherent-I-L-Combo]])","v":"-- Select Impact ----- Select Likelihood --"},"-- Error --"]
[558,{"$nulls":5},"-- Select Risk Category --",null,"-- select department --",null,null,"-- Select Impact --",{"$f":"VLOOKUP(RiskRegister[[#This Row],[Inherent Impact Level]],'Rating factors'!$F$4:$G$9,2,FALSE)","v":"--- Error ---"},"-- Select Likelihood --",{"$f":"VLOOKUP(RiskRegister[[#This Row],[Inherent Likelihood Level]],'Rating factors'!$F$16:$G$21,2,FALSE)","v":"--- Error ---"},{"$f":"IFERROR(VLOOKUP(RiskRegister[[#This Row],[Inherent Risk Rating]],'Rating factors'!$F$30:$G$44,2,FALSE),\"-- Error --\")","v":"-- Error --"},{"$f":"IFERROR(RiskRegister[[#This Row],[Inherent Impact Rating]]*RiskRegister[[#This Row],[Inherent Likelihood Rating]],\"-- Error --\")","v":"-- Error --"},"-- Select Risk Response --",null,"-- Select Impact --",{"$f":"VLOOKUP(RiskRegister[[#This Row],[Residual Impact Level]],'Rating factors'!$F$4:$G$9,2,FALSE)","v":"--- Error ---"},"-- Select Likelihood --",{"$f":"VLOOKUP(RiskRegister[[#This Row],[Residual Likelihood Level]],'Rating factors'!$F$16:$G$21,2,FALSE)","v":"--- Error ---"},{"$f":"IFERROR(VLOOKUP(RiskRegister[[#This Row],[Residual Risk Rating]],'Rating factors'!$F$30:$G$44,2,FALSE),\"-- Error --\")","v":"-- Error --"},{"$f":"IFERROR(RiskRegister[[#This Row],[Residual Impact Rating]]*RiskRegister[[#This Row],[Residual Likelihood Rating]],\"-- Error --\")","v":"-- Error --"},"-- Select Risk Status --",{"$nulls":3},{"$f":"IF(ISBLANK(RiskRegister[[#This Row],[Risk Due Date]]), \"Missing Risk Due Date\", IF(RiskRegister[[#This Row],[Risk Due Date]] < TODAY(), \"Overdue\", \"Not Overdue\"))","v":"Missing Risk Due Date"},null,{"$f":"IF(ISBLANK(RiskRegister[[#This Row],[Risk Due Date]]), \"Missing Risk Due Date\", TEXT(RiskRegister[[#This Row],[Risk Due Date]], \"YYYY-MM\"))","v":"Missing Risk Due Date"},{"$f":"IF(RiskRegister[[#This Row],[Created Date]]=\"\",\"Created Date missing\",(TEXT(RiskRegister[[#This Row],[Created Date]],\"mmm\") & \"-\" & YEAR(RiskRegister[[#This Row],[Created Date]])))","v":"Created Date missing"},{"$f":"IF(RiskRegister[[#This Row],[Risk Status]]=\"Closed\",RiskRegister[[#This Row],[Risk Close Date]],RiskRegister[[#This Row],[Risk Due Date]])","v":"00:00:00"},{"$f":"IF(RiskRegister[[#This Row],[Risk-Change-Date]]=0,DATE(2030,1,1),RiskRegister[[#This Row],[Risk-Change-Date]])","v":"2030-01-01"},{"$f":"RiskRegister[[#This Row],[Inherent Impact Level]]&\"-\"&RiskRegister[[#This Row],[Inherent Likelihood Level]]","v":"-- Select Impact ----- Select Likelihood --"},{"$f":"RiskRegister[[#This Row],[Residual Impact Level]]&\"-\"&RiskRegister[[#This Row],[Residual Likelihood Level]]","v":"-- Select Impact ----- Select Likelihood --"},"Error",{"$f":"IF(RiskRegister[[#This Row],[Risk Status]]=\"Closed\",RiskRegister[[#This Row],[Residual Impact Level]],RiskRegister[[#This Row],[Inherent Impact Level]])","v":"-- Select Impact --"},{"$f":"IF(RiskRegister[[#This Row],[Risk Status]]=\"Closed\",RiskRegister[[#This Row],[Residual Likelihood Level]],RiskRegister[[#This Row],[Inherent Likelihood Level]])","v":"-- Select Likelihood --"},{"$f":"IF(RiskRegister[[#This Row],[Risk Status]]=\"Closed\",RiskRegister[[#This Row],[Residual-I-L-Combo]],RiskRegister[[#This Row],[Inherent-I-L-Combo]])","v":"-- Select Impact ----- Select Likelihood --"},"-- Error --"]
[559,{"$nulls":5},"-- Select Risk Category --",null,"-- select department --",null,null,"-- Select Impact --",{"$f":"VLOOKUP(RiskRegister[[#This Row],[Inherent Impact Level]],'Rating factors'!$F$4:$G$9,2,FALSE)","v":"--- Error ---"},"-- Select Likelihood --",{"$f":"VLOOKUP(RiskRegister[[#This Row],[Inherent Likelihood Level]],'Rating factors'!$F$16:$G$21,2,FALSE)","v":"--- Error ---"},{"$f":"IFERROR(VLOOKUP(RiskRegister[[#This Row],[Inherent Risk Rating]],'Rating factors'!$F$30:$G$44,2,FALSE),\"-- Error --\")","v":"-- Error --"},{"$f":"IFERROR(RiskRegister[[#This Row],[Inherent Impact Rating]]*RiskRegister[[#This Row],[Inherent Likelihood Rating]],\"-- Error --\")","v":"-- Error --"},"-- Select Risk Response --",null,"-- Select Impact --",{"$f":"VLOOKUP(RiskRegister[[#This Row],[Residual Impact Level]],'Rating factors'!$F$4:$G$9,2,FALSE)","v":"--- Error ---"},"-- Select Likelihood --",{"$f":"VLOOKUP(RiskRegister[[#This Row],[Residual Likelihood Level]],'Rating factors'!$F$16:$G$21,2,FALSE)","v":"--- Error ---"},{"$f":"IFERROR(VLOOKUP(RiskRegister[[#This Row],[Residual Risk Rating]],'Rating factors'!$F$30:$G$44,2,FALSE),\"-- Error --\")","v":"-- Error --"},{"$f":"IFERROR(RiskRegister[[#This Row],[Residual Impact Rating]]*RiskRegister[[#This Row],[Residual Likelihood Rating]],\"-- Error --\")","v":"-- Error --"},"-- Select Risk Status --",{"$nulls":3},{"$f":"IF(ISBLANK(RiskRegister[[#This Row],[Risk Due Date]]), \"Missing Risk Due Date\", IF(RiskRegister[[#This Row],[Risk Due Date]] < TODAY(), \"Overdue\", \"Not Overdue\"))","v":"Missing Risk Due Date"},null,{"$f":"IF(ISBLANK(RiskRegister[[#This Row],[Risk Due Date]]), \"Missing Risk Due Date\", TEXT(RiskRegister[[#This Row],[Risk Due Date]], \"YYYY-MM\"))","v":"Missing Risk Due Date"},{"$f":"IF(RiskRegister[[#This Row],[Created Date]]=\"\",\"Created Date missing\",(TEXT(RiskRegister[[#This Row],[Created Date]],\"mmm\") & \"-\" & YEAR(RiskRegister[[#This Row],[Created Date]])))","v":"Created Date missing"},{"$f":"IF(RiskRegister[[#This Row],[Risk Status]]=\"Closed\",RiskRegister[[#This Row],[Risk Close Date]],RiskRegister[[#This Row],[Risk Due Date]])","v":"00:00:00"},{"$f":"IF(RiskRegister[[#This Row],[Risk-Change-Date]]=0,DATE(2030,1,1),RiskRegister[[#This Row],[Risk-Change-Date]])","v":"2030-01-01"},{"$f":"RiskRegister[[#This Row],[Inherent Impact Level]]&\"-\"&RiskRegister[[#This Row],[Inherent Likelihood Level]]","v":"-- Select Impact ----- Select Likelihood --"},{"$f":"RiskRegister[[#This Row],[Residual Impact Level]]&\"-\"&RiskRegister[[#This Row],[Residual Likelihood Level]]","v":"-- Select Impact ----- Select Likelihood --"},"Error",{"$f":"IF(RiskRegister[[#This Row],[Risk Status]]=\"Closed\",RiskRegister[[#This Row],[Residual Impact Level]],RiskRegister[[#This Row],[Inherent Impact Level]])","v":"-- Select Impact --"},{"$f":"IF(RiskRegister[[#This Row],[Risk Status]]=\"Closed\",RiskRegister[[#This Row],[Residual Likelihood Level]],RiskRegister[[#This Row],[Inherent Likelihood Level]])","v":"-- Select Likelihood --"},{"$f":"IF(RiskRegister[[#This Row],[Risk Status]]=\"Closed\",RiskRegister[[#This Row],[Residual-I-L-Combo]],RiskRegister[[#This Row],[Inherent-I-L-Combo]])","v":"-- Select Impact ----- Select Likelihood --"},"-- Error --"]
[560,{"$nulls":5},"-- Select Risk Category --",null,"-- select department --",null,null,"-- Select Impact --",{"$f":"VLOOKUP(RiskRegister[[#This Row],[Inherent Impact Level]],'Rating factors'!$F$4:$G$9,2,FALSE)","v":"--- Error ---"},"-- Select Likelihood --",{"$f":"VLOOKUP(RiskRegister[[#This Row],[Inherent Likelihood Level]],'Rating factors'!$F$16:$G$21,2,FALSE)","v":"--- Error ---"},{"$f":"IFERROR(VLOOKUP(RiskRegister[[#This Row],[Inherent Risk Rating]],'Rating factors'!$F$30:$G$44,2,FALSE),\"-- Error --\")","v":"-- Error --"},{"$f":"IFERROR(RiskRegister[[#This Row],[Inherent Impact Rating]]*RiskRegister[[#This Row],[Inherent Likelihood Rating]],\"-- Error --\")","v":"-- Error --"},"-- Select Risk Response --",null,"-- Select Impact --",{"$f":"VLOOKUP(RiskRegister[[#This Row],[Residual Impact Level]],'Rating factors'!$F$4:$G$9,2,FALSE)","v":"--- Error ---"},"-- Select Likelihood --",{"$f":"VLOOKUP(RiskRegister[[#This Row],[Residual Likelihood Level]],'Rating factors'!$F$16:$G$21,2,FALSE)","v":"--- Error ---"},{"$f":"IFERROR(VLOOKUP(RiskRegister[[#This Row],[Residual Risk Rating]],'Rating factors'!$F$30:$G$44,2,FALSE),\"-- Error --\")","v":"-- Error --"},{"$f":"IFERROR(RiskRegister[[#This Row],[Residual Impact Rating]]*RiskRegister[[#This Row],[Residual Likelihood Rating]],\"-- Error --\")","v":"-- Error --"},"-- Select Risk Status --",{"$nulls":3},{"$f":"IF(ISBLANK(RiskRegister[[#This Row],[Risk Due Date]]), \"Missing Risk Due Date\", IF(RiskRegister[[#This Row],[Risk Due Date]] < TODAY(), \"Overdue\", \"Not Overdue\"))","v":"Missing Risk Due Date"},null,{"$f":"IF(ISBLANK(RiskRegister[[#This Row],[Risk Due Date]]), \"Missing Risk Due Date\", TEXT(RiskRegister[[#This Row],[Risk Due Date]], \"YYYY-MM\"))","v":"Missing Risk Due Date"},{"$f":"IF(RiskRegister[[#This Row],[Created Date]]=\"\",\"Created Date missing\",(TEXT(RiskRegister[[#This Row],[Created Date]],\"mmm\") & \"-\" & YEAR(RiskRegister[[#This Row],[Created Date]])))","v":"Created Date missing"},{"$f":"IF(RiskRegister[[#This Row],[Risk Status]]=\"Closed\",RiskRegister[[#This Row],[Risk Close Date]],RiskRegister[[#This Row],[Risk Due Date]])","v":"00:00:00"},{"$f":"IF(RiskRegister[[#This Row],[Risk-Change-Date]]=0,DATE(2030,1,1),RiskRegister[[#This Row],[Risk-Change-Date]])","v":"2030-01-01"},{"$f":"RiskRegister[[#This Row],[Inherent Impact Level]]&\"-\"&RiskRegister[[#This Row],[Inherent Likelihood Level]]","v":"-- Select Impact ----- Select Likelihood --"},{"$f":"RiskRegister[[#This Row],[Residual Impact Level]]&\"-\"&RiskRegister[[#This Row],[Residual Likelihood Level]]","v":"-- Select Impact ----- Select Likelihood --"},"Error",{"$f":"IF(RiskRegister[[#This Row],[Risk Status]]=\"Closed\",RiskRegister[[#This Row],[Residual Impact Level]],RiskRegister[[#This Row],[Inherent Impact Level]])","v":"-- Select Impact --"},{"$f":"IF(RiskRegister[[#This Row],[Risk Status]]=\"Closed\",RiskRegister[[#This Row],[Residual Likelihood Level]],RiskRegister[[#This Row],[Inherent Likelihood Level]])","v":"-- Select Likelihood --"},{"$f":"IF(RiskRegister[[#This Row],[Risk Status]]=\"Closed\",RiskRegister[[#This Row],[Residual-I-L-Combo]],RiskRegister[[#This Row],[Inherent-I-L-Combo]])","v":"-- Select Impact ----- Select Likelihood --"},"-- Error --"]
[561,{"$nulls":5},"-- Select Risk Category --",null,"-- select department --",null,null,"-- Select Impact --",{"$f":"VLOOKUP(RiskRegister[[#This Row],[Inherent Impact Level]],'Rating factors'!$F$4:$G$9,2,FALSE)","v":"--- Error ---"},"-- Select Likelihood --",{"$f":"VLOOKUP(RiskRegister[[#This Row],[Inherent Likelihood Level]],'Rating factors'!$F$16:$G$21,2,FALSE)","v":"--- Error ---"},{"$f":"IFERROR(VLOOKUP(RiskRegister[[#This Row],[Inherent Risk Rating]],'Rating factors'!$F$30:$G$44,2,FALSE),\"-- Error --\")","v":"-- Error --"},{"$f":"IFERROR(RiskRegister[[#This Row],[Inherent Impact Rating]]*RiskRegister[[#This Row],[Inherent Likelihood Rating]],\"-- Error --\")","v":"-- Error --"},"-- Select Risk Response --",null,"-- Select Impact --",{"$f":"VLOOKUP(RiskRegister[[#This Row],[Residual Impact Level]],'Rating factors'!$F$4:$G$9,2,FALSE)","v":"--- Error ---"},"-- Select Likelihood --",{"$f":"VLOOKUP(RiskRegister[[#This Row],[Residual Likelihood Level]],'Rating factors'!$F$16:$G$21,2,FALSE)","v":"--- Error ---"},{"$f":"IFERROR(VLOOKUP(RiskRegister[[#This Row],[Residual Risk Rating]],'Rating factors'!$F$30:$G$44,2,FALSE),\"-- Error --\")","v":"-- Error --"},{"$f":"IFERROR(RiskRegister[[#This Row],[Residual Impact Rating]]*RiskRegister[[#This Row],[Residual Likelihood Rating]],\"-- Error --\")","v":"-- Error --"},"-- Select Risk Status --",{"$nulls":3},{"$f":"IF(ISBLANK(RiskRegister[[#This Row],[Risk Due Date]]), \"Missing Risk Due Date\", IF(RiskRegister[[#This Row],[Risk Due Date]] < TODAY(), \"Overdue\", \"Not Overdue\"))","v":"Missing Risk Due Date"},null,{"$f":"IF(ISBLANK(RiskRegister[[#This Row],[Risk Due Date]]), \"Missing Risk Due Date\", TEXT(RiskRegister[[#This Row],[Risk Due Date]], \"YYYY-MM\"))","v":"Missing Risk Due Date"},{"$f":"IF(RiskRegister[[#This Row],[Created Date]]=\"\",\"Created Date missing\",(TEXT(RiskRegister[[#This Row],[Created Date]],\"mmm\") & \"-\" & YEAR(RiskRegister[[#This Row],[Created Date]])))","v":"Created Date missing"},{"$f":"IF(RiskRegister[[#This Row],[Risk Status]]=\"Closed\",RiskRegister[[#This Row],[Risk Close Date]],RiskRegister[[#This Row],[Risk Due Date]])","v":"00:00:00"},{"$f":"IF(RiskRegister[[#This Row],[Risk-Change-Date]]=0,DATE(2030,1,1),RiskRegister[[#This Row],[Risk-Change-Date]])","v":"2030-01-01"},{"$f":"RiskRegister[[#This Row],[Inherent Impact Level]]&\"-\"&RiskRegister[[#This Row],[Inherent Likelihood Level]]","v":"-- Select Impact ----- Select Likelihood --"},{"$f":"RiskRegister[[#This Row],[Residual Impact Level]]&\"-\"&RiskRegister[[#This Row],[Residual Likelihood Level]]","v":"-- Select Impact ----- Select Likelihood --"},"Error",{"$f":"IF(RiskRegister[[#This Row],[Risk Status]]=\"Closed\",RiskRegister[[#This Row],[Residual Impact Level]],RiskRegister[[#This Row],[Inherent Impact Level]])","v":"-- Select Impact --"},{"$f":"IF(RiskRegister[[#This Row],[Risk Status]]=\"Closed\",RiskRegister[[#This Row],[Residual Likelihood Level]],RiskRegister[[#This Row],[Inherent Likelihood Level]])","v":"-- Select Likelihood --"},{"$f":"IF(RiskRegister[[#This Row],[Risk Status]]=\"Closed\",RiskRegister[[#This Row],[Residual-I-L-Combo]],RiskRegister[[#This Row],[Inherent-I-L-Combo]])","v":"-- Select Impact ----- Select Likelihood --"},"-- Error --"]
[562,{"$nulls":5},"-- Select Risk Category --",null,"-- select department --",null,null,"-- Select Impact --",{"$f":"VLOOKUP(RiskRegister[[#This Row],[Inherent Impact Level]],'Rating factors'!$F$4:$G$9,2,FALSE)","v":"--- Error ---"},"-- Select Likelihood --",{"$f":"VLOOKUP(RiskRegister[[#This Row],[Inherent Likelihood Level]],'Rating factors'!$F$16:$G$21,2,FALSE)","v":"--- Error ---"},{"$f":"IFERROR(VLOOKUP(RiskRegister[[#This Row],[Inherent Risk Rating]],'Rating factors'!$F$30:$G$44,2,FALSE),\"-- Error --\")","v":"-- Error --"},{"$f":"IFERROR(RiskRegister[[#This Row],[Inherent Impact Rating]]*RiskRegister[[#This Row],[Inherent Likelihood Rating]],\"-- Error --\")","v":"-- Error --"},"-- Select Risk Response --",null,"-- Select Impact --",{"$f":"VLOOKUP(RiskRegister[[#This Row],[Residual Impact Level]],'Rating factors'!$F$4:$G$9,2,FALSE)","v":"--- Error ---"},"-- Select Likelihood --",{"$f":"VLOOKUP(RiskRegister[[#This Row],[Residual Likelihood Level]],'Rating factors'!$F$16:$G$21,2,FALSE)","v":"--- Error ---"},{"$f":"IFERROR(VLOOKUP(RiskRegister[[#This Row],[Residual Risk Rating]],'Rating factors'!$F$30:$G$44,2,FALSE),\"-- Error --\")","v":"-- Error --"},{"$f":"IFERROR(RiskRegister[[#This Row],[Residual Impact Rating]]*RiskRegister[[#This Row],[Residual Likelihood Rating]],\"-- Error --\")","v":"-- Error --"},"-- Select Risk Status --",{"$nulls":3},{"$f":"IF(ISBLANK(RiskRegister[[#This Row],[Risk Due Date]]), \"Missing Risk Due Date\", IF(RiskRegister[[#This Row],[Risk Due Date]] < TODAY(), \"Overdue\", \"Not Overdue\"))","v":"Missing Risk Due Date"},null,{"$f":"IF(ISBLANK(RiskRegister[[#This Row],[Risk Due Date]]), \"Missing Risk Due Date\", TEXT(RiskRegister[[#This Row],[Risk Due Date]], \"YYYY-MM\"))","v":"Missing Risk Due Date"},{"$f":"IF(RiskRegister[[#This Row],[Created Date]]=\"\",\"Created Date missing\",(TEXT(RiskRegister[[#This Row],[Created Date]],\"mmm\") & \"-\" & YEAR(RiskRegister[[#This Row],[Created Date]])))","v":"Created Date missing"},{"$f":"IF(RiskRegister[[#This Row],[Risk Status]]=\"Closed\",RiskRegister[[#This Row],[Risk Close Date]],RiskRegister[[#This Row],[Risk Due Date]])","v":"00:00:00"},{"$f":"IF(RiskRegister[[#This Row],[Risk-Change-Date]]=0,DATE(2030,1,1),RiskRegister[[#This Row],[Risk-Change-Date]])","v":"2030-01-01"},{"$f":"RiskRegister[[#This Row],[Inherent Impact Level]]&\"-\"&RiskRegister[[#This Row],[Inherent Likelihood Level]]","v":"-- Select Impact ----- Select Likelihood --"},{"$f":"RiskRegister[[#This Row],[Residual Impact Level]]&\"-\"&RiskRegister[[#This Row],[Residual Likelihood Level]]","v":"-- Select Impact ----- Select Likelihood --"},"Error",{"$f":"IF(RiskRegister[[#This Row],[Risk Status]]=\"Closed\",RiskRegister[[#This Row],[Residual Impact Level]],RiskRegister[[#This Row],[Inherent Impact Level]])","v":"-- Select Impact --"},{"$f":"IF(RiskRegister[[#This Row],[Risk Status]]=\"Closed\",RiskRegister[[#This Row],[Residual Likelihood Level]],RiskRegister[[#This Row],[Inherent Likelihood Level]])","v":"-- Select Likelihood --"},{"$f":"IF(RiskRegister[[#This Row],[Risk Status]]=\"Closed\",RiskRegister[[#This Row],[Residual-I-L-Combo]],RiskRegister[[#This Row],[Inherent-I-L-Combo]])","v":"-- Select Impact ----- Select Likelihood --"},"-- Error --"]
[563,{"$nulls":5},"-- Select Risk Category --",null,"-- select department --",null,null,"-- Select Impact --",{"$f":"VLOOKUP(RiskRegister[[#This Row],[Inherent Impact Level]],'Rating factors'!$F$4:$G$9,2,FALSE)","v":"--- Error ---"},"-- Select Likelihood --",{"$f":"VLOOKUP(RiskRegister[[#This Row],[Inherent Likelihood Level]],'Rating factors'!$F$16:$G$21,2,FALSE)","v":"--- Error ---"},{"$f":"IFERROR(VLOOKUP(RiskRegister[[#This Row],[Inherent Risk Rating]],'Rating factors'!$F$30:$G$44,2,FALSE),\"-- Error --\")","v":"-- Error --"},{"$f":"IFERROR(RiskRegister[[#This Row],[Inherent Impact Rating]]*RiskRegister[[#This Row],[Inherent Likelihood Rating]],\"-- Error --\")","v":"-- Error --"},"-- Select Risk Response --",null,"-- Select Impact --",{"$f":"VLOOKUP(RiskRegister[[#This Row],[Residual Impact Level]],'Rating factors'!$F$4:$G$9,2,FALSE)","v":"--- Error ---"},"-- Select Likelihood --",{"$f":"VLOOKUP(RiskRegister[[#This Row],[Residual Likelihood Level]],'Rating factors'!$F$16:$G$21,2,FALSE)","v":"--- Error ---"},{"$f":"IFERROR(VLOOKUP(RiskRegister[[#This Row],[Residual Risk Rating]],'Rating factors'!$F$30:$G$44,2,FALSE),\"-- Error --\")","v":"-- Error --"},{"$f":"IFERROR(RiskRegister[[#This Row],[Residual Impact Rating]]*RiskRegister[[#This Row],[Residual Likelihood Rating]],\"-- Error --\")","v":"-- Error --"},"-- Select Risk Status --",{"$nulls":3},{"$f":"IF(ISBLANK(RiskRegister[[#This Row],[Risk Due Date]]), \"Missing Risk Due Date\", IF(RiskRegister[[#This Row],[Risk Due Date]] < TODAY(), \"Overdue\", \"Not Overdue\"))","v":"Missing Risk Due Date"},null,{"$f":"IF(ISBLANK(RiskRegister[[#This Row],[Risk Due Date]]), \"Missing Risk Due Date\", TEXT(RiskRegister[[#This Row],[Risk Due Date]], \"YYYY-MM\"))","v":"Missing Risk Due Date"},{"$f":"IF(RiskRegister[[#This Row],[Created Date]]=\"\",\"Created Date missing\",(TEXT(RiskRegister[[#This Row],[Created Date]],\"mmm\") & \"-\" & YEAR(RiskRegister[[#This Row],[Created Date]])))","v":"Created Date missing"},{"$f":"IF(RiskRegister[[#This Row],[Risk Status]]=\"Closed\",RiskRegister[[#This Row],[Risk Close Date]],RiskRegister[[#This Row],[Risk Due Date]])","v":"00:00:00"},{"$f":"IF(RiskRegister[[#This Row],[Risk-Change-Date]]=0,DATE(2030,1,1),RiskRegister[[#This Row],[Risk-Change-Date]])","v":"2030-01-01"},{"$f":"RiskRegister[[#This Row],[Inherent Impact Level]]&\"-\"&RiskRegister[[#This Row],[Inherent Likelihood Level]]","v":"-- Select Impact ----- Select Likelihood --"},{"$f":"RiskRegister[[#This Row],[Residual Impact Level]]&\"-\"&RiskRegister[[#This Row],[Residual Likelihood Level]]","v":"-- Select Impact ----- Select Likelihood --"},"Error",{"$f":"IF(RiskRegister[[#This Row],[Risk Status]]=\"Closed\",RiskRegister[[#This Row],[Residual Impact Level]],RiskRegister[[#This Row],[Inherent Impact Level]])","v":"-- Select Impact --"},{"$f":"IF(RiskRegister[[#This Row],[Risk Status]]=\"Closed\",RiskRegister[[#This Row],[Residual Likelihood Level]],RiskRegister[[#This Row],[Inherent Likelihood Level]])","v":"-- Select Likelihood --"},{"$f":"IF(RiskRegister[[#This Row],[Risk Status]]=\"Closed\",RiskRegister[[#This Row],[Residual-I-L-Combo]],RiskRegister[[#This Row],[Inherent-I-L-Combo]])","v":"-- Select Impact ----- Select Likelihood --"},"-- Error --"]
[564,{"$nulls":5},"-- Select Risk Category --",null,"-- select department --",null,null,"-- Select Impact --",{"$f":"VLOOKUP(RiskRegister[[#This Row],[Inherent Impact Level]],'Rating factors'!$F$4:$G$9,2,FALSE)","v":"--- Error ---"},"-- Select Likelihood --",{"$f":"VLOOKUP(RiskRegister[[#This Row],[Inherent Likelihood Level]],'Rating factors'!$F$16:$G$21,2,FALSE)","v":"--- Error ---"},{"$f":"IFERROR(VLOOKUP(RiskRegister[[#This Row],[Inherent Risk Rating]],'Rating factors'!$F$30:$G$44,2,FALSE),\"-- Error --\")","v":"-- Error --"},{"$f":"IFERROR(RiskRegister[[#This Row],[Inherent Impact Rating]]*RiskRegister[[#This Row],[Inherent Likelihood Rating]],\"-- Error --\")","v":"-- Error --"},"-- Select Risk Response --",null,"-- Select Impact --",{"$f":"VLOOKUP(RiskRegister[[#This Row],[Residual Impact Level]],'Rating factors'!$F$4:$G$9,2,FALSE)","v":"--- Error ---"},"-- Select Likelihood --",{"$f":"VLOOKUP(RiskRegister[[#This Row],[Residual Likelihood Level]],'Rating factors'!$F$16:$G$21,2,FALSE)","v":"--- Error ---"},{"$f":"IFERROR(VLOOKUP(RiskRegister[[#This Row],[Residual Risk Rating]],'Rating factors'!$F$30:$G$44,2,FALSE),\"-- Error --\")","v":"-- Error --"},{"$f":"IFERROR(RiskRegister[[#This Row],[Residual Impact Rating]]*RiskRegister[[#This Row],[Residual Likelihood Rating]],\"-- Error --\")","v":"-- Error --"},"-- Select Risk Status --",{"$nulls":3},{"$f":"IF(ISBLANK(RiskRegister[[#This Row],[Risk Due Date]]), \"Missing Risk Due Date\", IF(RiskRegister[[#This Row],[Risk Due Date]] < TODAY(), \"Overdue\", \"Not Overdue\"))","v":"Missing Risk Due Date"},null,{"$f":"IF(ISBLANK(RiskRegister[[#This Row],[Risk Due Date]]), \"Missing Risk Due Date\", TEXT(RiskRegister[[#This Row],[Risk Due Date]], \"YYYY-MM\"))","v":"Missing Risk Due Date"},{"$f":"IF(RiskRegister[[#This Row],[Created Date]]=\"\",\"Created Date missing\",(TEXT(RiskRegister[[#This Row],[Created Date]],\"mmm\") & \"-\" & YEAR(RiskRegister[[#This Row],[Created Date]])))","v":"Created Date missing"},{"$f":"IF(RiskRegister[[#This Row],[Risk Status]]=\"Closed\",RiskRegister[[#This Row],[Risk Close Date]],RiskRegister[[#This Row],[Risk Due Date]])","v":"00:00:00"},{"$f":"IF(RiskRegister[[#This Row],[Risk-Change-Date]]=0,DATE(2030,1,1),RiskRegister[[#This Row],[Risk-Change-Date]])","v":"2030-01-01"},{"$f":"RiskRegister[[#This Row],[Inherent Impact Level]]&\"-\"&RiskRegister[[#This Row],[Inherent Likelihood Level]]","v":"-- Select Impact ----- Select Likelihood --"},{"$f":"RiskRegister[[#This Row],[Residual Impact Level]]&\"-\"&RiskRegister[[#This Row],[Residual Likelihood Level]]","v":"-- Select Impact ----- Select Likelihood --"},"Error",{"$f":"IF(RiskRegister[[#This Row],[Risk Status]]=\"Closed\",RiskRegister[[#This Row],[Residual Impact Level]],RiskRegister[[#This Row],[Inherent Impact Level]])","v":"-- Select Impact --"},{"$f":"IF(RiskRegister[[#This Row],[Risk Status]]=\"Closed\",RiskRegister[[#This Row],[Residual Likelihood Level]],RiskRegister[[#This Row],[Inherent Likelihood Level]])","v":"-- Select Likelihood --"},{"$f":"IF(RiskRegister[[#This Row],[Risk Status]]=\"Closed\",RiskRegister[[#This Row],[Residual-I-L-Combo]],RiskRegister[[#This Row],[Inherent-I-L-Combo]])","v":"-- Select Impact ----- Select Likelihood --"},"-- Error --"]
[565,{"$nulls":5},"-- Select Risk Category --",null,"-- select department --",null,null,"-- Select Impact --",{"$f":"VLOOKUP(RiskRegister[[#This Row],[Inherent Impact Level]],'Rating factors'!$F$4:$G$9,2,FALSE)","v":"--- Error ---"},"-- Select Likelihood --",{"$f":"VLOOKUP(RiskRegister[[#This Row],[Inherent Likelihood Level]],'Rating factors'!$F$16:$G$21,2,FALSE)","v":"--- Error ---"},{"$f":"IFERROR(VLOOKUP(RiskRegister[[#This Row],[Inherent Risk Rating]],'Rating factors'!$F$30:$G$44,2,FALSE),\"-- Error --\")","v":"-- Error --"},{"$f":"IFERROR(RiskRegister[[#This Row],[Inherent Impact Rating]]*RiskRegister[[#This Row],[Inherent Likelihood Rating]],\"-- Error --\")","v":"-- Error --"},"-- Select Risk Response --",null,"-- Select Impact --",{"$f":"VLOOKUP(RiskRegister[[#This Row],[Residual Impact Level]],'Rating factors'!$F$4:$G$9,2,FALSE)","v":"--- Error ---"},"-- Select Likelihood --",{"$f":"VLOOKUP(RiskRegister[[#This Row],[Residual Likelihood Level]],'Rating factors'!$F$16:$G$21,2,FALSE)","v":"--- Error ---"},{"$f":"IFERROR(VLOOKUP(RiskRegister[[#This Row],[Residual Risk Rating]],'Rating factors'!$F$30:$G$44,2,FALSE),\"-- Error --\")","v":"-- Error --"},{"$f":"IFERROR(RiskRegister[[#This Row],[Residual Impact Rating]]*RiskRegister[[#This Row],[Residual Likelihood Rating]],\"-- Error --\")","v":"-- Error --"},"-- Select Risk Status --",{"$nulls":3},{"$f":"IF(ISBLANK(RiskRegister[[#This Row],[Risk Due Date]]), \"Missing Risk Due Date\", IF(RiskRegister[[#This Row],[Risk Due Date]] < TODAY(), \"Overdue\", \"Not Overdue\"))","v":"Missing Risk Due Date"},null,{"$f":"IF(ISBLANK(RiskRegister[[#This Row],[Risk Due Date]]), \"Missing Risk Due Date\", TEXT(RiskRegister[[#This Row],[Risk Due Date]], \"YYYY-MM\"))","v":"Missing Risk Due Date"},{"$f":"IF(RiskRegister[[#This Row],[Created Date]]=\"\",\"Created Date missing\",(TEXT(RiskRegister[[#This Row],[Created Date]],\"mmm\") & \"-\" & YEAR(RiskRegister[[#This Row],[Created Date]])))","v":"Created Date missing"},{"$f":"IF(RiskRegister[[#This Row],[Risk Status]]=\"Closed\",RiskRegister[[#This Row],[Risk Close Date]],RiskRegister[[#This Row],[Risk Due Date]])","v":"00:00:00"},{"$f":"IF(RiskRegister[[#This Row],[Risk-Change-Date]]=0,DATE(2030,1,1),RiskRegister[[#This Row],[Risk-Change-Date]])","v":"2030-01-01"},{"$f":"RiskRegister[[#This Row],[Inherent Impact Level]]&\"-\"&RiskRegister[[#This Row],[Inherent Likelihood Level]]","v":"-- Select Impact ----- Select Likelihood --"},{"$f":"RiskRegister[[#This Row],[Residual Impact Level]]&\"-\"&RiskRegister[[#This Row],[Residual Likelihood Level]]","v":"-- Select Impact ----- Select Likelihood --"},"Error",{"$f":"IF(RiskRegister[[#This Row],[Risk Status]]=\"Closed\",RiskRegister[[#This Row],[Residual Impact Level]],RiskRegister[[#This Row],[Inherent Impact Level]])","v":"-- Select Impact --"},{"$f":"IF(RiskRegister[[#This Row],[Risk Status]]=\"Closed\",RiskRegister[[#This Row],[Residual Likelihood Level]],RiskRegister[[#This Row],[Inherent Likelihood Level]])","v":"-- Select Likelihood --"},{"$f":"IF(RiskRegister[[#This Row],[Risk Status]]=\"Closed\",RiskRegister[[#This Row],[Residual-I-L-Combo]],RiskRegister[[#This Row],[Inherent-I-L-Combo]])","v":"-- Select Impact ----- Select Likelihood --"},"-- Error --"]
[566,{"$nulls":5},"-- Select Risk Category --",null,"-- select department --",null,null,"-- Select Impact --",{"$f":"VLOOKUP(RiskRegister[[#This Row],[Inherent Impact Level]],'Rating factors'!$F$4:$G$9,2,FALSE)","v":"--- Error ---"},"-- Select Likelihood --",{"$f":"VLOOKUP(RiskRegister[[#This Row],[Inherent Likelihood Level]],'Rating factors'!$F$16:$G$21,2,FALSE)","v":"--- Error ---"},{"$f":"IFERROR(VLOOKUP(RiskRegister[[#This Row],[Inherent Risk Rating]],'Rating factors'!$F$30:$G$44,2,FALSE),\"-- Error --\")","v":"-- Error --"},{"$f":"IFERROR(RiskRegister[[#This Row],[Inherent Impact Rating]]*RiskRegister[[#This Row],[Inherent Likelihood Rating]],\"-- Error --\")","v":"-- Error --"},"-- Select Risk Response --",null,"-- Select Impact --",{"$f":"VLOOKUP(RiskRegister[[#This Row],[Residual Impact Level]],'Rating factors'!$F$4:$G$9,2,FALSE)","v":"--- Error ---"},"-- Select Likelihood --",{"$f":"VLOOKUP(RiskRegister[[#This Row],[Residual Likelihood Level]],'Rating factors'!$F$16:$G$21,2,FALSE)","v":"--- Error ---"},{"$f":"IFERROR(VLOOKUP(RiskRegister[[#This Row],[Residual Risk Rating]],'Rating factors'!$F$30:$G$44,2,FALSE),\"-- Error --\")","v":"-- Error --"},{"$f":"IFERROR(RiskRegister[[#This Row],[Residual Impact Rating]]*RiskRegister[[#This Row],[Residual Likelihood Rating]],\"-- Error --\")","v":"-- Error --"},"-- Select Risk Status --",{"$nulls":3},{"$f":"IF(ISBLANK(RiskRegister[[#This Row],[Risk Due Date]]), \"Missing Risk Due Date\", IF(RiskRegister[[#This Row],[Risk Due Date]] < TODAY(), \"Overdue\", \"Not Overdue\"))","v":"Missing Risk Due Date"},null,{"$f":"IF(ISBLANK(RiskRegister[[#This Row],[Risk Due Date]]), \"Missing Risk Due Date\", TEXT(RiskRegister[[#This Row],[Risk Due Date]], \"YYYY-MM\"))","v":"Missing Risk Due Date"},{"$f":"IF(RiskRegister[[#This Row],[Created Date]]=\"\",\"Created Date missing\",(TEXT(RiskRegister[[#This Row],[Created Date]],\"mmm\") & \"-\" & YEAR(RiskRegister[[#This Row],[Created Date]])))","v":"Created Date missing"},{"$f":"IF(RiskRegister[[#This Row],[Risk Status]]=\"Closed\",RiskRegister[[#This Row],[Risk Close Date]],RiskRegister[[#This Row],[Risk Due Date]])","v":"00:00:00"},{"$f":"IF(RiskRegister[[#This Row],[Risk-Change-Date]]=0,DATE(2030,1,1),RiskRegister[[#This Row],[Risk-Change-Date]])","v":"2030-01-01"},{"$f":"RiskRegister[[#This Row],[Inherent Impact Level]]&\"-\"&RiskRegister[[#This Row],[Inherent Likelihood Level]]","v":"-- Select Impact ----- Select Likelihood --"},{"$f":"RiskRegister[[#This Row],[Residual Impact Level]]&\"-\"&RiskRegister[[#This Row],[Residual Likelihood Level]]","v":"-- Select Impact ----- Select Likelihood --"},"Error",{"$f":"IF(RiskRegister[[#This Row],[Risk Status]]=\"Closed\",RiskRegister[[#This Row],[Residual Impact Level]],RiskRegister[[#This Row],[Inherent Impact Level]])","v":"-- Select Impact --"},{"$f":"IF(RiskRegister[[#This Row],[Risk Status]]=\"Closed\",RiskRegister[[#This Row],[Residual Likelihood Level]],RiskRegister[[#This Row],[Inherent Likelihood Level]])","v":"-- Select Likelihood --"},{"$f":"IF(RiskRegister[[#This Row],[Risk Status]]=\"Closed\",RiskRegister[[#This Row],[Residual-I-L-Combo]],RiskRegister[[#This Row],[Inherent-I-L-Combo]])","v":"-- Select Impact ----- Select Likelihood --"},"-- Error --"]
[567,{"$nulls":5},"-- Select Risk Category --",null,"-- select department --",null,null,"-- Select Impact --",{"$f":"VLOOKUP(RiskRegister[[#This Row],[Inherent Impact Level]],'Rating factors'!$F$4:$G$9,2,FALSE)","v":"--- Error ---"},"-- Select Likelihood --",{"$f":"VLOOKUP(RiskRegister[[#This Row],[Inherent Likelihood Level]],'Rating factors'!$F$16:$G$21,2,FALSE)","v":"--- Error ---"},{"$f":"IFERROR(VLOOKUP(RiskRegister[[#This Row],[Inherent Risk Rating]],'Rating factors'!$F$30:$G$44,2,FALSE),\"-- Error --\")","v":"-- Error --"},{"$f":"IFERROR(RiskRegister[[#This Row],[Inherent Impact Rating]]*RiskRegister[[#This Row],[Inherent Likelihood Rating]],\"-- Error --\")","v":"-- Error --"},"-- Select Risk Response --",null,"-- Select Impact --",{"$f":"VLOOKUP(RiskRegister[[#This Row],[Residual Impact Level]],'Rating factors'!$F$4:$G$9,2,FALSE)","v":"--- Error ---"},"-- Select Likelihood --",{"$f":"VLOOKUP(RiskRegister[[#This Row],[Residual Likelihood Level]],'Rating factors'!$F$16:$G$21,2,FALSE)","v":"--- Error ---"},{"$f":"IFERROR(VLOOKUP(RiskRegister[[#This Row],[Residual Risk Rating]],'Rating factors'!$F$30:$G$44,2,FALSE),\"-- Error --\")","v":"-- Error --"},{"$f":"IFERROR(RiskRegister[[#This Row],[Residual Impact Rating]]*RiskRegister[[#This Row],[Residual Likelihood Rating]],\"-- Error --\")","v":"-- Error --"},"-- Select Risk Status --",{"$nulls":3},{"$f":"IF(ISBLANK(RiskRegister[[#This Row],[Risk Due Date]]), \"Missing Risk Due Date\", IF(RiskRegister[[#This Row],[Risk Due Date]] < TODAY(), \"Overdue\", \"Not Overdue\"))","v":"Missing Risk Due Date"},null,{"$f":"IF(ISBLANK(RiskRegister[[#This Row],[Risk Due Date]]), \"Missing Risk Due Date\", TEXT(RiskRegister[[#This Row],[Risk Due Date]], \"YYYY-MM\"))","v":"Missing Risk Due Date"},{"$f":"IF(RiskRegister[[#This Row],[Created Date]]=\"\",\"Created Date missing\",(TEXT(RiskRegister[[#This Row],[Created Date]],\"mmm\") & \"-\" & YEAR(RiskRegister[[#This Row],[Created Date]])))","v":"Created Date missing"},{"$f":"IF(RiskRegister[[#This Row],[Risk Status]]=\"Closed\",RiskRegister[[#This Row],[Risk Close Date]],RiskRegister[[#This Row],[Risk Due Date]])","v":"00:00:00"},{"$f":"IF(RiskRegister[[#This Row],[Risk-Change-Date]]=0,DATE(2030,1,1),RiskRegister[[#This Row],[Risk-Change-Date]])","v":"2030-01-01"},{"$f":"RiskRegister[[#This Row],[Inherent Impact Level]]&\"-\"&RiskRegister[[#This Row],[Inherent Likelihood Level]]","v":"-- Select Impact ----- Select Likelihood --"},{"$f":"RiskRegister[[#This Row],[Residual Impact Level]]&\"-\"&RiskRegister[[#This Row],[Residual Likelihood Level]]","v":"-- Select Impact ----- Select Likelihood --"},"Error",{"$f":"IF(RiskRegister[[#This Row],[Risk Status]]=\"Closed\",RiskRegister[[#This Row],[Residual Impact Level]],RiskRegister[[#This Row],[Inherent Impact Level]])","v":"-- Select Impact --"},{"$f":"IF(RiskRegister[[#This Row],[Risk Status]]=\"Closed\",RiskRegister[[#This Row],[Residual Likelihood Level]],RiskRegister[[#This Row],[Inherent Likelihood Level]])","v":"-- Select Likelihood --"},{"$f":"IF(RiskRegister[[#This Row],[Risk Status]]=\"Closed\",RiskRegister[[#This Row],[Residual-I-L-Combo]],RiskRegister[[#This Row],[Inherent-I-L-Combo]])","v":"-- Select Impact ----- Select Likelihood --"},"-- Error --"]
[568,{"$nulls":5},"-- Select Risk Category --",null,"-- select department --",null,null,"-- Select Impact --",{"$f":"VLOOKUP(RiskRegister[[#This Row],[Inherent Impact Level]],'Rating factors'!$F$4:$G$9,2,FALSE)","v":"--- Error ---"},"-- Select Likelihood --",{"$f":"VLOOKUP(RiskRegister[[#This Row],[Inherent Likelihood Level]],'Rating factors'!$F$16:$G$21,2,FALSE)","v":"--- Error ---"},{"$f":"IFERROR(VLOOKUP(RiskRegister[[#This Row],[Inherent Risk Rating]],'Rating factors'!$F$30:$G$44,2,FALSE),\"-- Error --\")","v":"-- Error --"},{"$f":"IFERROR(RiskRegister[[#This Row],[Inherent Impact Rating]]*RiskRegister[[#This Row],[Inherent Likelihood Rating]],\"-- Error --\")","v":"-- Error --"},"-- Select Risk Response --",null,"-- Select Impact --",{"$f":"VLOOKUP(RiskRegister[[#This Row],[Residual Impact Level]],'Rating factors'!$F$4:$G$9,2,FALSE)","v":"--- Error ---"},"-- Select Likelihood --",{"$f":"VLOOKUP(RiskRegister[[#This Row],[Residual Likelihood Level]],'Rating factors'!$F$16:$G$21,2,FALSE)","v":"--- Error ---"},{"$f":"IFERROR(VLOOKUP(RiskRegister[[#This Row],[Residual Risk Rating]],'Rating factors'!$F$30:$G$44,2,FALSE),\"-- Error --\")","v":"-- Error --"},{"$f":"IFERROR(RiskRegister[[#This Row],[Residual Impact Rating]]*RiskRegister[[#This Row],[Residual Likelihood Rating]],\"-- Error --\")","v":"-- Error --"},"-- Select Risk Status --",{"$nulls":3},{"$f":"IF(ISBLANK(RiskRegister[[#This Row],[Risk Due Date]]), \"Missing Risk Due Date\", IF(RiskRegister[[#This Row],[Risk Due Date]] < TODAY(), \"Overdue\", \"Not Overdue\"))","v":"Missing Risk Due Date"},null,{"$f":"IF(ISBLANK(RiskRegister[[#This Row],[Risk Due Date]]), \"Missing Risk Due Date\", TEXT(RiskRegister[[#This Row],[Risk Due Date]], \"YYYY-MM\"))","v":"Missing Risk Due Date"},{"$f":"IF(RiskRegister[[#This Row],[Created Date]]=\"\",\"Created Date missing\",(TEXT(RiskRegister[[#This Row],[Created Date]],\"mmm\") & \"-\" & YEAR(RiskRegister[[#This Row],[Created Date]])))","v":"Created Date missing"},{"$f":"IF(RiskRegister[[#This Row],[Risk Status]]=\"Closed\",RiskRegister[[#This Row],[Risk Close Date]],RiskRegister[[#This Row],[Risk Due Date]])","v":"00:00:00"},{"$f":"IF(RiskRegister[[#This Row],[Risk-Change-Date]]=0,DATE(2030,1,1),RiskRegister[[#This Row],[Risk-Change-Date]])","v":"2030-01-01"},{"$f":"RiskRegister[[#This Row],[Inherent Impact Level]]&\"-\"&RiskRegister[[#This Row],[Inherent Likelihood Level]]","v":"-- Select Impact ----- Select Likelihood --"},{"$f":"RiskRegister[[#This Row],[Residual Impact Level]]&\"-\"&RiskRegister[[#This Row],[Residual Likelihood Level]]","v":"-- Select Impact ----- Select Likelihood --"},"Error",{"$f":"IF(RiskRegister[[#This Row],[Risk Status]]=\"Closed\",RiskRegister[[#This Row],[Residual Impact Level]],RiskRegister[[#This Row],[Inherent Impact Level]])","v":"-- Select Impact --"},{"$f":"IF(RiskRegister[[#This Row],[Risk Status]]=\"Closed\",RiskRegister[[#This Row],[Residual Likelihood Level]],RiskRegister[[#This Row],[Inherent Likelihood Level]])","v":"-- Select Likelihood --"},{"$f":"IF(RiskRegister[[#This Row],[Risk Status]]=\"Closed\",RiskRegister[[#This Row],[Residual-I-L-Combo]],RiskRegister[[#This Row],[Inherent-I-L-Combo]])","v":"-- Select Impact ----- Select Likelihood --"},"-- Error --"]
[569,{"$nulls":5},"-- Select Risk Category --",null,"-- select department --",null,null,"-- Select Impact --",{"$f":"VLOOKUP(RiskRegister[[#This Row],[Inherent Impact Level]],'Rating factors'!$F$4:$G$9,2,FALSE)","v":"--- Error ---"},"-- Select Likelihood --",{"$f":"VLOOKUP(RiskRegister[[#This Row],[Inherent Likelihood Level]],'Rating factors'!$F$16:$G$21,2,FALSE)","v":"--- Error ---"},{"$f":"IFERROR(VLOOKUP(RiskRegister[[#This Row],[Inherent Risk Rating]],'Rating factors'!$F$30:$G$44,2,FALSE),\"-- Error --\")","v":"-- Error --"},{"$f":"IFERROR(RiskRegister[[#This Row],[Inherent Impact Rating]]*RiskRegister[[#This Row],[Inherent Likelihood Rating]],\"-- Error --\")","v":"-- Error --"},"-- Select Risk Response --",null,"-- Select Impact --",{"$f":"VLOOKUP(RiskRegister[[#This Row],[Residual Impact Level]],'Rating factors'!$F$4:$G$9,2,FALSE)","v":"--- Error ---"},"-- Select Likelihood --",{"$f":"VLOOKUP(RiskRegister[[#This Row],[Residual Likelihood Level]],'Rating factors'!$F$16:$G$21,2,FALSE)","v":"--- Error ---"},{"$f":"IFERROR(VLOOKUP(RiskRegister[[#This Row],[Residual Risk Rating]],'Rating factors'!$F$30:$G$44,2,FALSE),\"-- Error --\")","v":"-- Error --"},{"$f":"IFERROR(RiskRegister[[#This Row],[Residual Impact Rating]]*RiskRegister[[#This Row],[Residual Likelihood Rating]],\"-- Error --\")","v":"-- Error --"},"-- Select Risk Status --",{"$nulls":3},{"$f":"IF(ISBLANK(RiskRegister[[#This Row],[Risk Due Date]]), \"Missing Risk Due Date\", IF(RiskRegister[[#This Row],[Risk Due Date]] < TODAY(), \"Overdue\", \"Not Overdue\"))","v":"Missing Risk Due Date"},null,{"$f":"IF(ISBLANK(RiskRegister[[#This Row],[Risk Due Date]]), \"Missing Risk Due Date\", TEXT(RiskRegister[[#This Row],[Risk Due Date]], \"YYYY-MM\"))","v":"Missing Risk Due Date"},{"$f":"IF(RiskRegister[[#This Row],[Created Date]]=\"\",\"Created Date missing\",(TEXT(RiskRegister[[#This Row],[Created Date]],\"mmm\") & \"-\" & YEAR(RiskRegister[[#This Row],[Created Date]])))","v":"Created Date missing"},{"$f":"IF(RiskRegister[[#This Row],[Risk Status]]=\"Closed\",RiskRegister[[#This Row],[Risk Close Date]],RiskRegister[[#This Row],[Risk Due Date]])","v":"00:00:00"},{"$f":"IF(RiskRegister[[#This Row],[Risk-Change-Date]]=0,DATE(2030,1,1),RiskRegister[[#This Row],[Risk-Change-Date]])","v":"2030-01-01"},{"$f":"RiskRegister[[#This Row],[Inherent Impact Level]]&\"-\"&RiskRegister[[#This Row],[Inherent Likelihood Level]]","v":"-- Select Impact ----- Select Likelihood --"},{"$f":"RiskRegister[[#This Row],[Residual Impact Level]]&\"-\"&RiskRegister[[#This Row],[Residual Likelihood Level]]","v":"-- Select Impact ----- Select Likelihood --"},"Error",{"$f":"IF(RiskRegister[[#This Row],[Risk Status]]=\"Closed\",RiskRegister[[#This Row],[Residual Impact Level]],RiskRegister[[#This Row],[Inherent Impact Level]])","v":"-- Select Impact --"},{"$f":"IF(RiskRegister[[#This Row],[Risk Status]]=\"Closed\",RiskRegister[[#This Row],[Residual Likelihood Level]],RiskRegister[[#This Row],[Inherent Likelihood Level]])","v":"-- Select Likelihood --"},{"$f":"IF(RiskRegister[[#This Row],[Risk Status]]=\"Closed\",RiskRegister[[#This Row],[Residual-I-L-Combo]],RiskRegister[[#This Row],[Inherent-I-L-Combo]])","v":"-- Select Impact ----- Select Likelihood --"},"-- Error --"]
[570,{"$nulls":5},"-- Select Risk Category --",null,"-- select department --",null,null,"-- Select Impact --",{"$f":"VLOOKUP(RiskRegister[[#This Row],[Inherent Impact Level]],'Rating factors'!$F$4:$G$9,2,FALSE)","v":"--- Error ---"},"-- Select Likelihood --",{"$f":"VLOOKUP(RiskRegister[[#This Row],[Inherent Likelihood Level]],'Rating factors'!$F$16:$G$21,2,FALSE)","v":"--- Error ---"},{"$f":"IFERROR(VLOOKUP(RiskRegister[[#This Row],[Inherent Risk Rating]],'Rating factors'!$F$30:$G$44,2,FALSE),\"-- Error --\")","v":"-- Error --"},{"$f":"IFERROR(RiskRegister[[#This Row],[Inherent Impact Rating]]*RiskRegister[[#This Row],[Inherent Likelihood Rating]],\"-- Error --\")","v":"-- Error --"},"-- Select Risk Response --",null,"-- Select Impact --",{"$f":"VLOOKUP(RiskRegister[[#This Row],[Residual Impact Level]],'Rating factors'!$F$4:$G$9,2,FALSE)","v":"--- Error ---"},"-- Select Likelihood --",{"$f":"VLOOKUP(RiskRegister[[#This Row],[Residual Likelihood Level]],'Rating factors'!$F$16:$G$21,2,FALSE)","v":"--- Error ---"},{"$f":"IFERROR(VLOOKUP(RiskRegister[[#This Row],[Residual Risk Rating]],'Rating factors'!$F$30:$G$44,2,FALSE),\"-- Error --\")","v":"-- Error --"},{"$f":"IFERROR(RiskRegister[[#This Row],[Residual Impact Rating]]*RiskRegister[[#This Row],[Residual Likelihood Rating]],\"-- Error --\")","v":"-- Error --"},"-- Select Risk Status --",{"$nulls":3},{"$f":"IF(ISBLANK(RiskRegister[[#This Row],[Risk Due Date]]), \"Missing Risk Due Date\", IF(RiskRegister[[#This Row],[Risk Due Date]] < TODAY(), \"Overdue\", \"Not Overdue\"))","v":"Missing Risk Due Date"},null,{"$f":"IF(ISBLANK(RiskRegister[[#This Row],[Risk Due Date]]), \"Missing Risk Due Date\", TEXT(RiskRegister[[#This Row],[Risk Due Date]], \"YYYY-MM\"))","v":"Missing Risk Due Date"},{"$f":"IF(RiskRegister[[#This Row],[Created Date]]=\"\",\"Created Date missing\",(TEXT(RiskRegister[[#This Row],[Created Date]],\"mmm\") & \"-\" & YEAR(RiskRegister[[#This Row],[Created Date]])))","v":"Created Date missing"},{"$f":"IF(RiskRegister[[#This Row],[Risk Status]]=\"Closed\",RiskRegister[[#This Row],[Risk Close Date]],RiskRegister[[#This Row],[Risk Due Date]])","v":"00:00:00"},{"$f":"IF(RiskRegister[[#This Row],[Risk-Change-Date]]=0,DATE(2030,1,1),RiskRegister[[#This Row],[Risk-Change-Date]])","v":"2030-01-01"},{"$f":"RiskRegister[[#This Row],[Inherent Impact Level]]&\"-\"&RiskRegister[[#This Row],[Inherent Likelihood Level]]","v":"-- Select Impact ----- Select Likelihood --"},{"$f":"RiskRegister[[#This Row],[Residual Impact Level]]&\"-\"&RiskRegister[[#This Row],[Residual Likelihood Level]]","v":"-- Select Impact ----- Select Likelihood --"},"Error",{"$f":"IF(RiskRegister[[#This Row],[Risk Status]]=\"Closed\",RiskRegister[[#This Row],[Residual Impact Level]],RiskRegister[[#This Row],[Inherent Impact Level]])","v":"-- Select Impact --"},{"$f":"IF(RiskRegister[[#This Row],[Risk Status]]=\"Closed\",RiskRegister[[#This Row],[Residual Likelihood Level]],RiskRegister[[#This Row],[Inherent Likelihood Level]])","v":"-- Select Likelihood --"},{"$f":"IF(RiskRegister[[#This Row],[Risk Status]]=\"Closed\",RiskRegister[[#This Row],[Residual-I-L-Combo]],RiskRegister[[#This Row],[Inherent-I-L-Combo]])","v":"-- Select Impact ----- Select Likelihood --"},"-- Error --"]
[571,{"$nulls":5},"-- Select Risk Category --",null,"-- select department --",null,null,"-- Select Impact --",{"$f":"VLOOKUP(RiskRegister[[#This Row],[Inherent Impact Level]],'Rating factors'!$F$4:$G$9,2,FALSE)","v":"--- Error ---"},"-- Select Likelihood --",{"$f":"VLOOKUP(RiskRegister[[#This Row],[Inherent Likelihood Level]],'Rating factors'!$F$16:$G$21,2,FALSE)","v":"--- Error ---"},{"$f":"IFERROR(VLOOKUP(RiskRegister[[#This Row],[Inherent Risk Rating]],'Rating factors'!$F$30:$G$44,2,FALSE),\"-- Error --\")","v":"-- Error --"},{"$f":"IFERROR(RiskRegister[[#This Row],[Inherent Impact Rating]]*RiskRegister[[#This Row],[Inherent Likelihood Rating]],\"-- Error --\")","v":"-- Error --"},"-- Select Risk Response --",null,"-- Select Impact --",{"$f":"VLOOKUP(RiskRegister[[#This Row],[Residual Impact Level]],'Rating factors'!$F$4:$G$9,2,FALSE)","v":"--- Error ---"},"-- Select Likelihood --",{"$f":"VLOOKUP(RiskRegister[[#This Row],[Residual Likelihood Level]],'Rating factors'!$F$16:$G$21,2,FALSE)","v":"--- Error ---"},{"$f":"IFERROR(VLOOKUP(RiskRegister[[#This Row],[Residual Risk Rating]],'Rating factors'!$F$30:$G$44,2,FALSE),\"-- Error --\")","v":"-- Error --"},{"$f":"IFERROR(RiskRegister[[#This Row],[Residual Impact Rating]]*RiskRegister[[#This Row],[Residual Likelihood Rating]],\"-- Error --\")","v":"-- Error --"},"-- Select Risk Status --",{"$nulls":3},{"$f":"IF(ISBLANK(RiskRegister[[#This Row],[Risk Due Date]]), \"Missing Risk Due Date\", IF(RiskRegister[[#This Row],[Risk Due Date]] < TODAY(), \"Overdue\", \"Not Overdue\"))","v":"Missing Risk Due Date"},null,{"$f":"IF(ISBLANK(RiskRegister[[#This Row],[Risk Due Date]]), \"Missing Risk Due Date\", TEXT(RiskRegister[[#This Row],[Risk Due Date]], \"YYYY-MM\"))","v":"Missing Risk Due Date"},{"$f":"IF(RiskRegister[[#This Row],[Created Date]]=\"\",\"Created Date missing\",(TEXT(RiskRegister[[#This Row],[Created Date]],\"mmm\") & \"-\" & YEAR(RiskRegister[[#This Row],[Created Date]])))","v":"Created Date missing"},{"$f":"IF(RiskRegister[[#This Row],[Risk Status]]=\"Closed\",RiskRegister[[#This Row],[Risk Close Date]],RiskRegister[[#This Row],[Risk Due Date]])","v":"00:00:00"},{"$f":"IF(RiskRegister[[#This Row],[Risk-Change-Date]]=0,DATE(2030,1,1),RiskRegister[[#This Row],[Risk-Change-Date]])","v":"2030-01-01"},{"$f":"RiskRegister[[#This Row],[Inherent Impact Level]]&\"-\"&RiskRegister[[#This Row],[Inherent Likelihood Level]]","v":"-- Select Impact ----- Select Likelihood --"},{"$f":"RiskRegister[[#This Row],[Residual Impact Level]]&\"-\"&RiskRegister[[#This Row],[Residual Likelihood Level]]","v":"-- Select Impact ----- Select Likelihood --"},"Error",{"$f":"IF(RiskRegister[[#This Row],[Risk Status]]=\"Closed\",RiskRegister[[#This Row],[Residual Impact Level]],RiskRegister[[#This Row],[Inherent Impact Level]])","v":"-- Select Impact --"},{"$f":"IF(RiskRegister[[#This Row],[Risk Status]]=\"Closed\",RiskRegister[[#This Row],[Residual Likelihood Level]],RiskRegister[[#This Row],[Inherent Likelihood Level]])","v":"-- Select Likelihood --"},{"$f":"IF(RiskRegister[[#This Row],[Risk Status]]=\"Closed\",RiskRegister[[#This Row],[Residual-I-L-Combo]],RiskRegister[[#This Row],[Inherent-I-L-Combo]])","v":"-- Select Impact ----- Select Likelihood --"},"-- Error --"]
[572,{"$nulls":5},"-- Select Risk Category --",null,"-- select department --",null,null,"-- Select Impact --",{"$f":"VLOOKUP(RiskRegister[[#This Row],[Inherent Impact Level]],'Rating factors'!$F$4:$G$9,2,FALSE)","v":"--- Error ---"},"-- Select Likelihood --",{"$f":"VLOOKUP(RiskRegister[[#This Row],[Inherent Likelihood Level]],'Rating factors'!$F$16:$G$21,2,FALSE)","v":"--- Error ---"},{"$f":"IFERROR(VLOOKUP(RiskRegister[[#This Row],[Inherent Risk Rating]],'Rating factors'!$F$30:$G$44,2,FALSE),\"-- Error --\")","v":"-- Error --"},{"$f":"IFERROR(RiskRegister[[#This Row],[Inherent Impact Rating]]*RiskRegister[[#This Row],[Inherent Likelihood Rating]],\"-- Error --\")","v":"-- Error --"},"-- Select Risk Response --",null,"-- Select Impact --",{"$f":"VLOOKUP(RiskRegister[[#This Row],[Residual Impact Level]],'Rating factors'!$F$4:$G$9,2,FALSE)","v":"--- Error ---"},"-- Select Likelihood --",{"$f":"VLOOKUP(RiskRegister[[#This Row],[Residual Likelihood Level]],'Rating factors'!$F$16:$G$21,2,FALSE)","v":"--- Error ---"},{"$f":"IFERROR(VLOOKUP(RiskRegister[[#This Row],[Residual Risk Rating]],'Rating factors'!$F$30:$G$44,2,FALSE),\"-- Error --\")","v":"-- Error --"},{"$f":"IFERROR(RiskRegister[[#This Row],[Residual Impact Rating]]*RiskRegister[[#This Row],[Residual Likelihood Rating]],\"-- Error --\")","v":"-- Error --"},"-- Select Risk Status --",{"$nulls":3},{"$f":"IF(ISBLANK(RiskRegister[[#This Row],[Risk Due Date]]), \"Missing Risk Due Date\", IF(RiskRegister[[#This Row],[Risk Due Date]] < TODAY(), \"Overdue\", \"Not Overdue\"))","v":"Missing Risk Due Date"},null,{"$f":"IF(ISBLANK(RiskRegister[[#This Row],[Risk Due Date]]), \"Missing Risk Due Date\", TEXT(RiskRegister[[#This Row],[Risk Due Date]], \"YYYY-MM\"))","v":"Missing Risk Due Date"},{"$f":"IF(RiskRegister[[#This Row],[Created Date]]=\"\",\"Created Date missing\",(TEXT(RiskRegister[[#This Row],[Created Date]],\"mmm\") & \"-\" & YEAR(RiskRegister[[#This Row],[Created Date]])))","v":"Created Date missing"},{"$f":"IF(RiskRegister[[#This Row],[Risk Status]]=\"Closed\",RiskRegister[[#This Row],[Risk Close Date]],RiskRegister[[#This Row],[Risk Due Date]])","v":"00:00:00"},{"$f":"IF(RiskRegister[[#This Row],[Risk-Change-Date]]=0,DATE(2030,1,1),RiskRegister[[#This Row],[Risk-Change-Date]])","v":"2030-01-01"},{"$f":"RiskRegister[[#This Row],[Inherent Impact Level]]&\"-\"&RiskRegister[[#This Row],[Inherent Likelihood Level]]","v":"-- Select Impact ----- Select Likelihood --"},{"$f":"RiskRegister[[#This Row],[Residual Impact Level]]&\"-\"&RiskRegister[[#This Row],[Residual Likelihood Level]]","v":"-- Select Impact ----- Select Likelihood --"},"Error",{"$f":"IF(RiskRegister[[#This Row],[Risk Status]]=\"Closed\",RiskRegister[[#This Row],[Residual Impact Level]],RiskRegister[[#This Row],[Inherent Impact Level]])","v":"-- Select Impact --"},{"$f":"IF(RiskRegister[[#This Row],[Risk Status]]=\"Closed\",RiskRegister[[#This Row],[Residual Likelihood Level]],RiskRegister[[#This Row],[Inherent Likelihood Level]])","v":"-- Select Likelihood --"},{"$f":"IF(RiskRegister[[#This Row],[Risk Status]]=\"Closed\",RiskRegister[[#This Row],[Residual-I-L-Combo]],RiskRegister[[#This Row],[Inherent-I-L-Combo]])","v":"-- Select Impact ----- Select Likelihood --"},"-- Error --"]
[573,{"$nulls":5},"-- Select Risk Category --",null,"-- select department --",null,null,"-- Select Impact --",{"$f":"VLOOKUP(RiskRegister[[#This Row],[Inherent Impact Level]],'Rating factors'!$F$4:$G$9,2,FALSE)","v":"--- Error ---"},"-- Select Likelihood --",{"$f":"VLOOKUP(RiskRegister[[#This Row],[Inherent Likelihood Level]],'Rating factors'!$F$16:$G$21,2,FALSE)","v":"--- Error ---"},{"$f":"IFERROR(VLOOKUP(RiskRegister[[#This Row],[Inherent Risk Rating]],'Rating factors'!$F$30:$G$44,2,FALSE),\"-- Error --\")","v":"-- Error --"},{"$f":"IFERROR(RiskRegister[[#This Row],[Inherent Impact Rating]]*RiskRegister[[#This Row],[Inherent Likelihood Rating]],\"-- Error --\")","v":"-- Error --"},"-- Select Risk Response --",null,"-- Select Impact --",{"$f":"VLOOKUP(RiskRegister[[#This Row],[Residual Impact Level]],'Rating factors'!$F$4:$G$9,2,FALSE)","v":"--- Error ---"},"-- Select Likelihood --",{"$f":"VLOOKUP(RiskRegister[[#This Row],[Residual Likelihood Level]],'Rating factors'!$F$16:$G$21,2,FALSE)","v":"--- Error ---"},{"$f":"IFERROR(VLOOKUP(RiskRegister[[#This Row],[Residual Risk Rating]],'Rating factors'!$F$30:$G$44,2,FALSE),\"-- Error --\")","v":"-- Error --"},{"$f":"IFERROR(RiskRegister[[#This Row],[Residual Impact Rating]]*RiskRegister[[#This Row],[Residual Likelihood Rating]],\"-- Error --\")","v":"-- Error --"},"-- Select Risk Status --",{"$nulls":3},{"$f":"IF(ISBLANK(RiskRegister[[#This Row],[Risk Due Date]]), \"Missing Risk Due Date\", IF(RiskRegister[[#This Row],[Risk Due Date]] < TODAY(), \"Overdue\", \"Not Overdue\"))","v":"Missing Risk Due Date"},null,{"$f":"IF(ISBLANK(RiskRegister[[#This Row],[Risk Due Date]]), \"Missing Risk Due Date\", TEXT(RiskRegister[[#This Row],[Risk Due Date]], \"YYYY-MM\"))","v":"Missing Risk Due Date"},{"$f":"IF(RiskRegister[[#This Row],[Created Date]]=\"\",\"Created Date missing\",(TEXT(RiskRegister[[#This Row],[Created Date]],\"mmm\") & \"-\" & YEAR(RiskRegister[[#This Row],[Created Date]])))","v":"Created Date missing"},{"$f":"IF(RiskRegister[[#This Row],[Risk Status]]=\"Closed\",RiskRegister[[#This Row],[Risk Close Date]],RiskRegister[[#This Row],[Risk Due Date]])","v":"00:00:00"},{"$f":"IF(RiskRegister[[#This Row],[Risk-Change-Date]]=0,DATE(2030,1,1),RiskRegister[[#This Row],[Risk-Change-Date]])","v":"2030-01-01"},{"$f":"RiskRegister[[#This Row],[Inherent Impact Level]]&\"-\"&RiskRegister[[#This Row],[Inherent Likelihood Level]]","v":"-- Select Impact ----- Select Likelihood --"},{"$f":"RiskRegister[[#This Row],[Residual Impact Level]]&\"-\"&RiskRegister[[#This Row],[Residual Likelihood Level]]","v":"-- Select Impact ----- Select Likelihood --"},"Error",{"$f":"IF(RiskRegister[[#This Row],[Risk Status]]=\"Closed\",RiskRegister[[#This Row],[Residual Impact Level]],RiskRegister[[#This Row],[Inherent Impact Level]])","v":"-- Select Impact --"},{"$f":"IF(RiskRegister[[#This Row],[Risk Status]]=\"Closed\",RiskRegister[[#This Row],[Residual Likelihood Level]],RiskRegister[[#This Row],[Inherent Likelihood Level]])","v":"-- Select Likelihood --"},{"$f":"IF(RiskRegister[[#This Row],[Risk Status]]=\"Closed\",RiskRegister[[#This Row],[Residual-I-L-Combo]],RiskRegister[[#This Row],[Inherent-I-L-Combo]])","v":"-- Select Impact ----- Select Likelihood --"},"-- Error --"]
[574,{"$nulls":5},"-- Select Risk Category --",null,"-- select department --",null,null,"-- Select Impact --",{"$f":"VLOOKUP(RiskRegister[[#This Row],[Inherent Impact Level]],'Rating factors'!$F$4:$G$9,2,FALSE)","v":"--- Error ---"},"-- Select Likelihood --",{"$f":"VLOOKUP(RiskRegister[[#This Row],[Inherent Likelihood Level]],'Rating factors'!$F$16:$G$21,2,FALSE)","v":"--- Error ---"},{"$f":"IFERROR(VLOOKUP(RiskRegister[[#This Row],[Inherent Risk Rating]],'Rating factors'!$F$30:$G$44,2,FALSE),\"-- Error --\")","v":"-- Error --"},{"$f":"IFERROR(RiskRegister[[#This Row],[Inherent Impact Rating]]*RiskRegister[[#This Row],[Inherent Likelihood Rating]],\"-- Error --\")","v":"-- Error --"},"-- Select Risk Response --",null,"-- Select Impact --",{"$f":"VLOOKUP(RiskRegister[[#This Row],[Residual Impact Level]],'Rating factors'!$F$4:$G$9,2,FALSE)","v":"--- Error ---"},"-- Select Likelihood --",{"$f":"VLOOKUP(RiskRegister[[#This Row],[Residual Likelihood Level]],'Rating factors'!$F$16:$G$21,2,FALSE)","v":"--- Error ---"},{"$f":"IFERROR(VLOOKUP(RiskRegister[[#This Row],[Residual Risk Rating]],'Rating factors'!$F$30:$G$44,2,FALSE),\"-- Error --\")","v":"-- Error --"},{"$f":"IFERROR(RiskRegister[[#This Row],[Residual Impact Rating]]*RiskRegister[[#This Row],[Residual Likelihood Rating]],\"-- Error --\")","v":"-- Error --"},"-- Select Risk Status --",{"$nulls":3},{"$f":"IF(ISBLANK(RiskRegister[[#This Row],[Risk Due Date]]), \"Missing Risk Due Date\", IF(RiskRegister[[#This Row],[Risk Due Date]] < TODAY(), \"Overdue\", \"Not Overdue\"))","v":"Missing Risk Due Date"},null,{"$f":"IF(ISBLANK(RiskRegister[[#This Row],[Risk Due Date]]), \"Missing Risk Due Date\", TEXT(RiskRegister[[#This Row],[Risk Due Date]], \"YYYY-MM\"))","v":"Missing Risk Due Date"},{"$f":"IF(RiskRegister[[#This Row],[Created Date]]=\"\",\"Created Date missing\",(TEXT(RiskRegister[[#This Row],[Created Date]],\"mmm\") & \"-\" & YEAR(RiskRegister[[#This Row],[Created Date]])))","v":"Created Date missing"},{"$f":"IF(RiskRegister[[#This Row],[Risk Status]]=\"Closed\",RiskRegister[[#This Row],[Risk Close Date]],RiskRegister[[#This Row],[Risk Due Date]])","v":"00:00:00"},{"$f":"IF(RiskRegister[[#This Row],[Risk-Change-Date]]=0,DATE(2030,1,1),RiskRegister[[#This Row],[Risk-Change-Date]])","v":"2030-01-01"},{"$f":"RiskRegister[[#This Row],[Inherent Impact Level]]&\"-\"&RiskRegister[[#This Row],[Inherent Likelihood Level]]","v":"-- Select Impact ----- Select Likelihood --"},{"$f":"RiskRegister[[#This Row],[Residual Impact Level]]&\"-\"&RiskRegister[[#This Row],[Residual Likelihood Level]]","v":"-- Select Impact ----- Select Likelihood --"},"Error",{"$f":"IF(RiskRegister[[#This Row],[Risk Status]]=\"Closed\",RiskRegister[[#This Row],[Residual Impact Level]],RiskRegister[[#This Row],[Inherent Impact Level]])","v":"-- Select Impact --"},{"$f":"IF(RiskRegister[[#This Row],[Risk Status]]=\"Closed\",RiskRegister[[#This Row],[Residual Likelihood Level]],RiskRegister[[#This Row],[Inherent Likelihood Level]])","v":"-- Select Likelihood --"},{"$f":"IF(RiskRegister[[#This Row],[Risk Status]]=\"Closed\",RiskRegister[[#This Row],[Residual-I-L-Combo]],RiskRegister[[#This Row],[Inherent-I-L-Combo]])","v":"-- Select Impact ----- Select Likelihood --"},"-- Error --"]
[575,{"$nulls":5},"-- Select Risk Category --",null,"-- select department --",null,null,"-- Select Impact --",{"$f":"VLOOKUP(RiskRegister[[#This Row],[Inherent Impact Level]],'Rating factors'!$F$4:$G$9,2,FALSE)","v":"--- Error ---"},"-- Select Likelihood --",{"$f":"VLOOKUP(RiskRegister[[#This Row],[Inherent Likelihood Level]],'Rating factors'!$F$16:$G$21,2,FALSE)","v":"--- Error ---"},{"$f":"IFERROR(VLOOKUP(RiskRegister[[#This Row],[Inherent Risk Rating]],'Rating factors'!$F$30:$G$44,2,FALSE),\"-- Error --\")","v":"-- Error --"},{"$f":"IFERROR(RiskRegister[[#This Row],[Inherent Impact Rating]]*RiskRegister[[#This Row],[Inherent Likelihood Rating]],\"-- Error --\")","v":"-- Error --"},"-- Select Risk Response --",null,"-- Select Impact --",{"$f":"VLOOKUP(RiskRegister[[#This Row],[Residual Impact Level]],'Rating factors'!$F$4:$G$9,2,FALSE)","v":"--- Error ---"},"-- Select Likelihood --",{"$f":"VLOOKUP(RiskRegister[[#This Row],[Residual Likelihood Level]],'Rating factors'!$F$16:$G$21,2,FALSE)","v":"--- Error ---"},{"$f":"IFERROR(VLOOKUP(RiskRegister[[#This Row],[Residual Risk Rating]],'Rating factors'!$F$30:$G$44,2,FALSE),\"-- Error --\")","v":"-- Error --"},{"$f":"IFERROR(RiskRegister[[#This Row],[Residual Impact Rating]]*RiskRegister[[#This Row],[Residual Likelihood Rating]],\"-- Error --\")","v":"-- Error --"},"-- Select Risk Status --",{"$nulls":3},{"$f":"IF(ISBLANK(RiskRegister[[#This Row],[Risk Due Date]]), \"Missing Risk Due Date\", IF(RiskRegister[[#This Row],[Risk Due Date]] < TODAY(), \"Overdue\", \"Not Overdue\"))","v":"Missing Risk Due Date"},null,{"$f":"IF(ISBLANK(RiskRegister[[#This Row],[Risk Due Date]]), \"Missing Risk Due Date\", TEXT(RiskRegister[[#This Row],[Risk Due Date]], \"YYYY-MM\"))","v":"Missing Risk Due Date"},{"$f":"IF(RiskRegister[[#This Row],[Created Date]]=\"\",\"Created Date missing\",(TEXT(RiskRegister[[#This Row],[Created Date]],\"mmm\") & \"-\" & YEAR(RiskRegister[[#This Row],[Created Date]])))","v":"Created Date missing"},{"$f":"IF(RiskRegister[[#This Row],[Risk Status]]=\"Closed\",RiskRegister[[#This Row],[Risk Close Date]],RiskRegister[[#This Row],[Risk Due Date]])","v":"00:00:00"},{"$f":"IF(RiskRegister[[#This Row],[Risk-Change-Date]]=0,DATE(2030,1,1),RiskRegister[[#This Row],[Risk-Change-Date]])","v":"2030-01-01"},{"$f":"RiskRegister[[#This Row],[Inherent Impact Level]]&\"-\"&RiskRegister[[#This Row],[Inherent Likelihood Level]]","v":"-- Select Impact ----- Select Likelihood --"},{"$f":"RiskRegister[[#This Row],[Residual Impact Level]]&\"-\"&RiskRegister[[#This Row],[Residual Likelihood Level]]","v":"-- Select Impact ----- Select Likelihood --"},"Error",{"$f":"IF(RiskRegister[[#This Row],[Risk Status]]=\"Closed\",RiskRegister[[#This Row],[Residual Impact Level]],RiskRegister[[#This Row],[Inherent Impact Level]])","v":"-- Select Impact --"},{"$f":"IF(RiskRegister[[#This Row],[Risk Status]]=\"Closed\",RiskRegister[[#This Row],[Residual Likelihood Level]],RiskRegister[[#This Row],[Inherent Likelihood Level]])","v":"-- Select Likelihood --"},{"$f":"IF(RiskRegister[[#This Row],[Risk Status]]=\"Closed\",RiskRegister[[#This Row],[Residual-I-L-Combo]],RiskRegister[[#This Row],[Inherent-I-L-Combo]])","v":"-- Select Impact ----- Select Likelihood --"},"-- Error --"]
[576,{"$nulls":5},"-- Select Risk Category --",null,"-- select department --",null,null,"-- Select Impact --",{"$f":"VLOOKUP(RiskRegister[[#This Row],[Inherent Impact Level]],'Rating factors'!$F$4:$G$9,2,FALSE)","v":"--- Error ---"},"-- Select Likelihood --",{"$f":"VLOOKUP(RiskRegister[[#This Row],[Inherent Likelihood Level]],'Rating factors'!$F$16:$G$21,2,FALSE)","v":"--- Error ---"},{"$f":"IFERROR(VLOOKUP(RiskRegister[[#This Row],[Inherent Risk Rating]],'Rating factors'!$F$30:$G$44,2,FALSE),\"-- Error --\")","v":"-- Error --"},{"$f":"IFERROR(RiskRegister[[#This Row],[Inherent Impact Rating]]*RiskRegister[[#This Row],[Inherent Likelihood Rating]],\"-- Error --\")","v":"-- Error --"},"-- Select Risk Response --",null,"-- Select Impact --",{"$f":"VLOOKUP(RiskRegister[[#This Row],[Residual Impact Level]],'Rating factors'!$F$4:$G$9,2,FALSE)","v":"--- Error ---"},"-- Select Likelihood --",{"$f":"VLOOKUP(RiskRegister[[#This Row],[Residual Likelihood Level]],'Rating factors'!$F$16:$G$21,2,FALSE)","v":"--- Error ---"},{"$f":"IFERROR(VLOOKUP(RiskRegister[[#This Row],[Residual Risk Rating]],'Rating factors'!$F$30:$G$44,2,FALSE),\"-- Error --\")","v":"-- Error --"},{"$f":"IFERROR(RiskRegister[[#This Row],[Residual Impact Rating]]*RiskRegister[[#This Row],[Residual Likelihood Rating]],\"-- Error --\")","v":"-- Error --"},"-- Select Risk Status --",{"$nulls":3},{"$f":"IF(ISBLANK(RiskRegister[[#This Row],[Risk Due Date]]), \"Missing Risk Due Date\", IF(RiskRegister[[#This Row],[Risk Due Date]] < TODAY(), \"Overdue\", \"Not Overdue\"))","v":"Missing Risk Due Date"},null,{"$f":"IF(ISBLANK(RiskRegister[[#This Row],[Risk Due Date]]), \"Missing Risk Due Date\", TEXT(RiskRegister[[#This Row],[Risk Due Date]], \"YYYY-MM\"))","v":"Missing Risk Due Date"},{"$f":"IF(RiskRegister[[#This Row],[Created Date]]=\"\",\"Created Date missing\",(TEXT(RiskRegister[[#This Row],[Created Date]],\"mmm\") & \"-\" & YEAR(RiskRegister[[#This Row],[Created Date]])))","v":"Created Date missing"},{"$f":"IF(RiskRegister[[#This Row],[Risk Status]]=\"Closed\",RiskRegister[[#This Row],[Risk Close Date]],RiskRegister[[#This Row],[Risk Due Date]])","v":"00:00:00"},{"$f":"IF(RiskRegister[[#This Row],[Risk-Change-Date]]=0,DATE(2030,1,1),RiskRegister[[#This Row],[Risk-Change-Date]])","v":"2030-01-01"},{"$f":"RiskRegister[[#This Row],[Inherent Impact Level]]&\"-\"&RiskRegister[[#This Row],[Inherent Likelihood Level]]","v":"-- Select Impact ----- Select Likelihood --"},{"$f":"RiskRegister[[#This Row],[Residual Impact Level]]&\"-\"&RiskRegister[[#This Row],[Residual Likelihood Level]]","v":"-- Select Impact ----- Select Likelihood --"},"Error",{"$f":"IF(RiskRegister[[#This Row],[Risk Status]]=\"Closed\",RiskRegister[[#This Row],[Residual Impact Level]],RiskRegister[[#This Row],[Inherent Impact Level]])","v":"-- Select Impact --"},{"$f":"IF(RiskRegister[[#This Row],[Risk Status]]=\"Closed\",RiskRegister[[#This Row],[Residual Likelihood Level]],RiskRegister[[#This Row],[Inherent Likelihood Level]])","v":"-- Select Likelihood --"},{"$f":"IF(RiskRegister[[#This Row],[Risk Status]]=\"Closed\",RiskRegister[[#This Row],[Residual-I-L-Combo]],RiskRegister[[#This Row],[Inherent-I-L-Combo]])","v":"-- Select Impact ----- Select Likelihood --"},"-- Error --"]
[577,{"$nulls":5},"-- Select Risk Category --",null,"-- select department --",null,null,"-- Select Impact --",{"$f":"VLOOKUP(RiskRegister[[#This Row],[Inherent Impact Level]],'Rating factors'!$F$4:$G$9,2,FALSE)","v":"--- Error ---"},"-- Select Likelihood --",{"$f":"VLOOKUP(RiskRegister[[#This Row],[Inherent Likelihood Level]],'Rating factors'!$F$16:$G$21,2,FALSE)","v":"--- Error ---"},{"$f":"IFERROR(VLOOKUP(RiskRegister[[#This Row],[Inherent Risk Rating]],'Rating factors'!$F$30:$G$44,2,FALSE),\"-- Error --\")","v":"-- Error --"},{"$f":"IFERROR(RiskRegister[[#This Row],[Inherent Impact Rating]]*RiskRegister[[#This Row],[Inherent Likelihood Rating]],\"-- Error --\")","v":"-- Error --"},"-- Select Risk Response --",null,"-- Select Impact --",{"$f":"VLOOKUP(RiskRegister[[#This Row],[Residual Impact Level]],'Rating factors'!$F$4:$G$9,2,FALSE)","v":"--- Error ---"},"-- Select Likelihood --",{"$f":"VLOOKUP(RiskRegister[[#This Row],[Residual Likelihood Level]],'Rating factors'!$F$16:$G$21,2,FALSE)","v":"--- Error ---"},{"$f":"IFERROR(VLOOKUP(RiskRegister[[#This Row],[Residual Risk Rating]],'Rating factors'!$F$30:$G$44,2,FALSE),\"-- Error --\")","v":"-- Error --"},{"$f":"IFERROR(RiskRegister[[#This Row],[Residual Impact Rating]]*RiskRegister[[#This Row],[Residual Likelihood Rating]],\"-- Error --\")","v":"-- Error --"},"-- Select Risk Status --",{"$nulls":3},{"$f":"IF(ISBLANK(RiskRegister[[#This Row],[Risk Due Date]]), \"Missing Risk Due Date\", IF(RiskRegister[[#This Row],[Risk Due Date]] < TODAY(), \"Overdue\", \"Not Overdue\"))","v":"Missing Risk Due Date"},null,{"$f":"IF(ISBLANK(RiskRegister[[#This Row],[Risk Due Date]]), \"Missing Risk Due Date\", TEXT(RiskRegister[[#This Row],[Risk Due Date]], \"YYYY-MM\"))","v":"Missing Risk Due Date"},{"$f":"IF(RiskRegister[[#This Row],[Created Date]]=\"\",\"Created Date missing\",(TEXT(RiskRegister[[#This Row],[Created Date]],\"mmm\") & \"-\" & YEAR(RiskRegister[[#This Row],[Created Date]])))","v":"Created Date missing"},{"$f":"IF(RiskRegister[[#This Row],[Risk Status]]=\"Closed\",RiskRegister[[#This Row],[Risk Close Date]],RiskRegister[[#This Row],[Risk Due Date]])","v":"00:00:00"},{"$f":"IF(RiskRegister[[#This Row],[Risk-Change-Date]]=0,DATE(2030,1,1),RiskRegister[[#This Row],[Risk-Change-Date]])","v":"2030-01-01"},{"$f":"RiskRegister[[#This Row],[Inherent Impact Level]]&\"-\"&RiskRegister[[#This Row],[Inherent Likelihood Level]]","v":"-- Select Impact ----- Select Likelihood --"},{"$f":"RiskRegister[[#This Row],[Residual Impact Level]]&\"-\"&RiskRegister[[#This Row],[Residual Likelihood Level]]","v":"-- Select Impact ----- Select Likelihood --"},{"$f":"IF(OR(R580=\"-- Select Risk Response --\", Z580=\"-- Select Risk Status --\"), \"Error\", IF(AND(Z580=\"Closed\", R580=\"Mitigate\"), \"Yes\", \"No\"))","v":"Error"},{"$f":"IF(RiskRegister[[#This Row],[Risk Status]]=\"Closed\",RiskRegister[[#This Row],[Residual Impact Level]],RiskRegister[[#This Row],[Inherent Impact Level]])","v":"-- Select Impact --"},{"$f":"IF(RiskRegister[[#This Row],[Risk Status]]=\"Closed\",RiskRegister[[#This Row],[Residual Likelihood Level]],RiskRegister[[#This Row],[Inherent Likelihood Level]])","v":"-- Select Likelihood --"},{"$f":"IF(RiskRegister[[#This Row],[Risk Status]]=\"Closed\",RiskRegister[[#This Row],[Residual-I-L-Combo]],RiskRegister[[#This Row],[Inherent-I-L-Combo]])","v":"-- Select Impact ----- Select Likelihood --"},{"$f":"IF(Z580=\"Closed\", X580, P580)","v":"-- Error --"}]
[578,{"$nulls":5},"-- Select Risk Category --",null,"-- select department --",null,null,"-- Select Impact --",{"$f":"VLOOKUP(RiskRegister[[#This Row],[Inherent Impact Level]],'Rating factors'!$F$4:$G$9,2,FALSE)","v":"--- Error ---"},"-- Select Likelihood --",{"$f":"VLOOKUP(RiskRegister[[#This Row],[Inherent Likelihood Level]],'Rating factors'!$F$16:$G$21,2,FALSE)","v":"--- Error ---"},{"$f":"IFERROR(VLOOKUP(RiskRegister[[#This Row],[Inherent Risk Rating]],'Rating factors'!$F$30:$G$44,2,FALSE),\"-- Error --\")","v":"-- Error --"},{"$f":"IFERROR(RiskRegister[[#This Row],[Inherent Impact Rating]]*RiskRegister[[#This Row],[Inherent Likelihood Rating]],\"-- Error --\")","v":"-- Error --"},"-- Select Risk Response --",null,"-- Select Impact --",{"$f":"VLOOKUP(RiskRegister[[#This Row],[Residual Impact Level]],'Rating factors'!$F$4:$G$9,2,FALSE)","v":"--- Error ---"},"-- Select Likelihood --",{"$f":"VLOOKUP(RiskRegister[[#This Row],[Residual Likelihood Level]],'Rating factors'!$F$16:$G$21,2,FALSE)","v":"--- Error ---"},{"$f":"IFERROR(VLOOKUP(RiskRegister[[#This Row],[Residual Risk Rating]],'Rating factors'!$F$30:$G$44,2,FALSE),\"-- Error --\")","v":"-- Error --"},{"$f":"IFERROR(RiskRegister[[#This Row],[Residual Impact Rating]]*RiskRegister[[#This Row],[Residual Likelihood Rating]],\"-- Error --\")","v":"-- Error --"},"-- Select Risk Status --",{"$nulls":3},{"$f":"IF(ISBLANK(RiskRegister[[#This Row],[Risk Due Date]]), \"Missing Risk Due Date\", IF(RiskRegister[[#This Row],[Risk Due Date]] < TODAY(), \"Overdue\", \"Not Overdue\"))","v":"Missing Risk Due Date"},null,{"$f":"IF(ISBLANK(RiskRegister[[#This Row],[Risk Due Date]]), \"Missing Risk Due Date\", TEXT(RiskRegister[[#This Row],[Risk Due Date]], \"YYYY-MM\"))","v":"Missing Risk Due Date"},{"$f":"IF(RiskRegister[[#This Row],[Created Date]]=\"\",\"Created Date missing\",(TEXT(RiskRegister[[#This Row],[Created Date]],\"mmm\") & \"-\" & YEAR(RiskRegister[[#This Row],[Created Date]])))","v":"Created Date missing"},{"$f":"IF(RiskRegister[[#This Row],[Risk Status]]=\"Closed\",RiskRegister[[#This Row],[Risk Close Date]],RiskRegister[[#This Row],[Risk Due Date]])","v":"00:00:00"},{"$f":"IF(RiskRegister[[#This Row],[Risk-Change-Date]]=0,DATE(2030,1,1),RiskRegister[[#This Row],[Risk-Change-Date]])","v":"2030-01-01"},{"$f":"RiskRegister[[#This Row],[Inherent Impact Level]]&\"-\"&RiskRegister[[#This Row],[Inherent Likelihood Level]]","v":"-- Select Impact ----- Select Likelihood --"},{"$f":"RiskRegister[[#This Row],[Residual Impact Level]]&\"-\"&RiskRegister[[#This Row],[Residual Likelihood Level]]","v":"-- Select Impact ----- Select Likelihood --"},"Error",{"$f":"IF(RiskRegister[[#This Row],[Risk Status]]=\"Closed\",RiskRegister[[#This Row],[Residual Impact Level]],RiskRegister[[#This Row],[Inherent Impact Level]])","v":"-- Select Impact --"},{"$f":"IF(RiskRegister[[#This Row],[Risk Status]]=\"Closed\",RiskRegister[[#This Row],[Residual Likelihood Level]],RiskRegister[[#This Row],[Inherent Likelihood Level]])","v":"-- Select Likelihood --"},{"$f":"IF(RiskRegister[[#This Row],[Risk Status]]=\"Closed\",RiskRegister[[#This Row],[Residual-I-L-Combo]],RiskRegister[[#This Row],[Inherent-I-L-Combo]])","v":"-- Select Impact ----- Select Likelihood --"},"-- Error --"]
[579,{"$nulls":5},"-- Select Risk Category --",null,"-- select department --",null,null,"-- Select Impact --",{"$f":"VLOOKUP(RiskRegister[[#This Row],[Inherent Impact Level]],'Rating factors'!$F$4:$G$9,2,FALSE)","v":"--- Error ---"},"-- Select Likelihood --",{"$f":"VLOOKUP(RiskRegister[[#This Row],[Inherent Likelihood Level]],'Rating factors'!$F$16:$G$21,2,FALSE)","v":"--- Error ---"},{"$f":"IFERROR(VLOOKUP(RiskRegister[[#This Row],[Inherent Risk Rating]],'Rating factors'!$F$30:$G$44,2,FALSE),\"-- Error --\")","v":"-- Error --"},{"$f":"IFERROR(RiskRegister[[#This Row],[Inherent Impact Rating]]*RiskRegister[[#This Row],[Inherent Likelihood Rating]],\"-- Error --\")","v":"-- Error --"},"-- Select Risk Response --",null,"-- Select Impact --",{"$f":"VLOOKUP(RiskRegister[[#This Row],[Residual Impact Level]],'Rating factors'!$F$4:$G$9,2,FALSE)","v":"--- Error ---"},"-- Select Likelihood --",{"$f":"VLOOKUP(RiskRegister[[#This Row],[Residual Likelihood Level]],'Rating factors'!$F$16:$G$21,2,FALSE)","v":"--- Error ---"},{"$f":"IFERROR(VLOOKUP(RiskRegister[[#This Row],[Residual Risk Rating]],'Rating factors'!$F$30:$G$44,2,FALSE),\"-- Error --\")","v":"-- Error --"},{"$f":"IFERROR(RiskRegister[[#This Row],[Residual Impact Rating]]*RiskRegister[[#This Row],[Residual Likelihood Rating]],\"-- Error --\")","v":"-- Error --"},"-- Select Risk Status --",{"$nulls":3},{"$f":"IF(ISBLANK(RiskRegister[[#This Row],[Risk Due Date]]), \"Missing Risk Due Date\", IF(RiskRegister[[#This Row],[Risk Due Date]] < TODAY(), \"Overdue\", \"Not Overdue\"))","v":"Missing Risk Due Date"},null,{"$f":"IF(ISBLANK(RiskRegister[[#This Row],[Risk Due Date]]), \"Missing Risk Due Date\", TEXT(RiskRegister[[#This Row],[Risk Due Date]], \"YYYY-MM\"))","v":"Missing Risk Due Date"},{"$f":"IF(RiskRegister[[#This Row],[Created Date]]=\"\",\"Created Date missing\",(TEXT(RiskRegister[[#This Row],[Created Date]],\"mmm\") & \"-\" & YEAR(RiskRegister[[#This Row],[Created Date]])))","v":"Created Date missing"},{"$f":"IF(RiskRegister[[#This Row],[Risk Status]]=\"Closed\",RiskRegister[[#This Row],[Risk Close Date]],RiskRegister[[#This Row],[Risk Due Date]])","v":"00:00:00"},{"$f":"IF(RiskRegister[[#This Row],[Risk-Change-Date]]=0,DATE(2030,1,1),RiskRegister[[#This Row],[Risk-Change-Date]])","v":"2030-01-01"},{"$f":"RiskRegister[[#This Row],[Inherent Impact Level]]&\"-\"&RiskRegister[[#This Row],[Inherent Likelihood Level]]","v":"-- Select Impact ----- Select Likelihood --"},{"$f":"RiskRegister[[#This Row],[Residual Impact Level]]&\"-\"&RiskRegister[[#This Row],[Residual Likelihood Level]]","v":"-- Select Impact ----- Select Likelihood --"},"Error",{"$f":"IF(RiskRegister[[#This Row],[Risk Status]]=\"Closed\",RiskRegister[[#This Row],[Residual Impact Level]],RiskRegister[[#This Row],[Inherent Impact Level]])","v":"-- Select Impact --"},{"$f":"IF(RiskRegister[[#This Row],[Risk Status]]=\"Closed\",RiskRegister[[#This Row],[Residual Likelihood Level]],RiskRegister[[#This Row],[Inherent Likelihood Level]])","v":"-- Select Likelihood --"},{"$f":"IF(RiskRegister[[#This Row],[Risk Status]]=\"Closed\",RiskRegister[[#This Row],[Residual-I-L-Combo]],RiskRegister[[#This Row],[Inherent-I-L-Combo]])","v":"-- Select Impact ----- Select Likelihood --"},"-- Error --"]
[580,{"$nulls":5},"-- Select Risk Category --",null,"-- select department --",null,null,"-- Select Impact --",{"$f":"VLOOKUP(RiskRegister[[#This Row],[Inherent Impact Level]],'Rating factors'!$F$4:$G$9,2,FALSE)","v":"--- Error ---"},"-- Select Likelihood --",{"$f":"VLOOKUP(RiskRegister[[#This Row],[Inherent Likelihood Level]],'Rating factors'!$F$16:$G$21,2,FALSE)","v":"--- Error ---"},{"$f":"IFERROR(VLOOKUP(RiskRegister[[#This Row],[Inherent Risk Rating]],'Rating factors'!$F$30:$G$44,2,FALSE),\"-- Error --\")","v":"-- Error --"},{"$f":"IFERROR(RiskRegister[[#This Row],[Inherent Impact Rating]]*RiskRegister[[#This Row],[Inherent Likelihood Rating]],\"-- Error --\")","v":"-- Error --"},"-- Select Risk Response --",null,"-- Select Impact --",{"$f":"VLOOKUP(RiskRegister[[#This Row],[Residual Impact Level]],'Rating factors'!$F$4:$G$9,2,FALSE)","v":"--- Error ---"},"-- Select Likelihood --",{"$f":"VLOOKUP(RiskRegister[[#This Row],[Residual Likelihood Level]],'Rating factors'!$F$16:$G$21,2,FALSE)","v":"--- Error ---"},{"$f":"IFERROR(VLOOKUP(RiskRegister[[#This Row],[Residual Risk Rating]],'Rating factors'!$F$30:$G$44,2,FALSE),\"-- Error --\")","v":"-- Error --"},{"$f":"IFERROR(RiskRegister[[#This Row],[Residual Impact Rating]]*RiskRegister[[#This Row],[Residual Likelihood Rating]],\"-- Error --\")","v":"-- Error --"},"-- Select Risk Status --",{"$nulls":3},{"$f":"IF(ISBLANK(RiskRegister[[#This Row],[Risk Due Date]]), \"Missing Risk Due Date\", IF(RiskRegister[[#This Row],[Risk Due Date]] < TODAY(), \"Overdue\", \"Not Overdue\"))","v":"Missing Risk Due Date"},null,{"$f":"IF(ISBLANK(RiskRegister[[#This Row],[Risk Due Date]]), \"Missing Risk Due Date\", TEXT(RiskRegister[[#This Row],[Risk Due Date]], \"YYYY-MM\"))","v":"Missing Risk Due Date"},{"$f":"IF(RiskRegister[[#This Row],[Created Date]]=\"\",\"Created Date missing\",(TEXT(RiskRegister[[#This Row],[Created Date]],\"mmm\") & \"-\" & YEAR(RiskRegister[[#This Row],[Created Date]])))","v":"Created Date missing"},{"$f":"IF(RiskRegister[[#This Row],[Risk Status]]=\"Closed\",RiskRegister[[#This Row],[Risk Close Date]],RiskRegister[[#This Row],[Risk Due Date]])","v":"00:00:00"},{"$f":"IF(RiskRegister[[#This Row],[Risk-Change-Date]]=0,DATE(2030,1,1),RiskRegister[[#This Row],[Risk-Change-Date]])","v":"2030-01-01"},{"$f":"RiskRegister[[#This Row],[Inherent Impact Level]]&\"-\"&RiskRegister[[#This Row],[Inherent Likelihood Level]]","v":"-- Select Impact ----- Select Likelihood --"},{"$f":"RiskRegister[[#This Row],[Residual Impact Level]]&\"-\"&RiskRegister[[#This Row],[Residual Likelihood Level]]","v":"-- Select Impact ----- Select Likelihood --"},"Error",{"$f":"IF(RiskRegister[[#This Row],[Risk Status]]=\"Closed\",RiskRegister[[#This Row],[Residual Impact Level]],RiskRegister[[#This Row],[Inherent Impact Level]])","v":"-- Select Impact --"},{"$f":"IF(RiskRegister[[#This Row],[Risk Status]]=\"Closed\",RiskRegister[[#This Row],[Residual Likelihood Level]],RiskRegister[[#This Row],[Inherent Likelihood Level]])","v":"-- Select Likelihood --"},{"$f":"IF(RiskRegister[[#This Row],[Risk Status]]=\"Closed\",RiskRegister[[#This Row],[Residual-I-L-Combo]],RiskRegister[[#This Row],[Inherent-I-L-Combo]])","v":"-- Select Impact ----- Select Likelihood --"},"-- Error --"]
[581,{"$nulls":5},"-- Select Risk Category --",null,"-- select department --",null,null,"-- Select Impact --",{"$f":"VLOOKUP(RiskRegister[[#This Row],[Inherent Impact Level]],'Rating factors'!$F$4:$G$9,2,FALSE)","v":"--- Error ---"},"-- Select Likelihood --",{"$f":"VLOOKUP(RiskRegister[[#This Row],[Inherent Likelihood Level]],'Rating factors'!$F$16:$G$21,2,FALSE)","v":"--- Error ---"},{"$f":"IFERROR(VLOOKUP(RiskRegister[[#This Row],[Inherent Risk Rating]],'Rating factors'!$F$30:$G$44,2,FALSE),\"-- Error --\")","v":"-- Error --"},{"$f":"IFERROR(RiskRegister[[#This Row],[Inherent Impact Rating]]*RiskRegister[[#This Row],[Inherent Likelihood Rating]],\"-- Error --\")","v":"-- Error --"},"-- Select Risk Response --",null,"-- Select Impact --",{"$f":"VLOOKUP(RiskRegister[[#This Row],[Residual Impact Level]],'Rating factors'!$F$4:$G$9,2,FALSE)","v":"--- Error ---"},"-- Select Likelihood --",{"$f":"VLOOKUP(RiskRegister[[#This Row],[Residual Likelihood Level]],'Rating factors'!$F$16:$G$21,2,FALSE)","v":"--- Error ---"},{"$f":"IFERROR(VLOOKUP(RiskRegister[[#This Row],[Residual Risk Rating]],'Rating factors'!$F$30:$G$44,2,FALSE),\"-- Error --\")","v":"-- Error --"},{"$f":"IFERROR(RiskRegister[[#This Row],[Residual Impact Rating]]*RiskRegister[[#This Row],[Residual Likelihood Rating]],\"-- Error --\")","v":"-- Error --"},"-- Select Risk Status --",{"$nulls":3},{"$f":"IF(ISBLANK(RiskRegister[[#This Row],[Risk Due Date]]), \"Missing Risk Due Date\", IF(RiskRegister[[#This Row],[Risk Due Date]] < TODAY(), \"Overdue\", \"Not Overdue\"))","v":"Missing Risk Due Date"},null,{"$f":"IF(ISBLANK(RiskRegister[[#This Row],[Risk Due Date]]), \"Missing Risk Due Date\", TEXT(RiskRegister[[#This Row],[Risk Due Date]], \"YYYY-MM\"))","v":"Missing Risk Due Date"},{"$f":"IF(RiskRegister[[#This Row],[Created Date]]=\"\",\"Created Date missing\",(TEXT(RiskRegister[[#This Row],[Created Date]],\"mmm\") & \"-\" & YEAR(RiskRegister[[#This Row],[Created Date]])))","v":"Created Date missing"},{"$f":"IF(RiskRegister[[#This Row],[Risk Status]]=\"Closed\",RiskRegister[[#This Row],[Risk Close Date]],RiskRegister[[#This Row],[Risk Due Date]])","v":"00:00:00"},{"$f":"IF(RiskRegister[[#This Row],[Risk-Change-Date]]=0,DATE(2030,1,1),RiskRegister[[#This Row],[Risk-Change-Date]])","v":"2030-01-01"},{"$f":"RiskRegister[[#This Row],[Inherent Impact Level]]&\"-\"&RiskRegister[[#This Row],[Inherent Likelihood Level]]","v":"-- Select Impact ----- Select Likelihood --"},{"$f":"RiskRegister[[#This Row],[Residual Impact Level]]&\"-\"&RiskRegister[[#This Row],[Residual Likelihood Level]]","v":"-- Select Impact ----- Select Likelihood --"},"Error",{"$f":"IF(RiskRegister[[#This Row],[Risk Status]]=\"Closed\",RiskRegister[[#This Row],[Residual Impact Level]],RiskRegister[[#This Row],[Inherent Impact Level]])","v":"-- Select Impact --"},{"$f":"IF(RiskRegister[[#This Row],[Risk Status]]=\"Closed\",RiskRegister[[#This Row],[Residual Likelihood Level]],RiskRegister[[#This Row],[Inherent Likelihood Level]])","v":"-- Select Likelihood --"},{"$f":"IF(RiskRegister[[#This Row],[Risk Status]]=\"Closed\",RiskRegister[[#This Row],[Residual-I-L-Combo]],RiskRegister[[#This Row],[Inherent-I-L-Combo]])","v":"-- Select Impact ----- Select Likelihood --"},"-- Error --"]
[582,{"$nulls":5},"-- Select Risk Category --",null,"-- select department --",null,null,"-- Select Impact --",{"$f":"VLOOKUP(RiskRegister[[#This Row],[Inherent Impact Level]],'Rating factors'!$F$4:$G$9,2,FALSE)","v":"--- Error ---"},"-- Select Likelihood --",{"$f":"VLOOKUP(RiskRegister[[#This Row],[Inherent Likelihood Level]],'Rating factors'!$F$16:$G$21,2,FALSE)","v":"--- Error ---"},{"$f":"IFERROR(VLOOKUP(RiskRegister[[#This Row],[Inherent Risk Rating]],'Rating factors'!$F$30:$G$44,2,FALSE),\"-- Error --\")","v":"-- Error --"},{"$f":"IFERROR(RiskRegister[[#This Row],[Inherent Impact Rating]]*RiskRegister[[#This Row],[Inherent Likelihood Rating]],\"-- Error --\")","v":"-- Error --"},"-- Select Risk Response --",null,"-- Select Impact --",{"$f":"VLOOKUP(RiskRegister[[#This Row],[Residual Impact Level]],'Rating factors'!$F$4:$G$9,2,FALSE)","v":"--- Error ---"},"-- Select Likelihood --",{"$f":"VLOOKUP(RiskRegister[[#This Row],[Residual Likelihood Level]],'Rating factors'!$F$16:$G$21,2,FALSE)","v":"--- Error ---"},{"$f":"IFERROR(VLOOKUP(RiskRegister[[#This Row],[Residual Risk Rating]],'Rating factors'!$F$30:$G$44,2,FALSE),\"-- Error --\")","v":"-- Error --"},{"$f":"IFERROR(RiskRegister[[#This Row],[Residual Impact Rating]]*RiskRegister[[#This Row],[Residual Likelihood Rating]],\"-- Error --\")","v":"-- Error --"},"-- Select Risk Status --",{"$nulls":3},{"$f":"IF(ISBLANK(RiskRegister[[#This Row],[Risk Due Date]]), \"Missing Risk Due Date\", IF(RiskRegister[[#This Row],[Risk Due Date]] < TODAY(), \"Overdue\", \"Not Overdue\"))","v":"Missing Risk Due Date"},null,{"$f":"IF(ISBLANK(RiskRegister[[#This Row],[Risk Due Date]]), \"Missing Risk Due Date\", TEXT(RiskRegister[[#This Row],[Risk Due Date]], \"YYYY-MM\"))","v":"Missing Risk Due Date"},{"$f":"IF(RiskRegister[[#This Row],[Created Date]]=\"\",\"Created Date missing\",(TEXT(RiskRegister[[#This Row],[Created Date]],\"mmm\") & \"-\" & YEAR(RiskRegister[[#This Row],[Created Date]])))","v":"Created Date missing"},{"$f":"IF(RiskRegister[[#This Row],[Risk Status]]=\"Closed\",RiskRegister[[#This Row],[Risk Close Date]],RiskRegister[[#This Row],[Risk Due Date]])","v":"00:00:00"},{"$f":"IF(RiskRegister[[#This Row],[Risk-Change-Date]]=0,DATE(2030,1,1),RiskRegister[[#This Row],[Risk-Change-Date]])","v":"2030-01-01"},{"$f":"RiskRegister[[#This Row],[Inherent Impact Level]]&\"-\"&RiskRegister[[#This Row],[Inherent Likelihood Level]]","v":"-- Select Impact ----- Select Likelihood --"},{"$f":"RiskRegister[[#This Row],[Residual Impact Level]]&\"-\"&RiskRegister[[#This Row],[Residual Likelihood Level]]","v":"-- Select Impact ----- Select Likelihood --"},"Error",{"$f":"IF(RiskRegister[[#This Row],[Risk Status]]=\"Closed\",RiskRegister[[#This Row],[Residual Impact Level]],RiskRegister[[#This Row],[Inherent Impact Level]])","v":"-- Select Impact --"},{"$f":"IF(RiskRegister[[#This Row],[Risk Status]]=\"Closed\",RiskRegister[[#This Row],[Residual Likelihood Level]],RiskRegister[[#This Row],[Inherent Likelihood Level]])","v":"-- Select Likelihood --"},{"$f":"IF(RiskRegister[[#This Row],[Risk Status]]=\"Closed\",RiskRegister[[#This Row],[Residual-I-L-Combo]],RiskRegister[[#This Row],[Inherent-I-L-Combo]])","v":"-- Select Impact ----- Select Likelihood --"},"-- Error --"]
[583,{"$nulls":5},"-- Select Risk Category --",null,"-- select department --",null,null,"-- Select Impact --",{"$f":"VLOOKUP(RiskRegister[[#This Row],[Inherent Impact Level]],'Rating factors'!$F$4:$G$9,2,FALSE)","v":"--- Error ---"},"-- Select Likelihood --",{"$f":"VLOOKUP(RiskRegister[[#This Row],[Inherent Likelihood Level]],'Rating factors'!$F$16:$G$21,2,FALSE)","v":"--- Error ---"},{"$f":"IFERROR(VLOOKUP(RiskRegister[[#This Row],[Inherent Risk Rating]],'Rating factors'!$F$30:$G$44,2,FALSE),\"-- Error --\")","v":"-- Error --"},{"$f":"IFERROR(RiskRegister[[#This Row],[Inherent Impact Rating]]*RiskRegister[[#This Row],[Inherent Likelihood Rating]],\"-- Error --\")","v":"-- Error --"},"-- Select Risk Response --",null,"-- Select Impact --",{"$f":"VLOOKUP(RiskRegister[[#This Row],[Residual Impact Level]],'Rating factors'!$F$4:$G$9,2,FALSE)","v":"--- Error ---"},"-- Select Likelihood --",{"$f":"VLOOKUP(RiskRegister[[#This Row],[Residual Likelihood Level]],'Rating factors'!$F$16:$G$21,2,FALSE)","v":"--- Error ---"},{"$f":"IFERROR(VLOOKUP(RiskRegister[[#This Row],[Residual Risk Rating]],'Rating factors'!$F$30:$G$44,2,FALSE),\"-- Error --\")","v":"-- Error --"},{"$f":"IFERROR(RiskRegister[[#This Row],[Residual Impact Rating]]*RiskRegister[[#This Row],[Residual Likelihood Rating]],\"-- Error --\")","v":"-- Error --"},"-- Select Risk Status --",{"$nulls":3},{"$f":"IF(ISBLANK(RiskRegister[[#This Row],[Risk Due Date]]), \"Missing Risk Due Date\", IF(RiskRegister[[#This Row],[Risk Due Date]] < TODAY(), \"Overdue\", \"Not Overdue\"))","v":"Missing Risk Due Date"},null,{"$f":"IF(ISBLANK(RiskRegister[[#This Row],[Risk Due Date]]), \"Missing Risk Due Date\", TEXT(RiskRegister[[#This Row],[Risk Due Date]], \"YYYY-MM\"))","v":"Missing Risk Due Date"},{"$f":"IF(RiskRegister[[#This Row],[Created Date]]=\"\",\"Created Date missing\",(TEXT(RiskRegister[[#This Row],[Created Date]],\"mmm\") & \"-\" & YEAR(RiskRegister[[#This Row],[Created Date]])))","v":"Created Date missing"},{"$f":"IF(RiskRegister[[#This Row],[Risk Status]]=\"Closed\",RiskRegister[[#This Row],[Risk Close Date]],RiskRegister[[#This Row],[Risk Due Date]])","v":"00:00:00"},{"$f":"IF(RiskRegister[[#This Row],[Risk-Change-Date]]=0,DATE(2030,1,1),RiskRegister[[#This Row],[Risk-Change-Date]])","v":"2030-01-01"},{"$f":"RiskRegister[[#This Row],[Inherent Impact Level]]&\"-\"&RiskRegister[[#This Row],[Inherent Likelihood Level]]","v":"-- Select Impact ----- Select Likelihood --"},{"$f":"RiskRegister[[#This Row],[Residual Impact Level]]&\"-\"&RiskRegister[[#This Row],[Residual Likelihood Level]]","v":"-- Select Impact ----- Select Likelihood --"},"Error",{"$f":"IF(RiskRegister[[#This Row],[Risk Status]]=\"Closed\",RiskRegister[[#This Row],[Residual Impact Level]],RiskRegister[[#This Row],[Inherent Impact Level]])","v":"-- Select Impact --"},{"$f":"IF(RiskRegister[[#This Row],[Risk Status]]=\"Closed\",RiskRegister[[#This Row],[Residual Likelihood Level]],RiskRegister[[#This Row],[Inherent Likelihood Level]])","v":"-- Select Likelihood --"},{"$f":"IF(RiskRegister[[#This Row],[Risk Status]]=\"Closed\",RiskRegister[[#This Row],[Residual-I-L-Combo]],RiskRegister[[#This Row],[Inherent-I-L-Combo]])","v":"-- Select Impact ----- Select Likelihood --"},"-- Error --"]
[584,{"$nulls":5},"-- Select Risk Category --",null,"-- select department --",null,null,"-- Select Impact --",{"$f":"VLOOKUP(RiskRegister[[#This Row],[Inherent Impact Level]],'Rating factors'!$F$4:$G$9,2,FALSE)","v":"--- Error ---"},"-- Select Likelihood --",{"$f":"VLOOKUP(RiskRegister[[#This Row],[Inherent Likelihood Level]],'Rating factors'!$F$16:$G$21,2,FALSE)","v":"--- Error ---"},{"$f":"IFERROR(VLOOKUP(RiskRegister[[#This Row],[Inherent Risk Rating]],'Rating factors'!$F$30:$G$44,2,FALSE),\"-- Error --\")","v":"-- Error --"},{"$f":"IFERROR(RiskRegister[[#This Row],[Inherent Impact Rating]]*RiskRegister[[#This Row],[Inherent Likelihood Rating]],\"-- Error --\")","v":"-- Error --"},"-- Select Risk Response --",null,"-- Select Impact --",{"$f":"VLOOKUP(RiskRegister[[#This Row],[Residual Impact Level]],'Rating factors'!$F$4:$G$9,2,FALSE)","v":"--- Error ---"},"-- Select Likelihood --",{"$f":"VLOOKUP(RiskRegister[[#This Row],[Residual Likelihood Level]],'Rating factors'!$F$16:$G$21,2,FALSE)","v":"--- Error ---"},{"$f":"IFERROR(VLOOKUP(RiskRegister[[#This Row],[Residual Risk Rating]],'Rating factors'!$F$30:$G$44,2,FALSE),\"-- Error --\")","v":"-- Error --"},{"$f":"IFERROR(RiskRegister[[#This Row],[Residual Impact Rating]]*RiskRegister[[#This Row],[Residual Likelihood Rating]],\"-- Error --\")","v":"-- Error --"},"-- Select Risk Status --",{"$nulls":3},{"$f":"IF(ISBLANK(RiskRegister[[#This Row],[Risk Due Date]]), \"Missing Risk Due Date\", IF(RiskRegister[[#This Row],[Risk Due Date]] < TODAY(), \"Overdue\", \"Not Overdue\"))","v":"Missing Risk Due Date"},null,{"$f":"IF(ISBLANK(RiskRegister[[#This Row],[Risk Due Date]]), \"Missing Risk Due Date\", TEXT(RiskRegister[[#This Row],[Risk Due Date]], \"YYYY-MM\"))","v":"Missing Risk Due Date"},{"$f":"IF(RiskRegister[[#This Row],[Created Date]]=\"\",\"Created Date missing\",(TEXT(RiskRegister[[#This Row],[Created Date]],\"mmm\") & \"-\" & YEAR(RiskRegister[[#This Row],[Created Date]])))","v":"Created Date missing"},{"$f":"IF(RiskRegister[[#This Row],[Risk Status]]=\"Closed\",RiskRegister[[#This Row],[Risk Close Date]],RiskRegister[[#This Row],[Risk Due Date]])","v":"00:00:00"},{"$f":"IF(RiskRegister[[#This Row],[Risk-Change-Date]]=0,DATE(2030,1,1),RiskRegister[[#This Row],[Risk-Change-Date]])","v":"2030-01-01"},{"$f":"RiskRegister[[#This Row],[Inherent Impact Level]]&\"-\"&RiskRegister[[#This Row],[Inherent Likelihood Level]]","v":"-- Select Impact ----- Select Likelihood --"},{"$f":"RiskRegister[[#This Row],[Residual Impact Level]]&\"-\"&RiskRegister[[#This Row],[Residual Likelihood Level]]","v":"-- Select Impact ----- Select Likelihood --"},"Error",{"$f":"IF(RiskRegister[[#This Row],[Risk Status]]=\"Closed\",RiskRegister[[#This Row],[Residual Impact Level]],RiskRegister[[#This Row],[Inherent Impact Level]])","v":"-- Select Impact --"},{"$f":"IF(RiskRegister[[#This Row],[Risk Status]]=\"Closed\",RiskRegister[[#This Row],[Residual Likelihood Level]],RiskRegister[[#This Row],[Inherent Likelihood Level]])","v":"-- Select Likelihood --"},{"$f":"IF(RiskRegister[[#This Row],[Risk Status]]=\"Closed\",RiskRegister[[#This Row],[Residual-I-L-Combo]],RiskRegister[[#This Row],[Inherent-I-L-Combo]])","v":"-- Select Impact ----- Select Likelihood --"},"-- Error --"]
[585,{"$nulls":5},"-- Select Risk Category --",null,"-- select department --",null,null,"-- Select Impact --",{"$f":"VLOOKUP(RiskRegister[[#This Row],[Inherent Impact Level]],'Rating factors'!$F$4:$G$9,2,FALSE)","v":"--- Error ---"},"-- Select Likelihood --",{"$f":"VLOOKUP(RiskRegister[[#This Row],[Inherent Likelihood Level]],'Rating factors'!$F$16:$G$21,2,FALSE)","v":"--- Error ---"},{"$f":"IFERROR(VLOOKUP(RiskRegister[[#This Row],[Inherent Risk Rating]],'Rating factors'!$F$30:$G$44,2,FALSE),\"-- Error --\")","v":"-- Error --"},{"$f":"IFERROR(RiskRegister[[#This Row],[Inherent Impact Rating]]*RiskRegister[[#This Row],[Inherent Likelihood Rating]],\"-- Error --\")","v":"-- Error --"},"-- Select Risk Response --",null,"-- Select Impact --",{"$f":"VLOOKUP(RiskRegister[[#This Row],[Residual Impact Level]],'Rating factors'!$F$4:$G$9,2,FALSE)","v":"--- Error ---"},"-- Select Likelihood --",{"$f":"VLOOKUP(RiskRegister[[#This Row],[Residual Likelihood Level]],'Rating factors'!$F$16:$G$21,2,FALSE)","v":"--- Error ---"},{"$f":"IFERROR(VLOOKUP(RiskRegister[[#This Row],[Residual Risk Rating]],'Rating factors'!$F$30:$G$44,2,FALSE),\"-- Error --\")","v":"-- Error --"},{"$f":"IFERROR(RiskRegister[[#This Row],[Residual Impact Rating]]*RiskRegister[[#This Row],[Residual Likelihood Rating]],\"-- Error --\")","v":"-- Error --"},"-- Select Risk Status --",{"$nulls":3},{"$f":"IF(ISBLANK(RiskRegister[[#This Row],[Risk Due Date]]), \"Missing Risk Due Date\", IF(RiskRegister[[#This Row],[Risk Due Date]] < TODAY(), \"Overdue\", \"Not Overdue\"))","v":"Missing Risk Due Date"},null,{"$f":"IF(ISBLANK(RiskRegister[[#This Row],[Risk Due Date]]), \"Missing Risk Due Date\", TEXT(RiskRegister[[#This Row],[Risk Due Date]], \"YYYY-MM\"))","v":"Missing Risk Due Date"},{"$f":"IF(RiskRegister[[#This Row],[Created Date]]=\"\",\"Created Date missing\",(TEXT(RiskRegister[[#This Row],[Created Date]],\"mmm\") & \"-\" & YEAR(RiskRegister[[#This Row],[Created Date]])))","v":"Created Date missing"},{"$f":"IF(RiskRegister[[#This Row],[Risk Status]]=\"Closed\",RiskRegister[[#This Row],[Risk Close Date]],RiskRegister[[#This Row],[Risk Due Date]])","v":"00:00:00"},{"$f":"IF(RiskRegister[[#This Row],[Risk-Change-Date]]=0,DATE(2030,1,1),RiskRegister[[#This Row],[Risk-Change-Date]])","v":"2030-01-01"},{"$f":"RiskRegister[[#This Row],[Inherent Impact Level]]&\"-\"&RiskRegister[[#This Row],[Inherent Likelihood Level]]","v":"-- Select Impact ----- Select Likelihood --"},{"$f":"RiskRegister[[#This Row],[Residual Impact Level]]&\"-\"&RiskRegister[[#This Row],[Residual Likelihood Level]]","v":"-- Select Impact ----- Select Likelihood --"},"Error",{"$f":"IF(RiskRegister[[#This Row],[Risk Status]]=\"Closed\",RiskRegister[[#This Row],[Residual Impact Level]],RiskRegister[[#This Row],[Inherent Impact Level]])","v":"-- Select Impact --"},{"$f":"IF(RiskRegister[[#This Row],[Risk Status]]=\"Closed\",RiskRegister[[#This Row],[Residual Likelihood Level]],RiskRegister[[#This Row],[Inherent Likelihood Level]])","v":"-- Select Likelihood --"},{"$f":"IF(RiskRegister[[#This Row],[Risk Status]]=\"Closed\",RiskRegister[[#This Row],[Residual-I-L-Combo]],RiskRegister[[#This Row],[Inherent-I-L-Combo]])","v":"-- Select Impact ----- Select Likelihood --"},"-- Error --"]
[586,{"$nulls":5},"-- Select Risk Category --",null,"-- select department --",null,null,"-- Select Impact --",{"$f":"VLOOKUP(RiskRegister[[#This Row],[Inherent Impact Level]],'Rating factors'!$F$4:$G$9,2,FALSE)","v":"--- Error ---"},"-- Select Likelihood --",{"$f":"VLOOKUP(RiskRegister[[#This Row],[Inherent Likelihood Level]],'Rating factors'!$F$16:$G$21,2,FALSE)","v":"--- Error ---"},{"$f":"IFERROR(VLOOKUP(RiskRegister[[#This Row],[Inherent Risk Rating]],'Rating factors'!$F$30:$G$44,2,FALSE),\"-- Error --\")","v":"-- Error --"},{"$f":"IFERROR(RiskRegister[[#This Row],[Inherent Impact Rating]]*RiskRegister[[#This Row],[Inherent Likelihood Rating]],\"-- Error --\")","v":"-- Error --"},"-- Select Risk Response --",null,"-- Select Impact --",{"$f":"VLOOKUP(RiskRegister[[#This Row],[Residual Impact Level]],'Rating factors'!$F$4:$G$9,2,FALSE)","v":"--- Error ---"},"-- Select Likelihood --",{"$f":"VLOOKUP(RiskRegister[[#This Row],[Residual Likelihood Level]],'Rating factors'!$F$16:$G$21,2,FALSE)","v":"--- Error ---"},{"$f":"IFERROR(VLOOKUP(RiskRegister[[#This Row],[Residual Risk Rating]],'Rating factors'!$F$30:$G$44,2,FALSE),\"-- Error --\")","v":"-- Error --"},{"$f":"IFERROR(RiskRegister[[#This Row],[Residual Impact Rating]]*RiskRegister[[#This Row],[Residual Likelihood Rating]],\"-- Error --\")","v":"-- Error --"},"-- Select Risk Status --",{"$nulls":3},{"$f":"IF(ISBLANK(RiskRegister[[#This Row],[Risk Due Date]]), \"Missing Risk Due Date\", IF(RiskRegister[[#This Row],[Risk Due Date]] < TODAY(), \"Overdue\", \"Not Overdue\"))","v":"Missing Risk Due Date"},null,{"$f":"IF(ISBLANK(RiskRegister[[#This Row],[Risk Due Date]]), \"Missing Risk Due Date\", TEXT(RiskRegister[[#This Row],[Risk Due Date]], \"YYYY-MM\"))","v":"Missing Risk Due Date"},{"$f":"IF(RiskRegister[[#This Row],[Created Date]]=\"\",\"Created Date missing\",(TEXT(RiskRegister[[#This Row],[Created Date]],\"mmm\") & \"-\" & YEAR(RiskRegister[[#This Row],[Created Date]])))","v":"Created Date missing"},{"$f":"IF(RiskRegister[[#This Row],[Risk Status]]=\"Closed\",RiskRegister[[#This Row],[Risk Close Date]],RiskRegister[[#This Row],[Risk Due Date]])","v":"00:00:00"},{"$f":"IF(RiskRegister[[#This Row],[Risk-Change-Date]]=0,DATE(2030,1,1),RiskRegister[[#This Row],[Risk-Change-Date]])","v":"2030-01-01"},{"$f":"RiskRegister[[#This Row],[Inherent Impact Level]]&\"-\"&RiskRegister[[#This Row],[Inherent Likelihood Level]]","v":"-- Select Impact ----- Select Likelihood --"},{"$f":"RiskRegister[[#This Row],[Residual Impact Level]]&\"-\"&RiskRegister[[#This Row],[Residual Likelihood Level]]","v":"-- Select Impact ----- Select Likelihood --"},"Error",{"$f":"IF(RiskRegister[[#This Row],[Risk Status]]=\"Closed\",RiskRegister[[#This Row],[Residual Impact Level]],RiskRegister[[#This Row],[Inherent Impact Level]])","v":"-- Select Impact --"},{"$f":"IF(RiskRegister[[#This Row],[Risk Status]]=\"Closed\",RiskRegister[[#This Row],[Residual Likelihood Level]],RiskRegister[[#This Row],[Inherent Likelihood Level]])","v":"-- Select Likelihood --"},{"$f":"IF(RiskRegister[[#This Row],[Risk Status]]=\"Closed\",RiskRegister[[#This Row],[Residual-I-L-Combo]],RiskRegister[[#This Row],[Inherent-I-L-Combo]])","v":"-- Select Impact ----- Select Likelihood --"},"-- Error --"]
[587,{"$nulls":5},"-- Select Risk Category --",null,"-- select department --",null,null,"-- Select Impact --",{"$f":"VLOOKUP(RiskRegister[[#This Row],[Inherent Impact Level]],'Rating factors'!$F$4:$G$9,2,FALSE)","v":"--- Error ---"},"-- Select Likelihood --",{"$f":"VLOOKUP(RiskRegister[[#This Row],[Inherent Likelihood Level]],'Rating factors'!$F$16:$G$21,2,FALSE)","v":"--- Error ---"},{"$f":"IFERROR(VLOOKUP(RiskRegister[[#This Row],[Inherent Risk Rating]],'Rating factors'!$F$30:$G$44,2,FALSE),\"-- Error --\")","v":"-- Error --"},{"$f":"IFERROR(RiskRegister[[#This Row],[Inherent Impact Rating]]*RiskRegister[[#This Row],[Inherent Likelihood Rating]],\"-- Error --\")","v":"-- Error --"},"-- Select Risk Response --",null,"-- Select Impact --",{"$f":"VLOOKUP(RiskRegister[[#This Row],[Residual Impact Level]],'Rating factors'!$F$4:$G$9,2,FALSE)","v":"--- Error ---"},"-- Select Likelihood --",{"$f":"VLOOKUP(RiskRegister[[#This Row],[Residual Likelihood Level]],'Rating factors'!$F$16:$G$21,2,FALSE)","v":"--- Error ---"},{"$f":"IFERROR(VLOOKUP(RiskRegister[[#This Row],[Residual Risk Rating]],'Rating factors'!$F$30:$G$44,2,FALSE),\"-- Error --\")","v":"-- Error --"},{"$f":"IFERROR(RiskRegister[[#This Row],[Residual Impact Rating]]*RiskRegister[[#This Row],[Residual Likelihood Rating]],\"-- Error --\")","v":"-- Error --"},"-- Select Risk Status --",{"$nulls":3},{"$f":"IF(ISBLANK(RiskRegister[[#This Row],[Risk Due Date]]), \"Missing Risk Due Date\", IF(RiskRegister[[#This Row],[Risk Due Date]] < TODAY(), \"Overdue\", \"Not Overdue\"))","v":"Missing Risk Due Date"},null,{"$f":"IF(ISBLANK(RiskRegister[[#This Row],[Risk Due Date]]), \"Missing Risk Due Date\", TEXT(RiskRegister[[#This Row],[Risk Due Date]], \"YYYY-MM\"))","v":"Missing Risk Due Date"},{"$f":"IF(RiskRegister[[#This Row],[Created Date]]=\"\",\"Created Date missing\",(TEXT(RiskRegister[[#This Row],[Created Date]],\"mmm\") & \"-\" & YEAR(RiskRegister[[#This Row],[Created Date]])))","v":"Created Date missing"},{"$f":"IF(RiskRegister[[#This Row],[Risk Status]]=\"Closed\",RiskRegister[[#This Row],[Risk Close Date]],RiskRegister[[#This Row],[Risk Due Date]])","v":"00:00:00"},{"$f":"IF(RiskRegister[[#This Row],[Risk-Change-Date]]=0,DATE(2030,1,1),RiskRegister[[#This Row],[Risk-Change-Date]])","v":"2030-01-01"},{"$f":"RiskRegister[[#This Row],[Inherent Impact Level]]&\"-\"&RiskRegister[[#This Row],[Inherent Likelihood Level]]","v":"-- Select Impact ----- Select Likelihood --"},{"$f":"RiskRegister[[#This Row],[Residual Impact Level]]&\"-\"&RiskRegister[[#This Row],[Residual Likelihood Level]]","v":"-- Select Impact ----- Select Likelihood --"},"Error",{"$f":"IF(RiskRegister[[#This Row],[Risk Status]]=\"Closed\",RiskRegister[[#This Row],[Residual Impact Level]],RiskRegister[[#This Row],[Inherent Impact Level]])","v":"-- Select Impact --"},{"$f":"IF(RiskRegister[[#This Row],[Risk Status]]=\"Closed\",RiskRegister[[#This Row],[Residual Likelihood Level]],RiskRegister[[#This Row],[Inherent Likelihood Level]])","v":"-- Select Likelihood --"},{"$f":"IF(RiskRegister[[#This Row],[Risk Status]]=\"Closed\",RiskRegister[[#This Row],[Residual-I-L-Combo]],RiskRegister[[#This Row],[Inherent-I-L-Combo]])","v":"-- Select Impact ----- Select Likelihood --"},"-- Error --"]
[588,{"$nulls":5},"-- Select Risk Category --",null,"-- select department --",null,null,"-- Select Impact --",{"$f":"VLOOKUP(RiskRegister[[#This Row],[Inherent Impact Level]],'Rating factors'!$F$4:$G$9,2,FALSE)","v":"--- Error ---"},"-- Select Likelihood --",{"$f":"VLOOKUP(RiskRegister[[#This Row],[Inherent Likelihood Level]],'Rating factors'!$F$16:$G$21,2,FALSE)","v":"--- Error ---"},{"$f":"IFERROR(VLOOKUP(RiskRegister[[#This Row],[Inherent Risk Rating]],'Rating factors'!$F$30:$G$44,2,FALSE),\"-- Error --\")","v":"-- Error --"},{"$f":"IFERROR(RiskRegister[[#This Row],[Inherent Impact Rating]]*RiskRegister[[#This Row],[Inherent Likelihood Rating]],\"-- Error --\")","v":"-- Error --"},"-- Select Risk Response --",null,"-- Select Impact --",{"$f":"VLOOKUP(RiskRegister[[#This Row],[Residual Impact Level]],'Rating factors'!$F$4:$G$9,2,FALSE)","v":"--- Error ---"},"-- Select Likelihood --",{"$f":"VLOOKUP(RiskRegister[[#This Row],[Residual Likelihood Level]],'Rating factors'!$F$16:$G$21,2,FALSE)","v":"--- Error ---"},{"$f":"IFERROR(VLOOKUP(RiskRegister[[#This Row],[Residual Risk Rating]],'Rating factors'!$F$30:$G$44,2,FALSE),\"-- Error --\")","v":"-- Error --"},{"$f":"IFERROR(RiskRegister[[#This Row],[Residual Impact Rating]]*RiskRegister[[#This Row],[Residual Likelihood Rating]],\"-- Error --\")","v":"-- Error --"},"-- Select Risk Status --",{"$nulls":3},{"$f":"IF(ISBLANK(RiskRegister[[#This Row],[Risk Due Date]]), \"Missing Risk Due Date\", IF(RiskRegister[[#This Row],[Risk Due Date]] < TODAY(), \"Overdue\", \"Not Overdue\"))","v":"Missing Risk Due Date"},null,{"$f":"IF(ISBLANK(RiskRegister[[#This Row],[Risk Due Date]]), \"Missing Risk Due Date\", TEXT(RiskRegister[[#This Row],[Risk Due Date]], \"YYYY-MM\"))","v":"Missing Risk Due Date"},{"$f":"IF(RiskRegister[[#This Row],[Created Date]]=\"\",\"Created Date missing\",(TEXT(RiskRegister[[#This Row],[Created Date]],\"mmm\") & \"-\" & YEAR(RiskRegister[[#This Row],[Created Date]])))","v":"Created Date missing"},{"$f":"IF(RiskRegister[[#This Row],[Risk Status]]=\"Closed\",RiskRegister[[#This Row],[Risk Close Date]],RiskRegister[[#This Row],[Risk Due Date]])","v":"00:00:00"},{"$f":"IF(RiskRegister[[#This Row],[Risk-Change-Date]]=0,DATE(2030,1,1),RiskRegister[[#This Row],[Risk-Change-Date]])","v":"2030-01-01"},{"$f":"RiskRegister[[#This Row],[Inherent Impact Level]]&\"-\"&RiskRegister[[#This Row],[Inherent Likelihood Level]]","v":"-- Select Impact ----- Select Likelihood --"},{"$f":"RiskRegister[[#This Row],[Residual Impact Level]]&\"-\"&RiskRegister[[#This Row],[Residual Likelihood Level]]","v":"-- Select Impact ----- Select Likelihood --"},"Error",{"$f":"IF(RiskRegister[[#This Row],[Risk Status]]=\"Closed\",RiskRegister[[#This Row],[Residual Impact Level]],RiskRegister[[#This Row],[Inherent Impact Level]])","v":"-- Select Impact --"},{"$f":"IF(RiskRegister[[#This Row],[Risk Status]]=\"Closed\",RiskRegister[[#This Row],[Residual Likelihood Level]],RiskRegister[[#This Row],[Inherent Likelihood Level]])","v":"-- Select Likelihood --"},{"$f":"IF(RiskRegister[[#This Row],[Risk Status]]=\"Closed\",RiskRegister[[#This Row],[Residual-I-L-Combo]],RiskRegister[[#This Row],[Inherent-I-L-Combo]])","v":"-- Select Impact ----- Select Likelihood --"},"-- Error --"]
[589,{"$nulls":5},"-- Select Risk Category --",null,"-- select department --",null,null,"-- Select Impact --",{"$f":"VLOOKUP(RiskRegister[[#This Row],[Inherent Impact Level]],'Rating factors'!$F$4:$G$9,2,FALSE)","v":"--- Error ---"},"-- Select Likelihood --",{"$f":"VLOOKUP(RiskRegister[[#This Row],[Inherent Likelihood Level]],'Rating factors'!$F$16:$G$21,2,FALSE)","v":"--- Error ---"},{"$f":"IFERROR(VLOOKUP(RiskRegister[[#This Row],[Inherent Risk Rating]],'Rating factors'!$F$30:$G$44,2,FALSE),\"-- Error --\")","v":"-- Error --"},{"$f":"IFERROR(RiskRegister[[#This Row],[Inherent Impact Rating]]*RiskRegister[[#This Row],[Inherent Likelihood Rating]],\"-- Error --\")","v":"-- Error --"},"-- Select Risk Response --",null,"-- Select Impact --",{"$f":"VLOOKUP(RiskRegister[[#This Row],[Residual Impact Level]],'Rating factors'!$F$4:$G$9,2,FALSE)","v":"--- Error ---"},"-- Select Likelihood --",{"$f":"VLOOKUP(RiskRegister[[#This Row],[Residual Likelihood Level]],'Rating factors'!$F$16:$G$21,2,FALSE)","v":"--- Error ---"},{"$f":"IFERROR(VLOOKUP(RiskRegister[[#This Row],[Residual Risk Rating]],'Rating factors'!$F$30:$G$44,2,FALSE),\"-- Error --\")","v":"-- Error --"},{"$f":"IFERROR(RiskRegister[[#This Row],[Residual Impact Rating]]*RiskRegister[[#This Row],[Residual Likelihood Rating]],\"-- Error --\")","v":"-- Error --"},"-- Select Risk Status --",{"$nulls":3},{"$f":"IF(ISBLANK(RiskRegister[[#This Row],[Risk Due Date]]), \"Missing Risk Due Date\", IF(RiskRegister[[#This Row],[Risk Due Date]] < TODAY(), \"Overdue\", \"Not Overdue\"))","v":"Missing Risk Due Date"},null,{"$f":"IF(ISBLANK(RiskRegister[[#This Row],[Risk Due Date]]), \"Missing Risk Due Date\", TEXT(RiskRegister[[#This Row],[Risk Due Date]], \"YYYY-MM\"))","v":"Missing Risk Due Date"},{"$f":"IF(RiskRegister[[#This Row],[Created Date]]=\"\",\"Created Date missing\",(TEXT(RiskRegister[[#This Row],[Created Date]],\"mmm\") & \"-\" & YEAR(RiskRegister[[#This Row],[Created Date]])))","v":"Created Date missing"},{"$f":"IF(RiskRegister[[#This Row],[Risk Status]]=\"Closed\",RiskRegister[[#This Row],[Risk Close Date]],RiskRegister[[#This Row],[Risk Due Date]])","v":"00:00:00"},{"$f":"IF(RiskRegister[[#This Row],[Risk-Change-Date]]=0,DATE(2030,1,1),RiskRegister[[#This Row],[Risk-Change-Date]])","v":"2030-01-01"},{"$f":"RiskRegister[[#This Row],[Inherent Impact Level]]&\"-\"&RiskRegister[[#This Row],[Inherent Likelihood Level]]","v":"-- Select Impact ----- Select Likelihood --"},{"$f":"RiskRegister[[#This Row],[Residual Impact Level]]&\"-\"&RiskRegister[[#This Row],[Residual Likelihood Level]]","v":"-- Select Impact ----- Select Likelihood --"},"Error",{"$f":"IF(RiskRegister[[#This Row],[Risk Status]]=\"Closed\",RiskRegister[[#This Row],[Residual Impact Level]],RiskRegister[[#This Row],[Inherent Impact Level]])","v":"-- Select Impact --"},{"$f":"IF(RiskRegister[[#This Row],[Risk Status]]=\"Closed\",RiskRegister[[#This Row],[Residual Likelihood Level]],RiskRegister[[#This Row],[Inherent Likelihood Level]])","v":"-- Select Likelihood --"},{"$f":"IF(RiskRegister[[#This Row],[Risk Status]]=\"Closed\",RiskRegister[[#This Row],[Residual-I-L-Combo]],RiskRegister[[#This Row],[Inherent-I-L-Combo]])","v":"-- Select Impact ----- Select Likelihood --"},"-- Error --"]
[590,{"$nulls":5},"-- Select Risk Category --",null,"-- select department --",null,null,"-- Select Impact --",{"$f":"VLOOKUP(RiskRegister[[#This Row],[Inherent Impact Level]],'Rating factors'!$F$4:$G$9,2,FALSE)","v":"--- Error ---"},"-- Select Likelihood --",{"$f":"VLOOKUP(RiskRegister[[#This Row],[Inherent Likelihood Level]],'Rating factors'!$F$16:$G$21,2,FALSE)","v":"--- Error ---"},{"$f":"IFERROR(VLOOKUP(RiskRegister[[#This Row],[Inherent Risk Rating]],'Rating factors'!$F$30:$G$44,2,FALSE),\"-- Error --\")","v":"-- Error --"},{"$f":"IFERROR(RiskRegister[[#This Row],[Inherent Impact Rating]]*RiskRegister[[#This Row],[Inherent Likelihood Rating]],\"-- Error --\")","v":"-- Error --"},"-- Select Risk Response --",null,"-- Select Impact --",{"$f":"VLOOKUP(RiskRegister[[#This Row],[Residual Impact Level]],'Rating factors'!$F$4:$G$9,2,FALSE)","v":"--- Error ---"},"-- Select Likelihood --",{"$f":"VLOOKUP(RiskRegister[[#This Row],[Residual Likelihood Level]],'Rating factors'!$F$16:$G$21,2,FALSE)","v":"--- Error ---"},{"$f":"IFERROR(VLOOKUP(RiskRegister[[#This Row],[Residual Risk Rating]],'Rating factors'!$F$30:$G$44,2,FALSE),\"-- Error --\")","v":"-- Error --"},{"$f":"IFERROR(RiskRegister[[#This Row],[Residual Impact Rating]]*RiskRegister[[#This Row],[Residual Likelihood Rating]],\"-- Error --\")","v":"-- Error --"},"-- Select Risk Status --",{"$nulls":3},{"$f":"IF(ISBLANK(RiskRegister[[#This Row],[Risk Due Date]]), \"Missing Risk Due Date\", IF(RiskRegister[[#This Row],[Risk Due Date]] < TODAY(), \"Overdue\", \"Not Overdue\"))","v":"Missing Risk Due Date"},null,{"$f":"IF(ISBLANK(RiskRegister[[#This Row],[Risk Due Date]]), \"Missing Risk Due Date\", TEXT(RiskRegister[[#This Row],[Risk Due Date]], \"YYYY-MM\"))","v":"Missing Risk Due Date"},{"$f":"IF(RiskRegister[[#This Row],[Created Date]]=\"\",\"Created Date missing\",(TEXT(RiskRegister[[#This Row],[Created Date]],\"mmm\") & \"-\" & YEAR(RiskRegister[[#This Row],[Created Date]])))","v":"Created Date missing"},{"$f":"IF(RiskRegister[[#This Row],[Risk Status]]=\"Closed\",RiskRegister[[#This Row],[Risk Close Date]],RiskRegister[[#This Row],[Risk Due Date]])","v":"00:00:00"},{"$f":"IF(RiskRegister[[#This Row],[Risk-Change-Date]]=0,DATE(2030,1,1),RiskRegister[[#This Row],[Risk-Change-Date]])","v":"2030-01-01"},{"$f":"RiskRegister[[#This Row],[Inherent Impact Level]]&\"-\"&RiskRegister[[#This Row],[Inherent Likelihood Level]]","v":"-- Select Impact ----- Select Likelihood --"},{"$f":"RiskRegister[[#This Row],[Residual Impact Level]]&\"-\"&RiskRegister[[#This Row],[Residual Likelihood Level]]","v":"-- Select Impact ----- Select Likelihood --"},"Error",{"$f":"IF(RiskRegister[[#This Row],[Risk Status]]=\"Closed\",RiskRegister[[#This Row],[Residual Impact Level]],RiskRegister[[#This Row],[Inherent Impact Level]])","v":"-- Select Impact --"},{"$f":"IF(RiskRegister[[#This Row],[Risk Status]]=\"Closed\",RiskRegister[[#This Row],[Residual Likelihood Level]],RiskRegister[[#This Row],[Inherent Likelihood Level]])","v":"-- Select Likelihood --"},{"$f":"IF(RiskRegister[[#This Row],[Risk Status]]=\"Closed\",RiskRegister[[#This Row],[Residual-I-L-Combo]],RiskRegister[[#This Row],[Inherent-I-L-Combo]])","v":"-- Select Impact ----- Select Likelihood --"},"-- Error --"]
[591,{"$nulls":5},"-- Select Risk Category --",null,"-- select department --",null,null,"-- Select Impact --",{"$f":"VLOOKUP(RiskRegister[[#This Row],[Inherent Impact Level]],'Rating factors'!$F$4:$G$9,2,FALSE)","v":"--- Error ---"},"-- Select Likelihood --",{"$f":"VLOOKUP(RiskRegister[[#This Row],[Inherent Likelihood Level]],'Rating factors'!$F$16:$G$21,2,FALSE)","v":"--- Error ---"},{"$f":"IFERROR(VLOOKUP(RiskRegister[[#This Row],[Inherent Risk Rating]],'Rating factors'!$F$30:$G$44,2,FALSE),\"-- Error --\")","v":"-- Error --"},{"$f":"IFERROR(RiskRegister[[#This Row],[Inherent Impact Rating]]*RiskRegister[[#This Row],[Inherent Likelihood Rating]],\"-- Error --\")","v":"-- Error --"},"-- Select Risk Response --",null,"-- Select Impact --",{"$f":"VLOOKUP(RiskRegister[[#This Row],[Residual Impact Level]],'Rating factors'!$F$4:$G$9,2,FALSE)","v":"--- Error ---"},"-- Select Likelihood --",{"$f":"VLOOKUP(RiskRegister[[#This Row],[Residual Likelihood Level]],'Rating factors'!$F$16:$G$21,2,FALSE)","v":"--- Error ---"},{"$f":"IFERROR(VLOOKUP(RiskRegister[[#This Row],[Residual Risk Rating]],'Rating factors'!$F$30:$G$44,2,FALSE),\"-- Error --\")","v":"-- Error --"},{"$f":"IFERROR(RiskRegister[[#This Row],[Residual Impact Rating]]*RiskRegister[[#This Row],[Residual Likelihood Rating]],\"-- Error --\")","v":"-- Error --"},"-- Select Risk Status --",{"$nulls":3},{"$f":"IF(ISBLANK(RiskRegister[[#This Row],[Risk Due Date]]), \"Missing Risk Due Date\", IF(RiskRegister[[#This Row],[Risk Due Date]] < TODAY(), \"Overdue\", \"Not Overdue\"))","v":"Missing Risk Due Date"},null,{"$f":"IF(ISBLANK(RiskRegister[[#This Row],[Risk Due Date]]), \"Missing Risk Due Date\", TEXT(RiskRegister[[#This Row],[Risk Due Date]], \"YYYY-MM\"))","v":"Missing Risk Due Date"},{"$f":"IF(RiskRegister[[#This Row],[Created Date]]=\"\",\"Created Date missing\",(TEXT(RiskRegister[[#This Row],[Created Date]],\"mmm\") & \"-\" & YEAR(RiskRegister[[#This Row],[Created Date]])))","v":"Created Date missing"},{"$f":"IF(RiskRegister[[#This Row],[Risk Status]]=\"Closed\",RiskRegister[[#This Row],[Risk Close Date]],RiskRegister[[#This Row],[Risk Due Date]])","v":"00:00:00"},{"$f":"IF(RiskRegister[[#This Row],[Risk-Change-Date]]=0,DATE(2030,1,1),RiskRegister[[#This Row],[Risk-Change-Date]])","v":"2030-01-01"},{"$f":"RiskRegister[[#This Row],[Inherent Impact Level]]&\"-\"&RiskRegister[[#This Row],[Inherent Likelihood Level]]","v":"-- Select Impact ----- Select Likelihood --"},{"$f":"RiskRegister[[#This Row],[Residual Impact Level]]&\"-\"&RiskRegister[[#This Row],[Residual Likelihood Level]]","v":"-- Select Impact ----- Select Likelihood --"},"Error",{"$f":"IF(RiskRegister[[#This Row],[Risk Status]]=\"Closed\",RiskRegister[[#This Row],[Residual Impact Level]],RiskRegister[[#This Row],[Inherent Impact Level]])","v":"-- Select Impact --"},{"$f":"IF(RiskRegister[[#This Row],[Risk Status]]=\"Closed\",RiskRegister[[#This Row],[Residual Likelihood Level]],RiskRegister[[#This Row],[Inherent Likelihood Level]])","v":"-- Select Likelihood --"},{"$f":"IF(RiskRegister[[#This Row],[Risk Status]]=\"Closed\",RiskRegister[[#This Row],[Residual-I-L-Combo]],RiskRegister[[#This Row],[Inherent-I-L-Combo]])","v":"-- Select Impact ----- Select Likelihood --"},"-- Error --"]
[592,{"$nulls":5},"-- Select Risk Category --",null,"-- select department --",null,null,"-- Select Impact --",{"$f":"VLOOKUP(RiskRegister[[#This Row],[Inherent Impact Level]],'Rating factors'!$F$4:$G$9,2,FALSE)","v":"--- Error ---"},"-- Select Likelihood --",{"$f":"VLOOKUP(RiskRegister[[#This Row],[Inherent Likelihood Level]],'Rating factors'!$F$16:$G$21,2,FALSE)","v":"--- Error ---"},{"$f":"IFERROR(VLOOKUP(RiskRegister[[#This Row],[Inherent Risk Rating]],'Rating factors'!$F$30:$G$44,2,FALSE),\"-- Error --\")","v":"-- Error --"},{"$f":"IFERROR(RiskRegister[[#This Row],[Inherent Impact Rating]]*RiskRegister[[#This Row],[Inherent Likelihood Rating]],\"-- Error --\")","v":"-- Error --"},"-- Select Risk Response --",null,"-- Select Impact --",{"$f":"VLOOKUP(RiskRegister[[#This Row],[Residual Impact Level]],'Rating factors'!$F$4:$G$9,2,FALSE)","v":"--- Error ---"},"-- Select Likelihood --",{"$f":"VLOOKUP(RiskRegister[[#This Row],[Residual Likelihood Level]],'Rating factors'!$F$16:$G$21,2,FALSE)","v":"--- Error ---"},{"$f":"IFERROR(VLOOKUP(RiskRegister[[#This Row],[Residual Risk Rating]],'Rating factors'!$F$30:$G$44,2,FALSE),\"-- Error --\")","v":"-- Error --"},{"$f":"IFERROR(RiskRegister[[#This Row],[Residual Impact Rating]]*RiskRegister[[#This Row],[Residual Likelihood Rating]],\"-- Error --\")","v":"-- Error --"},"-- Select Risk Status --",{"$nulls":3},{"$f":"IF(ISBLANK(RiskRegister[[#This Row],[Risk Due Date]]), \"Missing Risk Due Date\", IF(RiskRegister[[#This Row],[Risk Due Date]] < TODAY(), \"Overdue\", \"Not Overdue\"))","v":"Missing Risk Due Date"},null,{"$f":"IF(ISBLANK(RiskRegister[[#This Row],[Risk Due Date]]), \"Missing Risk Due Date\", TEXT(RiskRegister[[#This Row],[Risk Due Date]], \"YYYY-MM\"))","v":"Missing Risk Due Date"},{"$f":"IF(RiskRegister[[#This Row],[Created Date]]=\"\",\"Created Date missing\",(TEXT(RiskRegister[[#This Row],[Created Date]],\"mmm\") & \"-\" & YEAR(RiskRegister[[#This Row],[Created Date]])))","v":"Created Date missing"},{"$f":"IF(RiskRegister[[#This Row],[Risk Status]]=\"Closed\",RiskRegister[[#This Row],[Risk Close Date]],RiskRegister[[#This Row],[Risk Due Date]])","v":"00:00:00"},{"$f":"IF(RiskRegister[[#This Row],[Risk-Change-Date]]=0,DATE(2030,1,1),RiskRegister[[#This Row],[Risk-Change-Date]])","v":"2030-01-01"},{"$f":"RiskRegister[[#This Row],[Inherent Impact Level]]&\"-\"&RiskRegister[[#This Row],[Inherent Likelihood Level]]","v":"-- Select Impact ----- Select Likelihood --"},{"$f":"RiskRegister[[#This Row],[Residual Impact Level]]&\"-\"&RiskRegister[[#This Row],[Residual Likelihood Level]]","v":"-- Select Impact ----- Select Likelihood --"},"Error",{"$f":"IF(RiskRegister[[#This Row],[Risk Status]]=\"Closed\",RiskRegister[[#This Row],[Residual Impact Level]],RiskRegister[[#This Row],[Inherent Impact Level]])","v":"-- Select Impact --"},{"$f":"IF(RiskRegister[[#This Row],[Risk Status]]=\"Closed\",RiskRegister[[#This Row],[Residual Likelihood Level]],RiskRegister[[#This Row],[Inherent Likelihood Level]])","v":"-- Select Likelihood --"},{"$f":"IF(RiskRegister[[#This Row],[Risk Status]]=\"Closed\",RiskRegister[[#This Row],[Residual-I-L-Combo]],RiskRegister[[#This Row],[Inherent-I-L-Combo]])","v":"-- Select Impact ----- Select Likelihood --"},"-- Error --"]
[593,{"$nulls":5},"-- Select Risk Category --",null,"-- select department --",null,null,"-- Select Impact --",{"$f":"VLOOKUP(RiskRegister[[#This Row],[Inherent Impact Level]],'Rating factors'!$F$4:$G$9,2,FALSE)","v":"--- Error ---"},"-- Select Likelihood --",{"$f":"VLOOKUP(RiskRegister[[#This Row],[Inherent Likelihood Level]],'Rating factors'!$F$16:$G$21,2,FALSE)","v":"--- Error ---"},{"$f":"IFERROR(VLOOKUP(RiskRegister[[#This Row],[Inherent Risk Rating]],'Rating factors'!$F$30:$G$44,2,FALSE),\"-- Error --\")","v":"-- Error --"},{"$f":"IFERROR(RiskRegister[[#This Row],[Inherent Impact Rating]]*RiskRegister[[#This Row],[Inherent Likelihood Rating]],\"-- Error --\")","v":"-- Error --"},"-- Select Risk Response --",null,"-- Select Impact --",{"$f":"VLOOKUP(RiskRegister[[#This Row],[Residual Impact Level]],'Rating factors'!$F$4:$G$9,2,FALSE)","v":"--- Error ---"},"-- Select Likelihood --",{"$f":"VLOOKUP(RiskRegister[[#This Row],[Residual Likelihood Level]],'Rating factors'!$F$16:$G$21,2,FALSE)","v":"--- Error ---"},{"$f":"IFERROR(VLOOKUP(RiskRegister[[#This Row],[Residual Risk Rating]],'Rating factors'!$F$30:$G$44,2,FALSE),\"-- Error --\")","v":"-- Error --"},{"$f":"IFERROR(RiskRegister[[#This Row],[Residual Impact Rating]]*RiskRegister[[#This Row],[Residual Likelihood Rating]],\"-- Error --\")","v":"-- Error --"},"-- Select Risk Status --",{"$nulls":3},{"$f":"IF(ISBLANK(RiskRegister[[#This Row],[Risk Due Date]]), \"Missing Risk Due Date\", IF(RiskRegister[[#This Row],[Risk Due Date]] < TODAY(), \"Overdue\", \"Not Overdue\"))","v":"Missing Risk Due Date"},null,{"$f":"IF(ISBLANK(RiskRegister[[#This Row],[Risk Due Date]]), \"Missing Risk Due Date\", TEXT(RiskRegister[[#This Row],[Risk Due Date]], \"YYYY-MM\"))","v":"Missing Risk Due Date"},{"$f":"IF(RiskRegister[[#This Row],[Created Date]]=\"\",\"Created Date missing\",(TEXT(RiskRegister[[#This Row],[Created Date]],\"mmm\") & \"-\" & YEAR(RiskRegister[[#This Row],[Created Date]])))","v":"Created Date missing"},{"$f":"IF(RiskRegister[[#This Row],[Risk Status]]=\"Closed\",RiskRegister[[#This Row],[Risk Close Date]],RiskRegister[[#This Row],[Risk Due Date]])","v":"00:00:00"},{"$f":"IF(RiskRegister[[#This Row],[Risk-Change-Date]]=0,DATE(2030,1,1),RiskRegister[[#This Row],[Risk-Change-Date]])","v":"2030-01-01"},{"$f":"RiskRegister[[#This Row],[Inherent Impact Level]]&\"-\"&RiskRegister[[#This Row],[Inherent Likelihood Level]]","v":"-- Select Impact ----- Select Likelihood --"},{"$f":"RiskRegister[[#This Row],[Residual Impact Level]]&\"-\"&RiskRegister[[#This Row],[Residual Likelihood Level]]","v":"-- Select Impact ----- Select Likelihood --"},"Error",{"$f":"IF(RiskRegister[[#This Row],[Risk Status]]=\"Closed\",RiskRegister[[#This Row],[Residual Impact Level]],RiskRegister[[#This Row],[Inherent Impact Level]])","v":"-- Select Impact --"},{"$f":"IF(RiskRegister[[#This Row],[Risk Status]]=\"Closed\",RiskRegister[[#This Row],[Residual Likelihood Level]],RiskRegister[[#This Row],[Inherent Likelihood Level]])","v":"-- Select Likelihood --"},{"$f":"IF(RiskRegister[[#This Row],[Risk Status]]=\"Closed\",RiskRegister[[#This Row],[Residual-I-L-Combo]],RiskRegister[[#This Row],[Inherent-I-L-Combo]])","v":"-- Select Impact ----- Select Likelihood --"},"-- Error --"]
[594,{"$nulls":5},"-- Select Risk Category --",null,"-- select department --",null,null,"-- Select Impact --",{"$f":"VLOOKUP(RiskRegister[[#This Row],[Inherent Impact Level]],'Rating factors'!$F$4:$G$9,2,FALSE)","v":"--- Error ---"},"-- Select Likelihood --",{"$f":"VLOOKUP(RiskRegister[[#This Row],[Inherent Likelihood Level]],'Rating factors'!$F$16:$G$21,2,FALSE)","v":"--- Error ---"},{"$f":"IFERROR(VLOOKUP(RiskRegister[[#This Row],[Inherent Risk Rating]],'Rating factors'!$F$30:$G$44,2,FALSE),\"-- Error --\")","v":"-- Error --"},{"$f":"IFERROR(RiskRegister[[#This Row],[Inherent Impact Rating]]*RiskRegister[[#This Row],[Inherent Likelihood Rating]],\"-- Error --\")","v":"-- Error --"},"-- Select Risk Response --",null,"-- Select Impact --",{"$f":"VLOOKUP(RiskRegister[[#This Row],[Residual Impact Level]],'Rating factors'!$F$4:$G$9,2,FALSE)","v":"--- Error ---"},"-- Select Likelihood --",{"$f":"VLOOKUP(RiskRegister[[#This Row],[Residual Likelihood Level]],'Rating factors'!$F$16:$G$21,2,FALSE)","v":"--- Error ---"},{"$f":"IFERROR(VLOOKUP(RiskRegister[[#This Row],[Residual Risk Rating]],'Rating factors'!$F$30:$G$44,2,FALSE),\"-- Error --\")","v":"-- Error --"},{"$f":"IFERROR(RiskRegister[[#This Row],[Residual Impact Rating]]*RiskRegister[[#This Row],[Residual Likelihood Rating]],\"-- Error --\")","v":"-- Error --"},"-- Select Risk Status --",{"$nulls":3},{"$f":"IF(ISBLANK(RiskRegister[[#This Row],[Risk Due Date]]), \"Missing Risk Due Date\", IF(RiskRegister[[#This Row],[Risk Due Date]] < TODAY(), \"Overdue\", \"Not Overdue\"))","v":"Missing Risk Due Date"},null,{"$f":"IF(ISBLANK(RiskRegister[[#This Row],[Risk Due Date]]), \"Missing Risk Due Date\", TEXT(RiskRegister[[#This Row],[Risk Due Date]], \"YYYY-MM\"))","v":"Missing Risk Due Date"},{"$f":"IF(RiskRegister[[#This Row],[Created Date]]=\"\",\"Created Date missing\",(TEXT(RiskRegister[[#This Row],[Created Date]],\"mmm\") & \"-\" & YEAR(RiskRegister[[#This Row],[Created Date]])))","v":"Created Date missing"},{"$f":"IF(RiskRegister[[#This Row],[Risk Status]]=\"Closed\",RiskRegister[[#This Row],[Risk Close Date]],RiskRegister[[#This Row],[Risk Due Date]])","v":"00:00:00"},{"$f":"IF(RiskRegister[[#This Row],[Risk-Change-Date]]=0,DATE(2030,1,1),RiskRegister[[#This Row],[Risk-Change-Date]])","v":"2030-01-01"},{"$f":"RiskRegister[[#This Row],[Inherent Impact Level]]&\"-\"&RiskRegister[[#This Row],[Inherent Likelihood Level]]","v":"-- Select Impact ----- Select Likelihood --"},{"$f":"RiskRegister[[#This Row],[Residual Impact Level]]&\"-\"&RiskRegister[[#This Row],[Residual Likelihood Level]]","v":"-- Select Impact ----- Select Likelihood --"},"Error",{"$f":"IF(RiskRegister[[#This Row],[Risk Status]]=\"Closed\",RiskRegister[[#This Row],[Residual Impact Level]],RiskRegister[[#This Row],[Inherent Impact Level]])","v":"-- Select Impact --"},{"$f":"IF(RiskRegister[[#This Row],[Risk Status]]=\"Closed\",RiskRegister[[#This Row],[Residual Likelihood Level]],RiskRegister[[#This Row],[Inherent Likelihood Level]])","v":"-- Select Likelihood --"},{"$f":"IF(RiskRegister[[#This Row],[Risk Status]]=\"Closed\",RiskRegister[[#This Row],[Residual-I-L-Combo]],RiskRegister[[#This Row],[Inherent-I-L-Combo]])","v":"-- Select Impact ----- Select Likelihood --"},"-- Error --"]
[595,{"$nulls":5},"-- Select Risk Category --",null,"-- select department --",null,null,"-- Select Impact --",{"$f":"VLOOKUP(RiskRegister[[#This Row],[Inherent Impact Level]],'Rating factors'!$F$4:$G$9,2,FALSE)","v":"--- Error ---"},"-- Select Likelihood --",{"$f":"VLOOKUP(RiskRegister[[#This Row],[Inherent Likelihood Level]],'Rating factors'!$F$16:$G$21,2,FALSE)","v":"--- Error ---"},{"$f":"IFERROR(VLOOKUP(RiskRegister[[#This Row],[Inherent Risk Rating]],'Rating factors'!$F$30:$G$44,2,FALSE),\"-- Error --\")","v":"-- Error --"},{"$f":"IFERROR(RiskRegister[[#This Row],[Inherent Impact Rating]]*RiskRegister[[#This Row],[Inherent Likelihood Rating]],\"-- Error --\")","v":"-- Error --"},"-- Select Risk Response --",null,"-- Select Impact --",{"$f":"VLOOKUP(RiskRegister[[#This Row],[Residual Impact Level]],'Rating factors'!$F$4:$G$9,2,FALSE)","v":"--- Error ---"},"-- Select Likelihood --",{"$f":"VLOOKUP(RiskRegister[[#This Row],[Residual Likelihood Level]],'Rating factors'!$F$16:$G$21,2,FALSE)","v":"--- Error ---"},{"$f":"IFERROR(VLOOKUP(RiskRegister[[#This Row],[Residual Risk Rating]],'Rating factors'!$F$30:$G$44,2,FALSE),\"-- Error --\")","v":"-- Error --"},{"$f":"IFERROR(RiskRegister[[#This Row],[Residual Impact Rating]]*RiskRegister[[#This Row],[Residual Likelihood Rating]],\"-- Error --\")","v":"-- Error --"},"-- Select Risk Status --",{"$nulls":3},{"$f":"IF(ISBLANK(RiskRegister[[#This Row],[Risk Due Date]]), \"Missing Risk Due Date\", IF(RiskRegister[[#This Row],[Risk Due Date]] < TODAY(), \"Overdue\", \"Not Overdue\"))","v":"Missing Risk Due Date"},null,{"$f":"IF(ISBLANK(RiskRegister[[#This Row],[Risk Due Date]]), \"Missing Risk Due Date\", TEXT(RiskRegister[[#This Row],[Risk Due Date]], \"YYYY-MM\"))","v":"Missing Risk Due Date"},{"$f":"IF(RiskRegister[[#This Row],[Created Date]]=\"\",\"Created Date missing\",(TEXT(RiskRegister[[#This Row],[Created Date]],\"mmm\") & \"-\" & YEAR(RiskRegister[[#This Row],[Created Date]])))","v":"Created Date missing"},{"$f":"IF(RiskRegister[[#This Row],[Risk Status]]=\"Closed\",RiskRegister[[#This Row],[Risk Close Date]],RiskRegister[[#This Row],[Risk Due Date]])","v":"00:00:00"},{"$f":"IF(RiskRegister[[#This Row],[Risk-Change-Date]]=0,DATE(2030,1,1),RiskRegister[[#This Row],[Risk-Change-Date]])","v":"2030-01-01"},{"$f":"RiskRegister[[#This Row],[Inherent Impact Level]]&\"-\"&RiskRegister[[#This Row],[Inherent Likelihood Level]]","v":"-- Select Impact ----- Select Likelihood --"},{"$f":"RiskRegister[[#This Row],[Residual Impact Level]]&\"-\"&RiskRegister[[#This Row],[Residual Likelihood Level]]","v":"-- Select Impact ----- Select Likelihood --"},"Error",{"$f":"IF(RiskRegister[[#This Row],[Risk Status]]=\"Closed\",RiskRegister[[#This Row],[Residual Impact Level]],RiskRegister[[#This Row],[Inherent Impact Level]])","v":"-- Select Impact --"},{"$f":"IF(RiskRegister[[#This Row],[Risk Status]]=\"Closed\",RiskRegister[[#This Row],[Residual Likelihood Level]],RiskRegister[[#This Row],[Inherent Likelihood Level]])","v":"-- Select Likelihood --"},{"$f":"IF(RiskRegister[[#This Row],[Risk Status]]=\"Closed\",RiskRegister[[#This Row],[Residual-I-L-Combo]],RiskRegister[[#This Row],[Inherent-I-L-Combo]])","v":"-- Select Impact ----- Select Likelihood --"},"-- Error --"]
[596,{"$nulls":5},"-- Select Risk Category --",null,"-- select department --",null,null,"-- Select Impact --",{"$f":"VLOOKUP(RiskRegister[[#This Row],[Inherent Impact Level]],'Rating factors'!$F$4:$G$9,2,FALSE)","v":"--- Error ---"},"-- Select Likelihood --",{"$f":"VLOOKUP(RiskRegister[[#This Row],[Inherent Likelihood Level]],'Rating factors'!$F$16:$G$21,2,FALSE)","v":"--- Error ---"},{"$f":"IFERROR(VLOOKUP(RiskRegister[[#This Row],[Inherent Risk Rating]],'Rating factors'!$F$30:$G$44,2,FALSE),\"-- Error --\")","v":"-- Error --"},{"$f":"IFERROR(RiskRegister[[#This Row],[Inherent Impact Rating]]*RiskRegister[[#This Row],[Inherent Likelihood Rating]],\"-- Error --\")","v":"-- Error --"},"-- Select Risk Response --",null,"-- Select Impact --",{"$f":"VLOOKUP(RiskRegister[[#This Row],[Residual Impact Level]],'Rating factors'!$F$4:$G$9,2,FALSE)","v":"--- Error ---"},"-- Select Likelihood --",{"$f":"VLOOKUP(RiskRegister[[#This Row],[Residual Likelihood Level]],'Rating factors'!$F$16:$G$21,2,FALSE)","v":"--- Error ---"},{"$f":"IFERROR(VLOOKUP(RiskRegister[[#This Row],[Residual Risk Rating]],'Rating factors'!$F$30:$G$44,2,FALSE),\"-- Error --\")","v":"-- Error --"},{"$f":"IFERROR(RiskRegister[[#This Row],[Residual Impact Rating]]*RiskRegister[[#This Row],[Residual Likelihood Rating]],\"-- Error --\")","v":"-- Error --"},"-- Select Risk Status --",{"$nulls":3},{"$f":"IF(ISBLANK(RiskRegister[[#This Row],[Risk Due Date]]), \"Missing Risk Due Date\", IF(RiskRegister[[#This Row],[Risk Due Date]] < TODAY(), \"Overdue\", \"Not Overdue\"))","v":"Missing Risk Due Date"},null,{"$f":"IF(ISBLANK(RiskRegister[[#This Row],[Risk Due Date]]), \"Missing Risk Due Date\", TEXT(RiskRegister[[#This Row],[Risk Due Date]], \"YYYY-MM\"))","v":"Missing Risk Due Date"},{"$f":"IF(RiskRegister[[#This Row],[Created Date]]=\"\",\"Created Date missing\",(TEXT(RiskRegister[[#This Row],[Created Date]],\"mmm\") & \"-\" & YEAR(RiskRegister[[#This Row],[Created Date]])))","v":"Created Date missing"},{"$f":"IF(RiskRegister[[#This Row],[Risk Status]]=\"Closed\",RiskRegister[[#This Row],[Risk Close Date]],RiskRegister[[#This Row],[Risk Due Date]])","v":"00:00:00"},{"$f":"IF(RiskRegister[[#This Row],[Risk-Change-Date]]=0,DATE(2030,1,1),RiskRegister[[#This Row],[Risk-Change-Date]])","v":"2030-01-01"},{"$f":"RiskRegister[[#This Row],[Inherent Impact Level]]&\"-\"&RiskRegister[[#This Row],[Inherent Likelihood Level]]","v":"-- Select Impact ----- Select Likelihood --"},{"$f":"RiskRegister[[#This Row],[Residual Impact Level]]&\"-\"&RiskRegister[[#This Row],[Residual Likelihood Level]]","v":"-- Select Impact ----- Select Likelihood --"},"Error",{"$f":"IF(RiskRegister[[#This Row],[Risk Status]]=\"Closed\",RiskRegister[[#This Row],[Residual Impact Level]],RiskRegister[[#This Row],[Inherent Impact Level]])","v":"-- Select Impact --"},{"$f":"IF(RiskRegister[[#This Row],[Risk Status]]=\"Closed\",RiskRegister[[#This Row],[Residual Likelihood Level]],RiskRegister[[#This Row],[Inherent Likelihood Level]])","v":"-- Select Likelihood --"},{"$f":"IF(RiskRegister[[#This Row],[Risk Status]]=\"Closed\",RiskRegister[[#This Row],[Residual-I-L-Combo]],RiskRegister[[#This Row],[Inherent-I-L-Combo]])","v":"-- Select Impact ----- Select Likelihood --"},"-- Error --"]
[597,{"$nulls":5},"-- Select Risk Category --",null,"-- select department --",null,null,"-- Select Impact --",{"$f":"VLOOKUP(RiskRegister[[#This Row],[Inherent Impact Level]],'Rating factors'!$F$4:$G$9,2,FALSE)","v":"--- Error ---"},"-- Select Likelihood --",{"$f":"VLOOKUP(RiskRegister[[#This Row],[Inherent Likelihood Level]],'Rating factors'!$F$16:$G$21,2,FALSE)","v":"--- Error ---"},{"$f":"IFERROR(VLOOKUP(RiskRegister[[#This Row],[Inherent Risk Rating]],'Rating factors'!$F$30:$G$44,2,FALSE),\"-- Error --\")","v":"-- Error --"},{"$f":"IFERROR(RiskRegister[[#This Row],[Inherent Impact Rating]]*RiskRegister[[#This Row],[Inherent Likelihood Rating]],\"-- Error --\")","v":"-- Error --"},"-- Select Risk Response --",null,"-- Select Impact --",{"$f":"VLOOKUP(RiskRegister[[#This Row],[Residual Impact Level]],'Rating factors'!$F$4:$G$9,2,FALSE)","v":"--- Error ---"},"-- Select Likelihood --",{"$f":"VLOOKUP(RiskRegister[[#This Row],[Residual Likelihood Level]],'Rating factors'!$F$16:$G$21,2,FALSE)","v":"--- Error ---"},{"$f":"IFERROR(VLOOKUP(RiskRegister[[#This Row],[Residual Risk Rating]],'Rating factors'!$F$30:$G$44,2,FALSE),\"-- Error --\")","v":"-- Error --"},{"$f":"IFERROR(RiskRegister[[#This Row],[Residual Impact Rating]]*RiskRegister[[#This Row],[Residual Likelihood Rating]],\"-- Error --\")","v":"-- Error --"},"-- Select Risk Status --",{"$nulls":3},{"$f":"IF(ISBLANK(RiskRegister[[#This Row],[Risk Due Date]]), \"Missing Risk Due Date\", IF(RiskRegister[[#This Row],[Risk Due Date]] < TODAY(), \"Overdue\", \"Not Overdue\"))","v":"Missing Risk Due Date"},null,{"$f":"IF(ISBLANK(RiskRegister[[#This Row],[Risk Due Date]]), \"Missing Risk Due Date\", TEXT(RiskRegister[[#This Row],[Risk Due Date]], \"YYYY-MM\"))","v":"Missing Risk Due Date"},{"$f":"IF(RiskRegister[[#This Row],[Created Date]]=\"\",\"Created Date missing\",(TEXT(RiskRegister[[#This Row],[Created Date]],\"mmm\") & \"-\" & YEAR(RiskRegister[[#This Row],[Created Date]])))","v":"Created Date missing"},{"$f":"IF(RiskRegister[[#This Row],[Risk Status]]=\"Closed\",RiskRegister[[#This Row],[Risk Close Date]],RiskRegister[[#This Row],[Risk Due Date]])","v":"00:00:00"},{"$f":"IF(RiskRegister[[#This Row],[Risk-Change-Date]]=0,DATE(2030,1,1),RiskRegister[[#This Row],[Risk-Change-Date]])","v":"2030-01-01"},{"$f":"RiskRegister[[#This Row],[Inherent Impact Level]]&\"-\"&RiskRegister[[#This Row],[Inherent Likelihood Level]]","v":"-- Select Impact ----- Select Likelihood --"},{"$f":"RiskRegister[[#This Row],[Residual Impact Level]]&\"-\"&RiskRegister[[#This Row],[Residual Likelihood Level]]","v":"-- Select Impact ----- Select Likelihood --"},"Error",{"$f":"IF(RiskRegister[[#This Row],[Risk Status]]=\"Closed\",RiskRegister[[#This Row],[Residual Impact Level]],RiskRegister[[#This Row],[Inherent Impact Level]])","v":"-- Select Impact --"},{"$f":"IF(RiskRegister[[#This Row],[Risk Status]]=\"Closed\",RiskRegister[[#This Row],[Residual Likelihood Level]],RiskRegister[[#This Row],[Inherent Likelihood Level]])","v":"-- Select Likelihood --"},{"$f":"IF(RiskRegister[[#This Row],[Risk Status]]=\"Closed\",RiskRegister[[#This Row],[Residual-I-L-Combo]],RiskRegister[[#This Row],[Inherent-I-L-Combo]])","v":"-- Select Impact ----- Select Likelihood --"},"-- Error --"]
[598,{"$nulls":5},"-- Select Risk Category --",null,"-- select department --",null,null,"-- Select Impact --",{"$f":"VLOOKUP(RiskRegister[[#This Row],[Inherent Impact Level]],'Rating factors'!$F$4:$G$9,2,FALSE)","v":"--- Error ---"},"-- Select Likelihood --",{"$f":"VLOOKUP(RiskRegister[[#This Row],[Inherent Likelihood Level]],'Rating factors'!$F$16:$G$21,2,FALSE)","v":"--- Error ---"},{"$f":"IFERROR(VLOOKUP(RiskRegister[[#This Row],[Inherent Risk Rating]],'Rating factors'!$F$30:$G$44,2,FALSE),\"-- Error --\")","v":"-- Error --"},{"$f":"IFERROR(RiskRegister[[#This Row],[Inherent Impact Rating]]*RiskRegister[[#This Row],[Inherent Likelihood Rating]],\"-- Error --\")","v":"-- Error --"},"-- Select Risk Response --",null,"-- Select Impact --",{"$f":"VLOOKUP(RiskRegister[[#This Row],[Residual Impact Level]],'Rating factors'!$F$4:$G$9,2,FALSE)","v":"--- Error ---"},"-- Select Likelihood --",{"$f":"VLOOKUP(RiskRegister[[#This Row],[Residual Likelihood Level]],'Rating factors'!$F$16:$G$21,2,FALSE)","v":"--- Error ---"},{"$f":"IFERROR(VLOOKUP(RiskRegister[[#This Row],[Residual Risk Rating]],'Rating factors'!$F$30:$G$44,2,FALSE),\"-- Error --\")","v":"-- Error --"},{"$f":"IFERROR(RiskRegister[[#This Row],[Residual Impact Rating]]*RiskRegister[[#This Row],[Residual Likelihood Rating]],\"-- Error --\")","v":"-- Error --"},"-- Select Risk Status --",{"$nulls":3},{"$f":"IF(ISBLANK(RiskRegister[[#This Row],[Risk Due Date]]), \"Missing Risk Due Date\", IF(RiskRegister[[#This Row],[Risk Due Date]] < TODAY(), \"Overdue\", \"Not Overdue\"))","v":"Missing Risk Due Date"},null,{"$f":"IF(ISBLANK(RiskRegister[[#This Row],[Risk Due Date]]), \"Missing Risk Due Date\", TEXT(RiskRegister[[#This Row],[Risk Due Date]], \"YYYY-MM\"))","v":"Missing Risk Due Date"},{"$f":"IF(RiskRegister[[#This Row],[Created Date]]=\"\",\"Created Date missing\",(TEXT(RiskRegister[[#This Row],[Created Date]],\"mmm\") & \"-\" & YEAR(RiskRegister[[#This Row],[Created Date]])))","v":"Created Date missing"},{"$f":"IF(RiskRegister[[#This Row],[Risk Status]]=\"Closed\",RiskRegister[[#This Row],[Risk Close Date]],RiskRegister[[#This Row],[Risk Due Date]])","v":"00:00:00"},{"$f":"IF(RiskRegister[[#This Row],[Risk-Change-Date]]=0,DATE(2030,1,1),RiskRegister[[#This Row],[Risk-Change-Date]])","v":"2030-01-01"},{"$f":"RiskRegister[[#This Row],[Inherent Impact Level]]&\"-\"&RiskRegister[[#This Row],[Inherent Likelihood Level]]","v":"-- Select Impact ----- Select Likelihood --"},{"$f":"RiskRegister[[#This Row],[Residual Impact Level]]&\"-\"&RiskRegister[[#This Row],[Residual Likelihood Level]]","v":"-- Select Impact ----- Select Likelihood --"},"Error",{"$f":"IF(RiskRegister[[#This Row],[Risk Status]]=\"Closed\",RiskRegister[[#This Row],[Residual Impact Level]],RiskRegister[[#This Row],[Inherent Impact Level]])","v":"-- Select Impact --"},{"$f":"IF(RiskRegister[[#This Row],[Risk Status]]=\"Closed\",RiskRegister[[#This Row],[Residual Likelihood Level]],RiskRegister[[#This Row],[Inherent Likelihood Level]])","v":"-- Select Likelihood --"},{"$f":"IF(RiskRegister[[#This Row],[Risk Status]]=\"Closed\",RiskRegister[[#This Row],[Residual-I-L-Combo]],RiskRegister[[#This Row],[Inherent-I-L-Combo]])","v":"-- Select Impact ----- Select Likelihood --"},"-- Error --"]
[599,{"$nulls":5},"-- Select Risk Category --",null,"-- select department --",null,null,"-- Select Impact --",{"$f":"VLOOKUP(RiskRegister[[#This Row],[Inherent Impact Level]],'Rating factors'!$F$4:$G$9,2,FALSE)","v":"--- Error ---"},"-- Select Likelihood --",{"$f":"VLOOKUP(RiskRegister[[#This Row],[Inherent Likelihood Level]],'Rating factors'!$F$16:$G$21,2,FALSE)","v":"--- Error ---"},{"$f":"IFERROR(VLOOKUP(RiskRegister[[#This Row],[Inherent Risk Rating]],'Rating factors'!$F$30:$G$44,2,FALSE),\"-- Error --\")","v":"-- Error --"},{"$f":"IFERROR(RiskRegister[[#This Row],[Inherent Impact Rating]]*RiskRegister[[#This Row],[Inherent Likelihood Rating]],\"-- Error --\")","v":"-- Error --"},"-- Select Risk Response --",null,"-- Select Impact --",{"$f":"VLOOKUP(RiskRegister[[#This Row],[Residual Impact Level]],'Rating factors'!$F$4:$G$9,2,FALSE)","v":"--- Error ---"},"-- Select Likelihood --",{"$f":"VLOOKUP(RiskRegister[[#This Row],[Residual Likelihood Level]],'Rating factors'!$F$16:$G$21,2,FALSE)","v":"--- Error ---"},{"$f":"IFERROR(VLOOKUP(RiskRegister[[#This Row],[Residual Risk Rating]],'Rating factors'!$F$30:$G$44,2,FALSE),\"-- Error --\")","v":"-- Error --"},{"$f":"IFERROR(RiskRegister[[#This Row],[Residual Impact Rating]]*RiskRegister[[#This Row],[Residual Likelihood Rating]],\"-- Error --\")","v":"-- Error --"},"-- Select Risk Status --",{"$nulls":3},{"$f":"IF(ISBLANK(RiskRegister[[#This Row],[Risk Due Date]]), \"Missing Risk Due Date\", IF(RiskRegister[[#This Row],[Risk Due Date]] < TODAY(), \"Overdue\", \"Not Overdue\"))","v":"Missing Risk Due Date"},null,{"$f":"IF(ISBLANK(RiskRegister[[#This Row],[Risk Due Date]]), \"Missing Risk Due Date\", TEXT(RiskRegister[[#This Row],[Risk Due Date]], \"YYYY-MM\"))","v":"Missing Risk Due Date"},{"$f":"IF(RiskRegister[[#This Row],[Created Date]]=\"\",\"Created Date missing\",(TEXT(RiskRegister[[#This Row],[Created Date]],\"mmm\") & \"-\" & YEAR(RiskRegister[[#This Row],[Created Date]])))","v":"Created Date missing"},{"$f":"IF(RiskRegister[[#This Row],[Risk Status]]=\"Closed\",RiskRegister[[#This Row],[Risk Close Date]],RiskRegister[[#This Row],[Risk Due Date]])","v":"00:00:00"},{"$f":"IF(RiskRegister[[#This Row],[Risk-Change-Date]]=0,DATE(2030,1,1),RiskRegister[[#This Row],[Risk-Change-Date]])","v":"2030-01-01"},{"$f":"RiskRegister[[#This Row],[Inherent Impact Level]]&\"-\"&RiskRegister[[#This Row],[Inherent Likelihood Level]]","v":"-- Select Impact ----- Select Likelihood --"},{"$f":"RiskRegister[[#This Row],[Residual Impact Level]]&\"-\"&RiskRegister[[#This Row],[Residual Likelihood Level]]","v":"-- Select Impact ----- Select Likelihood --"},"Error",{"$f":"IF(RiskRegister[[#This Row],[Risk Status]]=\"Closed\",RiskRegister[[#This Row],[Residual Impact Level]],RiskRegister[[#This Row],[Inherent Impact Level]])","v":"-- Select Impact --"},{"$f":"IF(RiskRegister[[#This Row],[Risk Status]]=\"Closed\",RiskRegister[[#This Row],[Residual Likelihood Level]],RiskRegister[[#This Row],[Inherent Likelihood Level]])","v":"-- Select Likelihood --"},{"$f":"IF(RiskRegister[[#This Row],[Risk Status]]=\"Closed\",RiskRegister[[#This Row],[Residual-I-L-Combo]],RiskRegister[[#This Row],[Inherent-I-L-Combo]])","v":"-- Select Impact ----- Select Likelihood --"},"-- Error --"]
[600,{"$nulls":5},"-- Select Risk Category --",null,"-- select department --",null,null,"-- Select Impact --",{"$f":"VLOOKUP(RiskRegister[[#This Row],[Inherent Impact Level]],'Rating factors'!$F$4:$G$9,2,FALSE)","v":"--- Error ---"},"-- Select Likelihood --",{"$f":"VLOOKUP(RiskRegister[[#This Row],[Inherent Likelihood Level]],'Rating factors'!$F$16:$G$21,2,FALSE)","v":"--- Error ---"},{"$f":"IFERROR(VLOOKUP(RiskRegister[[#This Row],[Inherent Risk Rating]],'Rating factors'!$F$30:$G$44,2,FALSE),\"-- Error --\")","v":"-- Error --"},{"$f":"IFERROR(RiskRegister[[#This Row],[Inherent Impact Rating]]*RiskRegister[[#This Row],[Inherent Likelihood Rating]],\"-- Error --\")","v":"-- Error --"},"-- Select Risk Response --",null,"-- Select Impact --",{"$f":"VLOOKUP(RiskRegister[[#This Row],[Residual Impact Level]],'Rating factors'!$F$4:$G$9,2,FALSE)","v":"--- Error ---"},"-- Select Likelihood --",{"$f":"VLOOKUP(RiskRegister[[#This Row],[Residual Likelihood Level]],'Rating factors'!$F$16:$G$21,2,FALSE)","v":"--- Error ---"},{"$f":"IFERROR(VLOOKUP(RiskRegister[[#This Row],[Residual Risk Rating]],'Rating factors'!$F$30:$G$44,2,FALSE),\"-- Error --\")","v":"-- Error --"},{"$f":"IFERROR(RiskRegister[[#This Row],[Residual Impact Rating]]*RiskRegister[[#This Row],[Residual Likelihood Rating]],\"-- Error --\")","v":"-- Error --"},"-- Select Risk Status --",{"$nulls":3},{"$f":"IF(ISBLANK(RiskRegister[[#This Row],[Risk Due Date]]), \"Missing Risk Due Date\", IF(RiskRegister[[#This Row],[Risk Due Date]] < TODAY(), \"Overdue\", \"Not Overdue\"))","v":"Missing Risk Due Date"},null,{"$f":"IF(ISBLANK(RiskRegister[[#This Row],[Risk Due Date]]), \"Missing Risk Due Date\", TEXT(RiskRegister[[#This Row],[Risk Due Date]], \"YYYY-MM\"))","v":"Missing Risk Due Date"},{"$f":"IF(RiskRegister[[#This Row],[Created Date]]=\"\",\"Created Date missing\",(TEXT(RiskRegister[[#This Row],[Created Date]],\"mmm\") & \"-\" & YEAR(RiskRegister[[#This Row],[Created Date]])))","v":"Created Date missing"},{"$f":"IF(RiskRegister[[#This Row],[Risk Status]]=\"Closed\",RiskRegister[[#This Row],[Risk Close Date]],RiskRegister[[#This Row],[Risk Due Date]])","v":"00:00:00"},{"$f":"IF(RiskRegister[[#This Row],[Risk-Change-Date]]=0,DATE(2030,1,1),RiskRegister[[#This Row],[Risk-Change-Date]])","v":"2030-01-01"},{"$f":"RiskRegister[[#This Row],[Inherent Impact Level]]&\"-\"&RiskRegister[[#This Row],[Inherent Likelihood Level]]","v":"-- Select Impact ----- Select Likelihood --"},{"$f":"RiskRegister[[#This Row],[Residual Impact Level]]&\"-\"&RiskRegister[[#This Row],[Residual Likelihood Level]]","v":"-- Select Impact ----- Select Likelihood --"},"Error",{"$f":"IF(RiskRegister[[#This Row],[Risk Status]]=\"Closed\",RiskRegister[[#This Row],[Residual Impact Level]],RiskRegister[[#This Row],[Inherent Impact Level]])","v":"-- Select Impact --"},{"$f":"IF(RiskRegister[[#This Row],[Risk Status]]=\"Closed\",RiskRegister[[#This Row],[Residual Likelihood Level]],RiskRegister[[#This Row],[Inherent Likelihood Level]])","v":"-- Select Likelihood --"},{"$f":"IF(RiskRegister[[#This Row],[Risk Status]]=\"Closed\",RiskRegister[[#This Row],[Residual-I-L-Combo]],RiskRegister[[#This Row],[Inherent-I-L-Combo]])","v":"-- Select Impact ----- Select Likelihood --"},"-- Error --"]
[601,{"$nulls":5},"-- Select Risk Category --",null,"-- select department --",null,null,"-- Select Impact --",{"$f":"VLOOKUP(RiskRegister[[#This Row],[Inherent Impact Level]],'Rating factors'!$F$4:$G$9,2,FALSE)","v":"--- Error ---"},"-- Select Likelihood --",{"$f":"VLOOKUP(RiskRegister[[#This Row],[Inherent Likelihood Level]],'Rating factors'!$F$16:$G$21,2,FALSE)","v":"--- Error ---"},{"$f":"IFERROR(VLOOKUP(RiskRegister[[#This Row],[Inherent Risk Rating]],'Rating factors'!$F$30:$G$44,2,FALSE),\"-- Error --\")","v":"-- Error --"},{"$f":"IFERROR(RiskRegister[[#This Row],[Inherent Impact Rating]]*RiskRegister[[#This Row],[Inherent Likelihood Rating]],\"-- Error --\")","v":"-- Error --"},"-- Select Risk Response --",null,"-- Select Impact --",{"$f":"VLOOKUP(RiskRegister[[#This Row],[Residual Impact Level]],'Rating factors'!$F$4:$G$9,2,FALSE)","v":"--- Error ---"},"-- Select Likelihood --",{"$f":"VLOOKUP(RiskRegister[[#This Row],[Residual Likelihood Level]],'Rating factors'!$F$16:$G$21,2,FALSE)","v":"--- Error ---"},{"$f":"IFERROR(VLOOKUP(RiskRegister[[#This Row],[Residual Risk Rating]],'Rating factors'!$F$30:$G$44,2,FALSE),\"-- Error --\")","v":"-- Error --"},{"$f":"IFERROR(RiskRegister[[#This Row],[Residual Impact Rating]]*RiskRegister[[#This Row],[Residual Likelihood Rating]],\"-- Error --\")","v":"-- Error --"},"-- Select Risk Status --",{"$nulls":3},{"$f":"IF(ISBLANK(RiskRegister[[#This Row],[Risk Due Date]]), \"Missing Risk Due Date\", IF(RiskRegister[[#This Row],[Risk Due Date]] < TODAY(), \"Overdue\", \"Not Overdue\"))","v":"Missing Risk Due Date"},null,{"$f":"IF(ISBLANK(RiskRegister[[#This Row],[Risk Due Date]]), \"Missing Risk Due Date\", TEXT(RiskRegister[[#This Row],[Risk Due Date]], \"YYYY-MM\"))","v":"Missing Risk Due Date"},{"$f":"IF(RiskRegister[[#This Row],[Created Date]]=\"\",\"Created Date missing\",(TEXT(RiskRegister[[#This Row],[Created Date]],\"mmm\") & \"-\" & YEAR(RiskRegister[[#This Row],[Created Date]])))","v":"Created Date missing"},{"$f":"IF(RiskRegister[[#This Row],[Risk Status]]=\"Closed\",RiskRegister[[#This Row],[Risk Close Date]],RiskRegister[[#This Row],[Risk Due Date]])","v":"00:00:00"},{"$f":"IF(RiskRegister[[#This Row],[Risk-Change-Date]]=0,DATE(2030,1,1),RiskRegister[[#This Row],[Risk-Change-Date]])","v":"2030-01-01"},{"$f":"RiskRegister[[#This Row],[Inherent Impact Level]]&\"-\"&RiskRegister[[#This Row],[Inherent Likelihood Level]]","v":"-- Select Impact ----- Select Likelihood --"},{"$f":"RiskRegister[[#This Row],[Residual Impact Level]]&\"-\"&RiskRegister[[#This Row],[Residual Likelihood Level]]","v":"-- Select Impact ----- Select Likelihood --"},"Error",{"$f":"IF(RiskRegister[[#This Row],[Risk Status]]=\"Closed\",RiskRegister[[#This Row],[Residual Impact Level]],RiskRegister[[#This Row],[Inherent Impact Level]])","v":"-- Select Impact --"},{"$f":"IF(RiskRegister[[#This Row],[Risk Status]]=\"Closed\",RiskRegister[[#This Row],[Residual Likelihood Level]],RiskRegister[[#This Row],[Inherent Likelihood Level]])","v":"-- Select Likelihood --"},{"$f":"IF(RiskRegister[[#This Row],[Risk Status]]=\"Closed\",RiskRegister[[#This Row],[Residual-I-L-Combo]],RiskRegister[[#This Row],[Inherent-I-L-Combo]])","v":"-- Select Impact ----- Select Likelihood --"},"-- Error --"]
[602,{"$nulls":5},"-- Select Risk Category --",null,"-- select department --",null,null,"-- Select Impact --",{"$f":"VLOOKUP(RiskRegister[[#This Row],[Inherent Impact Level]],'Rating factors'!$F$4:$G$9,2,FALSE)","v":"--- Error ---"},"-- Select Likelihood --",{"$f":"VLOOKUP(RiskRegister[[#This Row],[Inherent Likelihood Level]],'Rating factors'!$F$16:$G$21,2,FALSE)","v":"--- Error ---"},{"$f":"IFERROR(VLOOKUP(RiskRegister[[#This Row],[Inherent Risk Rating]],'Rating factors'!$F$30:$G$44,2,FALSE),\"-- Error --\")","v":"-- Error --"},{"$f":"IFERROR(RiskRegister[[#This Row],[Inherent Impact Rating]]*RiskRegister[[#This Row],[Inherent Likelihood Rating]],\"-- Error --\")","v":"-- Error --"},"-- Select Risk Response --",null,"-- Select Impact --",{"$f":"VLOOKUP(RiskRegister[[#This Row],[Residual Impact Level]],'Rating factors'!$F$4:$G$9,2,FALSE)","v":"--- Error ---"},"-- Select Likelihood --",{"$f":"VLOOKUP(RiskRegister[[#This Row],[Residual Likelihood Level]],'Rating factors'!$F$16:$G$21,2,FALSE)","v":"--- Error ---"},{"$f":"IFERROR(VLOOKUP(RiskRegister[[#This Row],[Residual Risk Rating]],'Rating factors'!$F$30:$G$44,2,FALSE),\"-- Error --\")","v":"-- Error --"},{"$f":"IFERROR(RiskRegister[[#This Row],[Residual Impact Rating]]*RiskRegister[[#This Row],[Residual Likelihood Rating]],\"-- Error --\")","v":"-- Error --"},"-- Select Risk Status --",{"$nulls":3},{"$f":"IF(ISBLANK(RiskRegister[[#This Row],[Risk Due Date]]), \"Missing Risk Due Date\", IF(RiskRegister[[#This Row],[Risk Due Date]] < TODAY(), \"Overdue\", \"Not Overdue\"))","v":"Missing Risk Due Date"},null,{"$f":"IF(ISBLANK(RiskRegister[[#This Row],[Risk Due Date]]), \"Missing Risk Due Date\", TEXT(RiskRegister[[#This Row],[Risk Due Date]], \"YYYY-MM\"))","v":"Missing Risk Due Date"},{"$f":"IF(RiskRegister[[#This Row],[Created Date]]=\"\",\"Created Date missing\",(TEXT(RiskRegister[[#This Row],[Created Date]],\"mmm\") & \"-\" & YEAR(RiskRegister[[#This Row],[Created Date]])))","v":"Created Date missing"},{"$f":"IF(RiskRegister[[#This Row],[Risk Status]]=\"Closed\",RiskRegister[[#This Row],[Risk Close Date]],RiskRegister[[#This Row],[Risk Due Date]])","v":"00:00:00"},{"$f":"IF(RiskRegister[[#This Row],[Risk-Change-Date]]=0,DATE(2030,1,1),RiskRegister[[#This Row],[Risk-Change-Date]])","v":"2030-01-01"},{"$f":"RiskRegister[[#This Row],[Inherent Impact Level]]&\"-\"&RiskRegister[[#This Row],[Inherent Likelihood Level]]","v":"-- Select Impact ----- Select Likelihood --"},{"$f":"RiskRegister[[#This Row],[Residual Impact Level]]&\"-\"&RiskRegister[[#This Row],[Residual Likelihood Level]]","v":"-- Select Impact ----- Select Likelihood --"},"Error",{"$f":"IF(RiskRegister[[#This Row],[Risk Status]]=\"Closed\",RiskRegister[[#This Row],[Residual Impact Level]],RiskRegister[[#This Row],[Inherent Impact Level]])","v":"-- Select Impact --"},{"$f":"IF(RiskRegister[[#This Row],[Risk Status]]=\"Closed\",RiskRegister[[#This Row],[Residual Likelihood Level]],RiskRegister[[#This Row],[Inherent Likelihood Level]])","v":"-- Select Likelihood --"},{"$f":"IF(RiskRegister[[#This Row],[Risk Status]]=\"Closed\",RiskRegister[[#This Row],[Residual-I-L-Combo]],RiskRegister[[#This Row],[Inherent-I-L-Combo]])","v":"-- Select Impact ----- Select Likelihood --"},"-- Error --"]
[603,{"$nulls":5},"-- Select Risk Category --",null,"-- select department --",null,null,"-- Select Impact --",{"$f":"VLOOKUP(RiskRegister[[#This Row],[Inherent Impact Level]],'Rating factors'!$F$4:$G$9,2,FALSE)","v":"--- Error ---"},"-- Select Likelihood --",{"$f":"VLOOKUP(RiskRegister[[#This Row],[Inherent Likelihood Level]],'Rating factors'!$F$16:$G$21,2,FALSE)","v":"--- Error ---"},{"$f":"IFERROR(VLOOKUP(RiskRegister[[#This Row],[Inherent Risk Rating]],'Rating factors'!$F$30:$G$44,2,FALSE),\"-- Error --\")","v":"-- Error --"},{"$f":"IFERROR(RiskRegister[[#This Row],[Inherent Impact Rating]]*RiskRegister[[#This Row],[Inherent Likelihood Rating]],\"-- Error --\")","v":"-- Error --"},"-- Select Risk Response --",null,"-- Select Impact --",{"$f":"VLOOKUP(RiskRegister[[#This Row],[Residual Impact Level]],'Rating factors'!$F$4:$G$9,2,FALSE)","v":"--- Error ---"},"-- Select Likelihood --",{"$f":"VLOOKUP(RiskRegister[[#This Row],[Residual Likelihood Level]],'Rating factors'!$F$16:$G$21,2,FALSE)","v":"--- Error ---"},{"$f":"IFERROR(VLOOKUP(RiskRegister[[#This Row],[Residual Risk Rating]],'Rating factors'!$F$30:$G$44,2,FALSE),\"-- Error --\")","v":"-- Error --"},{"$f":"IFERROR(RiskRegister[[#This Row],[Residual Impact Rating]]*RiskRegister[[#This Row],[Residual Likelihood Rating]],\"-- Error --\")","v":"-- Error --"},"-- Select Risk Status --",{"$nulls":3},{"$f":"IF(ISBLANK(RiskRegister[[#This Row],[Risk Due Date]]), \"Missing Risk Due Date\", IF(RiskRegister[[#This Row],[Risk Due Date]] < TODAY(), \"Overdue\", \"Not Overdue\"))","v":"Missing Risk Due Date"},null,{"$f":"IF(ISBLANK(RiskRegister[[#This Row],[Risk Due Date]]), \"Missing Risk Due Date\", TEXT(RiskRegister[[#This Row],[Risk Due Date]], \"YYYY-MM\"))","v":"Missing Risk Due Date"},{"$f":"IF(RiskRegister[[#This Row],[Created Date]]=\"\",\"Created Date missing\",(TEXT(RiskRegister[[#This Row],[Created Date]],\"mmm\") & \"-\" & YEAR(RiskRegister[[#This Row],[Created Date]])))","v":"Created Date missing"},{"$f":"IF(RiskRegister[[#This Row],[Risk Status]]=\"Closed\",RiskRegister[[#This Row],[Risk Close Date]],RiskRegister[[#This Row],[Risk Due Date]])","v":"00:00:00"},{"$f":"IF(RiskRegister[[#This Row],[Risk-Change-Date]]=0,DATE(2030,1,1),RiskRegister[[#This Row],[Risk-Change-Date]])","v":"2030-01-01"},{"$f":"RiskRegister[[#This Row],[Inherent Impact Level]]&\"-\"&RiskRegister[[#This Row],[Inherent Likelihood Level]]","v":"-- Select Impact ----- Select Likelihood --"},{"$f":"RiskRegister[[#This Row],[Residual Impact Level]]&\"-\"&RiskRegister[[#This Row],[Residual Likelihood Level]]","v":"-- Select Impact ----- Select Likelihood --"},"Error",{"$f":"IF(RiskRegister[[#This Row],[Risk Status]]=\"Closed\",RiskRegister[[#This Row],[Residual Impact Level]],RiskRegister[[#This Row],[Inherent Impact Level]])","v":"-- Select Impact --"},{"$f":"IF(RiskRegister[[#This Row],[Risk Status]]=\"Closed\",RiskRegister[[#This Row],[Residual Likelihood Level]],RiskRegister[[#This Row],[Inherent Likelihood Level]])","v":"-- Select Likelihood --"},{"$f":"IF(RiskRegister[[#This Row],[Risk Status]]=\"Closed\",RiskRegister[[#This Row],[Residual-I-L-Combo]],RiskRegister[[#This Row],[Inherent-I-L-Combo]])","v":"-- Select Impact ----- Select Likelihood --"},"-- Error --"]
[604,{"$nulls":5},"-- Select Risk Category --",null,"-- select department --",null,null,"-- Select Impact --",{"$f":"VLOOKUP(RiskRegister[[#This Row],[Inherent Impact Level]],'Rating factors'!$F$4:$G$9,2,FALSE)","v":"--- Error ---"},"-- Select Likelihood --",{"$f":"VLOOKUP(RiskRegister[[#This Row],[Inherent Likelihood Level]],'Rating factors'!$F$16:$G$21,2,FALSE)","v":"--- Error ---"},{"$f":"IFERROR(VLOOKUP(RiskRegister[[#This Row],[Inherent Risk Rating]],'Rating factors'!$F$30:$G$44,2,FALSE),\"-- Error --\")","v":"-- Error --"},{"$f":"IFERROR(RiskRegister[[#This Row],[Inherent Impact Rating]]*RiskRegister[[#This Row],[Inherent Likelihood Rating]],\"-- Error --\")","v":"-- Error --"},"-- Select Risk Response --",null,"-- Select Impact --",{"$f":"VLOOKUP(RiskRegister[[#This Row],[Residual Impact Level]],'Rating factors'!$F$4:$G$9,2,FALSE)","v":"--- Error ---"},"-- Select Likelihood --",{"$f":"VLOOKUP(RiskRegister[[#This Row],[Residual Likelihood Level]],'Rating factors'!$F$16:$G$21,2,FALSE)","v":"--- Error ---"},{"$f":"IFERROR(VLOOKUP(RiskRegister[[#This Row],[Residual Risk Rating]],'Rating factors'!$F$30:$G$44,2,FALSE),\"-- Error --\")","v":"-- Error --"},{"$f":"IFERROR(RiskRegister[[#This Row],[Residual Impact Rating]]*RiskRegister[[#This Row],[Residual Likelihood Rating]],\"-- Error --\")","v":"-- Error --"},"-- Select Risk Status --",{"$nulls":3},{"$f":"IF(ISBLANK(RiskRegister[[#This Row],[Risk Due Date]]), \"Missing Risk Due Date\", IF(RiskRegister[[#This Row],[Risk Due Date]] < TODAY(), \"Overdue\", \"Not Overdue\"))","v":"Missing Risk Due Date"},null,{"$f":"IF(ISBLANK(RiskRegister[[#This Row],[Risk Due Date]]), \"Missing Risk Due Date\", TEXT(RiskRegister[[#This Row],[Risk Due Date]], \"YYYY-MM\"))","v":"Missing Risk Due Date"},{"$f":"IF(RiskRegister[[#This Row],[Created Date]]=\"\",\"Created Date missing\",(TEXT(RiskRegister[[#This Row],[Created Date]],\"mmm\") & \"-\" & YEAR(RiskRegister[[#This Row],[Created Date]])))","v":"Created Date missing"},{"$f":"IF(RiskRegister[[#This Row],[Risk Status]]=\"Closed\",RiskRegister[[#This Row],[Risk Close Date]],RiskRegister[[#This Row],[Risk Due Date]])","v":"00:00:00"},{"$f":"IF(RiskRegister[[#This Row],[Risk-Change-Date]]=0,DATE(2030,1,1),RiskRegister[[#This Row],[Risk-Change-Date]])","v":"2030-01-01"},{"$f":"RiskRegister[[#This Row],[Inherent Impact Level]]&\"-\"&RiskRegister[[#This Row],[Inherent Likelihood Level]]","v":"-- Select Impact ----- Select Likelihood --"},{"$f":"RiskRegister[[#This Row],[Residual Impact Level]]&\"-\"&RiskRegister[[#This Row],[Residual Likelihood Level]]","v":"-- Select Impact ----- Select Likelihood --"},"Error",{"$f":"IF(RiskRegister[[#This Row],[Risk Status]]=\"Closed\",RiskRegister[[#This Row],[Residual Impact Level]],RiskRegister[[#This Row],[Inherent Impact Level]])","v":"-- Select Impact --"},{"$f":"IF(RiskRegister[[#This Row],[Risk Status]]=\"Closed\",RiskRegister[[#This Row],[Residual Likelihood Level]],RiskRegister[[#This Row],[Inherent Likelihood Level]])","v":"-- Select Likelihood --"},{"$f":"IF(RiskRegister[[#This Row],[Risk Status]]=\"Closed\",RiskRegister[[#This Row],[Residual-I-L-Combo]],RiskRegister[[#This Row],[Inherent-I-L-Combo]])","v":"-- Select Impact ----- Select Likelihood --"},"-- Error --"]
[605,{"$nulls":5},"-- Select Risk Category --",null,"-- select department --",null,null,"-- Select Impact --",{"$f":"VLOOKUP(RiskRegister[[#This Row],[Inherent Impact Level]],'Rating factors'!$F$4:$G$9,2,FALSE)","v":"--- Error ---"},"-- Select Likelihood --",{"$f":"VLOOKUP(RiskRegister[[#This Row],[Inherent Likelihood Level]],'Rating factors'!$F$16:$G$21,2,FALSE)","v":"--- Error ---"},{"$f":"IFERROR(VLOOKUP(RiskRegister[[#This Row],[Inherent Risk Rating]],'Rating factors'!$F$30:$G$44,2,FALSE),\"-- Error --\")","v":"-- Error --"},{"$f":"IFERROR(RiskRegister[[#This Row],[Inherent Impact Rating]]*RiskRegister[[#This Row],[Inherent Likelihood Rating]],\"-- Error --\")","v":"-- Error --"},"-- Select Risk Response --",null,"-- Select Impact --",{"$f":"VLOOKUP(RiskRegister[[#This Row],[Residual Impact Level]],'Rating factors'!$F$4:$G$9,2,FALSE)","v":"--- Error ---"},"-- Select Likelihood --",{"$f":"VLOOKUP(RiskRegister[[#This Row],[Residual Likelihood Level]],'Rating factors'!$F$16:$G$21,2,FALSE)","v":"--- Error ---"},{"$f":"IFERROR(VLOOKUP(RiskRegister[[#This Row],[Residual Risk Rating]],'Rating factors'!$F$30:$G$44,2,FALSE),\"-- Error --\")","v":"-- Error --"},{"$f":"IFERROR(RiskRegister[[#This Row],[Residual Impact Rating]]*RiskRegister[[#This Row],[Residual Likelihood Rating]],\"-- Error --\")","v":"-- Error --"},"-- Select Risk Status --",{"$nulls":3},{"$f":"IF(ISBLANK(RiskRegister[[#This Row],[Risk Due Date]]), \"Missing Risk Due Date\", IF(RiskRegister[[#This Row],[Risk Due Date]] < TODAY(), \"Overdue\", \"Not Overdue\"))","v":"Missing Risk Due Date"},null,{"$f":"IF(ISBLANK(RiskRegister[[#This Row],[Risk Due Date]]), \"Missing Risk Due Date\", TEXT(RiskRegister[[#This Row],[Risk Due Date]], \"YYYY-MM\"))","v":"Missing Risk Due Date"},{"$f":"IF(RiskRegister[[#This Row],[Created Date]]=\"\",\"Created Date missing\",(TEXT(RiskRegister[[#This Row],[Created Date]],\"mmm\") & \"-\" & YEAR(RiskRegister[[#This Row],[Created Date]])))","v":"Created Date missing"},{"$f":"IF(RiskRegister[[#This Row],[Risk Status]]=\"Closed\",RiskRegister[[#This Row],[Risk Close Date]],RiskRegister[[#This Row],[Risk Due Date]])","v":"00:00:00"},{"$f":"IF(RiskRegister[[#This Row],[Risk-Change-Date]]=0,DATE(2030,1,1),RiskRegister[[#This Row],[Risk-Change-Date]])","v":"2030-01-01"},{"$f":"RiskRegister[[#This Row],[Inherent Impact Level]]&\"-\"&RiskRegister[[#This Row],[Inherent Likelihood Level]]","v":"-- Select Impact ----- Select Likelihood --"},{"$f":"RiskRegister[[#This Row],[Residual Impact Level]]&\"-\"&RiskRegister[[#This Row],[Residual Likelihood Level]]","v":"-- Select Impact ----- Select Likelihood --"},"Error",{"$f":"IF(RiskRegister[[#This Row],[Risk Status]]=\"Closed\",RiskRegister[[#This Row],[Residual Impact Level]],RiskRegister[[#This Row],[Inherent Impact Level]])","v":"-- Select Impact --"},{"$f":"IF(RiskRegister[[#This Row],[Risk Status]]=\"Closed\",RiskRegister[[#This Row],[Residual Likelihood Level]],RiskRegister[[#This Row],[Inherent Likelihood Level]])","v":"-- Select Likelihood --"},{"$f":"IF(RiskRegister[[#This Row],[Risk Status]]=\"Closed\",RiskRegister[[#This Row],[Residual-I-L-Combo]],RiskRegister[[#This Row],[Inherent-I-L-Combo]])","v":"-- Select Impact ----- Select Likelihood --"},"-- Error --"]
[606,{"$nulls":5},"-- Select Risk Category --",null,"-- select department --",null,null,"-- Select Impact --",{"$f":"VLOOKUP(RiskRegister[[#This Row],[Inherent Impact Level]],'Rating factors'!$F$4:$G$9,2,FALSE)","v":"--- Error ---"},"-- Select Likelihood --",{"$f":"VLOOKUP(RiskRegister[[#This Row],[Inherent Likelihood Level]],'Rating factors'!$F$16:$G$21,2,FALSE)","v":"--- Error ---"},{"$f":"IFERROR(VLOOKUP(RiskRegister[[#This Row],[Inherent Risk Rating]],'Rating factors'!$F$30:$G$44,2,FALSE),\"-- Error --\")","v":"-- Error --"},{"$f":"IFERROR(RiskRegister[[#This Row],[Inherent Impact Rating]]*RiskRegister[[#This Row],[Inherent Likelihood Rating]],\"-- Error --\")","v":"-- Error --"},"-- Select Risk Response --",null,"-- Select Impact --",{"$f":"VLOOKUP(RiskRegister[[#This Row],[Residual Impact Level]],'Rating factors'!$F$4:$G$9,2,FALSE)","v":"--- Error ---"},"-- Select Likelihood --",{"$f":"VLOOKUP(RiskRegister[[#This Row],[Residual Likelihood Level]],'Rating factors'!$F$16:$G$21,2,FALSE)","v":"--- Error ---"},{"$f":"IFERROR(VLOOKUP(RiskRegister[[#This Row],[Residual Risk Rating]],'Rating factors'!$F$30:$G$44,2,FALSE),\"-- Error --\")","v":"-- Error --"},{"$f":"IFERROR(RiskRegister[[#This Row],[Residual Impact Rating]]*RiskRegister[[#This Row],[Residual Likelihood Rating]],\"-- Error --\")","v":"-- Error --"},"-- Select Risk Status --",{"$nulls":3},{"$f":"IF(ISBLANK(RiskRegister[[#This Row],[Risk Due Date]]), \"Missing Risk Due Date\", IF(RiskRegister[[#This Row],[Risk Due Date]] < TODAY(), \"Overdue\", \"Not Overdue\"))","v":"Missing Risk Due Date"},null,{"$f":"IF(ISBLANK(RiskRegister[[#This Row],[Risk Due Date]]), \"Missing Risk Due Date\", TEXT(RiskRegister[[#This Row],[Risk Due Date]], \"YYYY-MM\"))","v":"Missing Risk Due Date"},{"$f":"IF(RiskRegister[[#This Row],[Created Date]]=\"\",\"Created Date missing\",(TEXT(RiskRegister[[#This Row],[Created Date]],\"mmm\") & \"-\" & YEAR(RiskRegister[[#This Row],[Created Date]])))","v":"Created Date missing"},{"$f":"IF(RiskRegister[[#This Row],[Risk Status]]=\"Closed\",RiskRegister[[#This Row],[Risk Close Date]],RiskRegister[[#This Row],[Risk Due Date]])","v":"00:00:00"},{"$f":"IF(RiskRegister[[#This Row],[Risk-Change-Date]]=0,DATE(2030,1,1),RiskRegister[[#This Row],[Risk-Change-Date]])","v":"2030-01-01"},{"$f":"RiskRegister[[#This Row],[Inherent Impact Level]]&\"-\"&RiskRegister[[#This Row],[Inherent Likelihood Level]]","v":"-- Select Impact ----- Select Likelihood --"},{"$f":"RiskRegister[[#This Row],[Residual Impact Level]]&\"-\"&RiskRegister[[#This Row],[Residual Likelihood Level]]","v":"-- Select Impact ----- Select Likelihood --"},"Error",{"$f":"IF(RiskRegister[[#This Row],[Risk Status]]=\"Closed\",RiskRegister[[#This Row],[Residual Impact Level]],RiskRegister[[#This Row],[Inherent Impact Level]])","v":"-- Select Impact --"},{"$f":"IF(RiskRegister[[#This Row],[Risk Status]]=\"Closed\",RiskRegister[[#This Row],[Residual Likelihood Level]],RiskRegister[[#This Row],[Inherent Likelihood Level]])","v":"-- Select Likelihood --"},{"$f":"IF(RiskRegister[[#This Row],[Risk Status]]=\"Closed\",RiskRegister[[#This Row],[Residual-I-L-Combo]],RiskRegister[[#This Row],[Inherent-I-L-Combo]])","v":"-- Select Impact ----- Select Likelihood --"},"-- Error --"]
[607,{"$nulls":5},"-- Select Risk Category --",null,"-- select department --",null,null,"-- Select Impact --",{"$f":"VLOOKUP(RiskRegister[[#This Row],[Inherent Impact Level]],'Rating factors'!$F$4:$G$9,2,FALSE)","v":"--- Error ---"},"-- Select Likelihood --",{"$f":"VLOOKUP(RiskRegister[[#This Row],[Inherent Likelihood Level]],'Rating factors'!$F$16:$G$21,2,FALSE)","v":"--- Error ---"},{"$f":"IFERROR(VLOOKUP(RiskRegister[[#This Row],[Inherent Risk Rating]],'Rating factors'!$F$30:$G$44,2,FALSE),\"-- Error --\")","v":"-- Error --"},{"$f":"IFERROR(RiskRegister[[#This Row],[Inherent Impact Rating]]*RiskRegister[[#This Row],[Inherent Likelihood Rating]],\"-- Error --\")","v":"-- Error --"},"-- Select Risk Response --",null,"-- Select Impact --",{"$f":"VLOOKUP(RiskRegister[[#This Row],[Residual Impact Level]],'Rating factors'!$F$4:$G$9,2,FALSE)","v":"--- Error ---"},"-- Select Likelihood --",{"$f":"VLOOKUP(RiskRegister[[#This Row],[Residual Likelihood Level]],'Rating factors'!$F$16:$G$21,2,FALSE)","v":"--- Error ---"},{"$f":"IFERROR(VLOOKUP(RiskRegister[[#This Row],[Residual Risk Rating]],'Rating factors'!$F$30:$G$44,2,FALSE),\"-- Error --\")","v":"-- Error --"},{"$f":"IFERROR(RiskRegister[[#This Row],[Residual Impact Rating]]*RiskRegister[[#This Row],[Residual Likelihood Rating]],\"-- Error --\")","v":"-- Error --"},"-- Select Risk Status --",{"$nulls":3},{"$f":"IF(ISBLANK(RiskRegister[[#This Row],[Risk Due Date]]), \"Missing Risk Due Date\", IF(RiskRegister[[#This Row],[Risk Due Date]] < TODAY(), \"Overdue\", \"Not Overdue\"))","v":"Missing Risk Due Date"},null,{"$f":"IF(ISBLANK(RiskRegister[[#This Row],[Risk Due Date]]), \"Missing Risk Due Date\", TEXT(RiskRegister[[#This Row],[Risk Due Date]], \"YYYY-MM\"))","v":"Missing Risk Due Date"},{"$f":"IF(RiskRegister[[#This Row],[Created Date]]=\"\",\"Created Date missing\",(TEXT(RiskRegister[[#This Row],[Created Date]],\"mmm\") & \"-\" & YEAR(RiskRegister[[#This Row],[Created Date]])))","v":"Created Date missing"},{"$f":"IF(RiskRegister[[#This Row],[Risk Status]]=\"Closed\",RiskRegister[[#This Row],[Risk Close Date]],RiskRegister[[#This Row],[Risk Due Date]])","v":"00:00:00"},{"$f":"IF(RiskRegister[[#This Row],[Risk-Change-Date]]=0,DATE(2030,1,1),RiskRegister[[#This Row],[Risk-Change-Date]])","v":"2030-01-01"},{"$f":"RiskRegister[[#This Row],[Inherent Impact Level]]&\"-\"&RiskRegister[[#This Row],[Inherent Likelihood Level]]","v":"-- Select Impact ----- Select Likelihood --"},{"$f":"RiskRegister[[#This Row],[Residual Impact Level]]&\"-\"&RiskRegister[[#This Row],[Residual Likelihood Level]]","v":"-- Select Impact ----- Select Likelihood --"},"Error",{"$f":"IF(RiskRegister[[#This Row],[Risk Status]]=\"Closed\",RiskRegister[[#This Row],[Residual Impact Level]],RiskRegister[[#This Row],[Inherent Impact Level]])","v":"-- Select Impact --"},{"$f":"IF(RiskRegister[[#This Row],[Risk Status]]=\"Closed\",RiskRegister[[#This Row],[Residual Likelihood Level]],RiskRegister[[#This Row],[Inherent Likelihood Level]])","v":"-- Select Likelihood --"},{"$f":"IF(RiskRegister[[#This Row],[Risk Status]]=\"Closed\",RiskRegister[[#This Row],[Residual-I-L-Combo]],RiskRegister[[#This Row],[Inherent-I-L-Combo]])","v":"-- Select Impact ----- Select Likelihood --"},"-- Error --"]
[608,{"$nulls":5},"-- Select Risk Category --",null,"-- select department --",null,null,"-- Select Impact --",{"$f":"VLOOKUP(RiskRegister[[#This Row],[Inherent Impact Level]],'Rating factors'!$F$4:$G$9,2,FALSE)","v":"--- Error ---"},"-- Select Likelihood --",{"$f":"VLOOKUP(RiskRegister[[#This Row],[Inherent Likelihood Level]],'Rating factors'!$F$16:$G$21,2,FALSE)","v":"--- Error ---"},{"$f":"IFERROR(VLOOKUP(RiskRegister[[#This Row],[Inherent Risk Rating]],'Rating factors'!$F$30:$G$44,2,FALSE),\"-- Error --\")","v":"-- Error --"},{"$f":"IFERROR(RiskRegister[[#This Row],[Inherent Impact Rating]]*RiskRegister[[#This Row],[Inherent Likelihood Rating]],\"-- Error --\")","v":"-- Error --"},"-- Select Risk Response --",null,"-- Select Impact --",{"$f":"VLOOKUP(RiskRegister[[#This Row],[Residual Impact Level]],'Rating factors'!$F$4:$G$9,2,FALSE)","v":"--- Error ---"},"-- Select Likelihood --",{"$f":"VLOOKUP(RiskRegister[[#This Row],[Residual Likelihood Level]],'Rating factors'!$F$16:$G$21,2,FALSE)","v":"--- Error ---"},{"$f":"IFERROR(VLOOKUP(RiskRegister[[#This Row],[Residual Risk Rating]],'Rating factors'!$F$30:$G$44,2,FALSE),\"-- Error --\")","v":"-- Error --"},{"$f":"IFERROR(RiskRegister[[#This Row],[Residual Impact Rating]]*RiskRegister[[#This Row],[Residual Likelihood Rating]],\"-- Error --\")","v":"-- Error --"},"-- Select Risk Status --",{"$nulls":3},{"$f":"IF(ISBLANK(RiskRegister[[#This Row],[Risk Due Date]]), \"Missing Risk Due Date\", IF(RiskRegister[[#This Row],[Risk Due Date]] < TODAY(), \"Overdue\", \"Not Overdue\"))","v":"Missing Risk Due Date"},null,{"$f":"IF(ISBLANK(RiskRegister[[#This Row],[Risk Due Date]]), \"Missing Risk Due Date\", TEXT(RiskRegister[[#This Row],[Risk Due Date]], \"YYYY-MM\"))","v":"Missing Risk Due Date"},{"$f":"IF(RiskRegister[[#This Row],[Created Date]]=\"\",\"Created Date missing\",(TEXT(RiskRegister[[#This Row],[Created Date]],\"mmm\") & \"-\" & YEAR(RiskRegister[[#This Row],[Created Date]])))","v":"Created Date missing"},{"$f":"IF(RiskRegister[[#This Row],[Risk Status]]=\"Closed\",RiskRegister[[#This Row],[Risk Close Date]],RiskRegister[[#This Row],[Risk Due Date]])","v":"00:00:00"},{"$f":"IF(RiskRegister[[#This Row],[Risk-Change-Date]]=0,DATE(2030,1,1),RiskRegister[[#This Row],[Risk-Change-Date]])","v":"2030-01-01"},{"$f":"RiskRegister[[#This Row],[Inherent Impact Level]]&\"-\"&RiskRegister[[#This Row],[Inherent Likelihood Level]]","v":"-- Select Impact ----- Select Likelihood --"},{"$f":"RiskRegister[[#This Row],[Residual Impact Level]]&\"-\"&RiskRegister[[#This Row],[Residual Likelihood Level]]","v":"-- Select Impact ----- Select Likelihood --"},"Error",{"$f":"IF(RiskRegister[[#This Row],[Risk Status]]=\"Closed\",RiskRegister[[#This Row],[Residual Impact Level]],RiskRegister[[#This Row],[Inherent Impact Level]])","v":"-- Select Impact --"},{"$f":"IF(RiskRegister[[#This Row],[Risk Status]]=\"Closed\",RiskRegister[[#This Row],[Residual Likelihood Level]],RiskRegister[[#This Row],[Inherent Likelihood Level]])","v":"-- Select Likelihood --"},{"$f":"IF(RiskRegister[[#This Row],[Risk Status]]=\"Closed\",RiskRegister[[#This Row],[Residual-I-L-Combo]],RiskRegister[[#This Row],[Inherent-I-L-Combo]])","v":"-- Select Impact ----- Select Likelihood --"},"-- Error --"]
[609,{"$nulls":5},"-- Select Risk Category --",null,"-- select department --",null,null,"-- Select Impact --",{"$f":"VLOOKUP(RiskRegister[[#This Row],[Inherent Impact Level]],'Rating factors'!$F$4:$G$9,2,FALSE)","v":"--- Error ---"},"-- Select Likelihood --",{"$f":"VLOOKUP(RiskRegister[[#This Row],[Inherent Likelihood Level]],'Rating factors'!$F$16:$G$21,2,FALSE)","v":"--- Error ---"},{"$f":"IFERROR(VLOOKUP(RiskRegister[[#This Row],[Inherent Risk Rating]],'Rating factors'!$F$30:$G$44,2,FALSE),\"-- Error --\")","v":"-- Error --"},{"$f":"IFERROR(RiskRegister[[#This Row],[Inherent Impact Rating]]*RiskRegister[[#This Row],[Inherent Likelihood Rating]],\"-- Error --\")","v":"-- Error --"},"-- Select Risk Response --",null,"-- Select Impact --",{"$f":"VLOOKUP(RiskRegister[[#This Row],[Residual Impact Level]],'Rating factors'!$F$4:$G$9,2,FALSE)","v":"--- Error ---"},"-- Select Likelihood --",{"$f":"VLOOKUP(RiskRegister[[#This Row],[Residual Likelihood Level]],'Rating factors'!$F$16:$G$21,2,FALSE)","v":"--- Error ---"},{"$f":"IFERROR(VLOOKUP(RiskRegister[[#This Row],[Residual Risk Rating]],'Rating factors'!$F$30:$G$44,2,FALSE),\"-- Error --\")","v":"-- Error --"},{"$f":"IFERROR(RiskRegister[[#This Row],[Residual Impact Rating]]*RiskRegister[[#This Row],[Residual Likelihood Rating]],\"-- Error --\")","v":"-- Error --"},"-- Select Risk Status --",{"$nulls":3},{"$f":"IF(ISBLANK(RiskRegister[[#This Row],[Risk Due Date]]), \"Missing Risk Due Date\", IF(RiskRegister[[#This Row],[Risk Due Date]] < TODAY(), \"Overdue\", \"Not Overdue\"))","v":"Missing Risk Due Date"},null,{"$f":"IF(ISBLANK(RiskRegister[[#This Row],[Risk Due Date]]), \"Missing Risk Due Date\", TEXT(RiskRegister[[#This Row],[Risk Due Date]], \"YYYY-MM\"))","v":"Missing Risk Due Date"},{"$f":"IF(RiskRegister[[#This Row],[Created Date]]=\"\",\"Created Date missing\",(TEXT(RiskRegister[[#This Row],[Created Date]],\"mmm\") & \"-\" & YEAR(RiskRegister[[#This Row],[Created Date]])))","v":"Created Date missing"},{"$f":"IF(RiskRegister[[#This Row],[Risk Status]]=\"Closed\",RiskRegister[[#This Row],[Risk Close Date]],RiskRegister[[#This Row],[Risk Due Date]])","v":"00:00:00"},{"$f":"IF(RiskRegister[[#This Row],[Risk-Change-Date]]=0,DATE(2030,1,1),RiskRegister[[#This Row],[Risk-Change-Date]])","v":"2030-01-01"},{"$f":"RiskRegister[[#This Row],[Inherent Impact Level]]&\"-\"&RiskRegister[[#This Row],[Inherent Likelihood Level]]","v":"-- Select Impact ----- Select Likelihood --"},{"$f":"RiskRegister[[#This Row],[Residual Impact Level]]&\"-\"&RiskRegister[[#This Row],[Residual Likelihood Level]]","v":"-- Select Impact ----- Select Likelihood --"},"Error",{"$f":"IF(RiskRegister[[#This Row],[Risk Status]]=\"Closed\",RiskRegister[[#This Row],[Residual Impact Level]],RiskRegister[[#This Row],[Inherent Impact Level]])","v":"-- Select Impact --"},{"$f":"IF(RiskRegister[[#This Row],[Risk Status]]=\"Closed\",RiskRegister[[#This Row],[Residual Likelihood Level]],RiskRegister[[#This Row],[Inherent Likelihood Level]])","v":"-- Select Likelihood --"},{"$f":"IF(RiskRegister[[#This Row],[Risk Status]]=\"Closed\",RiskRegister[[#This Row],[Residual-I-L-Combo]],RiskRegister[[#This Row],[Inherent-I-L-Combo]])","v":"-- Select Impact ----- Select Likelihood --"},"-- Error --"]
[610,{"$nulls":5},"-- Select Risk Category --",null,"-- select department --",null,null,"-- Select Impact --",{"$f":"VLOOKUP(RiskRegister[[#This Row],[Inherent Impact Level]],'Rating factors'!$F$4:$G$9,2,FALSE)","v":"--- Error ---"},"-- Select Likelihood --",{"$f":"VLOOKUP(RiskRegister[[#This Row],[Inherent Likelihood Level]],'Rating factors'!$F$16:$G$21,2,FALSE)","v":"--- Error ---"},{"$f":"IFERROR(VLOOKUP(RiskRegister[[#This Row],[Inherent Risk Rating]],'Rating factors'!$F$30:$G$44,2,FALSE),\"-- Error --\")","v":"-- Error --"},{"$f":"IFERROR(RiskRegister[[#This Row],[Inherent Impact Rating]]*RiskRegister[[#This Row],[Inherent Likelihood Rating]],\"-- Error --\")","v":"-- Error --"},"-- Select Risk Response --",null,"-- Select Impact --",{"$f":"VLOOKUP(RiskRegister[[#This Row],[Residual Impact Level]],'Rating factors'!$F$4:$G$9,2,FALSE)","v":"--- Error ---"},"-- Select Likelihood --",{"$f":"VLOOKUP(RiskRegister[[#This Row],[Residual Likelihood Level]],'Rating factors'!$F$16:$G$21,2,FALSE)","v":"--- Error ---"},{"$f":"IFERROR(VLOOKUP(RiskRegister[[#This Row],[Residual Risk Rating]],'Rating factors'!$F$30:$G$44,2,FALSE),\"-- Error --\")","v":"-- Error --"},{"$f":"IFERROR(RiskRegister[[#This Row],[Residual Impact Rating]]*RiskRegister[[#This Row],[Residual Likelihood Rating]],\"-- Error --\")","v":"-- Error --"},"-- Select Risk Status --",{"$nulls":3},{"$f":"IF(ISBLANK(RiskRegister[[#This Row],[Risk Due Date]]), \"Missing Risk Due Date\", IF(RiskRegister[[#This Row],[Risk Due Date]] < TODAY(), \"Overdue\", \"Not Overdue\"))","v":"Missing Risk Due Date"},null,{"$f":"IF(ISBLANK(RiskRegister[[#This Row],[Risk Due Date]]), \"Missing Risk Due Date\", TEXT(RiskRegister[[#This Row],[Risk Due Date]], \"YYYY-MM\"))","v":"Missing Risk Due Date"},{"$f":"IF(RiskRegister[[#This Row],[Created Date]]=\"\",\"Created Date missing\",(TEXT(RiskRegister[[#This Row],[Created Date]],\"mmm\") & \"-\" & YEAR(RiskRegister[[#This Row],[Created Date]])))","v":"Created Date missing"},{"$f":"IF(RiskRegister[[#This Row],[Risk Status]]=\"Closed\",RiskRegister[[#This Row],[Risk Close Date]],RiskRegister[[#This Row],[Risk Due Date]])","v":"00:00:00"},{"$f":"IF(RiskRegister[[#This Row],[Risk-Change-Date]]=0,DATE(2030,1,1),RiskRegister[[#This Row],[Risk-Change-Date]])","v":"2030-01-01"},{"$f":"RiskRegister[[#This Row],[Inherent Impact Level]]&\"-\"&RiskRegister[[#This Row],[Inherent Likelihood Level]]","v":"-- Select Impact ----- Select Likelihood --"},{"$f":"RiskRegister[[#This Row],[Residual Impact Level]]&\"-\"&RiskRegister[[#This Row],[Residual Likelihood Level]]","v":"-- Select Impact ----- Select Likelihood --"},"Error",{"$f":"IF(RiskRegister[[#This Row],[Risk Status]]=\"Closed\",RiskRegister[[#This Row],[Residual Impact Level]],RiskRegister[[#This Row],[Inherent Impact Level]])","v":"-- Select Impact --"},{"$f":"IF(RiskRegister[[#This Row],[Risk Status]]=\"Closed\",RiskRegister[[#This Row],[Residual Likelihood Level]],RiskRegister[[#This Row],[Inherent Likelihood Level]])","v":"-- Select Likelihood --"},{"$f":"IF(RiskRegister[[#This Row],[Risk Status]]=\"Closed\",RiskRegister[[#This Row],[Residual-I-L-Combo]],RiskRegister[[#This Row],[Inherent-I-L-Combo]])","v":"-- Select Impact ----- Select Likelihood --"},"-- Error --"]
[611,{"$nulls":5},"-- Select Risk Category --",null,"-- select department --",null,null,"-- Select Impact --",{"$f":"VLOOKUP(RiskRegister[[#This Row],[Inherent Impact Level]],'Rating factors'!$F$4:$G$9,2,FALSE)","v":"--- Error ---"},"-- Select Likelihood --",{"$f":"VLOOKUP(RiskRegister[[#This Row],[Inherent Likelihood Level]],'Rating factors'!$F$16:$G$21,2,FALSE)","v":"--- Error ---"},{"$f":"IFERROR(VLOOKUP(RiskRegister[[#This Row],[Inherent Risk Rating]],'Rating factors'!$F$30:$G$44,2,FALSE),\"-- Error --\")","v":"-- Error --"},{"$f":"IFERROR(RiskRegister[[#This Row],[Inherent Impact Rating]]*RiskRegister[[#This Row],[Inherent Likelihood Rating]],\"-- Error --\")","v":"-- Error --"},"-- Select Risk Response --",null,"-- Select Impact --",{"$f":"VLOOKUP(RiskRegister[[#This Row],[Residual Impact Level]],'Rating factors'!$F$4:$G$9,2,FALSE)","v":"--- Error ---"},"-- Select Likelihood --",{"$f":"VLOOKUP(RiskRegister[[#This Row],[Residual Likelihood Level]],'Rating factors'!$F$16:$G$21,2,FALSE)","v":"--- Error ---"},{"$f":"IFERROR(VLOOKUP(RiskRegister[[#This Row],[Residual Risk Rating]],'Rating factors'!$F$30:$G$44,2,FALSE),\"-- Error --\")","v":"-- Error --"},{"$f":"IFERROR(RiskRegister[[#This Row],[Residual Impact Rating]]*RiskRegister[[#This Row],[Residual Likelihood Rating]],\"-- Error --\")","v":"-- Error --"},"-- Select Risk Status --",{"$nulls":3},{"$f":"IF(ISBLANK(RiskRegister[[#This Row],[Risk Due Date]]), \"Missing Risk Due Date\", IF(RiskRegister[[#This Row],[Risk Due Date]] < TODAY(), \"Overdue\", \"Not Overdue\"))","v":"Missing Risk Due Date"},null,{"$f":"IF(ISBLANK(RiskRegister[[#This Row],[Risk Due Date]]), \"Missing Risk Due Date\", TEXT(RiskRegister[[#This Row],[Risk Due Date]], \"YYYY-MM\"))","v":"Missing Risk Due Date"},{"$f":"IF(RiskRegister[[#This Row],[Created Date]]=\"\",\"Created Date missing\",(TEXT(RiskRegister[[#This Row],[Created Date]],\"mmm\") & \"-\" & YEAR(RiskRegister[[#This Row],[Created Date]])))","v":"Created Date missing"},{"$f":"IF(RiskRegister[[#This Row],[Risk Status]]=\"Closed\",RiskRegister[[#This Row],[Risk Close Date]],RiskRegister[[#This Row],[Risk Due Date]])","v":"00:00:00"},{"$f":"IF(RiskRegister[[#This Row],[Risk-Change-Date]]=0,DATE(2030,1,1),RiskRegister[[#This Row],[Risk-Change-Date]])","v":"2030-01-01"},{"$f":"RiskRegister[[#This Row],[Inherent Impact Level]]&\"-\"&RiskRegister[[#This Row],[Inherent Likelihood Level]]","v":"-- Select Impact ----- Select Likelihood --"},{"$f":"RiskRegister[[#This Row],[Residual Impact Level]]&\"-\"&RiskRegister[[#This Row],[Residual Likelihood Level]]","v":"-- Select Impact ----- Select Likelihood --"},"Error",{"$f":"IF(RiskRegister[[#This Row],[Risk Status]]=\"Closed\",RiskRegister[[#This Row],[Residual Impact Level]],RiskRegister[[#This Row],[Inherent Impact Level]])","v":"-- Select Impact --"},{"$f":"IF(RiskRegister[[#This Row],[Risk Status]]=\"Closed\",RiskRegister[[#This Row],[Residual Likelihood Level]],RiskRegister[[#This Row],[Inherent Likelihood Level]])","v":"-- Select Likelihood --"},{"$f":"IF(RiskRegister[[#This Row],[Risk Status]]=\"Closed\",RiskRegister[[#This Row],[Residual-I-L-Combo]],RiskRegister[[#This Row],[Inherent-I-L-Combo]])","v":"-- Select Impact ----- Select Likelihood --"},"-- Error --"]
[612,{"$nulls":5},"-- Select Risk Category --",null,"-- select department --",null,null,"-- Select Impact --",{"$f":"VLOOKUP(RiskRegister[[#This Row],[Inherent Impact Level]],'Rating factors'!$F$4:$G$9,2,FALSE)","v":"--- Error ---"},"-- Select Likelihood --",{"$f":"VLOOKUP(RiskRegister[[#This Row],[Inherent Likelihood Level]],'Rating factors'!$F$16:$G$21,2,FALSE)","v":"--- Error ---"},{"$f":"IFERROR(VLOOKUP(RiskRegister[[#This Row],[Inherent Risk Rating]],'Rating factors'!$F$30:$G$44,2,FALSE),\"-- Error --\")","v":"-- Err